{"text_format":"1","workbook":"xlsx","n_sheets":4,"sheets":["Base","Import","Feuil1","Erreur"],"not_rendered":{"charts":0,"images":0,"macros":1,"external_links":0,"defined_names":0,"comments":0,"pivot_tables":0},"unopened":[],"bounds":{"document_bytes":16777216,"sheet_cells":100000,"rows_first":2000,"rows_last":500,"rows_between":2000,"halvings":0,"cell_chars":16384,"cell_head_chars":4096},"cells_cut":0,"cells_raw":0,"read":"whole","date_system":"1900"}

{"sheet":"Base","index":0,"n_rows":879,"n_cols":65,"rows_kept":879,"cut":false,"hidden":false,"merged":[]}
[3431,"2022-01-28",660,"2388504/7",14756,3,"Ambulance Clerc","Uvrier","S3","2022-01-12T00:10:09+01:00","2022-01-12T02:15:17+01:00","Hôpital de Martigny","Avenue de la Fusion",27,null,1920,"Martigny","CH","Suisse",70,"Privée","Hôpital de Sion","Avenue du Grand-Champsec",80,null,1950,"Sion","CH","Suisse","False","VS22001198","Maladie","Masculin","Chappuis ","Bernard","1946-09-03","Route de la Plâtrière",38,"Camping du Coucou ",1907,"Saxon","CH","Suisse","Easy Sana Assurance Maladie SA","2756.4549.1424.76",101,"Établissement",null,null,null,"Avenue Grand-Champsec",86,"Case postale 696",1951,"Sion","CH","Suisse","Hôpital du Valais - Direction des Finances/Service des fournisseurs (facturation)","HVS.31N","Forfait S3 HVS Martigny - HVS Sion","Trajet simple nuit (20h00-08h00) ou dimanches et jours fériés",1,660,null,660]
[3434,"2022-01-28",1050,"2555303/10",14764,3,"Ambulance Clerc","Uvrier","S3","2022-01-12T06:30:19+01:00","2022-01-12T09:48:15+01:00","Clinique Saint-Amé","Vers Saint-Amé",10,null,1890,"St-Maurice","CH","Suisse",182,"Privée","CHUV Hôpital universitaire de Lausanne","Rue du Bugnon",46,null,1006,"Lausanne","CH","Suisse","False","VS22001206","Maladie","Masculin","Chesaux","Claude Ernest","1955-12-11","Avenue des Terreaux",27,null,1890,"St-Maurice","CH","Suisse","CSS Kranken- Versicherung AG","2756.4291.8559.52",101,"Établissement",null,null,null,"Avenue Grand-Champsec",86,"Case postale 696",1951,"Sion","CH","Suisse","Hôpital du Valais - Direction des Finances/Service des fournisseurs (facturation)","HVS.610N","Forfait S3 Clinique St-Amé - CHUV","Trajet aller-retour nuit (20h00-08h00) ou dimanches et jours fériés",1,1050,null,1050]
[3434,"2022-01-28",1050,"2555303/10",14764,3,"Ambulance Clerc","Uvrier","S3","2022-01-12T06:30:19+01:00","2022-01-12T09:48:15+01:00","Clinique Saint-Amé","Vers Saint-Amé",10,null,1890,"St-Maurice","CH","Suisse",182,"Privée","CHUV Hôpital universitaire de Lausanne","Rue du Bugnon",46,null,1006,"Lausanne","CH","Suisse","False","VS22001206","Maladie","Masculin","Chesaux","Claude Ernest","1955-12-11","Avenue des Terreaux",27,null,1890,"St-Maurice","CH","Suisse","CSS Kranken- Versicherung AG","2756.4291.8559.52",101,"Établissement",null,null,null,"Avenue Grand-Champsec",86,"Case postale 696",1951,"Sion","CH","Suisse","Hôpital du Valais - Direction des Finances/Service des fournisseurs (facturation)",null,"Avec retour immédiat, car erreur dans le rendez-vous, n’est pas attendu ce jour."]
[3452,"2022-01-28",912.5,null,14774,3,"Ambulance Clerc","Uvrier","S3","2022-01-12T09:49:17+01:00","2022-01-12T11:15:00+01:00","Hôpital de Martigny","Avenue de la Fusion",27,null,1920,"Martigny","CH","Suisse",65,"Privée","Domicile ","Rue du Scex ",43,"Immeuble La Rochelle",1950,"Sion","CH","Suisse","False","VS22001217","Maladie","Féminin","Devanthéry","Josiane","1947-11-24","Rue du Scex ",43,"Immeuble La Rochelle ",1950,"Sion","CH","Suisse","CSS Kranken- Versicherung AG","2756.2562.2327.47",2,"Personne","Féminin","Devanthéry","Josiane","Rue du Scex ",43,"Immeuble La Rochelle ",1950,"Sion","CH","Suisse",null,"CLN.9403 ","Taxe de base transport S3",null,1,200,null,200]
[3452,"2022-01-28",912.5,null,14774,3,"Ambulance Clerc","Uvrier","S3","2022-01-12T09:49:17+01:00","2022-01-12T11:15:00+01:00","Hôpital de Martigny","Avenue de la Fusion",27,null,1920,"Martigny","CH","Suisse",65,"Privée","Domicile ","Rue du Scex ",43,"Immeuble La Rochelle",1950,"Sion","CH","Suisse","False","VS22001217","Maladie","Féminin","Devanthéry","Josiane","1947-11-24","Rue du Scex ",43,"Immeuble La Rochelle ",1950,"Sion","CH","Suisse","CSS Kranken- Versicherung AG","2756.2562.2327.47",2,"Personne","Féminin","Devanthéry","Josiane","Rue du Scex ",43,"Immeuble La Rochelle ",1950,"Sion","CH","Suisse",null,"CLN.9404","Indemnisation kilométrique",null,65,4.5,"km",292.5]
[3452,"2022-01-28",912.5,null,14774,3,"Ambulance Clerc","Uvrier","S3","2022-01-12T09:49:17+01:00","2022-01-12T11:15:00+01:00","Hôpital de Martigny","Avenue de la Fusion",27,null,1920,"Martigny","CH","Suisse",65,"Privée","Domicile ","Rue du Scex ",43,"Immeuble La Rochelle",1950,"Sion","CH","Suisse","False","VS22001217","Maladie","Féminin","Devanthéry","Josiane","1947-11-24","Rue du Scex ",43,"Immeuble La Rochelle ",1950,"Sion","CH","Suisse","CSS Kranken- Versicherung AG","2756.2562.2327.47",2,"Personne","Féminin","Devanthéry","Josiane","Rue du Scex ",43,"Immeuble La Rochelle ",1950,"Sion","CH","Suisse",null,"CLN.9411","Personnel soignant reconnu (par personne et par quart d'heure entamé)","2 collaborateur(s) x 6 quarts d’heure",12,35,"¼ d'heure",420]
[3453,"2022-01-28",350,"2749957/13",14796,3,"Ambulance Clerc","Uvrier","S3","2022-01-12T13:41:32+01:00","2022-01-12T15:00:17+01:00","Hôpital de Sierre","Rue Saint-Charles",14,null,3960,"Sierre","CH","Suisse",30,"Privée","Hôpital de Sion","Avenue du Grand-Champsec",80,null,1950,"Sion","CH","Suisse","False","VS22001240","Maladie","Féminin","André","Milijana","1962-10-22","Route des Haudères",38,null,1983,"Evolène","CH","Suisse","Philos Assurance Maladie SA","2756.7093.9798.19",101,"Établissement",null,null,null,"Avenue Grand-Champsec",86,"Case postale 696",1951,"Sion","CH","Suisse","Hôpital du Valais - Direction des Finances/Service des fournisseurs (facturation)","HVS.21J","Forfait S3 HVS Sierre - HVS Sion","Trajet simple journée (08h00-20h00)",1,350,null,350]
[3454,"2022-01-28",876,"2432604/19",14828,3,"Ambulance Clerc","Uvrier","S3","2022-01-12T21:31:18+01:00","2022-01-12T23:36:55+01:00","Hôpital de Sion","Avenue du Grand-Champsec",80,null,1950,"Sion","CH","Suisse",90,"Privée","Hôpital de Viège","Pflanzettastrasse",10,null,3930,"Visp","CH","Suisse","False","VS22001272","Maladie","Féminin","Schmid","Hilda","1939-10-01","Breitenweg",3,null,3904,"Naters","CH","Suisse","Sodalis Gesundheitsgruppe","2756.3642.5075.19",101,"Établissement",null,null,null,"Avenue Grand-Champsec",86,"Case postale 696",1951,"Sion","CH","Suisse","Hôpital du Valais - Direction des Finances/Service des fournisseurs (facturation)","HVS.15N","Forfait S3 HVS Sion - SZO Visp","Trajet simple nuit (20h00-08h00) ou dimanches et jours fériés",1,876,null,876]
[3455,"2022-01-28",1143,null,14834,3,"Ambulance Clerc","Uvrier","S3","2022-01-12T23:37:17+01:00","2022-01-13T01:38:04+01:00","Clinique Genevoise","Impasse Clairmont",2,null,3963,"Crans-Montana","CH","Suisse",54,"Privée","Hôpital de Sion","Avenue du Grand-Champsec",80,null,1950,"Sion","CH","Suisse","False","VS22001279","Maladie","Féminin","Surdez","Lucianne ","1952-10-28","Route de la Côt",47,null,1934,"Bruson","CH","Suisse","CSS Kranken- Versicherung AG","2756.1062.7346.07",103,"Établissement",null,null,null,"Impasse Clairmont",2,null,3963,"Crans-Montana","CH","Suisse","Clinique Genevoise de Montana - Comptabilité (facturation)","CLN.9403 ","Taxe de base transport S3",null,1,200,null,200]
[3455,"2022-01-28",1143,null,14834,3,"Ambulance Clerc","Uvrier","S3","2022-01-12T23:37:17+01:00","2022-01-13T01:38:04+01:00","Clinique Genevoise","Impasse Clairmont",2,null,3963,"Crans-Montana","CH","Suisse",54,"Privée","Hôpital de Sion","Avenue du Grand-Champsec",80,null,1950,"Sion","CH","Suisse","False","VS22001279","Maladie","Féminin","Surdez","Lucianne ","1952-10-28","Route de la Côt",47,null,1934,"Bruson","CH","Suisse","CSS Kranken- Versicherung AG","2756.1062.7346.07",103,"Établissement",null,null,null,"Impasse Clairmont",2,null,3963,"Crans-Montana","CH","Suisse","Clinique Genevoise de Montana - Comptabilité (facturation)","CLN.9404","Indemnisation kilométrique",null,54,4.5,"km",243]
[3455,"2022-01-28",1143,null,14834,3,"Ambulance Clerc","Uvrier","S3","2022-01-12T23:37:17+01:00","2022-01-13T01:38:04+01:00","Clinique Genevoise","Impasse Clairmont",2,null,3963,"Crans-Montana","CH","Suisse",54,"Privée","Hôpital de Sion","Avenue du Grand-Champsec",80,null,1950,"Sion","CH","Suisse","False","VS22001279","Maladie","Féminin","Surdez","Lucianne ","1952-10-28","Route de la Côt",47,null,1934,"Bruson","CH","Suisse","CSS Kranken- Versicherung AG","2756.1062.7346.07",103,"Établissement",null,null,null,"Impasse Clairmont",2,null,3963,"Crans-Montana","CH","Suisse","Clinique Genevoise de Montana - Comptabilité (facturation)","CLN.9411","Personnel soignant reconnu (par personne et par quart d'heure entamé)","2 collaborateur(s) x 8 quarts d’heure",16,35,"¼ d'heure",560]
[3455,"2022-01-28",1143,null,14834,3,"Ambulance Clerc","Uvrier","S3","2022-01-12T23:37:17+01:00","2022-01-13T01:38:04+01:00","Clinique Genevoise","Impasse Clairmont",2,null,3963,"Crans-Montana","CH","Suisse",54,"Privée","Hôpital de Sion","Avenue du Grand-Champsec",80,null,1950,"Sion","CH","Suisse","False","VS22001279","Maladie","Féminin","Surdez","Lucianne ","1952-10-28","Route de la Côt",47,null,1934,"Bruson","CH","Suisse","CSS Kranken- Versicherung AG","2756.1062.7346.07",103,"Établissement",null,null,null,"Impasse Clairmont",2,null,3963,"Crans-Montana","CH","Suisse","Clinique Genevoise de Montana - Comptabilité (facturation)","CLN.9431","Supplément de nuit  20h00-08h00","25% sur CHF 560.00",1,140,null,140]
[3456,"2022-01-28",350,"2438153/14",14851,3,"Ambulance Clerc","Uvrier","S3","2022-01-13T08:55:01+01:00","2022-01-13T10:53:29+01:00","Hôpital de Sion","Avenue du Grand-Champsec",80,null,1950,"Sion","CH","Suisse",60,"Privée","Clinique Bernoise","Impasse Palace Bellevue",1,null,3963,"Crans-Montana","CH","Suisse","False","VS22001298","Maladie","Féminin","Barradi","Robert","1943-07-24","Avenue du Grand-St-Bernard",55,null,1920,"Martigny","CH","Suisse","Mutuel Assurance Maladie SA","2756.5371.3683.55",101,"Établissement",null,null,null,"Avenue Grand-Champsec",86,"Case postale 696",1951,"Sion","CH","Suisse","Hôpital du Valais - Direction des Finances/Service des fournisseurs (facturation)","HVS.12J","Forfait S3 HVS Sion - Clinique Bernoise Crans-Montana","Trajet simple journée (08h00-20h00)",1,350,null,350]
[3457,"2022-01-28",350,"2398086/19",14864,3,"Ambulance Clerc","Uvrier","S3","2022-01-13T10:53:40+01:00","2022-01-13T12:09:36+01:00","Hôpital de Sion","Avenue du Grand-Champsec",80,null,1950,"Sion","CH","Suisse",54,"Privée","Clinique Bernoise","Impasse Palace Bellevue",1,null,3963,"Crans-Montana","CH","Suisse","False","VS22001312","Maladie","Masculin","Locher","Georges","1941-12-19","Loyengässi",12,null,3953,"Leuk Stadt","CH","Suisse","Mutuel Assurance Maladie SA","2756.9181.7087.45",101,"Établissement",null,null,null,"Avenue Grand-Champsec",86,"Case postale 696",1951,"Sion","CH","Suisse","Hôpital du Valais - Direction des Finances/Service des fournisseurs (facturation)","HVS.12J","Forfait S3 HVS Sion - Clinique Bernoise Crans-Montana","Trajet simple journée (08h00-20h00)",1,350,null,350]
[3458,"2022-01-28",2172.3000000000002,null,14873,3,"Ambulance Clerc","Uvrier","S3","2022-01-13T12:09:54+01:00","2022-01-13T17:38:26+01:00","Clinique Bernoise","Impasse Palace Bellevue",1,null,3963,"Crans-Montana","CH","Suisse",356,"Privée","L'Ile Hôpital universitaire de Berne (Insel)","Freiburgstrasse",18,null,3010,"Bern","CH","Suisse","False","VS22001321","Maladie","Masculin","Holder","Michel","1949-07-28","Oberer Quai","98A",null,2503,"Biel/Bienne","CH","Suisse","CSS Kranken- Versicherung AG","2756.7510.5596.79",102,"Établissement",null,null,null,"Impasse Palace Bellevue",1,null,3963,"Crans-Montana","CH","Suisse","Clinique Bernoise Montana - Secrétariat médical (facturation)","CLN.9403 ","Taxe de base transport S3",null,1,200,null,200]
[3458,"2022-01-28",2172.3000000000002,null,14873,3,"Ambulance Clerc","Uvrier","S3","2022-01-13T12:09:54+01:00","2022-01-13T17:38:26+01:00","Clinique Bernoise","Impasse Palace Bellevue",1,null,3963,"Crans-Montana","CH","Suisse",356,"Privée","L'Ile Hôpital universitaire de Berne (Insel)","Freiburgstrasse",18,null,3010,"Bern","CH","Suisse","False","VS22001321","Maladie","Masculin","Holder","Michel","1949-07-28","Oberer Quai","98A",null,2503,"Biel/Bienne","CH","Suisse","CSS Kranken- Versicherung AG","2756.7510.5596.79",102,"Établissement",null,null,null,"Impasse Palace Bellevue",1,null,3963,"Crans-Montana","CH","Suisse","Clinique Bernoise Montana - Secrétariat médical (facturation)","CLN.9404","Indemnisation kilométrique",null,356,4.5,"km",1602]
[3458,"2022-01-28",2172.3000000000002,null,14873,3,"Ambulance Clerc","Uvrier","S3","2022-01-13T12:09:54+01:00","2022-01-13T17:38:26+01:00","Clinique Bernoise","Impasse Palace Bellevue",1,null,3963,"Crans-Montana","CH","Suisse",356,"Privée","L'Ile Hôpital universitaire de Berne (Insel)","Freiburgstrasse",18,null,3010,"Bern","CH","Suisse","False","VS22001321","Maladie","Masculin","Holder","Michel","1949-07-28","Oberer Quai","98A",null,2503,"Biel/Bienne","CH","Suisse","CSS Kranken- Versicherung AG","2756.7510.5596.79",102,"Établissement",null,null,null,"Impasse Palace Bellevue",1,null,3963,"Crans-Montana","CH","Suisse","Clinique Bernoise Montana - Secrétariat médical (facturation)","CLN.9411","Personnel soignant reconnu (par personne et par quart d'heure entamé)","2 collaborateur(s) x 22 quarts d’heure",44,35,"¼ d'heure",1540]
[3458,"2022-01-28",2172.3000000000002,null,14873,3,"Ambulance Clerc","Uvrier","S3","2022-01-13T12:09:54+01:00","2022-01-13T17:38:26+01:00","Clinique Bernoise","Impasse Palace Bellevue",1,null,3963,"Crans-Montana","CH","Suisse",356,"Privée","L'Ile Hôpital universitaire de Berne (Insel)","Freiburgstrasse",18,null,3010,"Bern","CH","Suisse","False","VS22001321","Maladie","Masculin","Holder","Michel","1949-07-28","Oberer Quai","98A",null,2503,"Biel/Bienne","CH","Suisse","CSS Kranken- Versicherung AG","2756.7510.5596.79",102,"Établissement",null,null,null,"Impasse Palace Bellevue",1,null,3963,"Crans-Montana","CH","Suisse","Clinique Bernoise Montana - Secrétariat médical (facturation)","CLN.Rabais ","Rabais 35%","sur CHF 3'342.00",1,-1169.7,null,-1169.7]
[3459,"2022-01-28",660,"2294266/17",14928,3,"Ambulance Clerc","Uvrier","S3","2022-01-13T22:08:22+01:00","2022-01-13T23:49:08+01:00","Hôpital de Sion","Avenue du Grand-Champsec",80,null,1950,"Sion","CH","Suisse",70,"Privée","Hôpital de Martigny","Avenue de la Fusion",27,null,1920,"Martigny","CH","Suisse","False","VS22001383","Maladie","Féminin","Bagnoud","Marie-Jeanne","1951-07-19","Chemin des Littes",1,null,3974,"Mollens VS","CH","Suisse","Easy Sana Assurance Maladie SA","2756.6566.3228.24",101,"Établissement",null,null,null,"Avenue Grand-Champsec",86,"Case postale 696",1951,"Sion","CH","Suisse","Hôpital du Valais - Direction des Finances/Service des fournisseurs (facturation)","HVS.13N","Forfait S3 HVS Sion - HVS Martigny","Trajet simple nuit (20h00-08h00) ou dimanches et jours fériés",1,660,null,660]
[3460,"2022-01-28",660,"2002710/17",14933,3,"Ambulance Clerc","Uvrier","S3","2022-01-13T23:49:28+01:00","2022-01-14T01:08:29+01:00","Hôpital de Sion","Avenue du Grand-Champsec",80,null,1950,"Sion","CH","Suisse",70,"Privée","Hôpital de Martigny","Avenue de la Fusion",27,null,1920,"Martigny","CH","Suisse","False","VS22001389","Maladie","Féminin","Bérard","Andréa","1931-07-09","Rue de Savièse",22,null,1950,"Sion","CH","Suisse","Assura-Basis SA","2756.0418.5668.86",101,"Établissement",null,null,null,"Avenue Grand-Champsec",86,"Case postale 696",1951,"Sion","CH","Suisse","Hôpital du Valais - Direction des Finances/Service des fournisseurs (facturation)","HVS.13N","Forfait S3 HVS Sion - HVS Martigny","Trajet simple nuit (20h00-08h00) ou dimanches et jours fériés",1,660,null,660]
[3461,"2022-01-28",660,"2095531/19",14936,3,"Ambulance Clerc","Uvrier","S3","2022-01-14T01:08:50+01:00","2022-01-14T02:38:16+01:00","Hôpital de Sion","Avenue du Grand-Champsec",80,null,1950,"Sion","CH","Suisse",70,"Privée","Hôpital de Martigny","Avenue de la Fusion",27,null,1920,"Martigny","CH","Suisse","False","VS22001392","Maladie","Masculin","Bérard ","Gabriel","1931-02-20","Rue de Savièse",22,null,1950,"Sion","CH","Suisse","Assura-Basis SA","2756.9927.4175.11",101,"Établissement",null,null,null,"Avenue Grand-Champsec",86,"Case postale 696",1951,"Sion","CH","Suisse","Hôpital du Valais - Direction des Finances/Service des fournisseurs (facturation)","HVS.13N","Forfait S3 HVS Sion - HVS Martigny","Trajet simple nuit (20h00-08h00) ou dimanches et jours fériés",1,660,null,660]
[3462,"2022-01-28",1029,"2088832/40",14941,3,"Ambulance Clerc","Uvrier","S3","2022-01-14T07:22:20+01:00","2022-01-14T09:42:18+01:00","Hôpital de Malévoz","Route de Morgins",10,null,1870,"Monthey","CH","Suisse",115,"Privée","Hôpital de Sion","Avenue du Grand-Champsec",80,null,1950,"Sion","CH","Suisse","False","VS22001397","Maladie","Masculin","Fellay","Paul Gérard","1940-08-16","Chemin de Grand-Maison",4,null,1941,"Vollèges","CH","Suisse","Arcosana AG","2756.2091.5101.87",101,"Établissement",null,null,null,"Avenue Grand-Champsec",86,"Case postale 696",1951,"Sion","CH","Suisse","Hôpital du Valais - Direction des Finances/Service des fournisseurs (facturation)","HVS.71N","Forfait S3 Malévoz - HVS Sion","Trajet simple nuit (20h00-08h00) ou dimanches et jours fériés",1,1029,null,1029]
[3463,"2022-01-28",944,"E0113002",14959,3,"Ambulance Clerc","Uvrier","S3","2022-01-14T12:14:35+01:00","2022-01-14T14:28:05+01:00","Hôpital de Sion","Avenue du Grand-Champsec",80,null,1950,"Sion","CH","Suisse",34,"Privée","Aéroport / Héliport de Sion","Route de l'Aéroport",60,"TARMAC Sud",1950,"Sion","CH","Suisse","False","VS22001417","Accident","Masculin","Lempriere Johnston","Harry George","2002-01-04","Rosel Manoir",null,null,"GE3 6AX","Jersey","CH","Suisse",null,2,5,"Établissement",null,null,null,"Avenue de Châtelaine ",70,"Case postale 144",1211,"Genève 13","CH","Suisse","MedSTAR - Swiss Mobile Healthcare Alliance Sàrl","MST.FF","Forfait S3 MedStar",null,1,944,null,944]
[3464,"2022-01-28",440,"2192705/14",14990,3,"Ambulance Clerc","Uvrier","S3","2022-01-14T14:47:38+01:00","2022-01-14T16:51:41+01:00","Hôpital de Martigny","Avenue de la Fusion",27,null,1920,"Martigny","CH","Suisse",70,"Privée","Hôpital de Sion","Avenue du Grand-Champsec",80,null,1950,"Sion","CH","Suisse","False","VS22001448","Maladie","Masculin","Baudin","Joseph Arsène","1931-01-21","Rouatope",7,null,1912,"Leytron","CH","Suisse","Mutuel Assurance Maladie SA","2756.1189.6460.05",101,"Établissement",null,null,null,"Avenue Grand-Champsec",86,"Case postale 696",1951,"Sion","CH","Suisse","Hôpital du Valais - Direction des Finances/Service des fournisseurs (facturation)","HVS.31J","Forfait S3 HVS Martigny - HVS Sion","Trajet simple journée (08h00-20h00)",1,440,null,440]
[3465,"2022-01-28",735,"2825246/1",15027,3,"Ambulance Clerc","Uvrier","S3","2022-01-14T20:52:43+01:00","2022-01-14T22:28:56+01:00","Hôpital de Martigny","Avenue de la Fusion",27,null,1920,"Martigny","CH","Suisse",74,"Privée","Hôpital Riviera-Chablais (HRC)","Route du Vieux-Séquoia",20,null,1847,"Rennaz","CH","Suisse","False","VS22001490","Accident","Masculin","Trombert","Corentin","2003-07-06","Chemin des Chamois",1,null,1873,"Val-d'Illiez","CH","Suisse","SUVA Sion ","2756.2875.3109.34",101,"Établissement",null,null,null,"Avenue Grand-Champsec",86,"Case postale 696",1951,"Sion","CH","Suisse","Hôpital du Valais - Direction des Finances/Service des fournisseurs (facturation)","HVS.311N","Forfait S3 HVS Martigny - HRC Rennaz","Trajet simple nuit (20h00-08h00) ou dimanches et jours fériés",1,735,null,735]
[3466,"2022-01-28",1440,null,15029,3,"Ambulance Clerc","Uvrier","S3","2022-01-14T22:29:10+01:00","2022-01-15T01:12:37+01:00","Réseau Fribourgeois de Santé Mentale (RFSM) Fribourg","Chemin du Cardinal-Journet",3,null,1752,"Villars-sur-Glâne","CH","Suisse",162,"Privée","Hôpital de Malévoz","Route de Morgins",10,null,1870,"Monthey","CH","Suisse","False","VS22001492","Maladie","Féminin","Bovard","Kay Margaret Edith","1985-01-22","Rue du Centre Sportif",40,null,1936,"Verbier","CH","Suisse","Assura-Basis SA","2756.0768.6556.67","2145760/32","Personne","Féminin","Bovard","Kay Margaret Edith","Rue du Centre Sportif",40,null,1936,"Verbier","CH","Suisse",null,"HVS.KM7","Taxe kilométrique (0 à 50 km)",null,50,7,"km",350]
[3466,"2022-01-28",1440,null,15029,3,"Ambulance Clerc","Uvrier","S3","2022-01-14T22:29:10+01:00","2022-01-15T01:12:37+01:00","Réseau Fribourgeois de Santé Mentale (RFSM) Fribourg","Chemin du Cardinal-Journet",3,null,1752,"Villars-sur-Glâne","CH","Suisse",162,"Privée","Hôpital de Malévoz","Route de Morgins",10,null,1870,"Monthey","CH","Suisse","False","VS22001492","Maladie","Féminin","Bovard","Kay Margaret Edith","1985-01-22","Rue du Centre Sportif",40,null,1936,"Verbier","CH","Suisse","Assura-Basis SA","2756.0768.6556.67","2145760/32","Personne","Féminin","Bovard","Kay Margaret Edith","Rue du Centre Sportif",40,null,1936,"Verbier","CH","Suisse",null,"HVS.KM6","Taxe kilométrique (51 à 100 km)",null,50,6,"km",300]
[3466,"2022-01-28",1440,null,15029,3,"Ambulance Clerc","Uvrier","S3","2022-01-14T22:29:10+01:00","2022-01-15T01:12:37+01:00","Réseau Fribourgeois de Santé Mentale (RFSM) Fribourg","Chemin du Cardinal-Journet",3,null,1752,"Villars-sur-Glâne","CH","Suisse",162,"Privée","Hôpital de Malévoz","Route de Morgins",10,null,1870,"Monthey","CH","Suisse","False","VS22001492","Maladie","Féminin","Bovard","Kay Margaret Edith","1985-01-22","Rue du Centre Sportif",40,null,1936,"Verbier","CH","Suisse","Assura-Basis SA","2756.0768.6556.67","2145760/32","Personne","Féminin","Bovard","Kay Margaret Edith","Rue du Centre Sportif",40,null,1936,"Verbier","CH","Suisse",null,"HVS.KM5","Taxe kilométrique (dès 101 km)",null,62,5,"km",310]
[3466,"2022-01-28",1440,null,15029,3,"Ambulance Clerc","Uvrier","S3","2022-01-14T22:29:10+01:00","2022-01-15T01:12:37+01:00","Réseau Fribourgeois de Santé Mentale (RFSM) Fribourg","Chemin du Cardinal-Journet",3,null,1752,"Villars-sur-Glâne","CH","Suisse",162,"Privée","Hôpital de Malévoz","Route de Morgins",10,null,1870,"Monthey","CH","Suisse","False","VS22001492","Maladie","Féminin","Bovard","Kay Margaret Edith","1985-01-22","Rue du Centre Sportif",40,null,1936,"Verbier","CH","Suisse","Assura-Basis SA","2756.0768.6556.67","2145760/32","Personne","Féminin","Bovard","Kay Margaret Edith","Rue du Centre Sportif",40,null,1936,"Verbier","CH","Suisse",null,"CLN.9431","Supplément de nuit  20h00-08h00","50% sur CHF 960.00",1,480,null,480]
[3467,"2022-01-28",660,"2216576/18",15038,3,"Ambulance Clerc","Uvrier","S3","2022-01-15T01:13:20+01:00","2022-01-15T02:52:02+01:00","Hôpital de Sion","Avenue du Grand-Champsec",80,null,1950,"Sion","CH","Suisse",70,"Privée","Hôpital de Martigny","Avenue de la Fusion",27,null,1920,"Martigny","CH","Suisse","False","VS22001502","Accident","Féminin","Jeanneret-Grosjean","Marie-Claire Virginie","1943-07-29","Route de Névoliec",16,null,3979,"Grône","CH","Suisse","Mutuel Assurances SA","2756.0206.5848.70",101,"Établissement",null,null,null,"Avenue Grand-Champsec",86,"Case postale 696",1951,"Sion","CH","Suisse","Hôpital du Valais - Direction des Finances/Service des fournisseurs (facturation)","HVS.13N","Forfait S3 HVS Sion - HVS Martigny","Trajet simple nuit (20h00-08h00) ou dimanches et jours fériés",1,660,null,660]
[3468,"2022-01-28",440,"2158234/19",15076,3,"Ambulance Clerc","Uvrier","S3","2022-01-15T12:31:23+01:00","2022-01-15T14:01:13+01:00","Hôpital de Sion","Avenue du Grand-Champsec",80,null,1950,"Sion","CH","Suisse",70,"Privée","Hôpital de Martigny","Avenue de la Fusion",27,null,1920,"Martigny","CH","Suisse","False","VS22001540","Maladie","Masculin","Roserens","Charly","1944-01-16","Rue de la Poste",15,null,1926,"Fully","CH","Suisse","Moove Sympany AG","2756.7096.1049.42",101,"Établissement",null,null,null,"Avenue Grand-Champsec",86,"Case postale 696",1951,"Sion","CH","Suisse","Hôpital du Valais - Direction des Finances/Service des fournisseurs (facturation)","HVS.13J","Forfait S3 HVS Sion - HVS Martigny","Trajet simple journée (08h00-20h00)",1,440,null,440]
[3653,"2022-01-28",458,"2007260/15",15100,3,"Ambulance Clerc","Uvrier","S3","2022-01-15T14:26:30+01:00","2022-01-15T17:55:58+01:00","Hôpital de Sierre","Rue Saint-Charles",14,null,3960,"Sierre","CH","Suisse",96,"Privée","Hôpital de Viège","Pflanzettastrasse",10,null,3930,"Visp","CH","Suisse","False","VS22001565","Maladie","Masculin","Chambovey","Edmond","1932-01-14","Rue de Lausanne",56,null,1950,"Sion","CH","Suisse","CSS Kranken- Versicherung AG","2756.2764.7444.37",101,"Établissement",null,null,null,"Avenue Grand-Champsec",86,"Case postale 696",1951,"Sion","CH","Suisse","Hôpital du Valais - Direction des Finances/Service des fournisseurs (facturation)","HVS.25J","Forfait S3 HVS Sierre - SZO Visp avec attente et retour","Trajet simple journée (08h00-20h00)",1,458,null,458]
[3653,"2022-01-28",458,"2007260/15",15100,3,"Ambulance Clerc","Uvrier","S3","2022-01-15T14:26:30+01:00","2022-01-15T17:55:58+01:00","Hôpital de Sierre","Rue Saint-Charles",14,null,3960,"Sierre","CH","Suisse",96,"Privée","Hôpital de Viège","Pflanzettastrasse",10,null,3930,"Visp","CH","Suisse","False","VS22001565","Maladie","Masculin","Chambovey","Edmond","1932-01-14","Rue de Lausanne",56,null,1950,"Sion","CH","Suisse","CSS Kranken- Versicherung AG","2756.2764.7444.37",101,"Établissement",null,null,null,"Avenue Grand-Champsec",86,"Case postale 696",1951,"Sion","CH","Suisse","Hôpital du Valais - Direction des Finances/Service des fournisseurs (facturation)",null,"Y compris 30 minutes d'attente à Visp avant le retour sur Sierre"]
[3654,"2022-01-28",2624,null,15134,3,"Ambulance Clerc","Uvrier","S3","2022-01-15T19:25:40+01:00","2022-01-16T01:02:58+01:00","Hôpital de Sion","Avenue du Grand-Champsec",80,null,1950,"Sion","CH","Suisse",328,"Privée","HUG Hôpital universitaire de Genève","Rue Gabrielle-Perret-Gentil",4,null,1205,"Genève","CH","Suisse","False","VS22001602","Accident","Féminin","Ridray","Sofia","1995-09-25","Avenue de Chanel",14,null,1110,"Morges","CH","Suisse","AXA Assurances SA","2756.8271.6198.79",2,"Personne","Féminin","Ridray","Sofia","Avenue de Chanel",14,null,1110,"Morges","CH","Suisse",null,"FKM8","Forfait kilométrique",null,328,8,"km",2624]
[3655,"2022-01-28",2693,"2825352/1",15146,3,"Ambulance Clerc","Uvrier","S3","2022-01-16T01:03:01+01:00","2022-01-16T05:46:34+01:00","Hôpital de Sion","Avenue du Grand-Champsec",80,null,1950,"Sion","CH","Suisse",330,"Privée","Clinique Générale Beaulieu","Chemin de Beau-Soleil",20,null,1206,"Genève","CH","Suisse","False","VS22001614","Accident","Masculin","Alarcon","Serge","1973-04-27","Chemin du Pré-du-Couvent","2B",null,1224,"Chêne-Bougeries","CH","Suisse","GENERALI Assurances Générales SA","2756.9259.1032.29",101,"Établissement",null,null,null,"Avenue Grand-Champsec",86,"Case postale 696",1951,"Sion","CH","Suisse","Hôpital du Valais - Direction des Finances/Service des fournisseurs (facturation)","HVS.112N","Forfait S3 HVS Sion - Clinique Générale Beaulieu Genève","Trajet simple nuit (20h00-08h00) ou dimanches et jours fériés",1,2693,null,2693]
[3656,"2022-01-28",660,"2077081/23",15194,3,"Ambulance Clerc","Uvrier","S3","2022-01-16T13:04:01+01:00","2022-01-16T14:58:57+01:00","Hôpital de Sion","Avenue du Grand-Champsec",80,null,1950,"Sion","CH","Suisse",70,"Privée","Hôpital de Martigny","Avenue de la Fusion",27,null,1920,"Martigny","CH","Suisse","False","VS22001662","Accident","Masculin","Pannatier","André ","1950-01-31","Route de Sion",33,null,3960,"Sierre","CH","Suisse","Arcosana AG","2756.1349.6368.77",101,"Établissement",null,null,null,"Avenue Grand-Champsec",86,"Case postale 696",1951,"Sion","CH","Suisse","Hôpital du Valais - Direction des Finances/Service des fournisseurs (facturation)","HVS.13N","Forfait S3 HVS Sion - HVS Martigny","Trajet simple nuit (20h00-08h00) ou dimanches et jours fériés",1,660,null,660]
[3657,"2022-01-28",660,"2163404/21",15202,3,"Ambulance Clerc","Uvrier","S3","2022-01-16T14:59:01+01:00","2022-01-16T16:26:06+01:00","Hôpital de Martigny","Avenue de la Fusion",27,null,1920,"Martigny","CH","Suisse",70,"Privée","Hôpital de Sion","Avenue du Grand-Champsec",80,null,1950,"Sion","CH","Suisse","False","VS22001670","Accident","Féminin","Damay","Séverine","1972-04-11","Chemin des Valérianes",12,null,1920,"Martigny","CH","Suisse","SUVA Sion, 6009 Luzern","2756.5148.9832.17",101,"Établissement",null,null,null,"Avenue Grand-Champsec",86,"Case postale 696",1951,"Sion","CH","Suisse","Hôpital du Valais - Direction des Finances/Service des fournisseurs (facturation)","HVS.31N","Forfait S3 HVS Martigny - HVS Sion","Trajet simple nuit (20h00-08h00) ou dimanches et jours fériés",1,660,null,660]
[3658,"2022-01-28",660,"2472924/7",15195,3,"Ambulance Clerc","Uvrier","S3","2022-01-16T16:26:11+01:00","2022-01-16T18:12:05+01:00","Hôpital de Sion","Avenue du Grand-Champsec",80,null,1950,"Sion","CH","Suisse",70,"Privée","Hôpital de Martigny","Avenue de la Fusion",27,null,1920,"Martigny","CH","Suisse","False","VS22001663","Accident","Féminin","Jacquemettaz","Lucia Madeleine","1950-04-26","Route des CFF",5,null,1908,"Riddes","CH","Suisse","Philos Assurance Maladie SA","2756.7070.3312.89",101,"Établissement",null,null,null,"Avenue Grand-Champsec",86,"Case postale 696",1951,"Sion","CH","Suisse","Hôpital du Valais - Direction des Finances/Service des fournisseurs (facturation)","HVS.13N","Forfait S3 HVS Sion - HVS Martigny","Trajet simple nuit (20h00-08h00) ou dimanches et jours fériés",1,660,null,660]
[3659,"2022-01-28",1688,"2327177/10",15239,3,"Ambulance Clerc","Uvrier","S3","2022-01-16T19:19:50+01:00","2022-01-16T22:20:53+01:00","Hôpital de Sion","Avenue du Grand-Champsec",80,null,1950,"Sion","CH","Suisse",200,"Privée","CHUV Hôpital universitaire de Lausanne","Rue du Bugnon",46,null,1006,"Lausanne","CH","Suisse","False","VS22001714","Maladie","Masculin","Vermot-Petit-Outhenin","Erwan","2009-03-25","Route d'Antzère","11D",null,1964,"Conthey","CH","Suisse","Arcosana AG","2756.9054.7732.14",101,"Établissement",null,"Hopital de Sion",null,"Avenue Grand-Champsec",86,"Case postale 696",1951,"Sion","CH","Suisse","Hôpital du Valais - Direction des Finances/Service des fournisseurs (facturation)","HVS.110N","Forfait S3 HVS Sion - CHUV","Trajet simple nuit (20h00-08h00) ou dimanches et jours fériés",1,1688,null,1688]
[3660,"2022-01-28",660,"2095482/29",15247,3,"Ambulance Clerc","Uvrier","S3","2022-01-16T22:22:44+01:00","2022-01-16T23:24:22+01:00","Hôpital de Martigny","Avenue de la Fusion",27,null,1920,"Martigny","CH","Suisse",70,"Privée","Hôpital de Sion","Avenue du Grand-Champsec",80,null,1950,"Sion","CH","Suisse","False","VS22001722","Maladie","Masculin","Cristaldi","Giuseppa","1954-08-10","Rue de la Moya",10,null,1920,"Martigny","CH","Suisse","Mutuel Assurance Maladie SA","2756.4794.9291.50",101,"Établissement",null,null,null,"Avenue Grand-Champsec",86,"Case postale 696",1951,"Sion","CH","Suisse","Hôpital du Valais - Direction des Finances/Service des fournisseurs (facturation)","HVS.31N","Forfait S3 HVS Martigny - HVS Sion","Trajet simple nuit (20h00-08h00) ou dimanches et jours fériés",1,660,null,660]
[3661,"2022-01-28",660,"2542129/4",15249,3,"Ambulance Clerc","Uvrier","S3","2022-01-16T23:26:05+01:00","2022-01-17T00:37:16+01:00","Hôpital de Sion","Avenue du Grand-Champsec",80,null,1950,"Sion","CH","Suisse",70,"Privée","Hôpital de Martigny","Avenue de la Fusion",27,null,1920,"Martigny","CH","Suisse","False","VS22001724","Maladie","Féminin","Savioz","Lorette","1934-08-20","Ruelle de la Clive",null,"Pinsec",3961,"Vissoie","CH","Suisse","CSS Kranken- Versicherung AG","2756.5328.4307.22",101,"Établissement",null,null,null,"Avenue Grand-Champsec",86,"Case postale 696",1951,"Sion","CH","Suisse","Hôpital du Valais - Direction des Finances/Service des fournisseurs (facturation)","HVS.13N","Forfait S3 HVS Sion - HVS Martigny","Trajet simple nuit (20h00-08h00) ou dimanches et jours fériés",1,660,null,660]
[3662,"2022-01-28",525,"2008671/31",15250,3,"Ambulance Clerc","Uvrier","S3","2022-01-17T00:37:43+01:00","2022-01-17T02:16:20+01:00","Hôpital de Martigny","Avenue de la Fusion",27,null,1920,"Martigny","CH","Suisse",82,"Privée","Hôpital de Malévoz","Route de Morgins",10,null,1870,"Monthey","CH","Suisse","False","VS22001725","Maladie","Masculin","Juillard","Fredy","1948-05-20","Rue Oscar-Bider",136,null,1950,"Sion","CH","Suisse","Avenir Caisse maladie","2756.1897.8147.03",101,"Établissement",null,null,null,"Avenue Grand-Champsec",86,"Case postale 696",1951,"Sion","CH","Suisse","Hôpital du Valais - Direction des Finances/Service des fournisseurs (facturation)","HVS.37N","Forfait S3 HVS Martigny - Malévoz","Trajet simple nuit (20h00-08h00) ou dimanches et jours fériés",1,525,null,525]
[3663,"2022-01-28",686,"2527921/23",15265,3,"Ambulance Clerc","Uvrier","S3","2022-01-17T10:13:18+01:00","2022-01-17T12:35:54+01:00","Hôpital de Sion","Avenue du Grand-Champsec",80,null,1950,"Sion","CH","Suisse",115,"Privée","Hôpital de Malévoz","Route de Morgins",10,null,1870,"Monthey","CH","Suisse","False","VS22001740","Maladie","Masculin","Torrent","Philippe","1995-02-07","Avenue de France",15,null,1950,"Sion","CH","Suisse","Easy Sana Assurance Maladie SA","2756.1189.9915.63",101,"Établissement",null,null,null,"Avenue Grand-Champsec",86,"Case postale 696",1951,"Sion","CH","Suisse","Hôpital du Valais - Direction des Finances/Service des fournisseurs (facturation)","HVS.17J","Forfait S3 HVS Sion - Malévoz","Trajet simple journée (08h00-20h00)",1,686,null,686]
[3664,"2022-01-28",350,"2004178/13",15278,3,"Ambulance Clerc","Uvrier","S3","2022-01-17T13:03:39+01:00","2022-01-17T14:35:02+01:00","Hôpital de Sion","Avenue du Grand-Champsec",80,null,1950,"Sion","CH","Suisse",30,"Privée","Hôpital de Sierre","Rue Saint-Charles",14,null,3960,"Sierre","CH","Suisse","False","VS22001753","Maladie","Féminin","Morand","Gabrielle","1935-12-28","Rue de la Chapelle",10,null,1958,"Uvrier","CH","Suisse","CSS Kranken- Versicherung AG","756.8871.9813.83",101,"Établissement",null,null,null,"Avenue Grand-Champsec",86,"Case postale 696",1951,"Sion","CH","Suisse","Hôpital du Valais - Direction des Finances/Service des fournisseurs (facturation)","HVS.12J","Forfait S3 HVS Sion - HVS Sierre","Trajet simple journée (08h00-20h00)",1,350,null,350]
[3665,"2022-01-28",1850,"2825822/1",15323,3,"Ambulance Clerc","Uvrier","S3","2022-01-17T19:26:04+01:00","2022-01-18T00:13:58+01:00","Hôpital de Sion","Avenue du Grand-Champsec",80,null,1950,"Sion","CH","Suisse",340,"Privée","Hôpital neuchâtelois - Pourtalès","Rue de la Maladière",45,null,2000,"Neuchâtel","CH","Suisse","False","VS22001800","Accident","Féminin","Schmid","Fabienne","1966-08-04","Rue de l'Ouest",15,null,2052,"Fontainemelon","CH","Suisse","Assura Caisse - maladie, 1052 Mont-sur-Lausanne","2756.6476.0449.77",101,"Établissement",null,null,null,"Avenue Grand-Champsec",86,"Case postale 696",1951,"Sion","CH","Suisse","Hôpital du Valais - Direction des Finances/Service des fournisseurs (facturation)","HVS.KM7","Taxe kilométrique (0 à 50 km)",null,50,7,"km",350]
[3665,"2022-01-28",1850,"2825822/1",15323,3,"Ambulance Clerc","Uvrier","S3","2022-01-17T19:26:04+01:00","2022-01-18T00:13:58+01:00","Hôpital de Sion","Avenue du Grand-Champsec",80,null,1950,"Sion","CH","Suisse",340,"Privée","Hôpital neuchâtelois - Pourtalès","Rue de la Maladière",45,null,2000,"Neuchâtel","CH","Suisse","False","VS22001800","Accident","Féminin","Schmid","Fabienne","1966-08-04","Rue de l'Ouest",15,null,2052,"Fontainemelon","CH","Suisse","Assura Caisse - maladie, 1052 Mont-sur-Lausanne","2756.6476.0449.77",101,"Établissement",null,null,null,"Avenue Grand-Champsec",86,"Case postale 696",1951,"Sion","CH","Suisse","Hôpital du Valais - Direction des Finances/Service des fournisseurs (facturation)","HVS.KM6","Taxe kilométrique (51 à 100 km)",null,50,6,"km",300]
[3665,"2022-01-28",1850,"2825822/1",15323,3,"Ambulance Clerc","Uvrier","S3","2022-01-17T19:26:04+01:00","2022-01-18T00:13:58+01:00","Hôpital de Sion","Avenue du Grand-Champsec",80,null,1950,"Sion","CH","Suisse",340,"Privée","Hôpital neuchâtelois - Pourtalès","Rue de la Maladière",45,null,2000,"Neuchâtel","CH","Suisse","False","VS22001800","Accident","Féminin","Schmid","Fabienne","1966-08-04","Rue de l'Ouest",15,null,2052,"Fontainemelon","CH","Suisse","Assura Caisse - maladie, 1052 Mont-sur-Lausanne","2756.6476.0449.77",101,"Établissement",null,null,null,"Avenue Grand-Champsec",86,"Case postale 696",1951,"Sion","CH","Suisse","Hôpital du Valais - Direction des Finances/Service des fournisseurs (facturation)","HVS.KM5","Taxe kilométrique (dès 101 km)",null,240,5,"km",1200]
[3666,"2022-01-28",702,null,15355,3,"Ambulance Clerc","Uvrier","P3","2022-01-18T09:34:05+01:00","2022-01-18T10:41:51+01:00","Domicile ","Rue des Aubépines",15,null,1950,"Sion","CH","Suisse",16,"Privée","Home St-François","Rue du Vieux-Moulin",32,null,1950,"Sion","CH","Suisse","False","VS22001832","Maladie","Masculin","Rey","Martial","1934-11-16","Rue du Vieux-Moulin",32,"Home St-François",1950,"Sion","CH","Suisse","CSS Kranken- Versicherung AG","2756.4804.6670.96",2,"Personne","Masculin","Rey","Martial","Rue du Vieux-Moulin",32,"Home St-François",1950,"Sion","CH","Suisse",null,9403,"Taxe de base transport P3",null,1,200,null,200]
[3666,"2022-01-28",702,null,15355,3,"Ambulance Clerc","Uvrier","P3","2022-01-18T09:34:05+01:00","2022-01-18T10:41:51+01:00","Domicile ","Rue des Aubépines",15,null,1950,"Sion","CH","Suisse",16,"Privée","Home St-François","Rue du Vieux-Moulin",32,null,1950,"Sion","CH","Suisse","False","VS22001832","Maladie","Masculin","Rey","Martial","1934-11-16","Rue du Vieux-Moulin",32,"Home St-François",1950,"Sion","CH","Suisse","CSS Kranken- Versicherung AG","2756.4804.6670.96",2,"Personne","Masculin","Rey","Martial","Rue du Vieux-Moulin",32,"Home St-François",1950,"Sion","CH","Suisse",null,9404,"Indemnisation kilométrique",null,16,4.5,"km",72]
[3666,"2022-01-28",702,null,15355,3,"Ambulance Clerc","Uvrier","P3","2022-01-18T09:34:05+01:00","2022-01-18T10:41:51+01:00","Domicile ","Rue des Aubépines",15,null,1950,"Sion","CH","Suisse",16,"Privée","Home St-François","Rue du Vieux-Moulin",32,null,1950,"Sion","CH","Suisse","False","VS22001832","Maladie","Masculin","Rey","Martial","1934-11-16","Rue du Vieux-Moulin",32,"Home St-François",1950,"Sion","CH","Suisse","CSS Kranken- Versicherung AG","2756.4804.6670.96",2,"Personne","Masculin","Rey","Martial","Rue du Vieux-Moulin",32,"Home St-François",1950,"Sion","CH","Suisse",null,9411,"Personnel soignant reconnu (par personne et par quart d'heure entamé)",null,10,35,"¼ d'heure",350]
[3666,"2022-01-28",702,null,15355,3,"Ambulance Clerc","Uvrier","P3","2022-01-18T09:34:05+01:00","2022-01-18T10:41:51+01:00","Domicile ","Rue des Aubépines",15,null,1950,"Sion","CH","Suisse",16,"Privée","Home St-François","Rue du Vieux-Moulin",32,null,1950,"Sion","CH","Suisse","False","VS22001832","Maladie","Masculin","Rey","Martial","1934-11-16","Rue du Vieux-Moulin",32,"Home St-François",1950,"Sion","CH","Suisse","CSS Kranken- Versicherung AG","2756.4804.6670.96",2,"Personne","Masculin","Rey","Martial","Rue du Vieux-Moulin",32,"Home St-François",1950,"Sion","CH","Suisse",null,"CLN.9441","Matériel - Prestation standard élargie",null,1,80,null,80]
[3777,"2022-01-28",827.5,null,15302,3,"Ambulance Clerc","Uvrier","S3","2022-01-18T12:45:48+01:00","2022-01-18T14:35:00+01:00","Hôpital de Martigny","Avenue de la Fusion",27,null,1920,"Martigny","CH","Suisse",15,"Privée","Domicile","Chemin de la Praille",39,null,1920,"Martigny","CH","Suisse","False","VS22001779","Maladie","Féminin","Sirgado de Oliveira","Sandrina","1994-04-29","Chemin de la Praille",39,null,1920,"Martigny","CH","Suisse","Arcosana AG"," 2756.3899.9947.11",5,"Établissement","Féminin","Monney","Stéphanie","Avenue du Grand-St-Bernard",4,"Case postale 871",1920,"Martigny","CH","Suisse","Service intercommunal de la curatelle","CLN.9403 ","Taxe de base transport S3",null,1,200,null,200]
[3777,"2022-01-28",827.5,null,15302,3,"Ambulance Clerc","Uvrier","S3","2022-01-18T12:45:48+01:00","2022-01-18T14:35:00+01:00","Hôpital de Martigny","Avenue de la Fusion",27,null,1920,"Martigny","CH","Suisse",15,"Privée","Domicile","Chemin de la Praille",39,null,1920,"Martigny","CH","Suisse","False","VS22001779","Maladie","Féminin","Sirgado de Oliveira","Sandrina","1994-04-29","Chemin de la Praille",39,null,1920,"Martigny","CH","Suisse","Arcosana AG"," 2756.3899.9947.11",5,"Établissement","Féminin","Monney","Stéphanie","Avenue du Grand-St-Bernard",4,"Case postale 871",1920,"Martigny","CH","Suisse","Service intercommunal de la curatelle","CLN.9404","Indemnisation kilométrique",null,15,4.5,"km",67.5]
[3777,"2022-01-28",827.5,null,15302,3,"Ambulance Clerc","Uvrier","S3","2022-01-18T12:45:48+01:00","2022-01-18T14:35:00+01:00","Hôpital de Martigny","Avenue de la Fusion",27,null,1920,"Martigny","CH","Suisse",15,"Privée","Domicile","Chemin de la Praille",39,null,1920,"Martigny","CH","Suisse","False","VS22001779","Maladie","Féminin","Sirgado de Oliveira","Sandrina","1994-04-29","Chemin de la Praille",39,null,1920,"Martigny","CH","Suisse","Arcosana AG"," 2756.3899.9947.11",5,"Établissement","Féminin","Monney","Stéphanie","Avenue du Grand-St-Bernard",4,"Case postale 871",1920,"Martigny","CH","Suisse","Service intercommunal de la curatelle","CLN.9411","Personnel soignant reconnu (par personne et par quart d'heure entamé)","2 collaborateur(s) x 8 quarts d’heure",16,35,"¼ d'heure",560]
[3778,"2022-01-28",686,"2077042/9",15408,3,"Ambulance Clerc","Uvrier","S3","2022-01-18T15:56:06+01:00","2022-01-18T17:40:13+01:00","Hôpital de Sion","Avenue du Grand-Champsec",80,null,1950,"Sion","CH","Suisse",107,"Privée","Hôpital de Malévoz","Route de Morgins",10,null,1870,"Monthey","CH","Suisse","False","VS22001887","Maladie","Masculin","Moix","Killian","2004-05-29","Route du Mourty",41,"Praz-Jean",1982,"Euseigne","CH","Suisse","Helsana Assurances SA","2756.0323.4901.46",101,"Établissement",null,null,null,"Avenue Grand-Champsec",86,"Case postale 696",1951,"Sion","CH","Suisse","Hôpital du Valais - Direction des Finances/Service des fournisseurs (facturation)","HVS.17J","Forfait S3 HVS Sion - Malévoz","Trajet simple journée (08h00-20h00)",1,686,null,686]
[3779,"2022-01-28",660,"2022253/9",15434,3,"Ambulance Clerc","Uvrier","S3","2022-01-18T20:28:59+01:00","2022-01-18T22:27:57+01:00","Hôpital de Sion","Avenue du Grand-Champsec",80,null,1950,"Sion","CH","Suisse",70,"Privée","Hôpital de Martigny","Avenue de la Fusion",27,null,1920,"Martigny","CH","Suisse","False","VS22001913","Maladie","Masculin","Auderset ","Francis ","1933-06-25","Chemin de la Chapelle",32,null,1964,"Conthey","CH","Suisse","Mutuel Assurance Maladie SA","2756.0205.1226.77",101,"Établissement",null,null,null,"Avenue Grand-Champsec",86,"Case postale 696",1951,"Sion","CH","Suisse","Hôpital du Valais - Direction des Finances/Service des fournisseurs (facturation)","HVS.13N","Forfait S3 HVS Sion - HVS Martigny","Trajet simple nuit (20h00-08h00) ou dimanches et jours fériés",1,660,null,660]
[3780,"2022-01-28",1795,"2417941/15",15474,3,"Ambulance Clerc","Uvrier","S3","2022-01-19T13:45:17+01:00","2022-01-19T18:46:32+01:00","Hôpital de Sion","Avenue du Grand-Champsec",80,null,1950,"Sion","CH","Suisse",347,"Privée","HUG Hôpital universitaire de Genève","Rue Gabrielle-Perret-Gentil",4,null,1205,"Genève","CH","Suisse","False","VS22001953","Maladie","Féminin","Zecchino-Clavien","Armelle","1995-03-06","Route de Chivirau",2,null,3972,"Miège","CH","Suisse","Mutuel Assurance Maladie SA","2756.0009.5218.05",101,"Établissement",null,null,null,"Avenue Grand-Champsec",86,"Case postale 696",1951,"Sion","CH","Suisse","Hôpital du Valais - Direction des Finances/Service des fournisseurs (facturation)","HVS.112J","Forfait S3 HVS Sion - HUG","Trajet simple journée (08h00-20h00)",1,1795,null,1795]
[3781,"2022-01-28",350,"2072769/7",15513,3,"Ambulance Clerc","Uvrier","S3","2022-01-19T19:17:33+01:00","2022-01-19T20:34:45+01:00","Hôpital de Sion","Avenue du Grand-Champsec",80,null,1950,"Sion","CH","Suisse",36,"Privée","Hôpital de Sierre","Rue Saint-Charles",14,null,3960,"Sierre","CH","Suisse","False","VS22001992","Accident","Masculin","Balet","Jacques","1941-06-13","Rue des Dailles",8,null,1971,"Grimisuat","CH","Suisse","CSS Kranken- Versicherung AG","2756.5573.3591.44",101,"Établissement",null,null,null,"Avenue Grand-Champsec",86,"Case postale 696",1951,"Sion","CH","Suisse","Hôpital du Valais - Direction des Finances/Service des fournisseurs (facturation)","HVS.12J","Forfait S3 HVS Sion - HVS Sierre","Trajet simple journée (08h00-20h00)",1,350,null,350]
[3782,"2022-01-28",617.5,null,15518,3,"Ambulance Clerc","Uvrier","S3","2022-01-19T20:35:54+01:00","2022-01-19T21:30:29+01:00","Hôpital de Sion","Avenue du Grand-Champsec",80,null,1950,"Sion","CH","Suisse",15,"Privée","EMS Les Vergers","Route de Riddes",263,null,1994,"Aproz (Nendaz)","CH","Suisse","False","VS22001997","Maladie","Féminin","Barragan","Madrid Victoria","1933-03-19","Route de Riddes",263,"EMS Les Vergers",1994,"Aproz (Nendaz)","CH","Suisse","Mutuel Assurance Maladie SA","2756.7629.0619.40",2,"Personne","Féminin","Del Genio","Sylvie","Rue du Canal",61,null,1964,"Conthey","CH","Suisse",null,"CLN.9403 ","Taxe de base transport S3",null,1,200,null,200]
[3782,"2022-01-28",617.5,null,15518,3,"Ambulance Clerc","Uvrier","S3","2022-01-19T20:35:54+01:00","2022-01-19T21:30:29+01:00","Hôpital de Sion","Avenue du Grand-Champsec",80,null,1950,"Sion","CH","Suisse",15,"Privée","EMS Les Vergers","Route de Riddes",263,null,1994,"Aproz (Nendaz)","CH","Suisse","False","VS22001997","Maladie","Féminin","Barragan","Madrid Victoria","1933-03-19","Route de Riddes",263,"EMS Les Vergers",1994,"Aproz (Nendaz)","CH","Suisse","Mutuel Assurance Maladie SA","2756.7629.0619.40",2,"Personne","Féminin","Del Genio","Sylvie","Rue du Canal",61,null,1964,"Conthey","CH","Suisse",null,"CLN.9404","Indemnisation kilométrique",null,15,4.5,"km",67.5]
[3782,"2022-01-28",617.5,null,15518,3,"Ambulance Clerc","Uvrier","S3","2022-01-19T20:35:54+01:00","2022-01-19T21:30:29+01:00","Hôpital de Sion","Avenue du Grand-Champsec",80,null,1950,"Sion","CH","Suisse",15,"Privée","EMS Les Vergers","Route de Riddes",263,null,1994,"Aproz (Nendaz)","CH","Suisse","False","VS22001997","Maladie","Féminin","Barragan","Madrid Victoria","1933-03-19","Route de Riddes",263,"EMS Les Vergers",1994,"Aproz (Nendaz)","CH","Suisse","Mutuel Assurance Maladie SA","2756.7629.0619.40",2,"Personne","Féminin","Del Genio","Sylvie","Rue du Canal",61,null,1964,"Conthey","CH","Suisse",null,"CLN.9411","Personnel soignant reconnu (par personne et par quart d'heure entamé)","2 collaborateur(s) x 4 quarts d’heure",8,35,"¼ d'heure",280]
[3782,"2022-01-28",617.5,null,15518,3,"Ambulance Clerc","Uvrier","S3","2022-01-19T20:35:54+01:00","2022-01-19T21:30:29+01:00","Hôpital de Sion","Avenue du Grand-Champsec",80,null,1950,"Sion","CH","Suisse",15,"Privée","EMS Les Vergers","Route de Riddes",263,null,1994,"Aproz (Nendaz)","CH","Suisse","False","VS22001997","Maladie","Féminin","Barragan","Madrid Victoria","1933-03-19","Route de Riddes",263,"EMS Les Vergers",1994,"Aproz (Nendaz)","CH","Suisse","Mutuel Assurance Maladie SA","2756.7629.0619.40",2,"Personne","Féminin","Del Genio","Sylvie","Rue du Canal",61,null,1964,"Conthey","CH","Suisse",null,"CLN.9431","Supplément de nuit  20h00-08h00","25% sur CHF 280.00",1,70,null,70]
[3783,"2022-01-28",660,"2376144/22",15521,3,"Ambulance Clerc","Uvrier","S3","2022-01-19T21:30:57+01:00","2022-01-19T22:53:36+01:00","Hôpital de Martigny","Avenue de la Fusion",27,null,1920,"Martigny","CH","Suisse",70,"Privée","Hôpital de Sion","Avenue du Grand-Champsec",80,null,1950,"Sion","CH","Suisse","False","VS22002000","Maladie","Féminin","Rederstorff Galvez","Laurence","1988-09-18","Avenue de Vérolliez",49,null,1890,"St-Maurice","CH","Suisse","Helsana Assurances SA","2756.2669.8543.78",101,"Établissement",null,null,null,"Avenue Grand-Champsec",86,"Case postale 696",1951,"Sion","CH","Suisse","Hôpital du Valais - Direction des Finances/Service des fournisseurs (facturation)","HVS.31N","Forfait S3 HVS Martigny - HVS Sion","Trajet simple nuit (20h00-08h00) ou dimanches et jours fériés",1,660,null,660]
[3784,"2022-01-28",660,"2770320/3",15520,3,"Ambulance Clerc","Uvrier","S3","2022-01-19T22:54:43+01:00","2022-01-20T00:10:51+01:00","Hôpital de Martigny","Avenue de la Fusion",27,null,1920,"Martigny","CH","Suisse",70,"Privée","Hôpital de Sion","Avenue du Grand-Champsec",80,null,1950,"Sion","CH","Suisse","False","VS22001999","Maladie","Masculin","De Rosa ","Roberto","1994-08-15","Route des Cases",47,null,1890,"St-Maurice","CH","Suisse","Mutuel Assurance Maladie SA","2756.7369.2963.74",101,"Établissement",null,null,null,"Avenue Grand-Champsec",86,"Case postale 696",1951,"Sion","CH","Suisse","Hôpital du Valais - Direction des Finances/Service des fournisseurs (facturation)","HVS.31N","Forfait S3 HVS Martigny - HVS Sion","Trajet simple nuit (20h00-08h00) ou dimanches et jours fériés",1,660,null,660]
[3785,"2022-01-28",617.5,null,15526,3,"Ambulance Clerc","Uvrier","S3","2022-01-20T00:10:57+01:00","2022-01-20T01:10:07+01:00","Hôpital de Sion","Avenue du Grand-Champsec",80,null,1950,"Sion","CH","Suisse",15,"Privée","EMS Les Vergers","Route de Riddes",263,null,1994,"Aproz (Nendaz)","CH","Suisse","False","VS22002008","Maladie","Féminin","Bonvin-Sägesser","Verena","1945-07-01","Route de Riddes",263,"EMS Les Vergers",1994,"Aproz (Nendaz)","CH","Suisse","Arcosana AG","2756.7588.8016.63",2,"Personne","Masculin","Bonvin","Willy","Route de Botyre",58,null,1966,"Blignou (Ayent)","CH","Suisse",null,"CLN.9403 ","Taxe de base transport S3",null,1,200,null,200]
[3785,"2022-01-28",617.5,null,15526,3,"Ambulance Clerc","Uvrier","S3","2022-01-20T00:10:57+01:00","2022-01-20T01:10:07+01:00","Hôpital de Sion","Avenue du Grand-Champsec",80,null,1950,"Sion","CH","Suisse",15,"Privée","EMS Les Vergers","Route de Riddes",263,null,1994,"Aproz (Nendaz)","CH","Suisse","False","VS22002008","Maladie","Féminin","Bonvin-Sägesser","Verena","1945-07-01","Route de Riddes",263,"EMS Les Vergers",1994,"Aproz (Nendaz)","CH","Suisse","Arcosana AG","2756.7588.8016.63",2,"Personne","Masculin","Bonvin","Willy","Route de Botyre",58,null,1966,"Blignou (Ayent)","CH","Suisse",null,"CLN.9404","Indemnisation kilométrique",null,15,4.5,"km",67.5]
[3785,"2022-01-28",617.5,null,15526,3,"Ambulance Clerc","Uvrier","S3","2022-01-20T00:10:57+01:00","2022-01-20T01:10:07+01:00","Hôpital de Sion","Avenue du Grand-Champsec",80,null,1950,"Sion","CH","Suisse",15,"Privée","EMS Les Vergers","Route de Riddes",263,null,1994,"Aproz (Nendaz)","CH","Suisse","False","VS22002008","Maladie","Féminin","Bonvin-Sägesser","Verena","1945-07-01","Route de Riddes",263,"EMS Les Vergers",1994,"Aproz (Nendaz)","CH","Suisse","Arcosana AG","2756.7588.8016.63",2,"Personne","Masculin","Bonvin","Willy","Route de Botyre",58,null,1966,"Blignou (Ayent)","CH","Suisse",null,"CLN.9411","Personnel soignant reconnu (par personne et par quart d'heure entamé)","2 collaborateur(s) x 4 quarts d’heure",8,35,"¼ d'heure",280]
[3785,"2022-01-28",617.5,null,15526,3,"Ambulance Clerc","Uvrier","S3","2022-01-20T00:10:57+01:00","2022-01-20T01:10:07+01:00","Hôpital de Sion","Avenue du Grand-Champsec",80,null,1950,"Sion","CH","Suisse",15,"Privée","EMS Les Vergers","Route de Riddes",263,null,1994,"Aproz (Nendaz)","CH","Suisse","False","VS22002008","Maladie","Féminin","Bonvin-Sägesser","Verena","1945-07-01","Route de Riddes",263,"EMS Les Vergers",1994,"Aproz (Nendaz)","CH","Suisse","Arcosana AG","2756.7588.8016.63",2,"Personne","Masculin","Bonvin","Willy","Route de Botyre",58,null,1966,"Blignou (Ayent)","CH","Suisse",null,"CLN.9431","Supplément de nuit  20h00-08h00","25% sur CHF 280.00",1,70,null,70]
[3786,"2022-01-28",660,"2003438/73",15532,3,"Ambulance Clerc","Uvrier","S3","2022-01-20T03:19:49+01:00","2022-01-20T04:40:14+01:00","Hôpital de Martigny","Avenue de la Fusion",27,null,1920,"Martigny","CH","Suisse",70,"Privée","Hôpital de Sion","Avenue du Grand-Champsec",80,null,1950,"Sion","CH","Suisse","False","VS22002015","Maladie","Masculin","Fiora","Gilles","1985-03-27","Rue Principale",58,null,1923,"Les Marécottes","CH","Suisse","AMB Assurances SA","2756.2678.1431.97",101,"Établissement",null,null,null,"Avenue Grand-Champsec",86,"Case postale 696",1951,"Sion","CH","Suisse","Hôpital du Valais - Direction des Finances/Service des fournisseurs (facturation)","HVS.31N","Forfait S3 HVS Martigny - HVS Sion","Trajet simple nuit (20h00-08h00) ou dimanches et jours fériés",1,660,null,660]
[3787,"2022-01-28",2100,"2443293/14",15537,3,"Ambulance Clerc","Uvrier","S3","2022-01-20T07:02:36+01:00","2022-01-20T11:17:50+01:00","Hôpital de Sion","Avenue du Grand-Champsec",80,null,1950,"Sion","CH","Suisse",250,"Privée","Hôpital cantonal de Fribourg (HFR)","Chemin des Pensionnats",null,null,1752,"Villars-sur-Glâne","CH","Suisse","False","VS22002020","Accident","Masculin","Germanier","Guy","1939-09-03","Rue des Prés du Torrent",37,null,1964,"Conthey","CH","Suisse","Mutuel Assurance Maladie SA","2756.7488.7121.75",101,"Établissement",null,null,null,"Avenue Grand-Champsec",86,"Case postale 696",1951,"Sion","CH","Suisse","Hôpital du Valais - Direction des Finances/Service des fournisseurs (facturation)","HVS.KM7","Taxe kilométrique (0 à 50 km)",null,50,7,"km",350]
[3787,"2022-01-28",2100,"2443293/14",15537,3,"Ambulance Clerc","Uvrier","S3","2022-01-20T07:02:36+01:00","2022-01-20T11:17:50+01:00","Hôpital de Sion","Avenue du Grand-Champsec",80,null,1950,"Sion","CH","Suisse",250,"Privée","Hôpital cantonal de Fribourg (HFR)","Chemin des Pensionnats",null,null,1752,"Villars-sur-Glâne","CH","Suisse","False","VS22002020","Accident","Masculin","Germanier","Guy","1939-09-03","Rue des Prés du Torrent",37,null,1964,"Conthey","CH","Suisse","Mutuel Assurance Maladie SA","2756.7488.7121.75",101,"Établissement",null,null,null,"Avenue Grand-Champsec",86,"Case postale 696",1951,"Sion","CH","Suisse","Hôpital du Valais - Direction des Finances/Service des fournisseurs (facturation)","HVS.KM6","Taxe kilométrique (51 à 100 km)",null,50,6,"km",300]
[3787,"2022-01-28",2100,"2443293/14",15537,3,"Ambulance Clerc","Uvrier","S3","2022-01-20T07:02:36+01:00","2022-01-20T11:17:50+01:00","Hôpital de Sion","Avenue du Grand-Champsec",80,null,1950,"Sion","CH","Suisse",250,"Privée","Hôpital cantonal de Fribourg (HFR)","Chemin des Pensionnats",null,null,1752,"Villars-sur-Glâne","CH","Suisse","False","VS22002020","Accident","Masculin","Germanier","Guy","1939-09-03","Rue des Prés du Torrent",37,null,1964,"Conthey","CH","Suisse","Mutuel Assurance Maladie SA","2756.7488.7121.75",101,"Établissement",null,null,null,"Avenue Grand-Champsec",86,"Case postale 696",1951,"Sion","CH","Suisse","Hôpital du Valais - Direction des Finances/Service des fournisseurs (facturation)","HVS.KM5","Taxe kilométrique (dès 101 km)",null,150,5,"km",750]
[3787,"2022-01-28",2100,"2443293/14",15537,3,"Ambulance Clerc","Uvrier","S3","2022-01-20T07:02:36+01:00","2022-01-20T11:17:50+01:00","Hôpital de Sion","Avenue du Grand-Champsec",80,null,1950,"Sion","CH","Suisse",250,"Privée","Hôpital cantonal de Fribourg (HFR)","Chemin des Pensionnats",null,null,1752,"Villars-sur-Glâne","CH","Suisse","False","VS22002020","Accident","Masculin","Germanier","Guy","1939-09-03","Rue des Prés du Torrent",37,null,1964,"Conthey","CH","Suisse","Mutuel Assurance Maladie SA","2756.7488.7121.75",101,"Établissement",null,null,null,"Avenue Grand-Champsec",86,"Case postale 696",1951,"Sion","CH","Suisse","Hôpital du Valais - Direction des Finances/Service des fournisseurs (facturation)","CLN.9431","Supplément de nuit  20h00-08h00","50% sur CHF 1400.00",1,700,null,700]
[3788,"2022-01-28",626.5,null,15447,3,"Ambulance Clerc","Uvrier","S3","2022-01-20T13:50:21+01:00","2022-01-20T15:40:56+01:00","Clinique romande de réadaptation SUVA","Avenue du Grand-Champsec",90,null,1950,"Sion","CH","Suisse",30,"Privée","Hôpital de Sierre","Rue Saint-Charles",14,null,3960,"Sierre","CH","Suisse","False","VS22001926","Maladie","Féminin","Villat","Marie-Eliane","1962-09-08","Rue de Gravelone",4,"EMS St-Pierre",1950,"Sion","CH","Suisse","CSS Kranken- Versicherung AG","2756.0161.8245.23",104,"Établissement",null,null,null,"Avenue du Grand-Champsec",90,null,1950,"Sion","CH","Suisse","Clinique SUVA - Comptabilité (facturation)","CLN.9403 ","Taxe de base transport S3",null,1,200,null,200]
[3788,"2022-01-28",626.5,null,15447,3,"Ambulance Clerc","Uvrier","S3","2022-01-20T13:50:21+01:00","2022-01-20T15:40:56+01:00","Clinique romande de réadaptation SUVA","Avenue du Grand-Champsec",90,null,1950,"Sion","CH","Suisse",30,"Privée","Hôpital de Sierre","Rue Saint-Charles",14,null,3960,"Sierre","CH","Suisse","False","VS22001926","Maladie","Féminin","Villat","Marie-Eliane","1962-09-08","Rue de Gravelone",4,"EMS St-Pierre",1950,"Sion","CH","Suisse","CSS Kranken- Versicherung AG","2756.0161.8245.23",104,"Établissement",null,null,null,"Avenue du Grand-Champsec",90,null,1950,"Sion","CH","Suisse","Clinique SUVA - Comptabilité (facturation)","CLN.9404","Indemnisation kilométrique",null,30,4.5,"km",135]
[3788,"2022-01-28",626.5,null,15447,3,"Ambulance Clerc","Uvrier","S3","2022-01-20T13:50:21+01:00","2022-01-20T15:40:56+01:00","Clinique romande de réadaptation SUVA","Avenue du Grand-Champsec",90,null,1950,"Sion","CH","Suisse",30,"Privée","Hôpital de Sierre","Rue Saint-Charles",14,null,3960,"Sierre","CH","Suisse","False","VS22001926","Maladie","Féminin","Villat","Marie-Eliane","1962-09-08","Rue de Gravelone",4,"EMS St-Pierre",1950,"Sion","CH","Suisse","CSS Kranken- Versicherung AG","2756.0161.8245.23",104,"Établissement",null,null,null,"Avenue du Grand-Champsec",90,null,1950,"Sion","CH","Suisse","Clinique SUVA - Comptabilité (facturation)","CLN.9411","Personnel soignant reconnu (par personne et par quart d'heure entamé)","2 collaborateur(s) x 8 quarts d’heure",16,35,"¼ d'heure",560]
[3788,"2022-01-28",626.5,null,15447,3,"Ambulance Clerc","Uvrier","S3","2022-01-20T13:50:21+01:00","2022-01-20T15:40:56+01:00","Clinique romande de réadaptation SUVA","Avenue du Grand-Champsec",90,null,1950,"Sion","CH","Suisse",30,"Privée","Hôpital de Sierre","Rue Saint-Charles",14,null,3960,"Sierre","CH","Suisse","False","VS22001926","Maladie","Féminin","Villat","Marie-Eliane","1962-09-08","Rue de Gravelone",4,"EMS St-Pierre",1950,"Sion","CH","Suisse","CSS Kranken- Versicherung AG","2756.0161.8245.23",104,"Établissement",null,null,null,"Avenue du Grand-Champsec",90,null,1950,"Sion","CH","Suisse","Clinique SUVA - Comptabilité (facturation)","CLN.Rabais","Rabais 30%",null,1,-268.5,null,-268.5]
[3796,"2022-01-28",175,"2363896/22",15585,3,"Ambulance Clerc","Uvrier","S3","2022-01-20T19:13:42+01:00","2022-01-20T20:35:30+01:00","Hôpital de Sion","Avenue du Grand-Champsec",80,null,1950,"Sion","CH","Suisse",30,"Privée","Hôpital de Sierre","Rue Saint-Charles",14,null,3960,"Sierre","CH","Suisse","False","VS22002071","Maladie","Féminin","Dubuis","Gisèle ","1939-07-30","Route du Stand",24,"Drône",1965,"Savièse","CH","Suisse","Visana AG","2756.8602.9955.28",101,"Établissement",null,null,null,"Avenue Grand-Champsec",86,"Case postale 696",1951,"Sion","CH","Suisse","Hôpital du Valais - Direction des Finances/Service des fournisseurs (facturation)","HVS.12J","Forfait S3 HVS Sion - HVS Sierre","Trajet simple journée (08h00-20h00)",1,350,null,350]
[3796,"2022-01-28",175,"2363896/22",15585,3,"Ambulance Clerc","Uvrier","S3","2022-01-20T19:13:42+01:00","2022-01-20T20:35:30+01:00","Hôpital de Sion","Avenue du Grand-Champsec",80,null,1950,"Sion","CH","Suisse",30,"Privée","Hôpital de Sierre","Rue Saint-Charles",14,null,3960,"Sierre","CH","Suisse","False","VS22002071","Maladie","Féminin","Dubuis","Gisèle ","1939-07-30","Route du Stand",24,"Drône",1965,"Savièse","CH","Suisse","Visana AG","2756.8602.9955.28",101,"Établissement",null,null,null,"Avenue Grand-Champsec",86,"Case postale 696",1951,"Sion","CH","Suisse","Hôpital du Valais - Direction des Finances/Service des fournisseurs (facturation)","HVS.000","(2 patients transportés dans la même ambulance)","Intervention divisée par 2 patients, soustraction de",1,-175,null,-175]
[3800,"2022-01-28",175,"2492648/2",15585,3,"Ambulance Clerc","Uvrier","S3","2022-01-20T19:13:42+01:00","2022-01-20T20:35:30+01:00","Hôpital de Sion","Avenue du Grand-Champsec",80,null,1950,"Sion","CH","Suisse",30,"Privée","Hôpital de Sierre","Rue Saint-Charles",14,null,3960,"Sierre","CH","Suisse","False","VS22002072","Maladie","Masculin","Dubuis","Albert","1938-07-20","Route du Stand",24,"Drône",1965,"Savièse","CH","Suisse","Visana AG","2756.3412.8973.21",101,"Établissement",null,null,null,"Avenue Grand-Champsec",86,"Case postale 696",1951,"Sion","CH","Suisse","Hôpital du Valais - Direction des Finances/Service des fournisseurs (facturation)","HVS.12J","Forfait S3 HVS Sion - HVS Sierre","Trajet simple journée (08h00-20h00)",1,350,null,350]
[3800,"2022-01-28",175,"2492648/2",15585,3,"Ambulance Clerc","Uvrier","S3","2022-01-20T19:13:42+01:00","2022-01-20T20:35:30+01:00","Hôpital de Sion","Avenue du Grand-Champsec",80,null,1950,"Sion","CH","Suisse",30,"Privée","Hôpital de Sierre","Rue Saint-Charles",14,null,3960,"Sierre","CH","Suisse","False","VS22002072","Maladie","Masculin","Dubuis","Albert","1938-07-20","Route du Stand",24,"Drône",1965,"Savièse","CH","Suisse","Visana AG","2756.3412.8973.21",101,"Établissement",null,null,null,"Avenue Grand-Champsec",86,"Case postale 696",1951,"Sion","CH","Suisse","Hôpital du Valais - Direction des Finances/Service des fournisseurs (facturation)","HVS.000","(2 patients transportés dans la même ambulance)","Intervention divisée par 2 patients, soustraction de",1,-175,null,-175]
[3802,"2022-01-28",525,"2088483/44",15591,3,"Ambulance Clerc","Uvrier","S3","2022-01-20T21:28:40+01:00","2022-01-20T23:16:04+01:00","Hôpital de Martigny","Avenue de la Fusion",27,null,1920,"Martigny","CH","Suisse",115,"Privée","Hôpital de Malévoz","Route de Morgins",10,null,1870,"Monthey","CH","Suisse","False","VS22002079","Maladie","Masculin","Motateanu ","Dan Edvards","1997-03-24","Chemin du Milieu",45,null,1920,"Martigny","CH","Suisse","CSS Kranken- Versicherung AG","2756.9140.5321.45",101,"Établissement",null,null,null,"Avenue Grand-Champsec",86,"Case postale 696",1951,"Sion","CH","Suisse","Hôpital du Valais - Direction des Finances/Service des fournisseurs (facturation)","HVS.37N","Forfait S3 HVS Martigny - Malévoz","Trajet simple nuit (20h00-08h00) ou dimanches et jours fériés",1,525,null,525]
[3804,"2022-01-28",1108,null,15608,3,"Ambulance Clerc","Uvrier","P2","2022-01-21T08:40:45+01:00","2022-01-21T10:55:00+01:00","Domicile","Rue du Vieux-Village",61,null,1957,"Ardon","CH","Suisse",44,"Privée","Hôpital de Martigny","Avenue de la Fusion",27,null,1920,"Martigny","CH","Suisse","False","VS22002097","Maladie","Masculin","Broccard","Alfred","1948-05-21","Rue du Vieux-Village",61,null,1957,"Ardon","CH","Suisse","Helsana Assurances SA","2756.5042.3399.81",2,"Personne","Masculin","Broccard","Alfred","Rue du Vieux-Village",61,null,1957,"Ardon","CH","Suisse",null,"CLN.9403 ","Taxe de base transport S3",null,1,200,null,200]
[3804,"2022-01-28",1108,null,15608,3,"Ambulance Clerc","Uvrier","P2","2022-01-21T08:40:45+01:00","2022-01-21T10:55:00+01:00","Domicile","Rue du Vieux-Village",61,null,1957,"Ardon","CH","Suisse",44,"Privée","Hôpital de Martigny","Avenue de la Fusion",27,null,1920,"Martigny","CH","Suisse","False","VS22002097","Maladie","Masculin","Broccard","Alfred","1948-05-21","Rue du Vieux-Village",61,null,1957,"Ardon","CH","Suisse","Helsana Assurances SA","2756.5042.3399.81",2,"Personne","Masculin","Broccard","Alfred","Rue du Vieux-Village",61,null,1957,"Ardon","CH","Suisse",null,"CLN.9404","Indemnisation kilométrique",null,44,4.5,"km",198]
[3804,"2022-01-28",1108,null,15608,3,"Ambulance Clerc","Uvrier","P2","2022-01-21T08:40:45+01:00","2022-01-21T10:55:00+01:00","Domicile","Rue du Vieux-Village",61,null,1957,"Ardon","CH","Suisse",44,"Privée","Hôpital de Martigny","Avenue de la Fusion",27,null,1920,"Martigny","CH","Suisse","False","VS22002097","Maladie","Masculin","Broccard","Alfred","1948-05-21","Rue du Vieux-Village",61,null,1957,"Ardon","CH","Suisse","Helsana Assurances SA","2756.5042.3399.81",2,"Personne","Masculin","Broccard","Alfred","Rue du Vieux-Village",61,null,1957,"Ardon","CH","Suisse",null,"CLN.9411","Personnel soignant reconnu (par personne et par quart d'heure entamé)","2 collaborateur(s) x 9 quarts d’heure",18,35,"¼ d'heure",630]
[3804,"2022-01-28",1108,null,15608,3,"Ambulance Clerc","Uvrier","P2","2022-01-21T08:40:45+01:00","2022-01-21T10:55:00+01:00","Domicile","Rue du Vieux-Village",61,null,1957,"Ardon","CH","Suisse",44,"Privée","Hôpital de Martigny","Avenue de la Fusion",27,null,1920,"Martigny","CH","Suisse","False","VS22002097","Maladie","Masculin","Broccard","Alfred","1948-05-21","Rue du Vieux-Village",61,null,1957,"Ardon","CH","Suisse","Helsana Assurances SA","2756.5042.3399.81",2,"Personne","Masculin","Broccard","Alfred","Rue du Vieux-Village",61,null,1957,"Ardon","CH","Suisse",null,"CLN.9441","Matériel - Prestation standard élargie",null,1,80,null,80]
[3806,"2022-01-28",350,"2826827/-",15676,3,"Ambulance Clerc","Uvrier","S3","2022-01-21T16:47:00+01:00","2022-01-21T18:09:25+01:00","Hôpital de Sion","Avenue du Grand-Champsec",80,null,1950,"Sion","CH","Suisse",30,"Privée","Hôpital de Sierre","Rue Saint-Charles",14,null,3960,"Sierre","CH","Suisse","False","VS22002173","Maladie","Féminin","Fournier","Raymonde","1942-12-20","Avenue du Grand-Champsec","16B",null,1950,"Sion","CH","Suisse","Arcosana AG","2756.6103.0875.68",101,"Établissement",null,null,null,"Avenue Grand-Champsec",86,"Case postale 696",1951,"Sion","CH","Suisse","Hôpital du Valais - Direction des Finances/Service des fournisseurs (facturation)","HVS.12J","Forfait S3 HVS Sion - HVS Sierre","Trajet simple journée (08h00-20h00)",1,350,null,350]
[3807,"2022-01-28",440,"2695175/4",15686,3,"Ambulance Clerc","Uvrier","S3","2022-01-21T19:07:59+01:00","2022-01-21T20:50:39+01:00","Hôpital de Martigny","Avenue de la Fusion",27,null,1920,"Martigny","CH","Suisse",70,"Privée","Hôpital de Sion","Avenue du Grand-Champsec",80,null,1950,"Sion","CH","Suisse","False","VS22002183","Maladie","Masculin","Masciangelo","Donato","1937-10-21","Rue de la Moya",2,null,1920,"Martigny","CH","Suisse","Helsana Assurances SA","2756.5816.5668.65",101,"Établissement",null,null,null,"Avenue Grand-Champsec",86,"Case postale 696",1951,"Sion","CH","Suisse","Hôpital du Valais - Direction des Finances/Service des fournisseurs (facturation)","HVS.31J","Forfait S3 HVS Martigny - HVS Sion","Trajet simple journée (08h00-20h00)",1,440,null,440]
[3808,"2022-01-28",660,"2308941/13",15687,3,"Ambulance Clerc","Uvrier","S3","2022-01-21T20:53:53+01:00","2022-01-21T22:26:43+01:00","Hôpital de Martigny","Avenue de la Fusion",27,null,1920,"Martigny","CH","Suisse",70,"Privée","Hôpital de Sion","Avenue du Grand-Champsec",80,null,1950,"Sion","CH","Suisse","False","VS22002184","Maladie","Féminin","Roduit","Edith","1935-11-14","Route de Saillon",68,null,1912,"Leytron","CH","Suisse","CSS Kranken- Versicherung AG","2756.3988.5469.06",101,"Établissement",null,null,null,"Avenue Grand-Champsec",86,"Case postale 696",1951,"Sion","CH","Suisse","Hôpital du Valais - Direction des Finances/Service des fournisseurs (facturation)","HVS.31N","Forfait S3 HVS Martigny - HVS Sion","Trajet simple nuit (20h00-08h00) ou dimanches et jours fériés",1,660,null,660]
[3811,"2022-01-28",660,"2057098/31",15692,3,"Ambulance Clerc","Uvrier","S3","2022-01-21T22:27:08+01:00","2022-01-21T23:27:51+01:00","Hôpital de Sion","Avenue du Grand-Champsec",80,null,1950,"Sion","CH","Suisse",70,"Privée","Hôpital de Martigny","Avenue de la Fusion",27,null,1920,"Martigny","CH","Suisse","False","VS22002189","Maladie","Masculin","Codourey","René ","1950-09-08","Impasse des Vrilles",6,"Foyer Valais de Coeur",3960,"Sierre","CH","Suisse","Philos Assurance Maladie SA","2756.5974.7126.54",101,"Établissement",null,null,null,"Avenue Grand-Champsec",86,"Case postale 696",1951,"Sion","CH","Suisse","Hôpital du Valais - Direction des Finances/Service des fournisseurs (facturation)","HVS.13N","Forfait S3 HVS Sion - HVS Martigny","Trajet simple nuit (20h00-08h00) ou dimanches et jours fériés",1,660,null,660]
[3814,"2022-01-28",660,"2433665/8",15695,3,"Ambulance Clerc","Uvrier","S3","2022-01-21T23:28:07+01:00","2022-01-22T00:38:43+01:00","Hôpital de Martigny","Avenue de la Fusion",27,null,1920,"Martigny","CH","Suisse",70,"Privée","Hôpital de Sion","Avenue du Grand-Champsec",80,null,1950,"Sion","CH","Suisse","False","VS22002192","Maladie","Masculin","Dorsaz ","Jean-Claude","1951-12-15","Sous les Bercles",2,null,1913,"Saillon","CH","Suisse","Helsana Assurances SA","2756.1604.7262.51",101,"Établissement",null,null,null,"Avenue Grand-Champsec",86,"Case postale 696",1951,"Sion","CH","Suisse","Hôpital du Valais - Direction des Finances/Service des fournisseurs (facturation)","HVS.31N","Forfait S3 HVS Martigny - HVS Sion","Trajet simple nuit (20h00-08h00) ou dimanches et jours fériés",1,660,null,660]
[3815,"2022-01-28",660,"2267895/68",15693,3,"Ambulance Clerc","Uvrier","S3","2022-01-22T00:38:58+01:00","2022-01-22T02:30:53+01:00","Hôpital de Sion","Avenue du Grand-Champsec",80,null,1950,"Sion","CH","Suisse",70,"Privée","Hôpital de Martigny","Avenue de la Fusion",27,null,1920,"Martigny","CH","Suisse","False","VS22002190","Maladie","Féminin","Morand ","Josiane-Madeleine ","1944-05-02","Rue du Scex",32,null,1950,"Sion","CH","Suisse","CSS Kranken- Versicherung AG","756.2626.2176.04",101,"Établissement",null,null,null,"Avenue Grand-Champsec",86,"Case postale 696",1951,"Sion","CH","Suisse","Hôpital du Valais - Direction des Finances/Service des fournisseurs (facturation)","HVS.13N","Forfait S3 HVS Sion - HVS Martigny","Trajet simple nuit (20h00-08h00) ou dimanches et jours fériés",1,660,null,660]
[3816,"2022-01-28",350,null,15712,3,"Ambulance Clerc","Uvrier","S3","2022-01-22T10:33:34+01:00","2022-01-22T12:11:43+01:00","Hôpital de Sierre","Rue Saint-Charles",14,null,3960,"Sierre","CH","Suisse",30,"Privée","Clinique romande de réadaptation SUVA","Avenue du Grand-Champsec",90,null,1950,"Sion","CH","Suisse","False","VS22002211","Maladie","Féminin","Villat","Marie-Eliane","1962-09-08","Rue de Gravelone","2022-06-04","EMS St-Pierre",1950,"Sion","CH","Suisse","CSS Kranken- Versicherung AG","2756.0161.8245.23",101,"Établissement",null,null,null,"Avenue Grand-Champsec",86,"Case postale 696",1951,"Sion","CH","Suisse","Hôpital du Valais - Direction des Finances/Service des fournisseurs (facturation)","HVS.21J","Forfait S3 HVS Sierre - CRR-SUVA Sion","Trajet simple journée (08h00-20h00)",1,350,null,350]
[3818,"2022-01-28",440,"2145775/45",15757,3,"Ambulance Clerc","Uvrier","S3","2022-01-22T14:17:07+01:00","2022-01-22T16:15:03+01:00","Hôpital de Sion","Avenue du Grand-Champsec",80,null,1950,"Sion","CH","Suisse",70,"Privée","Hôpital de Martigny","Avenue de la Fusion",27,null,1920,"Martigny","CH","Suisse","False","VS22002259","Maladie","Féminin","Mauris","Lucie Thérèse","1939-10-14","Route Neuve",51,null,1983,"Evolène","CH","Suisse","Progrès Assurances SA","2756.1814.9985.92",101,"Établissement",null,null,null,"Avenue Grand-Champsec",86,"Case postale 696",1951,"Sion","CH","Suisse","Hôpital du Valais - Direction des Finances/Service des fournisseurs (facturation)","HVS.13J","Forfait S3 HVS Sion - HVS Martigny","Trajet simple journée (08h00-20h00)",1,440,null,440]
[3820,"2022-01-28",350,"2584732/5",15794,3,"Ambulance Clerc","Uvrier","S3","2022-01-22T17:22:34+01:00","2022-01-22T18:42:13+01:00","Hôpital de Sion","Avenue du Grand-Champsec",80,null,1950,"Sion","CH","Suisse",35,"Privée","Hôpital de Sierre","Rue Saint-Charles",14,null,3960,"Sierre","CH","Suisse","False","VS22002296","Maladie","Féminin","Courtine","Monique","1935-03-17","Rue du Moulin",16,"Foyer Haut de Cry",1963,"Vétroz","CH","Suisse","sodalis gesundheitsgruppe","2756.0399.9129.55",101,"Établissement",null,null,null,"Avenue Grand-Champsec",86,"Case postale 696",1951,"Sion","CH","Suisse","Hôpital du Valais - Direction des Finances/Service des fournisseurs (facturation)","HVS.12J","Forfait S3 HVS Sion - HVS Sierre","Trajet simple journée (08h00-20h00)",1,350,null,350]
[3822,"2022-01-28",440,"2138018/19",15802,3,"Ambulance Clerc","Uvrier","S3","2022-01-22T19:14:48+01:00","2022-01-22T20:56:25+01:00","Hôpital de Sion","Avenue du Grand-Champsec",80,null,1950,"Sion","CH","Suisse",70,"Privée","Hôpital de Martigny","Avenue de la Fusion",27,null,1920,"Martigny","CH","Suisse","False","VS22002306","Maladie","Féminin","Burnier","Antoinette","1944-02-03","Rue des Marmettes",2,null,1870,"Monthey","CH","Suisse","Visana AG","2756.6688.3635.45",101,"Établissement",null,null,null,"Avenue Grand-Champsec",86,"Case postale 696",1951,"Sion","CH","Suisse","Hôpital du Valais - Direction des Finances/Service des fournisseurs (facturation)","HVS.13J","Forfait S3 HVS Sion - HVS Martigny","Trajet simple journée (08h00-20h00)",1,440,null,440]
[3827,"2022-01-28",2693,"2827152/1",15829,3,"Ambulance Clerc","Uvrier","S3","2022-01-23T08:46:58+01:00","2022-01-23T13:42:00+01:00","Hôpital de Sion","Avenue du Grand-Champsec",80,null,1950,"Sion","CH","Suisse",328,"Privée","Hirslanden Clinique la Colline","Avenue de Beau-Séjour",6,null,1206,"Genève","CH","Suisse","False","VS22002333","Accident","Féminin","Barthassat","Zoé","2004-10-26","Chemin de Drize",16,null,1256,"Troinex","CH","Suisse","Helsana Assurances SA","2756.6876.1115.76",101,"Établissement",null,null,null,"Avenue Grand-Champsec",86,"Case postale 696",1951,"Sion","CH","Suisse","Hôpital du Valais - Direction des Finances/Service des fournisseurs (facturation)","HVS.112N","Forfait S3 HVS Sion - Clinique La Colline Genève","Trajet simple nuit (20h00-08h00) ou dimanches et jours fériés",1,2693,null,2693]
[3828,"2022-01-28",525,"2017142/29",15870,3,"Ambulance Clerc","Uvrier","S3","2022-01-23T14:27:08+01:00","2022-01-23T16:08:50+01:00","Hôpital de Martigny","Avenue de la Fusion",27,null,1920,"Martigny","CH","Suisse",115,"Privée","Hôpital de Malévoz","Route de Morgins",10,null,1870,"Monthey","CH","Suisse","False","VS22002375","Maladie","Féminin","Carron","Anne-Sophie","1967-09-11","Route de Saillon","28A",null,1926,"Fully","CH","Suisse","Mutuel Assurance Maladie SA","2756.8259.1340.97",101,"Établissement",null,null,null,"Avenue Grand-Champsec",86,"Case postale 696",1951,"Sion","CH","Suisse","Hôpital du Valais - Direction des Finances/Service des fournisseurs (facturation)","HVS.37N","Forfait S3 HVS Martigny - Malévoz","Trajet simple nuit (20h00-08h00) ou dimanches et jours fériés",1,525,null,525]
[3862,"2022-01-28",954,null,15941,3,"Ambulance Clerc","Uvrier","S3","2022-01-24T12:45:48+01:00","2022-01-24T15:10:34+01:00","Hôpital Riviera-Chablais (HRC), Site de la Providence","Avenue de la Prairie",3,null,1800,"Vevey","CH","Suisse",203,"Privée","EMS La Clairière","Route de Saint-Cergue",11,null,1295,"Mies","CH","Suisse","False","VS22002448","Maladie","Féminin","Voumard","Margrit","1937-03-31","Route de Saint-Cergue",11,"EMS La Clairière",1295,"Mies","CH","Suisse","Helsana Assurances SA 8081 Zurich","2756.9865.1111.37",2,"Personne","Féminin","Voumard","Margrit","Route de Saint-Cergue",11,"EMS La Clairière",1295,"Mies","CH","Suisse",null,47073,"Intervention programmée","Y compris 30 km roulés",1,412,null,412]
[3862,"2022-01-28",954,null,15941,3,"Ambulance Clerc","Uvrier","S3","2022-01-24T12:45:48+01:00","2022-01-24T15:10:34+01:00","Hôpital Riviera-Chablais (HRC), Site de la Providence","Avenue de la Prairie",3,null,1800,"Vevey","CH","Suisse",203,"Privée","EMS La Clairière","Route de Saint-Cergue",11,null,1295,"Mies","CH","Suisse","False","VS22002448","Maladie","Féminin","Voumard","Margrit","1937-03-31","Route de Saint-Cergue",11,"EMS La Clairière",1295,"Mies","CH","Suisse","Helsana Assurances SA 8081 Zurich","2756.9865.1111.37",2,"Personne","Féminin","Voumard","Margrit","Route de Saint-Cergue",11,"EMS La Clairière",1295,"Mies","CH","Suisse",null,47075,"Indemnisation kilométrique","(31-60 km)",30,4.8,"km",144]
[3862,"2022-01-28",954,null,15941,3,"Ambulance Clerc","Uvrier","S3","2022-01-24T12:45:48+01:00","2022-01-24T15:10:34+01:00","Hôpital Riviera-Chablais (HRC), Site de la Providence","Avenue de la Prairie",3,null,1800,"Vevey","CH","Suisse",203,"Privée","EMS La Clairière","Route de Saint-Cergue",11,null,1295,"Mies","CH","Suisse","False","VS22002448","Maladie","Féminin","Voumard","Margrit","1937-03-31","Route de Saint-Cergue",11,"EMS La Clairière",1295,"Mies","CH","Suisse","Helsana Assurances SA 8081 Zurich","2756.9865.1111.37",2,"Personne","Féminin","Voumard","Margrit","Route de Saint-Cergue",11,"EMS La Clairière",1295,"Mies","CH","Suisse",null,47076,"Indemnisation kilométrique","(61-100 km)",40,3.8,"km",152]
[3862,"2022-01-28",954,null,15941,3,"Ambulance Clerc","Uvrier","S3","2022-01-24T12:45:48+01:00","2022-01-24T15:10:34+01:00","Hôpital Riviera-Chablais (HRC), Site de la Providence","Avenue de la Prairie",3,null,1800,"Vevey","CH","Suisse",203,"Privée","EMS La Clairière","Route de Saint-Cergue",11,null,1295,"Mies","CH","Suisse","False","VS22002448","Maladie","Féminin","Voumard","Margrit","1937-03-31","Route de Saint-Cergue",11,"EMS La Clairière",1295,"Mies","CH","Suisse","Helsana Assurances SA 8081 Zurich","2756.9865.1111.37",2,"Personne","Féminin","Voumard","Margrit","Route de Saint-Cergue",11,"EMS La Clairière",1295,"Mies","CH","Suisse",null,47077,"Indemnisation kilométrique","(101-150 km)",50,2.8,"km",140]
[3862,"2022-01-28",954,null,15941,3,"Ambulance Clerc","Uvrier","S3","2022-01-24T12:45:48+01:00","2022-01-24T15:10:34+01:00","Hôpital Riviera-Chablais (HRC), Site de la Providence","Avenue de la Prairie",3,null,1800,"Vevey","CH","Suisse",203,"Privée","EMS La Clairière","Route de Saint-Cergue",11,null,1295,"Mies","CH","Suisse","False","VS22002448","Maladie","Féminin","Voumard","Margrit","1937-03-31","Route de Saint-Cergue",11,"EMS La Clairière",1295,"Mies","CH","Suisse","Helsana Assurances SA 8081 Zurich","2756.9865.1111.37",2,"Personne","Féminin","Voumard","Margrit","Route de Saint-Cergue",11,"EMS La Clairière",1295,"Mies","CH","Suisse",null,47078,"Indemnisation kilométrique","(151-203 km)",53,2,"km",106]
[3877,"2022-01-28",150,"2310244/4",15990,3,"Ambulance Clerc","Uvrier","S3","2022-01-24T19:15:54+01:00","2022-01-24T19:35:47+01:00","Hôpital de Sion","Avenue du Grand-Champsec",80,null,1950,"Sion","CH","Suisse",10,"Privée",null,null,null,null,null,null,null,null,"True","VS22002498","Maladie","Masculin","Domingos Pinto","Georges","1989-04-28","Avenue Neuve",23,null,1957,"Ardon","CH","Suisse","Assura-Basis SA","2756.6970.3008.76",101,"Établissement",null,null,null,"Avenue Grand-Champsec",86,"Case postale 696",1951,"Sion","CH","Suisse","Hôpital du Valais - Direction des Finances/Service des fournisseurs (facturation)","HVS.000","Forfait S3 - Sans transport","Mission annulée en route ou sur place par le service demandeur",1,150,null,150]
[3878,"2022-01-28",440,"2184693/26",15992,3,"Ambulance Clerc","Uvrier","S3","2022-01-24T19:38:44+01:00","2022-01-24T21:26:59+01:00","Hôpital de Martigny","Avenue de la Fusion",27,null,1920,"Martigny","CH","Suisse",70,"Privée","Hôpital de Sion","Avenue du Grand-Champsec",80,null,1950,"Sion","CH","Suisse","False","VS22002500","Maladie","Féminin","Osmani","Naile","1964-08-07","Rue des Finettes",8,null,1920,"Martigny","CH","Suisse","Easy Sana Assurance Maladie SA","2756.2452.7494.16",101,"Établissement",null,null,null,"Avenue Grand-Champsec",86,"Case postale 696",1951,"Sion","CH","Suisse","Hôpital du Valais - Direction des Finances/Service des fournisseurs (facturation)","HVS.31J","Forfait S3 HVS Martigny - HVS Sion","Trajet simple journée (08h00-20h00)",1,440,null,440]
[3879,"2022-01-28",150,"2132037/16",16012,3,"Ambulance Clerc","Uvrier","S3","2022-01-25T05:27:31+01:00","2022-01-25T06:00:26+01:00","Hôpital de Martigny","Avenue de la Fusion",27,null,1920,"Martigny","CH","Suisse",38,"Privée",null,null,null,null,null,null,null,null,"True","VS22002522",null,"Masculin","Pierroz","Jean-François","1941-07-21","Route de la Fontaine",49,null,1921,"Martigny-Croix","CH","Suisse","Helsana Assurances SA","2756.2453.3908.60",101,"Établissement",null,null,null,"Avenue Grand-Champsec",86,"Case postale 696",1951,"Sion","CH","Suisse","Hôpital du Valais - Direction des Finances/Service des fournisseurs (facturation)","HVS.000","Forfait S3 - Sans transport","Mission annulée en route ou sur place par le service demandeur",1,150,null,150]
[3880,"2022-01-28",980.5,null,16014,3,"Ambulance Clerc","Uvrier","S3","2022-01-25T07:50:13+01:00","2022-01-25T09:45:45+01:00","EMS Les Vergers","Route de Riddes",263,null,1994,"Aproz (Nendaz)","CH","Suisse",49,"Privée","Domicile","Route de Nendaz",892,null,1997,"Haute-Nendaz","CH","Suisse","False","VS22002524","Maladie","Masculin","Mariéthoz","Bernard","1937-07-12","Route de Nendaz",892,null,1997,"Haute-Nendaz","CH","Suisse","Helsana Assurances SA","2756.0466.2576.13",2,"Personne","Masculin","Mariéthoz","Frédéric","Chemin de Bermouche",66,null,1997,"Haute-Nendaz","CH","Suisse",null,"CLN.9403 ","Taxe de base transport S3",null,1,200,null,200]
[3880,"2022-01-28",980.5,null,16014,3,"Ambulance Clerc","Uvrier","S3","2022-01-25T07:50:13+01:00","2022-01-25T09:45:45+01:00","EMS Les Vergers","Route de Riddes",263,null,1994,"Aproz (Nendaz)","CH","Suisse",49,"Privée","Domicile","Route de Nendaz",892,null,1997,"Haute-Nendaz","CH","Suisse","False","VS22002524","Maladie","Masculin","Mariéthoz","Bernard","1937-07-12","Route de Nendaz",892,null,1997,"Haute-Nendaz","CH","Suisse","Helsana Assurances SA","2756.0466.2576.13",2,"Personne","Masculin","Mariéthoz","Frédéric","Chemin de Bermouche",66,null,1997,"Haute-Nendaz","CH","Suisse",null,"CLN.9404","Indemnisation kilométrique",null,49,4.5,"km",220.5]
[3880,"2022-01-28",980.5,null,16014,3,"Ambulance Clerc","Uvrier","S3","2022-01-25T07:50:13+01:00","2022-01-25T09:45:45+01:00","EMS Les Vergers","Route de Riddes",263,null,1994,"Aproz (Nendaz)","CH","Suisse",49,"Privée","Domicile","Route de Nendaz",892,null,1997,"Haute-Nendaz","CH","Suisse","False","VS22002524","Maladie","Masculin","Mariéthoz","Bernard","1937-07-12","Route de Nendaz",892,null,1997,"Haute-Nendaz","CH","Suisse","Helsana Assurances SA","2756.0466.2576.13",2,"Personne","Masculin","Mariéthoz","Frédéric","Chemin de Bermouche",66,null,1997,"Haute-Nendaz","CH","Suisse",null,"CLN.9411","Personnel soignant reconnu (par personne et par quart d'heure entamé)","2 collaborateur(s) x 8 quarts d’heure",16,35,"¼ d'heure",560]
[3881,"2022-01-28",1125,"2011478/31",16043,3,"Ambulance Clerc","Uvrier","S3","2022-01-25T13:04:51+01:00","2022-01-25T17:00:12+01:00","Hôpital de Sion","Avenue du Grand-Champsec",80,null,1950,"Sion","CH","Suisse",213,"Privée","CHUV Hôpital universitaire de Lausanne","Rue du Bugnon",46,null,1006,"Lausanne","CH","Suisse","False","VS22002553","Maladie","Féminin","Bonvin","Danielle","1953-08-08","Chemin du Bosquet",8,null,1967,"Bramois","CH","Suisse","Assura-Basis SA","2756.1218.4237.06",101,"Établissement",null,null,null,"Avenue Grand-Champsec",86,"Case postale 696",1951,"Sion","CH","Suisse","Hôpital du Valais - Direction des Finances/Service des fournisseurs (facturation)","HVS.110J","Forfait S3 HVS Sion - CHUV","Trajet simple journée (08h00-20h00)",1,1125,null,1125]
[3882,"2022-01-28",1520,"2827962/1",16104,3,"Ambulance Clerc","Uvrier","S3","2022-01-25T19:08:07+01:00","2022-01-25T22:27:57+01:00","Hôpital de Sion","Avenue du Grand-Champsec",80,null,1950,"Sion","CH","Suisse",274,"Privée","Hôpital psychiatrique de Prangins","Chemin Oscar Forel",3,null,1197,"Prangins","CH","Suisse","False","VS22002614","Maladie","Masculin","Nour Hessin","Abdel Karim","1993-11-08","Chemin Oscar Forel",3,"Hôpital psychiatrique de Prangins",1197,"Prangins","CH","Suisse","Helsana Assurances SA","2756.0329.4784.90",101,"Établissement",null,null,null,"Avenue Grand-Champsec",86,"Case postale 696",1951,"Sion","CH","Suisse","Hôpital du Valais - Direction des Finances/Service des fournisseurs (facturation)","HVS.KM7","Taxe kilométrique (0 à 50 km)",null,50,7,"km",350]
[3882,"2022-01-28",1520,"2827962/1",16104,3,"Ambulance Clerc","Uvrier","S3","2022-01-25T19:08:07+01:00","2022-01-25T22:27:57+01:00","Hôpital de Sion","Avenue du Grand-Champsec",80,null,1950,"Sion","CH","Suisse",274,"Privée","Hôpital psychiatrique de Prangins","Chemin Oscar Forel",3,null,1197,"Prangins","CH","Suisse","False","VS22002614","Maladie","Masculin","Nour Hessin","Abdel Karim","1993-11-08","Chemin Oscar Forel",3,"Hôpital psychiatrique de Prangins",1197,"Prangins","CH","Suisse","Helsana Assurances SA","2756.0329.4784.90",101,"Établissement",null,null,null,"Avenue Grand-Champsec",86,"Case postale 696",1951,"Sion","CH","Suisse","Hôpital du Valais - Direction des Finances/Service des fournisseurs (facturation)","HVS.KM6","Taxe kilométrique (51 à 100 km)",null,50,6,"km",300]
[3882,"2022-01-28",1520,"2827962/1",16104,3,"Ambulance Clerc","Uvrier","S3","2022-01-25T19:08:07+01:00","2022-01-25T22:27:57+01:00","Hôpital de Sion","Avenue du Grand-Champsec",80,null,1950,"Sion","CH","Suisse",274,"Privée","Hôpital psychiatrique de Prangins","Chemin Oscar Forel",3,null,1197,"Prangins","CH","Suisse","False","VS22002614","Maladie","Masculin","Nour Hessin","Abdel Karim","1993-11-08","Chemin Oscar Forel",3,"Hôpital psychiatrique de Prangins",1197,"Prangins","CH","Suisse","Helsana Assurances SA","2756.0329.4784.90",101,"Établissement",null,null,null,"Avenue Grand-Champsec",86,"Case postale 696",1951,"Sion","CH","Suisse","Hôpital du Valais - Direction des Finances/Service des fournisseurs (facturation)","HVS.KM5","Taxe kilométrique (dès 101 km)",null,174,5,"km",870]
[3883,"2022-01-28",600,null,16113,3,"Ambulance Clerc","Uvrier","S3","2022-01-25T22:29:52+01:00","2022-01-25T23:20:06+01:00","Hôpital Riviera-Chablais (HRC)","Route du Vieux-Séquoia",20,null,1847,"Rennaz","CH","Suisse",36,"Privée","Hôpital psychiatrique Fondation de Nant","Route de Nant",null,null,1804,"Corsier-sur-Vevey","CH","Suisse","False","VS22002624","Maladie","Masculin","Duric","Meho","1950-03-03","Avenue de Belmont",13,null,1820,"Montreux","CH","Suisse","Avenir Assurance Maladie SA","2756.7542.3358.76",100,"Établissement",null,null,null,"Route du Vieux-Séquoia",20,null,1847,"Rennaz","CH","Suisse","Hôpital Riviera-Chablais Vaud-Valais - Fournisseurs (facturation)","HRC.111N","Forfait S3 Rennaz - Fondation de Nant","Trajet simple nuit (19h00-07h00)",1,600,null,600]
[3884,"2022-01-28",660,"2205736/15",16115,3,"Ambulance Clerc","Uvrier","S3","2022-01-25T23:20:20+01:00","2022-01-26T01:27:05+01:00","Hôpital de Sion","Avenue du Grand-Champsec",80,null,1950,"Sion","CH","Suisse",70,"Privée","Hôpital de Martigny","Avenue de la Fusion",27,null,1920,"Martigny","CH","Suisse","False","VS22002626","Maladie","Masculin","Hermann","Rudi Klaus","1950-12-13","Route du Bré",15,null,1966,"Ayent","CH","Suisse","CSS Kranken- Versicherung AG","2756.3964.8099.88",101,"Établissement",null,null,null,"Avenue Grand-Champsec",86,"Case postale 696",1951,"Sion","CH","Suisse","Hôpital du Valais - Direction des Finances/Service des fournisseurs (facturation)","HVS.13N","Forfait S3 HVS Sion - HVS Martigny","Trajet simple nuit (20h00-08h00) ou dimanches et jours fériés",1,660,null,660]
[4138,"2022-02-11",660,"2093564/15",16120,3,"Ambulance Clerc","Uvrier","S3","2022-01-26T01:27:18+01:00","2022-01-26T02:15:22+01:00","Hôpital de Martigny","Avenue de la Fusion",27,null,1920,"Martigny","CH","Suisse",70,"Privée","Hôpital de Sion","Avenue du Grand-Champsec",80,null,1950,"Sion","CH","Suisse","False","VS22002631","Maladie","Féminin","Buemi","Christiane","1939-04-03","Chemin du Perray",17,null,1934,"Villette","CH","Suisse","CPT Assurance SA","2756.6508.5401.32",101,"Établissement",null,null,null,"Avenue Grand-Champsec",86,"Case postale 696",1951,"Sion","CH","Suisse","Hôpital du Valais - Direction des Finances/Service des fournisseurs (facturation)","HVS.31N","Forfait S3 HVS Martigny - HVS Sion","Trajet simple nuit (20h00-08h00) ou dimanches et jours fériés",1,660,null,660]
[4139,"2022-02-11",660,"2009586/5",16122,3,"Ambulance Clerc","Uvrier","S3","2022-01-26T02:15:48+01:00","2022-01-26T03:24:30+01:00","Hôpital de Sion","Avenue du Grand-Champsec",80,null,1950,"Sion","CH","Suisse",70,"Privée","Hôpital de Martigny","Avenue de la Fusion",27,null,1920,"Martigny","CH","Suisse","False","VS22002633","Maladie","Féminin","Russi","Arlette Lily","1931-07-23","Route du Nigett",15,null,3961,"Mission","CH","Suisse","Easy Sana Assurance Maladie SA","2756.2370.4218.21",101,"Établissement",null,null,null,"Avenue Grand-Champsec",86,"Case postale 696",1951,"Sion","CH","Suisse","Hôpital du Valais - Direction des Finances/Service des fournisseurs (facturation)","HVS.13N","Forfait S3 HVS Sion - HVS Martigny","Trajet simple nuit (20h00-08h00) ou dimanches et jours fériés",1,660,null,660]
[4140,"2022-02-11",660,"2404977/9",16125,3,"Ambulance Clerc","Uvrier","S3","2022-01-26T03:24:42+01:00","2022-01-26T05:17:32+01:00","Hôpital de Sion","Avenue du Grand-Champsec",80,null,1950,"Sion","CH","Suisse",70,"Privée","Hôpital de Martigny","Avenue de la Fusion",27,null,1920,"Martigny","CH","Suisse","False","VS22002636","Maladie","Masculin","Levonyan","Radik","1969-08-25","Rue des Pommiers",48,null,1962,"Pont-de-la-Morge (Sion)","CH","Suisse","CSS Kranken- Versicherung AG","2756.1649.0781.00",101,"Établissement",null,null,null,"Avenue Grand-Champsec",86,"Case postale 696",1951,"Sion","CH","Suisse","Hôpital du Valais - Direction des Finances/Service des fournisseurs (facturation)","HVS.13N","Forfait S3 HVS Sion - HVS Martigny","Trajet simple nuit (20h00-08h00) ou dimanches et jours fériés",1,660,null,660]
[4141,"2022-02-11",680,"E0125003",16129,3,"Ambulance Clerc","Uvrier","S3","2022-01-26T12:56:48+01:00","2022-01-26T14:33:49+01:00","Hôpital de Sion","Avenue du Grand-Champsec",80,null,1950,"Sion","CH","Suisse",29,"Privée","Aéroport / Héliport de Sion","Route de l'Aéroport",60,null,1950,"Sion","CH","Suisse","False","VS22002641","Maladie","Masculin","Finch","Simon Leigh","1949-06-11","Broum Water West ",16,null,"TW11 9QH ","Teddington","GB","Royaume-Uni","Gemeinsame Einrichtung KVG",2,5,"Établissement",null,null,null,"Avenue de Châtelaine ",70,"Case postale 144",1211,"Genève 13","CH","Suisse","MedSTAR - Swiss Mobile Healthcare Alliance Sàrl","MST.FF","Forfait S3 MedSTAR",null,1,680,null,680]
[4142,"2022-02-11",686,"2108734/16",16173,3,"Ambulance Clerc","Uvrier","S3","2022-01-26T14:53:51+01:00","2022-01-26T17:00:00+01:00","Hôpital de Sion","Avenue du Grand-Champsec",80,null,1950,"Sion","CH","Suisse",115,"Privée","Hôpital de Malévoz","Route de Morgins",10,null,1870,"Monthey","CH","Suisse","False","VS22002687","Maladie","Féminin","Emery","Valérie ","1967-03-27","Route du Petit Signal",3,null,3963,"Crans-Montana","CH","Suisse","Assura-Basis SA","2756.0916.2488.33",101,"Établissement",null,null,null,"Avenue Grand-Champsec",86,"Case postale 696",1951,"Sion","CH","Suisse","Hôpital du Valais - Direction des Finances/Service des fournisseurs (facturation)","HVS.17J","Forfait S3 HVS Sion - Malévoz","Trajet simple journée (08h00-20h00)",1,686,null,686]
[4143,"2022-02-11",1350.5,null,16149,3,"Ambulance Clerc","Uvrier","S3","2022-01-27T08:25:00+01:00","2022-01-27T11:15:00+01:00","Clinique Genevoise","Impasse Clairmont",2,null,3963,"Crans-Montana","CH","Suisse",69,"Privée","Hôpital de Sierre","Rue Saint-Charles",14,null,3960,"Sierre","CH","Suisse","False","VS22002661","Maladie","Féminin","Pavignano De Gaudenzi","Grazia","1943-08-01","Rue de l'Envol",6,null,1950,"Sion","CH","Suisse","Helsana Assurances SA","2756.3261.8181.40",103,"Établissement",null,null,null,"Impasse Clairmont",2,null,3963,"Crans-Montana","CH","Suisse","Clinique Genevoise de Montana - Comptabilité (facturation)","CLN.9403 ","Taxe de base transport S3",null,1,200,null,200]
[4143,"2022-02-11",1350.5,null,16149,3,"Ambulance Clerc","Uvrier","S3","2022-01-27T08:25:00+01:00","2022-01-27T11:15:00+01:00","Clinique Genevoise","Impasse Clairmont",2,null,3963,"Crans-Montana","CH","Suisse",69,"Privée","Hôpital de Sierre","Rue Saint-Charles",14,null,3960,"Sierre","CH","Suisse","False","VS22002661","Maladie","Féminin","Pavignano De Gaudenzi","Grazia","1943-08-01","Rue de l'Envol",6,null,1950,"Sion","CH","Suisse","Helsana Assurances SA","2756.3261.8181.40",103,"Établissement",null,null,null,"Impasse Clairmont",2,null,3963,"Crans-Montana","CH","Suisse","Clinique Genevoise de Montana - Comptabilité (facturation)","CLN.9404","Indemnisation kilométrique",null,69,4.5,"km",310.5]
[4143,"2022-02-11",1350.5,null,16149,3,"Ambulance Clerc","Uvrier","S3","2022-01-27T08:25:00+01:00","2022-01-27T11:15:00+01:00","Clinique Genevoise","Impasse Clairmont",2,null,3963,"Crans-Montana","CH","Suisse",69,"Privée","Hôpital de Sierre","Rue Saint-Charles",14,null,3960,"Sierre","CH","Suisse","False","VS22002661","Maladie","Féminin","Pavignano De Gaudenzi","Grazia","1943-08-01","Rue de l'Envol",6,null,1950,"Sion","CH","Suisse","Helsana Assurances SA","2756.3261.8181.40",103,"Établissement",null,null,null,"Impasse Clairmont",2,null,3963,"Crans-Montana","CH","Suisse","Clinique Genevoise de Montana - Comptabilité (facturation)","CLN.9411","Personnel soignant reconnu (par personne et par quart d'heure entamé)","2 collaborateur(s) x 12 quarts d’heure",24,35,"¼ d'heure",840]
[4143,"2022-02-11",1350.5,null,16149,3,"Ambulance Clerc","Uvrier","S3","2022-01-27T08:25:00+01:00","2022-01-27T11:15:00+01:00","Clinique Genevoise","Impasse Clairmont",2,null,3963,"Crans-Montana","CH","Suisse",69,"Privée","Hôpital de Sierre","Rue Saint-Charles",14,null,3960,"Sierre","CH","Suisse","False","VS22002661","Maladie","Féminin","Pavignano De Gaudenzi","Grazia","1943-08-01","Rue de l'Envol",6,null,1950,"Sion","CH","Suisse","Helsana Assurances SA","2756.3261.8181.40",103,"Établissement",null,null,null,"Impasse Clairmont",2,null,3963,"Crans-Montana","CH","Suisse","Clinique Genevoise de Montana - Comptabilité (facturation)",null,"Y compris 20 minutes d'attente à Sierre pour l'examen avant le retour sur Montana"]
[4238,"2022-02-11",826,"2816589/3",16254,3,"Ambulance Clerc","Uvrier","S3","2022-01-27T12:21:00+01:00","2022-01-27T16:08:01+01:00","Hôpital de Sion","Avenue du Grand-Champsec",80,null,1950,"Sion","CH","Suisse",110,"Privée","Hôpital de Malévoz","Route de Morgins",10,null,1870,"Monthey","CH","Suisse","False","VS22002774","Maladie","Féminin","Alzate Paz","Valeria","1999-10-12","Calle las Dalias",27,null,14005,"Córdoba ","ES","Espagne",null,"2756.7915.9715.02",101,"Établissement",null,null,null,"Avenue Grand-Champsec",86,"Case postale 696",1951,"Sion","CH","Suisse","Hôpital du Valais - Direction des Finances/Service des fournisseurs (facturation)","HVS.17J","Forfait S3 HVS Sion - Malévoz","Trajet simple journée (08h00-20h00)",1,686,null,686]
[4238,"2022-02-11",826,"2816589/3",16254,3,"Ambulance Clerc","Uvrier","S3","2022-01-27T12:21:00+01:00","2022-01-27T16:08:01+01:00","Hôpital de Sion","Avenue du Grand-Champsec",80,null,1950,"Sion","CH","Suisse",110,"Privée","Hôpital de Malévoz","Route de Morgins",10,null,1870,"Monthey","CH","Suisse","False","VS22002774","Maladie","Féminin","Alzate Paz","Valeria","1999-10-12","Calle las Dalias",27,null,14005,"Córdoba ","ES","Espagne",null,"2756.7915.9715.02",101,"Établissement",null,null,null,"Avenue Grand-Champsec",86,"Case postale 696",1951,"Sion","CH","Suisse","Hôpital du Valais - Direction des Finances/Service des fournisseurs (facturation)","HVS.000","Attente supérieure à 1 heure","2 collaborateur(s) x 2 quarts d’heure",4,35,"¼ d'heure",140]
[4238,"2022-02-11",826,"2816589/3",16254,3,"Ambulance Clerc","Uvrier","S3","2022-01-27T12:21:00+01:00","2022-01-27T16:08:01+01:00","Hôpital de Sion","Avenue du Grand-Champsec",80,null,1950,"Sion","CH","Suisse",110,"Privée","Hôpital de Malévoz","Route de Morgins",10,null,1870,"Monthey","CH","Suisse","False","VS22002774","Maladie","Féminin","Alzate Paz","Valeria","1999-10-12","Calle las Dalias",27,null,14005,"Córdoba ","ES","Espagne",null,"2756.7915.9715.02",101,"Établissement",null,null,null,"Avenue Grand-Champsec",86,"Case postale 696",1951,"Sion","CH","Suisse","Hôpital du Valais - Direction des Finances/Service des fournisseurs (facturation)",null,"Attente 1h30 pour la prise en charge en attendant la police"]
[4239,"2022-02-11",350,"2273843/8",16252,3,"Ambulance Clerc","Uvrier","S3","2022-01-27T16:09:00+01:00","2022-01-27T17:40:59+01:00","Hôpital de Sion","Avenue du Grand-Champsec",80,null,1950,"Sion","CH","Suisse",30,"Privée","Hôpital de Sierre","Rue Saint-Charles",14,null,3960,"Sierre","CH","Suisse","False","VS22002772","Accident","Masculin","Dubuis","André","1943-07-06","Route de Drône",35,"Case postale 59",1965,"Savièse","CH","Suisse","Assura-Basis SA","2756.3700.5541.34",101,"Établissement",null,null,null,"Avenue Grand-Champsec",86,"Case postale 696",1951,"Sion","CH","Suisse","Hôpital du Valais - Direction des Finances/Service des fournisseurs (facturation)","HVS.12J","Forfait S3 HVS Sion - HVS Sierre","Trajet simple journée (08h00-20h00)",1,350,null,350]
[4244,"2022-02-11",440,"2331489/40",16299,3,"Ambulance Clerc","Uvrier","S3","2022-01-27T17:41:35+01:00","2022-01-27T19:25:35+01:00","Hôpital de Sion","Avenue du Grand-Champsec",80,null,1950,"Sion","CH","Suisse",70,"Privée","Hôpital de Martigny","Avenue de la Fusion",27,null,1920,"Martigny","CH","Suisse","False","VS22002822","Maladie","Masculin","Quarroz","Charles Antoine","1953-02-20","Chemin de Grange Wolf",5,null,1991,"Misériez (Salins)","CH","Suisse","Easy Sana Assurance Maladie SA","2756.8171.4980.93",101,"Établissement",null,null,null,"Avenue Grand-Champsec",86,"Case postale 696",1951,"Sion","CH","Suisse","Hôpital du Valais - Direction des Finances/Service des fournisseurs (facturation)","HVS.13J","Forfait S3 HVS Sion - HVS Martigny","Trajet simple journée (08h00-20h00)",1,440,null,440]
[4245,"2022-02-11",440,"2828250/1",16307,3,"Ambulance Clerc","Uvrier","S3","2022-01-27T19:30:49+01:00","2022-01-27T20:57:04+01:00","Hôpital de Sion","Avenue du Grand-Champsec",80,null,1950,"Sion","CH","Suisse",70,"Privée","Hôpital de Martigny","Avenue de la Fusion",27,null,1920,"Martigny","CH","Suisse","False","VS22002831","Maladie","Féminin","Klein","Marie-Jeanne Monique","1935-11-04","Route de Fey",353,null,1996,"Basse-Nendaz","CH","Suisse","Philos Assurance Maladie SA","2756.7298.9166.88",101,"Établissement",null,null,null,"Avenue Grand-Champsec",86,"Case postale 696",1951,"Sion","CH","Suisse","Hôpital du Valais - Direction des Finances/Service des fournisseurs (facturation)","HVS.13J","Forfait S3 HVS Sion - HVS Martigny","Trajet simple journée (08h00-20h00)",1,440,null,440]
[4246,"2022-02-11",660,"2547754/27",16309,3,"Ambulance Clerc","Uvrier","S3","2022-01-27T20:57:17+01:00","2022-01-27T22:34:58+01:00","Hôpital de Martigny","Avenue de la Fusion",27,null,1920,"Martigny","CH","Suisse",70,"Privée","Hôpital de Sion","Avenue du Grand-Champsec",80,null,1950,"Sion","CH","Suisse","False","VS22002833","Maladie","Féminin","Hussein","Samira","1960-01-01","Avenue de la Gare",64,null,1920,"Martigny","CH","Suisse","Helsana Assurances SA","2756.7549.1858.56",101,"Établissement",null,null,null,"Avenue Grand-Champsec",86,"Case postale 696",1951,"Sion","CH","Suisse","Hôpital du Valais - Direction des Finances/Service des fournisseurs (facturation)","HVS.31N","Forfait S3 HVS Martigny - HVS Sion","Trajet simple nuit (20h00-08h00) ou dimanches et jours fériés",1,660,null,660]
[4247,"2022-02-11",1945.5,null,16330,3,"Ambulance Clerc","Uvrier","S3","2022-01-28T08:24:47+01:00","2022-01-28T12:15:22+01:00","Clinique Genevoise","Impasse Clairmont",2,null,3963,"Crans-Montana","CH","Suisse",139,"Privée","Hôpital de Martigny","Avenue de la Fusion",27,null,1920,"Martigny","CH","Suisse","False","VS22002857","Accident","Féminin","Dumoulin-Pellissier","Marguerite","1941-10-24","Route du Sanetsch",18,"Chandolin",1965,"Savièse","CH","Suisse","Easy Sana Assurance Maladie SA","2756.9729.6441.91",103,"Établissement",null,null,null,"Impasse Clairmont",2,null,3963,"Crans-Montana","CH","Suisse","Clinique Genevoise de Montana - Comptabilité (facturation)","CLN.9403 ","Taxe de base transport S3",null,1,200,null,200]
[4247,"2022-02-11",1945.5,null,16330,3,"Ambulance Clerc","Uvrier","S3","2022-01-28T08:24:47+01:00","2022-01-28T12:15:22+01:00","Clinique Genevoise","Impasse Clairmont",2,null,3963,"Crans-Montana","CH","Suisse",139,"Privée","Hôpital de Martigny","Avenue de la Fusion",27,null,1920,"Martigny","CH","Suisse","False","VS22002857","Accident","Féminin","Dumoulin-Pellissier","Marguerite","1941-10-24","Route du Sanetsch",18,"Chandolin",1965,"Savièse","CH","Suisse","Easy Sana Assurance Maladie SA","2756.9729.6441.91",103,"Établissement",null,null,null,"Impasse Clairmont",2,null,3963,"Crans-Montana","CH","Suisse","Clinique Genevoise de Montana - Comptabilité (facturation)","CLN.9404","Indemnisation kilométrique",null,139,4.5,"km",625.5]
[4247,"2022-02-11",1945.5,null,16330,3,"Ambulance Clerc","Uvrier","S3","2022-01-28T08:24:47+01:00","2022-01-28T12:15:22+01:00","Clinique Genevoise","Impasse Clairmont",2,null,3963,"Crans-Montana","CH","Suisse",139,"Privée","Hôpital de Martigny","Avenue de la Fusion",27,null,1920,"Martigny","CH","Suisse","False","VS22002857","Accident","Féminin","Dumoulin-Pellissier","Marguerite","1941-10-24","Route du Sanetsch",18,"Chandolin",1965,"Savièse","CH","Suisse","Easy Sana Assurance Maladie SA","2756.9729.6441.91",103,"Établissement",null,null,null,"Impasse Clairmont",2,null,3963,"Crans-Montana","CH","Suisse","Clinique Genevoise de Montana - Comptabilité (facturation)","CLN.9411","Personnel soignant reconnu (par personne et par quart d'heure entamé)","2 collaborateurs x 16 quarts d'heure",32,35,"¼ d'heure",1120]
[4247,"2022-02-11",1945.5,null,16330,3,"Ambulance Clerc","Uvrier","S3","2022-01-28T08:24:47+01:00","2022-01-28T12:15:22+01:00","Clinique Genevoise","Impasse Clairmont",2,null,3963,"Crans-Montana","CH","Suisse",139,"Privée","Hôpital de Martigny","Avenue de la Fusion",27,null,1920,"Martigny","CH","Suisse","False","VS22002857","Accident","Féminin","Dumoulin-Pellissier","Marguerite","1941-10-24","Route du Sanetsch",18,"Chandolin",1965,"Savièse","CH","Suisse","Easy Sana Assurance Maladie SA","2756.9729.6441.91",103,"Établissement",null,null,null,"Impasse Clairmont",2,null,3963,"Crans-Montana","CH","Suisse","Clinique Genevoise de Montana - Comptabilité (facturation)",null,"Y compris 35 minutes d'attente durant consultation avant le retour sur Montana"]
[4248,"2022-02-11",3398.5,null,16352,3,"Ambulance Clerc","Uvrier","S3","2022-01-28T12:48:50+01:00","2022-01-28T18:34:44+01:00","Clinique Genevoise","Impasse Clairmont",2,null,3963,"Crans-Montana","CH","Suisse",353,"Privée","HUG Hôpital universitaire de Genève","Rue Gabrielle-Perret-Gentil",4,null,1205,"Genève","CH","Suisse","False","VS22002879","Maladie","Masculin","Teixeira Pinto","Cesar Manuel","1970-11-10","Chemin des Mérinos",10,null,1212,"Grand-Lancy","CH","Suisse","Arcosana AG","2756.2452.3725.91",103,"Établissement",null,null,null,"Impasse Clairmont",2,null,3963,"Crans-Montana","CH","Suisse","Clinique Genevoise de Montana - Comptabilité (facturation)","CLN.9403 ","Taxe de base transport S3",null,1,200,null,200]
[4248,"2022-02-11",3398.5,null,16352,3,"Ambulance Clerc","Uvrier","S3","2022-01-28T12:48:50+01:00","2022-01-28T18:34:44+01:00","Clinique Genevoise","Impasse Clairmont",2,null,3963,"Crans-Montana","CH","Suisse",353,"Privée","HUG Hôpital universitaire de Genève","Rue Gabrielle-Perret-Gentil",4,null,1205,"Genève","CH","Suisse","False","VS22002879","Maladie","Masculin","Teixeira Pinto","Cesar Manuel","1970-11-10","Chemin des Mérinos",10,null,1212,"Grand-Lancy","CH","Suisse","Arcosana AG","2756.2452.3725.91",103,"Établissement",null,null,null,"Impasse Clairmont",2,null,3963,"Crans-Montana","CH","Suisse","Clinique Genevoise de Montana - Comptabilité (facturation)","CLN.9404","Indemnisation kilométrique",null,353,4.5,"km",1588.5]
[4248,"2022-02-11",3398.5,null,16352,3,"Ambulance Clerc","Uvrier","S3","2022-01-28T12:48:50+01:00","2022-01-28T18:34:44+01:00","Clinique Genevoise","Impasse Clairmont",2,null,3963,"Crans-Montana","CH","Suisse",353,"Privée","HUG Hôpital universitaire de Genève","Rue Gabrielle-Perret-Gentil",4,null,1205,"Genève","CH","Suisse","False","VS22002879","Maladie","Masculin","Teixeira Pinto","Cesar Manuel","1970-11-10","Chemin des Mérinos",10,null,1212,"Grand-Lancy","CH","Suisse","Arcosana AG","2756.2452.3725.91",103,"Établissement",null,null,null,"Impasse Clairmont",2,null,3963,"Crans-Montana","CH","Suisse","Clinique Genevoise de Montana - Comptabilité (facturation)","CLN.9411","Personnel soignant reconnu (par personne et par quart d'heure entamé)","2 collaborateurs x 23 quarts d'heure",46,35,"¼ d'heure",1610]
[4249,"2022-02-11",660,"2752632/2",16411,3,"Ambulance Clerc","Uvrier","S3","2022-01-29T02:12:38+01:00","2022-01-29T03:55:21+01:00","Hôpital de Martigny","Avenue de la Fusion",27,null,1920,"Martigny","CH","Suisse",70,"Privée","Hôpital de Sion","Avenue du Grand-Champsec",80,null,1950,"Sion","CH","Suisse","False","VS22002940","Accident","Féminin","Van der Stroom Holdener ","Margaretha ","1963-01-31","Chemin du Clou",31,null,1934,"Bruson","CH","Suisse","Helsana Accidents SA","2756.5763.7526.49",101,"Établissement",null,null,null,"Avenue Grand-Champsec",86,"Case postale 696",1951,"Sion","CH","Suisse","Hôpital du Valais - Direction des Finances/Service des fournisseurs (facturation)","HVS.31N","Forfait S3 HVS Martigny - HVS Sion","Trajet simple nuit (20h00-08h00) ou dimanches et jours fériés",1,660,null,660]
[4250,"2022-02-11",350,"2193656/85",16487,3,"Ambulance Clerc","Uvrier","S3","2022-01-29T17:11:23+01:00","2022-01-29T19:15:02+01:00","Hôpital de Martigny","Avenue de la Fusion",27,null,1920,"Martigny","CH","Suisse",117,"Privée","Hôpital de Malévoz","Route de Morgins",10,null,1870,"Monthey","CH","Suisse","False","VS22003019","Maladie","Féminin","Nicolo ","Jennifer","1994-11-29","Route des Oies",4,null,1907,"Saxon","CH","Suisse","AMB Assurances SA","2756.2682.7061.66",101,"Établissement",null,null,null,"Avenue Grand-Champsec",86,"Case postale 696",1951,"Sion","CH","Suisse","Hôpital du Valais - Direction des Finances/Service des fournisseurs (facturation)","HVS.37J","Forfait S3 HVS Martigny - Malévoz","Trajet simple journée (08h00-20h00)",1,350,null,350]
[4251,"2022-02-11",440,"2561678/23",16494,3,"Ambulance Clerc","Uvrier","S3","2022-01-29T19:19:15+01:00","2022-01-29T21:03:35+01:00","Hôpital de Sion","Avenue du Grand-Champsec",80,null,1950,"Sion","CH","Suisse",70,"Privée","Hôpital de Martigny","Avenue de la Fusion",27,null,1920,"Martigny","CH","Suisse","False","VS22003026","Maladie","Masculin","Rudaz","Dominique Jean Vincent","1951-09-19","Route d'Hérémence",39,null,1981,"Vex","CH","Suisse","CPT Assurance SA","2756.4906.1874.54",101,"Établissement",null,null,null,"Avenue Grand-Champsec",86,"Case postale 696",1951,"Sion","CH","Suisse","Hôpital du Valais - Direction des Finances/Service des fournisseurs (facturation)","HVS.13J","Forfait S3 HVS Sion - HVS Martigny","Trajet simple journée (08h00-20h00)",1,440,null,440]
[4252,"2022-02-11",660,"2103934/7",16517,3,"Ambulance Clerc","Uvrier","S3","2022-01-29T23:13:54+01:00","2022-01-30T00:54:42+01:00","Hôpital de Sion","Avenue du Grand-Champsec",80,null,1950,"Sion","CH","Suisse",70,"Privée","Hôpital de Martigny","Avenue de la Fusion",27,null,1920,"Martigny","CH","Suisse","False","VS22003050","Accident","Masculin","Rayeur","Stéphane ","1970-09-20","Avenue de France",32,null,3960,"Sierre","CH","Suisse","SUVA Sion, Luzern",2,101,"Établissement",null,null,null,"Avenue Grand-Champsec",86,"Case postale 696",1951,"Sion","CH","Suisse","Hôpital du Valais - Direction des Finances/Service des fournisseurs (facturation)","HVS.13N","Forfait S3 HVS Sion - HVS Martigny","Trajet simple nuit (20h00-08h00) ou dimanches et jours fériés",1,660,null,660]
[4253,"2022-02-11",742.95,null,16547,3,"Ambulance Clerc","Uvrier","S3","2022-01-30T10:17:16+01:00","2022-01-30T12:09:54+01:00","Clinique Bernoise","Impasse Palace Bellevue",1,null,3963,"Crans-Montana","CH","Suisse",54,"Privée","Hôpital de Sion","Avenue du Grand-Champsec",80,null,1950,"Sion","CH","Suisse","False","VS22003083","Maladie","Féminin","Rey-Mermet Trottet","Brigitte","1951-06-08","Chemin des Châtaigniers",7,null,1871,"Choëx","CH","Suisse","CSS Kranken- Versicherung AG","2756.5310.9223.65",102,"Établissement",null,null,null,"Impasse Palace Bellevue",1,null,3963,"Crans-Montana","CH","Suisse","Clinique Bernoise Montana - Secrétariat médical (facturation)","CLN.9403 ","Taxe de base transport S3",null,1,200,null,200]
[4253,"2022-02-11",742.95,null,16547,3,"Ambulance Clerc","Uvrier","S3","2022-01-30T10:17:16+01:00","2022-01-30T12:09:54+01:00","Clinique Bernoise","Impasse Palace Bellevue",1,null,3963,"Crans-Montana","CH","Suisse",54,"Privée","Hôpital de Sion","Avenue du Grand-Champsec",80,null,1950,"Sion","CH","Suisse","False","VS22003083","Maladie","Féminin","Rey-Mermet Trottet","Brigitte","1951-06-08","Chemin des Châtaigniers",7,null,1871,"Choëx","CH","Suisse","CSS Kranken- Versicherung AG","2756.5310.9223.65",102,"Établissement",null,null,null,"Impasse Palace Bellevue",1,null,3963,"Crans-Montana","CH","Suisse","Clinique Bernoise Montana - Secrétariat médical (facturation)","CLN.9404","Indemnisation kilométrique",null,54,4.5,"km",243]
[4253,"2022-02-11",742.95,null,16547,3,"Ambulance Clerc","Uvrier","S3","2022-01-30T10:17:16+01:00","2022-01-30T12:09:54+01:00","Clinique Bernoise","Impasse Palace Bellevue",1,null,3963,"Crans-Montana","CH","Suisse",54,"Privée","Hôpital de Sion","Avenue du Grand-Champsec",80,null,1950,"Sion","CH","Suisse","False","VS22003083","Maladie","Féminin","Rey-Mermet Trottet","Brigitte","1951-06-08","Chemin des Châtaigniers",7,null,1871,"Choëx","CH","Suisse","CSS Kranken- Versicherung AG","2756.5310.9223.65",102,"Établissement",null,null,null,"Impasse Palace Bellevue",1,null,3963,"Crans-Montana","CH","Suisse","Clinique Bernoise Montana - Secrétariat médical (facturation)","CLN.9411","Personnel soignant reconnu (par personne et par quart d'heure entamé)","2 collaborateur(s) x 8 quarts d’heure",16,35,"¼ d'heure",560]
[4253,"2022-02-11",742.95,null,16547,3,"Ambulance Clerc","Uvrier","S3","2022-01-30T10:17:16+01:00","2022-01-30T12:09:54+01:00","Clinique Bernoise","Impasse Palace Bellevue",1,null,3963,"Crans-Montana","CH","Suisse",54,"Privée","Hôpital de Sion","Avenue du Grand-Champsec",80,null,1950,"Sion","CH","Suisse","False","VS22003083","Maladie","Féminin","Rey-Mermet Trottet","Brigitte","1951-06-08","Chemin des Châtaigniers",7,null,1871,"Choëx","CH","Suisse","CSS Kranken- Versicherung AG","2756.5310.9223.65",102,"Établissement",null,null,null,"Impasse Palace Bellevue",1,null,3963,"Crans-Montana","CH","Suisse","Clinique Bernoise Montana - Secrétariat médical (facturation)","CLN.9432","Supplément pour dimanche et jour férié","25 % sur CHF 560.00",1,140,null,140]
[4253,"2022-02-11",742.95,null,16547,3,"Ambulance Clerc","Uvrier","S3","2022-01-30T10:17:16+01:00","2022-01-30T12:09:54+01:00","Clinique Bernoise","Impasse Palace Bellevue",1,null,3963,"Crans-Montana","CH","Suisse",54,"Privée","Hôpital de Sion","Avenue du Grand-Champsec",80,null,1950,"Sion","CH","Suisse","False","VS22003083","Maladie","Féminin","Rey-Mermet Trottet","Brigitte","1951-06-08","Chemin des Châtaigniers",7,null,1871,"Choëx","CH","Suisse","CSS Kranken- Versicherung AG","2756.5310.9223.65",102,"Établissement",null,null,null,"Impasse Palace Bellevue",1,null,3963,"Crans-Montana","CH","Suisse","Clinique Bernoise Montana - Secrétariat médical (facturation)","CLN.Rabais ","Rabais 35%","sur CHF 1'143.00",1,-400.05,null,-400.05]
[4254,"2022-02-11",4395,"2262936/2",16575,3,"Ambulance Clerc","Uvrier","S3","2022-01-30T14:41:05+01:00","2022-01-30T22:52:59+01:00","Hôpital de Sion","Avenue du Grand-Champsec",80,null,1950,"Sion","CH","Suisse",556,"Privée","Stadtspital Triemli Zürich","Birmensdorferstrasse",497,null,8063,"Zürich","CH","Suisse","False","VS22003111","Maladie","Masculin","Christen ","Thomas","1953-08-11","Buchserstrasse",17,null,8157,"Dielsdorf","CH","Suisse","Helsana Assurances SA","2756.6639.9054.28",101,"Établissement",null,null,null,"Avenue Grand-Champsec",86,"Case postale 696",1951,"Sion","CH","Suisse","Hôpital du Valais - Direction des Finances/Service des fournisseurs (facturation)","HVS.KM7","Taxe kilométrique (0 à 50 km)",null,50,7,"km",350]
[4254,"2022-02-11",4395,"2262936/2",16575,3,"Ambulance Clerc","Uvrier","S3","2022-01-30T14:41:05+01:00","2022-01-30T22:52:59+01:00","Hôpital de Sion","Avenue du Grand-Champsec",80,null,1950,"Sion","CH","Suisse",556,"Privée","Stadtspital Triemli Zürich","Birmensdorferstrasse",497,null,8063,"Zürich","CH","Suisse","False","VS22003111","Maladie","Masculin","Christen ","Thomas","1953-08-11","Buchserstrasse",17,null,8157,"Dielsdorf","CH","Suisse","Helsana Assurances SA","2756.6639.9054.28",101,"Établissement",null,null,null,"Avenue Grand-Champsec",86,"Case postale 696",1951,"Sion","CH","Suisse","Hôpital du Valais - Direction des Finances/Service des fournisseurs (facturation)","HVS.KM6","Taxe kilométrique (51 à 100 km)",null,50,6,"km",300]
[4254,"2022-02-11",4395,"2262936/2",16575,3,"Ambulance Clerc","Uvrier","S3","2022-01-30T14:41:05+01:00","2022-01-30T22:52:59+01:00","Hôpital de Sion","Avenue du Grand-Champsec",80,null,1950,"Sion","CH","Suisse",556,"Privée","Stadtspital Triemli Zürich","Birmensdorferstrasse",497,null,8063,"Zürich","CH","Suisse","False","VS22003111","Maladie","Masculin","Christen ","Thomas","1953-08-11","Buchserstrasse",17,null,8157,"Dielsdorf","CH","Suisse","Helsana Assurances SA","2756.6639.9054.28",101,"Établissement",null,null,null,"Avenue Grand-Champsec",86,"Case postale 696",1951,"Sion","CH","Suisse","Hôpital du Valais - Direction des Finances/Service des fournisseurs (facturation)","HVS.KM5","Taxe kilométrique (dès 101 km)",null,456,5,"km",2280]
[4254,"2022-02-11",4395,"2262936/2",16575,3,"Ambulance Clerc","Uvrier","S3","2022-01-30T14:41:05+01:00","2022-01-30T22:52:59+01:00","Hôpital de Sion","Avenue du Grand-Champsec",80,null,1950,"Sion","CH","Suisse",556,"Privée","Stadtspital Triemli Zürich","Birmensdorferstrasse",497,null,8063,"Zürich","CH","Suisse","False","VS22003111","Maladie","Masculin","Christen ","Thomas","1953-08-11","Buchserstrasse",17,null,8157,"Dielsdorf","CH","Suisse","Helsana Assurances SA","2756.6639.9054.28",101,"Établissement",null,null,null,"Avenue Grand-Champsec",86,"Case postale 696",1951,"Sion","CH","Suisse","Hôpital du Valais - Direction des Finances/Service des fournisseurs (facturation)","CLN.9432","Supplément pour dimanche et jour férié","50% sur CHF 2'930.00",1,1465,null,1465]
[4291,"2022-02-11",685,null,16621,3,"Ambulance Clerc","Uvrier","S3","2022-01-30T23:50:23+01:00","2022-01-31T00:46:20+01:00","Hôpital de Sion","Avenue du Grand-Champsec",80,null,1950,"Sion","CH","Suisse",30,"Privée","Résidence Beaulieu","Place Beaulieu","2b",null,3960,"Sierre","CH","Suisse","False","VS22003157","Maladie","Masculin","Bischoff","Roland","1929-09-28","Avenue Général-Guisan",38,null,3960,"Sierre","CH","Suisse","Sanitas Grundversicherungen AG","2756.2788.3086.53",2,"Personne","Féminin","Bischoff","Jeannine","Avenue Général-Guisan",38,null,3960,"Sierre","CH","Suisse",null,"CLN.9403 ","Taxe de base transport S3",null,1,200,null,200]
[4291,"2022-02-11",685,null,16621,3,"Ambulance Clerc","Uvrier","S3","2022-01-30T23:50:23+01:00","2022-01-31T00:46:20+01:00","Hôpital de Sion","Avenue du Grand-Champsec",80,null,1950,"Sion","CH","Suisse",30,"Privée","Résidence Beaulieu","Place Beaulieu","2b",null,3960,"Sierre","CH","Suisse","False","VS22003157","Maladie","Masculin","Bischoff","Roland","1929-09-28","Avenue Général-Guisan",38,null,3960,"Sierre","CH","Suisse","Sanitas Grundversicherungen AG","2756.2788.3086.53",2,"Personne","Féminin","Bischoff","Jeannine","Avenue Général-Guisan",38,null,3960,"Sierre","CH","Suisse",null,"CLN.9404","Indemnisation kilométrique",null,30,4.5,"km",135]
[4291,"2022-02-11",685,null,16621,3,"Ambulance Clerc","Uvrier","S3","2022-01-30T23:50:23+01:00","2022-01-31T00:46:20+01:00","Hôpital de Sion","Avenue du Grand-Champsec",80,null,1950,"Sion","CH","Suisse",30,"Privée","Résidence Beaulieu","Place Beaulieu","2b",null,3960,"Sierre","CH","Suisse","False","VS22003157","Maladie","Masculin","Bischoff","Roland","1929-09-28","Avenue Général-Guisan",38,null,3960,"Sierre","CH","Suisse","Sanitas Grundversicherungen AG","2756.2788.3086.53",2,"Personne","Féminin","Bischoff","Jeannine","Avenue Général-Guisan",38,null,3960,"Sierre","CH","Suisse",null,"CLN.9411","Personnel soignant reconnu (par personne et par quart d'heure entamé)","2 collaborateur(s) x 4 quarts d’heure",8,35,"¼ d'heure",280]
[4291,"2022-02-11",685,null,16621,3,"Ambulance Clerc","Uvrier","S3","2022-01-30T23:50:23+01:00","2022-01-31T00:46:20+01:00","Hôpital de Sion","Avenue du Grand-Champsec",80,null,1950,"Sion","CH","Suisse",30,"Privée","Résidence Beaulieu","Place Beaulieu","2b",null,3960,"Sierre","CH","Suisse","False","VS22003157","Maladie","Masculin","Bischoff","Roland","1929-09-28","Avenue Général-Guisan",38,null,3960,"Sierre","CH","Suisse","Sanitas Grundversicherungen AG","2756.2788.3086.53",2,"Personne","Féminin","Bischoff","Jeannine","Avenue Général-Guisan",38,null,3960,"Sierre","CH","Suisse",null,"CLN.9431","Supplément de nuit  20h00-08h00","25% sur CHF 280.00",1,70,null,70]
[4292,"2022-02-11",1910.5,null,16633,3,"Ambulance Clerc","Uvrier","S3","2022-01-31T08:03:17+01:00","2022-01-31T13:02:24+01:00","Clinique Genevoise","Impasse Clairmont",2,null,3963,"Crans-Montana","CH","Suisse",69,"Privée","Permanence de l'Hôpital de Sierre","Rue Saint-Charles",14,null,3960,"Sierre","CH","Suisse","False","VS22003169","Maladie","Féminin","Pavignano De Gaudenzi","Grazia","1943-08-01","Rue de l'Envol",6,null,1950,"Sion","CH","Suisse","Helsana Assurances SA","756.3261.8181.40",103,"Établissement",null,null,null,"Impasse Clairmont",2,null,3963,"Crans-Montana","CH","Suisse","Clinique Genevoise de Montana - Comptabilité (facturation)","CLN.9403 ","Taxe de base transport S3",null,1,200,null,200]
[4292,"2022-02-11",1910.5,null,16633,3,"Ambulance Clerc","Uvrier","S3","2022-01-31T08:03:17+01:00","2022-01-31T13:02:24+01:00","Clinique Genevoise","Impasse Clairmont",2,null,3963,"Crans-Montana","CH","Suisse",69,"Privée","Permanence de l'Hôpital de Sierre","Rue Saint-Charles",14,null,3960,"Sierre","CH","Suisse","False","VS22003169","Maladie","Féminin","Pavignano De Gaudenzi","Grazia","1943-08-01","Rue de l'Envol",6,null,1950,"Sion","CH","Suisse","Helsana Assurances SA","756.3261.8181.40",103,"Établissement",null,null,null,"Impasse Clairmont",2,null,3963,"Crans-Montana","CH","Suisse","Clinique Genevoise de Montana - Comptabilité (facturation)","CLN.9404","Indemnisation kilométrique",null,69,4.5,"km",310.5]
[4292,"2022-02-11",1910.5,null,16633,3,"Ambulance Clerc","Uvrier","S3","2022-01-31T08:03:17+01:00","2022-01-31T13:02:24+01:00","Clinique Genevoise","Impasse Clairmont",2,null,3963,"Crans-Montana","CH","Suisse",69,"Privée","Permanence de l'Hôpital de Sierre","Rue Saint-Charles",14,null,3960,"Sierre","CH","Suisse","False","VS22003169","Maladie","Féminin","Pavignano De Gaudenzi","Grazia","1943-08-01","Rue de l'Envol",6,null,1950,"Sion","CH","Suisse","Helsana Assurances SA","756.3261.8181.40",103,"Établissement",null,null,null,"Impasse Clairmont",2,null,3963,"Crans-Montana","CH","Suisse","Clinique Genevoise de Montana - Comptabilité (facturation)","CLN.9411","Personnel soignant reconnu (par personne et par quart d'heure entamé)","2 collaborateur(s) x 20 quarts d’heure",40,35,"¼ d'heure",1400]
[4292,"2022-02-11",1910.5,null,16633,3,"Ambulance Clerc","Uvrier","S3","2022-01-31T08:03:17+01:00","2022-01-31T13:02:24+01:00","Clinique Genevoise","Impasse Clairmont",2,null,3963,"Crans-Montana","CH","Suisse",69,"Privée","Permanence de l'Hôpital de Sierre","Rue Saint-Charles",14,null,3960,"Sierre","CH","Suisse","False","VS22003169","Maladie","Féminin","Pavignano De Gaudenzi","Grazia","1943-08-01","Rue de l'Envol",6,null,1950,"Sion","CH","Suisse","Helsana Assurances SA","756.3261.8181.40",103,"Établissement",null,null,null,"Impasse Clairmont",2,null,3963,"Crans-Montana","CH","Suisse","Clinique Genevoise de Montana - Comptabilité (facturation)",null,"Y compris 2 heures d'attente pour consultation à Sierre avant le retour sur Montana"]
[4293,"2022-02-11",1824,null,16663,3,"Ambulance Clerc","Uvrier","S3","2022-01-31T14:23:48+01:00","2022-01-31T19:15:16+01:00","Hôpital de Martigny","Avenue de la Fusion",27,null,1920,"Martigny","CH","Suisse",228,"Privée","Hôpital de Nyon","Chemin Monastier",null,null,1260,"Nyon","CH","Suisse","False","VS22003201","Maladie","Masculin","Courcoux","Dominique","1943-11-01","Rue de la Combe",14,null,1260,"Nyon","CH","Suisse","Mutuel Assurance Maladie SA","2756.2124.7899.17",2,"Personne","Masculin","Courcoux","Dominique","Rue de la Combe",14,null,1260,"Nyon","CH","Suisse",null,"FKM8","Forfait kilométrique",null,228,8,"km",1824]
[4293,"2022-02-11",1824,null,16663,3,"Ambulance Clerc","Uvrier","S3","2022-01-31T14:23:48+01:00","2022-01-31T19:15:16+01:00","Hôpital de Martigny","Avenue de la Fusion",27,null,1920,"Martigny","CH","Suisse",228,"Privée","Hôpital de Nyon","Chemin Monastier",null,null,1260,"Nyon","CH","Suisse","False","VS22003201","Maladie","Masculin","Courcoux","Dominique","1943-11-01","Rue de la Combe",14,null,1260,"Nyon","CH","Suisse","Mutuel Assurance Maladie SA","2756.2124.7899.17",2,"Personne","Masculin","Courcoux","Dominique","Rue de la Combe",14,null,1260,"Nyon","CH","Suisse",null,null,"Facture adressée au patient en conformité de l'art. 33, lettre g de l'ordonnance sur l'assurance maladie car transfert effectué à sa demande pour convenance personnelle"]
[4294,"2022-02-11",440,"2039488/20",16689,3,"Ambulance Clerc","Uvrier","S3","2022-01-31T19:19:02+01:00","2022-01-31T20:52:49+01:00","Hôpital de Martigny","Avenue de la Fusion",27,null,1920,"Martigny","CH","Suisse",70,"Privée","Hôpital de Sion","Avenue du Grand-Champsec",80,null,1950,"Sion","CH","Suisse","False","VS22003230","Maladie","Féminin","Dumoulin","Oriane","2003-12-22","Rue du Grand Pré",22,null,1921,"Martigny-Croix","CH","Suisse","Arcosana AG","2756.4555.0748.46",101,"Établissement",null,null,null,"Avenue Grand-Champsec",86,"Case postale 696",1951,"Sion","CH","Suisse","Hôpital du Valais - Direction des Finances/Service des fournisseurs (facturation)","HVS.31J","Forfait S3 HVS Martigny - HVS Sion","Trajet simple journée (08h00-20h00)",1,440,null,440]
[4295,"2022-02-11",725.4,null,16695,3,"Ambulance Clerc","Uvrier","S3","2022-01-31T20:54:10+01:00","2022-01-31T22:47:14+01:00","Hôpital de Sierre","Rue Saint-Charles",14,null,3960,"Sierre","CH","Suisse",48,"Privée","Clinique Bernoise","Impasse Palace Bellevue",1,null,3963,"Crans-Montana","CH","Suisse","False","VS22003236","Maladie","Féminin","Hess","Sandrine","1973-06-21","Haut de la Gare",7,null,1680,"Romont FR","CH","Suisse","Assura-Basis SA","2756.0164.6286.54",102,"Établissement",null,null,null,"Impasse Palace Bellevue",1,null,3963,"Crans-Montana","CH","Suisse","Clinique Bernoise Montana - Secrétariat médical (facturation)","CLN.9403 ","Taxe de base transport S3",null,1,200,null,200]
[4295,"2022-02-11",725.4,null,16695,3,"Ambulance Clerc","Uvrier","S3","2022-01-31T20:54:10+01:00","2022-01-31T22:47:14+01:00","Hôpital de Sierre","Rue Saint-Charles",14,null,3960,"Sierre","CH","Suisse",48,"Privée","Clinique Bernoise","Impasse Palace Bellevue",1,null,3963,"Crans-Montana","CH","Suisse","False","VS22003236","Maladie","Féminin","Hess","Sandrine","1973-06-21","Haut de la Gare",7,null,1680,"Romont FR","CH","Suisse","Assura-Basis SA","2756.0164.6286.54",102,"Établissement",null,null,null,"Impasse Palace Bellevue",1,null,3963,"Crans-Montana","CH","Suisse","Clinique Bernoise Montana - Secrétariat médical (facturation)","CLN.9404","Indemnisation kilométrique",null,48,4.5,"km",216]
[4295,"2022-02-11",725.4,null,16695,3,"Ambulance Clerc","Uvrier","S3","2022-01-31T20:54:10+01:00","2022-01-31T22:47:14+01:00","Hôpital de Sierre","Rue Saint-Charles",14,null,3960,"Sierre","CH","Suisse",48,"Privée","Clinique Bernoise","Impasse Palace Bellevue",1,null,3963,"Crans-Montana","CH","Suisse","False","VS22003236","Maladie","Féminin","Hess","Sandrine","1973-06-21","Haut de la Gare",7,null,1680,"Romont FR","CH","Suisse","Assura-Basis SA","2756.0164.6286.54",102,"Établissement",null,null,null,"Impasse Palace Bellevue",1,null,3963,"Crans-Montana","CH","Suisse","Clinique Bernoise Montana - Secrétariat médical (facturation)","CLN.9411","Personnel soignant reconnu (par personne et par quart d'heure entamé)","2 collaborateur(s) x 8 quarts d’heure",16,35,"¼ d'heure",560]
[4295,"2022-02-11",725.4,null,16695,3,"Ambulance Clerc","Uvrier","S3","2022-01-31T20:54:10+01:00","2022-01-31T22:47:14+01:00","Hôpital de Sierre","Rue Saint-Charles",14,null,3960,"Sierre","CH","Suisse",48,"Privée","Clinique Bernoise","Impasse Palace Bellevue",1,null,3963,"Crans-Montana","CH","Suisse","False","VS22003236","Maladie","Féminin","Hess","Sandrine","1973-06-21","Haut de la Gare",7,null,1680,"Romont FR","CH","Suisse","Assura-Basis SA","2756.0164.6286.54",102,"Établissement",null,null,null,"Impasse Palace Bellevue",1,null,3963,"Crans-Montana","CH","Suisse","Clinique Bernoise Montana - Secrétariat médical (facturation)","CLN.9431","Supplément de nuit  20h00-08h00","25% sur CHF 560.00",1,140,null,140]
[4295,"2022-02-11",725.4,null,16695,3,"Ambulance Clerc","Uvrier","S3","2022-01-31T20:54:10+01:00","2022-01-31T22:47:14+01:00","Hôpital de Sierre","Rue Saint-Charles",14,null,3960,"Sierre","CH","Suisse",48,"Privée","Clinique Bernoise","Impasse Palace Bellevue",1,null,3963,"Crans-Montana","CH","Suisse","False","VS22003236","Maladie","Féminin","Hess","Sandrine","1973-06-21","Haut de la Gare",7,null,1680,"Romont FR","CH","Suisse","Assura-Basis SA","2756.0164.6286.54",102,"Établissement",null,null,null,"Impasse Palace Bellevue",1,null,3963,"Crans-Montana","CH","Suisse","Clinique Bernoise Montana - Secrétariat médical (facturation)","CLN.Rabais ","Rabais 35%","sur CHF 1'116.00",1,-390.6,null,-390.6]
[4296,"2022-02-11",1029,"2281122/89",16702,3,"Ambulance Clerc","Uvrier","S3","2022-01-31T22:47:37+01:00","2022-02-01T00:28:38+01:00","Hôpital de Sion","Avenue du Grand-Champsec",80,null,1950,"Sion","CH","Suisse",112,"Privée","Hôpital de Malévoz","Route de Morgins",10,null,1870,"Monthey","CH","Suisse","False","VS22003244","Maladie","Féminin","Monbaron","Naphatson Jade","2001-07-24","Avenue Saint-François",20,"Foyer Emera",1950,"Sion","CH","Suisse","AMB Assurances SA","2756.3459.3648.24",101,"Établissement",null,null,null,"Avenue Grand-Champsec",86,"Case postale 696",1951,"Sion","CH","Suisse","Hôpital du Valais - Direction des Finances/Service des fournisseurs (facturation)","HVS.17N","Forfait S3 HVS Sion - Malévoz","Trajet simple nuit (20h00-08h00) ou dimanches et jours fériés",1,1029,null,1029]
[4297,"2022-02-11",3363.5,null,16719,3,"Ambulance Clerc","Uvrier","P3","2022-02-01T08:49:23+01:00","2022-02-01T15:38:00+01:00","Home Les Crêtes","Route d'Ayent",18,null,1971,"Grimisuat","CH","Suisse",283,"Privée","HFR Fribourg - Hôpital cantonal","Chemin des Pensionnats","2022-06-02",null,1752,"Villars-sur-Glâne","CH","Suisse","False","VS22003261","Accident","Masculin","Nappey","Henry","1938-07-08","Rue de l'Etang",13,null,1971,"Grimisuat","CH","Suisse","Mutuel Assurance Maladie SA","2756.2434.6753.37",2,"Personne","Féminin","Nappey","Andrée","Rue de l'Etang",13,null,1971,"Grimisuat","CH","Suisse",null,9403,"Taxe de base transport P3",null,1,200,null,200]
[4297,"2022-02-11",3363.5,null,16719,3,"Ambulance Clerc","Uvrier","P3","2022-02-01T08:49:23+01:00","2022-02-01T15:38:00+01:00","Home Les Crêtes","Route d'Ayent",18,null,1971,"Grimisuat","CH","Suisse",283,"Privée","HFR Fribourg - Hôpital cantonal","Chemin des Pensionnats","2022-06-02",null,1752,"Villars-sur-Glâne","CH","Suisse","False","VS22003261","Accident","Masculin","Nappey","Henry","1938-07-08","Rue de l'Etang",13,null,1971,"Grimisuat","CH","Suisse","Mutuel Assurance Maladie SA","2756.2434.6753.37",2,"Personne","Féminin","Nappey","Andrée","Rue de l'Etang",13,null,1971,"Grimisuat","CH","Suisse",null,9404,"Indemnisation kilométrique",null,283,4.5,"km",1273.5]
[4297,"2022-02-11",3363.5,null,16719,3,"Ambulance Clerc","Uvrier","P3","2022-02-01T08:49:23+01:00","2022-02-01T15:38:00+01:00","Home Les Crêtes","Route d'Ayent",18,null,1971,"Grimisuat","CH","Suisse",283,"Privée","HFR Fribourg - Hôpital cantonal","Chemin des Pensionnats","2022-06-02",null,1752,"Villars-sur-Glâne","CH","Suisse","False","VS22003261","Accident","Masculin","Nappey","Henry","1938-07-08","Rue de l'Etang",13,null,1971,"Grimisuat","CH","Suisse","Mutuel Assurance Maladie SA","2756.2434.6753.37",2,"Personne","Féminin","Nappey","Andrée","Rue de l'Etang",13,null,1971,"Grimisuat","CH","Suisse",null,9411,"Personnel soignant reconnu (par personne et par quart d'heure entamé)","2 collaborateur(s) x 27 quarts d’heure",54,35,"¼ d'heure",1890]
[4297,"2022-02-11",3363.5,null,16719,3,"Ambulance Clerc","Uvrier","P3","2022-02-01T08:49:23+01:00","2022-02-01T15:38:00+01:00","Home Les Crêtes","Route d'Ayent",18,null,1971,"Grimisuat","CH","Suisse",283,"Privée","HFR Fribourg - Hôpital cantonal","Chemin des Pensionnats","2022-06-02",null,1752,"Villars-sur-Glâne","CH","Suisse","False","VS22003261","Accident","Masculin","Nappey","Henry","1938-07-08","Rue de l'Etang",13,null,1971,"Grimisuat","CH","Suisse","Mutuel Assurance Maladie SA","2756.2434.6753.37",2,"Personne","Féminin","Nappey","Andrée","Rue de l'Etang",13,null,1971,"Grimisuat","CH","Suisse",null,null,"Y compris 1h45 d'attente pour consultation à Fribourg avant le retour sur Grimisuat"]
[4298,"2022-02-11",3463.5,null,16776,3,"Ambulance Clerc","Uvrier","S3","2022-02-01T17:49:05+01:00","2022-02-01T23:15:09+01:00","Clinique Genevoise","Impasse Clairmont",2,null,3963,"Crans-Montana","CH","Suisse",383,"Privée","Hôpital psychiatrique de Belle-Idée","Chemin du Petit-Bel-Air",2,null,1225,"Chêne-Bourg","CH","Suisse","False","VS22003323","Maladie","Féminin","Alvarez","Flor Lisbeth","1991-12-18","Route de Veyrier",46,null,1227,"Carouge GE","CH","Suisse","CSS Kranken- Versicherung AG","2756.8808.8779.70",103,"Établissement",null,null,null,"Impasse Clairmont",2,null,3963,"Crans-Montana","CH","Suisse","Clinique Genevoise de Montana - Comptabilité (facturation)","CLN.9403 ","Taxe de base transport S3",null,1,200,null,200]
[4298,"2022-02-11",3463.5,null,16776,3,"Ambulance Clerc","Uvrier","S3","2022-02-01T17:49:05+01:00","2022-02-01T23:15:09+01:00","Clinique Genevoise","Impasse Clairmont",2,null,3963,"Crans-Montana","CH","Suisse",383,"Privée","Hôpital psychiatrique de Belle-Idée","Chemin du Petit-Bel-Air",2,null,1225,"Chêne-Bourg","CH","Suisse","False","VS22003323","Maladie","Féminin","Alvarez","Flor Lisbeth","1991-12-18","Route de Veyrier",46,null,1227,"Carouge GE","CH","Suisse","CSS Kranken- Versicherung AG","2756.8808.8779.70",103,"Établissement",null,null,null,"Impasse Clairmont",2,null,3963,"Crans-Montana","CH","Suisse","Clinique Genevoise de Montana - Comptabilité (facturation)","CLN.9404","Indemnisation kilométrique",null,383,4.5,"km",1723.5]
[4298,"2022-02-11",3463.5,null,16776,3,"Ambulance Clerc","Uvrier","S3","2022-02-01T17:49:05+01:00","2022-02-01T23:15:09+01:00","Clinique Genevoise","Impasse Clairmont",2,null,3963,"Crans-Montana","CH","Suisse",383,"Privée","Hôpital psychiatrique de Belle-Idée","Chemin du Petit-Bel-Air",2,null,1225,"Chêne-Bourg","CH","Suisse","False","VS22003323","Maladie","Féminin","Alvarez","Flor Lisbeth","1991-12-18","Route de Veyrier",46,null,1227,"Carouge GE","CH","Suisse","CSS Kranken- Versicherung AG","2756.8808.8779.70",103,"Établissement",null,null,null,"Impasse Clairmont",2,null,3963,"Crans-Montana","CH","Suisse","Clinique Genevoise de Montana - Comptabilité (facturation)","CLN.9411","Personnel soignant reconnu (par personne et par quart d'heure entamé)","2 collaborateur(s) x 22 quarts d’heure",44,35,"¼ d'heure",1540]
[4299,"2022-02-11",660,"2829598/1",16791,3,"Ambulance Clerc","Uvrier","S3","2022-02-02T00:28:20+01:00","2022-02-02T02:02:30+01:00","Hôpital de Sion","Avenue du Grand-Champsec",80,null,1950,"Sion","CH","Suisse",70,"Privée","Hôpital de Martigny","Avenue de la Fusion",27,null,1920,"Martigny","CH","Suisse","False","VS22003339","Accident","Masculin","Skantze","Lars Göran","1968-02-17","Korsebergsvägen",14,"Lägenhetsnummer 1304",46240,"Vänersborg","SE","Suède",null,2,101,"Établissement",null,null,null,"Avenue Grand-Champsec",86,"Case postale 696",1951,"Sion","CH","Suisse","Hôpital du Valais - Direction des Finances/Service des fournisseurs (facturation)","HVS.13N","Forfait S3 HVS Sion - HVS Martigny","Trajet simple nuit (20h00-08h00) ou dimanches et jours fériés",1,660,null,660]
[4300,"2022-02-11",660,"2712806/2",16795,3,"Ambulance Clerc","Uvrier","S3","2022-02-02T02:02:40+01:00","2022-02-02T03:52:22+01:00","Hôpital de Sion","Avenue du Grand-Champsec",80,null,1950,"Sion","CH","Suisse",70,"Privée","Hôpital de Martigny","Avenue de la Fusion",27,null,1920,"Martigny","CH","Suisse","False","VS22003343","Maladie","Féminin","Clerc","Noëlle ","1949-02-26","Ruelle Glion-Naye",5,null,1823,"Glion","CH","Suisse","CPT Assurance SA","2756.7614.7637.74",101,"Établissement",null,null,null,"Avenue Grand-Champsec",86,"Case postale 696",1951,"Sion","CH","Suisse","Hôpital du Valais - Direction des Finances/Service des fournisseurs (facturation)","HVS.13N","Forfait S3 HVS Sion - HVS Martigny","Trajet simple nuit (20h00-08h00) ou dimanches et jours fériés",1,660,null,660]
[4303,"2022-02-11",1062.75,null,16820,3,"Ambulance Clerc","Uvrier","S3","2022-02-02T09:56:34+01:00","2022-02-02T13:52:45+01:00","Clinique Bernoise","Impasse Palace Bellevue",1,null,3963,"Crans-Montana","CH","Suisse",70,"Privée","Affidea CIS radiologie Sierre","Avenue Général-Guisan",2,null,3960,"Sierre","CH","Suisse","False","VS22003370","Maladie","Féminin","Zeller","Madeleine","1952-10-30","Oberländerweg",13,null,3658,"Merligen","CH","Suisse","CPT Assurance SA","2756.6166.9088.62",102,"Établissement",null,null,null,"Impasse Palace Bellevue",1,null,3963,"Crans-Montana","CH","Suisse","Clinique Bernoise Montana - Secrétariat médical (facturation)","CLN.9403 ","Taxe de base transport S3",null,1,200,null,200]
[4303,"2022-02-11",1062.75,null,16820,3,"Ambulance Clerc","Uvrier","S3","2022-02-02T09:56:34+01:00","2022-02-02T13:52:45+01:00","Clinique Bernoise","Impasse Palace Bellevue",1,null,3963,"Crans-Montana","CH","Suisse",70,"Privée","Affidea CIS radiologie Sierre","Avenue Général-Guisan",2,null,3960,"Sierre","CH","Suisse","False","VS22003370","Maladie","Féminin","Zeller","Madeleine","1952-10-30","Oberländerweg",13,null,3658,"Merligen","CH","Suisse","CPT Assurance SA","2756.6166.9088.62",102,"Établissement",null,null,null,"Impasse Palace Bellevue",1,null,3963,"Crans-Montana","CH","Suisse","Clinique Bernoise Montana - Secrétariat médical (facturation)","CLN.9404","Indemnisation kilométrique",null,70,4.5,"km",315]
[4303,"2022-02-11",1062.75,null,16820,3,"Ambulance Clerc","Uvrier","S3","2022-02-02T09:56:34+01:00","2022-02-02T13:52:45+01:00","Clinique Bernoise","Impasse Palace Bellevue",1,null,3963,"Crans-Montana","CH","Suisse",70,"Privée","Affidea CIS radiologie Sierre","Avenue Général-Guisan",2,null,3960,"Sierre","CH","Suisse","False","VS22003370","Maladie","Féminin","Zeller","Madeleine","1952-10-30","Oberländerweg",13,null,3658,"Merligen","CH","Suisse","CPT Assurance SA","2756.6166.9088.62",102,"Établissement",null,null,null,"Impasse Palace Bellevue",1,null,3963,"Crans-Montana","CH","Suisse","Clinique Bernoise Montana - Secrétariat médical (facturation)","CLN.9411","Personnel soignant reconnu (par personne et par quart d'heure entamé)","2 collaborateur(s) x 16 quarts d’heure",32,35,"¼ d'heure",1120]
[4303,"2022-02-11",1062.75,null,16820,3,"Ambulance Clerc","Uvrier","S3","2022-02-02T09:56:34+01:00","2022-02-02T13:52:45+01:00","Clinique Bernoise","Impasse Palace Bellevue",1,null,3963,"Crans-Montana","CH","Suisse",70,"Privée","Affidea CIS radiologie Sierre","Avenue Général-Guisan",2,null,3960,"Sierre","CH","Suisse","False","VS22003370","Maladie","Féminin","Zeller","Madeleine","1952-10-30","Oberländerweg",13,null,3658,"Merligen","CH","Suisse","CPT Assurance SA","2756.6166.9088.62",102,"Établissement",null,null,null,"Impasse Palace Bellevue",1,null,3963,"Crans-Montana","CH","Suisse","Clinique Bernoise Montana - Secrétariat médical (facturation)","CLN.Rabais ","Rabais 35%","sur CHF 1'635.00",1,-572.25,null,-572.25]
[4303,"2022-02-11",1062.75,null,16820,3,"Ambulance Clerc","Uvrier","S3","2022-02-02T09:56:34+01:00","2022-02-02T13:52:45+01:00","Clinique Bernoise","Impasse Palace Bellevue",1,null,3963,"Crans-Montana","CH","Suisse",70,"Privée","Affidea CIS radiologie Sierre","Avenue Général-Guisan",2,null,3960,"Sierre","CH","Suisse","False","VS22003370","Maladie","Féminin","Zeller","Madeleine","1952-10-30","Oberländerweg",13,null,3658,"Merligen","CH","Suisse","CPT Assurance SA","2756.6166.9088.62",102,"Établissement",null,null,null,"Impasse Palace Bellevue",1,null,3963,"Crans-Montana","CH","Suisse","Clinique Bernoise Montana - Secrétariat médical (facturation)",null,"Y compris 20 minutes d'attente pour l'examen à Sierre avant le retour sur Montana"]
[4343,"2022-02-11",440,"2676236/4",16848,3,"Ambulance Clerc","Uvrier","S3","2022-02-02T14:53:23+01:00","2022-02-02T17:50:11+01:00","Hôpital de Martigny","Avenue de la Fusion",27,null,1920,"Martigny","CH","Suisse",140,"Privée","Hôpital de Sion","Avenue du Grand-Champsec",80,null,1950,"Sion","CH","Suisse","False","VS22003400","Maladie","Féminin","Clerc","Florence","1952-12-28","Le Sépey",50,null,1871,"Choëx","CH","Suisse","Easy Sana Assurance Maladie SA","2756.3230.3356.47",101,"Établissement",null,null,null,"Avenue Grand-Champsec",86,"Case postale 696",1951,"Sion","CH","Suisse","Hôpital du Valais - Direction des Finances/Service des fournisseurs (facturation)","HVS.31J","Forfait S3 HVS Martigny - HVS Sion","Trajet simple journée (08h00-20h00)",1,440,null,440]
[4343,"2022-02-11",440,"2676236/4",16848,3,"Ambulance Clerc","Uvrier","S3","2022-02-02T14:53:23+01:00","2022-02-02T17:50:11+01:00","Hôpital de Martigny","Avenue de la Fusion",27,null,1920,"Martigny","CH","Suisse",140,"Privée","Hôpital de Sion","Avenue du Grand-Champsec",80,null,1950,"Sion","CH","Suisse","False","VS22003400","Maladie","Féminin","Clerc","Florence","1952-12-28","Le Sépey",50,null,1871,"Choëx","CH","Suisse","Easy Sana Assurance Maladie SA","2756.3230.3356.47",101,"Établissement",null,null,null,"Avenue Grand-Champsec",86,"Case postale 696",1951,"Sion","CH","Suisse","Hôpital du Valais - Direction des Finances/Service des fournisseurs (facturation)",null,"Y compris 15 minutes d'attente pour l'examen à Sion avant le retour sur Martigny"]
[4344,"2022-02-11",440,"2520242/14",16867,3,"Ambulance Clerc","Uvrier","S3","2022-02-02T19:19:43+01:00","2022-02-02T21:20:41+01:00","Hôpital de Sion","Avenue du Grand-Champsec",80,null,1950,"Sion","CH","Suisse",70,"Privée","Hôpital de Martigny","Avenue de la Fusion",27,null,1920,"Martigny","CH","Suisse","False","VS22003419","Maladie","Féminin","Delaloye","Yvette","1934-02-21","Route du Simplon",19,null,1957,"Ardon","CH","Suisse","Mutuel Assurance Maladie SA","2756.2169.5802.27",101,"Établissement",null,null,null,"Avenue Grand-Champsec",86,"Case postale 696",1951,"Sion","CH","Suisse","Hôpital du Valais - Direction des Finances/Service des fournisseurs (facturation)","HVS.13J","Forfait S3 HVS Sion - HVS Martigny","Trajet simple journée (08h00-20h00)",1,440,null,440]
[4345,"2022-02-11",525,"2041611/18",16873,3,"Ambulance Clerc","Uvrier","S3","2022-02-02T21:20:45+01:00","2022-02-02T22:50:35+01:00","Hôpital de Sion","Avenue du Grand-Champsec",80,null,1950,"Sion","CH","Suisse",30,"Privée","Hôpital de Sierre","Rue Saint-Charles",14,null,3960,"Sierre","CH","Suisse","False","VS22003425","Maladie","Féminin","Bitz","Liliane Marcelle","1950-11-01","Rue de Loèche",14,null,1950,"Sion","CH","Suisse","Easy Sana Assurance Maladie SA","2756.2406.1445.57",101,"Établissement",null,null,null,"Avenue Grand-Champsec",86,"Case postale 696",1951,"Sion","CH","Suisse","Hôpital du Valais - Direction des Finances/Service des fournisseurs (facturation)","HVS.12N","Forfait S3 HVS Sion - HVS Sierre","Trajet simple nuit (20h00-08h00) ou dimanches et jours fériés",1,525,null,525]
[4346,"2022-02-11",2285.4,null,16879,3,"Ambulance Clerc","Uvrier","S3","2022-02-03T07:04:31+01:00","2022-02-03T15:36:01+01:00","Clinique Bernoise","Impasse Palace Bellevue",1,null,3963,"Crans-Montana","CH","Suisse",208,"Privée","Spital STS AG","Krankenhausstrasse",12,null,3600,"Thun","CH","Suisse","False","VS22003432","Maladie","Féminin","Zeller","Madeleine","1952-10-30","Oberländerweg",13,null,3658,"Merligen","CH","Suisse","CPT Assurance SA","2756.6166.9088.62",102,"Établissement",null,null,null,"Impasse Palace Bellevue",1,null,3963,"Crans-Montana","CH","Suisse","Clinique Bernoise Montana - Secrétariat médical (facturation)","CLN.9403 ","Taxe de base transport S3",null,1,200,null,200]
[4346,"2022-02-11",2285.4,null,16879,3,"Ambulance Clerc","Uvrier","S3","2022-02-03T07:04:31+01:00","2022-02-03T15:36:01+01:00","Clinique Bernoise","Impasse Palace Bellevue",1,null,3963,"Crans-Montana","CH","Suisse",208,"Privée","Spital STS AG","Krankenhausstrasse",12,null,3600,"Thun","CH","Suisse","False","VS22003432","Maladie","Féminin","Zeller","Madeleine","1952-10-30","Oberländerweg",13,null,3658,"Merligen","CH","Suisse","CPT Assurance SA","2756.6166.9088.62",102,"Établissement",null,null,null,"Impasse Palace Bellevue",1,null,3963,"Crans-Montana","CH","Suisse","Clinique Bernoise Montana - Secrétariat médical (facturation)","CLN.9404","Indemnisation kilométrique",null,208,4.5,"km",936]
[4346,"2022-02-11",2285.4,null,16879,3,"Ambulance Clerc","Uvrier","S3","2022-02-03T07:04:31+01:00","2022-02-03T15:36:01+01:00","Clinique Bernoise","Impasse Palace Bellevue",1,null,3963,"Crans-Montana","CH","Suisse",208,"Privée","Spital STS AG","Krankenhausstrasse",12,null,3600,"Thun","CH","Suisse","False","VS22003432","Maladie","Féminin","Zeller","Madeleine","1952-10-30","Oberländerweg",13,null,3658,"Merligen","CH","Suisse","CPT Assurance SA","2756.6166.9088.62",102,"Établissement",null,null,null,"Impasse Palace Bellevue",1,null,3963,"Crans-Montana","CH","Suisse","Clinique Bernoise Montana - Secrétariat médical (facturation)","CLN.9411","Personnel soignant reconnu (par personne et par quart d'heure entamé)","2 collaborateur(s) x 34 quarts d’heure",68,35,"¼ d'heure",2380]
[4346,"2022-02-11",2285.4,null,16879,3,"Ambulance Clerc","Uvrier","S3","2022-02-03T07:04:31+01:00","2022-02-03T15:36:01+01:00","Clinique Bernoise","Impasse Palace Bellevue",1,null,3963,"Crans-Montana","CH","Suisse",208,"Privée","Spital STS AG","Krankenhausstrasse",12,null,3600,"Thun","CH","Suisse","False","VS22003432","Maladie","Féminin","Zeller","Madeleine","1952-10-30","Oberländerweg",13,null,3658,"Merligen","CH","Suisse","CPT Assurance SA","2756.6166.9088.62",102,"Établissement",null,null,null,"Impasse Palace Bellevue",1,null,3963,"Crans-Montana","CH","Suisse","Clinique Bernoise Montana - Secrétariat médical (facturation)","CLN.Rabais ","Rabais 35%","sur CHF 3'516.00",1,-1230.5999999999999,null,-1230.5999999999999]
[4346,"2022-02-11",2285.4,null,16879,3,"Ambulance Clerc","Uvrier","S3","2022-02-03T07:04:31+01:00","2022-02-03T15:36:01+01:00","Clinique Bernoise","Impasse Palace Bellevue",1,null,3963,"Crans-Montana","CH","Suisse",208,"Privée","Spital STS AG","Krankenhausstrasse",12,null,3600,"Thun","CH","Suisse","False","VS22003432","Maladie","Féminin","Zeller","Madeleine","1952-10-30","Oberländerweg",13,null,3658,"Merligen","CH","Suisse","CPT Assurance SA","2756.6166.9088.62",102,"Établissement",null,null,null,"Impasse Palace Bellevue",1,null,3963,"Crans-Montana","CH","Suisse","Clinique Bernoise Montana - Secrétariat médical (facturation)",null,"Y compris 1h40 d'attente pour consultation à Thun avant le retour sur Montana"]
[4346,"2022-02-11",2285.4,null,16879,3,"Ambulance Clerc","Uvrier","S3","2022-02-03T07:04:31+01:00","2022-02-03T15:36:01+01:00","Clinique Bernoise","Impasse Palace Bellevue",1,null,3963,"Crans-Montana","CH","Suisse",208,"Privée","Spital STS AG","Krankenhausstrasse",12,null,3600,"Thun","CH","Suisse","False","VS22003432","Maladie","Féminin","Zeller","Madeleine","1952-10-30","Oberländerweg",13,null,3658,"Merligen","CH","Suisse","CPT Assurance SA","2756.6166.9088.62",102,"Établissement",null,null,null,"Impasse Palace Bellevue",1,null,3963,"Crans-Montana","CH","Suisse","Clinique Bernoise Montana - Secrétariat médical (facturation)",null,"Majoration nuit pas pris en considération malgré un départ à 07h04"]
[4367,"2022-02-11",685,null,16939,3,"Ambulance Clerc","Uvrier","S3","2022-02-03T15:37:32+01:00","2022-02-03T16:50:14+01:00","Clinique Genevoise","Impasse Clairmont",2,null,3963,"Crans-Montana","CH","Suisse",30,"Privée","Hôpital de Sion","Avenue du Grand-Champsec",80,null,1950,"Sion","CH","Suisse","False","VS22003496","Maladie","Masculin","Richner ","Willy","1944-07-21","Avenue Bois-de-la-Chapelle",13,null,1213,"Onex","CH","Suisse","Helsana Assurances SA","2756.2839.9004.85",103,"Établissement",null,null,null,"Impasse Clairmont",2,null,3963,"Crans-Montana","CH","Suisse","Clinique Genevoise de Montana - Comptabilité (facturation)","CLN.9403 ","Taxe de base transport S3",null,1,200,null,200]
[4367,"2022-02-11",685,null,16939,3,"Ambulance Clerc","Uvrier","S3","2022-02-03T15:37:32+01:00","2022-02-03T16:50:14+01:00","Clinique Genevoise","Impasse Clairmont",2,null,3963,"Crans-Montana","CH","Suisse",30,"Privée","Hôpital de Sion","Avenue du Grand-Champsec",80,null,1950,"Sion","CH","Suisse","False","VS22003496","Maladie","Masculin","Richner ","Willy","1944-07-21","Avenue Bois-de-la-Chapelle",13,null,1213,"Onex","CH","Suisse","Helsana Assurances SA","2756.2839.9004.85",103,"Établissement",null,null,null,"Impasse Clairmont",2,null,3963,"Crans-Montana","CH","Suisse","Clinique Genevoise de Montana - Comptabilité (facturation)","CLN.9404","Indemnisation kilométrique",null,30,4.5,"km",135]
[4367,"2022-02-11",685,null,16939,3,"Ambulance Clerc","Uvrier","S3","2022-02-03T15:37:32+01:00","2022-02-03T16:50:14+01:00","Clinique Genevoise","Impasse Clairmont",2,null,3963,"Crans-Montana","CH","Suisse",30,"Privée","Hôpital de Sion","Avenue du Grand-Champsec",80,null,1950,"Sion","CH","Suisse","False","VS22003496","Maladie","Masculin","Richner ","Willy","1944-07-21","Avenue Bois-de-la-Chapelle",13,null,1213,"Onex","CH","Suisse","Helsana Assurances SA","2756.2839.9004.85",103,"Établissement",null,null,null,"Impasse Clairmont",2,null,3963,"Crans-Montana","CH","Suisse","Clinique Genevoise de Montana - Comptabilité (facturation)","CLN.9411","Personnel soignant reconnu (par personne et par quart d'heure entamé)","2 collaborateurs x 5 quarts d'heure",10,35,"¼ d'heure",350]
[4368,"2022-02-11",440,"2070043/39",16946,3,"Ambulance Clerc","Uvrier","S3","2022-02-03T16:00:58+01:00","2022-02-03T17:16:16+01:00","Hôpital de Sion","Avenue du Grand-Champsec",80,null,1950,"Sion","CH","Suisse",70,"Privée","Hôpital de Martigny","Avenue de la Fusion",27,null,1920,"Martigny","CH","Suisse","False","VS22003503","Maladie","Masculin","Starcelli","André","1936-01-26","Avenue de France",20,null,3960,"Sierre","CH","Suisse","CSS Kranken- Versicherung AG","2756.9545.6657.76",101,"Établissement",null,null,null,"Avenue Grand-Champsec",86,"Case postale 696",1951,"Sion","CH","Suisse","Hôpital du Valais - Direction des Finances/Service des fournisseurs (facturation)","HVS.13J","Forfait S3 HVS Sion - HVS Martigny","Trajet simple journée (08h00-20h00)",1,440,null,440]
[4372,"2022-02-11",2100,"2830157/1",16973,3,"Ambulance Clerc","Uvrier","S3","2022-02-03T22:13:13+01:00","2022-02-04T02:45:14+01:00","Hôpital de Sion","Avenue du Grand-Champsec",80,null,1950,"Sion","CH","Suisse",250,"Privée","Hôpital cantonal de Fribourg (HFR)","Chemin des Pensionnats",null,null,1752,"Villars-sur-Glâne","CH","Suisse","False","VS22003533","Accident","Masculin","Scott-Tailor","Simon","1960-01-07","Pentlow Street ",2,null,"SW15 1LX","London","GB","Royaume-Uni",null,2,101,"Établissement",null,null,null,"Avenue Grand-Champsec",86,"Case postale 696",1951,"Sion","CH","Suisse","Hôpital du Valais - Direction des Finances/Service des fournisseurs (facturation)","HVS.116N","Forfait S3 HVS Sion - HFR Fibourg","Trajet simple nuit (20h00-08h00)",1,2100,null,2100]
[4375,"2022-02-11",584,"2110486/21",17010,3,"Ambulance Clerc","Uvrier","S3","2022-02-04T12:11:39+01:00","2022-02-04T14:44:07+01:00","Hôpital de Sion","Avenue du Grand-Champsec",80,null,1950,"Sion","CH","Suisse",94,"Privée","Hôpital de Viège","Pflanzettastrasse",10,null,3930,"Visp","CH","Suisse","False","VS22003571","Maladie","Féminin","Biner","Ida","1936-10-12","Schluhmattstrasse",122,null,3920,"Zermatt","CH","Suisse","sodalis gesundheitsgruppe","2756.1440.8307.85",101,"Établissement",null,null,null,"Avenue Grand-Champsec",86,"Case postale 696",1951,"Sion","CH","Suisse","Hôpital du Valais - Direction des Finances/Service des fournisseurs (facturation)","HVS.15J","Forfait S3 HVS Sion - SZO Visp","Trajet simple journée (08h00-20h00)",1,584,null,584]
[4378,"2022-02-11",440,"2689188/5",17053,3,"Ambulance Clerc","Uvrier","S3","2022-02-04T16:29:14+01:00","2022-02-04T17:38:22+01:00","Hôpital de Martigny","Avenue de la Fusion",27,null,1920,"Martigny","CH","Suisse",70,"Privée","Hôpital de Sion","Avenue du Grand-Champsec",80,null,1950,"Sion","CH","Suisse","False","VS22003617","Maladie","Masculin","Barraud ","Armand","1962-10-14","Route de la Forêt",59,null,1926,"Fully","CH","Suisse","Philos Assurance Maladie SA","2756.9473.1666.66",101,"Établissement",null,null,null,"Avenue Grand-Champsec",86,"Case postale 696",1951,"Sion","CH","Suisse","Hôpital du Valais - Direction des Finances/Service des fournisseurs (facturation)","HVS.31J","Forfait S3 HVS Martigny - HVS Sion","Trajet simple journée (08h00-20h00)",1,440,null,440]
[4382,"2022-02-11",818,"2289900/17",17061,3,"Ambulance Clerc","Uvrier","S3","2022-02-04T17:39:11+01:00","2022-02-04T19:55:16+01:00","Hôpital de Sierre","Rue Saint-Charles",14,null,3960,"Sierre","CH","Suisse",137,"Privée","Hôpital de Malévoz","Route de Morgins",10,null,1870,"Monthey","CH","Suisse","False","VS22003625","Maladie","Masculin","Monnet ","Raymond","1939-08-28","Nouvelle Avenue",25,null,1907,"Saxon","CH","Suisse","Easy Sana Assurance Maladie SA","2756.5063.5082.29",101,"Établissement",null,null,null,"Avenue Grand-Champsec",86,"Case postale 696",1951,"Sion","CH","Suisse","Hôpital du Valais - Direction des Finances/Service des fournisseurs (facturation)","HVS.27J","Forfait S3 HVS Sierre - Malévoz","Trajet simple journée (08h00-20h00)",1,818,null,818]
[4384,"2022-02-11",2100,"2830413/1",17076,3,"Ambulance Clerc","Uvrier","S3","2022-02-04T22:16:11+01:00","2022-02-05T01:08:19+01:00","Hôpital de Sion","Avenue du Grand-Champsec",80,null,1950,"Sion","CH","Suisse",250,"Privée","Hôpital cantonal de Fribourg (HFR)","Chemin des Pensionnats",null,null,1752,"Villars-sur-Glâne","CH","Suisse","False","VS22003641","Accident","Masculin","Dafflon","Adrien","1999-11-15","Route de Grandsivaz",18,null,1775,"Mannens","CH","Suisse","SUVA Fribourg","2756.6578.3961.72",101,"Établissement",null,null,null,"Avenue Grand-Champsec",86,"Case postale 696",1951,"Sion","CH","Suisse","Hôpital du Valais - Direction des Finances/Service des fournisseurs (facturation)","HVS.116N","Forfait S3 HVS Sion - HFR Fibourg","Trajet simple nuit (20h00-08h00)",1,2100,null,2100]
[4386,"2022-02-11",440,"2151698/39",17133,3,"Ambulance Clerc","Uvrier","S3","2022-02-05T13:14:33+01:00","2022-02-05T14:52:53+01:00","Hôpital de Sion","Avenue du Grand-Champsec",80,null,1950,"Sion","CH","Suisse",70,"Privée","Hôpital de Martigny","Avenue de la Fusion",27,14,1920,"Martigny","CH","Suisse","False","VS22003706","Maladie","Masculin","Crittin","Daniel","1944-02-23","Rue de Plane-Ville",13,null,1955,"Chamoson","CH","Suisse","CPT Assurance SA","2756.8716.7503.10",101,"Établissement",null,null,null,"Avenue Grand-Champsec",86,"Case postale 696",1951,"Sion","CH","Suisse","Hôpital du Valais - Direction des Finances/Service des fournisseurs (facturation)","HVS.13J","Forfait S3 HVS Sion - HVS Martigny","Trajet simple journée (08h00-20h00)",1,440,null,440]
[4387,"2022-02-11",350,"2813369/2",17151,3,"Ambulance Clerc","Uvrier","S3","2022-02-05T14:52:59+01:00","2022-02-05T17:00:00+01:00","Hôpital de Martigny","Avenue de la Fusion",27,null,1920,"Martigny","CH","Suisse",80,"Privée","Hôpital de Malévoz","Route de Morgins",10,null,1870,"Monthey","CH","Suisse","False","VS22003726","Maladie","Féminin","Boucard","Aurélie","1990-06-10","Rue de la Scierie",2,null,1920,"Martigny","CH","Suisse","Assura-Basis SA","2756.3501.1884.15",101,"Établissement",null,null,null,"Avenue Grand-Champsec",86,"Case postale 696",1951,"Sion","CH","Suisse","Hôpital du Valais - Direction des Finances/Service des fournisseurs (facturation)","HVS.37J","Forfait S3 HVS Martigny - Malévoz","Trajet simple journée (08h00-20h00)",1,350,null,350]
[4388,"2022-02-11",440,"2671246/2",17179,3,"Ambulance Clerc","Uvrier","S3","2022-02-05T19:08:53+01:00","2022-02-05T20:50:30+01:00","Hôpital de Sion","Avenue du Grand-Champsec",80,null,1950,"Sion","CH","Suisse",70,"Privée","Hôpital de Martigny","Avenue de la Fusion",27,null,1920,"Martigny","CH","Suisse","False","VS22003759","Accident","Féminin","Wells","Sara Margaret","1961-07-16","Buckston Browne Gardens",4,null,"BR6 7FF","Downe","GB","Royaume-Uni","KVG Olten ",2,101,"Établissement",null,null,null,"Avenue Grand-Champsec",86,"Case postale 696",1951,"Sion","CH","Suisse","Hôpital du Valais - Direction des Finances/Service des fournisseurs (facturation)","HVS.13J","Forfait S3 HVS Sion - HVS Martigny","Trajet simple journée (08h00-20h00)",1,440,null,440]
[4389,"2022-02-11",660,"2023195/258",17192,3,"Ambulance Clerc","Uvrier","S3","2022-02-06T00:32:18+01:00","2022-02-06T02:21:59+01:00","Hôpital de Martigny","Avenue de la Fusion",27,null,1920,"Martigny","CH","Suisse",70,"Privée","Hôpital de Sion","Avenue du Grand-Champsec",80,null,1950,"Sion","CH","Suisse","False","VS22003774","Maladie","Masculin","Aymon","Pierre-André ","1965-09-24","Route de Bramois","43A",null,1967,"Bramois","CH","Suisse","Helsana Assurances SA","2756.9966.4058.14",101,"Établissement",null,null,null,"Avenue Grand-Champsec",86,"Case postale 696",1951,"Sion","CH","Suisse","Hôpital du Valais - Direction des Finances/Service des fournisseurs (facturation)","HVS.31N","Forfait S3 HVS Martigny - HVS Sion","Trajet simple nuit (20h00-08h00) ou dimanches et jours fériés",1,660,null,660]
[4390,"2022-02-11",1029,"2095529/34",17201,3,"Ambulance Clerc","Uvrier","S3","2022-02-06T07:09:49+01:00","2022-02-06T09:20:53+01:00","Hôpital de Sion","Avenue du Grand-Champsec",80,null,1950,"Sion","CH","Suisse",110,"Privée","Hôpital de Malévoz","Route de Morgins",10,null,1870,"Monthey","CH","Suisse","False","VS22003783","Maladie","Masculin","Pittier","Raphaël ","1983-11-03","Rue de Conthey",1,null,1950,"Sion","CH","Suisse","Arcosana AG","2756.6525.8784.23",101,"Établissement",null,null,null,"Avenue Grand-Champsec",86,"Case postale 696",1951,"Sion","CH","Suisse","Hôpital du Valais - Direction des Finances/Service des fournisseurs (facturation)","HVS.17N","Forfait S3 HVS Sion - Malévoz","Trajet simple nuit (20h00-08h00) ou dimanches et jours fériés",1,1029,null,1029]
[4393,"2022-02-11",876,"2830613/2",17267,3,"Ambulance Clerc","Uvrier","S3","2022-02-06T19:09:37+01:00","2022-02-06T21:38:47+01:00","Hôpital de Sion","Avenue du Grand-Champsec",80,null,1950,"Sion","CH","Suisse",92,"Privée","Hôpital de Viège","Pflanzettastrasse",10,null,3930,"Visp","CH","Suisse","False","VS22003852","Maladie","Féminin","Darling","Angela","1961-01-09","South Victoria Terrace",7,"Nothumberland","NE69 7BU ","Bamburgh","GB","Royaume-Uni",null,2,101,"Établissement",null,null,null,"Avenue Grand-Champsec",86,"Case postale 696",1951,"Sion","CH","Suisse","Hôpital du Valais - Direction des Finances/Service des fournisseurs (facturation)","HVS.15N","Forfait S3 HVS Sion - SZO Visp","Trajet simple nuit (20h00-08h00) ou dimanches et jours fériés",1,876,null,876]
[4394,"2022-02-11",660,"2126357/14",17282,3,"Ambulance Clerc","Uvrier","S3","2022-02-07T02:37:19+01:00","2022-02-07T04:10:39+01:00","Hôpital de Martigny","Avenue de la Fusion",27,null,1920,"Martigny","CH","Suisse",70,"Privée","Hôpital de Sion","Avenue du Grand-Champsec",80,null,1950,"Sion","CH","Suisse","False","VS22003869","Maladie","Masculin","Carron","Jean","1963-11-25","La Crette",21,"Le Perrey",1921,"Martigny-Croix","CH","Suisse","Assura-Basis SA","2756.4040.3836.99",101,"Établissement",null,null,null,"Avenue Grand-Champsec",86,"Case postale 696",1951,"Sion","CH","Suisse","Hôpital du Valais - Direction des Finances/Service des fournisseurs (facturation)","HVS.31N","Forfait S3 HVS Martigny - HVS Sion","Trajet simple nuit (20h00-08h00) ou dimanches et jours fériés",1,660,null,660]
[4397,"2022-02-11",1370,null,17300,3,"Ambulance Clerc","Uvrier","S3","2022-02-07T10:16:28+01:00","2022-02-07T12:31:30+01:00","Clinique Saint-Amé","Vers Saint-Amé",10,null,1890,"St-Maurice","CH","Suisse",120,"Privée","Foyer St-Joseph","Montée du Château",23,null,3960,"Sierre","CH","Suisse","False","VS22003887","Maladie","Masculin","Petitjean","Michel","1944-08-02","Route de Loye",7,null,3979,"Grône","CH","Suisse","CSS Kranken- Versicherung AG","2756.2319.5330.28",2,"Personne","Féminin","Petitjean","Solange","Route de Loye",7,null,3979,"Grône","CH","Suisse",null,"CLN.9403 ","Taxe de base transport S3",null,1,200,null,200]
[4397,"2022-02-11",1370,null,17300,3,"Ambulance Clerc","Uvrier","S3","2022-02-07T10:16:28+01:00","2022-02-07T12:31:30+01:00","Clinique Saint-Amé","Vers Saint-Amé",10,null,1890,"St-Maurice","CH","Suisse",120,"Privée","Foyer St-Joseph","Montée du Château",23,null,3960,"Sierre","CH","Suisse","False","VS22003887","Maladie","Masculin","Petitjean","Michel","1944-08-02","Route de Loye",7,null,3979,"Grône","CH","Suisse","CSS Kranken- Versicherung AG","2756.2319.5330.28",2,"Personne","Féminin","Petitjean","Solange","Route de Loye",7,null,3979,"Grône","CH","Suisse",null,"CLN.9404","Indemnisation kilométrique",null,120,4.5,"km",540]
[4397,"2022-02-11",1370,null,17300,3,"Ambulance Clerc","Uvrier","S3","2022-02-07T10:16:28+01:00","2022-02-07T12:31:30+01:00","Clinique Saint-Amé","Vers Saint-Amé",10,null,1890,"St-Maurice","CH","Suisse",120,"Privée","Foyer St-Joseph","Montée du Château",23,null,3960,"Sierre","CH","Suisse","False","VS22003887","Maladie","Masculin","Petitjean","Michel","1944-08-02","Route de Loye",7,null,3979,"Grône","CH","Suisse","CSS Kranken- Versicherung AG","2756.2319.5330.28",2,"Personne","Féminin","Petitjean","Solange","Route de Loye",7,null,3979,"Grône","CH","Suisse",null,"CLN.9411","Personnel soignant reconnu (par personne et par quart d'heure entamé)","2 collaborateur(s) x 9 quarts d’heure",18,35,"¼ d'heure",630]
[4400,"2022-02-11",440,"2084128/42",17314,3,"Ambulance Clerc","Uvrier","S3","2022-02-07T13:47:48+01:00","2022-02-07T15:35:27+01:00","Hôpital de Sion","Avenue du Grand-Champsec",80,null,1950,"Sion","CH","Suisse",70,"Privée","Hôpital de Martigny","Avenue de la Fusion",27,null,1920,"Martigny","CH","Suisse","False","VS22003902","Maladie","Masculin","Solioz","Herbert","1932-11-04","Rue de la Laiterie",1,null,3966,"Chalais","CH","Suisse","Helsana Assurances SA","2756.5033.8690.60",101,"Établissement",null,null,null,"Avenue Grand-Champsec",86,"Case postale 696",1951,"Sion","CH","Suisse","Hôpital du Valais - Direction des Finances/Service des fournisseurs (facturation)","HVS.13J","Forfait S3 HVS Sion - HVS Martigny","Trajet simple journée (08h00-20h00)",1,440,null,440]
[4401,"2022-02-11",350,"2267058/28",17331,3,"Ambulance Clerc","Uvrier","S3","2022-02-07T16:17:40+01:00","2022-02-07T17:35:13+01:00","Hôpital de Sion","Avenue du Grand-Champsec",80,null,1950,"Sion","CH","Suisse",30,"Privée","Hôpital de Sierre","Rue Saint-Charles",14,null,3960,"Sierre","CH","Suisse","False","VS22003920","Maladie","Féminin","Dos Reis Rime","Eliane","1958-03-09","Rue du Bourg",9,null,1913,"Saillon","CH","Suisse","Assura-Basis SA","2756.2371.1559.61",101,"Établissement",null,null,null,"Avenue Grand-Champsec",86,"Case postale 696",1951,"Sion","CH","Suisse","Hôpital du Valais - Direction des Finances/Service des fournisseurs (facturation)","HVS.12J","Forfait S3 HVS Sion - HVS Sierre","Trajet simple journée (08h00-20h00)",1,350,null,350]
[4402,"2022-02-11",686,"2058741/24",17350,3,"Ambulance Clerc","Uvrier","S3","2022-02-07T19:54:04+01:00","2022-02-07T21:59:34+01:00","Hôpital de Sion","Avenue du Grand-Champsec",80,null,1950,"Sion","CH","Suisse",110,"Privée","Hôpital de Malévoz","Route de Morgins",10,null,1870,"Monthey","CH","Suisse","False","VS22003942","Maladie","Masculin","Zufferey","Albert","2000-07-31","Route Cantonale",80,null,3971,"Chermignon","CH","Suisse","Easy Sana Assurance Maladie SA","2756.0391.7227.50",101,"Établissement",null,null,null,"Avenue Grand-Champsec",86,"Case postale 696",1951,"Sion","CH","Suisse","Hôpital du Valais - Direction des Finances/Service des fournisseurs (facturation)","HVS.17J","Forfait S3 HVS Sion - Malévoz","Trajet simple journée (08h00-20h00)",1,686,null,686]
[4408,"2022-02-11",436,null,17084,3,"Ambulance Clerc","Uvrier","S3","2022-02-05T01:08:42+01:00","2022-02-05T02:10:28+01:00","Hôpital Riviera-Chablais (HRC)","Route du Vieux-Séquoia",20,null,1847,"Rennaz","CH","Suisse",35,"Privée","Résidence La Charmaie","Place Sous l'Eglise",3,null,1893,"Muraz (Collombey)","CH","Suisse","False","VS22003654","Maladie","Féminin","Perret-Gentil","Marianne","1924-06-06","Place Sous l'Eglise",3,"Home Résidence la Charmaie",1893,"Muraz (Collombey)","CH","Suisse","CSS Kranken- Versicherung AG","2756.0969.0578.57",2,"Personne","Féminin","Perret-Gentil","Marianne","Place Sous l'Eglise",3,"Home Résidence la Charmaie",1893,"Muraz (Collombey)","CH","Suisse",null,47073,"Intervention programmée","Taxe de base pour 1h de service et 30 km roulés ",1,412,null,412]
[4408,"2022-02-11",436,null,17084,3,"Ambulance Clerc","Uvrier","S3","2022-02-05T01:08:42+01:00","2022-02-05T02:10:28+01:00","Hôpital Riviera-Chablais (HRC)","Route du Vieux-Séquoia",20,null,1847,"Rennaz","CH","Suisse",35,"Privée","Résidence La Charmaie","Place Sous l'Eglise",3,null,1893,"Muraz (Collombey)","CH","Suisse","False","VS22003654","Maladie","Féminin","Perret-Gentil","Marianne","1924-06-06","Place Sous l'Eglise",3,"Home Résidence la Charmaie",1893,"Muraz (Collombey)","CH","Suisse","CSS Kranken- Versicherung AG","2756.0969.0578.57",2,"Personne","Féminin","Perret-Gentil","Marianne","Place Sous l'Eglise",3,"Home Résidence la Charmaie",1893,"Muraz (Collombey)","CH","Suisse",null,47075,"Indemnisation kilométrique","5 km suppl. à CHF 4.80/km",5,4.8,"km",24]
[4420,"2022-02-11",525,"2830534/1",17204,3,"Ambulance Clerc","Uvrier","S3","2022-02-06T10:23:05+01:00","2022-02-06T12:19:11+01:00","Hôpital de Martigny","Avenue de la Fusion",27,null,1920,"Martigny","CH","Suisse",112,"Privée","Hôpital de Malévoz","Route de Morgins",10,null,1870,"Monthey","CH","Suisse","False","VS22003786","Maladie","Masculin","Firmenich","Adrien","1994-04-05","Route de la Marlène",74,null,1936,"Verbier","CH","Suisse","Assura-Basis SA","2756.9528.0416.10",101,"Établissement",null,null,null,"Avenue Grand-Champsec",86,"Case postale 696",1951,"Sion","CH","Suisse","Hôpital du Valais - Direction des Finances/Service des fournisseurs (facturation)","HVS.37N","Forfait S3 HVS Martigny - Malévoz","Trajet simple nuit (20h00-08h00) ou dimanches et jours fériés",1,525,null,525]
[4424,"2022-02-11",683,"Intervention OCVS no 030987",17375,3,"Ambulance Clerc","Uvrier","P3","2022-02-08T09:32:34+01:00","2022-02-08T10:53:29+01:00",null,"Rue de Mazerette",12,null,1950,"Sion","CH","Suisse",14,"Privée","EMS Gravelone","Chemin de Gravelone",1,null,1950,"Sion","CH","Suisse","False","VS22003971","Maladie","Masculin","Cusin","Raymond","1932-02-03","Rue de Mazerette",12,null,1950,"Sion","CH","Suisse","SWICA Krankenversicherung","2756.7923.0008.81",2,"Personne","Masculin","Cusin","Raymond","Rue de Mazerette",12,null,1950,"Sion","CH","Suisse",null,9403,"Taxe de base transport P3",null,1,200,null,200]
[4424,"2022-02-11",683,"Intervention OCVS no 030987",17375,3,"Ambulance Clerc","Uvrier","P3","2022-02-08T09:32:34+01:00","2022-02-08T10:53:29+01:00",null,"Rue de Mazerette",12,null,1950,"Sion","CH","Suisse",14,"Privée","EMS Gravelone","Chemin de Gravelone",1,null,1950,"Sion","CH","Suisse","False","VS22003971","Maladie","Masculin","Cusin","Raymond","1932-02-03","Rue de Mazerette",12,null,1950,"Sion","CH","Suisse","SWICA Krankenversicherung","2756.7923.0008.81",2,"Personne","Masculin","Cusin","Raymond","Rue de Mazerette",12,null,1950,"Sion","CH","Suisse",null,9404,"Indemnisation kilométrique",null,14,4.5,"km",63]
[4424,"2022-02-11",683,"Intervention OCVS no 030987",17375,3,"Ambulance Clerc","Uvrier","P3","2022-02-08T09:32:34+01:00","2022-02-08T10:53:29+01:00",null,"Rue de Mazerette",12,null,1950,"Sion","CH","Suisse",14,"Privée","EMS Gravelone","Chemin de Gravelone",1,null,1950,"Sion","CH","Suisse","False","VS22003971","Maladie","Masculin","Cusin","Raymond","1932-02-03","Rue de Mazerette",12,null,1950,"Sion","CH","Suisse","SWICA Krankenversicherung","2756.7923.0008.81",2,"Personne","Masculin","Cusin","Raymond","Rue de Mazerette",12,null,1950,"Sion","CH","Suisse",null,9411,"Personnel soignant reconnu (par personne et par quart d'heure entamé)",null,12,35,"¼ d'heure",420]
[4426,"2022-02-11",440,"2006426/32",17391,3,"Ambulance Clerc","Uvrier","S3","2022-02-08T11:33:33+01:00","2022-02-08T13:26:45+01:00","Hôpital de Sion","Avenue du Grand-Champsec",80,null,1950,"Sion","CH","Suisse",70,"Privée","Hôpital de Martigny","Avenue de la Fusion",27,null,1920,"Martigny","CH","Suisse","False","VS22003987","Maladie","Féminin","Pralong Despont","Simone","1925-03-16","Rue du Rawil",45,null,1950,"Sion","CH","Suisse","CSS Kranken- Versicherung AG","2756.6981.3098.06",101,"Établissement",null,null,null,"Avenue Grand-Champsec",86,"Case postale 696",1951,"Sion","CH","Suisse","Hôpital du Valais - Direction des Finances/Service des fournisseurs (facturation)","HVS.13J","Forfait S3 HVS Sion - HVS Martigny","Trajet simple journée (08h00-20h00)",1,440,null,440]
[4428,"2022-02-11",780,"2477418/8",17411,3,"Ambulance Clerc","Uvrier","S3","2022-02-08T13:28:41+01:00","2022-02-08T16:02:43+01:00","Hôpital de Sion","Avenue du Grand-Champsec",80,null,1950,"Sion","CH","Suisse",128,"Privée","Hôpital Riviera-Chablais (HRC)","Route du Vieux-Séquoia",20,null,1847,"Rennaz","CH","Suisse","False","VS22004008","Maladie","Masculin","De Bruin ","Ian","1954-02-13","Chemin de la Choume",5,null,1890,"St-Maurice","CH","Suisse","Avenir Assurance Maladie SA","2756.0817.7044.76",101,"Établissement",null,null,null,"Avenue Grand-Champsec",86,"Case postale 696",1951,"Sion","CH","Suisse","Hôpital du Valais - Direction des Finances/Service des fournisseurs (facturation)","HVS.111J","Forfait S3 HVS Sion - HRC Rennaz","Trajet simple journée (08h00-20h00)",1,780,null,780]
[4429,"2022-02-11",440,"2814818/2",17430,3,"Ambulance Clerc","Uvrier","S3","2022-02-08T16:04:41+01:00","2022-02-08T17:24:21+01:00","Hôpital de Martigny","Avenue de la Fusion",27,null,1920,"Martigny","CH","Suisse",70,"Privée","Hôpital de Sion","Avenue du Grand-Champsec",80,null,1950,"Sion","CH","Suisse","False","VS22004030","Maladie","Féminin","Kneubühl","Daniela","1967-02-09","Schiffenen",15,"Case postale 32",3186,"Düdingen","CH","Suisse","Sanitas Grundversicherungen AG","2756.5942.3879.83",101,"Établissement",null,null,null,"Avenue Grand-Champsec",86,"Case postale 696",1951,"Sion","CH","Suisse","Hôpital du Valais - Direction des Finances/Service des fournisseurs (facturation)","HVS.31J","Forfait S3 HVS Martigny - HVS Sion","Trajet simple journée (08h00-20h00)",1,440,null,440]
[4432,"2022-02-11",686,"2891060/01",17444,3,"Ambulance Clerc","Uvrier","S3","2022-02-08T17:45:32+01:00","2022-02-08T20:08:15+01:00","Hôpital de Sion","Avenue du Grand-Champsec",80,null,1950,"Sion","CH","Suisse",110,"Privée","Hôpital de Malévoz","Route de Morgins",10,null,1870,"Monthey","CH","Suisse","False","VS22004044","Maladie","Féminin","Maunaury  ","Erwanne Lucie Sarah ","1997-12-10","Avenue Robespierre ",44,null,17000,"Le Rochelle ","FR","France",null,2,101,"Établissement",null,null,null,"Avenue Grand-Champsec",86,"Case postale 696",1951,"Sion","CH","Suisse","Hôpital du Valais - Direction des Finances/Service des fournisseurs (facturation)","HVS.17J","Forfait S3 HVS Sion - Malévoz","Trajet simple journée (08h00-20h00)",1,686,null,686]
[4421,"2022-02-25",803,null,17465,3,"Ambulance Clerc","Monthey","P2","2022-02-09T05:35:34+01:00","2022-02-09T06:32:57+01:00",null,"Avenue du Crochetan","41B",null,1870,"Monthey","CH","Suisse",34,"Planification","Urgences psychiatriques (Fondation de Nant)","Route du Vieux-Séquoia",20,null,1847,"Rennaz","CH","Suisse","False","VS22004065","Maladie","Masculin","Selmani","Rexhep","1958-04-03","Avenue du Crochetan","41B",null,1870,"Monthey","CH","Suisse","Avenir Assurance Maladie SA","1756.5802.8396.76",1,"Personne","Masculin","Selmani","Rexhep","Avenue du Crochetan","41B",null,1870,"Monthey","CH","Suisse",null,9402,"Taxe de base transport P2",null,1,300,null,300]
[4421,"2022-02-25",803,null,17465,3,"Ambulance Clerc","Monthey","P2","2022-02-09T05:35:34+01:00","2022-02-09T06:32:57+01:00",null,"Avenue du Crochetan","41B",null,1870,"Monthey","CH","Suisse",34,"Planification","Urgences psychiatriques (Fondation de Nant)","Route du Vieux-Séquoia",20,null,1847,"Rennaz","CH","Suisse","False","VS22004065","Maladie","Masculin","Selmani","Rexhep","1958-04-03","Avenue du Crochetan","41B",null,1870,"Monthey","CH","Suisse","Avenir Assurance Maladie SA","1756.5802.8396.76",1,"Personne","Masculin","Selmani","Rexhep","Avenue du Crochetan","41B",null,1870,"Monthey","CH","Suisse",null,9404,"Indemnisation kilométrique",null,34,4.5,"km",153]
[4421,"2022-02-25",803,null,17465,3,"Ambulance Clerc","Monthey","P2","2022-02-09T05:35:34+01:00","2022-02-09T06:32:57+01:00",null,"Avenue du Crochetan","41B",null,1870,"Monthey","CH","Suisse",34,"Planification","Urgences psychiatriques (Fondation de Nant)","Route du Vieux-Séquoia",20,null,1847,"Rennaz","CH","Suisse","False","VS22004065","Maladie","Masculin","Selmani","Rexhep","1958-04-03","Avenue du Crochetan","41B",null,1870,"Monthey","CH","Suisse","Avenir Assurance Maladie SA","1756.5802.8396.76",1,"Personne","Masculin","Selmani","Rexhep","Avenue du Crochetan","41B",null,1870,"Monthey","CH","Suisse",null,9411,"Personnel soignant reconnu (par personne et par quart d'heure entamé)",null,8,35,"¼ d'heure",280]
[4421,"2022-02-25",803,null,17465,3,"Ambulance Clerc","Monthey","P2","2022-02-09T05:35:34+01:00","2022-02-09T06:32:57+01:00",null,"Avenue du Crochetan","41B",null,1870,"Monthey","CH","Suisse",34,"Planification","Urgences psychiatriques (Fondation de Nant)","Route du Vieux-Séquoia",20,null,1847,"Rennaz","CH","Suisse","False","VS22004065","Maladie","Masculin","Selmani","Rexhep","1958-04-03","Avenue du Crochetan","41B",null,1870,"Monthey","CH","Suisse","Avenir Assurance Maladie SA","1756.5802.8396.76",1,"Personne","Masculin","Selmani","Rexhep","Avenue du Crochetan","41B",null,1870,"Monthey","CH","Suisse",null,9431,"Supplément de nuit",null,1,70,null,70]
[4422,"2022-02-25",803,null,17478,3,"Ambulance Clerc","Monthey","P1","2022-02-09T10:06:13+01:00","2022-02-09T11:16:00+01:00",null,"Rue du Closillon",17,null,1870,"Monthey","CH","Suisse",34,"Planification","Hôpital Riviera-Chablais (HRC)","Route du Vieux-Séquoia",20,null,1847,"Rennaz","CH","Suisse","False","VS22004078","Maladie","Masculin","Yvan","Maye","1947-06-12","Avenue de l'Europe",43,null,1870,"Monthey","CH","Suisse","Helsana Assurances SA","1756.1820.3438.81",1,"Personne","Masculin","Yvan","Maye","Avenue de l'Europe",43,null,1870,"Monthey","CH","Suisse",null,9401,"Taxe de base sauvetage P1",null,1,300,null,300]
[4422,"2022-02-25",803,null,17478,3,"Ambulance Clerc","Monthey","P1","2022-02-09T10:06:13+01:00","2022-02-09T11:16:00+01:00",null,"Rue du Closillon",17,null,1870,"Monthey","CH","Suisse",34,"Planification","Hôpital Riviera-Chablais (HRC)","Route du Vieux-Séquoia",20,null,1847,"Rennaz","CH","Suisse","False","VS22004078","Maladie","Masculin","Yvan","Maye","1947-06-12","Avenue de l'Europe",43,null,1870,"Monthey","CH","Suisse","Helsana Assurances SA","1756.1820.3438.81",1,"Personne","Masculin","Yvan","Maye","Avenue de l'Europe",43,null,1870,"Monthey","CH","Suisse",null,9404,"Indemnisation kilométrique",null,34,4.5,"km",153]
[4422,"2022-02-25",803,null,17478,3,"Ambulance Clerc","Monthey","P1","2022-02-09T10:06:13+01:00","2022-02-09T11:16:00+01:00",null,"Rue du Closillon",17,null,1870,"Monthey","CH","Suisse",34,"Planification","Hôpital Riviera-Chablais (HRC)","Route du Vieux-Séquoia",20,null,1847,"Rennaz","CH","Suisse","False","VS22004078","Maladie","Masculin","Yvan","Maye","1947-06-12","Avenue de l'Europe",43,null,1870,"Monthey","CH","Suisse","Helsana Assurances SA","1756.1820.3438.81",1,"Personne","Masculin","Yvan","Maye","Avenue de l'Europe",43,null,1870,"Monthey","CH","Suisse",null,9411,"Personnel soignant reconnu (par personne et par quart d'heure entamé)",null,10,35,"¼ d'heure",350]
[4422,"2022-02-25",803,null,17478,3,"Ambulance Clerc","Monthey","P1","2022-02-09T10:06:13+01:00","2022-02-09T11:16:00+01:00",null,"Rue du Closillon",17,null,1870,"Monthey","CH","Suisse",34,"Planification","Hôpital Riviera-Chablais (HRC)","Route du Vieux-Séquoia",20,null,1847,"Rennaz","CH","Suisse","False","VS22004078","Maladie","Masculin","Yvan","Maye","1947-06-12","Avenue de l'Europe",43,null,1870,"Monthey","CH","Suisse","Helsana Assurances SA","1756.1820.3438.81",1,"Personne","Masculin","Yvan","Maye","Avenue de l'Europe",43,null,1870,"Monthey","CH","Suisse",null,9440,"Matériel - Prestation standard",null,1,0,null,0]
[4423,"2022-02-25",1302,null,17485,3,"Ambulance Clerc","Monthey","P1","2022-02-09T10:37:00+01:00","2022-02-09T12:19:01+01:00","Schmidli SA","Route Boeuferrant-Nord",13,null,1870,"Monthey","CH","Suisse",96,"Planification","CHUV Hôpital universitaire de Lausanne","Rue du Bugnon",46,"Centre de la main",1006,"Lausanne","CH","Suisse","False","VS22004086","Accident","Masculin","Ruiz Crespo","Jose Maria","1996-10-03","Chemin des Condémines",3,null,1890,"St-Maurice","CH","Suisse","SUVA  ",1,121,"Établissement",null,null,null,"Postfach",null,null,6009,"Luzern","CH","Suisse","Suva Sion - Service Center","VS.9501","Taxe de base sauvetage P1",null,1,300,null,300]
[4423,"2022-02-25",1302,null,17485,3,"Ambulance Clerc","Monthey","P1","2022-02-09T10:37:00+01:00","2022-02-09T12:19:01+01:00","Schmidli SA","Route Boeuferrant-Nord",13,null,1870,"Monthey","CH","Suisse",96,"Planification","CHUV Hôpital universitaire de Lausanne","Rue du Bugnon",46,"Centre de la main",1006,"Lausanne","CH","Suisse","False","VS22004086","Accident","Masculin","Ruiz Crespo","Jose Maria","1996-10-03","Chemin des Condémines",3,null,1890,"St-Maurice","CH","Suisse","SUVA  ",1,121,"Établissement",null,null,null,"Postfach",null,null,6009,"Luzern","CH","Suisse","Suva Sion - Service Center","VS.9504","Indemnisation kilométrique",null,96,4.5,"km",432]
[4423,"2022-02-25",1302,null,17485,3,"Ambulance Clerc","Monthey","P1","2022-02-09T10:37:00+01:00","2022-02-09T12:19:01+01:00","Schmidli SA","Route Boeuferrant-Nord",13,null,1870,"Monthey","CH","Suisse",96,"Planification","CHUV Hôpital universitaire de Lausanne","Rue du Bugnon",46,"Centre de la main",1006,"Lausanne","CH","Suisse","False","VS22004086","Accident","Masculin","Ruiz Crespo","Jose Maria","1996-10-03","Chemin des Condémines",3,null,1890,"St-Maurice","CH","Suisse","SUVA  ",1,121,"Établissement",null,null,null,"Postfach",null,null,6009,"Luzern","CH","Suisse","Suva Sion - Service Center","VS.9511","Personnel soignant reconnu (par personne et par quart d'heure entamé)",null,14,35,"¼ d'heure",490]
[4423,"2022-02-25",1302,null,17485,3,"Ambulance Clerc","Monthey","P1","2022-02-09T10:37:00+01:00","2022-02-09T12:19:01+01:00","Schmidli SA","Route Boeuferrant-Nord",13,null,1870,"Monthey","CH","Suisse",96,"Planification","CHUV Hôpital universitaire de Lausanne","Rue du Bugnon",46,"Centre de la main",1006,"Lausanne","CH","Suisse","False","VS22004086","Accident","Masculin","Ruiz Crespo","Jose Maria","1996-10-03","Chemin des Condémines",3,null,1890,"St-Maurice","CH","Suisse","SUVA  ",1,121,"Établissement",null,null,null,"Postfach",null,null,6009,"Luzern","CH","Suisse","Suva Sion - Service Center","VS.9541","Matériel - Prestation standard élargie",null,1,80,null,80]
[4425,"2022-02-25",1108.5,null,17520,3,"Ambulance Clerc","Monthey","P1","2022-02-09T15:06:54+01:00","2022-02-09T16:53:13+01:00",null,"Route du Stand",1,null,1873,"Val-d'Illiez","CH","Suisse",53,"Planification","Hôpital Riviera-Chablais (HRC)","Route du Vieux-Séquoia",20,null,1847,"Rennaz","CH","Suisse","False","VS22004123","Maladie","Masculin","Antony","Richard","1950-05-10","Route du Stand",1,null,1873,"Val-d'Illiez","CH","Suisse","Arcosana AG","1756.5703.5628.71",1,"Personne","Masculin","Antony","Richard","Route du Stand",1,null,1873,"Val-d'Illiez","CH","Suisse",null,9401,"Taxe de base sauvetage P1",null,1,300,null,300]
[4425,"2022-02-25",1108.5,null,17520,3,"Ambulance Clerc","Monthey","P1","2022-02-09T15:06:54+01:00","2022-02-09T16:53:13+01:00",null,"Route du Stand",1,null,1873,"Val-d'Illiez","CH","Suisse",53,"Planification","Hôpital Riviera-Chablais (HRC)","Route du Vieux-Séquoia",20,null,1847,"Rennaz","CH","Suisse","False","VS22004123","Maladie","Masculin","Antony","Richard","1950-05-10","Route du Stand",1,null,1873,"Val-d'Illiez","CH","Suisse","Arcosana AG","1756.5703.5628.71",1,"Personne","Masculin","Antony","Richard","Route du Stand",1,null,1873,"Val-d'Illiez","CH","Suisse",null,9404,"Indemnisation kilométrique",null,53,4.5,"km",238.5]
[4425,"2022-02-25",1108.5,null,17520,3,"Ambulance Clerc","Monthey","P1","2022-02-09T15:06:54+01:00","2022-02-09T16:53:13+01:00",null,"Route du Stand",1,null,1873,"Val-d'Illiez","CH","Suisse",53,"Planification","Hôpital Riviera-Chablais (HRC)","Route du Vieux-Séquoia",20,null,1847,"Rennaz","CH","Suisse","False","VS22004123","Maladie","Masculin","Antony","Richard","1950-05-10","Route du Stand",1,null,1873,"Val-d'Illiez","CH","Suisse","Arcosana AG","1756.5703.5628.71",1,"Personne","Masculin","Antony","Richard","Route du Stand",1,null,1873,"Val-d'Illiez","CH","Suisse",null,9411,"Personnel soignant reconnu (par personne et par quart d'heure entamé)",null,14,35,"¼ d'heure",490]
[4425,"2022-02-25",1108.5,null,17520,3,"Ambulance Clerc","Monthey","P1","2022-02-09T15:06:54+01:00","2022-02-09T16:53:13+01:00",null,"Route du Stand",1,null,1873,"Val-d'Illiez","CH","Suisse",53,"Planification","Hôpital Riviera-Chablais (HRC)","Route du Vieux-Séquoia",20,null,1847,"Rennaz","CH","Suisse","False","VS22004123","Maladie","Masculin","Antony","Richard","1950-05-10","Route du Stand",1,null,1873,"Val-d'Illiez","CH","Suisse","Arcosana AG","1756.5703.5628.71",1,"Personne","Masculin","Antony","Richard","Route du Stand",1,null,1873,"Val-d'Illiez","CH","Suisse",null,9441,"Matériel - Prestation standard élargie",null,1,80,null,80]
[4427,"2022-02-25",400,null,17529,3,"Ambulance Clerc","Monthey","S3","2022-02-09T16:17:41+01:00","2022-02-09T18:15:11+01:00","Hôpital Riviera-Chablais (HRC)","Route du Vieux-Séquoia",20,null,1847,"Rennaz","CH","Suisse",61,"Privée","Fondation de Nant - Comptabilité (facturation)","Route de Nant",null,null,1804,"Corsier-sur-Vevey","CH","Suisse","False","VS22004132","Maladie","Masculin","Joly","Roland","1953-01-23","Rue des Marronniers","15B",null,1800,"Vevey","CH","Suisse","Philos Assurance Maladie SA","2756.0519.6128.33",100,"Établissement",null,null,null,"Route du Vieux-Séquoia",20,null,1847,"Rennaz","CH","Suisse","Hôpital Riviera-Chablais Vaud-Valais - Fournisseurs (facturation)","HRC.111J","Forfait S3 Rennaz - Fondation de Nant","Trajet simple journée (07h00-19h00)",1,400,null,400]
[4430,"2022-02-25",798.5,null,17534,3,"Ambulance Clerc","Monthey","P2","2022-02-09T16:54:24+01:00","2022-02-09T18:07:27+01:00","Maison Santé Chablais","Chemin du Verger",3,null,1868,"Collombey","CH","Suisse",33,"Planification","Hôpital Riviera-Chablais (HRC)","Route du Vieux-Séquoia",20,null,1847,"Rennaz","CH","Suisse","False","VS22004137","Maladie","Féminin","Laurencet","Rosa","1952-09-28","Avenue de la Gare","59B",null,1870,"Monthey","CH","Suisse","Arcosana AG","1756.6321.0975.92",1,"Personne","Féminin","Laurencet","Rosa","Avenue de la Gare","59B",null,1870,"Monthey","CH","Suisse",null,9402,"Taxe de base transport P2",null,1,300,null,300]
[4430,"2022-02-25",798.5,null,17534,3,"Ambulance Clerc","Monthey","P2","2022-02-09T16:54:24+01:00","2022-02-09T18:07:27+01:00","Maison Santé Chablais","Chemin du Verger",3,null,1868,"Collombey","CH","Suisse",33,"Planification","Hôpital Riviera-Chablais (HRC)","Route du Vieux-Séquoia",20,null,1847,"Rennaz","CH","Suisse","False","VS22004137","Maladie","Féminin","Laurencet","Rosa","1952-09-28","Avenue de la Gare","59B",null,1870,"Monthey","CH","Suisse","Arcosana AG","1756.6321.0975.92",1,"Personne","Féminin","Laurencet","Rosa","Avenue de la Gare","59B",null,1870,"Monthey","CH","Suisse",null,9404,"Indemnisation kilométrique",null,33,4.5,"km",148.5]
[4430,"2022-02-25",798.5,null,17534,3,"Ambulance Clerc","Monthey","P2","2022-02-09T16:54:24+01:00","2022-02-09T18:07:27+01:00","Maison Santé Chablais","Chemin du Verger",3,null,1868,"Collombey","CH","Suisse",33,"Planification","Hôpital Riviera-Chablais (HRC)","Route du Vieux-Séquoia",20,null,1847,"Rennaz","CH","Suisse","False","VS22004137","Maladie","Féminin","Laurencet","Rosa","1952-09-28","Avenue de la Gare","59B",null,1870,"Monthey","CH","Suisse","Arcosana AG","1756.6321.0975.92",1,"Personne","Féminin","Laurencet","Rosa","Avenue de la Gare","59B",null,1870,"Monthey","CH","Suisse",null,9411,"Personnel soignant reconnu (par personne et par quart d'heure entamé)",null,10,35,"¼ d'heure",350]
[4430,"2022-02-25",798.5,null,17534,3,"Ambulance Clerc","Monthey","P2","2022-02-09T16:54:24+01:00","2022-02-09T18:07:27+01:00","Maison Santé Chablais","Chemin du Verger",3,null,1868,"Collombey","CH","Suisse",33,"Planification","Hôpital Riviera-Chablais (HRC)","Route du Vieux-Séquoia",20,null,1847,"Rennaz","CH","Suisse","False","VS22004137","Maladie","Féminin","Laurencet","Rosa","1952-09-28","Avenue de la Gare","59B",null,1870,"Monthey","CH","Suisse","Arcosana AG","1756.6321.0975.92",1,"Personne","Féminin","Laurencet","Rosa","Avenue de la Gare","59B",null,1870,"Monthey","CH","Suisse",null,9440,"Matériel - Prestation standard",null,1,0,null,0]
[4431,"2022-02-25",527.20000000000005,null,17549,3,"Ambulance Clerc","Monthey","P3","2022-02-09T21:33:51+01:00","2022-02-09T22:45:16+01:00","Hôpital Riviera-Chablais (HRC)","Route du Vieux-Séquoia",20,null,1847,"Rennaz","CH","Suisse",54,"Planification","EMS Joli-Bois","Route de Joli-Bois",10,null,1832,"Chamby","CH","Suisse","False","VS22004154","Maladie","Féminin","Richoz","Michelle","1947-12-10","Route de Joli Bois",10,"EMS Joli-Bois",1832,"Chamby","CH","Suisse","SUPRA-1846 SA","2756.9239.5269.49",1,"Personne","Féminin","Richoz","Michelle","Route de Joli Bois",10,"EMS Joli-Bois",1832,"Chamby","CH","Suisse",null,47073,"Intervention programmée",null,1,412,null,412]
[4431,"2022-02-25",527.20000000000005,null,17549,3,"Ambulance Clerc","Monthey","P3","2022-02-09T21:33:51+01:00","2022-02-09T22:45:16+01:00","Hôpital Riviera-Chablais (HRC)","Route du Vieux-Séquoia",20,null,1847,"Rennaz","CH","Suisse",54,"Planification","EMS Joli-Bois","Route de Joli-Bois",10,null,1832,"Chamby","CH","Suisse","False","VS22004154","Maladie","Féminin","Richoz","Michelle","1947-12-10","Route de Joli Bois",10,"EMS Joli-Bois",1832,"Chamby","CH","Suisse","SUPRA-1846 SA","2756.9239.5269.49",1,"Personne","Féminin","Richoz","Michelle","Route de Joli Bois",10,"EMS Joli-Bois",1832,"Chamby","CH","Suisse",null,47075,"Indemnisation kilométrique",null,24,4.8,"km",115.2]
[4433,"2022-02-25",3024,null,17555,3,"Ambulance Clerc","Monthey","S3","2022-02-10T00:23:03+01:00","2022-02-10T05:30:32+01:00","Hôpital Riviera-Chablais (HRC)","Route du Vieux-Séquoia",20,null,1847,"Rennaz","CH","Suisse",378,"Privée","Kantonsspital Aarau","Tellstrasse",25,null,5001,"Aarau 1","CH","Suisse","False","VS22004160","Accident","Masculin","Hongler Riescher","Andreas","1966-10-27","Tannenweg",10,null,5035,"Unterentfelden","CH","Suisse","EGK",2,1,"Personne","Masculin","Hongler Riescher","Andreas","Tannenweg",10,null,5035,"Unterentfelden","CH","Suisse",null,"FKM8","Forfait kilométrique",null,378,8,"km",3024]
[4433,"2022-02-25",3024,null,17555,3,"Ambulance Clerc","Monthey","S3","2022-02-10T00:23:03+01:00","2022-02-10T05:30:32+01:00","Hôpital Riviera-Chablais (HRC)","Route du Vieux-Séquoia",20,null,1847,"Rennaz","CH","Suisse",378,"Privée","Kantonsspital Aarau","Tellstrasse",25,null,5001,"Aarau 1","CH","Suisse","False","VS22004160","Accident","Masculin","Hongler Riescher","Andreas","1966-10-27","Tannenweg",10,null,5035,"Unterentfelden","CH","Suisse","EGK",2,1,"Personne","Masculin","Hongler Riescher","Andreas","Tannenweg",10,null,5035,"Unterentfelden","CH","Suisse",null,null,"Facture adressée au patient en conformité de l'art. 33, lettre g de l'ordonnance sur l'assurance maladie car transfert effectué à sa demande pour convenance personnelle"]
[4434,"2022-02-25",831,null,17564,3,"Ambulance Clerc","Monthey","S3","2022-02-10T07:47:27+01:00","2022-02-10T11:40:00+01:00","Hôpital Riviera-Chablais (HRC)","Route du Vieux-Séquoia",20,null,1847,"Rennaz","CH","Suisse",100,"Privée","CHUV Hôpital universitaire de Lausanne","Rue du Bugnon",46,null,1006,"Lausanne","CH","Suisse","False","VS22004169","Maladie","Masculin","Maloku","Amin","2022-02-07","Rue des Follaterres",62,null,1920,"Martigny","CH","Suisse","Arcosana AG",2,100,"Établissement",null,null,null,"Route du Vieux-Séquoia",20,null,1847,"Rennaz","CH","Suisse","Hôpital Riviera-Chablais Vaud-Valais - Fournisseurs (facturation)","HRC.110JAR","Forfait S3 Rennaz - CHUV ","Trajet aller-retour journée (07h00-19h00)",1,831,null,831]
[4434,"2022-02-25",831,null,17564,3,"Ambulance Clerc","Monthey","S3","2022-02-10T07:47:27+01:00","2022-02-10T11:40:00+01:00","Hôpital Riviera-Chablais (HRC)","Route du Vieux-Séquoia",20,null,1847,"Rennaz","CH","Suisse",100,"Privée","CHUV Hôpital universitaire de Lausanne","Rue du Bugnon",46,null,1006,"Lausanne","CH","Suisse","False","VS22004169","Maladie","Masculin","Maloku","Amin","2022-02-07","Rue des Follaterres",62,null,1920,"Martigny","CH","Suisse","Arcosana AG",2,100,"Établissement",null,null,null,"Route du Vieux-Séquoia",20,null,1847,"Rennaz","CH","Suisse","Hôpital Riviera-Chablais Vaud-Valais - Fournisseurs (facturation)",null,"Y compris 1h10 d'attente au CHUV avant retour sur Rennaz"]
[4435,"2022-02-25",728.5,null,17589,3,"Ambulance Clerc","Monthey","P2","2022-02-10T12:06:23+01:00","2022-02-10T13:07:58+01:00",null,"Chemin d'Arche",49,null,1870,"Monthey","CH","Suisse",33,"Planification","Hôpital Riviera-Chablais (HRC)","Route du Vieux-Séquoia",20,null,1847,"Rennaz","CH","Suisse","False","VS22004194","Accident","Masculin","Peneveyre","Nathan","2012-07-26","Chemin d'Arche","61B",null,1870,"Monthey","CH","Suisse","EGK Grundversicherungen AG","1756.7823.4342.36",1,"Personne","Masculin","Peneveyre","Jonathan","Chemin d'Arche","61B",null,1870,"Monthey","CH","Suisse",null,9402,"Taxe de base transport P2",null,1,300,null,300]
[4435,"2022-02-25",728.5,null,17589,3,"Ambulance Clerc","Monthey","P2","2022-02-10T12:06:23+01:00","2022-02-10T13:07:58+01:00",null,"Chemin d'Arche",49,null,1870,"Monthey","CH","Suisse",33,"Planification","Hôpital Riviera-Chablais (HRC)","Route du Vieux-Séquoia",20,null,1847,"Rennaz","CH","Suisse","False","VS22004194","Accident","Masculin","Peneveyre","Nathan","2012-07-26","Chemin d'Arche","61B",null,1870,"Monthey","CH","Suisse","EGK Grundversicherungen AG","1756.7823.4342.36",1,"Personne","Masculin","Peneveyre","Jonathan","Chemin d'Arche","61B",null,1870,"Monthey","CH","Suisse",null,9404,"Indemnisation kilométrique",null,33,4.5,"km",148.5]
[4435,"2022-02-25",728.5,null,17589,3,"Ambulance Clerc","Monthey","P2","2022-02-10T12:06:23+01:00","2022-02-10T13:07:58+01:00",null,"Chemin d'Arche",49,null,1870,"Monthey","CH","Suisse",33,"Planification","Hôpital Riviera-Chablais (HRC)","Route du Vieux-Séquoia",20,null,1847,"Rennaz","CH","Suisse","False","VS22004194","Accident","Masculin","Peneveyre","Nathan","2012-07-26","Chemin d'Arche","61B",null,1870,"Monthey","CH","Suisse","EGK Grundversicherungen AG","1756.7823.4342.36",1,"Personne","Masculin","Peneveyre","Jonathan","Chemin d'Arche","61B",null,1870,"Monthey","CH","Suisse",null,9411,"Personnel soignant reconnu (par personne et par quart d'heure entamé)",null,8,35,"¼ d'heure",280]
[4435,"2022-02-25",728.5,null,17589,3,"Ambulance Clerc","Monthey","P2","2022-02-10T12:06:23+01:00","2022-02-10T13:07:58+01:00",null,"Chemin d'Arche",49,null,1870,"Monthey","CH","Suisse",33,"Planification","Hôpital Riviera-Chablais (HRC)","Route du Vieux-Séquoia",20,null,1847,"Rennaz","CH","Suisse","False","VS22004194","Accident","Masculin","Peneveyre","Nathan","2012-07-26","Chemin d'Arche","61B",null,1870,"Monthey","CH","Suisse","EGK Grundversicherungen AG","1756.7823.4342.36",1,"Personne","Masculin","Peneveyre","Jonathan","Chemin d'Arche","61B",null,1870,"Monthey","CH","Suisse",null,9440,"Matériel - Prestation standard",null,1,0,null,0]
[4436,"2022-02-25",1735,null,17601,3,"Ambulance Clerc","Monthey","P2","2022-02-10T13:40:16+01:00","2022-02-10T16:26:27+01:00","T-Resort","Rue de la Télécabine",7,null,1918,"La Tzoumaz","CH","Suisse",130,"Planification","Hôpital de Sion","Avenue du Grand-Champsec",80,null,1950,"Sion","CH","Suisse","False","VS22004211","Accident","Féminin","Schneyder","Hanna","2004-03-19","Imbirowa","6E",null,"02-797","Warszawa","PL","Pologne","Signal Irina 14722935",1,1,"Personne","Masculin","Schneyder","Robert","Imbirowa","6E",null,"02-797","Warszawa","CH","Suisse",null,9402,"Taxe de base transport P2",null,1,300,null,300]
[4436,"2022-02-25",1735,null,17601,3,"Ambulance Clerc","Monthey","P2","2022-02-10T13:40:16+01:00","2022-02-10T16:26:27+01:00","T-Resort","Rue de la Télécabine",7,null,1918,"La Tzoumaz","CH","Suisse",130,"Planification","Hôpital de Sion","Avenue du Grand-Champsec",80,null,1950,"Sion","CH","Suisse","False","VS22004211","Accident","Féminin","Schneyder","Hanna","2004-03-19","Imbirowa","6E",null,"02-797","Warszawa","PL","Pologne","Signal Irina 14722935",1,1,"Personne","Masculin","Schneyder","Robert","Imbirowa","6E",null,"02-797","Warszawa","CH","Suisse",null,9404,"Indemnisation kilométrique",null,130,4.5,"km",585]
[4436,"2022-02-25",1735,null,17601,3,"Ambulance Clerc","Monthey","P2","2022-02-10T13:40:16+01:00","2022-02-10T16:26:27+01:00","T-Resort","Rue de la Télécabine",7,null,1918,"La Tzoumaz","CH","Suisse",130,"Planification","Hôpital de Sion","Avenue du Grand-Champsec",80,null,1950,"Sion","CH","Suisse","False","VS22004211","Accident","Féminin","Schneyder","Hanna","2004-03-19","Imbirowa","6E",null,"02-797","Warszawa","PL","Pologne","Signal Irina 14722935",1,1,"Personne","Masculin","Schneyder","Robert","Imbirowa","6E",null,"02-797","Warszawa","CH","Suisse",null,9411,"Personnel soignant reconnu (par personne et par quart d'heure entamé)",null,22,35,"¼ d'heure",770]
[4436,"2022-02-25",1735,null,17601,3,"Ambulance Clerc","Monthey","P2","2022-02-10T13:40:16+01:00","2022-02-10T16:26:27+01:00","T-Resort","Rue de la Télécabine",7,null,1918,"La Tzoumaz","CH","Suisse",130,"Planification","Hôpital de Sion","Avenue du Grand-Champsec",80,null,1950,"Sion","CH","Suisse","False","VS22004211","Accident","Féminin","Schneyder","Hanna","2004-03-19","Imbirowa","6E",null,"02-797","Warszawa","PL","Pologne","Signal Irina 14722935",1,1,"Personne","Masculin","Schneyder","Robert","Imbirowa","6E",null,"02-797","Warszawa","CH","Suisse",null,9441,"Matériel - Prestation standard élargie",null,1,80,null,80]
[4437,"2022-02-25",1250.5,null,17604,3,"Ambulance Clerc","Monthey","P2","2022-02-10T14:06:37+01:00","2022-02-10T16:03:43+01:00","Poste de secours","Chemin du Tunnel",null,null,1873,"Les Crosets","CH","Suisse",69,"Planification","Hôpital Riviera-Chablais (HRC)","Route du Vieux-Séquoia",20,null,1847,"Rennaz","CH","Suisse","False","VS22004214","Accident","Féminin","Verjans","Christine","1994-10-19","Auf der Fuchskaul",67,"c/o Eissing",45149,"Essen","CH","Suisse","Envivas, Freie Heitfürsorge",null,null,"Personne","Féminin","Verjans","Christine","Auf der Fuchskaul",67,"c/o Eissing",45149,"Essen","CH","Suisse",null,"VS.9502","Taxe de base transport P2",null,1,300,null,300]
[4437,"2022-02-25",1250.5,null,17604,3,"Ambulance Clerc","Monthey","P2","2022-02-10T14:06:37+01:00","2022-02-10T16:03:43+01:00","Poste de secours","Chemin du Tunnel",null,null,1873,"Les Crosets","CH","Suisse",69,"Planification","Hôpital Riviera-Chablais (HRC)","Route du Vieux-Séquoia",20,null,1847,"Rennaz","CH","Suisse","False","VS22004214","Accident","Féminin","Verjans","Christine","1994-10-19","Auf der Fuchskaul",67,"c/o Eissing",45149,"Essen","CH","Suisse","Envivas, Freie Heitfürsorge",null,null,"Personne","Féminin","Verjans","Christine","Auf der Fuchskaul",67,"c/o Eissing",45149,"Essen","CH","Suisse",null,"VS.9504","Indemnisation kilométrique",null,69,4.5,"km",310.5]
[4437,"2022-02-25",1250.5,null,17604,3,"Ambulance Clerc","Monthey","P2","2022-02-10T14:06:37+01:00","2022-02-10T16:03:43+01:00","Poste de secours","Chemin du Tunnel",null,null,1873,"Les Crosets","CH","Suisse",69,"Planification","Hôpital Riviera-Chablais (HRC)","Route du Vieux-Séquoia",20,null,1847,"Rennaz","CH","Suisse","False","VS22004214","Accident","Féminin","Verjans","Christine","1994-10-19","Auf der Fuchskaul",67,"c/o Eissing",45149,"Essen","CH","Suisse","Envivas, Freie Heitfürsorge",null,null,"Personne","Féminin","Verjans","Christine","Auf der Fuchskaul",67,"c/o Eissing",45149,"Essen","CH","Suisse",null,"VS.9511","Personnel soignant reconnu (par personne et par quart d'heure entamé)",null,16,35,"¼ d'heure",560]
[4437,"2022-02-25",1250.5,null,17604,3,"Ambulance Clerc","Monthey","P2","2022-02-10T14:06:37+01:00","2022-02-10T16:03:43+01:00","Poste de secours","Chemin du Tunnel",null,null,1873,"Les Crosets","CH","Suisse",69,"Planification","Hôpital Riviera-Chablais (HRC)","Route du Vieux-Séquoia",20,null,1847,"Rennaz","CH","Suisse","False","VS22004214","Accident","Féminin","Verjans","Christine","1994-10-19","Auf der Fuchskaul",67,"c/o Eissing",45149,"Essen","CH","Suisse","Envivas, Freie Heitfürsorge",null,null,"Personne","Féminin","Verjans","Christine","Auf der Fuchskaul",67,"c/o Eissing",45149,"Essen","CH","Suisse",null,"VS.9541","Matériel - Prestation standard élargie",null,1,80,null,80]
[4438,"2022-02-25",555,null,17628,3,"Ambulance Clerc","Monthey","P2","2022-02-10T17:25:19+01:00","2022-02-10T18:05:34+01:00","Vieux Pont","Quai de la Vièze",1,null,1870,"Monthey","CH","Suisse",10,"Planification","Hôpital de Malévoz","Route de Morgins",10,null,1870,"Monthey","CH","Suisse","False","VS22004239","Maladie","Féminin","De Armas Lopes","Martha Marlenes","1967-02-06","Chemin des Semilles",19,null,1870,"Monthey","CH","Suisse","Avenir Assurance Maladie SA","1756.7488.0639.56",101,"Établissement",null,null,null,"Avenue Grand-Champsec",86,"Case postale 696",1951,"Sion","CH","Suisse","Hôpital du Valais - Direction des Finances/Service des fournisseurs (facturation)",null,"Fugue de Malévoz"]
[4438,"2022-02-25",555,null,17628,3,"Ambulance Clerc","Monthey","P2","2022-02-10T17:25:19+01:00","2022-02-10T18:05:34+01:00","Vieux Pont","Quai de la Vièze",1,null,1870,"Monthey","CH","Suisse",10,"Planification","Hôpital de Malévoz","Route de Morgins",10,null,1870,"Monthey","CH","Suisse","False","VS22004239","Maladie","Féminin","De Armas Lopes","Martha Marlenes","1967-02-06","Chemin des Semilles",19,null,1870,"Monthey","CH","Suisse","Avenir Assurance Maladie SA","1756.7488.0639.56",101,"Établissement",null,null,null,"Avenue Grand-Champsec",86,"Case postale 696",1951,"Sion","CH","Suisse","Hôpital du Valais - Direction des Finances/Service des fournisseurs (facturation)",9402,"Taxe de base transport P2",null,1,300,null,300]
[4438,"2022-02-25",555,null,17628,3,"Ambulance Clerc","Monthey","P2","2022-02-10T17:25:19+01:00","2022-02-10T18:05:34+01:00","Vieux Pont","Quai de la Vièze",1,null,1870,"Monthey","CH","Suisse",10,"Planification","Hôpital de Malévoz","Route de Morgins",10,null,1870,"Monthey","CH","Suisse","False","VS22004239","Maladie","Féminin","De Armas Lopes","Martha Marlenes","1967-02-06","Chemin des Semilles",19,null,1870,"Monthey","CH","Suisse","Avenir Assurance Maladie SA","1756.7488.0639.56",101,"Établissement",null,null,null,"Avenue Grand-Champsec",86,"Case postale 696",1951,"Sion","CH","Suisse","Hôpital du Valais - Direction des Finances/Service des fournisseurs (facturation)",9404,"Indemnisation kilométrique",null,10,4.5,"km",45]
[4438,"2022-02-25",555,null,17628,3,"Ambulance Clerc","Monthey","P2","2022-02-10T17:25:19+01:00","2022-02-10T18:05:34+01:00","Vieux Pont","Quai de la Vièze",1,null,1870,"Monthey","CH","Suisse",10,"Planification","Hôpital de Malévoz","Route de Morgins",10,null,1870,"Monthey","CH","Suisse","False","VS22004239","Maladie","Féminin","De Armas Lopes","Martha Marlenes","1967-02-06","Chemin des Semilles",19,null,1870,"Monthey","CH","Suisse","Avenir Assurance Maladie SA","1756.7488.0639.56",101,"Établissement",null,null,null,"Avenue Grand-Champsec",86,"Case postale 696",1951,"Sion","CH","Suisse","Hôpital du Valais - Direction des Finances/Service des fournisseurs (facturation)",9411,"Personnel soignant reconnu (par personne et par quart d'heure entamé)",null,6,35,"¼ d'heure",210]
[4439,"2022-02-25",1647.5,null,17467,3,"Ambulance Clerc","Uvrier","S3","2022-02-09T08:30:07+01:00","2022-02-09T11:30:28+01:00","Clinique Genevoise","Impasse Clairmont",2,null,3963,"Crans-Montana","CH","Suisse",135,"Privée","Clinique Saint-Amé","Vers Saint-Amé",10,null,1890,"St-Maurice","CH","Suisse","False","VS22004067","Maladie","Féminin","Pavignano De Gaudenzi","Grazia","1943-08-01","Rue de l'Envol",6,null,1950,"Sion","CH","Suisse","Helsana Assurances SA","2756.3261.8181.40",103,"Établissement",null,null,null,"Impasse Clairmont",2,null,3963,"Crans-Montana","CH","Suisse","Clinique Genevoise de Montana - Comptabilité (facturation)","CLN.9403 ","Taxe de base transport S3",null,1,200,null,200]
[4439,"2022-02-25",1647.5,null,17467,3,"Ambulance Clerc","Uvrier","S3","2022-02-09T08:30:07+01:00","2022-02-09T11:30:28+01:00","Clinique Genevoise","Impasse Clairmont",2,null,3963,"Crans-Montana","CH","Suisse",135,"Privée","Clinique Saint-Amé","Vers Saint-Amé",10,null,1890,"St-Maurice","CH","Suisse","False","VS22004067","Maladie","Féminin","Pavignano De Gaudenzi","Grazia","1943-08-01","Rue de l'Envol",6,null,1950,"Sion","CH","Suisse","Helsana Assurances SA","2756.3261.8181.40",103,"Établissement",null,null,null,"Impasse Clairmont",2,null,3963,"Crans-Montana","CH","Suisse","Clinique Genevoise de Montana - Comptabilité (facturation)","CLN.9404","Indemnisation kilométrique",null,135,4.5,"km",607.5]
[4439,"2022-02-25",1647.5,null,17467,3,"Ambulance Clerc","Uvrier","S3","2022-02-09T08:30:07+01:00","2022-02-09T11:30:28+01:00","Clinique Genevoise","Impasse Clairmont",2,null,3963,"Crans-Montana","CH","Suisse",135,"Privée","Clinique Saint-Amé","Vers Saint-Amé",10,null,1890,"St-Maurice","CH","Suisse","False","VS22004067","Maladie","Féminin","Pavignano De Gaudenzi","Grazia","1943-08-01","Rue de l'Envol",6,null,1950,"Sion","CH","Suisse","Helsana Assurances SA","2756.3261.8181.40",103,"Établissement",null,null,null,"Impasse Clairmont",2,null,3963,"Crans-Montana","CH","Suisse","Clinique Genevoise de Montana - Comptabilité (facturation)","CLN.9411","Personnel soignant reconnu (par personne et par quart d'heure entamé)","2 collaborateur(s) x 12 quarts d’heure",24,35,"¼ d'heure",840]
[4441,"2022-02-25",440,"2170200/37",17543,3,"Ambulance Clerc","Uvrier","S3","2022-02-09T18:25:16+01:00","2022-02-09T19:45:30+01:00","Hôpital de Martigny","Avenue de la Fusion",27,null,1920,"Martigny","CH","Suisse",70,"Privée","Hôpital de Sion","Avenue du Grand-Champsec",80,null,1950,"Sion","CH","Suisse","False","VS22004146","Maladie","Féminin","Nanchen","Marie-Josèphe","1945-08-29","Rue du Léman",28,"Tertianum Les Marronniers",1920,"Martigny","CH","Suisse","CSS Kranken- Versicherung AG","2756.5548.7762.59",101,"Établissement",null,null,null,"Avenue Grand-Champsec",86,"Case postale 696",1951,"Sion","CH","Suisse","Hôpital du Valais - Direction des Finances/Service des fournisseurs (facturation)","HVS.31J","Forfait S3 HVS Martigny - HVS Sion","Trajet simple journée (08h00-20h00)",1,440,null,440]
[4458,"2022-02-25",440,"2202630/16",17545,3,"Ambulance Clerc","Uvrier","S3","2022-02-09T19:48:43+01:00","2022-02-09T21:00:34+01:00","Hôpital de Sion","Avenue du Grand-Champsec",80,null,1950,"Sion","CH","Suisse",70,"Privée","Hôpital de Martigny","Avenue de la Fusion",27,null,1920,"Martigny","CH","Suisse","False","VS22004150","Maladie","Féminin","Escher","Esther","1930-06-30","Rue du Foulon",7,null,3965,"Chippis","CH","Suisse","Mutuel Assurance Maladie SA","2756.4465.0256.79",101,"Établissement",null,null,null,"Avenue Grand-Champsec",86,"Case postale 696",1951,"Sion","CH","Suisse","Hôpital du Valais - Direction des Finances/Service des fournisseurs (facturation)","HVS.13J","Forfait S3 HVS Sion - HVS Martigny","Trajet simple journée (08h00-20h00)",1,440,null,440]
[4478,"2022-02-25",660,"2190303/34",17546,3,"Ambulance Clerc","Uvrier","S3","2022-02-09T21:01:32+01:00","2022-02-09T22:02:54+01:00","Hôpital de Martigny","Avenue de la Fusion",27,null,1920,"Martigny","CH","Suisse",70,"Privée","Hôpital de Sion","Avenue du Grand-Champsec",80,null,1950,"Sion","CH","Suisse","False","VS22004151","Accident","Féminin","Fleutry Lonfat","Maryline Claudine Paule","1976-12-27","Ruelle de Champlong",19,null,1926,"Fully","CH","Suisse","SUVA Sion, Luzern","2756.8978.9267.20",101,"Établissement",null,null,null,"Avenue Grand-Champsec",86,"Case postale 696",1951,"Sion","CH","Suisse","Hôpital du Valais - Direction des Finances/Service des fournisseurs (facturation)","HVS.31N","Forfait S3 HVS Martigny - HVS Sion","Trajet simple nuit (20h00-08h00) ou dimanches et jours fériés",1,660,null,660]
[4493,"2022-02-25",660,"2190510/12",17547,3,"Ambulance Clerc","Uvrier","S3","2022-02-09T22:02:59+01:00","2022-02-10T00:09:28+01:00","Hôpital de Martigny","Avenue de la Fusion",27,null,1920,"Martigny","CH","Suisse",70,"Privée","Hôpital de Sion","Avenue du Grand-Champsec",80,null,1950,"Sion","CH","Suisse","False","VS22004152","Maladie","Masculin","Théoduloz","Henri","1942-05-10","Route d'Epinassey","32A",null,1890,"St-Maurice","CH","Suisse","Atupri Gesundheitsversicherung","2756.3921.5654.07",101,"Établissement",null,null,null,"Avenue Grand-Champsec",86,"Case postale 696",1951,"Sion","CH","Suisse","Hôpital du Valais - Direction des Finances/Service des fournisseurs (facturation)","HVS.31N","Forfait S3 HVS Martigny - HVS Sion","Trajet simple nuit (20h00-08h00) ou dimanches et jours fériés",1,660,null,660]
[4529,"2022-02-25",1126.45,null,17563,3,"Ambulance Clerc","Uvrier","S3","2022-02-10T07:48:52+01:00","2022-02-10T10:51:55+01:00","Clinique Bernoise","Impasse Palace Bellevue",1,null,3963,"Crans-Montana","CH","Suisse",154,"Privée","Hôpital de Malévoz","Route de Morgins",10,null,1870,"Monthey","CH","Suisse","False","VS22004168","Maladie","Masculin","Lindegger","Claude","1942-05-14","Route des Cerniers",58,null,1871,"Les Giettes","CH","Suisse","CSS Kranken- Versicherung AG","2756.4549.3803.59",102,"Établissement",null,null,null,"Impasse Palace Bellevue",1,null,3963,"Crans-Montana","CH","Suisse","Clinique Bernoise Montana - Secrétariat médical (facturation)","CLN.9403 ","Taxe de base transport S3",null,1,200,null,200]
[4529,"2022-02-25",1126.45,null,17563,3,"Ambulance Clerc","Uvrier","S3","2022-02-10T07:48:52+01:00","2022-02-10T10:51:55+01:00","Clinique Bernoise","Impasse Palace Bellevue",1,null,3963,"Crans-Montana","CH","Suisse",154,"Privée","Hôpital de Malévoz","Route de Morgins",10,null,1870,"Monthey","CH","Suisse","False","VS22004168","Maladie","Masculin","Lindegger","Claude","1942-05-14","Route des Cerniers",58,null,1871,"Les Giettes","CH","Suisse","CSS Kranken- Versicherung AG","2756.4549.3803.59",102,"Établissement",null,null,null,"Impasse Palace Bellevue",1,null,3963,"Crans-Montana","CH","Suisse","Clinique Bernoise Montana - Secrétariat médical (facturation)","CLN.9404","Indemnisation kilométrique",null,154,4.5,"km",693]
[4529,"2022-02-25",1126.45,null,17563,3,"Ambulance Clerc","Uvrier","S3","2022-02-10T07:48:52+01:00","2022-02-10T10:51:55+01:00","Clinique Bernoise","Impasse Palace Bellevue",1,null,3963,"Crans-Montana","CH","Suisse",154,"Privée","Hôpital de Malévoz","Route de Morgins",10,null,1870,"Monthey","CH","Suisse","False","VS22004168","Maladie","Masculin","Lindegger","Claude","1942-05-14","Route des Cerniers",58,null,1871,"Les Giettes","CH","Suisse","CSS Kranken- Versicherung AG","2756.4549.3803.59",102,"Établissement",null,null,null,"Impasse Palace Bellevue",1,null,3963,"Crans-Montana","CH","Suisse","Clinique Bernoise Montana - Secrétariat médical (facturation)","CLN.9411","Personnel soignant reconnu (par personne et par quart d'heure entamé)","2 collaborateur(s) x 12 quarts d’heure",24,35,"¼ d'heure",840]
[4529,"2022-02-25",1126.45,null,17563,3,"Ambulance Clerc","Uvrier","S3","2022-02-10T07:48:52+01:00","2022-02-10T10:51:55+01:00","Clinique Bernoise","Impasse Palace Bellevue",1,null,3963,"Crans-Montana","CH","Suisse",154,"Privée","Hôpital de Malévoz","Route de Morgins",10,null,1870,"Monthey","CH","Suisse","False","VS22004168","Maladie","Masculin","Lindegger","Claude","1942-05-14","Route des Cerniers",58,null,1871,"Les Giettes","CH","Suisse","CSS Kranken- Versicherung AG","2756.4549.3803.59",102,"Établissement",null,null,null,"Impasse Palace Bellevue",1,null,3963,"Crans-Montana","CH","Suisse","Clinique Bernoise Montana - Secrétariat médical (facturation)","CLN.Rabais ","Rabais 35%","sur CHF 1'733.00",1,-606.54999999999995,null,-606.54999999999995]
[4544,"2022-02-25",1911,null,17581,3,"Ambulance Clerc","Uvrier","S3","2022-02-10T11:32:43+01:00","2022-02-10T17:44:26+01:00","Clinique Bernoise","Impasse Palace Bellevue",1,null,3963,"Crans-Montana","CH","Suisse",208,"Privée","Hôpital de Thoune","Krankenhausstrasse",12,null,3600,"Thun","CH","Suisse","False","VS22004186","Maladie","Féminin","Zeller","Madeleine","1952-10-30","Oberländerweg",13,null,3658,"Merligen","CH","Suisse","CPT Assurance SA","2756.6166.9088.62",102,"Établissement",null,null,null,"Impasse Palace Bellevue",1,null,3963,"Crans-Montana","CH","Suisse","Clinique Bernoise Montana - Secrétariat médical (facturation)","CLN.9403 ","Taxe de base transport S3",null,1,200,null,200]
[4544,"2022-02-25",1911,null,17581,3,"Ambulance Clerc","Uvrier","S3","2022-02-10T11:32:43+01:00","2022-02-10T17:44:26+01:00","Clinique Bernoise","Impasse Palace Bellevue",1,null,3963,"Crans-Montana","CH","Suisse",208,"Privée","Hôpital de Thoune","Krankenhausstrasse",12,null,3600,"Thun","CH","Suisse","False","VS22004186","Maladie","Féminin","Zeller","Madeleine","1952-10-30","Oberländerweg",13,null,3658,"Merligen","CH","Suisse","CPT Assurance SA","2756.6166.9088.62",102,"Établissement",null,null,null,"Impasse Palace Bellevue",1,null,3963,"Crans-Montana","CH","Suisse","Clinique Bernoise Montana - Secrétariat médical (facturation)","CLN.9404","Indemnisation kilométrique",null,208,4.5,"km",936]
[4544,"2022-02-25",1911,null,17581,3,"Ambulance Clerc","Uvrier","S3","2022-02-10T11:32:43+01:00","2022-02-10T17:44:26+01:00","Clinique Bernoise","Impasse Palace Bellevue",1,null,3963,"Crans-Montana","CH","Suisse",208,"Privée","Hôpital de Thoune","Krankenhausstrasse",12,null,3600,"Thun","CH","Suisse","False","VS22004186","Maladie","Féminin","Zeller","Madeleine","1952-10-30","Oberländerweg",13,null,3658,"Merligen","CH","Suisse","CPT Assurance SA","2756.6166.9088.62",102,"Établissement",null,null,null,"Impasse Palace Bellevue",1,null,3963,"Crans-Montana","CH","Suisse","Clinique Bernoise Montana - Secrétariat médical (facturation)","CLN.9411","Personnel soignant reconnu (par personne et par quart d'heure entamé)","2 collaborateur(s) x 25 quarts d’heure",50,35,"¼ d'heure",1750]
[4544,"2022-02-25",1911,null,17581,3,"Ambulance Clerc","Uvrier","S3","2022-02-10T11:32:43+01:00","2022-02-10T17:44:26+01:00","Clinique Bernoise","Impasse Palace Bellevue",1,null,3963,"Crans-Montana","CH","Suisse",208,"Privée","Hôpital de Thoune","Krankenhausstrasse",12,null,3600,"Thun","CH","Suisse","False","VS22004186","Maladie","Féminin","Zeller","Madeleine","1952-10-30","Oberländerweg",13,null,3658,"Merligen","CH","Suisse","CPT Assurance SA","2756.6166.9088.62",102,"Établissement",null,null,null,"Impasse Palace Bellevue",1,null,3963,"Crans-Montana","CH","Suisse","Clinique Bernoise Montana - Secrétariat médical (facturation)","CLN.9404","Autoverlad Lötschberg","Goppenstein-Kandersteg <¦>",2,27,null,54]
[4544,"2022-02-25",1911,null,17581,3,"Ambulance Clerc","Uvrier","S3","2022-02-10T11:32:43+01:00","2022-02-10T17:44:26+01:00","Clinique Bernoise","Impasse Palace Bellevue",1,null,3963,"Crans-Montana","CH","Suisse",208,"Privée","Hôpital de Thoune","Krankenhausstrasse",12,null,3600,"Thun","CH","Suisse","False","VS22004186","Maladie","Féminin","Zeller","Madeleine","1952-10-30","Oberländerweg",13,null,3658,"Merligen","CH","Suisse","CPT Assurance SA","2756.6166.9088.62",102,"Établissement",null,null,null,"Impasse Palace Bellevue",1,null,3963,"Crans-Montana","CH","Suisse","Clinique Bernoise Montana - Secrétariat médical (facturation)","CLN.Rabais ","Rabais 35%","sur CHF 2'940.00",1,-1029,null,-1029]
[4549,"2022-02-25",3743.5,null,17667,3,"Ambulance Clerc","Uvrier","S3","2022-02-11T10:55:15+01:00","2022-02-11T17:25:26+01:00","Clinique Genevoise","Impasse Clairmont",2,null,3963,"Crans-Montana","CH","Suisse",383,"Privée","Hôpital psychiatrique de Belle-Idée","Chemin du Petit-Bel-Air",2,null,1225,"Chêne-Bourg","CH","Suisse","False","VS22004280","Maladie","Féminin","Iovu","Margareta","1991-03-10","Chemin de l'Ecu",13,null,1219,"Châtelaine","CH","Suisse","Assura-Basis SA","2756.7794.3807.47",103,"Établissement",null,null,null,"Impasse Clairmont",2,null,3963,"Crans-Montana","CH","Suisse","Clinique Genevoise de Montana - Comptabilité (facturation)","CLN.9403 ","Taxe de base transport S3",null,1,200,null,200]
[4549,"2022-02-25",3743.5,null,17667,3,"Ambulance Clerc","Uvrier","S3","2022-02-11T10:55:15+01:00","2022-02-11T17:25:26+01:00","Clinique Genevoise","Impasse Clairmont",2,null,3963,"Crans-Montana","CH","Suisse",383,"Privée","Hôpital psychiatrique de Belle-Idée","Chemin du Petit-Bel-Air",2,null,1225,"Chêne-Bourg","CH","Suisse","False","VS22004280","Maladie","Féminin","Iovu","Margareta","1991-03-10","Chemin de l'Ecu",13,null,1219,"Châtelaine","CH","Suisse","Assura-Basis SA","2756.7794.3807.47",103,"Établissement",null,null,null,"Impasse Clairmont",2,null,3963,"Crans-Montana","CH","Suisse","Clinique Genevoise de Montana - Comptabilité (facturation)","CLN.9404","Indemnisation kilométrique",null,383,4.5,"km",1723.5]
[4549,"2022-02-25",3743.5,null,17667,3,"Ambulance Clerc","Uvrier","S3","2022-02-11T10:55:15+01:00","2022-02-11T17:25:26+01:00","Clinique Genevoise","Impasse Clairmont",2,null,3963,"Crans-Montana","CH","Suisse",383,"Privée","Hôpital psychiatrique de Belle-Idée","Chemin du Petit-Bel-Air",2,null,1225,"Chêne-Bourg","CH","Suisse","False","VS22004280","Maladie","Féminin","Iovu","Margareta","1991-03-10","Chemin de l'Ecu",13,null,1219,"Châtelaine","CH","Suisse","Assura-Basis SA","2756.7794.3807.47",103,"Établissement",null,null,null,"Impasse Clairmont",2,null,3963,"Crans-Montana","CH","Suisse","Clinique Genevoise de Montana - Comptabilité (facturation)","CLN.9411","Personnel soignant reconnu (par personne et par quart d'heure entamé)","2 collaborateur(s) x 26 quarts d’heure",52,35,"¼ d'heure",1820]
[4549,"2022-02-25",3743.5,null,17667,3,"Ambulance Clerc","Uvrier","S3","2022-02-11T10:55:15+01:00","2022-02-11T17:25:26+01:00","Clinique Genevoise","Impasse Clairmont",2,null,3963,"Crans-Montana","CH","Suisse",383,"Privée","Hôpital psychiatrique de Belle-Idée","Chemin du Petit-Bel-Air",2,null,1225,"Chêne-Bourg","CH","Suisse","False","VS22004280","Maladie","Féminin","Iovu","Margareta","1991-03-10","Chemin de l'Ecu",13,null,1219,"Châtelaine","CH","Suisse","Assura-Basis SA","2756.7794.3807.47",103,"Établissement",null,null,null,"Impasse Clairmont",2,null,3963,"Crans-Montana","CH","Suisse","Clinique Genevoise de Montana - Comptabilité (facturation)",null,"Réduction temps d'intervention:  40 minutes"]
[4550,"2022-02-25",350,"2103892/11",17720,3,"Ambulance Clerc","Uvrier","S3","2022-02-11T19:07:22+01:00","2022-02-11T20:20:31+01:00","Hôpital de Sierre","Rue Saint-Charles",14,null,3960,"Sierre","CH","Suisse",30,"Privée","Hôpital de Sion","Avenue du Grand-Champsec",80,null,1950,"Sion","CH","Suisse","False","VS22004335","Maladie","Féminin","Salamin-Rouvinez ","Marie-Thérèse","1935-01-01","Rue de Mura",65,null,3960,"Muraz (Sierre)","CH","Suisse","CSS Kranken- Versicherung AG","2756.6619.6805.12",101,"Établissement",null,null,null,"Avenue Grand-Champsec",86,"Case postale 696",1951,"Sion","CH","Suisse","Hôpital du Valais - Direction des Finances/Service des fournisseurs (facturation)","HVS.21J","Forfait S3 HVS Sierre - HVS Sion","Trajet simple journée (08h00-20h00)",1,350,null,350]
[4551,"2022-02-25",660,"2000578/16",17723,3,"Ambulance Clerc","Uvrier","S3","2022-02-11T20:20:52+01:00","2022-02-11T22:05:50+01:00","Hôpital de Martigny","Avenue de la Fusion",27,null,1920,"Martigny","CH","Suisse",70,"Privée","Hôpital de Sion","Avenue du Grand-Champsec",80,null,1950,"Sion","CH","Suisse","False","VS22004338","Maladie","Masculin","Jordan","Anne-Marie","1933-10-31","Rue de Sonville","3C",null,1908,"Riddes","CH","Suisse","Sodalis krankenversicher ","2756.0473.1493.90",101,"Établissement",null,null,null,"Avenue Grand-Champsec",86,"Case postale 696",1951,"Sion","CH","Suisse","Hôpital du Valais - Direction des Finances/Service des fournisseurs (facturation)","HVS.31N","Forfait S3 HVS Martigny - HVS Sion","Trajet simple nuit (20h00-08h00) ou dimanches et jours fériés",1,660,null,660]
[4552,"2022-02-25",660,"2208635/35",17721,3,"Ambulance Clerc","Uvrier","S3","2022-02-11T22:07:24+01:00","2022-02-11T23:50:16+01:00","Hôpital de Martigny","Avenue de la Fusion",27,null,1920,"Martigny","CH","Suisse",70,"Privée","Hôpital de Sion","Avenue du Grand-Champsec",80,null,1950,"Sion","CH","Suisse","False","VS22004336","Maladie","Masculin","Volken ","Bernard","1959-02-24","Rue du Léman",13,null,1920,"Martigny","CH","Suisse","Easy Sana Assurance Maladie SA","2756.1333.8689.70",101,"Établissement",null,null,null,"Avenue Grand-Champsec",86,"Case postale 696",1951,"Sion","CH","Suisse","Hôpital du Valais - Direction des Finances/Service des fournisseurs (facturation)","HVS.31N","Forfait S3 HVS Martigny - HVS Sion","Trajet simple nuit (20h00-08h00) ou dimanches et jours fériés",1,660,null,660]
[4553,"2022-02-25",686,"2049053/68",17790,3,"Ambulance Clerc","Uvrier","S3","2022-02-12T13:44:12+01:00","2022-02-12T16:11:18+01:00","Hôpital de Sion","Avenue du Grand-Champsec",80,null,1950,"Sion","CH","Suisse",114,"Privée","Hôpital de Malévoz","Route de Morgins",10,null,1870,"Monthey","CH","Suisse","False","VS22004410","Maladie","Masculin","Pfammatter","Léonard ","1980-05-18","Impasse lo Guèrni",8,null,3960,"Muraz (Sierre)","CH","Suisse","Sanagate AG","2756.5434.8289.87",101,"Établissement",null,null,null,"Avenue Grand-Champsec",86,"Case postale 696",1951,"Sion","CH","Suisse","Hôpital du Valais - Direction des Finances/Service des fournisseurs (facturation)","HVS.17J","Forfait S3 HVS Sion - Malévoz","Trajet simple journée (08h00-20h00)",1,686,null,686]
[4554,"2022-02-25",660,"2070488/19",17844,3,"Ambulance Clerc","Uvrier","S3","2022-02-12T22:09:46+01:00","2022-02-12T23:54:27+01:00","Hôpital de Sion","Avenue du Grand-Champsec",80,null,1950,"Sion","CH","Suisse",70,"Privée","Hôpital de Martigny","Avenue de la Fusion",27,null,1920,"Martigny","CH","Suisse","False","VS22004466","Maladie","Masculin","Azemi","Sylejman","1959-01-29","Rue des Sports",18,null,1926,"Fully","CH","Suisse","CSS Kranken- Versicherung AG","2756.4125.3743.69",101,"Établissement",null,null,null,"Avenue Grand-Champsec",86,"Case postale 696",1951,"Sion","CH","Suisse","Hôpital du Valais - Direction des Finances/Service des fournisseurs (facturation)","HVS.13N","Forfait S3 HVS Sion - HVS Martigny","Trajet simple nuit (20h00-08h00) ou dimanches et jours fériés",1,660,null,660]
[4555,"2022-02-25",660,"2165215/15",17848,3,"Ambulance Clerc","Uvrier","S3","2022-02-13T00:00:20+01:00","2022-02-13T01:28:20+01:00","Hôpital de Sion","Avenue du Grand-Champsec",80,null,1950,"Sion","CH","Suisse",70,"Privée","Hôpital de Martigny","Avenue de la Fusion",27,null,1920,"Martigny","CH","Suisse","False","VS22004470","Maladie","Masculin","Bornet","Jean-Bernard Ignace","1936-09-28","Route de Nendaz",418,null,1996,"Basse-Nendaz","CH","Suisse","Assura-Basis SA","2756.9906.3348.46",101,"Établissement",null,null,null,"Avenue Grand-Champsec",86,"Case postale 696",1951,"Sion","CH","Suisse","Hôpital du Valais - Direction des Finances/Service des fournisseurs (facturation)","HVS.13N","Forfait S3 HVS Sion - HVS Martigny","Trajet simple nuit (20h00-08h00) ou dimanches et jours fériés",1,660,null,660]
[4556,"2022-02-25",660,"2119176/12",17855,3,"Ambulance Clerc","Uvrier","S3","2022-02-13T01:28:36+01:00","2022-02-13T02:56:30+01:00","Hôpital de Sion","Avenue du Grand-Champsec",80,null,1950,"Sion","CH","Suisse",70,"Privée","Hôpital de Martigny","Avenue de la Fusion",27,null,1920,"Martigny","CH","Suisse","False","VS22004477","Maladie","Masculin","Savioz","Alfred","1929-07-16","Chemin de Coloé",10,null,1966,"Signèse (Ayent)","CH","Suisse","Avenir Assurance Maladie SA","2756.7779.8095.46",101,"Établissement",null,null,null,"Avenue Grand-Champsec",86,"Case postale 696",1951,"Sion","CH","Suisse","Hôpital du Valais - Direction des Finances/Service des fournisseurs (facturation)","HVS.13N","Forfait S3 HVS Sion - HVS Martigny","Trajet simple nuit (20h00-08h00) ou dimanches et jours fériés",1,660,null,660]
[4557,"2022-02-25",859.6,null,17863,3,"Ambulance Clerc","Uvrier","S3","2022-02-13T07:15:31+01:00","2022-02-13T09:46:22+01:00","Clinique Bernoise","Impasse Palace Bellevue",1,null,3963,"Crans-Montana","CH","Suisse",55,"Privée","Hôpital de Sion","Avenue du Grand-Champsec",80,null,1950,"Sion","CH","Suisse","False","VS22004485","Maladie","Féminin","Cudina","Eliane","1960-08-28","Waldmannstrasse","53/G5",null,3027,"Bern","CH","Suisse","Philos Assurance Maladie SA","2756.8310.6019.19",102,"Établissement",null,null,null,"Impasse Palace Bellevue",1,null,3963,"Crans-Montana","CH","Suisse","Clinique Bernoise Montana - Secrétariat médical (facturation)","CLN.9403 ","Taxe de base transport S3",null,1,200,null,200]
[4557,"2022-02-25",859.6,null,17863,3,"Ambulance Clerc","Uvrier","S3","2022-02-13T07:15:31+01:00","2022-02-13T09:46:22+01:00","Clinique Bernoise","Impasse Palace Bellevue",1,null,3963,"Crans-Montana","CH","Suisse",55,"Privée","Hôpital de Sion","Avenue du Grand-Champsec",80,null,1950,"Sion","CH","Suisse","False","VS22004485","Maladie","Féminin","Cudina","Eliane","1960-08-28","Waldmannstrasse","53/G5",null,3027,"Bern","CH","Suisse","Philos Assurance Maladie SA","2756.8310.6019.19",102,"Établissement",null,null,null,"Impasse Palace Bellevue",1,null,3963,"Crans-Montana","CH","Suisse","Clinique Bernoise Montana - Secrétariat médical (facturation)","CLN.9404","Indemnisation kilométrique",null,55,4.5,"km",247.5]
[4557,"2022-02-25",859.6,null,17863,3,"Ambulance Clerc","Uvrier","S3","2022-02-13T07:15:31+01:00","2022-02-13T09:46:22+01:00","Clinique Bernoise","Impasse Palace Bellevue",1,null,3963,"Crans-Montana","CH","Suisse",55,"Privée","Hôpital de Sion","Avenue du Grand-Champsec",80,null,1950,"Sion","CH","Suisse","False","VS22004485","Maladie","Féminin","Cudina","Eliane","1960-08-28","Waldmannstrasse","53/G5",null,3027,"Bern","CH","Suisse","Philos Assurance Maladie SA","2756.8310.6019.19",102,"Établissement",null,null,null,"Impasse Palace Bellevue",1,null,3963,"Crans-Montana","CH","Suisse","Clinique Bernoise Montana - Secrétariat médical (facturation)","CLN.9411","Personnel soignant reconnu (par personne et par quart d'heure entamé)","2 collaborateur(s) x 10 quarts d’heure",20,35,"¼ d'heure",700]
[4557,"2022-02-25",859.6,null,17863,3,"Ambulance Clerc","Uvrier","S3","2022-02-13T07:15:31+01:00","2022-02-13T09:46:22+01:00","Clinique Bernoise","Impasse Palace Bellevue",1,null,3963,"Crans-Montana","CH","Suisse",55,"Privée","Hôpital de Sion","Avenue du Grand-Champsec",80,null,1950,"Sion","CH","Suisse","False","VS22004485","Maladie","Féminin","Cudina","Eliane","1960-08-28","Waldmannstrasse","53/G5",null,3027,"Bern","CH","Suisse","Philos Assurance Maladie SA","2756.8310.6019.19",102,"Établissement",null,null,null,"Impasse Palace Bellevue",1,null,3963,"Crans-Montana","CH","Suisse","Clinique Bernoise Montana - Secrétariat médical (facturation)","CLN.9432","Supplément pour dimanche et jour férié","25% sur CHF 700.00",1,175,null,175]
[4557,"2022-02-25",859.6,null,17863,3,"Ambulance Clerc","Uvrier","S3","2022-02-13T07:15:31+01:00","2022-02-13T09:46:22+01:00","Clinique Bernoise","Impasse Palace Bellevue",1,null,3963,"Crans-Montana","CH","Suisse",55,"Privée","Hôpital de Sion","Avenue du Grand-Champsec",80,null,1950,"Sion","CH","Suisse","False","VS22004485","Maladie","Féminin","Cudina","Eliane","1960-08-28","Waldmannstrasse","53/G5",null,3027,"Bern","CH","Suisse","Philos Assurance Maladie SA","2756.8310.6019.19",102,"Établissement",null,null,null,"Impasse Palace Bellevue",1,null,3963,"Crans-Montana","CH","Suisse","Clinique Bernoise Montana - Secrétariat médical (facturation)","CLN.Rabais ","Rabais 35%","sur CHF 1322.50",1,-462.9,null,-462.9]
[4558,"2022-02-25",460,null,17629,3,"Ambulance Clerc","Monthey","S3","2022-02-10T17:27:10+01:00","2022-02-10T18:50:00+01:00","Hôpital Riviera-Chablais (HRC)","Route du Vieux-Séquoia",20,null,1847,"Rennaz","CH","Suisse",40,"Privée","EMS Tertianum Le Bristol","Avenue de Chillon",63,null,1820,"Territet","CH","Suisse","False","VS22004240","Maladie","Masculin","Wildi ","Pierre Werner","1942-03-26","Avenue de Chillon",63,"EMS Tertianum Le Bristol",1820,"Territet","CH","Suisse","CSS Kranken- Versicherung AG","2756.8384.9181.66",1,"Personne","Masculin","Wildi ","Pierre Werner","Avenue de Chillon",63,"EMS Tertianum Le Bristol",1820,"Territet","CH","Suisse",null,47073,"Intervention programmée",null,1,412,null,412]
[4558,"2022-02-25",460,null,17629,3,"Ambulance Clerc","Monthey","S3","2022-02-10T17:27:10+01:00","2022-02-10T18:50:00+01:00","Hôpital Riviera-Chablais (HRC)","Route du Vieux-Séquoia",20,null,1847,"Rennaz","CH","Suisse",40,"Privée","EMS Tertianum Le Bristol","Avenue de Chillon",63,null,1820,"Territet","CH","Suisse","False","VS22004240","Maladie","Masculin","Wildi ","Pierre Werner","1942-03-26","Avenue de Chillon",63,"EMS Tertianum Le Bristol",1820,"Territet","CH","Suisse","CSS Kranken- Versicherung AG","2756.8384.9181.66",1,"Personne","Masculin","Wildi ","Pierre Werner","Avenue de Chillon",63,"EMS Tertianum Le Bristol",1820,"Territet","CH","Suisse",null,47075,"Indemnisation kilométrique",null,10,4.8,"km",48]
[4559,"2022-02-25",948.5,null,17630,3,"Ambulance Clerc","Monthey","P1","2022-02-10T18:35:34+01:00","2022-02-10T20:03:20+01:00","Résidence La Charmaie","Place Sous l'Eglise",3,null,1893,"Muraz (Collombey)","CH","Suisse",33,"Planification","Hôpital Riviera-Chablais (HRC)","Route du Vieux-Séquoia",20,null,1847,"Rennaz","CH","Suisse","False","VS22004241","Accident","Féminin","Nicolerat","Simone","1937-11-16","Place Sous l'Eglise",3,"Home Résidence La Charmaie",1893,"Muraz (Collombey)","CH","Suisse","Visana AG","1756.9277.3983.00",1,"Personne","Féminin","Nicolerat","Simone","Place Sous l'Eglise",3,"Home Résidence La Charmaie",1893,"Muraz (Collombey)","CH","Suisse",null,9401,"Taxe de base sauvetage P1",null,1,300,null,300]
[4559,"2022-02-25",948.5,null,17630,3,"Ambulance Clerc","Monthey","P1","2022-02-10T18:35:34+01:00","2022-02-10T20:03:20+01:00","Résidence La Charmaie","Place Sous l'Eglise",3,null,1893,"Muraz (Collombey)","CH","Suisse",33,"Planification","Hôpital Riviera-Chablais (HRC)","Route du Vieux-Séquoia",20,null,1847,"Rennaz","CH","Suisse","False","VS22004241","Accident","Féminin","Nicolerat","Simone","1937-11-16","Place Sous l'Eglise",3,"Home Résidence La Charmaie",1893,"Muraz (Collombey)","CH","Suisse","Visana AG","1756.9277.3983.00",1,"Personne","Féminin","Nicolerat","Simone","Place Sous l'Eglise",3,"Home Résidence La Charmaie",1893,"Muraz (Collombey)","CH","Suisse",null,9404,"Indemnisation kilométrique",null,33,4.5,"km",148.5]
[4559,"2022-02-25",948.5,null,17630,3,"Ambulance Clerc","Monthey","P1","2022-02-10T18:35:34+01:00","2022-02-10T20:03:20+01:00","Résidence La Charmaie","Place Sous l'Eglise",3,null,1893,"Muraz (Collombey)","CH","Suisse",33,"Planification","Hôpital Riviera-Chablais (HRC)","Route du Vieux-Séquoia",20,null,1847,"Rennaz","CH","Suisse","False","VS22004241","Accident","Féminin","Nicolerat","Simone","1937-11-16","Place Sous l'Eglise",3,"Home Résidence La Charmaie",1893,"Muraz (Collombey)","CH","Suisse","Visana AG","1756.9277.3983.00",1,"Personne","Féminin","Nicolerat","Simone","Place Sous l'Eglise",3,"Home Résidence La Charmaie",1893,"Muraz (Collombey)","CH","Suisse",null,9411,"Personnel soignant reconnu (par personne et par quart d'heure entamé)",null,12,35,"¼ d'heure",420]
[4559,"2022-02-25",948.5,null,17630,3,"Ambulance Clerc","Monthey","P1","2022-02-10T18:35:34+01:00","2022-02-10T20:03:20+01:00","Résidence La Charmaie","Place Sous l'Eglise",3,null,1893,"Muraz (Collombey)","CH","Suisse",33,"Planification","Hôpital Riviera-Chablais (HRC)","Route du Vieux-Séquoia",20,null,1847,"Rennaz","CH","Suisse","False","VS22004241","Accident","Féminin","Nicolerat","Simone","1937-11-16","Place Sous l'Eglise",3,"Home Résidence La Charmaie",1893,"Muraz (Collombey)","CH","Suisse","Visana AG","1756.9277.3983.00",1,"Personne","Féminin","Nicolerat","Simone","Place Sous l'Eglise",3,"Home Résidence La Charmaie",1893,"Muraz (Collombey)","CH","Suisse",null,9441,"Matériel - Prestation standard élargie",null,1,80,null,80]
[4560,"2022-02-25",890.5,null,17643,3,"Ambulance Clerc","Monthey","P1","2022-02-10T23:14:17+01:00","2022-02-11T00:28:31+01:00",null,"Rue des Merisiers",31,null,1870,"Monthey","CH","Suisse",34,"Planification","Hôpital Riviera-Chablais (HRC)","Route du Vieux-Séquoia",20,null,1847,"Rennaz","CH","Suisse","False","VS22004255","Maladie","Masculin","Arluna","Marcelin","1949-09-24","Rue des Merisiers",31,null,1870,"Monthey","CH","Suisse","Mutuel Assurance Maladie SA","1756.5353.0097.57",1,"Personne","Masculin","Arluna","Marcelin","Rue des Merisiers",31,null,1870,"Monthey","CH","Suisse",null,9401,"Taxe de base sauvetage P1",null,1,300,null,300]
[4560,"2022-02-25",890.5,null,17643,3,"Ambulance Clerc","Monthey","P1","2022-02-10T23:14:17+01:00","2022-02-11T00:28:31+01:00",null,"Rue des Merisiers",31,null,1870,"Monthey","CH","Suisse",34,"Planification","Hôpital Riviera-Chablais (HRC)","Route du Vieux-Séquoia",20,null,1847,"Rennaz","CH","Suisse","False","VS22004255","Maladie","Masculin","Arluna","Marcelin","1949-09-24","Rue des Merisiers",31,null,1870,"Monthey","CH","Suisse","Mutuel Assurance Maladie SA","1756.5353.0097.57",1,"Personne","Masculin","Arluna","Marcelin","Rue des Merisiers",31,null,1870,"Monthey","CH","Suisse",null,9404,"Indemnisation kilométrique",null,34,4.5,"km",153]
[4560,"2022-02-25",890.5,null,17643,3,"Ambulance Clerc","Monthey","P1","2022-02-10T23:14:17+01:00","2022-02-11T00:28:31+01:00",null,"Rue des Merisiers",31,null,1870,"Monthey","CH","Suisse",34,"Planification","Hôpital Riviera-Chablais (HRC)","Route du Vieux-Séquoia",20,null,1847,"Rennaz","CH","Suisse","False","VS22004255","Maladie","Masculin","Arluna","Marcelin","1949-09-24","Rue des Merisiers",31,null,1870,"Monthey","CH","Suisse","Mutuel Assurance Maladie SA","1756.5353.0097.57",1,"Personne","Masculin","Arluna","Marcelin","Rue des Merisiers",31,null,1870,"Monthey","CH","Suisse",null,9411,"Personnel soignant reconnu (par personne et par quart d'heure entamé)",null,10,35,"¼ d'heure",350]
[4560,"2022-02-25",890.5,null,17643,3,"Ambulance Clerc","Monthey","P1","2022-02-10T23:14:17+01:00","2022-02-11T00:28:31+01:00",null,"Rue des Merisiers",31,null,1870,"Monthey","CH","Suisse",34,"Planification","Hôpital Riviera-Chablais (HRC)","Route du Vieux-Séquoia",20,null,1847,"Rennaz","CH","Suisse","False","VS22004255","Maladie","Masculin","Arluna","Marcelin","1949-09-24","Rue des Merisiers",31,null,1870,"Monthey","CH","Suisse","Mutuel Assurance Maladie SA","1756.5353.0097.57",1,"Personne","Masculin","Arluna","Marcelin","Rue des Merisiers",31,null,1870,"Monthey","CH","Suisse",null,9431,"Supplément de nuit",null,1,87.5,null,87.5]
[4560,"2022-02-25",890.5,null,17643,3,"Ambulance Clerc","Monthey","P1","2022-02-10T23:14:17+01:00","2022-02-11T00:28:31+01:00",null,"Rue des Merisiers",31,null,1870,"Monthey","CH","Suisse",34,"Planification","Hôpital Riviera-Chablais (HRC)","Route du Vieux-Séquoia",20,null,1847,"Rennaz","CH","Suisse","False","VS22004255","Maladie","Masculin","Arluna","Marcelin","1949-09-24","Rue des Merisiers",31,null,1870,"Monthey","CH","Suisse","Mutuel Assurance Maladie SA","1756.5353.0097.57",1,"Personne","Masculin","Arluna","Marcelin","Rue des Merisiers",31,null,1870,"Monthey","CH","Suisse",null,9440,"Matériel - Prestation standard",null,1,0,null,0]
[4561,"2022-02-25",600,null,17647,3,"Ambulance Clerc","Monthey","S3","2022-02-11T00:30:00+01:00","2022-02-11T02:10:32+01:00","Hôpital Riviera-Chablais (HRC)","Route du Vieux-Séquoia",20,null,1847,"Rennaz","CH","Suisse",47,"Privée","Hôpital psychiatrique Fondation de Nant","Route de Nant",null,null,1804,"Corsier-sur-Vevey","CH","Suisse","False","VS22004259","Maladie","Masculin","Conte","Angelo","1937-12-05","Chemin de la Tour",1,null,1880,"Bex","CH","Suisse","Philos Assurance Maladie SA","2756.1093.9855.42",100,"Établissement",null,null,null,"Route du Vieux-Séquoia",20,null,1847,"Rennaz","CH","Suisse","Hôpital Riviera-Chablais Vaud-Valais - Fournisseurs (facturation)","HRC.111N","Forfait S3 Rennaz - Fondation de Nant","Trajet simple nuit (19h00-07h00)",1,600,null,600]
[4562,"2022-02-25",1244.5,null,17650,3,"Ambulance Clerc","Monthey","P1","2022-02-11T04:01:33+01:00","2022-02-11T05:38:30+01:00",null,"Route des Crosets",null,null,1873,"Les Crosets","CH","Suisse",56,"Planification","Hôpital Riviera-Chablais (HRC)","Route du Vieux-Séquoia",20,null,1847,"Rennaz","CH","Suisse","False","VS22004262","Maladie","Masculin","Studer","Marc","1958-09-16","Chemin de Gossan",9,null,1272,"Genolier","CH","Suisse","Assura-Basis SA","1756.4870.9558.99",1,"Personne","Masculin","Studer","Marc","Chemin de Gossan",9,null,1272,"Genolier","CH","Suisse",null,9401,"Taxe de base sauvetage P1",null,1,300,null,300]
[4562,"2022-02-25",1244.5,null,17650,3,"Ambulance Clerc","Monthey","P1","2022-02-11T04:01:33+01:00","2022-02-11T05:38:30+01:00",null,"Route des Crosets",null,null,1873,"Les Crosets","CH","Suisse",56,"Planification","Hôpital Riviera-Chablais (HRC)","Route du Vieux-Séquoia",20,null,1847,"Rennaz","CH","Suisse","False","VS22004262","Maladie","Masculin","Studer","Marc","1958-09-16","Chemin de Gossan",9,null,1272,"Genolier","CH","Suisse","Assura-Basis SA","1756.4870.9558.99",1,"Personne","Masculin","Studer","Marc","Chemin de Gossan",9,null,1272,"Genolier","CH","Suisse",null,9404,"Indemnisation kilométrique",null,56,4.5,"km",252]
[4562,"2022-02-25",1244.5,null,17650,3,"Ambulance Clerc","Monthey","P1","2022-02-11T04:01:33+01:00","2022-02-11T05:38:30+01:00",null,"Route des Crosets",null,null,1873,"Les Crosets","CH","Suisse",56,"Planification","Hôpital Riviera-Chablais (HRC)","Route du Vieux-Séquoia",20,null,1847,"Rennaz","CH","Suisse","False","VS22004262","Maladie","Masculin","Studer","Marc","1958-09-16","Chemin de Gossan",9,null,1272,"Genolier","CH","Suisse","Assura-Basis SA","1756.4870.9558.99",1,"Personne","Masculin","Studer","Marc","Chemin de Gossan",9,null,1272,"Genolier","CH","Suisse",null,9411,"Personnel soignant reconnu (par personne et par quart d'heure entamé)",null,14,35,"¼ d'heure",490]
[4562,"2022-02-25",1244.5,null,17650,3,"Ambulance Clerc","Monthey","P1","2022-02-11T04:01:33+01:00","2022-02-11T05:38:30+01:00",null,"Route des Crosets",null,null,1873,"Les Crosets","CH","Suisse",56,"Planification","Hôpital Riviera-Chablais (HRC)","Route du Vieux-Séquoia",20,null,1847,"Rennaz","CH","Suisse","False","VS22004262","Maladie","Masculin","Studer","Marc","1958-09-16","Chemin de Gossan",9,null,1272,"Genolier","CH","Suisse","Assura-Basis SA","1756.4870.9558.99",1,"Personne","Masculin","Studer","Marc","Chemin de Gossan",9,null,1272,"Genolier","CH","Suisse",null,9431,"Supplément de nuit",null,1,122.5,null,122.5]
[4562,"2022-02-25",1244.5,null,17650,3,"Ambulance Clerc","Monthey","P1","2022-02-11T04:01:33+01:00","2022-02-11T05:38:30+01:00",null,"Route des Crosets",null,null,1873,"Les Crosets","CH","Suisse",56,"Planification","Hôpital Riviera-Chablais (HRC)","Route du Vieux-Séquoia",20,null,1847,"Rennaz","CH","Suisse","False","VS22004262","Maladie","Masculin","Studer","Marc","1958-09-16","Chemin de Gossan",9,null,1272,"Genolier","CH","Suisse","Assura-Basis SA","1756.4870.9558.99",1,"Personne","Masculin","Studer","Marc","Chemin de Gossan",9,null,1272,"Genolier","CH","Suisse",null,9441,"Matériel - Prestation standard élargie",null,1,80,null,80]
[4563,"2022-02-25",645,null,17663,3,"Ambulance Clerc","Monthey","P2","2022-02-11T09:56:08+01:00","2022-02-11T10:45:46+01:00","Siegfried","Route du Simplon",36,null,1902,"Evionnaz","CH","Suisse",30,"Planification",null,null,null,null,null,null,null,null,"True","VS22004276","Accident","Masculin","Remer","Yannick","1991-11-09","Chemin de la Vièze",3,null,1873,"Val-d'Illiez","CH","Suisse","Suva, Sion","1756.3307.8418.35",121,"Établissement",null,null,null,"Postfach",null,null,6009,"Luzern","CH","Suisse","Suva Sion - Service Center","VS.9502","Taxe de base transport P2",null,1,300,null,300]
[4563,"2022-02-25",645,null,17663,3,"Ambulance Clerc","Monthey","P2","2022-02-11T09:56:08+01:00","2022-02-11T10:45:46+01:00","Siegfried","Route du Simplon",36,null,1902,"Evionnaz","CH","Suisse",30,"Planification",null,null,null,null,null,null,null,null,"True","VS22004276","Accident","Masculin","Remer","Yannick","1991-11-09","Chemin de la Vièze",3,null,1873,"Val-d'Illiez","CH","Suisse","Suva, Sion","1756.3307.8418.35",121,"Établissement",null,null,null,"Postfach",null,null,6009,"Luzern","CH","Suisse","Suva Sion - Service Center","VS.9504","Indemnisation kilométrique",null,30,4.5,"km",135]
[4563,"2022-02-25",645,null,17663,3,"Ambulance Clerc","Monthey","P2","2022-02-11T09:56:08+01:00","2022-02-11T10:45:46+01:00","Siegfried","Route du Simplon",36,null,1902,"Evionnaz","CH","Suisse",30,"Planification",null,null,null,null,null,null,null,null,"True","VS22004276","Accident","Masculin","Remer","Yannick","1991-11-09","Chemin de la Vièze",3,null,1873,"Val-d'Illiez","CH","Suisse","Suva, Sion","1756.3307.8418.35",121,"Établissement",null,null,null,"Postfach",null,null,6009,"Luzern","CH","Suisse","Suva Sion - Service Center","VS.9511","Personnel soignant reconnu (par personne et par quart d'heure entamé)",null,6,35,"¼ d'heure",210]
[4564,"2022-02-25",1329,null,17669,3,"Ambulance Clerc","Monthey","P2","2022-02-11T11:02:38+01:00","2022-02-11T12:43:13+01:00","Cabinet médical Dr Rémondeulaz Jean-Pierre","Avenue de la Gare",9,null,1890,"St-Maurice","CH","Suisse",102,"Planification","Hôpital de Sion","Avenue du Grand-Champsec",80,null,1950,"Sion","CH","Suisse","False","VS22004282","Maladie","Masculin","Constantin-Rimet ","Solange Jeanne","1932-08-25","Chemin du Bois-Noir",2,null,1890,"St-Maurice","CH","Suisse","Helsana Assurances SA","1756.5379.2184.30",1,"Personne","Masculin","Constantin-Rimet ","Solange Jeanne","Chemin du Bois-Noir",2,null,1890,"St-Maurice","CH","Suisse",null,9402,"Taxe de base transport P2",null,1,300,null,300]
[4564,"2022-02-25",1329,null,17669,3,"Ambulance Clerc","Monthey","P2","2022-02-11T11:02:38+01:00","2022-02-11T12:43:13+01:00","Cabinet médical Dr Rémondeulaz Jean-Pierre","Avenue de la Gare",9,null,1890,"St-Maurice","CH","Suisse",102,"Planification","Hôpital de Sion","Avenue du Grand-Champsec",80,null,1950,"Sion","CH","Suisse","False","VS22004282","Maladie","Masculin","Constantin-Rimet ","Solange Jeanne","1932-08-25","Chemin du Bois-Noir",2,null,1890,"St-Maurice","CH","Suisse","Helsana Assurances SA","1756.5379.2184.30",1,"Personne","Masculin","Constantin-Rimet ","Solange Jeanne","Chemin du Bois-Noir",2,null,1890,"St-Maurice","CH","Suisse",null,9404,"Indemnisation kilométrique",null,102,4.5,"km",459]
[4564,"2022-02-25",1329,null,17669,3,"Ambulance Clerc","Monthey","P2","2022-02-11T11:02:38+01:00","2022-02-11T12:43:13+01:00","Cabinet médical Dr Rémondeulaz Jean-Pierre","Avenue de la Gare",9,null,1890,"St-Maurice","CH","Suisse",102,"Planification","Hôpital de Sion","Avenue du Grand-Champsec",80,null,1950,"Sion","CH","Suisse","False","VS22004282","Maladie","Masculin","Constantin-Rimet ","Solange Jeanne","1932-08-25","Chemin du Bois-Noir",2,null,1890,"St-Maurice","CH","Suisse","Helsana Assurances SA","1756.5379.2184.30",1,"Personne","Masculin","Constantin-Rimet ","Solange Jeanne","Chemin du Bois-Noir",2,null,1890,"St-Maurice","CH","Suisse",null,9411,"Personnel soignant reconnu (par personne et par quart d'heure entamé)",null,14,35,"¼ d'heure",490]
[4564,"2022-02-25",1329,null,17669,3,"Ambulance Clerc","Monthey","P2","2022-02-11T11:02:38+01:00","2022-02-11T12:43:13+01:00","Cabinet médical Dr Rémondeulaz Jean-Pierre","Avenue de la Gare",9,null,1890,"St-Maurice","CH","Suisse",102,"Planification","Hôpital de Sion","Avenue du Grand-Champsec",80,null,1950,"Sion","CH","Suisse","False","VS22004282","Maladie","Masculin","Constantin-Rimet ","Solange Jeanne","1932-08-25","Chemin du Bois-Noir",2,null,1890,"St-Maurice","CH","Suisse","Helsana Assurances SA","1756.5379.2184.30",1,"Personne","Masculin","Constantin-Rimet ","Solange Jeanne","Chemin du Bois-Noir",2,null,1890,"St-Maurice","CH","Suisse",null,9441,"Matériel - Prestation standard élargie",null,1,80,null,80]
[4565,"2022-02-25",490,"2301671/7",17672,3,"Ambulance Clerc","Monthey","S3","2022-02-11T11:22:26+01:00","2022-02-11T13:14:04+01:00","Hôpital de Martigny","Avenue de la Fusion",27,null,1920,"Martigny","CH","Suisse",60,"Privée","Hôpital Riviera-Chablais (HRC)","Route du Vieux-Séquoia",20,null,1847,"Rennaz","CH","Suisse","False","VS22004285","Maladie","Masculin","Gaillard ","Stéphane ","1994-05-05","Rue du Praillon",12,null,1920,"Martigny","CH","Suisse","Arcosana AG","2756.5185.6818.24",101,"Établissement",null,null,null,"Avenue Grand-Champsec",86,"Case postale 696",1951,"Sion","CH","Suisse","Hôpital du Valais - Direction des Finances/Service des fournisseurs (facturation)","HVS.311J","Forfait S3 HVS Martigny - HRC Rennaz","Trajet simple journée (08h00-20h00)",1,490,null,490]
[4566,"2022-02-25",984.5,null,17675,3,"Ambulance Clerc","Monthey","P1","2022-02-11T11:51:59+01:00","2022-02-11T13:17:01+01:00","César Ritz Colleges Switzerland","Route Cantonale",51,null,1897,"Bouveret","CH","Suisse",41,"Planification","Hôpital Riviera-Chablais (HRC)","Route du Vieux-Séquoia",20,null,1847,"Rennaz","CH","Suisse","False","VS22004288","Maladie","Masculin","Vuvu","Asa","2002-01-17","Route Cantonale",51,"César Ritz Colleges Switzerland",1897,"Bouveret","CH","Suisse","Allianz",1,125,"Établissement",null,null,null,"Grand-Rue",40,null,1820,"Montreux","CH","Suisse","Antaé - Allianz Worldwide Care",9401,"Taxe de base sauvetage P1",null,1,300,null,300]
[4566,"2022-02-25",984.5,null,17675,3,"Ambulance Clerc","Monthey","P1","2022-02-11T11:51:59+01:00","2022-02-11T13:17:01+01:00","César Ritz Colleges Switzerland","Route Cantonale",51,null,1897,"Bouveret","CH","Suisse",41,"Planification","Hôpital Riviera-Chablais (HRC)","Route du Vieux-Séquoia",20,null,1847,"Rennaz","CH","Suisse","False","VS22004288","Maladie","Masculin","Vuvu","Asa","2002-01-17","Route Cantonale",51,"César Ritz Colleges Switzerland",1897,"Bouveret","CH","Suisse","Allianz",1,125,"Établissement",null,null,null,"Grand-Rue",40,null,1820,"Montreux","CH","Suisse","Antaé - Allianz Worldwide Care",9404,"Indemnisation kilométrique",null,41,4.5,"km",184.5]
[4566,"2022-02-25",984.5,null,17675,3,"Ambulance Clerc","Monthey","P1","2022-02-11T11:51:59+01:00","2022-02-11T13:17:01+01:00","César Ritz Colleges Switzerland","Route Cantonale",51,null,1897,"Bouveret","CH","Suisse",41,"Planification","Hôpital Riviera-Chablais (HRC)","Route du Vieux-Séquoia",20,null,1847,"Rennaz","CH","Suisse","False","VS22004288","Maladie","Masculin","Vuvu","Asa","2002-01-17","Route Cantonale",51,"César Ritz Colleges Switzerland",1897,"Bouveret","CH","Suisse","Allianz",1,125,"Établissement",null,null,null,"Grand-Rue",40,null,1820,"Montreux","CH","Suisse","Antaé - Allianz Worldwide Care",9411,"Personnel soignant reconnu (par personne et par quart d'heure entamé)",null,12,35,"¼ d'heure",420]
[4566,"2022-02-25",984.5,null,17675,3,"Ambulance Clerc","Monthey","P1","2022-02-11T11:51:59+01:00","2022-02-11T13:17:01+01:00","César Ritz Colleges Switzerland","Route Cantonale",51,null,1897,"Bouveret","CH","Suisse",41,"Planification","Hôpital Riviera-Chablais (HRC)","Route du Vieux-Séquoia",20,null,1847,"Rennaz","CH","Suisse","False","VS22004288","Maladie","Masculin","Vuvu","Asa","2002-01-17","Route Cantonale",51,"César Ritz Colleges Switzerland",1897,"Bouveret","CH","Suisse","Allianz",1,125,"Établissement",null,null,null,"Grand-Rue",40,null,1820,"Montreux","CH","Suisse","Antaé - Allianz Worldwide Care",9441,"Matériel - Prestation standard élargie",null,1,80,null,80]
[4567,"2022-02-25",688,null,17676,3,"Ambulance Clerc","Monthey","S2","2022-02-11T12:32:26+01:00","2022-02-11T14:47:08+01:00","Hôpital Riviera-Chablais (HRC)","Route du Vieux-Séquoia",20,null,1847,"Rennaz","CH","Suisse",70,"Privée","Domicile","Chemin Es Preises",8,null,1862,"Les Mosses","CH","Suisse","False","VS22004289","Maladie","Masculin","Ruch","Ulrich","1947-05-02","Chemin Es Preises",8,null,1862,"Les Mosses","CH","Suisse","Philos Assurance Maladie SA","2756.7196.5448.60",1,"Personne","Masculin","Ruch","Ulrich","Chemin Es Preises",8,null,1862,"Les Mosses","CH","Suisse",null,"Forfait","Forfait S2",null,1,688,null,688]
[4568,"2022-02-25",956.5,null,17679,3,"Ambulance Clerc","Monthey","P2","2022-02-11T12:44:19+01:00","2022-02-11T14:23:06+01:00","Permanence médicale du Chablais (HRC)","Route de Morgins",54,null,1870,"Monthey","CH","Suisse",37,"Planification","Hôpital Riviera-Chablais (HRC)","Route du Vieux-Séquoia",20,null,1847,"Rennaz","CH","Suisse","False","VS22004292","Maladie","Féminin","Micotti","Fernande","1933-03-09","Avenue du Midi",7,null,1890,"St-Maurice","CH","Suisse","Helsana Assurances SA","1756.9641.7256.33",1,"Personne","Féminin","Micotti","Fernande","Avenue du Midi",7,null,1890,"St-Maurice","CH","Suisse",null,9402,"Taxe de base transport P2",null,1,300,null,300]
[4568,"2022-02-25",956.5,null,17679,3,"Ambulance Clerc","Monthey","P2","2022-02-11T12:44:19+01:00","2022-02-11T14:23:06+01:00","Permanence médicale du Chablais (HRC)","Route de Morgins",54,null,1870,"Monthey","CH","Suisse",37,"Planification","Hôpital Riviera-Chablais (HRC)","Route du Vieux-Séquoia",20,null,1847,"Rennaz","CH","Suisse","False","VS22004292","Maladie","Féminin","Micotti","Fernande","1933-03-09","Avenue du Midi",7,null,1890,"St-Maurice","CH","Suisse","Helsana Assurances SA","1756.9641.7256.33",1,"Personne","Féminin","Micotti","Fernande","Avenue du Midi",7,null,1890,"St-Maurice","CH","Suisse",null,9404,"Indemnisation kilométrique",null,37,4.5,"km",166.5]
[4568,"2022-02-25",956.5,null,17679,3,"Ambulance Clerc","Monthey","P2","2022-02-11T12:44:19+01:00","2022-02-11T14:23:06+01:00","Permanence médicale du Chablais (HRC)","Route de Morgins",54,null,1870,"Monthey","CH","Suisse",37,"Planification","Hôpital Riviera-Chablais (HRC)","Route du Vieux-Séquoia",20,null,1847,"Rennaz","CH","Suisse","False","VS22004292","Maladie","Féminin","Micotti","Fernande","1933-03-09","Avenue du Midi",7,null,1890,"St-Maurice","CH","Suisse","Helsana Assurances SA","1756.9641.7256.33",1,"Personne","Féminin","Micotti","Fernande","Avenue du Midi",7,null,1890,"St-Maurice","CH","Suisse",null,9411,"Personnel soignant reconnu (par personne et par quart d'heure entamé)",null,14,35,"¼ d'heure",490]
[4568,"2022-02-25",956.5,null,17679,3,"Ambulance Clerc","Monthey","P2","2022-02-11T12:44:19+01:00","2022-02-11T14:23:06+01:00","Permanence médicale du Chablais (HRC)","Route de Morgins",54,null,1870,"Monthey","CH","Suisse",37,"Planification","Hôpital Riviera-Chablais (HRC)","Route du Vieux-Séquoia",20,null,1847,"Rennaz","CH","Suisse","False","VS22004292","Maladie","Féminin","Micotti","Fernande","1933-03-09","Avenue du Midi",7,null,1890,"St-Maurice","CH","Suisse","Helsana Assurances SA","1756.9641.7256.33",1,"Personne","Féminin","Micotti","Fernande","Avenue du Midi",7,null,1890,"St-Maurice","CH","Suisse",null,9440,"Matériel - Prestation standard",null,1,0,null,0]
[4569,"2022-02-25",412,null,17683,3,"Ambulance Clerc","Monthey","S3","2022-02-11T13:18:05+01:00","2022-02-11T14:33:54+01:00","Hôpital Riviera-Chablais (HRC)","Route du Vieux-Séquoia",20,null,1847,"Rennaz","CH","Suisse",30,"Privée","Résidence La Charmaie","Place Sous l'Eglise",3,null,1893,"Muraz (Collombey)","CH","Suisse","False","VS22004296","Maladie","Féminin","Nicolerat","Simone ","1937-11-16","Place Sous l'Eglise",3,null,1893,"Muraz (Collombey)","CH","Suisse","Visana AG","2756.9277.3983.00",1,"Personne","Féminin","Nicolerat","Simone ","Place Sous l'Eglise",3,null,1893,"Muraz (Collombey)","CH","Suisse",null,47073,"Intervention programmée",null,1,412,null,412]
[4569,"2022-02-25",412,null,17683,3,"Ambulance Clerc","Monthey","S3","2022-02-11T13:18:05+01:00","2022-02-11T14:33:54+01:00","Hôpital Riviera-Chablais (HRC)","Route du Vieux-Séquoia",20,null,1847,"Rennaz","CH","Suisse",30,"Privée","Résidence La Charmaie","Place Sous l'Eglise",3,null,1893,"Muraz (Collombey)","CH","Suisse","False","VS22004296","Maladie","Féminin","Nicolerat","Simone ","1937-11-16","Place Sous l'Eglise",3,null,1893,"Muraz (Collombey)","CH","Suisse","Visana AG","2756.9277.3983.00",1,"Personne","Féminin","Nicolerat","Simone ","Place Sous l'Eglise",3,null,1893,"Muraz (Collombey)","CH","Suisse",null,null,"pour 1h de service et 30 km roulés"]
[4570,"2022-02-25",445.6,null,17691,3,"Ambulance Clerc","Monthey","S3","2022-02-11T14:44:36+01:00","2022-02-11T16:29:17+01:00","Hôpital Riviera-Chablais (HRC)","Route du Vieux-Séquoia",20,null,1847,"Rennaz","CH","Suisse",37,"Privée","EMS Tertianum La Venise","Rue de Venise",5,null,1870,"Monthey","CH","Suisse","False","VS22004304","Accident","Féminin","Luquiens","Margot","1931-03-24","Rue de Venise",5,"Tertianum La Venise",1870,"Monthey","CH","Suisse","CSS Kranken- Versicherung AG","2756.0135.2626.96",1,"Personne","Féminin","Pasche Mailler","Martine","Rue de Venise",5,null,1870,"Monthey","CH","Suisse",null,47073,"Intervention programmée",null,1,412,null,412]
[4570,"2022-02-25",445.6,null,17691,3,"Ambulance Clerc","Monthey","S3","2022-02-11T14:44:36+01:00","2022-02-11T16:29:17+01:00","Hôpital Riviera-Chablais (HRC)","Route du Vieux-Séquoia",20,null,1847,"Rennaz","CH","Suisse",37,"Privée","EMS Tertianum La Venise","Rue de Venise",5,null,1870,"Monthey","CH","Suisse","False","VS22004304","Accident","Féminin","Luquiens","Margot","1931-03-24","Rue de Venise",5,"Tertianum La Venise",1870,"Monthey","CH","Suisse","CSS Kranken- Versicherung AG","2756.0135.2626.96",1,"Personne","Féminin","Pasche Mailler","Martine","Rue de Venise",5,null,1870,"Monthey","CH","Suisse",null,47075,"Indemnisation kilométrique",null,7,4.8,"km",33.6]
[4571,"2022-02-25",350,"2021789/60",17703,3,"Ambulance Clerc","Monthey","S3","2022-02-11T16:27:00+01:00","2022-02-11T17:50:00+01:00","Hôpital de Martigny","Avenue de la Fusion",27,null,1920,"Martigny","CH","Suisse",55,"Privée","Hôpital de Malévoz","Route de Morgins",10,null,1870,"Monthey","CH","Suisse","False","VS22004317","Maladie","Masculin","Fellay","Alejandro Nathaël","1982-07-29","Avenue de la Gare",6,null,1964,"Conthey","CH","Suisse","Easy Sana Assurance Maladie SA","2756.0952.7014.08",101,"Établissement",null,null,null,"Avenue Grand-Champsec",86,"Case postale 696",1951,"Sion","CH","Suisse","Hôpital du Valais - Direction des Finances/Service des fournisseurs (facturation)","HVS.37J","Forfait S3 HVS Martigny - Malévoz","Trajet simple journée (08h00-20h00)",1,350,null,350]
[4572,"2022-02-25",572,"2114286/38",17706,3,"Ambulance Clerc","Monthey","S3","2022-02-11T17:00:35+01:00","2022-02-11T19:40:15+01:00","Hôpital de Sion","Avenue du Grand-Champsec",80,null,1950,"Sion","CH","Suisse",115,"Privée","Clinique Saint-Amé","Vers Saint-Amé",10,null,1890,"St-Maurice","CH","Suisse","False","VS22004320","Maladie","Féminin","Duc","Madeleine ","1946-02-22","Chemin Déjôt la Tsapellaz",11,null,1977,"Icogne","CH","Suisse","Helsana Assurances SA","2756.9461.4909.88",101,"Établissement",null,null,null,"Avenue Grand-Champsec",86,"Case postale 696",1951,"Sion","CH","Suisse","Hôpital du Valais - Direction des Finances/Service des fournisseurs (facturation)","HVS.16J","Forfait S3 HVS Sion - Clinique St-Amé","Trajet simple journée (08h00-20h00)",1,572,null,572]
[4573,"2022-02-25",882,null,17710,3,"Ambulance Clerc","Monthey","P1","2022-02-11T17:20:14+01:00","2022-02-11T18:52:45+01:00",null,"Rue de Venise","3C",null,1870,"Monthey","CH","Suisse",36,"Planification","Hôpital Riviera-Chablais (HRC)","Route du Vieux-Séquoia",20,null,1847,"Rennaz","CH","Suisse","False","VS22004325","Maladie","Féminin","Boutoille","Sanaa Sandra","1982-05-20","Avenue de Savoie",11,null,1896,"Vouvry","CH","Suisse","Assura-Basis SA","1756.9924.6007.94",1,"Personne","Féminin","Boutoille","Sanaa Sandra","Avenue de Savoie",11,null,1896,"Vouvry","CH","Suisse",null,9401,"Taxe de base sauvetage P1",null,1,300,null,300]
[4573,"2022-02-25",882,null,17710,3,"Ambulance Clerc","Monthey","P1","2022-02-11T17:20:14+01:00","2022-02-11T18:52:45+01:00",null,"Rue de Venise","3C",null,1870,"Monthey","CH","Suisse",36,"Planification","Hôpital Riviera-Chablais (HRC)","Route du Vieux-Séquoia",20,null,1847,"Rennaz","CH","Suisse","False","VS22004325","Maladie","Féminin","Boutoille","Sanaa Sandra","1982-05-20","Avenue de Savoie",11,null,1896,"Vouvry","CH","Suisse","Assura-Basis SA","1756.9924.6007.94",1,"Personne","Féminin","Boutoille","Sanaa Sandra","Avenue de Savoie",11,null,1896,"Vouvry","CH","Suisse",null,9404,"Indemnisation kilométrique",null,36,4.5,"km",162]
[4573,"2022-02-25",882,null,17710,3,"Ambulance Clerc","Monthey","P1","2022-02-11T17:20:14+01:00","2022-02-11T18:52:45+01:00",null,"Rue de Venise","3C",null,1870,"Monthey","CH","Suisse",36,"Planification","Hôpital Riviera-Chablais (HRC)","Route du Vieux-Séquoia",20,null,1847,"Rennaz","CH","Suisse","False","VS22004325","Maladie","Féminin","Boutoille","Sanaa Sandra","1982-05-20","Avenue de Savoie",11,null,1896,"Vouvry","CH","Suisse","Assura-Basis SA","1756.9924.6007.94",1,"Personne","Féminin","Boutoille","Sanaa Sandra","Avenue de Savoie",11,null,1896,"Vouvry","CH","Suisse",null,9411,"Personnel soignant reconnu (par personne et par quart d'heure entamé)",null,12,35,"¼ d'heure",420]
[4573,"2022-02-25",882,null,17710,3,"Ambulance Clerc","Monthey","P1","2022-02-11T17:20:14+01:00","2022-02-11T18:52:45+01:00",null,"Rue de Venise","3C",null,1870,"Monthey","CH","Suisse",36,"Planification","Hôpital Riviera-Chablais (HRC)","Route du Vieux-Séquoia",20,null,1847,"Rennaz","CH","Suisse","False","VS22004325","Maladie","Féminin","Boutoille","Sanaa Sandra","1982-05-20","Avenue de Savoie",11,null,1896,"Vouvry","CH","Suisse","Assura-Basis SA","1756.9924.6007.94",1,"Personne","Féminin","Boutoille","Sanaa Sandra","Avenue de Savoie",11,null,1896,"Vouvry","CH","Suisse",null,9440,"Matériel - Prestation standard",null,1,0,null,0]
[4574,"2022-02-25",765,null,17712,3,"Ambulance Clerc","Monthey","P1","2022-02-11T17:42:42+01:00","2022-02-11T19:05:58+01:00",null,"Chemin des Semilles",15,null,1870,"Monthey","CH","Suisse",10,"Planification",null,null,null,null,null,null,"CH","Suisse","False","VS22004327","Maladie","Masculin","De Riedmatten","Serge-Alain ","1959-06-27","Route des Semilles",15,null,1870,"Monthey","CH","Suisse","Helsana Assurances SA","1756.1049.1979.75",1,"Personne","Masculin","De Riedmatten","Serge-Alain ","Route des Semilles",15,null,1870,"Monthey","CH","Suisse",null,9401,"Taxe de base sauvetage P1",null,1,300,null,300]
[4574,"2022-02-25",765,null,17712,3,"Ambulance Clerc","Monthey","P1","2022-02-11T17:42:42+01:00","2022-02-11T19:05:58+01:00",null,"Chemin des Semilles",15,null,1870,"Monthey","CH","Suisse",10,"Planification",null,null,null,null,null,null,"CH","Suisse","False","VS22004327","Maladie","Masculin","De Riedmatten","Serge-Alain ","1959-06-27","Route des Semilles",15,null,1870,"Monthey","CH","Suisse","Helsana Assurances SA","1756.1049.1979.75",1,"Personne","Masculin","De Riedmatten","Serge-Alain ","Route des Semilles",15,null,1870,"Monthey","CH","Suisse",null,9404,"Indemnisation kilométrique",null,10,4.5,"km",45]
[4574,"2022-02-25",765,null,17712,3,"Ambulance Clerc","Monthey","P1","2022-02-11T17:42:42+01:00","2022-02-11T19:05:58+01:00",null,"Chemin des Semilles",15,null,1870,"Monthey","CH","Suisse",10,"Planification",null,null,null,null,null,null,"CH","Suisse","False","VS22004327","Maladie","Masculin","De Riedmatten","Serge-Alain ","1959-06-27","Route des Semilles",15,null,1870,"Monthey","CH","Suisse","Helsana Assurances SA","1756.1049.1979.75",1,"Personne","Masculin","De Riedmatten","Serge-Alain ","Route des Semilles",15,null,1870,"Monthey","CH","Suisse",null,9405,"Intervention sans transport de patient",null,1,0,null,0]
[4574,"2022-02-25",765,null,17712,3,"Ambulance Clerc","Monthey","P1","2022-02-11T17:42:42+01:00","2022-02-11T19:05:58+01:00",null,"Chemin des Semilles",15,null,1870,"Monthey","CH","Suisse",10,"Planification",null,null,null,null,null,null,"CH","Suisse","False","VS22004327","Maladie","Masculin","De Riedmatten","Serge-Alain ","1959-06-27","Route des Semilles",15,null,1870,"Monthey","CH","Suisse","Helsana Assurances SA","1756.1049.1979.75",1,"Personne","Masculin","De Riedmatten","Serge-Alain ","Route des Semilles",15,null,1870,"Monthey","CH","Suisse",null,9411,"Personnel soignant reconnu (par personne et par quart d'heure entamé)",null,12,35,"¼ d'heure",420]
[4574,"2022-02-25",765,null,17712,3,"Ambulance Clerc","Monthey","P1","2022-02-11T17:42:42+01:00","2022-02-11T19:05:58+01:00",null,"Chemin des Semilles",15,null,1870,"Monthey","CH","Suisse",10,"Planification",null,null,null,null,null,null,"CH","Suisse","False","VS22004327","Maladie","Masculin","De Riedmatten","Serge-Alain ","1959-06-27","Route des Semilles",15,null,1870,"Monthey","CH","Suisse","Helsana Assurances SA","1756.1049.1979.75",1,"Personne","Masculin","De Riedmatten","Serge-Alain ","Route des Semilles",15,null,1870,"Monthey","CH","Suisse",null,9440,"Matériel - Prestation standard",null,1,0,null,0]
[4575,"2022-02-25",843.5,null,17715,3,"Ambulance Clerc","Monthey","P2","2022-02-11T18:05:59+01:00","2022-02-11T19:20:19+01:00","Foyer Les 3 Sapins","Route du Village",5,null,1872,"Troistorrents","CH","Suisse",43,"Privée","Hôpital Riviera-Chablais (HRC)","Route du Vieux-Séquoia",20,null,1847,"Rennaz","CH","Suisse","False","VS22004330","Accident","Féminin","Teresina","Tomada","1940-04-30","Foyer Les 3 Sapins",null,"Case postale 68",1872,"Troistorrents","CH","Suisse","Arcosana AG","2756.0450.0464.52",1,"Personne","Féminin","Teresina","Tomada","Foyer Les 3 Sapins",null,"Case postale 68",1872,"Troistorrents","CH","Suisse",null,9402,"Taxe de base transport P2",null,1,300,null,300]
[4575,"2022-02-25",843.5,null,17715,3,"Ambulance Clerc","Monthey","P2","2022-02-11T18:05:59+01:00","2022-02-11T19:20:19+01:00","Foyer Les 3 Sapins","Route du Village",5,null,1872,"Troistorrents","CH","Suisse",43,"Privée","Hôpital Riviera-Chablais (HRC)","Route du Vieux-Séquoia",20,null,1847,"Rennaz","CH","Suisse","False","VS22004330","Accident","Féminin","Teresina","Tomada","1940-04-30","Foyer Les 3 Sapins",null,"Case postale 68",1872,"Troistorrents","CH","Suisse","Arcosana AG","2756.0450.0464.52",1,"Personne","Féminin","Teresina","Tomada","Foyer Les 3 Sapins",null,"Case postale 68",1872,"Troistorrents","CH","Suisse",null,9404,"Indemnisation kilométrique",null,43,4.5,"km",193.5]
[4575,"2022-02-25",843.5,null,17715,3,"Ambulance Clerc","Monthey","P2","2022-02-11T18:05:59+01:00","2022-02-11T19:20:19+01:00","Foyer Les 3 Sapins","Route du Village",5,null,1872,"Troistorrents","CH","Suisse",43,"Privée","Hôpital Riviera-Chablais (HRC)","Route du Vieux-Séquoia",20,null,1847,"Rennaz","CH","Suisse","False","VS22004330","Accident","Féminin","Teresina","Tomada","1940-04-30","Foyer Les 3 Sapins",null,"Case postale 68",1872,"Troistorrents","CH","Suisse","Arcosana AG","2756.0450.0464.52",1,"Personne","Féminin","Teresina","Tomada","Foyer Les 3 Sapins",null,"Case postale 68",1872,"Troistorrents","CH","Suisse",null,9411,"Personnel soignant reconnu (par personne et par quart d'heure entamé)",null,10,35,"¼ d'heure",350]
[4575,"2022-02-25",843.5,null,17715,3,"Ambulance Clerc","Monthey","P2","2022-02-11T18:05:59+01:00","2022-02-11T19:20:19+01:00","Foyer Les 3 Sapins","Route du Village",5,null,1872,"Troistorrents","CH","Suisse",43,"Privée","Hôpital Riviera-Chablais (HRC)","Route du Vieux-Séquoia",20,null,1847,"Rennaz","CH","Suisse","False","VS22004330","Accident","Féminin","Teresina","Tomada","1940-04-30","Foyer Les 3 Sapins",null,"Case postale 68",1872,"Troistorrents","CH","Suisse","Arcosana AG","2756.0450.0464.52",1,"Personne","Féminin","Teresina","Tomada","Foyer Les 3 Sapins",null,"Case postale 68",1872,"Troistorrents","CH","Suisse",null,9440,"Matériel - Prestation standard",null,1,0,null,0]
[4577,"2022-02-25",701.5,null,17719,3,"Ambulance Clerc","Monthey","P2","2022-02-11T18:55:37+01:00","2022-02-11T19:57:54+01:00","Rôtisserie du Bois-Noir","Route Cantonale",4,null,1890,"St-Maurice","CH","Suisse",27,"Planification",null,null,null,null,null,null,null,null,"True","VS22004334","Maladie","Féminin","Da Paixao Braz Pinto Shchypitsyna","Kateryna","1978-01-22","Route de la Rasse",2,null,1902,"Evionnaz","CH","Suisse","Helsana Assurances SA","1756.8866.5206.72",1,"Personne","Féminin","Da Paixao Braz Pinto Shchypitsyna","Kateryna","Route de la Rasse",2,null,1902,"Evionnaz","CH","Suisse",null,9402,"Taxe de base transport P2",null,1,300,null,300]
[4577,"2022-02-25",701.5,null,17719,3,"Ambulance Clerc","Monthey","P2","2022-02-11T18:55:37+01:00","2022-02-11T19:57:54+01:00","Rôtisserie du Bois-Noir","Route Cantonale",4,null,1890,"St-Maurice","CH","Suisse",27,"Planification",null,null,null,null,null,null,null,null,"True","VS22004334","Maladie","Féminin","Da Paixao Braz Pinto Shchypitsyna","Kateryna","1978-01-22","Route de la Rasse",2,null,1902,"Evionnaz","CH","Suisse","Helsana Assurances SA","1756.8866.5206.72",1,"Personne","Féminin","Da Paixao Braz Pinto Shchypitsyna","Kateryna","Route de la Rasse",2,null,1902,"Evionnaz","CH","Suisse",null,9404,"Indemnisation kilométrique",null,27,4.5,"km",121.5]
[4577,"2022-02-25",701.5,null,17719,3,"Ambulance Clerc","Monthey","P2","2022-02-11T18:55:37+01:00","2022-02-11T19:57:54+01:00","Rôtisserie du Bois-Noir","Route Cantonale",4,null,1890,"St-Maurice","CH","Suisse",27,"Planification",null,null,null,null,null,null,null,null,"True","VS22004334","Maladie","Féminin","Da Paixao Braz Pinto Shchypitsyna","Kateryna","1978-01-22","Route de la Rasse",2,null,1902,"Evionnaz","CH","Suisse","Helsana Assurances SA","1756.8866.5206.72",1,"Personne","Féminin","Da Paixao Braz Pinto Shchypitsyna","Kateryna","Route de la Rasse",2,null,1902,"Evionnaz","CH","Suisse",null,9405,"Intervention sans transport de patient",null,1,0,null,0]
[4577,"2022-02-25",701.5,null,17719,3,"Ambulance Clerc","Monthey","P2","2022-02-11T18:55:37+01:00","2022-02-11T19:57:54+01:00","Rôtisserie du Bois-Noir","Route Cantonale",4,null,1890,"St-Maurice","CH","Suisse",27,"Planification",null,null,null,null,null,null,null,null,"True","VS22004334","Maladie","Féminin","Da Paixao Braz Pinto Shchypitsyna","Kateryna","1978-01-22","Route de la Rasse",2,null,1902,"Evionnaz","CH","Suisse","Helsana Assurances SA","1756.8866.5206.72",1,"Personne","Féminin","Da Paixao Braz Pinto Shchypitsyna","Kateryna","Route de la Rasse",2,null,1902,"Evionnaz","CH","Suisse",null,9411,"Personnel soignant reconnu (par personne et par quart d'heure entamé)",null,8,35,"¼ d'heure",280]
[4577,"2022-02-25",701.5,null,17719,3,"Ambulance Clerc","Monthey","P2","2022-02-11T18:55:37+01:00","2022-02-11T19:57:54+01:00","Rôtisserie du Bois-Noir","Route Cantonale",4,null,1890,"St-Maurice","CH","Suisse",27,"Planification",null,null,null,null,null,null,null,null,"True","VS22004334","Maladie","Féminin","Da Paixao Braz Pinto Shchypitsyna","Kateryna","1978-01-22","Route de la Rasse",2,null,1902,"Evionnaz","CH","Suisse","Helsana Assurances SA","1756.8866.5206.72",1,"Personne","Féminin","Da Paixao Braz Pinto Shchypitsyna","Kateryna","Route de la Rasse",2,null,1902,"Evionnaz","CH","Suisse",null,9440,"Matériel - Prestation standard",null,1,0,null,0]
[4578,"2022-02-25",909,null,17728,3,"Ambulance Clerc","Monthey","P1","2022-02-11T21:57:00+01:00","2022-02-11T23:59:59+01:00",null,"Chemin de la Source",8,null,1854,"Leysin","CH","Suisse",68,"Planification","Hôpital Riviera-Chablais (HRC)","Route du Vieux-Séquoia",20,null,1847,"Rennaz","CH","Suisse","False","VS22004345","Accident","Masculin","Odelet","David","1967-12-30","Chemin du Marais",5,null,1263,"Crassier","CH","Suisse","SUVA Lausanne","1756.3090.8750.86",119,"Établissement",null,null,null,"Postfach",null,null,6009,"Luzern","CH","Suisse","Suva Lausanne - Service Center",47060,"Intervention d'urgence et de sauvetage",null,1,725,null,725]
[4578,"2022-02-25",909,null,17728,3,"Ambulance Clerc","Monthey","P1","2022-02-11T21:57:00+01:00","2022-02-11T23:59:59+01:00",null,"Chemin de la Source",8,null,1854,"Leysin","CH","Suisse",68,"Planification","Hôpital Riviera-Chablais (HRC)","Route du Vieux-Séquoia",20,null,1847,"Rennaz","CH","Suisse","False","VS22004345","Accident","Masculin","Odelet","David","1967-12-30","Chemin du Marais",5,null,1263,"Crassier","CH","Suisse","SUVA Lausanne","1756.3090.8750.86",119,"Établissement",null,null,null,"Postfach",null,null,6009,"Luzern","CH","Suisse","Suva Lausanne - Service Center",47061,"Temps supplémentaire",null,4,46,"¼ d'heure",184]
[4579,"2022-02-25",982.5,null,17735,3,"Ambulance Clerc","Monthey","P1","2022-02-12T01:08:20+01:00","2022-02-12T02:31:52+01:00",null,"Avenue de la Gare","59A",null,1870,"Monthey","CH","Suisse",35,"Planification","Hôpital Riviera-Chablais (HRC)","Route du Vieux-Séquoia",20,null,1847,"Rennaz","CH","Suisse","False","VS22004353","Accident","Masculin","Udressy","Sébastien","1993-08-11","Avenue de la Gare","59A",null,1870,"Monthey","CH","Suisse","SUVA - Sion","1756.1071.9710.00",121,"Établissement",null,null,null,"Postfach",null,null,6009,"Luzern","CH","Suisse","Suva Sion - Service Center","VS.9501","Taxe de base sauvetage P1",null,1,300,null,300]
[4579,"2022-02-25",982.5,null,17735,3,"Ambulance Clerc","Monthey","P1","2022-02-12T01:08:20+01:00","2022-02-12T02:31:52+01:00",null,"Avenue de la Gare","59A",null,1870,"Monthey","CH","Suisse",35,"Planification","Hôpital Riviera-Chablais (HRC)","Route du Vieux-Séquoia",20,null,1847,"Rennaz","CH","Suisse","False","VS22004353","Accident","Masculin","Udressy","Sébastien","1993-08-11","Avenue de la Gare","59A",null,1870,"Monthey","CH","Suisse","SUVA - Sion","1756.1071.9710.00",121,"Établissement",null,null,null,"Postfach",null,null,6009,"Luzern","CH","Suisse","Suva Sion - Service Center","VS.9504","Indemnisation kilométrique",null,35,4.5,"km",157.5]
[4579,"2022-02-25",982.5,null,17735,3,"Ambulance Clerc","Monthey","P1","2022-02-12T01:08:20+01:00","2022-02-12T02:31:52+01:00",null,"Avenue de la Gare","59A",null,1870,"Monthey","CH","Suisse",35,"Planification","Hôpital Riviera-Chablais (HRC)","Route du Vieux-Séquoia",20,null,1847,"Rennaz","CH","Suisse","False","VS22004353","Accident","Masculin","Udressy","Sébastien","1993-08-11","Avenue de la Gare","59A",null,1870,"Monthey","CH","Suisse","SUVA - Sion","1756.1071.9710.00",121,"Établissement",null,null,null,"Postfach",null,null,6009,"Luzern","CH","Suisse","Suva Sion - Service Center","VS.9511","Personnel soignant reconnu (par personne et par quart d'heure entamé)",null,12,35,"¼ d'heure",420]
[4579,"2022-02-25",982.5,null,17735,3,"Ambulance Clerc","Monthey","P1","2022-02-12T01:08:20+01:00","2022-02-12T02:31:52+01:00",null,"Avenue de la Gare","59A",null,1870,"Monthey","CH","Suisse",35,"Planification","Hôpital Riviera-Chablais (HRC)","Route du Vieux-Séquoia",20,null,1847,"Rennaz","CH","Suisse","False","VS22004353","Accident","Masculin","Udressy","Sébastien","1993-08-11","Avenue de la Gare","59A",null,1870,"Monthey","CH","Suisse","SUVA - Sion","1756.1071.9710.00",121,"Établissement",null,null,null,"Postfach",null,null,6009,"Luzern","CH","Suisse","Suva Sion - Service Center","VS.9531","Supplément de nuit",null,1,105,null,105]
[4579,"2022-02-25",982.5,null,17735,3,"Ambulance Clerc","Monthey","P1","2022-02-12T01:08:20+01:00","2022-02-12T02:31:52+01:00",null,"Avenue de la Gare","59A",null,1870,"Monthey","CH","Suisse",35,"Planification","Hôpital Riviera-Chablais (HRC)","Route du Vieux-Séquoia",20,null,1847,"Rennaz","CH","Suisse","False","VS22004353","Accident","Masculin","Udressy","Sébastien","1993-08-11","Avenue de la Gare","59A",null,1870,"Monthey","CH","Suisse","SUVA - Sion","1756.1071.9710.00",121,"Établissement",null,null,null,"Postfach",null,null,6009,"Luzern","CH","Suisse","Suva Sion - Service Center","VS.9540","Matériel - Prestation standard",null,1,0,null,0]
[4580,"2022-02-25",803,null,17701,3,"Ambulance Clerc","Monthey","P2","2022-02-11T16:01:32+01:00","2022-02-11T17:18:12+01:00","La Castalie","Chemin de Champerfou",40,null,1870,"Monthey","CH","Suisse",34,"Planification","Hôpital Riviera-Chablais (HRC)","Route du Vieux-Séquoia",20,null,1847,"Rennaz","CH","Suisse","False","VS22004315","Maladie","Féminin","Walpen","Yasmine","1978-04-17","Chemin de Champerfou","55A","La Castalie",1870,"Monthey","CH","Suisse","SUPRA-1846 SA","1756.5971.1891.38",1,"Personne","Féminin","Walpen","Gabrielle","Rue de Clodevis",14,null,1967,"Bramois","CH","Suisse",null,9402,"Taxe de base transport P2",null,1,300,null,300]
[4580,"2022-02-25",803,null,17701,3,"Ambulance Clerc","Monthey","P2","2022-02-11T16:01:32+01:00","2022-02-11T17:18:12+01:00","La Castalie","Chemin de Champerfou",40,null,1870,"Monthey","CH","Suisse",34,"Planification","Hôpital Riviera-Chablais (HRC)","Route du Vieux-Séquoia",20,null,1847,"Rennaz","CH","Suisse","False","VS22004315","Maladie","Féminin","Walpen","Yasmine","1978-04-17","Chemin de Champerfou","55A","La Castalie",1870,"Monthey","CH","Suisse","SUPRA-1846 SA","1756.5971.1891.38",1,"Personne","Féminin","Walpen","Gabrielle","Rue de Clodevis",14,null,1967,"Bramois","CH","Suisse",null,9404,"Indemnisation kilométrique",null,34,4.5,"km",153]
[4580,"2022-02-25",803,null,17701,3,"Ambulance Clerc","Monthey","P2","2022-02-11T16:01:32+01:00","2022-02-11T17:18:12+01:00","La Castalie","Chemin de Champerfou",40,null,1870,"Monthey","CH","Suisse",34,"Planification","Hôpital Riviera-Chablais (HRC)","Route du Vieux-Séquoia",20,null,1847,"Rennaz","CH","Suisse","False","VS22004315","Maladie","Féminin","Walpen","Yasmine","1978-04-17","Chemin de Champerfou","55A","La Castalie",1870,"Monthey","CH","Suisse","SUPRA-1846 SA","1756.5971.1891.38",1,"Personne","Féminin","Walpen","Gabrielle","Rue de Clodevis",14,null,1967,"Bramois","CH","Suisse",null,9411,"Personnel soignant reconnu (par personne et par quart d'heure entamé)",null,10,35,"¼ d'heure",350]
[4580,"2022-02-25",803,null,17701,3,"Ambulance Clerc","Monthey","P2","2022-02-11T16:01:32+01:00","2022-02-11T17:18:12+01:00","La Castalie","Chemin de Champerfou",40,null,1870,"Monthey","CH","Suisse",34,"Planification","Hôpital Riviera-Chablais (HRC)","Route du Vieux-Séquoia",20,null,1847,"Rennaz","CH","Suisse","False","VS22004315","Maladie","Féminin","Walpen","Yasmine","1978-04-17","Chemin de Champerfou","55A","La Castalie",1870,"Monthey","CH","Suisse","SUPRA-1846 SA","1756.5971.1891.38",1,"Personne","Féminin","Walpen","Gabrielle","Rue de Clodevis",14,null,1967,"Bramois","CH","Suisse",null,9440,"Matériel - Prestation standard",null,1,0,null,0]
[4582,"2022-02-25",974.5,null,17746,3,"Ambulance Clerc","Monthey","P2","2022-02-12T08:32:13+01:00","2022-02-12T10:07:40+01:00","Domicile","Route du Remonfin",11,null,1897,"Bouveret","CH","Suisse",41,"Planification","Hôpital Riviera-Chablais (HRC)","Route du Vieux-Séquoia",20,null,1847,"Rennaz","CH","Suisse","False","VS22004364","Maladie","Masculin"," Dos Santos","José","1964-05-05","Rte de Remonfin",11,null,1897,"Bouveret","CH","Suisse","Mutuel Assurance Maladie SA","1756.8736.4508.25",1,"Personne","Masculin"," Dos Santos","José","Rte de Remonfin",11,null,1897,"Bouveret","CH","Suisse",null,9402,"Taxe de base transport P2",null,1,300,null,300]
[4582,"2022-02-25",974.5,null,17746,3,"Ambulance Clerc","Monthey","P2","2022-02-12T08:32:13+01:00","2022-02-12T10:07:40+01:00","Domicile","Route du Remonfin",11,null,1897,"Bouveret","CH","Suisse",41,"Planification","Hôpital Riviera-Chablais (HRC)","Route du Vieux-Séquoia",20,null,1847,"Rennaz","CH","Suisse","False","VS22004364","Maladie","Masculin"," Dos Santos","José","1964-05-05","Rte de Remonfin",11,null,1897,"Bouveret","CH","Suisse","Mutuel Assurance Maladie SA","1756.8736.4508.25",1,"Personne","Masculin"," Dos Santos","José","Rte de Remonfin",11,null,1897,"Bouveret","CH","Suisse",null,9404,"Indemnisation kilométrique",null,41,4.5,"km",184.5]
[4582,"2022-02-25",974.5,null,17746,3,"Ambulance Clerc","Monthey","P2","2022-02-12T08:32:13+01:00","2022-02-12T10:07:40+01:00","Domicile","Route du Remonfin",11,null,1897,"Bouveret","CH","Suisse",41,"Planification","Hôpital Riviera-Chablais (HRC)","Route du Vieux-Séquoia",20,null,1847,"Rennaz","CH","Suisse","False","VS22004364","Maladie","Masculin"," Dos Santos","José","1964-05-05","Rte de Remonfin",11,null,1897,"Bouveret","CH","Suisse","Mutuel Assurance Maladie SA","1756.8736.4508.25",1,"Personne","Masculin"," Dos Santos","José","Rte de Remonfin",11,null,1897,"Bouveret","CH","Suisse",null,9411,"Personnel soignant reconnu (par personne et par quart d'heure entamé)",null,14,35,"¼ d'heure",490]
[4582,"2022-02-25",974.5,null,17746,3,"Ambulance Clerc","Monthey","P2","2022-02-12T08:32:13+01:00","2022-02-12T10:07:40+01:00","Domicile","Route du Remonfin",11,null,1897,"Bouveret","CH","Suisse",41,"Planification","Hôpital Riviera-Chablais (HRC)","Route du Vieux-Séquoia",20,null,1847,"Rennaz","CH","Suisse","False","VS22004364","Maladie","Masculin"," Dos Santos","José","1964-05-05","Rte de Remonfin",11,null,1897,"Bouveret","CH","Suisse","Mutuel Assurance Maladie SA","1756.8736.4508.25",1,"Personne","Masculin"," Dos Santos","José","Rte de Remonfin",11,null,1897,"Bouveret","CH","Suisse",null,9440,"Matériel - Prestation standard",null,1,0,null,0]
[4583,"2022-02-25",1027.5,null,17814,3,"Ambulance Clerc","Monthey","P2","2022-02-12T16:29:54+01:00","2022-02-12T18:18:13+01:00",null,"Rue de Clos-Novex",41,null,1868,"Collombey","CH","Suisse",35,"Planification","Hôpital Riviera-Chablais (HRC)","Route du Vieux-Séquoia",20,null,1847,"Rennaz","CH","Suisse","False","VS22004434","Accident","Masculin","Millasson","Michel","1952-11-01","Rue du Clos-Novex",41,null,1868,"Collombey","CH","Suisse","Helsana Assurances SA","1756.9274.5508.24",1,"Personne","Masculin","Millasson","Michel","Rue du Clos-Novex",41,null,1868,"Collombey","CH","Suisse",null,9402,"Taxe de base transport P2",null,1,300,null,300]
[4583,"2022-02-25",1027.5,null,17814,3,"Ambulance Clerc","Monthey","P2","2022-02-12T16:29:54+01:00","2022-02-12T18:18:13+01:00",null,"Rue de Clos-Novex",41,null,1868,"Collombey","CH","Suisse",35,"Planification","Hôpital Riviera-Chablais (HRC)","Route du Vieux-Séquoia",20,null,1847,"Rennaz","CH","Suisse","False","VS22004434","Accident","Masculin","Millasson","Michel","1952-11-01","Rue du Clos-Novex",41,null,1868,"Collombey","CH","Suisse","Helsana Assurances SA","1756.9274.5508.24",1,"Personne","Masculin","Millasson","Michel","Rue du Clos-Novex",41,null,1868,"Collombey","CH","Suisse",null,9404,"Indemnisation kilométrique",null,35,4.5,"km",157.5]
[4583,"2022-02-25",1027.5,null,17814,3,"Ambulance Clerc","Monthey","P2","2022-02-12T16:29:54+01:00","2022-02-12T18:18:13+01:00",null,"Rue de Clos-Novex",41,null,1868,"Collombey","CH","Suisse",35,"Planification","Hôpital Riviera-Chablais (HRC)","Route du Vieux-Séquoia",20,null,1847,"Rennaz","CH","Suisse","False","VS22004434","Accident","Masculin","Millasson","Michel","1952-11-01","Rue du Clos-Novex",41,null,1868,"Collombey","CH","Suisse","Helsana Assurances SA","1756.9274.5508.24",1,"Personne","Masculin","Millasson","Michel","Rue du Clos-Novex",41,null,1868,"Collombey","CH","Suisse",null,9411,"Personnel soignant reconnu (par personne et par quart d'heure entamé)",null,14,35,"¼ d'heure",490]
[4583,"2022-02-25",1027.5,null,17814,3,"Ambulance Clerc","Monthey","P2","2022-02-12T16:29:54+01:00","2022-02-12T18:18:13+01:00",null,"Rue de Clos-Novex",41,null,1868,"Collombey","CH","Suisse",35,"Planification","Hôpital Riviera-Chablais (HRC)","Route du Vieux-Séquoia",20,null,1847,"Rennaz","CH","Suisse","False","VS22004434","Accident","Masculin","Millasson","Michel","1952-11-01","Rue du Clos-Novex",41,null,1868,"Collombey","CH","Suisse","Helsana Assurances SA","1756.9274.5508.24",1,"Personne","Masculin","Millasson","Michel","Rue du Clos-Novex",41,null,1868,"Collombey","CH","Suisse",null,9441,"Matériel - Prestation standard élargie",null,1,80,null,80]
[4584,"2022-02-25",1271,null,17826,3,"Ambulance Clerc","Monthey","P2","2022-02-12T18:18:23+01:00","2022-02-12T20:34:58+01:00",null,"Route de la Jorette",86,"Bâtiment « La Jorette »",1899,"Torgon","CH","Suisse",58,"Planification","Hôpital Riviera-Chablais (HRC)","Route du Vieux-Séquoia",20,null,1847,"Rennaz","CH","Suisse","False","VS22004447","Accident","Féminin","Rosat","Carole Josiane","1963-05-21","Chemin du Chêne",11,null,1052,"Le Mont-sur-Lausanne","CH","Suisse","Suva, Lausanne","1756.8537.0801.91",119,"Établissement",null,null,null,"Postfach",null,null,6009,"Luzern","CH","Suisse","Suva Lausanne - Service Center","VS.9502","Taxe de base transport P2",null,1,300,null,300]
[4584,"2022-02-25",1271,null,17826,3,"Ambulance Clerc","Monthey","P2","2022-02-12T18:18:23+01:00","2022-02-12T20:34:58+01:00",null,"Route de la Jorette",86,"Bâtiment « La Jorette »",1899,"Torgon","CH","Suisse",58,"Planification","Hôpital Riviera-Chablais (HRC)","Route du Vieux-Séquoia",20,null,1847,"Rennaz","CH","Suisse","False","VS22004447","Accident","Féminin","Rosat","Carole Josiane","1963-05-21","Chemin du Chêne",11,null,1052,"Le Mont-sur-Lausanne","CH","Suisse","Suva, Lausanne","1756.8537.0801.91",119,"Établissement",null,null,null,"Postfach",null,null,6009,"Luzern","CH","Suisse","Suva Lausanne - Service Center","VS.9504","Indemnisation kilométrique",null,58,4.5,"km",261]
[4584,"2022-02-25",1271,null,17826,3,"Ambulance Clerc","Monthey","P2","2022-02-12T18:18:23+01:00","2022-02-12T20:34:58+01:00",null,"Route de la Jorette",86,"Bâtiment « La Jorette »",1899,"Torgon","CH","Suisse",58,"Planification","Hôpital Riviera-Chablais (HRC)","Route du Vieux-Séquoia",20,null,1847,"Rennaz","CH","Suisse","False","VS22004447","Accident","Féminin","Rosat","Carole Josiane","1963-05-21","Chemin du Chêne",11,null,1052,"Le Mont-sur-Lausanne","CH","Suisse","Suva, Lausanne","1756.8537.0801.91",119,"Établissement",null,null,null,"Postfach",null,null,6009,"Luzern","CH","Suisse","Suva Lausanne - Service Center","VS.9511","Personnel soignant reconnu (par personne et par quart d'heure entamé)",null,18,35,"¼ d'heure",630]
[4584,"2022-02-25",1271,null,17826,3,"Ambulance Clerc","Monthey","P2","2022-02-12T18:18:23+01:00","2022-02-12T20:34:58+01:00",null,"Route de la Jorette",86,"Bâtiment « La Jorette »",1899,"Torgon","CH","Suisse",58,"Planification","Hôpital Riviera-Chablais (HRC)","Route du Vieux-Séquoia",20,null,1847,"Rennaz","CH","Suisse","False","VS22004447","Accident","Féminin","Rosat","Carole Josiane","1963-05-21","Chemin du Chêne",11,null,1052,"Le Mont-sur-Lausanne","CH","Suisse","Suva, Lausanne","1756.8537.0801.91",119,"Établissement",null,null,null,"Postfach",null,null,6009,"Luzern","CH","Suisse","Suva Lausanne - Service Center","VS.9541","Matériel - Prestation standard élargie",null,1,80,null,80]
[4585,"2022-02-25",742,null,17827,3,"Ambulance Clerc","Monthey","P2","2022-02-12T18:44:45+01:00","2022-02-12T19:47:36+01:00","Permanence médicale du Chablais (HRC)","Route de Morgins",54,null,1870,"Monthey","CH","Suisse",36,"Planification","Hôpital Riviera-Chablais (HRC)","Route du Vieux-Séquoia",20,null,1847,"Rennaz","CH","Suisse","False","VS22004448","Maladie","Masculin","Chervaz","André","1932-04-27","Avenue de France","57A",null,1870,"Monthey","CH","Suisse","Helsana Assurances SA","1756.5948.5382.11",1,"Personne","Masculin","Chervaz","André","Avenue de France","57A",null,1870,"Monthey","CH","Suisse",null,9402,"Taxe de base transport P2",null,1,300,null,300]
[4585,"2022-02-25",742,null,17827,3,"Ambulance Clerc","Monthey","P2","2022-02-12T18:44:45+01:00","2022-02-12T19:47:36+01:00","Permanence médicale du Chablais (HRC)","Route de Morgins",54,null,1870,"Monthey","CH","Suisse",36,"Planification","Hôpital Riviera-Chablais (HRC)","Route du Vieux-Séquoia",20,null,1847,"Rennaz","CH","Suisse","False","VS22004448","Maladie","Masculin","Chervaz","André","1932-04-27","Avenue de France","57A",null,1870,"Monthey","CH","Suisse","Helsana Assurances SA","1756.5948.5382.11",1,"Personne","Masculin","Chervaz","André","Avenue de France","57A",null,1870,"Monthey","CH","Suisse",null,9404,"Indemnisation kilométrique",null,36,4.5,"km",162]
[4585,"2022-02-25",742,null,17827,3,"Ambulance Clerc","Monthey","P2","2022-02-12T18:44:45+01:00","2022-02-12T19:47:36+01:00","Permanence médicale du Chablais (HRC)","Route de Morgins",54,null,1870,"Monthey","CH","Suisse",36,"Planification","Hôpital Riviera-Chablais (HRC)","Route du Vieux-Séquoia",20,null,1847,"Rennaz","CH","Suisse","False","VS22004448","Maladie","Masculin","Chervaz","André","1932-04-27","Avenue de France","57A",null,1870,"Monthey","CH","Suisse","Helsana Assurances SA","1756.5948.5382.11",1,"Personne","Masculin","Chervaz","André","Avenue de France","57A",null,1870,"Monthey","CH","Suisse",null,9411,"Personnel soignant reconnu (par personne et par quart d'heure entamé)",null,8,35,"¼ d'heure",280]
[4585,"2022-02-25",742,null,17827,3,"Ambulance Clerc","Monthey","P2","2022-02-12T18:44:45+01:00","2022-02-12T19:47:36+01:00","Permanence médicale du Chablais (HRC)","Route de Morgins",54,null,1870,"Monthey","CH","Suisse",36,"Planification","Hôpital Riviera-Chablais (HRC)","Route du Vieux-Séquoia",20,null,1847,"Rennaz","CH","Suisse","False","VS22004448","Maladie","Masculin","Chervaz","André","1932-04-27","Avenue de France","57A",null,1870,"Monthey","CH","Suisse","Helsana Assurances SA","1756.5948.5382.11",1,"Personne","Masculin","Chervaz","André","Avenue de France","57A",null,1870,"Monthey","CH","Suisse",null,9440,"Matériel - Prestation standard",null,1,0,null,0]
[4586,"2022-02-25",724,null,17829,3,"Ambulance Clerc","Monthey","P2","2022-02-12T19:19:45+01:00","2022-02-12T20:17:51+01:00","Domicile","Rue du Pré Raye","21A",null,1868,"Collombey","CH","Suisse",32,"Privée","Hôpital Riviera-Chablais (HRC)","Route du Vieux-Séquoia",20,null,1847,"Rennaz","CH","Suisse","False","VS22004450","Maladie","Féminin","Susanne","Pichard","1944-08-07","Rue du Pré Raye","21A",null,1868,"Collombey","CH","Suisse","CSS Kranken- Versicherung AG","2756.2612.3441.92",1,"Personne","Féminin","Susanne","Pichard","Rue du Pré Raye","21A",null,1868,"Collombey","CH","Suisse",null,9402,"Taxe de base transport P2",null,1,300,null,300]
[4586,"2022-02-25",724,null,17829,3,"Ambulance Clerc","Monthey","P2","2022-02-12T19:19:45+01:00","2022-02-12T20:17:51+01:00","Domicile","Rue du Pré Raye","21A",null,1868,"Collombey","CH","Suisse",32,"Privée","Hôpital Riviera-Chablais (HRC)","Route du Vieux-Séquoia",20,null,1847,"Rennaz","CH","Suisse","False","VS22004450","Maladie","Féminin","Susanne","Pichard","1944-08-07","Rue du Pré Raye","21A",null,1868,"Collombey","CH","Suisse","CSS Kranken- Versicherung AG","2756.2612.3441.92",1,"Personne","Féminin","Susanne","Pichard","Rue du Pré Raye","21A",null,1868,"Collombey","CH","Suisse",null,9404,"Indemnisation kilométrique",null,32,4.5,"km",144]
[4586,"2022-02-25",724,null,17829,3,"Ambulance Clerc","Monthey","P2","2022-02-12T19:19:45+01:00","2022-02-12T20:17:51+01:00","Domicile","Rue du Pré Raye","21A",null,1868,"Collombey","CH","Suisse",32,"Privée","Hôpital Riviera-Chablais (HRC)","Route du Vieux-Séquoia",20,null,1847,"Rennaz","CH","Suisse","False","VS22004450","Maladie","Féminin","Susanne","Pichard","1944-08-07","Rue du Pré Raye","21A",null,1868,"Collombey","CH","Suisse","CSS Kranken- Versicherung AG","2756.2612.3441.92",1,"Personne","Féminin","Susanne","Pichard","Rue du Pré Raye","21A",null,1868,"Collombey","CH","Suisse",null,9411,"Personnel soignant reconnu (par personne et par quart d'heure entamé)",null,8,35,"¼ d'heure",280]
[4587,"2022-02-25",812,null,17836,3,"Ambulance Clerc","Monthey","P1","2022-02-12T21:01:06+01:00","2022-02-12T21:53:57+01:00",null,"Rue de Venise","3B","Bar La Licorne",1870,"Monthey","CH","Suisse",36,"Planification","Hôpital Riviera-Chablais (HRC)","Route du Vieux-Séquoia",20,null,1847,"Rennaz","CH","Suisse","False","VS22004457","Accident","Masculin","Jamali","Khalil","1969-09-29","Chemin du Verger","22B",null,1868,"Collombey","CH","Suisse",null,"1756.8788.1235.79",1,"Personne","Masculin","Jamali","Khalil","Chemin du Verger","22B",null,1868,"Collombey","CH","Suisse",null,"VS.9501","Taxe de base sauvetage P1",null,1,300,null,300]
[4587,"2022-02-25",812,null,17836,3,"Ambulance Clerc","Monthey","P1","2022-02-12T21:01:06+01:00","2022-02-12T21:53:57+01:00",null,"Rue de Venise","3B","Bar La Licorne",1870,"Monthey","CH","Suisse",36,"Planification","Hôpital Riviera-Chablais (HRC)","Route du Vieux-Séquoia",20,null,1847,"Rennaz","CH","Suisse","False","VS22004457","Accident","Masculin","Jamali","Khalil","1969-09-29","Chemin du Verger","22B",null,1868,"Collombey","CH","Suisse",null,"1756.8788.1235.79",1,"Personne","Masculin","Jamali","Khalil","Chemin du Verger","22B",null,1868,"Collombey","CH","Suisse",null,"VS.9504","Indemnisation kilométrique",null,36,4.5,"km",162]
[4587,"2022-02-25",812,null,17836,3,"Ambulance Clerc","Monthey","P1","2022-02-12T21:01:06+01:00","2022-02-12T21:53:57+01:00",null,"Rue de Venise","3B","Bar La Licorne",1870,"Monthey","CH","Suisse",36,"Planification","Hôpital Riviera-Chablais (HRC)","Route du Vieux-Séquoia",20,null,1847,"Rennaz","CH","Suisse","False","VS22004457","Accident","Masculin","Jamali","Khalil","1969-09-29","Chemin du Verger","22B",null,1868,"Collombey","CH","Suisse",null,"1756.8788.1235.79",1,"Personne","Masculin","Jamali","Khalil","Chemin du Verger","22B",null,1868,"Collombey","CH","Suisse",null,"VS.9511","Personnel soignant reconnu (par personne et par quart d'heure entamé)",null,8,35,"¼ d'heure",280]
[4587,"2022-02-25",812,null,17836,3,"Ambulance Clerc","Monthey","P1","2022-02-12T21:01:06+01:00","2022-02-12T21:53:57+01:00",null,"Rue de Venise","3B","Bar La Licorne",1870,"Monthey","CH","Suisse",36,"Planification","Hôpital Riviera-Chablais (HRC)","Route du Vieux-Séquoia",20,null,1847,"Rennaz","CH","Suisse","False","VS22004457","Accident","Masculin","Jamali","Khalil","1969-09-29","Chemin du Verger","22B",null,1868,"Collombey","CH","Suisse",null,"1756.8788.1235.79",1,"Personne","Masculin","Jamali","Khalil","Chemin du Verger","22B",null,1868,"Collombey","CH","Suisse",null,"VS.9531","Supplément de nuit",null,1,70,null,70]
[4587,"2022-02-25",812,null,17836,3,"Ambulance Clerc","Monthey","P1","2022-02-12T21:01:06+01:00","2022-02-12T21:53:57+01:00",null,"Rue de Venise","3B","Bar La Licorne",1870,"Monthey","CH","Suisse",36,"Planification","Hôpital Riviera-Chablais (HRC)","Route du Vieux-Séquoia",20,null,1847,"Rennaz","CH","Suisse","False","VS22004457","Accident","Masculin","Jamali","Khalil","1969-09-29","Chemin du Verger","22B",null,1868,"Collombey","CH","Suisse",null,"1756.8788.1235.79",1,"Personne","Masculin","Jamali","Khalil","Chemin du Verger","22B",null,1868,"Collombey","CH","Suisse",null,"VS.9540","Matériel - Prestation standard",null,1,0,null,0]
[4588,"2022-02-25",630,null,17837,3,"Ambulance Clerc","Monthey","P2","2022-02-12T21:03:59+01:00","2022-02-12T21:52:08+01:00",null,"Route d'Outre-Vièze",125,null,1871,"Choëx","CH","Suisse",15,"Privée",null,null,null,null,null,null,null,null,"True","VS22004458","Maladie","Masculin","Perry","Simon","1992-05-27","Route d'Outre-Vièze",125,null,1871,"Choëx","CH","Suisse","CSS Kranken- Versicherung AG","2756.1898.0092.07",1,"Personne","Masculin","Perry","Simon","Route d'Outre-Vièze",125,null,1871,"Choëx","CH","Suisse",null,9402,"Taxe de base transport P2",null,1,300,null,300]
[4588,"2022-02-25",630,null,17837,3,"Ambulance Clerc","Monthey","P2","2022-02-12T21:03:59+01:00","2022-02-12T21:52:08+01:00",null,"Route d'Outre-Vièze",125,null,1871,"Choëx","CH","Suisse",15,"Privée",null,null,null,null,null,null,null,null,"True","VS22004458","Maladie","Masculin","Perry","Simon","1992-05-27","Route d'Outre-Vièze",125,null,1871,"Choëx","CH","Suisse","CSS Kranken- Versicherung AG","2756.1898.0092.07",1,"Personne","Masculin","Perry","Simon","Route d'Outre-Vièze",125,null,1871,"Choëx","CH","Suisse",null,9404,"Indemnisation kilométrique",null,15,4.5,"km",67.5]
[4588,"2022-02-25",630,null,17837,3,"Ambulance Clerc","Monthey","P2","2022-02-12T21:03:59+01:00","2022-02-12T21:52:08+01:00",null,"Route d'Outre-Vièze",125,null,1871,"Choëx","CH","Suisse",15,"Privée",null,null,null,null,null,null,null,null,"True","VS22004458","Maladie","Masculin","Perry","Simon","1992-05-27","Route d'Outre-Vièze",125,null,1871,"Choëx","CH","Suisse","CSS Kranken- Versicherung AG","2756.1898.0092.07",1,"Personne","Masculin","Perry","Simon","Route d'Outre-Vièze",125,null,1871,"Choëx","CH","Suisse",null,9411,"Personnel soignant reconnu (par personne et par quart d'heure entamé)",null,6,35,"¼ d'heure",210]
[4588,"2022-02-25",630,null,17837,3,"Ambulance Clerc","Monthey","P2","2022-02-12T21:03:59+01:00","2022-02-12T21:52:08+01:00",null,"Route d'Outre-Vièze",125,null,1871,"Choëx","CH","Suisse",15,"Privée",null,null,null,null,null,null,null,null,"True","VS22004458","Maladie","Masculin","Perry","Simon","1992-05-27","Route d'Outre-Vièze",125,null,1871,"Choëx","CH","Suisse","CSS Kranken- Versicherung AG","2756.1898.0092.07",1,"Personne","Masculin","Perry","Simon","Route d'Outre-Vièze",125,null,1871,"Choëx","CH","Suisse",null,9431,"Supplément de nuit",null,1,52.5,null,52.5]
[4588,"2022-02-25",630,null,17837,3,"Ambulance Clerc","Monthey","P2","2022-02-12T21:03:59+01:00","2022-02-12T21:52:08+01:00",null,"Route d'Outre-Vièze",125,null,1871,"Choëx","CH","Suisse",15,"Privée",null,null,null,null,null,null,null,null,"True","VS22004458","Maladie","Masculin","Perry","Simon","1992-05-27","Route d'Outre-Vièze",125,null,1871,"Choëx","CH","Suisse","CSS Kranken- Versicherung AG","2756.1898.0092.07",1,"Personne","Masculin","Perry","Simon","Route d'Outre-Vièze",125,null,1871,"Choëx","CH","Suisse",null,9440,"Matériel - Prestation standard",null,1,0,null,0]
[4589,"2022-02-25",1574.5,null,17852,3,"Ambulance Clerc","Monthey","P2","2022-02-13T00:52:01+01:00","2022-02-13T03:12:51+01:00",null,"Route de Crettet-Bornex",43,null,1873,"Les Crosets","CH","Suisse",71,"Planification","Hôpital Riviera-Chablais (HRC)","Route du Vieux-Séquoia",20,null,1847,"Rennaz","CH","Suisse","False","VS22004474","Accident","Masculin","Saugy","Albert","1942-11-30","Route de Crettet-Bornex",43,null,1873,"Les Crosets","CH","Suisse","SWICA Krankenversicherung","1756.0203.9383.48",1,"Personne","Masculin","Saugy","Albert","Route de Crettet-Bornex",43,null,1873,"Les Crosets","CH","Suisse",null,9402,"Taxe de base transport P2",null,1,300,null,300]
[4589,"2022-02-25",1574.5,null,17852,3,"Ambulance Clerc","Monthey","P2","2022-02-13T00:52:01+01:00","2022-02-13T03:12:51+01:00",null,"Route de Crettet-Bornex",43,null,1873,"Les Crosets","CH","Suisse",71,"Planification","Hôpital Riviera-Chablais (HRC)","Route du Vieux-Séquoia",20,null,1847,"Rennaz","CH","Suisse","False","VS22004474","Accident","Masculin","Saugy","Albert","1942-11-30","Route de Crettet-Bornex",43,null,1873,"Les Crosets","CH","Suisse","SWICA Krankenversicherung","1756.0203.9383.48",1,"Personne","Masculin","Saugy","Albert","Route de Crettet-Bornex",43,null,1873,"Les Crosets","CH","Suisse",null,9404,"Indemnisation kilométrique",null,71,4.5,"km",319.5]
[4589,"2022-02-25",1574.5,null,17852,3,"Ambulance Clerc","Monthey","P2","2022-02-13T00:52:01+01:00","2022-02-13T03:12:51+01:00",null,"Route de Crettet-Bornex",43,null,1873,"Les Crosets","CH","Suisse",71,"Planification","Hôpital Riviera-Chablais (HRC)","Route du Vieux-Séquoia",20,null,1847,"Rennaz","CH","Suisse","False","VS22004474","Accident","Masculin","Saugy","Albert","1942-11-30","Route de Crettet-Bornex",43,null,1873,"Les Crosets","CH","Suisse","SWICA Krankenversicherung","1756.0203.9383.48",1,"Personne","Masculin","Saugy","Albert","Route de Crettet-Bornex",43,null,1873,"Les Crosets","CH","Suisse",null,9411,"Personnel soignant reconnu (par personne et par quart d'heure entamé)",null,20,35,"¼ d'heure",700]
[4589,"2022-02-25",1574.5,null,17852,3,"Ambulance Clerc","Monthey","P2","2022-02-13T00:52:01+01:00","2022-02-13T03:12:51+01:00",null,"Route de Crettet-Bornex",43,null,1873,"Les Crosets","CH","Suisse",71,"Planification","Hôpital Riviera-Chablais (HRC)","Route du Vieux-Séquoia",20,null,1847,"Rennaz","CH","Suisse","False","VS22004474","Accident","Masculin","Saugy","Albert","1942-11-30","Route de Crettet-Bornex",43,null,1873,"Les Crosets","CH","Suisse","SWICA Krankenversicherung","1756.0203.9383.48",1,"Personne","Masculin","Saugy","Albert","Route de Crettet-Bornex",43,null,1873,"Les Crosets","CH","Suisse",null,9431,"Supplément de nuit",null,1,175,null,175]
[4589,"2022-02-25",1574.5,null,17852,3,"Ambulance Clerc","Monthey","P2","2022-02-13T00:52:01+01:00","2022-02-13T03:12:51+01:00",null,"Route de Crettet-Bornex",43,null,1873,"Les Crosets","CH","Suisse",71,"Planification","Hôpital Riviera-Chablais (HRC)","Route du Vieux-Séquoia",20,null,1847,"Rennaz","CH","Suisse","False","VS22004474","Accident","Masculin","Saugy","Albert","1942-11-30","Route de Crettet-Bornex",43,null,1873,"Les Crosets","CH","Suisse","SWICA Krankenversicherung","1756.0203.9383.48",1,"Personne","Masculin","Saugy","Albert","Route de Crettet-Bornex",43,null,1873,"Les Crosets","CH","Suisse",null,9441,"Matériel - Prestation standard élargie",null,1,80,null,80]
[4590,"2022-02-25",1062.5,null,17859,3,"Ambulance Clerc","Monthey","P1","2022-02-13T04:00:10+01:00","2022-02-13T05:33:21+01:00","Domicile","Avenue de l'Industrie",84,null,1870,"Monthey","CH","Suisse",35,"Planification","Hôpital Riviera-Chablais (HRC)","Route du Vieux-Séquoia",20,null,1847,"Rennaz","CH","Suisse","False","VS22004481","Maladie","Féminin","Gay-Claret","Alexine Françoise","1954-09-13","Av. de l’Industrie",84,null,1870,"Monthey","CH","Suisse","Helsana Assurances SA","1756.1111.9476.06",1,"Personne","Féminin","Gay-Claret","Alexine Françoise","Av. de l’Industrie",84,null,1870,"Monthey","CH","Suisse",null,9401,"Taxe de base sauvetage P1",null,1,300,null,300]
[4590,"2022-02-25",1062.5,null,17859,3,"Ambulance Clerc","Monthey","P1","2022-02-13T04:00:10+01:00","2022-02-13T05:33:21+01:00","Domicile","Avenue de l'Industrie",84,null,1870,"Monthey","CH","Suisse",35,"Planification","Hôpital Riviera-Chablais (HRC)","Route du Vieux-Séquoia",20,null,1847,"Rennaz","CH","Suisse","False","VS22004481","Maladie","Féminin","Gay-Claret","Alexine Françoise","1954-09-13","Av. de l’Industrie",84,null,1870,"Monthey","CH","Suisse","Helsana Assurances SA","1756.1111.9476.06",1,"Personne","Féminin","Gay-Claret","Alexine Françoise","Av. de l’Industrie",84,null,1870,"Monthey","CH","Suisse",null,9404,"Indemnisation kilométrique",null,35,4.5,"km",157.5]
[4590,"2022-02-25",1062.5,null,17859,3,"Ambulance Clerc","Monthey","P1","2022-02-13T04:00:10+01:00","2022-02-13T05:33:21+01:00","Domicile","Avenue de l'Industrie",84,null,1870,"Monthey","CH","Suisse",35,"Planification","Hôpital Riviera-Chablais (HRC)","Route du Vieux-Séquoia",20,null,1847,"Rennaz","CH","Suisse","False","VS22004481","Maladie","Féminin","Gay-Claret","Alexine Françoise","1954-09-13","Av. de l’Industrie",84,null,1870,"Monthey","CH","Suisse","Helsana Assurances SA","1756.1111.9476.06",1,"Personne","Féminin","Gay-Claret","Alexine Françoise","Av. de l’Industrie",84,null,1870,"Monthey","CH","Suisse",null,9411,"Personnel soignant reconnu (par personne et par quart d'heure entamé)",null,12,35,"¼ d'heure",420]
[4590,"2022-02-25",1062.5,null,17859,3,"Ambulance Clerc","Monthey","P1","2022-02-13T04:00:10+01:00","2022-02-13T05:33:21+01:00","Domicile","Avenue de l'Industrie",84,null,1870,"Monthey","CH","Suisse",35,"Planification","Hôpital Riviera-Chablais (HRC)","Route du Vieux-Séquoia",20,null,1847,"Rennaz","CH","Suisse","False","VS22004481","Maladie","Féminin","Gay-Claret","Alexine Françoise","1954-09-13","Av. de l’Industrie",84,null,1870,"Monthey","CH","Suisse","Helsana Assurances SA","1756.1111.9476.06",1,"Personne","Féminin","Gay-Claret","Alexine Françoise","Av. de l’Industrie",84,null,1870,"Monthey","CH","Suisse",null,9431,"Supplément de nuit",null,1,105,null,105]
[4590,"2022-02-25",1062.5,null,17859,3,"Ambulance Clerc","Monthey","P1","2022-02-13T04:00:10+01:00","2022-02-13T05:33:21+01:00","Domicile","Avenue de l'Industrie",84,null,1870,"Monthey","CH","Suisse",35,"Planification","Hôpital Riviera-Chablais (HRC)","Route du Vieux-Séquoia",20,null,1847,"Rennaz","CH","Suisse","False","VS22004481","Maladie","Féminin","Gay-Claret","Alexine Françoise","1954-09-13","Av. de l’Industrie",84,null,1870,"Monthey","CH","Suisse","Helsana Assurances SA","1756.1111.9476.06",1,"Personne","Féminin","Gay-Claret","Alexine Françoise","Av. de l’Industrie",84,null,1870,"Monthey","CH","Suisse",null,9441,"Matériel - Prestation standard élargie",null,1,80,null,80]
[4591,"2022-02-25",966,null,17868,3,"Ambulance Clerc","Monthey","P1","2022-02-13T10:13:35+01:00","2022-02-13T11:22:20+01:00",null,"Route des Aunaires",12,null,1870,"Monthey","CH","Suisse",33,"Planification","Hôpital Riviera-Chablais (HRC)","Route du Vieux-Séquoia",20,null,1847,"Rennaz","CH","Suisse","False","VS22004490","Maladie","Masculin","Udressy","Gérard","1937-09-20","Route des Aunaires",12,null,1870,"Monthey","CH","Suisse","Philos Assurance Maladie SA","1756.3691.0521.76",5,"Établissement","Masculin","Udressy","Gérard","Avenue du Théâtre",14,"p.a. Pro Senectute Valais",1870,"Monthey","CH","Suisse",null,9401,"Taxe de base sauvetage P1",null,1,300,null,300]
[4591,"2022-02-25",966,null,17868,3,"Ambulance Clerc","Monthey","P1","2022-02-13T10:13:35+01:00","2022-02-13T11:22:20+01:00",null,"Route des Aunaires",12,null,1870,"Monthey","CH","Suisse",33,"Planification","Hôpital Riviera-Chablais (HRC)","Route du Vieux-Séquoia",20,null,1847,"Rennaz","CH","Suisse","False","VS22004490","Maladie","Masculin","Udressy","Gérard","1937-09-20","Route des Aunaires",12,null,1870,"Monthey","CH","Suisse","Philos Assurance Maladie SA","1756.3691.0521.76",5,"Établissement","Masculin","Udressy","Gérard","Avenue du Théâtre",14,"p.a. Pro Senectute Valais",1870,"Monthey","CH","Suisse",null,9404,"Indemnisation kilométrique",null,33,4.5,"km",148.5]
[4591,"2022-02-25",966,null,17868,3,"Ambulance Clerc","Monthey","P1","2022-02-13T10:13:35+01:00","2022-02-13T11:22:20+01:00",null,"Route des Aunaires",12,null,1870,"Monthey","CH","Suisse",33,"Planification","Hôpital Riviera-Chablais (HRC)","Route du Vieux-Séquoia",20,null,1847,"Rennaz","CH","Suisse","False","VS22004490","Maladie","Masculin","Udressy","Gérard","1937-09-20","Route des Aunaires",12,null,1870,"Monthey","CH","Suisse","Philos Assurance Maladie SA","1756.3691.0521.76",5,"Établissement","Masculin","Udressy","Gérard","Avenue du Théâtre",14,"p.a. Pro Senectute Valais",1870,"Monthey","CH","Suisse",null,9411,"Personnel soignant reconnu (par personne et par quart d'heure entamé)",null,10,35,"¼ d'heure",350]
[4591,"2022-02-25",966,null,17868,3,"Ambulance Clerc","Monthey","P1","2022-02-13T10:13:35+01:00","2022-02-13T11:22:20+01:00",null,"Route des Aunaires",12,null,1870,"Monthey","CH","Suisse",33,"Planification","Hôpital Riviera-Chablais (HRC)","Route du Vieux-Séquoia",20,null,1847,"Rennaz","CH","Suisse","False","VS22004490","Maladie","Masculin","Udressy","Gérard","1937-09-20","Route des Aunaires",12,null,1870,"Monthey","CH","Suisse","Philos Assurance Maladie SA","1756.3691.0521.76",5,"Établissement","Masculin","Udressy","Gérard","Avenue du Théâtre",14,"p.a. Pro Senectute Valais",1870,"Monthey","CH","Suisse",null,9432,"Supplément pour dimanche et jour férié",null,1,87.5,null,87.5]
[4591,"2022-02-25",966,null,17868,3,"Ambulance Clerc","Monthey","P1","2022-02-13T10:13:35+01:00","2022-02-13T11:22:20+01:00",null,"Route des Aunaires",12,null,1870,"Monthey","CH","Suisse",33,"Planification","Hôpital Riviera-Chablais (HRC)","Route du Vieux-Séquoia",20,null,1847,"Rennaz","CH","Suisse","False","VS22004490","Maladie","Masculin","Udressy","Gérard","1937-09-20","Route des Aunaires",12,null,1870,"Monthey","CH","Suisse","Philos Assurance Maladie SA","1756.3691.0521.76",5,"Établissement","Masculin","Udressy","Gérard","Avenue du Théâtre",14,"p.a. Pro Senectute Valais",1870,"Monthey","CH","Suisse",null,9441,"Matériel - Prestation standard élargie",null,1,80,null,80]
[4592,"2022-02-25",1321.5,null,17875,3,"Ambulance Clerc","Monthey","P2","2022-02-13T11:06:04+01:00","2022-02-13T13:24:59+01:00",null,"Route de Prafenne",62,null,1871,"Les Giettes","CH","Suisse",52,"Planification","Hôpital Riviera-Chablais (HRC)","Route du Vieux-Séquoia",20,null,1847,"Rennaz","CH","Suisse","False","VS22004497","Maladie","Masculin","Michel","Gasser","1944-12-12","Route de Prafenne",62,null,1871,"Les Giettes","CH","Suisse","Assura-Basis SA","1756.3864.3058.87",1,"Personne","Masculin","Michel","Gasser","Route de Prafenne",62,null,1871,"Les Giettes","CH","Suisse",null,9402,"Taxe de base transport P2",null,1,300,null,300]
[4592,"2022-02-25",1321.5,null,17875,3,"Ambulance Clerc","Monthey","P2","2022-02-13T11:06:04+01:00","2022-02-13T13:24:59+01:00",null,"Route de Prafenne",62,null,1871,"Les Giettes","CH","Suisse",52,"Planification","Hôpital Riviera-Chablais (HRC)","Route du Vieux-Séquoia",20,null,1847,"Rennaz","CH","Suisse","False","VS22004497","Maladie","Masculin","Michel","Gasser","1944-12-12","Route de Prafenne",62,null,1871,"Les Giettes","CH","Suisse","Assura-Basis SA","1756.3864.3058.87",1,"Personne","Masculin","Michel","Gasser","Route de Prafenne",62,null,1871,"Les Giettes","CH","Suisse",null,9404,"Indemnisation kilométrique",null,52,4.5,"km",234]
[4592,"2022-02-25",1321.5,null,17875,3,"Ambulance Clerc","Monthey","P2","2022-02-13T11:06:04+01:00","2022-02-13T13:24:59+01:00",null,"Route de Prafenne",62,null,1871,"Les Giettes","CH","Suisse",52,"Planification","Hôpital Riviera-Chablais (HRC)","Route du Vieux-Séquoia",20,null,1847,"Rennaz","CH","Suisse","False","VS22004497","Maladie","Masculin","Michel","Gasser","1944-12-12","Route de Prafenne",62,null,1871,"Les Giettes","CH","Suisse","Assura-Basis SA","1756.3864.3058.87",1,"Personne","Masculin","Michel","Gasser","Route de Prafenne",62,null,1871,"Les Giettes","CH","Suisse",null,9411,"Personnel soignant reconnu (par personne et par quart d'heure entamé)",null,18,35,"¼ d'heure",630]
[4592,"2022-02-25",1321.5,null,17875,3,"Ambulance Clerc","Monthey","P2","2022-02-13T11:06:04+01:00","2022-02-13T13:24:59+01:00",null,"Route de Prafenne",62,null,1871,"Les Giettes","CH","Suisse",52,"Planification","Hôpital Riviera-Chablais (HRC)","Route du Vieux-Séquoia",20,null,1847,"Rennaz","CH","Suisse","False","VS22004497","Maladie","Masculin","Michel","Gasser","1944-12-12","Route de Prafenne",62,null,1871,"Les Giettes","CH","Suisse","Assura-Basis SA","1756.3864.3058.87",1,"Personne","Masculin","Michel","Gasser","Route de Prafenne",62,null,1871,"Les Giettes","CH","Suisse",null,9432,"Supplément pour dimanche et jour férié",null,1,157.5,null,157.5]
[4593,"2022-02-25",1394.5,null,17881,3,"Ambulance Clerc","Monthey","P1","2022-02-13T11:54:05+01:00","2022-02-13T13:38:09+01:00",null,"Le Fort à Culet",4,null,1897,"Bouveret","CH","Suisse",36,"Planification",null,null,null,null,null,null,"CH","Suisse","False","VS22004503","Maladie","Masculin","Immer","Ulrich","1946-04-19","Le Fort à Culet",4,null,1897,"Bouveret","CH","Suisse","Sanitas Grundversicherungen AG","1756.1209.9165.45",1,"Personne","Masculin","Immer","Ulrich","Le Fort à Culet",4,null,1897,"Bouveret","CH","Suisse",null,9401,"Taxe de base sauvetage P1",null,1,300,null,300]
[4593,"2022-02-25",1394.5,null,17881,3,"Ambulance Clerc","Monthey","P1","2022-02-13T11:54:05+01:00","2022-02-13T13:38:09+01:00",null,"Le Fort à Culet",4,null,1897,"Bouveret","CH","Suisse",36,"Planification",null,null,null,null,null,null,"CH","Suisse","False","VS22004503","Maladie","Masculin","Immer","Ulrich","1946-04-19","Le Fort à Culet",4,null,1897,"Bouveret","CH","Suisse","Sanitas Grundversicherungen AG","1756.1209.9165.45",1,"Personne","Masculin","Immer","Ulrich","Le Fort à Culet",4,null,1897,"Bouveret","CH","Suisse",null,9404,"Indemnisation kilométrique",null,36,4.5,"km",162]
[4593,"2022-02-25",1394.5,null,17881,3,"Ambulance Clerc","Monthey","P1","2022-02-13T11:54:05+01:00","2022-02-13T13:38:09+01:00",null,"Le Fort à Culet",4,null,1897,"Bouveret","CH","Suisse",36,"Planification",null,null,null,null,null,null,"CH","Suisse","False","VS22004503","Maladie","Masculin","Immer","Ulrich","1946-04-19","Le Fort à Culet",4,null,1897,"Bouveret","CH","Suisse","Sanitas Grundversicherungen AG","1756.1209.9165.45",1,"Personne","Masculin","Immer","Ulrich","Le Fort à Culet",4,null,1897,"Bouveret","CH","Suisse",null,9405,"Intervention sans transport de patient",null,1,0,null,0]
[4593,"2022-02-25",1394.5,null,17881,3,"Ambulance Clerc","Monthey","P1","2022-02-13T11:54:05+01:00","2022-02-13T13:38:09+01:00",null,"Le Fort à Culet",4,null,1897,"Bouveret","CH","Suisse",36,"Planification",null,null,null,null,null,null,"CH","Suisse","False","VS22004503","Maladie","Masculin","Immer","Ulrich","1946-04-19","Le Fort à Culet",4,null,1897,"Bouveret","CH","Suisse","Sanitas Grundversicherungen AG","1756.1209.9165.45",1,"Personne","Masculin","Immer","Ulrich","Le Fort à Culet",4,null,1897,"Bouveret","CH","Suisse",null,9411,"Personnel soignant reconnu (par personne et par quart d'heure entamé)",null,14,35,"¼ d'heure",490]
[4593,"2022-02-25",1394.5,null,17881,3,"Ambulance Clerc","Monthey","P1","2022-02-13T11:54:05+01:00","2022-02-13T13:38:09+01:00",null,"Le Fort à Culet",4,null,1897,"Bouveret","CH","Suisse",36,"Planification",null,null,null,null,null,null,"CH","Suisse","False","VS22004503","Maladie","Masculin","Immer","Ulrich","1946-04-19","Le Fort à Culet",4,null,1897,"Bouveret","CH","Suisse","Sanitas Grundversicherungen AG","1756.1209.9165.45",1,"Personne","Masculin","Immer","Ulrich","Le Fort à Culet",4,null,1897,"Bouveret","CH","Suisse",null,9432,"Supplément pour dimanche et jour férié",null,1,122.5,null,122.5]
[4593,"2022-02-25",1394.5,null,17881,3,"Ambulance Clerc","Monthey","P1","2022-02-13T11:54:05+01:00","2022-02-13T13:38:09+01:00",null,"Le Fort à Culet",4,null,1897,"Bouveret","CH","Suisse",36,"Planification",null,null,null,null,null,null,"CH","Suisse","False","VS22004503","Maladie","Masculin","Immer","Ulrich","1946-04-19","Le Fort à Culet",4,null,1897,"Bouveret","CH","Suisse","Sanitas Grundversicherungen AG","1756.1209.9165.45",1,"Personne","Masculin","Immer","Ulrich","Le Fort à Culet",4,null,1897,"Bouveret","CH","Suisse",null,9442,"Matériel - Réanimation, préparation de l'anesthésie et autres moyens thérapeutiques",null,1,320,null,320]
[4594,"2022-02-25",872.5,null,17890,3,"Ambulance Clerc","Monthey","P2","2022-02-13T12:19:52+01:00","2022-02-13T13:26:39+01:00",null,"Rue du Vieux Pont",32,"Illarsaz",1893,"Muraz (Collombey)","CH","Suisse",30,"Privée","Hôpital Riviera-Chablais (HRC)","Route du Vieux-Séquoia",20,null,1847,"Rennaz","CH","Suisse","False","VS22004512","Maladie","Masculin","Bertelle","Joachim","2001-09-12","Rue du Vieux Pont",32,"Illarsaz",1893,"Muraz (Collombey)","CH","Suisse","Philos Assurance Maladie SA","2756.3601.2353.23",1,"Personne","Masculin","Bertelle","Joachim","Rue du Vieux Pont",32,"Illarsaz",1893,"Muraz (Collombey)","CH","Suisse",null,9402,"Taxe de base transport P2",null,1,300,null,300]
[4594,"2022-02-25",872.5,null,17890,3,"Ambulance Clerc","Monthey","P2","2022-02-13T12:19:52+01:00","2022-02-13T13:26:39+01:00",null,"Rue du Vieux Pont",32,"Illarsaz",1893,"Muraz (Collombey)","CH","Suisse",30,"Privée","Hôpital Riviera-Chablais (HRC)","Route du Vieux-Séquoia",20,null,1847,"Rennaz","CH","Suisse","False","VS22004512","Maladie","Masculin","Bertelle","Joachim","2001-09-12","Rue du Vieux Pont",32,"Illarsaz",1893,"Muraz (Collombey)","CH","Suisse","Philos Assurance Maladie SA","2756.3601.2353.23",1,"Personne","Masculin","Bertelle","Joachim","Rue du Vieux Pont",32,"Illarsaz",1893,"Muraz (Collombey)","CH","Suisse",null,9404,"Indemnisation kilométrique",null,30,4.5,"km",135]
[4594,"2022-02-25",872.5,null,17890,3,"Ambulance Clerc","Monthey","P2","2022-02-13T12:19:52+01:00","2022-02-13T13:26:39+01:00",null,"Rue du Vieux Pont",32,"Illarsaz",1893,"Muraz (Collombey)","CH","Suisse",30,"Privée","Hôpital Riviera-Chablais (HRC)","Route du Vieux-Séquoia",20,null,1847,"Rennaz","CH","Suisse","False","VS22004512","Maladie","Masculin","Bertelle","Joachim","2001-09-12","Rue du Vieux Pont",32,"Illarsaz",1893,"Muraz (Collombey)","CH","Suisse","Philos Assurance Maladie SA","2756.3601.2353.23",1,"Personne","Masculin","Bertelle","Joachim","Rue du Vieux Pont",32,"Illarsaz",1893,"Muraz (Collombey)","CH","Suisse",null,9411,"Personnel soignant reconnu (par personne et par quart d'heure entamé)",null,10,35,"¼ d'heure",350]
[4594,"2022-02-25",872.5,null,17890,3,"Ambulance Clerc","Monthey","P2","2022-02-13T12:19:52+01:00","2022-02-13T13:26:39+01:00",null,"Rue du Vieux Pont",32,"Illarsaz",1893,"Muraz (Collombey)","CH","Suisse",30,"Privée","Hôpital Riviera-Chablais (HRC)","Route du Vieux-Séquoia",20,null,1847,"Rennaz","CH","Suisse","False","VS22004512","Maladie","Masculin","Bertelle","Joachim","2001-09-12","Rue du Vieux Pont",32,"Illarsaz",1893,"Muraz (Collombey)","CH","Suisse","Philos Assurance Maladie SA","2756.3601.2353.23",1,"Personne","Masculin","Bertelle","Joachim","Rue du Vieux Pont",32,"Illarsaz",1893,"Muraz (Collombey)","CH","Suisse",null,9432,"Supplément pour dimanche et jour férié",null,1,87.5,null,87.5]
[4594,"2022-02-25",872.5,null,17890,3,"Ambulance Clerc","Monthey","P2","2022-02-13T12:19:52+01:00","2022-02-13T13:26:39+01:00",null,"Rue du Vieux Pont",32,"Illarsaz",1893,"Muraz (Collombey)","CH","Suisse",30,"Privée","Hôpital Riviera-Chablais (HRC)","Route du Vieux-Séquoia",20,null,1847,"Rennaz","CH","Suisse","False","VS22004512","Maladie","Masculin","Bertelle","Joachim","2001-09-12","Rue du Vieux Pont",32,"Illarsaz",1893,"Muraz (Collombey)","CH","Suisse","Philos Assurance Maladie SA","2756.3601.2353.23",1,"Personne","Masculin","Bertelle","Joachim","Rue du Vieux Pont",32,"Illarsaz",1893,"Muraz (Collombey)","CH","Suisse",null,9440,"Matériel - Prestation standard",null,1,0,null,0]
[4595,"2022-02-25",1274.5,null,17952,3,"Ambulance Clerc","Monthey","P1","2022-02-13T18:42:37+01:00","2022-02-13T20:36:14+01:00",null,"Route des Cerniers",76,null,1871,"Les Giettes","CH","Suisse",61,"Planification","Hôpital Riviera-Chablais (HRC)","Route du Vieux-Séquoia",20,null,1847,"Rennaz","CH","Suisse","False","VS22004577","Maladie","Féminin","Bourquin","Annick","1980-02-04","Route des Cerniers",76,null,1871,"Les Giettes","CH","Suisse","Mutuel Assurance Maladie SA","1756.7382.0812.54",1,"Personne","Féminin","Bourquin","Annick","Route des Cerniers",76,null,1871,"Les Giettes","CH","Suisse",null,9401,"Taxe de base sauvetage P1",null,1,300,null,300]
[4595,"2022-02-25",1274.5,null,17952,3,"Ambulance Clerc","Monthey","P1","2022-02-13T18:42:37+01:00","2022-02-13T20:36:14+01:00",null,"Route des Cerniers",76,null,1871,"Les Giettes","CH","Suisse",61,"Planification","Hôpital Riviera-Chablais (HRC)","Route du Vieux-Séquoia",20,null,1847,"Rennaz","CH","Suisse","False","VS22004577","Maladie","Féminin","Bourquin","Annick","1980-02-04","Route des Cerniers",76,null,1871,"Les Giettes","CH","Suisse","Mutuel Assurance Maladie SA","1756.7382.0812.54",1,"Personne","Féminin","Bourquin","Annick","Route des Cerniers",76,null,1871,"Les Giettes","CH","Suisse",null,9404,"Indemnisation kilométrique",null,61,4.5,"km",274.5]
[4595,"2022-02-25",1274.5,null,17952,3,"Ambulance Clerc","Monthey","P1","2022-02-13T18:42:37+01:00","2022-02-13T20:36:14+01:00",null,"Route des Cerniers",76,null,1871,"Les Giettes","CH","Suisse",61,"Planification","Hôpital Riviera-Chablais (HRC)","Route du Vieux-Séquoia",20,null,1847,"Rennaz","CH","Suisse","False","VS22004577","Maladie","Féminin","Bourquin","Annick","1980-02-04","Route des Cerniers",76,null,1871,"Les Giettes","CH","Suisse","Mutuel Assurance Maladie SA","1756.7382.0812.54",1,"Personne","Féminin","Bourquin","Annick","Route des Cerniers",76,null,1871,"Les Giettes","CH","Suisse",null,9411,"Personnel soignant reconnu (par personne et par quart d'heure entamé)",null,16,35,"¼ d'heure",560]
[4595,"2022-02-25",1274.5,null,17952,3,"Ambulance Clerc","Monthey","P1","2022-02-13T18:42:37+01:00","2022-02-13T20:36:14+01:00",null,"Route des Cerniers",76,null,1871,"Les Giettes","CH","Suisse",61,"Planification","Hôpital Riviera-Chablais (HRC)","Route du Vieux-Séquoia",20,null,1847,"Rennaz","CH","Suisse","False","VS22004577","Maladie","Féminin","Bourquin","Annick","1980-02-04","Route des Cerniers",76,null,1871,"Les Giettes","CH","Suisse","Mutuel Assurance Maladie SA","1756.7382.0812.54",1,"Personne","Féminin","Bourquin","Annick","Route des Cerniers",76,null,1871,"Les Giettes","CH","Suisse",null,9432,"Supplément pour dimanche et jour férié",null,1,140,null,140]
[4595,"2022-02-25",1274.5,null,17952,3,"Ambulance Clerc","Monthey","P1","2022-02-13T18:42:37+01:00","2022-02-13T20:36:14+01:00",null,"Route des Cerniers",76,null,1871,"Les Giettes","CH","Suisse",61,"Planification","Hôpital Riviera-Chablais (HRC)","Route du Vieux-Séquoia",20,null,1847,"Rennaz","CH","Suisse","False","VS22004577","Maladie","Féminin","Bourquin","Annick","1980-02-04","Route des Cerniers",76,null,1871,"Les Giettes","CH","Suisse","Mutuel Assurance Maladie SA","1756.7382.0812.54",1,"Personne","Féminin","Bourquin","Annick","Route des Cerniers",76,null,1871,"Les Giettes","CH","Suisse",null,9440,"Matériel - Prestation standard",null,1,0,null,0]
[4596,"2022-02-25",970.5,null,17972,3,"Ambulance Clerc","Monthey","P1","2022-02-14T05:10:42+01:00","2022-02-14T06:15:54+01:00",null,"Rue du Closillon",4,null,1870,"Monthey","CH","Suisse",34,"Planification","Hôpital Riviera-Chablais (HRC)","Route du Vieux-Séquoia",20,null,1847,"Rennaz","CH","Suisse","False","VS22004599","Accident","Masculin","Pinto De Castro","Alfredo","1961-12-24","Rue du Closillon",4,null,1870,"Monthey","CH","Suisse","Suva, Sion","1756.9059.1033.44",121,"Établissement",null,null,null,"Postfach",null,null,6009,"Luzern","CH","Suisse","Suva Sion - Service Center",9401,"Taxe de base sauvetage P1",null,1,300,null,300]
[4596,"2022-02-25",970.5,null,17972,3,"Ambulance Clerc","Monthey","P1","2022-02-14T05:10:42+01:00","2022-02-14T06:15:54+01:00",null,"Rue du Closillon",4,null,1870,"Monthey","CH","Suisse",34,"Planification","Hôpital Riviera-Chablais (HRC)","Route du Vieux-Séquoia",20,null,1847,"Rennaz","CH","Suisse","False","VS22004599","Accident","Masculin","Pinto De Castro","Alfredo","1961-12-24","Rue du Closillon",4,null,1870,"Monthey","CH","Suisse","Suva, Sion","1756.9059.1033.44",121,"Établissement",null,null,null,"Postfach",null,null,6009,"Luzern","CH","Suisse","Suva Sion - Service Center",9404,"Indemnisation kilométrique",null,34,4.5,"km",153]
[4596,"2022-02-25",970.5,null,17972,3,"Ambulance Clerc","Monthey","P1","2022-02-14T05:10:42+01:00","2022-02-14T06:15:54+01:00",null,"Rue du Closillon",4,null,1870,"Monthey","CH","Suisse",34,"Planification","Hôpital Riviera-Chablais (HRC)","Route du Vieux-Séquoia",20,null,1847,"Rennaz","CH","Suisse","False","VS22004599","Accident","Masculin","Pinto De Castro","Alfredo","1961-12-24","Rue du Closillon",4,null,1870,"Monthey","CH","Suisse","Suva, Sion","1756.9059.1033.44",121,"Établissement",null,null,null,"Postfach",null,null,6009,"Luzern","CH","Suisse","Suva Sion - Service Center",9411,"Personnel soignant reconnu (par personne et par quart d'heure entamé)",null,10,35,"¼ d'heure",350]
[4596,"2022-02-25",970.5,null,17972,3,"Ambulance Clerc","Monthey","P1","2022-02-14T05:10:42+01:00","2022-02-14T06:15:54+01:00",null,"Rue du Closillon",4,null,1870,"Monthey","CH","Suisse",34,"Planification","Hôpital Riviera-Chablais (HRC)","Route du Vieux-Séquoia",20,null,1847,"Rennaz","CH","Suisse","False","VS22004599","Accident","Masculin","Pinto De Castro","Alfredo","1961-12-24","Rue du Closillon",4,null,1870,"Monthey","CH","Suisse","Suva, Sion","1756.9059.1033.44",121,"Établissement",null,null,null,"Postfach",null,null,6009,"Luzern","CH","Suisse","Suva Sion - Service Center",9431,"Supplément de nuit",null,1,87.5,null,87.5]
[4596,"2022-02-25",970.5,null,17972,3,"Ambulance Clerc","Monthey","P1","2022-02-14T05:10:42+01:00","2022-02-14T06:15:54+01:00",null,"Rue du Closillon",4,null,1870,"Monthey","CH","Suisse",34,"Planification","Hôpital Riviera-Chablais (HRC)","Route du Vieux-Séquoia",20,null,1847,"Rennaz","CH","Suisse","False","VS22004599","Accident","Masculin","Pinto De Castro","Alfredo","1961-12-24","Rue du Closillon",4,null,1870,"Monthey","CH","Suisse","Suva, Sion","1756.9059.1033.44",121,"Établissement",null,null,null,"Postfach",null,null,6009,"Luzern","CH","Suisse","Suva Sion - Service Center",9441,"Matériel - Prestation standard élargie",null,1,80,null,80]
[4598,"2022-02-25",572,"2270511/14",17997,3,"Ambulance Clerc","Monthey","S3","2022-02-14T10:52:07+01:00","2022-02-14T12:24:10+01:00","Hôpital de Sion","Avenue du Grand-Champsec",80,null,1950,"Sion","CH","Suisse",106,"Privée","Clinique Saint-Amé","Vers Saint-Amé",10,null,1890,"St-Maurice","CH","Suisse","False","VS22004625","Maladie","Féminin"," Moix","Honorine","1928-07-19","Route du Mourty",33,"Praz-Jean",1982,"Euseigne","CH","Suisse","CSS Kranken- Versicherung AG","2756.5357.0371.76",101,"Établissement",null,null,null,"Avenue Grand-Champsec",86,"Case postale 696",1951,"Sion","CH","Suisse","Hôpital du Valais - Direction des Finances/Service des fournisseurs (facturation)","HVS.16J","Forfait S3 HVS Sion - Clinique St-Amé","Trajet simple journée (08h00-20h00)",1,572,null,572]
[4599,"2022-02-25",1416,"2210387/49",18016,3,"Ambulance Clerc","Monthey","S1","2022-02-14T12:48:28+01:00","2022-02-14T15:00:22+01:00","Hôpital de Malévoz","Route de Morgins",10,null,1870,"Monthey","CH","Suisse",108,"Planification","Hôpital de Sion","Avenue du Grand-Champsec",80,null,1950,"Sion","CH","Suisse","False","VS22004645","Accident","Masculin","Hetzel","Maxime","2001-03-27","Rue des Platanes",17,null,1950,"Sion","CH","Suisse","Groupe Mutuel Assurances GMA SA","1756.6026.7613.23",101,"Établissement",null,null,null,"Avenue Grand-Champsec",86,"Case postale 696",1951,"Sion","CH","Suisse","Hôpital du Valais - Direction des Finances/Service des fournisseurs (facturation)",9401,"Taxe de base transport S1",null,1,300,null,300]
[4599,"2022-02-25",1416,"2210387/49",18016,3,"Ambulance Clerc","Monthey","S1","2022-02-14T12:48:28+01:00","2022-02-14T15:00:22+01:00","Hôpital de Malévoz","Route de Morgins",10,null,1870,"Monthey","CH","Suisse",108,"Planification","Hôpital de Sion","Avenue du Grand-Champsec",80,null,1950,"Sion","CH","Suisse","False","VS22004645","Accident","Masculin","Hetzel","Maxime","2001-03-27","Rue des Platanes",17,null,1950,"Sion","CH","Suisse","Groupe Mutuel Assurances GMA SA","1756.6026.7613.23",101,"Établissement",null,null,null,"Avenue Grand-Champsec",86,"Case postale 696",1951,"Sion","CH","Suisse","Hôpital du Valais - Direction des Finances/Service des fournisseurs (facturation)",9404,"Indemnisation kilométrique",null,108,4.5,"km",486]
[4599,"2022-02-25",1416,"2210387/49",18016,3,"Ambulance Clerc","Monthey","S1","2022-02-14T12:48:28+01:00","2022-02-14T15:00:22+01:00","Hôpital de Malévoz","Route de Morgins",10,null,1870,"Monthey","CH","Suisse",108,"Planification","Hôpital de Sion","Avenue du Grand-Champsec",80,null,1950,"Sion","CH","Suisse","False","VS22004645","Accident","Masculin","Hetzel","Maxime","2001-03-27","Rue des Platanes",17,null,1950,"Sion","CH","Suisse","Groupe Mutuel Assurances GMA SA","1756.6026.7613.23",101,"Établissement",null,null,null,"Avenue Grand-Champsec",86,"Case postale 696",1951,"Sion","CH","Suisse","Hôpital du Valais - Direction des Finances/Service des fournisseurs (facturation)",9411,"Personnel soignant reconnu (par personne et par quart d'heure entamé)",null,18,35,"¼ d'heure",630]
[4599,"2022-02-25",1416,"2210387/49",18016,3,"Ambulance Clerc","Monthey","S1","2022-02-14T12:48:28+01:00","2022-02-14T15:00:22+01:00","Hôpital de Malévoz","Route de Morgins",10,null,1870,"Monthey","CH","Suisse",108,"Planification","Hôpital de Sion","Avenue du Grand-Champsec",80,null,1950,"Sion","CH","Suisse","False","VS22004645","Accident","Masculin","Hetzel","Maxime","2001-03-27","Rue des Platanes",17,null,1950,"Sion","CH","Suisse","Groupe Mutuel Assurances GMA SA","1756.6026.7613.23",101,"Établissement",null,null,null,"Avenue Grand-Champsec",86,"Case postale 696",1951,"Sion","CH","Suisse","Hôpital du Valais - Direction des Finances/Service des fournisseurs (facturation)",9440,"Matériel - Prestation standard",null,1,0,null,0]
[4600,"2022-02-25",400,null,18034,3,"Ambulance Clerc","Monthey","S3","2022-02-14T14:40:46+01:00","2022-02-14T16:09:21+01:00","Hôpital Riviera-Chablais (HRC)","Route du Vieux-Séquoia",20,null,1847,"Rennaz","CH","Suisse",61,"Privée","Hôpital Riviera-Chablais (HRC), Site de la Providence","Avenue de la Prairie",3,null,1800,"Vevey","CH","Suisse","False","VS22004664","Maladie","Féminin","Huguenin-Vuillemin","Piera Gisella","1936-09-11","Route de St-Légier",55,null,1806,"St-Légier-La Chiésaz","CH","Suisse","SUPRA-1846 SA","2756.8784.4894.71",100,"Établissement",null,null,null,"Route du Vieux-Séquoia",20,null,1847,"Rennaz","CH","Suisse","Hôpital Riviera-Chablais Vaud-Valais - Fournisseurs (facturation)","HRC.14J","Forfait S3  Rennaz - Providence","Trajet simple journée (07h00-19h00)",1,400,null,400]
[4602,"2022-02-25",697.45,null,17987,3,"Ambulance Clerc","Monthey","S3","2022-02-14T09:51:20+01:00","2022-02-14T12:00:00+01:00","Clinique Bernoise","Impasse Palace Bellevue",1,null,3963,"Crans-Montana","CH","Suisse",54,"Privée","Hôpital de Sion","Avenue du Grand-Champsec",80,null,1950,"Sion","CH","Suisse","False","VS22004615","Maladie","Masculin","Rindel","René","1944-09-26","Route du Simplon",27,null,1957,"Ardon","CH","Suisse","Mutuel Assurance Maladie SA","2756.6888.5070.77",102,"Établissement",null,null,null,"Impasse Palace Bellevue",1,null,3963,"Crans-Montana","CH","Suisse","Clinique Bernoise Montana - Secrétariat médical (facturation)","CLN.9403 ","Taxe de base transport S3",null,1,200,null,200]
[4602,"2022-02-25",697.45,null,17987,3,"Ambulance Clerc","Monthey","S3","2022-02-14T09:51:20+01:00","2022-02-14T12:00:00+01:00","Clinique Bernoise","Impasse Palace Bellevue",1,null,3963,"Crans-Montana","CH","Suisse",54,"Privée","Hôpital de Sion","Avenue du Grand-Champsec",80,null,1950,"Sion","CH","Suisse","False","VS22004615","Maladie","Masculin","Rindel","René","1944-09-26","Route du Simplon",27,null,1957,"Ardon","CH","Suisse","Mutuel Assurance Maladie SA","2756.6888.5070.77",102,"Établissement",null,null,null,"Impasse Palace Bellevue",1,null,3963,"Crans-Montana","CH","Suisse","Clinique Bernoise Montana - Secrétariat médical (facturation)","CLN.9404","Indemnisation kilométrique",null,54,4.5,"km",243]
[4602,"2022-02-25",697.45,null,17987,3,"Ambulance Clerc","Monthey","S3","2022-02-14T09:51:20+01:00","2022-02-14T12:00:00+01:00","Clinique Bernoise","Impasse Palace Bellevue",1,null,3963,"Crans-Montana","CH","Suisse",54,"Privée","Hôpital de Sion","Avenue du Grand-Champsec",80,null,1950,"Sion","CH","Suisse","False","VS22004615","Maladie","Masculin","Rindel","René","1944-09-26","Route du Simplon",27,null,1957,"Ardon","CH","Suisse","Mutuel Assurance Maladie SA","2756.6888.5070.77",102,"Établissement",null,null,null,"Impasse Palace Bellevue",1,null,3963,"Crans-Montana","CH","Suisse","Clinique Bernoise Montana - Secrétariat médical (facturation)","CLN.9411","Personnel soignant reconnu (par personne et par quart d'heure entamé)",null,18,35,"¼ d'heure",630]
[4602,"2022-02-25",697.45,null,17987,3,"Ambulance Clerc","Monthey","S3","2022-02-14T09:51:20+01:00","2022-02-14T12:00:00+01:00","Clinique Bernoise","Impasse Palace Bellevue",1,null,3963,"Crans-Montana","CH","Suisse",54,"Privée","Hôpital de Sion","Avenue du Grand-Champsec",80,null,1950,"Sion","CH","Suisse","False","VS22004615","Maladie","Masculin","Rindel","René","1944-09-26","Route du Simplon",27,null,1957,"Ardon","CH","Suisse","Mutuel Assurance Maladie SA","2756.6888.5070.77",102,"Établissement",null,null,null,"Impasse Palace Bellevue",1,null,3963,"Crans-Montana","CH","Suisse","Clinique Bernoise Montana - Secrétariat médical (facturation)","CLN.Rabais ","Rabais 35%",null,1,-375.55,null,-375.55]
[4604,"2022-02-25",1176,null,18044,3,"Ambulance Clerc","Monthey","P2","2022-02-14T15:58:26+01:00","2022-02-14T17:46:21+01:00","Centre sportif","Route de France",35,null,1875,"Morgins","CH","Suisse",68,"Planification","Hôpital Riviera-Chablais (HRC)","Route du Vieux-Séquoia",20,null,1847,"Rennaz","CH","Suisse","False","VS22004674","Accident","Féminin","Batista Neto","Ana Dilia ","1974-07-02","Rua Estado da India ",660,"Hab. 31 ","4430-094 ","Vila Nova da Gaia","PT","Portugal",null,1,1,"Personne","Féminin","Batista Neto","Ana Dilia ","Rua Estado da India ",660,"Hab. 31 ","4430-094 ","Vila Nova da Gaia","PT","Portugal",null,"VS.9502","Taxe de base transport P2",null,1,300,null,300]
[4604,"2022-02-25",1176,null,18044,3,"Ambulance Clerc","Monthey","P2","2022-02-14T15:58:26+01:00","2022-02-14T17:46:21+01:00","Centre sportif","Route de France",35,null,1875,"Morgins","CH","Suisse",68,"Planification","Hôpital Riviera-Chablais (HRC)","Route du Vieux-Séquoia",20,null,1847,"Rennaz","CH","Suisse","False","VS22004674","Accident","Féminin","Batista Neto","Ana Dilia ","1974-07-02","Rua Estado da India ",660,"Hab. 31 ","4430-094 ","Vila Nova da Gaia","PT","Portugal",null,1,1,"Personne","Féminin","Batista Neto","Ana Dilia ","Rua Estado da India ",660,"Hab. 31 ","4430-094 ","Vila Nova da Gaia","PT","Portugal",null,"VS.9504","Indemnisation kilométrique",null,68,4.5,"km",306]
[4604,"2022-02-25",1176,null,18044,3,"Ambulance Clerc","Monthey","P2","2022-02-14T15:58:26+01:00","2022-02-14T17:46:21+01:00","Centre sportif","Route de France",35,null,1875,"Morgins","CH","Suisse",68,"Planification","Hôpital Riviera-Chablais (HRC)","Route du Vieux-Séquoia",20,null,1847,"Rennaz","CH","Suisse","False","VS22004674","Accident","Féminin","Batista Neto","Ana Dilia ","1974-07-02","Rua Estado da India ",660,"Hab. 31 ","4430-094 ","Vila Nova da Gaia","PT","Portugal",null,1,1,"Personne","Féminin","Batista Neto","Ana Dilia ","Rua Estado da India ",660,"Hab. 31 ","4430-094 ","Vila Nova da Gaia","PT","Portugal",null,"VS.9511","Personnel soignant reconnu (par personne et par quart d'heure entamé)",null,14,35,"¼ d'heure",490]
[4604,"2022-02-25",1176,null,18044,3,"Ambulance Clerc","Monthey","P2","2022-02-14T15:58:26+01:00","2022-02-14T17:46:21+01:00","Centre sportif","Route de France",35,null,1875,"Morgins","CH","Suisse",68,"Planification","Hôpital Riviera-Chablais (HRC)","Route du Vieux-Séquoia",20,null,1847,"Rennaz","CH","Suisse","False","VS22004674","Accident","Féminin","Batista Neto","Ana Dilia ","1974-07-02","Rua Estado da India ",660,"Hab. 31 ","4430-094 ","Vila Nova da Gaia","PT","Portugal",null,1,1,"Personne","Féminin","Batista Neto","Ana Dilia ","Rua Estado da India ",660,"Hab. 31 ","4430-094 ","Vila Nova da Gaia","PT","Portugal",null,"VS.9541","Matériel - Prestation standard élargie",null,1,80,null,80]
[4605,"2022-02-25",1495,"2021789/62",18049,3,"Ambulance Clerc","Monthey","S1","2022-02-14T16:34:18+01:00","2022-02-14T19:03:00+01:00","Hôpital de Malévoz","Route de Morgins",10,null,1870,"Monthey","CH","Suisse",110,"Planification","Hôpital de Sion","Avenue du Grand-Champsec",80,null,1950,"Sion","CH","Suisse","False","VS22004679","Maladie","Masculin","Fellay","Alejandro Nathaël","1982-07-29","Avenue de la Gare",6,null,1964,"Conthey","CH","Suisse","Easy Sana Assurance Maladie SA","1756.0952.7014.08",101,"Établissement",null,null,null,"Avenue Grand-Champsec",86,"Case postale 696",1951,"Sion","CH","Suisse","Hôpital du Valais - Direction des Finances/Service des fournisseurs (facturation)",9401,"Taxe de base transport S1",null,1,300,null,300]
[4605,"2022-02-25",1495,"2021789/62",18049,3,"Ambulance Clerc","Monthey","S1","2022-02-14T16:34:18+01:00","2022-02-14T19:03:00+01:00","Hôpital de Malévoz","Route de Morgins",10,null,1870,"Monthey","CH","Suisse",110,"Planification","Hôpital de Sion","Avenue du Grand-Champsec",80,null,1950,"Sion","CH","Suisse","False","VS22004679","Maladie","Masculin","Fellay","Alejandro Nathaël","1982-07-29","Avenue de la Gare",6,null,1964,"Conthey","CH","Suisse","Easy Sana Assurance Maladie SA","1756.0952.7014.08",101,"Établissement",null,null,null,"Avenue Grand-Champsec",86,"Case postale 696",1951,"Sion","CH","Suisse","Hôpital du Valais - Direction des Finances/Service des fournisseurs (facturation)",9404,"Indemnisation kilométrique",null,110,4.5,"km",495]
[4605,"2022-02-25",1495,"2021789/62",18049,3,"Ambulance Clerc","Monthey","S1","2022-02-14T16:34:18+01:00","2022-02-14T19:03:00+01:00","Hôpital de Malévoz","Route de Morgins",10,null,1870,"Monthey","CH","Suisse",110,"Planification","Hôpital de Sion","Avenue du Grand-Champsec",80,null,1950,"Sion","CH","Suisse","False","VS22004679","Maladie","Masculin","Fellay","Alejandro Nathaël","1982-07-29","Avenue de la Gare",6,null,1964,"Conthey","CH","Suisse","Easy Sana Assurance Maladie SA","1756.0952.7014.08",101,"Établissement",null,null,null,"Avenue Grand-Champsec",86,"Case postale 696",1951,"Sion","CH","Suisse","Hôpital du Valais - Direction des Finances/Service des fournisseurs (facturation)",9411,"Personnel soignant reconnu (par personne et par quart d'heure entamé)",null,20,35,"¼ d'heure",700]
[4605,"2022-02-25",1495,"2021789/62",18049,3,"Ambulance Clerc","Monthey","S1","2022-02-14T16:34:18+01:00","2022-02-14T19:03:00+01:00","Hôpital de Malévoz","Route de Morgins",10,null,1870,"Monthey","CH","Suisse",110,"Planification","Hôpital de Sion","Avenue du Grand-Champsec",80,null,1950,"Sion","CH","Suisse","False","VS22004679","Maladie","Masculin","Fellay","Alejandro Nathaël","1982-07-29","Avenue de la Gare",6,null,1964,"Conthey","CH","Suisse","Easy Sana Assurance Maladie SA","1756.0952.7014.08",101,"Établissement",null,null,null,"Avenue Grand-Champsec",86,"Case postale 696",1951,"Sion","CH","Suisse","Hôpital du Valais - Direction des Finances/Service des fournisseurs (facturation)",9440,"Matériel - Prestation standard",null,1,0,null,0]
[4606,"2022-02-25",1358.5,null,18053,3,"Ambulance Clerc","Monthey","P1","2022-02-14T17:49:48+01:00","2022-02-14T19:40:26+01:00",null,null,null,null,1920,"Martigny","CH","Suisse",93,"Planification","Hôpital de Sion","Avenue du Grand-Champsec",80,null,1950,"Sion","CH","Suisse","False","VS22004703","Accident","Féminin","Mazzeo","Georgia","2004-01-07","Via Roma ",12,"Catania, Sicilia",95035,"Maletto ","IT","Italie",null,1,1,"Personne","Féminin","Mazzeo","Georgia","Via Roma ",12,"Catania, Sicilia",95035,"Maletto ","IT","Italie",null,"VS.9501","Taxe de base sauvetage P1",null,1,300,null,300]
[4606,"2022-02-25",1358.5,null,18053,3,"Ambulance Clerc","Monthey","P1","2022-02-14T17:49:48+01:00","2022-02-14T19:40:26+01:00",null,null,null,null,1920,"Martigny","CH","Suisse",93,"Planification","Hôpital de Sion","Avenue du Grand-Champsec",80,null,1950,"Sion","CH","Suisse","False","VS22004703","Accident","Féminin","Mazzeo","Georgia","2004-01-07","Via Roma ",12,"Catania, Sicilia",95035,"Maletto ","IT","Italie",null,1,1,"Personne","Féminin","Mazzeo","Georgia","Via Roma ",12,"Catania, Sicilia",95035,"Maletto ","IT","Italie",null,"VS.9504","Indemnisation kilométrique",null,93,4.5,"km",418.5]
[4606,"2022-02-25",1358.5,null,18053,3,"Ambulance Clerc","Monthey","P1","2022-02-14T17:49:48+01:00","2022-02-14T19:40:26+01:00",null,null,null,null,1920,"Martigny","CH","Suisse",93,"Planification","Hôpital de Sion","Avenue du Grand-Champsec",80,null,1950,"Sion","CH","Suisse","False","VS22004703","Accident","Féminin","Mazzeo","Georgia","2004-01-07","Via Roma ",12,"Catania, Sicilia",95035,"Maletto ","IT","Italie",null,1,1,"Personne","Féminin","Mazzeo","Georgia","Via Roma ",12,"Catania, Sicilia",95035,"Maletto ","IT","Italie",null,"VS.9511","Personnel soignant reconnu (par personne et par quart d'heure entamé)",null,16,35,"¼ d'heure",560]
[4606,"2022-02-25",1358.5,null,18053,3,"Ambulance Clerc","Monthey","P1","2022-02-14T17:49:48+01:00","2022-02-14T19:40:26+01:00",null,null,null,null,1920,"Martigny","CH","Suisse",93,"Planification","Hôpital de Sion","Avenue du Grand-Champsec",80,null,1950,"Sion","CH","Suisse","False","VS22004703","Accident","Féminin","Mazzeo","Georgia","2004-01-07","Via Roma ",12,"Catania, Sicilia",95035,"Maletto ","IT","Italie",null,1,1,"Personne","Féminin","Mazzeo","Georgia","Via Roma ",12,"Catania, Sicilia",95035,"Maletto ","IT","Italie",null,"VS.9541","Matériel - Prestation standard élargie",null,1,80,null,80]
[4607,"2022-02-25",760,null,18058,3,"Ambulance Clerc","Monthey","P1","2022-02-14T17:50:35+01:00","2022-02-14T18:43:26+01:00",null,"Sous les Batailles",1,null,1897,"Les Evouettes","CH","Suisse",40,"Privée","Hôpital Riviera-Chablais (HRC)","Route du Vieux-Séquoia",20,null,1847,"Rennaz","CH","Suisse","False","VS22004691","Maladie","Féminin","Bertholet","Sarah","2004-08-08","Sous les Batailles",1,null,1897,"Les Evouettes","CH","Suisse","Visana AG","2756.9098.2765.28",1,"Personne","Féminin","Bertholet","Saadia","Sous les Batailles",1,null,1897,"Les Evouettes","CH","Suisse",null,9401,"Taxe de base sauvetage P1",null,1,300,null,300]
[4607,"2022-02-25",760,null,18058,3,"Ambulance Clerc","Monthey","P1","2022-02-14T17:50:35+01:00","2022-02-14T18:43:26+01:00",null,"Sous les Batailles",1,null,1897,"Les Evouettes","CH","Suisse",40,"Privée","Hôpital Riviera-Chablais (HRC)","Route du Vieux-Séquoia",20,null,1847,"Rennaz","CH","Suisse","False","VS22004691","Maladie","Féminin","Bertholet","Sarah","2004-08-08","Sous les Batailles",1,null,1897,"Les Evouettes","CH","Suisse","Visana AG","2756.9098.2765.28",1,"Personne","Féminin","Bertholet","Saadia","Sous les Batailles",1,null,1897,"Les Evouettes","CH","Suisse",null,9404,"Indemnisation kilométrique",null,40,4.5,"km",180]
[4607,"2022-02-25",760,null,18058,3,"Ambulance Clerc","Monthey","P1","2022-02-14T17:50:35+01:00","2022-02-14T18:43:26+01:00",null,"Sous les Batailles",1,null,1897,"Les Evouettes","CH","Suisse",40,"Privée","Hôpital Riviera-Chablais (HRC)","Route du Vieux-Séquoia",20,null,1847,"Rennaz","CH","Suisse","False","VS22004691","Maladie","Féminin","Bertholet","Sarah","2004-08-08","Sous les Batailles",1,null,1897,"Les Evouettes","CH","Suisse","Visana AG","2756.9098.2765.28",1,"Personne","Féminin","Bertholet","Saadia","Sous les Batailles",1,null,1897,"Les Evouettes","CH","Suisse",null,9411,"Personnel soignant reconnu (par personne et par quart d'heure entamé)",null,8,35,"¼ d'heure",280]
[4607,"2022-02-25",760,null,18058,3,"Ambulance Clerc","Monthey","P1","2022-02-14T17:50:35+01:00","2022-02-14T18:43:26+01:00",null,"Sous les Batailles",1,null,1897,"Les Evouettes","CH","Suisse",40,"Privée","Hôpital Riviera-Chablais (HRC)","Route du Vieux-Séquoia",20,null,1847,"Rennaz","CH","Suisse","False","VS22004691","Maladie","Féminin","Bertholet","Sarah","2004-08-08","Sous les Batailles",1,null,1897,"Les Evouettes","CH","Suisse","Visana AG","2756.9098.2765.28",1,"Personne","Féminin","Bertholet","Saadia","Sous les Batailles",1,null,1897,"Les Evouettes","CH","Suisse",null,9440,"Matériel - Prestation standard",null,1,0,null,0]
[4608,"2022-02-25",1498,null,18073,3,"Ambulance Clerc","Monthey","P2","2022-02-14T20:21:52+01:00","2022-02-14T22:48:36+01:00",null,"Rue de la Lanche",19,null,1899,"Torgon","CH","Suisse",54,"Planification","Hôpital Riviera-Chablais (HRC)","Route du Vieux-Séquoia",20,null,1847,"Rennaz","CH","Suisse","False","VS22004711","Maladie","Féminin","Grosjean ","Katia Daisy Andrée","1963-01-06","Rue de la Lanche",19,null,1899,"Torgon","CH","Suisse","Assura-Basis SA","1756.9872.7918.03",1,"Personne","Féminin","Grosjean ","Katia Daisy Andrée","Rue de la Lanche",19,null,1899,"Torgon","CH","Suisse",null,9402,"Taxe de base transport P2",null,1,300,null,300]
[4608,"2022-02-25",1498,null,18073,3,"Ambulance Clerc","Monthey","P2","2022-02-14T20:21:52+01:00","2022-02-14T22:48:36+01:00",null,"Rue de la Lanche",19,null,1899,"Torgon","CH","Suisse",54,"Planification","Hôpital Riviera-Chablais (HRC)","Route du Vieux-Séquoia",20,null,1847,"Rennaz","CH","Suisse","False","VS22004711","Maladie","Féminin","Grosjean ","Katia Daisy Andrée","1963-01-06","Rue de la Lanche",19,null,1899,"Torgon","CH","Suisse","Assura-Basis SA","1756.9872.7918.03",1,"Personne","Féminin","Grosjean ","Katia Daisy Andrée","Rue de la Lanche",19,null,1899,"Torgon","CH","Suisse",null,9404,"Indemnisation kilométrique",null,54,4.5,"km",243]
[4608,"2022-02-25",1498,null,18073,3,"Ambulance Clerc","Monthey","P2","2022-02-14T20:21:52+01:00","2022-02-14T22:48:36+01:00",null,"Rue de la Lanche",19,null,1899,"Torgon","CH","Suisse",54,"Planification","Hôpital Riviera-Chablais (HRC)","Route du Vieux-Séquoia",20,null,1847,"Rennaz","CH","Suisse","False","VS22004711","Maladie","Féminin","Grosjean ","Katia Daisy Andrée","1963-01-06","Rue de la Lanche",19,null,1899,"Torgon","CH","Suisse","Assura-Basis SA","1756.9872.7918.03",1,"Personne","Féminin","Grosjean ","Katia Daisy Andrée","Rue de la Lanche",19,null,1899,"Torgon","CH","Suisse",null,9411,"Personnel soignant reconnu (par personne et par quart d'heure entamé)",null,20,35,"¼ d'heure",700]
[4608,"2022-02-25",1498,null,18073,3,"Ambulance Clerc","Monthey","P2","2022-02-14T20:21:52+01:00","2022-02-14T22:48:36+01:00",null,"Rue de la Lanche",19,null,1899,"Torgon","CH","Suisse",54,"Planification","Hôpital Riviera-Chablais (HRC)","Route du Vieux-Séquoia",20,null,1847,"Rennaz","CH","Suisse","False","VS22004711","Maladie","Féminin","Grosjean ","Katia Daisy Andrée","1963-01-06","Rue de la Lanche",19,null,1899,"Torgon","CH","Suisse","Assura-Basis SA","1756.9872.7918.03",1,"Personne","Féminin","Grosjean ","Katia Daisy Andrée","Rue de la Lanche",19,null,1899,"Torgon","CH","Suisse",null,9431,"Supplément de nuit",null,1,175,null,175]
[4608,"2022-02-25",1498,null,18073,3,"Ambulance Clerc","Monthey","P2","2022-02-14T20:21:52+01:00","2022-02-14T22:48:36+01:00",null,"Rue de la Lanche",19,null,1899,"Torgon","CH","Suisse",54,"Planification","Hôpital Riviera-Chablais (HRC)","Route du Vieux-Séquoia",20,null,1847,"Rennaz","CH","Suisse","False","VS22004711","Maladie","Féminin","Grosjean ","Katia Daisy Andrée","1963-01-06","Rue de la Lanche",19,null,1899,"Torgon","CH","Suisse","Assura-Basis SA","1756.9872.7918.03",1,"Personne","Féminin","Grosjean ","Katia Daisy Andrée","Rue de la Lanche",19,null,1899,"Torgon","CH","Suisse",null,9441,"Matériel - Prestation standard élargie",null,1,80,null,80]
[4609,"2022-02-25",830,null,18087,3,"Ambulance Clerc","Monthey","P1","2022-02-15T07:42:09+01:00","2022-02-15T08:46:05+01:00",null,"Route Industrielle",21,null,1897,"Bouveret","CH","Suisse",40,"Planification","Hôpital Riviera-Chablais (HRC)","Route du Vieux-Séquoia",20,null,1847,"Rennaz","CH","Suisse","False","VS22004725","Maladie","Masculin","Pont","Nicolas","1972-04-12","Chemin de Chantevent",28,null,3960,"Sierre","CH","Suisse","Visana AG","1756.3967.2549.14",1,"Personne","Masculin","Pont","Nicolas","Chemin de Chantevent",28,null,3960,"Sierre","CH","Suisse",null,9401,"Taxe de base sauvetage P1",null,1,300,null,300]
[4609,"2022-02-25",830,null,18087,3,"Ambulance Clerc","Monthey","P1","2022-02-15T07:42:09+01:00","2022-02-15T08:46:05+01:00",null,"Route Industrielle",21,null,1897,"Bouveret","CH","Suisse",40,"Planification","Hôpital Riviera-Chablais (HRC)","Route du Vieux-Séquoia",20,null,1847,"Rennaz","CH","Suisse","False","VS22004725","Maladie","Masculin","Pont","Nicolas","1972-04-12","Chemin de Chantevent",28,null,3960,"Sierre","CH","Suisse","Visana AG","1756.3967.2549.14",1,"Personne","Masculin","Pont","Nicolas","Chemin de Chantevent",28,null,3960,"Sierre","CH","Suisse",null,9404,"Indemnisation kilométrique",null,40,4.5,"km",180]
[4609,"2022-02-25",830,null,18087,3,"Ambulance Clerc","Monthey","P1","2022-02-15T07:42:09+01:00","2022-02-15T08:46:05+01:00",null,"Route Industrielle",21,null,1897,"Bouveret","CH","Suisse",40,"Planification","Hôpital Riviera-Chablais (HRC)","Route du Vieux-Séquoia",20,null,1847,"Rennaz","CH","Suisse","False","VS22004725","Maladie","Masculin","Pont","Nicolas","1972-04-12","Chemin de Chantevent",28,null,3960,"Sierre","CH","Suisse","Visana AG","1756.3967.2549.14",1,"Personne","Masculin","Pont","Nicolas","Chemin de Chantevent",28,null,3960,"Sierre","CH","Suisse",null,9411,"Personnel soignant reconnu (par personne et par quart d'heure entamé)",null,8,35,"¼ d'heure",280]
[4609,"2022-02-25",830,null,18087,3,"Ambulance Clerc","Monthey","P1","2022-02-15T07:42:09+01:00","2022-02-15T08:46:05+01:00",null,"Route Industrielle",21,null,1897,"Bouveret","CH","Suisse",40,"Planification","Hôpital Riviera-Chablais (HRC)","Route du Vieux-Séquoia",20,null,1847,"Rennaz","CH","Suisse","False","VS22004725","Maladie","Masculin","Pont","Nicolas","1972-04-12","Chemin de Chantevent",28,null,3960,"Sierre","CH","Suisse","Visana AG","1756.3967.2549.14",1,"Personne","Masculin","Pont","Nicolas","Chemin de Chantevent",28,null,3960,"Sierre","CH","Suisse",null,9431,"Supplément de nuit",null,1,70,null,70]
[4609,"2022-02-25",830,null,18087,3,"Ambulance Clerc","Monthey","P1","2022-02-15T07:42:09+01:00","2022-02-15T08:46:05+01:00",null,"Route Industrielle",21,null,1897,"Bouveret","CH","Suisse",40,"Planification","Hôpital Riviera-Chablais (HRC)","Route du Vieux-Séquoia",20,null,1847,"Rennaz","CH","Suisse","False","VS22004725","Maladie","Masculin","Pont","Nicolas","1972-04-12","Chemin de Chantevent",28,null,3960,"Sierre","CH","Suisse","Visana AG","1756.3967.2549.14",1,"Personne","Masculin","Pont","Nicolas","Chemin de Chantevent",28,null,3960,"Sierre","CH","Suisse",null,9440,"Matériel - Prestation standard",null,1,0,null,0]
[4610,"2022-02-25",825.5,null,18092,3,"Ambulance Clerc","Monthey","P1","2022-02-15T08:36:07+01:00","2022-02-15T09:44:52+01:00","Ateliers St-Hubert","Avenue du Simplon",100,null,1870,"Monthey","CH","Suisse",39,"Planification","Hôpital Riviera-Chablais (HRC)","Route du Vieux-Séquoia",20,null,1847,"Rennaz","CH","Suisse","False","VS22004730","Maladie","Féminin","Farquet","Béatrice","1964-10-23","Rue des Finettes",8,null,1920,"Martigny","CH","Suisse","CSS Kranken- Versicherung AG","1756.8458.7628.62",1,"Personne","Féminin","Farquet","Béatrice","Rue des Finettes",8,null,1920,"Martigny","CH","Suisse",null,9401,"Taxe de base sauvetage P1",null,1,300,null,300]
[4610,"2022-02-25",825.5,null,18092,3,"Ambulance Clerc","Monthey","P1","2022-02-15T08:36:07+01:00","2022-02-15T09:44:52+01:00","Ateliers St-Hubert","Avenue du Simplon",100,null,1870,"Monthey","CH","Suisse",39,"Planification","Hôpital Riviera-Chablais (HRC)","Route du Vieux-Séquoia",20,null,1847,"Rennaz","CH","Suisse","False","VS22004730","Maladie","Féminin","Farquet","Béatrice","1964-10-23","Rue des Finettes",8,null,1920,"Martigny","CH","Suisse","CSS Kranken- Versicherung AG","1756.8458.7628.62",1,"Personne","Féminin","Farquet","Béatrice","Rue des Finettes",8,null,1920,"Martigny","CH","Suisse",null,9404,"Indemnisation kilométrique",null,39,4.5,"km",175.5]
[4610,"2022-02-25",825.5,null,18092,3,"Ambulance Clerc","Monthey","P1","2022-02-15T08:36:07+01:00","2022-02-15T09:44:52+01:00","Ateliers St-Hubert","Avenue du Simplon",100,null,1870,"Monthey","CH","Suisse",39,"Planification","Hôpital Riviera-Chablais (HRC)","Route du Vieux-Séquoia",20,null,1847,"Rennaz","CH","Suisse","False","VS22004730","Maladie","Féminin","Farquet","Béatrice","1964-10-23","Rue des Finettes",8,null,1920,"Martigny","CH","Suisse","CSS Kranken- Versicherung AG","1756.8458.7628.62",1,"Personne","Féminin","Farquet","Béatrice","Rue des Finettes",8,null,1920,"Martigny","CH","Suisse",null,9411,"Personnel soignant reconnu (par personne et par quart d'heure entamé)",null,10,35,"¼ d'heure",350]
[4610,"2022-02-25",825.5,null,18092,3,"Ambulance Clerc","Monthey","P1","2022-02-15T08:36:07+01:00","2022-02-15T09:44:52+01:00","Ateliers St-Hubert","Avenue du Simplon",100,null,1870,"Monthey","CH","Suisse",39,"Planification","Hôpital Riviera-Chablais (HRC)","Route du Vieux-Séquoia",20,null,1847,"Rennaz","CH","Suisse","False","VS22004730","Maladie","Féminin","Farquet","Béatrice","1964-10-23","Rue des Finettes",8,null,1920,"Martigny","CH","Suisse","CSS Kranken- Versicherung AG","1756.8458.7628.62",1,"Personne","Féminin","Farquet","Béatrice","Rue des Finettes",8,null,1920,"Martigny","CH","Suisse",null,9440,"Matériel - Prestation standard",null,1,0,null,0]
[4611,"2022-02-25",525,"-/-",17741,3,"Ambulance Clerc","Monthey","S3","2022-02-12T05:41:11+01:00","2022-02-12T06:35:24+01:00","Hôpital Riviera-Chablais (HRC)","Route du Vieux-Séquoia",20,null,1847,"Rennaz","CH","Suisse",36,"Privée","Hôpital de Malévoz","Route de Morgins",10,null,1870,"Monthey","CH","Suisse","False","VS22004359","Maladie","Féminin","Kämpfen","Marina Sophie Laurence","1988-08-02","Route de Pro-Bovey",19,null,1907,"Saxon","CH","Suisse","CSS Kranken- Versicherung AG","2756.7302.6393.98",101,"Établissement",null,null,null,"Avenue Grand-Champsec",86,"Case postale 696",1951,"Sion","CH","Suisse","Hôpital du Valais - Direction des Finances/Service des fournisseurs (facturation)","HVS.117N","Forfait S3 HRC Rennaz - Malévoz","Trajet simple nuit (20h00-08h00)",1,525,null,525]
[4612,"2022-02-25",554,null,18094,3,"Ambulance Clerc","Monthey","S3","2022-02-15T08:44:22+01:00","2022-02-15T10:49:23+01:00","Hôpital Riviera-Chablais (HRC)","Route du Vieux-Séquoia",20,null,1847,"Rennaz","CH","Suisse",76,"Privée","Hôpital de Martigny","Avenue de la Fusion",27,null,1920,"Martigny","CH","Suisse","False","VS22004732","Maladie","Féminin","Morend","Josiane","1941-03-07","Avenue du Crochetan","50B",null,1870,"Monthey","CH","Suisse","SWICA Krankenversicherung","2756.7567.2150.16",100,"Établissement",null,null,null,"Route du Vieux-Séquoia",20,null,1847,"Rennaz","CH","Suisse","Hôpital Riviera-Chablais Vaud-Valais - Fournisseurs (facturation)","HRC.115J","Forfait S3 Rennaz - HVS Martigny","Trajet simple journée (07h00-19h00)",1,554,null,554]
[4613,"2022-02-25",400,null,18095,3,"Ambulance Clerc","Monthey","S3","2022-02-15T08:49:21+01:00","2022-02-15T10:30:20+01:00","Hôpital Riviera-Chablais (HRC)","Route du Vieux-Séquoia",20,null,1847,"Rennaz","CH","Suisse",48,"Privée","Fondation Rive-Neuve","Chemin des Cuarroz",57,null,1807,"Blonay","CH","Suisse","False","VS22004733","Maladie","Féminin","Moulin","Yolande ","1933-01-21","Chemin des Fenils",3,null,1884,"Arveyes","CH","Suisse","SWICA Krankenversicherung","2756.1262.1480.13",100,"Établissement",null,null,null,"Route du Vieux-Séquoia",20,null,1847,"Rennaz","CH","Suisse","Hôpital Riviera-Chablais Vaud-Valais - Fournisseurs (facturation)","HRC.113J","Forfait S3 Rennaz - Fondation Rive-Neuve","Trajet simple journée (07h00-19h00)",1,400,null,400]
[4614,"2022-02-25",1214.5,null,18097,3,"Ambulance Clerc","Monthey","P1","2022-02-15T09:19:32+01:00","2022-02-15T11:10:27+01:00",null,"Route des Cerniers",100,null,1871,"Les Giettes","CH","Suisse",61,"Planification","Hôpital Riviera-Chablais (HRC)","Route du Vieux-Séquoia",20,null,1847,"Rennaz","CH","Suisse","False","VS22004735","Maladie","Masculin","Krstic","Dimitri","2002-09-04","Rue Marconi",19,null,1920,"Martigny","CH","Suisse",null,"1756.4456.2579.97",1,"Personne","Masculin","Krstic","Dimitri","Rue Marconi",19,null,1920,"Martigny","CH","Suisse",null,9401,"Taxe de base sauvetage P1",null,1,300,null,300]
[4614,"2022-02-25",1214.5,null,18097,3,"Ambulance Clerc","Monthey","P1","2022-02-15T09:19:32+01:00","2022-02-15T11:10:27+01:00",null,"Route des Cerniers",100,null,1871,"Les Giettes","CH","Suisse",61,"Planification","Hôpital Riviera-Chablais (HRC)","Route du Vieux-Séquoia",20,null,1847,"Rennaz","CH","Suisse","False","VS22004735","Maladie","Masculin","Krstic","Dimitri","2002-09-04","Rue Marconi",19,null,1920,"Martigny","CH","Suisse",null,"1756.4456.2579.97",1,"Personne","Masculin","Krstic","Dimitri","Rue Marconi",19,null,1920,"Martigny","CH","Suisse",null,9404,"Indemnisation kilométrique",null,61,4.5,"km",274.5]
[4614,"2022-02-25",1214.5,null,18097,3,"Ambulance Clerc","Monthey","P1","2022-02-15T09:19:32+01:00","2022-02-15T11:10:27+01:00",null,"Route des Cerniers",100,null,1871,"Les Giettes","CH","Suisse",61,"Planification","Hôpital Riviera-Chablais (HRC)","Route du Vieux-Séquoia",20,null,1847,"Rennaz","CH","Suisse","False","VS22004735","Maladie","Masculin","Krstic","Dimitri","2002-09-04","Rue Marconi",19,null,1920,"Martigny","CH","Suisse",null,"1756.4456.2579.97",1,"Personne","Masculin","Krstic","Dimitri","Rue Marconi",19,null,1920,"Martigny","CH","Suisse",null,9411,"Personnel soignant reconnu (par personne et par quart d'heure entamé)",null,16,35,"¼ d'heure",560]
[4614,"2022-02-25",1214.5,null,18097,3,"Ambulance Clerc","Monthey","P1","2022-02-15T09:19:32+01:00","2022-02-15T11:10:27+01:00",null,"Route des Cerniers",100,null,1871,"Les Giettes","CH","Suisse",61,"Planification","Hôpital Riviera-Chablais (HRC)","Route du Vieux-Séquoia",20,null,1847,"Rennaz","CH","Suisse","False","VS22004735","Maladie","Masculin","Krstic","Dimitri","2002-09-04","Rue Marconi",19,null,1920,"Martigny","CH","Suisse",null,"1756.4456.2579.97",1,"Personne","Masculin","Krstic","Dimitri","Rue Marconi",19,null,1920,"Martigny","CH","Suisse",null,9441,"Matériel - Prestation standard élargie",null,1,80,null,80]
[4615,"2022-02-25",744.4,null,18103,3,"Ambulance Clerc","Monthey","S3","2022-02-15T10:31:38+01:00","2022-02-15T13:26:03+01:00","Hôpital Riviera-Chablais (HRC)","Route du Vieux-Séquoia",20,null,1847,"Rennaz","CH","Suisse",113,"Privée","EMS L'Ours","Route des Chenolettes",4,null,1660,"Château-d'Oex","CH","Suisse","False","VS22004741","Accident","Féminin","Isoz","Anne-Marie","1929-03-15","Route des Chenolettes",4,"EMS L'Ours",1660,"Château-d'Oex","CH","Suisse","Philos Assurance Maladie SA","2756.2135.1386.81",null,"Personne","Féminin","Isoz","Anne-Marie","Route des Chenolettes",4,"EMS L'Ours",1660,"Château-d'Oex","CH","Suisse",null,47073,"Intervention programmée",null,1,412,null,412]
[4615,"2022-02-25",744.4,null,18103,3,"Ambulance Clerc","Monthey","S3","2022-02-15T10:31:38+01:00","2022-02-15T13:26:03+01:00","Hôpital Riviera-Chablais (HRC)","Route du Vieux-Séquoia",20,null,1847,"Rennaz","CH","Suisse",113,"Privée","EMS L'Ours","Route des Chenolettes",4,null,1660,"Château-d'Oex","CH","Suisse","False","VS22004741","Accident","Féminin","Isoz","Anne-Marie","1929-03-15","Route des Chenolettes",4,"EMS L'Ours",1660,"Château-d'Oex","CH","Suisse","Philos Assurance Maladie SA","2756.2135.1386.81",null,"Personne","Féminin","Isoz","Anne-Marie","Route des Chenolettes",4,"EMS L'Ours",1660,"Château-d'Oex","CH","Suisse",null,47075,"Indemnisation kilométrique",null,30,4.8,"km",144]
[4615,"2022-02-25",744.4,null,18103,3,"Ambulance Clerc","Monthey","S3","2022-02-15T10:31:38+01:00","2022-02-15T13:26:03+01:00","Hôpital Riviera-Chablais (HRC)","Route du Vieux-Séquoia",20,null,1847,"Rennaz","CH","Suisse",113,"Privée","EMS L'Ours","Route des Chenolettes",4,null,1660,"Château-d'Oex","CH","Suisse","False","VS22004741","Accident","Féminin","Isoz","Anne-Marie","1929-03-15","Route des Chenolettes",4,"EMS L'Ours",1660,"Château-d'Oex","CH","Suisse","Philos Assurance Maladie SA","2756.2135.1386.81",null,"Personne","Féminin","Isoz","Anne-Marie","Route des Chenolettes",4,"EMS L'Ours",1660,"Château-d'Oex","CH","Suisse",null,47076,"Indemnisation kilométrique",null,40,3.8,"km",152]
[4615,"2022-02-25",744.4,null,18103,3,"Ambulance Clerc","Monthey","S3","2022-02-15T10:31:38+01:00","2022-02-15T13:26:03+01:00","Hôpital Riviera-Chablais (HRC)","Route du Vieux-Séquoia",20,null,1847,"Rennaz","CH","Suisse",113,"Privée","EMS L'Ours","Route des Chenolettes",4,null,1660,"Château-d'Oex","CH","Suisse","False","VS22004741","Accident","Féminin","Isoz","Anne-Marie","1929-03-15","Route des Chenolettes",4,"EMS L'Ours",1660,"Château-d'Oex","CH","Suisse","Philos Assurance Maladie SA","2756.2135.1386.81",null,"Personne","Féminin","Isoz","Anne-Marie","Route des Chenolettes",4,"EMS L'Ours",1660,"Château-d'Oex","CH","Suisse",null,47077,"Indemnisation kilométrique",null,13,2.8,"km",36.4]
[4616,"2022-02-25",1105,null,18105,3,"Ambulance Clerc","Monthey","P2","2022-02-15T10:47:22+01:00","2022-02-15T12:30:23+01:00","TéléMarécottes","La Creusaz",1,null,1923,"Les Marécottes","CH","Suisse",70,"Planification","Hôpital de Martigny","Avenue de la Fusion",27,null,1920,"Martigny","CH","Suisse","False","VS22004743","Accident","Masculin","Drouet","Yves Eugène","1966-08-18","Rue de Nospelt",21,null,8358,"Goeblange ","CH","Suisse",null,1,1,"Personne","Masculin","Drouet","Yves Eugène","Rue de Nospelt",21,null,8358,"Goeblange ","CH","Suisse",null,9402,"Taxe de base transport P2",null,1,300,null,300]
[4616,"2022-02-25",1105,null,18105,3,"Ambulance Clerc","Monthey","P2","2022-02-15T10:47:22+01:00","2022-02-15T12:30:23+01:00","TéléMarécottes","La Creusaz",1,null,1923,"Les Marécottes","CH","Suisse",70,"Planification","Hôpital de Martigny","Avenue de la Fusion",27,null,1920,"Martigny","CH","Suisse","False","VS22004743","Accident","Masculin","Drouet","Yves Eugène","1966-08-18","Rue de Nospelt",21,null,8358,"Goeblange ","CH","Suisse",null,1,1,"Personne","Masculin","Drouet","Yves Eugène","Rue de Nospelt",21,null,8358,"Goeblange ","CH","Suisse",null,9404,"Indemnisation kilométrique",null,70,4.5,"km",315]
[4616,"2022-02-25",1105,null,18105,3,"Ambulance Clerc","Monthey","P2","2022-02-15T10:47:22+01:00","2022-02-15T12:30:23+01:00","TéléMarécottes","La Creusaz",1,null,1923,"Les Marécottes","CH","Suisse",70,"Planification","Hôpital de Martigny","Avenue de la Fusion",27,null,1920,"Martigny","CH","Suisse","False","VS22004743","Accident","Masculin","Drouet","Yves Eugène","1966-08-18","Rue de Nospelt",21,null,8358,"Goeblange ","CH","Suisse",null,1,1,"Personne","Masculin","Drouet","Yves Eugène","Rue de Nospelt",21,null,8358,"Goeblange ","CH","Suisse",null,9411,"Personnel soignant reconnu (par personne et par quart d'heure entamé)",null,14,35,"¼ d'heure",490]
[4617,"2022-02-25",794,null,18110,3,"Ambulance Clerc","Monthey","P1","2022-02-15T11:20:05+01:00","2022-02-15T12:29:36+01:00",null,"Chemin d'Ouffe",3,null,1895,"Vionnaz","CH","Suisse",32,"Planification","Hôpital Riviera-Chablais (HRC)","Route du Vieux-Séquoia",20,null,1847,"Rennaz","CH","Suisse","False","VS22004749","Accident","Féminin","Ayer Beites","Fatima","1972-08-18","Chemin d'Ouffe",3,null,1895,"Vionnaz","CH","Suisse","Mutuel Assurance Maladie SA","1756.6284.9336.23",1,"Personne","Féminin","Ayer Beites","Fatima","Chemin d'Ouffe",3,null,1895,"Vionnaz","CH","Suisse",null,9401,"Taxe de base sauvetage P1",null,1,300,null,300]
[4617,"2022-02-25",794,null,18110,3,"Ambulance Clerc","Monthey","P1","2022-02-15T11:20:05+01:00","2022-02-15T12:29:36+01:00",null,"Chemin d'Ouffe",3,null,1895,"Vionnaz","CH","Suisse",32,"Planification","Hôpital Riviera-Chablais (HRC)","Route du Vieux-Séquoia",20,null,1847,"Rennaz","CH","Suisse","False","VS22004749","Accident","Féminin","Ayer Beites","Fatima","1972-08-18","Chemin d'Ouffe",3,null,1895,"Vionnaz","CH","Suisse","Mutuel Assurance Maladie SA","1756.6284.9336.23",1,"Personne","Féminin","Ayer Beites","Fatima","Chemin d'Ouffe",3,null,1895,"Vionnaz","CH","Suisse",null,9404,"Indemnisation kilométrique",null,32,4.5,"km",144]
[4617,"2022-02-25",794,null,18110,3,"Ambulance Clerc","Monthey","P1","2022-02-15T11:20:05+01:00","2022-02-15T12:29:36+01:00",null,"Chemin d'Ouffe",3,null,1895,"Vionnaz","CH","Suisse",32,"Planification","Hôpital Riviera-Chablais (HRC)","Route du Vieux-Séquoia",20,null,1847,"Rennaz","CH","Suisse","False","VS22004749","Accident","Féminin","Ayer Beites","Fatima","1972-08-18","Chemin d'Ouffe",3,null,1895,"Vionnaz","CH","Suisse","Mutuel Assurance Maladie SA","1756.6284.9336.23",1,"Personne","Féminin","Ayer Beites","Fatima","Chemin d'Ouffe",3,null,1895,"Vionnaz","CH","Suisse",null,9411,"Personnel soignant reconnu (par personne et par quart d'heure entamé)",null,10,35,"¼ d'heure",350]
[4617,"2022-02-25",794,null,18110,3,"Ambulance Clerc","Monthey","P1","2022-02-15T11:20:05+01:00","2022-02-15T12:29:36+01:00",null,"Chemin d'Ouffe",3,null,1895,"Vionnaz","CH","Suisse",32,"Planification","Hôpital Riviera-Chablais (HRC)","Route du Vieux-Séquoia",20,null,1847,"Rennaz","CH","Suisse","False","VS22004749","Accident","Féminin","Ayer Beites","Fatima","1972-08-18","Chemin d'Ouffe",3,null,1895,"Vionnaz","CH","Suisse","Mutuel Assurance Maladie SA","1756.6284.9336.23",1,"Personne","Féminin","Ayer Beites","Fatima","Chemin d'Ouffe",3,null,1895,"Vionnaz","CH","Suisse",null,9440,"Matériel - Prestation standard",null,1,0,null,0]
[4618,"2022-02-25",1088.5,null,18122,3,"Ambulance Clerc","Monthey","P2","2022-02-15T12:41:47+01:00","2022-02-15T14:37:05+01:00",null,"Chemin de la Tarpa",8,null,1872,"Troistorrents","CH","Suisse",33,"Planification","Hôpital Riviera-Chablais (HRC)","Route du Vieux-Séquoia",20,null,1847,"Rennaz","CH","Suisse","False","VS22004761","Maladie","Masculin","Morel","Claude-André","1948-01-03","Vers-l'Eglise",24,null,1652,"Botterens","CH","Suisse","Assura-Basis SA","1756.0671.1890.37",1,"Personne","Masculin","Morel","Claude-André","Vers-l'Eglise",24,null,1652,"Botterens","CH","Suisse",null,9402,"Taxe de base transport P2",null,1,300,null,300]
[4618,"2022-02-25",1088.5,null,18122,3,"Ambulance Clerc","Monthey","P2","2022-02-15T12:41:47+01:00","2022-02-15T14:37:05+01:00",null,"Chemin de la Tarpa",8,null,1872,"Troistorrents","CH","Suisse",33,"Planification","Hôpital Riviera-Chablais (HRC)","Route du Vieux-Séquoia",20,null,1847,"Rennaz","CH","Suisse","False","VS22004761","Maladie","Masculin","Morel","Claude-André","1948-01-03","Vers-l'Eglise",24,null,1652,"Botterens","CH","Suisse","Assura-Basis SA","1756.0671.1890.37",1,"Personne","Masculin","Morel","Claude-André","Vers-l'Eglise",24,null,1652,"Botterens","CH","Suisse",null,9404,"Indemnisation kilométrique",null,33,4.5,"km",148.5]
[4618,"2022-02-25",1088.5,null,18122,3,"Ambulance Clerc","Monthey","P2","2022-02-15T12:41:47+01:00","2022-02-15T14:37:05+01:00",null,"Chemin de la Tarpa",8,null,1872,"Troistorrents","CH","Suisse",33,"Planification","Hôpital Riviera-Chablais (HRC)","Route du Vieux-Séquoia",20,null,1847,"Rennaz","CH","Suisse","False","VS22004761","Maladie","Masculin","Morel","Claude-André","1948-01-03","Vers-l'Eglise",24,null,1652,"Botterens","CH","Suisse","Assura-Basis SA","1756.0671.1890.37",1,"Personne","Masculin","Morel","Claude-André","Vers-l'Eglise",24,null,1652,"Botterens","CH","Suisse",null,9411,"Personnel soignant reconnu (par personne et par quart d'heure entamé)",null,16,35,"¼ d'heure",560]
[4618,"2022-02-25",1088.5,null,18122,3,"Ambulance Clerc","Monthey","P2","2022-02-15T12:41:47+01:00","2022-02-15T14:37:05+01:00",null,"Chemin de la Tarpa",8,null,1872,"Troistorrents","CH","Suisse",33,"Planification","Hôpital Riviera-Chablais (HRC)","Route du Vieux-Séquoia",20,null,1847,"Rennaz","CH","Suisse","False","VS22004761","Maladie","Masculin","Morel","Claude-André","1948-01-03","Vers-l'Eglise",24,null,1652,"Botterens","CH","Suisse","Assura-Basis SA","1756.0671.1890.37",1,"Personne","Masculin","Morel","Claude-André","Vers-l'Eglise",24,null,1652,"Botterens","CH","Suisse",null,9441,"Matériel - Prestation standard élargie",null,1,80,null,80]
[4619,"2022-02-25",455,null,18125,3,"Ambulance Clerc","Monthey","P3","2022-02-15T13:09:00+01:00","2022-02-15T13:58:10+01:00",null,"Route de Morgins",30,null,1870,"Monthey","CH","Suisse",10,"Planification","Maison Santé Chablais","Chemin du Verger",3,null,1868,"Collombey","CH","Suisse","False","VS22004764","Maladie","Masculin","Geisser","Louis","1950-11-21","Route de Morgins",30,null,1870,"Monthey","CH","Suisse","Arcosana AG","1756.0541.6724.30",1,"Personne","Masculin","Geisser","Louis","Route de Morgins",30,null,1870,"Monthey","CH","Suisse",null,9403,"Taxe de base transport P3",null,1,200,null,200]
[4619,"2022-02-25",455,null,18125,3,"Ambulance Clerc","Monthey","P3","2022-02-15T13:09:00+01:00","2022-02-15T13:58:10+01:00",null,"Route de Morgins",30,null,1870,"Monthey","CH","Suisse",10,"Planification","Maison Santé Chablais","Chemin du Verger",3,null,1868,"Collombey","CH","Suisse","False","VS22004764","Maladie","Masculin","Geisser","Louis","1950-11-21","Route de Morgins",30,null,1870,"Monthey","CH","Suisse","Arcosana AG","1756.0541.6724.30",1,"Personne","Masculin","Geisser","Louis","Route de Morgins",30,null,1870,"Monthey","CH","Suisse",null,9404,"Indemnisation kilométrique",null,10,4.5,"km",45]
[4619,"2022-02-25",455,null,18125,3,"Ambulance Clerc","Monthey","P3","2022-02-15T13:09:00+01:00","2022-02-15T13:58:10+01:00",null,"Route de Morgins",30,null,1870,"Monthey","CH","Suisse",10,"Planification","Maison Santé Chablais","Chemin du Verger",3,null,1868,"Collombey","CH","Suisse","False","VS22004764","Maladie","Masculin","Geisser","Louis","1950-11-21","Route de Morgins",30,null,1870,"Monthey","CH","Suisse","Arcosana AG","1756.0541.6724.30",1,"Personne","Masculin","Geisser","Louis","Route de Morgins",30,null,1870,"Monthey","CH","Suisse",null,9411,"Personnel soignant reconnu (par personne et par quart d'heure entamé)",null,6,35,"¼ d'heure",210]
[4619,"2022-02-25",455,null,18125,3,"Ambulance Clerc","Monthey","P3","2022-02-15T13:09:00+01:00","2022-02-15T13:58:10+01:00",null,"Route de Morgins",30,null,1870,"Monthey","CH","Suisse",10,"Planification","Maison Santé Chablais","Chemin du Verger",3,null,1868,"Collombey","CH","Suisse","False","VS22004764","Maladie","Masculin","Geisser","Louis","1950-11-21","Route de Morgins",30,null,1870,"Monthey","CH","Suisse","Arcosana AG","1756.0541.6724.30",1,"Personne","Masculin","Geisser","Louis","Route de Morgins",30,null,1870,"Monthey","CH","Suisse",null,9440,"Matériel - Prestation standard",null,1,0,null,0]
[4620,"2022-02-25",554,null,18133,3,"Ambulance Clerc","Monthey","S3","2022-02-15T14:39:35+01:00","2022-02-15T17:11:54+01:00","Hôpital Riviera-Chablais (HRC)","Route du Vieux-Séquoia",20,null,1847,"Rennaz","CH","Suisse",83,"Privée","CHUV Hôpital universitaire de Lausanne","Rue du Bugnon",46,null,1006,"Lausanne","CH","Suisse","False","VS22004772","Maladie","Féminin","Nuredini","Emna Arife","2020-07-22","Rue des Moulins",15,null,1800,"Vevey","CH","Suisse","Philos Assurance Maladie SA","2756.2431.8214.92",100,"Établissement",null,null,null,"Route du Vieux-Séquoia",20,null,1847,"Rennaz","CH","Suisse","Hôpital Riviera-Chablais Vaud-Valais - Fournisseurs (facturation)","HRC.110J","Forfait S3 Rennaz - CHUV","Trajet simple journée (07h00-19h00)",1,554,null,554]
[4621,"2022-02-25",733,null,18141,3,"Ambulance Clerc","Monthey","P2","2022-02-15T15:56:35+01:00","2022-02-15T16:57:23+01:00",null,"Avenue de la Gare",null,null,1870,"Monthey","CH","Suisse",34,"Planification","Hôpital Riviera-Chablais (HRC)","Route du Vieux-Séquoia",20,null,1847,"Rennaz","CH","Suisse","False","VS22004780","Accident","Féminin","Vergnol","Charlotte","1996-09-04","Rue des Granges",4,null,1870,"Monthey","CH","Suisse",null,"1756.6056.2746.64",1,"Personne","Féminin","Vergnol","Charlotte","Rue des Granges",4,null,1870,"Monthey","CH","Suisse",null,"VS.9502","Taxe de base transport P2",null,1,300,null,300]
[4621,"2022-02-25",733,null,18141,3,"Ambulance Clerc","Monthey","P2","2022-02-15T15:56:35+01:00","2022-02-15T16:57:23+01:00",null,"Avenue de la Gare",null,null,1870,"Monthey","CH","Suisse",34,"Planification","Hôpital Riviera-Chablais (HRC)","Route du Vieux-Séquoia",20,null,1847,"Rennaz","CH","Suisse","False","VS22004780","Accident","Féminin","Vergnol","Charlotte","1996-09-04","Rue des Granges",4,null,1870,"Monthey","CH","Suisse",null,"1756.6056.2746.64",1,"Personne","Féminin","Vergnol","Charlotte","Rue des Granges",4,null,1870,"Monthey","CH","Suisse",null,"VS.9504","Indemnisation kilométrique",null,34,4.5,"km",153]
[4621,"2022-02-25",733,null,18141,3,"Ambulance Clerc","Monthey","P2","2022-02-15T15:56:35+01:00","2022-02-15T16:57:23+01:00",null,"Avenue de la Gare",null,null,1870,"Monthey","CH","Suisse",34,"Planification","Hôpital Riviera-Chablais (HRC)","Route du Vieux-Séquoia",20,null,1847,"Rennaz","CH","Suisse","False","VS22004780","Accident","Féminin","Vergnol","Charlotte","1996-09-04","Rue des Granges",4,null,1870,"Monthey","CH","Suisse",null,"1756.6056.2746.64",1,"Personne","Féminin","Vergnol","Charlotte","Rue des Granges",4,null,1870,"Monthey","CH","Suisse",null,"VS.9511","Personnel soignant reconnu (par personne et par quart d'heure entamé)",null,8,35,"¼ d'heure",280]
[4621,"2022-02-25",733,null,18141,3,"Ambulance Clerc","Monthey","P2","2022-02-15T15:56:35+01:00","2022-02-15T16:57:23+01:00",null,"Avenue de la Gare",null,null,1870,"Monthey","CH","Suisse",34,"Planification","Hôpital Riviera-Chablais (HRC)","Route du Vieux-Séquoia",20,null,1847,"Rennaz","CH","Suisse","False","VS22004780","Accident","Féminin","Vergnol","Charlotte","1996-09-04","Rue des Granges",4,null,1870,"Monthey","CH","Suisse",null,"1756.6056.2746.64",1,"Personne","Féminin","Vergnol","Charlotte","Rue des Granges",4,null,1870,"Monthey","CH","Suisse",null,"VS.9540","Matériel - Prestation standard",null,1,0,null,0]
[4622,"2022-02-25",1162,null,18142,3,"Ambulance Clerc","Monthey","P1","2022-02-15T16:03:09+01:00","2022-02-15T18:27:50+01:00",null,"Chemin des Semilles",15,null,1870,"Monthey","CH","Suisse",36,"Planification","Hôpital Riviera-Chablais (HRC)","Route du Vieux-Séquoia",20,null,1847,"Rennaz","CH","Suisse","False","VS22004781","Maladie","Féminin","Bourson","Gladys","1981-03-19","Rue des Lavandières",3,null,1868,"Collombey","CH","Suisse","Philos Assurance Maladie SA","1756.4966.4601.15",1,"Personne","Féminin","Bourson","Gladys","Rue des Lavandières",3,null,1868,"Collombey","CH","Suisse",null,9401,"Taxe de base sauvetage P1",null,1,300,null,300]
[4622,"2022-02-25",1162,null,18142,3,"Ambulance Clerc","Monthey","P1","2022-02-15T16:03:09+01:00","2022-02-15T18:27:50+01:00",null,"Chemin des Semilles",15,null,1870,"Monthey","CH","Suisse",36,"Planification","Hôpital Riviera-Chablais (HRC)","Route du Vieux-Séquoia",20,null,1847,"Rennaz","CH","Suisse","False","VS22004781","Maladie","Féminin","Bourson","Gladys","1981-03-19","Rue des Lavandières",3,null,1868,"Collombey","CH","Suisse","Philos Assurance Maladie SA","1756.4966.4601.15",1,"Personne","Féminin","Bourson","Gladys","Rue des Lavandières",3,null,1868,"Collombey","CH","Suisse",null,9404,"Indemnisation kilométrique",null,36,4.5,"km",162]
[4622,"2022-02-25",1162,null,18142,3,"Ambulance Clerc","Monthey","P1","2022-02-15T16:03:09+01:00","2022-02-15T18:27:50+01:00",null,"Chemin des Semilles",15,null,1870,"Monthey","CH","Suisse",36,"Planification","Hôpital Riviera-Chablais (HRC)","Route du Vieux-Séquoia",20,null,1847,"Rennaz","CH","Suisse","False","VS22004781","Maladie","Féminin","Bourson","Gladys","1981-03-19","Rue des Lavandières",3,null,1868,"Collombey","CH","Suisse","Philos Assurance Maladie SA","1756.4966.4601.15",1,"Personne","Féminin","Bourson","Gladys","Rue des Lavandières",3,null,1868,"Collombey","CH","Suisse",null,9411,"Personnel soignant reconnu (par personne et par quart d'heure entamé)",null,20,35,"¼ d'heure",700]
[4622,"2022-02-25",1162,null,18142,3,"Ambulance Clerc","Monthey","P1","2022-02-15T16:03:09+01:00","2022-02-15T18:27:50+01:00",null,"Chemin des Semilles",15,null,1870,"Monthey","CH","Suisse",36,"Planification","Hôpital Riviera-Chablais (HRC)","Route du Vieux-Séquoia",20,null,1847,"Rennaz","CH","Suisse","False","VS22004781","Maladie","Féminin","Bourson","Gladys","1981-03-19","Rue des Lavandières",3,null,1868,"Collombey","CH","Suisse","Philos Assurance Maladie SA","1756.4966.4601.15",1,"Personne","Féminin","Bourson","Gladys","Rue des Lavandières",3,null,1868,"Collombey","CH","Suisse",null,9440,"Matériel - Prestation standard",null,1,0,null,0]
[4623,"2022-02-25",385,null,18149,3,"Ambulance Clerc","Monthey","P3","2022-02-15T16:59:38+01:00","2022-02-15T17:30:55+01:00","Maison Santé Chablais","Chemin du Verger",3,null,1868,"Collombey","CH","Suisse",10,"Planification","Domicile","Route de Morgins",30,null,1870,"Monthey","CH","Suisse","False","VS22004788","Maladie","Masculin","Geisser","Louis","1950-11-21","Route de Morgins",30,null,1870,"Monthey","CH","Suisse","Arcosana AG","1756.0541.6724.30",1,"Personne","Masculin","Geisser","Louis","Route de Morgins",30,null,1870,"Monthey","CH","Suisse",null,9403,"Taxe de base transport P3",null,1,200,null,200]
[4623,"2022-02-25",385,null,18149,3,"Ambulance Clerc","Monthey","P3","2022-02-15T16:59:38+01:00","2022-02-15T17:30:55+01:00","Maison Santé Chablais","Chemin du Verger",3,null,1868,"Collombey","CH","Suisse",10,"Planification","Domicile","Route de Morgins",30,null,1870,"Monthey","CH","Suisse","False","VS22004788","Maladie","Masculin","Geisser","Louis","1950-11-21","Route de Morgins",30,null,1870,"Monthey","CH","Suisse","Arcosana AG","1756.0541.6724.30",1,"Personne","Masculin","Geisser","Louis","Route de Morgins",30,null,1870,"Monthey","CH","Suisse",null,9404,"Indemnisation kilométrique",null,10,4.5,"km",45]
[4623,"2022-02-25",385,null,18149,3,"Ambulance Clerc","Monthey","P3","2022-02-15T16:59:38+01:00","2022-02-15T17:30:55+01:00","Maison Santé Chablais","Chemin du Verger",3,null,1868,"Collombey","CH","Suisse",10,"Planification","Domicile","Route de Morgins",30,null,1870,"Monthey","CH","Suisse","False","VS22004788","Maladie","Masculin","Geisser","Louis","1950-11-21","Route de Morgins",30,null,1870,"Monthey","CH","Suisse","Arcosana AG","1756.0541.6724.30",1,"Personne","Masculin","Geisser","Louis","Route de Morgins",30,null,1870,"Monthey","CH","Suisse",null,9411,"Personnel soignant reconnu (par personne et par quart d'heure entamé)",null,4,35,"¼ d'heure",140]
[4623,"2022-02-25",385,null,18149,3,"Ambulance Clerc","Monthey","P3","2022-02-15T16:59:38+01:00","2022-02-15T17:30:55+01:00","Maison Santé Chablais","Chemin du Verger",3,null,1868,"Collombey","CH","Suisse",10,"Planification","Domicile","Route de Morgins",30,null,1870,"Monthey","CH","Suisse","False","VS22004788","Maladie","Masculin","Geisser","Louis","1950-11-21","Route de Morgins",30,null,1870,"Monthey","CH","Suisse","Arcosana AG","1756.0541.6724.30",1,"Personne","Masculin","Geisser","Louis","Route de Morgins",30,null,1870,"Monthey","CH","Suisse",null,9440,"Matériel - Prestation standard",null,1,0,null,0]
[4624,"2022-02-25",440,"2160303/7",18159,3,"Ambulance Clerc","Monthey","S3","2022-02-15T18:30:17+01:00","2022-02-15T20:12:54+01:00","Hôpital de Martigny","Avenue de la Fusion",27,null,1920,"Martigny","CH","Suisse",110,"Privée","Hôpital de Sion","Avenue du Grand-Champsec",80,null,1950,"Sion","CH","Suisse","False","VS22004798","Maladie","Masculin","Monnier ","Serge ","1945-07-30","Chemin de Miobesset",4,"Case postale 147 ",1871,"Les Giettes","CH","Suisse","Philos Assurance Maladie SA","2756.5905.8004.74",101,"Établissement",null,null,null,"Avenue Grand-Champsec",86,"Case postale 696",1951,"Sion","CH","Suisse","Hôpital du Valais - Direction des Finances/Service des fournisseurs (facturation)","HVS.31J","Forfait S3 HVS Martigny - HVS Sion","Trajet simple journée (08h00-20h00)",1,440,null,440]
[4625,"2022-02-25",1125,"2832793/1",18167,3,"Ambulance Clerc","Monthey","S3","2022-02-15T19:30:14+01:00","2022-02-15T23:00:28+01:00","Hôpital de Sion","Avenue du Grand-Champsec",80,null,1950,"Sion","CH","Suisse",193,"Privée","CHUV Hôpital universitaire de Lausanne","Rue du Bugnon",46,null,1006,"Lausanne","CH","Suisse","False","VS22004806","Accident","Féminin","Rodriguez Montero","Ana Lucia","2007-01-29","Beech Avenue",null,"St Teresa's School Effingham","RH5 6ST","Dorking, Surrey","CH","Suisse",null,2,101,"Établissement",null,null,null,"Avenue Grand-Champsec",86,"Case postale 696",1951,"Sion","CH","Suisse","Hôpital du Valais - Direction des Finances/Service des fournisseurs (facturation)","HVS.110J","Forfait S3 HVS Sion - CHUV","Trajet simple journée (08h00-20h00)",1,1125,null,1125]
[4626,"2022-02-25",728.5,null,18161,3,"Ambulance Clerc","Monthey","P1","2022-02-15T19:34:00+01:00","2022-02-15T20:33:53+01:00",null,"Rue des Dents-du-Midi","96B",null,1868,"Collombey","CH","Suisse",33,"Planification","Hôpital Riviera-Chablais (HRC)","Route du Vieux-Séquoia",20,null,1847,"Rennaz","CH","Suisse","False","VS22004800","Maladie","Masculin","Arnold","Jonas","2019-01-11","Rue des Dents-du-Midi","96B",null,1868,"Collombey","CH","Suisse","Helsana Assurances SA","1756.4709.4980.30",1,"Personne","Masculin","Arnold","Ludovic","Rue des Dents-du-Midi","96B",null,1868,"Collombey","CH","Suisse",null,9401,"Taxe de base sauvetage P1",null,1,300,null,300]
[4626,"2022-02-25",728.5,null,18161,3,"Ambulance Clerc","Monthey","P1","2022-02-15T19:34:00+01:00","2022-02-15T20:33:53+01:00",null,"Rue des Dents-du-Midi","96B",null,1868,"Collombey","CH","Suisse",33,"Planification","Hôpital Riviera-Chablais (HRC)","Route du Vieux-Séquoia",20,null,1847,"Rennaz","CH","Suisse","False","VS22004800","Maladie","Masculin","Arnold","Jonas","2019-01-11","Rue des Dents-du-Midi","96B",null,1868,"Collombey","CH","Suisse","Helsana Assurances SA","1756.4709.4980.30",1,"Personne","Masculin","Arnold","Ludovic","Rue des Dents-du-Midi","96B",null,1868,"Collombey","CH","Suisse",null,9404,"Indemnisation kilométrique",null,33,4.5,"km",148.5]
[4626,"2022-02-25",728.5,null,18161,3,"Ambulance Clerc","Monthey","P1","2022-02-15T19:34:00+01:00","2022-02-15T20:33:53+01:00",null,"Rue des Dents-du-Midi","96B",null,1868,"Collombey","CH","Suisse",33,"Planification","Hôpital Riviera-Chablais (HRC)","Route du Vieux-Séquoia",20,null,1847,"Rennaz","CH","Suisse","False","VS22004800","Maladie","Masculin","Arnold","Jonas","2019-01-11","Rue des Dents-du-Midi","96B",null,1868,"Collombey","CH","Suisse","Helsana Assurances SA","1756.4709.4980.30",1,"Personne","Masculin","Arnold","Ludovic","Rue des Dents-du-Midi","96B",null,1868,"Collombey","CH","Suisse",null,9411,"Personnel soignant reconnu (par personne et par quart d'heure entamé)",null,8,35,"¼ d'heure",280]
[4626,"2022-02-25",728.5,null,18161,3,"Ambulance Clerc","Monthey","P1","2022-02-15T19:34:00+01:00","2022-02-15T20:33:53+01:00",null,"Rue des Dents-du-Midi","96B",null,1868,"Collombey","CH","Suisse",33,"Planification","Hôpital Riviera-Chablais (HRC)","Route du Vieux-Séquoia",20,null,1847,"Rennaz","CH","Suisse","False","VS22004800","Maladie","Masculin","Arnold","Jonas","2019-01-11","Rue des Dents-du-Midi","96B",null,1868,"Collombey","CH","Suisse","Helsana Assurances SA","1756.4709.4980.30",1,"Personne","Masculin","Arnold","Ludovic","Rue des Dents-du-Midi","96B",null,1868,"Collombey","CH","Suisse",null,9440,"Matériel - Prestation standard",null,1,0,null,0]
[4627,"2022-02-25",1542.5,null,18169,3,"Ambulance Clerc","Monthey","P1","2022-02-15T21:54:28+01:00","2022-02-16T00:00:11+01:00",null,"Route de la Fin",60,null,1874,"Champéry","CH","Suisse",30,"Planification",null,null,null,null,null,null,null,null,"True","VS22004808","Maladie","Féminin","Johnson","Deborah Ann","1963-01-28","Schooner Dr ",2018,null,"VA 22554-2218","Stafford","US","États-Unis","ILO (?)",1,5,"Établissement",null,"Johnson","Deborah Ann","Route du Mandement",112,null,1242,"Satigny","CH","Suisse","Famille de Madame",9401,"Taxe de base sauvetage P1",null,1,300,null,300]
[4627,"2022-02-25",1542.5,null,18169,3,"Ambulance Clerc","Monthey","P1","2022-02-15T21:54:28+01:00","2022-02-16T00:00:11+01:00",null,"Route de la Fin",60,null,1874,"Champéry","CH","Suisse",30,"Planification",null,null,null,null,null,null,null,null,"True","VS22004808","Maladie","Féminin","Johnson","Deborah Ann","1963-01-28","Schooner Dr ",2018,null,"VA 22554-2218","Stafford","US","États-Unis","ILO (?)",1,5,"Établissement",null,"Johnson","Deborah Ann","Route du Mandement",112,null,1242,"Satigny","CH","Suisse","Famille de Madame",9404,"Indemnisation kilométrique",null,30,4.5,"km",135]
[4627,"2022-02-25",1542.5,null,18169,3,"Ambulance Clerc","Monthey","P1","2022-02-15T21:54:28+01:00","2022-02-16T00:00:11+01:00",null,"Route de la Fin",60,null,1874,"Champéry","CH","Suisse",30,"Planification",null,null,null,null,null,null,null,null,"True","VS22004808","Maladie","Féminin","Johnson","Deborah Ann","1963-01-28","Schooner Dr ",2018,null,"VA 22554-2218","Stafford","US","États-Unis","ILO (?)",1,5,"Établissement",null,"Johnson","Deborah Ann","Route du Mandement",112,null,1242,"Satigny","CH","Suisse","Famille de Madame",9411,"Personnel soignant reconnu (par personne et par quart d'heure entamé)",null,18,35,"¼ d'heure",630]
[4627,"2022-02-25",1542.5,null,18169,3,"Ambulance Clerc","Monthey","P1","2022-02-15T21:54:28+01:00","2022-02-16T00:00:11+01:00",null,"Route de la Fin",60,null,1874,"Champéry","CH","Suisse",30,"Planification",null,null,null,null,null,null,null,null,"True","VS22004808","Maladie","Féminin","Johnson","Deborah Ann","1963-01-28","Schooner Dr ",2018,null,"VA 22554-2218","Stafford","US","États-Unis","ILO (?)",1,5,"Établissement",null,"Johnson","Deborah Ann","Route du Mandement",112,null,1242,"Satigny","CH","Suisse","Famille de Madame",9431,"Supplément de nuit",null,1,157.5,null,157.5]
[4627,"2022-02-25",1542.5,null,18169,3,"Ambulance Clerc","Monthey","P1","2022-02-15T21:54:28+01:00","2022-02-16T00:00:11+01:00",null,"Route de la Fin",60,null,1874,"Champéry","CH","Suisse",30,"Planification",null,null,null,null,null,null,null,null,"True","VS22004808","Maladie","Féminin","Johnson","Deborah Ann","1963-01-28","Schooner Dr ",2018,null,"VA 22554-2218","Stafford","US","États-Unis","ILO (?)",1,5,"Établissement",null,"Johnson","Deborah Ann","Route du Mandement",112,null,1242,"Satigny","CH","Suisse","Famille de Madame",9442,"Matériel - Réanimation, préparation de l'anesthésie et autres moyens thérapeutiques",null,1,320,null,320]
[4628,"2022-02-25",660,"2154620/29",18176,3,"Ambulance Clerc","Monthey","S3","2022-02-16T00:38:58+01:00","2022-02-16T01:58:37+01:00","Hôpital de Martigny","Avenue de la Fusion",27,null,1920,"Martigny","CH","Suisse",54,"Privée","Hôpital de Sion","Avenue du Grand-Champsec",80,null,1950,"Sion","CH","Suisse","False","VS22004815","Maladie","Masculin","Fellay","Gérard Louis","1951-01-08","Rue des Artifices",14,null,1920,"Martigny","CH","Suisse","Assura-Basis SA","2756.1673.8079.81",101,"Établissement",null,null,null,"Avenue Grand-Champsec",86,"Case postale 696",1951,"Sion","CH","Suisse","Hôpital du Valais - Direction des Finances/Service des fournisseurs (facturation)","HVS.31N","Forfait S3 HVS Martigny - HVS Sion","Trajet simple nuit (20h00-08h00) ou dimanches et jours fériés",1,660,null,660]
[4629,"2022-02-25",868,null,18177,3,"Ambulance Clerc","Monthey","P2","2022-02-16T01:07:15+01:00","2022-02-16T02:12:04+01:00",null,"Chemin des Crosats",2,null,1899,"Torgon","CH","Suisse",29,"Planification",null,null,null,null,null,null,null,null,"True","VS22004816","Maladie","Masculin","Pillet","Frédéric","1989-11-24","Route du Montet","1C",null,1871,"Choëx","CH","Suisse","CSS Kranken- Versicherung AG","1756.0263.2000.10",null,"Personne","Masculin","Pillet","Frédéric","Route du Montet","1C",null,1871,"Choëx","CH","Suisse",null,9402,"Taxe de base transport P2",null,1,300,null,300]
[4629,"2022-02-25",868,null,18177,3,"Ambulance Clerc","Monthey","P2","2022-02-16T01:07:15+01:00","2022-02-16T02:12:04+01:00",null,"Chemin des Crosats",2,null,1899,"Torgon","CH","Suisse",29,"Planification",null,null,null,null,null,null,null,null,"True","VS22004816","Maladie","Masculin","Pillet","Frédéric","1989-11-24","Route du Montet","1C",null,1871,"Choëx","CH","Suisse","CSS Kranken- Versicherung AG","1756.0263.2000.10",null,"Personne","Masculin","Pillet","Frédéric","Route du Montet","1C",null,1871,"Choëx","CH","Suisse",null,9404,"Indemnisation kilométrique",null,29,4.5,"km",130.5]
[4629,"2022-02-25",868,null,18177,3,"Ambulance Clerc","Monthey","P2","2022-02-16T01:07:15+01:00","2022-02-16T02:12:04+01:00",null,"Chemin des Crosats",2,null,1899,"Torgon","CH","Suisse",29,"Planification",null,null,null,null,null,null,null,null,"True","VS22004816","Maladie","Masculin","Pillet","Frédéric","1989-11-24","Route du Montet","1C",null,1871,"Choëx","CH","Suisse","CSS Kranken- Versicherung AG","1756.0263.2000.10",null,"Personne","Masculin","Pillet","Frédéric","Route du Montet","1C",null,1871,"Choëx","CH","Suisse",null,9405,"Intervention sans transport de patient",null,1,0,null,0]
[4629,"2022-02-25",868,null,18177,3,"Ambulance Clerc","Monthey","P2","2022-02-16T01:07:15+01:00","2022-02-16T02:12:04+01:00",null,"Chemin des Crosats",2,null,1899,"Torgon","CH","Suisse",29,"Planification",null,null,null,null,null,null,null,null,"True","VS22004816","Maladie","Masculin","Pillet","Frédéric","1989-11-24","Route du Montet","1C",null,1871,"Choëx","CH","Suisse","CSS Kranken- Versicherung AG","1756.0263.2000.10",null,"Personne","Masculin","Pillet","Frédéric","Route du Montet","1C",null,1871,"Choëx","CH","Suisse",null,9411,"Personnel soignant reconnu (par personne et par quart d'heure entamé)",null,10,35,"¼ d'heure",350]
[4629,"2022-02-25",868,null,18177,3,"Ambulance Clerc","Monthey","P2","2022-02-16T01:07:15+01:00","2022-02-16T02:12:04+01:00",null,"Chemin des Crosats",2,null,1899,"Torgon","CH","Suisse",29,"Planification",null,null,null,null,null,null,null,null,"True","VS22004816","Maladie","Masculin","Pillet","Frédéric","1989-11-24","Route du Montet","1C",null,1871,"Choëx","CH","Suisse","CSS Kranken- Versicherung AG","1756.0263.2000.10",null,"Personne","Masculin","Pillet","Frédéric","Route du Montet","1C",null,1871,"Choëx","CH","Suisse",null,9431,"Supplément de nuit",null,1,87.5,null,87.5]
[4629,"2022-02-25",868,null,18177,3,"Ambulance Clerc","Monthey","P2","2022-02-16T01:07:15+01:00","2022-02-16T02:12:04+01:00",null,"Chemin des Crosats",2,null,1899,"Torgon","CH","Suisse",29,"Planification",null,null,null,null,null,null,null,null,"True","VS22004816","Maladie","Masculin","Pillet","Frédéric","1989-11-24","Route du Montet","1C",null,1871,"Choëx","CH","Suisse","CSS Kranken- Versicherung AG","1756.0263.2000.10",null,"Personne","Masculin","Pillet","Frédéric","Route du Montet","1C",null,1871,"Choëx","CH","Suisse",null,9440,"Matériel - Prestation standard",null,1,0,null,0]
[4630,"2022-02-25",876,"2832846/1",18178,3,"Ambulance Clerc","Monthey","S3","2022-02-16T02:00:00+01:00","2022-02-16T04:05:13+01:00","Hôpital de Sion","Avenue du Grand-Champsec",80,null,1950,"Sion","CH","Suisse",135,"Privée","Hôpital de Viège","Pflanzettastrasse",10,null,3930,"Visp","CH","Suisse","False","VS22004817","Maladie","Masculin","Mottais Dvorak","Arthur","2014-03-22","Lieu-dit l’Acacia",null,null,49160,"Blou","FR","France","KVG",2,101,"Établissement","Féminin",null,null,"Avenue Grand-Champsec",86,"Case postale 696",1951,"Sion","CH","Suisse","Hôpital du Valais - Direction des Finances/Service des fournisseurs (facturation)","HVS.15N","Forfait S3 HVS Sion - SZO Visp","Trajet simple nuit (20h00-08h00) ou dimanches et jours fériés",1,876,null,876]
[4631,"2022-02-25",436,null,18183,3,"Ambulance Clerc","Monthey","S3","2022-02-16T04:06:23+01:00","2022-02-16T05:35:31+01:00","Hôpital Riviera-Chablais (HRC)","Route du Vieux-Séquoia",20,null,1847,"Rennaz","CH","Suisse",35,"Privée","EMS Tertianum Le Byron","Avenue de Byron",2,null,1844,"Villeneuve VD","CH","Suisse","False","VS22004822","Maladie","Féminin","Soltermann","Eliane ","1925-02-04","Avenue de Byron",2,"EMS Tertianum Le Bryon",1844,"Villeneuve VD","CH","Suisse","Helsana Assurances SA","2756.4839.9345.14",1,"Personne","Féminin","Soltermann","Eliane ","Avenue de Byron",2,"EMS Tertianum Le Bryon",1844,"Villeneuve VD","CH","Suisse",null,47073,"Intervention programmée",null,1,412,null,412]
[4631,"2022-02-25",436,null,18183,3,"Ambulance Clerc","Monthey","S3","2022-02-16T04:06:23+01:00","2022-02-16T05:35:31+01:00","Hôpital Riviera-Chablais (HRC)","Route du Vieux-Séquoia",20,null,1847,"Rennaz","CH","Suisse",35,"Privée","EMS Tertianum Le Byron","Avenue de Byron",2,null,1844,"Villeneuve VD","CH","Suisse","False","VS22004822","Maladie","Féminin","Soltermann","Eliane ","1925-02-04","Avenue de Byron",2,"EMS Tertianum Le Bryon",1844,"Villeneuve VD","CH","Suisse","Helsana Assurances SA","2756.4839.9345.14",1,"Personne","Féminin","Soltermann","Eliane ","Avenue de Byron",2,"EMS Tertianum Le Bryon",1844,"Villeneuve VD","CH","Suisse",null,47075,"Indemnisation kilométrique",null,5,4.8,"km",24]
[4632,"2022-02-25",1170,null,18185,3,"Ambulance Clerc","Monthey","P2","2022-02-16T06:51:34+01:00","2022-02-16T08:50:21+01:00","Home les Tilleuls","Avenue de l'Europe",93,null,1870,"Monthey","CH","Suisse",20,"Planification","Hôpital Riviera-Chablais (HRC)","Route du Vieux-Séquoia",20,null,1847,"Rennaz","CH","Suisse","False","VS22004824","Maladie","Masculin","Tremolat","Pierre","1925-07-07","Avenue de l'Europe",93,"Home Les Tilleuls",1870,"Monthey","CH","Suisse","Easy Sana Assurance Maladie SA","1756.6310.1867.64",5,"Établissement","Féminin","Berrut","Stéphanie","Avenue du Théâtre",14,null,1870,"Monthey","CH","Suisse","Pro-Senectute",9402,"Taxe de base transport P2",null,1,300,null,300]
[4632,"2022-02-25",1170,null,18185,3,"Ambulance Clerc","Monthey","P2","2022-02-16T06:51:34+01:00","2022-02-16T08:50:21+01:00","Home les Tilleuls","Avenue de l'Europe",93,null,1870,"Monthey","CH","Suisse",20,"Planification","Hôpital Riviera-Chablais (HRC)","Route du Vieux-Séquoia",20,null,1847,"Rennaz","CH","Suisse","False","VS22004824","Maladie","Masculin","Tremolat","Pierre","1925-07-07","Avenue de l'Europe",93,"Home Les Tilleuls",1870,"Monthey","CH","Suisse","Easy Sana Assurance Maladie SA","1756.6310.1867.64",5,"Établissement","Féminin","Berrut","Stéphanie","Avenue du Théâtre",14,null,1870,"Monthey","CH","Suisse","Pro-Senectute",9404,"Indemnisation kilométrique",null,20,4.5,"km",90]
[4632,"2022-02-25",1170,null,18185,3,"Ambulance Clerc","Monthey","P2","2022-02-16T06:51:34+01:00","2022-02-16T08:50:21+01:00","Home les Tilleuls","Avenue de l'Europe",93,null,1870,"Monthey","CH","Suisse",20,"Planification","Hôpital Riviera-Chablais (HRC)","Route du Vieux-Séquoia",20,null,1847,"Rennaz","CH","Suisse","False","VS22004824","Maladie","Masculin","Tremolat","Pierre","1925-07-07","Avenue de l'Europe",93,"Home Les Tilleuls",1870,"Monthey","CH","Suisse","Easy Sana Assurance Maladie SA","1756.6310.1867.64",5,"Établissement","Féminin","Berrut","Stéphanie","Avenue du Théâtre",14,null,1870,"Monthey","CH","Suisse","Pro-Senectute",9411,"Personnel soignant reconnu (par personne et par quart d'heure entamé)",null,16,35,"¼ d'heure",560]
[4632,"2022-02-25",1170,null,18185,3,"Ambulance Clerc","Monthey","P2","2022-02-16T06:51:34+01:00","2022-02-16T08:50:21+01:00","Home les Tilleuls","Avenue de l'Europe",93,null,1870,"Monthey","CH","Suisse",20,"Planification","Hôpital Riviera-Chablais (HRC)","Route du Vieux-Séquoia",20,null,1847,"Rennaz","CH","Suisse","False","VS22004824","Maladie","Masculin","Tremolat","Pierre","1925-07-07","Avenue de l'Europe",93,"Home Les Tilleuls",1870,"Monthey","CH","Suisse","Easy Sana Assurance Maladie SA","1756.6310.1867.64",5,"Établissement","Féminin","Berrut","Stéphanie","Avenue du Théâtre",14,null,1870,"Monthey","CH","Suisse","Pro-Senectute",9431,"Supplément de nuit",null,1,140,null,140]
[4632,"2022-02-25",1170,null,18185,3,"Ambulance Clerc","Monthey","P2","2022-02-16T06:51:34+01:00","2022-02-16T08:50:21+01:00","Home les Tilleuls","Avenue de l'Europe",93,null,1870,"Monthey","CH","Suisse",20,"Planification","Hôpital Riviera-Chablais (HRC)","Route du Vieux-Séquoia",20,null,1847,"Rennaz","CH","Suisse","False","VS22004824","Maladie","Masculin","Tremolat","Pierre","1925-07-07","Avenue de l'Europe",93,"Home Les Tilleuls",1870,"Monthey","CH","Suisse","Easy Sana Assurance Maladie SA","1756.6310.1867.64",5,"Établissement","Féminin","Berrut","Stéphanie","Avenue du Théâtre",14,null,1870,"Monthey","CH","Suisse","Pro-Senectute",9441,"Matériel - Prestation standard élargie",null,1,80,null,80]
[4633,"2022-02-25",915,null,18186,3,"Ambulance Clerc","Monthey","P2","2022-02-16T07:43:24+01:00","2022-02-16T09:04:05+01:00",null,"Avenue des Alpes",2,null,1870,"Monthey","CH","Suisse",20,"Planification","Urgences psychiatriques (Fondation de Nant)","Route du Vieux-Séquoia",20,null,1847,"Rennaz","CH","Suisse","False","VS22004825","Maladie","Masculin","Torrent","Philippe","1995-02-07","Avenue de France",15,null,1950,"Sion","CH","Suisse","Easy Sana Assurance Maladie SA","1756.1189.9915.63",5,"Établissement","Féminin","Da Silva","Monica ","Rue des Vergers",1,null,1950,"Sion","CH","Suisse","Service Officiel de la Curatelle",9402,"Taxe de base transport P2",null,1,300,null,300]
[4633,"2022-02-25",915,null,18186,3,"Ambulance Clerc","Monthey","P2","2022-02-16T07:43:24+01:00","2022-02-16T09:04:05+01:00",null,"Avenue des Alpes",2,null,1870,"Monthey","CH","Suisse",20,"Planification","Urgences psychiatriques (Fondation de Nant)","Route du Vieux-Séquoia",20,null,1847,"Rennaz","CH","Suisse","False","VS22004825","Maladie","Masculin","Torrent","Philippe","1995-02-07","Avenue de France",15,null,1950,"Sion","CH","Suisse","Easy Sana Assurance Maladie SA","1756.1189.9915.63",5,"Établissement","Féminin","Da Silva","Monica ","Rue des Vergers",1,null,1950,"Sion","CH","Suisse","Service Officiel de la Curatelle",9404,"Indemnisation kilométrique",null,20,4.5,"km",90]
[4633,"2022-02-25",915,null,18186,3,"Ambulance Clerc","Monthey","P2","2022-02-16T07:43:24+01:00","2022-02-16T09:04:05+01:00",null,"Avenue des Alpes",2,null,1870,"Monthey","CH","Suisse",20,"Planification","Urgences psychiatriques (Fondation de Nant)","Route du Vieux-Séquoia",20,null,1847,"Rennaz","CH","Suisse","False","VS22004825","Maladie","Masculin","Torrent","Philippe","1995-02-07","Avenue de France",15,null,1950,"Sion","CH","Suisse","Easy Sana Assurance Maladie SA","1756.1189.9915.63",5,"Établissement","Féminin","Da Silva","Monica ","Rue des Vergers",1,null,1950,"Sion","CH","Suisse","Service Officiel de la Curatelle",9411,"Personnel soignant reconnu (par personne et par quart d'heure entamé)",null,12,35,"¼ d'heure",420]
[4633,"2022-02-25",915,null,18186,3,"Ambulance Clerc","Monthey","P2","2022-02-16T07:43:24+01:00","2022-02-16T09:04:05+01:00",null,"Avenue des Alpes",2,null,1870,"Monthey","CH","Suisse",20,"Planification","Urgences psychiatriques (Fondation de Nant)","Route du Vieux-Séquoia",20,null,1847,"Rennaz","CH","Suisse","False","VS22004825","Maladie","Masculin","Torrent","Philippe","1995-02-07","Avenue de France",15,null,1950,"Sion","CH","Suisse","Easy Sana Assurance Maladie SA","1756.1189.9915.63",5,"Établissement","Féminin","Da Silva","Monica ","Rue des Vergers",1,null,1950,"Sion","CH","Suisse","Service Officiel de la Curatelle",9431,"Supplément de nuit",null,1,105,null,105]
[4634,"2022-02-25",1655,null,18189,3,"Ambulance Clerc","Monthey","P1","2022-02-16T08:52:11+01:00","2022-02-16T11:36:07+01:00",null,"Chemin de Valère",8,null,1873,"Val-d'Illiez","CH","Suisse",130,"Planification","Hôpital de Sion","Avenue du Grand-Champsec",80,null,1950,"Sion","CH","Suisse","False","VS22004828","Maladie","Masculin","Loderstedt","Klaus","1942-09-29","Chemin de Valère",8,null,1873,"Val-d'Illiez","CH","Suisse","Visana AG","1756.1608.3864.51",1,"Personne","Masculin","Loderstedt","Klaus","Chemin de Valère",8,null,1873,"Val-d'Illiez","CH","Suisse",null,9401,"Taxe de base sauvetage P1",null,1,300,null,300]
[4634,"2022-02-25",1655,null,18189,3,"Ambulance Clerc","Monthey","P1","2022-02-16T08:52:11+01:00","2022-02-16T11:36:07+01:00",null,"Chemin de Valère",8,null,1873,"Val-d'Illiez","CH","Suisse",130,"Planification","Hôpital de Sion","Avenue du Grand-Champsec",80,null,1950,"Sion","CH","Suisse","False","VS22004828","Maladie","Masculin","Loderstedt","Klaus","1942-09-29","Chemin de Valère",8,null,1873,"Val-d'Illiez","CH","Suisse","Visana AG","1756.1608.3864.51",1,"Personne","Masculin","Loderstedt","Klaus","Chemin de Valère",8,null,1873,"Val-d'Illiez","CH","Suisse",null,9404,"Indemnisation kilométrique",null,130,4.5,"km",585]
[4634,"2022-02-25",1655,null,18189,3,"Ambulance Clerc","Monthey","P1","2022-02-16T08:52:11+01:00","2022-02-16T11:36:07+01:00",null,"Chemin de Valère",8,null,1873,"Val-d'Illiez","CH","Suisse",130,"Planification","Hôpital de Sion","Avenue du Grand-Champsec",80,null,1950,"Sion","CH","Suisse","False","VS22004828","Maladie","Masculin","Loderstedt","Klaus","1942-09-29","Chemin de Valère",8,null,1873,"Val-d'Illiez","CH","Suisse","Visana AG","1756.1608.3864.51",1,"Personne","Masculin","Loderstedt","Klaus","Chemin de Valère",8,null,1873,"Val-d'Illiez","CH","Suisse",null,9411,"Personnel soignant reconnu (par personne et par quart d'heure entamé)",null,22,35,"¼ d'heure",770]
[4635,"2022-02-25",1002.5,null,18194,3,"Ambulance Clerc","Monthey","P2","2022-02-16T09:06:27+01:00","2022-02-16T10:30:29+01:00","Maison Sainte-Marthe","Route de l'Eglise",38,null,1897,"Bouveret","CH","Suisse",45,"Planification","Hôpital Riviera-Chablais (HRC)","Route du Vieux-Séquoia",20,null,1847,"Rennaz","CH","Suisse","False","VS22004833","Maladie","Féminin","Héritier","Marie-José","1959-08-09","Route de l'Eglise",38,"Maison Sainte-Marthe",1897,"Bouveret","CH","Suisse","Atupri Gesundheitsversicherung","1756.98.49.3202.89",1,"Personne","Féminin","Cornut","Daniel","Route de la Jeurna",18,null,1871,"Choëx","CH","Suisse",null,9402,"Taxe de base transport P2",null,1,300,null,300]
[4635,"2022-02-25",1002.5,null,18194,3,"Ambulance Clerc","Monthey","P2","2022-02-16T09:06:27+01:00","2022-02-16T10:30:29+01:00","Maison Sainte-Marthe","Route de l'Eglise",38,null,1897,"Bouveret","CH","Suisse",45,"Planification","Hôpital Riviera-Chablais (HRC)","Route du Vieux-Séquoia",20,null,1847,"Rennaz","CH","Suisse","False","VS22004833","Maladie","Féminin","Héritier","Marie-José","1959-08-09","Route de l'Eglise",38,"Maison Sainte-Marthe",1897,"Bouveret","CH","Suisse","Atupri Gesundheitsversicherung","1756.98.49.3202.89",1,"Personne","Féminin","Cornut","Daniel","Route de la Jeurna",18,null,1871,"Choëx","CH","Suisse",null,9404,"Indemnisation kilométrique",null,45,4.5,"km",202.5]
[4635,"2022-02-25",1002.5,null,18194,3,"Ambulance Clerc","Monthey","P2","2022-02-16T09:06:27+01:00","2022-02-16T10:30:29+01:00","Maison Sainte-Marthe","Route de l'Eglise",38,null,1897,"Bouveret","CH","Suisse",45,"Planification","Hôpital Riviera-Chablais (HRC)","Route du Vieux-Séquoia",20,null,1847,"Rennaz","CH","Suisse","False","VS22004833","Maladie","Féminin","Héritier","Marie-José","1959-08-09","Route de l'Eglise",38,"Maison Sainte-Marthe",1897,"Bouveret","CH","Suisse","Atupri Gesundheitsversicherung","1756.98.49.3202.89",1,"Personne","Féminin","Cornut","Daniel","Route de la Jeurna",18,null,1871,"Choëx","CH","Suisse",null,9411,"Personnel soignant reconnu (par personne et par quart d'heure entamé)",null,12,35,"¼ d'heure",420]
[4635,"2022-02-25",1002.5,null,18194,3,"Ambulance Clerc","Monthey","P2","2022-02-16T09:06:27+01:00","2022-02-16T10:30:29+01:00","Maison Sainte-Marthe","Route de l'Eglise",38,null,1897,"Bouveret","CH","Suisse",45,"Planification","Hôpital Riviera-Chablais (HRC)","Route du Vieux-Séquoia",20,null,1847,"Rennaz","CH","Suisse","False","VS22004833","Maladie","Féminin","Héritier","Marie-José","1959-08-09","Route de l'Eglise",38,"Maison Sainte-Marthe",1897,"Bouveret","CH","Suisse","Atupri Gesundheitsversicherung","1756.98.49.3202.89",1,"Personne","Féminin","Cornut","Daniel","Route de la Jeurna",18,null,1871,"Choëx","CH","Suisse",null,9441,"Matériel - Prestation standard élargie",null,1,80,null,80]
[4636,"2022-02-25",600,null,18216,3,"Ambulance Clerc","Monthey","S3","2022-02-16T13:17:40+01:00","2022-02-16T16:32:00+01:00","Hôpital Riviera-Chablais (HRC), Site de la Providence","Avenue de la Prairie",3,null,1800,"Vevey","CH","Suisse",94,"Privée","Hôpital Riviera-Chablais (HRC)","Route du Vieux-Séquoia",20,null,1847,"Rennaz","CH","Suisse","False","VS22004856","Maladie","Féminin","Aquillon Kazi","Monique","1937-09-20","Rue du Lac","128B",null,1815,"Clarens","CH","Suisse","CPT Assurance SA","2756.8781.8664.35",1,"Personne","Féminin","Aquillon Kazi","Monique","Rue du Lac","128B",null,1815,"Clarens","CH","Suisse",null,"HRC.41JAR","Forfait S3 Providence - Rennaz","Trajet aller-retour journée (07h00-19h00)",1,600,null,600]
[4636,"2022-02-25",600,null,18216,3,"Ambulance Clerc","Monthey","S3","2022-02-16T13:17:40+01:00","2022-02-16T16:32:00+01:00","Hôpital Riviera-Chablais (HRC), Site de la Providence","Avenue de la Prairie",3,null,1800,"Vevey","CH","Suisse",94,"Privée","Hôpital Riviera-Chablais (HRC)","Route du Vieux-Séquoia",20,null,1847,"Rennaz","CH","Suisse","False","VS22004856","Maladie","Féminin","Aquillon Kazi","Monique","1937-09-20","Rue du Lac","128B",null,1815,"Clarens","CH","Suisse","CPT Assurance SA","2756.8781.8664.35",1,"Personne","Féminin","Aquillon Kazi","Monique","Rue du Lac","128B",null,1815,"Clarens","CH","Suisse",null,null,"Y compris 20 min. d'attente à Rennaz avant retour sur Providence"]
[4637,"2022-02-25",1060,null,18232,3,"Ambulance Clerc","Monthey","P1","2022-02-16T15:27:47+01:00","2022-02-16T17:13:58+01:00","La Foilleuse","Route de Bas-Vièze",null,"La Foilleuse",1875,"Morgins","CH","Suisse",60,"Planification","Hôpital Riviera-Chablais (HRC)","Route du Vieux-Séquoia",20,null,1847,"Rennaz","CH","Suisse","False","VS22004872","Accident","Masculin","Lerman","Liam","2009-07-18","Chemin de Sollard",9,null,1822,"Chernex","CH","Suisse","SWICA Krankenversicherung","1756.9542.5875.69",1,"Personne","Masculin","Lerman","David ","Chemin de Sollard",9,null,1822,"Chernex","CH","Suisse",null,9401,"Taxe de base sauvetage P1",null,1,300,null,300]
[4637,"2022-02-25",1060,null,18232,3,"Ambulance Clerc","Monthey","P1","2022-02-16T15:27:47+01:00","2022-02-16T17:13:58+01:00","La Foilleuse","Route de Bas-Vièze",null,"La Foilleuse",1875,"Morgins","CH","Suisse",60,"Planification","Hôpital Riviera-Chablais (HRC)","Route du Vieux-Séquoia",20,null,1847,"Rennaz","CH","Suisse","False","VS22004872","Accident","Masculin","Lerman","Liam","2009-07-18","Chemin de Sollard",9,null,1822,"Chernex","CH","Suisse","SWICA Krankenversicherung","1756.9542.5875.69",1,"Personne","Masculin","Lerman","David ","Chemin de Sollard",9,null,1822,"Chernex","CH","Suisse",null,9404,"Indemnisation kilométrique",null,60,4.5,"km",270]
[4637,"2022-02-25",1060,null,18232,3,"Ambulance Clerc","Monthey","P1","2022-02-16T15:27:47+01:00","2022-02-16T17:13:58+01:00","La Foilleuse","Route de Bas-Vièze",null,"La Foilleuse",1875,"Morgins","CH","Suisse",60,"Planification","Hôpital Riviera-Chablais (HRC)","Route du Vieux-Séquoia",20,null,1847,"Rennaz","CH","Suisse","False","VS22004872","Accident","Masculin","Lerman","Liam","2009-07-18","Chemin de Sollard",9,null,1822,"Chernex","CH","Suisse","SWICA Krankenversicherung","1756.9542.5875.69",1,"Personne","Masculin","Lerman","David ","Chemin de Sollard",9,null,1822,"Chernex","CH","Suisse",null,9411,"Personnel soignant reconnu (par personne et par quart d'heure entamé)",null,14,35,"¼ d'heure",490]
[4637,"2022-02-25",1060,null,18232,3,"Ambulance Clerc","Monthey","P1","2022-02-16T15:27:47+01:00","2022-02-16T17:13:58+01:00","La Foilleuse","Route de Bas-Vièze",null,"La Foilleuse",1875,"Morgins","CH","Suisse",60,"Planification","Hôpital Riviera-Chablais (HRC)","Route du Vieux-Séquoia",20,null,1847,"Rennaz","CH","Suisse","False","VS22004872","Accident","Masculin","Lerman","Liam","2009-07-18","Chemin de Sollard",9,null,1822,"Chernex","CH","Suisse","SWICA Krankenversicherung","1756.9542.5875.69",1,"Personne","Masculin","Lerman","David ","Chemin de Sollard",9,null,1822,"Chernex","CH","Suisse",null,9440,"Matériel - Prestation standard",null,1,0,null,0]
[4638,"2022-02-25",831,null,18251,3,"Ambulance Clerc","Monthey","S3","2022-02-16T19:18:38+01:00","2022-02-16T21:27:29+01:00","Hôpital Riviera-Chablais (HRC)","Route du Vieux-Séquoia",20,null,1847,"Rennaz","CH","Suisse",98,"Privée","CHUV Hôpital universitaire de Lausanne","Rue du Bugnon",46,null,1006,"Lausanne","CH","Suisse","False","VS22004895","Maladie","Masculin","Paris","Yvan","1954-08-19","Chemin de Pré d'Emoz",12,null,1860,"Aigle","CH","Suisse","Visana AG","2756.9523.1228.33",100,"Établissement",null,null,null,"Route du Vieux-Séquoia",20,null,1847,"Rennaz","CH","Suisse","Hôpital Riviera-Chablais Vaud-Valais - Fournisseurs (facturation)","HRC.110N","Forfait S3 Rennaz - CHUV","Trajet simple nuit (19h00-07h00)",1,831,null,831]
[4639,"2022-02-25",559.79999999999995,null,18269,3,"Ambulance Clerc","Monthey","S3","2022-02-17T00:37:24+01:00","2022-02-17T02:00:48+01:00","Hôpital Riviera-Chablais (HRC)","Route du Vieux-Séquoia",20,null,1847,"Rennaz","CH","Suisse",61,"Privée","EMS Les Eglantines","Avenue de la Prairie",23,null,1800,"Vevey","CH","Suisse","False","VS22004913","Maladie","Masculin","Plona","Giovanni","1948-08-23","Avenue de la Prairie",23,"EMS Les Eglantines",1800,"Vevey","CH","Suisse","Philos Assurance Maladie SA","2756.2199.4675.74",null,"Personne","Masculin","Plona","Giovanni","Avenue de la Prairie",23,"EMS Les Eglantines",1800,"Vevey","CH","Suisse",null,47073,"Intervention programmée",null,1,412,null,412]
[4639,"2022-02-25",559.79999999999995,null,18269,3,"Ambulance Clerc","Monthey","S3","2022-02-17T00:37:24+01:00","2022-02-17T02:00:48+01:00","Hôpital Riviera-Chablais (HRC)","Route du Vieux-Séquoia",20,null,1847,"Rennaz","CH","Suisse",61,"Privée","EMS Les Eglantines","Avenue de la Prairie",23,null,1800,"Vevey","CH","Suisse","False","VS22004913","Maladie","Masculin","Plona","Giovanni","1948-08-23","Avenue de la Prairie",23,"EMS Les Eglantines",1800,"Vevey","CH","Suisse","Philos Assurance Maladie SA","2756.2199.4675.74",null,"Personne","Masculin","Plona","Giovanni","Avenue de la Prairie",23,"EMS Les Eglantines",1800,"Vevey","CH","Suisse",null,47075,"Indemnisation kilométrique",null,30,4.8,"km",144]
[4639,"2022-02-25",559.79999999999995,null,18269,3,"Ambulance Clerc","Monthey","S3","2022-02-17T00:37:24+01:00","2022-02-17T02:00:48+01:00","Hôpital Riviera-Chablais (HRC)","Route du Vieux-Séquoia",20,null,1847,"Rennaz","CH","Suisse",61,"Privée","EMS Les Eglantines","Avenue de la Prairie",23,null,1800,"Vevey","CH","Suisse","False","VS22004913","Maladie","Masculin","Plona","Giovanni","1948-08-23","Avenue de la Prairie",23,"EMS Les Eglantines",1800,"Vevey","CH","Suisse","Philos Assurance Maladie SA","2756.2199.4675.74",null,"Personne","Masculin","Plona","Giovanni","Avenue de la Prairie",23,"EMS Les Eglantines",1800,"Vevey","CH","Suisse",null,47076,"Indemnisation kilométrique",null,1,3.8,"km",3.8]
[4640,"2022-02-25",1041,null,18273,3,"Ambulance Clerc","Monthey","P1","2022-02-17T05:10:49+01:00","2022-02-17T06:34:39+01:00",null,"Avenue du Simplon",8,null,1890,"St-Maurice","CH","Suisse",48,"Planification","Hôpital Riviera-Chablais (HRC)","Route du Vieux-Séquoia",20,null,1847,"Rennaz","CH","Suisse","False","VS22004917","Maladie","Féminin","Studer","Anne Cécile","1934-03-02","Avenue du Simplon",8,null,1890,"St-Maurice","CH","Suisse","CSS Kranken- Versicherung AG","1756.0016.8648.03",1,"Personne","Féminin","Studer","Anne Cécile","Avenue du Simplon",8,null,1890,"St-Maurice","CH","Suisse",null,9401,"Taxe de base sauvetage P1",null,1,300,null,300]
[4640,"2022-02-25",1041,null,18273,3,"Ambulance Clerc","Monthey","P1","2022-02-17T05:10:49+01:00","2022-02-17T06:34:39+01:00",null,"Avenue du Simplon",8,null,1890,"St-Maurice","CH","Suisse",48,"Planification","Hôpital Riviera-Chablais (HRC)","Route du Vieux-Séquoia",20,null,1847,"Rennaz","CH","Suisse","False","VS22004917","Maladie","Féminin","Studer","Anne Cécile","1934-03-02","Avenue du Simplon",8,null,1890,"St-Maurice","CH","Suisse","CSS Kranken- Versicherung AG","1756.0016.8648.03",1,"Personne","Féminin","Studer","Anne Cécile","Avenue du Simplon",8,null,1890,"St-Maurice","CH","Suisse",null,9404,"Indemnisation kilométrique",null,48,4.5,"km",216]
[4640,"2022-02-25",1041,null,18273,3,"Ambulance Clerc","Monthey","P1","2022-02-17T05:10:49+01:00","2022-02-17T06:34:39+01:00",null,"Avenue du Simplon",8,null,1890,"St-Maurice","CH","Suisse",48,"Planification","Hôpital Riviera-Chablais (HRC)","Route du Vieux-Séquoia",20,null,1847,"Rennaz","CH","Suisse","False","VS22004917","Maladie","Féminin","Studer","Anne Cécile","1934-03-02","Avenue du Simplon",8,null,1890,"St-Maurice","CH","Suisse","CSS Kranken- Versicherung AG","1756.0016.8648.03",1,"Personne","Féminin","Studer","Anne Cécile","Avenue du Simplon",8,null,1890,"St-Maurice","CH","Suisse",null,9411,"Personnel soignant reconnu (par personne et par quart d'heure entamé)",null,12,35,"¼ d'heure",420]
[4640,"2022-02-25",1041,null,18273,3,"Ambulance Clerc","Monthey","P1","2022-02-17T05:10:49+01:00","2022-02-17T06:34:39+01:00",null,"Avenue du Simplon",8,null,1890,"St-Maurice","CH","Suisse",48,"Planification","Hôpital Riviera-Chablais (HRC)","Route du Vieux-Séquoia",20,null,1847,"Rennaz","CH","Suisse","False","VS22004917","Maladie","Féminin","Studer","Anne Cécile","1934-03-02","Avenue du Simplon",8,null,1890,"St-Maurice","CH","Suisse","CSS Kranken- Versicherung AG","1756.0016.8648.03",1,"Personne","Féminin","Studer","Anne Cécile","Avenue du Simplon",8,null,1890,"St-Maurice","CH","Suisse",null,9431,"Supplément de nuit",null,1,105,null,105]
[4640,"2022-02-25",1041,null,18273,3,"Ambulance Clerc","Monthey","P1","2022-02-17T05:10:49+01:00","2022-02-17T06:34:39+01:00",null,"Avenue du Simplon",8,null,1890,"St-Maurice","CH","Suisse",48,"Planification","Hôpital Riviera-Chablais (HRC)","Route du Vieux-Séquoia",20,null,1847,"Rennaz","CH","Suisse","False","VS22004917","Maladie","Féminin","Studer","Anne Cécile","1934-03-02","Avenue du Simplon",8,null,1890,"St-Maurice","CH","Suisse","CSS Kranken- Versicherung AG","1756.0016.8648.03",1,"Personne","Féminin","Studer","Anne Cécile","Avenue du Simplon",8,null,1890,"St-Maurice","CH","Suisse",null,9440,"Matériel - Prestation standard",null,1,0,null,0]
[4641,"2022-02-25",2671,null,18274,3,"Ambulance Clerc","Monthey","S3","2022-02-17T05:15:18+01:00","2022-02-17T09:07:55+01:00","Hôpital Riviera-Chablais (HRC)","Route du Vieux-Séquoia",20,null,1847,"Rennaz","CH","Suisse",238,"Privée","Hôpital psychiatrique de Belle-Idée","Chemin du Petit-Bel-Air",2,null,1225,"Chêne-Bourg","CH","Suisse","False","VS22004918","Maladie","Masculin","Velupillai","Sivajhan","1997-07-09","Avenue Louis-Casaï",82,null,1216,"Cointrin","CH","Suisse","Helsana Assurances SA","2756.0674.8686.56",5,"Établissement",null,"Facturation",null,"Chemin du Petit-Bel-Air",2,null,1226,"Thônex","CH","Suisse","Hôpital psychiatrique de Belle-Idée",null,"Fugue de l'hôpital psychiatrique de Belle-Idée"]
[4641,"2022-02-25",2671,null,18274,3,"Ambulance Clerc","Monthey","S3","2022-02-17T05:15:18+01:00","2022-02-17T09:07:55+01:00","Hôpital Riviera-Chablais (HRC)","Route du Vieux-Séquoia",20,null,1847,"Rennaz","CH","Suisse",238,"Privée","Hôpital psychiatrique de Belle-Idée","Chemin du Petit-Bel-Air",2,null,1225,"Chêne-Bourg","CH","Suisse","False","VS22004918","Maladie","Masculin","Velupillai","Sivajhan","1997-07-09","Avenue Louis-Casaï",82,null,1216,"Cointrin","CH","Suisse","Helsana Assurances SA","2756.0674.8686.56",5,"Établissement",null,"Facturation",null,"Chemin du Petit-Bel-Air",2,null,1226,"Thônex","CH","Suisse","Hôpital psychiatrique de Belle-Idée","CLN.9403 ","Taxe de base transport S3",null,1,200,null,200]
[4641,"2022-02-25",2671,null,18274,3,"Ambulance Clerc","Monthey","S3","2022-02-17T05:15:18+01:00","2022-02-17T09:07:55+01:00","Hôpital Riviera-Chablais (HRC)","Route du Vieux-Séquoia",20,null,1847,"Rennaz","CH","Suisse",238,"Privée","Hôpital psychiatrique de Belle-Idée","Chemin du Petit-Bel-Air",2,null,1225,"Chêne-Bourg","CH","Suisse","False","VS22004918","Maladie","Masculin","Velupillai","Sivajhan","1997-07-09","Avenue Louis-Casaï",82,null,1216,"Cointrin","CH","Suisse","Helsana Assurances SA","2756.0674.8686.56",5,"Établissement",null,"Facturation",null,"Chemin du Petit-Bel-Air",2,null,1226,"Thônex","CH","Suisse","Hôpital psychiatrique de Belle-Idée","CLN.9404","Indemnisation kilométrique",null,238,4.5,"km",1071]
[4641,"2022-02-25",2671,null,18274,3,"Ambulance Clerc","Monthey","S3","2022-02-17T05:15:18+01:00","2022-02-17T09:07:55+01:00","Hôpital Riviera-Chablais (HRC)","Route du Vieux-Séquoia",20,null,1847,"Rennaz","CH","Suisse",238,"Privée","Hôpital psychiatrique de Belle-Idée","Chemin du Petit-Bel-Air",2,null,1225,"Chêne-Bourg","CH","Suisse","False","VS22004918","Maladie","Masculin","Velupillai","Sivajhan","1997-07-09","Avenue Louis-Casaï",82,null,1216,"Cointrin","CH","Suisse","Helsana Assurances SA","2756.0674.8686.56",5,"Établissement",null,"Facturation",null,"Chemin du Petit-Bel-Air",2,null,1226,"Thônex","CH","Suisse","Hôpital psychiatrique de Belle-Idée","CLN.9411","Personnel soignant reconnu (par personne et par quart d'heure entamé)",null,32,35,"¼ d'heure",1120]
[4641,"2022-02-25",2671,null,18274,3,"Ambulance Clerc","Monthey","S3","2022-02-17T05:15:18+01:00","2022-02-17T09:07:55+01:00","Hôpital Riviera-Chablais (HRC)","Route du Vieux-Séquoia",20,null,1847,"Rennaz","CH","Suisse",238,"Privée","Hôpital psychiatrique de Belle-Idée","Chemin du Petit-Bel-Air",2,null,1225,"Chêne-Bourg","CH","Suisse","False","VS22004918","Maladie","Masculin","Velupillai","Sivajhan","1997-07-09","Avenue Louis-Casaï",82,null,1216,"Cointrin","CH","Suisse","Helsana Assurances SA","2756.0674.8686.56",5,"Établissement",null,"Facturation",null,"Chemin du Petit-Bel-Air",2,null,1226,"Thônex","CH","Suisse","Hôpital psychiatrique de Belle-Idée","CLN.9431","Supplément de nuit","20h00-08h00",1,280,null,280]
[4642,"2022-02-25",400,null,18277,3,"Ambulance Clerc","Monthey","S3","2022-02-17T07:48:31+01:00","2022-02-17T09:49:36+01:00","Hôpital Riviera-Chablais (HRC), Site de Mottex","Chemin de Mottex",25,null,1807,"Blonay","CH","Suisse",53,"Privée","Hôpital Riviera-Chablais (HRC)","Route du Vieux-Séquoia",20,null,1847,"Rennaz","CH","Suisse","False","VS22004921","Accident","Masculin","Kohli","Jean-Pierre","1937-03-02","Route de Châtel St-Denis",6,null,1807,"Blonay","CH","Suisse","Helsana Assurances SA","2756.6167.3023.79",100,"Établissement",null,null,null,"Route du Vieux-Séquoia",20,null,1847,"Rennaz","CH","Suisse","Hôpital Riviera-Chablais Vaud-Valais - Fournisseurs (facturation)","HRC.51J","Forfait S3 Mottex - Rennaz","Trajet simple journée (07h00-19h00)",1,400,null,400]
[4643,"2022-02-25",532.5,null,18282,3,"Ambulance Clerc","Monthey","P1","2022-02-17T09:09:57+01:00","2022-02-17T09:50:08+01:00",null,"Rue des Dents-du-Midi","84B",null,1868,"Collombey","CH","Suisse",5,"Planification",null,null,null,null,null,null,null,null,"True","VS22004926","Maladie","Masculin","Graf","Guy","1953-05-23","Rue des Dents-du-Midi","84B",null,1868,"Collombey","CH","Suisse","Assura-Basis SA","1756.7459.7026.00",1,"Personne","Masculin","Graf","Guy","Rue des Dents-du-Midi","84B",null,1868,"Collombey","CH","Suisse",null,9401,"Taxe de base sauvetage P1",null,1,300,null,300]
[4643,"2022-02-25",532.5,null,18282,3,"Ambulance Clerc","Monthey","P1","2022-02-17T09:09:57+01:00","2022-02-17T09:50:08+01:00",null,"Rue des Dents-du-Midi","84B",null,1868,"Collombey","CH","Suisse",5,"Planification",null,null,null,null,null,null,null,null,"True","VS22004926","Maladie","Masculin","Graf","Guy","1953-05-23","Rue des Dents-du-Midi","84B",null,1868,"Collombey","CH","Suisse","Assura-Basis SA","1756.7459.7026.00",1,"Personne","Masculin","Graf","Guy","Rue des Dents-du-Midi","84B",null,1868,"Collombey","CH","Suisse",null,9404,"Indemnisation kilométrique",null,5,4.5,"km",22.5]
[4643,"2022-02-25",532.5,null,18282,3,"Ambulance Clerc","Monthey","P1","2022-02-17T09:09:57+01:00","2022-02-17T09:50:08+01:00",null,"Rue des Dents-du-Midi","84B",null,1868,"Collombey","CH","Suisse",5,"Planification",null,null,null,null,null,null,null,null,"True","VS22004926","Maladie","Masculin","Graf","Guy","1953-05-23","Rue des Dents-du-Midi","84B",null,1868,"Collombey","CH","Suisse","Assura-Basis SA","1756.7459.7026.00",1,"Personne","Masculin","Graf","Guy","Rue des Dents-du-Midi","84B",null,1868,"Collombey","CH","Suisse",null,9411,"Personnel soignant reconnu (par personne et par quart d'heure entamé)",null,6,35,"¼ d'heure",210]
[4643,"2022-02-25",532.5,null,18282,3,"Ambulance Clerc","Monthey","P1","2022-02-17T09:09:57+01:00","2022-02-17T09:50:08+01:00",null,"Rue des Dents-du-Midi","84B",null,1868,"Collombey","CH","Suisse",5,"Planification",null,null,null,null,null,null,null,null,"True","VS22004926","Maladie","Masculin","Graf","Guy","1953-05-23","Rue des Dents-du-Midi","84B",null,1868,"Collombey","CH","Suisse","Assura-Basis SA","1756.7459.7026.00",1,"Personne","Masculin","Graf","Guy","Rue des Dents-du-Midi","84B",null,1868,"Collombey","CH","Suisse",null,9440,"Matériel - Prestation standard",null,1,0,null,0]
[4644,"2022-02-25",1345.5,null,18284,3,"Ambulance Clerc","Monthey","P2","2022-02-17T10:24:46+01:00","2022-02-17T12:58:29+01:00",null,"Chemin de Damonvelle",10,null,1874,"Champéry","CH","Suisse",59,"Planification","Hôpital Riviera-Chablais (HRC)","Route du Vieux-Séquoia",20,null,1847,"Rennaz","CH","Suisse","False","VS22004928","Accident","Féminin","Asaas","Geneviève","1951-09-25","Chemin de Damonvelle",10,"Chalet Riant Coteau",1874,"Champéry","CH","Suisse","Mutuel Assurance Maladie SA","1756.4912.5077.34",1,"Personne","Féminin","Asaas","Geneviève","Chemin de Damonvelle",10,"Chalet Riant Coteau",1874,"Champéry","CH","Suisse",null,9402,"Taxe de base transport P2",null,1,300,null,300]
[4644,"2022-02-25",1345.5,null,18284,3,"Ambulance Clerc","Monthey","P2","2022-02-17T10:24:46+01:00","2022-02-17T12:58:29+01:00",null,"Chemin de Damonvelle",10,null,1874,"Champéry","CH","Suisse",59,"Planification","Hôpital Riviera-Chablais (HRC)","Route du Vieux-Séquoia",20,null,1847,"Rennaz","CH","Suisse","False","VS22004928","Accident","Féminin","Asaas","Geneviève","1951-09-25","Chemin de Damonvelle",10,"Chalet Riant Coteau",1874,"Champéry","CH","Suisse","Mutuel Assurance Maladie SA","1756.4912.5077.34",1,"Personne","Féminin","Asaas","Geneviève","Chemin de Damonvelle",10,"Chalet Riant Coteau",1874,"Champéry","CH","Suisse",null,9404,"Indemnisation kilométrique",null,59,4.5,"km",265.5]
[4644,"2022-02-25",1345.5,null,18284,3,"Ambulance Clerc","Monthey","P2","2022-02-17T10:24:46+01:00","2022-02-17T12:58:29+01:00",null,"Chemin de Damonvelle",10,null,1874,"Champéry","CH","Suisse",59,"Planification","Hôpital Riviera-Chablais (HRC)","Route du Vieux-Séquoia",20,null,1847,"Rennaz","CH","Suisse","False","VS22004928","Accident","Féminin","Asaas","Geneviève","1951-09-25","Chemin de Damonvelle",10,"Chalet Riant Coteau",1874,"Champéry","CH","Suisse","Mutuel Assurance Maladie SA","1756.4912.5077.34",1,"Personne","Féminin","Asaas","Geneviève","Chemin de Damonvelle",10,"Chalet Riant Coteau",1874,"Champéry","CH","Suisse",null,9411,"Personnel soignant reconnu (par personne et par quart d'heure entamé)",null,20,35,"¼ d'heure",700]
[4644,"2022-02-25",1345.5,null,18284,3,"Ambulance Clerc","Monthey","P2","2022-02-17T10:24:46+01:00","2022-02-17T12:58:29+01:00",null,"Chemin de Damonvelle",10,null,1874,"Champéry","CH","Suisse",59,"Planification","Hôpital Riviera-Chablais (HRC)","Route du Vieux-Séquoia",20,null,1847,"Rennaz","CH","Suisse","False","VS22004928","Accident","Féminin","Asaas","Geneviève","1951-09-25","Chemin de Damonvelle",10,"Chalet Riant Coteau",1874,"Champéry","CH","Suisse","Mutuel Assurance Maladie SA","1756.4912.5077.34",1,"Personne","Féminin","Asaas","Geneviève","Chemin de Damonvelle",10,"Chalet Riant Coteau",1874,"Champéry","CH","Suisse",null,9441,"Matériel - Prestation standard élargie",null,1,80,null,80]
[4645,"2022-02-25",400,null,18291,3,"Ambulance Clerc","Monthey","S3","2022-02-17T12:07:09+01:00","2022-02-17T13:37:32+01:00","Hôpital Riviera-Chablais (HRC)","Route du Vieux-Séquoia",20,null,1847,"Rennaz","CH","Suisse",53,"Privée","Hôpital Riviera-Chablais (HRC), Site de Mottex","Chemin de Mottex",25,null,1807,"Blonay","CH","Suisse","False","VS22004935","Maladie","Masculin","Kohli","Jean-Pierre","1937-03-02","Route de Châtel St-Denis",7,null,1807,"Blonay","CH","Suisse","Helsana Assurances SA","2756.6167.3023.79",100,"Établissement",null,null,null,"Route du Vieux-Séquoia",20,null,1847,"Rennaz","CH","Suisse","Hôpital Riviera-Chablais Vaud-Valais - Fournisseurs (facturation)","HRC.15J","Forfait S3 Rennaz - Mottex","Trajet simple journée (07h00-19h00)",1,400,null,400]
[4647,"2022-02-25",1228,null,18301,3,"Ambulance Clerc","Monthey","P2","2022-02-17T14:00:25+01:00","2022-02-17T16:00:46+01:00","Palladium","Route du Centre Sportif",1,null,1874,"Champéry","CH","Suisse",64,"Planification","Hôpital Riviera-Chablais (HRC)","Route du Vieux-Séquoia",20,null,1847,"Rennaz","CH","Suisse","False","VS22004945","Accident","Masculin","Osmont","Marius","2008-03-08","Rue de Villereuse",18,null,1207,"Genève","CH","Suisse","Helsana Assurances SA","1756.5210.9910.72",1,"Personne","Masculin","Osmont","Jean-Pascal","Rue de Villereuse",18,null,1207,"Genève","CH","Suisse",null,9402,"Taxe de base transport P2",null,1,300,null,300]
[4647,"2022-02-25",1228,null,18301,3,"Ambulance Clerc","Monthey","P2","2022-02-17T14:00:25+01:00","2022-02-17T16:00:46+01:00","Palladium","Route du Centre Sportif",1,null,1874,"Champéry","CH","Suisse",64,"Planification","Hôpital Riviera-Chablais (HRC)","Route du Vieux-Séquoia",20,null,1847,"Rennaz","CH","Suisse","False","VS22004945","Accident","Masculin","Osmont","Marius","2008-03-08","Rue de Villereuse",18,null,1207,"Genève","CH","Suisse","Helsana Assurances SA","1756.5210.9910.72",1,"Personne","Masculin","Osmont","Jean-Pascal","Rue de Villereuse",18,null,1207,"Genève","CH","Suisse",null,9404,"Indemnisation kilométrique",null,64,4.5,"km",288]
[4647,"2022-02-25",1228,null,18301,3,"Ambulance Clerc","Monthey","P2","2022-02-17T14:00:25+01:00","2022-02-17T16:00:46+01:00","Palladium","Route du Centre Sportif",1,null,1874,"Champéry","CH","Suisse",64,"Planification","Hôpital Riviera-Chablais (HRC)","Route du Vieux-Séquoia",20,null,1847,"Rennaz","CH","Suisse","False","VS22004945","Accident","Masculin","Osmont","Marius","2008-03-08","Rue de Villereuse",18,null,1207,"Genève","CH","Suisse","Helsana Assurances SA","1756.5210.9910.72",1,"Personne","Masculin","Osmont","Jean-Pascal","Rue de Villereuse",18,null,1207,"Genève","CH","Suisse",null,9411,"Personnel soignant reconnu (par personne et par quart d'heure entamé)",null,16,35,"¼ d'heure",560]
[4647,"2022-02-25",1228,null,18301,3,"Ambulance Clerc","Monthey","P2","2022-02-17T14:00:25+01:00","2022-02-17T16:00:46+01:00","Palladium","Route du Centre Sportif",1,null,1874,"Champéry","CH","Suisse",64,"Planification","Hôpital Riviera-Chablais (HRC)","Route du Vieux-Séquoia",20,null,1847,"Rennaz","CH","Suisse","False","VS22004945","Accident","Masculin","Osmont","Marius","2008-03-08","Rue de Villereuse",18,null,1207,"Genève","CH","Suisse","Helsana Assurances SA","1756.5210.9910.72",1,"Personne","Masculin","Osmont","Jean-Pascal","Rue de Villereuse",18,null,1207,"Genève","CH","Suisse",null,9441,"Matériel - Prestation standard élargie",null,1,80,null,80]
[4648,"2022-02-25",821,null,18304,3,"Ambulance Clerc","Monthey","P2","2022-02-17T14:28:19+01:00","2022-02-17T15:47:01+01:00","Home les Tilleuls","Avenue de l'Europe",93,null,1870,"Monthey","CH","Suisse",38,"Planification","Hôpital Riviera-Chablais (HRC)","Route du Vieux-Séquoia",20,null,1847,"Rennaz","CH","Suisse","False","VS22004948","Maladie","Masculin","Tscherry","Jean-Claude","1939-10-09","Avenue de l'Europe",93,"Home Les Tilleuls",1870,"Monthey","CH","Suisse","Atupri Gesundheitsversicherung","1756.9487.8308.05",5,"Établissement","Masculin","Mottier","Paul","Rue du Château-Vieux","3B","Service officiel de la curatelle",1870,"Monthey","CH","Suisse","Service officiel de la curatelle",9402,"Taxe de base transport P2",null,1,300,null,300]
[4648,"2022-02-25",821,null,18304,3,"Ambulance Clerc","Monthey","P2","2022-02-17T14:28:19+01:00","2022-02-17T15:47:01+01:00","Home les Tilleuls","Avenue de l'Europe",93,null,1870,"Monthey","CH","Suisse",38,"Planification","Hôpital Riviera-Chablais (HRC)","Route du Vieux-Séquoia",20,null,1847,"Rennaz","CH","Suisse","False","VS22004948","Maladie","Masculin","Tscherry","Jean-Claude","1939-10-09","Avenue de l'Europe",93,"Home Les Tilleuls",1870,"Monthey","CH","Suisse","Atupri Gesundheitsversicherung","1756.9487.8308.05",5,"Établissement","Masculin","Mottier","Paul","Rue du Château-Vieux","3B","Service officiel de la curatelle",1870,"Monthey","CH","Suisse","Service officiel de la curatelle",9404,"Indemnisation kilométrique",null,38,4.5,"km",171]
[4648,"2022-02-25",821,null,18304,3,"Ambulance Clerc","Monthey","P2","2022-02-17T14:28:19+01:00","2022-02-17T15:47:01+01:00","Home les Tilleuls","Avenue de l'Europe",93,null,1870,"Monthey","CH","Suisse",38,"Planification","Hôpital Riviera-Chablais (HRC)","Route du Vieux-Séquoia",20,null,1847,"Rennaz","CH","Suisse","False","VS22004948","Maladie","Masculin","Tscherry","Jean-Claude","1939-10-09","Avenue de l'Europe",93,"Home Les Tilleuls",1870,"Monthey","CH","Suisse","Atupri Gesundheitsversicherung","1756.9487.8308.05",5,"Établissement","Masculin","Mottier","Paul","Rue du Château-Vieux","3B","Service officiel de la curatelle",1870,"Monthey","CH","Suisse","Service officiel de la curatelle",9411,"Personnel soignant reconnu (par personne et par quart d'heure entamé)",null,10,35,"¼ d'heure",350]
[4648,"2022-02-25",821,null,18304,3,"Ambulance Clerc","Monthey","P2","2022-02-17T14:28:19+01:00","2022-02-17T15:47:01+01:00","Home les Tilleuls","Avenue de l'Europe",93,null,1870,"Monthey","CH","Suisse",38,"Planification","Hôpital Riviera-Chablais (HRC)","Route du Vieux-Séquoia",20,null,1847,"Rennaz","CH","Suisse","False","VS22004948","Maladie","Masculin","Tscherry","Jean-Claude","1939-10-09","Avenue de l'Europe",93,"Home Les Tilleuls",1870,"Monthey","CH","Suisse","Atupri Gesundheitsversicherung","1756.9487.8308.05",5,"Établissement","Masculin","Mottier","Paul","Rue du Château-Vieux","3B","Service officiel de la curatelle",1870,"Monthey","CH","Suisse","Service officiel de la curatelle",9440,"Matériel - Prestation standard",null,1,0,null,0]
[4702,"2022-02-25",554,null,18307,3,"Ambulance Clerc","Monthey","S3","2022-02-17T14:48:22+01:00","2022-02-17T18:00:16+01:00","Hôpital Riviera-Chablais (HRC)","Route du Vieux-Séquoia",20,null,1847,"Rennaz","CH","Suisse",155,"Privée","CHUV Hôpital universitaire de Lausanne","Rue du Bugnon",46,null,1006,"Lausanne","CH","Suisse","False","VS22004952","Maladie","Masculin","Dubuis","Jean-Pierre","1950-10-20","Avenue des Alpes",35,null,1860,"Aigle","CH","Suisse","Philos Assurance Maladie SA","2756.8946.5594.79",100,"Établissement",null,null,null,"Route du Vieux-Séquoia",20,null,1847,"Rennaz","CH","Suisse","Hôpital Riviera-Chablais Vaud-Valais - Fournisseurs (facturation)","HRC.110J","Forfait S2 Rennaz - CHUV","Trajet simple journée (07h00-19h00)",1,554,null,554]
[4703,"2022-02-25",1459,"2270511/14",18309,3,"Ambulance Clerc","Monthey","S1","2022-02-17T14:56:09+01:00","2022-02-17T16:47:09+01:00","Clinique Saint-Amé","Vers Saint-Amé",10,null,1890,"St-Maurice","CH","Suisse",62,"Privée","Hôpital de Martigny","Avenue de la Fusion",27,null,1920,"Martigny","CH","Suisse","False","VS22004954","Maladie","Féminin","Moix","Honorine","1928-06-19","Route du Mourty",33,null,1982,"Praz-Jean","CH","Suisse","CSS Kranken- Versicherung AG","2756.5357.0371.76",101,"Établissement",null,null,null,"Avenue Grand-Champsec",86,"Case postale 696",1951,"Sion","CH","Suisse","Hôpital du Valais - Direction des Finances/Service des fournisseurs (facturation)",9401,"Taxe de base transport S1",null,1,300,null,300]
[4703,"2022-02-25",1459,"2270511/14",18309,3,"Ambulance Clerc","Monthey","S1","2022-02-17T14:56:09+01:00","2022-02-17T16:47:09+01:00","Clinique Saint-Amé","Vers Saint-Amé",10,null,1890,"St-Maurice","CH","Suisse",62,"Privée","Hôpital de Martigny","Avenue de la Fusion",27,null,1920,"Martigny","CH","Suisse","False","VS22004954","Maladie","Féminin","Moix","Honorine","1928-06-19","Route du Mourty",33,null,1982,"Praz-Jean","CH","Suisse","CSS Kranken- Versicherung AG","2756.5357.0371.76",101,"Établissement",null,null,null,"Avenue Grand-Champsec",86,"Case postale 696",1951,"Sion","CH","Suisse","Hôpital du Valais - Direction des Finances/Service des fournisseurs (facturation)",9404,"Indemnisation kilométrique",null,62,4.5,"km",279]
[4703,"2022-02-25",1459,"2270511/14",18309,3,"Ambulance Clerc","Monthey","S1","2022-02-17T14:56:09+01:00","2022-02-17T16:47:09+01:00","Clinique Saint-Amé","Vers Saint-Amé",10,null,1890,"St-Maurice","CH","Suisse",62,"Privée","Hôpital de Martigny","Avenue de la Fusion",27,null,1920,"Martigny","CH","Suisse","False","VS22004954","Maladie","Féminin","Moix","Honorine","1928-06-19","Route du Mourty",33,null,1982,"Praz-Jean","CH","Suisse","CSS Kranken- Versicherung AG","2756.5357.0371.76",101,"Établissement",null,null,null,"Avenue Grand-Champsec",86,"Case postale 696",1951,"Sion","CH","Suisse","Hôpital du Valais - Direction des Finances/Service des fournisseurs (facturation)",9411,"Personnel soignant reconnu (par personne et par quart d'heure entamé)",null,16,35,"¼ d'heure",560]
[4703,"2022-02-25",1459,"2270511/14",18309,3,"Ambulance Clerc","Monthey","S1","2022-02-17T14:56:09+01:00","2022-02-17T16:47:09+01:00","Clinique Saint-Amé","Vers Saint-Amé",10,null,1890,"St-Maurice","CH","Suisse",62,"Privée","Hôpital de Martigny","Avenue de la Fusion",27,null,1920,"Martigny","CH","Suisse","False","VS22004954","Maladie","Féminin","Moix","Honorine","1928-06-19","Route du Mourty",33,null,1982,"Praz-Jean","CH","Suisse","CSS Kranken- Versicherung AG","2756.5357.0371.76",101,"Établissement",null,null,null,"Avenue Grand-Champsec",86,"Case postale 696",1951,"Sion","CH","Suisse","Hôpital du Valais - Direction des Finances/Service des fournisseurs (facturation)",9442,"Matériel - Réanimation, préparation de l'anesthésie et autres moyens thérapeutiques",null,1,320,null,320]
[4704,"2022-02-25",720,null,18316,3,"Ambulance Clerc","Monthey","S3","2022-02-17T17:00:30+01:00","2022-02-17T18:43:38+01:00","Hôpital Riviera-Chablais (HRC)","Route du Vieux-Séquoia",20,null,1847,"Rennaz","CH","Suisse",90,"Privée","Clinique CIC Saxon","Route du Léman",29,null,1907,"Saxon","CH","Suisse","False","VS22004962","Accident","Féminin","Asaas","Geneviève ","1951-09-25","Chemin de Damonvelle",10,"Chalet Riant Coteau",1874,"Champéry","CH","Suisse","Mutuel Assurance Maladie SA","756.4912.5077.34",1,"Personne","Féminin","Asaas","Geneviève ","Chemin de Damonvelle",10,"Chalet Riant Coteau",1874,"Champéry","CH","Suisse",null,"FKM8","Forfait kilométrique",null,90,8,"km",720]
[4704,"2022-02-25",720,null,18316,3,"Ambulance Clerc","Monthey","S3","2022-02-17T17:00:30+01:00","2022-02-17T18:43:38+01:00","Hôpital Riviera-Chablais (HRC)","Route du Vieux-Séquoia",20,null,1847,"Rennaz","CH","Suisse",90,"Privée","Clinique CIC Saxon","Route du Léman",29,null,1907,"Saxon","CH","Suisse","False","VS22004962","Accident","Féminin","Asaas","Geneviève ","1951-09-25","Chemin de Damonvelle",10,"Chalet Riant Coteau",1874,"Champéry","CH","Suisse","Mutuel Assurance Maladie SA","756.4912.5077.34",1,"Personne","Féminin","Asaas","Geneviève ","Chemin de Damonvelle",10,"Chalet Riant Coteau",1874,"Champéry","CH","Suisse",null,null,"Facture adressée à la patiente en conformité de l'art. 33, lettre g de l'ordonnance sur l'assurance maladie car transfert effectué à sa demande pour convenance personnelle"]
[4705,"2022-02-25",728.5,null,18320,3,"Ambulance Clerc","Monthey","P1","2022-02-17T17:47:32+01:00","2022-02-17T18:46:01+01:00",null,"Route de Collombey-le-Grand",null,null,1868,"Collombey","CH","Suisse",33,"Planification","Hôpital Riviera-Chablais (HRC)","Route du Vieux-Séquoia",20,null,1847,"Rennaz","CH","Suisse","False","VS22004966","Accident","Masculin","Palacios Di Casale","Matias","2002-12-07","Rue Pré du Pont",12,null,1868,"Collombey","CH","Suisse","Suva, Sion","1756.4792.7032.95",121,"Établissement",null,null,null,"Postfach",null,null,6009,"Luzern","CH","Suisse","Suva Sion - Service Center","VS.9501","Taxe de base sauvetage P1",null,1,300,null,300]
[4705,"2022-02-25",728.5,null,18320,3,"Ambulance Clerc","Monthey","P1","2022-02-17T17:47:32+01:00","2022-02-17T18:46:01+01:00",null,"Route de Collombey-le-Grand",null,null,1868,"Collombey","CH","Suisse",33,"Planification","Hôpital Riviera-Chablais (HRC)","Route du Vieux-Séquoia",20,null,1847,"Rennaz","CH","Suisse","False","VS22004966","Accident","Masculin","Palacios Di Casale","Matias","2002-12-07","Rue Pré du Pont",12,null,1868,"Collombey","CH","Suisse","Suva, Sion","1756.4792.7032.95",121,"Établissement",null,null,null,"Postfach",null,null,6009,"Luzern","CH","Suisse","Suva Sion - Service Center","VS.9504","Indemnisation kilométrique",null,33,4.5,"km",148.5]
[4705,"2022-02-25",728.5,null,18320,3,"Ambulance Clerc","Monthey","P1","2022-02-17T17:47:32+01:00","2022-02-17T18:46:01+01:00",null,"Route de Collombey-le-Grand",null,null,1868,"Collombey","CH","Suisse",33,"Planification","Hôpital Riviera-Chablais (HRC)","Route du Vieux-Séquoia",20,null,1847,"Rennaz","CH","Suisse","False","VS22004966","Accident","Masculin","Palacios Di Casale","Matias","2002-12-07","Rue Pré du Pont",12,null,1868,"Collombey","CH","Suisse","Suva, Sion","1756.4792.7032.95",121,"Établissement",null,null,null,"Postfach",null,null,6009,"Luzern","CH","Suisse","Suva Sion - Service Center","VS.9511","Personnel soignant reconnu (par personne et par quart d'heure entamé)",null,8,35,"¼ d'heure",280]
[4705,"2022-02-25",728.5,null,18320,3,"Ambulance Clerc","Monthey","P1","2022-02-17T17:47:32+01:00","2022-02-17T18:46:01+01:00",null,"Route de Collombey-le-Grand",null,null,1868,"Collombey","CH","Suisse",33,"Planification","Hôpital Riviera-Chablais (HRC)","Route du Vieux-Séquoia",20,null,1847,"Rennaz","CH","Suisse","False","VS22004966","Accident","Masculin","Palacios Di Casale","Matias","2002-12-07","Rue Pré du Pont",12,null,1868,"Collombey","CH","Suisse","Suva, Sion","1756.4792.7032.95",121,"Établissement",null,null,null,"Postfach",null,null,6009,"Luzern","CH","Suisse","Suva Sion - Service Center","VS.9540","Matériel - Prestation standard",null,1,0,null,0]
[4706,"2022-02-25",150,"2270511/14",18324,3,"Ambulance Clerc","Monthey","S3","2022-02-17T18:02:40+01:00","2022-02-17T19:00:43+01:00","Hôpital de Martigny","Avenue de la Fusion",27,null,1920,"Martigny","CH","Suisse",48,"Privée",null,null,null,null,null,null,null,null,"True","VS22004970",null,"Féminin","Moix","Honorine","1928-07-19","Route du Mourty",33,null,1982,"Praz-Jean","CH","Suisse","CSS ","2756.5357.0371.76",101,"Établissement",null,null,null,"Avenue Grand-Champsec",86,"Case postale 696",1951,"Sion","CH","Suisse","Hôpital du Valais - Direction des Finances/Service des fournisseurs (facturation)","HVS.000","Forfait S3 - Sans transport","Mission annulée en route ou sur place par le service demandeur",1,150,null,150]
[4707,"2022-02-25",1242,null,18332,3,"Ambulance Clerc","Monthey","P1","2022-02-17T21:58:58+01:00","2022-02-17T23:50:55+01:00","Domicile","Chemin du Lemont",12,null,1893,"Muraz (Collombey)","CH","Suisse",36,"Planification","Hôpital Riviera-Chablais (HRC)","Route du Vieux-Séquoia",20,null,1847,"Rennaz","CH","Suisse","False","VS22004978","Maladie","Féminin","Bifrare","Anne-Lise","1943-10-24","Chemin du Lemont",12,null,1893,"Muraz (Collombey)","CH","Suisse","Helsana Assurances SA","1756.0271.0432.10",1,"Personne","Féminin","Bifrare","Anne-Lise","Chemin du Lemont",12,null,1893,"Muraz (Collombey)","CH","Suisse",null,9401,"Taxe de base sauvetage P1",null,1,300,null,300]
[4707,"2022-02-25",1242,null,18332,3,"Ambulance Clerc","Monthey","P1","2022-02-17T21:58:58+01:00","2022-02-17T23:50:55+01:00","Domicile","Chemin du Lemont",12,null,1893,"Muraz (Collombey)","CH","Suisse",36,"Planification","Hôpital Riviera-Chablais (HRC)","Route du Vieux-Séquoia",20,null,1847,"Rennaz","CH","Suisse","False","VS22004978","Maladie","Féminin","Bifrare","Anne-Lise","1943-10-24","Chemin du Lemont",12,null,1893,"Muraz (Collombey)","CH","Suisse","Helsana Assurances SA","1756.0271.0432.10",1,"Personne","Féminin","Bifrare","Anne-Lise","Chemin du Lemont",12,null,1893,"Muraz (Collombey)","CH","Suisse",null,9404,"Indemnisation kilométrique",null,36,4.5,"km",162]
[4707,"2022-02-25",1242,null,18332,3,"Ambulance Clerc","Monthey","P1","2022-02-17T21:58:58+01:00","2022-02-17T23:50:55+01:00","Domicile","Chemin du Lemont",12,null,1893,"Muraz (Collombey)","CH","Suisse",36,"Planification","Hôpital Riviera-Chablais (HRC)","Route du Vieux-Séquoia",20,null,1847,"Rennaz","CH","Suisse","False","VS22004978","Maladie","Féminin","Bifrare","Anne-Lise","1943-10-24","Chemin du Lemont",12,null,1893,"Muraz (Collombey)","CH","Suisse","Helsana Assurances SA","1756.0271.0432.10",1,"Personne","Féminin","Bifrare","Anne-Lise","Chemin du Lemont",12,null,1893,"Muraz (Collombey)","CH","Suisse",null,9411,"Personnel soignant reconnu (par personne et par quart d'heure entamé)",null,16,35,"¼ d'heure",560]
[4707,"2022-02-25",1242,null,18332,3,"Ambulance Clerc","Monthey","P1","2022-02-17T21:58:58+01:00","2022-02-17T23:50:55+01:00","Domicile","Chemin du Lemont",12,null,1893,"Muraz (Collombey)","CH","Suisse",36,"Planification","Hôpital Riviera-Chablais (HRC)","Route du Vieux-Séquoia",20,null,1847,"Rennaz","CH","Suisse","False","VS22004978","Maladie","Féminin","Bifrare","Anne-Lise","1943-10-24","Chemin du Lemont",12,null,1893,"Muraz (Collombey)","CH","Suisse","Helsana Assurances SA","1756.0271.0432.10",1,"Personne","Féminin","Bifrare","Anne-Lise","Chemin du Lemont",12,null,1893,"Muraz (Collombey)","CH","Suisse",null,9431,"Supplément de nuit",null,1,140,null,140]
[4707,"2022-02-25",1242,null,18332,3,"Ambulance Clerc","Monthey","P1","2022-02-17T21:58:58+01:00","2022-02-17T23:50:55+01:00","Domicile","Chemin du Lemont",12,null,1893,"Muraz (Collombey)","CH","Suisse",36,"Planification","Hôpital Riviera-Chablais (HRC)","Route du Vieux-Séquoia",20,null,1847,"Rennaz","CH","Suisse","False","VS22004978","Maladie","Féminin","Bifrare","Anne-Lise","1943-10-24","Chemin du Lemont",12,null,1893,"Muraz (Collombey)","CH","Suisse","Helsana Assurances SA","1756.0271.0432.10",1,"Personne","Féminin","Bifrare","Anne-Lise","Chemin du Lemont",12,null,1893,"Muraz (Collombey)","CH","Suisse",null,9441,"Matériel - Prestation standard élargie",null,1,80,null,80]
[4708,"2022-02-25",976,null,18333,3,"Ambulance Clerc","Monthey","P2","2022-02-17T22:21:25+01:00","2022-02-17T23:31:43+01:00",null,"Rue de Pré Borvey",7,null,1920,"Martigny","CH","Suisse",53,"Privée","Hôpital de Martigny","Avenue de la Fusion",27,null,1920,"Martigny","CH","Suisse","False","VS22004979","Maladie","Masculin","Cabral Landim ","Carlos Alberto","1977-02-09","Rue Pré-Borvey",7,null,1920,"Martigny","CH","Suisse","Easy Sana Assurance Maladie SA","2756.0909.2852.34",1,"Personne","Masculin","Cabral Landim ","Carlos Alberto","Rue Pré-Borvey",7,null,1920,"Martigny","CH","Suisse",null,9402,"Taxe de base transport P2",null,1,300,null,300]
[4708,"2022-02-25",976,null,18333,3,"Ambulance Clerc","Monthey","P2","2022-02-17T22:21:25+01:00","2022-02-17T23:31:43+01:00",null,"Rue de Pré Borvey",7,null,1920,"Martigny","CH","Suisse",53,"Privée","Hôpital de Martigny","Avenue de la Fusion",27,null,1920,"Martigny","CH","Suisse","False","VS22004979","Maladie","Masculin","Cabral Landim ","Carlos Alberto","1977-02-09","Rue Pré-Borvey",7,null,1920,"Martigny","CH","Suisse","Easy Sana Assurance Maladie SA","2756.0909.2852.34",1,"Personne","Masculin","Cabral Landim ","Carlos Alberto","Rue Pré-Borvey",7,null,1920,"Martigny","CH","Suisse",null,9404,"Indemnisation kilométrique",null,53,4.5,"km",238.5]
[4708,"2022-02-25",976,null,18333,3,"Ambulance Clerc","Monthey","P2","2022-02-17T22:21:25+01:00","2022-02-17T23:31:43+01:00",null,"Rue de Pré Borvey",7,null,1920,"Martigny","CH","Suisse",53,"Privée","Hôpital de Martigny","Avenue de la Fusion",27,null,1920,"Martigny","CH","Suisse","False","VS22004979","Maladie","Masculin","Cabral Landim ","Carlos Alberto","1977-02-09","Rue Pré-Borvey",7,null,1920,"Martigny","CH","Suisse","Easy Sana Assurance Maladie SA","2756.0909.2852.34",1,"Personne","Masculin","Cabral Landim ","Carlos Alberto","Rue Pré-Borvey",7,null,1920,"Martigny","CH","Suisse",null,9411,"Personnel soignant reconnu (par personne et par quart d'heure entamé)",null,10,35,"¼ d'heure",350]
[4708,"2022-02-25",976,null,18333,3,"Ambulance Clerc","Monthey","P2","2022-02-17T22:21:25+01:00","2022-02-17T23:31:43+01:00",null,"Rue de Pré Borvey",7,null,1920,"Martigny","CH","Suisse",53,"Privée","Hôpital de Martigny","Avenue de la Fusion",27,null,1920,"Martigny","CH","Suisse","False","VS22004979","Maladie","Masculin","Cabral Landim ","Carlos Alberto","1977-02-09","Rue Pré-Borvey",7,null,1920,"Martigny","CH","Suisse","Easy Sana Assurance Maladie SA","2756.0909.2852.34",1,"Personne","Masculin","Cabral Landim ","Carlos Alberto","Rue Pré-Borvey",7,null,1920,"Martigny","CH","Suisse",null,9431,"Supplément de nuit",null,1,87.5,null,87.5]
[4709,"2022-02-25",554,null,18349,3,"Ambulance Clerc","Monthey","S3","2022-02-18T07:36:11+01:00","2022-02-18T10:00:32+01:00","Hôpital Riviera-Chablais (HRC)","Route du Vieux-Séquoia",20,null,1847,"Rennaz","CH","Suisse",100,"Privée","CHUV Hôpital universitaire de Lausanne","Rue du Bugnon",46,null,1006,"Lausanne","CH","Suisse","False","VS22004995","Maladie","Masculin","Introzzi","Dario","1962-01-19","Route du Pont Noir",7,null,1844,"Villeneuve VD","CH","Suisse","Assura-Basis SA","2756.6653.5852.79",100,"Établissement",null,null,null,"Route du Vieux-Séquoia",20,null,1847,"Rennaz","CH","Suisse","Hôpital Riviera-Chablais Vaud-Valais - Fournisseurs (facturation)","HRC.110J","Forfait S3 Rennaz - CHUV","Trajet simple journée (07h00-19h00)",1,554,null,554]
[4710,"2022-02-25",1018.5,null,18350,3,"Ambulance Clerc","Monthey","P2","2022-02-18T08:17:46+01:00","2022-02-18T09:56:47+01:00",null,"Avenue de Savoie",18,null,1896,"Vouvry","CH","Suisse",33,"Planification","Hôpital Riviera-Chablais (HRC)","Route du Vieux-Séquoia",20,null,1847,"Rennaz","CH","Suisse","False","VS22004996","Maladie","Masculin","Berrut","Amédée","1936-01-19","Avenue de Savoie",18,null,1896,"Vouvry","CH","Suisse","Easy Sana Assurance Maladie SA","1756.7516.0848.61",1,"Personne","Masculin","Berrut","Amédée","Avenue de Savoie",18,null,1896,"Vouvry","CH","Suisse",null,9402,"Taxe de base transport P2",null,1,300,null,300]
[4710,"2022-02-25",1018.5,null,18350,3,"Ambulance Clerc","Monthey","P2","2022-02-18T08:17:46+01:00","2022-02-18T09:56:47+01:00",null,"Avenue de Savoie",18,null,1896,"Vouvry","CH","Suisse",33,"Planification","Hôpital Riviera-Chablais (HRC)","Route du Vieux-Séquoia",20,null,1847,"Rennaz","CH","Suisse","False","VS22004996","Maladie","Masculin","Berrut","Amédée","1936-01-19","Avenue de Savoie",18,null,1896,"Vouvry","CH","Suisse","Easy Sana Assurance Maladie SA","1756.7516.0848.61",1,"Personne","Masculin","Berrut","Amédée","Avenue de Savoie",18,null,1896,"Vouvry","CH","Suisse",null,9404,"Indemnisation kilométrique",null,33,4.5,"km",148.5]
[4710,"2022-02-25",1018.5,null,18350,3,"Ambulance Clerc","Monthey","P2","2022-02-18T08:17:46+01:00","2022-02-18T09:56:47+01:00",null,"Avenue de Savoie",18,null,1896,"Vouvry","CH","Suisse",33,"Planification","Hôpital Riviera-Chablais (HRC)","Route du Vieux-Séquoia",20,null,1847,"Rennaz","CH","Suisse","False","VS22004996","Maladie","Masculin","Berrut","Amédée","1936-01-19","Avenue de Savoie",18,null,1896,"Vouvry","CH","Suisse","Easy Sana Assurance Maladie SA","1756.7516.0848.61",1,"Personne","Masculin","Berrut","Amédée","Avenue de Savoie",18,null,1896,"Vouvry","CH","Suisse",null,9411,"Personnel soignant reconnu (par personne et par quart d'heure entamé)",null,14,35,"¼ d'heure",490]
[4710,"2022-02-25",1018.5,null,18350,3,"Ambulance Clerc","Monthey","P2","2022-02-18T08:17:46+01:00","2022-02-18T09:56:47+01:00",null,"Avenue de Savoie",18,null,1896,"Vouvry","CH","Suisse",33,"Planification","Hôpital Riviera-Chablais (HRC)","Route du Vieux-Séquoia",20,null,1847,"Rennaz","CH","Suisse","False","VS22004996","Maladie","Masculin","Berrut","Amédée","1936-01-19","Avenue de Savoie",18,null,1896,"Vouvry","CH","Suisse","Easy Sana Assurance Maladie SA","1756.7516.0848.61",1,"Personne","Masculin","Berrut","Amédée","Avenue de Savoie",18,null,1896,"Vouvry","CH","Suisse",null,9441,"Matériel - Prestation standard élargie",null,1,80,null,80]
[4711,"2022-02-25",1120,null,18353,3,"Ambulance Clerc","Monthey","P2","2022-02-18T08:53:19+01:00","2022-02-18T10:48:49+01:00",null,"Route de Mareindeux",7,null,1870,"Monthey","CH","Suisse",40,"Planification","Hôpital Riviera-Chablais (HRC)","Route du Vieux-Séquoia",20,null,1847,"Rennaz","CH","Suisse","False","VS22004999","Accident","Féminin","Hélène","Nemeth","1932-01-19","Route de Mareindeux",7,null,1870,"Monthey","CH","Suisse","Philos Assurance Maladie SA","1756.3173.4229.78",1,"Personne","Féminin","Hélène","Nemeth","Route de Mareindeux",7,null,1870,"Monthey","CH","Suisse",null,9402,"Taxe de base transport P2",null,1,300,null,300]
[4711,"2022-02-25",1120,null,18353,3,"Ambulance Clerc","Monthey","P2","2022-02-18T08:53:19+01:00","2022-02-18T10:48:49+01:00",null,"Route de Mareindeux",7,null,1870,"Monthey","CH","Suisse",40,"Planification","Hôpital Riviera-Chablais (HRC)","Route du Vieux-Séquoia",20,null,1847,"Rennaz","CH","Suisse","False","VS22004999","Accident","Féminin","Hélène","Nemeth","1932-01-19","Route de Mareindeux",7,null,1870,"Monthey","CH","Suisse","Philos Assurance Maladie SA","1756.3173.4229.78",1,"Personne","Féminin","Hélène","Nemeth","Route de Mareindeux",7,null,1870,"Monthey","CH","Suisse",null,9404,"Indemnisation kilométrique",null,40,4.5,"km",180]
[4711,"2022-02-25",1120,null,18353,3,"Ambulance Clerc","Monthey","P2","2022-02-18T08:53:19+01:00","2022-02-18T10:48:49+01:00",null,"Route de Mareindeux",7,null,1870,"Monthey","CH","Suisse",40,"Planification","Hôpital Riviera-Chablais (HRC)","Route du Vieux-Séquoia",20,null,1847,"Rennaz","CH","Suisse","False","VS22004999","Accident","Féminin","Hélène","Nemeth","1932-01-19","Route de Mareindeux",7,null,1870,"Monthey","CH","Suisse","Philos Assurance Maladie SA","1756.3173.4229.78",1,"Personne","Féminin","Hélène","Nemeth","Route de Mareindeux",7,null,1870,"Monthey","CH","Suisse",null,9411,"Personnel soignant reconnu (par personne et par quart d'heure entamé)",null,16,35,"¼ d'heure",560]
[4711,"2022-02-25",1120,null,18353,3,"Ambulance Clerc","Monthey","P2","2022-02-18T08:53:19+01:00","2022-02-18T10:48:49+01:00",null,"Route de Mareindeux",7,null,1870,"Monthey","CH","Suisse",40,"Planification","Hôpital Riviera-Chablais (HRC)","Route du Vieux-Séquoia",20,null,1847,"Rennaz","CH","Suisse","False","VS22004999","Accident","Féminin","Hélène","Nemeth","1932-01-19","Route de Mareindeux",7,null,1870,"Monthey","CH","Suisse","Philos Assurance Maladie SA","1756.3173.4229.78",1,"Personne","Féminin","Hélène","Nemeth","Route de Mareindeux",7,null,1870,"Monthey","CH","Suisse",null,9441,"Matériel - Prestation standard élargie",null,1,80,null,80]
[4712,"2022-02-25",1468.5,null,18357,3,"Ambulance Clerc","Monthey","P1","2022-02-18T10:11:26+01:00","2022-02-18T12:40:19+01:00",null,"Route des Cerniers",100,null,1871,"Les Giettes","CH","Suisse",33,"Planification",null,null,null,null,null,null,"CH","Suisse","False","VS22005003","Accident","Masculin","Saidi","Eddy","1997-08-28","Route des Cerniers",100,null,1871,"Les Giettes","FR","France","CSS","1756.1147.1005.70",1,"Personne","Masculin","Saidi","Eddy","Route des Cerniers",100,null,1871,"Les Giettes","FR","France",null,"VS.9501","Taxe de base sauvetage P1",null,1,300,null,300]
[4712,"2022-02-25",1468.5,null,18357,3,"Ambulance Clerc","Monthey","P1","2022-02-18T10:11:26+01:00","2022-02-18T12:40:19+01:00",null,"Route des Cerniers",100,null,1871,"Les Giettes","CH","Suisse",33,"Planification",null,null,null,null,null,null,"CH","Suisse","False","VS22005003","Accident","Masculin","Saidi","Eddy","1997-08-28","Route des Cerniers",100,null,1871,"Les Giettes","FR","France","CSS","1756.1147.1005.70",1,"Personne","Masculin","Saidi","Eddy","Route des Cerniers",100,null,1871,"Les Giettes","FR","France",null,"VS.9504","Indemnisation kilométrique",null,33,4.5,"km",148.5]
[4712,"2022-02-25",1468.5,null,18357,3,"Ambulance Clerc","Monthey","P1","2022-02-18T10:11:26+01:00","2022-02-18T12:40:19+01:00",null,"Route des Cerniers",100,null,1871,"Les Giettes","CH","Suisse",33,"Planification",null,null,null,null,null,null,"CH","Suisse","False","VS22005003","Accident","Masculin","Saidi","Eddy","1997-08-28","Route des Cerniers",100,null,1871,"Les Giettes","FR","France","CSS","1756.1147.1005.70",1,"Personne","Masculin","Saidi","Eddy","Route des Cerniers",100,null,1871,"Les Giettes","FR","France",null,"VS.9511","Personnel soignant reconnu (par personne et par quart d'heure entamé)",null,20,35,"¼ d'heure",700]
[4712,"2022-02-25",1468.5,null,18357,3,"Ambulance Clerc","Monthey","P1","2022-02-18T10:11:26+01:00","2022-02-18T12:40:19+01:00",null,"Route des Cerniers",100,null,1871,"Les Giettes","CH","Suisse",33,"Planification",null,null,null,null,null,null,"CH","Suisse","False","VS22005003","Accident","Masculin","Saidi","Eddy","1997-08-28","Route des Cerniers",100,null,1871,"Les Giettes","FR","France","CSS","1756.1147.1005.70",1,"Personne","Masculin","Saidi","Eddy","Route des Cerniers",100,null,1871,"Les Giettes","FR","France",null,"VS.9542","Matériel - Réanimation, préparation de l'anesthésie et autres moyens thérapeutiques",null,1,320,null,320]
[4713,"2022-02-25",892,null,18362,3,"Ambulance Clerc","Monthey","P1","2022-02-18T10:37:59+01:00","2022-02-18T11:49:15+01:00",null,"Avenue de la Gare",18,"Véhicule en bordure de route",1870,"Monthey","CH","Suisse",36,"Privée","Hôpital Riviera-Chablais (HRC)","Route du Vieux-Séquoia",20,null,1847,"Rennaz","CH","Suisse","False","VS22005008","Maladie","Masculin","Pannatier","Celestin","2002-11-02","Ch. des Rueyres",10,null,1071,"Chexbres","CH","Suisse","Sanitas Grundversicherungen AG","2756.9413.3123.13",1,"Personne","Masculin","Pannatier","Celestin","Ch. des Rueyres",10,null,1071,"Chexbres","CH","Suisse",null,9401,"Taxe de base sauvetage P1",null,1,300,null,300]
[4713,"2022-02-25",892,null,18362,3,"Ambulance Clerc","Monthey","P1","2022-02-18T10:37:59+01:00","2022-02-18T11:49:15+01:00",null,"Avenue de la Gare",18,"Véhicule en bordure de route",1870,"Monthey","CH","Suisse",36,"Privée","Hôpital Riviera-Chablais (HRC)","Route du Vieux-Séquoia",20,null,1847,"Rennaz","CH","Suisse","False","VS22005008","Maladie","Masculin","Pannatier","Celestin","2002-11-02","Ch. des Rueyres",10,null,1071,"Chexbres","CH","Suisse","Sanitas Grundversicherungen AG","2756.9413.3123.13",1,"Personne","Masculin","Pannatier","Celestin","Ch. des Rueyres",10,null,1071,"Chexbres","CH","Suisse",null,9404,"Indemnisation kilométrique",null,36,4.5,"km",162]
[4713,"2022-02-25",892,null,18362,3,"Ambulance Clerc","Monthey","P1","2022-02-18T10:37:59+01:00","2022-02-18T11:49:15+01:00",null,"Avenue de la Gare",18,"Véhicule en bordure de route",1870,"Monthey","CH","Suisse",36,"Privée","Hôpital Riviera-Chablais (HRC)","Route du Vieux-Séquoia",20,null,1847,"Rennaz","CH","Suisse","False","VS22005008","Maladie","Masculin","Pannatier","Celestin","2002-11-02","Ch. des Rueyres",10,null,1071,"Chexbres","CH","Suisse","Sanitas Grundversicherungen AG","2756.9413.3123.13",1,"Personne","Masculin","Pannatier","Celestin","Ch. des Rueyres",10,null,1071,"Chexbres","CH","Suisse",null,9411,"Personnel soignant reconnu (par personne et par quart d'heure entamé)",null,10,35,"¼ d'heure",350]
[4713,"2022-02-25",892,null,18362,3,"Ambulance Clerc","Monthey","P1","2022-02-18T10:37:59+01:00","2022-02-18T11:49:15+01:00",null,"Avenue de la Gare",18,"Véhicule en bordure de route",1870,"Monthey","CH","Suisse",36,"Privée","Hôpital Riviera-Chablais (HRC)","Route du Vieux-Séquoia",20,null,1847,"Rennaz","CH","Suisse","False","VS22005008","Maladie","Masculin","Pannatier","Celestin","2002-11-02","Ch. des Rueyres",10,null,1071,"Chexbres","CH","Suisse","Sanitas Grundversicherungen AG","2756.9413.3123.13",1,"Personne","Masculin","Pannatier","Celestin","Ch. des Rueyres",10,null,1071,"Chexbres","CH","Suisse",null,9441,"Matériel - Prestation standard élargie",null,1,80,null,80]
[4714,"2022-02-25",687,null,18367,3,"Ambulance Clerc","Monthey","S2","2022-02-18T11:01:14+01:00","2022-02-18T14:15:54+01:00","Hôpital Riviera-Chablais (HRC)","Route du Vieux-Séquoia",20,null,1847,"Rennaz","CH","Suisse",125,"Privée","Hôpital du Pays d'Enhaut","Route de l'Hôpital",17,null,1660,"Château-d'Oex","CH","Suisse","False","VS22005014","Maladie","Masculin","Feurer","Jurg","1953-04-27","Route du Vieux Couvent",28,null,1659,"Flendruz","CH","Suisse","Assura-Basis SA","2756.9799.2103.64",100,"Établissement",null,null,null,"Route du Vieux-Séquoia",20,null,1847,"Rennaz","CH","Suisse","Hôpital Riviera-Chablais Vaud-Valais - Fournisseurs (facturation)","HRC.123J","Forfait S2 Rennaz - Hôpital Pôle Santé du Pays-d'Enhaut","Trajet simple journée (07h00-19h00)",1,687,null,687]
[4715,"2022-02-25",1120,null,18379,3,"Ambulance Clerc","Monthey","P2","2022-02-18T12:03:46+01:00","2022-02-18T14:05:09+01:00",null,"Rue du Château-Vieux","3A",null,1870,"Monthey","CH","Suisse",40,"Planification","Hôpital Riviera-Chablais (HRC)","Route du Vieux-Séquoia",20,null,1847,"Rennaz","CH","Suisse","False","VS22005026","Maladie","Féminin","Charrière","Liliane","1931-05-31","Rue du Château-Vieux","3A",null,1870,"Monthey","CH","Suisse","Easy Sana Assurance Maladie SA","1756.0724.1140.92",1,"Personne","Féminin","Charrière","Liliane","Rue du Château-Vieux","3A",null,1870,"Monthey","CH","Suisse",null,9402,"Taxe de base transport P2",null,1,300,null,300]
[4715,"2022-02-25",1120,null,18379,3,"Ambulance Clerc","Monthey","P2","2022-02-18T12:03:46+01:00","2022-02-18T14:05:09+01:00",null,"Rue du Château-Vieux","3A",null,1870,"Monthey","CH","Suisse",40,"Planification","Hôpital Riviera-Chablais (HRC)","Route du Vieux-Séquoia",20,null,1847,"Rennaz","CH","Suisse","False","VS22005026","Maladie","Féminin","Charrière","Liliane","1931-05-31","Rue du Château-Vieux","3A",null,1870,"Monthey","CH","Suisse","Easy Sana Assurance Maladie SA","1756.0724.1140.92",1,"Personne","Féminin","Charrière","Liliane","Rue du Château-Vieux","3A",null,1870,"Monthey","CH","Suisse",null,9404,"Indemnisation kilométrique",null,40,4.5,"km",180]
[4715,"2022-02-25",1120,null,18379,3,"Ambulance Clerc","Monthey","P2","2022-02-18T12:03:46+01:00","2022-02-18T14:05:09+01:00",null,"Rue du Château-Vieux","3A",null,1870,"Monthey","CH","Suisse",40,"Planification","Hôpital Riviera-Chablais (HRC)","Route du Vieux-Séquoia",20,null,1847,"Rennaz","CH","Suisse","False","VS22005026","Maladie","Féminin","Charrière","Liliane","1931-05-31","Rue du Château-Vieux","3A",null,1870,"Monthey","CH","Suisse","Easy Sana Assurance Maladie SA","1756.0724.1140.92",1,"Personne","Féminin","Charrière","Liliane","Rue du Château-Vieux","3A",null,1870,"Monthey","CH","Suisse",null,9411,"Personnel soignant reconnu (par personne et par quart d'heure entamé)",null,16,35,"¼ d'heure",560]
[4715,"2022-02-25",1120,null,18379,3,"Ambulance Clerc","Monthey","P2","2022-02-18T12:03:46+01:00","2022-02-18T14:05:09+01:00",null,"Rue du Château-Vieux","3A",null,1870,"Monthey","CH","Suisse",40,"Planification","Hôpital Riviera-Chablais (HRC)","Route du Vieux-Séquoia",20,null,1847,"Rennaz","CH","Suisse","False","VS22005026","Maladie","Féminin","Charrière","Liliane","1931-05-31","Rue du Château-Vieux","3A",null,1870,"Monthey","CH","Suisse","Easy Sana Assurance Maladie SA","1756.0724.1140.92",1,"Personne","Féminin","Charrière","Liliane","Rue du Château-Vieux","3A",null,1870,"Monthey","CH","Suisse",null,9441,"Matériel - Prestation standard élargie",null,1,80,null,80]
[4716,"2022-02-25",794,null,18394,3,"Ambulance Clerc","Monthey","P2","2022-02-18T13:31:41+01:00","2022-02-18T14:43:53+01:00","Cabinet médical du Verger","Chemin du Verger",3,null,1868,"Collombey","CH","Suisse",32,"Planification","Hôpital Riviera-Chablais (HRC)","Route du Vieux-Séquoia",20,null,1847,"Rennaz","CH","Suisse","False","VS22005042","Accident","Masculin","Vesin","Gaston Luc","1947-03-14","Route de la Jorette",7,null,1899,"Torgon","CH","Suisse","Groupe Mutuel Assurances GMA SA","1756.2073.2739.94",1,"Personne","Masculin","Vesin","Gaston Luc","Route de la Jorette",7,null,1899,"Torgon","CH","Suisse",null,9402,"Taxe de base transport P2",null,1,300,null,300]
[4716,"2022-02-25",794,null,18394,3,"Ambulance Clerc","Monthey","P2","2022-02-18T13:31:41+01:00","2022-02-18T14:43:53+01:00","Cabinet médical du Verger","Chemin du Verger",3,null,1868,"Collombey","CH","Suisse",32,"Planification","Hôpital Riviera-Chablais (HRC)","Route du Vieux-Séquoia",20,null,1847,"Rennaz","CH","Suisse","False","VS22005042","Accident","Masculin","Vesin","Gaston Luc","1947-03-14","Route de la Jorette",7,null,1899,"Torgon","CH","Suisse","Groupe Mutuel Assurances GMA SA","1756.2073.2739.94",1,"Personne","Masculin","Vesin","Gaston Luc","Route de la Jorette",7,null,1899,"Torgon","CH","Suisse",null,9404,"Indemnisation kilométrique",null,32,4.5,"km",144]
[4716,"2022-02-25",794,null,18394,3,"Ambulance Clerc","Monthey","P2","2022-02-18T13:31:41+01:00","2022-02-18T14:43:53+01:00","Cabinet médical du Verger","Chemin du Verger",3,null,1868,"Collombey","CH","Suisse",32,"Planification","Hôpital Riviera-Chablais (HRC)","Route du Vieux-Séquoia",20,null,1847,"Rennaz","CH","Suisse","False","VS22005042","Accident","Masculin","Vesin","Gaston Luc","1947-03-14","Route de la Jorette",7,null,1899,"Torgon","CH","Suisse","Groupe Mutuel Assurances GMA SA","1756.2073.2739.94",1,"Personne","Masculin","Vesin","Gaston Luc","Route de la Jorette",7,null,1899,"Torgon","CH","Suisse",null,9411,"Personnel soignant reconnu (par personne et par quart d'heure entamé)",null,10,35,"¼ d'heure",350]
[4717,"2022-02-25",882,null,18397,3,"Ambulance Clerc","Monthey","P1","2022-02-18T14:03:13+01:00","2022-02-18T15:30:18+01:00","Permanence médicale du Chablais (HRC)","Route de Morgins",54,null,1870,"Monthey","CH","Suisse",36,"Planification","Hôpital Riviera-Chablais (HRC)","Route du Vieux-Séquoia",20,null,1847,"Rennaz","CH","Suisse","False","VS22005045","Accident","Féminin","Fornerod","Hedwige","2011-02-19","Route du Genevrex",17,null,1071,"Chexbres","CH","Suisse","CSS Kranken- Versicherung AG","1756.9508.2067.56",null,"Personne","Masculin","Fornerod","Pierre-Hubert","Route du Genevrex",17,null,1071,"Chexbres","CH","Suisse",null,9401,"Taxe de base sauvetage P1",null,1,300,null,300]
[4717,"2022-02-25",882,null,18397,3,"Ambulance Clerc","Monthey","P1","2022-02-18T14:03:13+01:00","2022-02-18T15:30:18+01:00","Permanence médicale du Chablais (HRC)","Route de Morgins",54,null,1870,"Monthey","CH","Suisse",36,"Planification","Hôpital Riviera-Chablais (HRC)","Route du Vieux-Séquoia",20,null,1847,"Rennaz","CH","Suisse","False","VS22005045","Accident","Féminin","Fornerod","Hedwige","2011-02-19","Route du Genevrex",17,null,1071,"Chexbres","CH","Suisse","CSS Kranken- Versicherung AG","1756.9508.2067.56",null,"Personne","Masculin","Fornerod","Pierre-Hubert","Route du Genevrex",17,null,1071,"Chexbres","CH","Suisse",null,9404,"Indemnisation kilométrique",null,36,4.5,"km",162]
[4717,"2022-02-25",882,null,18397,3,"Ambulance Clerc","Monthey","P1","2022-02-18T14:03:13+01:00","2022-02-18T15:30:18+01:00","Permanence médicale du Chablais (HRC)","Route de Morgins",54,null,1870,"Monthey","CH","Suisse",36,"Planification","Hôpital Riviera-Chablais (HRC)","Route du Vieux-Séquoia",20,null,1847,"Rennaz","CH","Suisse","False","VS22005045","Accident","Féminin","Fornerod","Hedwige","2011-02-19","Route du Genevrex",17,null,1071,"Chexbres","CH","Suisse","CSS Kranken- Versicherung AG","1756.9508.2067.56",null,"Personne","Masculin","Fornerod","Pierre-Hubert","Route du Genevrex",17,null,1071,"Chexbres","CH","Suisse",null,9411,"Personnel soignant reconnu (par personne et par quart d'heure entamé)",null,12,35,"¼ d'heure",420]
[4717,"2022-02-25",882,null,18397,3,"Ambulance Clerc","Monthey","P1","2022-02-18T14:03:13+01:00","2022-02-18T15:30:18+01:00","Permanence médicale du Chablais (HRC)","Route de Morgins",54,null,1870,"Monthey","CH","Suisse",36,"Planification","Hôpital Riviera-Chablais (HRC)","Route du Vieux-Séquoia",20,null,1847,"Rennaz","CH","Suisse","False","VS22005045","Accident","Féminin","Fornerod","Hedwige","2011-02-19","Route du Genevrex",17,null,1071,"Chexbres","CH","Suisse","CSS Kranken- Versicherung AG","1756.9508.2067.56",null,"Personne","Masculin","Fornerod","Pierre-Hubert","Route du Genevrex",17,null,1071,"Chexbres","CH","Suisse",null,9440,"Matériel - Prestation standard",null,1,0,null,0]
[4718,"2022-02-25",554,null,18399,3,"Ambulance Clerc","Monthey","S3","2022-02-18T14:37:58+01:00","2022-02-18T17:06:48+01:00","Hôpital Riviera-Chablais (HRC)","Route du Vieux-Séquoia",20,null,1847,"Rennaz","CH","Suisse",65,"Privée","Hôpital de Martigny","Avenue de la Fusion",27,null,1920,"Martigny","CH","Suisse","False","VS22005047","Maladie","Masculin","Malesevic","Dusko","1960-03-21","Chemin de la Pierre à Muguet",9,null,1870,"Monthey","CH","Suisse","sodalis gesundheitsgruppe","2756.1950.9425.03",100,"Établissement",null,null,null,"Route du Vieux-Séquoia",20,null,1847,"Rennaz","CH","Suisse","Hôpital Riviera-Chablais Vaud-Valais - Fournisseurs (facturation)","HRC.115J","Forfait S3 Rennaz - HVS Martigny","Trajet simple journée (07h00-19h00)",1,554,null,554]
[4719,"2022-02-25",400,null,18417,3,"Ambulance Clerc","Monthey","S3","2022-02-18T15:40:16+01:00","2022-02-18T17:17:33+01:00","Hôpital Riviera-Chablais (HRC)","Route du Vieux-Séquoia",20,null,1847,"Rennaz","CH","Suisse",48,"Privée","Clinique de Valmont","Route de Valmont",22,null,1823,"Glion","CH","Suisse","False","VS22005066","Maladie","Masculin","Dupasquier","Michel Henri","1945-10-03","Rue des Moulins",11,null,1400,"Yverdon-les-Bains","CH","Suisse","CSS Kranken- Versicherung AG","2756.7568.7309.52",100,"Établissement",null,null,null,"Route du Vieux-Séquoia",20,null,1847,"Rennaz","CH","Suisse","Hôpital Riviera-Chablais Vaud-Valais - Fournisseurs (facturation)","HRC.127J","Forfait S3 Rennaz - Clinique Valmont","Trajet simple journée (07h00-19h00)",1,400,null,400]
[4720,"2022-02-25",476,null,18445,3,"Ambulance Clerc","Monthey","P2","2022-02-18T19:10:31+01:00","2022-02-18T19:44:12+01:00",null,"Ruelle du Carré d'Avou",1,null,1893,"Muraz (Collombey)","CH","Suisse",8,"Planification",null,null,null,null,null,null,null,null,"True","VS22005095","Maladie","Masculin","Schmid","Jose","1964-12-06","Ruelle du Carré d'Avou",1,null,1893,"Muraz (Collombey)","CH","Suisse","Philos Assurance Maladie SA","1756.1737.9854.15",1,"Personne","Masculin","Schmid","Jose","Ruelle du Carré d'Avou",1,null,1893,"Muraz (Collombey)","CH","Suisse",null,9402,"Taxe de base transport P2",null,1,300,null,300]
[4720,"2022-02-25",476,null,18445,3,"Ambulance Clerc","Monthey","P2","2022-02-18T19:10:31+01:00","2022-02-18T19:44:12+01:00",null,"Ruelle du Carré d'Avou",1,null,1893,"Muraz (Collombey)","CH","Suisse",8,"Planification",null,null,null,null,null,null,null,null,"True","VS22005095","Maladie","Masculin","Schmid","Jose","1964-12-06","Ruelle du Carré d'Avou",1,null,1893,"Muraz (Collombey)","CH","Suisse","Philos Assurance Maladie SA","1756.1737.9854.15",1,"Personne","Masculin","Schmid","Jose","Ruelle du Carré d'Avou",1,null,1893,"Muraz (Collombey)","CH","Suisse",null,9404,"Indemnisation kilométrique",null,8,4.5,"km",36]
[4720,"2022-02-25",476,null,18445,3,"Ambulance Clerc","Monthey","P2","2022-02-18T19:10:31+01:00","2022-02-18T19:44:12+01:00",null,"Ruelle du Carré d'Avou",1,null,1893,"Muraz (Collombey)","CH","Suisse",8,"Planification",null,null,null,null,null,null,null,null,"True","VS22005095","Maladie","Masculin","Schmid","Jose","1964-12-06","Ruelle du Carré d'Avou",1,null,1893,"Muraz (Collombey)","CH","Suisse","Philos Assurance Maladie SA","1756.1737.9854.15",1,"Personne","Masculin","Schmid","Jose","Ruelle du Carré d'Avou",1,null,1893,"Muraz (Collombey)","CH","Suisse",null,9405,"Intervention sans transport de patient",null,1,0,null,0]
[4720,"2022-02-25",476,null,18445,3,"Ambulance Clerc","Monthey","P2","2022-02-18T19:10:31+01:00","2022-02-18T19:44:12+01:00",null,"Ruelle du Carré d'Avou",1,null,1893,"Muraz (Collombey)","CH","Suisse",8,"Planification",null,null,null,null,null,null,null,null,"True","VS22005095","Maladie","Masculin","Schmid","Jose","1964-12-06","Ruelle du Carré d'Avou",1,null,1893,"Muraz (Collombey)","CH","Suisse","Philos Assurance Maladie SA","1756.1737.9854.15",1,"Personne","Masculin","Schmid","Jose","Ruelle du Carré d'Avou",1,null,1893,"Muraz (Collombey)","CH","Suisse",null,9411,"Personnel soignant reconnu (par personne et par quart d'heure entamé)",null,4,35,"¼ d'heure",140]
[4721,"2022-02-25",872.5,null,18457,3,"Ambulance Clerc","Monthey","P2","2022-02-18T21:46:01+01:00","2022-02-18T23:00:30+01:00",null,"Chemin de Tabac Rhône",22,null,1893,"Muraz (Collombey)","CH","Suisse",30,"Planification","Hôpital Riviera-Chablais (HRC)","Route du Vieux-Séquoia",20,null,1847,"Rennaz","CH","Suisse","False","VS22005108","Maladie","Féminin","Mottiez","Cécile Maguerite Denise","1936-06-07","Chemin de Tabac-Rhône",22,"Illarsaz",1893,"Muraz (Collombey)","CH","Suisse","CSS Kranken- Versicherung AG","1756.7724.4185.19",1,"Personne","Féminin","Mottiez","Cécile Maguerite Denise","Chemin de Tabac-Rhône",22,"Illarsaz",1893,"Muraz (Collombey)","CH","Suisse",null,9402,"Taxe de base transport P2",null,1,300,null,300]
[4721,"2022-02-25",872.5,null,18457,3,"Ambulance Clerc","Monthey","P2","2022-02-18T21:46:01+01:00","2022-02-18T23:00:30+01:00",null,"Chemin de Tabac Rhône",22,null,1893,"Muraz (Collombey)","CH","Suisse",30,"Planification","Hôpital Riviera-Chablais (HRC)","Route du Vieux-Séquoia",20,null,1847,"Rennaz","CH","Suisse","False","VS22005108","Maladie","Féminin","Mottiez","Cécile Maguerite Denise","1936-06-07","Chemin de Tabac-Rhône",22,"Illarsaz",1893,"Muraz (Collombey)","CH","Suisse","CSS Kranken- Versicherung AG","1756.7724.4185.19",1,"Personne","Féminin","Mottiez","Cécile Maguerite Denise","Chemin de Tabac-Rhône",22,"Illarsaz",1893,"Muraz (Collombey)","CH","Suisse",null,9404,"Indemnisation kilométrique",null,30,4.5,"km",135]
[4721,"2022-02-25",872.5,null,18457,3,"Ambulance Clerc","Monthey","P2","2022-02-18T21:46:01+01:00","2022-02-18T23:00:30+01:00",null,"Chemin de Tabac Rhône",22,null,1893,"Muraz (Collombey)","CH","Suisse",30,"Planification","Hôpital Riviera-Chablais (HRC)","Route du Vieux-Séquoia",20,null,1847,"Rennaz","CH","Suisse","False","VS22005108","Maladie","Féminin","Mottiez","Cécile Maguerite Denise","1936-06-07","Chemin de Tabac-Rhône",22,"Illarsaz",1893,"Muraz (Collombey)","CH","Suisse","CSS Kranken- Versicherung AG","1756.7724.4185.19",1,"Personne","Féminin","Mottiez","Cécile Maguerite Denise","Chemin de Tabac-Rhône",22,"Illarsaz",1893,"Muraz (Collombey)","CH","Suisse",null,9411,"Personnel soignant reconnu (par personne et par quart d'heure entamé)",null,10,35,"¼ d'heure",350]
[4721,"2022-02-25",872.5,null,18457,3,"Ambulance Clerc","Monthey","P2","2022-02-18T21:46:01+01:00","2022-02-18T23:00:30+01:00",null,"Chemin de Tabac Rhône",22,null,1893,"Muraz (Collombey)","CH","Suisse",30,"Planification","Hôpital Riviera-Chablais (HRC)","Route du Vieux-Séquoia",20,null,1847,"Rennaz","CH","Suisse","False","VS22005108","Maladie","Féminin","Mottiez","Cécile Maguerite Denise","1936-06-07","Chemin de Tabac-Rhône",22,"Illarsaz",1893,"Muraz (Collombey)","CH","Suisse","CSS Kranken- Versicherung AG","1756.7724.4185.19",1,"Personne","Féminin","Mottiez","Cécile Maguerite Denise","Chemin de Tabac-Rhône",22,"Illarsaz",1893,"Muraz (Collombey)","CH","Suisse",null,9431,"Supplément de nuit",null,1,87.5,null,87.5]
[4721,"2022-02-25",872.5,null,18457,3,"Ambulance Clerc","Monthey","P2","2022-02-18T21:46:01+01:00","2022-02-18T23:00:30+01:00",null,"Chemin de Tabac Rhône",22,null,1893,"Muraz (Collombey)","CH","Suisse",30,"Planification","Hôpital Riviera-Chablais (HRC)","Route du Vieux-Séquoia",20,null,1847,"Rennaz","CH","Suisse","False","VS22005108","Maladie","Féminin","Mottiez","Cécile Maguerite Denise","1936-06-07","Chemin de Tabac-Rhône",22,"Illarsaz",1893,"Muraz (Collombey)","CH","Suisse","CSS Kranken- Versicherung AG","1756.7724.4185.19",1,"Personne","Féminin","Mottiez","Cécile Maguerite Denise","Chemin de Tabac-Rhône",22,"Illarsaz",1893,"Muraz (Collombey)","CH","Suisse",null,9440,"Matériel - Prestation standard",null,1,0,null,0]
[4724,"2022-02-25",926.5,null,18462,3,"Ambulance Clerc","Monthey","P2","2022-02-18T23:03:39+01:00","2022-02-19T00:20:43+01:00","César Ritz Colleges Switzerland","Route Cantonale",51,null,1897,"Bouveret","CH","Suisse",42,"Planification","Hôpital Riviera-Chablais (HRC)","Route du Vieux-Séquoia",20,null,1847,"Rennaz","CH","Suisse","False","VS22005113","Accident","Masculin","Claasen","Enrique","2002-08-14","Route Cantonale",51,"César Ritz Colleges Switzerland",1897,"Bouveret","CH","Suisse","Allianz Worldwide Care","1756.5104.7291.32",125,"Établissement",null,null,null,"Grand-Rue",40,null,1820,"Montreux","CH","Suisse","Antaé - Allianz Worldwide Care","VS.9502","Taxe de base transport P2",null,1,300,null,300]
[4724,"2022-02-25",926.5,null,18462,3,"Ambulance Clerc","Monthey","P2","2022-02-18T23:03:39+01:00","2022-02-19T00:20:43+01:00","César Ritz Colleges Switzerland","Route Cantonale",51,null,1897,"Bouveret","CH","Suisse",42,"Planification","Hôpital Riviera-Chablais (HRC)","Route du Vieux-Séquoia",20,null,1847,"Rennaz","CH","Suisse","False","VS22005113","Accident","Masculin","Claasen","Enrique","2002-08-14","Route Cantonale",51,"César Ritz Colleges Switzerland",1897,"Bouveret","CH","Suisse","Allianz Worldwide Care","1756.5104.7291.32",125,"Établissement",null,null,null,"Grand-Rue",40,null,1820,"Montreux","CH","Suisse","Antaé - Allianz Worldwide Care","VS.9504","Indemnisation kilométrique",null,42,4.5,"km",189]
[4724,"2022-02-25",926.5,null,18462,3,"Ambulance Clerc","Monthey","P2","2022-02-18T23:03:39+01:00","2022-02-19T00:20:43+01:00","César Ritz Colleges Switzerland","Route Cantonale",51,null,1897,"Bouveret","CH","Suisse",42,"Planification","Hôpital Riviera-Chablais (HRC)","Route du Vieux-Séquoia",20,null,1847,"Rennaz","CH","Suisse","False","VS22005113","Accident","Masculin","Claasen","Enrique","2002-08-14","Route Cantonale",51,"César Ritz Colleges Switzerland",1897,"Bouveret","CH","Suisse","Allianz Worldwide Care","1756.5104.7291.32",125,"Établissement",null,null,null,"Grand-Rue",40,null,1820,"Montreux","CH","Suisse","Antaé - Allianz Worldwide Care","VS.9511","Personnel soignant reconnu (par personne et par quart d'heure entamé)",null,10,35,"¼ d'heure",350]
[4724,"2022-02-25",926.5,null,18462,3,"Ambulance Clerc","Monthey","P2","2022-02-18T23:03:39+01:00","2022-02-19T00:20:43+01:00","César Ritz Colleges Switzerland","Route Cantonale",51,null,1897,"Bouveret","CH","Suisse",42,"Planification","Hôpital Riviera-Chablais (HRC)","Route du Vieux-Séquoia",20,null,1847,"Rennaz","CH","Suisse","False","VS22005113","Accident","Masculin","Claasen","Enrique","2002-08-14","Route Cantonale",51,"César Ritz Colleges Switzerland",1897,"Bouveret","CH","Suisse","Allianz Worldwide Care","1756.5104.7291.32",125,"Établissement",null,null,null,"Grand-Rue",40,null,1820,"Montreux","CH","Suisse","Antaé - Allianz Worldwide Care","VS.9531","Supplément de nuit",null,1,87.5,null,87.5]
[4724,"2022-02-25",926.5,null,18462,3,"Ambulance Clerc","Monthey","P2","2022-02-18T23:03:39+01:00","2022-02-19T00:20:43+01:00","César Ritz Colleges Switzerland","Route Cantonale",51,null,1897,"Bouveret","CH","Suisse",42,"Planification","Hôpital Riviera-Chablais (HRC)","Route du Vieux-Séquoia",20,null,1847,"Rennaz","CH","Suisse","False","VS22005113","Accident","Masculin","Claasen","Enrique","2002-08-14","Route Cantonale",51,"César Ritz Colleges Switzerland",1897,"Bouveret","CH","Suisse","Allianz Worldwide Care","1756.5104.7291.32",125,"Établissement",null,null,null,"Grand-Rue",40,null,1820,"Montreux","CH","Suisse","Antaé - Allianz Worldwide Care","VS.9540","Matériel - Prestation standard",null,1,0,null,0]
[4770,"2022-02-25",895,null,18468,3,"Ambulance Clerc","Monthey","P1","2022-02-19T01:58:07+01:00","2022-02-19T03:15:53+01:00",null,"Avenue de la Gare",36,null,1870,"Monthey","CH","Suisse",35,"Planification","Hôpital Riviera-Chablais (HRC)","Route du Vieux-Séquoia",20,null,1847,"Rennaz","CH","Suisse","False","VS22005119","Maladie","Féminin","Marilley","Valéria","1994-12-10","Avenue de Chillon",72,null,1820,"Territet","CH","Suisse","CONCORDIA Schweiz. Kranken- und Unfallversicherung AG","1756.6388.3594.28",1,"Personne","Féminin","Marilley","Valéria","Quai Maria-Belgia",18,"p.a. Service des curatelles et tutelles professionnelles",1800,"Vevey","CH","Suisse",null,9401,"Taxe de base sauvetage P1",null,1,300,null,300]
[4770,"2022-02-25",895,null,18468,3,"Ambulance Clerc","Monthey","P1","2022-02-19T01:58:07+01:00","2022-02-19T03:15:53+01:00",null,"Avenue de la Gare",36,null,1870,"Monthey","CH","Suisse",35,"Planification","Hôpital Riviera-Chablais (HRC)","Route du Vieux-Séquoia",20,null,1847,"Rennaz","CH","Suisse","False","VS22005119","Maladie","Féminin","Marilley","Valéria","1994-12-10","Avenue de Chillon",72,null,1820,"Territet","CH","Suisse","CONCORDIA Schweiz. Kranken- und Unfallversicherung AG","1756.6388.3594.28",1,"Personne","Féminin","Marilley","Valéria","Quai Maria-Belgia",18,"p.a. Service des curatelles et tutelles professionnelles",1800,"Vevey","CH","Suisse",null,9404,"Indemnisation kilométrique",null,35,4.5,"km",157.5]
[4770,"2022-02-25",895,null,18468,3,"Ambulance Clerc","Monthey","P1","2022-02-19T01:58:07+01:00","2022-02-19T03:15:53+01:00",null,"Avenue de la Gare",36,null,1870,"Monthey","CH","Suisse",35,"Planification","Hôpital Riviera-Chablais (HRC)","Route du Vieux-Séquoia",20,null,1847,"Rennaz","CH","Suisse","False","VS22005119","Maladie","Féminin","Marilley","Valéria","1994-12-10","Avenue de Chillon",72,null,1820,"Territet","CH","Suisse","CONCORDIA Schweiz. Kranken- und Unfallversicherung AG","1756.6388.3594.28",1,"Personne","Féminin","Marilley","Valéria","Quai Maria-Belgia",18,"p.a. Service des curatelles et tutelles professionnelles",1800,"Vevey","CH","Suisse",null,9411,"Personnel soignant reconnu (par personne et par quart d'heure entamé)",null,10,35,"¼ d'heure",350]
[4770,"2022-02-25",895,null,18468,3,"Ambulance Clerc","Monthey","P1","2022-02-19T01:58:07+01:00","2022-02-19T03:15:53+01:00",null,"Avenue de la Gare",36,null,1870,"Monthey","CH","Suisse",35,"Planification","Hôpital Riviera-Chablais (HRC)","Route du Vieux-Séquoia",20,null,1847,"Rennaz","CH","Suisse","False","VS22005119","Maladie","Féminin","Marilley","Valéria","1994-12-10","Avenue de Chillon",72,null,1820,"Territet","CH","Suisse","CONCORDIA Schweiz. Kranken- und Unfallversicherung AG","1756.6388.3594.28",1,"Personne","Féminin","Marilley","Valéria","Quai Maria-Belgia",18,"p.a. Service des curatelles et tutelles professionnelles",1800,"Vevey","CH","Suisse",null,9431,"Supplément de nuit",null,1,87.5,null,87.5]
[4770,"2022-02-25",895,null,18468,3,"Ambulance Clerc","Monthey","P1","2022-02-19T01:58:07+01:00","2022-02-19T03:15:53+01:00",null,"Avenue de la Gare",36,null,1870,"Monthey","CH","Suisse",35,"Planification","Hôpital Riviera-Chablais (HRC)","Route du Vieux-Séquoia",20,null,1847,"Rennaz","CH","Suisse","False","VS22005119","Maladie","Féminin","Marilley","Valéria","1994-12-10","Avenue de Chillon",72,null,1820,"Territet","CH","Suisse","CONCORDIA Schweiz. Kranken- und Unfallversicherung AG","1756.6388.3594.28",1,"Personne","Féminin","Marilley","Valéria","Quai Maria-Belgia",18,"p.a. Service des curatelles et tutelles professionnelles",1800,"Vevey","CH","Suisse",null,9440,"Matériel - Prestation standard",null,1,0,null,0]
[4776,"2022-02-25",886.5,null,18506,3,"Ambulance Clerc","Monthey","P2","2022-02-19T12:36:58+01:00","2022-02-19T14:01:25+01:00",null,"Chemin de la Vesenaye",12,null,1896,"Vouvry","CH","Suisse",37,"Planification","Hôpital Riviera-Chablais (HRC)","Route du Vieux-Séquoia",20,null,1847,"Rennaz","CH","Suisse","False","VS22005161","Maladie","Masculin","Lopes Nogueira","Raphaël","2015-03-10","Chemin de la Vesenaye",12,null,1896,"Vouvry","CH","Suisse","Mutuel Assurance Maladie SA","1756.7517.1035.30",1,"Personne","Masculin","Da Cruz Nogueira","Luis Rafael","Chemin de la Vesenaye",12,null,1896,"Vouvry","CH","Suisse",null,9402,"Taxe de base transport P2",null,1,300,null,300]
[4776,"2022-02-25",886.5,null,18506,3,"Ambulance Clerc","Monthey","P2","2022-02-19T12:36:58+01:00","2022-02-19T14:01:25+01:00",null,"Chemin de la Vesenaye",12,null,1896,"Vouvry","CH","Suisse",37,"Planification","Hôpital Riviera-Chablais (HRC)","Route du Vieux-Séquoia",20,null,1847,"Rennaz","CH","Suisse","False","VS22005161","Maladie","Masculin","Lopes Nogueira","Raphaël","2015-03-10","Chemin de la Vesenaye",12,null,1896,"Vouvry","CH","Suisse","Mutuel Assurance Maladie SA","1756.7517.1035.30",1,"Personne","Masculin","Da Cruz Nogueira","Luis Rafael","Chemin de la Vesenaye",12,null,1896,"Vouvry","CH","Suisse",null,9404,"Indemnisation kilométrique",null,37,4.5,"km",166.5]
[4776,"2022-02-25",886.5,null,18506,3,"Ambulance Clerc","Monthey","P2","2022-02-19T12:36:58+01:00","2022-02-19T14:01:25+01:00",null,"Chemin de la Vesenaye",12,null,1896,"Vouvry","CH","Suisse",37,"Planification","Hôpital Riviera-Chablais (HRC)","Route du Vieux-Séquoia",20,null,1847,"Rennaz","CH","Suisse","False","VS22005161","Maladie","Masculin","Lopes Nogueira","Raphaël","2015-03-10","Chemin de la Vesenaye",12,null,1896,"Vouvry","CH","Suisse","Mutuel Assurance Maladie SA","1756.7517.1035.30",1,"Personne","Masculin","Da Cruz Nogueira","Luis Rafael","Chemin de la Vesenaye",12,null,1896,"Vouvry","CH","Suisse",null,9411,"Personnel soignant reconnu (par personne et par quart d'heure entamé)",null,12,35,"¼ d'heure",420]
[4776,"2022-02-25",886.5,null,18506,3,"Ambulance Clerc","Monthey","P2","2022-02-19T12:36:58+01:00","2022-02-19T14:01:25+01:00",null,"Chemin de la Vesenaye",12,null,1896,"Vouvry","CH","Suisse",37,"Planification","Hôpital Riviera-Chablais (HRC)","Route du Vieux-Séquoia",20,null,1847,"Rennaz","CH","Suisse","False","VS22005161","Maladie","Masculin","Lopes Nogueira","Raphaël","2015-03-10","Chemin de la Vesenaye",12,null,1896,"Vouvry","CH","Suisse","Mutuel Assurance Maladie SA","1756.7517.1035.30",1,"Personne","Masculin","Da Cruz Nogueira","Luis Rafael","Chemin de la Vesenaye",12,null,1896,"Vouvry","CH","Suisse",null,9440,"Matériel - Prestation standard",null,1,0,null,0]
[4786,"2022-02-25",1120,null,18515,3,"Ambulance Clerc","Monthey","P1","2022-02-19T13:33:13+01:00","2022-02-19T15:29:20+01:00",null,"Chemin de Cheseaux",17,null,1872,"Troistorrents","CH","Suisse",40,"Planification","Hôpital Riviera-Chablais (HRC)","Route du Vieux-Séquoia",20,null,1847,"Rennaz","CH","Suisse","False","VS22005171","Maladie","Masculin","Gambetta","Enrico","1946-01-28","Chemin de Cheseaux",17,null,1872,"Troistorrents","CH","Suisse","Assura-Basis SA","1756.4556.6674.98",1,"Personne","Masculin","Gambetta","Enrico","Chemin de Cheseaux",17,null,1872,"Troistorrents","CH","Suisse",null,9401,"Taxe de base sauvetage P1",null,1,300,null,300]
[4786,"2022-02-25",1120,null,18515,3,"Ambulance Clerc","Monthey","P1","2022-02-19T13:33:13+01:00","2022-02-19T15:29:20+01:00",null,"Chemin de Cheseaux",17,null,1872,"Troistorrents","CH","Suisse",40,"Planification","Hôpital Riviera-Chablais (HRC)","Route du Vieux-Séquoia",20,null,1847,"Rennaz","CH","Suisse","False","VS22005171","Maladie","Masculin","Gambetta","Enrico","1946-01-28","Chemin de Cheseaux",17,null,1872,"Troistorrents","CH","Suisse","Assura-Basis SA","1756.4556.6674.98",1,"Personne","Masculin","Gambetta","Enrico","Chemin de Cheseaux",17,null,1872,"Troistorrents","CH","Suisse",null,9404,"Indemnisation kilométrique",null,40,4.5,"km",180]
[4786,"2022-02-25",1120,null,18515,3,"Ambulance Clerc","Monthey","P1","2022-02-19T13:33:13+01:00","2022-02-19T15:29:20+01:00",null,"Chemin de Cheseaux",17,null,1872,"Troistorrents","CH","Suisse",40,"Planification","Hôpital Riviera-Chablais (HRC)","Route du Vieux-Séquoia",20,null,1847,"Rennaz","CH","Suisse","False","VS22005171","Maladie","Masculin","Gambetta","Enrico","1946-01-28","Chemin de Cheseaux",17,null,1872,"Troistorrents","CH","Suisse","Assura-Basis SA","1756.4556.6674.98",1,"Personne","Masculin","Gambetta","Enrico","Chemin de Cheseaux",17,null,1872,"Troistorrents","CH","Suisse",null,9411,"Personnel soignant reconnu (par personne et par quart d'heure entamé)",null,16,35,"¼ d'heure",560]
[4786,"2022-02-25",1120,null,18515,3,"Ambulance Clerc","Monthey","P1","2022-02-19T13:33:13+01:00","2022-02-19T15:29:20+01:00",null,"Chemin de Cheseaux",17,null,1872,"Troistorrents","CH","Suisse",40,"Planification","Hôpital Riviera-Chablais (HRC)","Route du Vieux-Séquoia",20,null,1847,"Rennaz","CH","Suisse","False","VS22005171","Maladie","Masculin","Gambetta","Enrico","1946-01-28","Chemin de Cheseaux",17,null,1872,"Troistorrents","CH","Suisse","Assura-Basis SA","1756.4556.6674.98",1,"Personne","Masculin","Gambetta","Enrico","Chemin de Cheseaux",17,null,1872,"Troistorrents","CH","Suisse",null,9441,"Matériel - Prestation standard élargie",null,1,80,null,80]
[4787,"2022-02-25",1084,null,18535,3,"Ambulance Clerc","Monthey","P1","2022-02-19T14:56:48+01:00","2022-02-19T16:56:32+01:00",null,"Rue du Village",95,null,1874,"Champéry","CH","Suisse",32,"Planification",null,null,null,null,null,null,"CH","Suisse","False","VS22005191","Maladie","Masculin","Le Flem","Alan Yannick","1981-11-26","Rue Alexandre Bickart",37,null,77500,"Chelles","FR","France","Vital",null,null,"Personne","Masculin","Le Flem","Alan Yannick","Rue Alexandre Bickart",37,null,77500,"Chelles","FR","France",null,9401,"Taxe de base sauvetage P1",null,1,300,null,300]
[4787,"2022-02-25",1084,null,18535,3,"Ambulance Clerc","Monthey","P1","2022-02-19T14:56:48+01:00","2022-02-19T16:56:32+01:00",null,"Rue du Village",95,null,1874,"Champéry","CH","Suisse",32,"Planification",null,null,null,null,null,null,"CH","Suisse","False","VS22005191","Maladie","Masculin","Le Flem","Alan Yannick","1981-11-26","Rue Alexandre Bickart",37,null,77500,"Chelles","FR","France","Vital",null,null,"Personne","Masculin","Le Flem","Alan Yannick","Rue Alexandre Bickart",37,null,77500,"Chelles","FR","France",null,9404,"Indemnisation kilométrique",null,32,4.5,"km",144]
[4787,"2022-02-25",1084,null,18535,3,"Ambulance Clerc","Monthey","P1","2022-02-19T14:56:48+01:00","2022-02-19T16:56:32+01:00",null,"Rue du Village",95,null,1874,"Champéry","CH","Suisse",32,"Planification",null,null,null,null,null,null,"CH","Suisse","False","VS22005191","Maladie","Masculin","Le Flem","Alan Yannick","1981-11-26","Rue Alexandre Bickart",37,null,77500,"Chelles","FR","France","Vital",null,null,"Personne","Masculin","Le Flem","Alan Yannick","Rue Alexandre Bickart",37,null,77500,"Chelles","FR","France",null,9405,"Intervention sans transport de patient",null,1,0,null,0]
[4787,"2022-02-25",1084,null,18535,3,"Ambulance Clerc","Monthey","P1","2022-02-19T14:56:48+01:00","2022-02-19T16:56:32+01:00",null,"Rue du Village",95,null,1874,"Champéry","CH","Suisse",32,"Planification",null,null,null,null,null,null,"CH","Suisse","False","VS22005191","Maladie","Masculin","Le Flem","Alan Yannick","1981-11-26","Rue Alexandre Bickart",37,null,77500,"Chelles","FR","France","Vital",null,null,"Personne","Masculin","Le Flem","Alan Yannick","Rue Alexandre Bickart",37,null,77500,"Chelles","FR","France",null,9411,"Personnel soignant reconnu (par personne et par quart d'heure entamé)",null,16,35,"¼ d'heure",560]
[4787,"2022-02-25",1084,null,18535,3,"Ambulance Clerc","Monthey","P1","2022-02-19T14:56:48+01:00","2022-02-19T16:56:32+01:00",null,"Rue du Village",95,null,1874,"Champéry","CH","Suisse",32,"Planification",null,null,null,null,null,null,"CH","Suisse","False","VS22005191","Maladie","Masculin","Le Flem","Alan Yannick","1981-11-26","Rue Alexandre Bickart",37,null,77500,"Chelles","FR","France","Vital",null,null,"Personne","Masculin","Le Flem","Alan Yannick","Rue Alexandre Bickart",37,null,77500,"Chelles","FR","France",null,9441,"Matériel - Prestation standard élargie",null,1,80,null,80]
[4788,"2022-02-25",962,null,18539,3,"Ambulance Clerc","Monthey","P1","2022-02-19T15:30:39+01:00","2022-02-19T16:59:09+01:00",null,"Route du Léman",69,null,1895,"Vionnaz","CH","Suisse",36,"Planification","Hôpital Riviera-Chablais (HRC)","Route du Vieux-Séquoia",20,null,1847,"Rennaz","CH","Suisse","False","VS22005195","Accident","Féminin","Rosso","Isabelle","1966-05-15","Avenue des Jaisou ",3,"Résidence Le Pin Scarabin C, appartement 3111",6530,"Peymeinade","FR","France","Groupe Mutuel Assurances GMA SA","1756.4308.8599.59",5,"Établissement",null,null,null,"Cèdres",5,null,1920,"Martigny","CH","Suisse","Mutuel Assurances SA","VS.9501","Taxe de base sauvetage P1",null,1,300,null,300]
[4788,"2022-02-25",962,null,18539,3,"Ambulance Clerc","Monthey","P1","2022-02-19T15:30:39+01:00","2022-02-19T16:59:09+01:00",null,"Route du Léman",69,null,1895,"Vionnaz","CH","Suisse",36,"Planification","Hôpital Riviera-Chablais (HRC)","Route du Vieux-Séquoia",20,null,1847,"Rennaz","CH","Suisse","False","VS22005195","Accident","Féminin","Rosso","Isabelle","1966-05-15","Avenue des Jaisou ",3,"Résidence Le Pin Scarabin C, appartement 3111",6530,"Peymeinade","FR","France","Groupe Mutuel Assurances GMA SA","1756.4308.8599.59",5,"Établissement",null,null,null,"Cèdres",5,null,1920,"Martigny","CH","Suisse","Mutuel Assurances SA","VS.9504","Indemnisation kilométrique",null,36,4.5,"km",162]
[4788,"2022-02-25",962,null,18539,3,"Ambulance Clerc","Monthey","P1","2022-02-19T15:30:39+01:00","2022-02-19T16:59:09+01:00",null,"Route du Léman",69,null,1895,"Vionnaz","CH","Suisse",36,"Planification","Hôpital Riviera-Chablais (HRC)","Route du Vieux-Séquoia",20,null,1847,"Rennaz","CH","Suisse","False","VS22005195","Accident","Féminin","Rosso","Isabelle","1966-05-15","Avenue des Jaisou ",3,"Résidence Le Pin Scarabin C, appartement 3111",6530,"Peymeinade","FR","France","Groupe Mutuel Assurances GMA SA","1756.4308.8599.59",5,"Établissement",null,null,null,"Cèdres",5,null,1920,"Martigny","CH","Suisse","Mutuel Assurances SA","VS.9511","Personnel soignant reconnu (par personne et par quart d'heure entamé)",null,12,35,"¼ d'heure",420]
[4788,"2022-02-25",962,null,18539,3,"Ambulance Clerc","Monthey","P1","2022-02-19T15:30:39+01:00","2022-02-19T16:59:09+01:00",null,"Route du Léman",69,null,1895,"Vionnaz","CH","Suisse",36,"Planification","Hôpital Riviera-Chablais (HRC)","Route du Vieux-Séquoia",20,null,1847,"Rennaz","CH","Suisse","False","VS22005195","Accident","Féminin","Rosso","Isabelle","1966-05-15","Avenue des Jaisou ",3,"Résidence Le Pin Scarabin C, appartement 3111",6530,"Peymeinade","FR","France","Groupe Mutuel Assurances GMA SA","1756.4308.8599.59",5,"Établissement",null,null,null,"Cèdres",5,null,1920,"Martigny","CH","Suisse","Mutuel Assurances SA","VS.9541","Matériel - Prestation standard élargie",null,1,80,null,80]
[4789,"2022-02-25",350,"2381838/26",18542,3,"Ambulance Clerc","Monthey","S3","2022-02-19T15:40:28+01:00","2022-02-19T17:45:23+01:00","Hôpital de Sion","Avenue du Grand-Champsec",80,null,1950,"Sion","CH","Suisse",135,"Privée","Hôpital de Sierre","Rue Saint-Charles",14,null,3960,"Sierre","CH","Suisse","False","VS22005198","Maladie","Masculin","Humair","Roland","1945-03-11","Route de Grimentz",13,null,3961,"Vissoie","CH","Suisse","Assura-Basis SA","2756.2232.7003.54",101,"Établissement",null,null,null,"Avenue Grand-Champsec",86,"Case postale 696",1951,"Sion","CH","Suisse","Hôpital du Valais - Direction des Finances/Service des fournisseurs (facturation)","HVS.12J","Forfait S3 HVS Sion - HVS Sierre","Trajet simple journée (08h00-20h00)",1,350,null,350]
[4790,"2022-02-25",882,null,18548,3,"Ambulance Clerc","Monthey","P1","2022-02-19T16:20:45+01:00","2022-02-19T17:45:11+01:00",null,"Chemin du Châble de la Roche",13,null,1898,"St-Gingolph","CH","Suisse",36,"Privée","Hôpital Riviera-Chablais (HRC)","Route du Vieux-Séquoia",20,null,1847,"Rennaz","CH","Suisse","False","VS22005210","Maladie","Masculin","Auderset","Bruno","1954-05-02","Chemin du Châble de la Roche",13,null,1898,"St-Gingolph","CH","Suisse","SWICA Krankenversicherung","2756.8114.1936.58",1,"Personne","Masculin","Auderset","Bruno","Chemin du Châble de la Roche",13,null,1898,"St-Gingolph","CH","Suisse",null,9401,"Taxe de base sauvetage P1",null,1,300,null,300]
[4790,"2022-02-25",882,null,18548,3,"Ambulance Clerc","Monthey","P1","2022-02-19T16:20:45+01:00","2022-02-19T17:45:11+01:00",null,"Chemin du Châble de la Roche",13,null,1898,"St-Gingolph","CH","Suisse",36,"Privée","Hôpital Riviera-Chablais (HRC)","Route du Vieux-Séquoia",20,null,1847,"Rennaz","CH","Suisse","False","VS22005210","Maladie","Masculin","Auderset","Bruno","1954-05-02","Chemin du Châble de la Roche",13,null,1898,"St-Gingolph","CH","Suisse","SWICA Krankenversicherung","2756.8114.1936.58",1,"Personne","Masculin","Auderset","Bruno","Chemin du Châble de la Roche",13,null,1898,"St-Gingolph","CH","Suisse",null,9404,"Indemnisation kilométrique",null,36,4.5,"km",162]
[4790,"2022-02-25",882,null,18548,3,"Ambulance Clerc","Monthey","P1","2022-02-19T16:20:45+01:00","2022-02-19T17:45:11+01:00",null,"Chemin du Châble de la Roche",13,null,1898,"St-Gingolph","CH","Suisse",36,"Privée","Hôpital Riviera-Chablais (HRC)","Route du Vieux-Séquoia",20,null,1847,"Rennaz","CH","Suisse","False","VS22005210","Maladie","Masculin","Auderset","Bruno","1954-05-02","Chemin du Châble de la Roche",13,null,1898,"St-Gingolph","CH","Suisse","SWICA Krankenversicherung","2756.8114.1936.58",1,"Personne","Masculin","Auderset","Bruno","Chemin du Châble de la Roche",13,null,1898,"St-Gingolph","CH","Suisse",null,9411,"Personnel soignant reconnu (par personne et par quart d'heure entamé)",null,12,35,"¼ d'heure",420]
[4790,"2022-02-25",882,null,18548,3,"Ambulance Clerc","Monthey","P1","2022-02-19T16:20:45+01:00","2022-02-19T17:45:11+01:00",null,"Chemin du Châble de la Roche",13,null,1898,"St-Gingolph","CH","Suisse",36,"Privée","Hôpital Riviera-Chablais (HRC)","Route du Vieux-Séquoia",20,null,1847,"Rennaz","CH","Suisse","False","VS22005210","Maladie","Masculin","Auderset","Bruno","1954-05-02","Chemin du Châble de la Roche",13,null,1898,"St-Gingolph","CH","Suisse","SWICA Krankenversicherung","2756.8114.1936.58",1,"Personne","Masculin","Auderset","Bruno","Chemin du Châble de la Roche",13,null,1898,"St-Gingolph","CH","Suisse",null,9440,"Matériel - Prestation standard",null,1,0,null,0]
[4793,"2022-02-25",1029,"2572467/24",17924,3,"Ambulance Clerc","Uvrier","S3","2022-02-13T14:54:46+01:00","2022-02-13T17:37:15+01:00","Hôpital de Malévoz","Route de Morgins",10,null,1870,"Monthey","CH","Suisse",112,"Privée","Hôpital de Sion","Avenue du Grand-Champsec",80,null,1950,"Sion","CH","Suisse","False","VS22004548","Maladie","Féminin","Pauli-Rieder","Sylvie","1945-02-17","Route des Ronquoz","8C","Immeuble Naïades C8",1913,"Saillon","CH","Suisse","SWICA Krankenversicherung","2756.9870.5918.56",101,"Établissement",null,null,null,"Avenue Grand-Champsec",86,"Case postale 696",1951,"Sion","CH","Suisse","Hôpital du Valais - Direction des Finances/Service des fournisseurs (facturation)","HVS.71N","Forfait S3 Malévoz - HVS Sion","Trajet simple nuit (20h00-08h00) ou dimanches et jours fériés",1,1029,null,1029]
[4794,"2022-02-25",660,null,17949,3,"Ambulance Clerc","Uvrier","S3","2022-02-13T17:48:04+01:00","2022-02-13T19:40:44+01:00","Hôpital de Martigny","Avenue de la Fusion",27,null,1920,"Martigny","CH","Suisse",70,"Privée","Hôpital de Sion","Avenue du Grand-Champsec",80,null,1950,"Sion","CH","Suisse","False","VS22004574","Maladie","Féminin","Da Silva Soares Gonçalves","Anna Maria","1965-12-06","Rue du Castel",6,null,1920,"Martigny","LK","Sri Lanka","Philos Assurance Maladie SA","2756.7979.1057.21",101,"Établissement",null,null,null,"Avenue Grand-Champsec",86,"Case postale 696",1951,"Sion","CH","Suisse","Hôpital du Valais - Direction des Finances/Service des fournisseurs (facturation)","HVS.31N","Forfait S3 HVS Martigny - HVS Sion","Trajet simple nuit (20h00-08h00) ou dimanches et jours fériés",1,660,null,660]
[4795,"2022-02-25",554,null,18560,3,"Ambulance Clerc","Monthey","S2","2022-02-19T17:45:38+01:00","2022-02-19T19:40:21+01:00","Hôpital Riviera-Chablais (HRC)","Route du Vieux-Séquoia",20,null,1847,"Rennaz","CH","Suisse",83,"Privée","CHUV Hôpital universitaire de Lausanne","Rue du Bugnon",46,null,1006,"Lausanne","CH","Suisse","False","VS22005222","Maladie","Masculin","Paun","Savu","1966-11-04","Route de la Léchère",59,null,1614,"Granges (Veveyse)","CH","Suisse","SWICA Krankenversicherung","2756.7124.7807.97",100,"Établissement",null,null,null,"Route du Vieux-Séquoia",20,null,1847,"Rennaz","CH","Suisse","Hôpital Riviera-Chablais Vaud-Valais - Fournisseurs (facturation)","HRC.110J","Forfait S2 Rennaz - CHUV","Trajet simple journée (07h00-19h00)",1,554,null,554]
[4796,"2022-02-25",841.5,null,18559,3,"Ambulance Clerc","Monthey","P1","2022-02-19T18:04:45+01:00","2022-02-19T19:26:12+01:00",null,"Chemin de la Ficelletaz",9,null,1875,"Morgins","CH","Suisse",27,"Planification",null,null,null,null,null,null,null,null,"True","VS22005221","Maladie","Masculin","Baroni","Lancelot","2021-03-11","Rue des Vernes",14,null,2013,"Colombier NE","CH","Suisse","Assura-Basis SA","1756.8001.3804.75",1,"Personne","Féminin","Baroni","Cindy","Rue des Vernes",14,null,2013,"Colombier NE","CH","Suisse",null,9401,"Taxe de base sauvetage P1",null,1,300,null,300]
[4796,"2022-02-25",841.5,null,18559,3,"Ambulance Clerc","Monthey","P1","2022-02-19T18:04:45+01:00","2022-02-19T19:26:12+01:00",null,"Chemin de la Ficelletaz",9,null,1875,"Morgins","CH","Suisse",27,"Planification",null,null,null,null,null,null,null,null,"True","VS22005221","Maladie","Masculin","Baroni","Lancelot","2021-03-11","Rue des Vernes",14,null,2013,"Colombier NE","CH","Suisse","Assura-Basis SA","1756.8001.3804.75",1,"Personne","Féminin","Baroni","Cindy","Rue des Vernes",14,null,2013,"Colombier NE","CH","Suisse",null,9404,"Indemnisation kilométrique",null,27,4.5,"km",121.5]
[4796,"2022-02-25",841.5,null,18559,3,"Ambulance Clerc","Monthey","P1","2022-02-19T18:04:45+01:00","2022-02-19T19:26:12+01:00",null,"Chemin de la Ficelletaz",9,null,1875,"Morgins","CH","Suisse",27,"Planification",null,null,null,null,null,null,null,null,"True","VS22005221","Maladie","Masculin","Baroni","Lancelot","2021-03-11","Rue des Vernes",14,null,2013,"Colombier NE","CH","Suisse","Assura-Basis SA","1756.8001.3804.75",1,"Personne","Féminin","Baroni","Cindy","Rue des Vernes",14,null,2013,"Colombier NE","CH","Suisse",null,9411,"Personnel soignant reconnu (par personne et par quart d'heure entamé)",null,12,35,"¼ d'heure",420]
[4796,"2022-02-25",841.5,null,18559,3,"Ambulance Clerc","Monthey","P1","2022-02-19T18:04:45+01:00","2022-02-19T19:26:12+01:00",null,"Chemin de la Ficelletaz",9,null,1875,"Morgins","CH","Suisse",27,"Planification",null,null,null,null,null,null,null,null,"True","VS22005221","Maladie","Masculin","Baroni","Lancelot","2021-03-11","Rue des Vernes",14,null,2013,"Colombier NE","CH","Suisse","Assura-Basis SA","1756.8001.3804.75",1,"Personne","Féminin","Baroni","Cindy","Rue des Vernes",14,null,2013,"Colombier NE","CH","Suisse",null,9440,"Matériel - Prestation standard",null,1,0,null,0]
[4797,"2022-02-25",855.5,null,17956,3,"Ambulance Clerc","Uvrier","S3","2022-02-13T20:01:12+01:00","2022-02-13T21:33:37+01:00","Hôpital de Martigny","Avenue de la Fusion",27,null,1920,"Martigny","CH","Suisse",29,"Privée","Tertianum Résidence Les Sources","Route du Léman","25A",null,1907,"Saxon","CH","Suisse","False","VS22004581","Maladie","Féminin","Dos Santos Madureira","Nathalie ","1956-10-25","Route du Léman","25A","Tertianum Résidence Les Sources",1907,"Saxon","CH","Suisse","Helsana Assurances SA","2756.3733.6863.90",2,"Personne","Féminin","Dos Santos Madureira","Nathalie ","Route du Léman","25A","Tertianum Résidence Les Sources",1907,"Saxon","CH","Suisse",null,"CLN.9403 ","Taxe de base transport S3",null,1,200,null,200]
[4797,"2022-02-25",855.5,null,17956,3,"Ambulance Clerc","Uvrier","S3","2022-02-13T20:01:12+01:00","2022-02-13T21:33:37+01:00","Hôpital de Martigny","Avenue de la Fusion",27,null,1920,"Martigny","CH","Suisse",29,"Privée","Tertianum Résidence Les Sources","Route du Léman","25A",null,1907,"Saxon","CH","Suisse","False","VS22004581","Maladie","Féminin","Dos Santos Madureira","Nathalie ","1956-10-25","Route du Léman","25A","Tertianum Résidence Les Sources",1907,"Saxon","CH","Suisse","Helsana Assurances SA","2756.3733.6863.90",2,"Personne","Féminin","Dos Santos Madureira","Nathalie ","Route du Léman","25A","Tertianum Résidence Les Sources",1907,"Saxon","CH","Suisse",null,"CLN.9404","Indemnisation kilométrique",null,29,4.5,"km",130.5]
[4797,"2022-02-25",855.5,null,17956,3,"Ambulance Clerc","Uvrier","S3","2022-02-13T20:01:12+01:00","2022-02-13T21:33:37+01:00","Hôpital de Martigny","Avenue de la Fusion",27,null,1920,"Martigny","CH","Suisse",29,"Privée","Tertianum Résidence Les Sources","Route du Léman","25A",null,1907,"Saxon","CH","Suisse","False","VS22004581","Maladie","Féminin","Dos Santos Madureira","Nathalie ","1956-10-25","Route du Léman","25A","Tertianum Résidence Les Sources",1907,"Saxon","CH","Suisse","Helsana Assurances SA","2756.3733.6863.90",2,"Personne","Féminin","Dos Santos Madureira","Nathalie ","Route du Léman","25A","Tertianum Résidence Les Sources",1907,"Saxon","CH","Suisse",null,"CLN.9411","Personnel soignant reconnu (par personne et par quart d'heure entamé)","2 collaborateur(s) x 6 quarts d’heure",12,35,"¼ d'heure",420]
[4797,"2022-02-25",855.5,null,17956,3,"Ambulance Clerc","Uvrier","S3","2022-02-13T20:01:12+01:00","2022-02-13T21:33:37+01:00","Hôpital de Martigny","Avenue de la Fusion",27,null,1920,"Martigny","CH","Suisse",29,"Privée","Tertianum Résidence Les Sources","Route du Léman","25A",null,1907,"Saxon","CH","Suisse","False","VS22004581","Maladie","Féminin","Dos Santos Madureira","Nathalie ","1956-10-25","Route du Léman","25A","Tertianum Résidence Les Sources",1907,"Saxon","CH","Suisse","Helsana Assurances SA","2756.3733.6863.90",2,"Personne","Féminin","Dos Santos Madureira","Nathalie ","Route du Léman","25A","Tertianum Résidence Les Sources",1907,"Saxon","CH","Suisse",null,"CLN.9432","Supplément pour dimanche et jour férié","25% sur CHF 420.00",1,105,null,105]
[4798,"2022-02-25",854.5,null,18588,3,"Ambulance Clerc","Monthey","P1","2022-02-20T07:25:00+01:00","2022-02-20T08:41:56+01:00",null,"Chemin de St-Maurice",1,null,1869,"Massongex","CH","Suisse",26,"Planification",null,null,null,null,null,null,null,null,"True","VS22005250","Accident","Masculin","Hagen","Jean-Claude","1945-02-15","Chemin de St Maurice",1,null,1869,"Massongex","CH","Suisse","CSS Kranken- Versicherung AG","1756.3096.5545.27",1,"Personne","Masculin","Hagen","Jean-Claude","Chemin de St Maurice",1,null,1869,"Massongex","CH","Suisse",null,9401,"Taxe de base sauvetage P1",null,1,300,null,300]
[4798,"2022-02-25",854.5,null,18588,3,"Ambulance Clerc","Monthey","P1","2022-02-20T07:25:00+01:00","2022-02-20T08:41:56+01:00",null,"Chemin de St-Maurice",1,null,1869,"Massongex","CH","Suisse",26,"Planification",null,null,null,null,null,null,null,null,"True","VS22005250","Accident","Masculin","Hagen","Jean-Claude","1945-02-15","Chemin de St Maurice",1,null,1869,"Massongex","CH","Suisse","CSS Kranken- Versicherung AG","1756.3096.5545.27",1,"Personne","Masculin","Hagen","Jean-Claude","Chemin de St Maurice",1,null,1869,"Massongex","CH","Suisse",null,9404,"Indemnisation kilométrique",null,26,4.5,"km",117]
[4798,"2022-02-25",854.5,null,18588,3,"Ambulance Clerc","Monthey","P1","2022-02-20T07:25:00+01:00","2022-02-20T08:41:56+01:00",null,"Chemin de St-Maurice",1,null,1869,"Massongex","CH","Suisse",26,"Planification",null,null,null,null,null,null,null,null,"True","VS22005250","Accident","Masculin","Hagen","Jean-Claude","1945-02-15","Chemin de St Maurice",1,null,1869,"Massongex","CH","Suisse","CSS Kranken- Versicherung AG","1756.3096.5545.27",1,"Personne","Masculin","Hagen","Jean-Claude","Chemin de St Maurice",1,null,1869,"Massongex","CH","Suisse",null,9405,"Intervention sans transport de patient",null,1,0,null,0]
[4798,"2022-02-25",854.5,null,18588,3,"Ambulance Clerc","Monthey","P1","2022-02-20T07:25:00+01:00","2022-02-20T08:41:56+01:00",null,"Chemin de St-Maurice",1,null,1869,"Massongex","CH","Suisse",26,"Planification",null,null,null,null,null,null,null,null,"True","VS22005250","Accident","Masculin","Hagen","Jean-Claude","1945-02-15","Chemin de St Maurice",1,null,1869,"Massongex","CH","Suisse","CSS Kranken- Versicherung AG","1756.3096.5545.27",1,"Personne","Masculin","Hagen","Jean-Claude","Chemin de St Maurice",1,null,1869,"Massongex","CH","Suisse",null,9411,"Personnel soignant reconnu (par personne et par quart d'heure entamé)",null,10,35,"¼ d'heure",350]
[4798,"2022-02-25",854.5,null,18588,3,"Ambulance Clerc","Monthey","P1","2022-02-20T07:25:00+01:00","2022-02-20T08:41:56+01:00",null,"Chemin de St-Maurice",1,null,1869,"Massongex","CH","Suisse",26,"Planification",null,null,null,null,null,null,null,null,"True","VS22005250","Accident","Masculin","Hagen","Jean-Claude","1945-02-15","Chemin de St Maurice",1,null,1869,"Massongex","CH","Suisse","CSS Kranken- Versicherung AG","1756.3096.5545.27",1,"Personne","Masculin","Hagen","Jean-Claude","Chemin de St Maurice",1,null,1869,"Massongex","CH","Suisse",null,9431,"Supplément de nuit",null,1,87.5,null,87.5]
[4798,"2022-02-25",854.5,null,18588,3,"Ambulance Clerc","Monthey","P1","2022-02-20T07:25:00+01:00","2022-02-20T08:41:56+01:00",null,"Chemin de St-Maurice",1,null,1869,"Massongex","CH","Suisse",26,"Planification",null,null,null,null,null,null,null,null,"True","VS22005250","Accident","Masculin","Hagen","Jean-Claude","1945-02-15","Chemin de St Maurice",1,null,1869,"Massongex","CH","Suisse","CSS Kranken- Versicherung AG","1756.3096.5545.27",1,"Personne","Masculin","Hagen","Jean-Claude","Chemin de St Maurice",1,null,1869,"Massongex","CH","Suisse",null,9440,"Matériel - Prestation standard",null,1,0,null,0]
[4799,"2022-02-25",1148.5,null,18598,3,"Ambulance Clerc","Monthey","P1","2022-02-20T10:26:14+01:00","2022-02-20T12:18:14+01:00",null,"Chemin de la Belle-Ile",8,"Illarsaz",1893,"Muraz (Collombey)","CH","Suisse",33,"Planification","Hôpital Riviera-Chablais (HRC)","Route du Vieux-Séquoia",20,null,1847,"Rennaz","CH","Suisse","False","VS22005260","Maladie","Masculin","Luginbühl","Christian","1935-12-26","Chemin de la Belle-Ile",8,"Illarsaz",1893,"Muraz (Collombey)","CH","Suisse","Mutuel Assurance Maladie SA","1756.4680.5783.49",1,"Personne","Masculin","Luginbühl","Christian","Chemin de la Belle-Ile",8,"Illarsaz",1893,"Muraz (Collombey)","CH","Suisse",null,9401,"Taxe de base sauvetage P1",null,1,300,null,300]
[4799,"2022-02-25",1148.5,null,18598,3,"Ambulance Clerc","Monthey","P1","2022-02-20T10:26:14+01:00","2022-02-20T12:18:14+01:00",null,"Chemin de la Belle-Ile",8,"Illarsaz",1893,"Muraz (Collombey)","CH","Suisse",33,"Planification","Hôpital Riviera-Chablais (HRC)","Route du Vieux-Séquoia",20,null,1847,"Rennaz","CH","Suisse","False","VS22005260","Maladie","Masculin","Luginbühl","Christian","1935-12-26","Chemin de la Belle-Ile",8,"Illarsaz",1893,"Muraz (Collombey)","CH","Suisse","Mutuel Assurance Maladie SA","1756.4680.5783.49",1,"Personne","Masculin","Luginbühl","Christian","Chemin de la Belle-Ile",8,"Illarsaz",1893,"Muraz (Collombey)","CH","Suisse",null,9404,"Indemnisation kilométrique",null,33,4.5,"km",148.5]
[4799,"2022-02-25",1148.5,null,18598,3,"Ambulance Clerc","Monthey","P1","2022-02-20T10:26:14+01:00","2022-02-20T12:18:14+01:00",null,"Chemin de la Belle-Ile",8,"Illarsaz",1893,"Muraz (Collombey)","CH","Suisse",33,"Planification","Hôpital Riviera-Chablais (HRC)","Route du Vieux-Séquoia",20,null,1847,"Rennaz","CH","Suisse","False","VS22005260","Maladie","Masculin","Luginbühl","Christian","1935-12-26","Chemin de la Belle-Ile",8,"Illarsaz",1893,"Muraz (Collombey)","CH","Suisse","Mutuel Assurance Maladie SA","1756.4680.5783.49",1,"Personne","Masculin","Luginbühl","Christian","Chemin de la Belle-Ile",8,"Illarsaz",1893,"Muraz (Collombey)","CH","Suisse",null,9411,"Personnel soignant reconnu (par personne et par quart d'heure entamé)",null,16,35,"¼ d'heure",560]
[4799,"2022-02-25",1148.5,null,18598,3,"Ambulance Clerc","Monthey","P1","2022-02-20T10:26:14+01:00","2022-02-20T12:18:14+01:00",null,"Chemin de la Belle-Ile",8,"Illarsaz",1893,"Muraz (Collombey)","CH","Suisse",33,"Planification","Hôpital Riviera-Chablais (HRC)","Route du Vieux-Séquoia",20,null,1847,"Rennaz","CH","Suisse","False","VS22005260","Maladie","Masculin","Luginbühl","Christian","1935-12-26","Chemin de la Belle-Ile",8,"Illarsaz",1893,"Muraz (Collombey)","CH","Suisse","Mutuel Assurance Maladie SA","1756.4680.5783.49",1,"Personne","Masculin","Luginbühl","Christian","Chemin de la Belle-Ile",8,"Illarsaz",1893,"Muraz (Collombey)","CH","Suisse",null,9432,"Supplément pour dimanche et jour férié",null,1,140,null,140]
[4799,"2022-02-25",1148.5,null,18598,3,"Ambulance Clerc","Monthey","P1","2022-02-20T10:26:14+01:00","2022-02-20T12:18:14+01:00",null,"Chemin de la Belle-Ile",8,"Illarsaz",1893,"Muraz (Collombey)","CH","Suisse",33,"Planification","Hôpital Riviera-Chablais (HRC)","Route du Vieux-Séquoia",20,null,1847,"Rennaz","CH","Suisse","False","VS22005260","Maladie","Masculin","Luginbühl","Christian","1935-12-26","Chemin de la Belle-Ile",8,"Illarsaz",1893,"Muraz (Collombey)","CH","Suisse","Mutuel Assurance Maladie SA","1756.4680.5783.49",1,"Personne","Masculin","Luginbühl","Christian","Chemin de la Belle-Ile",8,"Illarsaz",1893,"Muraz (Collombey)","CH","Suisse",null,9440,"Matériel - Prestation standard",null,1,0,null,0]
[4801,"2022-02-25",1020,"2156490/22",18618,3,"Ambulance Clerc","Monthey","S3","2022-02-20T12:07:36+01:00","2022-02-20T15:15:49+01:00","Hôpital de Sion","Avenue du Grand-Champsec",80,null,1950,"Sion","CH","Suisse",157,"Privée","Hôpital de Brigue","Ueberlandstrasse",14,null,3900,"Brig","CH","Suisse","False","VS22005280","Maladie","Masculin","Mühlemann","Urs","1942-04-07","Bielti",15,null,3900,"Brig","CH","Suisse","sodalis gesundheitsgruppe","2756.8589.0239.24",101,"Établissement",null,null,null,"Avenue Grand-Champsec",86,"Case postale 696",1951,"Sion","CH","Suisse","Hôpital du Valais - Direction des Finances/Service des fournisseurs (facturation)","HVS.14N","Forfait S3 HVS Sion - SZO Brig","Trajet simple nuit (20h00-08h00) ou dimanches et jours fériés",1,1020,null,1020]
[4802,"2022-02-25",300,"2481848/16",18608,3,"Ambulance Clerc","Monthey","P2","2022-02-20T11:42:22+01:00","2022-02-20T12:21:59+01:00","Permanence médicale du Chablais (HRC)","Route de Morgins",54,null,1870,"Monthey","CH","Suisse",10,"Planification","Hôpital de Malévoz","Route de Morgins",10,null,1870,"Monthey","CH","Suisse","False","VS22005270","Accident","Masculin","Cabral Landim","Alberto","1977-02-09","Rue Pré-Borvey",7,null,1920,"Martigny","CH","Suisse","Groupe Mutuel Assurances GMA SA","1756.0909.2852.34",101,"Établissement",null,null,null,"Avenue Grand-Champsec",86,"Case postale 696",1951,"Sion","CH","Suisse","Hôpital du Valais - Direction des Finances/Service des fournisseurs (facturation)","HVS","Forfait S3 Permanence du Chablais - Malévoz","Trajet simple dimanche",1,300,null,300]
[4803,"2022-02-25",1288,null,18627,3,"Ambulance Clerc","Monthey","P2","2022-02-20T12:19:00+01:00","2022-02-20T14:12:37+01:00","Poste de secours","Chemin du Tunnel",null,null,1873,"Les Crosets","CH","Suisse",64,"Planification","Hôpital Riviera-Chablais (HRC)","Route du Vieux-Séquoia",20,null,1847,"Rennaz","CH","Suisse","False","VS22005290","Accident","Masculin","Dos Santos","Romain","1999-12-11","Chemin de Villars",20,null,1030,"Bussigny","CH","Suisse","Helsana Accidents SA","1756.4155.0185.23",1,"Personne","Masculin","Dos Santos","Romain","Chemin de Villars",20,null,1030,"Bussigny","CH","Suisse",null,"VS.9502","Taxe de base transport P2",null,1,300,null,300]
[4803,"2022-02-25",1288,null,18627,3,"Ambulance Clerc","Monthey","P2","2022-02-20T12:19:00+01:00","2022-02-20T14:12:37+01:00","Poste de secours","Chemin du Tunnel",null,null,1873,"Les Crosets","CH","Suisse",64,"Planification","Hôpital Riviera-Chablais (HRC)","Route du Vieux-Séquoia",20,null,1847,"Rennaz","CH","Suisse","False","VS22005290","Accident","Masculin","Dos Santos","Romain","1999-12-11","Chemin de Villars",20,null,1030,"Bussigny","CH","Suisse","Helsana Accidents SA","1756.4155.0185.23",1,"Personne","Masculin","Dos Santos","Romain","Chemin de Villars",20,null,1030,"Bussigny","CH","Suisse",null,"VS.9504","Indemnisation kilométrique",null,64,4.5,"km",288]
[4803,"2022-02-25",1288,null,18627,3,"Ambulance Clerc","Monthey","P2","2022-02-20T12:19:00+01:00","2022-02-20T14:12:37+01:00","Poste de secours","Chemin du Tunnel",null,null,1873,"Les Crosets","CH","Suisse",64,"Planification","Hôpital Riviera-Chablais (HRC)","Route du Vieux-Séquoia",20,null,1847,"Rennaz","CH","Suisse","False","VS22005290","Accident","Masculin","Dos Santos","Romain","1999-12-11","Chemin de Villars",20,null,1030,"Bussigny","CH","Suisse","Helsana Accidents SA","1756.4155.0185.23",1,"Personne","Masculin","Dos Santos","Romain","Chemin de Villars",20,null,1030,"Bussigny","CH","Suisse",null,"VS.9511","Personnel soignant reconnu (par personne et par quart d'heure entamé)",null,16,35,"¼ d'heure",560]
[4803,"2022-02-25",1288,null,18627,3,"Ambulance Clerc","Monthey","P2","2022-02-20T12:19:00+01:00","2022-02-20T14:12:37+01:00","Poste de secours","Chemin du Tunnel",null,null,1873,"Les Crosets","CH","Suisse",64,"Planification","Hôpital Riviera-Chablais (HRC)","Route du Vieux-Séquoia",20,null,1847,"Rennaz","CH","Suisse","False","VS22005290","Accident","Masculin","Dos Santos","Romain","1999-12-11","Chemin de Villars",20,null,1030,"Bussigny","CH","Suisse","Helsana Accidents SA","1756.4155.0185.23",1,"Personne","Masculin","Dos Santos","Romain","Chemin de Villars",20,null,1030,"Bussigny","CH","Suisse",null,"VS.9532","Supplément pour week-end et jour férié",null,1,140,null,140]
[4803,"2022-02-25",1288,null,18627,3,"Ambulance Clerc","Monthey","P2","2022-02-20T12:19:00+01:00","2022-02-20T14:12:37+01:00","Poste de secours","Chemin du Tunnel",null,null,1873,"Les Crosets","CH","Suisse",64,"Planification","Hôpital Riviera-Chablais (HRC)","Route du Vieux-Séquoia",20,null,1847,"Rennaz","CH","Suisse","False","VS22005290","Accident","Masculin","Dos Santos","Romain","1999-12-11","Chemin de Villars",20,null,1030,"Bussigny","CH","Suisse","Helsana Accidents SA","1756.4155.0185.23",1,"Personne","Masculin","Dos Santos","Romain","Chemin de Villars",20,null,1030,"Bussigny","CH","Suisse",null,"VS.9540","Matériel - Prestation standard",null,1,0,null,0]
[4804,"2022-02-25",640,"Intervention OCVS no 03620",18013,3,"Ambulance Clerc","Uvrier","P3","2022-02-14T12:17:49+01:00","2022-02-14T13:23:00+01:00","Domicile","Ruelle de Villa",2,null,1981,"Vex","CH","Suisse",20,"Privée","Hôpital de Sion","Avenue du Grand-Champsec",80,null,1950,"Sion","CH","Suisse","False","VS22004642","Maladie","Masculin","Pascale","Renato Giuliano","1965-03-10","Ruelle de Villa",2,null,1981,"Vex","CH","Suisse","Helsana Assurances SA","2756.0346.3581.64",5,"Établissement","Masculin","Anzévui","Jean-Noël","Route Principale",23,null,1984,"Les Haudères","CH","Suisse","Procuria - Service de curatelle",9403,"Taxe de base transport P3",null,1,200,null,200]
[4804,"2022-02-25",640,"Intervention OCVS no 03620",18013,3,"Ambulance Clerc","Uvrier","P3","2022-02-14T12:17:49+01:00","2022-02-14T13:23:00+01:00","Domicile","Ruelle de Villa",2,null,1981,"Vex","CH","Suisse",20,"Privée","Hôpital de Sion","Avenue du Grand-Champsec",80,null,1950,"Sion","CH","Suisse","False","VS22004642","Maladie","Masculin","Pascale","Renato Giuliano","1965-03-10","Ruelle de Villa",2,null,1981,"Vex","CH","Suisse","Helsana Assurances SA","2756.0346.3581.64",5,"Établissement","Masculin","Anzévui","Jean-Noël","Route Principale",23,null,1984,"Les Haudères","CH","Suisse","Procuria - Service de curatelle",9404,"Indemnisation kilométrique",null,20,4.5,"km",90]
[4804,"2022-02-25",640,"Intervention OCVS no 03620",18013,3,"Ambulance Clerc","Uvrier","P3","2022-02-14T12:17:49+01:00","2022-02-14T13:23:00+01:00","Domicile","Ruelle de Villa",2,null,1981,"Vex","CH","Suisse",20,"Privée","Hôpital de Sion","Avenue du Grand-Champsec",80,null,1950,"Sion","CH","Suisse","False","VS22004642","Maladie","Masculin","Pascale","Renato Giuliano","1965-03-10","Ruelle de Villa",2,null,1981,"Vex","CH","Suisse","Helsana Assurances SA","2756.0346.3581.64",5,"Établissement","Masculin","Anzévui","Jean-Noël","Route Principale",23,null,1984,"Les Haudères","CH","Suisse","Procuria - Service de curatelle",9411,"Personnel soignant reconnu (par personne et par quart d'heure entamé)",null,10,35,"¼ d'heure",350]
[4805,"2022-02-25",660,"2147146/9",18655,3,"Ambulance Clerc","Monthey","S3","2022-02-20T15:19:29+01:00","2022-02-20T16:26:43+01:00","Hôpital de Sion","Avenue du Grand-Champsec",80,null,1950,"Sion","CH","Suisse",70,"Privée","Hôpital de Martigny","Avenue de la Fusion",27,null,1920,"Martigny","CH","Suisse","False","VS22005318","Maladie","Féminin","Mabillard","Gertrude ","1929-10-18","Ruelle des Juifs",1,null,1958,"St-Léonard","CH","Suisse","CSS Kranken- Versicherung AG","2756.3057.6545.70",101,"Établissement",null,null,null,"Avenue Grand-Champsec",86,"Case postale 696",1951,"Sion","CH","Suisse","Hôpital du Valais - Direction des Finances/Service des fournisseurs (facturation)","HVS.13N","Forfait S3 HVS Sion - HVS Martigny","Trajet simple nuit (20h00-08h00) ou dimanches et jours fériés",1,660,null,660]
[4806,"2022-02-25",1215,null,18658,3,"Ambulance Clerc","Monthey","P1","2022-02-20T15:28:29+01:00","2022-02-20T17:19:35+01:00",null,"Zone Industrielle l'Epine",1,null,1868,"Collombey","CH","Suisse",30,"Planification","Hôpital Riviera-Chablais (HRC)","Route du Vieux-Séquoia",20,null,1847,"Rennaz","CH","Suisse","False","VS22005321","Accident","Masculin","Auchère","Bernard","1959-06-29","Chemin de Pré Russin",7,null,1860,"Aigle","CH","Suisse","Allianz Suisse Société d'Assurances SA","1756.2240.8260.75",5,"Établissement",null,null,null,"Avenue d'Ouchy",38,null,1006,"Lausanne","CH","Suisse","Allianz Suisse Société d'Assurances SA","VS.9501","Taxe de base sauvetage P1",null,1,300,null,300]
[4806,"2022-02-25",1215,null,18658,3,"Ambulance Clerc","Monthey","P1","2022-02-20T15:28:29+01:00","2022-02-20T17:19:35+01:00",null,"Zone Industrielle l'Epine",1,null,1868,"Collombey","CH","Suisse",30,"Planification","Hôpital Riviera-Chablais (HRC)","Route du Vieux-Séquoia",20,null,1847,"Rennaz","CH","Suisse","False","VS22005321","Accident","Masculin","Auchère","Bernard","1959-06-29","Chemin de Pré Russin",7,null,1860,"Aigle","CH","Suisse","Allianz Suisse Société d'Assurances SA","1756.2240.8260.75",5,"Établissement",null,null,null,"Avenue d'Ouchy",38,null,1006,"Lausanne","CH","Suisse","Allianz Suisse Société d'Assurances SA","VS.9504","Indemnisation kilométrique",null,30,4.5,"km",135]
[4806,"2022-02-25",1215,null,18658,3,"Ambulance Clerc","Monthey","P1","2022-02-20T15:28:29+01:00","2022-02-20T17:19:35+01:00",null,"Zone Industrielle l'Epine",1,null,1868,"Collombey","CH","Suisse",30,"Planification","Hôpital Riviera-Chablais (HRC)","Route du Vieux-Séquoia",20,null,1847,"Rennaz","CH","Suisse","False","VS22005321","Accident","Masculin","Auchère","Bernard","1959-06-29","Chemin de Pré Russin",7,null,1860,"Aigle","CH","Suisse","Allianz Suisse Société d'Assurances SA","1756.2240.8260.75",5,"Établissement",null,null,null,"Avenue d'Ouchy",38,null,1006,"Lausanne","CH","Suisse","Allianz Suisse Société d'Assurances SA","VS.9511","Personnel soignant reconnu (par personne et par quart d'heure entamé)",null,16,35,"¼ d'heure",560]
[4806,"2022-02-25",1215,null,18658,3,"Ambulance Clerc","Monthey","P1","2022-02-20T15:28:29+01:00","2022-02-20T17:19:35+01:00",null,"Zone Industrielle l'Epine",1,null,1868,"Collombey","CH","Suisse",30,"Planification","Hôpital Riviera-Chablais (HRC)","Route du Vieux-Séquoia",20,null,1847,"Rennaz","CH","Suisse","False","VS22005321","Accident","Masculin","Auchère","Bernard","1959-06-29","Chemin de Pré Russin",7,null,1860,"Aigle","CH","Suisse","Allianz Suisse Société d'Assurances SA","1756.2240.8260.75",5,"Établissement",null,null,null,"Avenue d'Ouchy",38,null,1006,"Lausanne","CH","Suisse","Allianz Suisse Société d'Assurances SA","VS.9532","Supplément pour week-end et jour férié",null,1,140,null,140]
[4806,"2022-02-25",1215,null,18658,3,"Ambulance Clerc","Monthey","P1","2022-02-20T15:28:29+01:00","2022-02-20T17:19:35+01:00",null,"Zone Industrielle l'Epine",1,null,1868,"Collombey","CH","Suisse",30,"Planification","Hôpital Riviera-Chablais (HRC)","Route du Vieux-Séquoia",20,null,1847,"Rennaz","CH","Suisse","False","VS22005321","Accident","Masculin","Auchère","Bernard","1959-06-29","Chemin de Pré Russin",7,null,1860,"Aigle","CH","Suisse","Allianz Suisse Société d'Assurances SA","1756.2240.8260.75",5,"Établissement",null,null,null,"Avenue d'Ouchy",38,null,1006,"Lausanne","CH","Suisse","Allianz Suisse Société d'Assurances SA","VS.9541","Matériel - Prestation standard élargie",null,1,80,null,80]
[4807,"2022-02-25",608.5,null,18025,3,"Ambulance Clerc","Uvrier","S3","2022-02-14T13:44:26+01:00","2022-02-14T15:00:29+01:00","Hôpital de Martigny","Avenue de la Fusion",27,null,1920,"Martigny","CH","Suisse",13,"Privée","Castel Notre-Dame","Rue des Artifices",14,null,1920,"Martigny","CH","Suisse","False","VS22004655","Maladie","Féminin","Emonet","Marie-Paule","1934-01-31","Rue des Artifices",14,"Home Castel Notre-Dame",1920,"Martigny","CH","Suisse","CSS Assurances ","2756.9663.5506.88",2,"Personne","Masculin","Saudan","Christian","Avenue de la Fusion",114,null,1920,"Martigny","CH","Suisse",null,"CLN.9403 ","Taxe de base transport S3",null,1,200,null,200]
[4807,"2022-02-25",608.5,null,18025,3,"Ambulance Clerc","Uvrier","S3","2022-02-14T13:44:26+01:00","2022-02-14T15:00:29+01:00","Hôpital de Martigny","Avenue de la Fusion",27,null,1920,"Martigny","CH","Suisse",13,"Privée","Castel Notre-Dame","Rue des Artifices",14,null,1920,"Martigny","CH","Suisse","False","VS22004655","Maladie","Féminin","Emonet","Marie-Paule","1934-01-31","Rue des Artifices",14,"Home Castel Notre-Dame",1920,"Martigny","CH","Suisse","CSS Assurances ","2756.9663.5506.88",2,"Personne","Masculin","Saudan","Christian","Avenue de la Fusion",114,null,1920,"Martigny","CH","Suisse",null,"CLN.9404","Indemnisation kilométrique",null,13,4.5,"km",58.5]
[4807,"2022-02-25",608.5,null,18025,3,"Ambulance Clerc","Uvrier","S3","2022-02-14T13:44:26+01:00","2022-02-14T15:00:29+01:00","Hôpital de Martigny","Avenue de la Fusion",27,null,1920,"Martigny","CH","Suisse",13,"Privée","Castel Notre-Dame","Rue des Artifices",14,null,1920,"Martigny","CH","Suisse","False","VS22004655","Maladie","Féminin","Emonet","Marie-Paule","1934-01-31","Rue des Artifices",14,"Home Castel Notre-Dame",1920,"Martigny","CH","Suisse","CSS Assurances ","2756.9663.5506.88",2,"Personne","Masculin","Saudan","Christian","Avenue de la Fusion",114,null,1920,"Martigny","CH","Suisse",null,"CLN.9411","Personnel soignant reconnu (par personne et par quart d'heure entamé)","2 collaborateur(s) x 5 quarts d’heure",10,35,"¼ d'heure",350]
[4808,"2022-02-25",660,"2076843/24",18672,3,"Ambulance Clerc","Monthey","S3","2022-02-20T16:43:37+01:00","2022-02-20T18:51:01+01:00","Hôpital de Martigny","Avenue de la Fusion",27,null,1920,"Martigny","CH","Suisse",84,"Privée","Hôpital de Sion","Avenue du Grand-Champsec",80,null,1950,"Sion","CH","Suisse","False","VS22005335","Maladie","Masculin","Cicero","Vincenzo","1945-06-09","Rue des Prés de la Scie","5D",null,1920,"Martigny","CH","Suisse","Easy Sana Assurance Maladie SA","2756.5382.6077.88",101,"Établissement",null,null,null,"Avenue Grand-Champsec",86,"Case postale 696",1951,"Sion","CH","Suisse","Hôpital du Valais - Direction des Finances/Service des fournisseurs (facturation)","HVS.31N","Forfait S3 HVS Martigny - HVS Sion","Trajet simple nuit (20h00-08h00) ou dimanches et jours fériés",1,660,null,660]
[4809,"2022-02-25",736.5,null,18071,3,"Ambulance Clerc","Uvrier","S3","2022-02-14T20:12:16+01:00","2022-02-14T21:30:16+01:00","Hôpital de Sion","Avenue du Grand-Champsec",80,null,1950,"Sion","CH","Suisse",22,"Privée","Résidence St-Sylve","Route de Sion",11,null,1981,"Vex","CH","Suisse","False","VS22004709","Maladie","Féminin","Sierro","Marie Julie Martine ","1931-01-11","Route de Sion",11,null,1981,"Vex","CH","Suisse","CSS Kranken- Versicherung AG","2756.9895.0194.58",2,"Personne","Féminin","Sierro","Marie Julie Martine ","Route de Sion",11,null,1981,"Vex","CH","Suisse",null,"CLN.9403 ","Taxe de base transport S3",null,1,200,null,200]
[4809,"2022-02-25",736.5,null,18071,3,"Ambulance Clerc","Uvrier","S3","2022-02-14T20:12:16+01:00","2022-02-14T21:30:16+01:00","Hôpital de Sion","Avenue du Grand-Champsec",80,null,1950,"Sion","CH","Suisse",22,"Privée","Résidence St-Sylve","Route de Sion",11,null,1981,"Vex","CH","Suisse","False","VS22004709","Maladie","Féminin","Sierro","Marie Julie Martine ","1931-01-11","Route de Sion",11,null,1981,"Vex","CH","Suisse","CSS Kranken- Versicherung AG","2756.9895.0194.58",2,"Personne","Féminin","Sierro","Marie Julie Martine ","Route de Sion",11,null,1981,"Vex","CH","Suisse",null,"CLN.9404","Indemnisation kilométrique",null,22,4.5,"km",99]
[4809,"2022-02-25",736.5,null,18071,3,"Ambulance Clerc","Uvrier","S3","2022-02-14T20:12:16+01:00","2022-02-14T21:30:16+01:00","Hôpital de Sion","Avenue du Grand-Champsec",80,null,1950,"Sion","CH","Suisse",22,"Privée","Résidence St-Sylve","Route de Sion",11,null,1981,"Vex","CH","Suisse","False","VS22004709","Maladie","Féminin","Sierro","Marie Julie Martine ","1931-01-11","Route de Sion",11,null,1981,"Vex","CH","Suisse","CSS Kranken- Versicherung AG","2756.9895.0194.58",2,"Personne","Féminin","Sierro","Marie Julie Martine ","Route de Sion",11,null,1981,"Vex","CH","Suisse",null,"CLN.9411","Personnel soignant reconnu (par personne et par quart d'heure entamé)","2 collaborateur(s) x 5 quarts d’heure",10,35,"¼ d'heure",350]
[4809,"2022-02-25",736.5,null,18071,3,"Ambulance Clerc","Uvrier","S3","2022-02-14T20:12:16+01:00","2022-02-14T21:30:16+01:00","Hôpital de Sion","Avenue du Grand-Champsec",80,null,1950,"Sion","CH","Suisse",22,"Privée","Résidence St-Sylve","Route de Sion",11,null,1981,"Vex","CH","Suisse","False","VS22004709","Maladie","Féminin","Sierro","Marie Julie Martine ","1931-01-11","Route de Sion",11,null,1981,"Vex","CH","Suisse","CSS Kranken- Versicherung AG","2756.9895.0194.58",2,"Personne","Féminin","Sierro","Marie Julie Martine ","Route de Sion",11,null,1981,"Vex","CH","Suisse",null,"CLN.9431","Supplément de nuit  20h00-08h00","25% sur CHF 350.00",1,87.5,null,87.5]
[4810,"2022-02-25",782.6,null,18681,3,"Ambulance Clerc","Monthey","P2","2022-02-20T18:52:58+01:00","2022-02-20T20:05:18+01:00","EMS Résidence les Palmiers","Avenue du Casino",25,null,1820,"Montreux","CH","Suisse",42,"Planification","Hôpital Riviera-Chablais (HRC)","Route du Vieux-Séquoia",20,null,1847,"Rennaz","CH","Suisse","False","VS22005344","Accident","Féminin","Bornoz","Elisa","1923-01-27","Avenue du Casino",25,"EMS Résidence Les Palmiers",1820,"Montreux","CH","Suisse","Philos Assurance Maladie SA","1756.8848.2759.34",1,"Personne","Féminin","Bornoz","Elisa","Avenue du Casino",25,"EMS Résidence Les Palmiers",1820,"Montreux","CH","Suisse",null,47060,"Intervention d'urgence et de sauvetage",null,1,725,null,725]
[4810,"2022-02-25",782.6,null,18681,3,"Ambulance Clerc","Monthey","P2","2022-02-20T18:52:58+01:00","2022-02-20T20:05:18+01:00","EMS Résidence les Palmiers","Avenue du Casino",25,null,1820,"Montreux","CH","Suisse",42,"Planification","Hôpital Riviera-Chablais (HRC)","Route du Vieux-Séquoia",20,null,1847,"Rennaz","CH","Suisse","False","VS22005344","Accident","Féminin","Bornoz","Elisa","1923-01-27","Avenue du Casino",25,"EMS Résidence Les Palmiers",1820,"Montreux","CH","Suisse","Philos Assurance Maladie SA","1756.8848.2759.34",1,"Personne","Féminin","Bornoz","Elisa","Avenue du Casino",25,"EMS Résidence Les Palmiers",1820,"Montreux","CH","Suisse",null,47062,"Indemnisation kilométrique",null,12,4.8,"km",57.6]
[4811,"2022-02-25",2693,"2832520/1",18076,3,"Ambulance Clerc","Uvrier","S3","2022-02-14T21:35:43+01:00","2022-02-15T02:59:17+01:00","Hôpital de Sion","Avenue du Grand-Champsec",80,null,1950,"Sion","CH","Suisse",340,"Privée","HUG Hôpital universitaire de Genève","Rue Gabrielle-Perret-Gentil",4,null,1205,"Genève","CH","Suisse","False","VS22004714","Maladie","Féminin","Niger","Raphaëlle ","1995-05-30","Rue Ferrier",2,null,1202,"Genève","CH","Suisse",null,"2756.5040.9995.90",101,"Établissement",null,null,null,"Avenue Grand-Champsec",86,"Case postale 696",1951,"Sion","CH","Suisse","Hôpital du Valais - Direction des Finances/Service des fournisseurs (facturation)","HVS.112N","Forfait S3 HVS Sion - HUG","Trajet simple nuit (20h00-08h00) ou dimanches et jours fériés",1,2693,null,2693]
[4812,"2022-02-25",872.5,null,18682,3,"Ambulance Clerc","Monthey","P1","2022-02-20T18:53:04+01:00","2022-02-20T20:07:35+01:00",null,"Route de la Grande-Ile","42D",null,1893,"Muraz (Collombey)","CH","Suisse",30,"Privée","Hôpital Riviera-Chablais (HRC)","Route du Vieux-Séquoia",20,null,1847,"Rennaz","CH","Suisse","False","VS22005345","Maladie","Féminin","Grüter Hyenne","Stéphanie ","1974-01-23","Rte du Village ",10,null,25720,"Larnod","FR","France","Vitale",2,1,"Personne","Féminin","Grüter Hyenne","Stéphanie ","Rte du Village ",10,null,25720,"Larnod","FR","France",null,9401,"Taxe de base sauvetage P1",null,1,300,null,300]
[4812,"2022-02-25",872.5,null,18682,3,"Ambulance Clerc","Monthey","P1","2022-02-20T18:53:04+01:00","2022-02-20T20:07:35+01:00",null,"Route de la Grande-Ile","42D",null,1893,"Muraz (Collombey)","CH","Suisse",30,"Privée","Hôpital Riviera-Chablais (HRC)","Route du Vieux-Séquoia",20,null,1847,"Rennaz","CH","Suisse","False","VS22005345","Maladie","Féminin","Grüter Hyenne","Stéphanie ","1974-01-23","Rte du Village ",10,null,25720,"Larnod","FR","France","Vitale",2,1,"Personne","Féminin","Grüter Hyenne","Stéphanie ","Rte du Village ",10,null,25720,"Larnod","FR","France",null,9404,"Indemnisation kilométrique",null,30,4.5,"km",135]
[4812,"2022-02-25",872.5,null,18682,3,"Ambulance Clerc","Monthey","P1","2022-02-20T18:53:04+01:00","2022-02-20T20:07:35+01:00",null,"Route de la Grande-Ile","42D",null,1893,"Muraz (Collombey)","CH","Suisse",30,"Privée","Hôpital Riviera-Chablais (HRC)","Route du Vieux-Séquoia",20,null,1847,"Rennaz","CH","Suisse","False","VS22005345","Maladie","Féminin","Grüter Hyenne","Stéphanie ","1974-01-23","Rte du Village ",10,null,25720,"Larnod","FR","France","Vitale",2,1,"Personne","Féminin","Grüter Hyenne","Stéphanie ","Rte du Village ",10,null,25720,"Larnod","FR","France",null,9411,"Personnel soignant reconnu (par personne et par quart d'heure entamé)",null,10,35,"¼ d'heure",350]
[4812,"2022-02-25",872.5,null,18682,3,"Ambulance Clerc","Monthey","P1","2022-02-20T18:53:04+01:00","2022-02-20T20:07:35+01:00",null,"Route de la Grande-Ile","42D",null,1893,"Muraz (Collombey)","CH","Suisse",30,"Privée","Hôpital Riviera-Chablais (HRC)","Route du Vieux-Séquoia",20,null,1847,"Rennaz","CH","Suisse","False","VS22005345","Maladie","Féminin","Grüter Hyenne","Stéphanie ","1974-01-23","Rte du Village ",10,null,25720,"Larnod","FR","France","Vitale",2,1,"Personne","Féminin","Grüter Hyenne","Stéphanie ","Rte du Village ",10,null,25720,"Larnod","FR","France",null,9432,"Supplément pour dimanche et jour férié",null,1,87.5,null,87.5]
[4812,"2022-02-25",872.5,null,18682,3,"Ambulance Clerc","Monthey","P1","2022-02-20T18:53:04+01:00","2022-02-20T20:07:35+01:00",null,"Route de la Grande-Ile","42D",null,1893,"Muraz (Collombey)","CH","Suisse",30,"Privée","Hôpital Riviera-Chablais (HRC)","Route du Vieux-Séquoia",20,null,1847,"Rennaz","CH","Suisse","False","VS22005345","Maladie","Féminin","Grüter Hyenne","Stéphanie ","1974-01-23","Rte du Village ",10,null,25720,"Larnod","FR","France","Vitale",2,1,"Personne","Féminin","Grüter Hyenne","Stéphanie ","Rte du Village ",10,null,25720,"Larnod","FR","France",null,9440,"Matériel - Prestation standard",null,1,0,null,0]
[4813,"2022-02-25",600,null,18684,3,"Ambulance Clerc","Monthey","S3","2022-02-20T19:04:58+01:00","2022-02-20T20:30:41+01:00","Hôpital Riviera-Chablais (HRC)","Route du Vieux-Séquoia",20,null,1847,"Rennaz","CH","Suisse",62,"Privée","Hôpital psychiatrique Fondation de Nant","Route de Nant",null,null,1804,"Corsier-sur-Vevey","CH","Suisse","False","VS22005346","Maladie","Féminin","Leftheriotis","Emanuela","1987-03-15","Rue des Vaudrès",7,null,1815,"Clarens","CH","Suisse","Assura-Basis SA","2756.8937.1211.11",100,"Établissement",null,null,null,"Route du Vieux-Séquoia",20,null,1847,"Rennaz","CH","Suisse","Hôpital Riviera-Chablais Vaud-Valais - Fournisseurs (facturation)","HRC.111N","Forfait S3 Rennaz - Fondation de Nant","Trajet simple nuit (19h00-07h00)",1,600,null,600]
[4814,"2022-02-25",350,"2681820/5",18099,3,"Ambulance Clerc","Uvrier","S3","2022-02-15T10:02:41+01:00","2022-02-15T12:11:00+01:00","Hôpital de Malévoz","Route de Morgins",10,null,1870,"Monthey","CH","Suisse",115,"Privée","Hôpital de Martigny","Avenue de la Fusion",27,null,1920,"Martigny","CH","Suisse","False","VS22004737","Maladie","Féminin","Butty","Noëlle","1935-01-31","Rue du Chablais",22,null,1893,"Muraz (Collombey)","CH","Suisse","Sanitas Grundversicherungen AG","2756.7768.3993.79",101,"Établissement",null,null,null,"Avenue Grand-Champsec",86,"Case postale 696",1951,"Sion","CH","Suisse","Hôpital du Valais - Direction des Finances/Service des fournisseurs (facturation)","HVS.73J","Forfait S3 Malévoz - HVS Martigny","Trajet simple journée (08h00-20h00)",1,350,null,350]
[4815,"2022-02-25",525,"-/-",18689,3,"Ambulance Clerc","Monthey","S3","2022-02-20T20:08:23+01:00","2022-02-20T22:05:00+01:00","Clinique Saint-Amé","Vers Saint-Amé",10,null,1890,"St-Maurice","CH","Suisse",68,"Privée","Hôpital Riviera-Chablais (HRC)","Route du Vieux-Séquoia",20,null,1847,"Rennaz","CH","Suisse","False","VS22005352","Maladie","Masculin","Demez","Yves","1948-08-03","Chemin de la Grand-Toula",1,null,1907,"Saxon","CH","Suisse","Assura-Basis SA","2756.7047.8174.26",101,"Établissement",null,null,null,"Avenue Grand-Champsec",86,"Case postale 696",1951,"Sion","CH","Suisse","Hôpital du Valais - Direction des Finances/Service des fournisseurs (facturation)","HVS.611N","Forfait S3 Clinique St-Amé - HRC Rennaz","Trajet simple nuit (20h00-08h00) ou dimanches et jours fériés",1,525,null,525]
[4816,"2022-02-25",831,null,18701,3,"Ambulance Clerc","Monthey","S3","2022-02-20T22:40:44+01:00","2022-02-21T00:52:24+01:00","Hôpital Riviera-Chablais (HRC)","Route du Vieux-Séquoia",20,null,1847,"Rennaz","CH","Suisse",99,"Privée","CHUV Hôpital universitaire de Lausanne","Rue du Bugnon",46,null,1006,"Lausanne","CH","Suisse","False","VS22005364","Maladie","Féminin","Frossard","Florence","1988-04-08","Chemin des Borbeux",1,null,1892,"Lavey-Village","CH","Suisse","Atupri Gesundheitsversicherung","2756.8253.0278.14",100,"Établissement",null,null,null,"Route du Vieux-Séquoia",20,null,1847,"Rennaz","CH","Suisse","Hôpital Riviera-Chablais Vaud-Valais - Fournisseurs (facturation)","HRC.110N","Forfait S3 Rennaz - CHUV","Trajet simple nuit (19h00-07h00)",1,831,null,831]
[4817,"2022-02-25",469.6,null,18711,3,"Ambulance Clerc","Monthey","S3","2022-02-21T07:07:46+01:00","2022-02-21T09:32:26+01:00","Hôpital Riviera-Chablais (HRC)","Route du Vieux-Séquoia",20,null,1847,"Rennaz","CH","Suisse",42,"Privée","EMS Résidence les Palmiers","Avenue du Casino",25,null,1820,"Montreux","CH","Suisse","False","VS22005376","Maladie","Féminin","Bornoz","Elisa","1923-01-27","Avenue du Casino",25,"EMS Résidence les Palmiers",1820,"Montreux","CH","Suisse","Philos Assurance Maladie SA","2756.8848.2759.34",1,"Personne","Féminin","Bornoz","Elisa","Avenue du Casino",25,"EMS Résidence les Palmiers",1820,"Montreux","CH","Suisse",null,47073,"Intervention programmée",null,1,412,null,412]
[4817,"2022-02-25",469.6,null,18711,3,"Ambulance Clerc","Monthey","S3","2022-02-21T07:07:46+01:00","2022-02-21T09:32:26+01:00","Hôpital Riviera-Chablais (HRC)","Route du Vieux-Séquoia",20,null,1847,"Rennaz","CH","Suisse",42,"Privée","EMS Résidence les Palmiers","Avenue du Casino",25,null,1820,"Montreux","CH","Suisse","False","VS22005376","Maladie","Féminin","Bornoz","Elisa","1923-01-27","Avenue du Casino",25,"EMS Résidence les Palmiers",1820,"Montreux","CH","Suisse","Philos Assurance Maladie SA","2756.8848.2759.34",1,"Personne","Féminin","Bornoz","Elisa","Avenue du Casino",25,"EMS Résidence les Palmiers",1820,"Montreux","CH","Suisse",null,47075,"Indemnisation kilométrique",null,12,4.8,"km",57.6]
[4818,"2022-02-25",2656,null,18157,3,"Ambulance Clerc","Uvrier","S3","2022-02-15T18:58:16+01:00","2022-02-15T23:06:51+01:00","Hôpital de Sion","Avenue du Grand-Champsec",80,null,1950,"Sion","CH","Suisse",332,"Privée","Hirslanden Clinique La Colline","Avenue de Beau-Séjour",6,null,1206,"Genève","CH","Suisse","False","VS22004796","Accident","Masculin","Ozores","Gonzalo","1982-10-02","Chemin Jules-Cougnard",10,null,1224,"Chêne-Bougeries","CH","Suisse","AXA Assurances SA","2756.8653.4689.34",2,"Personne","Masculin","Ozores","Gonzalo","Chemin Jules-Cougnard",10,null,1224,"Chêne-Bougeries","CH","Suisse",null,"FKM8","Forfait kilométrique",null,332,8,"km",2656]
[4819,"2022-02-25",660,null,18171,3,"Ambulance Clerc","Uvrier","S3","2022-02-15T23:07:01+01:00","2022-02-16T00:20:45+01:00","Hôpital de Martigny","Avenue de la Fusion",27,null,1920,"Martigny","CH","Suisse",70,"Privée","Hôpital de Sion","Avenue du Grand-Champsec",80,null,1950,"Sion","CH","Suisse","False","VS22004810","Maladie","Masculin","Centamori","Claude","1971-01-23","Avenue de la Fusion",156,null,1920,"Martigny","CH","Suisse","Assura-Basis SA","2756.1816.0337.89",101,"Établissement",null,null,null,"Avenue Grand-Champsec",86,"Case postale 696",1951,"Sion","CH","Suisse","Hôpital du Valais - Direction des Finances/Service des fournisseurs (facturation)","HVS.31N","Forfait S3 HVS Martigny - HVS Sion","Trajet simple nuit (20h00-08h00) ou dimanches et jours fériés",1,660,null,660]
[4820,"2022-02-25",1144.5,null,18726,3,"Ambulance Clerc","Monthey","P2","2022-02-21T10:59:02+01:00","2022-02-21T12:45:56+01:00","Foilleuse","Route de Bas-Vièze",6,null,1875,"Morgins","CH","Suisse",61,"Planification","Hôpital Riviera-Chablais (HRC)","Route du Vieux-Séquoia",20,null,1847,"Rennaz","CH","Suisse","False","VS22005391","Accident","Masculin","Dupuis","Frédéric ","1973-07-20","Avenue de la Gare",27,null,1003,"Lausanne","CH","Suisse","Vaudoise Assurances, Lausanne","1756.4560.8731.37",5,"Établissement",null,null,null,null,null,"Case postale 120",1001,"Lausanne","CH","Suisse","Vaudoise Assurances","VS.9502","Taxe de base transport P2",null,1,300,null,300]
[4820,"2022-02-25",1144.5,null,18726,3,"Ambulance Clerc","Monthey","P2","2022-02-21T10:59:02+01:00","2022-02-21T12:45:56+01:00","Foilleuse","Route de Bas-Vièze",6,null,1875,"Morgins","CH","Suisse",61,"Planification","Hôpital Riviera-Chablais (HRC)","Route du Vieux-Séquoia",20,null,1847,"Rennaz","CH","Suisse","False","VS22005391","Accident","Masculin","Dupuis","Frédéric ","1973-07-20","Avenue de la Gare",27,null,1003,"Lausanne","CH","Suisse","Vaudoise Assurances, Lausanne","1756.4560.8731.37",5,"Établissement",null,null,null,null,null,"Case postale 120",1001,"Lausanne","CH","Suisse","Vaudoise Assurances","VS.9504","Indemnisation kilométrique",null,61,4.5,"km",274.5]
[4820,"2022-02-25",1144.5,null,18726,3,"Ambulance Clerc","Monthey","P2","2022-02-21T10:59:02+01:00","2022-02-21T12:45:56+01:00","Foilleuse","Route de Bas-Vièze",6,null,1875,"Morgins","CH","Suisse",61,"Planification","Hôpital Riviera-Chablais (HRC)","Route du Vieux-Séquoia",20,null,1847,"Rennaz","CH","Suisse","False","VS22005391","Accident","Masculin","Dupuis","Frédéric ","1973-07-20","Avenue de la Gare",27,null,1003,"Lausanne","CH","Suisse","Vaudoise Assurances, Lausanne","1756.4560.8731.37",5,"Établissement",null,null,null,null,null,"Case postale 120",1001,"Lausanne","CH","Suisse","Vaudoise Assurances","VS.9511","Personnel soignant reconnu (par personne et par quart d'heure entamé)",null,14,35,"¼ d'heure",490]
[4820,"2022-02-25",1144.5,null,18726,3,"Ambulance Clerc","Monthey","P2","2022-02-21T10:59:02+01:00","2022-02-21T12:45:56+01:00","Foilleuse","Route de Bas-Vièze",6,null,1875,"Morgins","CH","Suisse",61,"Planification","Hôpital Riviera-Chablais (HRC)","Route du Vieux-Séquoia",20,null,1847,"Rennaz","CH","Suisse","False","VS22005391","Accident","Masculin","Dupuis","Frédéric ","1973-07-20","Avenue de la Gare",27,null,1003,"Lausanne","CH","Suisse","Vaudoise Assurances, Lausanne","1756.4560.8731.37",5,"Établissement",null,null,null,null,null,"Case postale 120",1001,"Lausanne","CH","Suisse","Vaudoise Assurances","VS.9541","Matériel - Prestation standard élargie",null,1,80,null,80]
[4821,"2022-02-25",150,null,18738,3,"Ambulance Clerc","Monthey","S3","2022-02-21T12:30:34+01:00","2022-02-21T13:02:57+01:00","Hôpital Riviera-Chablais (HRC)","Route du Vieux-Séquoia",20,null,1847,"Rennaz","CH","Suisse",30,"Privée",null,null,null,null,null,null,null,null,"True","VS22005403",null,"Masculin","Jaunin","Gérard","1941-12-25","Quai Maria-Belgia",8,null,1800,"Vevey","CH","Suisse","Mutuel Assurance Maladie SA","2756.4533.2488.32",100,"Établissement",null,null,null,"Route du Vieux-Séquoia",20,null,1847,"Rennaz","CH","Suisse","Hôpital Riviera-Chablais Vaud-Valais - Fournisseurs (facturation)","HRC.000","Forfait S3 - Sans transport","Mission annulée en route ou sur place par le service demandeur",1,150,null,150]
[4822,"2022-02-25",2693,"2241605/6",18175,3,"Ambulance Clerc","Uvrier","S3","2022-02-16T00:21:23+01:00","2022-02-16T03:50:00+01:00","Hôpital de Sion","Avenue du Grand-Champsec",80,null,1950,"Sion","CH","Suisse",334,"Privée","HUG Hôpital universitaire de Genève","Rue Gabrielle-Perret-Gentil",4,null,1205,"Genève","CH","Suisse","False","VS22004814","Accident","Féminin","Filliez","Romane","2007-02-22","Avenue de Tourbillon",5,null,1950,"Sion","CH","Suisse","Mutuel Assurances SA","2756.3513.1750.21",101,"Établissement",null,null,null,"Avenue Grand-Champsec",86,"Case postale 696",1951,"Sion","CH","Suisse","Hôpital du Valais - Direction des Finances/Service des fournisseurs (facturation)","HVS.112N","Forfait S3 HVS Sion - HUG","Trajet simple nuit (20h00-08h00) ou dimanches et jours fériés",1,2693,null,2693]
[4823,"2022-02-25",527.20000000000005,null,18182,3,"Ambulance Clerc","Uvrier","S3","2022-02-16T03:50:25+01:00","2022-02-16T05:00:14+01:00","Hôpital Riviera-Chablais (HRC)","Route du Vieux-Séquoia",20,null,1847,"Rennaz","CH","Suisse",54,"Privée","EMS Résidence Les Hirondelles","Avenue Rousseau",19,null,1815,"Clarens","CH","Suisse","False","VS22004821","Maladie","Féminin","Lipani","Calogera","1930-09-24","Avenue Rousseau",19,"EMS Résidence Les Hirondelles",1815,"Clarens","CH","Suisse","Philos Assurance Maladie SA","2756.2641.4228.54",2,"Personne","Féminin","Lipani","Calogera","Avenue Rousseau",19,"EMS Résidence Les Hirondelles",1815,"Clarens","CH","Suisse",null,47073,"Intervention programmée","Taxe de base pour 1h de service et 30 km roulés ",1,412,null,412]
[4823,"2022-02-25",527.20000000000005,null,18182,3,"Ambulance Clerc","Uvrier","S3","2022-02-16T03:50:25+01:00","2022-02-16T05:00:14+01:00","Hôpital Riviera-Chablais (HRC)","Route du Vieux-Séquoia",20,null,1847,"Rennaz","CH","Suisse",54,"Privée","EMS Résidence Les Hirondelles","Avenue Rousseau",19,null,1815,"Clarens","CH","Suisse","False","VS22004821","Maladie","Féminin","Lipani","Calogera","1930-09-24","Avenue Rousseau",19,"EMS Résidence Les Hirondelles",1815,"Clarens","CH","Suisse","Philos Assurance Maladie SA","2756.2641.4228.54",2,"Personne","Féminin","Lipani","Calogera","Avenue Rousseau",19,"EMS Résidence Les Hirondelles",1815,"Clarens","CH","Suisse",null,47075,"Indemnisation kilométrique","24 km suppl.",24,4.8,"km",115.2]
[4824,"2022-02-25",954.1,null,18249,3,"Ambulance Clerc","Uvrier","S3","2022-02-16T19:12:12+01:00","2022-02-16T21:02:02+01:00","Clinique romande de réadaptation SUVA","Avenue du Grand-Champsec",90,null,1950,"Sion","CH","Suisse",134,"Privée","Hôpital Riviera-Chablais (HRC)","Route du Vieux-Séquoia",20,null,1847,"Rennaz","CH","Suisse","False","VS22004893","Maladie","Masculin","Autain ","Damien","1983-11-30","Rue de la République ",132,null,39400,"Hauts-de-Bienne","FR","France","Suva, Sion","2756.6511.6644.12",104,"Établissement",null,null,null,"Avenue du Grand-Champsec",90,null,1950,"Sion","CH","Suisse","Clinique SUVA - Comptabilité (facturation)","CLN.9403 ","Taxe de base transport S3",null,1,200,null,200]
[4824,"2022-02-25",954.1,null,18249,3,"Ambulance Clerc","Uvrier","S3","2022-02-16T19:12:12+01:00","2022-02-16T21:02:02+01:00","Clinique romande de réadaptation SUVA","Avenue du Grand-Champsec",90,null,1950,"Sion","CH","Suisse",134,"Privée","Hôpital Riviera-Chablais (HRC)","Route du Vieux-Séquoia",20,null,1847,"Rennaz","CH","Suisse","False","VS22004893","Maladie","Masculin","Autain ","Damien","1983-11-30","Rue de la République ",132,null,39400,"Hauts-de-Bienne","FR","France","Suva, Sion","2756.6511.6644.12",104,"Établissement",null,null,null,"Avenue du Grand-Champsec",90,null,1950,"Sion","CH","Suisse","Clinique SUVA - Comptabilité (facturation)","CLN.9404","Indemnisation kilométrique",null,134,4.5,"km",603]
[4824,"2022-02-25",954.1,null,18249,3,"Ambulance Clerc","Uvrier","S3","2022-02-16T19:12:12+01:00","2022-02-16T21:02:02+01:00","Clinique romande de réadaptation SUVA","Avenue du Grand-Champsec",90,null,1950,"Sion","CH","Suisse",134,"Privée","Hôpital Riviera-Chablais (HRC)","Route du Vieux-Séquoia",20,null,1847,"Rennaz","CH","Suisse","False","VS22004893","Maladie","Masculin","Autain ","Damien","1983-11-30","Rue de la République ",132,null,39400,"Hauts-de-Bienne","FR","France","Suva, Sion","2756.6511.6644.12",104,"Établissement",null,null,null,"Avenue du Grand-Champsec",90,null,1950,"Sion","CH","Suisse","Clinique SUVA - Comptabilité (facturation)","CLN.9411","Personnel soignant reconnu (par personne et par quart d'heure entamé)","2 collaborateur(s) x 8 quarts d’heure",16,35,"¼ d'heure",560]
[4824,"2022-02-25",954.1,null,18249,3,"Ambulance Clerc","Uvrier","S3","2022-02-16T19:12:12+01:00","2022-02-16T21:02:02+01:00","Clinique romande de réadaptation SUVA","Avenue du Grand-Champsec",90,null,1950,"Sion","CH","Suisse",134,"Privée","Hôpital Riviera-Chablais (HRC)","Route du Vieux-Séquoia",20,null,1847,"Rennaz","CH","Suisse","False","VS22004893","Maladie","Masculin","Autain ","Damien","1983-11-30","Rue de la République ",132,null,39400,"Hauts-de-Bienne","FR","France","Suva, Sion","2756.6511.6644.12",104,"Établissement",null,null,null,"Avenue du Grand-Champsec",90,null,1950,"Sion","CH","Suisse","Clinique SUVA - Comptabilité (facturation)","CLN.Rabais","Rabais 30%","sur CHF 1'363.00",1,-408.9,null,-408.9]
[4825,"2022-02-25",735,"2111455/37",18255,3,"Ambulance Clerc","Uvrier","S3","2022-02-16T21:02:24+01:00","2022-02-16T22:13:34+01:00","Hôpital de Martigny","Avenue de la Fusion",27,null,1920,"Martigny","CH","Suisse",73,"Privée","Hôpital Riviera-Chablais (HRC)","Route du Vieux-Séquoia",20,null,1847,"Rennaz","CH","Suisse","False","VS22004899","Maladie","Féminin","Gay-Balmaz","Anne-Marie","1934-03-03","Rue des Sondzons",15,null,1904,"Vernayaz","CH","Suisse","CSS Kranken- Versicherung AG","2756.1643.1607.95",101,"Établissement",null,null,null,"Avenue Grand-Champsec",86,"Case postale 696",1951,"Sion","CH","Suisse","Hôpital du Valais - Direction des Finances/Service des fournisseurs (facturation)","HVS.311N","Forfait S3 HVS Martigny - HRC Rennaz","Trajet simple nuit (20h00-08h00) ou dimanches et jours fériés",1,735,null,735]
[4826,"2022-02-25",737.45,null,18261,3,"Ambulance Clerc","Uvrier","S3","2022-02-16T22:14:18+01:00","2022-02-16T23:37:33+01:00","Hôpital Riviera-Chablais (HRC)","Route du Vieux-Séquoia",20,null,1847,"Rennaz","CH","Suisse",73,"Privée","Clinique romande de réadaptation SUVA","Avenue du Grand-Champsec",90,null,1950,"Sion","CH","Suisse","False","VS22004905","Maladie","Masculin","Autain ","Damien","1983-11-30","Rue de la République ",132,null,39400,"Hauts-de-Bienne","FR","France","Suva, Sion","2756.6511.6644.12",104,"Établissement",null,null,null,"Avenue du Grand-Champsec",90,null,1950,"Sion","CH","Suisse","Clinique SUVA - Comptabilité (facturation)","CLN.9403 ","Taxe de base transport S3",null,1,200,null,200]
[4826,"2022-02-25",737.45,null,18261,3,"Ambulance Clerc","Uvrier","S3","2022-02-16T22:14:18+01:00","2022-02-16T23:37:33+01:00","Hôpital Riviera-Chablais (HRC)","Route du Vieux-Séquoia",20,null,1847,"Rennaz","CH","Suisse",73,"Privée","Clinique romande de réadaptation SUVA","Avenue du Grand-Champsec",90,null,1950,"Sion","CH","Suisse","False","VS22004905","Maladie","Masculin","Autain ","Damien","1983-11-30","Rue de la République ",132,null,39400,"Hauts-de-Bienne","FR","France","Suva, Sion","2756.6511.6644.12",104,"Établissement",null,null,null,"Avenue du Grand-Champsec",90,null,1950,"Sion","CH","Suisse","Clinique SUVA - Comptabilité (facturation)","CLN.9404","Indemnisation kilométrique",null,73,4.5,"km",328.5]
[4826,"2022-02-25",737.45,null,18261,3,"Ambulance Clerc","Uvrier","S3","2022-02-16T22:14:18+01:00","2022-02-16T23:37:33+01:00","Hôpital Riviera-Chablais (HRC)","Route du Vieux-Séquoia",20,null,1847,"Rennaz","CH","Suisse",73,"Privée","Clinique romande de réadaptation SUVA","Avenue du Grand-Champsec",90,null,1950,"Sion","CH","Suisse","False","VS22004905","Maladie","Masculin","Autain ","Damien","1983-11-30","Rue de la République ",132,null,39400,"Hauts-de-Bienne","FR","France","Suva, Sion","2756.6511.6644.12",104,"Établissement",null,null,null,"Avenue du Grand-Champsec",90,null,1950,"Sion","CH","Suisse","Clinique SUVA - Comptabilité (facturation)","CLN.9411","Personnel soignant reconnu (par personne et par quart d'heure entamé)","2 collaborateur(s) x 6 quarts d’heure",12,35,"¼ d'heure",420]
[4826,"2022-02-25",737.45,null,18261,3,"Ambulance Clerc","Uvrier","S3","2022-02-16T22:14:18+01:00","2022-02-16T23:37:33+01:00","Hôpital Riviera-Chablais (HRC)","Route du Vieux-Séquoia",20,null,1847,"Rennaz","CH","Suisse",73,"Privée","Clinique romande de réadaptation SUVA","Avenue du Grand-Champsec",90,null,1950,"Sion","CH","Suisse","False","VS22004905","Maladie","Masculin","Autain ","Damien","1983-11-30","Rue de la République ",132,null,39400,"Hauts-de-Bienne","FR","France","Suva, Sion","2756.6511.6644.12",104,"Établissement",null,null,null,"Avenue du Grand-Champsec",90,null,1950,"Sion","CH","Suisse","Clinique SUVA - Comptabilité (facturation)","CLN.9431","Supplément de nuit  20h00-08h00","25% sur CHF 420.00",1,105,null,105]
[4826,"2022-02-25",737.45,null,18261,3,"Ambulance Clerc","Uvrier","S3","2022-02-16T22:14:18+01:00","2022-02-16T23:37:33+01:00","Hôpital Riviera-Chablais (HRC)","Route du Vieux-Séquoia",20,null,1847,"Rennaz","CH","Suisse",73,"Privée","Clinique romande de réadaptation SUVA","Avenue du Grand-Champsec",90,null,1950,"Sion","CH","Suisse","False","VS22004905","Maladie","Masculin","Autain ","Damien","1983-11-30","Rue de la République ",132,null,39400,"Hauts-de-Bienne","FR","France","Suva, Sion","2756.6511.6644.12",104,"Établissement",null,null,null,"Avenue du Grand-Champsec",90,null,1950,"Sion","CH","Suisse","Clinique SUVA - Comptabilité (facturation)","CLN.Rabais","Rabais 30%","sur CHF 1053.50",1,-316.05,null,-316.05]
[4827,"2022-02-25",440,"2832761/1",18299,3,"Ambulance Clerc","Uvrier","S3","2022-02-17T13:55:18+01:00","2022-02-17T15:57:12+01:00","Hôpital de Sion","Avenue du Grand-Champsec",80,null,1950,"Sion","CH","Suisse",70,"Privée","Hôpital de Martigny","Avenue de la Fusion",27,null,1920,"Martigny","CH","Suisse","False","VS22004943","Maladie","Féminin","Van Dam","Wobbechiena","1929-01-07","Rue de la Télécabine",46,null,1918,"La Tzoumaz","CH","Suisse","Visana AG","2756.2985.5509.47",101,"Établissement",null,null,null,"Avenue Grand-Champsec",86,"Case postale 696",1951,"Sion","CH","Suisse","Hôpital du Valais - Direction des Finances/Service des fournisseurs (facturation)","HVS.13J","Forfait S3 HVS Sion - HVS Martigny","Trajet simple journée (08h00-20h00)",1,440,null,440]
[4828,"2022-02-25",440,"2332120/23",18313,3,"Ambulance Clerc","Uvrier","S3","2022-02-17T15:57:21+01:00","2022-02-17T18:07:00+01:00","Hôpital de Sion","Avenue du Grand-Champsec",80,null,1950,"Sion","CH","Suisse",70,"Privée","Hôpital de Martigny","Avenue de la Fusion",27,null,1920,"Martigny","CH","Suisse","False","VS22004959","Maladie","Masculin","Bonvin","Jean-Paul","1944-11-23","Chemin de la Tsèno",22,null,1974,"Arbaz","CH","Suisse","CSS Kranken- Versicherung AG","2756.5394.8915.40",101,"Établissement",null,null,null,"Avenue Grand-Champsec",86,"Case postale 696",1951,"Sion","CH","Suisse","Hôpital du Valais - Direction des Finances/Service des fournisseurs (facturation)","HVS.13J","Forfait S3 HVS Sion - HVS Martigny","Trajet simple journée (08h00-20h00)",1,440,null,440]
[4829,"2022-02-25",700.35,null,18323,3,"Ambulance Clerc","Uvrier","S3","2022-02-17T18:09:15+01:00","2022-02-17T20:20:20+01:00","Clinique Bernoise","Impasse Palace Bellevue",1,null,3963,"Crans-Montana","CH","Suisse",55,"Privée","Hôpital de Sion","Avenue du Grand-Champsec",80,null,1950,"Sion","CH","Suisse","False","VS22004969","Maladie","Féminin","Mariéthoz","Anne-Sylvie","1971-01-05","Place du Bourg",4,null,1920,"Martigny","CH","Suisse","Mutuel Assurance Maladie SA","2756.3534.6562.02",102,"Établissement",null,null,null,"Impasse Palace Bellevue",1,null,3963,"Crans-Montana","CH","Suisse","Clinique Bernoise Montana - Secrétariat médical (facturation)","CLN.9403 ","Taxe de base transport S3",null,1,200,null,200]
[4829,"2022-02-25",700.35,null,18323,3,"Ambulance Clerc","Uvrier","S3","2022-02-17T18:09:15+01:00","2022-02-17T20:20:20+01:00","Clinique Bernoise","Impasse Palace Bellevue",1,null,3963,"Crans-Montana","CH","Suisse",55,"Privée","Hôpital de Sion","Avenue du Grand-Champsec",80,null,1950,"Sion","CH","Suisse","False","VS22004969","Maladie","Féminin","Mariéthoz","Anne-Sylvie","1971-01-05","Place du Bourg",4,null,1920,"Martigny","CH","Suisse","Mutuel Assurance Maladie SA","2756.3534.6562.02",102,"Établissement",null,null,null,"Impasse Palace Bellevue",1,null,3963,"Crans-Montana","CH","Suisse","Clinique Bernoise Montana - Secrétariat médical (facturation)","CLN.9404","Indemnisation kilométrique",null,55,4.5,"km",247.5]
[4829,"2022-02-25",700.35,null,18323,3,"Ambulance Clerc","Uvrier","S3","2022-02-17T18:09:15+01:00","2022-02-17T20:20:20+01:00","Clinique Bernoise","Impasse Palace Bellevue",1,null,3963,"Crans-Montana","CH","Suisse",55,"Privée","Hôpital de Sion","Avenue du Grand-Champsec",80,null,1950,"Sion","CH","Suisse","False","VS22004969","Maladie","Féminin","Mariéthoz","Anne-Sylvie","1971-01-05","Place du Bourg",4,null,1920,"Martigny","CH","Suisse","Mutuel Assurance Maladie SA","2756.3534.6562.02",102,"Établissement",null,null,null,"Impasse Palace Bellevue",1,null,3963,"Crans-Montana","CH","Suisse","Clinique Bernoise Montana - Secrétariat médical (facturation)","CLN.9411","Personnel soignant reconnu (par personne et par quart d'heure entamé)","2 collaborateur(s) x 9 quarts d’heure",18,35,"¼ d'heure",630]
[4829,"2022-02-25",700.35,null,18323,3,"Ambulance Clerc","Uvrier","S3","2022-02-17T18:09:15+01:00","2022-02-17T20:20:20+01:00","Clinique Bernoise","Impasse Palace Bellevue",1,null,3963,"Crans-Montana","CH","Suisse",55,"Privée","Hôpital de Sion","Avenue du Grand-Champsec",80,null,1950,"Sion","CH","Suisse","False","VS22004969","Maladie","Féminin","Mariéthoz","Anne-Sylvie","1971-01-05","Place du Bourg",4,null,1920,"Martigny","CH","Suisse","Mutuel Assurance Maladie SA","2756.3534.6562.02",102,"Établissement",null,null,null,"Impasse Palace Bellevue",1,null,3963,"Crans-Montana","CH","Suisse","Clinique Bernoise Montana - Secrétariat médical (facturation)","CLN.Rabais ","Rabais 35%","sur CHF 1'077.50",1,-377.15,null,-377.15]
[4830,"2022-02-25",750,null,18330,3,"Ambulance Clerc","Uvrier","S3","2022-02-17T20:25:25+01:00","2022-02-17T21:39:46+01:00","Hôpital de Sion","Avenue du Grand-Champsec",80,null,1950,"Sion","CH","Suisse",25,"Privée","EMS Les Vergers","Route de Riddes",263,null,1994,"Aproz (Nendaz)","CH","Suisse","False","VS22004976","Maladie","Masculin","Lamon","Bernard","1946-02-16","Route de Quartery",6,null,1964,"Conthey","CH","Suisse","GALENOS AG","2756.9569.0588.37",2,"Personne","Féminin","Lamon","Esther","Route de Quartery",6,null,1964,"Conthey","CH","Suisse",null,"CLN.9403 ","Taxe de base transport S3",null,1,200,null,200]
[4830,"2022-02-25",750,null,18330,3,"Ambulance Clerc","Uvrier","S3","2022-02-17T20:25:25+01:00","2022-02-17T21:39:46+01:00","Hôpital de Sion","Avenue du Grand-Champsec",80,null,1950,"Sion","CH","Suisse",25,"Privée","EMS Les Vergers","Route de Riddes",263,null,1994,"Aproz (Nendaz)","CH","Suisse","False","VS22004976","Maladie","Masculin","Lamon","Bernard","1946-02-16","Route de Quartery",6,null,1964,"Conthey","CH","Suisse","GALENOS AG","2756.9569.0588.37",2,"Personne","Féminin","Lamon","Esther","Route de Quartery",6,null,1964,"Conthey","CH","Suisse",null,"CLN.9404","Indemnisation kilométrique",null,25,4.5,"km",112.5]
[4830,"2022-02-25",750,null,18330,3,"Ambulance Clerc","Uvrier","S3","2022-02-17T20:25:25+01:00","2022-02-17T21:39:46+01:00","Hôpital de Sion","Avenue du Grand-Champsec",80,null,1950,"Sion","CH","Suisse",25,"Privée","EMS Les Vergers","Route de Riddes",263,null,1994,"Aproz (Nendaz)","CH","Suisse","False","VS22004976","Maladie","Masculin","Lamon","Bernard","1946-02-16","Route de Quartery",6,null,1964,"Conthey","CH","Suisse","GALENOS AG","2756.9569.0588.37",2,"Personne","Féminin","Lamon","Esther","Route de Quartery",6,null,1964,"Conthey","CH","Suisse",null,"CLN.9411","Personnel soignant reconnu (par personne et par quart d'heure entamé)","2 collaborateur(s) x 5 quarts d’heure",10,35,"¼ d'heure",350]
[4830,"2022-02-25",750,null,18330,3,"Ambulance Clerc","Uvrier","S3","2022-02-17T20:25:25+01:00","2022-02-17T21:39:46+01:00","Hôpital de Sion","Avenue du Grand-Champsec",80,null,1950,"Sion","CH","Suisse",25,"Privée","EMS Les Vergers","Route de Riddes",263,null,1994,"Aproz (Nendaz)","CH","Suisse","False","VS22004976","Maladie","Masculin","Lamon","Bernard","1946-02-16","Route de Quartery",6,null,1964,"Conthey","CH","Suisse","GALENOS AG","2756.9569.0588.37",2,"Personne","Féminin","Lamon","Esther","Route de Quartery",6,null,1964,"Conthey","CH","Suisse",null,"CLN.9431","Supplément de nuit  20h00-08h00","25% sur CHF 350.00",1,87.5,null,87.5]
[4831,"2022-02-25",525,"2032755/35",18345,3,"Ambulance Clerc","Uvrier","S3","2022-02-18T07:09:15+01:00","2022-02-18T09:01:29+01:00","Hôpital de Sierre","Rue Saint-Charles",14,null,3960,"Sierre","CH","Suisse",30,"Privée","Hôpital de Sion","Avenue du Grand-Champsec",80,null,1950,"Sion","CH","Suisse","False","VS22004991","Maladie","Féminin","Jacquier","Aimée Rose","1940-06-26","Rue du Pré-d'Amédée",102,null,1950,"Sion","CH","Suisse","Arcosana AG","2756.6493.2934.33",101,"Établissement",null,null,null,"Avenue Grand-Champsec",86,"Case postale 696",1951,"Sion","CH","Suisse","Hôpital du Valais - Direction des Finances/Service des fournisseurs (facturation)","HVS.21N","Forfait S3 HVS Sierre - HVS Sion","Trajet simple nuit (20h00-08h00) ou dimanches et jours fériés",1,525,null,525]
[4832,"2022-02-25",1384.5,null,18348,3,"Ambulance Clerc","Uvrier","S3","2022-02-18T09:10:42+01:00","2022-02-18T13:00:19+01:00","Clinique Bernoise","Impasse Palace Bellevue",1,null,3963,"Crans-Montana","CH","Suisse",180,"Privée","Hôpital Riviera-Chablais (HRC)","Route du Vieux-Séquoia",20,null,1847,"Rennaz","CH","Suisse","False","VS22004994","Maladie","Féminin","Calmes-Montini ","Dalida","1962-05-17","Rue du Collège",9,null,1895,"Vionnaz","CH","Suisse","Philos Assurance Maladie SA","2756.4165.5729.29",102,"Établissement",null,null,null,"Impasse Palace Bellevue",1,null,3963,"Crans-Montana","CH","Suisse","Clinique Bernoise Montana - Secrétariat médical (facturation)","CLN.9403 ","Taxe de base transport S3",null,1,200,null,200]
[4832,"2022-02-25",1384.5,null,18348,3,"Ambulance Clerc","Uvrier","S3","2022-02-18T09:10:42+01:00","2022-02-18T13:00:19+01:00","Clinique Bernoise","Impasse Palace Bellevue",1,null,3963,"Crans-Montana","CH","Suisse",180,"Privée","Hôpital Riviera-Chablais (HRC)","Route du Vieux-Séquoia",20,null,1847,"Rennaz","CH","Suisse","False","VS22004994","Maladie","Féminin","Calmes-Montini ","Dalida","1962-05-17","Rue du Collège",9,null,1895,"Vionnaz","CH","Suisse","Philos Assurance Maladie SA","2756.4165.5729.29",102,"Établissement",null,null,null,"Impasse Palace Bellevue",1,null,3963,"Crans-Montana","CH","Suisse","Clinique Bernoise Montana - Secrétariat médical (facturation)","CLN.9404","Indemnisation kilométrique",null,180,4.5,"km",810]
[4832,"2022-02-25",1384.5,null,18348,3,"Ambulance Clerc","Uvrier","S3","2022-02-18T09:10:42+01:00","2022-02-18T13:00:19+01:00","Clinique Bernoise","Impasse Palace Bellevue",1,null,3963,"Crans-Montana","CH","Suisse",180,"Privée","Hôpital Riviera-Chablais (HRC)","Route du Vieux-Séquoia",20,null,1847,"Rennaz","CH","Suisse","False","VS22004994","Maladie","Féminin","Calmes-Montini ","Dalida","1962-05-17","Rue du Collège",9,null,1895,"Vionnaz","CH","Suisse","Philos Assurance Maladie SA","2756.4165.5729.29",102,"Établissement",null,null,null,"Impasse Palace Bellevue",1,null,3963,"Crans-Montana","CH","Suisse","Clinique Bernoise Montana - Secrétariat médical (facturation)","CLN.9411","Personnel soignant reconnu (par personne et par quart d'heure entamé)","2 collaborateurs(s) x 16 quarts d'heure",32,35,"¼ d'heure",1120]
[4832,"2022-02-25",1384.5,null,18348,3,"Ambulance Clerc","Uvrier","S3","2022-02-18T09:10:42+01:00","2022-02-18T13:00:19+01:00","Clinique Bernoise","Impasse Palace Bellevue",1,null,3963,"Crans-Montana","CH","Suisse",180,"Privée","Hôpital Riviera-Chablais (HRC)","Route du Vieux-Séquoia",20,null,1847,"Rennaz","CH","Suisse","False","VS22004994","Maladie","Féminin","Calmes-Montini ","Dalida","1962-05-17","Rue du Collège",9,null,1895,"Vionnaz","CH","Suisse","Philos Assurance Maladie SA","2756.4165.5729.29",102,"Établissement",null,null,null,"Impasse Palace Bellevue",1,null,3963,"Crans-Montana","CH","Suisse","Clinique Bernoise Montana - Secrétariat médical (facturation)","CLN.Rabais ","Rabais 35%","sur CHF 2130.00",1,-745.5,null,-745.5]
[4833,"2022-02-25",660,"2472605/4",18450,3,"Ambulance Clerc","Uvrier","S3","2022-02-18T20:01:32+01:00","2022-02-18T21:42:44+01:00","Hôpital de Martigny","Avenue de la Fusion",27,null,1920,"Martigny","CH","Suisse",70,"Privée","Hôpital de Sion","Avenue du Grand-Champsec",80,null,1950,"Sion","CH","Suisse","False","VS22005100","Maladie","Masculin","Gioeni","Vittorio","1941-12-02","Chemin de Devin",12,null,3960,"Sierre","CH","Suisse","Mutuel Assurance Maladie SA","2756.5119.2384.14",101,"Établissement",null,null,null,"Avenue Grand-Champsec",86,"Case postale 696",1951,"Sion","CH","Suisse","Hôpital du Valais - Direction des Finances/Service des fournisseurs (facturation)","HVS.31N","Forfait S3 HVS Martigny - HVS Sion","Trajet simple nuit (20h00-08h00) ou dimanches et jours fériés",1,660,null,660]
[4834,"2022-02-25",1688,"2068033/31",18456,3,"Ambulance Clerc","Uvrier","S3","2022-02-18T21:43:20+01:00","2022-02-19T01:10:00+01:00","Hôpital de Sion","Avenue du Grand-Champsec",80,null,1950,"Sion","CH","Suisse",200,"Privée","CHUV Hôpital universitaire de Lausanne","Rue du Bugnon",46,null,1006,"Lausanne","CH","Suisse","False","VS22005107","Maladie","Masculin","Noti","Jean-Charles","1965-02-03","Grand Rue",59,null,1904,"Vernayaz","CH","Suisse","Mutuel Assurance Maladie SA","2756.7575.0927.46",101,"Établissement",null,null,null,"Avenue Grand-Champsec",86,"Case postale 696",1951,"Sion","CH","Suisse","Hôpital du Valais - Direction des Finances/Service des fournisseurs (facturation)","HVS.110N","Forfait S3 HVS Sion - CHUV","Trajet simple nuit (20h00-08h00) ou dimanches et jours fériés",1,1688,null,1688]
[4835,"2022-02-25",440,"2037531/32",18488,3,"Ambulance Clerc","Uvrier","S3","2022-02-19T10:30:00+01:00","2022-02-19T11:51:46+01:00","Hôpital de Sion","Avenue du Grand-Champsec",80,null,1950,"Sion","CH","Suisse",70,"Privée","Hôpital de Martigny","Avenue de la Fusion",27,null,1920,"Martigny","CH","Suisse","False","VS22005142","Accident","Féminin","Saudan Soprano ","Yvette","1944-09-03","Route Cantonale",267,null,1963,"Vétroz","CH","Suisse","Helsana Assurances SA","2756.5772.4834.04",101,"Établissement",null,null,null,"Avenue Grand-Champsec",86,"Case postale 696",1951,"Sion","CH","Suisse","Hôpital du Valais - Direction des Finances/Service des fournisseurs (facturation)","HVS.13J","Forfait S3 HVS Sion - HVS Martigny","Trajet simple journée (08h00-20h00)",1,440,null,440]
[4836,"2022-02-25",686,"2525431/22",18498,3,"Ambulance Clerc","Uvrier","S3","2022-02-19T11:52:07+01:00","2022-02-19T13:36:06+01:00","Hôpital de Sion","Avenue du Grand-Champsec",80,null,1950,"Sion","CH","Suisse",110,"Privée","Hôpital de Malévoz","Route de Morgins",10,null,1870,"Monthey","CH","Suisse","False","VS22005152","Maladie","Féminin","Balmelli ","Fanny","2001-06-25","Avenue de la Gare",41,null,1963,"Vétroz","CH","Suisse","Helsana Assurances SA","2756.1350.5087.43",101,"Établissement",null,null,null,"Avenue Grand-Champsec",86,"Case postale 696",1951,"Sion","CH","Suisse","Hôpital du Valais - Direction des Finances/Service des fournisseurs (facturation)","HVS.17J","Forfait S3 HVS Sion - Malévoz","Trajet simple journée (08h00-20h00)",1,686,null,686]
[4837,"2022-02-25",803,null,18742,3,"Ambulance Clerc","Monthey","P2","2022-02-21T13:32:51+01:00","2022-02-21T14:51:19+01:00","Résidence La Charmaie","Place Sous l'Eglise",3,null,1893,"Muraz (Collombey)","CH","Suisse",34,"Planification","Hôpital Riviera-Chablais (HRC)","Route du Vieux-Séquoia",20,null,1847,"Rennaz","CH","Suisse","False","VS22005408","Maladie","Féminin","Borgeaud","Hélène","1928-06-03","Place Sous l'Eglise",3,"Résidence La Charmaie",1893,"Muraz (Collombey)","CH","Suisse","CSS Kranken- Versicherung AG","1756.1553.8872.87",1,"Personne","Féminin","Borgeaud","Hélène","Place Sous l'Eglise",3,"Résidence La Charmaie",1893,"Muraz (Collombey)","CH","Suisse",null,9402,"Taxe de base transport P2",null,1,300,null,300]
[4837,"2022-02-25",803,null,18742,3,"Ambulance Clerc","Monthey","P2","2022-02-21T13:32:51+01:00","2022-02-21T14:51:19+01:00","Résidence La Charmaie","Place Sous l'Eglise",3,null,1893,"Muraz (Collombey)","CH","Suisse",34,"Planification","Hôpital Riviera-Chablais (HRC)","Route du Vieux-Séquoia",20,null,1847,"Rennaz","CH","Suisse","False","VS22005408","Maladie","Féminin","Borgeaud","Hélène","1928-06-03","Place Sous l'Eglise",3,"Résidence La Charmaie",1893,"Muraz (Collombey)","CH","Suisse","CSS Kranken- Versicherung AG","1756.1553.8872.87",1,"Personne","Féminin","Borgeaud","Hélène","Place Sous l'Eglise",3,"Résidence La Charmaie",1893,"Muraz (Collombey)","CH","Suisse",null,9404,"Indemnisation kilométrique",null,34,4.5,"km",153]
[4837,"2022-02-25",803,null,18742,3,"Ambulance Clerc","Monthey","P2","2022-02-21T13:32:51+01:00","2022-02-21T14:51:19+01:00","Résidence La Charmaie","Place Sous l'Eglise",3,null,1893,"Muraz (Collombey)","CH","Suisse",34,"Planification","Hôpital Riviera-Chablais (HRC)","Route du Vieux-Séquoia",20,null,1847,"Rennaz","CH","Suisse","False","VS22005408","Maladie","Féminin","Borgeaud","Hélène","1928-06-03","Place Sous l'Eglise",3,"Résidence La Charmaie",1893,"Muraz (Collombey)","CH","Suisse","CSS Kranken- Versicherung AG","1756.1553.8872.87",1,"Personne","Féminin","Borgeaud","Hélène","Place Sous l'Eglise",3,"Résidence La Charmaie",1893,"Muraz (Collombey)","CH","Suisse",null,9411,"Personnel soignant reconnu (par personne et par quart d'heure entamé)",null,10,35,"¼ d'heure",350]
[4837,"2022-02-25",803,null,18742,3,"Ambulance Clerc","Monthey","P2","2022-02-21T13:32:51+01:00","2022-02-21T14:51:19+01:00","Résidence La Charmaie","Place Sous l'Eglise",3,null,1893,"Muraz (Collombey)","CH","Suisse",34,"Planification","Hôpital Riviera-Chablais (HRC)","Route du Vieux-Séquoia",20,null,1847,"Rennaz","CH","Suisse","False","VS22005408","Maladie","Féminin","Borgeaud","Hélène","1928-06-03","Place Sous l'Eglise",3,"Résidence La Charmaie",1893,"Muraz (Collombey)","CH","Suisse","CSS Kranken- Versicherung AG","1756.1553.8872.87",1,"Personne","Féminin","Borgeaud","Hélène","Place Sous l'Eglise",3,"Résidence La Charmaie",1893,"Muraz (Collombey)","CH","Suisse",null,9440,"Matériel - Prestation standard",null,1,0,null,0]
[4838,"2022-02-25",686,"2231039/13",18524,3,"Ambulance Clerc","Uvrier","S3","2022-02-19T14:13:24+01:00","2022-02-19T15:47:58+01:00","Hôpital de Sion","Avenue du Grand-Champsec",80,null,1950,"Sion","CH","Suisse",110,"Privée","Hôpital de Malévoz","Route de Morgins",10,null,1870,"Monthey","CH","Suisse","False","VS22005180","Maladie","Féminin","Bétrisey","Béatrice","1966-06-24","Rue du Parc",3,null,1950,"Sion","CH","Suisse","CSS Kranken- Versicherung AG"," 22756.1538.7168.23",101,"Établissement",null,null,null,"Avenue Grand-Champsec",86,"Case postale 696",1951,"Sion","CH","Suisse","Hôpital du Valais - Direction des Finances/Service des fournisseurs (facturation)","HVS.17J","Forfait S3 HVS Sion - Malévoz","Trajet simple journée (08h00-20h00)",1,686,null,686]
[4839,"2022-02-25",350,"2253408/46",18565,3,"Ambulance Clerc","Uvrier","S3","2022-02-19T19:30:09+01:00","2022-02-19T20:27:10+01:00","Hôpital de Sion","Avenue du Grand-Champsec",80,null,1950,"Sion","CH","Suisse",30,"Privée","Hôpital de Sierre","Rue Saint-Charles",14,null,3960,"Sierre","CH","Suisse","False","VS22005227","Maladie","Féminin","Rey","Shérazade Nadine","2007-05-21","Rue du Vieux-Moulin",15,null,1950,"Sion","CH","Suisse","Progrès Assurances SA","2756.2729.7202.09",101,"Établissement","Féminin","Rey","Fatiha","Avenue Grand-Champsec",86,"Case postale 696",1951,"Sion","CH","Suisse","Hôpital du Valais - Direction des Finances/Service des fournisseurs (facturation)","HVS.12J","Forfait S3 HVS Sion - HVS Sierre","Trajet simple journée (08h00-20h00)",1,350,null,350]
[4840,"2022-02-25",794,null,18756,3,"Ambulance Clerc","Monthey","P2","2022-02-21T15:21:34+01:00","2022-02-21T16:38:48+01:00","Domicile ","Route du Montagnier","4E",null,1868,"Collombey","CH","Suisse",32,"Planification","Hôpital Riviera-Chablais (HRC)","Route du Vieux-Séquoia",20,null,1847,"Rennaz","CH","Suisse","False","VS22005423","Maladie","Féminin","Vuadens","Marlyse Marie","1931-10-12","Route du Montagnier","4E",null,1868,"Collombey","CH","Suisse","Mutuel Assurance Maladie SA","1756.8328.2873.41",1,"Personne","Féminin","Vuadens","Marlyse Marie","Route du Montagnier","4E",null,1868,"Collombey","CH","Suisse",null,9402,"Taxe de base transport P2",null,1,300,null,300]
[4840,"2022-02-25",794,null,18756,3,"Ambulance Clerc","Monthey","P2","2022-02-21T15:21:34+01:00","2022-02-21T16:38:48+01:00","Domicile ","Route du Montagnier","4E",null,1868,"Collombey","CH","Suisse",32,"Planification","Hôpital Riviera-Chablais (HRC)","Route du Vieux-Séquoia",20,null,1847,"Rennaz","CH","Suisse","False","VS22005423","Maladie","Féminin","Vuadens","Marlyse Marie","1931-10-12","Route du Montagnier","4E",null,1868,"Collombey","CH","Suisse","Mutuel Assurance Maladie SA","1756.8328.2873.41",1,"Personne","Féminin","Vuadens","Marlyse Marie","Route du Montagnier","4E",null,1868,"Collombey","CH","Suisse",null,9404,"Indemnisation kilométrique",null,32,4.5,"km",144]
[4840,"2022-02-25",794,null,18756,3,"Ambulance Clerc","Monthey","P2","2022-02-21T15:21:34+01:00","2022-02-21T16:38:48+01:00","Domicile ","Route du Montagnier","4E",null,1868,"Collombey","CH","Suisse",32,"Planification","Hôpital Riviera-Chablais (HRC)","Route du Vieux-Séquoia",20,null,1847,"Rennaz","CH","Suisse","False","VS22005423","Maladie","Féminin","Vuadens","Marlyse Marie","1931-10-12","Route du Montagnier","4E",null,1868,"Collombey","CH","Suisse","Mutuel Assurance Maladie SA","1756.8328.2873.41",1,"Personne","Féminin","Vuadens","Marlyse Marie","Route du Montagnier","4E",null,1868,"Collombey","CH","Suisse",null,9411,"Personnel soignant reconnu (par personne et par quart d'heure entamé)",null,10,35,"¼ d'heure",350]
[4840,"2022-02-25",794,null,18756,3,"Ambulance Clerc","Monthey","P2","2022-02-21T15:21:34+01:00","2022-02-21T16:38:48+01:00","Domicile ","Route du Montagnier","4E",null,1868,"Collombey","CH","Suisse",32,"Planification","Hôpital Riviera-Chablais (HRC)","Route du Vieux-Séquoia",20,null,1847,"Rennaz","CH","Suisse","False","VS22005423","Maladie","Féminin","Vuadens","Marlyse Marie","1931-10-12","Route du Montagnier","4E",null,1868,"Collombey","CH","Suisse","Mutuel Assurance Maladie SA","1756.8328.2873.41",1,"Personne","Féminin","Vuadens","Marlyse Marie","Route du Montagnier","4E",null,1868,"Collombey","CH","Suisse",null,9440,"Matériel - Prestation standard",null,1,0,null,0]
[4841,"2022-02-25",1029,"2481694/25",18567,3,"Ambulance Clerc","Uvrier","S3","2022-02-19T20:27:11+01:00","2022-02-19T22:11:07+01:00","Hôpital de Sion","Avenue du Grand-Champsec",80,null,1950,"Sion","CH","Suisse",110,"Privée","Hôpital de Malévoz","Route de Morgins",10,null,1870,"Monthey","CH","Suisse","False","VS22005229","Maladie","Féminin","Gailland","Eléonore Margaux","1999-02-07","Rue de Granois",35,null,1965,"Savièse","CH","Suisse","Sanitas Grundversicherungen AG","2756.0635.4806.68",101,"Établissement",null,null,null,"Avenue Grand-Champsec",86,"Case postale 696",1951,"Sion","CH","Suisse","Hôpital du Valais - Direction des Finances/Service des fournisseurs (facturation)","HVS.17N","Forfait S3 HVS Sion - Malévoz","Trajet simple nuit (20h00-08h00) ou dimanches et jours fériés",1,1029,null,1029]
[4842,"2022-02-25",831,null,18767,3,"Ambulance Clerc","Monthey","S2","2022-02-21T18:51:06+01:00","2022-02-21T21:07:14+01:00","Hôpital Riviera-Chablais (HRC)","Route du Vieux-Séquoia",20,null,1847,"Rennaz","CH","Suisse",87,"Privée","CHUV Hôpital universitaire de Lausanne","Rue du Bugnon",46,null,1006,"Lausanne","CH","Suisse","False","VS22005434","Maladie","Féminin","Dancla","Tiffany","1994-02-16","Chemin des Lieugex",35,null,1860,"Aigle","CH","Suisse","VAUDOISE GÉNÉRALE, Compagnie d'Assurances SA","2756.0258.0461.80",100,"Établissement",null,null,null,"Route du Vieux-Séquoia",20,null,1847,"Rennaz","CH","Suisse","Hôpital Riviera-Chablais Vaud-Valais - Fournisseurs (facturation)","HRC.110N","Forfait S3 Rennaz - CHUV","Trajet simple nuit (19h00-07h00)",1,831,null,831]
[4843,"2022-02-25",1025,null,18772,3,"Ambulance Clerc","Monthey","P1","2022-02-21T19:28:03+01:00","2022-02-21T20:57:09+01:00","Salle polyvalente","Chemin de la Carrière",1,null,1873,"Val-d'Illiez","CH","Suisse",50,"Planification","Hôpital Riviera-Chablais (HRC)","Route du Vieux-Séquoia",20,null,1847,"Rennaz","CH","Suisse","False","VS22005439","Accident","Masculin","Lüscher","Noah ","2010-08-24","Chemin des Cristallines",4,null,1873,"Val-d'Illiez","CH","Suisse","AMB Assurances SA","1756.1725.55.43.44",1,"Personne","Féminin","Lüscher","Tania","Chemin des Cristallines",4,null,1873,"Val-d'Illiez","CH","Suisse",null,9401,"Taxe de base sauvetage P1",null,1,300,null,300]
[4843,"2022-02-25",1025,null,18772,3,"Ambulance Clerc","Monthey","P1","2022-02-21T19:28:03+01:00","2022-02-21T20:57:09+01:00","Salle polyvalente","Chemin de la Carrière",1,null,1873,"Val-d'Illiez","CH","Suisse",50,"Planification","Hôpital Riviera-Chablais (HRC)","Route du Vieux-Séquoia",20,null,1847,"Rennaz","CH","Suisse","False","VS22005439","Accident","Masculin","Lüscher","Noah ","2010-08-24","Chemin des Cristallines",4,null,1873,"Val-d'Illiez","CH","Suisse","AMB Assurances SA","1756.1725.55.43.44",1,"Personne","Féminin","Lüscher","Tania","Chemin des Cristallines",4,null,1873,"Val-d'Illiez","CH","Suisse",null,9404,"Indemnisation kilométrique",null,50,4.5,"km",225]
[4843,"2022-02-25",1025,null,18772,3,"Ambulance Clerc","Monthey","P1","2022-02-21T19:28:03+01:00","2022-02-21T20:57:09+01:00","Salle polyvalente","Chemin de la Carrière",1,null,1873,"Val-d'Illiez","CH","Suisse",50,"Planification","Hôpital Riviera-Chablais (HRC)","Route du Vieux-Séquoia",20,null,1847,"Rennaz","CH","Suisse","False","VS22005439","Accident","Masculin","Lüscher","Noah ","2010-08-24","Chemin des Cristallines",4,null,1873,"Val-d'Illiez","CH","Suisse","AMB Assurances SA","1756.1725.55.43.44",1,"Personne","Féminin","Lüscher","Tania","Chemin des Cristallines",4,null,1873,"Val-d'Illiez","CH","Suisse",null,9411,"Personnel soignant reconnu (par personne et par quart d'heure entamé)",null,12,35,"¼ d'heure",420]
[4843,"2022-02-25",1025,null,18772,3,"Ambulance Clerc","Monthey","P1","2022-02-21T19:28:03+01:00","2022-02-21T20:57:09+01:00","Salle polyvalente","Chemin de la Carrière",1,null,1873,"Val-d'Illiez","CH","Suisse",50,"Planification","Hôpital Riviera-Chablais (HRC)","Route du Vieux-Séquoia",20,null,1847,"Rennaz","CH","Suisse","False","VS22005439","Accident","Masculin","Lüscher","Noah ","2010-08-24","Chemin des Cristallines",4,null,1873,"Val-d'Illiez","CH","Suisse","AMB Assurances SA","1756.1725.55.43.44",1,"Personne","Féminin","Lüscher","Tania","Chemin des Cristallines",4,null,1873,"Val-d'Illiez","CH","Suisse",null,9441,"Matériel - Prestation standard élargie",null,1,80,null,80]
[4844,"2022-02-25",1560.5,null,18775,3,"Ambulance Clerc","Monthey","P1","2022-02-21T21:11:32+01:00","2022-02-21T23:18:32+01:00","La Castalie","Chemin de Champerfou",40,null,1870,"Monthey","CH","Suisse",34,"Planification","Hôpital Riviera-Chablais (HRC)","Route du Vieux-Séquoia",20,null,1847,"Rennaz","CH","Suisse","False","VS22005443","Maladie","Masculin","Dayer","Stéphane","1958-03-07","Chemin de Champerfou",40,"La Castalie",1870,"Monthey","CH","Suisse","CSS Kranken- Versicherung AG","1756.0979.9318.95",1,"Personne","Masculin","Dayer","Olivier","Rue de la Blancherie",21,null,1950,"Sion","CH","Suisse",null,9401,"Taxe de base sauvetage P1",null,1,300,null,300]
[4844,"2022-02-25",1560.5,null,18775,3,"Ambulance Clerc","Monthey","P1","2022-02-21T21:11:32+01:00","2022-02-21T23:18:32+01:00","La Castalie","Chemin de Champerfou",40,null,1870,"Monthey","CH","Suisse",34,"Planification","Hôpital Riviera-Chablais (HRC)","Route du Vieux-Séquoia",20,null,1847,"Rennaz","CH","Suisse","False","VS22005443","Maladie","Masculin","Dayer","Stéphane","1958-03-07","Chemin de Champerfou",40,"La Castalie",1870,"Monthey","CH","Suisse","CSS Kranken- Versicherung AG","1756.0979.9318.95",1,"Personne","Masculin","Dayer","Olivier","Rue de la Blancherie",21,null,1950,"Sion","CH","Suisse",null,9404,"Indemnisation kilométrique",null,34,4.5,"km",153]
[4844,"2022-02-25",1560.5,null,18775,3,"Ambulance Clerc","Monthey","P1","2022-02-21T21:11:32+01:00","2022-02-21T23:18:32+01:00","La Castalie","Chemin de Champerfou",40,null,1870,"Monthey","CH","Suisse",34,"Planification","Hôpital Riviera-Chablais (HRC)","Route du Vieux-Séquoia",20,null,1847,"Rennaz","CH","Suisse","False","VS22005443","Maladie","Masculin","Dayer","Stéphane","1958-03-07","Chemin de Champerfou",40,"La Castalie",1870,"Monthey","CH","Suisse","CSS Kranken- Versicherung AG","1756.0979.9318.95",1,"Personne","Masculin","Dayer","Olivier","Rue de la Blancherie",21,null,1950,"Sion","CH","Suisse",null,9411,"Personnel soignant reconnu (par personne et par quart d'heure entamé)",null,18,35,"¼ d'heure",630]
[4844,"2022-02-25",1560.5,null,18775,3,"Ambulance Clerc","Monthey","P1","2022-02-21T21:11:32+01:00","2022-02-21T23:18:32+01:00","La Castalie","Chemin de Champerfou",40,null,1870,"Monthey","CH","Suisse",34,"Planification","Hôpital Riviera-Chablais (HRC)","Route du Vieux-Séquoia",20,null,1847,"Rennaz","CH","Suisse","False","VS22005443","Maladie","Masculin","Dayer","Stéphane","1958-03-07","Chemin de Champerfou",40,"La Castalie",1870,"Monthey","CH","Suisse","CSS Kranken- Versicherung AG","1756.0979.9318.95",1,"Personne","Masculin","Dayer","Olivier","Rue de la Blancherie",21,null,1950,"Sion","CH","Suisse",null,9431,"Supplément de nuit",null,1,157.5,null,157.5]
[4844,"2022-02-25",1560.5,null,18775,3,"Ambulance Clerc","Monthey","P1","2022-02-21T21:11:32+01:00","2022-02-21T23:18:32+01:00","La Castalie","Chemin de Champerfou",40,null,1870,"Monthey","CH","Suisse",34,"Planification","Hôpital Riviera-Chablais (HRC)","Route du Vieux-Séquoia",20,null,1847,"Rennaz","CH","Suisse","False","VS22005443","Maladie","Masculin","Dayer","Stéphane","1958-03-07","Chemin de Champerfou",40,"La Castalie",1870,"Monthey","CH","Suisse","CSS Kranken- Versicherung AG","1756.0979.9318.95",1,"Personne","Masculin","Dayer","Olivier","Rue de la Blancherie",21,null,1950,"Sion","CH","Suisse",null,9442,"Matériel - Réanimation, préparation de l'anesthésie et autres moyens thérapeutiques",null,1,320,null,320]
[4845,"2022-02-25",400,null,18788,3,"Ambulance Clerc","Monthey","S3","2022-02-22T08:32:08+01:00","2022-02-22T10:22:25+01:00","Hôpital Riviera-Chablais (HRC)","Route du Vieux-Séquoia",20,null,1847,"Rennaz","CH","Suisse",54,"Privée","Fondation Rive-Neuve","Chemin des Cuarroz",57,null,1807,"Blonay","CH","Suisse","False","VS22005456","Maladie","Masculin","Jaunin","Gérard ","1941-12-25","Quai Maria-Belgia",8,null,1800,"Vevey","CH","Suisse","Mutuel Assurance Maladie SA","2756.4533.2488.32",100,"Établissement",null,null,null,"Route du Vieux-Séquoia",20,null,1847,"Rennaz","CH","Suisse","Hôpital Riviera-Chablais Vaud-Valais - Fournisseurs (facturation)","HRC.113J","Forfait S3 Rennaz - Fondation Rive-Neuve","Trajet simple journée (07h00-19h00)",1,400,null,400]
[4846,"2022-02-25",589,null,18557,3,"Ambulance Clerc","Monthey","S3","2022-02-19T17:45:50+01:00","2022-02-19T20:12:14+01:00","Hôpital Riviera-Chablais (HRC)","Route du Vieux-Séquoia",20,null,1847,"Rennaz","CH","Suisse",76,"Privée","Hôpital psychiatrique de Cery","Route de Cery",null,null,1008,"Prilly","CH","Suisse","False","VS22005219","Maladie","Féminin","Delacrétaz","Bruna","1931-11-21","Chemin de Bellevue",4,null,1860,"Aigle","CH","Suisse","CPT Assurance SA","2756.6800.0586.87",100,"Établissement",null,null,null,"Route du Vieux-Séquoia",20,null,1847,"Rennaz","CH","Suisse","Hôpital Riviera-Chablais Vaud-Valais - Fournisseurs (facturation)","HRC.126J","Forfait S3 Rennaz - Cery Prilly","Trajet simple journée (07h00-19h00)",1,589,null,589]
[4847,"2022-02-25",1029,"2252867/56",18566,3,"Ambulance Clerc","Uvrier","S3","2022-02-19T22:12:00+01:00","2022-02-20T00:04:47+01:00","Hôpital de Sion","Avenue du Grand-Champsec",80,null,1950,"Sion","CH","Suisse",110,"Privée","Hôpital de Malévoz","Route de Morgins",10,null,1870,"Monthey","CH","Suisse","False","VS22005228","Maladie","Féminin","Antille","Alexandra Alina","1994-07-17","Route de Grône",10,null,3966,"Réchy","CH","Suisse","CSS Kranken- Versicherung AG","2756.8042.2562.41",101,"Établissement",null,null,null,"Avenue Grand-Champsec",86,"Case postale 696",1951,"Sion","CH","Suisse","Hôpital du Valais - Direction des Finances/Service des fournisseurs (facturation)","HVS.17N","Forfait S3 HVS Sion - Malévoz","Trajet simple nuit (20h00-08h00) ou dimanches et jours fériés",1,1029,null,1029]
[4848,"2022-02-25",300,"2481848/16",18591,3,"Ambulance Clerc","Uvrier","S3","2022-02-20T09:00:00+01:00","2022-02-20T10:00:00+01:00","Hôpital de Malévoz","Route de Morgins",10,null,1870,"Monthey","CH","Suisse",10,"Privée","Permanence médicale du Chablais (HRC)","Route de Morgins",54,null,1870,"Monthey","CH","Suisse","False","VS22005253","Accident","Masculin","Cabral Landim ","Alberto ","1977-02-09","Rue Pré-Borvey",7,null,1920,"Martigny","CH","Suisse","Easy Sana Assurance Maladie SA","2756.0909.2852.34",101,"Établissement",null,null,null,"Avenue Grand-Champsec",86,"Case postale 696",1951,"Sion","CH","Suisse","Hôpital du Valais - Direction des Finances/Service des fournisseurs (facturation)","HVS","Forfait S3 Malévoz - Permanence du Chablais","Trajet simple dimanche",1,300,null,300]
[4849,"2022-02-25",2693,"2833643/1",18609,3,"Ambulance Clerc","Uvrier","S3","2022-02-20T11:50:27+01:00","2022-02-20T18:04:54+01:00","Hôpital de Sion","Avenue du Grand-Champsec",80,null,1950,"Sion","CH","Suisse",340,"Privée","HUG Hôpital universitaire de Genève","Rue Gabrielle-Perret-Gentil",4,null,1205,"Genève","CH","Suisse","False","VS22005271","Maladie","Féminin","Emery","Geneviève","1959-02-07","Rue du Comte-Géraud",11,null,1213,"Onex","CH","Suisse","Assura-Basis SA","7256.5263.5070.91",101,"Établissement",null,null,null,"Avenue Grand-Champsec",86,"Case postale 696",1951,"Sion","CH","Suisse","Hôpital du Valais - Direction des Finances/Service des fournisseurs (facturation)","HVS.112N","Forfait S3 HVS Sion - HUG","Trajet simple nuit (20h00-08h00) ou dimanches et jours fériés",1,2693,null,2693]
[4850,"2022-02-25",660,"2833751/1",18687,3,"Ambulance Clerc","Uvrier","S3","2022-02-20T19:52:49+01:00","2022-02-20T21:10:08+01:00","Hôpital de Martigny","Avenue de la Fusion",27,null,1920,"Martigny","CH","Suisse",70,"Privée","Hôpital de Sion","Avenue du Grand-Champsec",80,null,1950,"Sion","CH","Suisse","False","VS22005350","Maladie","Féminin","Bozu","Roberta Maria","2005-09-03","Hauptstrasse",291,null,55743,"Idar-Oberstein","DE","Allemagne",null,null,101,"Établissement","Masculin","Bozu","Petru-Robert","Avenue Grand-Champsec",86,"Case postale 696",1951,"Sion","CH","Suisse","Hôpital du Valais - Direction des Finances/Service des fournisseurs (facturation)","HVS.31N","Forfait S3 HVS Martigny - HVS Sion","Trajet simple nuit (20h00-08h00) ou dimanches et jours fériés",1,660,null,660]
[4851,"2022-02-25",660,"2004903/30",18698,3,"Ambulance Clerc","Uvrier","S3","2022-02-20T21:35:52+01:00","2022-02-20T23:15:08+01:00","Hôpital de Sion","Avenue du Grand-Champsec",80,null,1950,"Sion","CH","Suisse",70,"Privée","Hôpital de Martigny","Avenue de la Fusion",27,null,1920,"Martigny","CH","Suisse","False","VS22005361","Maladie","Féminin","Bétrisey","Anny","1948-06-08","Rue de la Gare ","29A",null,1958,"St-Léonard","CH","Suisse","Mutuel Assurance Maladie SA","2756.0612.9579.78",101,"Établissement",null,null,null,"Avenue Grand-Champsec",86,"Case postale 696",1951,"Sion","CH","Suisse","Hôpital du Valais - Direction des Finances/Service des fournisseurs (facturation)","HVS.13N","Forfait S3 HVS Sion - HVS Martigny","Trajet simple nuit (20h00-08h00) ou dimanches et jours fériés",1,660,null,660]
[4852,"2022-02-25",4560,"28334871/1",18710,3,"Ambulance Clerc","Uvrier","S3","2022-02-21T06:35:18+01:00","2022-02-21T14:39:31+01:00","Hôpital de Sion","Avenue du Grand-Champsec",80,null,1950,"Sion","CH","Suisse",578,"Privée","Universitätsklinik Balgrist","Forchstrasse",340,null,8008,"Zürich","CH","Suisse","False","VS22005375","Accident","Masculin","Mingard","Nathan","1992-05-21","Langgrütstrasse",33,null,8047,"Zürich","CH","Suisse","Krankenkasse Steffisburg","2756.1400.1098.14",101,"Établissement",null,null,null,"Avenue Grand-Champsec",86,"Case postale 696",1951,"Sion","CH","Suisse","Hôpital du Valais - Direction des Finances/Service des fournisseurs (facturation)","HVS.KM7","Taxe kilométrique (0 à 50 km)",null,50,7,"km",350]
[4852,"2022-02-25",4560,"28334871/1",18710,3,"Ambulance Clerc","Uvrier","S3","2022-02-21T06:35:18+01:00","2022-02-21T14:39:31+01:00","Hôpital de Sion","Avenue du Grand-Champsec",80,null,1950,"Sion","CH","Suisse",578,"Privée","Universitätsklinik Balgrist","Forchstrasse",340,null,8008,"Zürich","CH","Suisse","False","VS22005375","Accident","Masculin","Mingard","Nathan","1992-05-21","Langgrütstrasse",33,null,8047,"Zürich","CH","Suisse","Krankenkasse Steffisburg","2756.1400.1098.14",101,"Établissement",null,null,null,"Avenue Grand-Champsec",86,"Case postale 696",1951,"Sion","CH","Suisse","Hôpital du Valais - Direction des Finances/Service des fournisseurs (facturation)","HVS.KM6","Taxe kilométrique (51 à 100 km)",null,50,6,"km",300]
[4852,"2022-02-25",4560,"28334871/1",18710,3,"Ambulance Clerc","Uvrier","S3","2022-02-21T06:35:18+01:00","2022-02-21T14:39:31+01:00","Hôpital de Sion","Avenue du Grand-Champsec",80,null,1950,"Sion","CH","Suisse",578,"Privée","Universitätsklinik Balgrist","Forchstrasse",340,null,8008,"Zürich","CH","Suisse","False","VS22005375","Accident","Masculin","Mingard","Nathan","1992-05-21","Langgrütstrasse",33,null,8047,"Zürich","CH","Suisse","Krankenkasse Steffisburg","2756.1400.1098.14",101,"Établissement",null,null,null,"Avenue Grand-Champsec",86,"Case postale 696",1951,"Sion","CH","Suisse","Hôpital du Valais - Direction des Finances/Service des fournisseurs (facturation)","HVS.KM5","Taxe kilométrique (dès 101 km)",null,478,5,"km",2390]
[4852,"2022-02-25",4560,"28334871/1",18710,3,"Ambulance Clerc","Uvrier","S3","2022-02-21T06:35:18+01:00","2022-02-21T14:39:31+01:00","Hôpital de Sion","Avenue du Grand-Champsec",80,null,1950,"Sion","CH","Suisse",578,"Privée","Universitätsklinik Balgrist","Forchstrasse",340,null,8008,"Zürich","CH","Suisse","False","VS22005375","Accident","Masculin","Mingard","Nathan","1992-05-21","Langgrütstrasse",33,null,8047,"Zürich","CH","Suisse","Krankenkasse Steffisburg","2756.1400.1098.14",101,"Établissement",null,null,null,"Avenue Grand-Champsec",86,"Case postale 696",1951,"Sion","CH","Suisse","Hôpital du Valais - Direction des Finances/Service des fournisseurs (facturation)","CLN.9431","Supplément de nuit  20h00-08h00","50% sur CHF 3040.00",1,1520,null,1520]
[4853,"2022-02-25",660,"2186086/22",18782,3,"Ambulance Clerc","Uvrier","S3","2022-02-21T23:03:26+01:00","2022-02-22T00:25:18+01:00","Hôpital de Sion","Avenue du Grand-Champsec",80,null,1950,"Sion","CH","Suisse",70,"Privée","Hôpital de Martigny","Avenue de la Fusion",27,null,1920,"Martigny","CH","Suisse","False","VS22005450","Maladie","Féminin","Bruchez ","Suzanne","1946-05-22","Route de Saillon",124,null,1926,"Fully","CH","Suisse","Mutuel Assurance Maladie SA","2756.6231.9475.29",101,"Établissement",null,null,null,"Avenue Grand-Champsec",86,"Case postale 696",1951,"Sion","CH","Suisse","Hôpital du Valais - Direction des Finances/Service des fournisseurs (facturation)","HVS.13N","Forfait S3 HVS Sion - HVS Martigny","Trajet simple nuit (20h00-08h00) ou dimanches et jours fériés",1,660,null,660]
[4855,"2022-02-25",949.5,null,18764,3,"Ambulance Clerc","Monthey","P2","2022-02-21T17:42:57+01:00","2022-02-21T19:04:30+01:00",null,"Rue de Venise",2,null,1870,"Monthey","CH","Suisse",51,"Planification","Hôpital de Martigny","Avenue de la Fusion",27,null,1920,"Martigny","CH","Suisse","False","VS22005431","Maladie","Masculin","Rappaz","Claude","1935-01-01","Rue de Venise",2,null,1870,"Monthey","CH","Suisse","CSS Kranken- Versicherung AG","1756.5519.7572.56",1,"Personne","Masculin","Rappaz","Claude","Rue de Venise",2,null,1870,"Monthey","CH","Suisse",null,9402,"Taxe de base transport P2",null,1,300,null,300]
[4855,"2022-02-25",949.5,null,18764,3,"Ambulance Clerc","Monthey","P2","2022-02-21T17:42:57+01:00","2022-02-21T19:04:30+01:00",null,"Rue de Venise",2,null,1870,"Monthey","CH","Suisse",51,"Planification","Hôpital de Martigny","Avenue de la Fusion",27,null,1920,"Martigny","CH","Suisse","False","VS22005431","Maladie","Masculin","Rappaz","Claude","1935-01-01","Rue de Venise",2,null,1870,"Monthey","CH","Suisse","CSS Kranken- Versicherung AG","1756.5519.7572.56",1,"Personne","Masculin","Rappaz","Claude","Rue de Venise",2,null,1870,"Monthey","CH","Suisse",null,9404,"Indemnisation kilométrique",null,51,4.5,"km",229.5]
[4855,"2022-02-25",949.5,null,18764,3,"Ambulance Clerc","Monthey","P2","2022-02-21T17:42:57+01:00","2022-02-21T19:04:30+01:00",null,"Rue de Venise",2,null,1870,"Monthey","CH","Suisse",51,"Planification","Hôpital de Martigny","Avenue de la Fusion",27,null,1920,"Martigny","CH","Suisse","False","VS22005431","Maladie","Masculin","Rappaz","Claude","1935-01-01","Rue de Venise",2,null,1870,"Monthey","CH","Suisse","CSS Kranken- Versicherung AG","1756.5519.7572.56",1,"Personne","Masculin","Rappaz","Claude","Rue de Venise",2,null,1870,"Monthey","CH","Suisse",null,9411,"Personnel soignant reconnu (par personne et par quart d'heure entamé)",null,12,35,"¼ d'heure",420]
[4855,"2022-02-25",949.5,null,18764,3,"Ambulance Clerc","Monthey","P2","2022-02-21T17:42:57+01:00","2022-02-21T19:04:30+01:00",null,"Rue de Venise",2,null,1870,"Monthey","CH","Suisse",51,"Planification","Hôpital de Martigny","Avenue de la Fusion",27,null,1920,"Martigny","CH","Suisse","False","VS22005431","Maladie","Masculin","Rappaz","Claude","1935-01-01","Rue de Venise",2,null,1870,"Monthey","CH","Suisse","CSS Kranken- Versicherung AG","1756.5519.7572.56",1,"Personne","Masculin","Rappaz","Claude","Rue de Venise",2,null,1870,"Monthey","CH","Suisse",null,9440,"Matériel - Prestation standard",null,1,0,null,0]
[4856,"2022-02-25",445.6,null,18794,3,"Ambulance Clerc","Monthey","S3","2022-02-22T09:25:22+01:00","2022-02-22T10:50:48+01:00","Hôpital Riviera-Chablais (HRC)","Route du Vieux-Séquoia",20,null,1847,"Rennaz","CH","Suisse",37,"Privée","EMS Tertianum Le Byron","Avenue de Byron",2,null,1844,"Villeneuve VD","CH","Suisse","False","VS22005462","Maladie","Féminin","Amiguet","Marie-Claire","1949-11-29","Avenue de Byron",2,"EMS Tertianum Le Byron",1844,"Villeneuve VD","CH","Suisse","Philos Assurance Maladie SA","2756.8623.2148.13",1,"Personne","Féminin","Amiguet","Marie-Claire","Avenue de Byron",2,"EMS Tertianum Le Byron",1844,"Villeneuve VD","CH","Suisse",null,47073,"Intervention programmée",null,1,412,null,412]
[4856,"2022-02-25",445.6,null,18794,3,"Ambulance Clerc","Monthey","S3","2022-02-22T09:25:22+01:00","2022-02-22T10:50:48+01:00","Hôpital Riviera-Chablais (HRC)","Route du Vieux-Séquoia",20,null,1847,"Rennaz","CH","Suisse",37,"Privée","EMS Tertianum Le Byron","Avenue de Byron",2,null,1844,"Villeneuve VD","CH","Suisse","False","VS22005462","Maladie","Féminin","Amiguet","Marie-Claire","1949-11-29","Avenue de Byron",2,"EMS Tertianum Le Byron",1844,"Villeneuve VD","CH","Suisse","Philos Assurance Maladie SA","2756.8623.2148.13",1,"Personne","Féminin","Amiguet","Marie-Claire","Avenue de Byron",2,"EMS Tertianum Le Byron",1844,"Villeneuve VD","CH","Suisse",null,47075,"Indemnisation kilométrique",null,7,4.8,"km",33.6]
[4857,"2022-02-25",868.5,null,18798,3,"Ambulance Clerc","Monthey","P2","2022-02-22T09:52:16+01:00","2022-02-22T11:24:26+01:00",null,"Route de l'Industrie",5,null,1896,"Vouvry","CH","Suisse",33,"Planification","Hôpital Riviera-Chablais (HRC)","Route du Vieux-Séquoia",20,null,1847,"Rennaz","CH","Suisse","False","VS22005466","Maladie","Masculin","La Villa","Rocco","1936-09-19","Route de l'Industrie",5,null,1896,"Vouvry","CH","Suisse","CONCORDIA Schweiz. Kranken- und Unfallversicherung AG","1756.6441.6186.91",1,"Personne","Masculin","La Villa","Rocco","Route de l'Industrie",5,null,1896,"Vouvry","CH","Suisse",null,9402,"Taxe de base transport P2",null,1,300,null,300]
[4857,"2022-02-25",868.5,null,18798,3,"Ambulance Clerc","Monthey","P2","2022-02-22T09:52:16+01:00","2022-02-22T11:24:26+01:00",null,"Route de l'Industrie",5,null,1896,"Vouvry","CH","Suisse",33,"Planification","Hôpital Riviera-Chablais (HRC)","Route du Vieux-Séquoia",20,null,1847,"Rennaz","CH","Suisse","False","VS22005466","Maladie","Masculin","La Villa","Rocco","1936-09-19","Route de l'Industrie",5,null,1896,"Vouvry","CH","Suisse","CONCORDIA Schweiz. Kranken- und Unfallversicherung AG","1756.6441.6186.91",1,"Personne","Masculin","La Villa","Rocco","Route de l'Industrie",5,null,1896,"Vouvry","CH","Suisse",null,9404,"Indemnisation kilométrique",null,33,4.5,"km",148.5]
[4857,"2022-02-25",868.5,null,18798,3,"Ambulance Clerc","Monthey","P2","2022-02-22T09:52:16+01:00","2022-02-22T11:24:26+01:00",null,"Route de l'Industrie",5,null,1896,"Vouvry","CH","Suisse",33,"Planification","Hôpital Riviera-Chablais (HRC)","Route du Vieux-Séquoia",20,null,1847,"Rennaz","CH","Suisse","False","VS22005466","Maladie","Masculin","La Villa","Rocco","1936-09-19","Route de l'Industrie",5,null,1896,"Vouvry","CH","Suisse","CONCORDIA Schweiz. Kranken- und Unfallversicherung AG","1756.6441.6186.91",1,"Personne","Masculin","La Villa","Rocco","Route de l'Industrie",5,null,1896,"Vouvry","CH","Suisse",null,9411,"Personnel soignant reconnu (par personne et par quart d'heure entamé)",null,12,35,"¼ d'heure",420]
[4857,"2022-02-25",868.5,null,18798,3,"Ambulance Clerc","Monthey","P2","2022-02-22T09:52:16+01:00","2022-02-22T11:24:26+01:00",null,"Route de l'Industrie",5,null,1896,"Vouvry","CH","Suisse",33,"Planification","Hôpital Riviera-Chablais (HRC)","Route du Vieux-Séquoia",20,null,1847,"Rennaz","CH","Suisse","False","VS22005466","Maladie","Masculin","La Villa","Rocco","1936-09-19","Route de l'Industrie",5,null,1896,"Vouvry","CH","Suisse","CONCORDIA Schweiz. Kranken- und Unfallversicherung AG","1756.6441.6186.91",1,"Personne","Masculin","La Villa","Rocco","Route de l'Industrie",5,null,1896,"Vouvry","CH","Suisse",null,9440,"Matériel - Prestation standard",null,1,0,null,0]
[4858,"2022-02-25",554,null,18802,3,"Ambulance Clerc","Monthey","S3","2022-02-22T11:32:28+01:00","2022-02-22T13:39:26+01:00","Hôpital Riviera-Chablais (HRC)","Route du Vieux-Séquoia",20,null,1847,"Rennaz","CH","Suisse",75,"Privée","Hôpital de Martigny","Avenue de la Fusion",27,null,1920,"Martigny","CH","Suisse","False","VS22005470","Maladie","Féminin","Grosjean ","Katia","1963-01-06","Rue de la Lanche",19,null,1899,"Torgon","CH","Suisse","Assura-Basis SA","2756.9872.7918.03",100,"Établissement",null,null,null,"Route du Vieux-Séquoia",20,null,1847,"Rennaz","CH","Suisse","Hôpital Riviera-Chablais Vaud-Valais - Fournisseurs (facturation)","HRC.115J","Forfait S3 Rennaz - HVS Martigny","Trajet simple journée (07h00-19h00)",1,554,null,554]
[4859,"2022-02-25",834.5,null,18825,3,"Ambulance Clerc","Monthey","P1","2022-02-22T13:00:03+01:00","2022-02-22T14:11:25+01:00","Gare CFF","Rue du Lac",2,null,1897,"Bouveret","CH","Suisse",41,"Planification","Hôpital Riviera-Chablais (HRC)","Route du Vieux-Séquoia",20,null,1847,"Rennaz","CH","Suisse","False","VS22005495","Maladie","Féminin","Mansoori","Halima","2003-02-24","Route Cantonale",18,"Foyer pour candidats réfugiés ",1898,"St-Gingolph","CH","Suisse",null,"1756.0394.1007.60",5,"Établissement",null,null,null,"Avenue de la Gare",23,null,1950,"Sion","CH","Suisse","Service de l'action sociale - Office de l'asile - Administration RA-Valais",9401,"Taxe de base sauvetage P1",null,1,300,null,300]
[4859,"2022-02-25",834.5,null,18825,3,"Ambulance Clerc","Monthey","P1","2022-02-22T13:00:03+01:00","2022-02-22T14:11:25+01:00","Gare CFF","Rue du Lac",2,null,1897,"Bouveret","CH","Suisse",41,"Planification","Hôpital Riviera-Chablais (HRC)","Route du Vieux-Séquoia",20,null,1847,"Rennaz","CH","Suisse","False","VS22005495","Maladie","Féminin","Mansoori","Halima","2003-02-24","Route Cantonale",18,"Foyer pour candidats réfugiés ",1898,"St-Gingolph","CH","Suisse",null,"1756.0394.1007.60",5,"Établissement",null,null,null,"Avenue de la Gare",23,null,1950,"Sion","CH","Suisse","Service de l'action sociale - Office de l'asile - Administration RA-Valais",9404,"Indemnisation kilométrique",null,41,4.5,"km",184.5]
[4859,"2022-02-25",834.5,null,18825,3,"Ambulance Clerc","Monthey","P1","2022-02-22T13:00:03+01:00","2022-02-22T14:11:25+01:00","Gare CFF","Rue du Lac",2,null,1897,"Bouveret","CH","Suisse",41,"Planification","Hôpital Riviera-Chablais (HRC)","Route du Vieux-Séquoia",20,null,1847,"Rennaz","CH","Suisse","False","VS22005495","Maladie","Féminin","Mansoori","Halima","2003-02-24","Route Cantonale",18,"Foyer pour candidats réfugiés ",1898,"St-Gingolph","CH","Suisse",null,"1756.0394.1007.60",5,"Établissement",null,null,null,"Avenue de la Gare",23,null,1950,"Sion","CH","Suisse","Service de l'action sociale - Office de l'asile - Administration RA-Valais",9411,"Personnel soignant reconnu (par personne et par quart d'heure entamé)",null,10,35,"¼ d'heure",350]
[4859,"2022-02-25",834.5,null,18825,3,"Ambulance Clerc","Monthey","P1","2022-02-22T13:00:03+01:00","2022-02-22T14:11:25+01:00","Gare CFF","Rue du Lac",2,null,1897,"Bouveret","CH","Suisse",41,"Planification","Hôpital Riviera-Chablais (HRC)","Route du Vieux-Séquoia",20,null,1847,"Rennaz","CH","Suisse","False","VS22005495","Maladie","Féminin","Mansoori","Halima","2003-02-24","Route Cantonale",18,"Foyer pour candidats réfugiés ",1898,"St-Gingolph","CH","Suisse",null,"1756.0394.1007.60",5,"Établissement",null,null,null,"Avenue de la Gare",23,null,1950,"Sion","CH","Suisse","Service de l'action sociale - Office de l'asile - Administration RA-Valais",9440,"Matériel - Prestation standard",null,1,0,null,0]
[4860,"2022-02-25",554,null,18821,3,"Ambulance Clerc","Monthey","S3","2022-02-22T13:40:44+01:00","2022-02-22T15:50:57+01:00","Hôpital Riviera-Chablais (HRC)","Route du Vieux-Séquoia",20,null,1847,"Rennaz","CH","Suisse",75,"Privée","Hôpital de Martigny","Avenue de la Fusion",27,null,1920,"Martigny","CH","Suisse","False","VS22005491","Maladie","Féminin","Vuadens","Marlyse Marie","1931-10-12","Route du Montagnier","4E",null,1868,"Collombey","CH","Suisse","Mutuel Assurance Maladie SA","2756.8328.2873.41",100,"Établissement",null,null,null,"Route du Vieux-Séquoia",20,null,1847,"Rennaz","CH","Suisse","Hôpital Riviera-Chablais Vaud-Valais - Fournisseurs (facturation)","HRC.115J","Forfait S3 Rennaz - HVS Martigny","Trajet simple journée (07h00-19h00)",1,554,null,554]
[4861,"2022-02-25",431.2,null,18835,3,"Ambulance Clerc","Monthey","S3","2022-02-22T14:00:00+01:00","2022-02-22T15:12:23+01:00","Hôpital Riviera-Chablais (HRC)","Route du Vieux-Séquoia",20,null,1847,"Rennaz","CH","Suisse",34,"Privée","Résidence La Charmaie","Place Sous l'Eglise",3,null,1893,"Muraz (Collombey)","CH","Suisse","False","VS22005506","Maladie","Féminin","Borgeaud","Hélène ","1928-06-03","Place Sous l'Eglise",3,"Home Résidence La Charmaie",1893,"Muraz (Collombey)","CH","Suisse","CSS Kranken- Versicherung AG","2756.1553.8872.87",1,"Personne","Féminin","Borgeaud","Hélène ","Place Sous l'Eglise",3,"Home Résidence La Charmaie",1893,"Muraz (Collombey)","CH","Suisse",null,47073,"Intervention programmée",null,1,412,null,412]
[4861,"2022-02-25",431.2,null,18835,3,"Ambulance Clerc","Monthey","S3","2022-02-22T14:00:00+01:00","2022-02-22T15:12:23+01:00","Hôpital Riviera-Chablais (HRC)","Route du Vieux-Séquoia",20,null,1847,"Rennaz","CH","Suisse",34,"Privée","Résidence La Charmaie","Place Sous l'Eglise",3,null,1893,"Muraz (Collombey)","CH","Suisse","False","VS22005506","Maladie","Féminin","Borgeaud","Hélène ","1928-06-03","Place Sous l'Eglise",3,"Home Résidence La Charmaie",1893,"Muraz (Collombey)","CH","Suisse","CSS Kranken- Versicherung AG","2756.1553.8872.87",1,"Personne","Féminin","Borgeaud","Hélène ","Place Sous l'Eglise",3,"Home Résidence La Charmaie",1893,"Muraz (Collombey)","CH","Suisse",null,47075,"Indemnisation kilométrique",null,4,4.8,"km",19.2]
[4862,"2022-02-25",958.5,"2068117/33",18844,3,"Ambulance Clerc","Monthey","S1","2022-02-22T14:45:55+01:00","2022-02-22T16:13:19+01:00","Hôpital de Malévoz","Route de Morgins",10,null,1870,"Monthey","CH","Suisse",53,"Planification","Hôpital de Martigny","Avenue de la Fusion",27,null,1920,"Martigny","CH","Suisse","False","VS22005515","Maladie","Féminin","Fauchère","Sidonie","1939-09-11","Rue Centrale",7,"Chalet les Hirondelles",1983,"Evolène","CH","Suisse","Helsana Assurances SA","1756.1880.6195.51",101,"Établissement",null,null,null,"Avenue Grand-Champsec",86,"Case postale 696",1951,"Sion","CH","Suisse","Hôpital du Valais - Direction des Finances/Service des fournisseurs (facturation)",9401,"Taxe de base transport S1",null,1,300,null,300]
[4862,"2022-02-25",958.5,"2068117/33",18844,3,"Ambulance Clerc","Monthey","S1","2022-02-22T14:45:55+01:00","2022-02-22T16:13:19+01:00","Hôpital de Malévoz","Route de Morgins",10,null,1870,"Monthey","CH","Suisse",53,"Planification","Hôpital de Martigny","Avenue de la Fusion",27,null,1920,"Martigny","CH","Suisse","False","VS22005515","Maladie","Féminin","Fauchère","Sidonie","1939-09-11","Rue Centrale",7,"Chalet les Hirondelles",1983,"Evolène","CH","Suisse","Helsana Assurances SA","1756.1880.6195.51",101,"Établissement",null,null,null,"Avenue Grand-Champsec",86,"Case postale 696",1951,"Sion","CH","Suisse","Hôpital du Valais - Direction des Finances/Service des fournisseurs (facturation)",9404,"Indemnisation kilométrique",null,53,4.5,"km",238.5]
[4862,"2022-02-25",958.5,"2068117/33",18844,3,"Ambulance Clerc","Monthey","S1","2022-02-22T14:45:55+01:00","2022-02-22T16:13:19+01:00","Hôpital de Malévoz","Route de Morgins",10,null,1870,"Monthey","CH","Suisse",53,"Planification","Hôpital de Martigny","Avenue de la Fusion",27,null,1920,"Martigny","CH","Suisse","False","VS22005515","Maladie","Féminin","Fauchère","Sidonie","1939-09-11","Rue Centrale",7,"Chalet les Hirondelles",1983,"Evolène","CH","Suisse","Helsana Assurances SA","1756.1880.6195.51",101,"Établissement",null,null,null,"Avenue Grand-Champsec",86,"Case postale 696",1951,"Sion","CH","Suisse","Hôpital du Valais - Direction des Finances/Service des fournisseurs (facturation)",9411,"Personnel soignant reconnu (par personne et par quart d'heure entamé)",null,12,35,"¼ d'heure",420]
[4862,"2022-02-25",958.5,"2068117/33",18844,3,"Ambulance Clerc","Monthey","S1","2022-02-22T14:45:55+01:00","2022-02-22T16:13:19+01:00","Hôpital de Malévoz","Route de Morgins",10,null,1870,"Monthey","CH","Suisse",53,"Planification","Hôpital de Martigny","Avenue de la Fusion",27,null,1920,"Martigny","CH","Suisse","False","VS22005515","Maladie","Féminin","Fauchère","Sidonie","1939-09-11","Rue Centrale",7,"Chalet les Hirondelles",1983,"Evolène","CH","Suisse","Helsana Assurances SA","1756.1880.6195.51",101,"Établissement",null,null,null,"Avenue Grand-Champsec",86,"Case postale 696",1951,"Sion","CH","Suisse","Hôpital du Valais - Direction des Finances/Service des fournisseurs (facturation)",9440,"Matériel - Prestation standard",null,1,0,null,0]
[4863,"2022-02-25",1400,"2833569/1",18540,3,"Ambulance Clerc","Uvrier","S3","2022-02-19T15:48:21+01:00","2022-02-19T19:06:28+01:00","Hôpital de Sion","Avenue du Grand-Champsec",80,null,1950,"Sion","CH","Suisse",250,"Privée","HFR Fribourg - Hôpital cantonal","Chemin des Pensionnats","2022-06-02",null,1752,"Villars-sur-Glâne","CH","Suisse","False","VS22005196","Accident","Féminin","Monnard","Céline","1983-09-11","Chemin du Carry",76,null,1630,"Bulle","CH","Suisse","Philos Assurance Maladie SA",2,101,"Établissement",null,null,null,"Avenue Grand-Champsec",86,"Case postale 696",1951,"Sion","CH","Suisse","Hôpital du Valais - Direction des Finances/Service des fournisseurs (facturation)","HVS.KM7","Taxe kilométrique (0 à 50 km)",null,50,7,"km",350]
[4863,"2022-02-25",1400,"2833569/1",18540,3,"Ambulance Clerc","Uvrier","S3","2022-02-19T15:48:21+01:00","2022-02-19T19:06:28+01:00","Hôpital de Sion","Avenue du Grand-Champsec",80,null,1950,"Sion","CH","Suisse",250,"Privée","HFR Fribourg - Hôpital cantonal","Chemin des Pensionnats","2022-06-02",null,1752,"Villars-sur-Glâne","CH","Suisse","False","VS22005196","Accident","Féminin","Monnard","Céline","1983-09-11","Chemin du Carry",76,null,1630,"Bulle","CH","Suisse","Philos Assurance Maladie SA",2,101,"Établissement",null,null,null,"Avenue Grand-Champsec",86,"Case postale 696",1951,"Sion","CH","Suisse","Hôpital du Valais - Direction des Finances/Service des fournisseurs (facturation)","HVS.KM6","Taxe kilométrique (51 à 100 km)",null,50,6,"km",300]
[4863,"2022-02-25",1400,"2833569/1",18540,3,"Ambulance Clerc","Uvrier","S3","2022-02-19T15:48:21+01:00","2022-02-19T19:06:28+01:00","Hôpital de Sion","Avenue du Grand-Champsec",80,null,1950,"Sion","CH","Suisse",250,"Privée","HFR Fribourg - Hôpital cantonal","Chemin des Pensionnats","2022-06-02",null,1752,"Villars-sur-Glâne","CH","Suisse","False","VS22005196","Accident","Féminin","Monnard","Céline","1983-09-11","Chemin du Carry",76,null,1630,"Bulle","CH","Suisse","Philos Assurance Maladie SA",2,101,"Établissement",null,null,null,"Avenue Grand-Champsec",86,"Case postale 696",1951,"Sion","CH","Suisse","Hôpital du Valais - Direction des Finances/Service des fournisseurs (facturation)","HVS.KM5","Taxe kilométrique (dès 101 km)",null,150,5,"km",750]
[4864,"2022-02-25",1258,"2464719/??",18854,3,"Ambulance Clerc","Monthey","S1","2022-02-22T16:35:04+01:00","2022-02-22T18:15:35+01:00","Hôpital de Martigny","Avenue de la Fusion",27,null,1920,"Martigny","CH","Suisse",104,"Planification","Hôpital de Sion","Avenue du Grand-Champsec",80,null,1950,"Sion","CH","Suisse","False","VS22005530","Maladie","Masculin","Gonthier","Christian","1962-09-25","Chemin des Condémines",5,null,1890,"St-Maurice","CH","Suisse","Assura-Basis SA","1756.6967.9399.35",101,"Établissement",null,null,null,"Avenue Grand-Champsec",86,"Case postale 696",1951,"Sion","CH","Suisse","Hôpital du Valais - Direction des Finances/Service des fournisseurs (facturation)",9401,"Taxe de base transport S1",null,1,300,null,300]
[4864,"2022-02-25",1258,"2464719/??",18854,3,"Ambulance Clerc","Monthey","S1","2022-02-22T16:35:04+01:00","2022-02-22T18:15:35+01:00","Hôpital de Martigny","Avenue de la Fusion",27,null,1920,"Martigny","CH","Suisse",104,"Planification","Hôpital de Sion","Avenue du Grand-Champsec",80,null,1950,"Sion","CH","Suisse","False","VS22005530","Maladie","Masculin","Gonthier","Christian","1962-09-25","Chemin des Condémines",5,null,1890,"St-Maurice","CH","Suisse","Assura-Basis SA","1756.6967.9399.35",101,"Établissement",null,null,null,"Avenue Grand-Champsec",86,"Case postale 696",1951,"Sion","CH","Suisse","Hôpital du Valais - Direction des Finances/Service des fournisseurs (facturation)",9404,"Indemnisation kilométrique",null,104,4.5,"km",468]
[4864,"2022-02-25",1258,"2464719/??",18854,3,"Ambulance Clerc","Monthey","S1","2022-02-22T16:35:04+01:00","2022-02-22T18:15:35+01:00","Hôpital de Martigny","Avenue de la Fusion",27,null,1920,"Martigny","CH","Suisse",104,"Planification","Hôpital de Sion","Avenue du Grand-Champsec",80,null,1950,"Sion","CH","Suisse","False","VS22005530","Maladie","Masculin","Gonthier","Christian","1962-09-25","Chemin des Condémines",5,null,1890,"St-Maurice","CH","Suisse","Assura-Basis SA","1756.6967.9399.35",101,"Établissement",null,null,null,"Avenue Grand-Champsec",86,"Case postale 696",1951,"Sion","CH","Suisse","Hôpital du Valais - Direction des Finances/Service des fournisseurs (facturation)",9411,"Personnel soignant reconnu (par personne et par quart d'heure entamé)",null,14,35,"¼ d'heure",490]
[4864,"2022-02-25",1258,"2464719/??",18854,3,"Ambulance Clerc","Monthey","S1","2022-02-22T16:35:04+01:00","2022-02-22T18:15:35+01:00","Hôpital de Martigny","Avenue de la Fusion",27,null,1920,"Martigny","CH","Suisse",104,"Planification","Hôpital de Sion","Avenue du Grand-Champsec",80,null,1950,"Sion","CH","Suisse","False","VS22005530","Maladie","Masculin","Gonthier","Christian","1962-09-25","Chemin des Condémines",5,null,1890,"St-Maurice","CH","Suisse","Assura-Basis SA","1756.6967.9399.35",101,"Établissement",null,null,null,"Avenue Grand-Champsec",86,"Case postale 696",1951,"Sion","CH","Suisse","Hôpital du Valais - Direction des Finances/Service des fournisseurs (facturation)",9440,"Matériel - Prestation standard",null,1,0,null,0]
[4865,"2022-02-25",900,null,18861,3,"Ambulance Clerc","Monthey","P2","2022-02-22T17:20:06+01:00","2022-02-22T18:40:11+01:00",null,"Rue de Venise","12B",null,1870,"Monthey","CH","Suisse",40,"Planification","Hôpital Riviera-Chablais (HRC)","Route du Vieux-Séquoia",20,null,1847,"Rennaz","CH","Suisse","False","VS22005537","Maladie","Masculin","Hasani","Avdi","1953-01-14","Rue de Venise","12B",null,1870,"Monthey","CH","Suisse",null,"1756.9643.1311.35",5,"Établissement",null,null,null,"Avenue de la Gare",23,null,1950,"Sion","CH","Suisse","Service de l'action sociale - Office de l'asile - Administration RA-Valais",9402,"Taxe de base transport P2",null,1,300,null,300]
[4865,"2022-02-25",900,null,18861,3,"Ambulance Clerc","Monthey","P2","2022-02-22T17:20:06+01:00","2022-02-22T18:40:11+01:00",null,"Rue de Venise","12B",null,1870,"Monthey","CH","Suisse",40,"Planification","Hôpital Riviera-Chablais (HRC)","Route du Vieux-Séquoia",20,null,1847,"Rennaz","CH","Suisse","False","VS22005537","Maladie","Masculin","Hasani","Avdi","1953-01-14","Rue de Venise","12B",null,1870,"Monthey","CH","Suisse",null,"1756.9643.1311.35",5,"Établissement",null,null,null,"Avenue de la Gare",23,null,1950,"Sion","CH","Suisse","Service de l'action sociale - Office de l'asile - Administration RA-Valais",9404,"Indemnisation kilométrique",null,40,4.5,"km",180]
[4865,"2022-02-25",900,null,18861,3,"Ambulance Clerc","Monthey","P2","2022-02-22T17:20:06+01:00","2022-02-22T18:40:11+01:00",null,"Rue de Venise","12B",null,1870,"Monthey","CH","Suisse",40,"Planification","Hôpital Riviera-Chablais (HRC)","Route du Vieux-Séquoia",20,null,1847,"Rennaz","CH","Suisse","False","VS22005537","Maladie","Masculin","Hasani","Avdi","1953-01-14","Rue de Venise","12B",null,1870,"Monthey","CH","Suisse",null,"1756.9643.1311.35",5,"Établissement",null,null,null,"Avenue de la Gare",23,null,1950,"Sion","CH","Suisse","Service de l'action sociale - Office de l'asile - Administration RA-Valais",9411,"Personnel soignant reconnu (par personne et par quart d'heure entamé)",null,12,35,"¼ d'heure",420]
[4865,"2022-02-25",900,null,18861,3,"Ambulance Clerc","Monthey","P2","2022-02-22T17:20:06+01:00","2022-02-22T18:40:11+01:00",null,"Rue de Venise","12B",null,1870,"Monthey","CH","Suisse",40,"Planification","Hôpital Riviera-Chablais (HRC)","Route du Vieux-Séquoia",20,null,1847,"Rennaz","CH","Suisse","False","VS22005537","Maladie","Masculin","Hasani","Avdi","1953-01-14","Rue de Venise","12B",null,1870,"Monthey","CH","Suisse",null,"1756.9643.1311.35",5,"Établissement",null,null,null,"Avenue de la Gare",23,null,1950,"Sion","CH","Suisse","Service de l'action sociale - Office de l'asile - Administration RA-Valais",9440,"Matériel - Prestation standard",null,1,0,null,0]
[4866,"2022-02-25",875,null,18867,3,"Ambulance Clerc","Monthey","P2","2022-02-22T18:22:06+01:00","2022-02-22T19:28:09+01:00",null,"Route du Montagnier",8,null,1868,"Collombey","CH","Suisse",50,"Planification","Hôpital de Martigny","Avenue de la Fusion",27,null,1920,"Martigny","CH","Suisse","False","VS22005544","Maladie","Féminin","Canero Giangreco","Yvana","1969-11-06","Route du Montagnier",8,null,1868,"Collombey","CH","Suisse","Arcosana AG","1756.1607.6485.74",1,"Personne","Féminin","Canero Giangreco","Yvana","Route du Montagnier",8,null,1868,"Collombey","CH","Suisse",null,9402,"Taxe de base transport P2",null,1,300,null,300]
[4866,"2022-02-25",875,null,18867,3,"Ambulance Clerc","Monthey","P2","2022-02-22T18:22:06+01:00","2022-02-22T19:28:09+01:00",null,"Route du Montagnier",8,null,1868,"Collombey","CH","Suisse",50,"Planification","Hôpital de Martigny","Avenue de la Fusion",27,null,1920,"Martigny","CH","Suisse","False","VS22005544","Maladie","Féminin","Canero Giangreco","Yvana","1969-11-06","Route du Montagnier",8,null,1868,"Collombey","CH","Suisse","Arcosana AG","1756.1607.6485.74",1,"Personne","Féminin","Canero Giangreco","Yvana","Route du Montagnier",8,null,1868,"Collombey","CH","Suisse",null,9404,"Indemnisation kilométrique",null,50,4.5,"km",225]
[4866,"2022-02-25",875,null,18867,3,"Ambulance Clerc","Monthey","P2","2022-02-22T18:22:06+01:00","2022-02-22T19:28:09+01:00",null,"Route du Montagnier",8,null,1868,"Collombey","CH","Suisse",50,"Planification","Hôpital de Martigny","Avenue de la Fusion",27,null,1920,"Martigny","CH","Suisse","False","VS22005544","Maladie","Féminin","Canero Giangreco","Yvana","1969-11-06","Route du Montagnier",8,null,1868,"Collombey","CH","Suisse","Arcosana AG","1756.1607.6485.74",1,"Personne","Féminin","Canero Giangreco","Yvana","Route du Montagnier",8,null,1868,"Collombey","CH","Suisse",null,9411,"Personnel soignant reconnu (par personne et par quart d'heure entamé)",null,10,35,"¼ d'heure",350]
[4866,"2022-02-25",875,null,18867,3,"Ambulance Clerc","Monthey","P2","2022-02-22T18:22:06+01:00","2022-02-22T19:28:09+01:00",null,"Route du Montagnier",8,null,1868,"Collombey","CH","Suisse",50,"Planification","Hôpital de Martigny","Avenue de la Fusion",27,null,1920,"Martigny","CH","Suisse","False","VS22005544","Maladie","Féminin","Canero Giangreco","Yvana","1969-11-06","Route du Montagnier",8,null,1868,"Collombey","CH","Suisse","Arcosana AG","1756.1607.6485.74",1,"Personne","Féminin","Canero Giangreco","Yvana","Route du Montagnier",8,null,1868,"Collombey","CH","Suisse",null,9440,"Matériel - Prestation standard",null,1,0,null,0]
[4867,"2022-02-25",1281,null,18884,3,"Ambulance Clerc","Monthey","P1","2022-02-22T20:31:00+01:00","2022-02-22T22:46:09+01:00",null,null,null,"Voies CFF ",1920,"Martigny","CH","Suisse",43,"Planification",null,null,null,null,null,null,null,null,"True","VS22005570","Accident","Masculin","Gaudard","Jean-Marc","1970-09-09","Route Cantonale",242,null,1963,"Vétroz","CH","Suisse","Suva, Sion","756.4638.3867.50",121,"Établissement",null,null,null,"Postfach",null,null,6009,"Luzern","CH","Suisse","Suva Sion - Service Center","VS.9501","Taxe de base sauvetage P1",null,1,300,null,300]
[4867,"2022-02-25",1281,null,18884,3,"Ambulance Clerc","Monthey","P1","2022-02-22T20:31:00+01:00","2022-02-22T22:46:09+01:00",null,null,null,"Voies CFF ",1920,"Martigny","CH","Suisse",43,"Planification",null,null,null,null,null,null,null,null,"True","VS22005570","Accident","Masculin","Gaudard","Jean-Marc","1970-09-09","Route Cantonale",242,null,1963,"Vétroz","CH","Suisse","Suva, Sion","756.4638.3867.50",121,"Établissement",null,null,null,"Postfach",null,null,6009,"Luzern","CH","Suisse","Suva Sion - Service Center","VS.9504","Indemnisation kilométrique",null,43,4.5,"km",193.5]
[4867,"2022-02-25",1281,null,18884,3,"Ambulance Clerc","Monthey","P1","2022-02-22T20:31:00+01:00","2022-02-22T22:46:09+01:00",null,null,null,"Voies CFF ",1920,"Martigny","CH","Suisse",43,"Planification",null,null,null,null,null,null,null,null,"True","VS22005570","Accident","Masculin","Gaudard","Jean-Marc","1970-09-09","Route Cantonale",242,null,1963,"Vétroz","CH","Suisse","Suva, Sion","756.4638.3867.50",121,"Établissement",null,null,null,"Postfach",null,null,6009,"Luzern","CH","Suisse","Suva Sion - Service Center","VS.9511","Personnel soignant reconnu (par personne et par quart d'heure entamé)",null,18,35,"¼ d'heure",630]
[4867,"2022-02-25",1281,null,18884,3,"Ambulance Clerc","Monthey","P1","2022-02-22T20:31:00+01:00","2022-02-22T22:46:09+01:00",null,null,null,"Voies CFF ",1920,"Martigny","CH","Suisse",43,"Planification",null,null,null,null,null,null,null,null,"True","VS22005570","Accident","Masculin","Gaudard","Jean-Marc","1970-09-09","Route Cantonale",242,null,1963,"Vétroz","CH","Suisse","Suva, Sion","756.4638.3867.50",121,"Établissement",null,null,null,"Postfach",null,null,6009,"Luzern","CH","Suisse","Suva Sion - Service Center","VS.9531","Supplément de nuit",null,1,157.5,null,157.5]
[4868,"2022-02-25",1036.5,null,18886,3,"Ambulance Clerc","Monthey","P2","2022-02-22T21:26:08+01:00","2022-02-22T22:50:06+01:00",null,"Route de la Lanche",10,null,1897,"Bouveret","CH","Suisse",47,"Privée","Hôpital Riviera-Chablais (HRC)","Route du Vieux-Séquoia",20,null,1847,"Rennaz","CH","Suisse","False","VS22005563","Accident","Féminin","Salamin","Simone","1936-11-15","Route de la Lanche",10,null,1897,"Bouveret","CH","Suisse","CSS Kranken- Versicherung AG","2756.6682.7996.61",5,"Établissement","Féminin","Jacquemai","Nadia","Chemin du Clous",18,"Case postale 27",1897,"Bouveret","CH","Suisse","Service officiel de la curatelle du Haut-Lac",9402,"Taxe de base transport P2",null,1,300,null,300]
[4868,"2022-02-25",1036.5,null,18886,3,"Ambulance Clerc","Monthey","P2","2022-02-22T21:26:08+01:00","2022-02-22T22:50:06+01:00",null,"Route de la Lanche",10,null,1897,"Bouveret","CH","Suisse",47,"Privée","Hôpital Riviera-Chablais (HRC)","Route du Vieux-Séquoia",20,null,1847,"Rennaz","CH","Suisse","False","VS22005563","Accident","Féminin","Salamin","Simone","1936-11-15","Route de la Lanche",10,null,1897,"Bouveret","CH","Suisse","CSS Kranken- Versicherung AG","2756.6682.7996.61",5,"Établissement","Féminin","Jacquemai","Nadia","Chemin du Clous",18,"Case postale 27",1897,"Bouveret","CH","Suisse","Service officiel de la curatelle du Haut-Lac",9404,"Indemnisation kilométrique",null,47,4.5,"km",211.5]
[4868,"2022-02-25",1036.5,null,18886,3,"Ambulance Clerc","Monthey","P2","2022-02-22T21:26:08+01:00","2022-02-22T22:50:06+01:00",null,"Route de la Lanche",10,null,1897,"Bouveret","CH","Suisse",47,"Privée","Hôpital Riviera-Chablais (HRC)","Route du Vieux-Séquoia",20,null,1847,"Rennaz","CH","Suisse","False","VS22005563","Accident","Féminin","Salamin","Simone","1936-11-15","Route de la Lanche",10,null,1897,"Bouveret","CH","Suisse","CSS Kranken- Versicherung AG","2756.6682.7996.61",5,"Établissement","Féminin","Jacquemai","Nadia","Chemin du Clous",18,"Case postale 27",1897,"Bouveret","CH","Suisse","Service officiel de la curatelle du Haut-Lac",9411,"Personnel soignant reconnu (par personne et par quart d'heure entamé)",null,12,35,"¼ d'heure",420]
[4868,"2022-02-25",1036.5,null,18886,3,"Ambulance Clerc","Monthey","P2","2022-02-22T21:26:08+01:00","2022-02-22T22:50:06+01:00",null,"Route de la Lanche",10,null,1897,"Bouveret","CH","Suisse",47,"Privée","Hôpital Riviera-Chablais (HRC)","Route du Vieux-Séquoia",20,null,1847,"Rennaz","CH","Suisse","False","VS22005563","Accident","Féminin","Salamin","Simone","1936-11-15","Route de la Lanche",10,null,1897,"Bouveret","CH","Suisse","CSS Kranken- Versicherung AG","2756.6682.7996.61",5,"Établissement","Féminin","Jacquemai","Nadia","Chemin du Clous",18,"Case postale 27",1897,"Bouveret","CH","Suisse","Service officiel de la curatelle du Haut-Lac",9431,"Supplément de nuit",null,1,105,null,105]
[4868,"2022-02-25",1036.5,null,18886,3,"Ambulance Clerc","Monthey","P2","2022-02-22T21:26:08+01:00","2022-02-22T22:50:06+01:00",null,"Route de la Lanche",10,null,1897,"Bouveret","CH","Suisse",47,"Privée","Hôpital Riviera-Chablais (HRC)","Route du Vieux-Séquoia",20,null,1847,"Rennaz","CH","Suisse","False","VS22005563","Accident","Féminin","Salamin","Simone","1936-11-15","Route de la Lanche",10,null,1897,"Bouveret","CH","Suisse","CSS Kranken- Versicherung AG","2756.6682.7996.61",5,"Établissement","Féminin","Jacquemai","Nadia","Chemin du Clous",18,"Case postale 27",1897,"Bouveret","CH","Suisse","Service officiel de la curatelle du Haut-Lac",9440,"Matériel - Prestation standard",null,1,0,null,0]
[4869,"2022-02-25",3458.35,null,18787,3,"Ambulance Clerc","Uvrier","S3","2022-02-22T06:24:09+01:00","2022-02-22T15:39:00+01:00","Clinique romande de réadaptation SUVA","Avenue du Grand-Champsec",90,null,1950,"Sion","CH","Suisse",334,"Privée","HUG Hôpital universitaire de Genève","Rue Gabrielle-Perret-Gentil",4,null,1205,"Genève","CH","Suisse","False","VS22005455","Accident","Masculin","Ruiz","Gaétan Yann","1993-12-31","Rue des Bossons",94,null,1213,"Petit-Lancy","CH","Suisse","CSS Kranken- Versicherung AG","2756.8664.6562.52",104,"Établissement",null,null,null,"Avenue du Grand-Champsec",90,null,1950,"Sion","CH","Suisse","Clinique SUVA - Comptabilité (facturation)","CLN.9403 ","Taxe de base transport S3",null,1,200,null,200]
[4869,"2022-02-25",3458.35,null,18787,3,"Ambulance Clerc","Uvrier","S3","2022-02-22T06:24:09+01:00","2022-02-22T15:39:00+01:00","Clinique romande de réadaptation SUVA","Avenue du Grand-Champsec",90,null,1950,"Sion","CH","Suisse",334,"Privée","HUG Hôpital universitaire de Genève","Rue Gabrielle-Perret-Gentil",4,null,1205,"Genève","CH","Suisse","False","VS22005455","Accident","Masculin","Ruiz","Gaétan Yann","1993-12-31","Rue des Bossons",94,null,1213,"Petit-Lancy","CH","Suisse","CSS Kranken- Versicherung AG","2756.8664.6562.52",104,"Établissement",null,null,null,"Avenue du Grand-Champsec",90,null,1950,"Sion","CH","Suisse","Clinique SUVA - Comptabilité (facturation)","CLN.9404","Indemnisation kilométrique",null,334,4.5,"km",1503]
[4869,"2022-02-25",3458.35,null,18787,3,"Ambulance Clerc","Uvrier","S3","2022-02-22T06:24:09+01:00","2022-02-22T15:39:00+01:00","Clinique romande de réadaptation SUVA","Avenue du Grand-Champsec",90,null,1950,"Sion","CH","Suisse",334,"Privée","HUG Hôpital universitaire de Genève","Rue Gabrielle-Perret-Gentil",4,null,1205,"Genève","CH","Suisse","False","VS22005455","Accident","Masculin","Ruiz","Gaétan Yann","1993-12-31","Rue des Bossons",94,null,1213,"Petit-Lancy","CH","Suisse","CSS Kranken- Versicherung AG","2756.8664.6562.52",104,"Établissement",null,null,null,"Avenue du Grand-Champsec",90,null,1950,"Sion","CH","Suisse","Clinique SUVA - Comptabilité (facturation)","CLN.9411","Personnel soignant reconnu (par personne et par quart d'heure entamé)","2 collaborateur(s) x 37 quarts d’heure",74,35,"¼ d'heure",2590]
[4869,"2022-02-25",3458.35,null,18787,3,"Ambulance Clerc","Uvrier","S3","2022-02-22T06:24:09+01:00","2022-02-22T15:39:00+01:00","Clinique romande de réadaptation SUVA","Avenue du Grand-Champsec",90,null,1950,"Sion","CH","Suisse",334,"Privée","HUG Hôpital universitaire de Genève","Rue Gabrielle-Perret-Gentil",4,null,1205,"Genève","CH","Suisse","False","VS22005455","Accident","Masculin","Ruiz","Gaétan Yann","1993-12-31","Rue des Bossons",94,null,1213,"Petit-Lancy","CH","Suisse","CSS Kranken- Versicherung AG","2756.8664.6562.52",104,"Établissement",null,null,null,"Avenue du Grand-Champsec",90,null,1950,"Sion","CH","Suisse","Clinique SUVA - Comptabilité (facturation)","CLN.9431","Supplément de nuit  20h00-08h00","25% sur CHF 2590.00",1,647.5,null,647.5]
[4869,"2022-02-25",3458.35,null,18787,3,"Ambulance Clerc","Uvrier","S3","2022-02-22T06:24:09+01:00","2022-02-22T15:39:00+01:00","Clinique romande de réadaptation SUVA","Avenue du Grand-Champsec",90,null,1950,"Sion","CH","Suisse",334,"Privée","HUG Hôpital universitaire de Genève","Rue Gabrielle-Perret-Gentil",4,null,1205,"Genève","CH","Suisse","False","VS22005455","Accident","Masculin","Ruiz","Gaétan Yann","1993-12-31","Rue des Bossons",94,null,1213,"Petit-Lancy","CH","Suisse","CSS Kranken- Versicherung AG","2756.8664.6562.52",104,"Établissement",null,null,null,"Avenue du Grand-Champsec",90,null,1950,"Sion","CH","Suisse","Clinique SUVA - Comptabilité (facturation)","CLN.Rabais","Rabais 30%","sur CHF 4940.50",1,-1482.15,null,-1482.15]
[4869,"2022-02-25",3458.35,null,18787,3,"Ambulance Clerc","Uvrier","S3","2022-02-22T06:24:09+01:00","2022-02-22T15:39:00+01:00","Clinique romande de réadaptation SUVA","Avenue du Grand-Champsec",90,null,1950,"Sion","CH","Suisse",334,"Privée","HUG Hôpital universitaire de Genève","Rue Gabrielle-Perret-Gentil",4,null,1205,"Genève","CH","Suisse","False","VS22005455","Accident","Masculin","Ruiz","Gaétan Yann","1993-12-31","Rue des Bossons",94,null,1213,"Petit-Lancy","CH","Suisse","CSS Kranken- Versicherung AG","2756.8664.6562.52",104,"Établissement",null,null,null,"Avenue du Grand-Champsec",90,null,1950,"Sion","CH","Suisse","Clinique SUVA - Comptabilité (facturation)",null,"Y compris 3h30 d'attente à Genève avant le retour sur Sion"]
[4870,"2022-02-25",350,"2076423/27",18849,3,"Ambulance Clerc","Uvrier","S3","2022-02-22T15:40:26+01:00","2022-02-22T17:02:14+01:00","Hôpital de Sion","Avenue du Grand-Champsec",80,null,1950,"Sion","CH","Suisse",30,"Privée","Hôpital de Sierre","Rue Saint-Charles",14,null,3960,"Sierre","CH","Suisse","False","VS22005524","Maladie","Masculin","Perroud","Marcel","1934-04-16","Route des Bioleys de Brignon",4,null,1996,"Brignon (Nendaz)","CH","Suisse","Mutuel Assurance Maladie SA","2756.1164.8849.10",101,"Établissement",null,null,null,"Avenue Grand-Champsec",86,"Case postale 696",1951,"Sion","CH","Suisse","Hôpital du Valais - Direction des Finances/Service des fournisseurs (facturation)","HVS.12J","Forfait S3 HVS Sion - HVS Sierre","Trajet simple journée (08h00-20h00)",1,350,null,350]
[4871,"2022-02-25",440,"2057644/60",18863,3,"Ambulance Clerc","Uvrier","S3","2022-02-22T17:46:28+01:00","2022-02-22T19:32:16+01:00","Hôpital de Martigny","Avenue de la Fusion",27,null,1920,"Martigny","CH","Suisse",70,"Privée","Hôpital de Sion","Avenue du Grand-Champsec",80,null,1950,"Sion","CH","Suisse","False","VS22005540","Maladie","Féminin","Mudry","Christiane ","1930-05-23","Avenue de la Fusion",48,null,1920,"Martigny","CH","Suisse","Arcosana AG","2756.0973.7350.31",101,"Établissement",null,null,null,"Avenue Grand-Champsec",86,"Case postale 696",1951,"Sion","CH","Suisse","Hôpital du Valais - Direction des Finances/Service des fournisseurs (facturation)","HVS.31J","Forfait S3 HVS Martigny - HVS Sion","Trajet simple journée (08h00-20h00)",1,440,null,440]
[4872,"2022-02-25",660,"2119026/23",18882,3,"Ambulance Clerc","Uvrier","S3","2022-02-22T20:22:32+01:00","2022-02-22T22:12:50+01:00","Hôpital de Sion","Avenue du Grand-Champsec",80,null,1950,"Sion","CH","Suisse",70,"Privée","Hôpital de Martigny","Avenue de la Fusion",27,null,1920,"Martigny","CH","Suisse","False","VS22005559","Maladie","Masculin","Lorenz","Michel","1932-03-30","Avenue de Derborence",21,null,1963,"Vétroz","CH","Suisse","Arcosana AG","2756.2657.9832.26",101,"Établissement",null,null,null,"Avenue Grand-Champsec",86,"Case postale 696",1951,"Sion","CH","Suisse","Hôpital du Valais - Direction des Finances/Service des fournisseurs (facturation)","HVS.13N","Forfait S3 HVS Sion - HVS Martigny","Trajet simple nuit (20h00-08h00) ou dimanches et jours fériés",1,660,null,660]
[4873,"2022-02-25",525,"2557335/46",18890,3,"Ambulance Clerc","Uvrier","S3","2022-02-22T22:23:15+01:00","2022-02-23T00:08:40+01:00","Hôpital de Martigny","Avenue de la Fusion",27,null,1920,"Martigny","CH","Suisse",112,"Privée","Hôpital de Malévoz","Route de Morgins",10,null,1870,"Monthey","CH","Suisse","False","VS22005567","Maladie","Féminin","Morard","Christine","1962-07-06","Passage de la Matze",11,null,1950,"Sion","CH","Suisse","Progrès Assurances SA","2756.9090.8838.85",101,"Établissement",null,null,null,"Avenue Grand-Champsec",86,"Case postale 696",1951,"Sion","CH","Suisse","Hôpital du Valais - Direction des Finances/Service des fournisseurs (facturation)","HVS.37N","Forfait S3 HVS Martigny - Malévoz","Trajet simple nuit (20h00-08h00) ou dimanches et jours fériés",1,525,null,525]
[4928,"2022-02-25",8320,"Acquitté avec remerciements le 25.02.2022",19142,3,"Ambulance Clerc","Uvrier","P3","2022-02-25T08:39:14+01:00","2022-02-26T06:40:08+01:00","Domicile sécondaire","Rue Centrale",25,null,3963,"Crans-Montana","CH","Suisse",1664,"Privée","Cliniques de l'Europe, site St-Elisabeth","Avenue De Fré",206,null,1180,"Uccle","BE","Belgique","False","VS22005842","Maladie","Masculin","Destailleurs","Jérôme Marie","1937-04-14","Rue de Crayer",6,null,1000,"Bruxelles","BE","Belgique","Partenaire Mut",2,2,"Personne","Masculin","Destailleurs","Jérôme Marie","Rue de Crayer",6,null,1000,"Bruxelles","BE","Belgique",null,"FKM8","Forfait kilométrique",null,1664,5,"km",8320]
[5146,"2022-02-25",600,null,18017,3,"Ambulance Clerc","Monthey","S3","2022-02-14T14:00:26+01:00","2022-02-14T19:00:00+01:00","Hôpital Riviera-Chablais (HRC), Site de la Providence","Avenue de la Prairie",3,null,1800,"Vevey","CH","Suisse",106,"Privée","Clinique Mont-Paisible","Chemin de Mont-Paisible",18,null,1011,"Lausanne","CH","Suisse","False","VS22004646","Maladie","Féminin","Pellicioli","Noemi","1928-02-26","Rue du Grand-Chêne",15,null,1820,"Montreux","CH","Suisse","Philos Assurance Maladie SA","2756.3481.1571.04",100,"Établissement",null,null,null,"Route du Vieux-Séquoia",20,null,1847,"Rennaz","CH","Suisse","Hôpital Riviera-Chablais Vaud-Valais - Fournisseurs (facturation)","HRC.410JAR","Forfait S3 Providence - CHUV","Trajet aller-retour journée (07h00-19h00)",1,600,null,600]
[5146,"2022-02-25",600,null,18017,3,"Ambulance Clerc","Monthey","S3","2022-02-14T14:00:26+01:00","2022-02-14T19:00:00+01:00","Hôpital Riviera-Chablais (HRC), Site de la Providence","Avenue de la Prairie",3,null,1800,"Vevey","CH","Suisse",106,"Privée","Clinique Mont-Paisible","Chemin de Mont-Paisible",18,null,1011,"Lausanne","CH","Suisse","False","VS22004646","Maladie","Féminin","Pellicioli","Noemi","1928-02-26","Rue du Grand-Chêne",15,null,1820,"Montreux","CH","Suisse","Philos Assurance Maladie SA","2756.3481.1571.04",100,"Établissement",null,null,null,"Route du Vieux-Séquoia",20,null,1847,"Rennaz","CH","Suisse","Hôpital Riviera-Chablais Vaud-Valais - Fournisseurs (facturation)",null,"Y compris 1h d'attente à Mont-Paisible avant retour sur La Providence"]
[5205,"2022-02-25",816.5,null,18295,3,"Ambulance Clerc","Monthey","P2","2022-02-17T13:05:17+01:00","2022-02-17T14:22:23+01:00","Permanence médicale du Chablais (HRC)","Route de Morgins",54,null,1870,"Monthey","CH","Suisse",37,"Planification","Hôpital Riviera-Chablais (HRC)","Route du Vieux-Séquoia",20,null,1847,"Rennaz","CH","Suisse","False","VS22004939","Maladie","Masculin","Graf","Guy","1953-05-23","Rue des Dents-du-Midi","84B",null,1868,"Collombey","CH","Suisse","Assura-Basis SA","1756.7459.7026.00",1,"Personne","Masculin","Graf","Guy","Rue des Dents-du-Midi","84B",null,1868,"Collombey","CH","Suisse",null,9402,"Taxe de base transport P2",null,1,300,null,300]
[5205,"2022-02-25",816.5,null,18295,3,"Ambulance Clerc","Monthey","P2","2022-02-17T13:05:17+01:00","2022-02-17T14:22:23+01:00","Permanence médicale du Chablais (HRC)","Route de Morgins",54,null,1870,"Monthey","CH","Suisse",37,"Planification","Hôpital Riviera-Chablais (HRC)","Route du Vieux-Séquoia",20,null,1847,"Rennaz","CH","Suisse","False","VS22004939","Maladie","Masculin","Graf","Guy","1953-05-23","Rue des Dents-du-Midi","84B",null,1868,"Collombey","CH","Suisse","Assura-Basis SA","1756.7459.7026.00",1,"Personne","Masculin","Graf","Guy","Rue des Dents-du-Midi","84B",null,1868,"Collombey","CH","Suisse",null,9404,"Indemnisation kilométrique",null,37,4.5,"km",166.5]
[5205,"2022-02-25",816.5,null,18295,3,"Ambulance Clerc","Monthey","P2","2022-02-17T13:05:17+01:00","2022-02-17T14:22:23+01:00","Permanence médicale du Chablais (HRC)","Route de Morgins",54,null,1870,"Monthey","CH","Suisse",37,"Planification","Hôpital Riviera-Chablais (HRC)","Route du Vieux-Séquoia",20,null,1847,"Rennaz","CH","Suisse","False","VS22004939","Maladie","Masculin","Graf","Guy","1953-05-23","Rue des Dents-du-Midi","84B",null,1868,"Collombey","CH","Suisse","Assura-Basis SA","1756.7459.7026.00",1,"Personne","Masculin","Graf","Guy","Rue des Dents-du-Midi","84B",null,1868,"Collombey","CH","Suisse",null,9411,"Personnel soignant reconnu (par personne et par quart d'heure entamé)",null,10,35,"¼ d'heure",350]
[5205,"2022-02-25",816.5,null,18295,3,"Ambulance Clerc","Monthey","P2","2022-02-17T13:05:17+01:00","2022-02-17T14:22:23+01:00","Permanence médicale du Chablais (HRC)","Route de Morgins",54,null,1870,"Monthey","CH","Suisse",37,"Planification","Hôpital Riviera-Chablais (HRC)","Route du Vieux-Séquoia",20,null,1847,"Rennaz","CH","Suisse","False","VS22004939","Maladie","Masculin","Graf","Guy","1953-05-23","Rue des Dents-du-Midi","84B",null,1868,"Collombey","CH","Suisse","Assura-Basis SA","1756.7459.7026.00",1,"Personne","Masculin","Graf","Guy","Rue des Dents-du-Midi","84B",null,1868,"Collombey","CH","Suisse",null,9440,"Matériel - Prestation standard",null,1,0,null,0]

{"sheet":"Import","index":1,"n_rows":1828,"n_cols":206,"rows_kept":562,"cut":true,"hidden":false,"merged":[],"bounds":{"rows_first":250,"rows_last":62,"rows_between":250,"halvings":3}}
[1,2,3,4,5,6,7,8,9,10,11,12,13,14,15,16,17,18,19,20,21,22,23,24,25,26,27,28,29,30,31,32,33,34,35,36,37,38,39,40,41,42,43,44,45,46,47,48,49,50,51,52,53,54,55,56,57,58,59,60,61,62,63,64,65,66,67,68,69,70,71,72,73,74,75,76,77,78,79,80,81,82,83,84,85,86,87,88,89,90,91,92,93,94,95,96,97,98,99,100,101,102,103,104,105,106,107,108,109,110,111,112,113,114,115,116,117,null,null,null,null,null,null,null,null,null,null,null,null,null,null,null,null,null,null,null,null,null,null,null,null,null,null,null,null,null,null,null,null,null,null,null,null,null,null,null,null,null,null,118,119,120,121,122,123,124,125,126,127,128,129,130,131,132,133,134,135,136,137,138,139,140,141,142,143,144,145,146,147,148,149,150,151,152,153,154,155,156,157,158,159,null,null,null,1,2]
["N°Facture","OBL20","Date de facture","Heure","N°unique","Total","Monnaie ISO","Cours","Etrangère","Monnaie cotées","Compte déb","Escompte","Langue","Format doc","n°doc créan","URL","Ident extern","Lot","Notes","code adresse","Rubrique","Raison soci","Nom","Prénom","Rue 1","Rue 2","NPA","Ville","Code pays ISO","Pays","Langue","Téléphone","Tél 2","Tél mobile","Fax","Mail","URL","Limite crédit","Table prix","date création","date naissance","Politesse","Adres livr","groupe adre","titre","Région","Mise à jour","n° lignes","typ (article)","n° article","Description","Ligne -date","Qté","Prix","Unité","Remise","Montant","Prix étr.","Montant étr.","Compte","TVA","TVA","TVA","TVA","TVA","N° bulletin","Montant remise","TVA","Analytique","Remarque","Commercial","TVA","N° affaire","Mise à jour",null,null,null,null,null,null,null,null,null,null,null,null,null,null,null,null,null,null,null,null,null,null,null,null,null,null,null,null,null,null,null,null,null,null,null,null,null,null,null,null,null,null,null,null,null,null,null,null,null,null,null,null,null,null,null,null,null,null,null,null,null,null,null,null,null,null,null,null,null,null,null,null,null,null,null,null,null,null,null,null,null,null,null,null,null,null,null,null,null,null,null,null,null,null,"Code facturation","AVS",{"$f":"Base!AU1","v":"Établissement"},null,null,null,null,null,null,null,null,null,null,null,null,null,null,null,null,null,null,null,null,null,null,null,null,null,null,null,null,null,null,null,null,"P1",3001,3011]
[{"$f":"Base!A1","v":3431},{"$f":"20","v":20},{"$f":"Base!B1","v":"2022-01-28"},null,{"$f":"Base!AE1","v":"VS22001198"},null,null,null,null,null,"<AUTO>",null,null,null,null,"URL (Libre)",null,null,{"$f":"Base!E1&\" - \"&Base!H1&\" - \"&Base!D1","v":"14756 - Uvrier - 2388504/7"},{"$f":"IF(AND(Base!AT1<1000,Base!AT1>99),Base!AT1,IF(FO3=\"Établissement\",VALUE(CONCATENATE(LEN(SUBSTITUTE(V3,\" \",\"\")),LEN(V3),AA3,COLUMN(INDIRECT(LEFT(V3,1)&1)),LEN(SUBSTITUTE(V3,\"-\",\"\")))),IF(FN3=\"\",VALUE(CONCATENATE(COLUMN(INDIRECT(LEFT(W3,1)&1)),COLUMN(INDIRECT(LEFT(X3,1)&1)),AO3,CODE(AA3))),VALUE(SUBSTITUTE(SUBSTITUTE(SUBSTITUTE(FN3,\".\",\"\"),\" \",\"\"),\"-\",\"\")))))","v":101},null,{"$f":"SUBSTITUTE(IF(Base!BF1=0,\"\",Base!BF1),\" (facturation)\",\"\")","v":"Hôpital du Valais - Direction des Finances/Service des fournisseurs"},{"$f":"IF(Base!AW1=0,\"\",Base!AH1)","v":""},{"$f":"IF(Base!AX1=0,\"\",Base!AI1)","v":""},{"$f":"IF(Base!AW1=0,Base!AY1&\" \"&Base!AZ1,Base!AK1&\" \"&Base!AL1)","v":"Avenue Grand-Champsec 86"},{"$f":"IF(IF(Base!AW1=0,Base!BA1,Base!AM1)=0,\"\",IF(Base!AW1=0,Base!BA1,Base!AM1))","v":"Case postale 696"},{"$f":"IF(Base!AW1=0,Base!BB1,Base!AN1)","v":1951},{"$f":"IF(Base!AW1=0,Base!BC1,Base!AO1)","v":"Sion"},null,null,null,null,null,null,null,null,null,null,null,null,{"$f":"Base!AJ1","v":"1946-09-03"},{"$f":"IF(FO3=\"Établissement\",\"\",IF(Base!AG1=\"Masculin\",\"Monsieur\",IF(Base!AG1=\"Féminin\",\"Madame\",\"\")))","v":""},{"$f":"IF(FP3=FALSE,CONCATENATE(IF(Base!AV1=\"Masculin\",\"Monsieur\",IF(Base!AV1=\"Féminin\",\"Madame\",\"\")),\"#chr(13)##chr(10)#\",Base!AW1,\" \",Base!AX1, \"#chr(13)##chr(10)#\",Base!AY1,\" \",Base!AZ1, \"#chr(13)##chr(10)#\",Base!BA1, \"#chr(13)##chr(10)#\",Base!BB1,\" \",Base!BC1),\"\")","v":""},null,{"$f":"AP3","v":""},null,{"$f":"IF(AND(Base!AT1<200,Base!AT1>99),1,0)","v":1},null,0,{"$f":"Base!BG1","v":"HVS.31N"},{"$f":"Base!BH1& \"#chr(13)##chr(10)#\" &Base!BI1","v":"Forfait S3 HVS Martigny - HVS Sion#chr(13)##chr(10)#Trajet simple nuit (20h00-08h00) ou dimanches et jours fériés"},null,{"$f":"Base!BJ1","v":1},{"$f":"Base!BK1","v":660},{"$f":"IF(Base!BL1=\"\",\"\",Base!BL1)","v":""},null,{"$f":"Base!BM1","v":660},null,null,{"$f":"IF(Base!H1=\"Uvrier\",3018,VLOOKUP(FQ3,$GV$2:$GX$7,FM3+1,0))","v":3018},0,0,null,0,null,null,null,null,null,"Libre","BS - 71",null,"BU - 73 - aff",0,null,null,null,null,null,null,null,null,null,null,null,null,null,null,null,null,null,null,null,null,null,null,null,null,null,null,null,null,null,null,null,null,null,{"$f":"Base!AH1&\", \"&Base!AI1","v":"Chappuis , Bernard"},{"$f":"Base!AN1&\" \"&Base!AO1&\", \"&Base!AK1&\" \"&Base!AL1","v":"1907 Saxon, Route de la Plâtrière 38"},{"$f":"CONCATENATE(TEXT(DATE(YEAR(Base!AJ1),MONTH(Base!AJ1),DAY(Base!AJ1)),\"jj.mm.aaaa\"),\", \",FN3,IF(Base!D1=\"\",\"\",\" - \"),Base!D1)","v":"03.09.1946, 756.4549.1424.76 - 2388504/7"},{"$f":"Base!AR1","v":"Easy Sana Assurance Maladie SA"},{"$f":"LEFT(Base!J1,10)","v":"2022-01-12"},{"$f":"CONCATENATE(Base!L1,IF(Base!L1=0,\"\",\", \"),Base!M1,\" \",Base!N1,\", \",Base!P1,\" \",Base!Q1)","v":"Hôpital de Martigny, Avenue de la Fusion 27, 1920 Martigny"},{"$f":"CONCATENATE(Base!V1,\", \",Base!Z1,\" \",Base!AA1,\", \",Base!W1,\" \",Base!X1)","v":"Hôpital de Sion, 1950 Sion, Avenue du Grand-Champsec 80"},null,{"$f":"CONCATENATE(RIGHT(LEFT(Base!J1,16),5),\" - \",RIGHT(LEFT(Base!K1,16),5))","v":"00:10 - 02:15"},{"$f":"Base!AF1&\" - \"&Base!I1","v":"Maladie - S3"},null,null,null,null,null,null,null,null,null,null,null,null,null,null,null,null,null,null,{"$f":"Base!H1","v":"Uvrier"},{"$f":"IF(EF3=\"Uvrier\",2,3)","v":2},null,null,null,null,null,null,null,null,null,{"$f":"EG3","v":2},null,null,null,null,null,null,null,null,null,null,null,null,null,null,null,null,null,null,null,null,{"$f":"LEFT(Base!AS1,1)","v":"2"},{"$f":"IF(Base!U1=\"Privée\",2,1)","v":2},{"$f":"IF(OR(LEFT(Base!AS1,1)=\"1\",LEFT(Base!AS1)=\"2\"),RIGHT(Base!AS1,LEN(Base!AS1)-1),Base!AS1)","v":"756.4549.1424.76"},{"$f":"Base!AU1","v":"Établissement"},{"$f":"OR(CONCATENATE(Base!AW1,Base!AX1)=CONCATENATE(Base!AH1,Base!AI1),FO3=\"Établissement\")","v":true},{"$f":"Base!I1","v":"S3"},null,null,null,null,null,null,null,null,null,null,null,null,null,null,null,null,null,null,null,null,null,null,null,null,null,null,null,null,null,null,"P2",3002,3012]
[{"$f":"Base!A2","v":3434},{"$f":"20","v":20},{"$f":"Base!B2","v":"2022-01-28"},null,{"$f":"Base!AE2","v":"VS22001206"},null,null,null,null,null,"<AUTO>",null,null,null,null,"URL (Libre)",null,null,{"$f":"Base!E2&\" - \"&Base!H2&\" - \"&Base!D2","v":"14764 - Uvrier - 2555303/10"},{"$f":"IF(AND(Base!AT2<1000,Base!AT2>99),Base!AT2,IF(FO4=\"Établissement\",VALUE(CONCATENATE(LEN(SUBSTITUTE(V4,\" \",\"\")),LEN(V4),AA4,COLUMN(INDIRECT(LEFT(V4,1)&1)),LEN(SUBSTITUTE(V4,\"-\",\"\")))),IF(FN4=\"\",VALUE(CONCATENATE(COLUMN(INDIRECT(LEFT(W4,1)&1)),COLUMN(INDIRECT(LEFT(X4,1)&1)),AO4,CODE(AA4))),VALUE(SUBSTITUTE(SUBSTITUTE(SUBSTITUTE(FN4,\".\",\"\"),\" \",\"\"),\"-\",\"\")))))","v":101},null,{"$f":"SUBSTITUTE(IF(Base!BF2=0,\"\",Base!BF2),\" (facturation)\",\"\")","v":"Hôpital du Valais - Direction des Finances/Service des fournisseurs"},{"$f":"IF(Base!AW2=0,\"\",Base!AH2)","v":""},{"$f":"IF(Base!AX2=0,\"\",Base!AI2)","v":""},{"$f":"IF(Base!AW2=0,Base!AY2&\" \"&Base!AZ2,Base!AK2&\" \"&Base!AL2)","v":"Avenue Grand-Champsec 86"},{"$f":"IF(IF(Base!AW2=0,Base!BA2,Base!AM2)=0,\"\",IF(Base!AW2=0,Base!BA2,Base!AM2))","v":"Case postale 696"},{"$f":"IF(Base!AW2=0,Base!BB2,Base!AN2)","v":1951},{"$f":"IF(Base!AW2=0,Base!BC2,Base!AO2)","v":"Sion"},null,null,null,null,null,null,null,null,null,null,null,null,{"$f":"Base!AJ2","v":"1955-12-11"},{"$f":"IF(FO4=\"Établissement\",\"\",IF(Base!AG2=\"Masculin\",\"Monsieur\",IF(Base!AG2=\"Féminin\",\"Madame\",\"\")))","v":""},{"$f":"IF(FP4=FALSE,CONCATENATE(IF(Base!AV2=\"Masculin\",\"Monsieur\",IF(Base!AV2=\"Féminin\",\"Madame\",\"\")),\"#chr(13)##chr(10)#\",Base!AW2,\" \",Base!AX2, \"#chr(13)##chr(10)#\",Base!AY2,\" \",Base!AZ2, \"#chr(13)##chr(10)#\",Base!BA2, \"#chr(13)##chr(10)#\",Base!BB2,\" \",Base!BC2),\"\")","v":""},null,{"$f":"AP4","v":""},null,{"$f":"IF(AND(Base!AT2<200,Base!AT2>99),1,0)","v":1},null,0,{"$f":"Base!BG2","v":"HVS.610N"},{"$f":"Base!BH2& \"#chr(13)##chr(10)#\" &Base!BI2","v":"Forfait S3 Clinique St-Amé - CHUV#chr(13)##chr(10)#Trajet aller-retour nuit (20h00-08h00) ou dimanches et jours fériés"},null,{"$f":"Base!BJ2","v":1},{"$f":"Base!BK2","v":1050},{"$f":"IF(Base!BL2=\"\",\"\",Base!BL2)","v":""},null,{"$f":"Base!BM2","v":1050},null,null,{"$f":"IF(Base!H2=\"Uvrier\",3018,VLOOKUP(FQ4,$GV$2:$GX$7,FM4+1,0))","v":3018},0,0,null,0,null,null,null,null,null,"Libre","BS - 72",null,"BU - 73 - aff",0,null,null,null,null,null,null,null,null,null,null,null,null,null,null,null,null,null,null,null,null,null,null,null,null,null,null,null,null,null,null,null,null,null,{"$f":"Base!AH2&\", \"&Base!AI2","v":"Chesaux, Claude Ernest"},{"$f":"Base!AN2&\" \"&Base!AO2&\", \"&Base!AK2&\" \"&Base!AL2","v":"1890 St-Maurice, Avenue des Terreaux 27"},{"$f":"CONCATENATE(TEXT(DATE(YEAR(Base!AJ2),MONTH(Base!AJ2),DAY(Base!AJ2)),\"jj.mm.aaaa\"),\", \",FN4,IF(Base!D2=\"\",\"\",\" - \"),Base!D2)","v":"11.12.1955, 756.4291.8559.52 - 2555303/10"},{"$f":"Base!AR2","v":"CSS Kranken- Versicherung AG"},{"$f":"LEFT(Base!J2,10)","v":"2022-01-12"},{"$f":"CONCATENATE(Base!L2,IF(Base!L2=0,\"\",\", \"),Base!M2,\" \",Base!N2,\", \",Base!P2,\" \",Base!Q2)","v":"Clinique Saint-Amé, Vers Saint-Amé 10, 1890 St-Maurice"},{"$f":"CONCATENATE(Base!V2,\", \",Base!Z2,\" \",Base!AA2,\", \",Base!W2,\" \",Base!X2)","v":"CHUV Hôpital universitaire de Lausanne, 1006 Lausanne, Rue du Bugnon 46"},null,{"$f":"CONCATENATE(RIGHT(LEFT(Base!J2,16),5),\" - \",RIGHT(LEFT(Base!K2,16),5))","v":"06:30 - 09:48"},{"$f":"Base!AF2&\" - \"&Base!I2","v":"Maladie - S3"},null,null,null,null,null,null,null,null,null,null,null,null,null,null,null,null,null,null,{"$f":"Base!H2","v":"Uvrier"},{"$f":"IF(EF4=\"Uvrier\",2,3)","v":2},null,null,null,null,null,null,null,null,null,{"$f":"EG4","v":2},null,null,null,null,null,null,null,null,null,null,null,null,null,null,null,null,null,null,null,null,null,{"$f":"IF(Base!U2=\"Privée\",2,1)","v":2},{"$f":"IF(OR(LEFT(Base!AS2,1)=\"1\",LEFT(Base!AS2)=\"2\"),RIGHT(Base!AS2,LEN(Base!AS2)-1),Base!AS2)","v":"756.4291.8559.52"},{"$f":"Base!AU2","v":"Établissement"},{"$f":"OR(CONCATENATE(Base!AW2,Base!AX2)=CONCATENATE(Base!AH2,Base!AI2),FO4=\"Établissement\")","v":true},{"$f":"Base!I2","v":"S3"},null,null,null,null,null,null,null,null,null,null,null,null,null,null,null,null,null,null,null,null,null,null,null,null,null,null,null,null,null,null,"P3",3003,3013]
[{"$f":"Base!A3","v":3434},{"$f":"20","v":20},{"$f":"Base!B3","v":"2022-01-28"},null,{"$f":"Base!AE3","v":"VS22001206"},null,null,null,null,null,"<AUTO>",null,null,null,null,"URL (Libre)",null,null,{"$f":"Base!E3&\" - \"&Base!H3&\" - \"&Base!D3","v":"14764 - Uvrier - 2555303/10"},{"$f":"IF(AND(Base!AT3<1000,Base!AT3>99),Base!AT3,IF(FO5=\"Établissement\",VALUE(CONCATENATE(LEN(SUBSTITUTE(V5,\" \",\"\")),LEN(V5),AA5,COLUMN(INDIRECT(LEFT(V5,1)&1)),LEN(SUBSTITUTE(V5,\"-\",\"\")))),IF(FN5=\"\",VALUE(CONCATENATE(COLUMN(INDIRECT(LEFT(W5,1)&1)),COLUMN(INDIRECT(LEFT(X5,1)&1)),AO5,CODE(AA5))),VALUE(SUBSTITUTE(SUBSTITUTE(SUBSTITUTE(FN5,\".\",\"\"),\" \",\"\"),\"-\",\"\")))))","v":101},null,{"$f":"SUBSTITUTE(IF(Base!BF3=0,\"\",Base!BF3),\" (facturation)\",\"\")","v":"Hôpital du Valais - Direction des Finances/Service des fournisseurs"},{"$f":"IF(Base!AW3=0,\"\",Base!AH3)","v":""},{"$f":"IF(Base!AX3=0,\"\",Base!AI3)","v":""},{"$f":"IF(Base!AW3=0,Base!AY3&\" \"&Base!AZ3,Base!AK3&\" \"&Base!AL3)","v":"Avenue Grand-Champsec 86"},{"$f":"IF(IF(Base!AW3=0,Base!BA3,Base!AM3)=0,\"\",IF(Base!AW3=0,Base!BA3,Base!AM3))","v":"Case postale 696"},{"$f":"IF(Base!AW3=0,Base!BB3,Base!AN3)","v":1951},{"$f":"IF(Base!AW3=0,Base!BC3,Base!AO3)","v":"Sion"},null,null,null,null,null,null,null,null,null,null,null,null,{"$f":"Base!AJ3","v":"1955-12-11"},{"$f":"IF(FO5=\"Établissement\",\"\",IF(Base!AG3=\"Masculin\",\"Monsieur\",IF(Base!AG3=\"Féminin\",\"Madame\",\"\")))","v":""},{"$f":"IF(FP5=FALSE,CONCATENATE(IF(Base!AV3=\"Masculin\",\"Monsieur\",IF(Base!AV3=\"Féminin\",\"Madame\",\"\")),\"#chr(13)##chr(10)#\",Base!AW3,\" \",Base!AX3, \"#chr(13)##chr(10)#\",Base!AY3,\" \",Base!AZ3, \"#chr(13)##chr(10)#\",Base!BA3, \"#chr(13)##chr(10)#\",Base!BB3,\" \",Base!BC3),\"\")","v":""},null,"",null,{"$f":"IF(AND(Base!AT3<200,Base!AT3>99),1,0)","v":1},null,0,{"$f":"Base!BG3","v":0},{"$f":"Base!BH3& \"#chr(13)##chr(10)#\" &Base!BI3","v":"Avec retour immédiat, car erreur dans le rendez-vous, n’est pas attendu ce jour.#chr(13)##chr(10)#"},null,{"$f":"Base!BJ3","v":0},{"$f":"Base!BK3","v":0},{"$f":"IF(Base!BL3=\"\",\"\",Base!BL3)","v":""},null,{"$f":"Base!BM3","v":0},null,null,{"$f":"IF(Base!H3=\"Uvrier\",3018,VLOOKUP(FQ5,$GV$2:$GX$7,FM5+1,0))","v":3018},0,0,null,0,null,null,null,null,null,"Libre","BS - 73",null,"BU - 73 - aff",0,null,null,null,null,null,null,null,null,null,null,null,null,null,null,null,null,null,null,null,null,null,null,null,null,null,null,null,null,null,null,null,null,null,{"$f":"Base!AH3&\", \"&Base!AI3","v":"Chesaux, Claude Ernest"},{"$f":"Base!AN3&\" \"&Base!AO3&\", \"&Base!AK3&\" \"&Base!AL3","v":"1890 St-Maurice, Avenue des Terreaux 27"},{"$f":"CONCATENATE(TEXT(DATE(YEAR(Base!AJ3),MONTH(Base!AJ3),DAY(Base!AJ3)),\"jj.mm.aaaa\"),\", \",FN5,IF(Base!D3=\"\",\"\",\" - \"),Base!D3)","v":"11.12.1955, 756.4291.8559.52 - 2555303/10"},{"$f":"Base!AR3","v":"CSS Kranken- Versicherung AG"},{"$f":"LEFT(Base!J3,10)","v":"2022-01-12"},{"$f":"CONCATENATE(Base!L3,IF(Base!L3=0,\"\",\", \"),Base!M3,\" \",Base!N3,\", \",Base!P3,\" \",Base!Q3)","v":"Clinique Saint-Amé, Vers Saint-Amé 10, 1890 St-Maurice"},{"$f":"CONCATENATE(Base!V3,\", \",Base!Z3,\" \",Base!AA3,\", \",Base!W3,\" \",Base!X3)","v":"CHUV Hôpital universitaire de Lausanne, 1006 Lausanne, Rue du Bugnon 46"},null,{"$f":"CONCATENATE(RIGHT(LEFT(Base!J3,16),5),\" - \",RIGHT(LEFT(Base!K3,16),5))","v":"06:30 - 09:48"},{"$f":"Base!AF3&\" - \"&Base!I3","v":"Maladie - S3"},null,null,null,null,null,null,null,null,null,null,null,null,null,null,null,null,null,null,{"$f":"Base!H3","v":"Uvrier"},2,null,null,null,null,null,null,null,null,null,2,null,null,null,null,null,null,null,null,null,null,null,null,null,null,null,null,null,null,null,null,null,{"$f":"IF(Base!U3=\"Privée\",2,1)","v":2},{"$f":"IF(OR(LEFT(Base!AS3,1)=\"1\",LEFT(Base!AS3)=\"2\"),RIGHT(Base!AS3,LEN(Base!AS3)-1),Base!AS3)","v":"756.4291.8559.52"},{"$f":"Base!AU3","v":"Établissement"},{"$f":"OR(CONCATENATE(Base!AW3,Base!AX3)=CONCATENATE(Base!AH3,Base!AI3),FO5=\"Établissement\")","v":true},{"$f":"Base!I3","v":"S3"},null,null,null,null,null,null,null,null,null,null,null,null,null,null,null,null,null,null,null,null,null,null,null,null,null,null,null,null,null,null,"S1",3004,3014]
[{"$f":"Base!A4","v":3452},{"$f":"20","v":20},{"$f":"Base!B4","v":"2022-01-28"},null,{"$f":"Base!AE4","v":"VS22001217"},null,null,null,null,null,"<AUTO>",null,null,null,null,"URL (Libre)",null,null,{"$f":"Base!E4&\" - \"&Base!H4&\" - \"&Base!D4","v":"14774 - Uvrier - "},{"$f":"IF(AND(Base!AT4<1000,Base!AT4>99),Base!AT4,IF(FO6=\"Établissement\",VALUE(CONCATENATE(LEN(SUBSTITUTE(V6,\" \",\"\")),LEN(V6),AA6,COLUMN(INDIRECT(LEFT(V6,1)&1)),LEN(SUBSTITUTE(V6,\"-\",\"\")))),IF(FN6=\"\",VALUE(CONCATENATE(COLUMN(INDIRECT(LEFT(W6,1)&1)),COLUMN(INDIRECT(LEFT(X6,1)&1)),AO6,CODE(AA6))),VALUE(SUBSTITUTE(SUBSTITUTE(SUBSTITUTE(FN6,\".\",\"\"),\" \",\"\"),\"-\",\"\")))))","v":7562562232747},null,{"$f":"SUBSTITUTE(IF(Base!BF4=0,\"\",Base!BF4),\" (facturation)\",\"\")","v":""},{"$f":"IF(Base!AW4=0,\"\",Base!AH4)","v":"Devanthéry"},{"$f":"IF(Base!AX4=0,\"\",Base!AI4)","v":"Josiane"},{"$f":"IF(Base!AW4=0,Base!AY4&\" \"&Base!AZ4,Base!AK4&\" \"&Base!AL4)","v":"Rue du Scex  43"},{"$f":"IF(IF(Base!AW4=0,Base!BA4,Base!AM4)=0,\"\",IF(Base!AW4=0,Base!BA4,Base!AM4))","v":"Immeuble La Rochelle "},{"$f":"IF(Base!AW4=0,Base!BB4,Base!AN4)","v":1950},{"$f":"IF(Base!AW4=0,Base!BC4,Base!AO4)","v":"Sion"},null,null,null,null,null,null,null,null,null,null,null,null,{"$f":"Base!AJ4","v":"1947-11-24"},{"$f":"IF(FO6=\"Établissement\",\"\",IF(Base!AG4=\"Masculin\",\"Monsieur\",IF(Base!AG4=\"Féminin\",\"Madame\",\"\")))","v":"Madame"},{"$f":"IF(FP6=FALSE,CONCATENATE(IF(Base!AV4=\"Masculin\",\"Monsieur\",IF(Base!AV4=\"Féminin\",\"Madame\",\"\")),\"#chr(13)##chr(10)#\",Base!AW4,\" \",Base!AX4, \"#chr(13)##chr(10)#\",Base!AY4,\" \",Base!AZ4, \"#chr(13)##chr(10)#\",Base!BA4, \"#chr(13)##chr(10)#\",Base!BB4,\" \",Base!BC4),\"\")","v":""},null,"Madame",null,{"$f":"IF(AND(Base!AT4<200,Base!AT4>99),1,0)","v":0},null,0,{"$f":"Base!BG4","v":"CLN.9403 "},{"$f":"Base!BH4& \"#chr(13)##chr(10)#\" &Base!BI4","v":"Taxe de base transport S3#chr(13)##chr(10)#"},null,{"$f":"Base!BJ4","v":1},{"$f":"Base!BK4","v":200},{"$f":"IF(Base!BL4=\"\",\"\",Base!BL4)","v":""},null,{"$f":"Base!BM4","v":200},null,null,{"$f":"IF(Base!H4=\"Uvrier\",3018,VLOOKUP(FQ6,$GV$2:$GX$7,FM6+1,0))","v":3018},0,0,null,0,null,null,null,null,null,"Libre","BS - 74",null,"BU - 73 - aff",0,null,null,null,null,null,null,null,null,null,null,null,null,null,null,null,null,null,null,null,null,null,null,null,null,null,null,null,null,null,null,null,null,null,{"$f":"Base!AH4&\", \"&Base!AI4","v":"Devanthéry, Josiane"},{"$f":"Base!AN4&\" \"&Base!AO4&\", \"&Base!AK4&\" \"&Base!AL4","v":"1950 Sion, Rue du Scex  43"},{"$f":"CONCATENATE(TEXT(DATE(YEAR(Base!AJ4),MONTH(Base!AJ4),DAY(Base!AJ4)),\"jj.mm.aaaa\"),\", \",FN6,IF(Base!D4=\"\",\"\",\" - \"),Base!D4)","v":"24.11.1947, 756.2562.2327.47"},{"$f":"Base!AR4","v":"CSS Kranken- Versicherung AG"},{"$f":"LEFT(Base!J4,10)","v":"2022-01-12"},{"$f":"CONCATENATE(Base!L4,IF(Base!L4=0,\"\",\", \"),Base!M4,\" \",Base!N4,\", \",Base!P4,\" \",Base!Q4)","v":"Hôpital de Martigny, Avenue de la Fusion 27, 1920 Martigny"},{"$f":"CONCATENATE(Base!V4,\", \",Base!Z4,\" \",Base!AA4,\", \",Base!W4,\" \",Base!X4)","v":"Domicile , 1950 Sion, Rue du Scex  43"},null,{"$f":"CONCATENATE(RIGHT(LEFT(Base!J4,16),5),\" - \",RIGHT(LEFT(Base!K4,16),5))","v":"09:49 - 11:15"},{"$f":"Base!AF4&\" - \"&Base!I4","v":"Maladie - S3"},null,null,null,null,null,null,null,null,null,null,null,null,null,null,null,null,null,null,{"$f":"Base!H4","v":"Uvrier"},2,null,null,null,null,null,null,null,null,null,2,null,null,null,null,null,null,null,null,null,null,null,null,null,null,null,null,null,null,null,null,null,{"$f":"IF(Base!U4=\"Privée\",2,1)","v":2},{"$f":"IF(OR(LEFT(Base!AS4,1)=\"1\",LEFT(Base!AS4)=\"2\"),RIGHT(Base!AS4,LEN(Base!AS4)-1),Base!AS4)","v":"756.2562.2327.47"},{"$f":"Base!AU4","v":"Personne"},{"$f":"OR(CONCATENATE(Base!AW4,Base!AX4)=CONCATENATE(Base!AH4,Base!AI4),FO6=\"Établissement\")","v":true},{"$f":"Base!I4","v":"S3"},null,null,null,null,null,null,null,null,null,null,null,null,null,null,null,null,null,null,null,null,null,null,null,null,null,null,null,null,null,null,"S2",3005,3015]
[{"$f":"Base!A5","v":3452},{"$f":"20","v":20},{"$f":"Base!B5","v":"2022-01-28"},null,{"$f":"Base!AE5","v":"VS22001217"},null,null,null,null,null,"<AUTO>",null,null,null,null,"URL (Libre)",null,null,{"$f":"Base!E5&\" - \"&Base!H5&\" - \"&Base!D5","v":"14774 - Uvrier - "},{"$f":"IF(AND(Base!AT5<1000,Base!AT5>99),Base!AT5,IF(FO7=\"Établissement\",VALUE(CONCATENATE(LEN(SUBSTITUTE(V7,\" \",\"\")),LEN(V7),AA7,COLUMN(INDIRECT(LEFT(V7,1)&1)),LEN(SUBSTITUTE(V7,\"-\",\"\")))),IF(FN7=\"\",VALUE(CONCATENATE(COLUMN(INDIRECT(LEFT(W7,1)&1)),COLUMN(INDIRECT(LEFT(X7,1)&1)),AO7,CODE(AA7))),VALUE(SUBSTITUTE(SUBSTITUTE(SUBSTITUTE(FN7,\".\",\"\"),\" \",\"\"),\"-\",\"\")))))","v":7562562232747},null,{"$f":"SUBSTITUTE(IF(Base!BF5=0,\"\",Base!BF5),\" (facturation)\",\"\")","v":""},{"$f":"IF(Base!AW5=0,\"\",Base!AH5)","v":"Devanthéry"},{"$f":"IF(Base!AX5=0,\"\",Base!AI5)","v":"Josiane"},{"$f":"IF(Base!AW5=0,Base!AY5&\" \"&Base!AZ5,Base!AK5&\" \"&Base!AL5)","v":"Rue du Scex  43"},{"$f":"IF(IF(Base!AW5=0,Base!BA5,Base!AM5)=0,\"\",IF(Base!AW5=0,Base!BA5,Base!AM5))","v":"Immeuble La Rochelle "},{"$f":"IF(Base!AW5=0,Base!BB5,Base!AN5)","v":1950},{"$f":"IF(Base!AW5=0,Base!BC5,Base!AO5)","v":"Sion"},null,null,null,null,null,null,null,null,null,null,null,null,{"$f":"Base!AJ5","v":"1947-11-24"},{"$f":"IF(FO7=\"Établissement\",\"\",IF(Base!AG5=\"Masculin\",\"Monsieur\",IF(Base!AG5=\"Féminin\",\"Madame\",\"\")))","v":"Madame"},{"$f":"IF(FP7=FALSE,CONCATENATE(IF(Base!AV5=\"Masculin\",\"Monsieur\",IF(Base!AV5=\"Féminin\",\"Madame\",\"\")),\"#chr(13)##chr(10)#\",Base!AW5,\" \",Base!AX5, \"#chr(13)##chr(10)#\",Base!AY5,\" \",Base!AZ5, \"#chr(13)##chr(10)#\",Base!BA5, \"#chr(13)##chr(10)#\",Base!BB5,\" \",Base!BC5),\"\")","v":""},null,"Madame",null,{"$f":"IF(AND(Base!AT5<200,Base!AT5>99),1,0)","v":0},null,0,{"$f":"Base!BG5","v":"CLN.9404"},{"$f":"Base!BH5& \"#chr(13)##chr(10)#\" &Base!BI5","v":"Indemnisation kilométrique#chr(13)##chr(10)#"},null,{"$f":"Base!BJ5","v":65},{"$f":"Base!BK5","v":4.5},{"$f":"IF(Base!BL5=\"\",\"\",Base!BL5)","v":"km"},null,{"$f":"Base!BM5","v":292.5},null,null,{"$f":"IF(Base!H5=\"Uvrier\",3018,VLOOKUP(FQ7,$GV$2:$GX$7,FM7+1,0))","v":3018},0,0,null,0,null,null,null,null,null,"Libre","BS - 75",null,"BU - 73 - aff",0,null,null,null,null,null,null,null,null,null,null,null,null,null,null,null,null,null,null,null,null,null,null,null,null,null,null,null,null,null,null,null,null,null,{"$f":"Base!AH5&\", \"&Base!AI5","v":"Devanthéry, Josiane"},{"$f":"Base!AN5&\" \"&Base!AO5&\", \"&Base!AK5&\" \"&Base!AL5","v":"1950 Sion, Rue du Scex  43"},{"$f":"CONCATENATE(TEXT(DATE(YEAR(Base!AJ5),MONTH(Base!AJ5),DAY(Base!AJ5)),\"jj.mm.aaaa\"),\", \",FN7,IF(Base!D5=\"\",\"\",\" - \"),Base!D5)","v":"24.11.1947, 756.2562.2327.47"},{"$f":"Base!AR5","v":"CSS Kranken- Versicherung AG"},{"$f":"LEFT(Base!J5,10)","v":"2022-01-12"},{"$f":"CONCATENATE(Base!L5,IF(Base!L5=0,\"\",\", \"),Base!M5,\" \",Base!N5,\", \",Base!P5,\" \",Base!Q5)","v":"Hôpital de Martigny, Avenue de la Fusion 27, 1920 Martigny"},{"$f":"CONCATENATE(Base!V5,\", \",Base!Z5,\" \",Base!AA5,\", \",Base!W5,\" \",Base!X5)","v":"Domicile , 1950 Sion, Rue du Scex  43"},null,{"$f":"CONCATENATE(RIGHT(LEFT(Base!J5,16),5),\" - \",RIGHT(LEFT(Base!K5,16),5))","v":"09:49 - 11:15"},{"$f":"Base!AF5&\" - \"&Base!I5","v":"Maladie - S3"},null,null,null,null,null,null,null,null,null,null,null,null,null,null,null,null,null,null,{"$f":"Base!H5","v":"Uvrier"},2,null,null,null,null,null,null,null,null,null,2,null,null,null,null,null,null,null,null,null,null,null,null,null,null,null,null,null,null,null,null,null,{"$f":"IF(Base!U5=\"Privée\",2,1)","v":2},{"$f":"IF(OR(LEFT(Base!AS5,1)=\"1\",LEFT(Base!AS5)=\"2\"),RIGHT(Base!AS5,LEN(Base!AS5)-1),Base!AS5)","v":"756.2562.2327.47"},{"$f":"Base!AU5","v":"Personne"},{"$f":"OR(CONCATENATE(Base!AW5,Base!AX5)=CONCATENATE(Base!AH5,Base!AI5),FO7=\"Établissement\")","v":true},{"$f":"Base!I5","v":"S3"},null,null,null,null,null,null,null,null,null,null,null,null,null,null,null,null,null,null,null,null,null,null,null,null,null,null,null,null,null,null,"S3",3005,3015]
[{"$f":"Base!A6","v":3452},{"$f":"20","v":20},{"$f":"Base!B6","v":"2022-01-28"},null,{"$f":"Base!AE6","v":"VS22001217"},null,null,null,null,null,"<AUTO>",null,null,null,null,"URL (Libre)",null,null,{"$f":"Base!E6&\" - \"&Base!H6&\" - \"&Base!D6","v":"14774 - Uvrier - "},{"$f":"IF(AND(Base!AT6<1000,Base!AT6>99),Base!AT6,IF(FO8=\"Établissement\",VALUE(CONCATENATE(LEN(SUBSTITUTE(V8,\" \",\"\")),LEN(V8),AA8,COLUMN(INDIRECT(LEFT(V8,1)&1)),LEN(SUBSTITUTE(V8,\"-\",\"\")))),IF(FN8=\"\",VALUE(CONCATENATE(COLUMN(INDIRECT(LEFT(W8,1)&1)),COLUMN(INDIRECT(LEFT(X8,1)&1)),AO8,CODE(AA8))),VALUE(SUBSTITUTE(SUBSTITUTE(SUBSTITUTE(FN8,\".\",\"\"),\" \",\"\"),\"-\",\"\")))))","v":7562562232747},null,{"$f":"SUBSTITUTE(IF(Base!BF6=0,\"\",Base!BF6),\" (facturation)\",\"\")","v":""},{"$f":"IF(Base!AW6=0,\"\",Base!AH6)","v":"Devanthéry"},{"$f":"IF(Base!AX6=0,\"\",Base!AI6)","v":"Josiane"},{"$f":"IF(Base!AW6=0,Base!AY6&\" \"&Base!AZ6,Base!AK6&\" \"&Base!AL6)","v":"Rue du Scex  43"},{"$f":"IF(IF(Base!AW6=0,Base!BA6,Base!AM6)=0,\"\",IF(Base!AW6=0,Base!BA6,Base!AM6))","v":"Immeuble La Rochelle "},{"$f":"IF(Base!AW6=0,Base!BB6,Base!AN6)","v":1950},{"$f":"IF(Base!AW6=0,Base!BC6,Base!AO6)","v":"Sion"},null,null,null,null,null,null,null,null,null,null,null,null,{"$f":"Base!AJ6","v":"1947-11-24"},{"$f":"IF(FO8=\"Établissement\",\"\",IF(Base!AG6=\"Masculin\",\"Monsieur\",IF(Base!AG6=\"Féminin\",\"Madame\",\"\")))","v":"Madame"},{"$f":"IF(FP8=FALSE,CONCATENATE(IF(Base!AV6=\"Masculin\",\"Monsieur\",IF(Base!AV6=\"Féminin\",\"Madame\",\"\")),\"#chr(13)##chr(10)#\",Base!AW6,\" \",Base!AX6, \"#chr(13)##chr(10)#\",Base!AY6,\" \",Base!AZ6, \"#chr(13)##chr(10)#\",Base!BA6, \"#chr(13)##chr(10)#\",Base!BB6,\" \",Base!BC6),\"\")","v":""},null,"Madame",null,{"$f":"IF(AND(Base!AT6<200,Base!AT6>99),1,0)","v":0},null,0,{"$f":"Base!BG6","v":"CLN.9411"},{"$f":"Base!BH6& \"#chr(13)##chr(10)#\" &Base!BI6","v":"Personnel soignant reconnu (par personne et par quart d'heure entamé)#chr(13)##chr(10)#2 collaborateur(s) x 6 quarts d’heure"},null,{"$f":"Base!BJ6","v":12},{"$f":"Base!BK6","v":35},{"$f":"IF(Base!BL6=\"\",\"\",Base!BL6)","v":"¼ d'heure"},null,{"$f":"Base!BM6","v":420},null,null,{"$f":"IF(Base!H6=\"Uvrier\",3018,VLOOKUP(FQ8,$GV$2:$GX$7,FM8+1,0))","v":3018},0,0,null,0,null,null,null,null,null,"Libre","BS - 76",null,"BU - 73 - aff",0,null,null,null,null,null,null,null,null,null,null,null,null,null,null,null,null,null,null,null,null,null,null,null,null,null,null,null,null,null,null,null,null,null,{"$f":"Base!AH6&\", \"&Base!AI6","v":"Devanthéry, Josiane"},{"$f":"Base!AN6&\" \"&Base!AO6&\", \"&Base!AK6&\" \"&Base!AL6","v":"1950 Sion, Rue du Scex  43"},{"$f":"CONCATENATE(TEXT(DATE(YEAR(Base!AJ6),MONTH(Base!AJ6),DAY(Base!AJ6)),\"jj.mm.aaaa\"),\", \",FN8,IF(Base!D6=\"\",\"\",\" - \"),Base!D6)","v":"24.11.1947, 756.2562.2327.47"},{"$f":"Base!AR6","v":"CSS Kranken- Versicherung AG"},{"$f":"LEFT(Base!J6,10)","v":"2022-01-12"},{"$f":"CONCATENATE(Base!L6,IF(Base!L6=0,\"\",\", \"),Base!M6,\" \",Base!N6,\", \",Base!P6,\" \",Base!Q6)","v":"Hôpital de Martigny, Avenue de la Fusion 27, 1920 Martigny"},{"$f":"CONCATENATE(Base!V6,\", \",Base!Z6,\" \",Base!AA6,\", \",Base!W6,\" \",Base!X6)","v":"Domicile , 1950 Sion, Rue du Scex  43"},null,{"$f":"CONCATENATE(RIGHT(LEFT(Base!J6,16),5),\" - \",RIGHT(LEFT(Base!K6,16),5))","v":"09:49 - 11:15"},{"$f":"Base!AF6&\" - \"&Base!I6","v":"Maladie - S3"},null,null,null,null,null,null,null,null,null,null,null,null,null,null,null,null,null,null,{"$f":"Base!H6","v":"Uvrier"},2,null,null,null,null,null,null,null,null,null,2,null,null,null,null,null,null,null,null,null,null,null,null,null,null,null,null,null,null,null,null,null,{"$f":"IF(Base!U6=\"Privée\",2,1)","v":2},{"$f":"IF(OR(LEFT(Base!AS6,1)=\"1\",LEFT(Base!AS6)=\"2\"),RIGHT(Base!AS6,LEN(Base!AS6)-1),Base!AS6)","v":"756.2562.2327.47"},{"$f":"Base!AU6","v":"Personne"},{"$f":"OR(CONCATENATE(Base!AW6,Base!AX6)=CONCATENATE(Base!AH6,Base!AI6),FO8=\"Établissement\")","v":true},{"$f":"Base!I6","v":"S3"}]
[{"$f":"Base!A7","v":3453},{"$f":"20","v":20},{"$f":"Base!B7","v":"2022-01-28"},null,{"$f":"Base!AE7","v":"VS22001240"},null,null,null,null,null,"<AUTO>",null,null,null,null,"URL (Libre)",null,null,{"$f":"Base!E7&\" - \"&Base!H7&\" - \"&Base!D7","v":"14796 - Uvrier - 2749957/13"},{"$f":"IF(AND(Base!AT7<1000,Base!AT7>99),Base!AT7,IF(FO9=\"Établissement\",VALUE(CONCATENATE(LEN(SUBSTITUTE(V9,\" \",\"\")),LEN(V9),AA9,COLUMN(INDIRECT(LEFT(V9,1)&1)),LEN(SUBSTITUTE(V9,\"-\",\"\")))),IF(FN9=\"\",VALUE(CONCATENATE(COLUMN(INDIRECT(LEFT(W9,1)&1)),COLUMN(INDIRECT(LEFT(X9,1)&1)),AO9,CODE(AA9))),VALUE(SUBSTITUTE(SUBSTITUTE(SUBSTITUTE(FN9,\".\",\"\"),\" \",\"\"),\"-\",\"\")))))","v":101},null,{"$f":"SUBSTITUTE(IF(Base!BF7=0,\"\",Base!BF7),\" (facturation)\",\"\")","v":"Hôpital du Valais - Direction des Finances/Service des fournisseurs"},{"$f":"IF(Base!AW7=0,\"\",Base!AH7)","v":""},{"$f":"IF(Base!AX7=0,\"\",Base!AI7)","v":""},{"$f":"IF(Base!AW7=0,Base!AY7&\" \"&Base!AZ7,Base!AK7&\" \"&Base!AL7)","v":"Avenue Grand-Champsec 86"},{"$f":"IF(IF(Base!AW7=0,Base!BA7,Base!AM7)=0,\"\",IF(Base!AW7=0,Base!BA7,Base!AM7))","v":"Case postale 696"},{"$f":"IF(Base!AW7=0,Base!BB7,Base!AN7)","v":1951},{"$f":"IF(Base!AW7=0,Base!BC7,Base!AO7)","v":"Sion"},null,null,null,null,null,null,null,null,null,null,null,null,{"$f":"Base!AJ7","v":"1962-10-22"},{"$f":"IF(FO9=\"Établissement\",\"\",IF(Base!AG7=\"Masculin\",\"Monsieur\",IF(Base!AG7=\"Féminin\",\"Madame\",\"\")))","v":""},{"$f":"IF(FP9=FALSE,CONCATENATE(IF(Base!AV7=\"Masculin\",\"Monsieur\",IF(Base!AV7=\"Féminin\",\"Madame\",\"\")),\"#chr(13)##chr(10)#\",Base!AW7,\" \",Base!AX7, \"#chr(13)##chr(10)#\",Base!AY7,\" \",Base!AZ7, \"#chr(13)##chr(10)#\",Base!BA7, \"#chr(13)##chr(10)#\",Base!BB7,\" \",Base!BC7),\"\")","v":""},null,"",null,{"$f":"IF(AND(Base!AT7<200,Base!AT7>99),1,0)","v":1},null,0,{"$f":"Base!BG7","v":"HVS.21J"},{"$f":"Base!BH7& \"#chr(13)##chr(10)#\" &Base!BI7","v":"Forfait S3 HVS Sierre - HVS Sion#chr(13)##chr(10)#Trajet simple journée (08h00-20h00)"},null,{"$f":"Base!BJ7","v":1},{"$f":"Base!BK7","v":350},{"$f":"IF(Base!BL7=\"\",\"\",Base!BL7)","v":""},null,{"$f":"Base!BM7","v":350},null,null,{"$f":"IF(Base!H7=\"Uvrier\",3018,VLOOKUP(FQ9,$GV$2:$GX$7,FM9+1,0))","v":3018},0,0,null,0,null,null,null,null,null,"Libre","BS - 77",null,"BU - 73 - aff",0,null,null,null,null,null,null,null,null,null,null,null,null,null,null,null,null,null,null,null,null,null,null,null,null,null,null,null,null,null,null,null,null,null,{"$f":"Base!AH7&\", \"&Base!AI7","v":"André, Milijana"},{"$f":"Base!AN7&\" \"&Base!AO7&\", \"&Base!AK7&\" \"&Base!AL7","v":"1983 Evolène, Route des Haudères 38"},{"$f":"CONCATENATE(TEXT(DATE(YEAR(Base!AJ7),MONTH(Base!AJ7),DAY(Base!AJ7)),\"jj.mm.aaaa\"),\", \",FN9,IF(Base!D7=\"\",\"\",\" - \"),Base!D7)","v":"22.10.1962, 756.7093.9798.19 - 2749957/13"},{"$f":"Base!AR7","v":"Philos Assurance Maladie SA"},{"$f":"LEFT(Base!J7,10)","v":"2022-01-12"},{"$f":"CONCATENATE(Base!L7,IF(Base!L7=0,\"\",\", \"),Base!M7,\" \",Base!N7,\", \",Base!P7,\" \",Base!Q7)","v":"Hôpital de Sierre, Rue Saint-Charles 14, 3960 Sierre"},{"$f":"CONCATENATE(Base!V7,\", \",Base!Z7,\" \",Base!AA7,\", \",Base!W7,\" \",Base!X7)","v":"Hôpital de Sion, 1950 Sion, Avenue du Grand-Champsec 80"},null,{"$f":"CONCATENATE(RIGHT(LEFT(Base!J7,16),5),\" - \",RIGHT(LEFT(Base!K7,16),5))","v":"13:41 - 15:00"},{"$f":"Base!AF7&\" - \"&Base!I7","v":"Maladie - S3"},null,null,null,null,null,null,null,null,null,null,null,null,null,null,null,null,null,null,{"$f":"Base!H7","v":"Uvrier"},2,null,null,null,null,null,null,null,null,null,2,null,null,null,null,null,null,null,null,null,null,null,null,null,null,null,null,null,null,null,null,null,{"$f":"IF(Base!U7=\"Privée\",2,1)","v":2},{"$f":"IF(OR(LEFT(Base!AS7,1)=\"1\",LEFT(Base!AS7)=\"2\"),RIGHT(Base!AS7,LEN(Base!AS7)-1),Base!AS7)","v":"756.7093.9798.19"},{"$f":"Base!AU7","v":"Établissement"},{"$f":"OR(CONCATENATE(Base!AW7,Base!AX7)=CONCATENATE(Base!AH7,Base!AI7),FO9=\"Établissement\")","v":true},{"$f":"Base!I7","v":"S3"}]
[{"$f":"Base!A8","v":3454},{"$f":"20","v":20},{"$f":"Base!B8","v":"2022-01-28"},null,{"$f":"Base!AE8","v":"VS22001272"},null,null,null,null,null,"<AUTO>",null,null,null,null,"URL (Libre)",null,null,{"$f":"Base!E8&\" - \"&Base!H8&\" - \"&Base!D8","v":"14828 - Uvrier - 2432604/19"},{"$f":"IF(AND(Base!AT8<1000,Base!AT8>99),Base!AT8,IF(FO10=\"Établissement\",VALUE(CONCATENATE(LEN(SUBSTITUTE(V10,\" \",\"\")),LEN(V10),AA10,COLUMN(INDIRECT(LEFT(V10,1)&1)),LEN(SUBSTITUTE(V10,\"-\",\"\")))),IF(FN10=\"\",VALUE(CONCATENATE(COLUMN(INDIRECT(LEFT(W10,1)&1)),COLUMN(INDIRECT(LEFT(X10,1)&1)),AO10,CODE(AA10))),VALUE(SUBSTITUTE(SUBSTITUTE(SUBSTITUTE(FN10,\".\",\"\"),\" \",\"\"),\"-\",\"\")))))","v":101},null,{"$f":"SUBSTITUTE(IF(Base!BF8=0,\"\",Base!BF8),\" (facturation)\",\"\")","v":"Hôpital du Valais - Direction des Finances/Service des fournisseurs"},{"$f":"IF(Base!AW8=0,\"\",Base!AH8)","v":""},{"$f":"IF(Base!AX8=0,\"\",Base!AI8)","v":""},{"$f":"IF(Base!AW8=0,Base!AY8&\" \"&Base!AZ8,Base!AK8&\" \"&Base!AL8)","v":"Avenue Grand-Champsec 86"},{"$f":"IF(IF(Base!AW8=0,Base!BA8,Base!AM8)=0,\"\",IF(Base!AW8=0,Base!BA8,Base!AM8))","v":"Case postale 696"},{"$f":"IF(Base!AW8=0,Base!BB8,Base!AN8)","v":1951},{"$f":"IF(Base!AW8=0,Base!BC8,Base!AO8)","v":"Sion"},null,null,null,null,null,null,null,null,null,null,null,null,{"$f":"Base!AJ8","v":"1939-10-01"},{"$f":"IF(FO10=\"Établissement\",\"\",IF(Base!AG8=\"Masculin\",\"Monsieur\",IF(Base!AG8=\"Féminin\",\"Madame\",\"\")))","v":""},{"$f":"IF(FP10=FALSE,CONCATENATE(IF(Base!AV8=\"Masculin\",\"Monsieur\",IF(Base!AV8=\"Féminin\",\"Madame\",\"\")),\"#chr(13)##chr(10)#\",Base!AW8,\" \",Base!AX8, \"#chr(13)##chr(10)#\",Base!AY8,\" \",Base!AZ8, \"#chr(13)##chr(10)#\",Base!BA8, \"#chr(13)##chr(10)#\",Base!BB8,\" \",Base!BC8),\"\")","v":""},null,"",null,{"$f":"IF(AND(Base!AT8<200,Base!AT8>99),1,0)","v":1},null,0,{"$f":"Base!BG8","v":"HVS.15N"},{"$f":"Base!BH8& \"#chr(13)##chr(10)#\" &Base!BI8","v":"Forfait S3 HVS Sion - SZO Visp#chr(13)##chr(10)#Trajet simple nuit (20h00-08h00) ou dimanches et jours fériés"},null,{"$f":"Base!BJ8","v":1},{"$f":"Base!BK8","v":876},{"$f":"IF(Base!BL8=\"\",\"\",Base!BL8)","v":""},null,{"$f":"Base!BM8","v":876},null,null,{"$f":"IF(Base!H8=\"Uvrier\",3018,VLOOKUP(FQ10,$GV$2:$GX$7,FM10+1,0))","v":3018},0,0,null,0,null,null,null,null,null,"Libre","BS - 78",null,"BU - 73 - aff",0,null,null,null,null,null,null,null,null,null,null,null,null,null,null,null,null,null,null,null,null,null,null,null,null,null,null,null,null,null,null,null,null,null,{"$f":"Base!AH8&\", \"&Base!AI8","v":"Schmid, Hilda"},{"$f":"Base!AN8&\" \"&Base!AO8&\", \"&Base!AK8&\" \"&Base!AL8","v":"3904 Naters, Breitenweg 3"},{"$f":"CONCATENATE(TEXT(DATE(YEAR(Base!AJ8),MONTH(Base!AJ8),DAY(Base!AJ8)),\"jj.mm.aaaa\"),\", \",FN10,IF(Base!D8=\"\",\"\",\" - \"),Base!D8)","v":"01.10.1939, 756.3642.5075.19 - 2432604/19"},{"$f":"Base!AR8","v":"Sodalis Gesundheitsgruppe"},{"$f":"LEFT(Base!J8,10)","v":"2022-01-12"},{"$f":"CONCATENATE(Base!L8,IF(Base!L8=0,\"\",\", \"),Base!M8,\" \",Base!N8,\", \",Base!P8,\" \",Base!Q8)","v":"Hôpital de Sion, Avenue du Grand-Champsec 80, 1950 Sion"},{"$f":"CONCATENATE(Base!V8,\", \",Base!Z8,\" \",Base!AA8,\", \",Base!W8,\" \",Base!X8)","v":"Hôpital de Viège, 3930 Visp, Pflanzettastrasse 10"},null,{"$f":"CONCATENATE(RIGHT(LEFT(Base!J8,16),5),\" - \",RIGHT(LEFT(Base!K8,16),5))","v":"21:31 - 23:36"},{"$f":"Base!AF8&\" - \"&Base!I8","v":"Maladie - S3"},null,null,null,null,null,null,null,null,null,null,null,null,null,null,null,null,null,null,{"$f":"Base!H8","v":"Uvrier"},2,null,null,null,null,null,null,null,null,null,2,null,null,null,null,null,null,null,null,null,null,null,null,null,null,null,null,null,null,null,null,null,{"$f":"IF(Base!U8=\"Privée\",2,1)","v":2},{"$f":"IF(OR(LEFT(Base!AS8,1)=\"1\",LEFT(Base!AS8)=\"2\"),RIGHT(Base!AS8,LEN(Base!AS8)-1),Base!AS8)","v":"756.3642.5075.19"},{"$f":"Base!AU8","v":"Établissement"},{"$f":"OR(CONCATENATE(Base!AW8,Base!AX8)=CONCATENATE(Base!AH8,Base!AI8),FO10=\"Établissement\")","v":true},{"$f":"Base!I8","v":"S3"}]
[{"$f":"Base!A9","v":3455},{"$f":"20","v":20},{"$f":"Base!B9","v":"2022-01-28"},null,{"$f":"Base!AE9","v":"VS22001279"},null,null,null,null,null,"<AUTO>",null,null,null,null,"URL (Libre)",null,null,{"$f":"Base!E9&\" - \"&Base!H9&\" - \"&Base!D9","v":"14834 - Uvrier - "},{"$f":"IF(AND(Base!AT9<1000,Base!AT9>99),Base!AT9,IF(FO11=\"Établissement\",VALUE(CONCATENATE(LEN(SUBSTITUTE(V11,\" \",\"\")),LEN(V11),AA11,COLUMN(INDIRECT(LEFT(V11,1)&1)),LEN(SUBSTITUTE(V11,\"-\",\"\")))),IF(FN11=\"\",VALUE(CONCATENATE(COLUMN(INDIRECT(LEFT(W11,1)&1)),COLUMN(INDIRECT(LEFT(X11,1)&1)),AO11,CODE(AA11))),VALUE(SUBSTITUTE(SUBSTITUTE(SUBSTITUTE(FN11,\".\",\"\"),\" \",\"\"),\"-\",\"\")))))","v":103},null,{"$f":"SUBSTITUTE(IF(Base!BF9=0,\"\",Base!BF9),\" (facturation)\",\"\")","v":"Clinique Genevoise de Montana - Comptabilité"},{"$f":"IF(Base!AW9=0,\"\",Base!AH9)","v":""},{"$f":"IF(Base!AX9=0,\"\",Base!AI9)","v":""},{"$f":"IF(Base!AW9=0,Base!AY9&\" \"&Base!AZ9,Base!AK9&\" \"&Base!AL9)","v":"Impasse Clairmont 2"},{"$f":"IF(IF(Base!AW9=0,Base!BA9,Base!AM9)=0,\"\",IF(Base!AW9=0,Base!BA9,Base!AM9))","v":""},{"$f":"IF(Base!AW9=0,Base!BB9,Base!AN9)","v":3963},{"$f":"IF(Base!AW9=0,Base!BC9,Base!AO9)","v":"Crans-Montana"},null,null,null,null,null,null,null,null,null,null,null,null,{"$f":"Base!AJ9","v":"1952-10-28"},{"$f":"IF(FO11=\"Établissement\",\"\",IF(Base!AG9=\"Masculin\",\"Monsieur\",IF(Base!AG9=\"Féminin\",\"Madame\",\"\")))","v":""},{"$f":"IF(FP11=FALSE,CONCATENATE(IF(Base!AV9=\"Masculin\",\"Monsieur\",IF(Base!AV9=\"Féminin\",\"Madame\",\"\")),\"#chr(13)##chr(10)#\",Base!AW9,\" \",Base!AX9, \"#chr(13)##chr(10)#\",Base!AY9,\" \",Base!AZ9, \"#chr(13)##chr(10)#\",Base!BA9, \"#chr(13)##chr(10)#\",Base!BB9,\" \",Base!BC9),\"\")","v":""},null,"",null,{"$f":"IF(AND(Base!AT9<200,Base!AT9>99),1,0)","v":1},null,0,{"$f":"Base!BG9","v":"CLN.9403 "},{"$f":"Base!BH9& \"#chr(13)##chr(10)#\" &Base!BI9","v":"Taxe de base transport S3#chr(13)##chr(10)#"},null,{"$f":"Base!BJ9","v":1},{"$f":"Base!BK9","v":200},{"$f":"IF(Base!BL9=\"\",\"\",Base!BL9)","v":""},null,{"$f":"Base!BM9","v":200},null,null,{"$f":"IF(Base!H9=\"Uvrier\",3018,VLOOKUP(FQ11,$GV$2:$GX$7,FM11+1,0))","v":3018},0,0,null,0,null,null,null,null,null,"Libre","BS - 79",null,"BU - 73 - aff",0,null,null,null,null,null,null,null,null,null,null,null,null,null,null,null,null,null,null,null,null,null,null,null,null,null,null,null,null,null,null,null,null,null,{"$f":"Base!AH9&\", \"&Base!AI9","v":"Surdez, Lucianne "},{"$f":"Base!AN9&\" \"&Base!AO9&\", \"&Base!AK9&\" \"&Base!AL9","v":"1934 Bruson, Route de la Côt 47"},{"$f":"CONCATENATE(TEXT(DATE(YEAR(Base!AJ9),MONTH(Base!AJ9),DAY(Base!AJ9)),\"jj.mm.aaaa\"),\", \",FN11,IF(Base!D9=\"\",\"\",\" - \"),Base!D9)","v":"28.10.1952, 756.1062.7346.07"},{"$f":"Base!AR9","v":"CSS Kranken- Versicherung AG"},{"$f":"LEFT(Base!J9,10)","v":"2022-01-12"},{"$f":"CONCATENATE(Base!L9,IF(Base!L9=0,\"\",\", \"),Base!M9,\" \",Base!N9,\", \",Base!P9,\" \",Base!Q9)","v":"Clinique Genevoise, Impasse Clairmont 2, 3963 Crans-Montana"},{"$f":"CONCATENATE(Base!V9,\", \",Base!Z9,\" \",Base!AA9,\", \",Base!W9,\" \",Base!X9)","v":"Hôpital de Sion, 1950 Sion, Avenue du Grand-Champsec 80"},null,{"$f":"CONCATENATE(RIGHT(LEFT(Base!J9,16),5),\" - \",RIGHT(LEFT(Base!K9,16),5))","v":"23:37 - 01:38"},{"$f":"Base!AF9&\" - \"&Base!I9","v":"Maladie - S3"},null,null,null,null,null,null,null,null,null,null,null,null,null,null,null,null,null,null,{"$f":"Base!H9","v":"Uvrier"},2,null,null,null,null,null,null,null,null,null,2,null,null,null,null,null,null,null,null,null,null,null,null,null,null,null,null,null,null,null,null,null,{"$f":"IF(Base!U9=\"Privée\",2,1)","v":2},{"$f":"IF(OR(LEFT(Base!AS9,1)=\"1\",LEFT(Base!AS9)=\"2\"),RIGHT(Base!AS9,LEN(Base!AS9)-1),Base!AS9)","v":"756.1062.7346.07"},{"$f":"Base!AU9","v":"Établissement"},{"$f":"OR(CONCATENATE(Base!AW9,Base!AX9)=CONCATENATE(Base!AH9,Base!AI9),FO11=\"Établissement\")","v":true},{"$f":"Base!I9","v":"S3"}]
[{"$f":"Base!A10","v":3455},{"$f":"20","v":20},{"$f":"Base!B10","v":"2022-01-28"},null,{"$f":"Base!AE10","v":"VS22001279"},null,null,null,null,null,"<AUTO>",null,null,null,null,"URL (Libre)",null,null,{"$f":"Base!E10&\" - \"&Base!H10&\" - \"&Base!D10","v":"14834 - Uvrier - "},{"$f":"IF(AND(Base!AT10<1000,Base!AT10>99),Base!AT10,IF(FO12=\"Établissement\",VALUE(CONCATENATE(LEN(SUBSTITUTE(V12,\" \",\"\")),LEN(V12),AA12,COLUMN(INDIRECT(LEFT(V12,1)&1)),LEN(SUBSTITUTE(V12,\"-\",\"\")))),IF(FN12=\"\",VALUE(CONCATENATE(COLUMN(INDIRECT(LEFT(W12,1)&1)),COLUMN(INDIRECT(LEFT(X12,1)&1)),AO12,CODE(AA12))),VALUE(SUBSTITUTE(SUBSTITUTE(SUBSTITUTE(FN12,\".\",\"\"),\" \",\"\"),\"-\",\"\")))))","v":103},null,{"$f":"SUBSTITUTE(IF(Base!BF10=0,\"\",Base!BF10),\" (facturation)\",\"\")","v":"Clinique Genevoise de Montana - Comptabilité"},{"$f":"IF(Base!AW10=0,\"\",Base!AH10)","v":""},{"$f":"IF(Base!AX10=0,\"\",Base!AI10)","v":""},{"$f":"IF(Base!AW10=0,Base!AY10&\" \"&Base!AZ10,Base!AK10&\" \"&Base!AL10)","v":"Impasse Clairmont 2"},{"$f":"IF(IF(Base!AW10=0,Base!BA10,Base!AM10)=0,\"\",IF(Base!AW10=0,Base!BA10,Base!AM10))","v":""},{"$f":"IF(Base!AW10=0,Base!BB10,Base!AN10)","v":3963},{"$f":"IF(Base!AW10=0,Base!BC10,Base!AO10)","v":"Crans-Montana"},null,null,null,null,null,null,null,null,null,null,null,null,{"$f":"Base!AJ10","v":"1952-10-28"},{"$f":"IF(FO12=\"Établissement\",\"\",IF(Base!AG10=\"Masculin\",\"Monsieur\",IF(Base!AG10=\"Féminin\",\"Madame\",\"\")))","v":""},{"$f":"IF(FP12=FALSE,CONCATENATE(IF(Base!AV10=\"Masculin\",\"Monsieur\",IF(Base!AV10=\"Féminin\",\"Madame\",\"\")),\"#chr(13)##chr(10)#\",Base!AW10,\" \",Base!AX10, \"#chr(13)##chr(10)#\",Base!AY10,\" \",Base!AZ10, \"#chr(13)##chr(10)#\",Base!BA10, \"#chr(13)##chr(10)#\",Base!BB10,\" \",Base!BC10),\"\")","v":""},null,"",null,{"$f":"IF(AND(Base!AT10<200,Base!AT10>99),1,0)","v":1},null,0,{"$f":"Base!BG10","v":"CLN.9404"},{"$f":"Base!BH10& \"#chr(13)##chr(10)#\" &Base!BI10","v":"Indemnisation kilométrique#chr(13)##chr(10)#"},null,{"$f":"Base!BJ10","v":54},{"$f":"Base!BK10","v":4.5},{"$f":"IF(Base!BL10=\"\",\"\",Base!BL10)","v":"km"},null,{"$f":"Base!BM10","v":243},null,null,{"$f":"IF(Base!H10=\"Uvrier\",3018,VLOOKUP(FQ12,$GV$2:$GX$7,FM12+1,0))","v":3018},0,0,null,0,null,null,null,null,null,"Libre","BS - 80",null,"BU - 73 - aff",0,null,null,null,null,null,null,null,null,null,null,null,null,null,null,null,null,null,null,null,null,null,null,null,null,null,null,null,null,null,null,null,null,null,{"$f":"Base!AH10&\", \"&Base!AI10","v":"Surdez, Lucianne "},{"$f":"Base!AN10&\" \"&Base!AO10&\", \"&Base!AK10&\" \"&Base!AL10","v":"1934 Bruson, Route de la Côt 47"},{"$f":"CONCATENATE(TEXT(DATE(YEAR(Base!AJ10),MONTH(Base!AJ10),DAY(Base!AJ10)),\"jj.mm.aaaa\"),\", \",FN12,IF(Base!D10=\"\",\"\",\" - \"),Base!D10)","v":"28.10.1952, 756.1062.7346.07"},{"$f":"Base!AR10","v":"CSS Kranken- Versicherung AG"},{"$f":"LEFT(Base!J10,10)","v":"2022-01-12"},{"$f":"CONCATENATE(Base!L10,IF(Base!L10=0,\"\",\", \"),Base!M10,\" \",Base!N10,\", \",Base!P10,\" \",Base!Q10)","v":"Clinique Genevoise, Impasse Clairmont 2, 3963 Crans-Montana"},{"$f":"CONCATENATE(Base!V10,\", \",Base!Z10,\" \",Base!AA10,\", \",Base!W10,\" \",Base!X10)","v":"Hôpital de Sion, 1950 Sion, Avenue du Grand-Champsec 80"},null,{"$f":"CONCATENATE(RIGHT(LEFT(Base!J10,16),5),\" - \",RIGHT(LEFT(Base!K10,16),5))","v":"23:37 - 01:38"},{"$f":"Base!AF10&\" - \"&Base!I10","v":"Maladie - S3"},null,null,null,null,null,null,null,null,null,null,null,null,null,null,null,null,null,null,{"$f":"Base!H10","v":"Uvrier"},2,null,null,null,null,null,null,null,null,null,2,null,null,null,null,null,null,null,null,null,null,null,null,null,null,null,null,null,null,null,null,null,{"$f":"IF(Base!U10=\"Privée\",2,1)","v":2},{"$f":"IF(OR(LEFT(Base!AS10,1)=\"1\",LEFT(Base!AS10)=\"2\"),RIGHT(Base!AS10,LEN(Base!AS10)-1),Base!AS10)","v":"756.1062.7346.07"},{"$f":"Base!AU10","v":"Établissement"},{"$f":"OR(CONCATENATE(Base!AW10,Base!AX10)=CONCATENATE(Base!AH10,Base!AI10),FO12=\"Établissement\")","v":true},{"$f":"Base!I10","v":"S3"}]
[{"$f":"Base!A11","v":3455},{"$f":"20","v":20},{"$f":"Base!B11","v":"2022-01-28"},null,{"$f":"Base!AE11","v":"VS22001279"},null,null,null,null,null,"<AUTO>",null,null,null,null,"URL (Libre)",null,null,{"$f":"Base!E11&\" - \"&Base!H11&\" - \"&Base!D11","v":"14834 - Uvrier - "},{"$f":"IF(AND(Base!AT11<1000,Base!AT11>99),Base!AT11,IF(FO13=\"Établissement\",VALUE(CONCATENATE(LEN(SUBSTITUTE(V13,\" \",\"\")),LEN(V13),AA13,COLUMN(INDIRECT(LEFT(V13,1)&1)),LEN(SUBSTITUTE(V13,\"-\",\"\")))),IF(FN13=\"\",VALUE(CONCATENATE(COLUMN(INDIRECT(LEFT(W13,1)&1)),COLUMN(INDIRECT(LEFT(X13,1)&1)),AO13,CODE(AA13))),VALUE(SUBSTITUTE(SUBSTITUTE(SUBSTITUTE(FN13,\".\",\"\"),\" \",\"\"),\"-\",\"\")))))","v":103},null,{"$f":"SUBSTITUTE(IF(Base!BF11=0,\"\",Base!BF11),\" (facturation)\",\"\")","v":"Clinique Genevoise de Montana - Comptabilité"},{"$f":"IF(Base!AW11=0,\"\",Base!AH11)","v":""},{"$f":"IF(Base!AX11=0,\"\",Base!AI11)","v":""},{"$f":"IF(Base!AW11=0,Base!AY11&\" \"&Base!AZ11,Base!AK11&\" \"&Base!AL11)","v":"Impasse Clairmont 2"},{"$f":"IF(IF(Base!AW11=0,Base!BA11,Base!AM11)=0,\"\",IF(Base!AW11=0,Base!BA11,Base!AM11))","v":""},{"$f":"IF(Base!AW11=0,Base!BB11,Base!AN11)","v":3963},{"$f":"IF(Base!AW11=0,Base!BC11,Base!AO11)","v":"Crans-Montana"},null,null,null,null,null,null,null,null,null,null,null,null,{"$f":"Base!AJ11","v":"1952-10-28"},{"$f":"IF(FO13=\"Établissement\",\"\",IF(Base!AG11=\"Masculin\",\"Monsieur\",IF(Base!AG11=\"Féminin\",\"Madame\",\"\")))","v":""},{"$f":"IF(FP13=FALSE,CONCATENATE(IF(Base!AV11=\"Masculin\",\"Monsieur\",IF(Base!AV11=\"Féminin\",\"Madame\",\"\")),\"#chr(13)##chr(10)#\",Base!AW11,\" \",Base!AX11, \"#chr(13)##chr(10)#\",Base!AY11,\" \",Base!AZ11, \"#chr(13)##chr(10)#\",Base!BA11, \"#chr(13)##chr(10)#\",Base!BB11,\" \",Base!BC11),\"\")","v":""},null,"",null,{"$f":"IF(AND(Base!AT11<200,Base!AT11>99),1,0)","v":1},null,0,{"$f":"Base!BG11","v":"CLN.9411"},{"$f":"Base!BH11& \"#chr(13)##chr(10)#\" &Base!BI11","v":"Personnel soignant reconnu (par personne et par quart d'heure entamé)#chr(13)##chr(10)#2 collaborateur(s) x 8 quarts d’heure"},null,{"$f":"Base!BJ11","v":16},{"$f":"Base!BK11","v":35},{"$f":"IF(Base!BL11=\"\",\"\",Base!BL11)","v":"¼ d'heure"},null,{"$f":"Base!BM11","v":560},null,null,{"$f":"IF(Base!H11=\"Uvrier\",3018,VLOOKUP(FQ13,$GV$2:$GX$7,FM13+1,0))","v":3018},0,0,null,0,null,null,null,null,null,"Libre","BS - 81",null,"BU - 73 - aff",0,null,null,null,null,null,null,null,null,null,null,null,null,null,null,null,null,null,null,null,null,null,null,null,null,null,null,null,null,null,null,null,null,null,{"$f":"Base!AH11&\", \"&Base!AI11","v":"Surdez, Lucianne "},{"$f":"Base!AN11&\" \"&Base!AO11&\", \"&Base!AK11&\" \"&Base!AL11","v":"1934 Bruson, Route de la Côt 47"},{"$f":"CONCATENATE(TEXT(DATE(YEAR(Base!AJ11),MONTH(Base!AJ11),DAY(Base!AJ11)),\"jj.mm.aaaa\"),\", \",FN13,IF(Base!D11=\"\",\"\",\" - \"),Base!D11)","v":"28.10.1952, 756.1062.7346.07"},{"$f":"Base!AR11","v":"CSS Kranken- Versicherung AG"},{"$f":"LEFT(Base!J11,10)","v":"2022-01-12"},{"$f":"CONCATENATE(Base!L11,IF(Base!L11=0,\"\",\", \"),Base!M11,\" \",Base!N11,\", \",Base!P11,\" \",Base!Q11)","v":"Clinique Genevoise, Impasse Clairmont 2, 3963 Crans-Montana"},{"$f":"CONCATENATE(Base!V11,\", \",Base!Z11,\" \",Base!AA11,\", \",Base!W11,\" \",Base!X11)","v":"Hôpital de Sion, 1950 Sion, Avenue du Grand-Champsec 80"},null,{"$f":"CONCATENATE(RIGHT(LEFT(Base!J11,16),5),\" - \",RIGHT(LEFT(Base!K11,16),5))","v":"23:37 - 01:38"},{"$f":"Base!AF11&\" - \"&Base!I11","v":"Maladie - S3"},null,null,null,null,null,null,null,null,null,null,null,null,null,null,null,null,null,null,{"$f":"Base!H11","v":"Uvrier"},2,null,null,null,null,null,null,null,null,null,2,null,null,null,null,null,null,null,null,null,null,null,null,null,null,null,null,null,null,null,null,null,{"$f":"IF(Base!U11=\"Privée\",2,1)","v":2},{"$f":"IF(OR(LEFT(Base!AS11,1)=\"1\",LEFT(Base!AS11)=\"2\"),RIGHT(Base!AS11,LEN(Base!AS11)-1),Base!AS11)","v":"756.1062.7346.07"},{"$f":"Base!AU11","v":"Établissement"},{"$f":"OR(CONCATENATE(Base!AW11,Base!AX11)=CONCATENATE(Base!AH11,Base!AI11),FO13=\"Établissement\")","v":true},{"$f":"Base!I11","v":"S3"}]
[{"$f":"Base!A12","v":3455},{"$f":"20","v":20},{"$f":"Base!B12","v":"2022-01-28"},null,{"$f":"Base!AE12","v":"VS22001279"},null,null,null,null,null,"<AUTO>",null,null,null,null,"URL (Libre)",null,null,{"$f":"Base!E12&\" - \"&Base!H12&\" - \"&Base!D12","v":"14834 - Uvrier - "},{"$f":"IF(AND(Base!AT12<1000,Base!AT12>99),Base!AT12,IF(FO14=\"Établissement\",VALUE(CONCATENATE(LEN(SUBSTITUTE(V14,\" \",\"\")),LEN(V14),AA14,COLUMN(INDIRECT(LEFT(V14,1)&1)),LEN(SUBSTITUTE(V14,\"-\",\"\")))),IF(FN14=\"\",VALUE(CONCATENATE(COLUMN(INDIRECT(LEFT(W14,1)&1)),COLUMN(INDIRECT(LEFT(X14,1)&1)),AO14,CODE(AA14))),VALUE(SUBSTITUTE(SUBSTITUTE(SUBSTITUTE(FN14,\".\",\"\"),\" \",\"\"),\"-\",\"\")))))","v":103},null,{"$f":"SUBSTITUTE(IF(Base!BF12=0,\"\",Base!BF12),\" (facturation)\",\"\")","v":"Clinique Genevoise de Montana - Comptabilité"},{"$f":"IF(Base!AW12=0,\"\",Base!AH12)","v":""},{"$f":"IF(Base!AX12=0,\"\",Base!AI12)","v":""},{"$f":"IF(Base!AW12=0,Base!AY12&\" \"&Base!AZ12,Base!AK12&\" \"&Base!AL12)","v":"Impasse Clairmont 2"},{"$f":"IF(IF(Base!AW12=0,Base!BA12,Base!AM12)=0,\"\",IF(Base!AW12=0,Base!BA12,Base!AM12))","v":""},{"$f":"IF(Base!AW12=0,Base!BB12,Base!AN12)","v":3963},{"$f":"IF(Base!AW12=0,Base!BC12,Base!AO12)","v":"Crans-Montana"},null,null,null,null,null,null,null,null,null,null,null,null,{"$f":"Base!AJ12","v":"1952-10-28"},{"$f":"IF(FO14=\"Établissement\",\"\",IF(Base!AG12=\"Masculin\",\"Monsieur\",IF(Base!AG12=\"Féminin\",\"Madame\",\"\")))","v":""},{"$f":"IF(FP14=FALSE,CONCATENATE(IF(Base!AV12=\"Masculin\",\"Monsieur\",IF(Base!AV12=\"Féminin\",\"Madame\",\"\")),\"#chr(13)##chr(10)#\",Base!AW12,\" \",Base!AX12, \"#chr(13)##chr(10)#\",Base!AY12,\" \",Base!AZ12, \"#chr(13)##chr(10)#\",Base!BA12, \"#chr(13)##chr(10)#\",Base!BB12,\" \",Base!BC12),\"\")","v":""},null,"",null,{"$f":"IF(AND(Base!AT12<200,Base!AT12>99),1,0)","v":1},null,0,{"$f":"Base!BG12","v":"CLN.9431"},{"$f":"Base!BH12& \"#chr(13)##chr(10)#\" &Base!BI12","v":"Supplément de nuit  20h00-08h00#chr(13)##chr(10)#25% sur CHF 560.00"},null,{"$f":"Base!BJ12","v":1},{"$f":"Base!BK12","v":140},{"$f":"IF(Base!BL12=\"\",\"\",Base!BL12)","v":""},null,{"$f":"Base!BM12","v":140},null,null,{"$f":"IF(Base!H12=\"Uvrier\",3018,VLOOKUP(FQ14,$GV$2:$GX$7,FM14+1,0))","v":3018},0,0,null,0,null,null,null,null,null,"Libre","BS - 82",null,"BU - 73 - aff",0,null,null,null,null,null,null,null,null,null,null,null,null,null,null,null,null,null,null,null,null,null,null,null,null,null,null,null,null,null,null,null,null,null,{"$f":"Base!AH12&\", \"&Base!AI12","v":"Surdez, Lucianne "},{"$f":"Base!AN12&\" \"&Base!AO12&\", \"&Base!AK12&\" \"&Base!AL12","v":"1934 Bruson, Route de la Côt 47"},{"$f":"CONCATENATE(TEXT(DATE(YEAR(Base!AJ12),MONTH(Base!AJ12),DAY(Base!AJ12)),\"jj.mm.aaaa\"),\", \",FN14,IF(Base!D12=\"\",\"\",\" - \"),Base!D12)","v":"28.10.1952, 756.1062.7346.07"},{"$f":"Base!AR12","v":"CSS Kranken- Versicherung AG"},{"$f":"LEFT(Base!J12,10)","v":"2022-01-12"},{"$f":"CONCATENATE(Base!L12,IF(Base!L12=0,\"\",\", \"),Base!M12,\" \",Base!N12,\", \",Base!P12,\" \",Base!Q12)","v":"Clinique Genevoise, Impasse Clairmont 2, 3963 Crans-Montana"},{"$f":"CONCATENATE(Base!V12,\", \",Base!Z12,\" \",Base!AA12,\", \",Base!W12,\" \",Base!X12)","v":"Hôpital de Sion, 1950 Sion, Avenue du Grand-Champsec 80"},null,{"$f":"CONCATENATE(RIGHT(LEFT(Base!J12,16),5),\" - \",RIGHT(LEFT(Base!K12,16),5))","v":"23:37 - 01:38"},{"$f":"Base!AF12&\" - \"&Base!I12","v":"Maladie - S3"},null,null,null,null,null,null,null,null,null,null,null,null,null,null,null,null,null,null,{"$f":"Base!H12","v":"Uvrier"},2,null,null,null,null,null,null,null,null,null,2,null,null,null,null,null,null,null,null,null,null,null,null,null,null,null,null,null,null,null,null,null,{"$f":"IF(Base!U12=\"Privée\",2,1)","v":2},{"$f":"IF(OR(LEFT(Base!AS12,1)=\"1\",LEFT(Base!AS12)=\"2\"),RIGHT(Base!AS12,LEN(Base!AS12)-1),Base!AS12)","v":"756.1062.7346.07"},{"$f":"Base!AU12","v":"Établissement"},{"$f":"OR(CONCATENATE(Base!AW12,Base!AX12)=CONCATENATE(Base!AH12,Base!AI12),FO14=\"Établissement\")","v":true},{"$f":"Base!I12","v":"S3"}]
[{"$f":"Base!A13","v":3456},{"$f":"20","v":20},{"$f":"Base!B13","v":"2022-01-28"},null,{"$f":"Base!AE13","v":"VS22001298"},null,null,null,null,null,"<AUTO>",null,null,null,null,"URL (Libre)",null,null,{"$f":"Base!E13&\" - \"&Base!H13&\" - \"&Base!D13","v":"14851 - Uvrier - 2438153/14"},{"$f":"IF(AND(Base!AT13<1000,Base!AT13>99),Base!AT13,IF(FO15=\"Établissement\",VALUE(CONCATENATE(LEN(SUBSTITUTE(V15,\" \",\"\")),LEN(V15),AA15,COLUMN(INDIRECT(LEFT(V15,1)&1)),LEN(SUBSTITUTE(V15,\"-\",\"\")))),IF(FN15=\"\",VALUE(CONCATENATE(COLUMN(INDIRECT(LEFT(W15,1)&1)),COLUMN(INDIRECT(LEFT(X15,1)&1)),AO15,CODE(AA15))),VALUE(SUBSTITUTE(SUBSTITUTE(SUBSTITUTE(FN15,\".\",\"\"),\" \",\"\"),\"-\",\"\")))))","v":101},null,{"$f":"SUBSTITUTE(IF(Base!BF13=0,\"\",Base!BF13),\" (facturation)\",\"\")","v":"Hôpital du Valais - Direction des Finances/Service des fournisseurs"},{"$f":"IF(Base!AW13=0,\"\",Base!AH13)","v":""},{"$f":"IF(Base!AX13=0,\"\",Base!AI13)","v":""},{"$f":"IF(Base!AW13=0,Base!AY13&\" \"&Base!AZ13,Base!AK13&\" \"&Base!AL13)","v":"Avenue Grand-Champsec 86"},{"$f":"IF(IF(Base!AW13=0,Base!BA13,Base!AM13)=0,\"\",IF(Base!AW13=0,Base!BA13,Base!AM13))","v":"Case postale 696"},{"$f":"IF(Base!AW13=0,Base!BB13,Base!AN13)","v":1951},{"$f":"IF(Base!AW13=0,Base!BC13,Base!AO13)","v":"Sion"},null,null,null,null,null,null,null,null,null,null,null,null,{"$f":"Base!AJ13","v":"1943-07-24"},{"$f":"IF(FO15=\"Établissement\",\"\",IF(Base!AG13=\"Masculin\",\"Monsieur\",IF(Base!AG13=\"Féminin\",\"Madame\",\"\")))","v":""},{"$f":"IF(FP15=FALSE,CONCATENATE(IF(Base!AV13=\"Masculin\",\"Monsieur\",IF(Base!AV13=\"Féminin\",\"Madame\",\"\")),\"#chr(13)##chr(10)#\",Base!AW13,\" \",Base!AX13, \"#chr(13)##chr(10)#\",Base!AY13,\" \",Base!AZ13, \"#chr(13)##chr(10)#\",Base!BA13, \"#chr(13)##chr(10)#\",Base!BB13,\" \",Base!BC13),\"\")","v":""},null,"",null,{"$f":"IF(AND(Base!AT13<200,Base!AT13>99),1,0)","v":1},null,0,{"$f":"Base!BG13","v":"HVS.12J"},{"$f":"Base!BH13& \"#chr(13)##chr(10)#\" &Base!BI13","v":"Forfait S3 HVS Sion - Clinique Bernoise Crans-Montana#chr(13)##chr(10)#Trajet simple journée (08h00-20h00)"},null,{"$f":"Base!BJ13","v":1},{"$f":"Base!BK13","v":350},{"$f":"IF(Base!BL13=\"\",\"\",Base!BL13)","v":""},null,{"$f":"Base!BM13","v":350},null,null,{"$f":"IF(Base!H13=\"Uvrier\",3018,VLOOKUP(FQ15,$GV$2:$GX$7,FM15+1,0))","v":3018},0,0,null,0,null,null,null,null,null,"Libre","BS - 83",null,"BU - 73 - aff",0,null,null,null,null,null,null,null,null,null,null,null,null,null,null,null,null,null,null,null,null,null,null,null,null,null,null,null,null,null,null,null,null,null,{"$f":"Base!AH13&\", \"&Base!AI13","v":"Barradi, Robert"},{"$f":"Base!AN13&\" \"&Base!AO13&\", \"&Base!AK13&\" \"&Base!AL13","v":"1920 Martigny, Avenue du Grand-St-Bernard 55"},{"$f":"CONCATENATE(TEXT(DATE(YEAR(Base!AJ13),MONTH(Base!AJ13),DAY(Base!AJ13)),\"jj.mm.aaaa\"),\", \",FN15,IF(Base!D13=\"\",\"\",\" - \"),Base!D13)","v":"24.07.1943, 756.5371.3683.55 - 2438153/14"},{"$f":"Base!AR13","v":"Mutuel Assurance Maladie SA"},{"$f":"LEFT(Base!J13,10)","v":"2022-01-13"},{"$f":"CONCATENATE(Base!L13,IF(Base!L13=0,\"\",\", \"),Base!M13,\" \",Base!N13,\", \",Base!P13,\" \",Base!Q13)","v":"Hôpital de Sion, Avenue du Grand-Champsec 80, 1950 Sion"},{"$f":"CONCATENATE(Base!V13,\", \",Base!Z13,\" \",Base!AA13,\", \",Base!W13,\" \",Base!X13)","v":"Clinique Bernoise, 3963 Crans-Montana, Impasse Palace Bellevue 1"},null,{"$f":"CONCATENATE(RIGHT(LEFT(Base!J13,16),5),\" - \",RIGHT(LEFT(Base!K13,16),5))","v":"08:55 - 10:53"},{"$f":"Base!AF13&\" - \"&Base!I13","v":"Maladie - S3"},null,null,null,null,null,null,null,null,null,null,null,null,null,null,null,null,null,null,{"$f":"Base!H13","v":"Uvrier"},2,null,null,null,null,null,null,null,null,null,2,null,null,null,null,null,null,null,null,null,null,null,null,null,null,null,null,null,null,null,null,null,{"$f":"IF(Base!U13=\"Privée\",2,1)","v":2},{"$f":"IF(OR(LEFT(Base!AS13,1)=\"1\",LEFT(Base!AS13)=\"2\"),RIGHT(Base!AS13,LEN(Base!AS13)-1),Base!AS13)","v":"756.5371.3683.55"},{"$f":"Base!AU13","v":"Établissement"},{"$f":"OR(CONCATENATE(Base!AW13,Base!AX13)=CONCATENATE(Base!AH13,Base!AI13),FO15=\"Établissement\")","v":true},{"$f":"Base!I13","v":"S3"}]
[{"$f":"Base!A14","v":3457},{"$f":"20","v":20},{"$f":"Base!B14","v":"2022-01-28"},null,{"$f":"Base!AE14","v":"VS22001312"},null,null,null,null,null,"<AUTO>",null,null,null,null,"URL (Libre)",null,null,{"$f":"Base!E14&\" - \"&Base!H14&\" - \"&Base!D14","v":"14864 - Uvrier - 2398086/19"},{"$f":"IF(AND(Base!AT14<1000,Base!AT14>99),Base!AT14,IF(FO16=\"Établissement\",VALUE(CONCATENATE(LEN(SUBSTITUTE(V16,\" \",\"\")),LEN(V16),AA16,COLUMN(INDIRECT(LEFT(V16,1)&1)),LEN(SUBSTITUTE(V16,\"-\",\"\")))),IF(FN16=\"\",VALUE(CONCATENATE(COLUMN(INDIRECT(LEFT(W16,1)&1)),COLUMN(INDIRECT(LEFT(X16,1)&1)),AO16,CODE(AA16))),VALUE(SUBSTITUTE(SUBSTITUTE(SUBSTITUTE(FN16,\".\",\"\"),\" \",\"\"),\"-\",\"\")))))","v":101},null,{"$f":"SUBSTITUTE(IF(Base!BF14=0,\"\",Base!BF14),\" (facturation)\",\"\")","v":"Hôpital du Valais - Direction des Finances/Service des fournisseurs"},{"$f":"IF(Base!AW14=0,\"\",Base!AH14)","v":""},{"$f":"IF(Base!AX14=0,\"\",Base!AI14)","v":""},{"$f":"IF(Base!AW14=0,Base!AY14&\" \"&Base!AZ14,Base!AK14&\" \"&Base!AL14)","v":"Avenue Grand-Champsec 86"},{"$f":"IF(IF(Base!AW14=0,Base!BA14,Base!AM14)=0,\"\",IF(Base!AW14=0,Base!BA14,Base!AM14))","v":"Case postale 696"},{"$f":"IF(Base!AW14=0,Base!BB14,Base!AN14)","v":1951},{"$f":"IF(Base!AW14=0,Base!BC14,Base!AO14)","v":"Sion"},null,null,null,null,null,null,null,null,null,null,null,null,{"$f":"Base!AJ14","v":"1941-12-19"},{"$f":"IF(FO16=\"Établissement\",\"\",IF(Base!AG14=\"Masculin\",\"Monsieur\",IF(Base!AG14=\"Féminin\",\"Madame\",\"\")))","v":""},{"$f":"IF(FP16=FALSE,CONCATENATE(IF(Base!AV14=\"Masculin\",\"Monsieur\",IF(Base!AV14=\"Féminin\",\"Madame\",\"\")),\"#chr(13)##chr(10)#\",Base!AW14,\" \",Base!AX14, \"#chr(13)##chr(10)#\",Base!AY14,\" \",Base!AZ14, \"#chr(13)##chr(10)#\",Base!BA14, \"#chr(13)##chr(10)#\",Base!BB14,\" \",Base!BC14),\"\")","v":""},null,"",null,{"$f":"IF(AND(Base!AT14<200,Base!AT14>99),1,0)","v":1},null,0,{"$f":"Base!BG14","v":"HVS.12J"},{"$f":"Base!BH14& \"#chr(13)##chr(10)#\" &Base!BI14","v":"Forfait S3 HVS Sion - Clinique Bernoise Crans-Montana#chr(13)##chr(10)#Trajet simple journée (08h00-20h00)"},null,{"$f":"Base!BJ14","v":1},{"$f":"Base!BK14","v":350},{"$f":"IF(Base!BL14=\"\",\"\",Base!BL14)","v":""},null,{"$f":"Base!BM14","v":350},null,null,{"$f":"IF(Base!H14=\"Uvrier\",3018,VLOOKUP(FQ16,$GV$2:$GX$7,FM16+1,0))","v":3018},0,0,null,0,null,null,null,null,null,"Libre","BS - 84",null,"BU - 73 - aff",0,null,null,null,null,null,null,null,null,null,null,null,null,null,null,null,null,null,null,null,null,null,null,null,null,null,null,null,null,null,null,null,null,null,{"$f":"Base!AH14&\", \"&Base!AI14","v":"Locher, Georges"},{"$f":"Base!AN14&\" \"&Base!AO14&\", \"&Base!AK14&\" \"&Base!AL14","v":"3953 Leuk Stadt, Loyengässi 12"},{"$f":"CONCATENATE(TEXT(DATE(YEAR(Base!AJ14),MONTH(Base!AJ14),DAY(Base!AJ14)),\"jj.mm.aaaa\"),\", \",FN16,IF(Base!D14=\"\",\"\",\" - \"),Base!D14)","v":"19.12.1941, 756.9181.7087.45 - 2398086/19"},{"$f":"Base!AR14","v":"Mutuel Assurance Maladie SA"},{"$f":"LEFT(Base!J14,10)","v":"2022-01-13"},{"$f":"CONCATENATE(Base!L14,IF(Base!L14=0,\"\",\", \"),Base!M14,\" \",Base!N14,\", \",Base!P14,\" \",Base!Q14)","v":"Hôpital de Sion, Avenue du Grand-Champsec 80, 1950 Sion"},{"$f":"CONCATENATE(Base!V14,\", \",Base!Z14,\" \",Base!AA14,\", \",Base!W14,\" \",Base!X14)","v":"Clinique Bernoise, 3963 Crans-Montana, Impasse Palace Bellevue 1"},null,{"$f":"CONCATENATE(RIGHT(LEFT(Base!J14,16),5),\" - \",RIGHT(LEFT(Base!K14,16),5))","v":"10:53 - 12:09"},{"$f":"Base!AF14&\" - \"&Base!I14","v":"Maladie - S3"},null,null,null,null,null,null,null,null,null,null,null,null,null,null,null,null,null,null,{"$f":"Base!H14","v":"Uvrier"},2,null,null,null,null,null,null,null,null,null,2,null,null,null,null,null,null,null,null,null,null,null,null,null,null,null,null,null,null,null,null,null,{"$f":"IF(Base!U14=\"Privée\",2,1)","v":2},{"$f":"IF(OR(LEFT(Base!AS14,1)=\"1\",LEFT(Base!AS14)=\"2\"),RIGHT(Base!AS14,LEN(Base!AS14)-1),Base!AS14)","v":"756.9181.7087.45"},{"$f":"Base!AU14","v":"Établissement"},{"$f":"OR(CONCATENATE(Base!AW14,Base!AX14)=CONCATENATE(Base!AH14,Base!AI14),FO16=\"Établissement\")","v":true},{"$f":"Base!I14","v":"S3"}]
[{"$f":"Base!A15","v":3458},{"$f":"20","v":20},{"$f":"Base!B15","v":"2022-01-28"},null,{"$f":"Base!AE15","v":"VS22001321"},null,null,null,null,null,"<AUTO>",null,null,null,null,"URL (Libre)",null,null,{"$f":"Base!E15&\" - \"&Base!H15&\" - \"&Base!D15","v":"14873 - Uvrier - "},{"$f":"IF(AND(Base!AT15<1000,Base!AT15>99),Base!AT15,IF(FO17=\"Établissement\",VALUE(CONCATENATE(LEN(SUBSTITUTE(V17,\" \",\"\")),LEN(V17),AA17,COLUMN(INDIRECT(LEFT(V17,1)&1)),LEN(SUBSTITUTE(V17,\"-\",\"\")))),IF(FN17=\"\",VALUE(CONCATENATE(COLUMN(INDIRECT(LEFT(W17,1)&1)),COLUMN(INDIRECT(LEFT(X17,1)&1)),AO17,CODE(AA17))),VALUE(SUBSTITUTE(SUBSTITUTE(SUBSTITUTE(FN17,\".\",\"\"),\" \",\"\"),\"-\",\"\")))))","v":102},null,{"$f":"SUBSTITUTE(IF(Base!BF15=0,\"\",Base!BF15),\" (facturation)\",\"\")","v":"Clinique Bernoise Montana - Secrétariat médical"},{"$f":"IF(Base!AW15=0,\"\",Base!AH15)","v":""},{"$f":"IF(Base!AX15=0,\"\",Base!AI15)","v":""},{"$f":"IF(Base!AW15=0,Base!AY15&\" \"&Base!AZ15,Base!AK15&\" \"&Base!AL15)","v":"Impasse Palace Bellevue 1"},{"$f":"IF(IF(Base!AW15=0,Base!BA15,Base!AM15)=0,\"\",IF(Base!AW15=0,Base!BA15,Base!AM15))","v":""},{"$f":"IF(Base!AW15=0,Base!BB15,Base!AN15)","v":3963},{"$f":"IF(Base!AW15=0,Base!BC15,Base!AO15)","v":"Crans-Montana"},null,null,null,null,null,null,null,null,null,null,null,null,{"$f":"Base!AJ15","v":"1949-07-28"},{"$f":"IF(FO17=\"Établissement\",\"\",IF(Base!AG15=\"Masculin\",\"Monsieur\",IF(Base!AG15=\"Féminin\",\"Madame\",\"\")))","v":""},{"$f":"IF(FP17=FALSE,CONCATENATE(IF(Base!AV15=\"Masculin\",\"Monsieur\",IF(Base!AV15=\"Féminin\",\"Madame\",\"\")),\"#chr(13)##chr(10)#\",Base!AW15,\" \",Base!AX15, \"#chr(13)##chr(10)#\",Base!AY15,\" \",Base!AZ15, \"#chr(13)##chr(10)#\",Base!BA15, \"#chr(13)##chr(10)#\",Base!BB15,\" \",Base!BC15),\"\")","v":""},null,"",null,{"$f":"IF(AND(Base!AT15<200,Base!AT15>99),1,0)","v":1},null,0,{"$f":"Base!BG15","v":"CLN.9403 "},{"$f":"Base!BH15& \"#chr(13)##chr(10)#\" &Base!BI15","v":"Taxe de base transport S3#chr(13)##chr(10)#"},null,{"$f":"Base!BJ15","v":1},{"$f":"Base!BK15","v":200},{"$f":"IF(Base!BL15=\"\",\"\",Base!BL15)","v":""},null,{"$f":"Base!BM15","v":200},null,null,{"$f":"IF(Base!H15=\"Uvrier\",3018,VLOOKUP(FQ17,$GV$2:$GX$7,FM17+1,0))","v":3018},0,0,null,0,null,null,null,null,null,"Libre","BS - 85",null,"BU - 73 - aff",0,null,null,null,null,null,null,null,null,null,null,null,null,null,null,null,null,null,null,null,null,null,null,null,null,null,null,null,null,null,null,null,null,null,{"$f":"Base!AH15&\", \"&Base!AI15","v":"Holder, Michel"},{"$f":"Base!AN15&\" \"&Base!AO15&\", \"&Base!AK15&\" \"&Base!AL15","v":"2503 Biel/Bienne, Oberer Quai 98A"},{"$f":"CONCATENATE(TEXT(DATE(YEAR(Base!AJ15),MONTH(Base!AJ15),DAY(Base!AJ15)),\"jj.mm.aaaa\"),\", \",FN17,IF(Base!D15=\"\",\"\",\" - \"),Base!D15)","v":"28.07.1949, 756.7510.5596.79"},{"$f":"Base!AR15","v":"CSS Kranken- Versicherung AG"},{"$f":"LEFT(Base!J15,10)","v":"2022-01-13"},{"$f":"CONCATENATE(Base!L15,IF(Base!L15=0,\"\",\", \"),Base!M15,\" \",Base!N15,\", \",Base!P15,\" \",Base!Q15)","v":"Clinique Bernoise, Impasse Palace Bellevue 1, 3963 Crans-Montana"},{"$f":"CONCATENATE(Base!V15,\", \",Base!Z15,\" \",Base!AA15,\", \",Base!W15,\" \",Base!X15)","v":"L'Ile Hôpital universitaire de Berne (Insel), 3010 Bern, Freiburgstrasse 18"},null,{"$f":"CONCATENATE(RIGHT(LEFT(Base!J15,16),5),\" - \",RIGHT(LEFT(Base!K15,16),5))","v":"12:09 - 17:38"},{"$f":"Base!AF15&\" - \"&Base!I15","v":"Maladie - S3"},null,null,null,null,null,null,null,null,null,null,null,null,null,null,null,null,null,null,{"$f":"Base!H15","v":"Uvrier"},2,null,null,null,null,null,null,null,null,null,2,null,null,null,null,null,null,null,null,null,null,null,null,null,null,null,null,null,null,null,null,null,{"$f":"IF(Base!U15=\"Privée\",2,1)","v":2},{"$f":"IF(OR(LEFT(Base!AS15,1)=\"1\",LEFT(Base!AS15)=\"2\"),RIGHT(Base!AS15,LEN(Base!AS15)-1),Base!AS15)","v":"756.7510.5596.79"},{"$f":"Base!AU15","v":"Établissement"},{"$f":"OR(CONCATENATE(Base!AW15,Base!AX15)=CONCATENATE(Base!AH15,Base!AI15),FO17=\"Établissement\")","v":true},{"$f":"Base!I15","v":"S3"}]
[{"$f":"Base!A16","v":3458},{"$f":"20","v":20},{"$f":"Base!B16","v":"2022-01-28"},null,{"$f":"Base!AE16","v":"VS22001321"},null,null,null,null,null,"<AUTO>",null,null,null,null,"URL (Libre)",null,null,{"$f":"Base!E16&\" - \"&Base!H16&\" - \"&Base!D16","v":"14873 - Uvrier - "},{"$f":"IF(AND(Base!AT16<1000,Base!AT16>99),Base!AT16,IF(FO18=\"Établissement\",VALUE(CONCATENATE(LEN(SUBSTITUTE(V18,\" \",\"\")),LEN(V18),AA18,COLUMN(INDIRECT(LEFT(V18,1)&1)),LEN(SUBSTITUTE(V18,\"-\",\"\")))),IF(FN18=\"\",VALUE(CONCATENATE(COLUMN(INDIRECT(LEFT(W18,1)&1)),COLUMN(INDIRECT(LEFT(X18,1)&1)),AO18,CODE(AA18))),VALUE(SUBSTITUTE(SUBSTITUTE(SUBSTITUTE(FN18,\".\",\"\"),\" \",\"\"),\"-\",\"\")))))","v":102},null,{"$f":"SUBSTITUTE(IF(Base!BF16=0,\"\",Base!BF16),\" (facturation)\",\"\")","v":"Clinique Bernoise Montana - Secrétariat médical"},{"$f":"IF(Base!AW16=0,\"\",Base!AH16)","v":""},{"$f":"IF(Base!AX16=0,\"\",Base!AI16)","v":""},{"$f":"IF(Base!AW16=0,Base!AY16&\" \"&Base!AZ16,Base!AK16&\" \"&Base!AL16)","v":"Impasse Palace Bellevue 1"},{"$f":"IF(IF(Base!AW16=0,Base!BA16,Base!AM16)=0,\"\",IF(Base!AW16=0,Base!BA16,Base!AM16))","v":""},{"$f":"IF(Base!AW16=0,Base!BB16,Base!AN16)","v":3963},{"$f":"IF(Base!AW16=0,Base!BC16,Base!AO16)","v":"Crans-Montana"},null,null,null,null,null,null,null,null,null,null,null,null,{"$f":"Base!AJ16","v":"1949-07-28"},{"$f":"IF(FO18=\"Établissement\",\"\",IF(Base!AG16=\"Masculin\",\"Monsieur\",IF(Base!AG16=\"Féminin\",\"Madame\",\"\")))","v":""},{"$f":"IF(FP18=FALSE,CONCATENATE(IF(Base!AV16=\"Masculin\",\"Monsieur\",IF(Base!AV16=\"Féminin\",\"Madame\",\"\")),\"#chr(13)##chr(10)#\",Base!AW16,\" \",Base!AX16, \"#chr(13)##chr(10)#\",Base!AY16,\" \",Base!AZ16, \"#chr(13)##chr(10)#\",Base!BA16, \"#chr(13)##chr(10)#\",Base!BB16,\" \",Base!BC16),\"\")","v":""},null,"",null,{"$f":"IF(AND(Base!AT16<200,Base!AT16>99),1,0)","v":1},null,0,{"$f":"Base!BG16","v":"CLN.9404"},{"$f":"Base!BH16& \"#chr(13)##chr(10)#\" &Base!BI16","v":"Indemnisation kilométrique#chr(13)##chr(10)#"},null,{"$f":"Base!BJ16","v":356},{"$f":"Base!BK16","v":4.5},{"$f":"IF(Base!BL16=\"\",\"\",Base!BL16)","v":"km"},null,{"$f":"Base!BM16","v":1602},null,null,{"$f":"IF(Base!H16=\"Uvrier\",3018,VLOOKUP(FQ18,$GV$2:$GX$7,FM18+1,0))","v":3018},0,0,null,0,null,null,null,null,null,"Libre","BS - 86",null,"BU - 73 - aff",0,null,null,null,null,null,null,null,null,null,null,null,null,null,null,null,null,null,null,null,null,null,null,null,null,null,null,null,null,null,null,null,null,null,{"$f":"Base!AH16&\", \"&Base!AI16","v":"Holder, Michel"},{"$f":"Base!AN16&\" \"&Base!AO16&\", \"&Base!AK16&\" \"&Base!AL16","v":"2503 Biel/Bienne, Oberer Quai 98A"},{"$f":"CONCATENATE(TEXT(DATE(YEAR(Base!AJ16),MONTH(Base!AJ16),DAY(Base!AJ16)),\"jj.mm.aaaa\"),\", \",FN18,IF(Base!D16=\"\",\"\",\" - \"),Base!D16)","v":"28.07.1949, 756.7510.5596.79"},{"$f":"Base!AR16","v":"CSS Kranken- Versicherung AG"},{"$f":"LEFT(Base!J16,10)","v":"2022-01-13"},{"$f":"CONCATENATE(Base!L16,IF(Base!L16=0,\"\",\", \"),Base!M16,\" \",Base!N16,\", \",Base!P16,\" \",Base!Q16)","v":"Clinique Bernoise, Impasse Palace Bellevue 1, 3963 Crans-Montana"},{"$f":"CONCATENATE(Base!V16,\", \",Base!Z16,\" \",Base!AA16,\", \",Base!W16,\" \",Base!X16)","v":"L'Ile Hôpital universitaire de Berne (Insel), 3010 Bern, Freiburgstrasse 18"},null,{"$f":"CONCATENATE(RIGHT(LEFT(Base!J16,16),5),\" - \",RIGHT(LEFT(Base!K16,16),5))","v":"12:09 - 17:38"},{"$f":"Base!AF16&\" - \"&Base!I16","v":"Maladie - S3"},null,null,null,null,null,null,null,null,null,null,null,null,null,null,null,null,null,null,{"$f":"Base!H16","v":"Uvrier"},2,null,null,null,null,null,null,null,null,null,2,null,null,null,null,null,null,null,null,null,null,null,null,null,null,null,null,null,null,null,null,null,{"$f":"IF(Base!U16=\"Privée\",2,1)","v":2},{"$f":"IF(OR(LEFT(Base!AS16,1)=\"1\",LEFT(Base!AS16)=\"2\"),RIGHT(Base!AS16,LEN(Base!AS16)-1),Base!AS16)","v":"756.7510.5596.79"},{"$f":"Base!AU16","v":"Établissement"},{"$f":"OR(CONCATENATE(Base!AW16,Base!AX16)=CONCATENATE(Base!AH16,Base!AI16),FO18=\"Établissement\")","v":true},{"$f":"Base!I16","v":"S3"}]
[{"$f":"Base!A17","v":3458},{"$f":"20","v":20},{"$f":"Base!B17","v":"2022-01-28"},null,{"$f":"Base!AE17","v":"VS22001321"},null,null,null,null,null,"<AUTO>",null,null,null,null,"URL (Libre)",null,null,{"$f":"Base!E17&\" - \"&Base!H17&\" - \"&Base!D17","v":"14873 - Uvrier - "},{"$f":"IF(AND(Base!AT17<1000,Base!AT17>99),Base!AT17,IF(FO19=\"Établissement\",VALUE(CONCATENATE(LEN(SUBSTITUTE(V19,\" \",\"\")),LEN(V19),AA19,COLUMN(INDIRECT(LEFT(V19,1)&1)),LEN(SUBSTITUTE(V19,\"-\",\"\")))),IF(FN19=\"\",VALUE(CONCATENATE(COLUMN(INDIRECT(LEFT(W19,1)&1)),COLUMN(INDIRECT(LEFT(X19,1)&1)),AO19,CODE(AA19))),VALUE(SUBSTITUTE(SUBSTITUTE(SUBSTITUTE(FN19,\".\",\"\"),\" \",\"\"),\"-\",\"\")))))","v":102},null,{"$f":"SUBSTITUTE(IF(Base!BF17=0,\"\",Base!BF17),\" (facturation)\",\"\")","v":"Clinique Bernoise Montana - Secrétariat médical"},{"$f":"IF(Base!AW17=0,\"\",Base!AH17)","v":""},{"$f":"IF(Base!AX17=0,\"\",Base!AI17)","v":""},{"$f":"IF(Base!AW17=0,Base!AY17&\" \"&Base!AZ17,Base!AK17&\" \"&Base!AL17)","v":"Impasse Palace Bellevue 1"},{"$f":"IF(IF(Base!AW17=0,Base!BA17,Base!AM17)=0,\"\",IF(Base!AW17=0,Base!BA17,Base!AM17))","v":""},{"$f":"IF(Base!AW17=0,Base!BB17,Base!AN17)","v":3963},{"$f":"IF(Base!AW17=0,Base!BC17,Base!AO17)","v":"Crans-Montana"},null,null,null,null,null,null,null,null,null,null,null,null,{"$f":"Base!AJ17","v":"1949-07-28"},{"$f":"IF(FO19=\"Établissement\",\"\",IF(Base!AG17=\"Masculin\",\"Monsieur\",IF(Base!AG17=\"Féminin\",\"Madame\",\"\")))","v":""},{"$f":"IF(FP19=FALSE,CONCATENATE(IF(Base!AV17=\"Masculin\",\"Monsieur\",IF(Base!AV17=\"Féminin\",\"Madame\",\"\")),\"#chr(13)##chr(10)#\",Base!AW17,\" \",Base!AX17, \"#chr(13)##chr(10)#\",Base!AY17,\" \",Base!AZ17, \"#chr(13)##chr(10)#\",Base!BA17, \"#chr(13)##chr(10)#\",Base!BB17,\" \",Base!BC17),\"\")","v":""},null,"",null,{"$f":"IF(AND(Base!AT17<200,Base!AT17>99),1,0)","v":1},null,0,{"$f":"Base!BG17","v":"CLN.9411"},{"$f":"Base!BH17& \"#chr(13)##chr(10)#\" &Base!BI17","v":"Personnel soignant reconnu (par personne et par quart d'heure entamé)#chr(13)##chr(10)#2 collaborateur(s) x 22 quarts d’heure"},null,{"$f":"Base!BJ17","v":44},{"$f":"Base!BK17","v":35},{"$f":"IF(Base!BL17=\"\",\"\",Base!BL17)","v":"¼ d'heure"},null,{"$f":"Base!BM17","v":1540},null,null,{"$f":"IF(Base!H17=\"Uvrier\",3018,VLOOKUP(FQ19,$GV$2:$GX$7,FM19+1,0))","v":3018},0,0,null,0,null,null,null,null,null,"Libre","BS - 87",null,"BU - 73 - aff",0,null,null,null,null,null,null,null,null,null,null,null,null,null,null,null,null,null,null,null,null,null,null,null,null,null,null,null,null,null,null,null,null,null,{"$f":"Base!AH17&\", \"&Base!AI17","v":"Holder, Michel"},{"$f":"Base!AN17&\" \"&Base!AO17&\", \"&Base!AK17&\" \"&Base!AL17","v":"2503 Biel/Bienne, Oberer Quai 98A"},{"$f":"CONCATENATE(TEXT(DATE(YEAR(Base!AJ17),MONTH(Base!AJ17),DAY(Base!AJ17)),\"jj.mm.aaaa\"),\", \",FN19,IF(Base!D17=\"\",\"\",\" - \"),Base!D17)","v":"28.07.1949, 756.7510.5596.79"},{"$f":"Base!AR17","v":"CSS Kranken- Versicherung AG"},{"$f":"LEFT(Base!J17,10)","v":"2022-01-13"},{"$f":"CONCATENATE(Base!L17,IF(Base!L17=0,\"\",\", \"),Base!M17,\" \",Base!N17,\", \",Base!P17,\" \",Base!Q17)","v":"Clinique Bernoise, Impasse Palace Bellevue 1, 3963 Crans-Montana"},{"$f":"CONCATENATE(Base!V17,\", \",Base!Z17,\" \",Base!AA17,\", \",Base!W17,\" \",Base!X17)","v":"L'Ile Hôpital universitaire de Berne (Insel), 3010 Bern, Freiburgstrasse 18"},null,{"$f":"CONCATENATE(RIGHT(LEFT(Base!J17,16),5),\" - \",RIGHT(LEFT(Base!K17,16),5))","v":"12:09 - 17:38"},{"$f":"Base!AF17&\" - \"&Base!I17","v":"Maladie - S3"},null,null,null,null,null,null,null,null,null,null,null,null,null,null,null,null,null,null,{"$f":"Base!H17","v":"Uvrier"},2,null,null,null,null,null,null,null,null,null,2,null,null,null,null,null,null,null,null,null,null,null,null,null,null,null,null,null,null,null,null,null,{"$f":"IF(Base!U17=\"Privée\",2,1)","v":2},{"$f":"IF(OR(LEFT(Base!AS17,1)=\"1\",LEFT(Base!AS17)=\"2\"),RIGHT(Base!AS17,LEN(Base!AS17)-1),Base!AS17)","v":"756.7510.5596.79"},{"$f":"Base!AU17","v":"Établissement"},{"$f":"OR(CONCATENATE(Base!AW17,Base!AX17)=CONCATENATE(Base!AH17,Base!AI17),FO19=\"Établissement\")","v":true},{"$f":"Base!I17","v":"S3"}]
[{"$f":"Base!A18","v":3458},{"$f":"20","v":20},{"$f":"Base!B18","v":"2022-01-28"},null,{"$f":"Base!AE18","v":"VS22001321"},null,null,null,null,null,"<AUTO>",null,null,null,null,"URL (Libre)",null,null,{"$f":"Base!E18&\" - \"&Base!H18&\" - \"&Base!D18","v":"14873 - Uvrier - "},{"$f":"IF(AND(Base!AT18<1000,Base!AT18>99),Base!AT18,IF(FO20=\"Établissement\",VALUE(CONCATENATE(LEN(SUBSTITUTE(V20,\" \",\"\")),LEN(V20),AA20,COLUMN(INDIRECT(LEFT(V20,1)&1)),LEN(SUBSTITUTE(V20,\"-\",\"\")))),IF(FN20=\"\",VALUE(CONCATENATE(COLUMN(INDIRECT(LEFT(W20,1)&1)),COLUMN(INDIRECT(LEFT(X20,1)&1)),AO20,CODE(AA20))),VALUE(SUBSTITUTE(SUBSTITUTE(SUBSTITUTE(FN20,\".\",\"\"),\" \",\"\"),\"-\",\"\")))))","v":102},null,{"$f":"SUBSTITUTE(IF(Base!BF18=0,\"\",Base!BF18),\" (facturation)\",\"\")","v":"Clinique Bernoise Montana - Secrétariat médical"},{"$f":"IF(Base!AW18=0,\"\",Base!AH18)","v":""},{"$f":"IF(Base!AX18=0,\"\",Base!AI18)","v":""},{"$f":"IF(Base!AW18=0,Base!AY18&\" \"&Base!AZ18,Base!AK18&\" \"&Base!AL18)","v":"Impasse Palace Bellevue 1"},{"$f":"IF(IF(Base!AW18=0,Base!BA18,Base!AM18)=0,\"\",IF(Base!AW18=0,Base!BA18,Base!AM18))","v":""},{"$f":"IF(Base!AW18=0,Base!BB18,Base!AN18)","v":3963},{"$f":"IF(Base!AW18=0,Base!BC18,Base!AO18)","v":"Crans-Montana"},null,null,null,null,null,null,null,null,null,null,null,null,{"$f":"Base!AJ18","v":"1949-07-28"},{"$f":"IF(FO20=\"Établissement\",\"\",IF(Base!AG18=\"Masculin\",\"Monsieur\",IF(Base!AG18=\"Féminin\",\"Madame\",\"\")))","v":""},{"$f":"IF(FP20=FALSE,CONCATENATE(IF(Base!AV18=\"Masculin\",\"Monsieur\",IF(Base!AV18=\"Féminin\",\"Madame\",\"\")),\"#chr(13)##chr(10)#\",Base!AW18,\" \",Base!AX18, \"#chr(13)##chr(10)#\",Base!AY18,\" \",Base!AZ18, \"#chr(13)##chr(10)#\",Base!BA18, \"#chr(13)##chr(10)#\",Base!BB18,\" \",Base!BC18),\"\")","v":""},null,"",null,{"$f":"IF(AND(Base!AT18<200,Base!AT18>99),1,0)","v":1},null,0,{"$f":"Base!BG18","v":"CLN.Rabais "},{"$f":"Base!BH18& \"#chr(13)##chr(10)#\" &Base!BI18","v":"Rabais 35%#chr(13)##chr(10)#sur CHF 3'342.00"},null,{"$f":"Base!BJ18","v":1},{"$f":"Base!BK18","v":-1169.7},{"$f":"IF(Base!BL18=\"\",\"\",Base!BL18)","v":""},null,{"$f":"Base!BM18","v":-1169.7},null,null,{"$f":"IF(Base!H18=\"Uvrier\",3018,VLOOKUP(FQ20,$GV$2:$GX$7,FM20+1,0))","v":3018},0,0,null,0,null,null,null,null,null,"Libre","BS - 88",null,"BU - 73 - aff",0,null,null,null,null,null,null,null,null,null,null,null,null,null,null,null,null,null,null,null,null,null,null,null,null,null,null,null,null,null,null,null,null,null,{"$f":"Base!AH18&\", \"&Base!AI18","v":"Holder, Michel"},{"$f":"Base!AN18&\" \"&Base!AO18&\", \"&Base!AK18&\" \"&Base!AL18","v":"2503 Biel/Bienne, Oberer Quai 98A"},{"$f":"CONCATENATE(TEXT(DATE(YEAR(Base!AJ18),MONTH(Base!AJ18),DAY(Base!AJ18)),\"jj.mm.aaaa\"),\", \",FN20,IF(Base!D18=\"\",\"\",\" - \"),Base!D18)","v":"28.07.1949, 756.7510.5596.79"},{"$f":"Base!AR18","v":"CSS Kranken- Versicherung AG"},{"$f":"LEFT(Base!J18,10)","v":"2022-01-13"},{"$f":"CONCATENATE(Base!L18,IF(Base!L18=0,\"\",\", \"),Base!M18,\" \",Base!N18,\", \",Base!P18,\" \",Base!Q18)","v":"Clinique Bernoise, Impasse Palace Bellevue 1, 3963 Crans-Montana"},{"$f":"CONCATENATE(Base!V18,\", \",Base!Z18,\" \",Base!AA18,\", \",Base!W18,\" \",Base!X18)","v":"L'Ile Hôpital universitaire de Berne (Insel), 3010 Bern, Freiburgstrasse 18"},null,{"$f":"CONCATENATE(RIGHT(LEFT(Base!J18,16),5),\" - \",RIGHT(LEFT(Base!K18,16),5))","v":"12:09 - 17:38"},{"$f":"Base!AF18&\" - \"&Base!I18","v":"Maladie - S3"},null,null,null,null,null,null,null,null,null,null,null,null,null,null,null,null,null,null,{"$f":"Base!H18","v":"Uvrier"},2,null,null,null,null,null,null,null,null,null,2,null,null,null,null,null,null,null,null,null,null,null,null,null,null,null,null,null,null,null,null,null,{"$f":"IF(Base!U18=\"Privée\",2,1)","v":2},{"$f":"IF(OR(LEFT(Base!AS18,1)=\"1\",LEFT(Base!AS18)=\"2\"),RIGHT(Base!AS18,LEN(Base!AS18)-1),Base!AS18)","v":"756.7510.5596.79"},{"$f":"Base!AU18","v":"Établissement"},{"$f":"OR(CONCATENATE(Base!AW18,Base!AX18)=CONCATENATE(Base!AH18,Base!AI18),FO20=\"Établissement\")","v":true},{"$f":"Base!I18","v":"S3"}]
[{"$f":"Base!A19","v":3459},{"$f":"20","v":20},{"$f":"Base!B19","v":"2022-01-28"},null,{"$f":"Base!AE19","v":"VS22001383"},null,null,null,null,null,"<AUTO>",null,null,null,null,"URL (Libre)",null,null,{"$f":"Base!E19&\" - \"&Base!H19&\" - \"&Base!D19","v":"14928 - Uvrier - 2294266/17"},{"$f":"IF(AND(Base!AT19<1000,Base!AT19>99),Base!AT19,IF(FO21=\"Établissement\",VALUE(CONCATENATE(LEN(SUBSTITUTE(V21,\" \",\"\")),LEN(V21),AA21,COLUMN(INDIRECT(LEFT(V21,1)&1)),LEN(SUBSTITUTE(V21,\"-\",\"\")))),IF(FN21=\"\",VALUE(CONCATENATE(COLUMN(INDIRECT(LEFT(W21,1)&1)),COLUMN(INDIRECT(LEFT(X21,1)&1)),AO21,CODE(AA21))),VALUE(SUBSTITUTE(SUBSTITUTE(SUBSTITUTE(FN21,\".\",\"\"),\" \",\"\"),\"-\",\"\")))))","v":101},null,{"$f":"SUBSTITUTE(IF(Base!BF19=0,\"\",Base!BF19),\" (facturation)\",\"\")","v":"Hôpital du Valais - Direction des Finances/Service des fournisseurs"},{"$f":"IF(Base!AW19=0,\"\",Base!AH19)","v":""},{"$f":"IF(Base!AX19=0,\"\",Base!AI19)","v":""},{"$f":"IF(Base!AW19=0,Base!AY19&\" \"&Base!AZ19,Base!AK19&\" \"&Base!AL19)","v":"Avenue Grand-Champsec 86"},{"$f":"IF(IF(Base!AW19=0,Base!BA19,Base!AM19)=0,\"\",IF(Base!AW19=0,Base!BA19,Base!AM19))","v":"Case postale 696"},{"$f":"IF(Base!AW19=0,Base!BB19,Base!AN19)","v":1951},{"$f":"IF(Base!AW19=0,Base!BC19,Base!AO19)","v":"Sion"},null,null,null,null,null,null,null,null,null,null,null,null,{"$f":"Base!AJ19","v":"1951-07-19"},{"$f":"IF(FO21=\"Établissement\",\"\",IF(Base!AG19=\"Masculin\",\"Monsieur\",IF(Base!AG19=\"Féminin\",\"Madame\",\"\")))","v":""},{"$f":"IF(FP21=FALSE,CONCATENATE(IF(Base!AV19=\"Masculin\",\"Monsieur\",IF(Base!AV19=\"Féminin\",\"Madame\",\"\")),\"#chr(13)##chr(10)#\",Base!AW19,\" \",Base!AX19, \"#chr(13)##chr(10)#\",Base!AY19,\" \",Base!AZ19, \"#chr(13)##chr(10)#\",Base!BA19, \"#chr(13)##chr(10)#\",Base!BB19,\" \",Base!BC19),\"\")","v":""},null,"",null,{"$f":"IF(AND(Base!AT19<200,Base!AT19>99),1,0)","v":1},null,0,{"$f":"Base!BG19","v":"HVS.13N"},{"$f":"Base!BH19& \"#chr(13)##chr(10)#\" &Base!BI19","v":"Forfait S3 HVS Sion - HVS Martigny#chr(13)##chr(10)#Trajet simple nuit (20h00-08h00) ou dimanches et jours fériés"},null,{"$f":"Base!BJ19","v":1},{"$f":"Base!BK19","v":660},{"$f":"IF(Base!BL19=\"\",\"\",Base!BL19)","v":""},null,{"$f":"Base!BM19","v":660},null,null,{"$f":"IF(Base!H19=\"Uvrier\",3018,VLOOKUP(FQ21,$GV$2:$GX$7,FM21+1,0))","v":3018},0,0,null,0,null,null,null,null,null,"Libre","BS - 89",null,"BU - 73 - aff",0,null,null,null,null,null,null,null,null,null,null,null,null,null,null,null,null,null,null,null,null,null,null,null,null,null,null,null,null,null,null,null,null,null,{"$f":"Base!AH19&\", \"&Base!AI19","v":"Bagnoud, Marie-Jeanne"},{"$f":"Base!AN19&\" \"&Base!AO19&\", \"&Base!AK19&\" \"&Base!AL19","v":"3974 Mollens VS, Chemin des Littes 1"},{"$f":"CONCATENATE(TEXT(DATE(YEAR(Base!AJ19),MONTH(Base!AJ19),DAY(Base!AJ19)),\"jj.mm.aaaa\"),\", \",FN21,IF(Base!D19=\"\",\"\",\" - \"),Base!D19)","v":"19.07.1951, 756.6566.3228.24 - 2294266/17"},{"$f":"Base!AR19","v":"Easy Sana Assurance Maladie SA"},{"$f":"LEFT(Base!J19,10)","v":"2022-01-13"},{"$f":"CONCATENATE(Base!L19,IF(Base!L19=0,\"\",\", \"),Base!M19,\" \",Base!N19,\", \",Base!P19,\" \",Base!Q19)","v":"Hôpital de Sion, Avenue du Grand-Champsec 80, 1950 Sion"},{"$f":"CONCATENATE(Base!V19,\", \",Base!Z19,\" \",Base!AA19,\", \",Base!W19,\" \",Base!X19)","v":"Hôpital de Martigny, 1920 Martigny, Avenue de la Fusion 27"},null,{"$f":"CONCATENATE(RIGHT(LEFT(Base!J19,16),5),\" - \",RIGHT(LEFT(Base!K19,16),5))","v":"22:08 - 23:49"},{"$f":"Base!AF19&\" - \"&Base!I19","v":"Maladie - S3"},null,null,null,null,null,null,null,null,null,null,null,null,null,null,null,null,null,null,{"$f":"Base!H19","v":"Uvrier"},2,null,null,null,null,null,null,null,null,null,2,null,null,null,null,null,null,null,null,null,null,null,null,null,null,null,null,null,null,null,null,null,{"$f":"IF(Base!U19=\"Privée\",2,1)","v":2},{"$f":"IF(OR(LEFT(Base!AS19,1)=\"1\",LEFT(Base!AS19)=\"2\"),RIGHT(Base!AS19,LEN(Base!AS19)-1),Base!AS19)","v":"756.6566.3228.24"},{"$f":"Base!AU19","v":"Établissement"},{"$f":"OR(CONCATENATE(Base!AW19,Base!AX19)=CONCATENATE(Base!AH19,Base!AI19),FO21=\"Établissement\")","v":true},{"$f":"Base!I19","v":"S3"}]
[{"$f":"Base!A20","v":3460},{"$f":"20","v":20},{"$f":"Base!B20","v":"2022-01-28"},null,{"$f":"Base!AE20","v":"VS22001389"},null,null,null,null,null,"<AUTO>",null,null,null,null,"URL (Libre)",null,null,{"$f":"Base!E20&\" - \"&Base!H20&\" - \"&Base!D20","v":"14933 - Uvrier - 2002710/17"},{"$f":"IF(AND(Base!AT20<1000,Base!AT20>99),Base!AT20,IF(FO22=\"Établissement\",VALUE(CONCATENATE(LEN(SUBSTITUTE(V22,\" \",\"\")),LEN(V22),AA22,COLUMN(INDIRECT(LEFT(V22,1)&1)),LEN(SUBSTITUTE(V22,\"-\",\"\")))),IF(FN22=\"\",VALUE(CONCATENATE(COLUMN(INDIRECT(LEFT(W22,1)&1)),COLUMN(INDIRECT(LEFT(X22,1)&1)),AO22,CODE(AA22))),VALUE(SUBSTITUTE(SUBSTITUTE(SUBSTITUTE(FN22,\".\",\"\"),\" \",\"\"),\"-\",\"\")))))","v":101},null,{"$f":"SUBSTITUTE(IF(Base!BF20=0,\"\",Base!BF20),\" (facturation)\",\"\")","v":"Hôpital du Valais - Direction des Finances/Service des fournisseurs"},{"$f":"IF(Base!AW20=0,\"\",Base!AH20)","v":""},{"$f":"IF(Base!AX20=0,\"\",Base!AI20)","v":""},{"$f":"IF(Base!AW20=0,Base!AY20&\" \"&Base!AZ20,Base!AK20&\" \"&Base!AL20)","v":"Avenue Grand-Champsec 86"},{"$f":"IF(IF(Base!AW20=0,Base!BA20,Base!AM20)=0,\"\",IF(Base!AW20=0,Base!BA20,Base!AM20))","v":"Case postale 696"},{"$f":"IF(Base!AW20=0,Base!BB20,Base!AN20)","v":1951},{"$f":"IF(Base!AW20=0,Base!BC20,Base!AO20)","v":"Sion"},null,null,null,null,null,null,null,null,null,null,null,null,{"$f":"Base!AJ20","v":"1931-07-09"},{"$f":"IF(FO22=\"Établissement\",\"\",IF(Base!AG20=\"Masculin\",\"Monsieur\",IF(Base!AG20=\"Féminin\",\"Madame\",\"\")))","v":""},{"$f":"IF(FP22=FALSE,CONCATENATE(IF(Base!AV20=\"Masculin\",\"Monsieur\",IF(Base!AV20=\"Féminin\",\"Madame\",\"\")),\"#chr(13)##chr(10)#\",Base!AW20,\" \",Base!AX20, \"#chr(13)##chr(10)#\",Base!AY20,\" \",Base!AZ20, \"#chr(13)##chr(10)#\",Base!BA20, \"#chr(13)##chr(10)#\",Base!BB20,\" \",Base!BC20),\"\")","v":""},null,"",null,{"$f":"IF(AND(Base!AT20<200,Base!AT20>99),1,0)","v":1},null,0,{"$f":"Base!BG20","v":"HVS.13N"},{"$f":"Base!BH20& \"#chr(13)##chr(10)#\" &Base!BI20","v":"Forfait S3 HVS Sion - HVS Martigny#chr(13)##chr(10)#Trajet simple nuit (20h00-08h00) ou dimanches et jours fériés"},null,{"$f":"Base!BJ20","v":1},{"$f":"Base!BK20","v":660},{"$f":"IF(Base!BL20=\"\",\"\",Base!BL20)","v":""},null,{"$f":"Base!BM20","v":660},null,null,{"$f":"IF(Base!H20=\"Uvrier\",3018,VLOOKUP(FQ22,$GV$2:$GX$7,FM22+1,0))","v":3018},0,0,null,0,null,null,null,null,null,"Libre","BS - 90",null,"BU - 73 - aff",0,null,null,null,null,null,null,null,null,null,null,null,null,null,null,null,null,null,null,null,null,null,null,null,null,null,null,null,null,null,null,null,null,null,{"$f":"Base!AH20&\", \"&Base!AI20","v":"Bérard, Andréa"},{"$f":"Base!AN20&\" \"&Base!AO20&\", \"&Base!AK20&\" \"&Base!AL20","v":"1950 Sion, Rue de Savièse 22"},{"$f":"CONCATENATE(TEXT(DATE(YEAR(Base!AJ20),MONTH(Base!AJ20),DAY(Base!AJ20)),\"jj.mm.aaaa\"),\", \",FN22,IF(Base!D20=\"\",\"\",\" - \"),Base!D20)","v":"09.07.1931, 756.0418.5668.86 - 2002710/17"},{"$f":"Base!AR20","v":"Assura-Basis SA"},{"$f":"LEFT(Base!J20,10)","v":"2022-01-13"},{"$f":"CONCATENATE(Base!L20,IF(Base!L20=0,\"\",\", \"),Base!M20,\" \",Base!N20,\", \",Base!P20,\" \",Base!Q20)","v":"Hôpital de Sion, Avenue du Grand-Champsec 80, 1950 Sion"},{"$f":"CONCATENATE(Base!V20,\", \",Base!Z20,\" \",Base!AA20,\", \",Base!W20,\" \",Base!X20)","v":"Hôpital de Martigny, 1920 Martigny, Avenue de la Fusion 27"},null,{"$f":"CONCATENATE(RIGHT(LEFT(Base!J20,16),5),\" - \",RIGHT(LEFT(Base!K20,16),5))","v":"23:49 - 01:08"},{"$f":"Base!AF20&\" - \"&Base!I20","v":"Maladie - S3"},null,null,null,null,null,null,null,null,null,null,null,null,null,null,null,null,null,null,{"$f":"Base!H20","v":"Uvrier"},2,null,null,null,null,null,null,null,null,null,2,null,null,null,null,null,null,null,null,null,null,null,null,null,null,null,null,null,null,null,null,null,{"$f":"IF(Base!U20=\"Privée\",2,1)","v":2},{"$f":"IF(OR(LEFT(Base!AS20,1)=\"1\",LEFT(Base!AS20)=\"2\"),RIGHT(Base!AS20,LEN(Base!AS20)-1),Base!AS20)","v":"756.0418.5668.86"},{"$f":"Base!AU20","v":"Établissement"},{"$f":"OR(CONCATENATE(Base!AW20,Base!AX20)=CONCATENATE(Base!AH20,Base!AI20),FO22=\"Établissement\")","v":true},{"$f":"Base!I20","v":"S3"}]
[{"$f":"Base!A21","v":3461},{"$f":"20","v":20},{"$f":"Base!B21","v":"2022-01-28"},null,{"$f":"Base!AE21","v":"VS22001392"},null,null,null,null,null,"<AUTO>",null,null,null,null,"URL (Libre)",null,null,{"$f":"Base!E21&\" - \"&Base!H21&\" - \"&Base!D21","v":"14936 - Uvrier - 2095531/19"},{"$f":"IF(AND(Base!AT21<1000,Base!AT21>99),Base!AT21,IF(FO23=\"Établissement\",VALUE(CONCATENATE(LEN(SUBSTITUTE(V23,\" \",\"\")),LEN(V23),AA23,COLUMN(INDIRECT(LEFT(V23,1)&1)),LEN(SUBSTITUTE(V23,\"-\",\"\")))),IF(FN23=\"\",VALUE(CONCATENATE(COLUMN(INDIRECT(LEFT(W23,1)&1)),COLUMN(INDIRECT(LEFT(X23,1)&1)),AO23,CODE(AA23))),VALUE(SUBSTITUTE(SUBSTITUTE(SUBSTITUTE(FN23,\".\",\"\"),\" \",\"\"),\"-\",\"\")))))","v":101},null,{"$f":"SUBSTITUTE(IF(Base!BF21=0,\"\",Base!BF21),\" (facturation)\",\"\")","v":"Hôpital du Valais - Direction des Finances/Service des fournisseurs"},{"$f":"IF(Base!AW21=0,\"\",Base!AH21)","v":""},{"$f":"IF(Base!AX21=0,\"\",Base!AI21)","v":""},{"$f":"IF(Base!AW21=0,Base!AY21&\" \"&Base!AZ21,Base!AK21&\" \"&Base!AL21)","v":"Avenue Grand-Champsec 86"},{"$f":"IF(IF(Base!AW21=0,Base!BA21,Base!AM21)=0,\"\",IF(Base!AW21=0,Base!BA21,Base!AM21))","v":"Case postale 696"},{"$f":"IF(Base!AW21=0,Base!BB21,Base!AN21)","v":1951},{"$f":"IF(Base!AW21=0,Base!BC21,Base!AO21)","v":"Sion"},null,null,null,null,null,null,null,null,null,null,null,null,{"$f":"Base!AJ21","v":"1931-02-20"},{"$f":"IF(FO23=\"Établissement\",\"\",IF(Base!AG21=\"Masculin\",\"Monsieur\",IF(Base!AG21=\"Féminin\",\"Madame\",\"\")))","v":""},{"$f":"IF(FP23=FALSE,CONCATENATE(IF(Base!AV21=\"Masculin\",\"Monsieur\",IF(Base!AV21=\"Féminin\",\"Madame\",\"\")),\"#chr(13)##chr(10)#\",Base!AW21,\" \",Base!AX21, \"#chr(13)##chr(10)#\",Base!AY21,\" \",Base!AZ21, \"#chr(13)##chr(10)#\",Base!BA21, \"#chr(13)##chr(10)#\",Base!BB21,\" \",Base!BC21),\"\")","v":""},null,"",null,{"$f":"IF(AND(Base!AT21<200,Base!AT21>99),1,0)","v":1},null,0,{"$f":"Base!BG21","v":"HVS.13N"},{"$f":"Base!BH21& \"#chr(13)##chr(10)#\" &Base!BI21","v":"Forfait S3 HVS Sion - HVS Martigny#chr(13)##chr(10)#Trajet simple nuit (20h00-08h00) ou dimanches et jours fériés"},null,{"$f":"Base!BJ21","v":1},{"$f":"Base!BK21","v":660},{"$f":"IF(Base!BL21=\"\",\"\",Base!BL21)","v":""},null,{"$f":"Base!BM21","v":660},null,null,{"$f":"IF(Base!H21=\"Uvrier\",3018,VLOOKUP(FQ23,$GV$2:$GX$7,FM23+1,0))","v":3018},0,0,null,0,null,null,null,null,null,"Libre","BS - 91",null,"BU - 73 - aff",0,null,null,null,null,null,null,null,null,null,null,null,null,null,null,null,null,null,null,null,null,null,null,null,null,null,null,null,null,null,null,null,null,null,{"$f":"Base!AH21&\", \"&Base!AI21","v":"Bérard , Gabriel"},{"$f":"Base!AN21&\" \"&Base!AO21&\", \"&Base!AK21&\" \"&Base!AL21","v":"1950 Sion, Rue de Savièse 22"},{"$f":"CONCATENATE(TEXT(DATE(YEAR(Base!AJ21),MONTH(Base!AJ21),DAY(Base!AJ21)),\"jj.mm.aaaa\"),\", \",FN23,IF(Base!D21=\"\",\"\",\" - \"),Base!D21)","v":"20.02.1931, 756.9927.4175.11 - 2095531/19"},{"$f":"Base!AR21","v":"Assura-Basis SA"},{"$f":"LEFT(Base!J21,10)","v":"2022-01-14"},{"$f":"CONCATENATE(Base!L21,IF(Base!L21=0,\"\",\", \"),Base!M21,\" \",Base!N21,\", \",Base!P21,\" \",Base!Q21)","v":"Hôpital de Sion, Avenue du Grand-Champsec 80, 1950 Sion"},{"$f":"CONCATENATE(Base!V21,\", \",Base!Z21,\" \",Base!AA21,\", \",Base!W21,\" \",Base!X21)","v":"Hôpital de Martigny, 1920 Martigny, Avenue de la Fusion 27"},null,{"$f":"CONCATENATE(RIGHT(LEFT(Base!J21,16),5),\" - \",RIGHT(LEFT(Base!K21,16),5))","v":"01:08 - 02:38"},{"$f":"Base!AF21&\" - \"&Base!I21","v":"Maladie - S3"},null,null,null,null,null,null,null,null,null,null,null,null,null,null,null,null,null,null,{"$f":"Base!H21","v":"Uvrier"},2,null,null,null,null,null,null,null,null,null,2,null,null,null,null,null,null,null,null,null,null,null,null,null,null,null,null,null,null,null,null,null,{"$f":"IF(Base!U21=\"Privée\",2,1)","v":2},{"$f":"IF(OR(LEFT(Base!AS21,1)=\"1\",LEFT(Base!AS21)=\"2\"),RIGHT(Base!AS21,LEN(Base!AS21)-1),Base!AS21)","v":"756.9927.4175.11"},{"$f":"Base!AU21","v":"Établissement"},{"$f":"OR(CONCATENATE(Base!AW21,Base!AX21)=CONCATENATE(Base!AH21,Base!AI21),FO23=\"Établissement\")","v":true},{"$f":"Base!I21","v":"S3"}]
[{"$f":"Base!A22","v":3462},{"$f":"20","v":20},{"$f":"Base!B22","v":"2022-01-28"},null,{"$f":"Base!AE22","v":"VS22001397"},null,null,null,null,null,"<AUTO>",null,null,null,null,"URL (Libre)",null,null,{"$f":"Base!E22&\" - \"&Base!H22&\" - \"&Base!D22","v":"14941 - Uvrier - 2088832/40"},{"$f":"IF(AND(Base!AT22<1000,Base!AT22>99),Base!AT22,IF(FO24=\"Établissement\",VALUE(CONCATENATE(LEN(SUBSTITUTE(V24,\" \",\"\")),LEN(V24),AA24,COLUMN(INDIRECT(LEFT(V24,1)&1)),LEN(SUBSTITUTE(V24,\"-\",\"\")))),IF(FN24=\"\",VALUE(CONCATENATE(COLUMN(INDIRECT(LEFT(W24,1)&1)),COLUMN(INDIRECT(LEFT(X24,1)&1)),AO24,CODE(AA24))),VALUE(SUBSTITUTE(SUBSTITUTE(SUBSTITUTE(FN24,\".\",\"\"),\" \",\"\"),\"-\",\"\")))))","v":101},null,{"$f":"SUBSTITUTE(IF(Base!BF22=0,\"\",Base!BF22),\" (facturation)\",\"\")","v":"Hôpital du Valais - Direction des Finances/Service des fournisseurs"},{"$f":"IF(Base!AW22=0,\"\",Base!AH22)","v":""},{"$f":"IF(Base!AX22=0,\"\",Base!AI22)","v":""},{"$f":"IF(Base!AW22=0,Base!AY22&\" \"&Base!AZ22,Base!AK22&\" \"&Base!AL22)","v":"Avenue Grand-Champsec 86"},{"$f":"IF(IF(Base!AW22=0,Base!BA22,Base!AM22)=0,\"\",IF(Base!AW22=0,Base!BA22,Base!AM22))","v":"Case postale 696"},{"$f":"IF(Base!AW22=0,Base!BB22,Base!AN22)","v":1951},{"$f":"IF(Base!AW22=0,Base!BC22,Base!AO22)","v":"Sion"},null,null,null,null,null,null,null,null,null,null,null,null,{"$f":"Base!AJ22","v":"1940-08-16"},{"$f":"IF(FO24=\"Établissement\",\"\",IF(Base!AG22=\"Masculin\",\"Monsieur\",IF(Base!AG22=\"Féminin\",\"Madame\",\"\")))","v":""},{"$f":"IF(FP24=FALSE,CONCATENATE(IF(Base!AV22=\"Masculin\",\"Monsieur\",IF(Base!AV22=\"Féminin\",\"Madame\",\"\")),\"#chr(13)##chr(10)#\",Base!AW22,\" \",Base!AX22, \"#chr(13)##chr(10)#\",Base!AY22,\" \",Base!AZ22, \"#chr(13)##chr(10)#\",Base!BA22, \"#chr(13)##chr(10)#\",Base!BB22,\" \",Base!BC22),\"\")","v":""},null,"",null,{"$f":"IF(AND(Base!AT22<200,Base!AT22>99),1,0)","v":1},null,0,{"$f":"Base!BG22","v":"HVS.71N"},{"$f":"Base!BH22& \"#chr(13)##chr(10)#\" &Base!BI22","v":"Forfait S3 Malévoz - HVS Sion#chr(13)##chr(10)#Trajet simple nuit (20h00-08h00) ou dimanches et jours fériés"},null,{"$f":"Base!BJ22","v":1},{"$f":"Base!BK22","v":1029},{"$f":"IF(Base!BL22=\"\",\"\",Base!BL22)","v":""},null,{"$f":"Base!BM22","v":1029},null,null,{"$f":"IF(Base!H22=\"Uvrier\",3018,VLOOKUP(FQ24,$GV$2:$GX$7,FM24+1,0))","v":3018},0,0,null,0,null,null,null,null,null,"Libre","BS - 92",null,"BU - 73 - aff",0,null,null,null,null,null,null,null,null,null,null,null,null,null,null,null,null,null,null,null,null,null,null,null,null,null,null,null,null,null,null,null,null,null,{"$f":"Base!AH22&\", \"&Base!AI22","v":"Fellay, Paul Gérard"},{"$f":"Base!AN22&\" \"&Base!AO22&\", \"&Base!AK22&\" \"&Base!AL22","v":"1941 Vollèges, Chemin de Grand-Maison 4"},{"$f":"CONCATENATE(TEXT(DATE(YEAR(Base!AJ22),MONTH(Base!AJ22),DAY(Base!AJ22)),\"jj.mm.aaaa\"),\", \",FN24,IF(Base!D22=\"\",\"\",\" - \"),Base!D22)","v":"16.08.1940, 756.2091.5101.87 - 2088832/40"},{"$f":"Base!AR22","v":"Arcosana AG"},{"$f":"LEFT(Base!J22,10)","v":"2022-01-14"},{"$f":"CONCATENATE(Base!L22,IF(Base!L22=0,\"\",\", \"),Base!M22,\" \",Base!N22,\", \",Base!P22,\" \",Base!Q22)","v":"Hôpital de Malévoz, Route de Morgins 10, 1870 Monthey"},{"$f":"CONCATENATE(Base!V22,\", \",Base!Z22,\" \",Base!AA22,\", \",Base!W22,\" \",Base!X22)","v":"Hôpital de Sion, 1950 Sion, Avenue du Grand-Champsec 80"},null,{"$f":"CONCATENATE(RIGHT(LEFT(Base!J22,16),5),\" - \",RIGHT(LEFT(Base!K22,16),5))","v":"07:22 - 09:42"},{"$f":"Base!AF22&\" - \"&Base!I22","v":"Maladie - S3"},null,null,null,null,null,null,null,null,null,null,null,null,null,null,null,null,null,null,{"$f":"Base!H22","v":"Uvrier"},2,null,null,null,null,null,null,null,null,null,2,null,null,null,null,null,null,null,null,null,null,null,null,null,null,null,null,null,null,null,null,null,{"$f":"IF(Base!U22=\"Privée\",2,1)","v":2},{"$f":"IF(OR(LEFT(Base!AS22,1)=\"1\",LEFT(Base!AS22)=\"2\"),RIGHT(Base!AS22,LEN(Base!AS22)-1),Base!AS22)","v":"756.2091.5101.87"},{"$f":"Base!AU22","v":"Établissement"},{"$f":"OR(CONCATENATE(Base!AW22,Base!AX22)=CONCATENATE(Base!AH22,Base!AI22),FO24=\"Établissement\")","v":true},{"$f":"Base!I22","v":"S3"}]
[{"$f":"Base!A23","v":3463},{"$f":"20","v":20},{"$f":"Base!B23","v":"2022-01-28"},null,{"$f":"Base!AE23","v":"VS22001417"},null,null,null,null,null,"<AUTO>",null,null,null,null,"URL (Libre)",null,null,{"$f":"Base!E23&\" - \"&Base!H23&\" - \"&Base!D23","v":"14959 - Uvrier - E0113002"},{"$f":"IF(AND(Base!AT23<1000,Base!AT23>99),Base!AT23,IF(FO25=\"Établissement\",VALUE(CONCATENATE(LEN(SUBSTITUTE(V25,\" \",\"\")),LEN(V25),AA25,COLUMN(INDIRECT(LEFT(V25,1)&1)),LEN(SUBSTITUTE(V25,\"-\",\"\")))),IF(FN25=\"\",VALUE(CONCATENATE(COLUMN(INDIRECT(LEFT(W25,1)&1)),COLUMN(INDIRECT(LEFT(X25,1)&1)),AO25,CODE(AA25))),VALUE(SUBSTITUTE(SUBSTITUTE(SUBSTITUTE(FN25,\".\",\"\"),\" \",\"\"),\"-\",\"\")))))","v":414712111346},null,{"$f":"SUBSTITUTE(IF(Base!BF23=0,\"\",Base!BF23),\" (facturation)\",\"\")","v":"MedSTAR - Swiss Mobile Healthcare Alliance Sàrl"},{"$f":"IF(Base!AW23=0,\"\",Base!AH23)","v":""},{"$f":"IF(Base!AX23=0,\"\",Base!AI23)","v":""},{"$f":"IF(Base!AW23=0,Base!AY23&\" \"&Base!AZ23,Base!AK23&\" \"&Base!AL23)","v":"Avenue de Châtelaine  70"},{"$f":"IF(IF(Base!AW23=0,Base!BA23,Base!AM23)=0,\"\",IF(Base!AW23=0,Base!BA23,Base!AM23))","v":"Case postale 144"},{"$f":"IF(Base!AW23=0,Base!BB23,Base!AN23)","v":1211},{"$f":"IF(Base!AW23=0,Base!BC23,Base!AO23)","v":"Genève 13"},null,null,null,null,null,null,null,null,null,null,null,null,{"$f":"Base!AJ23","v":"2002-01-04"},{"$f":"IF(FO25=\"Établissement\",\"\",IF(Base!AG23=\"Masculin\",\"Monsieur\",IF(Base!AG23=\"Féminin\",\"Madame\",\"\")))","v":""},{"$f":"IF(FP25=FALSE,CONCATENATE(IF(Base!AV23=\"Masculin\",\"Monsieur\",IF(Base!AV23=\"Féminin\",\"Madame\",\"\")),\"#chr(13)##chr(10)#\",Base!AW23,\" \",Base!AX23, \"#chr(13)##chr(10)#\",Base!AY23,\" \",Base!AZ23, \"#chr(13)##chr(10)#\",Base!BA23, \"#chr(13)##chr(10)#\",Base!BB23,\" \",Base!BC23),\"\")","v":""},null,"",null,{"$f":"IF(AND(Base!AT23<200,Base!AT23>99),1,0)","v":0},null,0,{"$f":"Base!BG23","v":"MST.FF"},{"$f":"Base!BH23& \"#chr(13)##chr(10)#\" &Base!BI23","v":"Forfait S3 MedStar#chr(13)##chr(10)#"},null,{"$f":"Base!BJ23","v":1},{"$f":"Base!BK23","v":944},{"$f":"IF(Base!BL23=\"\",\"\",Base!BL23)","v":""},null,{"$f":"Base!BM23","v":944},null,null,{"$f":"IF(Base!H23=\"Uvrier\",3018,VLOOKUP(FQ25,$GV$2:$GX$7,FM25+1,0))","v":3018},0,0,null,0,null,null,null,null,null,"Libre","BS - 93",null,"BU - 73 - aff",0,null,null,null,null,null,null,null,null,null,null,null,null,null,null,null,null,null,null,null,null,null,null,null,null,null,null,null,null,null,null,null,null,null,{"$f":"Base!AH23&\", \"&Base!AI23","v":"Lempriere Johnston, Harry George"},{"$f":"Base!AN23&\" \"&Base!AO23&\", \"&Base!AK23&\" \"&Base!AL23","v":"GE3 6AX Jersey, Rosel Manoir "},{"$f":"CONCATENATE(TEXT(DATE(YEAR(Base!AJ23),MONTH(Base!AJ23),DAY(Base!AJ23)),\"jj.mm.aaaa\"),\", \",FN25,IF(Base!D23=\"\",\"\",\" - \"),Base!D23)","v":"04.01.2002,  - E0113002"},{"$f":"Base!AR23","v":0},{"$f":"LEFT(Base!J23,10)","v":"2022-01-14"},{"$f":"CONCATENATE(Base!L23,IF(Base!L23=0,\"\",\", \"),Base!M23,\" \",Base!N23,\", \",Base!P23,\" \",Base!Q23)","v":"Hôpital de Sion, Avenue du Grand-Champsec 80, 1950 Sion"},{"$f":"CONCATENATE(Base!V23,\", \",Base!Z23,\" \",Base!AA23,\", \",Base!W23,\" \",Base!X23)","v":"Aéroport / Héliport de Sion, 1950 Sion, Route de l'Aéroport 60"},null,{"$f":"CONCATENATE(RIGHT(LEFT(Base!J23,16),5),\" - \",RIGHT(LEFT(Base!K23,16),5))","v":"12:14 - 14:28"},{"$f":"Base!AF23&\" - \"&Base!I23","v":"Accident - S3"},null,null,null,null,null,null,null,null,null,null,null,null,null,null,null,null,null,null,{"$f":"Base!H23","v":"Uvrier"},2,null,null,null,null,null,null,null,null,null,2,null,null,null,null,null,null,null,null,null,null,null,null,null,null,null,null,null,null,null,null,null,{"$f":"IF(Base!U23=\"Privée\",2,1)","v":2},{"$f":"IF(OR(LEFT(Base!AS23,1)=\"1\",LEFT(Base!AS23)=\"2\"),RIGHT(Base!AS23,LEN(Base!AS23)-1),Base!AS23)","v":""},{"$f":"Base!AU23","v":"Établissement"},{"$f":"OR(CONCATENATE(Base!AW23,Base!AX23)=CONCATENATE(Base!AH23,Base!AI23),FO25=\"Établissement\")","v":true},{"$f":"Base!I23","v":"S3"}]
[{"$f":"Base!A24","v":3464},{"$f":"20","v":20},{"$f":"Base!B24","v":"2022-01-28"},null,{"$f":"Base!AE24","v":"VS22001448"},null,null,null,null,null,"<AUTO>",null,null,null,null,"URL (Libre)",null,null,{"$f":"Base!E24&\" - \"&Base!H24&\" - \"&Base!D24","v":"14990 - Uvrier - 2192705/14"},{"$f":"IF(AND(Base!AT24<1000,Base!AT24>99),Base!AT24,IF(FO26=\"Établissement\",VALUE(CONCATENATE(LEN(SUBSTITUTE(V26,\" \",\"\")),LEN(V26),AA26,COLUMN(INDIRECT(LEFT(V26,1)&1)),LEN(SUBSTITUTE(V26,\"-\",\"\")))),IF(FN26=\"\",VALUE(CONCATENATE(COLUMN(INDIRECT(LEFT(W26,1)&1)),COLUMN(INDIRECT(LEFT(X26,1)&1)),AO26,CODE(AA26))),VALUE(SUBSTITUTE(SUBSTITUTE(SUBSTITUTE(FN26,\".\",\"\"),\" \",\"\"),\"-\",\"\")))))","v":101},null,{"$f":"SUBSTITUTE(IF(Base!BF24=0,\"\",Base!BF24),\" (facturation)\",\"\")","v":"Hôpital du Valais - Direction des Finances/Service des fournisseurs"},{"$f":"IF(Base!AW24=0,\"\",Base!AH24)","v":""},{"$f":"IF(Base!AX24=0,\"\",Base!AI24)","v":""},{"$f":"IF(Base!AW24=0,Base!AY24&\" \"&Base!AZ24,Base!AK24&\" \"&Base!AL24)","v":"Avenue Grand-Champsec 86"},{"$f":"IF(IF(Base!AW24=0,Base!BA24,Base!AM24)=0,\"\",IF(Base!AW24=0,Base!BA24,Base!AM24))","v":"Case postale 696"},{"$f":"IF(Base!AW24=0,Base!BB24,Base!AN24)","v":1951},{"$f":"IF(Base!AW24=0,Base!BC24,Base!AO24)","v":"Sion"},null,null,null,null,null,null,null,null,null,null,null,null,{"$f":"Base!AJ24","v":"1931-01-21"},{"$f":"IF(FO26=\"Établissement\",\"\",IF(Base!AG24=\"Masculin\",\"Monsieur\",IF(Base!AG24=\"Féminin\",\"Madame\",\"\")))","v":""},{"$f":"IF(FP26=FALSE,CONCATENATE(IF(Base!AV24=\"Masculin\",\"Monsieur\",IF(Base!AV24=\"Féminin\",\"Madame\",\"\")),\"#chr(13)##chr(10)#\",Base!AW24,\" \",Base!AX24, \"#chr(13)##chr(10)#\",Base!AY24,\" \",Base!AZ24, \"#chr(13)##chr(10)#\",Base!BA24, \"#chr(13)##chr(10)#\",Base!BB24,\" \",Base!BC24),\"\")","v":""},null,"",null,{"$f":"IF(AND(Base!AT24<200,Base!AT24>99),1,0)","v":1},null,0,{"$f":"Base!BG24","v":"HVS.31J"},{"$f":"Base!BH24& \"#chr(13)##chr(10)#\" &Base!BI24","v":"Forfait S3 HVS Martigny - HVS Sion#chr(13)##chr(10)#Trajet simple journée (08h00-20h00)"},null,{"$f":"Base!BJ24","v":1},{"$f":"Base!BK24","v":440},{"$f":"IF(Base!BL24=\"\",\"\",Base!BL24)","v":""},null,{"$f":"Base!BM24","v":440},null,null,{"$f":"IF(Base!H24=\"Uvrier\",3018,VLOOKUP(FQ26,$GV$2:$GX$7,FM26+1,0))","v":3018},0,0,null,0,null,null,null,null,null,"Libre","BS - 94",null,"BU - 73 - aff",0,null,null,null,null,null,null,null,null,null,null,null,null,null,null,null,null,null,null,null,null,null,null,null,null,null,null,null,null,null,null,null,null,null,{"$f":"Base!AH24&\", \"&Base!AI24","v":"Baudin, Joseph Arsène"},{"$f":"Base!AN24&\" \"&Base!AO24&\", \"&Base!AK24&\" \"&Base!AL24","v":"1912 Leytron, Rouatope 7"},{"$f":"CONCATENATE(TEXT(DATE(YEAR(Base!AJ24),MONTH(Base!AJ24),DAY(Base!AJ24)),\"jj.mm.aaaa\"),\", \",FN26,IF(Base!D24=\"\",\"\",\" - \"),Base!D24)","v":"21.01.1931, 756.1189.6460.05 - 2192705/14"},{"$f":"Base!AR24","v":"Mutuel Assurance Maladie SA"},{"$f":"LEFT(Base!J24,10)","v":"2022-01-14"},{"$f":"CONCATENATE(Base!L24,IF(Base!L24=0,\"\",\", \"),Base!M24,\" \",Base!N24,\", \",Base!P24,\" \",Base!Q24)","v":"Hôpital de Martigny, Avenue de la Fusion 27, 1920 Martigny"},{"$f":"CONCATENATE(Base!V24,\", \",Base!Z24,\" \",Base!AA24,\", \",Base!W24,\" \",Base!X24)","v":"Hôpital de Sion, 1950 Sion, Avenue du Grand-Champsec 80"},null,{"$f":"CONCATENATE(RIGHT(LEFT(Base!J24,16),5),\" - \",RIGHT(LEFT(Base!K24,16),5))","v":"14:47 - 16:51"},{"$f":"Base!AF24&\" - \"&Base!I24","v":"Maladie - S3"},null,null,null,null,null,null,null,null,null,null,null,null,null,null,null,null,null,null,{"$f":"Base!H24","v":"Uvrier"},2,null,null,null,null,null,null,null,null,null,2,null,null,null,null,null,null,null,null,null,null,null,null,null,null,null,null,null,null,null,null,null,{"$f":"IF(Base!U24=\"Privée\",2,1)","v":2},{"$f":"IF(OR(LEFT(Base!AS24,1)=\"1\",LEFT(Base!AS24)=\"2\"),RIGHT(Base!AS24,LEN(Base!AS24)-1),Base!AS24)","v":"756.1189.6460.05"},{"$f":"Base!AU24","v":"Établissement"},{"$f":"OR(CONCATENATE(Base!AW24,Base!AX24)=CONCATENATE(Base!AH24,Base!AI24),FO26=\"Établissement\")","v":true},{"$f":"Base!I24","v":"S3"}]
[{"$f":"Base!A25","v":3465},{"$f":"20","v":20},{"$f":"Base!B25","v":"2022-01-28"},null,{"$f":"Base!AE25","v":"VS22001490"},null,null,null,null,null,"<AUTO>",null,null,null,null,"URL (Libre)",null,null,{"$f":"Base!E25&\" - \"&Base!H25&\" - \"&Base!D25","v":"15027 - Uvrier - 2825246/1"},{"$f":"IF(AND(Base!AT25<1000,Base!AT25>99),Base!AT25,IF(FO27=\"Établissement\",VALUE(CONCATENATE(LEN(SUBSTITUTE(V27,\" \",\"\")),LEN(V27),AA27,COLUMN(INDIRECT(LEFT(V27,1)&1)),LEN(SUBSTITUTE(V27,\"-\",\"\")))),IF(FN27=\"\",VALUE(CONCATENATE(COLUMN(INDIRECT(LEFT(W27,1)&1)),COLUMN(INDIRECT(LEFT(X27,1)&1)),AO27,CODE(AA27))),VALUE(SUBSTITUTE(SUBSTITUTE(SUBSTITUTE(FN27,\".\",\"\"),\" \",\"\"),\"-\",\"\")))))","v":101},null,{"$f":"SUBSTITUTE(IF(Base!BF25=0,\"\",Base!BF25),\" (facturation)\",\"\")","v":"Hôpital du Valais - Direction des Finances/Service des fournisseurs"},{"$f":"IF(Base!AW25=0,\"\",Base!AH25)","v":""},{"$f":"IF(Base!AX25=0,\"\",Base!AI25)","v":""},{"$f":"IF(Base!AW25=0,Base!AY25&\" \"&Base!AZ25,Base!AK25&\" \"&Base!AL25)","v":"Avenue Grand-Champsec 86"},{"$f":"IF(IF(Base!AW25=0,Base!BA25,Base!AM25)=0,\"\",IF(Base!AW25=0,Base!BA25,Base!AM25))","v":"Case postale 696"},{"$f":"IF(Base!AW25=0,Base!BB25,Base!AN25)","v":1951},{"$f":"IF(Base!AW25=0,Base!BC25,Base!AO25)","v":"Sion"},null,null,null,null,null,null,null,null,null,null,null,null,{"$f":"Base!AJ25","v":"2003-07-06"},{"$f":"IF(FO27=\"Établissement\",\"\",IF(Base!AG25=\"Masculin\",\"Monsieur\",IF(Base!AG25=\"Féminin\",\"Madame\",\"\")))","v":""},{"$f":"IF(FP27=FALSE,CONCATENATE(IF(Base!AV25=\"Masculin\",\"Monsieur\",IF(Base!AV25=\"Féminin\",\"Madame\",\"\")),\"#chr(13)##chr(10)#\",Base!AW25,\" \",Base!AX25, \"#chr(13)##chr(10)#\",Base!AY25,\" \",Base!AZ25, \"#chr(13)##chr(10)#\",Base!BA25, \"#chr(13)##chr(10)#\",Base!BB25,\" \",Base!BC25),\"\")","v":""},null,"",null,{"$f":"IF(AND(Base!AT25<200,Base!AT25>99),1,0)","v":1},null,0,{"$f":"Base!BG25","v":"HVS.311N"},{"$f":"Base!BH25& \"#chr(13)##chr(10)#\" &Base!BI25","v":"Forfait S3 HVS Martigny - HRC Rennaz#chr(13)##chr(10)#Trajet simple nuit (20h00-08h00) ou dimanches et jours fériés"},null,{"$f":"Base!BJ25","v":1},{"$f":"Base!BK25","v":735},{"$f":"IF(Base!BL25=\"\",\"\",Base!BL25)","v":""},null,{"$f":"Base!BM25","v":735},null,null,{"$f":"IF(Base!H25=\"Uvrier\",3018,VLOOKUP(FQ27,$GV$2:$GX$7,FM27+1,0))","v":3018},0,0,null,0,null,null,null,null,null,"Libre","BS - 95",null,"BU - 73 - aff",0,null,null,null,null,null,null,null,null,null,null,null,null,null,null,null,null,null,null,null,null,null,null,null,null,null,null,null,null,null,null,null,null,null,{"$f":"Base!AH25&\", \"&Base!AI25","v":"Trombert, Corentin"},{"$f":"Base!AN25&\" \"&Base!AO25&\", \"&Base!AK25&\" \"&Base!AL25","v":"1873 Val-d'Illiez, Chemin des Chamois 1"},{"$f":"CONCATENATE(TEXT(DATE(YEAR(Base!AJ25),MONTH(Base!AJ25),DAY(Base!AJ25)),\"jj.mm.aaaa\"),\", \",FN27,IF(Base!D25=\"\",\"\",\" - \"),Base!D25)","v":"06.07.2003, 756.2875.3109.34 - 2825246/1"},{"$f":"Base!AR25","v":"SUVA Sion "},{"$f":"LEFT(Base!J25,10)","v":"2022-01-14"},{"$f":"CONCATENATE(Base!L25,IF(Base!L25=0,\"\",\", \"),Base!M25,\" \",Base!N25,\", \",Base!P25,\" \",Base!Q25)","v":"Hôpital de Martigny, Avenue de la Fusion 27, 1920 Martigny"},{"$f":"CONCATENATE(Base!V25,\", \",Base!Z25,\" \",Base!AA25,\", \",Base!W25,\" \",Base!X25)","v":"Hôpital Riviera-Chablais (HRC), 1847 Rennaz, Route du Vieux-Séquoia 20"},null,{"$f":"CONCATENATE(RIGHT(LEFT(Base!J25,16),5),\" - \",RIGHT(LEFT(Base!K25,16),5))","v":"20:52 - 22:28"},{"$f":"Base!AF25&\" - \"&Base!I25","v":"Accident - S3"},null,null,null,null,null,null,null,null,null,null,null,null,null,null,null,null,null,null,{"$f":"Base!H25","v":"Uvrier"},2,null,null,null,null,null,null,null,null,null,2,null,null,null,null,null,null,null,null,null,null,null,null,null,null,null,null,null,null,null,null,null,{"$f":"IF(Base!U25=\"Privée\",2,1)","v":2},{"$f":"IF(OR(LEFT(Base!AS25,1)=\"1\",LEFT(Base!AS25)=\"2\"),RIGHT(Base!AS25,LEN(Base!AS25)-1),Base!AS25)","v":"756.2875.3109.34"},{"$f":"Base!AU25","v":"Établissement"},{"$f":"OR(CONCATENATE(Base!AW25,Base!AX25)=CONCATENATE(Base!AH25,Base!AI25),FO27=\"Établissement\")","v":true},{"$f":"Base!I25","v":"S3"}]
[{"$f":"Base!A26","v":3466},{"$f":"20","v":20},{"$f":"Base!B26","v":"2022-01-28"},null,{"$f":"Base!AE26","v":"VS22001492"},null,null,null,null,null,"<AUTO>",null,null,null,null,"URL (Libre)",null,null,{"$f":"Base!E26&\" - \"&Base!H26&\" - \"&Base!D26","v":"15029 - Uvrier - "},{"$f":"IF(AND(Base!AT26<1000,Base!AT26>99),Base!AT26,IF(FO28=\"Établissement\",VALUE(CONCATENATE(LEN(SUBSTITUTE(V28,\" \",\"\")),LEN(V28),AA28,COLUMN(INDIRECT(LEFT(V28,1)&1)),LEN(SUBSTITUTE(V28,\"-\",\"\")))),IF(FN28=\"\",VALUE(CONCATENATE(COLUMN(INDIRECT(LEFT(W28,1)&1)),COLUMN(INDIRECT(LEFT(X28,1)&1)),AO28,CODE(AA28))),VALUE(SUBSTITUTE(SUBSTITUTE(SUBSTITUTE(FN28,\".\",\"\"),\" \",\"\"),\"-\",\"\")))))","v":7560768655667},null,{"$f":"SUBSTITUTE(IF(Base!BF26=0,\"\",Base!BF26),\" (facturation)\",\"\")","v":""},{"$f":"IF(Base!AW26=0,\"\",Base!AH26)","v":"Bovard"},{"$f":"IF(Base!AX26=0,\"\",Base!AI26)","v":"Kay Margaret Edith"},{"$f":"IF(Base!AW26=0,Base!AY26&\" \"&Base!AZ26,Base!AK26&\" \"&Base!AL26)","v":"Rue du Centre Sportif 40"},{"$f":"IF(IF(Base!AW26=0,Base!BA26,Base!AM26)=0,\"\",IF(Base!AW26=0,Base!BA26,Base!AM26))","v":""},{"$f":"IF(Base!AW26=0,Base!BB26,Base!AN26)","v":1936},{"$f":"IF(Base!AW26=0,Base!BC26,Base!AO26)","v":"Verbier"},null,null,null,null,null,null,null,null,null,null,null,null,{"$f":"Base!AJ26","v":"1985-01-22"},{"$f":"IF(FO28=\"Établissement\",\"\",IF(Base!AG26=\"Masculin\",\"Monsieur\",IF(Base!AG26=\"Féminin\",\"Madame\",\"\")))","v":"Madame"},{"$f":"IF(FP28=FALSE,CONCATENATE(IF(Base!AV26=\"Masculin\",\"Monsieur\",IF(Base!AV26=\"Féminin\",\"Madame\",\"\")),\"#chr(13)##chr(10)#\",Base!AW26,\" \",Base!AX26, \"#chr(13)##chr(10)#\",Base!AY26,\" \",Base!AZ26, \"#chr(13)##chr(10)#\",Base!BA26, \"#chr(13)##chr(10)#\",Base!BB26,\" \",Base!BC26),\"\")","v":""},null,"Madame",null,{"$f":"IF(AND(Base!AT26<200,Base!AT26>99),1,0)","v":0},null,0,{"$f":"Base!BG26","v":"HVS.KM7"},{"$f":"Base!BH26& \"#chr(13)##chr(10)#\" &Base!BI26","v":"Taxe kilométrique (0 à 50 km)#chr(13)##chr(10)#"},null,{"$f":"Base!BJ26","v":50},{"$f":"Base!BK26","v":7},{"$f":"IF(Base!BL26=\"\",\"\",Base!BL26)","v":"km"},null,{"$f":"Base!BM26","v":350},null,null,{"$f":"IF(Base!H26=\"Uvrier\",3018,VLOOKUP(FQ28,$GV$2:$GX$7,FM28+1,0))","v":3018},0,0,null,0,null,null,null,null,null,"Libre","BS - 96",null,"BU - 73 - aff",0,null,null,null,null,null,null,null,null,null,null,null,null,null,null,null,null,null,null,null,null,null,null,null,null,null,null,null,null,null,null,null,null,null,{"$f":"Base!AH26&\", \"&Base!AI26","v":"Bovard, Kay Margaret Edith"},{"$f":"Base!AN26&\" \"&Base!AO26&\", \"&Base!AK26&\" \"&Base!AL26","v":"1936 Verbier, Rue du Centre Sportif 40"},{"$f":"CONCATENATE(TEXT(DATE(YEAR(Base!AJ26),MONTH(Base!AJ26),DAY(Base!AJ26)),\"jj.mm.aaaa\"),\", \",FN28,IF(Base!D26=\"\",\"\",\" - \"),Base!D26)","v":"22.01.1985, 756.0768.6556.67"},{"$f":"Base!AR26","v":"Assura-Basis SA"},{"$f":"LEFT(Base!J26,10)","v":"2022-01-14"},{"$f":"CONCATENATE(Base!L26,IF(Base!L26=0,\"\",\", \"),Base!M26,\" \",Base!N26,\", \",Base!P26,\" \",Base!Q26)","v":"Réseau Fribourgeois de Santé Mentale (RFSM) Fribourg, Chemin du Cardinal-Journet 3, 1752 Villars-sur-Glâne"},{"$f":"CONCATENATE(Base!V26,\", \",Base!Z26,\" \",Base!AA26,\", \",Base!W26,\" \",Base!X26)","v":"Hôpital de Malévoz, 1870 Monthey, Route de Morgins 10"},null,{"$f":"CONCATENATE(RIGHT(LEFT(Base!J26,16),5),\" - \",RIGHT(LEFT(Base!K26,16),5))","v":"22:29 - 01:12"},{"$f":"Base!AF26&\" - \"&Base!I26","v":"Maladie - S3"},null,null,null,null,null,null,null,null,null,null,null,null,null,null,null,null,null,null,{"$f":"Base!H26","v":"Uvrier"},2,null,null,null,null,null,null,null,null,null,2,null,null,null,null,null,null,null,null,null,null,null,null,null,null,null,null,null,null,null,null,null,{"$f":"IF(Base!U26=\"Privée\",2,1)","v":2},{"$f":"IF(OR(LEFT(Base!AS26,1)=\"1\",LEFT(Base!AS26)=\"2\"),RIGHT(Base!AS26,LEN(Base!AS26)-1),Base!AS26)","v":"756.0768.6556.67"},{"$f":"Base!AU26","v":"Personne"},{"$f":"OR(CONCATENATE(Base!AW26,Base!AX26)=CONCATENATE(Base!AH26,Base!AI26),FO28=\"Établissement\")","v":true},{"$f":"Base!I26","v":"S3"}]
[{"$f":"Base!A27","v":3466},{"$f":"20","v":20},{"$f":"Base!B27","v":"2022-01-28"},null,{"$f":"Base!AE27","v":"VS22001492"},null,null,null,null,null,"<AUTO>",null,null,null,null,"URL (Libre)",null,null,{"$f":"Base!E27&\" - \"&Base!H27&\" - \"&Base!D27","v":"15029 - Uvrier - "},{"$f":"IF(AND(Base!AT27<1000,Base!AT27>99),Base!AT27,IF(FO29=\"Établissement\",VALUE(CONCATENATE(LEN(SUBSTITUTE(V29,\" \",\"\")),LEN(V29),AA29,COLUMN(INDIRECT(LEFT(V29,1)&1)),LEN(SUBSTITUTE(V29,\"-\",\"\")))),IF(FN29=\"\",VALUE(CONCATENATE(COLUMN(INDIRECT(LEFT(W29,1)&1)),COLUMN(INDIRECT(LEFT(X29,1)&1)),AO29,CODE(AA29))),VALUE(SUBSTITUTE(SUBSTITUTE(SUBSTITUTE(FN29,\".\",\"\"),\" \",\"\"),\"-\",\"\")))))","v":7560768655667},null,{"$f":"SUBSTITUTE(IF(Base!BF27=0,\"\",Base!BF27),\" (facturation)\",\"\")","v":""},{"$f":"IF(Base!AW27=0,\"\",Base!AH27)","v":"Bovard"},{"$f":"IF(Base!AX27=0,\"\",Base!AI27)","v":"Kay Margaret Edith"},{"$f":"IF(Base!AW27=0,Base!AY27&\" \"&Base!AZ27,Base!AK27&\" \"&Base!AL27)","v":"Rue du Centre Sportif 40"},{"$f":"IF(IF(Base!AW27=0,Base!BA27,Base!AM27)=0,\"\",IF(Base!AW27=0,Base!BA27,Base!AM27))","v":""},{"$f":"IF(Base!AW27=0,Base!BB27,Base!AN27)","v":1936},{"$f":"IF(Base!AW27=0,Base!BC27,Base!AO27)","v":"Verbier"},null,null,null,null,null,null,null,null,null,null,null,null,{"$f":"Base!AJ27","v":"1985-01-22"},{"$f":"IF(FO29=\"Établissement\",\"\",IF(Base!AG27=\"Masculin\",\"Monsieur\",IF(Base!AG27=\"Féminin\",\"Madame\",\"\")))","v":"Madame"},{"$f":"IF(FP29=FALSE,CONCATENATE(IF(Base!AV27=\"Masculin\",\"Monsieur\",IF(Base!AV27=\"Féminin\",\"Madame\",\"\")),\"#chr(13)##chr(10)#\",Base!AW27,\" \",Base!AX27, \"#chr(13)##chr(10)#\",Base!AY27,\" \",Base!AZ27, \"#chr(13)##chr(10)#\",Base!BA27, \"#chr(13)##chr(10)#\",Base!BB27,\" \",Base!BC27),\"\")","v":""},null,"Madame",null,{"$f":"IF(AND(Base!AT27<200,Base!AT27>99),1,0)","v":0},null,0,{"$f":"Base!BG27","v":"HVS.KM6"},{"$f":"Base!BH27& \"#chr(13)##chr(10)#\" &Base!BI27","v":"Taxe kilométrique (51 à 100 km)#chr(13)##chr(10)#"},null,{"$f":"Base!BJ27","v":50},{"$f":"Base!BK27","v":6},{"$f":"IF(Base!BL27=\"\",\"\",Base!BL27)","v":"km"},null,{"$f":"Base!BM27","v":300},null,null,{"$f":"IF(Base!H27=\"Uvrier\",3018,VLOOKUP(FQ29,$GV$2:$GX$7,FM29+1,0))","v":3018},0,0,null,0,null,null,null,null,null,"Libre","BS - 97",null,"BU - 73 - aff",0,null,null,null,null,null,null,null,null,null,null,null,null,null,null,null,null,null,null,null,null,null,null,null,null,null,null,null,null,null,null,null,null,null,{"$f":"Base!AH27&\", \"&Base!AI27","v":"Bovard, Kay Margaret Edith"},{"$f":"Base!AN27&\" \"&Base!AO27&\", \"&Base!AK27&\" \"&Base!AL27","v":"1936 Verbier, Rue du Centre Sportif 40"},{"$f":"CONCATENATE(TEXT(DATE(YEAR(Base!AJ27),MONTH(Base!AJ27),DAY(Base!AJ27)),\"jj.mm.aaaa\"),\", \",FN29,IF(Base!D27=\"\",\"\",\" - \"),Base!D27)","v":"22.01.1985, 756.0768.6556.67"},{"$f":"Base!AR27","v":"Assura-Basis SA"},{"$f":"LEFT(Base!J27,10)","v":"2022-01-14"},{"$f":"CONCATENATE(Base!L27,IF(Base!L27=0,\"\",\", \"),Base!M27,\" \",Base!N27,\", \",Base!P27,\" \",Base!Q27)","v":"Réseau Fribourgeois de Santé Mentale (RFSM) Fribourg, Chemin du Cardinal-Journet 3, 1752 Villars-sur-Glâne"},{"$f":"CONCATENATE(Base!V27,\", \",Base!Z27,\" \",Base!AA27,\", \",Base!W27,\" \",Base!X27)","v":"Hôpital de Malévoz, 1870 Monthey, Route de Morgins 10"},null,{"$f":"CONCATENATE(RIGHT(LEFT(Base!J27,16),5),\" - \",RIGHT(LEFT(Base!K27,16),5))","v":"22:29 - 01:12"},{"$f":"Base!AF27&\" - \"&Base!I27","v":"Maladie - S3"},null,null,null,null,null,null,null,null,null,null,null,null,null,null,null,null,null,null,{"$f":"Base!H27","v":"Uvrier"},2,null,null,null,null,null,null,null,null,null,2,null,null,null,null,null,null,null,null,null,null,null,null,null,null,null,null,null,null,null,null,null,{"$f":"IF(Base!U27=\"Privée\",2,1)","v":2},{"$f":"IF(OR(LEFT(Base!AS27,1)=\"1\",LEFT(Base!AS27)=\"2\"),RIGHT(Base!AS27,LEN(Base!AS27)-1),Base!AS27)","v":"756.0768.6556.67"},{"$f":"Base!AU27","v":"Personne"},{"$f":"OR(CONCATENATE(Base!AW27,Base!AX27)=CONCATENATE(Base!AH27,Base!AI27),FO29=\"Établissement\")","v":true},{"$f":"Base!I27","v":"S3"}]
[{"$f":"Base!A28","v":3466},{"$f":"20","v":20},{"$f":"Base!B28","v":"2022-01-28"},null,{"$f":"Base!AE28","v":"VS22001492"},null,null,null,null,null,"<AUTO>",null,null,null,null,"URL (Libre)",null,null,{"$f":"Base!E28&\" - \"&Base!H28&\" - \"&Base!D28","v":"15029 - Uvrier - "},{"$f":"IF(AND(Base!AT28<1000,Base!AT28>99),Base!AT28,IF(FO30=\"Établissement\",VALUE(CONCATENATE(LEN(SUBSTITUTE(V30,\" \",\"\")),LEN(V30),AA30,COLUMN(INDIRECT(LEFT(V30,1)&1)),LEN(SUBSTITUTE(V30,\"-\",\"\")))),IF(FN30=\"\",VALUE(CONCATENATE(COLUMN(INDIRECT(LEFT(W30,1)&1)),COLUMN(INDIRECT(LEFT(X30,1)&1)),AO30,CODE(AA30))),VALUE(SUBSTITUTE(SUBSTITUTE(SUBSTITUTE(FN30,\".\",\"\"),\" \",\"\"),\"-\",\"\")))))","v":7560768655667},null,{"$f":"SUBSTITUTE(IF(Base!BF28=0,\"\",Base!BF28),\" (facturation)\",\"\")","v":""},{"$f":"IF(Base!AW28=0,\"\",Base!AH28)","v":"Bovard"},{"$f":"IF(Base!AX28=0,\"\",Base!AI28)","v":"Kay Margaret Edith"},{"$f":"IF(Base!AW28=0,Base!AY28&\" \"&Base!AZ28,Base!AK28&\" \"&Base!AL28)","v":"Rue du Centre Sportif 40"},{"$f":"IF(IF(Base!AW28=0,Base!BA28,Base!AM28)=0,\"\",IF(Base!AW28=0,Base!BA28,Base!AM28))","v":""},{"$f":"IF(Base!AW28=0,Base!BB28,Base!AN28)","v":1936},{"$f":"IF(Base!AW28=0,Base!BC28,Base!AO28)","v":"Verbier"},null,null,null,null,null,null,null,null,null,null,null,null,{"$f":"Base!AJ28","v":"1985-01-22"},{"$f":"IF(FO30=\"Établissement\",\"\",IF(Base!AG28=\"Masculin\",\"Monsieur\",IF(Base!AG28=\"Féminin\",\"Madame\",\"\")))","v":"Madame"},{"$f":"IF(FP30=FALSE,CONCATENATE(IF(Base!AV28=\"Masculin\",\"Monsieur\",IF(Base!AV28=\"Féminin\",\"Madame\",\"\")),\"#chr(13)##chr(10)#\",Base!AW28,\" \",Base!AX28, \"#chr(13)##chr(10)#\",Base!AY28,\" \",Base!AZ28, \"#chr(13)##chr(10)#\",Base!BA28, \"#chr(13)##chr(10)#\",Base!BB28,\" \",Base!BC28),\"\")","v":""},null,"Madame",null,{"$f":"IF(AND(Base!AT28<200,Base!AT28>99),1,0)","v":0},null,0,{"$f":"Base!BG28","v":"HVS.KM5"},{"$f":"Base!BH28& \"#chr(13)##chr(10)#\" &Base!BI28","v":"Taxe kilométrique (dès 101 km)#chr(13)##chr(10)#"},null,{"$f":"Base!BJ28","v":62},{"$f":"Base!BK28","v":5},{"$f":"IF(Base!BL28=\"\",\"\",Base!BL28)","v":"km"},null,{"$f":"Base!BM28","v":310},null,null,{"$f":"IF(Base!H28=\"Uvrier\",3018,VLOOKUP(FQ30,$GV$2:$GX$7,FM30+1,0))","v":3018},0,0,null,0,null,null,null,null,null,"Libre","BS - 98",null,"BU - 73 - aff",0,null,null,null,null,null,null,null,null,null,null,null,null,null,null,null,null,null,null,null,null,null,null,null,null,null,null,null,null,null,null,null,null,null,{"$f":"Base!AH28&\", \"&Base!AI28","v":"Bovard, Kay Margaret Edith"},{"$f":"Base!AN28&\" \"&Base!AO28&\", \"&Base!AK28&\" \"&Base!AL28","v":"1936 Verbier, Rue du Centre Sportif 40"},{"$f":"CONCATENATE(TEXT(DATE(YEAR(Base!AJ28),MONTH(Base!AJ28),DAY(Base!AJ28)),\"jj.mm.aaaa\"),\", \",FN30,IF(Base!D28=\"\",\"\",\" - \"),Base!D28)","v":"22.01.1985, 756.0768.6556.67"},{"$f":"Base!AR28","v":"Assura-Basis SA"},{"$f":"LEFT(Base!J28,10)","v":"2022-01-14"},{"$f":"CONCATENATE(Base!L28,IF(Base!L28=0,\"\",\", \"),Base!M28,\" \",Base!N28,\", \",Base!P28,\" \",Base!Q28)","v":"Réseau Fribourgeois de Santé Mentale (RFSM) Fribourg, Chemin du Cardinal-Journet 3, 1752 Villars-sur-Glâne"},{"$f":"CONCATENATE(Base!V28,\", \",Base!Z28,\" \",Base!AA28,\", \",Base!W28,\" \",Base!X28)","v":"Hôpital de Malévoz, 1870 Monthey, Route de Morgins 10"},null,{"$f":"CONCATENATE(RIGHT(LEFT(Base!J28,16),5),\" - \",RIGHT(LEFT(Base!K28,16),5))","v":"22:29 - 01:12"},{"$f":"Base!AF28&\" - \"&Base!I28","v":"Maladie - S3"},null,null,null,null,null,null,null,null,null,null,null,null,null,null,null,null,null,null,{"$f":"Base!H28","v":"Uvrier"},2,null,null,null,null,null,null,null,null,null,2,null,null,null,null,null,null,null,null,null,null,null,null,null,null,null,null,null,null,null,null,null,{"$f":"IF(Base!U28=\"Privée\",2,1)","v":2},{"$f":"IF(OR(LEFT(Base!AS28,1)=\"1\",LEFT(Base!AS28)=\"2\"),RIGHT(Base!AS28,LEN(Base!AS28)-1),Base!AS28)","v":"756.0768.6556.67"},{"$f":"Base!AU28","v":"Personne"},{"$f":"OR(CONCATENATE(Base!AW28,Base!AX28)=CONCATENATE(Base!AH28,Base!AI28),FO30=\"Établissement\")","v":true},{"$f":"Base!I28","v":"S3"}]
[{"$f":"Base!A29","v":3466},{"$f":"20","v":20},{"$f":"Base!B29","v":"2022-01-28"},null,{"$f":"Base!AE29","v":"VS22001492"},null,null,null,null,null,"<AUTO>",null,null,null,null,"URL (Libre)",null,null,{"$f":"Base!E29&\" - \"&Base!H29&\" - \"&Base!D29","v":"15029 - Uvrier - "},{"$f":"IF(AND(Base!AT29<1000,Base!AT29>99),Base!AT29,IF(FO31=\"Établissement\",VALUE(CONCATENATE(LEN(SUBSTITUTE(V31,\" \",\"\")),LEN(V31),AA31,COLUMN(INDIRECT(LEFT(V31,1)&1)),LEN(SUBSTITUTE(V31,\"-\",\"\")))),IF(FN31=\"\",VALUE(CONCATENATE(COLUMN(INDIRECT(LEFT(W31,1)&1)),COLUMN(INDIRECT(LEFT(X31,1)&1)),AO31,CODE(AA31))),VALUE(SUBSTITUTE(SUBSTITUTE(SUBSTITUTE(FN31,\".\",\"\"),\" \",\"\"),\"-\",\"\")))))","v":7560768655667},null,{"$f":"SUBSTITUTE(IF(Base!BF29=0,\"\",Base!BF29),\" (facturation)\",\"\")","v":""},{"$f":"IF(Base!AW29=0,\"\",Base!AH29)","v":"Bovard"},{"$f":"IF(Base!AX29=0,\"\",Base!AI29)","v":"Kay Margaret Edith"},{"$f":"IF(Base!AW29=0,Base!AY29&\" \"&Base!AZ29,Base!AK29&\" \"&Base!AL29)","v":"Rue du Centre Sportif 40"},{"$f":"IF(IF(Base!AW29=0,Base!BA29,Base!AM29)=0,\"\",IF(Base!AW29=0,Base!BA29,Base!AM29))","v":""},{"$f":"IF(Base!AW29=0,Base!BB29,Base!AN29)","v":1936},{"$f":"IF(Base!AW29=0,Base!BC29,Base!AO29)","v":"Verbier"},null,null,null,null,null,null,null,null,null,null,null,null,{"$f":"Base!AJ29","v":"1985-01-22"},{"$f":"IF(FO31=\"Établissement\",\"\",IF(Base!AG29=\"Masculin\",\"Monsieur\",IF(Base!AG29=\"Féminin\",\"Madame\",\"\")))","v":"Madame"},{"$f":"IF(FP31=FALSE,CONCATENATE(IF(Base!AV29=\"Masculin\",\"Monsieur\",IF(Base!AV29=\"Féminin\",\"Madame\",\"\")),\"#chr(13)##chr(10)#\",Base!AW29,\" \",Base!AX29, \"#chr(13)##chr(10)#\",Base!AY29,\" \",Base!AZ29, \"#chr(13)##chr(10)#\",Base!BA29, \"#chr(13)##chr(10)#\",Base!BB29,\" \",Base!BC29),\"\")","v":""},null,"Madame",null,{"$f":"IF(AND(Base!AT29<200,Base!AT29>99),1,0)","v":0},null,0,{"$f":"Base!BG29","v":"CLN.9431"},{"$f":"Base!BH29& \"#chr(13)##chr(10)#\" &Base!BI29","v":"Supplément de nuit  20h00-08h00#chr(13)##chr(10)#50% sur CHF 960.00"},null,{"$f":"Base!BJ29","v":1},{"$f":"Base!BK29","v":480},{"$f":"IF(Base!BL29=\"\",\"\",Base!BL29)","v":""},null,{"$f":"Base!BM29","v":480},null,null,{"$f":"IF(Base!H29=\"Uvrier\",3018,VLOOKUP(FQ31,$GV$2:$GX$7,FM31+1,0))","v":3018},0,0,null,0,null,null,null,null,null,"Libre","BS - 99",null,"BU - 73 - aff",0,null,null,null,null,null,null,null,null,null,null,null,null,null,null,null,null,null,null,null,null,null,null,null,null,null,null,null,null,null,null,null,null,null,{"$f":"Base!AH29&\", \"&Base!AI29","v":"Bovard, Kay Margaret Edith"},{"$f":"Base!AN29&\" \"&Base!AO29&\", \"&Base!AK29&\" \"&Base!AL29","v":"1936 Verbier, Rue du Centre Sportif 40"},{"$f":"CONCATENATE(TEXT(DATE(YEAR(Base!AJ29),MONTH(Base!AJ29),DAY(Base!AJ29)),\"jj.mm.aaaa\"),\", \",FN31,IF(Base!D29=\"\",\"\",\" - \"),Base!D29)","v":"22.01.1985, 756.0768.6556.67"},{"$f":"Base!AR29","v":"Assura-Basis SA"},{"$f":"LEFT(Base!J29,10)","v":"2022-01-14"},{"$f":"CONCATENATE(Base!L29,IF(Base!L29=0,\"\",\", \"),Base!M29,\" \",Base!N29,\", \",Base!P29,\" \",Base!Q29)","v":"Réseau Fribourgeois de Santé Mentale (RFSM) Fribourg, Chemin du Cardinal-Journet 3, 1752 Villars-sur-Glâne"},{"$f":"CONCATENATE(Base!V29,\", \",Base!Z29,\" \",Base!AA29,\", \",Base!W29,\" \",Base!X29)","v":"Hôpital de Malévoz, 1870 Monthey, Route de Morgins 10"},null,{"$f":"CONCATENATE(RIGHT(LEFT(Base!J29,16),5),\" - \",RIGHT(LEFT(Base!K29,16),5))","v":"22:29 - 01:12"},{"$f":"Base!AF29&\" - \"&Base!I29","v":"Maladie - S3"},null,null,null,null,null,null,null,null,null,null,null,null,null,null,null,null,null,null,{"$f":"Base!H29","v":"Uvrier"},2,null,null,null,null,null,null,null,null,null,2,null,null,null,null,null,null,null,null,null,null,null,null,null,null,null,null,null,null,null,null,null,{"$f":"IF(Base!U29=\"Privée\",2,1)","v":2},{"$f":"IF(OR(LEFT(Base!AS29,1)=\"1\",LEFT(Base!AS29)=\"2\"),RIGHT(Base!AS29,LEN(Base!AS29)-1),Base!AS29)","v":"756.0768.6556.67"},{"$f":"Base!AU29","v":"Personne"},{"$f":"OR(CONCATENATE(Base!AW29,Base!AX29)=CONCATENATE(Base!AH29,Base!AI29),FO31=\"Établissement\")","v":true},{"$f":"Base!I29","v":"S3"}]
[{"$f":"Base!A30","v":3467},{"$f":"20","v":20},{"$f":"Base!B30","v":"2022-01-28"},null,{"$f":"Base!AE30","v":"VS22001502"},null,null,null,null,null,"<AUTO>",null,null,null,null,"URL (Libre)",null,null,{"$f":"Base!E30&\" - \"&Base!H30&\" - \"&Base!D30","v":"15038 - Uvrier - 2216576/18"},{"$f":"IF(AND(Base!AT30<1000,Base!AT30>99),Base!AT30,IF(FO32=\"Établissement\",VALUE(CONCATENATE(LEN(SUBSTITUTE(V32,\" \",\"\")),LEN(V32),AA32,COLUMN(INDIRECT(LEFT(V32,1)&1)),LEN(SUBSTITUTE(V32,\"-\",\"\")))),IF(FN32=\"\",VALUE(CONCATENATE(COLUMN(INDIRECT(LEFT(W32,1)&1)),COLUMN(INDIRECT(LEFT(X32,1)&1)),AO32,CODE(AA32))),VALUE(SUBSTITUTE(SUBSTITUTE(SUBSTITUTE(FN32,\".\",\"\"),\" \",\"\"),\"-\",\"\")))))","v":101},null,{"$f":"SUBSTITUTE(IF(Base!BF30=0,\"\",Base!BF30),\" (facturation)\",\"\")","v":"Hôpital du Valais - Direction des Finances/Service des fournisseurs"},{"$f":"IF(Base!AW30=0,\"\",Base!AH30)","v":""},{"$f":"IF(Base!AX30=0,\"\",Base!AI30)","v":""},{"$f":"IF(Base!AW30=0,Base!AY30&\" \"&Base!AZ30,Base!AK30&\" \"&Base!AL30)","v":"Avenue Grand-Champsec 86"},{"$f":"IF(IF(Base!AW30=0,Base!BA30,Base!AM30)=0,\"\",IF(Base!AW30=0,Base!BA30,Base!AM30))","v":"Case postale 696"},{"$f":"IF(Base!AW30=0,Base!BB30,Base!AN30)","v":1951},{"$f":"IF(Base!AW30=0,Base!BC30,Base!AO30)","v":"Sion"},null,null,null,null,null,null,null,null,null,null,null,null,{"$f":"Base!AJ30","v":"1943-07-29"},{"$f":"IF(FO32=\"Établissement\",\"\",IF(Base!AG30=\"Masculin\",\"Monsieur\",IF(Base!AG30=\"Féminin\",\"Madame\",\"\")))","v":""},{"$f":"IF(FP32=FALSE,CONCATENATE(IF(Base!AV30=\"Masculin\",\"Monsieur\",IF(Base!AV30=\"Féminin\",\"Madame\",\"\")),\"#chr(13)##chr(10)#\",Base!AW30,\" \",Base!AX30, \"#chr(13)##chr(10)#\",Base!AY30,\" \",Base!AZ30, \"#chr(13)##chr(10)#\",Base!BA30, \"#chr(13)##chr(10)#\",Base!BB30,\" \",Base!BC30),\"\")","v":""},null,"",null,{"$f":"IF(AND(Base!AT30<200,Base!AT30>99),1,0)","v":1},null,0,{"$f":"Base!BG30","v":"HVS.13N"},{"$f":"Base!BH30& \"#chr(13)##chr(10)#\" &Base!BI30","v":"Forfait S3 HVS Sion - HVS Martigny#chr(13)##chr(10)#Trajet simple nuit (20h00-08h00) ou dimanches et jours fériés"},null,{"$f":"Base!BJ30","v":1},{"$f":"Base!BK30","v":660},{"$f":"IF(Base!BL30=\"\",\"\",Base!BL30)","v":""},null,{"$f":"Base!BM30","v":660},null,null,{"$f":"IF(Base!H30=\"Uvrier\",3018,VLOOKUP(FQ32,$GV$2:$GX$7,FM32+1,0))","v":3018},0,0,null,0,null,null,null,null,null,"Libre","BS - 100",null,"BU - 73 - aff",0,null,null,null,null,null,null,null,null,null,null,null,null,null,null,null,null,null,null,null,null,null,null,null,null,null,null,null,null,null,null,null,null,null,{"$f":"Base!AH30&\", \"&Base!AI30","v":"Jeanneret-Grosjean, Marie-Claire Virginie"},{"$f":"Base!AN30&\" \"&Base!AO30&\", \"&Base!AK30&\" \"&Base!AL30","v":"3979 Grône, Route de Névoliec 16"},{"$f":"CONCATENATE(TEXT(DATE(YEAR(Base!AJ30),MONTH(Base!AJ30),DAY(Base!AJ30)),\"jj.mm.aaaa\"),\", \",FN32,IF(Base!D30=\"\",\"\",\" - \"),Base!D30)","v":"29.07.1943, 756.0206.5848.70 - 2216576/18"},{"$f":"Base!AR30","v":"Mutuel Assurances SA"},{"$f":"LEFT(Base!J30,10)","v":"2022-01-15"},{"$f":"CONCATENATE(Base!L30,IF(Base!L30=0,\"\",\", \"),Base!M30,\" \",Base!N30,\", \",Base!P30,\" \",Base!Q30)","v":"Hôpital de Sion, Avenue du Grand-Champsec 80, 1950 Sion"},{"$f":"CONCATENATE(Base!V30,\", \",Base!Z30,\" \",Base!AA30,\", \",Base!W30,\" \",Base!X30)","v":"Hôpital de Martigny, 1920 Martigny, Avenue de la Fusion 27"},null,{"$f":"CONCATENATE(RIGHT(LEFT(Base!J30,16),5),\" - \",RIGHT(LEFT(Base!K30,16),5))","v":"01:13 - 02:52"},{"$f":"Base!AF30&\" - \"&Base!I30","v":"Accident - S3"},null,null,null,null,null,null,null,null,null,null,null,null,null,null,null,null,null,null,{"$f":"Base!H30","v":"Uvrier"},2,null,null,null,null,null,null,null,null,null,2,null,null,null,null,null,null,null,null,null,null,null,null,null,null,null,null,null,null,null,null,null,{"$f":"IF(Base!U30=\"Privée\",2,1)","v":2},{"$f":"IF(OR(LEFT(Base!AS30,1)=\"1\",LEFT(Base!AS30)=\"2\"),RIGHT(Base!AS30,LEN(Base!AS30)-1),Base!AS30)","v":"756.0206.5848.70"},{"$f":"Base!AU30","v":"Établissement"},{"$f":"OR(CONCATENATE(Base!AW30,Base!AX30)=CONCATENATE(Base!AH30,Base!AI30),FO32=\"Établissement\")","v":true},{"$f":"Base!I30","v":"S3"}]
[{"$f":"Base!A31","v":3468},{"$f":"20","v":20},{"$f":"Base!B31","v":"2022-01-28"},null,{"$f":"Base!AE31","v":"VS22001540"},null,null,null,null,null,"<AUTO>",null,null,null,null,"URL (Libre)",null,null,{"$f":"Base!E31&\" - \"&Base!H31&\" - \"&Base!D31","v":"15076 - Uvrier - 2158234/19"},{"$f":"IF(AND(Base!AT31<1000,Base!AT31>99),Base!AT31,IF(FO33=\"Établissement\",VALUE(CONCATENATE(LEN(SUBSTITUTE(V33,\" \",\"\")),LEN(V33),AA33,COLUMN(INDIRECT(LEFT(V33,1)&1)),LEN(SUBSTITUTE(V33,\"-\",\"\")))),IF(FN33=\"\",VALUE(CONCATENATE(COLUMN(INDIRECT(LEFT(W33,1)&1)),COLUMN(INDIRECT(LEFT(X33,1)&1)),AO33,CODE(AA33))),VALUE(SUBSTITUTE(SUBSTITUTE(SUBSTITUTE(FN33,\".\",\"\"),\" \",\"\"),\"-\",\"\")))))","v":101},null,{"$f":"SUBSTITUTE(IF(Base!BF31=0,\"\",Base!BF31),\" (facturation)\",\"\")","v":"Hôpital du Valais - Direction des Finances/Service des fournisseurs"},{"$f":"IF(Base!AW31=0,\"\",Base!AH31)","v":""},{"$f":"IF(Base!AX31=0,\"\",Base!AI31)","v":""},{"$f":"IF(Base!AW31=0,Base!AY31&\" \"&Base!AZ31,Base!AK31&\" \"&Base!AL31)","v":"Avenue Grand-Champsec 86"},{"$f":"IF(IF(Base!AW31=0,Base!BA31,Base!AM31)=0,\"\",IF(Base!AW31=0,Base!BA31,Base!AM31))","v":"Case postale 696"},{"$f":"IF(Base!AW31=0,Base!BB31,Base!AN31)","v":1951},{"$f":"IF(Base!AW31=0,Base!BC31,Base!AO31)","v":"Sion"},null,null,null,null,null,null,null,null,null,null,null,null,{"$f":"Base!AJ31","v":"1944-01-16"},{"$f":"IF(FO33=\"Établissement\",\"\",IF(Base!AG31=\"Masculin\",\"Monsieur\",IF(Base!AG31=\"Féminin\",\"Madame\",\"\")))","v":""},{"$f":"IF(FP33=FALSE,CONCATENATE(IF(Base!AV31=\"Masculin\",\"Monsieur\",IF(Base!AV31=\"Féminin\",\"Madame\",\"\")),\"#chr(13)##chr(10)#\",Base!AW31,\" \",Base!AX31, \"#chr(13)##chr(10)#\",Base!AY31,\" \",Base!AZ31, \"#chr(13)##chr(10)#\",Base!BA31, \"#chr(13)##chr(10)#\",Base!BB31,\" \",Base!BC31),\"\")","v":""},null,"",null,{"$f":"IF(AND(Base!AT31<200,Base!AT31>99),1,0)","v":1},null,0,{"$f":"Base!BG31","v":"HVS.13J"},{"$f":"Base!BH31& \"#chr(13)##chr(10)#\" &Base!BI31","v":"Forfait S3 HVS Sion - HVS Martigny#chr(13)##chr(10)#Trajet simple journée (08h00-20h00)"},null,{"$f":"Base!BJ31","v":1},{"$f":"Base!BK31","v":440},{"$f":"IF(Base!BL31=\"\",\"\",Base!BL31)","v":""},null,{"$f":"Base!BM31","v":440},null,null,{"$f":"IF(Base!H31=\"Uvrier\",3018,VLOOKUP(FQ33,$GV$2:$GX$7,FM33+1,0))","v":3018},0,0,null,0,null,null,null,null,null,"Libre","BS - 101",null,"BU - 73 - aff",0,null,null,null,null,null,null,null,null,null,null,null,null,null,null,null,null,null,null,null,null,null,null,null,null,null,null,null,null,null,null,null,null,null,{"$f":"Base!AH31&\", \"&Base!AI31","v":"Roserens, Charly"},{"$f":"Base!AN31&\" \"&Base!AO31&\", \"&Base!AK31&\" \"&Base!AL31","v":"1926 Fully, Rue de la Poste 15"},{"$f":"CONCATENATE(TEXT(DATE(YEAR(Base!AJ31),MONTH(Base!AJ31),DAY(Base!AJ31)),\"jj.mm.aaaa\"),\", \",FN33,IF(Base!D31=\"\",\"\",\" - \"),Base!D31)","v":"16.01.1944, 756.7096.1049.42 - 2158234/19"},{"$f":"Base!AR31","v":"Moove Sympany AG"},{"$f":"LEFT(Base!J31,10)","v":"2022-01-15"},{"$f":"CONCATENATE(Base!L31,IF(Base!L31=0,\"\",\", \"),Base!M31,\" \",Base!N31,\", \",Base!P31,\" \",Base!Q31)","v":"Hôpital de Sion, Avenue du Grand-Champsec 80, 1950 Sion"},{"$f":"CONCATENATE(Base!V31,\", \",Base!Z31,\" \",Base!AA31,\", \",Base!W31,\" \",Base!X31)","v":"Hôpital de Martigny, 1920 Martigny, Avenue de la Fusion 27"},null,{"$f":"CONCATENATE(RIGHT(LEFT(Base!J31,16),5),\" - \",RIGHT(LEFT(Base!K31,16),5))","v":"12:31 - 14:01"},{"$f":"Base!AF31&\" - \"&Base!I31","v":"Maladie - S3"},null,null,null,null,null,null,null,null,null,null,null,null,null,null,null,null,null,null,{"$f":"Base!H31","v":"Uvrier"},2,null,null,null,null,null,null,null,null,null,2,null,null,null,null,null,null,null,null,null,null,null,null,null,null,null,null,null,null,null,null,null,{"$f":"IF(Base!U31=\"Privée\",2,1)","v":2},{"$f":"IF(OR(LEFT(Base!AS31,1)=\"1\",LEFT(Base!AS31)=\"2\"),RIGHT(Base!AS31,LEN(Base!AS31)-1),Base!AS31)","v":"756.7096.1049.42"},{"$f":"Base!AU31","v":"Établissement"},{"$f":"OR(CONCATENATE(Base!AW31,Base!AX31)=CONCATENATE(Base!AH31,Base!AI31),FO33=\"Établissement\")","v":true},{"$f":"Base!I31","v":"S3"}]
[{"$f":"Base!A32","v":3653},{"$f":"20","v":20},{"$f":"Base!B32","v":"2022-01-28"},null,{"$f":"Base!AE32","v":"VS22001565"},null,null,null,null,null,"<AUTO>",null,null,null,null,"URL (Libre)",null,null,{"$f":"Base!E32&\" - \"&Base!H32&\" - \"&Base!D32","v":"15100 - Uvrier - 2007260/15"},{"$f":"IF(AND(Base!AT32<1000,Base!AT32>99),Base!AT32,IF(FO34=\"Établissement\",VALUE(CONCATENATE(LEN(SUBSTITUTE(V34,\" \",\"\")),LEN(V34),AA34,COLUMN(INDIRECT(LEFT(V34,1)&1)),LEN(SUBSTITUTE(V34,\"-\",\"\")))),IF(FN34=\"\",VALUE(CONCATENATE(COLUMN(INDIRECT(LEFT(W34,1)&1)),COLUMN(INDIRECT(LEFT(X34,1)&1)),AO34,CODE(AA34))),VALUE(SUBSTITUTE(SUBSTITUTE(SUBSTITUTE(FN34,\".\",\"\"),\" \",\"\"),\"-\",\"\")))))","v":101},null,{"$f":"SUBSTITUTE(IF(Base!BF32=0,\"\",Base!BF32),\" (facturation)\",\"\")","v":"Hôpital du Valais - Direction des Finances/Service des fournisseurs"},{"$f":"IF(Base!AW32=0,\"\",Base!AH32)","v":""},{"$f":"IF(Base!AX32=0,\"\",Base!AI32)","v":""},{"$f":"IF(Base!AW32=0,Base!AY32&\" \"&Base!AZ32,Base!AK32&\" \"&Base!AL32)","v":"Avenue Grand-Champsec 86"},{"$f":"IF(IF(Base!AW32=0,Base!BA32,Base!AM32)=0,\"\",IF(Base!AW32=0,Base!BA32,Base!AM32))","v":"Case postale 696"},{"$f":"IF(Base!AW32=0,Base!BB32,Base!AN32)","v":1951},{"$f":"IF(Base!AW32=0,Base!BC32,Base!AO32)","v":"Sion"},null,null,null,null,null,null,null,null,null,null,null,null,{"$f":"Base!AJ32","v":"1932-01-14"},{"$f":"IF(FO34=\"Établissement\",\"\",IF(Base!AG32=\"Masculin\",\"Monsieur\",IF(Base!AG32=\"Féminin\",\"Madame\",\"\")))","v":""},{"$f":"IF(FP34=FALSE,CONCATENATE(IF(Base!AV32=\"Masculin\",\"Monsieur\",IF(Base!AV32=\"Féminin\",\"Madame\",\"\")),\"#chr(13)##chr(10)#\",Base!AW32,\" \",Base!AX32, \"#chr(13)##chr(10)#\",Base!AY32,\" \",Base!AZ32, \"#chr(13)##chr(10)#\",Base!BA32, \"#chr(13)##chr(10)#\",Base!BB32,\" \",Base!BC32),\"\")","v":""},null,"",null,{"$f":"IF(AND(Base!AT32<200,Base!AT32>99),1,0)","v":1},null,0,{"$f":"Base!BG32","v":"HVS.25J"},{"$f":"Base!BH32& \"#chr(13)##chr(10)#\" &Base!BI32","v":"Forfait S3 HVS Sierre - SZO Visp avec attente et retour#chr(13)##chr(10)#Trajet simple journée (08h00-20h00)"},null,{"$f":"Base!BJ32","v":1},{"$f":"Base!BK32","v":458},{"$f":"IF(Base!BL32=\"\",\"\",Base!BL32)","v":""},null,{"$f":"Base!BM32","v":458},null,null,{"$f":"IF(Base!H32=\"Uvrier\",3018,VLOOKUP(FQ34,$GV$2:$GX$7,FM34+1,0))","v":3018},0,0,null,0,null,null,null,null,null,"Libre","BS - 102",null,"BU - 73 - aff",0,null,null,null,null,null,null,null,null,null,null,null,null,null,null,null,null,null,null,null,null,null,null,null,null,null,null,null,null,null,null,null,null,null,{"$f":"Base!AH32&\", \"&Base!AI32","v":"Chambovey, Edmond"},{"$f":"Base!AN32&\" \"&Base!AO32&\", \"&Base!AK32&\" \"&Base!AL32","v":"1950 Sion, Rue de Lausanne 56"},{"$f":"CONCATENATE(TEXT(DATE(YEAR(Base!AJ32),MONTH(Base!AJ32),DAY(Base!AJ32)),\"jj.mm.aaaa\"),\", \",FN34,IF(Base!D32=\"\",\"\",\" - \"),Base!D32)","v":"14.01.1932, 756.2764.7444.37 - 2007260/15"},{"$f":"Base!AR32","v":"CSS Kranken- Versicherung AG"},{"$f":"LEFT(Base!J32,10)","v":"2022-01-15"},{"$f":"CONCATENATE(Base!L32,IF(Base!L32=0,\"\",\", \"),Base!M32,\" \",Base!N32,\", \",Base!P32,\" \",Base!Q32)","v":"Hôpital de Sierre, Rue Saint-Charles 14, 3960 Sierre"},{"$f":"CONCATENATE(Base!V32,\", \",Base!Z32,\" \",Base!AA32,\", \",Base!W32,\" \",Base!X32)","v":"Hôpital de Viège, 3930 Visp, Pflanzettastrasse 10"},null,{"$f":"CONCATENATE(RIGHT(LEFT(Base!J32,16),5),\" - \",RIGHT(LEFT(Base!K32,16),5))","v":"14:26 - 17:55"},{"$f":"Base!AF32&\" - \"&Base!I32","v":"Maladie - S3"},null,null,null,null,null,null,null,null,null,null,null,null,null,null,null,null,null,null,{"$f":"Base!H32","v":"Uvrier"},2,null,null,null,null,null,null,null,null,null,2,null,null,null,null,null,null,null,null,null,null,null,null,null,null,null,null,null,null,null,null,null,{"$f":"IF(Base!U32=\"Privée\",2,1)","v":2},{"$f":"IF(OR(LEFT(Base!AS32,1)=\"1\",LEFT(Base!AS32)=\"2\"),RIGHT(Base!AS32,LEN(Base!AS32)-1),Base!AS32)","v":"756.2764.7444.37"},{"$f":"Base!AU32","v":"Établissement"},{"$f":"OR(CONCATENATE(Base!AW32,Base!AX32)=CONCATENATE(Base!AH32,Base!AI32),FO34=\"Établissement\")","v":true},{"$f":"Base!I32","v":"S3"}]
[{"$f":"Base!A33","v":3653},{"$f":"20","v":20},{"$f":"Base!B33","v":"2022-01-28"},null,{"$f":"Base!AE33","v":"VS22001565"},null,null,null,null,null,"<AUTO>",null,null,null,null,"URL (Libre)",null,null,{"$f":"Base!E33&\" - \"&Base!H33&\" - \"&Base!D33","v":"15100 - Uvrier - 2007260/15"},{"$f":"IF(AND(Base!AT33<1000,Base!AT33>99),Base!AT33,IF(FO35=\"Établissement\",VALUE(CONCATENATE(LEN(SUBSTITUTE(V35,\" \",\"\")),LEN(V35),AA35,COLUMN(INDIRECT(LEFT(V35,1)&1)),LEN(SUBSTITUTE(V35,\"-\",\"\")))),IF(FN35=\"\",VALUE(CONCATENATE(COLUMN(INDIRECT(LEFT(W35,1)&1)),COLUMN(INDIRECT(LEFT(X35,1)&1)),AO35,CODE(AA35))),VALUE(SUBSTITUTE(SUBSTITUTE(SUBSTITUTE(FN35,\".\",\"\"),\" \",\"\"),\"-\",\"\")))))","v":101},null,{"$f":"SUBSTITUTE(IF(Base!BF33=0,\"\",Base!BF33),\" (facturation)\",\"\")","v":"Hôpital du Valais - Direction des Finances/Service des fournisseurs"},{"$f":"IF(Base!AW33=0,\"\",Base!AH33)","v":""},{"$f":"IF(Base!AX33=0,\"\",Base!AI33)","v":""},{"$f":"IF(Base!AW33=0,Base!AY33&\" \"&Base!AZ33,Base!AK33&\" \"&Base!AL33)","v":"Avenue Grand-Champsec 86"},{"$f":"IF(IF(Base!AW33=0,Base!BA33,Base!AM33)=0,\"\",IF(Base!AW33=0,Base!BA33,Base!AM33))","v":"Case postale 696"},{"$f":"IF(Base!AW33=0,Base!BB33,Base!AN33)","v":1951},{"$f":"IF(Base!AW33=0,Base!BC33,Base!AO33)","v":"Sion"},null,null,null,null,null,null,null,null,null,null,null,null,{"$f":"Base!AJ33","v":"1932-01-14"},{"$f":"IF(FO35=\"Établissement\",\"\",IF(Base!AG33=\"Masculin\",\"Monsieur\",IF(Base!AG33=\"Féminin\",\"Madame\",\"\")))","v":""},{"$f":"IF(FP35=FALSE,CONCATENATE(IF(Base!AV33=\"Masculin\",\"Monsieur\",IF(Base!AV33=\"Féminin\",\"Madame\",\"\")),\"#chr(13)##chr(10)#\",Base!AW33,\" \",Base!AX33, \"#chr(13)##chr(10)#\",Base!AY33,\" \",Base!AZ33, \"#chr(13)##chr(10)#\",Base!BA33, \"#chr(13)##chr(10)#\",Base!BB33,\" \",Base!BC33),\"\")","v":""},null,"",null,{"$f":"IF(AND(Base!AT33<200,Base!AT33>99),1,0)","v":1},null,0,{"$f":"Base!BG33","v":0},{"$f":"Base!BH33& \"#chr(13)##chr(10)#\" &Base!BI33","v":"Y compris 30 minutes d'attente à Visp avant le retour sur Sierre#chr(13)##chr(10)#"},null,{"$f":"Base!BJ33","v":0},{"$f":"Base!BK33","v":0},{"$f":"IF(Base!BL33=\"\",\"\",Base!BL33)","v":""},null,{"$f":"Base!BM33","v":0},null,null,{"$f":"IF(Base!H33=\"Uvrier\",3018,VLOOKUP(FQ35,$GV$2:$GX$7,FM35+1,0))","v":3018},0,0,null,0,null,null,null,null,null,"Libre","BS - 103",null,"BU - 73 - aff",0,null,null,null,null,null,null,null,null,null,null,null,null,null,null,null,null,null,null,null,null,null,null,null,null,null,null,null,null,null,null,null,null,null,{"$f":"Base!AH33&\", \"&Base!AI33","v":"Chambovey, Edmond"},{"$f":"Base!AN33&\" \"&Base!AO33&\", \"&Base!AK33&\" \"&Base!AL33","v":"1950 Sion, Rue de Lausanne 56"},{"$f":"CONCATENATE(TEXT(DATE(YEAR(Base!AJ33),MONTH(Base!AJ33),DAY(Base!AJ33)),\"jj.mm.aaaa\"),\", \",FN35,IF(Base!D33=\"\",\"\",\" - \"),Base!D33)","v":"14.01.1932, 756.2764.7444.37 - 2007260/15"},{"$f":"Base!AR33","v":"CSS Kranken- Versicherung AG"},{"$f":"LEFT(Base!J33,10)","v":"2022-01-15"},{"$f":"CONCATENATE(Base!L33,IF(Base!L33=0,\"\",\", \"),Base!M33,\" \",Base!N33,\", \",Base!P33,\" \",Base!Q33)","v":"Hôpital de Sierre, Rue Saint-Charles 14, 3960 Sierre"},{"$f":"CONCATENATE(Base!V33,\", \",Base!Z33,\" \",Base!AA33,\", \",Base!W33,\" \",Base!X33)","v":"Hôpital de Viège, 3930 Visp, Pflanzettastrasse 10"},null,{"$f":"CONCATENATE(RIGHT(LEFT(Base!J33,16),5),\" - \",RIGHT(LEFT(Base!K33,16),5))","v":"14:26 - 17:55"},{"$f":"Base!AF33&\" - \"&Base!I33","v":"Maladie - S3"},null,null,null,null,null,null,null,null,null,null,null,null,null,null,null,null,null,null,{"$f":"Base!H33","v":"Uvrier"},2,null,null,null,null,null,null,null,null,null,2,null,null,null,null,null,null,null,null,null,null,null,null,null,null,null,null,null,null,null,null,null,{"$f":"IF(Base!U33=\"Privée\",2,1)","v":2},{"$f":"IF(OR(LEFT(Base!AS33,1)=\"1\",LEFT(Base!AS33)=\"2\"),RIGHT(Base!AS33,LEN(Base!AS33)-1),Base!AS33)","v":"756.2764.7444.37"},{"$f":"Base!AU33","v":"Établissement"},{"$f":"OR(CONCATENATE(Base!AW33,Base!AX33)=CONCATENATE(Base!AH33,Base!AI33),FO35=\"Établissement\")","v":true},{"$f":"Base!I33","v":"S3"}]
[{"$f":"Base!A34","v":3654},{"$f":"20","v":20},{"$f":"Base!B34","v":"2022-01-28"},null,{"$f":"Base!AE34","v":"VS22001602"},null,null,null,null,null,"<AUTO>",null,null,null,null,"URL (Libre)",null,null,{"$f":"Base!E34&\" - \"&Base!H34&\" - \"&Base!D34","v":"15134 - Uvrier - "},{"$f":"IF(AND(Base!AT34<1000,Base!AT34>99),Base!AT34,IF(FO36=\"Établissement\",VALUE(CONCATENATE(LEN(SUBSTITUTE(V36,\" \",\"\")),LEN(V36),AA36,COLUMN(INDIRECT(LEFT(V36,1)&1)),LEN(SUBSTITUTE(V36,\"-\",\"\")))),IF(FN36=\"\",VALUE(CONCATENATE(COLUMN(INDIRECT(LEFT(W36,1)&1)),COLUMN(INDIRECT(LEFT(X36,1)&1)),AO36,CODE(AA36))),VALUE(SUBSTITUTE(SUBSTITUTE(SUBSTITUTE(FN36,\".\",\"\"),\" \",\"\"),\"-\",\"\")))))","v":7568271619879},null,{"$f":"SUBSTITUTE(IF(Base!BF34=0,\"\",Base!BF34),\" (facturation)\",\"\")","v":""},{"$f":"IF(Base!AW34=0,\"\",Base!AH34)","v":"Ridray"},{"$f":"IF(Base!AX34=0,\"\",Base!AI34)","v":"Sofia"},{"$f":"IF(Base!AW34=0,Base!AY34&\" \"&Base!AZ34,Base!AK34&\" \"&Base!AL34)","v":"Avenue de Chanel 14"},{"$f":"IF(IF(Base!AW34=0,Base!BA34,Base!AM34)=0,\"\",IF(Base!AW34=0,Base!BA34,Base!AM34))","v":""},{"$f":"IF(Base!AW34=0,Base!BB34,Base!AN34)","v":1110},{"$f":"IF(Base!AW34=0,Base!BC34,Base!AO34)","v":"Morges"},null,null,null,null,null,null,null,null,null,null,null,null,{"$f":"Base!AJ34","v":"1995-09-25"},{"$f":"IF(FO36=\"Établissement\",\"\",IF(Base!AG34=\"Masculin\",\"Monsieur\",IF(Base!AG34=\"Féminin\",\"Madame\",\"\")))","v":"Madame"},{"$f":"IF(FP36=FALSE,CONCATENATE(IF(Base!AV34=\"Masculin\",\"Monsieur\",IF(Base!AV34=\"Féminin\",\"Madame\",\"\")),\"#chr(13)##chr(10)#\",Base!AW34,\" \",Base!AX34, \"#chr(13)##chr(10)#\",Base!AY34,\" \",Base!AZ34, \"#chr(13)##chr(10)#\",Base!BA34, \"#chr(13)##chr(10)#\",Base!BB34,\" \",Base!BC34),\"\")","v":""},null,"Madame",null,{"$f":"IF(AND(Base!AT34<200,Base!AT34>99),1,0)","v":0},null,0,{"$f":"Base!BG34","v":"FKM8"},{"$f":"Base!BH34& \"#chr(13)##chr(10)#\" &Base!BI34","v":"Forfait kilométrique#chr(13)##chr(10)#"},null,{"$f":"Base!BJ34","v":328},{"$f":"Base!BK34","v":8},{"$f":"IF(Base!BL34=\"\",\"\",Base!BL34)","v":"km"},null,{"$f":"Base!BM34","v":2624},null,null,{"$f":"IF(Base!H34=\"Uvrier\",3018,VLOOKUP(FQ36,$GV$2:$GX$7,FM36+1,0))","v":3018},0,0,null,0,null,null,null,null,null,"Libre","BS - 104",null,"BU - 73 - aff",0,null,null,null,null,null,null,null,null,null,null,null,null,null,null,null,null,null,null,null,null,null,null,null,null,null,null,null,null,null,null,null,null,null,{"$f":"Base!AH34&\", \"&Base!AI34","v":"Ridray, Sofia"},{"$f":"Base!AN34&\" \"&Base!AO34&\", \"&Base!AK34&\" \"&Base!AL34","v":"1110 Morges, Avenue de Chanel 14"},{"$f":"CONCATENATE(TEXT(DATE(YEAR(Base!AJ34),MONTH(Base!AJ34),DAY(Base!AJ34)),\"jj.mm.aaaa\"),\", \",FN36,IF(Base!D34=\"\",\"\",\" - \"),Base!D34)","v":"25.09.1995, 756.8271.6198.79"},{"$f":"Base!AR34","v":"AXA Assurances SA"},{"$f":"LEFT(Base!J34,10)","v":"2022-01-15"},{"$f":"CONCATENATE(Base!L34,IF(Base!L34=0,\"\",\", \"),Base!M34,\" \",Base!N34,\", \",Base!P34,\" \",Base!Q34)","v":"Hôpital de Sion, Avenue du Grand-Champsec 80, 1950 Sion"},{"$f":"CONCATENATE(Base!V34,\", \",Base!Z34,\" \",Base!AA34,\", \",Base!W34,\" \",Base!X34)","v":"HUG Hôpital universitaire de Genève, 1205 Genève, Rue Gabrielle-Perret-Gentil 4"},null,{"$f":"CONCATENATE(RIGHT(LEFT(Base!J34,16),5),\" - \",RIGHT(LEFT(Base!K34,16),5))","v":"19:25 - 01:02"},{"$f":"Base!AF34&\" - \"&Base!I34","v":"Accident - S3"},null,null,null,null,null,null,null,null,null,null,null,null,null,null,null,null,null,null,{"$f":"Base!H34","v":"Uvrier"},2,null,null,null,null,null,null,null,null,null,2,null,null,null,null,null,null,null,null,null,null,null,null,null,null,null,null,null,null,null,null,null,{"$f":"IF(Base!U34=\"Privée\",2,1)","v":2},{"$f":"IF(OR(LEFT(Base!AS34,1)=\"1\",LEFT(Base!AS34)=\"2\"),RIGHT(Base!AS34,LEN(Base!AS34)-1),Base!AS34)","v":"756.8271.6198.79"},{"$f":"Base!AU34","v":"Personne"},{"$f":"OR(CONCATENATE(Base!AW34,Base!AX34)=CONCATENATE(Base!AH34,Base!AI34),FO36=\"Établissement\")","v":true},{"$f":"Base!I34","v":"S3"}]
[{"$f":"Base!A35","v":3655},{"$f":"20","v":20},{"$f":"Base!B35","v":"2022-01-28"},null,{"$f":"Base!AE35","v":"VS22001614"},null,null,null,null,null,"<AUTO>",null,null,null,null,"URL (Libre)",null,null,{"$f":"Base!E35&\" - \"&Base!H35&\" - \"&Base!D35","v":"15146 - Uvrier - 2825352/1"},{"$f":"IF(AND(Base!AT35<1000,Base!AT35>99),Base!AT35,IF(FO37=\"Établissement\",VALUE(CONCATENATE(LEN(SUBSTITUTE(V37,\" \",\"\")),LEN(V37),AA37,COLUMN(INDIRECT(LEFT(V37,1)&1)),LEN(SUBSTITUTE(V37,\"-\",\"\")))),IF(FN37=\"\",VALUE(CONCATENATE(COLUMN(INDIRECT(LEFT(W37,1)&1)),COLUMN(INDIRECT(LEFT(X37,1)&1)),AO37,CODE(AA37))),VALUE(SUBSTITUTE(SUBSTITUTE(SUBSTITUTE(FN37,\".\",\"\"),\" \",\"\"),\"-\",\"\")))))","v":101},null,{"$f":"SUBSTITUTE(IF(Base!BF35=0,\"\",Base!BF35),\" (facturation)\",\"\")","v":"Hôpital du Valais - Direction des Finances/Service des fournisseurs"},{"$f":"IF(Base!AW35=0,\"\",Base!AH35)","v":""},{"$f":"IF(Base!AX35=0,\"\",Base!AI35)","v":""},{"$f":"IF(Base!AW35=0,Base!AY35&\" \"&Base!AZ35,Base!AK35&\" \"&Base!AL35)","v":"Avenue Grand-Champsec 86"},{"$f":"IF(IF(Base!AW35=0,Base!BA35,Base!AM35)=0,\"\",IF(Base!AW35=0,Base!BA35,Base!AM35))","v":"Case postale 696"},{"$f":"IF(Base!AW35=0,Base!BB35,Base!AN35)","v":1951},{"$f":"IF(Base!AW35=0,Base!BC35,Base!AO35)","v":"Sion"},null,null,null,null,null,null,null,null,null,null,null,null,{"$f":"Base!AJ35","v":"1973-04-27"},{"$f":"IF(FO37=\"Établissement\",\"\",IF(Base!AG35=\"Masculin\",\"Monsieur\",IF(Base!AG35=\"Féminin\",\"Madame\",\"\")))","v":""},{"$f":"IF(FP37=FALSE,CONCATENATE(IF(Base!AV35=\"Masculin\",\"Monsieur\",IF(Base!AV35=\"Féminin\",\"Madame\",\"\")),\"#chr(13)##chr(10)#\",Base!AW35,\" \",Base!AX35, \"#chr(13)##chr(10)#\",Base!AY35,\" \",Base!AZ35, \"#chr(13)##chr(10)#\",Base!BA35, \"#chr(13)##chr(10)#\",Base!BB35,\" \",Base!BC35),\"\")","v":""},null,"",null,{"$f":"IF(AND(Base!AT35<200,Base!AT35>99),1,0)","v":1},null,0,{"$f":"Base!BG35","v":"HVS.112N"},{"$f":"Base!BH35& \"#chr(13)##chr(10)#\" &Base!BI35","v":"Forfait S3 HVS Sion - Clinique Générale Beaulieu Genève#chr(13)##chr(10)#Trajet simple nuit (20h00-08h00) ou dimanches et jours fériés"},null,{"$f":"Base!BJ35","v":1},{"$f":"Base!BK35","v":2693},{"$f":"IF(Base!BL35=\"\",\"\",Base!BL35)","v":""},null,{"$f":"Base!BM35","v":2693},null,null,{"$f":"IF(Base!H35=\"Uvrier\",3018,VLOOKUP(FQ37,$GV$2:$GX$7,FM37+1,0))","v":3018},0,0,null,0,null,null,null,null,null,"Libre","BS - 105",null,"BU - 73 - aff",0,null,null,null,null,null,null,null,null,null,null,null,null,null,null,null,null,null,null,null,null,null,null,null,null,null,null,null,null,null,null,null,null,null,{"$f":"Base!AH35&\", \"&Base!AI35","v":"Alarcon, Serge"},{"$f":"Base!AN35&\" \"&Base!AO35&\", \"&Base!AK35&\" \"&Base!AL35","v":"1224 Chêne-Bougeries, Chemin du Pré-du-Couvent 2B"},{"$f":"CONCATENATE(TEXT(DATE(YEAR(Base!AJ35),MONTH(Base!AJ35),DAY(Base!AJ35)),\"jj.mm.aaaa\"),\", \",FN37,IF(Base!D35=\"\",\"\",\" - \"),Base!D35)","v":"27.04.1973, 756.9259.1032.29 - 2825352/1"},{"$f":"Base!AR35","v":"GENERALI Assurances Générales SA"},{"$f":"LEFT(Base!J35,10)","v":"2022-01-16"},{"$f":"CONCATENATE(Base!L35,IF(Base!L35=0,\"\",\", \"),Base!M35,\" \",Base!N35,\", \",Base!P35,\" \",Base!Q35)","v":"Hôpital de Sion, Avenue du Grand-Champsec 80, 1950 Sion"},{"$f":"CONCATENATE(Base!V35,\", \",Base!Z35,\" \",Base!AA35,\", \",Base!W35,\" \",Base!X35)","v":"Clinique Générale Beaulieu, 1206 Genève, Chemin de Beau-Soleil 20"},null,{"$f":"CONCATENATE(RIGHT(LEFT(Base!J35,16),5),\" - \",RIGHT(LEFT(Base!K35,16),5))","v":"01:03 - 05:46"},{"$f":"Base!AF35&\" - \"&Base!I35","v":"Accident - S3"},null,null,null,null,null,null,null,null,null,null,null,null,null,null,null,null,null,null,{"$f":"Base!H35","v":"Uvrier"},2,null,null,null,null,null,null,null,null,null,2,null,null,null,null,null,null,null,null,null,null,null,null,null,null,null,null,null,null,null,null,null,{"$f":"IF(Base!U35=\"Privée\",2,1)","v":2},{"$f":"IF(OR(LEFT(Base!AS35,1)=\"1\",LEFT(Base!AS35)=\"2\"),RIGHT(Base!AS35,LEN(Base!AS35)-1),Base!AS35)","v":"756.9259.1032.29"},{"$f":"Base!AU35","v":"Établissement"},{"$f":"OR(CONCATENATE(Base!AW35,Base!AX35)=CONCATENATE(Base!AH35,Base!AI35),FO37=\"Établissement\")","v":true},{"$f":"Base!I35","v":"S3"}]
[{"$f":"Base!A36","v":3656},{"$f":"20","v":20},{"$f":"Base!B36","v":"2022-01-28"},null,{"$f":"Base!AE36","v":"VS22001662"},null,null,null,null,null,"<AUTO>",null,null,null,null,"URL (Libre)",null,null,{"$f":"Base!E36&\" - \"&Base!H36&\" - \"&Base!D36","v":"15194 - Uvrier - 2077081/23"},{"$f":"IF(AND(Base!AT36<1000,Base!AT36>99),Base!AT36,IF(FO38=\"Établissement\",VALUE(CONCATENATE(LEN(SUBSTITUTE(V38,\" \",\"\")),LEN(V38),AA38,COLUMN(INDIRECT(LEFT(V38,1)&1)),LEN(SUBSTITUTE(V38,\"-\",\"\")))),IF(FN38=\"\",VALUE(CONCATENATE(COLUMN(INDIRECT(LEFT(W38,1)&1)),COLUMN(INDIRECT(LEFT(X38,1)&1)),AO38,CODE(AA38))),VALUE(SUBSTITUTE(SUBSTITUTE(SUBSTITUTE(FN38,\".\",\"\"),\" \",\"\"),\"-\",\"\")))))","v":101},null,{"$f":"SUBSTITUTE(IF(Base!BF36=0,\"\",Base!BF36),\" (facturation)\",\"\")","v":"Hôpital du Valais - Direction des Finances/Service des fournisseurs"},{"$f":"IF(Base!AW36=0,\"\",Base!AH36)","v":""},{"$f":"IF(Base!AX36=0,\"\",Base!AI36)","v":""},{"$f":"IF(Base!AW36=0,Base!AY36&\" \"&Base!AZ36,Base!AK36&\" \"&Base!AL36)","v":"Avenue Grand-Champsec 86"},{"$f":"IF(IF(Base!AW36=0,Base!BA36,Base!AM36)=0,\"\",IF(Base!AW36=0,Base!BA36,Base!AM36))","v":"Case postale 696"},{"$f":"IF(Base!AW36=0,Base!BB36,Base!AN36)","v":1951},{"$f":"IF(Base!AW36=0,Base!BC36,Base!AO36)","v":"Sion"},null,null,null,null,null,null,null,null,null,null,null,null,{"$f":"Base!AJ36","v":"1950-01-31"},{"$f":"IF(FO38=\"Établissement\",\"\",IF(Base!AG36=\"Masculin\",\"Monsieur\",IF(Base!AG36=\"Féminin\",\"Madame\",\"\")))","v":""},{"$f":"IF(FP38=FALSE,CONCATENATE(IF(Base!AV36=\"Masculin\",\"Monsieur\",IF(Base!AV36=\"Féminin\",\"Madame\",\"\")),\"#chr(13)##chr(10)#\",Base!AW36,\" \",Base!AX36, \"#chr(13)##chr(10)#\",Base!AY36,\" \",Base!AZ36, \"#chr(13)##chr(10)#\",Base!BA36, \"#chr(13)##chr(10)#\",Base!BB36,\" \",Base!BC36),\"\")","v":""},null,"",null,{"$f":"IF(AND(Base!AT36<200,Base!AT36>99),1,0)","v":1},null,0,{"$f":"Base!BG36","v":"HVS.13N"},{"$f":"Base!BH36& \"#chr(13)##chr(10)#\" &Base!BI36","v":"Forfait S3 HVS Sion - HVS Martigny#chr(13)##chr(10)#Trajet simple nuit (20h00-08h00) ou dimanches et jours fériés"},null,{"$f":"Base!BJ36","v":1},{"$f":"Base!BK36","v":660},{"$f":"IF(Base!BL36=\"\",\"\",Base!BL36)","v":""},null,{"$f":"Base!BM36","v":660},null,null,{"$f":"IF(Base!H36=\"Uvrier\",3018,VLOOKUP(FQ38,$GV$2:$GX$7,FM38+1,0))","v":3018},0,0,null,0,null,null,null,null,null,"Libre","BS - 106",null,"BU - 73 - aff",0,null,null,null,null,null,null,null,null,null,null,null,null,null,null,null,null,null,null,null,null,null,null,null,null,null,null,null,null,null,null,null,null,null,{"$f":"Base!AH36&\", \"&Base!AI36","v":"Pannatier, André "},{"$f":"Base!AN36&\" \"&Base!AO36&\", \"&Base!AK36&\" \"&Base!AL36","v":"3960 Sierre, Route de Sion 33"},{"$f":"CONCATENATE(TEXT(DATE(YEAR(Base!AJ36),MONTH(Base!AJ36),DAY(Base!AJ36)),\"jj.mm.aaaa\"),\", \",FN38,IF(Base!D36=\"\",\"\",\" - \"),Base!D36)","v":"31.01.1950, 756.1349.6368.77 - 2077081/23"},{"$f":"Base!AR36","v":"Arcosana AG"},{"$f":"LEFT(Base!J36,10)","v":"2022-01-16"},{"$f":"CONCATENATE(Base!L36,IF(Base!L36=0,\"\",\", \"),Base!M36,\" \",Base!N36,\", \",Base!P36,\" \",Base!Q36)","v":"Hôpital de Sion, Avenue du Grand-Champsec 80, 1950 Sion"},{"$f":"CONCATENATE(Base!V36,\", \",Base!Z36,\" \",Base!AA36,\", \",Base!W36,\" \",Base!X36)","v":"Hôpital de Martigny, 1920 Martigny, Avenue de la Fusion 27"},null,{"$f":"CONCATENATE(RIGHT(LEFT(Base!J36,16),5),\" - \",RIGHT(LEFT(Base!K36,16),5))","v":"13:04 - 14:58"},{"$f":"Base!AF36&\" - \"&Base!I36","v":"Accident - S3"},null,null,null,null,null,null,null,null,null,null,null,null,null,null,null,null,null,null,{"$f":"Base!H36","v":"Uvrier"},2,null,null,null,null,null,null,null,null,null,2,null,null,null,null,null,null,null,null,null,null,null,null,null,null,null,null,null,null,null,null,null,{"$f":"IF(Base!U36=\"Privée\",2,1)","v":2},{"$f":"IF(OR(LEFT(Base!AS36,1)=\"1\",LEFT(Base!AS36)=\"2\"),RIGHT(Base!AS36,LEN(Base!AS36)-1),Base!AS36)","v":"756.1349.6368.77"},{"$f":"Base!AU36","v":"Établissement"},{"$f":"OR(CONCATENATE(Base!AW36,Base!AX36)=CONCATENATE(Base!AH36,Base!AI36),FO38=\"Établissement\")","v":true},{"$f":"Base!I36","v":"S3"}]
[{"$f":"Base!A37","v":3657},{"$f":"20","v":20},{"$f":"Base!B37","v":"2022-01-28"},null,{"$f":"Base!AE37","v":"VS22001670"},null,null,null,null,null,"<AUTO>",null,null,null,null,"URL (Libre)",null,null,{"$f":"Base!E37&\" - \"&Base!H37&\" - \"&Base!D37","v":"15202 - Uvrier - 2163404/21"},{"$f":"IF(AND(Base!AT37<1000,Base!AT37>99),Base!AT37,IF(FO39=\"Établissement\",VALUE(CONCATENATE(LEN(SUBSTITUTE(V39,\" \",\"\")),LEN(V39),AA39,COLUMN(INDIRECT(LEFT(V39,1)&1)),LEN(SUBSTITUTE(V39,\"-\",\"\")))),IF(FN39=\"\",VALUE(CONCATENATE(COLUMN(INDIRECT(LEFT(W39,1)&1)),COLUMN(INDIRECT(LEFT(X39,1)&1)),AO39,CODE(AA39))),VALUE(SUBSTITUTE(SUBSTITUTE(SUBSTITUTE(FN39,\".\",\"\"),\" \",\"\"),\"-\",\"\")))))","v":101},null,{"$f":"SUBSTITUTE(IF(Base!BF37=0,\"\",Base!BF37),\" (facturation)\",\"\")","v":"Hôpital du Valais - Direction des Finances/Service des fournisseurs"},{"$f":"IF(Base!AW37=0,\"\",Base!AH37)","v":""},{"$f":"IF(Base!AX37=0,\"\",Base!AI37)","v":""},{"$f":"IF(Base!AW37=0,Base!AY37&\" \"&Base!AZ37,Base!AK37&\" \"&Base!AL37)","v":"Avenue Grand-Champsec 86"},{"$f":"IF(IF(Base!AW37=0,Base!BA37,Base!AM37)=0,\"\",IF(Base!AW37=0,Base!BA37,Base!AM37))","v":"Case postale 696"},{"$f":"IF(Base!AW37=0,Base!BB37,Base!AN37)","v":1951},{"$f":"IF(Base!AW37=0,Base!BC37,Base!AO37)","v":"Sion"},null,null,null,null,null,null,null,null,null,null,null,null,{"$f":"Base!AJ37","v":"1972-04-11"},{"$f":"IF(FO39=\"Établissement\",\"\",IF(Base!AG37=\"Masculin\",\"Monsieur\",IF(Base!AG37=\"Féminin\",\"Madame\",\"\")))","v":""},{"$f":"IF(FP39=FALSE,CONCATENATE(IF(Base!AV37=\"Masculin\",\"Monsieur\",IF(Base!AV37=\"Féminin\",\"Madame\",\"\")),\"#chr(13)##chr(10)#\",Base!AW37,\" \",Base!AX37, \"#chr(13)##chr(10)#\",Base!AY37,\" \",Base!AZ37, \"#chr(13)##chr(10)#\",Base!BA37, \"#chr(13)##chr(10)#\",Base!BB37,\" \",Base!BC37),\"\")","v":""},null,"",null,{"$f":"IF(AND(Base!AT37<200,Base!AT37>99),1,0)","v":1},null,0,{"$f":"Base!BG37","v":"HVS.31N"},{"$f":"Base!BH37& \"#chr(13)##chr(10)#\" &Base!BI37","v":"Forfait S3 HVS Martigny - HVS Sion#chr(13)##chr(10)#Trajet simple nuit (20h00-08h00) ou dimanches et jours fériés"},null,{"$f":"Base!BJ37","v":1},{"$f":"Base!BK37","v":660},{"$f":"IF(Base!BL37=\"\",\"\",Base!BL37)","v":""},null,{"$f":"Base!BM37","v":660},null,null,{"$f":"IF(Base!H37=\"Uvrier\",3018,VLOOKUP(FQ39,$GV$2:$GX$7,FM39+1,0))","v":3018},0,0,null,0,null,null,null,null,null,"Libre","BS - 107",null,"BU - 73 - aff",0,null,null,null,null,null,null,null,null,null,null,null,null,null,null,null,null,null,null,null,null,null,null,null,null,null,null,null,null,null,null,null,null,null,{"$f":"Base!AH37&\", \"&Base!AI37","v":"Damay, Séverine"},{"$f":"Base!AN37&\" \"&Base!AO37&\", \"&Base!AK37&\" \"&Base!AL37","v":"1920 Martigny, Chemin des Valérianes 12"},{"$f":"CONCATENATE(TEXT(DATE(YEAR(Base!AJ37),MONTH(Base!AJ37),DAY(Base!AJ37)),\"jj.mm.aaaa\"),\", \",FN39,IF(Base!D37=\"\",\"\",\" - \"),Base!D37)","v":"11.04.1972, 756.5148.9832.17 - 2163404/21"},{"$f":"Base!AR37","v":"SUVA Sion, 6009 Luzern"},{"$f":"LEFT(Base!J37,10)","v":"2022-01-16"},{"$f":"CONCATENATE(Base!L37,IF(Base!L37=0,\"\",\", \"),Base!M37,\" \",Base!N37,\", \",Base!P37,\" \",Base!Q37)","v":"Hôpital de Martigny, Avenue de la Fusion 27, 1920 Martigny"},{"$f":"CONCATENATE(Base!V37,\", \",Base!Z37,\" \",Base!AA37,\", \",Base!W37,\" \",Base!X37)","v":"Hôpital de Sion, 1950 Sion, Avenue du Grand-Champsec 80"},null,{"$f":"CONCATENATE(RIGHT(LEFT(Base!J37,16),5),\" - \",RIGHT(LEFT(Base!K37,16),5))","v":"14:59 - 16:26"},{"$f":"Base!AF37&\" - \"&Base!I37","v":"Accident - S3"},null,null,null,null,null,null,null,null,null,null,null,null,null,null,null,null,null,null,{"$f":"Base!H37","v":"Uvrier"},2,null,null,null,null,null,null,null,null,null,2,null,null,null,null,null,null,null,null,null,null,null,null,null,null,null,null,null,null,null,null,null,{"$f":"IF(Base!U37=\"Privée\",2,1)","v":2},{"$f":"IF(OR(LEFT(Base!AS37,1)=\"1\",LEFT(Base!AS37)=\"2\"),RIGHT(Base!AS37,LEN(Base!AS37)-1),Base!AS37)","v":"756.5148.9832.17"},{"$f":"Base!AU37","v":"Établissement"},{"$f":"OR(CONCATENATE(Base!AW37,Base!AX37)=CONCATENATE(Base!AH37,Base!AI37),FO39=\"Établissement\")","v":true},{"$f":"Base!I37","v":"S3"}]
[{"$f":"Base!A38","v":3658},{"$f":"20","v":20},{"$f":"Base!B38","v":"2022-01-28"},null,{"$f":"Base!AE38","v":"VS22001663"},null,null,null,null,null,"<AUTO>",null,null,null,null,"URL (Libre)",null,null,{"$f":"Base!E38&\" - \"&Base!H38&\" - \"&Base!D38","v":"15195 - Uvrier - 2472924/7"},{"$f":"IF(AND(Base!AT38<1000,Base!AT38>99),Base!AT38,IF(FO40=\"Établissement\",VALUE(CONCATENATE(LEN(SUBSTITUTE(V40,\" \",\"\")),LEN(V40),AA40,COLUMN(INDIRECT(LEFT(V40,1)&1)),LEN(SUBSTITUTE(V40,\"-\",\"\")))),IF(FN40=\"\",VALUE(CONCATENATE(COLUMN(INDIRECT(LEFT(W40,1)&1)),COLUMN(INDIRECT(LEFT(X40,1)&1)),AO40,CODE(AA40))),VALUE(SUBSTITUTE(SUBSTITUTE(SUBSTITUTE(FN40,\".\",\"\"),\" \",\"\"),\"-\",\"\")))))","v":101},null,{"$f":"SUBSTITUTE(IF(Base!BF38=0,\"\",Base!BF38),\" (facturation)\",\"\")","v":"Hôpital du Valais - Direction des Finances/Service des fournisseurs"},{"$f":"IF(Base!AW38=0,\"\",Base!AH38)","v":""},{"$f":"IF(Base!AX38=0,\"\",Base!AI38)","v":""},{"$f":"IF(Base!AW38=0,Base!AY38&\" \"&Base!AZ38,Base!AK38&\" \"&Base!AL38)","v":"Avenue Grand-Champsec 86"},{"$f":"IF(IF(Base!AW38=0,Base!BA38,Base!AM38)=0,\"\",IF(Base!AW38=0,Base!BA38,Base!AM38))","v":"Case postale 696"},{"$f":"IF(Base!AW38=0,Base!BB38,Base!AN38)","v":1951},{"$f":"IF(Base!AW38=0,Base!BC38,Base!AO38)","v":"Sion"},null,null,null,null,null,null,null,null,null,null,null,null,{"$f":"Base!AJ38","v":"1950-04-26"},{"$f":"IF(FO40=\"Établissement\",\"\",IF(Base!AG38=\"Masculin\",\"Monsieur\",IF(Base!AG38=\"Féminin\",\"Madame\",\"\")))","v":""},{"$f":"IF(FP40=FALSE,CONCATENATE(IF(Base!AV38=\"Masculin\",\"Monsieur\",IF(Base!AV38=\"Féminin\",\"Madame\",\"\")),\"#chr(13)##chr(10)#\",Base!AW38,\" \",Base!AX38, \"#chr(13)##chr(10)#\",Base!AY38,\" \",Base!AZ38, \"#chr(13)##chr(10)#\",Base!BA38, \"#chr(13)##chr(10)#\",Base!BB38,\" \",Base!BC38),\"\")","v":""},null,"",null,{"$f":"IF(AND(Base!AT38<200,Base!AT38>99),1,0)","v":1},null,0,{"$f":"Base!BG38","v":"HVS.13N"},{"$f":"Base!BH38& \"#chr(13)##chr(10)#\" &Base!BI38","v":"Forfait S3 HVS Sion - HVS Martigny#chr(13)##chr(10)#Trajet simple nuit (20h00-08h00) ou dimanches et jours fériés"},null,{"$f":"Base!BJ38","v":1},{"$f":"Base!BK38","v":660},{"$f":"IF(Base!BL38=\"\",\"\",Base!BL38)","v":""},null,{"$f":"Base!BM38","v":660},null,null,{"$f":"IF(Base!H38=\"Uvrier\",3018,VLOOKUP(FQ40,$GV$2:$GX$7,FM40+1,0))","v":3018},0,0,null,0,null,null,null,null,null,"Libre","BS - 108",null,"BU - 73 - aff",0,null,null,null,null,null,null,null,null,null,null,null,null,null,null,null,null,null,null,null,null,null,null,null,null,null,null,null,null,null,null,null,null,null,{"$f":"Base!AH38&\", \"&Base!AI38","v":"Jacquemettaz, Lucia Madeleine"},{"$f":"Base!AN38&\" \"&Base!AO38&\", \"&Base!AK38&\" \"&Base!AL38","v":"1908 Riddes, Route des CFF 5"},{"$f":"CONCATENATE(TEXT(DATE(YEAR(Base!AJ38),MONTH(Base!AJ38),DAY(Base!AJ38)),\"jj.mm.aaaa\"),\", \",FN40,IF(Base!D38=\"\",\"\",\" - \"),Base!D38)","v":"26.04.1950, 756.7070.3312.89 - 2472924/7"},{"$f":"Base!AR38","v":"Philos Assurance Maladie SA"},{"$f":"LEFT(Base!J38,10)","v":"2022-01-16"},{"$f":"CONCATENATE(Base!L38,IF(Base!L38=0,\"\",\", \"),Base!M38,\" \",Base!N38,\", \",Base!P38,\" \",Base!Q38)","v":"Hôpital de Sion, Avenue du Grand-Champsec 80, 1950 Sion"},{"$f":"CONCATENATE(Base!V38,\", \",Base!Z38,\" \",Base!AA38,\", \",Base!W38,\" \",Base!X38)","v":"Hôpital de Martigny, 1920 Martigny, Avenue de la Fusion 27"},null,{"$f":"CONCATENATE(RIGHT(LEFT(Base!J38,16),5),\" - \",RIGHT(LEFT(Base!K38,16),5))","v":"16:26 - 18:12"},{"$f":"Base!AF38&\" - \"&Base!I38","v":"Accident - S3"},null,null,null,null,null,null,null,null,null,null,null,null,null,null,null,null,null,null,{"$f":"Base!H38","v":"Uvrier"},2,null,null,null,null,null,null,null,null,null,2,null,null,null,null,null,null,null,null,null,null,null,null,null,null,null,null,null,null,null,null,null,{"$f":"IF(Base!U38=\"Privée\",2,1)","v":2},{"$f":"IF(OR(LEFT(Base!AS38,1)=\"1\",LEFT(Base!AS38)=\"2\"),RIGHT(Base!AS38,LEN(Base!AS38)-1),Base!AS38)","v":"756.7070.3312.89"},{"$f":"Base!AU38","v":"Établissement"},{"$f":"OR(CONCATENATE(Base!AW38,Base!AX38)=CONCATENATE(Base!AH38,Base!AI38),FO40=\"Établissement\")","v":true},{"$f":"Base!I38","v":"S3"}]
[{"$f":"Base!A39","v":3659},{"$f":"20","v":20},{"$f":"Base!B39","v":"2022-01-28"},null,{"$f":"Base!AE39","v":"VS22001714"},null,null,null,null,null,"<AUTO>",null,null,null,null,"URL (Libre)",null,null,{"$f":"Base!E39&\" - \"&Base!H39&\" - \"&Base!D39","v":"15239 - Uvrier - 2327177/10"},{"$f":"IF(AND(Base!AT39<1000,Base!AT39>99),Base!AT39,IF(FO41=\"Établissement\",VALUE(CONCATENATE(LEN(SUBSTITUTE(V41,\" \",\"\")),LEN(V41),AA41,COLUMN(INDIRECT(LEFT(V41,1)&1)),LEN(SUBSTITUTE(V41,\"-\",\"\")))),IF(FN41=\"\",VALUE(CONCATENATE(COLUMN(INDIRECT(LEFT(W41,1)&1)),COLUMN(INDIRECT(LEFT(X41,1)&1)),AO41,CODE(AA41))),VALUE(SUBSTITUTE(SUBSTITUTE(SUBSTITUTE(FN41,\".\",\"\"),\" \",\"\"),\"-\",\"\")))))","v":101},null,{"$f":"SUBSTITUTE(IF(Base!BF39=0,\"\",Base!BF39),\" (facturation)\",\"\")","v":"Hôpital du Valais - Direction des Finances/Service des fournisseurs"},{"$f":"IF(Base!AW39=0,\"\",Base!AH39)","v":"Vermot-Petit-Outhenin"},{"$f":"IF(Base!AX39=0,\"\",Base!AI39)","v":""},{"$f":"IF(Base!AW39=0,Base!AY39&\" \"&Base!AZ39,Base!AK39&\" \"&Base!AL39)","v":"Route d'Antzère 11D"},{"$f":"IF(IF(Base!AW39=0,Base!BA39,Base!AM39)=0,\"\",IF(Base!AW39=0,Base!BA39,Base!AM39))","v":""},{"$f":"IF(Base!AW39=0,Base!BB39,Base!AN39)","v":1964},{"$f":"IF(Base!AW39=0,Base!BC39,Base!AO39)","v":"Conthey"},null,null,null,null,null,null,null,null,null,null,null,null,{"$f":"Base!AJ39","v":"2009-03-25"},{"$f":"IF(FO41=\"Établissement\",\"\",IF(Base!AG39=\"Masculin\",\"Monsieur\",IF(Base!AG39=\"Féminin\",\"Madame\",\"\")))","v":""},{"$f":"IF(FP41=FALSE,CONCATENATE(IF(Base!AV39=\"Masculin\",\"Monsieur\",IF(Base!AV39=\"Féminin\",\"Madame\",\"\")),\"#chr(13)##chr(10)#\",Base!AW39,\" \",Base!AX39, \"#chr(13)##chr(10)#\",Base!AY39,\" \",Base!AZ39, \"#chr(13)##chr(10)#\",Base!BA39, \"#chr(13)##chr(10)#\",Base!BB39,\" \",Base!BC39),\"\")","v":""},null,"",null,{"$f":"IF(AND(Base!AT39<200,Base!AT39>99),1,0)","v":1},null,0,{"$f":"Base!BG39","v":"HVS.110N"},{"$f":"Base!BH39& \"#chr(13)##chr(10)#\" &Base!BI39","v":"Forfait S3 HVS Sion - CHUV#chr(13)##chr(10)#Trajet simple nuit (20h00-08h00) ou dimanches et jours fériés"},null,{"$f":"Base!BJ39","v":1},{"$f":"Base!BK39","v":1688},{"$f":"IF(Base!BL39=\"\",\"\",Base!BL39)","v":""},null,{"$f":"Base!BM39","v":1688},null,null,{"$f":"IF(Base!H39=\"Uvrier\",3018,VLOOKUP(FQ41,$GV$2:$GX$7,FM41+1,0))","v":3018},0,0,null,0,null,null,null,null,null,"Libre","BS - 109",null,"BU - 73 - aff",0,null,null,null,null,null,null,null,null,null,null,null,null,null,null,null,null,null,null,null,null,null,null,null,null,null,null,null,null,null,null,null,null,null,{"$f":"Base!AH39&\", \"&Base!AI39","v":"Vermot-Petit-Outhenin, Erwan"},{"$f":"Base!AN39&\" \"&Base!AO39&\", \"&Base!AK39&\" \"&Base!AL39","v":"1964 Conthey, Route d'Antzère 11D"},{"$f":"CONCATENATE(TEXT(DATE(YEAR(Base!AJ39),MONTH(Base!AJ39),DAY(Base!AJ39)),\"jj.mm.aaaa\"),\", \",FN41,IF(Base!D39=\"\",\"\",\" - \"),Base!D39)","v":"25.03.2009, 756.9054.7732.14 - 2327177/10"},{"$f":"Base!AR39","v":"Arcosana AG"},{"$f":"LEFT(Base!J39,10)","v":"2022-01-16"},{"$f":"CONCATENATE(Base!L39,IF(Base!L39=0,\"\",\", \"),Base!M39,\" \",Base!N39,\", \",Base!P39,\" \",Base!Q39)","v":"Hôpital de Sion, Avenue du Grand-Champsec 80, 1950 Sion"},{"$f":"CONCATENATE(Base!V39,\", \",Base!Z39,\" \",Base!AA39,\", \",Base!W39,\" \",Base!X39)","v":"CHUV Hôpital universitaire de Lausanne, 1006 Lausanne, Rue du Bugnon 46"},null,{"$f":"CONCATENATE(RIGHT(LEFT(Base!J39,16),5),\" - \",RIGHT(LEFT(Base!K39,16),5))","v":"19:19 - 22:20"},{"$f":"Base!AF39&\" - \"&Base!I39","v":"Maladie - S3"},null,null,null,null,null,null,null,null,null,null,null,null,null,null,null,null,null,null,{"$f":"Base!H39","v":"Uvrier"},2,null,null,null,null,null,null,null,null,null,2,null,null,null,null,null,null,null,null,null,null,null,null,null,null,null,null,null,null,null,null,null,{"$f":"IF(Base!U39=\"Privée\",2,1)","v":2},{"$f":"IF(OR(LEFT(Base!AS39,1)=\"1\",LEFT(Base!AS39)=\"2\"),RIGHT(Base!AS39,LEN(Base!AS39)-1),Base!AS39)","v":"756.9054.7732.14"},{"$f":"Base!AU39","v":"Établissement"},{"$f":"OR(CONCATENATE(Base!AW39,Base!AX39)=CONCATENATE(Base!AH39,Base!AI39),FO41=\"Établissement\")","v":true},{"$f":"Base!I39","v":"S3"}]
[{"$f":"Base!A40","v":3660},{"$f":"20","v":20},{"$f":"Base!B40","v":"2022-01-28"},null,{"$f":"Base!AE40","v":"VS22001722"},null,null,null,null,null,"<AUTO>",null,null,null,null,"URL (Libre)",null,null,{"$f":"Base!E40&\" - \"&Base!H40&\" - \"&Base!D40","v":"15247 - Uvrier - 2095482/29"},{"$f":"IF(AND(Base!AT40<1000,Base!AT40>99),Base!AT40,IF(FO42=\"Établissement\",VALUE(CONCATENATE(LEN(SUBSTITUTE(V42,\" \",\"\")),LEN(V42),AA42,COLUMN(INDIRECT(LEFT(V42,1)&1)),LEN(SUBSTITUTE(V42,\"-\",\"\")))),IF(FN42=\"\",VALUE(CONCATENATE(COLUMN(INDIRECT(LEFT(W42,1)&1)),COLUMN(INDIRECT(LEFT(X42,1)&1)),AO42,CODE(AA42))),VALUE(SUBSTITUTE(SUBSTITUTE(SUBSTITUTE(FN42,\".\",\"\"),\" \",\"\"),\"-\",\"\")))))","v":101},null,{"$f":"SUBSTITUTE(IF(Base!BF40=0,\"\",Base!BF40),\" (facturation)\",\"\")","v":"Hôpital du Valais - Direction des Finances/Service des fournisseurs"},{"$f":"IF(Base!AW40=0,\"\",Base!AH40)","v":""},{"$f":"IF(Base!AX40=0,\"\",Base!AI40)","v":""},{"$f":"IF(Base!AW40=0,Base!AY40&\" \"&Base!AZ40,Base!AK40&\" \"&Base!AL40)","v":"Avenue Grand-Champsec 86"},{"$f":"IF(IF(Base!AW40=0,Base!BA40,Base!AM40)=0,\"\",IF(Base!AW40=0,Base!BA40,Base!AM40))","v":"Case postale 696"},{"$f":"IF(Base!AW40=0,Base!BB40,Base!AN40)","v":1951},{"$f":"IF(Base!AW40=0,Base!BC40,Base!AO40)","v":"Sion"},null,null,null,null,null,null,null,null,null,null,null,null,{"$f":"Base!AJ40","v":"1954-08-10"},{"$f":"IF(FO42=\"Établissement\",\"\",IF(Base!AG40=\"Masculin\",\"Monsieur\",IF(Base!AG40=\"Féminin\",\"Madame\",\"\")))","v":""},{"$f":"IF(FP42=FALSE,CONCATENATE(IF(Base!AV40=\"Masculin\",\"Monsieur\",IF(Base!AV40=\"Féminin\",\"Madame\",\"\")),\"#chr(13)##chr(10)#\",Base!AW40,\" \",Base!AX40, \"#chr(13)##chr(10)#\",Base!AY40,\" \",Base!AZ40, \"#chr(13)##chr(10)#\",Base!BA40, \"#chr(13)##chr(10)#\",Base!BB40,\" \",Base!BC40),\"\")","v":""},null,"",null,{"$f":"IF(AND(Base!AT40<200,Base!AT40>99),1,0)","v":1},null,0,{"$f":"Base!BG40","v":"HVS.31N"},{"$f":"Base!BH40& \"#chr(13)##chr(10)#\" &Base!BI40","v":"Forfait S3 HVS Martigny - HVS Sion#chr(13)##chr(10)#Trajet simple nuit (20h00-08h00) ou dimanches et jours fériés"},null,{"$f":"Base!BJ40","v":1},{"$f":"Base!BK40","v":660},{"$f":"IF(Base!BL40=\"\",\"\",Base!BL40)","v":""},null,{"$f":"Base!BM40","v":660},null,null,{"$f":"IF(Base!H40=\"Uvrier\",3018,VLOOKUP(FQ42,$GV$2:$GX$7,FM42+1,0))","v":3018},0,0,null,0,null,null,null,null,null,"Libre","BS - 110",null,"BU - 73 - aff",0,null,null,null,null,null,null,null,null,null,null,null,null,null,null,null,null,null,null,null,null,null,null,null,null,null,null,null,null,null,null,null,null,null,{"$f":"Base!AH40&\", \"&Base!AI40","v":"Cristaldi, Giuseppa"},{"$f":"Base!AN40&\" \"&Base!AO40&\", \"&Base!AK40&\" \"&Base!AL40","v":"1920 Martigny, Rue de la Moya 10"},{"$f":"CONCATENATE(TEXT(DATE(YEAR(Base!AJ40),MONTH(Base!AJ40),DAY(Base!AJ40)),\"jj.mm.aaaa\"),\", \",FN42,IF(Base!D40=\"\",\"\",\" - \"),Base!D40)","v":"10.08.1954, 756.4794.9291.50 - 2095482/29"},{"$f":"Base!AR40","v":"Mutuel Assurance Maladie SA"},{"$f":"LEFT(Base!J40,10)","v":"2022-01-16"},{"$f":"CONCATENATE(Base!L40,IF(Base!L40=0,\"\",\", \"),Base!M40,\" \",Base!N40,\", \",Base!P40,\" \",Base!Q40)","v":"Hôpital de Martigny, Avenue de la Fusion 27, 1920 Martigny"},{"$f":"CONCATENATE(Base!V40,\", \",Base!Z40,\" \",Base!AA40,\", \",Base!W40,\" \",Base!X40)","v":"Hôpital de Sion, 1950 Sion, Avenue du Grand-Champsec 80"},null,{"$f":"CONCATENATE(RIGHT(LEFT(Base!J40,16),5),\" - \",RIGHT(LEFT(Base!K40,16),5))","v":"22:22 - 23:24"},{"$f":"Base!AF40&\" - \"&Base!I40","v":"Maladie - S3"},null,null,null,null,null,null,null,null,null,null,null,null,null,null,null,null,null,null,{"$f":"Base!H40","v":"Uvrier"},2,null,null,null,null,null,null,null,null,null,2,null,null,null,null,null,null,null,null,null,null,null,null,null,null,null,null,null,null,null,null,null,{"$f":"IF(Base!U40=\"Privée\",2,1)","v":2},{"$f":"IF(OR(LEFT(Base!AS40,1)=\"1\",LEFT(Base!AS40)=\"2\"),RIGHT(Base!AS40,LEN(Base!AS40)-1),Base!AS40)","v":"756.4794.9291.50"},{"$f":"Base!AU40","v":"Établissement"},{"$f":"OR(CONCATENATE(Base!AW40,Base!AX40)=CONCATENATE(Base!AH40,Base!AI40),FO42=\"Établissement\")","v":true},{"$f":"Base!I40","v":"S3"}]
[{"$f":"Base!A41","v":3661},{"$f":"20","v":20},{"$f":"Base!B41","v":"2022-01-28"},null,{"$f":"Base!AE41","v":"VS22001724"},null,null,null,null,null,"<AUTO>",null,null,null,null,"URL (Libre)",null,null,{"$f":"Base!E41&\" - \"&Base!H41&\" - \"&Base!D41","v":"15249 - Uvrier - 2542129/4"},{"$f":"IF(AND(Base!AT41<1000,Base!AT41>99),Base!AT41,IF(FO43=\"Établissement\",VALUE(CONCATENATE(LEN(SUBSTITUTE(V43,\" \",\"\")),LEN(V43),AA43,COLUMN(INDIRECT(LEFT(V43,1)&1)),LEN(SUBSTITUTE(V43,\"-\",\"\")))),IF(FN43=\"\",VALUE(CONCATENATE(COLUMN(INDIRECT(LEFT(W43,1)&1)),COLUMN(INDIRECT(LEFT(X43,1)&1)),AO43,CODE(AA43))),VALUE(SUBSTITUTE(SUBSTITUTE(SUBSTITUTE(FN43,\".\",\"\"),\" \",\"\"),\"-\",\"\")))))","v":101},null,{"$f":"SUBSTITUTE(IF(Base!BF41=0,\"\",Base!BF41),\" (facturation)\",\"\")","v":"Hôpital du Valais - Direction des Finances/Service des fournisseurs"},{"$f":"IF(Base!AW41=0,\"\",Base!AH41)","v":""},{"$f":"IF(Base!AX41=0,\"\",Base!AI41)","v":""},{"$f":"IF(Base!AW41=0,Base!AY41&\" \"&Base!AZ41,Base!AK41&\" \"&Base!AL41)","v":"Avenue Grand-Champsec 86"},{"$f":"IF(IF(Base!AW41=0,Base!BA41,Base!AM41)=0,\"\",IF(Base!AW41=0,Base!BA41,Base!AM41))","v":"Case postale 696"},{"$f":"IF(Base!AW41=0,Base!BB41,Base!AN41)","v":1951},{"$f":"IF(Base!AW41=0,Base!BC41,Base!AO41)","v":"Sion"},null,null,null,null,null,null,null,null,null,null,null,null,{"$f":"Base!AJ41","v":"1934-08-20"},{"$f":"IF(FO43=\"Établissement\",\"\",IF(Base!AG41=\"Masculin\",\"Monsieur\",IF(Base!AG41=\"Féminin\",\"Madame\",\"\")))","v":""},{"$f":"IF(FP43=FALSE,CONCATENATE(IF(Base!AV41=\"Masculin\",\"Monsieur\",IF(Base!AV41=\"Féminin\",\"Madame\",\"\")),\"#chr(13)##chr(10)#\",Base!AW41,\" \",Base!AX41, \"#chr(13)##chr(10)#\",Base!AY41,\" \",Base!AZ41, \"#chr(13)##chr(10)#\",Base!BA41, \"#chr(13)##chr(10)#\",Base!BB41,\" \",Base!BC41),\"\")","v":""},null,"",null,{"$f":"IF(AND(Base!AT41<200,Base!AT41>99),1,0)","v":1},null,0,{"$f":"Base!BG41","v":"HVS.13N"},{"$f":"Base!BH41& \"#chr(13)##chr(10)#\" &Base!BI41","v":"Forfait S3 HVS Sion - HVS Martigny#chr(13)##chr(10)#Trajet simple nuit (20h00-08h00) ou dimanches et jours fériés"},null,{"$f":"Base!BJ41","v":1},{"$f":"Base!BK41","v":660},{"$f":"IF(Base!BL41=\"\",\"\",Base!BL41)","v":""},null,{"$f":"Base!BM41","v":660},null,null,{"$f":"IF(Base!H41=\"Uvrier\",3018,VLOOKUP(FQ43,$GV$2:$GX$7,FM43+1,0))","v":3018},0,0,null,0,null,null,null,null,null,"Libre","BS - 111",null,"BU - 73 - aff",0,null,null,null,null,null,null,null,null,null,null,null,null,null,null,null,null,null,null,null,null,null,null,null,null,null,null,null,null,null,null,null,null,null,{"$f":"Base!AH41&\", \"&Base!AI41","v":"Savioz, Lorette"},{"$f":"Base!AN41&\" \"&Base!AO41&\", \"&Base!AK41&\" \"&Base!AL41","v":"3961 Vissoie, Ruelle de la Clive "},{"$f":"CONCATENATE(TEXT(DATE(YEAR(Base!AJ41),MONTH(Base!AJ41),DAY(Base!AJ41)),\"jj.mm.aaaa\"),\", \",FN43,IF(Base!D41=\"\",\"\",\" - \"),Base!D41)","v":"20.08.1934, 756.5328.4307.22 - 2542129/4"},{"$f":"Base!AR41","v":"CSS Kranken- Versicherung AG"},{"$f":"LEFT(Base!J41,10)","v":"2022-01-16"},{"$f":"CONCATENATE(Base!L41,IF(Base!L41=0,\"\",\", \"),Base!M41,\" \",Base!N41,\", \",Base!P41,\" \",Base!Q41)","v":"Hôpital de Sion, Avenue du Grand-Champsec 80, 1950 Sion"},{"$f":"CONCATENATE(Base!V41,\", \",Base!Z41,\" \",Base!AA41,\", \",Base!W41,\" \",Base!X41)","v":"Hôpital de Martigny, 1920 Martigny, Avenue de la Fusion 27"},null,{"$f":"CONCATENATE(RIGHT(LEFT(Base!J41,16),5),\" - \",RIGHT(LEFT(Base!K41,16),5))","v":"23:26 - 00:37"},{"$f":"Base!AF41&\" - \"&Base!I41","v":"Maladie - S3"},null,null,null,null,null,null,null,null,null,null,null,null,null,null,null,null,null,null,{"$f":"Base!H41","v":"Uvrier"},2,null,null,null,null,null,null,null,null,null,2,null,null,null,null,null,null,null,null,null,null,null,null,null,null,null,null,null,null,null,null,null,{"$f":"IF(Base!U41=\"Privée\",2,1)","v":2},{"$f":"IF(OR(LEFT(Base!AS41,1)=\"1\",LEFT(Base!AS41)=\"2\"),RIGHT(Base!AS41,LEN(Base!AS41)-1),Base!AS41)","v":"756.5328.4307.22"},{"$f":"Base!AU41","v":"Établissement"},{"$f":"OR(CONCATENATE(Base!AW41,Base!AX41)=CONCATENATE(Base!AH41,Base!AI41),FO43=\"Établissement\")","v":true},{"$f":"Base!I41","v":"S3"}]
[{"$f":"Base!A42","v":3662},{"$f":"20","v":20},{"$f":"Base!B42","v":"2022-01-28"},null,{"$f":"Base!AE42","v":"VS22001725"},null,null,null,null,null,"<AUTO>",null,null,null,null,"URL (Libre)",null,null,{"$f":"Base!E42&\" - \"&Base!H42&\" - \"&Base!D42","v":"15250 - Uvrier - 2008671/31"},{"$f":"IF(AND(Base!AT42<1000,Base!AT42>99),Base!AT42,IF(FO44=\"Établissement\",VALUE(CONCATENATE(LEN(SUBSTITUTE(V44,\" \",\"\")),LEN(V44),AA44,COLUMN(INDIRECT(LEFT(V44,1)&1)),LEN(SUBSTITUTE(V44,\"-\",\"\")))),IF(FN44=\"\",VALUE(CONCATENATE(COLUMN(INDIRECT(LEFT(W44,1)&1)),COLUMN(INDIRECT(LEFT(X44,1)&1)),AO44,CODE(AA44))),VALUE(SUBSTITUTE(SUBSTITUTE(SUBSTITUTE(FN44,\".\",\"\"),\" \",\"\"),\"-\",\"\")))))","v":101},null,{"$f":"SUBSTITUTE(IF(Base!BF42=0,\"\",Base!BF42),\" (facturation)\",\"\")","v":"Hôpital du Valais - Direction des Finances/Service des fournisseurs"},{"$f":"IF(Base!AW42=0,\"\",Base!AH42)","v":""},{"$f":"IF(Base!AX42=0,\"\",Base!AI42)","v":""},{"$f":"IF(Base!AW42=0,Base!AY42&\" \"&Base!AZ42,Base!AK42&\" \"&Base!AL42)","v":"Avenue Grand-Champsec 86"},{"$f":"IF(IF(Base!AW42=0,Base!BA42,Base!AM42)=0,\"\",IF(Base!AW42=0,Base!BA42,Base!AM42))","v":"Case postale 696"},{"$f":"IF(Base!AW42=0,Base!BB42,Base!AN42)","v":1951},{"$f":"IF(Base!AW42=0,Base!BC42,Base!AO42)","v":"Sion"},null,null,null,null,null,null,null,null,null,null,null,null,{"$f":"Base!AJ42","v":"1948-05-20"},{"$f":"IF(FO44=\"Établissement\",\"\",IF(Base!AG42=\"Masculin\",\"Monsieur\",IF(Base!AG42=\"Féminin\",\"Madame\",\"\")))","v":""},{"$f":"IF(FP44=FALSE,CONCATENATE(IF(Base!AV42=\"Masculin\",\"Monsieur\",IF(Base!AV42=\"Féminin\",\"Madame\",\"\")),\"#chr(13)##chr(10)#\",Base!AW42,\" \",Base!AX42, \"#chr(13)##chr(10)#\",Base!AY42,\" \",Base!AZ42, \"#chr(13)##chr(10)#\",Base!BA42, \"#chr(13)##chr(10)#\",Base!BB42,\" \",Base!BC42),\"\")","v":""},null,"",null,{"$f":"IF(AND(Base!AT42<200,Base!AT42>99),1,0)","v":1},null,0,{"$f":"Base!BG42","v":"HVS.37N"},{"$f":"Base!BH42& \"#chr(13)##chr(10)#\" &Base!BI42","v":"Forfait S3 HVS Martigny - Malévoz#chr(13)##chr(10)#Trajet simple nuit (20h00-08h00) ou dimanches et jours fériés"},null,{"$f":"Base!BJ42","v":1},{"$f":"Base!BK42","v":525},{"$f":"IF(Base!BL42=\"\",\"\",Base!BL42)","v":""},null,{"$f":"Base!BM42","v":525},null,null,{"$f":"IF(Base!H42=\"Uvrier\",3018,VLOOKUP(FQ44,$GV$2:$GX$7,FM44+1,0))","v":3018},0,0,null,0,null,null,null,null,null,"Libre","BS - 112",null,"BU - 73 - aff",0,null,null,null,null,null,null,null,null,null,null,null,null,null,null,null,null,null,null,null,null,null,null,null,null,null,null,null,null,null,null,null,null,null,{"$f":"Base!AH42&\", \"&Base!AI42","v":"Juillard, Fredy"},{"$f":"Base!AN42&\" \"&Base!AO42&\", \"&Base!AK42&\" \"&Base!AL42","v":"1950 Sion, Rue Oscar-Bider 136"},{"$f":"CONCATENATE(TEXT(DATE(YEAR(Base!AJ42),MONTH(Base!AJ42),DAY(Base!AJ42)),\"jj.mm.aaaa\"),\", \",FN44,IF(Base!D42=\"\",\"\",\" - \"),Base!D42)","v":"20.05.1948, 756.1897.8147.03 - 2008671/31"},{"$f":"Base!AR42","v":"Avenir Caisse maladie"},{"$f":"LEFT(Base!J42,10)","v":"2022-01-17"},{"$f":"CONCATENATE(Base!L42,IF(Base!L42=0,\"\",\", \"),Base!M42,\" \",Base!N42,\", \",Base!P42,\" \",Base!Q42)","v":"Hôpital de Martigny, Avenue de la Fusion 27, 1920 Martigny"},{"$f":"CONCATENATE(Base!V42,\", \",Base!Z42,\" \",Base!AA42,\", \",Base!W42,\" \",Base!X42)","v":"Hôpital de Malévoz, 1870 Monthey, Route de Morgins 10"},null,{"$f":"CONCATENATE(RIGHT(LEFT(Base!J42,16),5),\" - \",RIGHT(LEFT(Base!K42,16),5))","v":"00:37 - 02:16"},{"$f":"Base!AF42&\" - \"&Base!I42","v":"Maladie - S3"},null,null,null,null,null,null,null,null,null,null,null,null,null,null,null,null,null,null,{"$f":"Base!H42","v":"Uvrier"},2,null,null,null,null,null,null,null,null,null,2,null,null,null,null,null,null,null,null,null,null,null,null,null,null,null,null,null,null,null,null,null,{"$f":"IF(Base!U42=\"Privée\",2,1)","v":2},{"$f":"IF(OR(LEFT(Base!AS42,1)=\"1\",LEFT(Base!AS42)=\"2\"),RIGHT(Base!AS42,LEN(Base!AS42)-1),Base!AS42)","v":"756.1897.8147.03"},{"$f":"Base!AU42","v":"Établissement"},{"$f":"OR(CONCATENATE(Base!AW42,Base!AX42)=CONCATENATE(Base!AH42,Base!AI42),FO44=\"Établissement\")","v":true},{"$f":"Base!I42","v":"S3"}]
[{"$f":"Base!A43","v":3663},{"$f":"20","v":20},{"$f":"Base!B43","v":"2022-01-28"},null,{"$f":"Base!AE43","v":"VS22001740"},null,null,null,null,null,"<AUTO>",null,null,null,null,"URL (Libre)",null,null,{"$f":"Base!E43&\" - \"&Base!H43&\" - \"&Base!D43","v":"15265 - Uvrier - 2527921/23"},{"$f":"IF(AND(Base!AT43<1000,Base!AT43>99),Base!AT43,IF(FO45=\"Établissement\",VALUE(CONCATENATE(LEN(SUBSTITUTE(V45,\" \",\"\")),LEN(V45),AA45,COLUMN(INDIRECT(LEFT(V45,1)&1)),LEN(SUBSTITUTE(V45,\"-\",\"\")))),IF(FN45=\"\",VALUE(CONCATENATE(COLUMN(INDIRECT(LEFT(W45,1)&1)),COLUMN(INDIRECT(LEFT(X45,1)&1)),AO45,CODE(AA45))),VALUE(SUBSTITUTE(SUBSTITUTE(SUBSTITUTE(FN45,\".\",\"\"),\" \",\"\"),\"-\",\"\")))))","v":101},null,{"$f":"SUBSTITUTE(IF(Base!BF43=0,\"\",Base!BF43),\" (facturation)\",\"\")","v":"Hôpital du Valais - Direction des Finances/Service des fournisseurs"},{"$f":"IF(Base!AW43=0,\"\",Base!AH43)","v":""},{"$f":"IF(Base!AX43=0,\"\",Base!AI43)","v":""},{"$f":"IF(Base!AW43=0,Base!AY43&\" \"&Base!AZ43,Base!AK43&\" \"&Base!AL43)","v":"Avenue Grand-Champsec 86"},{"$f":"IF(IF(Base!AW43=0,Base!BA43,Base!AM43)=0,\"\",IF(Base!AW43=0,Base!BA43,Base!AM43))","v":"Case postale 696"},{"$f":"IF(Base!AW43=0,Base!BB43,Base!AN43)","v":1951},{"$f":"IF(Base!AW43=0,Base!BC43,Base!AO43)","v":"Sion"},null,null,null,null,null,null,null,null,null,null,null,null,{"$f":"Base!AJ43","v":"1995-02-07"},{"$f":"IF(FO45=\"Établissement\",\"\",IF(Base!AG43=\"Masculin\",\"Monsieur\",IF(Base!AG43=\"Féminin\",\"Madame\",\"\")))","v":""},{"$f":"IF(FP45=FALSE,CONCATENATE(IF(Base!AV43=\"Masculin\",\"Monsieur\",IF(Base!AV43=\"Féminin\",\"Madame\",\"\")),\"#chr(13)##chr(10)#\",Base!AW43,\" \",Base!AX43, \"#chr(13)##chr(10)#\",Base!AY43,\" \",Base!AZ43, \"#chr(13)##chr(10)#\",Base!BA43, \"#chr(13)##chr(10)#\",Base!BB43,\" \",Base!BC43),\"\")","v":""},null,"",null,{"$f":"IF(AND(Base!AT43<200,Base!AT43>99),1,0)","v":1},null,0,{"$f":"Base!BG43","v":"HVS.17J"},{"$f":"Base!BH43& \"#chr(13)##chr(10)#\" &Base!BI43","v":"Forfait S3 HVS Sion - Malévoz#chr(13)##chr(10)#Trajet simple journée (08h00-20h00)"},null,{"$f":"Base!BJ43","v":1},{"$f":"Base!BK43","v":686},{"$f":"IF(Base!BL43=\"\",\"\",Base!BL43)","v":""},null,{"$f":"Base!BM43","v":686},null,null,{"$f":"IF(Base!H43=\"Uvrier\",3018,VLOOKUP(FQ45,$GV$2:$GX$7,FM45+1,0))","v":3018},0,0,null,0,null,null,null,null,null,"Libre","BS - 113",null,"BU - 73 - aff",0,null,null,null,null,null,null,null,null,null,null,null,null,null,null,null,null,null,null,null,null,null,null,null,null,null,null,null,null,null,null,null,null,null,{"$f":"Base!AH43&\", \"&Base!AI43","v":"Torrent, Philippe"},{"$f":"Base!AN43&\" \"&Base!AO43&\", \"&Base!AK43&\" \"&Base!AL43","v":"1950 Sion, Avenue de France 15"},{"$f":"CONCATENATE(TEXT(DATE(YEAR(Base!AJ43),MONTH(Base!AJ43),DAY(Base!AJ43)),\"jj.mm.aaaa\"),\", \",FN45,IF(Base!D43=\"\",\"\",\" - \"),Base!D43)","v":"07.02.1995, 756.1189.9915.63 - 2527921/23"},{"$f":"Base!AR43","v":"Easy Sana Assurance Maladie SA"},{"$f":"LEFT(Base!J43,10)","v":"2022-01-17"},{"$f":"CONCATENATE(Base!L43,IF(Base!L43=0,\"\",\", \"),Base!M43,\" \",Base!N43,\", \",Base!P43,\" \",Base!Q43)","v":"Hôpital de Sion, Avenue du Grand-Champsec 80, 1950 Sion"},{"$f":"CONCATENATE(Base!V43,\", \",Base!Z43,\" \",Base!AA43,\", \",Base!W43,\" \",Base!X43)","v":"Hôpital de Malévoz, 1870 Monthey, Route de Morgins 10"},null,{"$f":"CONCATENATE(RIGHT(LEFT(Base!J43,16),5),\" - \",RIGHT(LEFT(Base!K43,16),5))","v":"10:13 - 12:35"},{"$f":"Base!AF43&\" - \"&Base!I43","v":"Maladie - S3"},null,null,null,null,null,null,null,null,null,null,null,null,null,null,null,null,null,null,{"$f":"Base!H43","v":"Uvrier"},2,null,null,null,null,null,null,null,null,null,2,null,null,null,null,null,null,null,null,null,null,null,null,null,null,null,null,null,null,null,null,null,{"$f":"IF(Base!U43=\"Privée\",2,1)","v":2},{"$f":"IF(OR(LEFT(Base!AS43,1)=\"1\",LEFT(Base!AS43)=\"2\"),RIGHT(Base!AS43,LEN(Base!AS43)-1),Base!AS43)","v":"756.1189.9915.63"},{"$f":"Base!AU43","v":"Établissement"},{"$f":"OR(CONCATENATE(Base!AW43,Base!AX43)=CONCATENATE(Base!AH43,Base!AI43),FO45=\"Établissement\")","v":true},{"$f":"Base!I43","v":"S3"}]
[{"$f":"Base!A44","v":3664},{"$f":"20","v":20},{"$f":"Base!B44","v":"2022-01-28"},null,{"$f":"Base!AE44","v":"VS22001753"},null,null,null,null,null,"<AUTO>",null,null,null,null,"URL (Libre)",null,null,{"$f":"Base!E44&\" - \"&Base!H44&\" - \"&Base!D44","v":"15278 - Uvrier - 2004178/13"},{"$f":"IF(AND(Base!AT44<1000,Base!AT44>99),Base!AT44,IF(FO46=\"Établissement\",VALUE(CONCATENATE(LEN(SUBSTITUTE(V46,\" \",\"\")),LEN(V46),AA46,COLUMN(INDIRECT(LEFT(V46,1)&1)),LEN(SUBSTITUTE(V46,\"-\",\"\")))),IF(FN46=\"\",VALUE(CONCATENATE(COLUMN(INDIRECT(LEFT(W46,1)&1)),COLUMN(INDIRECT(LEFT(X46,1)&1)),AO46,CODE(AA46))),VALUE(SUBSTITUTE(SUBSTITUTE(SUBSTITUTE(FN46,\".\",\"\"),\" \",\"\"),\"-\",\"\")))))","v":101},null,{"$f":"SUBSTITUTE(IF(Base!BF44=0,\"\",Base!BF44),\" (facturation)\",\"\")","v":"Hôpital du Valais - Direction des Finances/Service des fournisseurs"},{"$f":"IF(Base!AW44=0,\"\",Base!AH44)","v":""},{"$f":"IF(Base!AX44=0,\"\",Base!AI44)","v":""},{"$f":"IF(Base!AW44=0,Base!AY44&\" \"&Base!AZ44,Base!AK44&\" \"&Base!AL44)","v":"Avenue Grand-Champsec 86"},{"$f":"IF(IF(Base!AW44=0,Base!BA44,Base!AM44)=0,\"\",IF(Base!AW44=0,Base!BA44,Base!AM44))","v":"Case postale 696"},{"$f":"IF(Base!AW44=0,Base!BB44,Base!AN44)","v":1951},{"$f":"IF(Base!AW44=0,Base!BC44,Base!AO44)","v":"Sion"},null,null,null,null,null,null,null,null,null,null,null,null,{"$f":"Base!AJ44","v":"1935-12-28"},{"$f":"IF(FO46=\"Établissement\",\"\",IF(Base!AG44=\"Masculin\",\"Monsieur\",IF(Base!AG44=\"Féminin\",\"Madame\",\"\")))","v":""},{"$f":"IF(FP46=FALSE,CONCATENATE(IF(Base!AV44=\"Masculin\",\"Monsieur\",IF(Base!AV44=\"Féminin\",\"Madame\",\"\")),\"#chr(13)##chr(10)#\",Base!AW44,\" \",Base!AX44, \"#chr(13)##chr(10)#\",Base!AY44,\" \",Base!AZ44, \"#chr(13)##chr(10)#\",Base!BA44, \"#chr(13)##chr(10)#\",Base!BB44,\" \",Base!BC44),\"\")","v":""},null,"",null,{"$f":"IF(AND(Base!AT44<200,Base!AT44>99),1,0)","v":1},null,0,{"$f":"Base!BG44","v":"HVS.12J"},{"$f":"Base!BH44& \"#chr(13)##chr(10)#\" &Base!BI44","v":"Forfait S3 HVS Sion - HVS Sierre#chr(13)##chr(10)#Trajet simple journée (08h00-20h00)"},null,{"$f":"Base!BJ44","v":1},{"$f":"Base!BK44","v":350},{"$f":"IF(Base!BL44=\"\",\"\",Base!BL44)","v":""},null,{"$f":"Base!BM44","v":350},null,null,{"$f":"IF(Base!H44=\"Uvrier\",3018,VLOOKUP(FQ46,$GV$2:$GX$7,FM46+1,0))","v":3018},0,0,null,0,null,null,null,null,null,"Libre","BS - 114",null,"BU - 73 - aff",0,null,null,null,null,null,null,null,null,null,null,null,null,null,null,null,null,null,null,null,null,null,null,null,null,null,null,null,null,null,null,null,null,null,{"$f":"Base!AH44&\", \"&Base!AI44","v":"Morand, Gabrielle"},{"$f":"Base!AN44&\" \"&Base!AO44&\", \"&Base!AK44&\" \"&Base!AL44","v":"1958 Uvrier, Rue de la Chapelle 10"},{"$f":"CONCATENATE(TEXT(DATE(YEAR(Base!AJ44),MONTH(Base!AJ44),DAY(Base!AJ44)),\"jj.mm.aaaa\"),\", \",FN46,IF(Base!D44=\"\",\"\",\" - \"),Base!D44)","v":"28.12.1935, 756.8871.9813.83 - 2004178/13"},{"$f":"Base!AR44","v":"CSS Kranken- Versicherung AG"},{"$f":"LEFT(Base!J44,10)","v":"2022-01-17"},{"$f":"CONCATENATE(Base!L44,IF(Base!L44=0,\"\",\", \"),Base!M44,\" \",Base!N44,\", \",Base!P44,\" \",Base!Q44)","v":"Hôpital de Sion, Avenue du Grand-Champsec 80, 1950 Sion"},{"$f":"CONCATENATE(Base!V44,\", \",Base!Z44,\" \",Base!AA44,\", \",Base!W44,\" \",Base!X44)","v":"Hôpital de Sierre, 3960 Sierre, Rue Saint-Charles 14"},null,{"$f":"CONCATENATE(RIGHT(LEFT(Base!J44,16),5),\" - \",RIGHT(LEFT(Base!K44,16),5))","v":"13:03 - 14:35"},{"$f":"Base!AF44&\" - \"&Base!I44","v":"Maladie - S3"},null,null,null,null,null,null,null,null,null,null,null,null,null,null,null,null,null,null,{"$f":"Base!H44","v":"Uvrier"},2,null,null,null,null,null,null,null,null,null,2,null,null,null,null,null,null,null,null,null,null,null,null,null,null,null,null,null,null,null,null,null,{"$f":"IF(Base!U44=\"Privée\",2,1)","v":2},{"$f":"IF(OR(LEFT(Base!AS44,1)=\"1\",LEFT(Base!AS44)=\"2\"),RIGHT(Base!AS44,LEN(Base!AS44)-1),Base!AS44)","v":"756.8871.9813.83"},{"$f":"Base!AU44","v":"Établissement"},{"$f":"OR(CONCATENATE(Base!AW44,Base!AX44)=CONCATENATE(Base!AH44,Base!AI44),FO46=\"Établissement\")","v":true},{"$f":"Base!I44","v":"S3"}]
[{"$f":"Base!A45","v":3665},{"$f":"20","v":20},{"$f":"Base!B45","v":"2022-01-28"},null,{"$f":"Base!AE45","v":"VS22001800"},null,null,null,null,null,"<AUTO>",null,null,null,null,"URL (Libre)",null,null,{"$f":"Base!E45&\" - \"&Base!H45&\" - \"&Base!D45","v":"15323 - Uvrier - 2825822/1"},{"$f":"IF(AND(Base!AT45<1000,Base!AT45>99),Base!AT45,IF(FO47=\"Établissement\",VALUE(CONCATENATE(LEN(SUBSTITUTE(V47,\" \",\"\")),LEN(V47),AA47,COLUMN(INDIRECT(LEFT(V47,1)&1)),LEN(SUBSTITUTE(V47,\"-\",\"\")))),IF(FN47=\"\",VALUE(CONCATENATE(COLUMN(INDIRECT(LEFT(W47,1)&1)),COLUMN(INDIRECT(LEFT(X47,1)&1)),AO47,CODE(AA47))),VALUE(SUBSTITUTE(SUBSTITUTE(SUBSTITUTE(FN47,\".\",\"\"),\" \",\"\"),\"-\",\"\")))))","v":101},null,{"$f":"SUBSTITUTE(IF(Base!BF45=0,\"\",Base!BF45),\" (facturation)\",\"\")","v":"Hôpital du Valais - Direction des Finances/Service des fournisseurs"},{"$f":"IF(Base!AW45=0,\"\",Base!AH45)","v":""},{"$f":"IF(Base!AX45=0,\"\",Base!AI45)","v":""},{"$f":"IF(Base!AW45=0,Base!AY45&\" \"&Base!AZ45,Base!AK45&\" \"&Base!AL45)","v":"Avenue Grand-Champsec 86"},{"$f":"IF(IF(Base!AW45=0,Base!BA45,Base!AM45)=0,\"\",IF(Base!AW45=0,Base!BA45,Base!AM45))","v":"Case postale 696"},{"$f":"IF(Base!AW45=0,Base!BB45,Base!AN45)","v":1951},{"$f":"IF(Base!AW45=0,Base!BC45,Base!AO45)","v":"Sion"},null,null,null,null,null,null,null,null,null,null,null,null,{"$f":"Base!AJ45","v":"1966-08-04"},{"$f":"IF(FO47=\"Établissement\",\"\",IF(Base!AG45=\"Masculin\",\"Monsieur\",IF(Base!AG45=\"Féminin\",\"Madame\",\"\")))","v":""},{"$f":"IF(FP47=FALSE,CONCATENATE(IF(Base!AV45=\"Masculin\",\"Monsieur\",IF(Base!AV45=\"Féminin\",\"Madame\",\"\")),\"#chr(13)##chr(10)#\",Base!AW45,\" \",Base!AX45, \"#chr(13)##chr(10)#\",Base!AY45,\" \",Base!AZ45, \"#chr(13)##chr(10)#\",Base!BA45, \"#chr(13)##chr(10)#\",Base!BB45,\" \",Base!BC45),\"\")","v":""},null,"",null,{"$f":"IF(AND(Base!AT45<200,Base!AT45>99),1,0)","v":1},null,0,{"$f":"Base!BG45","v":"HVS.KM7"},{"$f":"Base!BH45& \"#chr(13)##chr(10)#\" &Base!BI45","v":"Taxe kilométrique (0 à 50 km)#chr(13)##chr(10)#"},null,{"$f":"Base!BJ45","v":50},{"$f":"Base!BK45","v":7},{"$f":"IF(Base!BL45=\"\",\"\",Base!BL45)","v":"km"},null,{"$f":"Base!BM45","v":350},null,null,{"$f":"IF(Base!H45=\"Uvrier\",3018,VLOOKUP(FQ47,$GV$2:$GX$7,FM47+1,0))","v":3018},0,0,null,0,null,null,null,null,null,"Libre","BS - 115",null,"BU - 73 - aff",0,null,null,null,null,null,null,null,null,null,null,null,null,null,null,null,null,null,null,null,null,null,null,null,null,null,null,null,null,null,null,null,null,null,{"$f":"Base!AH45&\", \"&Base!AI45","v":"Schmid, Fabienne"},{"$f":"Base!AN45&\" \"&Base!AO45&\", \"&Base!AK45&\" \"&Base!AL45","v":"2052 Fontainemelon, Rue de l'Ouest 15"},{"$f":"CONCATENATE(TEXT(DATE(YEAR(Base!AJ45),MONTH(Base!AJ45),DAY(Base!AJ45)),\"jj.mm.aaaa\"),\", \",FN47,IF(Base!D45=\"\",\"\",\" - \"),Base!D45)","v":"04.08.1966, 756.6476.0449.77 - 2825822/1"},{"$f":"Base!AR45","v":"Assura Caisse - maladie, 1052 Mont-sur-Lausanne"},{"$f":"LEFT(Base!J45,10)","v":"2022-01-17"},{"$f":"CONCATENATE(Base!L45,IF(Base!L45=0,\"\",\", \"),Base!M45,\" \",Base!N45,\", \",Base!P45,\" \",Base!Q45)","v":"Hôpital de Sion, Avenue du Grand-Champsec 80, 1950 Sion"},{"$f":"CONCATENATE(Base!V45,\", \",Base!Z45,\" \",Base!AA45,\", \",Base!W45,\" \",Base!X45)","v":"Hôpital neuchâtelois - Pourtalès, 2000 Neuchâtel, Rue de la Maladière 45"},null,{"$f":"CONCATENATE(RIGHT(LEFT(Base!J45,16),5),\" - \",RIGHT(LEFT(Base!K45,16),5))","v":"19:26 - 00:13"},{"$f":"Base!AF45&\" - \"&Base!I45","v":"Accident - S3"},null,null,null,null,null,null,null,null,null,null,null,null,null,null,null,null,null,null,{"$f":"Base!H45","v":"Uvrier"},2,null,null,null,null,null,null,null,null,null,2,null,null,null,null,null,null,null,null,null,null,null,null,null,null,null,null,null,null,null,null,null,{"$f":"IF(Base!U45=\"Privée\",2,1)","v":2},{"$f":"IF(OR(LEFT(Base!AS45,1)=\"1\",LEFT(Base!AS45)=\"2\"),RIGHT(Base!AS45,LEN(Base!AS45)-1),Base!AS45)","v":"756.6476.0449.77"},{"$f":"Base!AU45","v":"Établissement"},{"$f":"OR(CONCATENATE(Base!AW45,Base!AX45)=CONCATENATE(Base!AH45,Base!AI45),FO47=\"Établissement\")","v":true},{"$f":"Base!I45","v":"S3"}]
[{"$f":"Base!A46","v":3665},{"$f":"20","v":20},{"$f":"Base!B46","v":"2022-01-28"},null,{"$f":"Base!AE46","v":"VS22001800"},null,null,null,null,null,"<AUTO>",null,null,null,null,"URL (Libre)",null,null,{"$f":"Base!E46&\" - \"&Base!H46&\" - \"&Base!D46","v":"15323 - Uvrier - 2825822/1"},{"$f":"IF(AND(Base!AT46<1000,Base!AT46>99),Base!AT46,IF(FO48=\"Établissement\",VALUE(CONCATENATE(LEN(SUBSTITUTE(V48,\" \",\"\")),LEN(V48),AA48,COLUMN(INDIRECT(LEFT(V48,1)&1)),LEN(SUBSTITUTE(V48,\"-\",\"\")))),IF(FN48=\"\",VALUE(CONCATENATE(COLUMN(INDIRECT(LEFT(W48,1)&1)),COLUMN(INDIRECT(LEFT(X48,1)&1)),AO48,CODE(AA48))),VALUE(SUBSTITUTE(SUBSTITUTE(SUBSTITUTE(FN48,\".\",\"\"),\" \",\"\"),\"-\",\"\")))))","v":101},null,{"$f":"SUBSTITUTE(IF(Base!BF46=0,\"\",Base!BF46),\" (facturation)\",\"\")","v":"Hôpital du Valais - Direction des Finances/Service des fournisseurs"},{"$f":"IF(Base!AW46=0,\"\",Base!AH46)","v":""},{"$f":"IF(Base!AX46=0,\"\",Base!AI46)","v":""},{"$f":"IF(Base!AW46=0,Base!AY46&\" \"&Base!AZ46,Base!AK46&\" \"&Base!AL46)","v":"Avenue Grand-Champsec 86"},{"$f":"IF(IF(Base!AW46=0,Base!BA46,Base!AM46)=0,\"\",IF(Base!AW46=0,Base!BA46,Base!AM46))","v":"Case postale 696"},{"$f":"IF(Base!AW46=0,Base!BB46,Base!AN46)","v":1951},{"$f":"IF(Base!AW46=0,Base!BC46,Base!AO46)","v":"Sion"},null,null,null,null,null,null,null,null,null,null,null,null,{"$f":"Base!AJ46","v":"1966-08-04"},{"$f":"IF(FO48=\"Établissement\",\"\",IF(Base!AG46=\"Masculin\",\"Monsieur\",IF(Base!AG46=\"Féminin\",\"Madame\",\"\")))","v":""},{"$f":"IF(FP48=FALSE,CONCATENATE(IF(Base!AV46=\"Masculin\",\"Monsieur\",IF(Base!AV46=\"Féminin\",\"Madame\",\"\")),\"#chr(13)##chr(10)#\",Base!AW46,\" \",Base!AX46, \"#chr(13)##chr(10)#\",Base!AY46,\" \",Base!AZ46, \"#chr(13)##chr(10)#\",Base!BA46, \"#chr(13)##chr(10)#\",Base!BB46,\" \",Base!BC46),\"\")","v":""},null,"",null,{"$f":"IF(AND(Base!AT46<200,Base!AT46>99),1,0)","v":1},null,0,{"$f":"Base!BG46","v":"HVS.KM6"},{"$f":"Base!BH46& \"#chr(13)##chr(10)#\" &Base!BI46","v":"Taxe kilométrique (51 à 100 km)#chr(13)##chr(10)#"},null,{"$f":"Base!BJ46","v":50},{"$f":"Base!BK46","v":6},{"$f":"IF(Base!BL46=\"\",\"\",Base!BL46)","v":"km"},null,{"$f":"Base!BM46","v":300},null,null,{"$f":"IF(Base!H46=\"Uvrier\",3018,VLOOKUP(FQ48,$GV$2:$GX$7,FM48+1,0))","v":3018},0,0,null,0,null,null,null,null,null,"Libre","BS - 116",null,"BU - 73 - aff",0,null,null,null,null,null,null,null,null,null,null,null,null,null,null,null,null,null,null,null,null,null,null,null,null,null,null,null,null,null,null,null,null,null,{"$f":"Base!AH46&\", \"&Base!AI46","v":"Schmid, Fabienne"},{"$f":"Base!AN46&\" \"&Base!AO46&\", \"&Base!AK46&\" \"&Base!AL46","v":"2052 Fontainemelon, Rue de l'Ouest 15"},{"$f":"CONCATENATE(TEXT(DATE(YEAR(Base!AJ46),MONTH(Base!AJ46),DAY(Base!AJ46)),\"jj.mm.aaaa\"),\", \",FN48,IF(Base!D46=\"\",\"\",\" - \"),Base!D46)","v":"04.08.1966, 756.6476.0449.77 - 2825822/1"},{"$f":"Base!AR46","v":"Assura Caisse - maladie, 1052 Mont-sur-Lausanne"},{"$f":"LEFT(Base!J46,10)","v":"2022-01-17"},{"$f":"CONCATENATE(Base!L46,IF(Base!L46=0,\"\",\", \"),Base!M46,\" \",Base!N46,\", \",Base!P46,\" \",Base!Q46)","v":"Hôpital de Sion, Avenue du Grand-Champsec 80, 1950 Sion"},{"$f":"CONCATENATE(Base!V46,\", \",Base!Z46,\" \",Base!AA46,\", \",Base!W46,\" \",Base!X46)","v":"Hôpital neuchâtelois - Pourtalès, 2000 Neuchâtel, Rue de la Maladière 45"},null,{"$f":"CONCATENATE(RIGHT(LEFT(Base!J46,16),5),\" - \",RIGHT(LEFT(Base!K46,16),5))","v":"19:26 - 00:13"},{"$f":"Base!AF46&\" - \"&Base!I46","v":"Accident - S3"},null,null,null,null,null,null,null,null,null,null,null,null,null,null,null,null,null,null,{"$f":"Base!H46","v":"Uvrier"},2,null,null,null,null,null,null,null,null,null,2,null,null,null,null,null,null,null,null,null,null,null,null,null,null,null,null,null,null,null,null,null,{"$f":"IF(Base!U46=\"Privée\",2,1)","v":2},{"$f":"IF(OR(LEFT(Base!AS46,1)=\"1\",LEFT(Base!AS46)=\"2\"),RIGHT(Base!AS46,LEN(Base!AS46)-1),Base!AS46)","v":"756.6476.0449.77"},{"$f":"Base!AU46","v":"Établissement"},{"$f":"OR(CONCATENATE(Base!AW46,Base!AX46)=CONCATENATE(Base!AH46,Base!AI46),FO48=\"Établissement\")","v":true},{"$f":"Base!I46","v":"S3"}]
[{"$f":"Base!A47","v":3665},{"$f":"20","v":20},{"$f":"Base!B47","v":"2022-01-28"},null,{"$f":"Base!AE47","v":"VS22001800"},null,null,null,null,null,"<AUTO>",null,null,null,null,"URL (Libre)",null,null,{"$f":"Base!E47&\" - \"&Base!H47&\" - \"&Base!D47","v":"15323 - Uvrier - 2825822/1"},{"$f":"IF(AND(Base!AT47<1000,Base!AT47>99),Base!AT47,IF(FO49=\"Établissement\",VALUE(CONCATENATE(LEN(SUBSTITUTE(V49,\" \",\"\")),LEN(V49),AA49,COLUMN(INDIRECT(LEFT(V49,1)&1)),LEN(SUBSTITUTE(V49,\"-\",\"\")))),IF(FN49=\"\",VALUE(CONCATENATE(COLUMN(INDIRECT(LEFT(W49,1)&1)),COLUMN(INDIRECT(LEFT(X49,1)&1)),AO49,CODE(AA49))),VALUE(SUBSTITUTE(SUBSTITUTE(SUBSTITUTE(FN49,\".\",\"\"),\" \",\"\"),\"-\",\"\")))))","v":101},null,{"$f":"SUBSTITUTE(IF(Base!BF47=0,\"\",Base!BF47),\" (facturation)\",\"\")","v":"Hôpital du Valais - Direction des Finances/Service des fournisseurs"},{"$f":"IF(Base!AW47=0,\"\",Base!AH47)","v":""},{"$f":"IF(Base!AX47=0,\"\",Base!AI47)","v":""},{"$f":"IF(Base!AW47=0,Base!AY47&\" \"&Base!AZ47,Base!AK47&\" \"&Base!AL47)","v":"Avenue Grand-Champsec 86"},{"$f":"IF(IF(Base!AW47=0,Base!BA47,Base!AM47)=0,\"\",IF(Base!AW47=0,Base!BA47,Base!AM47))","v":"Case postale 696"},{"$f":"IF(Base!AW47=0,Base!BB47,Base!AN47)","v":1951},{"$f":"IF(Base!AW47=0,Base!BC47,Base!AO47)","v":"Sion"},null,null,null,null,null,null,null,null,null,null,null,null,{"$f":"Base!AJ47","v":"1966-08-04"},{"$f":"IF(FO49=\"Établissement\",\"\",IF(Base!AG47=\"Masculin\",\"Monsieur\",IF(Base!AG47=\"Féminin\",\"Madame\",\"\")))","v":""},{"$f":"IF(FP49=FALSE,CONCATENATE(IF(Base!AV47=\"Masculin\",\"Monsieur\",IF(Base!AV47=\"Féminin\",\"Madame\",\"\")),\"#chr(13)##chr(10)#\",Base!AW47,\" \",Base!AX47, \"#chr(13)##chr(10)#\",Base!AY47,\" \",Base!AZ47, \"#chr(13)##chr(10)#\",Base!BA47, \"#chr(13)##chr(10)#\",Base!BB47,\" \",Base!BC47),\"\")","v":""},null,"",null,{"$f":"IF(AND(Base!AT47<200,Base!AT47>99),1,0)","v":1},null,0,{"$f":"Base!BG47","v":"HVS.KM5"},{"$f":"Base!BH47& \"#chr(13)##chr(10)#\" &Base!BI47","v":"Taxe kilométrique (dès 101 km)#chr(13)##chr(10)#"},null,{"$f":"Base!BJ47","v":240},{"$f":"Base!BK47","v":5},{"$f":"IF(Base!BL47=\"\",\"\",Base!BL47)","v":"km"},null,{"$f":"Base!BM47","v":1200},null,null,{"$f":"IF(Base!H47=\"Uvrier\",3018,VLOOKUP(FQ49,$GV$2:$GX$7,FM49+1,0))","v":3018},0,0,null,0,null,null,null,null,null,"Libre","BS - 117",null,"BU - 73 - aff",0,null,null,null,null,null,null,null,null,null,null,null,null,null,null,null,null,null,null,null,null,null,null,null,null,null,null,null,null,null,null,null,null,null,{"$f":"Base!AH47&\", \"&Base!AI47","v":"Schmid, Fabienne"},{"$f":"Base!AN47&\" \"&Base!AO47&\", \"&Base!AK47&\" \"&Base!AL47","v":"2052 Fontainemelon, Rue de l'Ouest 15"},{"$f":"CONCATENATE(TEXT(DATE(YEAR(Base!AJ47),MONTH(Base!AJ47),DAY(Base!AJ47)),\"jj.mm.aaaa\"),\", \",FN49,IF(Base!D47=\"\",\"\",\" - \"),Base!D47)","v":"04.08.1966, 756.6476.0449.77 - 2825822/1"},{"$f":"Base!AR47","v":"Assura Caisse - maladie, 1052 Mont-sur-Lausanne"},{"$f":"LEFT(Base!J47,10)","v":"2022-01-17"},{"$f":"CONCATENATE(Base!L47,IF(Base!L47=0,\"\",\", \"),Base!M47,\" \",Base!N47,\", \",Base!P47,\" \",Base!Q47)","v":"Hôpital de Sion, Avenue du Grand-Champsec 80, 1950 Sion"},{"$f":"CONCATENATE(Base!V47,\", \",Base!Z47,\" \",Base!AA47,\", \",Base!W47,\" \",Base!X47)","v":"Hôpital neuchâtelois - Pourtalès, 2000 Neuchâtel, Rue de la Maladière 45"},null,{"$f":"CONCATENATE(RIGHT(LEFT(Base!J47,16),5),\" - \",RIGHT(LEFT(Base!K47,16),5))","v":"19:26 - 00:13"},{"$f":"Base!AF47&\" - \"&Base!I47","v":"Accident - S3"},null,null,null,null,null,null,null,null,null,null,null,null,null,null,null,null,null,null,{"$f":"Base!H47","v":"Uvrier"},2,null,null,null,null,null,null,null,null,null,2,null,null,null,null,null,null,null,null,null,null,null,null,null,null,null,null,null,null,null,null,null,{"$f":"IF(Base!U47=\"Privée\",2,1)","v":2},{"$f":"IF(OR(LEFT(Base!AS47,1)=\"1\",LEFT(Base!AS47)=\"2\"),RIGHT(Base!AS47,LEN(Base!AS47)-1),Base!AS47)","v":"756.6476.0449.77"},{"$f":"Base!AU47","v":"Établissement"},{"$f":"OR(CONCATENATE(Base!AW47,Base!AX47)=CONCATENATE(Base!AH47,Base!AI47),FO49=\"Établissement\")","v":true},{"$f":"Base!I47","v":"S3"}]
[{"$f":"Base!A48","v":3666},{"$f":"20","v":20},{"$f":"Base!B48","v":"2022-01-28"},null,{"$f":"Base!AE48","v":"VS22001832"},null,null,null,null,null,"<AUTO>",null,null,null,null,"URL (Libre)",null,null,{"$f":"Base!E48&\" - \"&Base!H48&\" - \"&Base!D48","v":"15355 - Uvrier - "},{"$f":"IF(AND(Base!AT48<1000,Base!AT48>99),Base!AT48,IF(FO50=\"Établissement\",VALUE(CONCATENATE(LEN(SUBSTITUTE(V50,\" \",\"\")),LEN(V50),AA50,COLUMN(INDIRECT(LEFT(V50,1)&1)),LEN(SUBSTITUTE(V50,\"-\",\"\")))),IF(FN50=\"\",VALUE(CONCATENATE(COLUMN(INDIRECT(LEFT(W50,1)&1)),COLUMN(INDIRECT(LEFT(X50,1)&1)),AO50,CODE(AA50))),VALUE(SUBSTITUTE(SUBSTITUTE(SUBSTITUTE(FN50,\".\",\"\"),\" \",\"\"),\"-\",\"\")))))","v":7564804667096},null,{"$f":"SUBSTITUTE(IF(Base!BF48=0,\"\",Base!BF48),\" (facturation)\",\"\")","v":""},{"$f":"IF(Base!AW48=0,\"\",Base!AH48)","v":"Rey"},{"$f":"IF(Base!AX48=0,\"\",Base!AI48)","v":"Martial"},{"$f":"IF(Base!AW48=0,Base!AY48&\" \"&Base!AZ48,Base!AK48&\" \"&Base!AL48)","v":"Rue du Vieux-Moulin 32"},{"$f":"IF(IF(Base!AW48=0,Base!BA48,Base!AM48)=0,\"\",IF(Base!AW48=0,Base!BA48,Base!AM48))","v":"Home St-François"},{"$f":"IF(Base!AW48=0,Base!BB48,Base!AN48)","v":1950},{"$f":"IF(Base!AW48=0,Base!BC48,Base!AO48)","v":"Sion"},null,null,null,null,null,null,null,null,null,null,null,null,{"$f":"Base!AJ48","v":"1934-11-16"},{"$f":"IF(FO50=\"Établissement\",\"\",IF(Base!AG48=\"Masculin\",\"Monsieur\",IF(Base!AG48=\"Féminin\",\"Madame\",\"\")))","v":"Monsieur"},{"$f":"IF(FP50=FALSE,CONCATENATE(IF(Base!AV48=\"Masculin\",\"Monsieur\",IF(Base!AV48=\"Féminin\",\"Madame\",\"\")),\"#chr(13)##chr(10)#\",Base!AW48,\" \",Base!AX48, \"#chr(13)##chr(10)#\",Base!AY48,\" \",Base!AZ48, \"#chr(13)##chr(10)#\",Base!BA48, \"#chr(13)##chr(10)#\",Base!BB48,\" \",Base!BC48),\"\")","v":""},null,"Monsieur",null,{"$f":"IF(AND(Base!AT48<200,Base!AT48>99),1,0)","v":0},null,0,{"$f":"Base!BG48","v":9403},{"$f":"Base!BH48& \"#chr(13)##chr(10)#\" &Base!BI48","v":"Taxe de base transport P3#chr(13)##chr(10)#"},null,{"$f":"Base!BJ48","v":1},{"$f":"Base!BK48","v":200},{"$f":"IF(Base!BL48=\"\",\"\",Base!BL48)","v":""},null,{"$f":"Base!BM48","v":200},null,null,{"$f":"IF(Base!H48=\"Uvrier\",3018,VLOOKUP(FQ50,$GV$2:$GX$7,FM50+1,0))","v":3018},0,0,null,0,null,null,null,null,null,"Libre","BS - 118",null,"BU - 73 - aff",0,null,null,null,null,null,null,null,null,null,null,null,null,null,null,null,null,null,null,null,null,null,null,null,null,null,null,null,null,null,null,null,null,null,{"$f":"Base!AH48&\", \"&Base!AI48","v":"Rey, Martial"},{"$f":"Base!AN48&\" \"&Base!AO48&\", \"&Base!AK48&\" \"&Base!AL48","v":"1950 Sion, Rue du Vieux-Moulin 32"},{"$f":"CONCATENATE(TEXT(DATE(YEAR(Base!AJ48),MONTH(Base!AJ48),DAY(Base!AJ48)),\"jj.mm.aaaa\"),\", \",FN50,IF(Base!D48=\"\",\"\",\" - \"),Base!D48)","v":"16.11.1934, 756.4804.6670.96"},{"$f":"Base!AR48","v":"CSS Kranken- Versicherung AG"},{"$f":"LEFT(Base!J48,10)","v":"2022-01-18"},{"$f":"CONCATENATE(Base!L48,IF(Base!L48=0,\"\",\", \"),Base!M48,\" \",Base!N48,\", \",Base!P48,\" \",Base!Q48)","v":"Domicile , Rue des Aubépines 15, 1950 Sion"},{"$f":"CONCATENATE(Base!V48,\", \",Base!Z48,\" \",Base!AA48,\", \",Base!W48,\" \",Base!X48)","v":"Home St-François, 1950 Sion, Rue du Vieux-Moulin 32"},null,{"$f":"CONCATENATE(RIGHT(LEFT(Base!J48,16),5),\" - \",RIGHT(LEFT(Base!K48,16),5))","v":"09:34 - 10:41"},{"$f":"Base!AF48&\" - \"&Base!I48","v":"Maladie - P3"},null,null,null,null,null,null,null,null,null,null,null,null,null,null,null,null,null,null,{"$f":"Base!H48","v":"Uvrier"},2,null,null,null,null,null,null,null,null,null,2,null,null,null,null,null,null,null,null,null,null,null,null,null,null,null,null,null,null,null,null,null,{"$f":"IF(Base!U48=\"Privée\",2,1)","v":2},{"$f":"IF(OR(LEFT(Base!AS48,1)=\"1\",LEFT(Base!AS48)=\"2\"),RIGHT(Base!AS48,LEN(Base!AS48)-1),Base!AS48)","v":"756.4804.6670.96"},{"$f":"Base!AU48","v":"Personne"},{"$f":"OR(CONCATENATE(Base!AW48,Base!AX48)=CONCATENATE(Base!AH48,Base!AI48),FO50=\"Établissement\")","v":true},{"$f":"Base!I48","v":"P3"}]
[{"$f":"Base!A49","v":3666},{"$f":"20","v":20},{"$f":"Base!B49","v":"2022-01-28"},null,{"$f":"Base!AE49","v":"VS22001832"},null,null,null,null,null,"<AUTO>",null,null,null,null,"URL (Libre)",null,null,{"$f":"Base!E49&\" - \"&Base!H49&\" - \"&Base!D49","v":"15355 - Uvrier - "},{"$f":"IF(AND(Base!AT49<1000,Base!AT49>99),Base!AT49,IF(FO51=\"Établissement\",VALUE(CONCATENATE(LEN(SUBSTITUTE(V51,\" \",\"\")),LEN(V51),AA51,COLUMN(INDIRECT(LEFT(V51,1)&1)),LEN(SUBSTITUTE(V51,\"-\",\"\")))),IF(FN51=\"\",VALUE(CONCATENATE(COLUMN(INDIRECT(LEFT(W51,1)&1)),COLUMN(INDIRECT(LEFT(X51,1)&1)),AO51,CODE(AA51))),VALUE(SUBSTITUTE(SUBSTITUTE(SUBSTITUTE(FN51,\".\",\"\"),\" \",\"\"),\"-\",\"\")))))","v":7564804667096},null,{"$f":"SUBSTITUTE(IF(Base!BF49=0,\"\",Base!BF49),\" (facturation)\",\"\")","v":""},{"$f":"IF(Base!AW49=0,\"\",Base!AH49)","v":"Rey"},{"$f":"IF(Base!AX49=0,\"\",Base!AI49)","v":"Martial"},{"$f":"IF(Base!AW49=0,Base!AY49&\" \"&Base!AZ49,Base!AK49&\" \"&Base!AL49)","v":"Rue du Vieux-Moulin 32"},{"$f":"IF(IF(Base!AW49=0,Base!BA49,Base!AM49)=0,\"\",IF(Base!AW49=0,Base!BA49,Base!AM49))","v":"Home St-François"},{"$f":"IF(Base!AW49=0,Base!BB49,Base!AN49)","v":1950},{"$f":"IF(Base!AW49=0,Base!BC49,Base!AO49)","v":"Sion"},null,null,null,null,null,null,null,null,null,null,null,null,{"$f":"Base!AJ49","v":"1934-11-16"},{"$f":"IF(FO51=\"Établissement\",\"\",IF(Base!AG49=\"Masculin\",\"Monsieur\",IF(Base!AG49=\"Féminin\",\"Madame\",\"\")))","v":"Monsieur"},{"$f":"IF(FP51=FALSE,CONCATENATE(IF(Base!AV49=\"Masculin\",\"Monsieur\",IF(Base!AV49=\"Féminin\",\"Madame\",\"\")),\"#chr(13)##chr(10)#\",Base!AW49,\" \",Base!AX49, \"#chr(13)##chr(10)#\",Base!AY49,\" \",Base!AZ49, \"#chr(13)##chr(10)#\",Base!BA49, \"#chr(13)##chr(10)#\",Base!BB49,\" \",Base!BC49),\"\")","v":""},null,"Monsieur",null,{"$f":"IF(AND(Base!AT49<200,Base!AT49>99),1,0)","v":0},null,0,{"$f":"Base!BG49","v":9404},{"$f":"Base!BH49& \"#chr(13)##chr(10)#\" &Base!BI49","v":"Indemnisation kilométrique#chr(13)##chr(10)#"},null,{"$f":"Base!BJ49","v":16},{"$f":"Base!BK49","v":4.5},{"$f":"IF(Base!BL49=\"\",\"\",Base!BL49)","v":"km"},null,{"$f":"Base!BM49","v":72},null,null,{"$f":"IF(Base!H49=\"Uvrier\",3018,VLOOKUP(FQ51,$GV$2:$GX$7,FM51+1,0))","v":3018},0,0,null,0,null,null,null,null,null,"Libre","BS - 119",null,"BU - 73 - aff",0,null,null,null,null,null,null,null,null,null,null,null,null,null,null,null,null,null,null,null,null,null,null,null,null,null,null,null,null,null,null,null,null,null,{"$f":"Base!AH49&\", \"&Base!AI49","v":"Rey, Martial"},{"$f":"Base!AN49&\" \"&Base!AO49&\", \"&Base!AK49&\" \"&Base!AL49","v":"1950 Sion, Rue du Vieux-Moulin 32"},{"$f":"CONCATENATE(TEXT(DATE(YEAR(Base!AJ49),MONTH(Base!AJ49),DAY(Base!AJ49)),\"jj.mm.aaaa\"),\", \",FN51,IF(Base!D49=\"\",\"\",\" - \"),Base!D49)","v":"16.11.1934, 756.4804.6670.96"},{"$f":"Base!AR49","v":"CSS Kranken- Versicherung AG"},{"$f":"LEFT(Base!J49,10)","v":"2022-01-18"},{"$f":"CONCATENATE(Base!L49,IF(Base!L49=0,\"\",\", \"),Base!M49,\" \",Base!N49,\", \",Base!P49,\" \",Base!Q49)","v":"Domicile , Rue des Aubépines 15, 1950 Sion"},{"$f":"CONCATENATE(Base!V49,\", \",Base!Z49,\" \",Base!AA49,\", \",Base!W49,\" \",Base!X49)","v":"Home St-François, 1950 Sion, Rue du Vieux-Moulin 32"},null,{"$f":"CONCATENATE(RIGHT(LEFT(Base!J49,16),5),\" - \",RIGHT(LEFT(Base!K49,16),5))","v":"09:34 - 10:41"},{"$f":"Base!AF49&\" - \"&Base!I49","v":"Maladie - P3"},null,null,null,null,null,null,null,null,null,null,null,null,null,null,null,null,null,null,{"$f":"Base!H49","v":"Uvrier"},2,null,null,null,null,null,null,null,null,null,2,null,null,null,null,null,null,null,null,null,null,null,null,null,null,null,null,null,null,null,null,null,{"$f":"IF(Base!U49=\"Privée\",2,1)","v":2},{"$f":"IF(OR(LEFT(Base!AS49,1)=\"1\",LEFT(Base!AS49)=\"2\"),RIGHT(Base!AS49,LEN(Base!AS49)-1),Base!AS49)","v":"756.4804.6670.96"},{"$f":"Base!AU49","v":"Personne"},{"$f":"OR(CONCATENATE(Base!AW49,Base!AX49)=CONCATENATE(Base!AH49,Base!AI49),FO51=\"Établissement\")","v":true},{"$f":"Base!I49","v":"P3"}]
[{"$f":"Base!A50","v":3666},{"$f":"20","v":20},{"$f":"Base!B50","v":"2022-01-28"},null,{"$f":"Base!AE50","v":"VS22001832"},null,null,null,null,null,"<AUTO>",null,null,null,null,"URL (Libre)",null,null,{"$f":"Base!E50&\" - \"&Base!H50&\" - \"&Base!D50","v":"15355 - Uvrier - "},{"$f":"IF(AND(Base!AT50<1000,Base!AT50>99),Base!AT50,IF(FO52=\"Établissement\",VALUE(CONCATENATE(LEN(SUBSTITUTE(V52,\" \",\"\")),LEN(V52),AA52,COLUMN(INDIRECT(LEFT(V52,1)&1)),LEN(SUBSTITUTE(V52,\"-\",\"\")))),IF(FN52=\"\",VALUE(CONCATENATE(COLUMN(INDIRECT(LEFT(W52,1)&1)),COLUMN(INDIRECT(LEFT(X52,1)&1)),AO52,CODE(AA52))),VALUE(SUBSTITUTE(SUBSTITUTE(SUBSTITUTE(FN52,\".\",\"\"),\" \",\"\"),\"-\",\"\")))))","v":7564804667096},null,{"$f":"SUBSTITUTE(IF(Base!BF50=0,\"\",Base!BF50),\" (facturation)\",\"\")","v":""},{"$f":"IF(Base!AW50=0,\"\",Base!AH50)","v":"Rey"},{"$f":"IF(Base!AX50=0,\"\",Base!AI50)","v":"Martial"},{"$f":"IF(Base!AW50=0,Base!AY50&\" \"&Base!AZ50,Base!AK50&\" \"&Base!AL50)","v":"Rue du Vieux-Moulin 32"},{"$f":"IF(IF(Base!AW50=0,Base!BA50,Base!AM50)=0,\"\",IF(Base!AW50=0,Base!BA50,Base!AM50))","v":"Home St-François"},{"$f":"IF(Base!AW50=0,Base!BB50,Base!AN50)","v":1950},{"$f":"IF(Base!AW50=0,Base!BC50,Base!AO50)","v":"Sion"},null,null,null,null,null,null,null,null,null,null,null,null,{"$f":"Base!AJ50","v":"1934-11-16"},{"$f":"IF(FO52=\"Établissement\",\"\",IF(Base!AG50=\"Masculin\",\"Monsieur\",IF(Base!AG50=\"Féminin\",\"Madame\",\"\")))","v":"Monsieur"},{"$f":"IF(FP52=FALSE,CONCATENATE(IF(Base!AV50=\"Masculin\",\"Monsieur\",IF(Base!AV50=\"Féminin\",\"Madame\",\"\")),\"#chr(13)##chr(10)#\",Base!AW50,\" \",Base!AX50, \"#chr(13)##chr(10)#\",Base!AY50,\" \",Base!AZ50, \"#chr(13)##chr(10)#\",Base!BA50, \"#chr(13)##chr(10)#\",Base!BB50,\" \",Base!BC50),\"\")","v":""},null,"Monsieur",null,{"$f":"IF(AND(Base!AT50<200,Base!AT50>99),1,0)","v":0},null,0,{"$f":"Base!BG50","v":9411},{"$f":"Base!BH50& \"#chr(13)##chr(10)#\" &Base!BI50","v":"Personnel soignant reconnu (par personne et par quart d'heure entamé)#chr(13)##chr(10)#"},null,{"$f":"Base!BJ50","v":10},{"$f":"Base!BK50","v":35},{"$f":"IF(Base!BL50=\"\",\"\",Base!BL50)","v":"¼ d'heure"},null,{"$f":"Base!BM50","v":350},null,null,{"$f":"IF(Base!H50=\"Uvrier\",3018,VLOOKUP(FQ52,$GV$2:$GX$7,FM52+1,0))","v":3018},0,0,null,0,null,null,null,null,null,"Libre","BS - 120",null,"BU - 73 - aff",0,null,null,null,null,null,null,null,null,null,null,null,null,null,null,null,null,null,null,null,null,null,null,null,null,null,null,null,null,null,null,null,null,null,{"$f":"Base!AH50&\", \"&Base!AI50","v":"Rey, Martial"},{"$f":"Base!AN50&\" \"&Base!AO50&\", \"&Base!AK50&\" \"&Base!AL50","v":"1950 Sion, Rue du Vieux-Moulin 32"},{"$f":"CONCATENATE(TEXT(DATE(YEAR(Base!AJ50),MONTH(Base!AJ50),DAY(Base!AJ50)),\"jj.mm.aaaa\"),\", \",FN52,IF(Base!D50=\"\",\"\",\" - \"),Base!D50)","v":"16.11.1934, 756.4804.6670.96"},{"$f":"Base!AR50","v":"CSS Kranken- Versicherung AG"},{"$f":"LEFT(Base!J50,10)","v":"2022-01-18"},{"$f":"CONCATENATE(Base!L50,IF(Base!L50=0,\"\",\", \"),Base!M50,\" \",Base!N50,\", \",Base!P50,\" \",Base!Q50)","v":"Domicile , Rue des Aubépines 15, 1950 Sion"},{"$f":"CONCATENATE(Base!V50,\", \",Base!Z50,\" \",Base!AA50,\", \",Base!W50,\" \",Base!X50)","v":"Home St-François, 1950 Sion, Rue du Vieux-Moulin 32"},null,{"$f":"CONCATENATE(RIGHT(LEFT(Base!J50,16),5),\" - \",RIGHT(LEFT(Base!K50,16),5))","v":"09:34 - 10:41"},{"$f":"Base!AF50&\" - \"&Base!I50","v":"Maladie - P3"},null,null,null,null,null,null,null,null,null,null,null,null,null,null,null,null,null,null,{"$f":"Base!H50","v":"Uvrier"},2,null,null,null,null,null,null,null,null,null,2,null,null,null,null,null,null,null,null,null,null,null,null,null,null,null,null,null,null,null,null,null,{"$f":"IF(Base!U50=\"Privée\",2,1)","v":2},{"$f":"IF(OR(LEFT(Base!AS50,1)=\"1\",LEFT(Base!AS50)=\"2\"),RIGHT(Base!AS50,LEN(Base!AS50)-1),Base!AS50)","v":"756.4804.6670.96"},{"$f":"Base!AU50","v":"Personne"},{"$f":"OR(CONCATENATE(Base!AW50,Base!AX50)=CONCATENATE(Base!AH50,Base!AI50),FO52=\"Établissement\")","v":true},{"$f":"Base!I50","v":"P3"}]
[{"$f":"Base!A51","v":3666},{"$f":"20","v":20},{"$f":"Base!B51","v":"2022-01-28"},null,{"$f":"Base!AE51","v":"VS22001832"},null,null,null,null,null,"<AUTO>",null,null,null,null,"URL (Libre)",null,null,{"$f":"Base!E51&\" - \"&Base!H51&\" - \"&Base!D51","v":"15355 - Uvrier - "},{"$f":"IF(AND(Base!AT51<1000,Base!AT51>99),Base!AT51,IF(FO53=\"Établissement\",VALUE(CONCATENATE(LEN(SUBSTITUTE(V53,\" \",\"\")),LEN(V53),AA53,COLUMN(INDIRECT(LEFT(V53,1)&1)),LEN(SUBSTITUTE(V53,\"-\",\"\")))),IF(FN53=\"\",VALUE(CONCATENATE(COLUMN(INDIRECT(LEFT(W53,1)&1)),COLUMN(INDIRECT(LEFT(X53,1)&1)),AO53,CODE(AA53))),VALUE(SUBSTITUTE(SUBSTITUTE(SUBSTITUTE(FN53,\".\",\"\"),\" \",\"\"),\"-\",\"\")))))","v":7564804667096},null,{"$f":"SUBSTITUTE(IF(Base!BF51=0,\"\",Base!BF51),\" (facturation)\",\"\")","v":""},{"$f":"IF(Base!AW51=0,\"\",Base!AH51)","v":"Rey"},{"$f":"IF(Base!AX51=0,\"\",Base!AI51)","v":"Martial"},{"$f":"IF(Base!AW51=0,Base!AY51&\" \"&Base!AZ51,Base!AK51&\" \"&Base!AL51)","v":"Rue du Vieux-Moulin 32"},{"$f":"IF(IF(Base!AW51=0,Base!BA51,Base!AM51)=0,\"\",IF(Base!AW51=0,Base!BA51,Base!AM51))","v":"Home St-François"},{"$f":"IF(Base!AW51=0,Base!BB51,Base!AN51)","v":1950},{"$f":"IF(Base!AW51=0,Base!BC51,Base!AO51)","v":"Sion"},null,null,null,null,null,null,null,null,null,null,null,null,{"$f":"Base!AJ51","v":"1934-11-16"},{"$f":"IF(FO53=\"Établissement\",\"\",IF(Base!AG51=\"Masculin\",\"Monsieur\",IF(Base!AG51=\"Féminin\",\"Madame\",\"\")))","v":"Monsieur"},{"$f":"IF(FP53=FALSE,CONCATENATE(IF(Base!AV51=\"Masculin\",\"Monsieur\",IF(Base!AV51=\"Féminin\",\"Madame\",\"\")),\"#chr(13)##chr(10)#\",Base!AW51,\" \",Base!AX51, \"#chr(13)##chr(10)#\",Base!AY51,\" \",Base!AZ51, \"#chr(13)##chr(10)#\",Base!BA51, \"#chr(13)##chr(10)#\",Base!BB51,\" \",Base!BC51),\"\")","v":""},null,"Monsieur",null,{"$f":"IF(AND(Base!AT51<200,Base!AT51>99),1,0)","v":0},null,0,{"$f":"Base!BG51","v":"CLN.9441"},{"$f":"Base!BH51& \"#chr(13)##chr(10)#\" &Base!BI51","v":"Matériel - Prestation standard élargie#chr(13)##chr(10)#"},null,{"$f":"Base!BJ51","v":1},{"$f":"Base!BK51","v":80},{"$f":"IF(Base!BL51=\"\",\"\",Base!BL51)","v":""},null,{"$f":"Base!BM51","v":80},null,null,{"$f":"IF(Base!H51=\"Uvrier\",3018,VLOOKUP(FQ53,$GV$2:$GX$7,FM53+1,0))","v":3018},0,0,null,0,null,null,null,null,null,"Libre","BS - 121",null,"BU - 73 - aff",0,null,null,null,null,null,null,null,null,null,null,null,null,null,null,null,null,null,null,null,null,null,null,null,null,null,null,null,null,null,null,null,null,null,{"$f":"Base!AH51&\", \"&Base!AI51","v":"Rey, Martial"},{"$f":"Base!AN51&\" \"&Base!AO51&\", \"&Base!AK51&\" \"&Base!AL51","v":"1950 Sion, Rue du Vieux-Moulin 32"},{"$f":"CONCATENATE(TEXT(DATE(YEAR(Base!AJ51),MONTH(Base!AJ51),DAY(Base!AJ51)),\"jj.mm.aaaa\"),\", \",FN53,IF(Base!D51=\"\",\"\",\" - \"),Base!D51)","v":"16.11.1934, 756.4804.6670.96"},{"$f":"Base!AR51","v":"CSS Kranken- Versicherung AG"},{"$f":"LEFT(Base!J51,10)","v":"2022-01-18"},{"$f":"CONCATENATE(Base!L51,IF(Base!L51=0,\"\",\", \"),Base!M51,\" \",Base!N51,\", \",Base!P51,\" \",Base!Q51)","v":"Domicile , Rue des Aubépines 15, 1950 Sion"},{"$f":"CONCATENATE(Base!V51,\", \",Base!Z51,\" \",Base!AA51,\", \",Base!W51,\" \",Base!X51)","v":"Home St-François, 1950 Sion, Rue du Vieux-Moulin 32"},null,{"$f":"CONCATENATE(RIGHT(LEFT(Base!J51,16),5),\" - \",RIGHT(LEFT(Base!K51,16),5))","v":"09:34 - 10:41"},{"$f":"Base!AF51&\" - \"&Base!I51","v":"Maladie - P3"},null,null,null,null,null,null,null,null,null,null,null,null,null,null,null,null,null,null,{"$f":"Base!H51","v":"Uvrier"},2,null,null,null,null,null,null,null,null,null,2,null,null,null,null,null,null,null,null,null,null,null,null,null,null,null,null,null,null,null,null,null,{"$f":"IF(Base!U51=\"Privée\",2,1)","v":2},{"$f":"IF(OR(LEFT(Base!AS51,1)=\"1\",LEFT(Base!AS51)=\"2\"),RIGHT(Base!AS51,LEN(Base!AS51)-1),Base!AS51)","v":"756.4804.6670.96"},{"$f":"Base!AU51","v":"Personne"},{"$f":"OR(CONCATENATE(Base!AW51,Base!AX51)=CONCATENATE(Base!AH51,Base!AI51),FO53=\"Établissement\")","v":true},{"$f":"Base!I51","v":"P3"}]
[{"$f":"Base!A52","v":3777},{"$f":"20","v":20},{"$f":"Base!B52","v":"2022-01-28"},null,{"$f":"Base!AE52","v":"VS22001779"},null,null,null,null,null,"<AUTO>",null,null,null,null,"URL (Libre)",null,null,{"$f":"Base!E52&\" - \"&Base!H52&\" - \"&Base!D52","v":"15302 - Uvrier - "},{"$f":"IF(AND(Base!AT52<1000,Base!AT52>99),Base!AT52,IF(FO54=\"Établissement\",VALUE(CONCATENATE(LEN(SUBSTITUTE(V54,\" \",\"\")),LEN(V54),AA54,COLUMN(INDIRECT(LEFT(V54,1)&1)),LEN(SUBSTITUTE(V54,\"-\",\"\")))),IF(FN54=\"\",VALUE(CONCATENATE(COLUMN(INDIRECT(LEFT(W54,1)&1)),COLUMN(INDIRECT(LEFT(X54,1)&1)),AO54,CODE(AA54))),VALUE(SUBSTITUTE(SUBSTITUTE(SUBSTITUTE(FN54,\".\",\"\"),\" \",\"\"),\"-\",\"\")))))","v":333719201937},null,{"$f":"SUBSTITUTE(IF(Base!BF52=0,\"\",Base!BF52),\" (facturation)\",\"\")","v":"Service intercommunal de la curatelle"},{"$f":"IF(Base!AW52=0,\"\",Base!AH52)","v":"Sirgado de Oliveira"},{"$f":"IF(Base!AX52=0,\"\",Base!AI52)","v":"Sandrina"},{"$f":"IF(Base!AW52=0,Base!AY52&\" \"&Base!AZ52,Base!AK52&\" \"&Base!AL52)","v":"Chemin de la Praille 39"},{"$f":"IF(IF(Base!AW52=0,Base!BA52,Base!AM52)=0,\"\",IF(Base!AW52=0,Base!BA52,Base!AM52))","v":""},{"$f":"IF(Base!AW52=0,Base!BB52,Base!AN52)","v":1920},{"$f":"IF(Base!AW52=0,Base!BC52,Base!AO52)","v":"Martigny"},null,null,null,null,null,null,null,null,null,null,null,null,{"$f":"Base!AJ52","v":"1994-04-29"},{"$f":"IF(FO54=\"Établissement\",\"\",IF(Base!AG52=\"Masculin\",\"Monsieur\",IF(Base!AG52=\"Féminin\",\"Madame\",\"\")))","v":""},{"$f":"IF(FP54=FALSE,CONCATENATE(IF(Base!AV52=\"Masculin\",\"Monsieur\",IF(Base!AV52=\"Féminin\",\"Madame\",\"\")),\"#chr(13)##chr(10)#\",Base!AW52,\" \",Base!AX52, \"#chr(13)##chr(10)#\",Base!AY52,\" \",Base!AZ52, \"#chr(13)##chr(10)#\",Base!BA52, \"#chr(13)##chr(10)#\",Base!BB52,\" \",Base!BC52),\"\")","v":""},null,"",null,{"$f":"IF(AND(Base!AT52<200,Base!AT52>99),1,0)","v":0},null,0,{"$f":"Base!BG52","v":"CLN.9403 "},{"$f":"Base!BH52& \"#chr(13)##chr(10)#\" &Base!BI52","v":"Taxe de base transport S3#chr(13)##chr(10)#"},null,{"$f":"Base!BJ52","v":1},{"$f":"Base!BK52","v":200},{"$f":"IF(Base!BL52=\"\",\"\",Base!BL52)","v":""},null,{"$f":"Base!BM52","v":200},null,null,{"$f":"IF(Base!H52=\"Uvrier\",3018,VLOOKUP(FQ54,$GV$2:$GX$7,FM54+1,0))","v":3018},0,0,null,0,null,null,null,null,null,"Libre","BS - 122",null,"BU - 73 - aff",0,null,null,null,null,null,null,null,null,null,null,null,null,null,null,null,null,null,null,null,null,null,null,null,null,null,null,null,null,null,null,null,null,null,{"$f":"Base!AH52&\", \"&Base!AI52","v":"Sirgado de Oliveira, Sandrina"},{"$f":"Base!AN52&\" \"&Base!AO52&\", \"&Base!AK52&\" \"&Base!AL52","v":"1920 Martigny, Chemin de la Praille 39"},{"$f":"CONCATENATE(TEXT(DATE(YEAR(Base!AJ52),MONTH(Base!AJ52),DAY(Base!AJ52)),\"jj.mm.aaaa\"),\", \",FN54,IF(Base!D52=\"\",\"\",\" - \"),Base!D52)","v":"29.04.1994,  2756.3899.9947.11"},{"$f":"Base!AR52","v":"Arcosana AG"},{"$f":"LEFT(Base!J52,10)","v":"2022-01-18"},{"$f":"CONCATENATE(Base!L52,IF(Base!L52=0,\"\",\", \"),Base!M52,\" \",Base!N52,\", \",Base!P52,\" \",Base!Q52)","v":"Hôpital de Martigny, Avenue de la Fusion 27, 1920 Martigny"},{"$f":"CONCATENATE(Base!V52,\", \",Base!Z52,\" \",Base!AA52,\", \",Base!W52,\" \",Base!X52)","v":"Domicile, 1920 Martigny, Chemin de la Praille 39"},null,{"$f":"CONCATENATE(RIGHT(LEFT(Base!J52,16),5),\" - \",RIGHT(LEFT(Base!K52,16),5))","v":"12:45 - 14:35"},{"$f":"Base!AF52&\" - \"&Base!I52","v":"Maladie - S3"},null,null,null,null,null,null,null,null,null,null,null,null,null,null,null,null,null,null,{"$f":"Base!H52","v":"Uvrier"},2,null,null,null,null,null,null,null,null,null,2,null,null,null,null,null,null,null,null,null,null,null,null,null,null,null,null,null,null,null,null,null,{"$f":"IF(Base!U52=\"Privée\",2,1)","v":2},{"$f":"IF(OR(LEFT(Base!AS52,1)=\"1\",LEFT(Base!AS52)=\"2\"),RIGHT(Base!AS52,LEN(Base!AS52)-1),Base!AS52)","v":" 2756.3899.9947.11"},{"$f":"Base!AU52","v":"Établissement"},{"$f":"OR(CONCATENATE(Base!AW52,Base!AX52)=CONCATENATE(Base!AH52,Base!AI52),FO54=\"Établissement\")","v":true},{"$f":"Base!I52","v":"S3"}]
[{"$f":"Base!A53","v":3777},{"$f":"20","v":20},{"$f":"Base!B53","v":"2022-01-28"},null,{"$f":"Base!AE53","v":"VS22001779"},null,null,null,null,null,"<AUTO>",null,null,null,null,"URL (Libre)",null,null,{"$f":"Base!E53&\" - \"&Base!H53&\" - \"&Base!D53","v":"15302 - Uvrier - "},{"$f":"IF(AND(Base!AT53<1000,Base!AT53>99),Base!AT53,IF(FO55=\"Établissement\",VALUE(CONCATENATE(LEN(SUBSTITUTE(V55,\" \",\"\")),LEN(V55),AA55,COLUMN(INDIRECT(LEFT(V55,1)&1)),LEN(SUBSTITUTE(V55,\"-\",\"\")))),IF(FN55=\"\",VALUE(CONCATENATE(COLUMN(INDIRECT(LEFT(W55,1)&1)),COLUMN(INDIRECT(LEFT(X55,1)&1)),AO55,CODE(AA55))),VALUE(SUBSTITUTE(SUBSTITUTE(SUBSTITUTE(FN55,\".\",\"\"),\" \",\"\"),\"-\",\"\")))))","v":333719201937},null,{"$f":"SUBSTITUTE(IF(Base!BF53=0,\"\",Base!BF53),\" (facturation)\",\"\")","v":"Service intercommunal de la curatelle"},{"$f":"IF(Base!AW53=0,\"\",Base!AH53)","v":"Sirgado de Oliveira"},{"$f":"IF(Base!AX53=0,\"\",Base!AI53)","v":"Sandrina"},{"$f":"IF(Base!AW53=0,Base!AY53&\" \"&Base!AZ53,Base!AK53&\" \"&Base!AL53)","v":"Chemin de la Praille 39"},{"$f":"IF(IF(Base!AW53=0,Base!BA53,Base!AM53)=0,\"\",IF(Base!AW53=0,Base!BA53,Base!AM53))","v":""},{"$f":"IF(Base!AW53=0,Base!BB53,Base!AN53)","v":1920},{"$f":"IF(Base!AW53=0,Base!BC53,Base!AO53)","v":"Martigny"},null,null,null,null,null,null,null,null,null,null,null,null,{"$f":"Base!AJ53","v":"1994-04-29"},{"$f":"IF(FO55=\"Établissement\",\"\",IF(Base!AG53=\"Masculin\",\"Monsieur\",IF(Base!AG53=\"Féminin\",\"Madame\",\"\")))","v":""},{"$f":"IF(FP55=FALSE,CONCATENATE(IF(Base!AV53=\"Masculin\",\"Monsieur\",IF(Base!AV53=\"Féminin\",\"Madame\",\"\")),\"#chr(13)##chr(10)#\",Base!AW53,\" \",Base!AX53, \"#chr(13)##chr(10)#\",Base!AY53,\" \",Base!AZ53, \"#chr(13)##chr(10)#\",Base!BA53, \"#chr(13)##chr(10)#\",Base!BB53,\" \",Base!BC53),\"\")","v":""},null,"",null,{"$f":"IF(AND(Base!AT53<200,Base!AT53>99),1,0)","v":0},null,0,{"$f":"Base!BG53","v":"CLN.9404"},{"$f":"Base!BH53& \"#chr(13)##chr(10)#\" &Base!BI53","v":"Indemnisation kilométrique#chr(13)##chr(10)#"},null,{"$f":"Base!BJ53","v":15},{"$f":"Base!BK53","v":4.5},{"$f":"IF(Base!BL53=\"\",\"\",Base!BL53)","v":"km"},null,{"$f":"Base!BM53","v":67.5},null,null,{"$f":"IF(Base!H53=\"Uvrier\",3018,VLOOKUP(FQ55,$GV$2:$GX$7,FM55+1,0))","v":3018},0,0,null,0,null,null,null,null,null,"Libre","BS - 123",null,"BU - 73 - aff",0,null,null,null,null,null,null,null,null,null,null,null,null,null,null,null,null,null,null,null,null,null,null,null,null,null,null,null,null,null,null,null,null,null,{"$f":"Base!AH53&\", \"&Base!AI53","v":"Sirgado de Oliveira, Sandrina"},{"$f":"Base!AN53&\" \"&Base!AO53&\", \"&Base!AK53&\" \"&Base!AL53","v":"1920 Martigny, Chemin de la Praille 39"},{"$f":"CONCATENATE(TEXT(DATE(YEAR(Base!AJ53),MONTH(Base!AJ53),DAY(Base!AJ53)),\"jj.mm.aaaa\"),\", \",FN55,IF(Base!D53=\"\",\"\",\" - \"),Base!D53)","v":"29.04.1994,  2756.3899.9947.11"},{"$f":"Base!AR53","v":"Arcosana AG"},{"$f":"LEFT(Base!J53,10)","v":"2022-01-18"},{"$f":"CONCATENATE(Base!L53,IF(Base!L53=0,\"\",\", \"),Base!M53,\" \",Base!N53,\", \",Base!P53,\" \",Base!Q53)","v":"Hôpital de Martigny, Avenue de la Fusion 27, 1920 Martigny"},{"$f":"CONCATENATE(Base!V53,\", \",Base!Z53,\" \",Base!AA53,\", \",Base!W53,\" \",Base!X53)","v":"Domicile, 1920 Martigny, Chemin de la Praille 39"},null,{"$f":"CONCATENATE(RIGHT(LEFT(Base!J53,16),5),\" - \",RIGHT(LEFT(Base!K53,16),5))","v":"12:45 - 14:35"},{"$f":"Base!AF53&\" - \"&Base!I53","v":"Maladie - S3"},null,null,null,null,null,null,null,null,null,null,null,null,null,null,null,null,null,null,{"$f":"Base!H53","v":"Uvrier"},2,null,null,null,null,null,null,null,null,null,2,null,null,null,null,null,null,null,null,null,null,null,null,null,null,null,null,null,null,null,null,null,{"$f":"IF(Base!U53=\"Privée\",2,1)","v":2},{"$f":"IF(OR(LEFT(Base!AS53,1)=\"1\",LEFT(Base!AS53)=\"2\"),RIGHT(Base!AS53,LEN(Base!AS53)-1),Base!AS53)","v":" 2756.3899.9947.11"},{"$f":"Base!AU53","v":"Établissement"},{"$f":"OR(CONCATENATE(Base!AW53,Base!AX53)=CONCATENATE(Base!AH53,Base!AI53),FO55=\"Établissement\")","v":true},{"$f":"Base!I53","v":"S3"}]
[{"$f":"Base!A54","v":3777},{"$f":"20","v":20},{"$f":"Base!B54","v":"2022-01-28"},null,{"$f":"Base!AE54","v":"VS22001779"},null,null,null,null,null,"<AUTO>",null,null,null,null,"URL (Libre)",null,null,{"$f":"Base!E54&\" - \"&Base!H54&\" - \"&Base!D54","v":"15302 - Uvrier - "},{"$f":"IF(AND(Base!AT54<1000,Base!AT54>99),Base!AT54,IF(FO56=\"Établissement\",VALUE(CONCATENATE(LEN(SUBSTITUTE(V56,\" \",\"\")),LEN(V56),AA56,COLUMN(INDIRECT(LEFT(V56,1)&1)),LEN(SUBSTITUTE(V56,\"-\",\"\")))),IF(FN56=\"\",VALUE(CONCATENATE(COLUMN(INDIRECT(LEFT(W56,1)&1)),COLUMN(INDIRECT(LEFT(X56,1)&1)),AO56,CODE(AA56))),VALUE(SUBSTITUTE(SUBSTITUTE(SUBSTITUTE(FN56,\".\",\"\"),\" \",\"\"),\"-\",\"\")))))","v":333719201937},null,{"$f":"SUBSTITUTE(IF(Base!BF54=0,\"\",Base!BF54),\" (facturation)\",\"\")","v":"Service intercommunal de la curatelle"},{"$f":"IF(Base!AW54=0,\"\",Base!AH54)","v":"Sirgado de Oliveira"},{"$f":"IF(Base!AX54=0,\"\",Base!AI54)","v":"Sandrina"},{"$f":"IF(Base!AW54=0,Base!AY54&\" \"&Base!AZ54,Base!AK54&\" \"&Base!AL54)","v":"Chemin de la Praille 39"},{"$f":"IF(IF(Base!AW54=0,Base!BA54,Base!AM54)=0,\"\",IF(Base!AW54=0,Base!BA54,Base!AM54))","v":""},{"$f":"IF(Base!AW54=0,Base!BB54,Base!AN54)","v":1920},{"$f":"IF(Base!AW54=0,Base!BC54,Base!AO54)","v":"Martigny"},null,null,null,null,null,null,null,null,null,null,null,null,{"$f":"Base!AJ54","v":"1994-04-29"},{"$f":"IF(FO56=\"Établissement\",\"\",IF(Base!AG54=\"Masculin\",\"Monsieur\",IF(Base!AG54=\"Féminin\",\"Madame\",\"\")))","v":""},{"$f":"IF(FP56=FALSE,CONCATENATE(IF(Base!AV54=\"Masculin\",\"Monsieur\",IF(Base!AV54=\"Féminin\",\"Madame\",\"\")),\"#chr(13)##chr(10)#\",Base!AW54,\" \",Base!AX54, \"#chr(13)##chr(10)#\",Base!AY54,\" \",Base!AZ54, \"#chr(13)##chr(10)#\",Base!BA54, \"#chr(13)##chr(10)#\",Base!BB54,\" \",Base!BC54),\"\")","v":""},null,"",null,{"$f":"IF(AND(Base!AT54<200,Base!AT54>99),1,0)","v":0},null,0,{"$f":"Base!BG54","v":"CLN.9411"},{"$f":"Base!BH54& \"#chr(13)##chr(10)#\" &Base!BI54","v":"Personnel soignant reconnu (par personne et par quart d'heure entamé)#chr(13)##chr(10)#2 collaborateur(s) x 8 quarts d’heure"},null,{"$f":"Base!BJ54","v":16},{"$f":"Base!BK54","v":35},{"$f":"IF(Base!BL54=\"\",\"\",Base!BL54)","v":"¼ d'heure"},null,{"$f":"Base!BM54","v":560},null,null,{"$f":"IF(Base!H54=\"Uvrier\",3018,VLOOKUP(FQ56,$GV$2:$GX$7,FM56+1,0))","v":3018},0,0,null,0,null,null,null,null,null,"Libre","BS - 124",null,"BU - 73 - aff",0,null,null,null,null,null,null,null,null,null,null,null,null,null,null,null,null,null,null,null,null,null,null,null,null,null,null,null,null,null,null,null,null,null,{"$f":"Base!AH54&\", \"&Base!AI54","v":"Sirgado de Oliveira, Sandrina"},{"$f":"Base!AN54&\" \"&Base!AO54&\", \"&Base!AK54&\" \"&Base!AL54","v":"1920 Martigny, Chemin de la Praille 39"},{"$f":"CONCATENATE(TEXT(DATE(YEAR(Base!AJ54),MONTH(Base!AJ54),DAY(Base!AJ54)),\"jj.mm.aaaa\"),\", \",FN56,IF(Base!D54=\"\",\"\",\" - \"),Base!D54)","v":"29.04.1994,  2756.3899.9947.11"},{"$f":"Base!AR54","v":"Arcosana AG"},{"$f":"LEFT(Base!J54,10)","v":"2022-01-18"},{"$f":"CONCATENATE(Base!L54,IF(Base!L54=0,\"\",\", \"),Base!M54,\" \",Base!N54,\", \",Base!P54,\" \",Base!Q54)","v":"Hôpital de Martigny, Avenue de la Fusion 27, 1920 Martigny"},{"$f":"CONCATENATE(Base!V54,\", \",Base!Z54,\" \",Base!AA54,\", \",Base!W54,\" \",Base!X54)","v":"Domicile, 1920 Martigny, Chemin de la Praille 39"},null,{"$f":"CONCATENATE(RIGHT(LEFT(Base!J54,16),5),\" - \",RIGHT(LEFT(Base!K54,16),5))","v":"12:45 - 14:35"},{"$f":"Base!AF54&\" - \"&Base!I54","v":"Maladie - S3"},null,null,null,null,null,null,null,null,null,null,null,null,null,null,null,null,null,null,{"$f":"Base!H54","v":"Uvrier"},2,null,null,null,null,null,null,null,null,null,2,null,null,null,null,null,null,null,null,null,null,null,null,null,null,null,null,null,null,null,null,null,{"$f":"IF(Base!U54=\"Privée\",2,1)","v":2},{"$f":"IF(OR(LEFT(Base!AS54,1)=\"1\",LEFT(Base!AS54)=\"2\"),RIGHT(Base!AS54,LEN(Base!AS54)-1),Base!AS54)","v":" 2756.3899.9947.11"},{"$f":"Base!AU54","v":"Établissement"},{"$f":"OR(CONCATENATE(Base!AW54,Base!AX54)=CONCATENATE(Base!AH54,Base!AI54),FO56=\"Établissement\")","v":true},{"$f":"Base!I54","v":"S3"}]
[{"$f":"Base!A55","v":3778},{"$f":"20","v":20},{"$f":"Base!B55","v":"2022-01-28"},null,{"$f":"Base!AE55","v":"VS22001887"},null,null,null,null,null,"<AUTO>",null,null,null,null,"URL (Libre)",null,null,{"$f":"Base!E55&\" - \"&Base!H55&\" - \"&Base!D55","v":"15408 - Uvrier - 2077042/9"},{"$f":"IF(AND(Base!AT55<1000,Base!AT55>99),Base!AT55,IF(FO57=\"Établissement\",VALUE(CONCATENATE(LEN(SUBSTITUTE(V57,\" \",\"\")),LEN(V57),AA57,COLUMN(INDIRECT(LEFT(V57,1)&1)),LEN(SUBSTITUTE(V57,\"-\",\"\")))),IF(FN57=\"\",VALUE(CONCATENATE(COLUMN(INDIRECT(LEFT(W57,1)&1)),COLUMN(INDIRECT(LEFT(X57,1)&1)),AO57,CODE(AA57))),VALUE(SUBSTITUTE(SUBSTITUTE(SUBSTITUTE(FN57,\".\",\"\"),\" \",\"\"),\"-\",\"\")))))","v":101},null,{"$f":"SUBSTITUTE(IF(Base!BF55=0,\"\",Base!BF55),\" (facturation)\",\"\")","v":"Hôpital du Valais - Direction des Finances/Service des fournisseurs"},{"$f":"IF(Base!AW55=0,\"\",Base!AH55)","v":""},{"$f":"IF(Base!AX55=0,\"\",Base!AI55)","v":""},{"$f":"IF(Base!AW55=0,Base!AY55&\" \"&Base!AZ55,Base!AK55&\" \"&Base!AL55)","v":"Avenue Grand-Champsec 86"},{"$f":"IF(IF(Base!AW55=0,Base!BA55,Base!AM55)=0,\"\",IF(Base!AW55=0,Base!BA55,Base!AM55))","v":"Case postale 696"},{"$f":"IF(Base!AW55=0,Base!BB55,Base!AN55)","v":1951},{"$f":"IF(Base!AW55=0,Base!BC55,Base!AO55)","v":"Sion"},null,null,null,null,null,null,null,null,null,null,null,null,{"$f":"Base!AJ55","v":"2004-05-29"},{"$f":"IF(FO57=\"Établissement\",\"\",IF(Base!AG55=\"Masculin\",\"Monsieur\",IF(Base!AG55=\"Féminin\",\"Madame\",\"\")))","v":""},{"$f":"IF(FP57=FALSE,CONCATENATE(IF(Base!AV55=\"Masculin\",\"Monsieur\",IF(Base!AV55=\"Féminin\",\"Madame\",\"\")),\"#chr(13)##chr(10)#\",Base!AW55,\" \",Base!AX55, \"#chr(13)##chr(10)#\",Base!AY55,\" \",Base!AZ55, \"#chr(13)##chr(10)#\",Base!BA55, \"#chr(13)##chr(10)#\",Base!BB55,\" \",Base!BC55),\"\")","v":""},null,"",null,{"$f":"IF(AND(Base!AT55<200,Base!AT55>99),1,0)","v":1},null,0,{"$f":"Base!BG55","v":"HVS.17J"},{"$f":"Base!BH55& \"#chr(13)##chr(10)#\" &Base!BI55","v":"Forfait S3 HVS Sion - Malévoz#chr(13)##chr(10)#Trajet simple journée (08h00-20h00)"},null,{"$f":"Base!BJ55","v":1},{"$f":"Base!BK55","v":686},{"$f":"IF(Base!BL55=\"\",\"\",Base!BL55)","v":""},null,{"$f":"Base!BM55","v":686},null,null,{"$f":"IF(Base!H55=\"Uvrier\",3018,VLOOKUP(FQ57,$GV$2:$GX$7,FM57+1,0))","v":3018},0,0,null,0,null,null,null,null,null,"Libre","BS - 125",null,"BU - 73 - aff",0,null,null,null,null,null,null,null,null,null,null,null,null,null,null,null,null,null,null,null,null,null,null,null,null,null,null,null,null,null,null,null,null,null,{"$f":"Base!AH55&\", \"&Base!AI55","v":"Moix, Killian"},{"$f":"Base!AN55&\" \"&Base!AO55&\", \"&Base!AK55&\" \"&Base!AL55","v":"1982 Euseigne, Route du Mourty 41"},{"$f":"CONCATENATE(TEXT(DATE(YEAR(Base!AJ55),MONTH(Base!AJ55),DAY(Base!AJ55)),\"jj.mm.aaaa\"),\", \",FN57,IF(Base!D55=\"\",\"\",\" - \"),Base!D55)","v":"29.05.2004, 756.0323.4901.46 - 2077042/9"},{"$f":"Base!AR55","v":"Helsana Assurances SA"},{"$f":"LEFT(Base!J55,10)","v":"2022-01-18"},{"$f":"CONCATENATE(Base!L55,IF(Base!L55=0,\"\",\", \"),Base!M55,\" \",Base!N55,\", \",Base!P55,\" \",Base!Q55)","v":"Hôpital de Sion, Avenue du Grand-Champsec 80, 1950 Sion"},{"$f":"CONCATENATE(Base!V55,\", \",Base!Z55,\" \",Base!AA55,\", \",Base!W55,\" \",Base!X55)","v":"Hôpital de Malévoz, 1870 Monthey, Route de Morgins 10"},null,{"$f":"CONCATENATE(RIGHT(LEFT(Base!J55,16),5),\" - \",RIGHT(LEFT(Base!K55,16),5))","v":"15:56 - 17:40"},{"$f":"Base!AF55&\" - \"&Base!I55","v":"Maladie - S3"},null,null,null,null,null,null,null,null,null,null,null,null,null,null,null,null,null,null,{"$f":"Base!H55","v":"Uvrier"},2,null,null,null,null,null,null,null,null,null,2,null,null,null,null,null,null,null,null,null,null,null,null,null,null,null,null,null,null,null,null,null,{"$f":"IF(Base!U55=\"Privée\",2,1)","v":2},{"$f":"IF(OR(LEFT(Base!AS55,1)=\"1\",LEFT(Base!AS55)=\"2\"),RIGHT(Base!AS55,LEN(Base!AS55)-1),Base!AS55)","v":"756.0323.4901.46"},{"$f":"Base!AU55","v":"Établissement"},{"$f":"OR(CONCATENATE(Base!AW55,Base!AX55)=CONCATENATE(Base!AH55,Base!AI55),FO57=\"Établissement\")","v":true},{"$f":"Base!I55","v":"S3"}]
[{"$f":"Base!A56","v":3779},{"$f":"20","v":20},{"$f":"Base!B56","v":"2022-01-28"},null,{"$f":"Base!AE56","v":"VS22001913"},null,null,null,null,null,"<AUTO>",null,null,null,null,"URL (Libre)",null,null,{"$f":"Base!E56&\" - \"&Base!H56&\" - \"&Base!D56","v":"15434 - Uvrier - 2022253/9"},{"$f":"IF(AND(Base!AT56<1000,Base!AT56>99),Base!AT56,IF(FO58=\"Établissement\",VALUE(CONCATENATE(LEN(SUBSTITUTE(V58,\" \",\"\")),LEN(V58),AA58,COLUMN(INDIRECT(LEFT(V58,1)&1)),LEN(SUBSTITUTE(V58,\"-\",\"\")))),IF(FN58=\"\",VALUE(CONCATENATE(COLUMN(INDIRECT(LEFT(W58,1)&1)),COLUMN(INDIRECT(LEFT(X58,1)&1)),AO58,CODE(AA58))),VALUE(SUBSTITUTE(SUBSTITUTE(SUBSTITUTE(FN58,\".\",\"\"),\" \",\"\"),\"-\",\"\")))))","v":101},null,{"$f":"SUBSTITUTE(IF(Base!BF56=0,\"\",Base!BF56),\" (facturation)\",\"\")","v":"Hôpital du Valais - Direction des Finances/Service des fournisseurs"},{"$f":"IF(Base!AW56=0,\"\",Base!AH56)","v":""},{"$f":"IF(Base!AX56=0,\"\",Base!AI56)","v":""},{"$f":"IF(Base!AW56=0,Base!AY56&\" \"&Base!AZ56,Base!AK56&\" \"&Base!AL56)","v":"Avenue Grand-Champsec 86"},{"$f":"IF(IF(Base!AW56=0,Base!BA56,Base!AM56)=0,\"\",IF(Base!AW56=0,Base!BA56,Base!AM56))","v":"Case postale 696"},{"$f":"IF(Base!AW56=0,Base!BB56,Base!AN56)","v":1951},{"$f":"IF(Base!AW56=0,Base!BC56,Base!AO56)","v":"Sion"},null,null,null,null,null,null,null,null,null,null,null,null,{"$f":"Base!AJ56","v":"1933-06-25"},{"$f":"IF(FO58=\"Établissement\",\"\",IF(Base!AG56=\"Masculin\",\"Monsieur\",IF(Base!AG56=\"Féminin\",\"Madame\",\"\")))","v":""},{"$f":"IF(FP58=FALSE,CONCATENATE(IF(Base!AV56=\"Masculin\",\"Monsieur\",IF(Base!AV56=\"Féminin\",\"Madame\",\"\")),\"#chr(13)##chr(10)#\",Base!AW56,\" \",Base!AX56, \"#chr(13)##chr(10)#\",Base!AY56,\" \",Base!AZ56, \"#chr(13)##chr(10)#\",Base!BA56, \"#chr(13)##chr(10)#\",Base!BB56,\" \",Base!BC56),\"\")","v":""},null,"",null,{"$f":"IF(AND(Base!AT56<200,Base!AT56>99),1,0)","v":1},null,0,{"$f":"Base!BG56","v":"HVS.13N"},{"$f":"Base!BH56& \"#chr(13)##chr(10)#\" &Base!BI56","v":"Forfait S3 HVS Sion - HVS Martigny#chr(13)##chr(10)#Trajet simple nuit (20h00-08h00) ou dimanches et jours fériés"},null,{"$f":"Base!BJ56","v":1},{"$f":"Base!BK56","v":660},{"$f":"IF(Base!BL56=\"\",\"\",Base!BL56)","v":""},null,{"$f":"Base!BM56","v":660},null,null,{"$f":"IF(Base!H56=\"Uvrier\",3018,VLOOKUP(FQ58,$GV$2:$GX$7,FM58+1,0))","v":3018},0,0,null,0,null,null,null,null,null,"Libre","BS - 126",null,"BU - 73 - aff",0,null,null,null,null,null,null,null,null,null,null,null,null,null,null,null,null,null,null,null,null,null,null,null,null,null,null,null,null,null,null,null,null,null,{"$f":"Base!AH56&\", \"&Base!AI56","v":"Auderset , Francis "},{"$f":"Base!AN56&\" \"&Base!AO56&\", \"&Base!AK56&\" \"&Base!AL56","v":"1964 Conthey, Chemin de la Chapelle 32"},{"$f":"CONCATENATE(TEXT(DATE(YEAR(Base!AJ56),MONTH(Base!AJ56),DAY(Base!AJ56)),\"jj.mm.aaaa\"),\", \",FN58,IF(Base!D56=\"\",\"\",\" - \"),Base!D56)","v":"25.06.1933, 756.0205.1226.77 - 2022253/9"},{"$f":"Base!AR56","v":"Mutuel Assurance Maladie SA"},{"$f":"LEFT(Base!J56,10)","v":"2022-01-18"},{"$f":"CONCATENATE(Base!L56,IF(Base!L56=0,\"\",\", \"),Base!M56,\" \",Base!N56,\", \",Base!P56,\" \",Base!Q56)","v":"Hôpital de Sion, Avenue du Grand-Champsec 80, 1950 Sion"},{"$f":"CONCATENATE(Base!V56,\", \",Base!Z56,\" \",Base!AA56,\", \",Base!W56,\" \",Base!X56)","v":"Hôpital de Martigny, 1920 Martigny, Avenue de la Fusion 27"},null,{"$f":"CONCATENATE(RIGHT(LEFT(Base!J56,16),5),\" - \",RIGHT(LEFT(Base!K56,16),5))","v":"20:28 - 22:27"},{"$f":"Base!AF56&\" - \"&Base!I56","v":"Maladie - S3"},null,null,null,null,null,null,null,null,null,null,null,null,null,null,null,null,null,null,{"$f":"Base!H56","v":"Uvrier"},2,null,null,null,null,null,null,null,null,null,2,null,null,null,null,null,null,null,null,null,null,null,null,null,null,null,null,null,null,null,null,null,{"$f":"IF(Base!U56=\"Privée\",2,1)","v":2},{"$f":"IF(OR(LEFT(Base!AS56,1)=\"1\",LEFT(Base!AS56)=\"2\"),RIGHT(Base!AS56,LEN(Base!AS56)-1),Base!AS56)","v":"756.0205.1226.77"},{"$f":"Base!AU56","v":"Établissement"},{"$f":"OR(CONCATENATE(Base!AW56,Base!AX56)=CONCATENATE(Base!AH56,Base!AI56),FO58=\"Établissement\")","v":true},{"$f":"Base!I56","v":"S3"}]
[{"$f":"Base!A57","v":3780},{"$f":"20","v":20},{"$f":"Base!B57","v":"2022-01-28"},null,{"$f":"Base!AE57","v":"VS22001953"},null,null,null,null,null,"<AUTO>",null,null,null,null,"URL (Libre)",null,null,{"$f":"Base!E57&\" - \"&Base!H57&\" - \"&Base!D57","v":"15474 - Uvrier - 2417941/15"},{"$f":"IF(AND(Base!AT57<1000,Base!AT57>99),Base!AT57,IF(FO59=\"Établissement\",VALUE(CONCATENATE(LEN(SUBSTITUTE(V59,\" \",\"\")),LEN(V59),AA59,COLUMN(INDIRECT(LEFT(V59,1)&1)),LEN(SUBSTITUTE(V59,\"-\",\"\")))),IF(FN59=\"\",VALUE(CONCATENATE(COLUMN(INDIRECT(LEFT(W59,1)&1)),COLUMN(INDIRECT(LEFT(X59,1)&1)),AO59,CODE(AA59))),VALUE(SUBSTITUTE(SUBSTITUTE(SUBSTITUTE(FN59,\".\",\"\"),\" \",\"\"),\"-\",\"\")))))","v":101},null,{"$f":"SUBSTITUTE(IF(Base!BF57=0,\"\",Base!BF57),\" (facturation)\",\"\")","v":"Hôpital du Valais - Direction des Finances/Service des fournisseurs"},{"$f":"IF(Base!AW57=0,\"\",Base!AH57)","v":""},{"$f":"IF(Base!AX57=0,\"\",Base!AI57)","v":""},{"$f":"IF(Base!AW57=0,Base!AY57&\" \"&Base!AZ57,Base!AK57&\" \"&Base!AL57)","v":"Avenue Grand-Champsec 86"},{"$f":"IF(IF(Base!AW57=0,Base!BA57,Base!AM57)=0,\"\",IF(Base!AW57=0,Base!BA57,Base!AM57))","v":"Case postale 696"},{"$f":"IF(Base!AW57=0,Base!BB57,Base!AN57)","v":1951},{"$f":"IF(Base!AW57=0,Base!BC57,Base!AO57)","v":"Sion"},null,null,null,null,null,null,null,null,null,null,null,null,{"$f":"Base!AJ57","v":"1995-03-06"},{"$f":"IF(FO59=\"Établissement\",\"\",IF(Base!AG57=\"Masculin\",\"Monsieur\",IF(Base!AG57=\"Féminin\",\"Madame\",\"\")))","v":""},{"$f":"IF(FP59=FALSE,CONCATENATE(IF(Base!AV57=\"Masculin\",\"Monsieur\",IF(Base!AV57=\"Féminin\",\"Madame\",\"\")),\"#chr(13)##chr(10)#\",Base!AW57,\" \",Base!AX57, \"#chr(13)##chr(10)#\",Base!AY57,\" \",Base!AZ57, \"#chr(13)##chr(10)#\",Base!BA57, \"#chr(13)##chr(10)#\",Base!BB57,\" \",Base!BC57),\"\")","v":""},null,"",null,{"$f":"IF(AND(Base!AT57<200,Base!AT57>99),1,0)","v":1},null,0,{"$f":"Base!BG57","v":"HVS.112J"},{"$f":"Base!BH57& \"#chr(13)##chr(10)#\" &Base!BI57","v":"Forfait S3 HVS Sion - HUG#chr(13)##chr(10)#Trajet simple journée (08h00-20h00)"},null,{"$f":"Base!BJ57","v":1},{"$f":"Base!BK57","v":1795},{"$f":"IF(Base!BL57=\"\",\"\",Base!BL57)","v":""},null,{"$f":"Base!BM57","v":1795},null,null,{"$f":"IF(Base!H57=\"Uvrier\",3018,VLOOKUP(FQ59,$GV$2:$GX$7,FM59+1,0))","v":3018},0,0,null,0,null,null,null,null,null,"Libre","BS - 127",null,"BU - 73 - aff",0,null,null,null,null,null,null,null,null,null,null,null,null,null,null,null,null,null,null,null,null,null,null,null,null,null,null,null,null,null,null,null,null,null,{"$f":"Base!AH57&\", \"&Base!AI57","v":"Zecchino-Clavien, Armelle"},{"$f":"Base!AN57&\" \"&Base!AO57&\", \"&Base!AK57&\" \"&Base!AL57","v":"3972 Miège, Route de Chivirau 2"},{"$f":"CONCATENATE(TEXT(DATE(YEAR(Base!AJ57),MONTH(Base!AJ57),DAY(Base!AJ57)),\"jj.mm.aaaa\"),\", \",FN59,IF(Base!D57=\"\",\"\",\" - \"),Base!D57)","v":"06.03.1995, 756.0009.5218.05 - 2417941/15"},{"$f":"Base!AR57","v":"Mutuel Assurance Maladie SA"},{"$f":"LEFT(Base!J57,10)","v":"2022-01-19"},{"$f":"CONCATENATE(Base!L57,IF(Base!L57=0,\"\",\", \"),Base!M57,\" \",Base!N57,\", \",Base!P57,\" \",Base!Q57)","v":"Hôpital de Sion, Avenue du Grand-Champsec 80, 1950 Sion"},{"$f":"CONCATENATE(Base!V57,\", \",Base!Z57,\" \",Base!AA57,\", \",Base!W57,\" \",Base!X57)","v":"HUG Hôpital universitaire de Genève, 1205 Genève, Rue Gabrielle-Perret-Gentil 4"},null,{"$f":"CONCATENATE(RIGHT(LEFT(Base!J57,16),5),\" - \",RIGHT(LEFT(Base!K57,16),5))","v":"13:45 - 18:46"},{"$f":"Base!AF57&\" - \"&Base!I57","v":"Maladie - S3"},null,null,null,null,null,null,null,null,null,null,null,null,null,null,null,null,null,null,{"$f":"Base!H57","v":"Uvrier"},2,null,null,null,null,null,null,null,null,null,2,null,null,null,null,null,null,null,null,null,null,null,null,null,null,null,null,null,null,null,null,null,{"$f":"IF(Base!U57=\"Privée\",2,1)","v":2},{"$f":"IF(OR(LEFT(Base!AS57,1)=\"1\",LEFT(Base!AS57)=\"2\"),RIGHT(Base!AS57,LEN(Base!AS57)-1),Base!AS57)","v":"756.0009.5218.05"},{"$f":"Base!AU57","v":"Établissement"},{"$f":"OR(CONCATENATE(Base!AW57,Base!AX57)=CONCATENATE(Base!AH57,Base!AI57),FO59=\"Établissement\")","v":true},{"$f":"Base!I57","v":"S3"}]
[{"$f":"Base!A58","v":3781},{"$f":"20","v":20},{"$f":"Base!B58","v":"2022-01-28"},null,{"$f":"Base!AE58","v":"VS22001992"},null,null,null,null,null,"<AUTO>",null,null,null,null,"URL (Libre)",null,null,{"$f":"Base!E58&\" - \"&Base!H58&\" - \"&Base!D58","v":"15513 - Uvrier - 2072769/7"},{"$f":"IF(AND(Base!AT58<1000,Base!AT58>99),Base!AT58,IF(FO60=\"Établissement\",VALUE(CONCATENATE(LEN(SUBSTITUTE(V60,\" \",\"\")),LEN(V60),AA60,COLUMN(INDIRECT(LEFT(V60,1)&1)),LEN(SUBSTITUTE(V60,\"-\",\"\")))),IF(FN60=\"\",VALUE(CONCATENATE(COLUMN(INDIRECT(LEFT(W60,1)&1)),COLUMN(INDIRECT(LEFT(X60,1)&1)),AO60,CODE(AA60))),VALUE(SUBSTITUTE(SUBSTITUTE(SUBSTITUTE(FN60,\".\",\"\"),\" \",\"\"),\"-\",\"\")))))","v":101},null,{"$f":"SUBSTITUTE(IF(Base!BF58=0,\"\",Base!BF58),\" (facturation)\",\"\")","v":"Hôpital du Valais - Direction des Finances/Service des fournisseurs"},{"$f":"IF(Base!AW58=0,\"\",Base!AH58)","v":""},{"$f":"IF(Base!AX58=0,\"\",Base!AI58)","v":""},{"$f":"IF(Base!AW58=0,Base!AY58&\" \"&Base!AZ58,Base!AK58&\" \"&Base!AL58)","v":"Avenue Grand-Champsec 86"},{"$f":"IF(IF(Base!AW58=0,Base!BA58,Base!AM58)=0,\"\",IF(Base!AW58=0,Base!BA58,Base!AM58))","v":"Case postale 696"},{"$f":"IF(Base!AW58=0,Base!BB58,Base!AN58)","v":1951},{"$f":"IF(Base!AW58=0,Base!BC58,Base!AO58)","v":"Sion"},null,null,null,null,null,null,null,null,null,null,null,null,{"$f":"Base!AJ58","v":"1941-06-13"},{"$f":"IF(FO60=\"Établissement\",\"\",IF(Base!AG58=\"Masculin\",\"Monsieur\",IF(Base!AG58=\"Féminin\",\"Madame\",\"\")))","v":""},{"$f":"IF(FP60=FALSE,CONCATENATE(IF(Base!AV58=\"Masculin\",\"Monsieur\",IF(Base!AV58=\"Féminin\",\"Madame\",\"\")),\"#chr(13)##chr(10)#\",Base!AW58,\" \",Base!AX58, \"#chr(13)##chr(10)#\",Base!AY58,\" \",Base!AZ58, \"#chr(13)##chr(10)#\",Base!BA58, \"#chr(13)##chr(10)#\",Base!BB58,\" \",Base!BC58),\"\")","v":""},null,"",null,{"$f":"IF(AND(Base!AT58<200,Base!AT58>99),1,0)","v":1},null,0,{"$f":"Base!BG58","v":"HVS.12J"},{"$f":"Base!BH58& \"#chr(13)##chr(10)#\" &Base!BI58","v":"Forfait S3 HVS Sion - HVS Sierre#chr(13)##chr(10)#Trajet simple journée (08h00-20h00)"},null,{"$f":"Base!BJ58","v":1},{"$f":"Base!BK58","v":350},{"$f":"IF(Base!BL58=\"\",\"\",Base!BL58)","v":""},null,{"$f":"Base!BM58","v":350},null,null,{"$f":"IF(Base!H58=\"Uvrier\",3018,VLOOKUP(FQ60,$GV$2:$GX$7,FM60+1,0))","v":3018},0,0,null,0,null,null,null,null,null,"Libre","BS - 128",null,"BU - 73 - aff",0,null,null,null,null,null,null,null,null,null,null,null,null,null,null,null,null,null,null,null,null,null,null,null,null,null,null,null,null,null,null,null,null,null,{"$f":"Base!AH58&\", \"&Base!AI58","v":"Balet, Jacques"},{"$f":"Base!AN58&\" \"&Base!AO58&\", \"&Base!AK58&\" \"&Base!AL58","v":"1971 Grimisuat, Rue des Dailles 8"},{"$f":"CONCATENATE(TEXT(DATE(YEAR(Base!AJ58),MONTH(Base!AJ58),DAY(Base!AJ58)),\"jj.mm.aaaa\"),\", \",FN60,IF(Base!D58=\"\",\"\",\" - \"),Base!D58)","v":"13.06.1941, 756.5573.3591.44 - 2072769/7"},{"$f":"Base!AR58","v":"CSS Kranken- Versicherung AG"},{"$f":"LEFT(Base!J58,10)","v":"2022-01-19"},{"$f":"CONCATENATE(Base!L58,IF(Base!L58=0,\"\",\", \"),Base!M58,\" \",Base!N58,\", \",Base!P58,\" \",Base!Q58)","v":"Hôpital de Sion, Avenue du Grand-Champsec 80, 1950 Sion"},{"$f":"CONCATENATE(Base!V58,\", \",Base!Z58,\" \",Base!AA58,\", \",Base!W58,\" \",Base!X58)","v":"Hôpital de Sierre, 3960 Sierre, Rue Saint-Charles 14"},null,{"$f":"CONCATENATE(RIGHT(LEFT(Base!J58,16),5),\" - \",RIGHT(LEFT(Base!K58,16),5))","v":"19:17 - 20:34"},{"$f":"Base!AF58&\" - \"&Base!I58","v":"Accident - S3"},null,null,null,null,null,null,null,null,null,null,null,null,null,null,null,null,null,null,{"$f":"Base!H58","v":"Uvrier"},2,null,null,null,null,null,null,null,null,null,2,null,null,null,null,null,null,null,null,null,null,null,null,null,null,null,null,null,null,null,null,null,{"$f":"IF(Base!U58=\"Privée\",2,1)","v":2},{"$f":"IF(OR(LEFT(Base!AS58,1)=\"1\",LEFT(Base!AS58)=\"2\"),RIGHT(Base!AS58,LEN(Base!AS58)-1),Base!AS58)","v":"756.5573.3591.44"},{"$f":"Base!AU58","v":"Établissement"},{"$f":"OR(CONCATENATE(Base!AW58,Base!AX58)=CONCATENATE(Base!AH58,Base!AI58),FO60=\"Établissement\")","v":true},{"$f":"Base!I58","v":"S3"}]
[{"$f":"Base!A59","v":3782},{"$f":"20","v":20},{"$f":"Base!B59","v":"2022-01-28"},null,{"$f":"Base!AE59","v":"VS22001997"},null,null,null,null,null,"<AUTO>",null,null,null,null,"URL (Libre)",null,null,{"$f":"Base!E59&\" - \"&Base!H59&\" - \"&Base!D59","v":"15518 - Uvrier - "},{"$f":"IF(AND(Base!AT59<1000,Base!AT59>99),Base!AT59,IF(FO61=\"Établissement\",VALUE(CONCATENATE(LEN(SUBSTITUTE(V61,\" \",\"\")),LEN(V61),AA61,COLUMN(INDIRECT(LEFT(V61,1)&1)),LEN(SUBSTITUTE(V61,\"-\",\"\")))),IF(FN61=\"\",VALUE(CONCATENATE(COLUMN(INDIRECT(LEFT(W61,1)&1)),COLUMN(INDIRECT(LEFT(X61,1)&1)),AO61,CODE(AA61))),VALUE(SUBSTITUTE(SUBSTITUTE(SUBSTITUTE(FN61,\".\",\"\"),\" \",\"\"),\"-\",\"\")))))","v":7567629061940},null,{"$f":"SUBSTITUTE(IF(Base!BF59=0,\"\",Base!BF59),\" (facturation)\",\"\")","v":""},{"$f":"IF(Base!AW59=0,\"\",Base!AH59)","v":"Barragan"},{"$f":"IF(Base!AX59=0,\"\",Base!AI59)","v":"Madrid Victoria"},{"$f":"IF(Base!AW59=0,Base!AY59&\" \"&Base!AZ59,Base!AK59&\" \"&Base!AL59)","v":"Route de Riddes 263"},{"$f":"IF(IF(Base!AW59=0,Base!BA59,Base!AM59)=0,\"\",IF(Base!AW59=0,Base!BA59,Base!AM59))","v":"EMS Les Vergers"},{"$f":"IF(Base!AW59=0,Base!BB59,Base!AN59)","v":1994},{"$f":"IF(Base!AW59=0,Base!BC59,Base!AO59)","v":"Aproz (Nendaz)"},null,null,null,null,null,null,null,null,null,null,null,null,{"$f":"Base!AJ59","v":"1933-03-19"},{"$f":"IF(FO61=\"Établissement\",\"\",IF(Base!AG59=\"Masculin\",\"Monsieur\",IF(Base!AG59=\"Féminin\",\"Madame\",\"\")))","v":"Madame"},{"$f":"IF(FP61=FALSE,CONCATENATE(IF(Base!AV59=\"Masculin\",\"Monsieur\",IF(Base!AV59=\"Féminin\",\"Madame\",\"\")),\"#chr(13)##chr(10)#\",Base!AW59,\" \",Base!AX59, \"#chr(13)##chr(10)#\",Base!AY59,\" \",Base!AZ59, \"#chr(13)##chr(10)#\",Base!BA59, \"#chr(13)##chr(10)#\",Base!BB59,\" \",Base!BC59),\"\")","v":"Madame#chr(13)##chr(10)#Del Genio Sylvie#chr(13)##chr(10)#Rue du Canal 61#chr(13)##chr(10)##chr(13)##chr(10)#1964 Conthey"},null,"Madame",null,{"$f":"IF(AND(Base!AT59<200,Base!AT59>99),1,0)","v":0},null,0,{"$f":"Base!BG59","v":"CLN.9403 "},{"$f":"Base!BH59& \"#chr(13)##chr(10)#\" &Base!BI59","v":"Taxe de base transport S3#chr(13)##chr(10)#"},null,{"$f":"Base!BJ59","v":1},{"$f":"Base!BK59","v":200},{"$f":"IF(Base!BL59=\"\",\"\",Base!BL59)","v":""},null,{"$f":"Base!BM59","v":200},null,null,{"$f":"IF(Base!H59=\"Uvrier\",3018,VLOOKUP(FQ61,$GV$2:$GX$7,FM61+1,0))","v":3018},0,0,null,0,null,null,null,null,null,"Libre","BS - 129",null,"BU - 73 - aff",0,null,null,null,null,null,null,null,null,null,null,null,null,null,null,null,null,null,null,null,null,null,null,null,null,null,null,null,null,null,null,null,null,null,{"$f":"Base!AH59&\", \"&Base!AI59","v":"Barragan, Madrid Victoria"},{"$f":"Base!AN59&\" \"&Base!AO59&\", \"&Base!AK59&\" \"&Base!AL59","v":"1994 Aproz (Nendaz), Route de Riddes 263"},{"$f":"CONCATENATE(TEXT(DATE(YEAR(Base!AJ59),MONTH(Base!AJ59),DAY(Base!AJ59)),\"jj.mm.aaaa\"),\", \",FN61,IF(Base!D59=\"\",\"\",\" - \"),Base!D59)","v":"19.03.1933, 756.7629.0619.40"},{"$f":"Base!AR59","v":"Mutuel Assurance Maladie SA"},{"$f":"LEFT(Base!J59,10)","v":"2022-01-19"},{"$f":"CONCATENATE(Base!L59,IF(Base!L59=0,\"\",\", \"),Base!M59,\" \",Base!N59,\", \",Base!P59,\" \",Base!Q59)","v":"Hôpital de Sion, Avenue du Grand-Champsec 80, 1950 Sion"},{"$f":"CONCATENATE(Base!V59,\", \",Base!Z59,\" \",Base!AA59,\", \",Base!W59,\" \",Base!X59)","v":"EMS Les Vergers, 1994 Aproz (Nendaz), Route de Riddes 263"},null,{"$f":"CONCATENATE(RIGHT(LEFT(Base!J59,16),5),\" - \",RIGHT(LEFT(Base!K59,16),5))","v":"20:35 - 21:30"},{"$f":"Base!AF59&\" - \"&Base!I59","v":"Maladie - S3"},null,null,null,null,null,null,null,null,null,null,null,null,null,null,null,null,null,null,{"$f":"Base!H59","v":"Uvrier"},2,null,null,null,null,null,null,null,null,null,2,null,null,null,null,null,null,null,null,null,null,null,null,null,null,null,null,null,null,null,null,null,{"$f":"IF(Base!U59=\"Privée\",2,1)","v":2},{"$f":"IF(OR(LEFT(Base!AS59,1)=\"1\",LEFT(Base!AS59)=\"2\"),RIGHT(Base!AS59,LEN(Base!AS59)-1),Base!AS59)","v":"756.7629.0619.40"},{"$f":"Base!AU59","v":"Personne"},{"$f":"OR(CONCATENATE(Base!AW59,Base!AX59)=CONCATENATE(Base!AH59,Base!AI59),FO61=\"Établissement\")","v":false},{"$f":"Base!I59","v":"S3"}]
[{"$f":"Base!A60","v":3782},{"$f":"20","v":20},{"$f":"Base!B60","v":"2022-01-28"},null,{"$f":"Base!AE60","v":"VS22001997"},null,null,null,null,null,"<AUTO>",null,null,null,null,"URL (Libre)",null,null,{"$f":"Base!E60&\" - \"&Base!H60&\" - \"&Base!D60","v":"15518 - Uvrier - "},{"$f":"IF(AND(Base!AT60<1000,Base!AT60>99),Base!AT60,IF(FO62=\"Établissement\",VALUE(CONCATENATE(LEN(SUBSTITUTE(V62,\" \",\"\")),LEN(V62),AA62,COLUMN(INDIRECT(LEFT(V62,1)&1)),LEN(SUBSTITUTE(V62,\"-\",\"\")))),IF(FN62=\"\",VALUE(CONCATENATE(COLUMN(INDIRECT(LEFT(W62,1)&1)),COLUMN(INDIRECT(LEFT(X62,1)&1)),AO62,CODE(AA62))),VALUE(SUBSTITUTE(SUBSTITUTE(SUBSTITUTE(FN62,\".\",\"\"),\" \",\"\"),\"-\",\"\")))))","v":7567629061940},null,{"$f":"SUBSTITUTE(IF(Base!BF60=0,\"\",Base!BF60),\" (facturation)\",\"\")","v":""},{"$f":"IF(Base!AW60=0,\"\",Base!AH60)","v":"Barragan"},{"$f":"IF(Base!AX60=0,\"\",Base!AI60)","v":"Madrid Victoria"},{"$f":"IF(Base!AW60=0,Base!AY60&\" \"&Base!AZ60,Base!AK60&\" \"&Base!AL60)","v":"Route de Riddes 263"},{"$f":"IF(IF(Base!AW60=0,Base!BA60,Base!AM60)=0,\"\",IF(Base!AW60=0,Base!BA60,Base!AM60))","v":"EMS Les Vergers"},{"$f":"IF(Base!AW60=0,Base!BB60,Base!AN60)","v":1994},{"$f":"IF(Base!AW60=0,Base!BC60,Base!AO60)","v":"Aproz (Nendaz)"},null,null,null,null,null,null,null,null,null,null,null,null,{"$f":"Base!AJ60","v":"1933-03-19"},{"$f":"IF(FO62=\"Établissement\",\"\",IF(Base!AG60=\"Masculin\",\"Monsieur\",IF(Base!AG60=\"Féminin\",\"Madame\",\"\")))","v":"Madame"},{"$f":"IF(FP62=FALSE,CONCATENATE(IF(Base!AV60=\"Masculin\",\"Monsieur\",IF(Base!AV60=\"Féminin\",\"Madame\",\"\")),\"#chr(13)##chr(10)#\",Base!AW60,\" \",Base!AX60, \"#chr(13)##chr(10)#\",Base!AY60,\" \",Base!AZ60, \"#chr(13)##chr(10)#\",Base!BA60, \"#chr(13)##chr(10)#\",Base!BB60,\" \",Base!BC60),\"\")","v":"Madame#chr(13)##chr(10)#Del Genio Sylvie#chr(13)##chr(10)#Rue du Canal 61#chr(13)##chr(10)##chr(13)##chr(10)#1964 Conthey"},null,"Madame",null,{"$f":"IF(AND(Base!AT60<200,Base!AT60>99),1,0)","v":0},null,0,{"$f":"Base!BG60","v":"CLN.9404"},{"$f":"Base!BH60& \"#chr(13)##chr(10)#\" &Base!BI60","v":"Indemnisation kilométrique#chr(13)##chr(10)#"},null,{"$f":"Base!BJ60","v":15},{"$f":"Base!BK60","v":4.5},{"$f":"IF(Base!BL60=\"\",\"\",Base!BL60)","v":"km"},null,{"$f":"Base!BM60","v":67.5},null,null,{"$f":"IF(Base!H60=\"Uvrier\",3018,VLOOKUP(FQ62,$GV$2:$GX$7,FM62+1,0))","v":3018},0,0,null,0,null,null,null,null,null,"Libre","BS - 130",null,"BU - 73 - aff",0,null,null,null,null,null,null,null,null,null,null,null,null,null,null,null,null,null,null,null,null,null,null,null,null,null,null,null,null,null,null,null,null,null,{"$f":"Base!AH60&\", \"&Base!AI60","v":"Barragan, Madrid Victoria"},{"$f":"Base!AN60&\" \"&Base!AO60&\", \"&Base!AK60&\" \"&Base!AL60","v":"1994 Aproz (Nendaz), Route de Riddes 263"},{"$f":"CONCATENATE(TEXT(DATE(YEAR(Base!AJ60),MONTH(Base!AJ60),DAY(Base!AJ60)),\"jj.mm.aaaa\"),\", \",FN62,IF(Base!D60=\"\",\"\",\" - \"),Base!D60)","v":"19.03.1933, 756.7629.0619.40"},{"$f":"Base!AR60","v":"Mutuel Assurance Maladie SA"},{"$f":"LEFT(Base!J60,10)","v":"2022-01-19"},{"$f":"CONCATENATE(Base!L60,IF(Base!L60=0,\"\",\", \"),Base!M60,\" \",Base!N60,\", \",Base!P60,\" \",Base!Q60)","v":"Hôpital de Sion, Avenue du Grand-Champsec 80, 1950 Sion"},{"$f":"CONCATENATE(Base!V60,\", \",Base!Z60,\" \",Base!AA60,\", \",Base!W60,\" \",Base!X60)","v":"EMS Les Vergers, 1994 Aproz (Nendaz), Route de Riddes 263"},null,{"$f":"CONCATENATE(RIGHT(LEFT(Base!J60,16),5),\" - \",RIGHT(LEFT(Base!K60,16),5))","v":"20:35 - 21:30"},{"$f":"Base!AF60&\" - \"&Base!I60","v":"Maladie - S3"},null,null,null,null,null,null,null,null,null,null,null,null,null,null,null,null,null,null,{"$f":"Base!H60","v":"Uvrier"},2,null,null,null,null,null,null,null,null,null,2,null,null,null,null,null,null,null,null,null,null,null,null,null,null,null,null,null,null,null,null,null,{"$f":"IF(Base!U60=\"Privée\",2,1)","v":2},{"$f":"IF(OR(LEFT(Base!AS60,1)=\"1\",LEFT(Base!AS60)=\"2\"),RIGHT(Base!AS60,LEN(Base!AS60)-1),Base!AS60)","v":"756.7629.0619.40"},{"$f":"Base!AU60","v":"Personne"},{"$f":"OR(CONCATENATE(Base!AW60,Base!AX60)=CONCATENATE(Base!AH60,Base!AI60),FO62=\"Établissement\")","v":false},{"$f":"Base!I60","v":"S3"}]
[{"$f":"Base!A61","v":3782},{"$f":"20","v":20},{"$f":"Base!B61","v":"2022-01-28"},null,{"$f":"Base!AE61","v":"VS22001997"},null,null,null,null,null,"<AUTO>",null,null,null,null,"URL (Libre)",null,null,{"$f":"Base!E61&\" - \"&Base!H61&\" - \"&Base!D61","v":"15518 - Uvrier - "},{"$f":"IF(AND(Base!AT61<1000,Base!AT61>99),Base!AT61,IF(FO63=\"Établissement\",VALUE(CONCATENATE(LEN(SUBSTITUTE(V63,\" \",\"\")),LEN(V63),AA63,COLUMN(INDIRECT(LEFT(V63,1)&1)),LEN(SUBSTITUTE(V63,\"-\",\"\")))),IF(FN63=\"\",VALUE(CONCATENATE(COLUMN(INDIRECT(LEFT(W63,1)&1)),COLUMN(INDIRECT(LEFT(X63,1)&1)),AO63,CODE(AA63))),VALUE(SUBSTITUTE(SUBSTITUTE(SUBSTITUTE(FN63,\".\",\"\"),\" \",\"\"),\"-\",\"\")))))","v":7567629061940},null,{"$f":"SUBSTITUTE(IF(Base!BF61=0,\"\",Base!BF61),\" (facturation)\",\"\")","v":""},{"$f":"IF(Base!AW61=0,\"\",Base!AH61)","v":"Barragan"},{"$f":"IF(Base!AX61=0,\"\",Base!AI61)","v":"Madrid Victoria"},{"$f":"IF(Base!AW61=0,Base!AY61&\" \"&Base!AZ61,Base!AK61&\" \"&Base!AL61)","v":"Route de Riddes 263"},{"$f":"IF(IF(Base!AW61=0,Base!BA61,Base!AM61)=0,\"\",IF(Base!AW61=0,Base!BA61,Base!AM61))","v":"EMS Les Vergers"},{"$f":"IF(Base!AW61=0,Base!BB61,Base!AN61)","v":1994},{"$f":"IF(Base!AW61=0,Base!BC61,Base!AO61)","v":"Aproz (Nendaz)"},null,null,null,null,null,null,null,null,null,null,null,null,{"$f":"Base!AJ61","v":"1933-03-19"},{"$f":"IF(FO63=\"Établissement\",\"\",IF(Base!AG61=\"Masculin\",\"Monsieur\",IF(Base!AG61=\"Féminin\",\"Madame\",\"\")))","v":"Madame"},{"$f":"IF(FP63=FALSE,CONCATENATE(IF(Base!AV61=\"Masculin\",\"Monsieur\",IF(Base!AV61=\"Féminin\",\"Madame\",\"\")),\"#chr(13)##chr(10)#\",Base!AW61,\" \",Base!AX61, \"#chr(13)##chr(10)#\",Base!AY61,\" \",Base!AZ61, \"#chr(13)##chr(10)#\",Base!BA61, \"#chr(13)##chr(10)#\",Base!BB61,\" \",Base!BC61),\"\")","v":"Madame#chr(13)##chr(10)#Del Genio Sylvie#chr(13)##chr(10)#Rue du Canal 61#chr(13)##chr(10)##chr(13)##chr(10)#1964 Conthey"},null,"Madame",null,{"$f":"IF(AND(Base!AT61<200,Base!AT61>99),1,0)","v":0},null,0,{"$f":"Base!BG61","v":"CLN.9411"},{"$f":"Base!BH61& \"#chr(13)##chr(10)#\" &Base!BI61","v":"Personnel soignant reconnu (par personne et par quart d'heure entamé)#chr(13)##chr(10)#2 collaborateur(s) x 4 quarts d’heure"},null,{"$f":"Base!BJ61","v":8},{"$f":"Base!BK61","v":35},{"$f":"IF(Base!BL61=\"\",\"\",Base!BL61)","v":"¼ d'heure"},null,{"$f":"Base!BM61","v":280},null,null,{"$f":"IF(Base!H61=\"Uvrier\",3018,VLOOKUP(FQ63,$GV$2:$GX$7,FM63+1,0))","v":3018},0,0,null,0,null,null,null,null,null,"Libre","BS - 131",null,"BU - 73 - aff",0,null,null,null,null,null,null,null,null,null,null,null,null,null,null,null,null,null,null,null,null,null,null,null,null,null,null,null,null,null,null,null,null,null,{"$f":"Base!AH61&\", \"&Base!AI61","v":"Barragan, Madrid Victoria"},{"$f":"Base!AN61&\" \"&Base!AO61&\", \"&Base!AK61&\" \"&Base!AL61","v":"1994 Aproz (Nendaz), Route de Riddes 263"},{"$f":"CONCATENATE(TEXT(DATE(YEAR(Base!AJ61),MONTH(Base!AJ61),DAY(Base!AJ61)),\"jj.mm.aaaa\"),\", \",FN63,IF(Base!D61=\"\",\"\",\" - \"),Base!D61)","v":"19.03.1933, 756.7629.0619.40"},{"$f":"Base!AR61","v":"Mutuel Assurance Maladie SA"},{"$f":"LEFT(Base!J61,10)","v":"2022-01-19"},{"$f":"CONCATENATE(Base!L61,IF(Base!L61=0,\"\",\", \"),Base!M61,\" \",Base!N61,\", \",Base!P61,\" \",Base!Q61)","v":"Hôpital de Sion, Avenue du Grand-Champsec 80, 1950 Sion"},{"$f":"CONCATENATE(Base!V61,\", \",Base!Z61,\" \",Base!AA61,\", \",Base!W61,\" \",Base!X61)","v":"EMS Les Vergers, 1994 Aproz (Nendaz), Route de Riddes 263"},null,{"$f":"CONCATENATE(RIGHT(LEFT(Base!J61,16),5),\" - \",RIGHT(LEFT(Base!K61,16),5))","v":"20:35 - 21:30"},{"$f":"Base!AF61&\" - \"&Base!I61","v":"Maladie - S3"},null,null,null,null,null,null,null,null,null,null,null,null,null,null,null,null,null,null,{"$f":"Base!H61","v":"Uvrier"},2,null,null,null,null,null,null,null,null,null,2,null,null,null,null,null,null,null,null,null,null,null,null,null,null,null,null,null,null,null,null,null,{"$f":"IF(Base!U61=\"Privée\",2,1)","v":2},{"$f":"IF(OR(LEFT(Base!AS61,1)=\"1\",LEFT(Base!AS61)=\"2\"),RIGHT(Base!AS61,LEN(Base!AS61)-1),Base!AS61)","v":"756.7629.0619.40"},{"$f":"Base!AU61","v":"Personne"},{"$f":"OR(CONCATENATE(Base!AW61,Base!AX61)=CONCATENATE(Base!AH61,Base!AI61),FO63=\"Établissement\")","v":false},{"$f":"Base!I61","v":"S3"}]
[{"$f":"Base!A62","v":3782},{"$f":"20","v":20},{"$f":"Base!B62","v":"2022-01-28"},null,{"$f":"Base!AE62","v":"VS22001997"},null,null,null,null,null,"<AUTO>",null,null,null,null,"URL (Libre)",null,null,{"$f":"Base!E62&\" - \"&Base!H62&\" - \"&Base!D62","v":"15518 - Uvrier - "},{"$f":"IF(AND(Base!AT62<1000,Base!AT62>99),Base!AT62,IF(FO64=\"Établissement\",VALUE(CONCATENATE(LEN(SUBSTITUTE(V64,\" \",\"\")),LEN(V64),AA64,COLUMN(INDIRECT(LEFT(V64,1)&1)),LEN(SUBSTITUTE(V64,\"-\",\"\")))),IF(FN64=\"\",VALUE(CONCATENATE(COLUMN(INDIRECT(LEFT(W64,1)&1)),COLUMN(INDIRECT(LEFT(X64,1)&1)),AO64,CODE(AA64))),VALUE(SUBSTITUTE(SUBSTITUTE(SUBSTITUTE(FN64,\".\",\"\"),\" \",\"\"),\"-\",\"\")))))","v":7567629061940},null,{"$f":"SUBSTITUTE(IF(Base!BF62=0,\"\",Base!BF62),\" (facturation)\",\"\")","v":""},{"$f":"IF(Base!AW62=0,\"\",Base!AH62)","v":"Barragan"},{"$f":"IF(Base!AX62=0,\"\",Base!AI62)","v":"Madrid Victoria"},{"$f":"IF(Base!AW62=0,Base!AY62&\" \"&Base!AZ62,Base!AK62&\" \"&Base!AL62)","v":"Route de Riddes 263"},{"$f":"IF(IF(Base!AW62=0,Base!BA62,Base!AM62)=0,\"\",IF(Base!AW62=0,Base!BA62,Base!AM62))","v":"EMS Les Vergers"},{"$f":"IF(Base!AW62=0,Base!BB62,Base!AN62)","v":1994},{"$f":"IF(Base!AW62=0,Base!BC62,Base!AO62)","v":"Aproz (Nendaz)"},null,null,null,null,null,null,null,null,null,null,null,null,{"$f":"Base!AJ62","v":"1933-03-19"},{"$f":"IF(FO64=\"Établissement\",\"\",IF(Base!AG62=\"Masculin\",\"Monsieur\",IF(Base!AG62=\"Féminin\",\"Madame\",\"\")))","v":"Madame"},{"$f":"IF(FP64=FALSE,CONCATENATE(IF(Base!AV62=\"Masculin\",\"Monsieur\",IF(Base!AV62=\"Féminin\",\"Madame\",\"\")),\"#chr(13)##chr(10)#\",Base!AW62,\" \",Base!AX62, \"#chr(13)##chr(10)#\",Base!AY62,\" \",Base!AZ62, \"#chr(13)##chr(10)#\",Base!BA62, \"#chr(13)##chr(10)#\",Base!BB62,\" \",Base!BC62),\"\")","v":"Madame#chr(13)##chr(10)#Del Genio Sylvie#chr(13)##chr(10)#Rue du Canal 61#chr(13)##chr(10)##chr(13)##chr(10)#1964 Conthey"},null,"Madame",null,{"$f":"IF(AND(Base!AT62<200,Base!AT62>99),1,0)","v":0},null,0,{"$f":"Base!BG62","v":"CLN.9431"},{"$f":"Base!BH62& \"#chr(13)##chr(10)#\" &Base!BI62","v":"Supplément de nuit  20h00-08h00#chr(13)##chr(10)#25% sur CHF 280.00"},null,{"$f":"Base!BJ62","v":1},{"$f":"Base!BK62","v":70},{"$f":"IF(Base!BL62=\"\",\"\",Base!BL62)","v":""},null,{"$f":"Base!BM62","v":70},null,null,{"$f":"IF(Base!H62=\"Uvrier\",3018,VLOOKUP(FQ64,$GV$2:$GX$7,FM64+1,0))","v":3018},0,0,null,0,null,null,null,null,null,"Libre","BS - 132",null,"BU - 73 - aff",0,null,null,null,null,null,null,null,null,null,null,null,null,null,null,null,null,null,null,null,null,null,null,null,null,null,null,null,null,null,null,null,null,null,{"$f":"Base!AH62&\", \"&Base!AI62","v":"Barragan, Madrid Victoria"},{"$f":"Base!AN62&\" \"&Base!AO62&\", \"&Base!AK62&\" \"&Base!AL62","v":"1994 Aproz (Nendaz), Route de Riddes 263"},{"$f":"CONCATENATE(TEXT(DATE(YEAR(Base!AJ62),MONTH(Base!AJ62),DAY(Base!AJ62)),\"jj.mm.aaaa\"),\", \",FN64,IF(Base!D62=\"\",\"\",\" - \"),Base!D62)","v":"19.03.1933, 756.7629.0619.40"},{"$f":"Base!AR62","v":"Mutuel Assurance Maladie SA"},{"$f":"LEFT(Base!J62,10)","v":"2022-01-19"},{"$f":"CONCATENATE(Base!L62,IF(Base!L62=0,\"\",\", \"),Base!M62,\" \",Base!N62,\", \",Base!P62,\" \",Base!Q62)","v":"Hôpital de Sion, Avenue du Grand-Champsec 80, 1950 Sion"},{"$f":"CONCATENATE(Base!V62,\", \",Base!Z62,\" \",Base!AA62,\", \",Base!W62,\" \",Base!X62)","v":"EMS Les Vergers, 1994 Aproz (Nendaz), Route de Riddes 263"},null,{"$f":"CONCATENATE(RIGHT(LEFT(Base!J62,16),5),\" - \",RIGHT(LEFT(Base!K62,16),5))","v":"20:35 - 21:30"},{"$f":"Base!AF62&\" - \"&Base!I62","v":"Maladie - S3"},null,null,null,null,null,null,null,null,null,null,null,null,null,null,null,null,null,null,{"$f":"Base!H62","v":"Uvrier"},2,null,null,null,null,null,null,null,null,null,2,null,null,null,null,null,null,null,null,null,null,null,null,null,null,null,null,null,null,null,null,null,{"$f":"IF(Base!U62=\"Privée\",2,1)","v":2},{"$f":"IF(OR(LEFT(Base!AS62,1)=\"1\",LEFT(Base!AS62)=\"2\"),RIGHT(Base!AS62,LEN(Base!AS62)-1),Base!AS62)","v":"756.7629.0619.40"},{"$f":"Base!AU62","v":"Personne"},{"$f":"OR(CONCATENATE(Base!AW62,Base!AX62)=CONCATENATE(Base!AH62,Base!AI62),FO64=\"Établissement\")","v":false},{"$f":"Base!I62","v":"S3"}]
[{"$f":"Base!A63","v":3783},{"$f":"20","v":20},{"$f":"Base!B63","v":"2022-01-28"},null,{"$f":"Base!AE63","v":"VS22002000"},null,null,null,null,null,"<AUTO>",null,null,null,null,"URL (Libre)",null,null,{"$f":"Base!E63&\" - \"&Base!H63&\" - \"&Base!D63","v":"15521 - Uvrier - 2376144/22"},{"$f":"IF(AND(Base!AT63<1000,Base!AT63>99),Base!AT63,IF(FO65=\"Établissement\",VALUE(CONCATENATE(LEN(SUBSTITUTE(V65,\" \",\"\")),LEN(V65),AA65,COLUMN(INDIRECT(LEFT(V65,1)&1)),LEN(SUBSTITUTE(V65,\"-\",\"\")))),IF(FN65=\"\",VALUE(CONCATENATE(COLUMN(INDIRECT(LEFT(W65,1)&1)),COLUMN(INDIRECT(LEFT(X65,1)&1)),AO65,CODE(AA65))),VALUE(SUBSTITUTE(SUBSTITUTE(SUBSTITUTE(FN65,\".\",\"\"),\" \",\"\"),\"-\",\"\")))))","v":101},null,{"$f":"SUBSTITUTE(IF(Base!BF63=0,\"\",Base!BF63),\" (facturation)\",\"\")","v":"Hôpital du Valais - Direction des Finances/Service des fournisseurs"},{"$f":"IF(Base!AW63=0,\"\",Base!AH63)","v":""},{"$f":"IF(Base!AX63=0,\"\",Base!AI63)","v":""},{"$f":"IF(Base!AW63=0,Base!AY63&\" \"&Base!AZ63,Base!AK63&\" \"&Base!AL63)","v":"Avenue Grand-Champsec 86"},{"$f":"IF(IF(Base!AW63=0,Base!BA63,Base!AM63)=0,\"\",IF(Base!AW63=0,Base!BA63,Base!AM63))","v":"Case postale 696"},{"$f":"IF(Base!AW63=0,Base!BB63,Base!AN63)","v":1951},{"$f":"IF(Base!AW63=0,Base!BC63,Base!AO63)","v":"Sion"},null,null,null,null,null,null,null,null,null,null,null,null,{"$f":"Base!AJ63","v":"1988-09-18"},{"$f":"IF(FO65=\"Établissement\",\"\",IF(Base!AG63=\"Masculin\",\"Monsieur\",IF(Base!AG63=\"Féminin\",\"Madame\",\"\")))","v":""},{"$f":"IF(FP65=FALSE,CONCATENATE(IF(Base!AV63=\"Masculin\",\"Monsieur\",IF(Base!AV63=\"Féminin\",\"Madame\",\"\")),\"#chr(13)##chr(10)#\",Base!AW63,\" \",Base!AX63, \"#chr(13)##chr(10)#\",Base!AY63,\" \",Base!AZ63, \"#chr(13)##chr(10)#\",Base!BA63, \"#chr(13)##chr(10)#\",Base!BB63,\" \",Base!BC63),\"\")","v":""},null,"",null,{"$f":"IF(AND(Base!AT63<200,Base!AT63>99),1,0)","v":1},null,0,{"$f":"Base!BG63","v":"HVS.31N"},{"$f":"Base!BH63& \"#chr(13)##chr(10)#\" &Base!BI63","v":"Forfait S3 HVS Martigny - HVS Sion#chr(13)##chr(10)#Trajet simple nuit (20h00-08h00) ou dimanches et jours fériés"},null,{"$f":"Base!BJ63","v":1},{"$f":"Base!BK63","v":660},{"$f":"IF(Base!BL63=\"\",\"\",Base!BL63)","v":""},null,{"$f":"Base!BM63","v":660},null,null,{"$f":"IF(Base!H63=\"Uvrier\",3018,VLOOKUP(FQ65,$GV$2:$GX$7,FM65+1,0))","v":3018},0,0,null,0,null,null,null,null,null,"Libre","BS - 133",null,"BU - 73 - aff",0,null,null,null,null,null,null,null,null,null,null,null,null,null,null,null,null,null,null,null,null,null,null,null,null,null,null,null,null,null,null,null,null,null,{"$f":"Base!AH63&\", \"&Base!AI63","v":"Rederstorff Galvez, Laurence"},{"$f":"Base!AN63&\" \"&Base!AO63&\", \"&Base!AK63&\" \"&Base!AL63","v":"1890 St-Maurice, Avenue de Vérolliez 49"},{"$f":"CONCATENATE(TEXT(DATE(YEAR(Base!AJ63),MONTH(Base!AJ63),DAY(Base!AJ63)),\"jj.mm.aaaa\"),\", \",FN65,IF(Base!D63=\"\",\"\",\" - \"),Base!D63)","v":"18.09.1988, 756.2669.8543.78 - 2376144/22"},{"$f":"Base!AR63","v":"Helsana Assurances SA"},{"$f":"LEFT(Base!J63,10)","v":"2022-01-19"},{"$f":"CONCATENATE(Base!L63,IF(Base!L63=0,\"\",\", \"),Base!M63,\" \",Base!N63,\", \",Base!P63,\" \",Base!Q63)","v":"Hôpital de Martigny, Avenue de la Fusion 27, 1920 Martigny"},{"$f":"CONCATENATE(Base!V63,\", \",Base!Z63,\" \",Base!AA63,\", \",Base!W63,\" \",Base!X63)","v":"Hôpital de Sion, 1950 Sion, Avenue du Grand-Champsec 80"},null,{"$f":"CONCATENATE(RIGHT(LEFT(Base!J63,16),5),\" - \",RIGHT(LEFT(Base!K63,16),5))","v":"21:30 - 22:53"},{"$f":"Base!AF63&\" - \"&Base!I63","v":"Maladie - S3"},null,null,null,null,null,null,null,null,null,null,null,null,null,null,null,null,null,null,{"$f":"Base!H63","v":"Uvrier"},2,null,null,null,null,null,null,null,null,null,2,null,null,null,null,null,null,null,null,null,null,null,null,null,null,null,null,null,null,null,null,null,{"$f":"IF(Base!U63=\"Privée\",2,1)","v":2},{"$f":"IF(OR(LEFT(Base!AS63,1)=\"1\",LEFT(Base!AS63)=\"2\"),RIGHT(Base!AS63,LEN(Base!AS63)-1),Base!AS63)","v":"756.2669.8543.78"},{"$f":"Base!AU63","v":"Établissement"},{"$f":"OR(CONCATENATE(Base!AW63,Base!AX63)=CONCATENATE(Base!AH63,Base!AI63),FO65=\"Établissement\")","v":true},{"$f":"Base!I63","v":"S3"}]
[{"$f":"Base!A64","v":3784},{"$f":"20","v":20},{"$f":"Base!B64","v":"2022-01-28"},null,{"$f":"Base!AE64","v":"VS22001999"},null,null,null,null,null,"<AUTO>",null,null,null,null,"URL (Libre)",null,null,{"$f":"Base!E64&\" - \"&Base!H64&\" - \"&Base!D64","v":"15520 - Uvrier - 2770320/3"},{"$f":"IF(AND(Base!AT64<1000,Base!AT64>99),Base!AT64,IF(FO66=\"Établissement\",VALUE(CONCATENATE(LEN(SUBSTITUTE(V66,\" \",\"\")),LEN(V66),AA66,COLUMN(INDIRECT(LEFT(V66,1)&1)),LEN(SUBSTITUTE(V66,\"-\",\"\")))),IF(FN66=\"\",VALUE(CONCATENATE(COLUMN(INDIRECT(LEFT(W66,1)&1)),COLUMN(INDIRECT(LEFT(X66,1)&1)),AO66,CODE(AA66))),VALUE(SUBSTITUTE(SUBSTITUTE(SUBSTITUTE(FN66,\".\",\"\"),\" \",\"\"),\"-\",\"\")))))","v":101},null,{"$f":"SUBSTITUTE(IF(Base!BF64=0,\"\",Base!BF64),\" (facturation)\",\"\")","v":"Hôpital du Valais - Direction des Finances/Service des fournisseurs"},{"$f":"IF(Base!AW64=0,\"\",Base!AH64)","v":""},{"$f":"IF(Base!AX64=0,\"\",Base!AI64)","v":""},{"$f":"IF(Base!AW64=0,Base!AY64&\" \"&Base!AZ64,Base!AK64&\" \"&Base!AL64)","v":"Avenue Grand-Champsec 86"},{"$f":"IF(IF(Base!AW64=0,Base!BA64,Base!AM64)=0,\"\",IF(Base!AW64=0,Base!BA64,Base!AM64))","v":"Case postale 696"},{"$f":"IF(Base!AW64=0,Base!BB64,Base!AN64)","v":1951},{"$f":"IF(Base!AW64=0,Base!BC64,Base!AO64)","v":"Sion"},null,null,null,null,null,null,null,null,null,null,null,null,{"$f":"Base!AJ64","v":"1994-08-15"},{"$f":"IF(FO66=\"Établissement\",\"\",IF(Base!AG64=\"Masculin\",\"Monsieur\",IF(Base!AG64=\"Féminin\",\"Madame\",\"\")))","v":""},{"$f":"IF(FP66=FALSE,CONCATENATE(IF(Base!AV64=\"Masculin\",\"Monsieur\",IF(Base!AV64=\"Féminin\",\"Madame\",\"\")),\"#chr(13)##chr(10)#\",Base!AW64,\" \",Base!AX64, \"#chr(13)##chr(10)#\",Base!AY64,\" \",Base!AZ64, \"#chr(13)##chr(10)#\",Base!BA64, \"#chr(13)##chr(10)#\",Base!BB64,\" \",Base!BC64),\"\")","v":""},null,"",null,{"$f":"IF(AND(Base!AT64<200,Base!AT64>99),1,0)","v":1},null,0,{"$f":"Base!BG64","v":"HVS.31N"},{"$f":"Base!BH64& \"#chr(13)##chr(10)#\" &Base!BI64","v":"Forfait S3 HVS Martigny - HVS Sion#chr(13)##chr(10)#Trajet simple nuit (20h00-08h00) ou dimanches et jours fériés"},null,{"$f":"Base!BJ64","v":1},{"$f":"Base!BK64","v":660},{"$f":"IF(Base!BL64=\"\",\"\",Base!BL64)","v":""},null,{"$f":"Base!BM64","v":660},null,null,{"$f":"IF(Base!H64=\"Uvrier\",3018,VLOOKUP(FQ66,$GV$2:$GX$7,FM66+1,0))","v":3018},0,0,null,0,null,null,null,null,null,"Libre","BS - 134",null,"BU - 73 - aff",0,null,null,null,null,null,null,null,null,null,null,null,null,null,null,null,null,null,null,null,null,null,null,null,null,null,null,null,null,null,null,null,null,null,{"$f":"Base!AH64&\", \"&Base!AI64","v":"De Rosa , Roberto"},{"$f":"Base!AN64&\" \"&Base!AO64&\", \"&Base!AK64&\" \"&Base!AL64","v":"1890 St-Maurice, Route des Cases 47"},{"$f":"CONCATENATE(TEXT(DATE(YEAR(Base!AJ64),MONTH(Base!AJ64),DAY(Base!AJ64)),\"jj.mm.aaaa\"),\", \",FN66,IF(Base!D64=\"\",\"\",\" - \"),Base!D64)","v":"15.08.1994, 756.7369.2963.74 - 2770320/3"},{"$f":"Base!AR64","v":"Mutuel Assurance Maladie SA"},{"$f":"LEFT(Base!J64,10)","v":"2022-01-19"},{"$f":"CONCATENATE(Base!L64,IF(Base!L64=0,\"\",\", \"),Base!M64,\" \",Base!N64,\", \",Base!P64,\" \",Base!Q64)","v":"Hôpital de Martigny, Avenue de la Fusion 27, 1920 Martigny"},{"$f":"CONCATENATE(Base!V64,\", \",Base!Z64,\" \",Base!AA64,\", \",Base!W64,\" \",Base!X64)","v":"Hôpital de Sion, 1950 Sion, Avenue du Grand-Champsec 80"},null,{"$f":"CONCATENATE(RIGHT(LEFT(Base!J64,16),5),\" - \",RIGHT(LEFT(Base!K64,16),5))","v":"22:54 - 00:10"},{"$f":"Base!AF64&\" - \"&Base!I64","v":"Maladie - S3"},null,null,null,null,null,null,null,null,null,null,null,null,null,null,null,null,null,null,{"$f":"Base!H64","v":"Uvrier"},2,null,null,null,null,null,null,null,null,null,2,null,null,null,null,null,null,null,null,null,null,null,null,null,null,null,null,null,null,null,null,null,{"$f":"IF(Base!U64=\"Privée\",2,1)","v":2},{"$f":"IF(OR(LEFT(Base!AS64,1)=\"1\",LEFT(Base!AS64)=\"2\"),RIGHT(Base!AS64,LEN(Base!AS64)-1),Base!AS64)","v":"756.7369.2963.74"},{"$f":"Base!AU64","v":"Établissement"},{"$f":"OR(CONCATENATE(Base!AW64,Base!AX64)=CONCATENATE(Base!AH64,Base!AI64),FO66=\"Établissement\")","v":true},{"$f":"Base!I64","v":"S3"}]
[{"$f":"Base!A65","v":3785},{"$f":"20","v":20},{"$f":"Base!B65","v":"2022-01-28"},null,{"$f":"Base!AE65","v":"VS22002008"},null,null,null,null,null,"<AUTO>",null,null,null,null,"URL (Libre)",null,null,{"$f":"Base!E65&\" - \"&Base!H65&\" - \"&Base!D65","v":"15526 - Uvrier - "},{"$f":"IF(AND(Base!AT65<1000,Base!AT65>99),Base!AT65,IF(FO67=\"Établissement\",VALUE(CONCATENATE(LEN(SUBSTITUTE(V67,\" \",\"\")),LEN(V67),AA67,COLUMN(INDIRECT(LEFT(V67,1)&1)),LEN(SUBSTITUTE(V67,\"-\",\"\")))),IF(FN67=\"\",VALUE(CONCATENATE(COLUMN(INDIRECT(LEFT(W67,1)&1)),COLUMN(INDIRECT(LEFT(X67,1)&1)),AO67,CODE(AA67))),VALUE(SUBSTITUTE(SUBSTITUTE(SUBSTITUTE(FN67,\".\",\"\"),\" \",\"\"),\"-\",\"\")))))","v":7567588801663},null,{"$f":"SUBSTITUTE(IF(Base!BF65=0,\"\",Base!BF65),\" (facturation)\",\"\")","v":""},{"$f":"IF(Base!AW65=0,\"\",Base!AH65)","v":"Bonvin-Sägesser"},{"$f":"IF(Base!AX65=0,\"\",Base!AI65)","v":"Verena"},{"$f":"IF(Base!AW65=0,Base!AY65&\" \"&Base!AZ65,Base!AK65&\" \"&Base!AL65)","v":"Route de Riddes 263"},{"$f":"IF(IF(Base!AW65=0,Base!BA65,Base!AM65)=0,\"\",IF(Base!AW65=0,Base!BA65,Base!AM65))","v":"EMS Les Vergers"},{"$f":"IF(Base!AW65=0,Base!BB65,Base!AN65)","v":1994},{"$f":"IF(Base!AW65=0,Base!BC65,Base!AO65)","v":"Aproz (Nendaz)"},null,null,null,null,null,null,null,null,null,null,null,null,{"$f":"Base!AJ65","v":"1945-07-01"},{"$f":"IF(FO67=\"Établissement\",\"\",IF(Base!AG65=\"Masculin\",\"Monsieur\",IF(Base!AG65=\"Féminin\",\"Madame\",\"\")))","v":"Madame"},{"$f":"IF(FP67=FALSE,CONCATENATE(IF(Base!AV65=\"Masculin\",\"Monsieur\",IF(Base!AV65=\"Féminin\",\"Madame\",\"\")),\"#chr(13)##chr(10)#\",Base!AW65,\" \",Base!AX65, \"#chr(13)##chr(10)#\",Base!AY65,\" \",Base!AZ65, \"#chr(13)##chr(10)#\",Base!BA65, \"#chr(13)##chr(10)#\",Base!BB65,\" \",Base!BC65),\"\")","v":"Monsieur#chr(13)##chr(10)#Bonvin Willy#chr(13)##chr(10)#Route de Botyre 58#chr(13)##chr(10)##chr(13)##chr(10)#1966 Blignou (Ayent)"},null,"Madame",null,{"$f":"IF(AND(Base!AT65<200,Base!AT65>99),1,0)","v":0},null,0,{"$f":"Base!BG65","v":"CLN.9403 "},{"$f":"Base!BH65& \"#chr(13)##chr(10)#\" &Base!BI65","v":"Taxe de base transport S3#chr(13)##chr(10)#"},null,{"$f":"Base!BJ65","v":1},{"$f":"Base!BK65","v":200},{"$f":"IF(Base!BL65=\"\",\"\",Base!BL65)","v":""},null,{"$f":"Base!BM65","v":200},null,null,{"$f":"IF(Base!H65=\"Uvrier\",3018,VLOOKUP(FQ67,$GV$2:$GX$7,FM67+1,0))","v":3018},0,0,null,0,null,null,null,null,null,"Libre","BS - 135",null,"BU - 73 - aff",0,null,null,null,null,null,null,null,null,null,null,null,null,null,null,null,null,null,null,null,null,null,null,null,null,null,null,null,null,null,null,null,null,null,{"$f":"Base!AH65&\", \"&Base!AI65","v":"Bonvin-Sägesser, Verena"},{"$f":"Base!AN65&\" \"&Base!AO65&\", \"&Base!AK65&\" \"&Base!AL65","v":"1994 Aproz (Nendaz), Route de Riddes 263"},{"$f":"CONCATENATE(TEXT(DATE(YEAR(Base!AJ65),MONTH(Base!AJ65),DAY(Base!AJ65)),\"jj.mm.aaaa\"),\", \",FN67,IF(Base!D65=\"\",\"\",\" - \"),Base!D65)","v":"01.07.1945, 756.7588.8016.63"},{"$f":"Base!AR65","v":"Arcosana AG"},{"$f":"LEFT(Base!J65,10)","v":"2022-01-20"},{"$f":"CONCATENATE(Base!L65,IF(Base!L65=0,\"\",\", \"),Base!M65,\" \",Base!N65,\", \",Base!P65,\" \",Base!Q65)","v":"Hôpital de Sion, Avenue du Grand-Champsec 80, 1950 Sion"},{"$f":"CONCATENATE(Base!V65,\", \",Base!Z65,\" \",Base!AA65,\", \",Base!W65,\" \",Base!X65)","v":"EMS Les Vergers, 1994 Aproz (Nendaz), Route de Riddes 263"},null,{"$f":"CONCATENATE(RIGHT(LEFT(Base!J65,16),5),\" - \",RIGHT(LEFT(Base!K65,16),5))","v":"00:10 - 01:10"},{"$f":"Base!AF65&\" - \"&Base!I65","v":"Maladie - S3"},null,null,null,null,null,null,null,null,null,null,null,null,null,null,null,null,null,null,{"$f":"Base!H65","v":"Uvrier"},2,null,null,null,null,null,null,null,null,null,2,null,null,null,null,null,null,null,null,null,null,null,null,null,null,null,null,null,null,null,null,null,{"$f":"IF(Base!U65=\"Privée\",2,1)","v":2},{"$f":"IF(OR(LEFT(Base!AS65,1)=\"1\",LEFT(Base!AS65)=\"2\"),RIGHT(Base!AS65,LEN(Base!AS65)-1),Base!AS65)","v":"756.7588.8016.63"},{"$f":"Base!AU65","v":"Personne"},{"$f":"OR(CONCATENATE(Base!AW65,Base!AX65)=CONCATENATE(Base!AH65,Base!AI65),FO67=\"Établissement\")","v":false},{"$f":"Base!I65","v":"S3"}]
[{"$f":"Base!A66","v":3785},{"$f":"20","v":20},{"$f":"Base!B66","v":"2022-01-28"},null,{"$f":"Base!AE66","v":"VS22002008"},null,null,null,null,null,"<AUTO>",null,null,null,null,"URL (Libre)",null,null,{"$f":"Base!E66&\" - \"&Base!H66&\" - \"&Base!D66","v":"15526 - Uvrier - "},{"$f":"IF(AND(Base!AT66<1000,Base!AT66>99),Base!AT66,IF(FO68=\"Établissement\",VALUE(CONCATENATE(LEN(SUBSTITUTE(V68,\" \",\"\")),LEN(V68),AA68,COLUMN(INDIRECT(LEFT(V68,1)&1)),LEN(SUBSTITUTE(V68,\"-\",\"\")))),IF(FN68=\"\",VALUE(CONCATENATE(COLUMN(INDIRECT(LEFT(W68,1)&1)),COLUMN(INDIRECT(LEFT(X68,1)&1)),AO68,CODE(AA68))),VALUE(SUBSTITUTE(SUBSTITUTE(SUBSTITUTE(FN68,\".\",\"\"),\" \",\"\"),\"-\",\"\")))))","v":7567588801663},null,{"$f":"SUBSTITUTE(IF(Base!BF66=0,\"\",Base!BF66),\" (facturation)\",\"\")","v":""},{"$f":"IF(Base!AW66=0,\"\",Base!AH66)","v":"Bonvin-Sägesser"},{"$f":"IF(Base!AX66=0,\"\",Base!AI66)","v":"Verena"},{"$f":"IF(Base!AW66=0,Base!AY66&\" \"&Base!AZ66,Base!AK66&\" \"&Base!AL66)","v":"Route de Riddes 263"},{"$f":"IF(IF(Base!AW66=0,Base!BA66,Base!AM66)=0,\"\",IF(Base!AW66=0,Base!BA66,Base!AM66))","v":"EMS Les Vergers"},{"$f":"IF(Base!AW66=0,Base!BB66,Base!AN66)","v":1994},{"$f":"IF(Base!AW66=0,Base!BC66,Base!AO66)","v":"Aproz (Nendaz)"},null,null,null,null,null,null,null,null,null,null,null,null,{"$f":"Base!AJ66","v":"1945-07-01"},{"$f":"IF(FO68=\"Établissement\",\"\",IF(Base!AG66=\"Masculin\",\"Monsieur\",IF(Base!AG66=\"Féminin\",\"Madame\",\"\")))","v":"Madame"},{"$f":"IF(FP68=FALSE,CONCATENATE(IF(Base!AV66=\"Masculin\",\"Monsieur\",IF(Base!AV66=\"Féminin\",\"Madame\",\"\")),\"#chr(13)##chr(10)#\",Base!AW66,\" \",Base!AX66, \"#chr(13)##chr(10)#\",Base!AY66,\" \",Base!AZ66, \"#chr(13)##chr(10)#\",Base!BA66, \"#chr(13)##chr(10)#\",Base!BB66,\" \",Base!BC66),\"\")","v":"Monsieur#chr(13)##chr(10)#Bonvin Willy#chr(13)##chr(10)#Route de Botyre 58#chr(13)##chr(10)##chr(13)##chr(10)#1966 Blignou (Ayent)"},null,{"$f":"AP68","v":"Madame"},null,{"$f":"IF(AND(Base!AT66<200,Base!AT66>99),1,0)","v":0},null,0,{"$f":"Base!BG66","v":"CLN.9404"},{"$f":"Base!BH66& \"#chr(13)##chr(10)#\" &Base!BI66","v":"Indemnisation kilométrique#chr(13)##chr(10)#"},null,{"$f":"Base!BJ66","v":15},{"$f":"Base!BK66","v":4.5},{"$f":"IF(Base!BL66=\"\",\"\",Base!BL66)","v":"km"},null,{"$f":"Base!BM66","v":67.5},null,null,{"$f":"IF(Base!H66=\"Uvrier\",3018,VLOOKUP(FQ68,$GV$2:$GX$7,FM68+1,0))","v":3018},0,0,null,0,null,null,null,null,null,"Libre","BS - 136",null,"BU - 73 - aff",0,null,null,null,null,null,null,null,null,null,null,null,null,null,null,null,null,null,null,null,null,null,null,null,null,null,null,null,null,null,null,null,null,null,{"$f":"Base!AH66&\", \"&Base!AI66","v":"Bonvin-Sägesser, Verena"},{"$f":"Base!AN66&\" \"&Base!AO66&\", \"&Base!AK66&\" \"&Base!AL66","v":"1994 Aproz (Nendaz), Route de Riddes 263"},{"$f":"CONCATENATE(TEXT(DATE(YEAR(Base!AJ66),MONTH(Base!AJ66),DAY(Base!AJ66)),\"jj.mm.aaaa\"),\", \",FN68,IF(Base!D66=\"\",\"\",\" - \"),Base!D66)","v":"01.07.1945, 756.7588.8016.63"},{"$f":"Base!AR66","v":"Arcosana AG"},{"$f":"LEFT(Base!J66,10)","v":"2022-01-20"},{"$f":"CONCATENATE(Base!L66,IF(Base!L66=0,\"\",\", \"),Base!M66,\" \",Base!N66,\", \",Base!P66,\" \",Base!Q66)","v":"Hôpital de Sion, Avenue du Grand-Champsec 80, 1950 Sion"},{"$f":"CONCATENATE(Base!V66,\", \",Base!Z66,\" \",Base!AA66,\", \",Base!W66,\" \",Base!X66)","v":"EMS Les Vergers, 1994 Aproz (Nendaz), Route de Riddes 263"},null,{"$f":"CONCATENATE(RIGHT(LEFT(Base!J66,16),5),\" - \",RIGHT(LEFT(Base!K66,16),5))","v":"00:10 - 01:10"},{"$f":"Base!AF66&\" - \"&Base!I66","v":"Maladie - S3"},null,null,null,null,null,null,null,null,null,null,null,null,null,null,null,null,null,null,{"$f":"Base!H66","v":"Uvrier"},{"$f":"IF(EF68=\"Uvrier\",2,3)","v":2},null,null,null,null,null,null,null,null,null,{"$f":"EG68","v":2},null,null,null,null,null,null,null,null,null,null,null,null,null,null,null,null,null,null,null,null,null,{"$f":"IF(Base!U66=\"Privée\",2,1)","v":2},{"$f":"IF(OR(LEFT(Base!AS66,1)=\"1\",LEFT(Base!AS66)=\"2\"),RIGHT(Base!AS66,LEN(Base!AS66)-1),Base!AS66)","v":"756.7588.8016.63"},{"$f":"Base!AU66","v":"Personne"},{"$f":"OR(CONCATENATE(Base!AW66,Base!AX66)=CONCATENATE(Base!AH66,Base!AI66),FO68=\"Établissement\")","v":false},{"$f":"Base!I66","v":"S3"}]
[{"$f":"Base!A67","v":3785},{"$f":"20","v":20},{"$f":"Base!B67","v":"2022-01-28"},null,{"$f":"Base!AE67","v":"VS22002008"},null,null,null,null,null,"<AUTO>",null,null,null,null,"URL (Libre)",null,null,{"$f":"Base!E67&\" - \"&Base!H67&\" - \"&Base!D67","v":"15526 - Uvrier - "},{"$f":"IF(AND(Base!AT67<1000,Base!AT67>99),Base!AT67,IF(FO69=\"Établissement\",VALUE(CONCATENATE(LEN(SUBSTITUTE(V69,\" \",\"\")),LEN(V69),AA69,COLUMN(INDIRECT(LEFT(V69,1)&1)),LEN(SUBSTITUTE(V69,\"-\",\"\")))),IF(FN69=\"\",VALUE(CONCATENATE(COLUMN(INDIRECT(LEFT(W69,1)&1)),COLUMN(INDIRECT(LEFT(X69,1)&1)),AO69,CODE(AA69))),VALUE(SUBSTITUTE(SUBSTITUTE(SUBSTITUTE(FN69,\".\",\"\"),\" \",\"\"),\"-\",\"\")))))","v":7567588801663},null,{"$f":"SUBSTITUTE(IF(Base!BF67=0,\"\",Base!BF67),\" (facturation)\",\"\")","v":""},{"$f":"IF(Base!AW67=0,\"\",Base!AH67)","v":"Bonvin-Sägesser"},{"$f":"IF(Base!AX67=0,\"\",Base!AI67)","v":"Verena"},{"$f":"IF(Base!AW67=0,Base!AY67&\" \"&Base!AZ67,Base!AK67&\" \"&Base!AL67)","v":"Route de Riddes 263"},{"$f":"IF(IF(Base!AW67=0,Base!BA67,Base!AM67)=0,\"\",IF(Base!AW67=0,Base!BA67,Base!AM67))","v":"EMS Les Vergers"},{"$f":"IF(Base!AW67=0,Base!BB67,Base!AN67)","v":1994},{"$f":"IF(Base!AW67=0,Base!BC67,Base!AO67)","v":"Aproz (Nendaz)"},null,null,null,null,null,null,null,null,null,null,null,null,{"$f":"Base!AJ67","v":"1945-07-01"},{"$f":"IF(FO69=\"Établissement\",\"\",IF(Base!AG67=\"Masculin\",\"Monsieur\",IF(Base!AG67=\"Féminin\",\"Madame\",\"\")))","v":"Madame"},{"$f":"IF(FP69=FALSE,CONCATENATE(IF(Base!AV67=\"Masculin\",\"Monsieur\",IF(Base!AV67=\"Féminin\",\"Madame\",\"\")),\"#chr(13)##chr(10)#\",Base!AW67,\" \",Base!AX67, \"#chr(13)##chr(10)#\",Base!AY67,\" \",Base!AZ67, \"#chr(13)##chr(10)#\",Base!BA67, \"#chr(13)##chr(10)#\",Base!BB67,\" \",Base!BC67),\"\")","v":"Monsieur#chr(13)##chr(10)#Bonvin Willy#chr(13)##chr(10)#Route de Botyre 58#chr(13)##chr(10)##chr(13)##chr(10)#1966 Blignou (Ayent)"},null,"Madame",null,{"$f":"IF(AND(Base!AT67<200,Base!AT67>99),1,0)","v":0},null,0,{"$f":"Base!BG67","v":"CLN.9411"},{"$f":"Base!BH67& \"#chr(13)##chr(10)#\" &Base!BI67","v":"Personnel soignant reconnu (par personne et par quart d'heure entamé)#chr(13)##chr(10)#2 collaborateur(s) x 4 quarts d’heure"},null,{"$f":"Base!BJ67","v":8},{"$f":"Base!BK67","v":35},{"$f":"IF(Base!BL67=\"\",\"\",Base!BL67)","v":"¼ d'heure"},null,{"$f":"Base!BM67","v":280},null,null,{"$f":"IF(Base!H67=\"Uvrier\",3018,VLOOKUP(FQ69,$GV$2:$GX$7,FM69+1,0))","v":3018},0,0,null,0,null,null,null,null,null,"Libre","BS - 137",null,"BU - 73 - aff",0,null,null,null,null,null,null,null,null,null,null,null,null,null,null,null,null,null,null,null,null,null,null,null,null,null,null,null,null,null,null,null,null,null,{"$f":"Base!AH67&\", \"&Base!AI67","v":"Bonvin-Sägesser, Verena"},{"$f":"Base!AN67&\" \"&Base!AO67&\", \"&Base!AK67&\" \"&Base!AL67","v":"1994 Aproz (Nendaz), Route de Riddes 263"},{"$f":"CONCATENATE(TEXT(DATE(YEAR(Base!AJ67),MONTH(Base!AJ67),DAY(Base!AJ67)),\"jj.mm.aaaa\"),\", \",FN69,IF(Base!D67=\"\",\"\",\" - \"),Base!D67)","v":"01.07.1945, 756.7588.8016.63"},{"$f":"Base!AR67","v":"Arcosana AG"},{"$f":"LEFT(Base!J67,10)","v":"2022-01-20"},{"$f":"CONCATENATE(Base!L67,IF(Base!L67=0,\"\",\", \"),Base!M67,\" \",Base!N67,\", \",Base!P67,\" \",Base!Q67)","v":"Hôpital de Sion, Avenue du Grand-Champsec 80, 1950 Sion"},{"$f":"CONCATENATE(Base!V67,\", \",Base!Z67,\" \",Base!AA67,\", \",Base!W67,\" \",Base!X67)","v":"EMS Les Vergers, 1994 Aproz (Nendaz), Route de Riddes 263"},null,{"$f":"CONCATENATE(RIGHT(LEFT(Base!J67,16),5),\" - \",RIGHT(LEFT(Base!K67,16),5))","v":"00:10 - 01:10"},{"$f":"Base!AF67&\" - \"&Base!I67","v":"Maladie - S3"},null,null,null,null,null,null,null,null,null,null,null,null,null,null,null,null,null,null,{"$f":"Base!H67","v":"Uvrier"},2,null,null,null,null,null,null,null,null,null,2,null,null,null,null,null,null,null,null,null,null,null,null,null,null,null,null,null,null,null,null,null,{"$f":"IF(Base!U67=\"Privée\",2,1)","v":2},{"$f":"IF(OR(LEFT(Base!AS67,1)=\"1\",LEFT(Base!AS67)=\"2\"),RIGHT(Base!AS67,LEN(Base!AS67)-1),Base!AS67)","v":"756.7588.8016.63"},{"$f":"Base!AU67","v":"Personne"},{"$f":"OR(CONCATENATE(Base!AW67,Base!AX67)=CONCATENATE(Base!AH67,Base!AI67),FO69=\"Établissement\")","v":false},{"$f":"Base!I67","v":"S3"}]
[{"$f":"Base!A68","v":3785},{"$f":"20","v":20},{"$f":"Base!B68","v":"2022-01-28"},null,{"$f":"Base!AE68","v":"VS22002008"},null,null,null,null,null,"<AUTO>",null,null,null,null,"URL (Libre)",null,null,{"$f":"Base!E68&\" - \"&Base!H68&\" - \"&Base!D68","v":"15526 - Uvrier - "},{"$f":"IF(AND(Base!AT68<1000,Base!AT68>99),Base!AT68,IF(FO70=\"Établissement\",VALUE(CONCATENATE(LEN(SUBSTITUTE(V70,\" \",\"\")),LEN(V70),AA70,COLUMN(INDIRECT(LEFT(V70,1)&1)),LEN(SUBSTITUTE(V70,\"-\",\"\")))),IF(FN70=\"\",VALUE(CONCATENATE(COLUMN(INDIRECT(LEFT(W70,1)&1)),COLUMN(INDIRECT(LEFT(X70,1)&1)),AO70,CODE(AA70))),VALUE(SUBSTITUTE(SUBSTITUTE(SUBSTITUTE(FN70,\".\",\"\"),\" \",\"\"),\"-\",\"\")))))","v":7567588801663},null,{"$f":"SUBSTITUTE(IF(Base!BF68=0,\"\",Base!BF68),\" (facturation)\",\"\")","v":""},{"$f":"IF(Base!AW68=0,\"\",Base!AH68)","v":"Bonvin-Sägesser"},{"$f":"IF(Base!AX68=0,\"\",Base!AI68)","v":"Verena"},{"$f":"IF(Base!AW68=0,Base!AY68&\" \"&Base!AZ68,Base!AK68&\" \"&Base!AL68)","v":"Route de Riddes 263"},{"$f":"IF(IF(Base!AW68=0,Base!BA68,Base!AM68)=0,\"\",IF(Base!AW68=0,Base!BA68,Base!AM68))","v":"EMS Les Vergers"},{"$f":"IF(Base!AW68=0,Base!BB68,Base!AN68)","v":1994},{"$f":"IF(Base!AW68=0,Base!BC68,Base!AO68)","v":"Aproz (Nendaz)"},null,null,null,null,null,null,null,null,null,null,null,null,{"$f":"Base!AJ68","v":"1945-07-01"},{"$f":"IF(FO70=\"Établissement\",\"\",IF(Base!AG68=\"Masculin\",\"Monsieur\",IF(Base!AG68=\"Féminin\",\"Madame\",\"\")))","v":"Madame"},{"$f":"IF(FP70=FALSE,CONCATENATE(IF(Base!AV68=\"Masculin\",\"Monsieur\",IF(Base!AV68=\"Féminin\",\"Madame\",\"\")),\"#chr(13)##chr(10)#\",Base!AW68,\" \",Base!AX68, \"#chr(13)##chr(10)#\",Base!AY68,\" \",Base!AZ68, \"#chr(13)##chr(10)#\",Base!BA68, \"#chr(13)##chr(10)#\",Base!BB68,\" \",Base!BC68),\"\")","v":"Monsieur#chr(13)##chr(10)#Bonvin Willy#chr(13)##chr(10)#Route de Botyre 58#chr(13)##chr(10)##chr(13)##chr(10)#1966 Blignou (Ayent)"},null,"Madame",null,{"$f":"IF(AND(Base!AT68<200,Base!AT68>99),1,0)","v":0},null,0,{"$f":"Base!BG68","v":"CLN.9431"},{"$f":"Base!BH68& \"#chr(13)##chr(10)#\" &Base!BI68","v":"Supplément de nuit  20h00-08h00#chr(13)##chr(10)#25% sur CHF 280.00"},null,{"$f":"Base!BJ68","v":1},{"$f":"Base!BK68","v":70},{"$f":"IF(Base!BL68=\"\",\"\",Base!BL68)","v":""},null,{"$f":"Base!BM68","v":70},null,null,{"$f":"IF(Base!H68=\"Uvrier\",3018,VLOOKUP(FQ70,$GV$2:$GX$7,FM70+1,0))","v":3018},0,0,null,0,null,null,null,null,null,"Libre","BS - 138",null,"BU - 73 - aff",0,null,null,null,null,null,null,null,null,null,null,null,null,null,null,null,null,null,null,null,null,null,null,null,null,null,null,null,null,null,null,null,null,null,{"$f":"Base!AH68&\", \"&Base!AI68","v":"Bonvin-Sägesser, Verena"},{"$f":"Base!AN68&\" \"&Base!AO68&\", \"&Base!AK68&\" \"&Base!AL68","v":"1994 Aproz (Nendaz), Route de Riddes 263"},{"$f":"CONCATENATE(TEXT(DATE(YEAR(Base!AJ68),MONTH(Base!AJ68),DAY(Base!AJ68)),\"jj.mm.aaaa\"),\", \",FN70,IF(Base!D68=\"\",\"\",\" - \"),Base!D68)","v":"01.07.1945, 756.7588.8016.63"},{"$f":"Base!AR68","v":"Arcosana AG"},{"$f":"LEFT(Base!J68,10)","v":"2022-01-20"},{"$f":"CONCATENATE(Base!L68,IF(Base!L68=0,\"\",\", \"),Base!M68,\" \",Base!N68,\", \",Base!P68,\" \",Base!Q68)","v":"Hôpital de Sion, Avenue du Grand-Champsec 80, 1950 Sion"},{"$f":"CONCATENATE(Base!V68,\", \",Base!Z68,\" \",Base!AA68,\", \",Base!W68,\" \",Base!X68)","v":"EMS Les Vergers, 1994 Aproz (Nendaz), Route de Riddes 263"},null,{"$f":"CONCATENATE(RIGHT(LEFT(Base!J68,16),5),\" - \",RIGHT(LEFT(Base!K68,16),5))","v":"00:10 - 01:10"},{"$f":"Base!AF68&\" - \"&Base!I68","v":"Maladie - S3"},null,null,null,null,null,null,null,null,null,null,null,null,null,null,null,null,null,null,{"$f":"Base!H68","v":"Uvrier"},2,null,null,null,null,null,null,null,null,null,2,null,null,null,null,null,null,null,null,null,null,null,null,null,null,null,null,null,null,null,null,null,{"$f":"IF(Base!U68=\"Privée\",2,1)","v":2},{"$f":"IF(OR(LEFT(Base!AS68,1)=\"1\",LEFT(Base!AS68)=\"2\"),RIGHT(Base!AS68,LEN(Base!AS68)-1),Base!AS68)","v":"756.7588.8016.63"},{"$f":"Base!AU68","v":"Personne"},{"$f":"OR(CONCATENATE(Base!AW68,Base!AX68)=CONCATENATE(Base!AH68,Base!AI68),FO70=\"Établissement\")","v":false},{"$f":"Base!I68","v":"S3"}]
[{"$f":"Base!A69","v":3786},{"$f":"20","v":20},{"$f":"Base!B69","v":"2022-01-28"},null,{"$f":"Base!AE69","v":"VS22002015"},null,null,null,null,null,"<AUTO>",null,null,null,null,"URL (Libre)",null,null,{"$f":"Base!E69&\" - \"&Base!H69&\" - \"&Base!D69","v":"15532 - Uvrier - 2003438/73"},{"$f":"IF(AND(Base!AT69<1000,Base!AT69>99),Base!AT69,IF(FO71=\"Établissement\",VALUE(CONCATENATE(LEN(SUBSTITUTE(V71,\" \",\"\")),LEN(V71),AA71,COLUMN(INDIRECT(LEFT(V71,1)&1)),LEN(SUBSTITUTE(V71,\"-\",\"\")))),IF(FN71=\"\",VALUE(CONCATENATE(COLUMN(INDIRECT(LEFT(W71,1)&1)),COLUMN(INDIRECT(LEFT(X71,1)&1)),AO71,CODE(AA71))),VALUE(SUBSTITUTE(SUBSTITUTE(SUBSTITUTE(FN71,\".\",\"\"),\" \",\"\"),\"-\",\"\")))))","v":101},null,{"$f":"SUBSTITUTE(IF(Base!BF69=0,\"\",Base!BF69),\" (facturation)\",\"\")","v":"Hôpital du Valais - Direction des Finances/Service des fournisseurs"},{"$f":"IF(Base!AW69=0,\"\",Base!AH69)","v":""},{"$f":"IF(Base!AX69=0,\"\",Base!AI69)","v":""},{"$f":"IF(Base!AW69=0,Base!AY69&\" \"&Base!AZ69,Base!AK69&\" \"&Base!AL69)","v":"Avenue Grand-Champsec 86"},{"$f":"IF(IF(Base!AW69=0,Base!BA69,Base!AM69)=0,\"\",IF(Base!AW69=0,Base!BA69,Base!AM69))","v":"Case postale 696"},{"$f":"IF(Base!AW69=0,Base!BB69,Base!AN69)","v":1951},{"$f":"IF(Base!AW69=0,Base!BC69,Base!AO69)","v":"Sion"},null,null,null,null,null,null,null,null,null,null,null,null,{"$f":"Base!AJ69","v":"1985-03-27"},{"$f":"IF(FO71=\"Établissement\",\"\",IF(Base!AG69=\"Masculin\",\"Monsieur\",IF(Base!AG69=\"Féminin\",\"Madame\",\"\")))","v":""},{"$f":"IF(FP71=FALSE,CONCATENATE(IF(Base!AV69=\"Masculin\",\"Monsieur\",IF(Base!AV69=\"Féminin\",\"Madame\",\"\")),\"#chr(13)##chr(10)#\",Base!AW69,\" \",Base!AX69, \"#chr(13)##chr(10)#\",Base!AY69,\" \",Base!AZ69, \"#chr(13)##chr(10)#\",Base!BA69, \"#chr(13)##chr(10)#\",Base!BB69,\" \",Base!BC69),\"\")","v":""},null,"",null,{"$f":"IF(AND(Base!AT69<200,Base!AT69>99),1,0)","v":1},null,0,{"$f":"Base!BG69","v":"HVS.31N"},{"$f":"Base!BH69& \"#chr(13)##chr(10)#\" &Base!BI69","v":"Forfait S3 HVS Martigny - HVS Sion#chr(13)##chr(10)#Trajet simple nuit (20h00-08h00) ou dimanches et jours fériés"},null,{"$f":"Base!BJ69","v":1},{"$f":"Base!BK69","v":660},{"$f":"IF(Base!BL69=\"\",\"\",Base!BL69)","v":""},null,{"$f":"Base!BM69","v":660},null,null,{"$f":"IF(Base!H69=\"Uvrier\",3018,VLOOKUP(FQ71,$GV$2:$GX$7,FM71+1,0))","v":3018},0,0,null,0,null,null,null,null,null,"Libre","BS - 139",null,"BU - 73 - aff",0,null,null,null,null,null,null,null,null,null,null,null,null,null,null,null,null,null,null,null,null,null,null,null,null,null,null,null,null,null,null,null,null,null,{"$f":"Base!AH69&\", \"&Base!AI69","v":"Fiora, Gilles"},{"$f":"Base!AN69&\" \"&Base!AO69&\", \"&Base!AK69&\" \"&Base!AL69","v":"1923 Les Marécottes, Rue Principale 58"},{"$f":"CONCATENATE(TEXT(DATE(YEAR(Base!AJ69),MONTH(Base!AJ69),DAY(Base!AJ69)),\"jj.mm.aaaa\"),\", \",FN71,IF(Base!D69=\"\",\"\",\" - \"),Base!D69)","v":"27.03.1985, 756.2678.1431.97 - 2003438/73"},{"$f":"Base!AR69","v":"AMB Assurances SA"},{"$f":"LEFT(Base!J69,10)","v":"2022-01-20"},{"$f":"CONCATENATE(Base!L69,IF(Base!L69=0,\"\",\", \"),Base!M69,\" \",Base!N69,\", \",Base!P69,\" \",Base!Q69)","v":"Hôpital de Martigny, Avenue de la Fusion 27, 1920 Martigny"},{"$f":"CONCATENATE(Base!V69,\", \",Base!Z69,\" \",Base!AA69,\", \",Base!W69,\" \",Base!X69)","v":"Hôpital de Sion, 1950 Sion, Avenue du Grand-Champsec 80"},null,{"$f":"CONCATENATE(RIGHT(LEFT(Base!J69,16),5),\" - \",RIGHT(LEFT(Base!K69,16),5))","v":"03:19 - 04:40"},{"$f":"Base!AF69&\" - \"&Base!I69","v":"Maladie - S3"},null,null,null,null,null,null,null,null,null,null,null,null,null,null,null,null,null,null,{"$f":"Base!H69","v":"Uvrier"},2,null,null,null,null,null,null,null,null,null,2,null,null,null,null,null,null,null,null,null,null,null,null,null,null,null,null,null,null,null,null,null,{"$f":"IF(Base!U69=\"Privée\",2,1)","v":2},{"$f":"IF(OR(LEFT(Base!AS69,1)=\"1\",LEFT(Base!AS69)=\"2\"),RIGHT(Base!AS69,LEN(Base!AS69)-1),Base!AS69)","v":"756.2678.1431.97"},{"$f":"Base!AU69","v":"Établissement"},{"$f":"OR(CONCATENATE(Base!AW69,Base!AX69)=CONCATENATE(Base!AH69,Base!AI69),FO71=\"Établissement\")","v":true},{"$f":"Base!I69","v":"S3"}]
[{"$f":"Base!A70","v":3787},{"$f":"20","v":20},{"$f":"Base!B70","v":"2022-01-28"},null,{"$f":"Base!AE70","v":"VS22002020"},null,null,null,null,null,"<AUTO>",null,null,null,null,"URL (Libre)",null,null,{"$f":"Base!E70&\" - \"&Base!H70&\" - \"&Base!D70","v":"15537 - Uvrier - 2443293/14"},{"$f":"IF(AND(Base!AT70<1000,Base!AT70>99),Base!AT70,IF(FO72=\"Établissement\",VALUE(CONCATENATE(LEN(SUBSTITUTE(V72,\" \",\"\")),LEN(V72),AA72,COLUMN(INDIRECT(LEFT(V72,1)&1)),LEN(SUBSTITUTE(V72,\"-\",\"\")))),IF(FN72=\"\",VALUE(CONCATENATE(COLUMN(INDIRECT(LEFT(W72,1)&1)),COLUMN(INDIRECT(LEFT(X72,1)&1)),AO72,CODE(AA72))),VALUE(SUBSTITUTE(SUBSTITUTE(SUBSTITUTE(FN72,\".\",\"\"),\" \",\"\"),\"-\",\"\")))))","v":101},null,{"$f":"SUBSTITUTE(IF(Base!BF70=0,\"\",Base!BF70),\" (facturation)\",\"\")","v":"Hôpital du Valais - Direction des Finances/Service des fournisseurs"},{"$f":"IF(Base!AW70=0,\"\",Base!AH70)","v":""},{"$f":"IF(Base!AX70=0,\"\",Base!AI70)","v":""},{"$f":"IF(Base!AW70=0,Base!AY70&\" \"&Base!AZ70,Base!AK70&\" \"&Base!AL70)","v":"Avenue Grand-Champsec 86"},{"$f":"IF(IF(Base!AW70=0,Base!BA70,Base!AM70)=0,\"\",IF(Base!AW70=0,Base!BA70,Base!AM70))","v":"Case postale 696"},{"$f":"IF(Base!AW70=0,Base!BB70,Base!AN70)","v":1951},{"$f":"IF(Base!AW70=0,Base!BC70,Base!AO70)","v":"Sion"},null,null,null,null,null,null,null,null,null,null,null,null,{"$f":"Base!AJ70","v":"1939-09-03"},{"$f":"IF(FO72=\"Établissement\",\"\",IF(Base!AG70=\"Masculin\",\"Monsieur\",IF(Base!AG70=\"Féminin\",\"Madame\",\"\")))","v":""},{"$f":"IF(FP72=FALSE,CONCATENATE(IF(Base!AV70=\"Masculin\",\"Monsieur\",IF(Base!AV70=\"Féminin\",\"Madame\",\"\")),\"#chr(13)##chr(10)#\",Base!AW70,\" \",Base!AX70, \"#chr(13)##chr(10)#\",Base!AY70,\" \",Base!AZ70, \"#chr(13)##chr(10)#\",Base!BA70, \"#chr(13)##chr(10)#\",Base!BB70,\" \",Base!BC70),\"\")","v":""},null,"",null,{"$f":"IF(AND(Base!AT70<200,Base!AT70>99),1,0)","v":1},null,0,{"$f":"Base!BG70","v":"HVS.KM7"},{"$f":"Base!BH70& \"#chr(13)##chr(10)#\" &Base!BI70","v":"Taxe kilométrique (0 à 50 km)#chr(13)##chr(10)#"},null,{"$f":"Base!BJ70","v":50},{"$f":"Base!BK70","v":7},{"$f":"IF(Base!BL70=\"\",\"\",Base!BL70)","v":"km"},null,{"$f":"Base!BM70","v":350},null,null,{"$f":"IF(Base!H70=\"Uvrier\",3018,VLOOKUP(FQ72,$GV$2:$GX$7,FM72+1,0))","v":3018},0,0,null,0,null,null,null,null,null,"Libre","BS - 140",null,"BU - 73 - aff",0,null,null,null,null,null,null,null,null,null,null,null,null,null,null,null,null,null,null,null,null,null,null,null,null,null,null,null,null,null,null,null,null,null,{"$f":"Base!AH70&\", \"&Base!AI70","v":"Germanier, Guy"},{"$f":"Base!AN70&\" \"&Base!AO70&\", \"&Base!AK70&\" \"&Base!AL70","v":"1964 Conthey, Rue des Prés du Torrent 37"},{"$f":"CONCATENATE(TEXT(DATE(YEAR(Base!AJ70),MONTH(Base!AJ70),DAY(Base!AJ70)),\"jj.mm.aaaa\"),\", \",FN72,IF(Base!D70=\"\",\"\",\" - \"),Base!D70)","v":"03.09.1939, 756.7488.7121.75 - 2443293/14"},{"$f":"Base!AR70","v":"Mutuel Assurance Maladie SA"},{"$f":"LEFT(Base!J70,10)","v":"2022-01-20"},{"$f":"CONCATENATE(Base!L70,IF(Base!L70=0,\"\",\", \"),Base!M70,\" \",Base!N70,\", \",Base!P70,\" \",Base!Q70)","v":"Hôpital de Sion, Avenue du Grand-Champsec 80, 1950 Sion"},{"$f":"CONCATENATE(Base!V70,\", \",Base!Z70,\" \",Base!AA70,\", \",Base!W70,\" \",Base!X70)","v":"Hôpital cantonal de Fribourg (HFR), 1752 Villars-sur-Glâne, Chemin des Pensionnats "},null,{"$f":"CONCATENATE(RIGHT(LEFT(Base!J70,16),5),\" - \",RIGHT(LEFT(Base!K70,16),5))","v":"07:02 - 11:17"},{"$f":"Base!AF70&\" - \"&Base!I70","v":"Accident - S3"},null,null,null,null,null,null,null,null,null,null,null,null,null,null,null,null,null,null,{"$f":"Base!H70","v":"Uvrier"},2,null,null,null,null,null,null,null,null,null,2,null,null,null,null,null,null,null,null,null,null,null,null,null,null,null,null,null,null,null,null,null,{"$f":"IF(Base!U70=\"Privée\",2,1)","v":2},{"$f":"IF(OR(LEFT(Base!AS70,1)=\"1\",LEFT(Base!AS70)=\"2\"),RIGHT(Base!AS70,LEN(Base!AS70)-1),Base!AS70)","v":"756.7488.7121.75"},{"$f":"Base!AU70","v":"Établissement"},{"$f":"OR(CONCATENATE(Base!AW70,Base!AX70)=CONCATENATE(Base!AH70,Base!AI70),FO72=\"Établissement\")","v":true},{"$f":"Base!I70","v":"S3"}]
[{"$f":"Base!A71","v":3787},{"$f":"20","v":20},{"$f":"Base!B71","v":"2022-01-28"},null,{"$f":"Base!AE71","v":"VS22002020"},null,null,null,null,null,"<AUTO>",null,null,null,null,"URL (Libre)",null,null,{"$f":"Base!E71&\" - \"&Base!H71&\" - \"&Base!D71","v":"15537 - Uvrier - 2443293/14"},{"$f":"IF(AND(Base!AT71<1000,Base!AT71>99),Base!AT71,IF(FO73=\"Établissement\",VALUE(CONCATENATE(LEN(SUBSTITUTE(V73,\" \",\"\")),LEN(V73),AA73,COLUMN(INDIRECT(LEFT(V73,1)&1)),LEN(SUBSTITUTE(V73,\"-\",\"\")))),IF(FN73=\"\",VALUE(CONCATENATE(COLUMN(INDIRECT(LEFT(W73,1)&1)),COLUMN(INDIRECT(LEFT(X73,1)&1)),AO73,CODE(AA73))),VALUE(SUBSTITUTE(SUBSTITUTE(SUBSTITUTE(FN73,\".\",\"\"),\" \",\"\"),\"-\",\"\")))))","v":101},null,{"$f":"SUBSTITUTE(IF(Base!BF71=0,\"\",Base!BF71),\" (facturation)\",\"\")","v":"Hôpital du Valais - Direction des Finances/Service des fournisseurs"},{"$f":"IF(Base!AW71=0,\"\",Base!AH71)","v":""},{"$f":"IF(Base!AX71=0,\"\",Base!AI71)","v":""},{"$f":"IF(Base!AW71=0,Base!AY71&\" \"&Base!AZ71,Base!AK71&\" \"&Base!AL71)","v":"Avenue Grand-Champsec 86"},{"$f":"IF(IF(Base!AW71=0,Base!BA71,Base!AM71)=0,\"\",IF(Base!AW71=0,Base!BA71,Base!AM71))","v":"Case postale 696"},{"$f":"IF(Base!AW71=0,Base!BB71,Base!AN71)","v":1951},{"$f":"IF(Base!AW71=0,Base!BC71,Base!AO71)","v":"Sion"},null,null,null,null,null,null,null,null,null,null,null,null,{"$f":"Base!AJ71","v":"1939-09-03"},{"$f":"IF(FO73=\"Établissement\",\"\",IF(Base!AG71=\"Masculin\",\"Monsieur\",IF(Base!AG71=\"Féminin\",\"Madame\",\"\")))","v":""},{"$f":"IF(FP73=FALSE,CONCATENATE(IF(Base!AV71=\"Masculin\",\"Monsieur\",IF(Base!AV71=\"Féminin\",\"Madame\",\"\")),\"#chr(13)##chr(10)#\",Base!AW71,\" \",Base!AX71, \"#chr(13)##chr(10)#\",Base!AY71,\" \",Base!AZ71, \"#chr(13)##chr(10)#\",Base!BA71, \"#chr(13)##chr(10)#\",Base!BB71,\" \",Base!BC71),\"\")","v":""},null,"",null,{"$f":"IF(AND(Base!AT71<200,Base!AT71>99),1,0)","v":1},null,0,{"$f":"Base!BG71","v":"HVS.KM6"},{"$f":"Base!BH71& \"#chr(13)##chr(10)#\" &Base!BI71","v":"Taxe kilométrique (51 à 100 km)#chr(13)##chr(10)#"},null,{"$f":"Base!BJ71","v":50},{"$f":"Base!BK71","v":6},{"$f":"IF(Base!BL71=\"\",\"\",Base!BL71)","v":"km"},null,{"$f":"Base!BM71","v":300},null,null,{"$f":"IF(Base!H71=\"Uvrier\",3018,VLOOKUP(FQ73,$GV$2:$GX$7,FM73+1,0))","v":3018},0,0,null,0,null,null,null,null,null,"Libre","BS - 141",null,"BU - 73 - aff",0,null,null,null,null,null,null,null,null,null,null,null,null,null,null,null,null,null,null,null,null,null,null,null,null,null,null,null,null,null,null,null,null,null,{"$f":"Base!AH71&\", \"&Base!AI71","v":"Germanier, Guy"},{"$f":"Base!AN71&\" \"&Base!AO71&\", \"&Base!AK71&\" \"&Base!AL71","v":"1964 Conthey, Rue des Prés du Torrent 37"},{"$f":"CONCATENATE(TEXT(DATE(YEAR(Base!AJ71),MONTH(Base!AJ71),DAY(Base!AJ71)),\"jj.mm.aaaa\"),\", \",FN73,IF(Base!D71=\"\",\"\",\" - \"),Base!D71)","v":"03.09.1939, 756.7488.7121.75 - 2443293/14"},{"$f":"Base!AR71","v":"Mutuel Assurance Maladie SA"},{"$f":"LEFT(Base!J71,10)","v":"2022-01-20"},{"$f":"CONCATENATE(Base!L71,IF(Base!L71=0,\"\",\", \"),Base!M71,\" \",Base!N71,\", \",Base!P71,\" \",Base!Q71)","v":"Hôpital de Sion, Avenue du Grand-Champsec 80, 1950 Sion"},{"$f":"CONCATENATE(Base!V71,\", \",Base!Z71,\" \",Base!AA71,\", \",Base!W71,\" \",Base!X71)","v":"Hôpital cantonal de Fribourg (HFR), 1752 Villars-sur-Glâne, Chemin des Pensionnats "},null,{"$f":"CONCATENATE(RIGHT(LEFT(Base!J71,16),5),\" - \",RIGHT(LEFT(Base!K71,16),5))","v":"07:02 - 11:17"},{"$f":"Base!AF71&\" - \"&Base!I71","v":"Accident - S3"},null,null,null,null,null,null,null,null,null,null,null,null,null,null,null,null,null,null,{"$f":"Base!H71","v":"Uvrier"},2,null,null,null,null,null,null,null,null,null,2,null,null,null,null,null,null,null,null,null,null,null,null,null,null,null,null,null,null,null,null,null,{"$f":"IF(Base!U71=\"Privée\",2,1)","v":2},{"$f":"IF(OR(LEFT(Base!AS71,1)=\"1\",LEFT(Base!AS71)=\"2\"),RIGHT(Base!AS71,LEN(Base!AS71)-1),Base!AS71)","v":"756.7488.7121.75"},{"$f":"Base!AU71","v":"Établissement"},{"$f":"OR(CONCATENATE(Base!AW71,Base!AX71)=CONCATENATE(Base!AH71,Base!AI71),FO73=\"Établissement\")","v":true},{"$f":"Base!I71","v":"S3"}]
[{"$f":"Base!A72","v":3787},{"$f":"20","v":20},{"$f":"Base!B72","v":"2022-01-28"},null,{"$f":"Base!AE72","v":"VS22002020"},null,null,null,null,null,"<AUTO>",null,null,null,null,"URL (Libre)",null,null,{"$f":"Base!E72&\" - \"&Base!H72&\" - \"&Base!D72","v":"15537 - Uvrier - 2443293/14"},{"$f":"IF(AND(Base!AT72<1000,Base!AT72>99),Base!AT72,IF(FO74=\"Établissement\",VALUE(CONCATENATE(LEN(SUBSTITUTE(V74,\" \",\"\")),LEN(V74),AA74,COLUMN(INDIRECT(LEFT(V74,1)&1)),LEN(SUBSTITUTE(V74,\"-\",\"\")))),IF(FN74=\"\",VALUE(CONCATENATE(COLUMN(INDIRECT(LEFT(W74,1)&1)),COLUMN(INDIRECT(LEFT(X74,1)&1)),AO74,CODE(AA74))),VALUE(SUBSTITUTE(SUBSTITUTE(SUBSTITUTE(FN74,\".\",\"\"),\" \",\"\"),\"-\",\"\")))))","v":101},null,{"$f":"SUBSTITUTE(IF(Base!BF72=0,\"\",Base!BF72),\" (facturation)\",\"\")","v":"Hôpital du Valais - Direction des Finances/Service des fournisseurs"},{"$f":"IF(Base!AW72=0,\"\",Base!AH72)","v":""},{"$f":"IF(Base!AX72=0,\"\",Base!AI72)","v":""},{"$f":"IF(Base!AW72=0,Base!AY72&\" \"&Base!AZ72,Base!AK72&\" \"&Base!AL72)","v":"Avenue Grand-Champsec 86"},{"$f":"IF(IF(Base!AW72=0,Base!BA72,Base!AM72)=0,\"\",IF(Base!AW72=0,Base!BA72,Base!AM72))","v":"Case postale 696"},{"$f":"IF(Base!AW72=0,Base!BB72,Base!AN72)","v":1951},{"$f":"IF(Base!AW72=0,Base!BC72,Base!AO72)","v":"Sion"},null,null,null,null,null,null,null,null,null,null,null,null,{"$f":"Base!AJ72","v":"1939-09-03"},{"$f":"IF(FO74=\"Établissement\",\"\",IF(Base!AG72=\"Masculin\",\"Monsieur\",IF(Base!AG72=\"Féminin\",\"Madame\",\"\")))","v":""},{"$f":"IF(FP74=FALSE,CONCATENATE(IF(Base!AV72=\"Masculin\",\"Monsieur\",IF(Base!AV72=\"Féminin\",\"Madame\",\"\")),\"#chr(13)##chr(10)#\",Base!AW72,\" \",Base!AX72, \"#chr(13)##chr(10)#\",Base!AY72,\" \",Base!AZ72, \"#chr(13)##chr(10)#\",Base!BA72, \"#chr(13)##chr(10)#\",Base!BB72,\" \",Base!BC72),\"\")","v":""},null,"",null,{"$f":"IF(AND(Base!AT72<200,Base!AT72>99),1,0)","v":1},null,0,{"$f":"Base!BG72","v":"HVS.KM5"},{"$f":"Base!BH72& \"#chr(13)##chr(10)#\" &Base!BI72","v":"Taxe kilométrique (dès 101 km)#chr(13)##chr(10)#"},null,{"$f":"Base!BJ72","v":150},{"$f":"Base!BK72","v":5},{"$f":"IF(Base!BL72=\"\",\"\",Base!BL72)","v":"km"},null,{"$f":"Base!BM72","v":750},null,null,{"$f":"IF(Base!H72=\"Uvrier\",3018,VLOOKUP(FQ74,$GV$2:$GX$7,FM74+1,0))","v":3018},0,0,null,0,null,null,null,null,null,"Libre","BS - 142",null,"BU - 73 - aff",0,null,null,null,null,null,null,null,null,null,null,null,null,null,null,null,null,null,null,null,null,null,null,null,null,null,null,null,null,null,null,null,null,null,{"$f":"Base!AH72&\", \"&Base!AI72","v":"Germanier, Guy"},{"$f":"Base!AN72&\" \"&Base!AO72&\", \"&Base!AK72&\" \"&Base!AL72","v":"1964 Conthey, Rue des Prés du Torrent 37"},{"$f":"CONCATENATE(TEXT(DATE(YEAR(Base!AJ72),MONTH(Base!AJ72),DAY(Base!AJ72)),\"jj.mm.aaaa\"),\", \",FN74,IF(Base!D72=\"\",\"\",\" - \"),Base!D72)","v":"03.09.1939, 756.7488.7121.75 - 2443293/14"},{"$f":"Base!AR72","v":"Mutuel Assurance Maladie SA"},{"$f":"LEFT(Base!J72,10)","v":"2022-01-20"},{"$f":"CONCATENATE(Base!L72,IF(Base!L72=0,\"\",\", \"),Base!M72,\" \",Base!N72,\", \",Base!P72,\" \",Base!Q72)","v":"Hôpital de Sion, Avenue du Grand-Champsec 80, 1950 Sion"},{"$f":"CONCATENATE(Base!V72,\", \",Base!Z72,\" \",Base!AA72,\", \",Base!W72,\" \",Base!X72)","v":"Hôpital cantonal de Fribourg (HFR), 1752 Villars-sur-Glâne, Chemin des Pensionnats "},null,{"$f":"CONCATENATE(RIGHT(LEFT(Base!J72,16),5),\" - \",RIGHT(LEFT(Base!K72,16),5))","v":"07:02 - 11:17"},{"$f":"Base!AF72&\" - \"&Base!I72","v":"Accident - S3"},null,null,null,null,null,null,null,null,null,null,null,null,null,null,null,null,null,null,{"$f":"Base!H72","v":"Uvrier"},2,null,null,null,null,null,null,null,null,null,2,null,null,null,null,null,null,null,null,null,null,null,null,null,null,null,null,null,null,null,null,null,{"$f":"IF(Base!U72=\"Privée\",2,1)","v":2},{"$f":"IF(OR(LEFT(Base!AS72,1)=\"1\",LEFT(Base!AS72)=\"2\"),RIGHT(Base!AS72,LEN(Base!AS72)-1),Base!AS72)","v":"756.7488.7121.75"},{"$f":"Base!AU72","v":"Établissement"},{"$f":"OR(CONCATENATE(Base!AW72,Base!AX72)=CONCATENATE(Base!AH72,Base!AI72),FO74=\"Établissement\")","v":true},{"$f":"Base!I72","v":"S3"}]
[{"$f":"Base!A73","v":3787},{"$f":"20","v":20},{"$f":"Base!B73","v":"2022-01-28"},null,{"$f":"Base!AE73","v":"VS22002020"},null,null,null,null,null,"<AUTO>",null,null,null,null,"URL (Libre)",null,null,{"$f":"Base!E73&\" - \"&Base!H73&\" - \"&Base!D73","v":"15537 - Uvrier - 2443293/14"},{"$f":"IF(AND(Base!AT73<1000,Base!AT73>99),Base!AT73,IF(FO75=\"Établissement\",VALUE(CONCATENATE(LEN(SUBSTITUTE(V75,\" \",\"\")),LEN(V75),AA75,COLUMN(INDIRECT(LEFT(V75,1)&1)),LEN(SUBSTITUTE(V75,\"-\",\"\")))),IF(FN75=\"\",VALUE(CONCATENATE(COLUMN(INDIRECT(LEFT(W75,1)&1)),COLUMN(INDIRECT(LEFT(X75,1)&1)),AO75,CODE(AA75))),VALUE(SUBSTITUTE(SUBSTITUTE(SUBSTITUTE(FN75,\".\",\"\"),\" \",\"\"),\"-\",\"\")))))","v":101},null,{"$f":"SUBSTITUTE(IF(Base!BF73=0,\"\",Base!BF73),\" (facturation)\",\"\")","v":"Hôpital du Valais - Direction des Finances/Service des fournisseurs"},{"$f":"IF(Base!AW73=0,\"\",Base!AH73)","v":""},{"$f":"IF(Base!AX73=0,\"\",Base!AI73)","v":""},{"$f":"IF(Base!AW73=0,Base!AY73&\" \"&Base!AZ73,Base!AK73&\" \"&Base!AL73)","v":"Avenue Grand-Champsec 86"},{"$f":"IF(IF(Base!AW73=0,Base!BA73,Base!AM73)=0,\"\",IF(Base!AW73=0,Base!BA73,Base!AM73))","v":"Case postale 696"},{"$f":"IF(Base!AW73=0,Base!BB73,Base!AN73)","v":1951},{"$f":"IF(Base!AW73=0,Base!BC73,Base!AO73)","v":"Sion"},null,null,null,null,null,null,null,null,null,null,null,null,{"$f":"Base!AJ73","v":"1939-09-03"},{"$f":"IF(FO75=\"Établissement\",\"\",IF(Base!AG73=\"Masculin\",\"Monsieur\",IF(Base!AG73=\"Féminin\",\"Madame\",\"\")))","v":""},{"$f":"IF(FP75=FALSE,CONCATENATE(IF(Base!AV73=\"Masculin\",\"Monsieur\",IF(Base!AV73=\"Féminin\",\"Madame\",\"\")),\"#chr(13)##chr(10)#\",Base!AW73,\" \",Base!AX73, \"#chr(13)##chr(10)#\",Base!AY73,\" \",Base!AZ73, \"#chr(13)##chr(10)#\",Base!BA73, \"#chr(13)##chr(10)#\",Base!BB73,\" \",Base!BC73),\"\")","v":""},null,"",null,{"$f":"IF(AND(Base!AT73<200,Base!AT73>99),1,0)","v":1},null,0,{"$f":"Base!BG73","v":"CLN.9431"},{"$f":"Base!BH73& \"#chr(13)##chr(10)#\" &Base!BI73","v":"Supplément de nuit  20h00-08h00#chr(13)##chr(10)#50% sur CHF 1400.00"},null,{"$f":"Base!BJ73","v":1},{"$f":"Base!BK73","v":700},{"$f":"IF(Base!BL73=\"\",\"\",Base!BL73)","v":""},null,{"$f":"Base!BM73","v":700},null,null,{"$f":"IF(Base!H73=\"Uvrier\",3018,VLOOKUP(FQ75,$GV$2:$GX$7,FM75+1,0))","v":3018},0,0,null,0,null,null,null,null,null,"Libre","BS - 143",null,"BU - 73 - aff",0,null,null,null,null,null,null,null,null,null,null,null,null,null,null,null,null,null,null,null,null,null,null,null,null,null,null,null,null,null,null,null,null,null,{"$f":"Base!AH73&\", \"&Base!AI73","v":"Germanier, Guy"},{"$f":"Base!AN73&\" \"&Base!AO73&\", \"&Base!AK73&\" \"&Base!AL73","v":"1964 Conthey, Rue des Prés du Torrent 37"},{"$f":"CONCATENATE(TEXT(DATE(YEAR(Base!AJ73),MONTH(Base!AJ73),DAY(Base!AJ73)),\"jj.mm.aaaa\"),\", \",FN75,IF(Base!D73=\"\",\"\",\" - \"),Base!D73)","v":"03.09.1939, 756.7488.7121.75 - 2443293/14"},{"$f":"Base!AR73","v":"Mutuel Assurance Maladie SA"},{"$f":"LEFT(Base!J73,10)","v":"2022-01-20"},{"$f":"CONCATENATE(Base!L73,IF(Base!L73=0,\"\",\", \"),Base!M73,\" \",Base!N73,\", \",Base!P73,\" \",Base!Q73)","v":"Hôpital de Sion, Avenue du Grand-Champsec 80, 1950 Sion"},{"$f":"CONCATENATE(Base!V73,\", \",Base!Z73,\" \",Base!AA73,\", \",Base!W73,\" \",Base!X73)","v":"Hôpital cantonal de Fribourg (HFR), 1752 Villars-sur-Glâne, Chemin des Pensionnats "},null,{"$f":"CONCATENATE(RIGHT(LEFT(Base!J73,16),5),\" - \",RIGHT(LEFT(Base!K73,16),5))","v":"07:02 - 11:17"},{"$f":"Base!AF73&\" - \"&Base!I73","v":"Accident - S3"},null,null,null,null,null,null,null,null,null,null,null,null,null,null,null,null,null,null,{"$f":"Base!H73","v":"Uvrier"},2,null,null,null,null,null,null,null,null,null,2,null,null,null,null,null,null,null,null,null,null,null,null,null,null,null,null,null,null,null,null,null,{"$f":"IF(Base!U73=\"Privée\",2,1)","v":2},{"$f":"IF(OR(LEFT(Base!AS73,1)=\"1\",LEFT(Base!AS73)=\"2\"),RIGHT(Base!AS73,LEN(Base!AS73)-1),Base!AS73)","v":"756.7488.7121.75"},{"$f":"Base!AU73","v":"Établissement"},{"$f":"OR(CONCATENATE(Base!AW73,Base!AX73)=CONCATENATE(Base!AH73,Base!AI73),FO75=\"Établissement\")","v":true},{"$f":"Base!I73","v":"S3"}]
[{"$f":"Base!A74","v":3788},{"$f":"20","v":20},{"$f":"Base!B74","v":"2022-01-28"},null,{"$f":"Base!AE74","v":"VS22001926"},null,null,null,null,null,"<AUTO>",null,null,null,null,"URL (Libre)",null,null,{"$f":"Base!E74&\" - \"&Base!H74&\" - \"&Base!D74","v":"15447 - Uvrier - "},{"$f":"IF(AND(Base!AT74<1000,Base!AT74>99),Base!AT74,IF(FO76=\"Établissement\",VALUE(CONCATENATE(LEN(SUBSTITUTE(V76,\" \",\"\")),LEN(V76),AA76,COLUMN(INDIRECT(LEFT(V76,1)&1)),LEN(SUBSTITUTE(V76,\"-\",\"\")))),IF(FN76=\"\",VALUE(CONCATENATE(COLUMN(INDIRECT(LEFT(W76,1)&1)),COLUMN(INDIRECT(LEFT(X76,1)&1)),AO76,CODE(AA76))),VALUE(SUBSTITUTE(SUBSTITUTE(SUBSTITUTE(FN76,\".\",\"\"),\" \",\"\"),\"-\",\"\")))))","v":104},null,{"$f":"SUBSTITUTE(IF(Base!BF74=0,\"\",Base!BF74),\" (facturation)\",\"\")","v":"Clinique SUVA - Comptabilité"},{"$f":"IF(Base!AW74=0,\"\",Base!AH74)","v":""},{"$f":"IF(Base!AX74=0,\"\",Base!AI74)","v":""},{"$f":"IF(Base!AW74=0,Base!AY74&\" \"&Base!AZ74,Base!AK74&\" \"&Base!AL74)","v":"Avenue du Grand-Champsec 90"},{"$f":"IF(IF(Base!AW74=0,Base!BA74,Base!AM74)=0,\"\",IF(Base!AW74=0,Base!BA74,Base!AM74))","v":""},{"$f":"IF(Base!AW74=0,Base!BB74,Base!AN74)","v":1950},{"$f":"IF(Base!AW74=0,Base!BC74,Base!AO74)","v":"Sion"},null,null,null,null,null,null,null,null,null,null,null,null,{"$f":"Base!AJ74","v":"1962-09-08"},{"$f":"IF(FO76=\"Établissement\",\"\",IF(Base!AG74=\"Masculin\",\"Monsieur\",IF(Base!AG74=\"Féminin\",\"Madame\",\"\")))","v":""},{"$f":"IF(FP76=FALSE,CONCATENATE(IF(Base!AV74=\"Masculin\",\"Monsieur\",IF(Base!AV74=\"Féminin\",\"Madame\",\"\")),\"#chr(13)##chr(10)#\",Base!AW74,\" \",Base!AX74, \"#chr(13)##chr(10)#\",Base!AY74,\" \",Base!AZ74, \"#chr(13)##chr(10)#\",Base!BA74, \"#chr(13)##chr(10)#\",Base!BB74,\" \",Base!BC74),\"\")","v":""},null,"",null,{"$f":"IF(AND(Base!AT74<200,Base!AT74>99),1,0)","v":1},null,0,{"$f":"Base!BG74","v":"CLN.9403 "},{"$f":"Base!BH74& \"#chr(13)##chr(10)#\" &Base!BI74","v":"Taxe de base transport S3#chr(13)##chr(10)#"},null,{"$f":"Base!BJ74","v":1},{"$f":"Base!BK74","v":200},{"$f":"IF(Base!BL74=\"\",\"\",Base!BL74)","v":""},null,{"$f":"Base!BM74","v":200},null,null,{"$f":"IF(Base!H74=\"Uvrier\",3018,VLOOKUP(FQ76,$GV$2:$GX$7,FM76+1,0))","v":3018},0,0,null,0,null,null,null,null,null,"Libre","BS - 144",null,"BU - 73 - aff",0,null,null,null,null,null,null,null,null,null,null,null,null,null,null,null,null,null,null,null,null,null,null,null,null,null,null,null,null,null,null,null,null,null,{"$f":"Base!AH74&\", \"&Base!AI74","v":"Villat, Marie-Eliane"},{"$f":"Base!AN74&\" \"&Base!AO74&\", \"&Base!AK74&\" \"&Base!AL74","v":"1950 Sion, Rue de Gravelone 4"},{"$f":"CONCATENATE(TEXT(DATE(YEAR(Base!AJ74),MONTH(Base!AJ74),DAY(Base!AJ74)),\"jj.mm.aaaa\"),\", \",FN76,IF(Base!D74=\"\",\"\",\" - \"),Base!D74)","v":"08.09.1962, 756.0161.8245.23"},{"$f":"Base!AR74","v":"CSS Kranken- Versicherung AG"},{"$f":"LEFT(Base!J74,10)","v":"2022-01-20"},{"$f":"CONCATENATE(Base!L74,IF(Base!L74=0,\"\",\", \"),Base!M74,\" \",Base!N74,\", \",Base!P74,\" \",Base!Q74)","v":"Clinique romande de réadaptation SUVA, Avenue du Grand-Champsec 90, 1950 Sion"},{"$f":"CONCATENATE(Base!V74,\", \",Base!Z74,\" \",Base!AA74,\", \",Base!W74,\" \",Base!X74)","v":"Hôpital de Sierre, 3960 Sierre, Rue Saint-Charles 14"},null,{"$f":"CONCATENATE(RIGHT(LEFT(Base!J74,16),5),\" - \",RIGHT(LEFT(Base!K74,16),5))","v":"13:50 - 15:40"},{"$f":"Base!AF74&\" - \"&Base!I74","v":"Maladie - S3"},null,null,null,null,null,null,null,null,null,null,null,null,null,null,null,null,null,null,{"$f":"Base!H74","v":"Uvrier"},2,null,null,null,null,null,null,null,null,null,2,null,null,null,null,null,null,null,null,null,null,null,null,null,null,null,null,null,null,null,null,null,{"$f":"IF(Base!U74=\"Privée\",2,1)","v":2},{"$f":"IF(OR(LEFT(Base!AS74,1)=\"1\",LEFT(Base!AS74)=\"2\"),RIGHT(Base!AS74,LEN(Base!AS74)-1),Base!AS74)","v":"756.0161.8245.23"},{"$f":"Base!AU74","v":"Établissement"},{"$f":"OR(CONCATENATE(Base!AW74,Base!AX74)=CONCATENATE(Base!AH74,Base!AI74),FO76=\"Établissement\")","v":true},{"$f":"Base!I74","v":"S3"}]
[{"$f":"Base!A75","v":3788},{"$f":"20","v":20},{"$f":"Base!B75","v":"2022-01-28"},null,{"$f":"Base!AE75","v":"VS22001926"},null,null,null,null,null,"<AUTO>",null,null,null,null,"URL (Libre)",null,null,{"$f":"Base!E75&\" - \"&Base!H75&\" - \"&Base!D75","v":"15447 - Uvrier - "},{"$f":"IF(AND(Base!AT75<1000,Base!AT75>99),Base!AT75,IF(FO77=\"Établissement\",VALUE(CONCATENATE(LEN(SUBSTITUTE(V77,\" \",\"\")),LEN(V77),AA77,COLUMN(INDIRECT(LEFT(V77,1)&1)),LEN(SUBSTITUTE(V77,\"-\",\"\")))),IF(FN77=\"\",VALUE(CONCATENATE(COLUMN(INDIRECT(LEFT(W77,1)&1)),COLUMN(INDIRECT(LEFT(X77,1)&1)),AO77,CODE(AA77))),VALUE(SUBSTITUTE(SUBSTITUTE(SUBSTITUTE(FN77,\".\",\"\"),\" \",\"\"),\"-\",\"\")))))","v":104},null,{"$f":"SUBSTITUTE(IF(Base!BF75=0,\"\",Base!BF75),\" (facturation)\",\"\")","v":"Clinique SUVA - Comptabilité"},{"$f":"IF(Base!AW75=0,\"\",Base!AH75)","v":""},{"$f":"IF(Base!AX75=0,\"\",Base!AI75)","v":""},{"$f":"IF(Base!AW75=0,Base!AY75&\" \"&Base!AZ75,Base!AK75&\" \"&Base!AL75)","v":"Avenue du Grand-Champsec 90"},{"$f":"IF(IF(Base!AW75=0,Base!BA75,Base!AM75)=0,\"\",IF(Base!AW75=0,Base!BA75,Base!AM75))","v":""},{"$f":"IF(Base!AW75=0,Base!BB75,Base!AN75)","v":1950},{"$f":"IF(Base!AW75=0,Base!BC75,Base!AO75)","v":"Sion"},null,null,null,null,null,null,null,null,null,null,null,null,{"$f":"Base!AJ75","v":"1962-09-08"},{"$f":"IF(FO77=\"Établissement\",\"\",IF(Base!AG75=\"Masculin\",\"Monsieur\",IF(Base!AG75=\"Féminin\",\"Madame\",\"\")))","v":""},{"$f":"IF(FP77=FALSE,CONCATENATE(IF(Base!AV75=\"Masculin\",\"Monsieur\",IF(Base!AV75=\"Féminin\",\"Madame\",\"\")),\"#chr(13)##chr(10)#\",Base!AW75,\" \",Base!AX75, \"#chr(13)##chr(10)#\",Base!AY75,\" \",Base!AZ75, \"#chr(13)##chr(10)#\",Base!BA75, \"#chr(13)##chr(10)#\",Base!BB75,\" \",Base!BC75),\"\")","v":""},null,"",null,{"$f":"IF(AND(Base!AT75<200,Base!AT75>99),1,0)","v":1},null,0,{"$f":"Base!BG75","v":"CLN.9404"},{"$f":"Base!BH75& \"#chr(13)##chr(10)#\" &Base!BI75","v":"Indemnisation kilométrique#chr(13)##chr(10)#"},null,{"$f":"Base!BJ75","v":30},{"$f":"Base!BK75","v":4.5},{"$f":"IF(Base!BL75=\"\",\"\",Base!BL75)","v":"km"},null,{"$f":"Base!BM75","v":135},null,null,{"$f":"IF(Base!H75=\"Uvrier\",3018,VLOOKUP(FQ77,$GV$2:$GX$7,FM77+1,0))","v":3018},0,0,null,0,null,null,null,null,null,"Libre","BS - 145",null,"BU - 73 - aff",0,null,null,null,null,null,null,null,null,null,null,null,null,null,null,null,null,null,null,null,null,null,null,null,null,null,null,null,null,null,null,null,null,null,{"$f":"Base!AH75&\", \"&Base!AI75","v":"Villat, Marie-Eliane"},{"$f":"Base!AN75&\" \"&Base!AO75&\", \"&Base!AK75&\" \"&Base!AL75","v":"1950 Sion, Rue de Gravelone 4"},{"$f":"CONCATENATE(TEXT(DATE(YEAR(Base!AJ75),MONTH(Base!AJ75),DAY(Base!AJ75)),\"jj.mm.aaaa\"),\", \",FN77,IF(Base!D75=\"\",\"\",\" - \"),Base!D75)","v":"08.09.1962, 756.0161.8245.23"},{"$f":"Base!AR75","v":"CSS Kranken- Versicherung AG"},{"$f":"LEFT(Base!J75,10)","v":"2022-01-20"},{"$f":"CONCATENATE(Base!L75,IF(Base!L75=0,\"\",\", \"),Base!M75,\" \",Base!N75,\", \",Base!P75,\" \",Base!Q75)","v":"Clinique romande de réadaptation SUVA, Avenue du Grand-Champsec 90, 1950 Sion"},{"$f":"CONCATENATE(Base!V75,\", \",Base!Z75,\" \",Base!AA75,\", \",Base!W75,\" \",Base!X75)","v":"Hôpital de Sierre, 3960 Sierre, Rue Saint-Charles 14"},null,{"$f":"CONCATENATE(RIGHT(LEFT(Base!J75,16),5),\" - \",RIGHT(LEFT(Base!K75,16),5))","v":"13:50 - 15:40"},{"$f":"Base!AF75&\" - \"&Base!I75","v":"Maladie - S3"},null,null,null,null,null,null,null,null,null,null,null,null,null,null,null,null,null,null,{"$f":"Base!H75","v":"Uvrier"},2,null,null,null,null,null,null,null,null,null,2,null,null,null,null,null,null,null,null,null,null,null,null,null,null,null,null,null,null,null,null,null,{"$f":"IF(Base!U75=\"Privée\",2,1)","v":2},{"$f":"IF(OR(LEFT(Base!AS75,1)=\"1\",LEFT(Base!AS75)=\"2\"),RIGHT(Base!AS75,LEN(Base!AS75)-1),Base!AS75)","v":"756.0161.8245.23"},{"$f":"Base!AU75","v":"Établissement"},{"$f":"OR(CONCATENATE(Base!AW75,Base!AX75)=CONCATENATE(Base!AH75,Base!AI75),FO77=\"Établissement\")","v":true},{"$f":"Base!I75","v":"S3"}]
[{"$f":"Base!A76","v":3788},{"$f":"20","v":20},{"$f":"Base!B76","v":"2022-01-28"},null,{"$f":"Base!AE76","v":"VS22001926"},null,null,null,null,null,"<AUTO>",null,null,null,null,"URL (Libre)",null,null,{"$f":"Base!E76&\" - \"&Base!H76&\" - \"&Base!D76","v":"15447 - Uvrier - "},{"$f":"IF(AND(Base!AT76<1000,Base!AT76>99),Base!AT76,IF(FO78=\"Établissement\",VALUE(CONCATENATE(LEN(SUBSTITUTE(V78,\" \",\"\")),LEN(V78),AA78,COLUMN(INDIRECT(LEFT(V78,1)&1)),LEN(SUBSTITUTE(V78,\"-\",\"\")))),IF(FN78=\"\",VALUE(CONCATENATE(COLUMN(INDIRECT(LEFT(W78,1)&1)),COLUMN(INDIRECT(LEFT(X78,1)&1)),AO78,CODE(AA78))),VALUE(SUBSTITUTE(SUBSTITUTE(SUBSTITUTE(FN78,\".\",\"\"),\" \",\"\"),\"-\",\"\")))))","v":104},null,{"$f":"SUBSTITUTE(IF(Base!BF76=0,\"\",Base!BF76),\" (facturation)\",\"\")","v":"Clinique SUVA - Comptabilité"},{"$f":"IF(Base!AW76=0,\"\",Base!AH76)","v":""},{"$f":"IF(Base!AX76=0,\"\",Base!AI76)","v":""},{"$f":"IF(Base!AW76=0,Base!AY76&\" \"&Base!AZ76,Base!AK76&\" \"&Base!AL76)","v":"Avenue du Grand-Champsec 90"},{"$f":"IF(IF(Base!AW76=0,Base!BA76,Base!AM76)=0,\"\",IF(Base!AW76=0,Base!BA76,Base!AM76))","v":""},{"$f":"IF(Base!AW76=0,Base!BB76,Base!AN76)","v":1950},{"$f":"IF(Base!AW76=0,Base!BC76,Base!AO76)","v":"Sion"},null,null,null,null,null,null,null,null,null,null,null,null,{"$f":"Base!AJ76","v":"1962-09-08"},{"$f":"IF(FO78=\"Établissement\",\"\",IF(Base!AG76=\"Masculin\",\"Monsieur\",IF(Base!AG76=\"Féminin\",\"Madame\",\"\")))","v":""},{"$f":"IF(FP78=FALSE,CONCATENATE(IF(Base!AV76=\"Masculin\",\"Monsieur\",IF(Base!AV76=\"Féminin\",\"Madame\",\"\")),\"#chr(13)##chr(10)#\",Base!AW76,\" \",Base!AX76, \"#chr(13)##chr(10)#\",Base!AY76,\" \",Base!AZ76, \"#chr(13)##chr(10)#\",Base!BA76, \"#chr(13)##chr(10)#\",Base!BB76,\" \",Base!BC76),\"\")","v":""},null,"",null,{"$f":"IF(AND(Base!AT76<200,Base!AT76>99),1,0)","v":1},null,0,{"$f":"Base!BG76","v":"CLN.9411"},{"$f":"Base!BH76& \"#chr(13)##chr(10)#\" &Base!BI76","v":"Personnel soignant reconnu (par personne et par quart d'heure entamé)#chr(13)##chr(10)#2 collaborateur(s) x 8 quarts d’heure"},null,{"$f":"Base!BJ76","v":16},{"$f":"Base!BK76","v":35},{"$f":"IF(Base!BL76=\"\",\"\",Base!BL76)","v":"¼ d'heure"},null,{"$f":"Base!BM76","v":560},null,null,{"$f":"IF(Base!H76=\"Uvrier\",3018,VLOOKUP(FQ78,$GV$2:$GX$7,FM78+1,0))","v":3018},0,0,null,0,null,null,null,null,null,"Libre","BS - 146",null,"BU - 73 - aff",0,null,null,null,null,null,null,null,null,null,null,null,null,null,null,null,null,null,null,null,null,null,null,null,null,null,null,null,null,null,null,null,null,null,{"$f":"Base!AH76&\", \"&Base!AI76","v":"Villat, Marie-Eliane"},{"$f":"Base!AN76&\" \"&Base!AO76&\", \"&Base!AK76&\" \"&Base!AL76","v":"1950 Sion, Rue de Gravelone 4"},{"$f":"CONCATENATE(TEXT(DATE(YEAR(Base!AJ76),MONTH(Base!AJ76),DAY(Base!AJ76)),\"jj.mm.aaaa\"),\", \",FN78,IF(Base!D76=\"\",\"\",\" - \"),Base!D76)","v":"08.09.1962, 756.0161.8245.23"},{"$f":"Base!AR76","v":"CSS Kranken- Versicherung AG"},{"$f":"LEFT(Base!J76,10)","v":"2022-01-20"},{"$f":"CONCATENATE(Base!L76,IF(Base!L76=0,\"\",\", \"),Base!M76,\" \",Base!N76,\", \",Base!P76,\" \",Base!Q76)","v":"Clinique romande de réadaptation SUVA, Avenue du Grand-Champsec 90, 1950 Sion"},{"$f":"CONCATENATE(Base!V76,\", \",Base!Z76,\" \",Base!AA76,\", \",Base!W76,\" \",Base!X76)","v":"Hôpital de Sierre, 3960 Sierre, Rue Saint-Charles 14"},null,{"$f":"CONCATENATE(RIGHT(LEFT(Base!J76,16),5),\" - \",RIGHT(LEFT(Base!K76,16),5))","v":"13:50 - 15:40"},{"$f":"Base!AF76&\" - \"&Base!I76","v":"Maladie - S3"},null,null,null,null,null,null,null,null,null,null,null,null,null,null,null,null,null,null,{"$f":"Base!H76","v":"Uvrier"},2,null,null,null,null,null,null,null,null,null,2,null,null,null,null,null,null,null,null,null,null,null,null,null,null,null,null,null,null,null,null,null,{"$f":"IF(Base!U76=\"Privée\",2,1)","v":2},{"$f":"IF(OR(LEFT(Base!AS76,1)=\"1\",LEFT(Base!AS76)=\"2\"),RIGHT(Base!AS76,LEN(Base!AS76)-1),Base!AS76)","v":"756.0161.8245.23"},{"$f":"Base!AU76","v":"Établissement"},{"$f":"OR(CONCATENATE(Base!AW76,Base!AX76)=CONCATENATE(Base!AH76,Base!AI76),FO78=\"Établissement\")","v":true},{"$f":"Base!I76","v":"S3"}]
[{"$f":"Base!A77","v":3788},{"$f":"20","v":20},{"$f":"Base!B77","v":"2022-01-28"},null,{"$f":"Base!AE77","v":"VS22001926"},null,null,null,null,null,"<AUTO>",null,null,null,null,"URL (Libre)",null,null,{"$f":"Base!E77&\" - \"&Base!H77&\" - \"&Base!D77","v":"15447 - Uvrier - "},{"$f":"IF(AND(Base!AT77<1000,Base!AT77>99),Base!AT77,IF(FO79=\"Établissement\",VALUE(CONCATENATE(LEN(SUBSTITUTE(V79,\" \",\"\")),LEN(V79),AA79,COLUMN(INDIRECT(LEFT(V79,1)&1)),LEN(SUBSTITUTE(V79,\"-\",\"\")))),IF(FN79=\"\",VALUE(CONCATENATE(COLUMN(INDIRECT(LEFT(W79,1)&1)),COLUMN(INDIRECT(LEFT(X79,1)&1)),AO79,CODE(AA79))),VALUE(SUBSTITUTE(SUBSTITUTE(SUBSTITUTE(FN79,\".\",\"\"),\" \",\"\"),\"-\",\"\")))))","v":104},null,{"$f":"SUBSTITUTE(IF(Base!BF77=0,\"\",Base!BF77),\" (facturation)\",\"\")","v":"Clinique SUVA - Comptabilité"},{"$f":"IF(Base!AW77=0,\"\",Base!AH77)","v":""},{"$f":"IF(Base!AX77=0,\"\",Base!AI77)","v":""},{"$f":"IF(Base!AW77=0,Base!AY77&\" \"&Base!AZ77,Base!AK77&\" \"&Base!AL77)","v":"Avenue du Grand-Champsec 90"},{"$f":"IF(IF(Base!AW77=0,Base!BA77,Base!AM77)=0,\"\",IF(Base!AW77=0,Base!BA77,Base!AM77))","v":""},{"$f":"IF(Base!AW77=0,Base!BB77,Base!AN77)","v":1950},{"$f":"IF(Base!AW77=0,Base!BC77,Base!AO77)","v":"Sion"},null,null,null,null,null,null,null,null,null,null,null,null,{"$f":"Base!AJ77","v":"1962-09-08"},{"$f":"IF(FO79=\"Établissement\",\"\",IF(Base!AG77=\"Masculin\",\"Monsieur\",IF(Base!AG77=\"Féminin\",\"Madame\",\"\")))","v":""},{"$f":"IF(FP79=FALSE,CONCATENATE(IF(Base!AV77=\"Masculin\",\"Monsieur\",IF(Base!AV77=\"Féminin\",\"Madame\",\"\")),\"#chr(13)##chr(10)#\",Base!AW77,\" \",Base!AX77, \"#chr(13)##chr(10)#\",Base!AY77,\" \",Base!AZ77, \"#chr(13)##chr(10)#\",Base!BA77, \"#chr(13)##chr(10)#\",Base!BB77,\" \",Base!BC77),\"\")","v":""},null,"",null,{"$f":"IF(AND(Base!AT77<200,Base!AT77>99),1,0)","v":1},null,0,{"$f":"Base!BG77","v":"CLN.Rabais"},{"$f":"Base!BH77& \"#chr(13)##chr(10)#\" &Base!BI77","v":"Rabais 30%#chr(13)##chr(10)#"},null,{"$f":"Base!BJ77","v":1},{"$f":"Base!BK77","v":-268.5},{"$f":"IF(Base!BL77=\"\",\"\",Base!BL77)","v":""},null,{"$f":"Base!BM77","v":-268.5},null,null,{"$f":"IF(Base!H77=\"Uvrier\",3018,VLOOKUP(FQ79,$GV$2:$GX$7,FM79+1,0))","v":3018},0,0,null,0,null,null,null,null,null,"Libre","BS - 147",null,"BU - 73 - aff",0,null,null,null,null,null,null,null,null,null,null,null,null,null,null,null,null,null,null,null,null,null,null,null,null,null,null,null,null,null,null,null,null,null,{"$f":"Base!AH77&\", \"&Base!AI77","v":"Villat, Marie-Eliane"},{"$f":"Base!AN77&\" \"&Base!AO77&\", \"&Base!AK77&\" \"&Base!AL77","v":"1950 Sion, Rue de Gravelone 4"},{"$f":"CONCATENATE(TEXT(DATE(YEAR(Base!AJ77),MONTH(Base!AJ77),DAY(Base!AJ77)),\"jj.mm.aaaa\"),\", \",FN79,IF(Base!D77=\"\",\"\",\" - \"),Base!D77)","v":"08.09.1962, 756.0161.8245.23"},{"$f":"Base!AR77","v":"CSS Kranken- Versicherung AG"},{"$f":"LEFT(Base!J77,10)","v":"2022-01-20"},{"$f":"CONCATENATE(Base!L77,IF(Base!L77=0,\"\",\", \"),Base!M77,\" \",Base!N77,\", \",Base!P77,\" \",Base!Q77)","v":"Clinique romande de réadaptation SUVA, Avenue du Grand-Champsec 90, 1950 Sion"},{"$f":"CONCATENATE(Base!V77,\", \",Base!Z77,\" \",Base!AA77,\", \",Base!W77,\" \",Base!X77)","v":"Hôpital de Sierre, 3960 Sierre, Rue Saint-Charles 14"},null,{"$f":"CONCATENATE(RIGHT(LEFT(Base!J77,16),5),\" - \",RIGHT(LEFT(Base!K77,16),5))","v":"13:50 - 15:40"},{"$f":"Base!AF77&\" - \"&Base!I77","v":"Maladie - S3"},null,null,null,null,null,null,null,null,null,null,null,null,null,null,null,null,null,null,{"$f":"Base!H77","v":"Uvrier"},2,null,null,null,null,null,null,null,null,null,2,null,null,null,null,null,null,null,null,null,null,null,null,null,null,null,null,null,null,null,null,null,{"$f":"IF(Base!U77=\"Privée\",2,1)","v":2},{"$f":"IF(OR(LEFT(Base!AS77,1)=\"1\",LEFT(Base!AS77)=\"2\"),RIGHT(Base!AS77,LEN(Base!AS77)-1),Base!AS77)","v":"756.0161.8245.23"},{"$f":"Base!AU77","v":"Établissement"},{"$f":"OR(CONCATENATE(Base!AW77,Base!AX77)=CONCATENATE(Base!AH77,Base!AI77),FO79=\"Établissement\")","v":true},{"$f":"Base!I77","v":"S3"}]
[{"$f":"Base!A78","v":3796},{"$f":"20","v":20},{"$f":"Base!B78","v":"2022-01-28"},null,{"$f":"Base!AE78","v":"VS22002071"},null,null,null,null,null,"<AUTO>",null,null,null,null,"URL (Libre)",null,null,{"$f":"Base!E78&\" - \"&Base!H78&\" - \"&Base!D78","v":"15585 - Uvrier - 2363896/22"},{"$f":"IF(AND(Base!AT78<1000,Base!AT78>99),Base!AT78,IF(FO80=\"Établissement\",VALUE(CONCATENATE(LEN(SUBSTITUTE(V80,\" \",\"\")),LEN(V80),AA80,COLUMN(INDIRECT(LEFT(V80,1)&1)),LEN(SUBSTITUTE(V80,\"-\",\"\")))),IF(FN80=\"\",VALUE(CONCATENATE(COLUMN(INDIRECT(LEFT(W80,1)&1)),COLUMN(INDIRECT(LEFT(X80,1)&1)),AO80,CODE(AA80))),VALUE(SUBSTITUTE(SUBSTITUTE(SUBSTITUTE(FN80,\".\",\"\"),\" \",\"\"),\"-\",\"\")))))","v":101},null,{"$f":"SUBSTITUTE(IF(Base!BF78=0,\"\",Base!BF78),\" (facturation)\",\"\")","v":"Hôpital du Valais - Direction des Finances/Service des fournisseurs"},{"$f":"IF(Base!AW78=0,\"\",Base!AH78)","v":""},{"$f":"IF(Base!AX78=0,\"\",Base!AI78)","v":""},{"$f":"IF(Base!AW78=0,Base!AY78&\" \"&Base!AZ78,Base!AK78&\" \"&Base!AL78)","v":"Avenue Grand-Champsec 86"},{"$f":"IF(IF(Base!AW78=0,Base!BA78,Base!AM78)=0,\"\",IF(Base!AW78=0,Base!BA78,Base!AM78))","v":"Case postale 696"},{"$f":"IF(Base!AW78=0,Base!BB78,Base!AN78)","v":1951},{"$f":"IF(Base!AW78=0,Base!BC78,Base!AO78)","v":"Sion"},null,null,null,null,null,null,null,null,null,null,null,null,{"$f":"Base!AJ78","v":"1939-07-30"},{"$f":"IF(FO80=\"Établissement\",\"\",IF(Base!AG78=\"Masculin\",\"Monsieur\",IF(Base!AG78=\"Féminin\",\"Madame\",\"\")))","v":""},{"$f":"IF(FP80=FALSE,CONCATENATE(IF(Base!AV78=\"Masculin\",\"Monsieur\",IF(Base!AV78=\"Féminin\",\"Madame\",\"\")),\"#chr(13)##chr(10)#\",Base!AW78,\" \",Base!AX78, \"#chr(13)##chr(10)#\",Base!AY78,\" \",Base!AZ78, \"#chr(13)##chr(10)#\",Base!BA78, \"#chr(13)##chr(10)#\",Base!BB78,\" \",Base!BC78),\"\")","v":""},null,"",null,{"$f":"IF(AND(Base!AT78<200,Base!AT78>99),1,0)","v":1},null,0,{"$f":"Base!BG78","v":"HVS.12J"},{"$f":"Base!BH78& \"#chr(13)##chr(10)#\" &Base!BI78","v":"Forfait S3 HVS Sion - HVS Sierre#chr(13)##chr(10)#Trajet simple journée (08h00-20h00)"},null,{"$f":"Base!BJ78","v":1},{"$f":"Base!BK78","v":350},{"$f":"IF(Base!BL78=\"\",\"\",Base!BL78)","v":""},null,{"$f":"Base!BM78","v":350},null,null,{"$f":"IF(Base!H78=\"Uvrier\",3018,VLOOKUP(FQ80,$GV$2:$GX$7,FM80+1,0))","v":3018},0,0,null,0,null,null,null,null,null,"Libre","BS - 148",null,"BU - 73 - aff",0,null,null,null,null,null,null,null,null,null,null,null,null,null,null,null,null,null,null,null,null,null,null,null,null,null,null,null,null,null,null,null,null,null,{"$f":"Base!AH78&\", \"&Base!AI78","v":"Dubuis, Gisèle "},{"$f":"Base!AN78&\" \"&Base!AO78&\", \"&Base!AK78&\" \"&Base!AL78","v":"1965 Savièse, Route du Stand 24"},{"$f":"CONCATENATE(TEXT(DATE(YEAR(Base!AJ78),MONTH(Base!AJ78),DAY(Base!AJ78)),\"jj.mm.aaaa\"),\", \",FN80,IF(Base!D78=\"\",\"\",\" - \"),Base!D78)","v":"30.07.1939, 756.8602.9955.28 - 2363896/22"},{"$f":"Base!AR78","v":"Visana AG"},{"$f":"LEFT(Base!J78,10)","v":"2022-01-20"},{"$f":"CONCATENATE(Base!L78,IF(Base!L78=0,\"\",\", \"),Base!M78,\" \",Base!N78,\", \",Base!P78,\" \",Base!Q78)","v":"Hôpital de Sion, Avenue du Grand-Champsec 80, 1950 Sion"},{"$f":"CONCATENATE(Base!V78,\", \",Base!Z78,\" \",Base!AA78,\", \",Base!W78,\" \",Base!X78)","v":"Hôpital de Sierre, 3960 Sierre, Rue Saint-Charles 14"},null,{"$f":"CONCATENATE(RIGHT(LEFT(Base!J78,16),5),\" - \",RIGHT(LEFT(Base!K78,16),5))","v":"19:13 - 20:35"},{"$f":"Base!AF78&\" - \"&Base!I78","v":"Maladie - S3"},null,null,null,null,null,null,null,null,null,null,null,null,null,null,null,null,null,null,{"$f":"Base!H78","v":"Uvrier"},2,null,null,null,null,null,null,null,null,null,2,null,null,null,null,null,null,null,null,null,null,null,null,null,null,null,null,null,null,null,null,null,{"$f":"IF(Base!U78=\"Privée\",2,1)","v":2},{"$f":"IF(OR(LEFT(Base!AS78,1)=\"1\",LEFT(Base!AS78)=\"2\"),RIGHT(Base!AS78,LEN(Base!AS78)-1),Base!AS78)","v":"756.8602.9955.28"},{"$f":"Base!AU78","v":"Établissement"},{"$f":"OR(CONCATENATE(Base!AW78,Base!AX78)=CONCATENATE(Base!AH78,Base!AI78),FO80=\"Établissement\")","v":true},{"$f":"Base!I78","v":"S3"}]
[{"$f":"Base!A79","v":3796},{"$f":"20","v":20},{"$f":"Base!B79","v":"2022-01-28"},null,{"$f":"Base!AE79","v":"VS22002071"},null,null,null,null,null,"<AUTO>",null,null,null,null,"URL (Libre)",null,null,{"$f":"Base!E79&\" - \"&Base!H79&\" - \"&Base!D79","v":"15585 - Uvrier - 2363896/22"},{"$f":"IF(AND(Base!AT79<1000,Base!AT79>99),Base!AT79,IF(FO81=\"Établissement\",VALUE(CONCATENATE(LEN(SUBSTITUTE(V81,\" \",\"\")),LEN(V81),AA81,COLUMN(INDIRECT(LEFT(V81,1)&1)),LEN(SUBSTITUTE(V81,\"-\",\"\")))),IF(FN81=\"\",VALUE(CONCATENATE(COLUMN(INDIRECT(LEFT(W81,1)&1)),COLUMN(INDIRECT(LEFT(X81,1)&1)),AO81,CODE(AA81))),VALUE(SUBSTITUTE(SUBSTITUTE(SUBSTITUTE(FN81,\".\",\"\"),\" \",\"\"),\"-\",\"\")))))","v":101},null,{"$f":"SUBSTITUTE(IF(Base!BF79=0,\"\",Base!BF79),\" (facturation)\",\"\")","v":"Hôpital du Valais - Direction des Finances/Service des fournisseurs"},{"$f":"IF(Base!AW79=0,\"\",Base!AH79)","v":""},{"$f":"IF(Base!AX79=0,\"\",Base!AI79)","v":""},{"$f":"IF(Base!AW79=0,Base!AY79&\" \"&Base!AZ79,Base!AK79&\" \"&Base!AL79)","v":"Avenue Grand-Champsec 86"},{"$f":"IF(IF(Base!AW79=0,Base!BA79,Base!AM79)=0,\"\",IF(Base!AW79=0,Base!BA79,Base!AM79))","v":"Case postale 696"},{"$f":"IF(Base!AW79=0,Base!BB79,Base!AN79)","v":1951},{"$f":"IF(Base!AW79=0,Base!BC79,Base!AO79)","v":"Sion"},null,null,null,null,null,null,null,null,null,null,null,null,{"$f":"Base!AJ79","v":"1939-07-30"},{"$f":"IF(FO81=\"Établissement\",\"\",IF(Base!AG79=\"Masculin\",\"Monsieur\",IF(Base!AG79=\"Féminin\",\"Madame\",\"\")))","v":""},{"$f":"IF(FP81=FALSE,CONCATENATE(IF(Base!AV79=\"Masculin\",\"Monsieur\",IF(Base!AV79=\"Féminin\",\"Madame\",\"\")),\"#chr(13)##chr(10)#\",Base!AW79,\" \",Base!AX79, \"#chr(13)##chr(10)#\",Base!AY79,\" \",Base!AZ79, \"#chr(13)##chr(10)#\",Base!BA79, \"#chr(13)##chr(10)#\",Base!BB79,\" \",Base!BC79),\"\")","v":""},null,"",null,{"$f":"IF(AND(Base!AT79<200,Base!AT79>99),1,0)","v":1},null,0,{"$f":"Base!BG79","v":"HVS.000"},{"$f":"Base!BH79& \"#chr(13)##chr(10)#\" &Base!BI79","v":"(2 patients transportés dans la même ambulance)#chr(13)##chr(10)#Intervention divisée par 2 patients, soustraction de"},null,{"$f":"Base!BJ79","v":1},{"$f":"Base!BK79","v":-175},{"$f":"IF(Base!BL79=\"\",\"\",Base!BL79)","v":""},null,{"$f":"Base!BM79","v":-175},null,null,{"$f":"IF(Base!H79=\"Uvrier\",3018,VLOOKUP(FQ81,$GV$2:$GX$7,FM81+1,0))","v":3018},0,0,null,0,null,null,null,null,null,"Libre","BS - 149",null,"BU - 73 - aff",0,null,null,null,null,null,null,null,null,null,null,null,null,null,null,null,null,null,null,null,null,null,null,null,null,null,null,null,null,null,null,null,null,null,{"$f":"Base!AH79&\", \"&Base!AI79","v":"Dubuis, Gisèle "},{"$f":"Base!AN79&\" \"&Base!AO79&\", \"&Base!AK79&\" \"&Base!AL79","v":"1965 Savièse, Route du Stand 24"},{"$f":"CONCATENATE(TEXT(DATE(YEAR(Base!AJ79),MONTH(Base!AJ79),DAY(Base!AJ79)),\"jj.mm.aaaa\"),\", \",FN81,IF(Base!D79=\"\",\"\",\" - \"),Base!D79)","v":"30.07.1939, 756.8602.9955.28 - 2363896/22"},{"$f":"Base!AR79","v":"Visana AG"},{"$f":"LEFT(Base!J79,10)","v":"2022-01-20"},{"$f":"CONCATENATE(Base!L79,IF(Base!L79=0,\"\",\", \"),Base!M79,\" \",Base!N79,\", \",Base!P79,\" \",Base!Q79)","v":"Hôpital de Sion, Avenue du Grand-Champsec 80, 1950 Sion"},{"$f":"CONCATENATE(Base!V79,\", \",Base!Z79,\" \",Base!AA79,\", \",Base!W79,\" \",Base!X79)","v":"Hôpital de Sierre, 3960 Sierre, Rue Saint-Charles 14"},null,{"$f":"CONCATENATE(RIGHT(LEFT(Base!J79,16),5),\" - \",RIGHT(LEFT(Base!K79,16),5))","v":"19:13 - 20:35"},{"$f":"Base!AF79&\" - \"&Base!I79","v":"Maladie - S3"},null,null,null,null,null,null,null,null,null,null,null,null,null,null,null,null,null,null,{"$f":"Base!H79","v":"Uvrier"},2,null,null,null,null,null,null,null,null,null,2,null,null,null,null,null,null,null,null,null,null,null,null,null,null,null,null,null,null,null,null,null,{"$f":"IF(Base!U79=\"Privée\",2,1)","v":2},{"$f":"IF(OR(LEFT(Base!AS79,1)=\"1\",LEFT(Base!AS79)=\"2\"),RIGHT(Base!AS79,LEN(Base!AS79)-1),Base!AS79)","v":"756.8602.9955.28"},{"$f":"Base!AU79","v":"Établissement"},{"$f":"OR(CONCATENATE(Base!AW79,Base!AX79)=CONCATENATE(Base!AH79,Base!AI79),FO81=\"Établissement\")","v":true},{"$f":"Base!I79","v":"S3"}]
[{"$f":"Base!A80","v":3800},{"$f":"20","v":20},{"$f":"Base!B80","v":"2022-01-28"},null,{"$f":"Base!AE80","v":"VS22002072"},null,null,null,null,null,"<AUTO>",null,null,null,null,"URL (Libre)",null,null,{"$f":"Base!E80&\" - \"&Base!H80&\" - \"&Base!D80","v":"15585 - Uvrier - 2492648/2"},{"$f":"IF(AND(Base!AT80<1000,Base!AT80>99),Base!AT80,IF(FO82=\"Établissement\",VALUE(CONCATENATE(LEN(SUBSTITUTE(V82,\" \",\"\")),LEN(V82),AA82,COLUMN(INDIRECT(LEFT(V82,1)&1)),LEN(SUBSTITUTE(V82,\"-\",\"\")))),IF(FN82=\"\",VALUE(CONCATENATE(COLUMN(INDIRECT(LEFT(W82,1)&1)),COLUMN(INDIRECT(LEFT(X82,1)&1)),AO82,CODE(AA82))),VALUE(SUBSTITUTE(SUBSTITUTE(SUBSTITUTE(FN82,\".\",\"\"),\" \",\"\"),\"-\",\"\")))))","v":101},null,{"$f":"SUBSTITUTE(IF(Base!BF80=0,\"\",Base!BF80),\" (facturation)\",\"\")","v":"Hôpital du Valais - Direction des Finances/Service des fournisseurs"},{"$f":"IF(Base!AW80=0,\"\",Base!AH80)","v":""},{"$f":"IF(Base!AX80=0,\"\",Base!AI80)","v":""},{"$f":"IF(Base!AW80=0,Base!AY80&\" \"&Base!AZ80,Base!AK80&\" \"&Base!AL80)","v":"Avenue Grand-Champsec 86"},{"$f":"IF(IF(Base!AW80=0,Base!BA80,Base!AM80)=0,\"\",IF(Base!AW80=0,Base!BA80,Base!AM80))","v":"Case postale 696"},{"$f":"IF(Base!AW80=0,Base!BB80,Base!AN80)","v":1951},{"$f":"IF(Base!AW80=0,Base!BC80,Base!AO80)","v":"Sion"},null,null,null,null,null,null,null,null,null,null,null,null,{"$f":"Base!AJ80","v":"1938-07-20"},{"$f":"IF(FO82=\"Établissement\",\"\",IF(Base!AG80=\"Masculin\",\"Monsieur\",IF(Base!AG80=\"Féminin\",\"Madame\",\"\")))","v":""},{"$f":"IF(FP82=FALSE,CONCATENATE(IF(Base!AV80=\"Masculin\",\"Monsieur\",IF(Base!AV80=\"Féminin\",\"Madame\",\"\")),\"#chr(13)##chr(10)#\",Base!AW80,\" \",Base!AX80, \"#chr(13)##chr(10)#\",Base!AY80,\" \",Base!AZ80, \"#chr(13)##chr(10)#\",Base!BA80, \"#chr(13)##chr(10)#\",Base!BB80,\" \",Base!BC80),\"\")","v":""},null,"",null,{"$f":"IF(AND(Base!AT80<200,Base!AT80>99),1,0)","v":1},null,0,{"$f":"Base!BG80","v":"HVS.12J"},{"$f":"Base!BH80& \"#chr(13)##chr(10)#\" &Base!BI80","v":"Forfait S3 HVS Sion - HVS Sierre#chr(13)##chr(10)#Trajet simple journée (08h00-20h00)"},null,{"$f":"Base!BJ80","v":1},{"$f":"Base!BK80","v":350},{"$f":"IF(Base!BL80=\"\",\"\",Base!BL80)","v":""},null,{"$f":"Base!BM80","v":350},null,null,{"$f":"IF(Base!H80=\"Uvrier\",3018,VLOOKUP(FQ82,$GV$2:$GX$7,FM82+1,0))","v":3018},0,0,null,0,null,null,null,null,null,"Libre","BS - 150",null,"BU - 73 - aff",0,null,null,null,null,null,null,null,null,null,null,null,null,null,null,null,null,null,null,null,null,null,null,null,null,null,null,null,null,null,null,null,null,null,{"$f":"Base!AH80&\", \"&Base!AI80","v":"Dubuis, Albert"},{"$f":"Base!AN80&\" \"&Base!AO80&\", \"&Base!AK80&\" \"&Base!AL80","v":"1965 Savièse, Route du Stand 24"},{"$f":"CONCATENATE(TEXT(DATE(YEAR(Base!AJ80),MONTH(Base!AJ80),DAY(Base!AJ80)),\"jj.mm.aaaa\"),\", \",FN82,IF(Base!D80=\"\",\"\",\" - \"),Base!D80)","v":"20.07.1938, 756.3412.8973.21 - 2492648/2"},{"$f":"Base!AR80","v":"Visana AG"},{"$f":"LEFT(Base!J80,10)","v":"2022-01-20"},{"$f":"CONCATENATE(Base!L80,IF(Base!L80=0,\"\",\", \"),Base!M80,\" \",Base!N80,\", \",Base!P80,\" \",Base!Q80)","v":"Hôpital de Sion, Avenue du Grand-Champsec 80, 1950 Sion"},{"$f":"CONCATENATE(Base!V80,\", \",Base!Z80,\" \",Base!AA80,\", \",Base!W80,\" \",Base!X80)","v":"Hôpital de Sierre, 3960 Sierre, Rue Saint-Charles 14"},null,{"$f":"CONCATENATE(RIGHT(LEFT(Base!J80,16),5),\" - \",RIGHT(LEFT(Base!K80,16),5))","v":"19:13 - 20:35"},{"$f":"Base!AF80&\" - \"&Base!I80","v":"Maladie - S3"},null,null,null,null,null,null,null,null,null,null,null,null,null,null,null,null,null,null,{"$f":"Base!H80","v":"Uvrier"},2,null,null,null,null,null,null,null,null,null,2,null,null,null,null,null,null,null,null,null,null,null,null,null,null,null,null,null,null,null,null,null,{"$f":"IF(Base!U80=\"Privée\",2,1)","v":2},{"$f":"IF(OR(LEFT(Base!AS80,1)=\"1\",LEFT(Base!AS80)=\"2\"),RIGHT(Base!AS80,LEN(Base!AS80)-1),Base!AS80)","v":"756.3412.8973.21"},{"$f":"Base!AU80","v":"Établissement"},{"$f":"OR(CONCATENATE(Base!AW80,Base!AX80)=CONCATENATE(Base!AH80,Base!AI80),FO82=\"Établissement\")","v":true},{"$f":"Base!I80","v":"S3"}]
[{"$f":"Base!A81","v":3800},{"$f":"20","v":20},{"$f":"Base!B81","v":"2022-01-28"},null,{"$f":"Base!AE81","v":"VS22002072"},null,null,null,null,null,"<AUTO>",null,null,null,null,"URL (Libre)",null,null,{"$f":"Base!E81&\" - \"&Base!H81&\" - \"&Base!D81","v":"15585 - Uvrier - 2492648/2"},{"$f":"IF(AND(Base!AT81<1000,Base!AT81>99),Base!AT81,IF(FO83=\"Établissement\",VALUE(CONCATENATE(LEN(SUBSTITUTE(V83,\" \",\"\")),LEN(V83),AA83,COLUMN(INDIRECT(LEFT(V83,1)&1)),LEN(SUBSTITUTE(V83,\"-\",\"\")))),IF(FN83=\"\",VALUE(CONCATENATE(COLUMN(INDIRECT(LEFT(W83,1)&1)),COLUMN(INDIRECT(LEFT(X83,1)&1)),AO83,CODE(AA83))),VALUE(SUBSTITUTE(SUBSTITUTE(SUBSTITUTE(FN83,\".\",\"\"),\" \",\"\"),\"-\",\"\")))))","v":101},null,{"$f":"SUBSTITUTE(IF(Base!BF81=0,\"\",Base!BF81),\" (facturation)\",\"\")","v":"Hôpital du Valais - Direction des Finances/Service des fournisseurs"},{"$f":"IF(Base!AW81=0,\"\",Base!AH81)","v":""},{"$f":"IF(Base!AX81=0,\"\",Base!AI81)","v":""},{"$f":"IF(Base!AW81=0,Base!AY81&\" \"&Base!AZ81,Base!AK81&\" \"&Base!AL81)","v":"Avenue Grand-Champsec 86"},{"$f":"IF(IF(Base!AW81=0,Base!BA81,Base!AM81)=0,\"\",IF(Base!AW81=0,Base!BA81,Base!AM81))","v":"Case postale 696"},{"$f":"IF(Base!AW81=0,Base!BB81,Base!AN81)","v":1951},{"$f":"IF(Base!AW81=0,Base!BC81,Base!AO81)","v":"Sion"},null,null,null,null,null,null,null,null,null,null,null,null,{"$f":"Base!AJ81","v":"1938-07-20"},{"$f":"IF(FO83=\"Établissement\",\"\",IF(Base!AG81=\"Masculin\",\"Monsieur\",IF(Base!AG81=\"Féminin\",\"Madame\",\"\")))","v":""},{"$f":"IF(FP83=FALSE,CONCATENATE(IF(Base!AV81=\"Masculin\",\"Monsieur\",IF(Base!AV81=\"Féminin\",\"Madame\",\"\")),\"#chr(13)##chr(10)#\",Base!AW81,\" \",Base!AX81, \"#chr(13)##chr(10)#\",Base!AY81,\" \",Base!AZ81, \"#chr(13)##chr(10)#\",Base!BA81, \"#chr(13)##chr(10)#\",Base!BB81,\" \",Base!BC81),\"\")","v":""},null,"",null,{"$f":"IF(AND(Base!AT81<200,Base!AT81>99),1,0)","v":1},null,0,{"$f":"Base!BG81","v":"HVS.000"},{"$f":"Base!BH81& \"#chr(13)##chr(10)#\" &Base!BI81","v":"(2 patients transportés dans la même ambulance)#chr(13)##chr(10)#Intervention divisée par 2 patients, soustraction de"},null,{"$f":"Base!BJ81","v":1},{"$f":"Base!BK81","v":-175},{"$f":"IF(Base!BL81=\"\",\"\",Base!BL81)","v":""},null,{"$f":"Base!BM81","v":-175},null,null,{"$f":"IF(Base!H81=\"Uvrier\",3018,VLOOKUP(FQ83,$GV$2:$GX$7,FM83+1,0))","v":3018},0,0,null,0,null,null,null,null,null,"Libre","BS - 151",null,"BU - 73 - aff",0,null,null,null,null,null,null,null,null,null,null,null,null,null,null,null,null,null,null,null,null,null,null,null,null,null,null,null,null,null,null,null,null,null,{"$f":"Base!AH81&\", \"&Base!AI81","v":"Dubuis, Albert"},{"$f":"Base!AN81&\" \"&Base!AO81&\", \"&Base!AK81&\" \"&Base!AL81","v":"1965 Savièse, Route du Stand 24"},{"$f":"CONCATENATE(TEXT(DATE(YEAR(Base!AJ81),MONTH(Base!AJ81),DAY(Base!AJ81)),\"jj.mm.aaaa\"),\", \",FN83,IF(Base!D81=\"\",\"\",\" - \"),Base!D81)","v":"20.07.1938, 756.3412.8973.21 - 2492648/2"},{"$f":"Base!AR81","v":"Visana AG"},{"$f":"LEFT(Base!J81,10)","v":"2022-01-20"},{"$f":"CONCATENATE(Base!L81,IF(Base!L81=0,\"\",\", \"),Base!M81,\" \",Base!N81,\", \",Base!P81,\" \",Base!Q81)","v":"Hôpital de Sion, Avenue du Grand-Champsec 80, 1950 Sion"},{"$f":"CONCATENATE(Base!V81,\", \",Base!Z81,\" \",Base!AA81,\", \",Base!W81,\" \",Base!X81)","v":"Hôpital de Sierre, 3960 Sierre, Rue Saint-Charles 14"},null,{"$f":"CONCATENATE(RIGHT(LEFT(Base!J81,16),5),\" - \",RIGHT(LEFT(Base!K81,16),5))","v":"19:13 - 20:35"},{"$f":"Base!AF81&\" - \"&Base!I81","v":"Maladie - S3"},null,null,null,null,null,null,null,null,null,null,null,null,null,null,null,null,null,null,{"$f":"Base!H81","v":"Uvrier"},2,null,null,null,null,null,null,null,null,null,2,null,null,null,null,null,null,null,null,null,null,null,null,null,null,null,null,null,null,null,null,null,{"$f":"IF(Base!U81=\"Privée\",2,1)","v":2},{"$f":"IF(OR(LEFT(Base!AS81,1)=\"1\",LEFT(Base!AS81)=\"2\"),RIGHT(Base!AS81,LEN(Base!AS81)-1),Base!AS81)","v":"756.3412.8973.21"},{"$f":"Base!AU81","v":"Établissement"},{"$f":"OR(CONCATENATE(Base!AW81,Base!AX81)=CONCATENATE(Base!AH81,Base!AI81),FO83=\"Établissement\")","v":true},{"$f":"Base!I81","v":"S3"}]
[{"$f":"Base!A82","v":3802},{"$f":"20","v":20},{"$f":"Base!B82","v":"2022-01-28"},null,{"$f":"Base!AE82","v":"VS22002079"},null,null,null,null,null,"<AUTO>",null,null,null,null,"URL (Libre)",null,null,{"$f":"Base!E82&\" - \"&Base!H82&\" - \"&Base!D82","v":"15591 - Uvrier - 2088483/44"},{"$f":"IF(AND(Base!AT82<1000,Base!AT82>99),Base!AT82,IF(FO84=\"Établissement\",VALUE(CONCATENATE(LEN(SUBSTITUTE(V84,\" \",\"\")),LEN(V84),AA84,COLUMN(INDIRECT(LEFT(V84,1)&1)),LEN(SUBSTITUTE(V84,\"-\",\"\")))),IF(FN84=\"\",VALUE(CONCATENATE(COLUMN(INDIRECT(LEFT(W84,1)&1)),COLUMN(INDIRECT(LEFT(X84,1)&1)),AO84,CODE(AA84))),VALUE(SUBSTITUTE(SUBSTITUTE(SUBSTITUTE(FN84,\".\",\"\"),\" \",\"\"),\"-\",\"\")))))","v":101},null,{"$f":"SUBSTITUTE(IF(Base!BF82=0,\"\",Base!BF82),\" (facturation)\",\"\")","v":"Hôpital du Valais - Direction des Finances/Service des fournisseurs"},{"$f":"IF(Base!AW82=0,\"\",Base!AH82)","v":""},{"$f":"IF(Base!AX82=0,\"\",Base!AI82)","v":""},{"$f":"IF(Base!AW82=0,Base!AY82&\" \"&Base!AZ82,Base!AK82&\" \"&Base!AL82)","v":"Avenue Grand-Champsec 86"},{"$f":"IF(IF(Base!AW82=0,Base!BA82,Base!AM82)=0,\"\",IF(Base!AW82=0,Base!BA82,Base!AM82))","v":"Case postale 696"},{"$f":"IF(Base!AW82=0,Base!BB82,Base!AN82)","v":1951},{"$f":"IF(Base!AW82=0,Base!BC82,Base!AO82)","v":"Sion"},null,null,null,null,null,null,null,null,null,null,null,null,{"$f":"Base!AJ82","v":"1997-03-24"},{"$f":"IF(FO84=\"Établissement\",\"\",IF(Base!AG82=\"Masculin\",\"Monsieur\",IF(Base!AG82=\"Féminin\",\"Madame\",\"\")))","v":""},{"$f":"IF(FP84=FALSE,CONCATENATE(IF(Base!AV82=\"Masculin\",\"Monsieur\",IF(Base!AV82=\"Féminin\",\"Madame\",\"\")),\"#chr(13)##chr(10)#\",Base!AW82,\" \",Base!AX82, \"#chr(13)##chr(10)#\",Base!AY82,\" \",Base!AZ82, \"#chr(13)##chr(10)#\",Base!BA82, \"#chr(13)##chr(10)#\",Base!BB82,\" \",Base!BC82),\"\")","v":""},null,"",null,{"$f":"IF(AND(Base!AT82<200,Base!AT82>99),1,0)","v":1},null,0,{"$f":"Base!BG82","v":"HVS.37N"},{"$f":"Base!BH82& \"#chr(13)##chr(10)#\" &Base!BI82","v":"Forfait S3 HVS Martigny - Malévoz#chr(13)##chr(10)#Trajet simple nuit (20h00-08h00) ou dimanches et jours fériés"},null,{"$f":"Base!BJ82","v":1},{"$f":"Base!BK82","v":525},{"$f":"IF(Base!BL82=\"\",\"\",Base!BL82)","v":""},null,{"$f":"Base!BM82","v":525},null,null,{"$f":"IF(Base!H82=\"Uvrier\",3018,VLOOKUP(FQ84,$GV$2:$GX$7,FM84+1,0))","v":3018},0,0,null,0,null,null,null,null,null,"Libre","BS - 152",null,"BU - 73 - aff",0,null,null,null,null,null,null,null,null,null,null,null,null,null,null,null,null,null,null,null,null,null,null,null,null,null,null,null,null,null,null,null,null,null,{"$f":"Base!AH82&\", \"&Base!AI82","v":"Motateanu , Dan Edvards"},{"$f":"Base!AN82&\" \"&Base!AO82&\", \"&Base!AK82&\" \"&Base!AL82","v":"1920 Martigny, Chemin du Milieu 45"},{"$f":"CONCATENATE(TEXT(DATE(YEAR(Base!AJ82),MONTH(Base!AJ82),DAY(Base!AJ82)),\"jj.mm.aaaa\"),\", \",FN84,IF(Base!D82=\"\",\"\",\" - \"),Base!D82)","v":"24.03.1997, 756.9140.5321.45 - 2088483/44"},{"$f":"Base!AR82","v":"CSS Kranken- Versicherung AG"},{"$f":"LEFT(Base!J82,10)","v":"2022-01-20"},{"$f":"CONCATENATE(Base!L82,IF(Base!L82=0,\"\",\", \"),Base!M82,\" \",Base!N82,\", \",Base!P82,\" \",Base!Q82)","v":"Hôpital de Martigny, Avenue de la Fusion 27, 1920 Martigny"},{"$f":"CONCATENATE(Base!V82,\", \",Base!Z82,\" \",Base!AA82,\", \",Base!W82,\" \",Base!X82)","v":"Hôpital de Malévoz, 1870 Monthey, Route de Morgins 10"},null,{"$f":"CONCATENATE(RIGHT(LEFT(Base!J82,16),5),\" - \",RIGHT(LEFT(Base!K82,16),5))","v":"21:28 - 23:16"},{"$f":"Base!AF82&\" - \"&Base!I82","v":"Maladie - S3"},null,null,null,null,null,null,null,null,null,null,null,null,null,null,null,null,null,null,{"$f":"Base!H82","v":"Uvrier"},2,null,null,null,null,null,null,null,null,null,2,null,null,null,null,null,null,null,null,null,null,null,null,null,null,null,null,null,null,null,null,null,{"$f":"IF(Base!U82=\"Privée\",2,1)","v":2},{"$f":"IF(OR(LEFT(Base!AS82,1)=\"1\",LEFT(Base!AS82)=\"2\"),RIGHT(Base!AS82,LEN(Base!AS82)-1),Base!AS82)","v":"756.9140.5321.45"},{"$f":"Base!AU82","v":"Établissement"},{"$f":"OR(CONCATENATE(Base!AW82,Base!AX82)=CONCATENATE(Base!AH82,Base!AI82),FO84=\"Établissement\")","v":true},{"$f":"Base!I82","v":"S3"}]
[{"$f":"Base!A83","v":3804},{"$f":"20","v":20},{"$f":"Base!B83","v":"2022-01-28"},null,{"$f":"Base!AE83","v":"VS22002097"},null,null,null,null,null,"<AUTO>",null,null,null,null,"URL (Libre)",null,null,{"$f":"Base!E83&\" - \"&Base!H83&\" - \"&Base!D83","v":"15608 - Uvrier - "},{"$f":"IF(AND(Base!AT83<1000,Base!AT83>99),Base!AT83,IF(FO85=\"Établissement\",VALUE(CONCATENATE(LEN(SUBSTITUTE(V85,\" \",\"\")),LEN(V85),AA85,COLUMN(INDIRECT(LEFT(V85,1)&1)),LEN(SUBSTITUTE(V85,\"-\",\"\")))),IF(FN85=\"\",VALUE(CONCATENATE(COLUMN(INDIRECT(LEFT(W85,1)&1)),COLUMN(INDIRECT(LEFT(X85,1)&1)),AO85,CODE(AA85))),VALUE(SUBSTITUTE(SUBSTITUTE(SUBSTITUTE(FN85,\".\",\"\"),\" \",\"\"),\"-\",\"\")))))","v":7565042339981},null,{"$f":"SUBSTITUTE(IF(Base!BF83=0,\"\",Base!BF83),\" (facturation)\",\"\")","v":""},{"$f":"IF(Base!AW83=0,\"\",Base!AH83)","v":"Broccard"},{"$f":"IF(Base!AX83=0,\"\",Base!AI83)","v":"Alfred"},{"$f":"IF(Base!AW83=0,Base!AY83&\" \"&Base!AZ83,Base!AK83&\" \"&Base!AL83)","v":"Rue du Vieux-Village 61"},{"$f":"IF(IF(Base!AW83=0,Base!BA83,Base!AM83)=0,\"\",IF(Base!AW83=0,Base!BA83,Base!AM83))","v":""},{"$f":"IF(Base!AW83=0,Base!BB83,Base!AN83)","v":1957},{"$f":"IF(Base!AW83=0,Base!BC83,Base!AO83)","v":"Ardon"},null,null,null,null,null,null,null,null,null,null,null,null,{"$f":"Base!AJ83","v":"1948-05-21"},{"$f":"IF(FO85=\"Établissement\",\"\",IF(Base!AG83=\"Masculin\",\"Monsieur\",IF(Base!AG83=\"Féminin\",\"Madame\",\"\")))","v":"Monsieur"},{"$f":"IF(FP85=FALSE,CONCATENATE(IF(Base!AV83=\"Masculin\",\"Monsieur\",IF(Base!AV83=\"Féminin\",\"Madame\",\"\")),\"#chr(13)##chr(10)#\",Base!AW83,\" \",Base!AX83, \"#chr(13)##chr(10)#\",Base!AY83,\" \",Base!AZ83, \"#chr(13)##chr(10)#\",Base!BA83, \"#chr(13)##chr(10)#\",Base!BB83,\" \",Base!BC83),\"\")","v":""},null,"Monsieur",null,{"$f":"IF(AND(Base!AT83<200,Base!AT83>99),1,0)","v":0},null,0,{"$f":"Base!BG83","v":"CLN.9403 "},{"$f":"Base!BH83& \"#chr(13)##chr(10)#\" &Base!BI83","v":"Taxe de base transport S3#chr(13)##chr(10)#"},null,{"$f":"Base!BJ83","v":1},{"$f":"Base!BK83","v":200},{"$f":"IF(Base!BL83=\"\",\"\",Base!BL83)","v":""},null,{"$f":"Base!BM83","v":200},null,null,{"$f":"IF(Base!H83=\"Uvrier\",3018,VLOOKUP(FQ85,$GV$2:$GX$7,FM85+1,0))","v":3018},0,0,null,0,null,null,null,null,null,"Libre","BS - 153",null,"BU - 73 - aff",0,null,null,null,null,null,null,null,null,null,null,null,null,null,null,null,null,null,null,null,null,null,null,null,null,null,null,null,null,null,null,null,null,null,{"$f":"Base!AH83&\", \"&Base!AI83","v":"Broccard, Alfred"},{"$f":"Base!AN83&\" \"&Base!AO83&\", \"&Base!AK83&\" \"&Base!AL83","v":"1957 Ardon, Rue du Vieux-Village 61"},{"$f":"CONCATENATE(TEXT(DATE(YEAR(Base!AJ83),MONTH(Base!AJ83),DAY(Base!AJ83)),\"jj.mm.aaaa\"),\", \",FN85,IF(Base!D83=\"\",\"\",\" - \"),Base!D83)","v":"21.05.1948, 756.5042.3399.81"},{"$f":"Base!AR83","v":"Helsana Assurances SA"},{"$f":"LEFT(Base!J83,10)","v":"2022-01-21"},{"$f":"CONCATENATE(Base!L83,IF(Base!L83=0,\"\",\", \"),Base!M83,\" \",Base!N83,\", \",Base!P83,\" \",Base!Q83)","v":"Domicile, Rue du Vieux-Village 61, 1957 Ardon"},{"$f":"CONCATENATE(Base!V83,\", \",Base!Z83,\" \",Base!AA83,\", \",Base!W83,\" \",Base!X83)","v":"Hôpital de Martigny, 1920 Martigny, Avenue de la Fusion 27"},null,{"$f":"CONCATENATE(RIGHT(LEFT(Base!J83,16),5),\" - \",RIGHT(LEFT(Base!K83,16),5))","v":"08:40 - 10:55"},{"$f":"Base!AF83&\" - \"&Base!I83","v":"Maladie - P2"},null,null,null,null,null,null,null,null,null,null,null,null,null,null,null,null,null,null,{"$f":"Base!H83","v":"Uvrier"},2,null,null,null,null,null,null,null,null,null,2,null,null,null,null,null,null,null,null,null,null,null,null,null,null,null,null,null,null,null,null,null,{"$f":"IF(Base!U83=\"Privée\",2,1)","v":2},{"$f":"IF(OR(LEFT(Base!AS83,1)=\"1\",LEFT(Base!AS83)=\"2\"),RIGHT(Base!AS83,LEN(Base!AS83)-1),Base!AS83)","v":"756.5042.3399.81"},{"$f":"Base!AU83","v":"Personne"},{"$f":"OR(CONCATENATE(Base!AW83,Base!AX83)=CONCATENATE(Base!AH83,Base!AI83),FO85=\"Établissement\")","v":true},{"$f":"Base!I83","v":"P2"}]
[{"$f":"Base!A84","v":3804},{"$f":"20","v":20},{"$f":"Base!B84","v":"2022-01-28"},null,{"$f":"Base!AE84","v":"VS22002097"},null,null,null,null,null,"<AUTO>",null,null,null,null,"URL (Libre)",null,null,{"$f":"Base!E84&\" - \"&Base!H84&\" - \"&Base!D84","v":"15608 - Uvrier - "},{"$f":"IF(AND(Base!AT84<1000,Base!AT84>99),Base!AT84,IF(FO86=\"Établissement\",VALUE(CONCATENATE(LEN(SUBSTITUTE(V86,\" \",\"\")),LEN(V86),AA86,COLUMN(INDIRECT(LEFT(V86,1)&1)),LEN(SUBSTITUTE(V86,\"-\",\"\")))),IF(FN86=\"\",VALUE(CONCATENATE(COLUMN(INDIRECT(LEFT(W86,1)&1)),COLUMN(INDIRECT(LEFT(X86,1)&1)),AO86,CODE(AA86))),VALUE(SUBSTITUTE(SUBSTITUTE(SUBSTITUTE(FN86,\".\",\"\"),\" \",\"\"),\"-\",\"\")))))","v":7565042339981},null,{"$f":"SUBSTITUTE(IF(Base!BF84=0,\"\",Base!BF84),\" (facturation)\",\"\")","v":""},{"$f":"IF(Base!AW84=0,\"\",Base!AH84)","v":"Broccard"},{"$f":"IF(Base!AX84=0,\"\",Base!AI84)","v":"Alfred"},{"$f":"IF(Base!AW84=0,Base!AY84&\" \"&Base!AZ84,Base!AK84&\" \"&Base!AL84)","v":"Rue du Vieux-Village 61"},{"$f":"IF(IF(Base!AW84=0,Base!BA84,Base!AM84)=0,\"\",IF(Base!AW84=0,Base!BA84,Base!AM84))","v":""},{"$f":"IF(Base!AW84=0,Base!BB84,Base!AN84)","v":1957},{"$f":"IF(Base!AW84=0,Base!BC84,Base!AO84)","v":"Ardon"},null,null,null,null,null,null,null,null,null,null,null,null,{"$f":"Base!AJ84","v":"1948-05-21"},{"$f":"IF(FO86=\"Établissement\",\"\",IF(Base!AG84=\"Masculin\",\"Monsieur\",IF(Base!AG84=\"Féminin\",\"Madame\",\"\")))","v":"Monsieur"},{"$f":"IF(FP86=FALSE,CONCATENATE(IF(Base!AV84=\"Masculin\",\"Monsieur\",IF(Base!AV84=\"Féminin\",\"Madame\",\"\")),\"#chr(13)##chr(10)#\",Base!AW84,\" \",Base!AX84, \"#chr(13)##chr(10)#\",Base!AY84,\" \",Base!AZ84, \"#chr(13)##chr(10)#\",Base!BA84, \"#chr(13)##chr(10)#\",Base!BB84,\" \",Base!BC84),\"\")","v":""},null,"Monsieur",null,{"$f":"IF(AND(Base!AT84<200,Base!AT84>99),1,0)","v":0},null,0,{"$f":"Base!BG84","v":"CLN.9404"},{"$f":"Base!BH84& \"#chr(13)##chr(10)#\" &Base!BI84","v":"Indemnisation kilométrique#chr(13)##chr(10)#"},null,{"$f":"Base!BJ84","v":44},{"$f":"Base!BK84","v":4.5},{"$f":"IF(Base!BL84=\"\",\"\",Base!BL84)","v":"km"},null,{"$f":"Base!BM84","v":198},null,null,{"$f":"IF(Base!H84=\"Uvrier\",3018,VLOOKUP(FQ86,$GV$2:$GX$7,FM86+1,0))","v":3018},0,0,null,0,null,null,null,null,null,"Libre","BS - 154",null,"BU - 73 - aff",0,null,null,null,null,null,null,null,null,null,null,null,null,null,null,null,null,null,null,null,null,null,null,null,null,null,null,null,null,null,null,null,null,null,{"$f":"Base!AH84&\", \"&Base!AI84","v":"Broccard, Alfred"},{"$f":"Base!AN84&\" \"&Base!AO84&\", \"&Base!AK84&\" \"&Base!AL84","v":"1957 Ardon, Rue du Vieux-Village 61"},{"$f":"CONCATENATE(TEXT(DATE(YEAR(Base!AJ84),MONTH(Base!AJ84),DAY(Base!AJ84)),\"jj.mm.aaaa\"),\", \",FN86,IF(Base!D84=\"\",\"\",\" - \"),Base!D84)","v":"21.05.1948, 756.5042.3399.81"},{"$f":"Base!AR84","v":"Helsana Assurances SA"},{"$f":"LEFT(Base!J84,10)","v":"2022-01-21"},{"$f":"CONCATENATE(Base!L84,IF(Base!L84=0,\"\",\", \"),Base!M84,\" \",Base!N84,\", \",Base!P84,\" \",Base!Q84)","v":"Domicile, Rue du Vieux-Village 61, 1957 Ardon"},{"$f":"CONCATENATE(Base!V84,\", \",Base!Z84,\" \",Base!AA84,\", \",Base!W84,\" \",Base!X84)","v":"Hôpital de Martigny, 1920 Martigny, Avenue de la Fusion 27"},null,{"$f":"CONCATENATE(RIGHT(LEFT(Base!J84,16),5),\" - \",RIGHT(LEFT(Base!K84,16),5))","v":"08:40 - 10:55"},{"$f":"Base!AF84&\" - \"&Base!I84","v":"Maladie - P2"},null,null,null,null,null,null,null,null,null,null,null,null,null,null,null,null,null,null,{"$f":"Base!H84","v":"Uvrier"},2,null,null,null,null,null,null,null,null,null,2,null,null,null,null,null,null,null,null,null,null,null,null,null,null,null,null,null,null,null,null,null,{"$f":"IF(Base!U84=\"Privée\",2,1)","v":2},{"$f":"IF(OR(LEFT(Base!AS84,1)=\"1\",LEFT(Base!AS84)=\"2\"),RIGHT(Base!AS84,LEN(Base!AS84)-1),Base!AS84)","v":"756.5042.3399.81"},{"$f":"Base!AU84","v":"Personne"},{"$f":"OR(CONCATENATE(Base!AW84,Base!AX84)=CONCATENATE(Base!AH84,Base!AI84),FO86=\"Établissement\")","v":true},{"$f":"Base!I84","v":"P2"}]
[{"$f":"Base!A85","v":3804},{"$f":"20","v":20},{"$f":"Base!B85","v":"2022-01-28"},null,{"$f":"Base!AE85","v":"VS22002097"},null,null,null,null,null,"<AUTO>",null,null,null,null,"URL (Libre)",null,null,{"$f":"Base!E85&\" - \"&Base!H85&\" - \"&Base!D85","v":"15608 - Uvrier - "},{"$f":"IF(AND(Base!AT85<1000,Base!AT85>99),Base!AT85,IF(FO87=\"Établissement\",VALUE(CONCATENATE(LEN(SUBSTITUTE(V87,\" \",\"\")),LEN(V87),AA87,COLUMN(INDIRECT(LEFT(V87,1)&1)),LEN(SUBSTITUTE(V87,\"-\",\"\")))),IF(FN87=\"\",VALUE(CONCATENATE(COLUMN(INDIRECT(LEFT(W87,1)&1)),COLUMN(INDIRECT(LEFT(X87,1)&1)),AO87,CODE(AA87))),VALUE(SUBSTITUTE(SUBSTITUTE(SUBSTITUTE(FN87,\".\",\"\"),\" \",\"\"),\"-\",\"\")))))","v":7565042339981},null,{"$f":"SUBSTITUTE(IF(Base!BF85=0,\"\",Base!BF85),\" (facturation)\",\"\")","v":""},{"$f":"IF(Base!AW85=0,\"\",Base!AH85)","v":"Broccard"},{"$f":"IF(Base!AX85=0,\"\",Base!AI85)","v":"Alfred"},{"$f":"IF(Base!AW85=0,Base!AY85&\" \"&Base!AZ85,Base!AK85&\" \"&Base!AL85)","v":"Rue du Vieux-Village 61"},{"$f":"IF(IF(Base!AW85=0,Base!BA85,Base!AM85)=0,\"\",IF(Base!AW85=0,Base!BA85,Base!AM85))","v":""},{"$f":"IF(Base!AW85=0,Base!BB85,Base!AN85)","v":1957},{"$f":"IF(Base!AW85=0,Base!BC85,Base!AO85)","v":"Ardon"},null,null,null,null,null,null,null,null,null,null,null,null,{"$f":"Base!AJ85","v":"1948-05-21"},{"$f":"IF(FO87=\"Établissement\",\"\",IF(Base!AG85=\"Masculin\",\"Monsieur\",IF(Base!AG85=\"Féminin\",\"Madame\",\"\")))","v":"Monsieur"},{"$f":"IF(FP87=FALSE,CONCATENATE(IF(Base!AV85=\"Masculin\",\"Monsieur\",IF(Base!AV85=\"Féminin\",\"Madame\",\"\")),\"#chr(13)##chr(10)#\",Base!AW85,\" \",Base!AX85, \"#chr(13)##chr(10)#\",Base!AY85,\" \",Base!AZ85, \"#chr(13)##chr(10)#\",Base!BA85, \"#chr(13)##chr(10)#\",Base!BB85,\" \",Base!BC85),\"\")","v":""},null,"Monsieur",null,{"$f":"IF(AND(Base!AT85<200,Base!AT85>99),1,0)","v":0},null,0,{"$f":"Base!BG85","v":"CLN.9411"},{"$f":"Base!BH85& \"#chr(13)##chr(10)#\" &Base!BI85","v":"Personnel soignant reconnu (par personne et par quart d'heure entamé)#chr(13)##chr(10)#2 collaborateur(s) x 9 quarts d’heure"},null,{"$f":"Base!BJ85","v":18},{"$f":"Base!BK85","v":35},{"$f":"IF(Base!BL85=\"\",\"\",Base!BL85)","v":"¼ d'heure"},null,{"$f":"Base!BM85","v":630},null,null,{"$f":"IF(Base!H85=\"Uvrier\",3018,VLOOKUP(FQ87,$GV$2:$GX$7,FM87+1,0))","v":3018},0,0,null,0,null,null,null,null,null,"Libre","BS - 155",null,"BU - 73 - aff",0,null,null,null,null,null,null,null,null,null,null,null,null,null,null,null,null,null,null,null,null,null,null,null,null,null,null,null,null,null,null,null,null,null,{"$f":"Base!AH85&\", \"&Base!AI85","v":"Broccard, Alfred"},{"$f":"Base!AN85&\" \"&Base!AO85&\", \"&Base!AK85&\" \"&Base!AL85","v":"1957 Ardon, Rue du Vieux-Village 61"},{"$f":"CONCATENATE(TEXT(DATE(YEAR(Base!AJ85),MONTH(Base!AJ85),DAY(Base!AJ85)),\"jj.mm.aaaa\"),\", \",FN87,IF(Base!D85=\"\",\"\",\" - \"),Base!D85)","v":"21.05.1948, 756.5042.3399.81"},{"$f":"Base!AR85","v":"Helsana Assurances SA"},{"$f":"LEFT(Base!J85,10)","v":"2022-01-21"},{"$f":"CONCATENATE(Base!L85,IF(Base!L85=0,\"\",\", \"),Base!M85,\" \",Base!N85,\", \",Base!P85,\" \",Base!Q85)","v":"Domicile, Rue du Vieux-Village 61, 1957 Ardon"},{"$f":"CONCATENATE(Base!V85,\", \",Base!Z85,\" \",Base!AA85,\", \",Base!W85,\" \",Base!X85)","v":"Hôpital de Martigny, 1920 Martigny, Avenue de la Fusion 27"},null,{"$f":"CONCATENATE(RIGHT(LEFT(Base!J85,16),5),\" - \",RIGHT(LEFT(Base!K85,16),5))","v":"08:40 - 10:55"},{"$f":"Base!AF85&\" - \"&Base!I85","v":"Maladie - P2"},null,null,null,null,null,null,null,null,null,null,null,null,null,null,null,null,null,null,{"$f":"Base!H85","v":"Uvrier"},2,null,null,null,null,null,null,null,null,null,2,null,null,null,null,null,null,null,null,null,null,null,null,null,null,null,null,null,null,null,null,null,{"$f":"IF(Base!U85=\"Privée\",2,1)","v":2},{"$f":"IF(OR(LEFT(Base!AS85,1)=\"1\",LEFT(Base!AS85)=\"2\"),RIGHT(Base!AS85,LEN(Base!AS85)-1),Base!AS85)","v":"756.5042.3399.81"},{"$f":"Base!AU85","v":"Personne"},{"$f":"OR(CONCATENATE(Base!AW85,Base!AX85)=CONCATENATE(Base!AH85,Base!AI85),FO87=\"Établissement\")","v":true},{"$f":"Base!I85","v":"P2"}]
[{"$f":"Base!A86","v":3804},{"$f":"20","v":20},{"$f":"Base!B86","v":"2022-01-28"},null,{"$f":"Base!AE86","v":"VS22002097"},null,null,null,null,null,"<AUTO>",null,null,null,null,"URL (Libre)",null,null,{"$f":"Base!E86&\" - \"&Base!H86&\" - \"&Base!D86","v":"15608 - Uvrier - "},{"$f":"IF(AND(Base!AT86<1000,Base!AT86>99),Base!AT86,IF(FO88=\"Établissement\",VALUE(CONCATENATE(LEN(SUBSTITUTE(V88,\" \",\"\")),LEN(V88),AA88,COLUMN(INDIRECT(LEFT(V88,1)&1)),LEN(SUBSTITUTE(V88,\"-\",\"\")))),IF(FN88=\"\",VALUE(CONCATENATE(COLUMN(INDIRECT(LEFT(W88,1)&1)),COLUMN(INDIRECT(LEFT(X88,1)&1)),AO88,CODE(AA88))),VALUE(SUBSTITUTE(SUBSTITUTE(SUBSTITUTE(FN88,\".\",\"\"),\" \",\"\"),\"-\",\"\")))))","v":7565042339981},null,{"$f":"SUBSTITUTE(IF(Base!BF86=0,\"\",Base!BF86),\" (facturation)\",\"\")","v":""},{"$f":"IF(Base!AW86=0,\"\",Base!AH86)","v":"Broccard"},{"$f":"IF(Base!AX86=0,\"\",Base!AI86)","v":"Alfred"},{"$f":"IF(Base!AW86=0,Base!AY86&\" \"&Base!AZ86,Base!AK86&\" \"&Base!AL86)","v":"Rue du Vieux-Village 61"},{"$f":"IF(IF(Base!AW86=0,Base!BA86,Base!AM86)=0,\"\",IF(Base!AW86=0,Base!BA86,Base!AM86))","v":""},{"$f":"IF(Base!AW86=0,Base!BB86,Base!AN86)","v":1957},{"$f":"IF(Base!AW86=0,Base!BC86,Base!AO86)","v":"Ardon"},null,null,null,null,null,null,null,null,null,null,null,null,{"$f":"Base!AJ86","v":"1948-05-21"},{"$f":"IF(FO88=\"Établissement\",\"\",IF(Base!AG86=\"Masculin\",\"Monsieur\",IF(Base!AG86=\"Féminin\",\"Madame\",\"\")))","v":"Monsieur"},{"$f":"IF(FP88=FALSE,CONCATENATE(IF(Base!AV86=\"Masculin\",\"Monsieur\",IF(Base!AV86=\"Féminin\",\"Madame\",\"\")),\"#chr(13)##chr(10)#\",Base!AW86,\" \",Base!AX86, \"#chr(13)##chr(10)#\",Base!AY86,\" \",Base!AZ86, \"#chr(13)##chr(10)#\",Base!BA86, \"#chr(13)##chr(10)#\",Base!BB86,\" \",Base!BC86),\"\")","v":""},null,"Monsieur",null,{"$f":"IF(AND(Base!AT86<200,Base!AT86>99),1,0)","v":0},null,0,{"$f":"Base!BG86","v":"CLN.9441"},{"$f":"Base!BH86& \"#chr(13)##chr(10)#\" &Base!BI86","v":"Matériel - Prestation standard élargie#chr(13)##chr(10)#"},null,{"$f":"Base!BJ86","v":1},{"$f":"Base!BK86","v":80},{"$f":"IF(Base!BL86=\"\",\"\",Base!BL86)","v":""},null,{"$f":"Base!BM86","v":80},null,null,{"$f":"IF(Base!H86=\"Uvrier\",3018,VLOOKUP(FQ88,$GV$2:$GX$7,FM88+1,0))","v":3018},0,0,null,0,null,null,null,null,null,"Libre","BS - 156",null,"BU - 73 - aff",0,null,null,null,null,null,null,null,null,null,null,null,null,null,null,null,null,null,null,null,null,null,null,null,null,null,null,null,null,null,null,null,null,null,{"$f":"Base!AH86&\", \"&Base!AI86","v":"Broccard, Alfred"},{"$f":"Base!AN86&\" \"&Base!AO86&\", \"&Base!AK86&\" \"&Base!AL86","v":"1957 Ardon, Rue du Vieux-Village 61"},{"$f":"CONCATENATE(TEXT(DATE(YEAR(Base!AJ86),MONTH(Base!AJ86),DAY(Base!AJ86)),\"jj.mm.aaaa\"),\", \",FN88,IF(Base!D86=\"\",\"\",\" - \"),Base!D86)","v":"21.05.1948, 756.5042.3399.81"},{"$f":"Base!AR86","v":"Helsana Assurances SA"},{"$f":"LEFT(Base!J86,10)","v":"2022-01-21"},{"$f":"CONCATENATE(Base!L86,IF(Base!L86=0,\"\",\", \"),Base!M86,\" \",Base!N86,\", \",Base!P86,\" \",Base!Q86)","v":"Domicile, Rue du Vieux-Village 61, 1957 Ardon"},{"$f":"CONCATENATE(Base!V86,\", \",Base!Z86,\" \",Base!AA86,\", \",Base!W86,\" \",Base!X86)","v":"Hôpital de Martigny, 1920 Martigny, Avenue de la Fusion 27"},null,{"$f":"CONCATENATE(RIGHT(LEFT(Base!J86,16),5),\" - \",RIGHT(LEFT(Base!K86,16),5))","v":"08:40 - 10:55"},{"$f":"Base!AF86&\" - \"&Base!I86","v":"Maladie - P2"},null,null,null,null,null,null,null,null,null,null,null,null,null,null,null,null,null,null,{"$f":"Base!H86","v":"Uvrier"},2,null,null,null,null,null,null,null,null,null,2,null,null,null,null,null,null,null,null,null,null,null,null,null,null,null,null,null,null,null,null,null,{"$f":"IF(Base!U86=\"Privée\",2,1)","v":2},{"$f":"IF(OR(LEFT(Base!AS86,1)=\"1\",LEFT(Base!AS86)=\"2\"),RIGHT(Base!AS86,LEN(Base!AS86)-1),Base!AS86)","v":"756.5042.3399.81"},{"$f":"Base!AU86","v":"Personne"},{"$f":"OR(CONCATENATE(Base!AW86,Base!AX86)=CONCATENATE(Base!AH86,Base!AI86),FO88=\"Établissement\")","v":true},{"$f":"Base!I86","v":"P2"}]
[{"$f":"Base!A87","v":3806},{"$f":"20","v":20},{"$f":"Base!B87","v":"2022-01-28"},null,{"$f":"Base!AE87","v":"VS22002173"},null,null,null,null,null,"<AUTO>",null,null,null,null,"URL (Libre)",null,null,{"$f":"Base!E87&\" - \"&Base!H87&\" - \"&Base!D87","v":"15676 - Uvrier - 2826827/-"},{"$f":"IF(AND(Base!AT87<1000,Base!AT87>99),Base!AT87,IF(FO89=\"Établissement\",VALUE(CONCATENATE(LEN(SUBSTITUTE(V89,\" \",\"\")),LEN(V89),AA89,COLUMN(INDIRECT(LEFT(V89,1)&1)),LEN(SUBSTITUTE(V89,\"-\",\"\")))),IF(FN89=\"\",VALUE(CONCATENATE(COLUMN(INDIRECT(LEFT(W89,1)&1)),COLUMN(INDIRECT(LEFT(X89,1)&1)),AO89,CODE(AA89))),VALUE(SUBSTITUTE(SUBSTITUTE(SUBSTITUTE(FN89,\".\",\"\"),\" \",\"\"),\"-\",\"\")))))","v":101},null,{"$f":"SUBSTITUTE(IF(Base!BF87=0,\"\",Base!BF87),\" (facturation)\",\"\")","v":"Hôpital du Valais - Direction des Finances/Service des fournisseurs"},{"$f":"IF(Base!AW87=0,\"\",Base!AH87)","v":""},{"$f":"IF(Base!AX87=0,\"\",Base!AI87)","v":""},{"$f":"IF(Base!AW87=0,Base!AY87&\" \"&Base!AZ87,Base!AK87&\" \"&Base!AL87)","v":"Avenue Grand-Champsec 86"},{"$f":"IF(IF(Base!AW87=0,Base!BA87,Base!AM87)=0,\"\",IF(Base!AW87=0,Base!BA87,Base!AM87))","v":"Case postale 696"},{"$f":"IF(Base!AW87=0,Base!BB87,Base!AN87)","v":1951},{"$f":"IF(Base!AW87=0,Base!BC87,Base!AO87)","v":"Sion"},null,null,null,null,null,null,null,null,null,null,null,null,{"$f":"Base!AJ87","v":"1942-12-20"},{"$f":"IF(FO89=\"Établissement\",\"\",IF(Base!AG87=\"Masculin\",\"Monsieur\",IF(Base!AG87=\"Féminin\",\"Madame\",\"\")))","v":""},{"$f":"IF(FP89=FALSE,CONCATENATE(IF(Base!AV87=\"Masculin\",\"Monsieur\",IF(Base!AV87=\"Féminin\",\"Madame\",\"\")),\"#chr(13)##chr(10)#\",Base!AW87,\" \",Base!AX87, \"#chr(13)##chr(10)#\",Base!AY87,\" \",Base!AZ87, \"#chr(13)##chr(10)#\",Base!BA87, \"#chr(13)##chr(10)#\",Base!BB87,\" \",Base!BC87),\"\")","v":""},null,"",null,{"$f":"IF(AND(Base!AT87<200,Base!AT87>99),1,0)","v":1},null,0,{"$f":"Base!BG87","v":"HVS.12J"},{"$f":"Base!BH87& \"#chr(13)##chr(10)#\" &Base!BI87","v":"Forfait S3 HVS Sion - HVS Sierre#chr(13)##chr(10)#Trajet simple journée (08h00-20h00)"},null,{"$f":"Base!BJ87","v":1},{"$f":"Base!BK87","v":350},{"$f":"IF(Base!BL87=\"\",\"\",Base!BL87)","v":""},null,{"$f":"Base!BM87","v":350},null,null,{"$f":"IF(Base!H87=\"Uvrier\",3018,VLOOKUP(FQ89,$GV$2:$GX$7,FM89+1,0))","v":3018},0,0,null,0,null,null,null,null,null,"Libre","BS - 157",null,"BU - 73 - aff",0,null,null,null,null,null,null,null,null,null,null,null,null,null,null,null,null,null,null,null,null,null,null,null,null,null,null,null,null,null,null,null,null,null,{"$f":"Base!AH87&\", \"&Base!AI87","v":"Fournier, Raymonde"},{"$f":"Base!AN87&\" \"&Base!AO87&\", \"&Base!AK87&\" \"&Base!AL87","v":"1950 Sion, Avenue du Grand-Champsec 16B"},{"$f":"CONCATENATE(TEXT(DATE(YEAR(Base!AJ87),MONTH(Base!AJ87),DAY(Base!AJ87)),\"jj.mm.aaaa\"),\", \",FN89,IF(Base!D87=\"\",\"\",\" - \"),Base!D87)","v":"20.12.1942, 756.6103.0875.68 - 2826827/-"},{"$f":"Base!AR87","v":"Arcosana AG"},{"$f":"LEFT(Base!J87,10)","v":"2022-01-21"},{"$f":"CONCATENATE(Base!L87,IF(Base!L87=0,\"\",\", \"),Base!M87,\" \",Base!N87,\", \",Base!P87,\" \",Base!Q87)","v":"Hôpital de Sion, Avenue du Grand-Champsec 80, 1950 Sion"},{"$f":"CONCATENATE(Base!V87,\", \",Base!Z87,\" \",Base!AA87,\", \",Base!W87,\" \",Base!X87)","v":"Hôpital de Sierre, 3960 Sierre, Rue Saint-Charles 14"},null,{"$f":"CONCATENATE(RIGHT(LEFT(Base!J87,16),5),\" - \",RIGHT(LEFT(Base!K87,16),5))","v":"16:47 - 18:09"},{"$f":"Base!AF87&\" - \"&Base!I87","v":"Maladie - S3"},null,null,null,null,null,null,null,null,null,null,null,null,null,null,null,null,null,null,{"$f":"Base!H87","v":"Uvrier"},2,null,null,null,null,null,null,null,null,null,2,null,null,null,null,null,null,null,null,null,null,null,null,null,null,null,null,null,null,null,null,null,{"$f":"IF(Base!U87=\"Privée\",2,1)","v":2},{"$f":"IF(OR(LEFT(Base!AS87,1)=\"1\",LEFT(Base!AS87)=\"2\"),RIGHT(Base!AS87,LEN(Base!AS87)-1),Base!AS87)","v":"756.6103.0875.68"},{"$f":"Base!AU87","v":"Établissement"},{"$f":"OR(CONCATENATE(Base!AW87,Base!AX87)=CONCATENATE(Base!AH87,Base!AI87),FO89=\"Établissement\")","v":true},{"$f":"Base!I87","v":"S3"}]
[{"$f":"Base!A88","v":3807},{"$f":"20","v":20},{"$f":"Base!B88","v":"2022-01-28"},null,{"$f":"Base!AE88","v":"VS22002183"},null,null,null,null,null,"<AUTO>",null,null,null,null,"URL (Libre)",null,null,{"$f":"Base!E88&\" - \"&Base!H88&\" - \"&Base!D88","v":"15686 - Uvrier - 2695175/4"},{"$f":"IF(AND(Base!AT88<1000,Base!AT88>99),Base!AT88,IF(FO90=\"Établissement\",VALUE(CONCATENATE(LEN(SUBSTITUTE(V90,\" \",\"\")),LEN(V90),AA90,COLUMN(INDIRECT(LEFT(V90,1)&1)),LEN(SUBSTITUTE(V90,\"-\",\"\")))),IF(FN90=\"\",VALUE(CONCATENATE(COLUMN(INDIRECT(LEFT(W90,1)&1)),COLUMN(INDIRECT(LEFT(X90,1)&1)),AO90,CODE(AA90))),VALUE(SUBSTITUTE(SUBSTITUTE(SUBSTITUTE(FN90,\".\",\"\"),\" \",\"\"),\"-\",\"\")))))","v":101},null,{"$f":"SUBSTITUTE(IF(Base!BF88=0,\"\",Base!BF88),\" (facturation)\",\"\")","v":"Hôpital du Valais - Direction des Finances/Service des fournisseurs"},{"$f":"IF(Base!AW88=0,\"\",Base!AH88)","v":""},{"$f":"IF(Base!AX88=0,\"\",Base!AI88)","v":""},{"$f":"IF(Base!AW88=0,Base!AY88&\" \"&Base!AZ88,Base!AK88&\" \"&Base!AL88)","v":"Avenue Grand-Champsec 86"},{"$f":"IF(IF(Base!AW88=0,Base!BA88,Base!AM88)=0,\"\",IF(Base!AW88=0,Base!BA88,Base!AM88))","v":"Case postale 696"},{"$f":"IF(Base!AW88=0,Base!BB88,Base!AN88)","v":1951},{"$f":"IF(Base!AW88=0,Base!BC88,Base!AO88)","v":"Sion"},null,null,null,null,null,null,null,null,null,null,null,null,{"$f":"Base!AJ88","v":"1937-10-21"},{"$f":"IF(FO90=\"Établissement\",\"\",IF(Base!AG88=\"Masculin\",\"Monsieur\",IF(Base!AG88=\"Féminin\",\"Madame\",\"\")))","v":""},{"$f":"IF(FP90=FALSE,CONCATENATE(IF(Base!AV88=\"Masculin\",\"Monsieur\",IF(Base!AV88=\"Féminin\",\"Madame\",\"\")),\"#chr(13)##chr(10)#\",Base!AW88,\" \",Base!AX88, \"#chr(13)##chr(10)#\",Base!AY88,\" \",Base!AZ88, \"#chr(13)##chr(10)#\",Base!BA88, \"#chr(13)##chr(10)#\",Base!BB88,\" \",Base!BC88),\"\")","v":""},null,"",null,{"$f":"IF(AND(Base!AT88<200,Base!AT88>99),1,0)","v":1},null,0,{"$f":"Base!BG88","v":"HVS.31J"},{"$f":"Base!BH88& \"#chr(13)##chr(10)#\" &Base!BI88","v":"Forfait S3 HVS Martigny - HVS Sion#chr(13)##chr(10)#Trajet simple journée (08h00-20h00)"},null,{"$f":"Base!BJ88","v":1},{"$f":"Base!BK88","v":440},{"$f":"IF(Base!BL88=\"\",\"\",Base!BL88)","v":""},null,{"$f":"Base!BM88","v":440},null,null,{"$f":"IF(Base!H88=\"Uvrier\",3018,VLOOKUP(FQ90,$GV$2:$GX$7,FM90+1,0))","v":3018},0,0,null,0,null,null,null,null,null,"Libre","BS - 158",null,"BU - 73 - aff",0,null,null,null,null,null,null,null,null,null,null,null,null,null,null,null,null,null,null,null,null,null,null,null,null,null,null,null,null,null,null,null,null,null,{"$f":"Base!AH88&\", \"&Base!AI88","v":"Masciangelo, Donato"},{"$f":"Base!AN88&\" \"&Base!AO88&\", \"&Base!AK88&\" \"&Base!AL88","v":"1920 Martigny, Rue de la Moya 2"},{"$f":"CONCATENATE(TEXT(DATE(YEAR(Base!AJ88),MONTH(Base!AJ88),DAY(Base!AJ88)),\"jj.mm.aaaa\"),\", \",FN90,IF(Base!D88=\"\",\"\",\" - \"),Base!D88)","v":"21.10.1937, 756.5816.5668.65 - 2695175/4"},{"$f":"Base!AR88","v":"Helsana Assurances SA"},{"$f":"LEFT(Base!J88,10)","v":"2022-01-21"},{"$f":"CONCATENATE(Base!L88,IF(Base!L88=0,\"\",\", \"),Base!M88,\" \",Base!N88,\", \",Base!P88,\" \",Base!Q88)","v":"Hôpital de Martigny, Avenue de la Fusion 27, 1920 Martigny"},{"$f":"CONCATENATE(Base!V88,\", \",Base!Z88,\" \",Base!AA88,\", \",Base!W88,\" \",Base!X88)","v":"Hôpital de Sion, 1950 Sion, Avenue du Grand-Champsec 80"},null,{"$f":"CONCATENATE(RIGHT(LEFT(Base!J88,16),5),\" - \",RIGHT(LEFT(Base!K88,16),5))","v":"19:07 - 20:50"},{"$f":"Base!AF88&\" - \"&Base!I88","v":"Maladie - S3"},null,null,null,null,null,null,null,null,null,null,null,null,null,null,null,null,null,null,{"$f":"Base!H88","v":"Uvrier"},2,null,null,null,null,null,null,null,null,null,2,null,null,null,null,null,null,null,null,null,null,null,null,null,null,null,null,null,null,null,null,null,{"$f":"IF(Base!U88=\"Privée\",2,1)","v":2},{"$f":"IF(OR(LEFT(Base!AS88,1)=\"1\",LEFT(Base!AS88)=\"2\"),RIGHT(Base!AS88,LEN(Base!AS88)-1),Base!AS88)","v":"756.5816.5668.65"},{"$f":"Base!AU88","v":"Établissement"},{"$f":"OR(CONCATENATE(Base!AW88,Base!AX88)=CONCATENATE(Base!AH88,Base!AI88),FO90=\"Établissement\")","v":true},{"$f":"Base!I88","v":"S3"}]
[{"$f":"Base!A89","v":3808},{"$f":"20","v":20},{"$f":"Base!B89","v":"2022-01-28"},null,{"$f":"Base!AE89","v":"VS22002184"},null,null,null,null,null,"<AUTO>",null,null,null,null,"URL (Libre)",null,null,{"$f":"Base!E89&\" - \"&Base!H89&\" - \"&Base!D89","v":"15687 - Uvrier - 2308941/13"},{"$f":"IF(AND(Base!AT89<1000,Base!AT89>99),Base!AT89,IF(FO91=\"Établissement\",VALUE(CONCATENATE(LEN(SUBSTITUTE(V91,\" \",\"\")),LEN(V91),AA91,COLUMN(INDIRECT(LEFT(V91,1)&1)),LEN(SUBSTITUTE(V91,\"-\",\"\")))),IF(FN91=\"\",VALUE(CONCATENATE(COLUMN(INDIRECT(LEFT(W91,1)&1)),COLUMN(INDIRECT(LEFT(X91,1)&1)),AO91,CODE(AA91))),VALUE(SUBSTITUTE(SUBSTITUTE(SUBSTITUTE(FN91,\".\",\"\"),\" \",\"\"),\"-\",\"\")))))","v":101},null,{"$f":"SUBSTITUTE(IF(Base!BF89=0,\"\",Base!BF89),\" (facturation)\",\"\")","v":"Hôpital du Valais - Direction des Finances/Service des fournisseurs"},{"$f":"IF(Base!AW89=0,\"\",Base!AH89)","v":""},{"$f":"IF(Base!AX89=0,\"\",Base!AI89)","v":""},{"$f":"IF(Base!AW89=0,Base!AY89&\" \"&Base!AZ89,Base!AK89&\" \"&Base!AL89)","v":"Avenue Grand-Champsec 86"},{"$f":"IF(IF(Base!AW89=0,Base!BA89,Base!AM89)=0,\"\",IF(Base!AW89=0,Base!BA89,Base!AM89))","v":"Case postale 696"},{"$f":"IF(Base!AW89=0,Base!BB89,Base!AN89)","v":1951},{"$f":"IF(Base!AW89=0,Base!BC89,Base!AO89)","v":"Sion"},null,null,null,null,null,null,null,null,null,null,null,null,{"$f":"Base!AJ89","v":"1935-11-14"},{"$f":"IF(FO91=\"Établissement\",\"\",IF(Base!AG89=\"Masculin\",\"Monsieur\",IF(Base!AG89=\"Féminin\",\"Madame\",\"\")))","v":""},{"$f":"IF(FP91=FALSE,CONCATENATE(IF(Base!AV89=\"Masculin\",\"Monsieur\",IF(Base!AV89=\"Féminin\",\"Madame\",\"\")),\"#chr(13)##chr(10)#\",Base!AW89,\" \",Base!AX89, \"#chr(13)##chr(10)#\",Base!AY89,\" \",Base!AZ89, \"#chr(13)##chr(10)#\",Base!BA89, \"#chr(13)##chr(10)#\",Base!BB89,\" \",Base!BC89),\"\")","v":""},null,"",null,{"$f":"IF(AND(Base!AT89<200,Base!AT89>99),1,0)","v":1},null,0,{"$f":"Base!BG89","v":"HVS.31N"},{"$f":"Base!BH89& \"#chr(13)##chr(10)#\" &Base!BI89","v":"Forfait S3 HVS Martigny - HVS Sion#chr(13)##chr(10)#Trajet simple nuit (20h00-08h00) ou dimanches et jours fériés"},null,{"$f":"Base!BJ89","v":1},{"$f":"Base!BK89","v":660},{"$f":"IF(Base!BL89=\"\",\"\",Base!BL89)","v":""},null,{"$f":"Base!BM89","v":660},null,null,{"$f":"IF(Base!H89=\"Uvrier\",3018,VLOOKUP(FQ91,$GV$2:$GX$7,FM91+1,0))","v":3018},0,0,null,0,null,null,null,null,null,"Libre","BS - 159",null,"BU - 73 - aff",0,null,null,null,null,null,null,null,null,null,null,null,null,null,null,null,null,null,null,null,null,null,null,null,null,null,null,null,null,null,null,null,null,null,{"$f":"Base!AH89&\", \"&Base!AI89","v":"Roduit, Edith"},{"$f":"Base!AN89&\" \"&Base!AO89&\", \"&Base!AK89&\" \"&Base!AL89","v":"1912 Leytron, Route de Saillon 68"},{"$f":"CONCATENATE(TEXT(DATE(YEAR(Base!AJ89),MONTH(Base!AJ89),DAY(Base!AJ89)),\"jj.mm.aaaa\"),\", \",FN91,IF(Base!D89=\"\",\"\",\" - \"),Base!D89)","v":"14.11.1935, 756.3988.5469.06 - 2308941/13"},{"$f":"Base!AR89","v":"CSS Kranken- Versicherung AG"},{"$f":"LEFT(Base!J89,10)","v":"2022-01-21"},{"$f":"CONCATENATE(Base!L89,IF(Base!L89=0,\"\",\", \"),Base!M89,\" \",Base!N89,\", \",Base!P89,\" \",Base!Q89)","v":"Hôpital de Martigny, Avenue de la Fusion 27, 1920 Martigny"},{"$f":"CONCATENATE(Base!V89,\", \",Base!Z89,\" \",Base!AA89,\", \",Base!W89,\" \",Base!X89)","v":"Hôpital de Sion, 1950 Sion, Avenue du Grand-Champsec 80"},null,{"$f":"CONCATENATE(RIGHT(LEFT(Base!J89,16),5),\" - \",RIGHT(LEFT(Base!K89,16),5))","v":"20:53 - 22:26"},{"$f":"Base!AF89&\" - \"&Base!I89","v":"Maladie - S3"},null,null,null,null,null,null,null,null,null,null,null,null,null,null,null,null,null,null,{"$f":"Base!H89","v":"Uvrier"},2,null,null,null,null,null,null,null,null,null,2,null,null,null,null,null,null,null,null,null,null,null,null,null,null,null,null,null,null,null,null,null,{"$f":"IF(Base!U89=\"Privée\",2,1)","v":2},{"$f":"IF(OR(LEFT(Base!AS89,1)=\"1\",LEFT(Base!AS89)=\"2\"),RIGHT(Base!AS89,LEN(Base!AS89)-1),Base!AS89)","v":"756.3988.5469.06"},{"$f":"Base!AU89","v":"Établissement"},{"$f":"OR(CONCATENATE(Base!AW89,Base!AX89)=CONCATENATE(Base!AH89,Base!AI89),FO91=\"Établissement\")","v":true},{"$f":"Base!I89","v":"S3"}]
[{"$f":"Base!A90","v":3811},{"$f":"20","v":20},{"$f":"Base!B90","v":"2022-01-28"},null,{"$f":"Base!AE90","v":"VS22002189"},null,null,null,null,null,"<AUTO>",null,null,null,null,"URL (Libre)",null,null,{"$f":"Base!E90&\" - \"&Base!H90&\" - \"&Base!D90","v":"15692 - Uvrier - 2057098/31"},{"$f":"IF(AND(Base!AT90<1000,Base!AT90>99),Base!AT90,IF(FO92=\"Établissement\",VALUE(CONCATENATE(LEN(SUBSTITUTE(V92,\" \",\"\")),LEN(V92),AA92,COLUMN(INDIRECT(LEFT(V92,1)&1)),LEN(SUBSTITUTE(V92,\"-\",\"\")))),IF(FN92=\"\",VALUE(CONCATENATE(COLUMN(INDIRECT(LEFT(W92,1)&1)),COLUMN(INDIRECT(LEFT(X92,1)&1)),AO92,CODE(AA92))),VALUE(SUBSTITUTE(SUBSTITUTE(SUBSTITUTE(FN92,\".\",\"\"),\" \",\"\"),\"-\",\"\")))))","v":101},null,{"$f":"SUBSTITUTE(IF(Base!BF90=0,\"\",Base!BF90),\" (facturation)\",\"\")","v":"Hôpital du Valais - Direction des Finances/Service des fournisseurs"},{"$f":"IF(Base!AW90=0,\"\",Base!AH90)","v":""},{"$f":"IF(Base!AX90=0,\"\",Base!AI90)","v":""},{"$f":"IF(Base!AW90=0,Base!AY90&\" \"&Base!AZ90,Base!AK90&\" \"&Base!AL90)","v":"Avenue Grand-Champsec 86"},{"$f":"IF(IF(Base!AW90=0,Base!BA90,Base!AM90)=0,\"\",IF(Base!AW90=0,Base!BA90,Base!AM90))","v":"Case postale 696"},{"$f":"IF(Base!AW90=0,Base!BB90,Base!AN90)","v":1951},{"$f":"IF(Base!AW90=0,Base!BC90,Base!AO90)","v":"Sion"},null,null,null,null,null,null,null,null,null,null,null,null,{"$f":"Base!AJ90","v":"1950-09-08"},{"$f":"IF(FO92=\"Établissement\",\"\",IF(Base!AG90=\"Masculin\",\"Monsieur\",IF(Base!AG90=\"Féminin\",\"Madame\",\"\")))","v":""},{"$f":"IF(FP92=FALSE,CONCATENATE(IF(Base!AV90=\"Masculin\",\"Monsieur\",IF(Base!AV90=\"Féminin\",\"Madame\",\"\")),\"#chr(13)##chr(10)#\",Base!AW90,\" \",Base!AX90, \"#chr(13)##chr(10)#\",Base!AY90,\" \",Base!AZ90, \"#chr(13)##chr(10)#\",Base!BA90, \"#chr(13)##chr(10)#\",Base!BB90,\" \",Base!BC90),\"\")","v":""},null,"",null,{"$f":"IF(AND(Base!AT90<200,Base!AT90>99),1,0)","v":1},null,0,{"$f":"Base!BG90","v":"HVS.13N"},{"$f":"Base!BH90& \"#chr(13)##chr(10)#\" &Base!BI90","v":"Forfait S3 HVS Sion - HVS Martigny#chr(13)##chr(10)#Trajet simple nuit (20h00-08h00) ou dimanches et jours fériés"},null,{"$f":"Base!BJ90","v":1},{"$f":"Base!BK90","v":660},{"$f":"IF(Base!BL90=\"\",\"\",Base!BL90)","v":""},null,{"$f":"Base!BM90","v":660},null,null,{"$f":"IF(Base!H90=\"Uvrier\",3018,VLOOKUP(FQ92,$GV$2:$GX$7,FM92+1,0))","v":3018},0,0,null,0,null,null,null,null,null,"Libre","BS - 160",null,"BU - 73 - aff",0,null,null,null,null,null,null,null,null,null,null,null,null,null,null,null,null,null,null,null,null,null,null,null,null,null,null,null,null,null,null,null,null,null,{"$f":"Base!AH90&\", \"&Base!AI90","v":"Codourey, René "},{"$f":"Base!AN90&\" \"&Base!AO90&\", \"&Base!AK90&\" \"&Base!AL90","v":"3960 Sierre, Impasse des Vrilles 6"},{"$f":"CONCATENATE(TEXT(DATE(YEAR(Base!AJ90),MONTH(Base!AJ90),DAY(Base!AJ90)),\"jj.mm.aaaa\"),\", \",FN92,IF(Base!D90=\"\",\"\",\" - \"),Base!D90)","v":"08.09.1950, 756.5974.7126.54 - 2057098/31"},{"$f":"Base!AR90","v":"Philos Assurance Maladie SA"},{"$f":"LEFT(Base!J90,10)","v":"2022-01-21"},{"$f":"CONCATENATE(Base!L90,IF(Base!L90=0,\"\",\", \"),Base!M90,\" \",Base!N90,\", \",Base!P90,\" \",Base!Q90)","v":"Hôpital de Sion, Avenue du Grand-Champsec 80, 1950 Sion"},{"$f":"CONCATENATE(Base!V90,\", \",Base!Z90,\" \",Base!AA90,\", \",Base!W90,\" \",Base!X90)","v":"Hôpital de Martigny, 1920 Martigny, Avenue de la Fusion 27"},null,{"$f":"CONCATENATE(RIGHT(LEFT(Base!J90,16),5),\" - \",RIGHT(LEFT(Base!K90,16),5))","v":"22:27 - 23:27"},{"$f":"Base!AF90&\" - \"&Base!I90","v":"Maladie - S3"},null,null,null,null,null,null,null,null,null,null,null,null,null,null,null,null,null,null,{"$f":"Base!H90","v":"Uvrier"},2,null,null,null,null,null,null,null,null,null,2,null,null,null,null,null,null,null,null,null,null,null,null,null,null,null,null,null,null,null,null,null,{"$f":"IF(Base!U90=\"Privée\",2,1)","v":2},{"$f":"IF(OR(LEFT(Base!AS90,1)=\"1\",LEFT(Base!AS90)=\"2\"),RIGHT(Base!AS90,LEN(Base!AS90)-1),Base!AS90)","v":"756.5974.7126.54"},{"$f":"Base!AU90","v":"Établissement"},{"$f":"OR(CONCATENATE(Base!AW90,Base!AX90)=CONCATENATE(Base!AH90,Base!AI90),FO92=\"Établissement\")","v":true},{"$f":"Base!I90","v":"S3"}]
[{"$f":"Base!A91","v":3814},{"$f":"20","v":20},{"$f":"Base!B91","v":"2022-01-28"},null,{"$f":"Base!AE91","v":"VS22002192"},null,null,null,null,null,"<AUTO>",null,null,null,null,"URL (Libre)",null,null,{"$f":"Base!E91&\" - \"&Base!H91&\" - \"&Base!D91","v":"15695 - Uvrier - 2433665/8"},{"$f":"IF(AND(Base!AT91<1000,Base!AT91>99),Base!AT91,IF(FO93=\"Établissement\",VALUE(CONCATENATE(LEN(SUBSTITUTE(V93,\" \",\"\")),LEN(V93),AA93,COLUMN(INDIRECT(LEFT(V93,1)&1)),LEN(SUBSTITUTE(V93,\"-\",\"\")))),IF(FN93=\"\",VALUE(CONCATENATE(COLUMN(INDIRECT(LEFT(W93,1)&1)),COLUMN(INDIRECT(LEFT(X93,1)&1)),AO93,CODE(AA93))),VALUE(SUBSTITUTE(SUBSTITUTE(SUBSTITUTE(FN93,\".\",\"\"),\" \",\"\"),\"-\",\"\")))))","v":101},null,{"$f":"SUBSTITUTE(IF(Base!BF91=0,\"\",Base!BF91),\" (facturation)\",\"\")","v":"Hôpital du Valais - Direction des Finances/Service des fournisseurs"},{"$f":"IF(Base!AW91=0,\"\",Base!AH91)","v":""},{"$f":"IF(Base!AX91=0,\"\",Base!AI91)","v":""},{"$f":"IF(Base!AW91=0,Base!AY91&\" \"&Base!AZ91,Base!AK91&\" \"&Base!AL91)","v":"Avenue Grand-Champsec 86"},{"$f":"IF(IF(Base!AW91=0,Base!BA91,Base!AM91)=0,\"\",IF(Base!AW91=0,Base!BA91,Base!AM91))","v":"Case postale 696"},{"$f":"IF(Base!AW91=0,Base!BB91,Base!AN91)","v":1951},{"$f":"IF(Base!AW91=0,Base!BC91,Base!AO91)","v":"Sion"},null,null,null,null,null,null,null,null,null,null,null,null,{"$f":"Base!AJ91","v":"1951-12-15"},{"$f":"IF(FO93=\"Établissement\",\"\",IF(Base!AG91=\"Masculin\",\"Monsieur\",IF(Base!AG91=\"Féminin\",\"Madame\",\"\")))","v":""},{"$f":"IF(FP93=FALSE,CONCATENATE(IF(Base!AV91=\"Masculin\",\"Monsieur\",IF(Base!AV91=\"Féminin\",\"Madame\",\"\")),\"#chr(13)##chr(10)#\",Base!AW91,\" \",Base!AX91, \"#chr(13)##chr(10)#\",Base!AY91,\" \",Base!AZ91, \"#chr(13)##chr(10)#\",Base!BA91, \"#chr(13)##chr(10)#\",Base!BB91,\" \",Base!BC91),\"\")","v":""},null,"",null,{"$f":"IF(AND(Base!AT91<200,Base!AT91>99),1,0)","v":1},null,0,{"$f":"Base!BG91","v":"HVS.31N"},{"$f":"Base!BH91& \"#chr(13)##chr(10)#\" &Base!BI91","v":"Forfait S3 HVS Martigny - HVS Sion#chr(13)##chr(10)#Trajet simple nuit (20h00-08h00) ou dimanches et jours fériés"},null,{"$f":"Base!BJ91","v":1},{"$f":"Base!BK91","v":660},{"$f":"IF(Base!BL91=\"\",\"\",Base!BL91)","v":""},null,{"$f":"Base!BM91","v":660},null,null,{"$f":"IF(Base!H91=\"Uvrier\",3018,VLOOKUP(FQ93,$GV$2:$GX$7,FM93+1,0))","v":3018},0,0,null,0,null,null,null,null,null,"Libre","BS - 161",null,"BU - 73 - aff",0,null,null,null,null,null,null,null,null,null,null,null,null,null,null,null,null,null,null,null,null,null,null,null,null,null,null,null,null,null,null,null,null,null,{"$f":"Base!AH91&\", \"&Base!AI91","v":"Dorsaz , Jean-Claude"},{"$f":"Base!AN91&\" \"&Base!AO91&\", \"&Base!AK91&\" \"&Base!AL91","v":"1913 Saillon, Sous les Bercles 2"},{"$f":"CONCATENATE(TEXT(DATE(YEAR(Base!AJ91),MONTH(Base!AJ91),DAY(Base!AJ91)),\"jj.mm.aaaa\"),\", \",FN93,IF(Base!D91=\"\",\"\",\" - \"),Base!D91)","v":"15.12.1951, 756.1604.7262.51 - 2433665/8"},{"$f":"Base!AR91","v":"Helsana Assurances SA"},{"$f":"LEFT(Base!J91,10)","v":"2022-01-21"},{"$f":"CONCATENATE(Base!L91,IF(Base!L91=0,\"\",\", \"),Base!M91,\" \",Base!N91,\", \",Base!P91,\" \",Base!Q91)","v":"Hôpital de Martigny, Avenue de la Fusion 27, 1920 Martigny"},{"$f":"CONCATENATE(Base!V91,\", \",Base!Z91,\" \",Base!AA91,\", \",Base!W91,\" \",Base!X91)","v":"Hôpital de Sion, 1950 Sion, Avenue du Grand-Champsec 80"},null,{"$f":"CONCATENATE(RIGHT(LEFT(Base!J91,16),5),\" - \",RIGHT(LEFT(Base!K91,16),5))","v":"23:28 - 00:38"},{"$f":"Base!AF91&\" - \"&Base!I91","v":"Maladie - S3"},null,null,null,null,null,null,null,null,null,null,null,null,null,null,null,null,null,null,{"$f":"Base!H91","v":"Uvrier"},2,null,null,null,null,null,null,null,null,null,2,null,null,null,null,null,null,null,null,null,null,null,null,null,null,null,null,null,null,null,null,null,{"$f":"IF(Base!U91=\"Privée\",2,1)","v":2},{"$f":"IF(OR(LEFT(Base!AS91,1)=\"1\",LEFT(Base!AS91)=\"2\"),RIGHT(Base!AS91,LEN(Base!AS91)-1),Base!AS91)","v":"756.1604.7262.51"},{"$f":"Base!AU91","v":"Établissement"},{"$f":"OR(CONCATENATE(Base!AW91,Base!AX91)=CONCATENATE(Base!AH91,Base!AI91),FO93=\"Établissement\")","v":true},{"$f":"Base!I91","v":"S3"}]
[{"$f":"Base!A92","v":3815},{"$f":"20","v":20},{"$f":"Base!B92","v":"2022-01-28"},null,{"$f":"Base!AE92","v":"VS22002190"},null,null,null,null,null,"<AUTO>",null,null,null,null,"URL (Libre)",null,null,{"$f":"Base!E92&\" - \"&Base!H92&\" - \"&Base!D92","v":"15693 - Uvrier - 2267895/68"},{"$f":"IF(AND(Base!AT92<1000,Base!AT92>99),Base!AT92,IF(FO94=\"Établissement\",VALUE(CONCATENATE(LEN(SUBSTITUTE(V94,\" \",\"\")),LEN(V94),AA94,COLUMN(INDIRECT(LEFT(V94,1)&1)),LEN(SUBSTITUTE(V94,\"-\",\"\")))),IF(FN94=\"\",VALUE(CONCATENATE(COLUMN(INDIRECT(LEFT(W94,1)&1)),COLUMN(INDIRECT(LEFT(X94,1)&1)),AO94,CODE(AA94))),VALUE(SUBSTITUTE(SUBSTITUTE(SUBSTITUTE(FN94,\".\",\"\"),\" \",\"\"),\"-\",\"\")))))","v":101},null,{"$f":"SUBSTITUTE(IF(Base!BF92=0,\"\",Base!BF92),\" (facturation)\",\"\")","v":"Hôpital du Valais - Direction des Finances/Service des fournisseurs"},{"$f":"IF(Base!AW92=0,\"\",Base!AH92)","v":""},{"$f":"IF(Base!AX92=0,\"\",Base!AI92)","v":""},{"$f":"IF(Base!AW92=0,Base!AY92&\" \"&Base!AZ92,Base!AK92&\" \"&Base!AL92)","v":"Avenue Grand-Champsec 86"},{"$f":"IF(IF(Base!AW92=0,Base!BA92,Base!AM92)=0,\"\",IF(Base!AW92=0,Base!BA92,Base!AM92))","v":"Case postale 696"},{"$f":"IF(Base!AW92=0,Base!BB92,Base!AN92)","v":1951},{"$f":"IF(Base!AW92=0,Base!BC92,Base!AO92)","v":"Sion"},null,null,null,null,null,null,null,null,null,null,null,null,{"$f":"Base!AJ92","v":"1944-05-02"},{"$f":"IF(FO94=\"Établissement\",\"\",IF(Base!AG92=\"Masculin\",\"Monsieur\",IF(Base!AG92=\"Féminin\",\"Madame\",\"\")))","v":""},{"$f":"IF(FP94=FALSE,CONCATENATE(IF(Base!AV92=\"Masculin\",\"Monsieur\",IF(Base!AV92=\"Féminin\",\"Madame\",\"\")),\"#chr(13)##chr(10)#\",Base!AW92,\" \",Base!AX92, \"#chr(13)##chr(10)#\",Base!AY92,\" \",Base!AZ92, \"#chr(13)##chr(10)#\",Base!BA92, \"#chr(13)##chr(10)#\",Base!BB92,\" \",Base!BC92),\"\")","v":""},null,"",null,{"$f":"IF(AND(Base!AT92<200,Base!AT92>99),1,0)","v":1},null,0,{"$f":"Base!BG92","v":"HVS.13N"},{"$f":"Base!BH92& \"#chr(13)##chr(10)#\" &Base!BI92","v":"Forfait S3 HVS Sion - HVS Martigny#chr(13)##chr(10)#Trajet simple nuit (20h00-08h00) ou dimanches et jours fériés"},null,{"$f":"Base!BJ92","v":1},{"$f":"Base!BK92","v":660},{"$f":"IF(Base!BL92=\"\",\"\",Base!BL92)","v":""},null,{"$f":"Base!BM92","v":660},null,null,{"$f":"IF(Base!H92=\"Uvrier\",3018,VLOOKUP(FQ94,$GV$2:$GX$7,FM94+1,0))","v":3018},0,0,null,0,null,null,null,null,null,"Libre","BS - 162",null,"BU - 73 - aff",0,null,null,null,null,null,null,null,null,null,null,null,null,null,null,null,null,null,null,null,null,null,null,null,null,null,null,null,null,null,null,null,null,null,{"$f":"Base!AH92&\", \"&Base!AI92","v":"Morand , Josiane-Madeleine "},{"$f":"Base!AN92&\" \"&Base!AO92&\", \"&Base!AK92&\" \"&Base!AL92","v":"1950 Sion, Rue du Scex 32"},{"$f":"CONCATENATE(TEXT(DATE(YEAR(Base!AJ92),MONTH(Base!AJ92),DAY(Base!AJ92)),\"jj.mm.aaaa\"),\", \",FN94,IF(Base!D92=\"\",\"\",\" - \"),Base!D92)","v":"02.05.1944, 756.2626.2176.04 - 2267895/68"},{"$f":"Base!AR92","v":"CSS Kranken- Versicherung AG"},{"$f":"LEFT(Base!J92,10)","v":"2022-01-22"},{"$f":"CONCATENATE(Base!L92,IF(Base!L92=0,\"\",\", \"),Base!M92,\" \",Base!N92,\", \",Base!P92,\" \",Base!Q92)","v":"Hôpital de Sion, Avenue du Grand-Champsec 80, 1950 Sion"},{"$f":"CONCATENATE(Base!V92,\", \",Base!Z92,\" \",Base!AA92,\", \",Base!W92,\" \",Base!X92)","v":"Hôpital de Martigny, 1920 Martigny, Avenue de la Fusion 27"},null,{"$f":"CONCATENATE(RIGHT(LEFT(Base!J92,16),5),\" - \",RIGHT(LEFT(Base!K92,16),5))","v":"00:38 - 02:30"},{"$f":"Base!AF92&\" - \"&Base!I92","v":"Maladie - S3"},null,null,null,null,null,null,null,null,null,null,null,null,null,null,null,null,null,null,{"$f":"Base!H92","v":"Uvrier"},2,null,null,null,null,null,null,null,null,null,2,null,null,null,null,null,null,null,null,null,null,null,null,null,null,null,null,null,null,null,null,null,{"$f":"IF(Base!U92=\"Privée\",2,1)","v":2},{"$f":"IF(OR(LEFT(Base!AS92,1)=\"1\",LEFT(Base!AS92)=\"2\"),RIGHT(Base!AS92,LEN(Base!AS92)-1),Base!AS92)","v":"756.2626.2176.04"},{"$f":"Base!AU92","v":"Établissement"},{"$f":"OR(CONCATENATE(Base!AW92,Base!AX92)=CONCATENATE(Base!AH92,Base!AI92),FO94=\"Établissement\")","v":true},{"$f":"Base!I92","v":"S3"}]
[{"$f":"Base!A93","v":3816},{"$f":"20","v":20},{"$f":"Base!B93","v":"2022-01-28"},null,{"$f":"Base!AE93","v":"VS22002211"},null,null,null,null,null,"<AUTO>",null,null,null,null,"URL (Libre)",null,null,{"$f":"Base!E93&\" - \"&Base!H93&\" - \"&Base!D93","v":"15712 - Uvrier - "},{"$f":"IF(AND(Base!AT93<1000,Base!AT93>99),Base!AT93,IF(FO95=\"Établissement\",VALUE(CONCATENATE(LEN(SUBSTITUTE(V95,\" \",\"\")),LEN(V95),AA95,COLUMN(INDIRECT(LEFT(V95,1)&1)),LEN(SUBSTITUTE(V95,\"-\",\"\")))),IF(FN95=\"\",VALUE(CONCATENATE(COLUMN(INDIRECT(LEFT(W95,1)&1)),COLUMN(INDIRECT(LEFT(X95,1)&1)),AO95,CODE(AA95))),VALUE(SUBSTITUTE(SUBSTITUTE(SUBSTITUTE(FN95,\".\",\"\"),\" \",\"\"),\"-\",\"\")))))","v":101},null,{"$f":"SUBSTITUTE(IF(Base!BF93=0,\"\",Base!BF93),\" (facturation)\",\"\")","v":"Hôpital du Valais - Direction des Finances/Service des fournisseurs"},{"$f":"IF(Base!AW93=0,\"\",Base!AH93)","v":""},{"$f":"IF(Base!AX93=0,\"\",Base!AI93)","v":""},{"$f":"IF(Base!AW93=0,Base!AY93&\" \"&Base!AZ93,Base!AK93&\" \"&Base!AL93)","v":"Avenue Grand-Champsec 86"},{"$f":"IF(IF(Base!AW93=0,Base!BA93,Base!AM93)=0,\"\",IF(Base!AW93=0,Base!BA93,Base!AM93))","v":"Case postale 696"},{"$f":"IF(Base!AW93=0,Base!BB93,Base!AN93)","v":1951},{"$f":"IF(Base!AW93=0,Base!BC93,Base!AO93)","v":"Sion"},null,null,null,null,null,null,null,null,null,null,null,null,{"$f":"Base!AJ93","v":"1962-09-08"},{"$f":"IF(FO95=\"Établissement\",\"\",IF(Base!AG93=\"Masculin\",\"Monsieur\",IF(Base!AG93=\"Féminin\",\"Madame\",\"\")))","v":""},{"$f":"IF(FP95=FALSE,CONCATENATE(IF(Base!AV93=\"Masculin\",\"Monsieur\",IF(Base!AV93=\"Féminin\",\"Madame\",\"\")),\"#chr(13)##chr(10)#\",Base!AW93,\" \",Base!AX93, \"#chr(13)##chr(10)#\",Base!AY93,\" \",Base!AZ93, \"#chr(13)##chr(10)#\",Base!BA93, \"#chr(13)##chr(10)#\",Base!BB93,\" \",Base!BC93),\"\")","v":""},null,"",null,{"$f":"IF(AND(Base!AT93<200,Base!AT93>99),1,0)","v":1},null,0,{"$f":"Base!BG93","v":"HVS.21J"},{"$f":"Base!BH93& \"#chr(13)##chr(10)#\" &Base!BI93","v":"Forfait S3 HVS Sierre - CRR-SUVA Sion#chr(13)##chr(10)#Trajet simple journée (08h00-20h00)"},null,{"$f":"Base!BJ93","v":1},{"$f":"Base!BK93","v":350},{"$f":"IF(Base!BL93=\"\",\"\",Base!BL93)","v":""},null,{"$f":"Base!BM93","v":350},null,null,{"$f":"IF(Base!H93=\"Uvrier\",3018,VLOOKUP(FQ95,$GV$2:$GX$7,FM95+1,0))","v":3018},0,0,null,0,null,null,null,null,null,"Libre","BS - 163",null,"BU - 73 - aff",0,null,null,null,null,null,null,null,null,null,null,null,null,null,null,null,null,null,null,null,null,null,null,null,null,null,null,null,null,null,null,null,null,null,{"$f":"Base!AH93&\", \"&Base!AI93","v":"Villat, Marie-Eliane"},{"$f":"Base!AN93&\" \"&Base!AO93&\", \"&Base!AK93&\" \"&Base!AL93","v":"1950 Sion, Rue de Gravelone 44716"},{"$f":"CONCATENATE(TEXT(DATE(YEAR(Base!AJ93),MONTH(Base!AJ93),DAY(Base!AJ93)),\"jj.mm.aaaa\"),\", \",FN95,IF(Base!D93=\"\",\"\",\" - \"),Base!D93)","v":"08.09.1962, 756.0161.8245.23"},{"$f":"Base!AR93","v":"CSS Kranken- Versicherung AG"},{"$f":"LEFT(Base!J93,10)","v":"2022-01-22"},{"$f":"CONCATENATE(Base!L93,IF(Base!L93=0,\"\",\", \"),Base!M93,\" \",Base!N93,\", \",Base!P93,\" \",Base!Q93)","v":"Hôpital de Sierre, Rue Saint-Charles 14, 3960 Sierre"},{"$f":"CONCATENATE(Base!V93,\", \",Base!Z93,\" \",Base!AA93,\", \",Base!W93,\" \",Base!X93)","v":"Clinique romande de réadaptation SUVA, 1950 Sion, Avenue du Grand-Champsec 90"},null,{"$f":"CONCATENATE(RIGHT(LEFT(Base!J93,16),5),\" - \",RIGHT(LEFT(Base!K93,16),5))","v":"10:33 - 12:11"},{"$f":"Base!AF93&\" - \"&Base!I93","v":"Maladie - S3"},null,null,null,null,null,null,null,null,null,null,null,null,null,null,null,null,null,null,{"$f":"Base!H93","v":"Uvrier"},2,null,null,null,null,null,null,null,null,null,2,null,null,null,null,null,null,null,null,null,null,null,null,null,null,null,null,null,null,null,null,null,{"$f":"IF(Base!U93=\"Privée\",2,1)","v":2},{"$f":"IF(OR(LEFT(Base!AS93,1)=\"1\",LEFT(Base!AS93)=\"2\"),RIGHT(Base!AS93,LEN(Base!AS93)-1),Base!AS93)","v":"756.0161.8245.23"},{"$f":"Base!AU93","v":"Établissement"},{"$f":"OR(CONCATENATE(Base!AW93,Base!AX93)=CONCATENATE(Base!AH93,Base!AI93),FO95=\"Établissement\")","v":true},{"$f":"Base!I93","v":"S3"}]
[{"$f":"Base!A94","v":3818},{"$f":"20","v":20},{"$f":"Base!B94","v":"2022-01-28"},null,{"$f":"Base!AE94","v":"VS22002259"},null,null,null,null,null,"<AUTO>",null,null,null,null,"URL (Libre)",null,null,{"$f":"Base!E94&\" - \"&Base!H94&\" - \"&Base!D94","v":"15757 - Uvrier - 2145775/45"},{"$f":"IF(AND(Base!AT94<1000,Base!AT94>99),Base!AT94,IF(FO96=\"Établissement\",VALUE(CONCATENATE(LEN(SUBSTITUTE(V96,\" \",\"\")),LEN(V96),AA96,COLUMN(INDIRECT(LEFT(V96,1)&1)),LEN(SUBSTITUTE(V96,\"-\",\"\")))),IF(FN96=\"\",VALUE(CONCATENATE(COLUMN(INDIRECT(LEFT(W96,1)&1)),COLUMN(INDIRECT(LEFT(X96,1)&1)),AO96,CODE(AA96))),VALUE(SUBSTITUTE(SUBSTITUTE(SUBSTITUTE(FN96,\".\",\"\"),\" \",\"\"),\"-\",\"\")))))","v":101},null,{"$f":"SUBSTITUTE(IF(Base!BF94=0,\"\",Base!BF94),\" (facturation)\",\"\")","v":"Hôpital du Valais - Direction des Finances/Service des fournisseurs"},{"$f":"IF(Base!AW94=0,\"\",Base!AH94)","v":""},{"$f":"IF(Base!AX94=0,\"\",Base!AI94)","v":""},{"$f":"IF(Base!AW94=0,Base!AY94&\" \"&Base!AZ94,Base!AK94&\" \"&Base!AL94)","v":"Avenue Grand-Champsec 86"},{"$f":"IF(IF(Base!AW94=0,Base!BA94,Base!AM94)=0,\"\",IF(Base!AW94=0,Base!BA94,Base!AM94))","v":"Case postale 696"},{"$f":"IF(Base!AW94=0,Base!BB94,Base!AN94)","v":1951},{"$f":"IF(Base!AW94=0,Base!BC94,Base!AO94)","v":"Sion"},null,null,null,null,null,null,null,null,null,null,null,null,{"$f":"Base!AJ94","v":"1939-10-14"},{"$f":"IF(FO96=\"Établissement\",\"\",IF(Base!AG94=\"Masculin\",\"Monsieur\",IF(Base!AG94=\"Féminin\",\"Madame\",\"\")))","v":""},{"$f":"IF(FP96=FALSE,CONCATENATE(IF(Base!AV94=\"Masculin\",\"Monsieur\",IF(Base!AV94=\"Féminin\",\"Madame\",\"\")),\"#chr(13)##chr(10)#\",Base!AW94,\" \",Base!AX94, \"#chr(13)##chr(10)#\",Base!AY94,\" \",Base!AZ94, \"#chr(13)##chr(10)#\",Base!BA94, \"#chr(13)##chr(10)#\",Base!BB94,\" \",Base!BC94),\"\")","v":""},null,"",null,{"$f":"IF(AND(Base!AT94<200,Base!AT94>99),1,0)","v":1},null,0,{"$f":"Base!BG94","v":"HVS.13J"},{"$f":"Base!BH94& \"#chr(13)##chr(10)#\" &Base!BI94","v":"Forfait S3 HVS Sion - HVS Martigny#chr(13)##chr(10)#Trajet simple journée (08h00-20h00)"},null,{"$f":"Base!BJ94","v":1},{"$f":"Base!BK94","v":440},{"$f":"IF(Base!BL94=\"\",\"\",Base!BL94)","v":""},null,{"$f":"Base!BM94","v":440},null,null,{"$f":"IF(Base!H94=\"Uvrier\",3018,VLOOKUP(FQ96,$GV$2:$GX$7,FM96+1,0))","v":3018},0,0,null,0,null,null,null,null,null,"Libre","BS - 164",null,"BU - 73 - aff",0,null,null,null,null,null,null,null,null,null,null,null,null,null,null,null,null,null,null,null,null,null,null,null,null,null,null,null,null,null,null,null,null,null,{"$f":"Base!AH94&\", \"&Base!AI94","v":"Mauris, Lucie Thérèse"},{"$f":"Base!AN94&\" \"&Base!AO94&\", \"&Base!AK94&\" \"&Base!AL94","v":"1983 Evolène, Route Neuve 51"},{"$f":"CONCATENATE(TEXT(DATE(YEAR(Base!AJ94),MONTH(Base!AJ94),DAY(Base!AJ94)),\"jj.mm.aaaa\"),\", \",FN96,IF(Base!D94=\"\",\"\",\" - \"),Base!D94)","v":"14.10.1939, 756.1814.9985.92 - 2145775/45"},{"$f":"Base!AR94","v":"Progrès Assurances SA"},{"$f":"LEFT(Base!J94,10)","v":"2022-01-22"},{"$f":"CONCATENATE(Base!L94,IF(Base!L94=0,\"\",\", \"),Base!M94,\" \",Base!N94,\", \",Base!P94,\" \",Base!Q94)","v":"Hôpital de Sion, Avenue du Grand-Champsec 80, 1950 Sion"},{"$f":"CONCATENATE(Base!V94,\", \",Base!Z94,\" \",Base!AA94,\", \",Base!W94,\" \",Base!X94)","v":"Hôpital de Martigny, 1920 Martigny, Avenue de la Fusion 27"},null,{"$f":"CONCATENATE(RIGHT(LEFT(Base!J94,16),5),\" - \",RIGHT(LEFT(Base!K94,16),5))","v":"14:17 - 16:15"},{"$f":"Base!AF94&\" - \"&Base!I94","v":"Maladie - S3"},null,null,null,null,null,null,null,null,null,null,null,null,null,null,null,null,null,null,{"$f":"Base!H94","v":"Uvrier"},2,null,null,null,null,null,null,null,null,null,2,null,null,null,null,null,null,null,null,null,null,null,null,null,null,null,null,null,null,null,null,null,{"$f":"IF(Base!U94=\"Privée\",2,1)","v":2},{"$f":"IF(OR(LEFT(Base!AS94,1)=\"1\",LEFT(Base!AS94)=\"2\"),RIGHT(Base!AS94,LEN(Base!AS94)-1),Base!AS94)","v":"756.1814.9985.92"},{"$f":"Base!AU94","v":"Établissement"},{"$f":"OR(CONCATENATE(Base!AW94,Base!AX94)=CONCATENATE(Base!AH94,Base!AI94),FO96=\"Établissement\")","v":true},{"$f":"Base!I94","v":"S3"}]
[{"$f":"Base!A95","v":3820},{"$f":"20","v":20},{"$f":"Base!B95","v":"2022-01-28"},null,{"$f":"Base!AE95","v":"VS22002296"},null,null,null,null,null,"<AUTO>",null,null,null,null,"URL (Libre)",null,null,{"$f":"Base!E95&\" - \"&Base!H95&\" - \"&Base!D95","v":"15794 - Uvrier - 2584732/5"},{"$f":"IF(AND(Base!AT95<1000,Base!AT95>99),Base!AT95,IF(FO97=\"Établissement\",VALUE(CONCATENATE(LEN(SUBSTITUTE(V97,\" \",\"\")),LEN(V97),AA97,COLUMN(INDIRECT(LEFT(V97,1)&1)),LEN(SUBSTITUTE(V97,\"-\",\"\")))),IF(FN97=\"\",VALUE(CONCATENATE(COLUMN(INDIRECT(LEFT(W97,1)&1)),COLUMN(INDIRECT(LEFT(X97,1)&1)),AO97,CODE(AA97))),VALUE(SUBSTITUTE(SUBSTITUTE(SUBSTITUTE(FN97,\".\",\"\"),\" \",\"\"),\"-\",\"\")))))","v":101},null,{"$f":"SUBSTITUTE(IF(Base!BF95=0,\"\",Base!BF95),\" (facturation)\",\"\")","v":"Hôpital du Valais - Direction des Finances/Service des fournisseurs"},{"$f":"IF(Base!AW95=0,\"\",Base!AH95)","v":""},{"$f":"IF(Base!AX95=0,\"\",Base!AI95)","v":""},{"$f":"IF(Base!AW95=0,Base!AY95&\" \"&Base!AZ95,Base!AK95&\" \"&Base!AL95)","v":"Avenue Grand-Champsec 86"},{"$f":"IF(IF(Base!AW95=0,Base!BA95,Base!AM95)=0,\"\",IF(Base!AW95=0,Base!BA95,Base!AM95))","v":"Case postale 696"},{"$f":"IF(Base!AW95=0,Base!BB95,Base!AN95)","v":1951},{"$f":"IF(Base!AW95=0,Base!BC95,Base!AO95)","v":"Sion"},null,null,null,null,null,null,null,null,null,null,null,null,{"$f":"Base!AJ95","v":"1935-03-17"},{"$f":"IF(FO97=\"Établissement\",\"\",IF(Base!AG95=\"Masculin\",\"Monsieur\",IF(Base!AG95=\"Féminin\",\"Madame\",\"\")))","v":""},{"$f":"IF(FP97=FALSE,CONCATENATE(IF(Base!AV95=\"Masculin\",\"Monsieur\",IF(Base!AV95=\"Féminin\",\"Madame\",\"\")),\"#chr(13)##chr(10)#\",Base!AW95,\" \",Base!AX95, \"#chr(13)##chr(10)#\",Base!AY95,\" \",Base!AZ95, \"#chr(13)##chr(10)#\",Base!BA95, \"#chr(13)##chr(10)#\",Base!BB95,\" \",Base!BC95),\"\")","v":""},null,"",null,{"$f":"IF(AND(Base!AT95<200,Base!AT95>99),1,0)","v":1},null,0,{"$f":"Base!BG95","v":"HVS.12J"},{"$f":"Base!BH95& \"#chr(13)##chr(10)#\" &Base!BI95","v":"Forfait S3 HVS Sion - HVS Sierre#chr(13)##chr(10)#Trajet simple journée (08h00-20h00)"},null,{"$f":"Base!BJ95","v":1},{"$f":"Base!BK95","v":350},{"$f":"IF(Base!BL95=\"\",\"\",Base!BL95)","v":""},null,{"$f":"Base!BM95","v":350},null,null,{"$f":"IF(Base!H95=\"Uvrier\",3018,VLOOKUP(FQ97,$GV$2:$GX$7,FM97+1,0))","v":3018},0,0,null,0,null,null,null,null,null,"Libre","BS - 165",null,"BU - 73 - aff",0,null,null,null,null,null,null,null,null,null,null,null,null,null,null,null,null,null,null,null,null,null,null,null,null,null,null,null,null,null,null,null,null,null,{"$f":"Base!AH95&\", \"&Base!AI95","v":"Courtine, Monique"},{"$f":"Base!AN95&\" \"&Base!AO95&\", \"&Base!AK95&\" \"&Base!AL95","v":"1963 Vétroz, Rue du Moulin 16"},{"$f":"CONCATENATE(TEXT(DATE(YEAR(Base!AJ95),MONTH(Base!AJ95),DAY(Base!AJ95)),\"jj.mm.aaaa\"),\", \",FN97,IF(Base!D95=\"\",\"\",\" - \"),Base!D95)","v":"17.03.1935, 756.0399.9129.55 - 2584732/5"},{"$f":"Base!AR95","v":"sodalis gesundheitsgruppe"},{"$f":"LEFT(Base!J95,10)","v":"2022-01-22"},{"$f":"CONCATENATE(Base!L95,IF(Base!L95=0,\"\",\", \"),Base!M95,\" \",Base!N95,\", \",Base!P95,\" \",Base!Q95)","v":"Hôpital de Sion, Avenue du Grand-Champsec 80, 1950 Sion"},{"$f":"CONCATENATE(Base!V95,\", \",Base!Z95,\" \",Base!AA95,\", \",Base!W95,\" \",Base!X95)","v":"Hôpital de Sierre, 3960 Sierre, Rue Saint-Charles 14"},null,{"$f":"CONCATENATE(RIGHT(LEFT(Base!J95,16),5),\" - \",RIGHT(LEFT(Base!K95,16),5))","v":"17:22 - 18:42"},{"$f":"Base!AF95&\" - \"&Base!I95","v":"Maladie - S3"},null,null,null,null,null,null,null,null,null,null,null,null,null,null,null,null,null,null,{"$f":"Base!H95","v":"Uvrier"},2,null,null,null,null,null,null,null,null,null,2,null,null,null,null,null,null,null,null,null,null,null,null,null,null,null,null,null,null,null,null,null,{"$f":"IF(Base!U95=\"Privée\",2,1)","v":2},{"$f":"IF(OR(LEFT(Base!AS95,1)=\"1\",LEFT(Base!AS95)=\"2\"),RIGHT(Base!AS95,LEN(Base!AS95)-1),Base!AS95)","v":"756.0399.9129.55"},{"$f":"Base!AU95","v":"Établissement"},{"$f":"OR(CONCATENATE(Base!AW95,Base!AX95)=CONCATENATE(Base!AH95,Base!AI95),FO97=\"Établissement\")","v":true},{"$f":"Base!I95","v":"S3"}]
[{"$f":"Base!A96","v":3822},{"$f":"20","v":20},{"$f":"Base!B96","v":"2022-01-28"},null,{"$f":"Base!AE96","v":"VS22002306"},null,null,null,null,null,"<AUTO>",null,null,null,null,"URL (Libre)",null,null,{"$f":"Base!E96&\" - \"&Base!H96&\" - \"&Base!D96","v":"15802 - Uvrier - 2138018/19"},{"$f":"IF(AND(Base!AT96<1000,Base!AT96>99),Base!AT96,IF(FO98=\"Établissement\",VALUE(CONCATENATE(LEN(SUBSTITUTE(V98,\" \",\"\")),LEN(V98),AA98,COLUMN(INDIRECT(LEFT(V98,1)&1)),LEN(SUBSTITUTE(V98,\"-\",\"\")))),IF(FN98=\"\",VALUE(CONCATENATE(COLUMN(INDIRECT(LEFT(W98,1)&1)),COLUMN(INDIRECT(LEFT(X98,1)&1)),AO98,CODE(AA98))),VALUE(SUBSTITUTE(SUBSTITUTE(SUBSTITUTE(FN98,\".\",\"\"),\" \",\"\"),\"-\",\"\")))))","v":101},null,{"$f":"SUBSTITUTE(IF(Base!BF96=0,\"\",Base!BF96),\" (facturation)\",\"\")","v":"Hôpital du Valais - Direction des Finances/Service des fournisseurs"},{"$f":"IF(Base!AW96=0,\"\",Base!AH96)","v":""},{"$f":"IF(Base!AX96=0,\"\",Base!AI96)","v":""},{"$f":"IF(Base!AW96=0,Base!AY96&\" \"&Base!AZ96,Base!AK96&\" \"&Base!AL96)","v":"Avenue Grand-Champsec 86"},{"$f":"IF(IF(Base!AW96=0,Base!BA96,Base!AM96)=0,\"\",IF(Base!AW96=0,Base!BA96,Base!AM96))","v":"Case postale 696"},{"$f":"IF(Base!AW96=0,Base!BB96,Base!AN96)","v":1951},{"$f":"IF(Base!AW96=0,Base!BC96,Base!AO96)","v":"Sion"},null,null,null,null,null,null,null,null,null,null,null,null,{"$f":"Base!AJ96","v":"1944-02-03"},{"$f":"IF(FO98=\"Établissement\",\"\",IF(Base!AG96=\"Masculin\",\"Monsieur\",IF(Base!AG96=\"Féminin\",\"Madame\",\"\")))","v":""},{"$f":"IF(FP98=FALSE,CONCATENATE(IF(Base!AV96=\"Masculin\",\"Monsieur\",IF(Base!AV96=\"Féminin\",\"Madame\",\"\")),\"#chr(13)##chr(10)#\",Base!AW96,\" \",Base!AX96, \"#chr(13)##chr(10)#\",Base!AY96,\" \",Base!AZ96, \"#chr(13)##chr(10)#\",Base!BA96, \"#chr(13)##chr(10)#\",Base!BB96,\" \",Base!BC96),\"\")","v":""},null,"",null,{"$f":"IF(AND(Base!AT96<200,Base!AT96>99),1,0)","v":1},null,0,{"$f":"Base!BG96","v":"HVS.13J"},{"$f":"Base!BH96& \"#chr(13)##chr(10)#\" &Base!BI96","v":"Forfait S3 HVS Sion - HVS Martigny#chr(13)##chr(10)#Trajet simple journée (08h00-20h00)"},null,{"$f":"Base!BJ96","v":1},{"$f":"Base!BK96","v":440},{"$f":"IF(Base!BL96=\"\",\"\",Base!BL96)","v":""},null,{"$f":"Base!BM96","v":440},null,null,{"$f":"IF(Base!H96=\"Uvrier\",3018,VLOOKUP(FQ98,$GV$2:$GX$7,FM98+1,0))","v":3018},0,0,null,0,null,null,null,null,null,"Libre","BS - 166",null,"BU - 73 - aff",0,null,null,null,null,null,null,null,null,null,null,null,null,null,null,null,null,null,null,null,null,null,null,null,null,null,null,null,null,null,null,null,null,null,{"$f":"Base!AH96&\", \"&Base!AI96","v":"Burnier, Antoinette"},{"$f":"Base!AN96&\" \"&Base!AO96&\", \"&Base!AK96&\" \"&Base!AL96","v":"1870 Monthey, Rue des Marmettes 2"},{"$f":"CONCATENATE(TEXT(DATE(YEAR(Base!AJ96),MONTH(Base!AJ96),DAY(Base!AJ96)),\"jj.mm.aaaa\"),\", \",FN98,IF(Base!D96=\"\",\"\",\" - \"),Base!D96)","v":"03.02.1944, 756.6688.3635.45 - 2138018/19"},{"$f":"Base!AR96","v":"Visana AG"},{"$f":"LEFT(Base!J96,10)","v":"2022-01-22"},{"$f":"CONCATENATE(Base!L96,IF(Base!L96=0,\"\",\", \"),Base!M96,\" \",Base!N96,\", \",Base!P96,\" \",Base!Q96)","v":"Hôpital de Sion, Avenue du Grand-Champsec 80, 1950 Sion"},{"$f":"CONCATENATE(Base!V96,\", \",Base!Z96,\" \",Base!AA96,\", \",Base!W96,\" \",Base!X96)","v":"Hôpital de Martigny, 1920 Martigny, Avenue de la Fusion 27"},null,{"$f":"CONCATENATE(RIGHT(LEFT(Base!J96,16),5),\" - \",RIGHT(LEFT(Base!K96,16),5))","v":"19:14 - 20:56"},{"$f":"Base!AF96&\" - \"&Base!I96","v":"Maladie - S3"},null,null,null,null,null,null,null,null,null,null,null,null,null,null,null,null,null,null,{"$f":"Base!H96","v":"Uvrier"},2,null,null,null,null,null,null,null,null,null,2,null,null,null,null,null,null,null,null,null,null,null,null,null,null,null,null,null,null,null,null,null,{"$f":"IF(Base!U96=\"Privée\",2,1)","v":2},{"$f":"IF(OR(LEFT(Base!AS96,1)=\"1\",LEFT(Base!AS96)=\"2\"),RIGHT(Base!AS96,LEN(Base!AS96)-1),Base!AS96)","v":"756.6688.3635.45"},{"$f":"Base!AU96","v":"Établissement"},{"$f":"OR(CONCATENATE(Base!AW96,Base!AX96)=CONCATENATE(Base!AH96,Base!AI96),FO98=\"Établissement\")","v":true},{"$f":"Base!I96","v":"S3"}]
[{"$f":"Base!A97","v":3827},{"$f":"20","v":20},{"$f":"Base!B97","v":"2022-01-28"},null,{"$f":"Base!AE97","v":"VS22002333"},null,null,null,null,null,"<AUTO>",null,null,null,null,"URL (Libre)",null,null,{"$f":"Base!E97&\" - \"&Base!H97&\" - \"&Base!D97","v":"15829 - Uvrier - 2827152/1"},{"$f":"IF(AND(Base!AT97<1000,Base!AT97>99),Base!AT97,IF(FO99=\"Établissement\",VALUE(CONCATENATE(LEN(SUBSTITUTE(V99,\" \",\"\")),LEN(V99),AA99,COLUMN(INDIRECT(LEFT(V99,1)&1)),LEN(SUBSTITUTE(V99,\"-\",\"\")))),IF(FN99=\"\",VALUE(CONCATENATE(COLUMN(INDIRECT(LEFT(W99,1)&1)),COLUMN(INDIRECT(LEFT(X99,1)&1)),AO99,CODE(AA99))),VALUE(SUBSTITUTE(SUBSTITUTE(SUBSTITUTE(FN99,\".\",\"\"),\" \",\"\"),\"-\",\"\")))))","v":101},null,{"$f":"SUBSTITUTE(IF(Base!BF97=0,\"\",Base!BF97),\" (facturation)\",\"\")","v":"Hôpital du Valais - Direction des Finances/Service des fournisseurs"},{"$f":"IF(Base!AW97=0,\"\",Base!AH97)","v":""},{"$f":"IF(Base!AX97=0,\"\",Base!AI97)","v":""},{"$f":"IF(Base!AW97=0,Base!AY97&\" \"&Base!AZ97,Base!AK97&\" \"&Base!AL97)","v":"Avenue Grand-Champsec 86"},{"$f":"IF(IF(Base!AW97=0,Base!BA97,Base!AM97)=0,\"\",IF(Base!AW97=0,Base!BA97,Base!AM97))","v":"Case postale 696"},{"$f":"IF(Base!AW97=0,Base!BB97,Base!AN97)","v":1951},{"$f":"IF(Base!AW97=0,Base!BC97,Base!AO97)","v":"Sion"},null,null,null,null,null,null,null,null,null,null,null,null,{"$f":"Base!AJ97","v":"2004-10-26"},{"$f":"IF(FO99=\"Établissement\",\"\",IF(Base!AG97=\"Masculin\",\"Monsieur\",IF(Base!AG97=\"Féminin\",\"Madame\",\"\")))","v":""},{"$f":"IF(FP99=FALSE,CONCATENATE(IF(Base!AV97=\"Masculin\",\"Monsieur\",IF(Base!AV97=\"Féminin\",\"Madame\",\"\")),\"#chr(13)##chr(10)#\",Base!AW97,\" \",Base!AX97, \"#chr(13)##chr(10)#\",Base!AY97,\" \",Base!AZ97, \"#chr(13)##chr(10)#\",Base!BA97, \"#chr(13)##chr(10)#\",Base!BB97,\" \",Base!BC97),\"\")","v":""},null,"",null,{"$f":"IF(AND(Base!AT97<200,Base!AT97>99),1,0)","v":1},null,0,{"$f":"Base!BG97","v":"HVS.112N"},{"$f":"Base!BH97& \"#chr(13)##chr(10)#\" &Base!BI97","v":"Forfait S3 HVS Sion - Clinique La Colline Genève#chr(13)##chr(10)#Trajet simple nuit (20h00-08h00) ou dimanches et jours fériés"},null,{"$f":"Base!BJ97","v":1},{"$f":"Base!BK97","v":2693},{"$f":"IF(Base!BL97=\"\",\"\",Base!BL97)","v":""},null,{"$f":"Base!BM97","v":2693},null,null,{"$f":"IF(Base!H97=\"Uvrier\",3018,VLOOKUP(FQ99,$GV$2:$GX$7,FM99+1,0))","v":3018},0,0,null,0,null,null,null,null,null,"Libre","BS - 167",null,"BU - 73 - aff",0,null,null,null,null,null,null,null,null,null,null,null,null,null,null,null,null,null,null,null,null,null,null,null,null,null,null,null,null,null,null,null,null,null,{"$f":"Base!AH97&\", \"&Base!AI97","v":"Barthassat, Zoé"},{"$f":"Base!AN97&\" \"&Base!AO97&\", \"&Base!AK97&\" \"&Base!AL97","v":"1256 Troinex, Chemin de Drize 16"},{"$f":"CONCATENATE(TEXT(DATE(YEAR(Base!AJ97),MONTH(Base!AJ97),DAY(Base!AJ97)),\"jj.mm.aaaa\"),\", \",FN99,IF(Base!D97=\"\",\"\",\" - \"),Base!D97)","v":"26.10.2004, 756.6876.1115.76 - 2827152/1"},{"$f":"Base!AR97","v":"Helsana Assurances SA"},{"$f":"LEFT(Base!J97,10)","v":"2022-01-23"},{"$f":"CONCATENATE(Base!L97,IF(Base!L97=0,\"\",\", \"),Base!M97,\" \",Base!N97,\", \",Base!P97,\" \",Base!Q97)","v":"Hôpital de Sion, Avenue du Grand-Champsec 80, 1950 Sion"},{"$f":"CONCATENATE(Base!V97,\", \",Base!Z97,\" \",Base!AA97,\", \",Base!W97,\" \",Base!X97)","v":"Hirslanden Clinique la Colline, 1206 Genève, Avenue de Beau-Séjour 6"},null,{"$f":"CONCATENATE(RIGHT(LEFT(Base!J97,16),5),\" - \",RIGHT(LEFT(Base!K97,16),5))","v":"08:46 - 13:42"},{"$f":"Base!AF97&\" - \"&Base!I97","v":"Accident - S3"},null,null,null,null,null,null,null,null,null,null,null,null,null,null,null,null,null,null,{"$f":"Base!H97","v":"Uvrier"},2,null,null,null,null,null,null,null,null,null,2,null,null,null,null,null,null,null,null,null,null,null,null,null,null,null,null,null,null,null,null,null,{"$f":"IF(Base!U97=\"Privée\",2,1)","v":2},{"$f":"IF(OR(LEFT(Base!AS97,1)=\"1\",LEFT(Base!AS97)=\"2\"),RIGHT(Base!AS97,LEN(Base!AS97)-1),Base!AS97)","v":"756.6876.1115.76"},{"$f":"Base!AU97","v":"Établissement"},{"$f":"OR(CONCATENATE(Base!AW97,Base!AX97)=CONCATENATE(Base!AH97,Base!AI97),FO99=\"Établissement\")","v":true},{"$f":"Base!I97","v":"S3"}]
[{"$f":"Base!A98","v":3828},{"$f":"20","v":20},{"$f":"Base!B98","v":"2022-01-28"},null,{"$f":"Base!AE98","v":"VS22002375"},null,null,null,null,null,"<AUTO>",null,null,null,null,"URL (Libre)",null,null,{"$f":"Base!E98&\" - \"&Base!H98&\" - \"&Base!D98","v":"15870 - Uvrier - 2017142/29"},{"$f":"IF(AND(Base!AT98<1000,Base!AT98>99),Base!AT98,IF(FO100=\"Établissement\",VALUE(CONCATENATE(LEN(SUBSTITUTE(V100,\" \",\"\")),LEN(V100),AA100,COLUMN(INDIRECT(LEFT(V100,1)&1)),LEN(SUBSTITUTE(V100,\"-\",\"\")))),IF(FN100=\"\",VALUE(CONCATENATE(COLUMN(INDIRECT(LEFT(W100,1)&1)),COLUMN(INDIRECT(LEFT(X100,1)&1)),AO100,CODE(AA100))),VALUE(SUBSTITUTE(SUBSTITUTE(SUBSTITUTE(FN100,\".\",\"\"),\" \",\"\"),\"-\",\"\")))))","v":101},null,{"$f":"SUBSTITUTE(IF(Base!BF98=0,\"\",Base!BF98),\" (facturation)\",\"\")","v":"Hôpital du Valais - Direction des Finances/Service des fournisseurs"},{"$f":"IF(Base!AW98=0,\"\",Base!AH98)","v":""},{"$f":"IF(Base!AX98=0,\"\",Base!AI98)","v":""},{"$f":"IF(Base!AW98=0,Base!AY98&\" \"&Base!AZ98,Base!AK98&\" \"&Base!AL98)","v":"Avenue Grand-Champsec 86"},{"$f":"IF(IF(Base!AW98=0,Base!BA98,Base!AM98)=0,\"\",IF(Base!AW98=0,Base!BA98,Base!AM98))","v":"Case postale 696"},{"$f":"IF(Base!AW98=0,Base!BB98,Base!AN98)","v":1951},{"$f":"IF(Base!AW98=0,Base!BC98,Base!AO98)","v":"Sion"},null,null,null,null,null,null,null,null,null,null,null,null,{"$f":"Base!AJ98","v":"1967-09-11"},{"$f":"IF(FO100=\"Établissement\",\"\",IF(Base!AG98=\"Masculin\",\"Monsieur\",IF(Base!AG98=\"Féminin\",\"Madame\",\"\")))","v":""},{"$f":"IF(FP100=FALSE,CONCATENATE(IF(Base!AV98=\"Masculin\",\"Monsieur\",IF(Base!AV98=\"Féminin\",\"Madame\",\"\")),\"#chr(13)##chr(10)#\",Base!AW98,\" \",Base!AX98, \"#chr(13)##chr(10)#\",Base!AY98,\" \",Base!AZ98, \"#chr(13)##chr(10)#\",Base!BA98, \"#chr(13)##chr(10)#\",Base!BB98,\" \",Base!BC98),\"\")","v":""},null,"",null,{"$f":"IF(AND(Base!AT98<200,Base!AT98>99),1,0)","v":1},null,0,{"$f":"Base!BG98","v":"HVS.37N"},{"$f":"Base!BH98& \"#chr(13)##chr(10)#\" &Base!BI98","v":"Forfait S3 HVS Martigny - Malévoz#chr(13)##chr(10)#Trajet simple nuit (20h00-08h00) ou dimanches et jours fériés"},null,{"$f":"Base!BJ98","v":1},{"$f":"Base!BK98","v":525},{"$f":"IF(Base!BL98=\"\",\"\",Base!BL98)","v":""},null,{"$f":"Base!BM98","v":525},null,null,{"$f":"IF(Base!H98=\"Uvrier\",3018,VLOOKUP(FQ100,$GV$2:$GX$7,FM100+1,0))","v":3018},0,0,null,0,null,null,null,null,null,"Libre","BS - 168",null,"BU - 73 - aff",0,null,null,null,null,null,null,null,null,null,null,null,null,null,null,null,null,null,null,null,null,null,null,null,null,null,null,null,null,null,null,null,null,null,{"$f":"Base!AH98&\", \"&Base!AI98","v":"Carron, Anne-Sophie"},{"$f":"Base!AN98&\" \"&Base!AO98&\", \"&Base!AK98&\" \"&Base!AL98","v":"1926 Fully, Route de Saillon 28A"},{"$f":"CONCATENATE(TEXT(DATE(YEAR(Base!AJ98),MONTH(Base!AJ98),DAY(Base!AJ98)),\"jj.mm.aaaa\"),\", \",FN100,IF(Base!D98=\"\",\"\",\" - \"),Base!D98)","v":"11.09.1967, 756.8259.1340.97 - 2017142/29"},{"$f":"Base!AR98","v":"Mutuel Assurance Maladie SA"},{"$f":"LEFT(Base!J98,10)","v":"2022-01-23"},{"$f":"CONCATENATE(Base!L98,IF(Base!L98=0,\"\",\", \"),Base!M98,\" \",Base!N98,\", \",Base!P98,\" \",Base!Q98)","v":"Hôpital de Martigny, Avenue de la Fusion 27, 1920 Martigny"},{"$f":"CONCATENATE(Base!V98,\", \",Base!Z98,\" \",Base!AA98,\", \",Base!W98,\" \",Base!X98)","v":"Hôpital de Malévoz, 1870 Monthey, Route de Morgins 10"},null,{"$f":"CONCATENATE(RIGHT(LEFT(Base!J98,16),5),\" - \",RIGHT(LEFT(Base!K98,16),5))","v":"14:27 - 16:08"},{"$f":"Base!AF98&\" - \"&Base!I98","v":"Maladie - S3"},null,null,null,null,null,null,null,null,null,null,null,null,null,null,null,null,null,null,{"$f":"Base!H98","v":"Uvrier"},2,null,null,null,null,null,null,null,null,null,2,null,null,null,null,null,null,null,null,null,null,null,null,null,null,null,null,null,null,null,null,null,{"$f":"IF(Base!U98=\"Privée\",2,1)","v":2},{"$f":"IF(OR(LEFT(Base!AS98,1)=\"1\",LEFT(Base!AS98)=\"2\"),RIGHT(Base!AS98,LEN(Base!AS98)-1),Base!AS98)","v":"756.8259.1340.97"},{"$f":"Base!AU98","v":"Établissement"},{"$f":"OR(CONCATENATE(Base!AW98,Base!AX98)=CONCATENATE(Base!AH98,Base!AI98),FO100=\"Établissement\")","v":true},{"$f":"Base!I98","v":"S3"}]
[{"$f":"Base!A99","v":3862},{"$f":"20","v":20},{"$f":"Base!B99","v":"2022-01-28"},null,{"$f":"Base!AE99","v":"VS22002448"},null,null,null,null,null,"<AUTO>",null,null,null,null,"URL (Libre)",null,null,{"$f":"Base!E99&\" - \"&Base!H99&\" - \"&Base!D99","v":"15941 - Uvrier - "},{"$f":"IF(AND(Base!AT99<1000,Base!AT99>99),Base!AT99,IF(FO101=\"Établissement\",VALUE(CONCATENATE(LEN(SUBSTITUTE(V101,\" \",\"\")),LEN(V101),AA101,COLUMN(INDIRECT(LEFT(V101,1)&1)),LEN(SUBSTITUTE(V101,\"-\",\"\")))),IF(FN101=\"\",VALUE(CONCATENATE(COLUMN(INDIRECT(LEFT(W101,1)&1)),COLUMN(INDIRECT(LEFT(X101,1)&1)),AO101,CODE(AA101))),VALUE(SUBSTITUTE(SUBSTITUTE(SUBSTITUTE(FN101,\".\",\"\"),\" \",\"\"),\"-\",\"\")))))","v":7569865111137},null,{"$f":"SUBSTITUTE(IF(Base!BF99=0,\"\",Base!BF99),\" (facturation)\",\"\")","v":""},{"$f":"IF(Base!AW99=0,\"\",Base!AH99)","v":"Voumard"},{"$f":"IF(Base!AX99=0,\"\",Base!AI99)","v":"Margrit"},{"$f":"IF(Base!AW99=0,Base!AY99&\" \"&Base!AZ99,Base!AK99&\" \"&Base!AL99)","v":"Route de Saint-Cergue 11"},{"$f":"IF(IF(Base!AW99=0,Base!BA99,Base!AM99)=0,\"\",IF(Base!AW99=0,Base!BA99,Base!AM99))","v":"EMS La Clairière"},{"$f":"IF(Base!AW99=0,Base!BB99,Base!AN99)","v":1295},{"$f":"IF(Base!AW99=0,Base!BC99,Base!AO99)","v":"Mies"},null,null,null,null,null,null,null,null,null,null,null,null,{"$f":"Base!AJ99","v":"1937-03-31"},{"$f":"IF(FO101=\"Établissement\",\"\",IF(Base!AG99=\"Masculin\",\"Monsieur\",IF(Base!AG99=\"Féminin\",\"Madame\",\"\")))","v":"Madame"},{"$f":"IF(FP101=FALSE,CONCATENATE(IF(Base!AV99=\"Masculin\",\"Monsieur\",IF(Base!AV99=\"Féminin\",\"Madame\",\"\")),\"#chr(13)##chr(10)#\",Base!AW99,\" \",Base!AX99, \"#chr(13)##chr(10)#\",Base!AY99,\" \",Base!AZ99, \"#chr(13)##chr(10)#\",Base!BA99, \"#chr(13)##chr(10)#\",Base!BB99,\" \",Base!BC99),\"\")","v":""},null,"Madame",null,{"$f":"IF(AND(Base!AT99<200,Base!AT99>99),1,0)","v":0},null,0,{"$f":"Base!BG99","v":47073},{"$f":"Base!BH99& \"#chr(13)##chr(10)#\" &Base!BI99","v":"Intervention programmée#chr(13)##chr(10)#Y compris 30 km roulés"},null,{"$f":"Base!BJ99","v":1},{"$f":"Base!BK99","v":412},{"$f":"IF(Base!BL99=\"\",\"\",Base!BL99)","v":""},null,{"$f":"Base!BM99","v":412},null,null,{"$f":"IF(Base!H99=\"Uvrier\",3018,VLOOKUP(FQ101,$GV$2:$GX$7,FM101+1,0))","v":3018},0,0,null,0,null,null,null,null,null,"Libre","BS - 169",null,"BU - 73 - aff",0,null,null,null,null,null,null,null,null,null,null,null,null,null,null,null,null,null,null,null,null,null,null,null,null,null,null,null,null,null,null,null,null,null,{"$f":"Base!AH99&\", \"&Base!AI99","v":"Voumard, Margrit"},{"$f":"Base!AN99&\" \"&Base!AO99&\", \"&Base!AK99&\" \"&Base!AL99","v":"1295 Mies, Route de Saint-Cergue 11"},{"$f":"CONCATENATE(TEXT(DATE(YEAR(Base!AJ99),MONTH(Base!AJ99),DAY(Base!AJ99)),\"jj.mm.aaaa\"),\", \",FN101,IF(Base!D99=\"\",\"\",\" - \"),Base!D99)","v":"31.03.1937, 756.9865.1111.37"},{"$f":"Base!AR99","v":"Helsana Assurances SA 8081 Zurich"},{"$f":"LEFT(Base!J99,10)","v":"2022-01-24"},{"$f":"CONCATENATE(Base!L99,IF(Base!L99=0,\"\",\", \"),Base!M99,\" \",Base!N99,\", \",Base!P99,\" \",Base!Q99)","v":"Hôpital Riviera-Chablais (HRC), Site de la Providence, Avenue de la Prairie 3, 1800 Vevey"},{"$f":"CONCATENATE(Base!V99,\", \",Base!Z99,\" \",Base!AA99,\", \",Base!W99,\" \",Base!X99)","v":"EMS La Clairière, 1295 Mies, Route de Saint-Cergue 11"},null,{"$f":"CONCATENATE(RIGHT(LEFT(Base!J99,16),5),\" - \",RIGHT(LEFT(Base!K99,16),5))","v":"12:45 - 15:10"},{"$f":"Base!AF99&\" - \"&Base!I99","v":"Maladie - S3"},null,null,null,null,null,null,null,null,null,null,null,null,null,null,null,null,null,null,{"$f":"Base!H99","v":"Uvrier"},2,null,null,null,null,null,null,null,null,null,2,null,null,null,null,null,null,null,null,null,null,null,null,null,null,null,null,null,null,null,null,null,{"$f":"IF(Base!U99=\"Privée\",2,1)","v":2},{"$f":"IF(OR(LEFT(Base!AS99,1)=\"1\",LEFT(Base!AS99)=\"2\"),RIGHT(Base!AS99,LEN(Base!AS99)-1),Base!AS99)","v":"756.9865.1111.37"},{"$f":"Base!AU99","v":"Personne"},{"$f":"OR(CONCATENATE(Base!AW99,Base!AX99)=CONCATENATE(Base!AH99,Base!AI99),FO101=\"Établissement\")","v":true},{"$f":"Base!I99","v":"S3"}]
[{"$f":"Base!A100","v":3862},{"$f":"20","v":20},{"$f":"Base!B100","v":"2022-01-28"},null,{"$f":"Base!AE100","v":"VS22002448"},null,null,null,null,null,"<AUTO>",null,null,null,null,"URL (Libre)",null,null,{"$f":"Base!E100&\" - \"&Base!H100&\" - \"&Base!D100","v":"15941 - Uvrier - "},{"$f":"IF(AND(Base!AT100<1000,Base!AT100>99),Base!AT100,IF(FO102=\"Établissement\",VALUE(CONCATENATE(LEN(SUBSTITUTE(V102,\" \",\"\")),LEN(V102),AA102,COLUMN(INDIRECT(LEFT(V102,1)&1)),LEN(SUBSTITUTE(V102,\"-\",\"\")))),IF(FN102=\"\",VALUE(CONCATENATE(COLUMN(INDIRECT(LEFT(W102,1)&1)),COLUMN(INDIRECT(LEFT(X102,1)&1)),AO102,CODE(AA102))),VALUE(SUBSTITUTE(SUBSTITUTE(SUBSTITUTE(FN102,\".\",\"\"),\" \",\"\"),\"-\",\"\")))))","v":7569865111137},null,{"$f":"SUBSTITUTE(IF(Base!BF100=0,\"\",Base!BF100),\" (facturation)\",\"\")","v":""},{"$f":"IF(Base!AW100=0,\"\",Base!AH100)","v":"Voumard"},{"$f":"IF(Base!AX100=0,\"\",Base!AI100)","v":"Margrit"},{"$f":"IF(Base!AW100=0,Base!AY100&\" \"&Base!AZ100,Base!AK100&\" \"&Base!AL100)","v":"Route de Saint-Cergue 11"},{"$f":"IF(IF(Base!AW100=0,Base!BA100,Base!AM100)=0,\"\",IF(Base!AW100=0,Base!BA100,Base!AM100))","v":"EMS La Clairière"},{"$f":"IF(Base!AW100=0,Base!BB100,Base!AN100)","v":1295},{"$f":"IF(Base!AW100=0,Base!BC100,Base!AO100)","v":"Mies"},null,null,null,null,null,null,null,null,null,null,null,null,{"$f":"Base!AJ100","v":"1937-03-31"},{"$f":"IF(FO102=\"Établissement\",\"\",IF(Base!AG100=\"Masculin\",\"Monsieur\",IF(Base!AG100=\"Féminin\",\"Madame\",\"\")))","v":"Madame"},{"$f":"IF(FP102=FALSE,CONCATENATE(IF(Base!AV100=\"Masculin\",\"Monsieur\",IF(Base!AV100=\"Féminin\",\"Madame\",\"\")),\"#chr(13)##chr(10)#\",Base!AW100,\" \",Base!AX100, \"#chr(13)##chr(10)#\",Base!AY100,\" \",Base!AZ100, \"#chr(13)##chr(10)#\",Base!BA100, \"#chr(13)##chr(10)#\",Base!BB100,\" \",Base!BC100),\"\")","v":""},null,"Madame",null,{"$f":"IF(AND(Base!AT100<200,Base!AT100>99),1,0)","v":0},null,0,{"$f":"Base!BG100","v":47075},{"$f":"Base!BH100& \"#chr(13)##chr(10)#\" &Base!BI100","v":"Indemnisation kilométrique#chr(13)##chr(10)#(31-60 km)"},null,{"$f":"Base!BJ100","v":30},{"$f":"Base!BK100","v":4.8},{"$f":"IF(Base!BL100=\"\",\"\",Base!BL100)","v":"km"},null,{"$f":"Base!BM100","v":144},null,null,{"$f":"IF(Base!H100=\"Uvrier\",3018,VLOOKUP(FQ102,$GV$2:$GX$7,FM102+1,0))","v":3018},0,0,null,0,null,null,null,null,null,"Libre","BS - 170",null,"BU - 73 - aff",0,null,null,null,null,null,null,null,null,null,null,null,null,null,null,null,null,null,null,null,null,null,null,null,null,null,null,null,null,null,null,null,null,null,{"$f":"Base!AH100&\", \"&Base!AI100","v":"Voumard, Margrit"},{"$f":"Base!AN100&\" \"&Base!AO100&\", \"&Base!AK100&\" \"&Base!AL100","v":"1295 Mies, Route de Saint-Cergue 11"},{"$f":"CONCATENATE(TEXT(DATE(YEAR(Base!AJ100),MONTH(Base!AJ100),DAY(Base!AJ100)),\"jj.mm.aaaa\"),\", \",FN102,IF(Base!D100=\"\",\"\",\" - \"),Base!D100)","v":"31.03.1937, 756.9865.1111.37"},{"$f":"Base!AR100","v":"Helsana Assurances SA 8081 Zurich"},{"$f":"LEFT(Base!J100,10)","v":"2022-01-24"},{"$f":"CONCATENATE(Base!L100,IF(Base!L100=0,\"\",\", \"),Base!M100,\" \",Base!N100,\", \",Base!P100,\" \",Base!Q100)","v":"Hôpital Riviera-Chablais (HRC), Site de la Providence, Avenue de la Prairie 3, 1800 Vevey"},{"$f":"CONCATENATE(Base!V100,\", \",Base!Z100,\" \",Base!AA100,\", \",Base!W100,\" \",Base!X100)","v":"EMS La Clairière, 1295 Mies, Route de Saint-Cergue 11"},null,{"$f":"CONCATENATE(RIGHT(LEFT(Base!J100,16),5),\" - \",RIGHT(LEFT(Base!K100,16),5))","v":"12:45 - 15:10"},{"$f":"Base!AF100&\" - \"&Base!I100","v":"Maladie - S3"},null,null,null,null,null,null,null,null,null,null,null,null,null,null,null,null,null,null,{"$f":"Base!H100","v":"Uvrier"},2,null,null,null,null,null,null,null,null,null,2,null,null,null,null,null,null,null,null,null,null,null,null,null,null,null,null,null,null,null,null,null,{"$f":"IF(Base!U100=\"Privée\",2,1)","v":2},{"$f":"IF(OR(LEFT(Base!AS100,1)=\"1\",LEFT(Base!AS100)=\"2\"),RIGHT(Base!AS100,LEN(Base!AS100)-1),Base!AS100)","v":"756.9865.1111.37"},{"$f":"Base!AU100","v":"Personne"},{"$f":"OR(CONCATENATE(Base!AW100,Base!AX100)=CONCATENATE(Base!AH100,Base!AI100),FO102=\"Établissement\")","v":true},{"$f":"Base!I100","v":"S3"}]
[{"$f":"Base!A101","v":3862},{"$f":"20","v":20},{"$f":"Base!B101","v":"2022-01-28"},null,{"$f":"Base!AE101","v":"VS22002448"},null,null,null,null,null,"<AUTO>",null,null,null,null,"URL (Libre)",null,null,{"$f":"Base!E101&\" - \"&Base!H101&\" - \"&Base!D101","v":"15941 - Uvrier - "},{"$f":"IF(AND(Base!AT101<1000,Base!AT101>99),Base!AT101,IF(FO103=\"Établissement\",VALUE(CONCATENATE(LEN(SUBSTITUTE(V103,\" \",\"\")),LEN(V103),AA103,COLUMN(INDIRECT(LEFT(V103,1)&1)),LEN(SUBSTITUTE(V103,\"-\",\"\")))),IF(FN103=\"\",VALUE(CONCATENATE(COLUMN(INDIRECT(LEFT(W103,1)&1)),COLUMN(INDIRECT(LEFT(X103,1)&1)),AO103,CODE(AA103))),VALUE(SUBSTITUTE(SUBSTITUTE(SUBSTITUTE(FN103,\".\",\"\"),\" \",\"\"),\"-\",\"\")))))","v":7569865111137},null,{"$f":"SUBSTITUTE(IF(Base!BF101=0,\"\",Base!BF101),\" (facturation)\",\"\")","v":""},{"$f":"IF(Base!AW101=0,\"\",Base!AH101)","v":"Voumard"},{"$f":"IF(Base!AX101=0,\"\",Base!AI101)","v":"Margrit"},{"$f":"IF(Base!AW101=0,Base!AY101&\" \"&Base!AZ101,Base!AK101&\" \"&Base!AL101)","v":"Route de Saint-Cergue 11"},{"$f":"IF(IF(Base!AW101=0,Base!BA101,Base!AM101)=0,\"\",IF(Base!AW101=0,Base!BA101,Base!AM101))","v":"EMS La Clairière"},{"$f":"IF(Base!AW101=0,Base!BB101,Base!AN101)","v":1295},{"$f":"IF(Base!AW101=0,Base!BC101,Base!AO101)","v":"Mies"},null,null,null,null,null,null,null,null,null,null,null,null,{"$f":"Base!AJ101","v":"1937-03-31"},{"$f":"IF(FO103=\"Établissement\",\"\",IF(Base!AG101=\"Masculin\",\"Monsieur\",IF(Base!AG101=\"Féminin\",\"Madame\",\"\")))","v":"Madame"},{"$f":"IF(FP103=FALSE,CONCATENATE(IF(Base!AV101=\"Masculin\",\"Monsieur\",IF(Base!AV101=\"Féminin\",\"Madame\",\"\")),\"#chr(13)##chr(10)#\",Base!AW101,\" \",Base!AX101, \"#chr(13)##chr(10)#\",Base!AY101,\" \",Base!AZ101, \"#chr(13)##chr(10)#\",Base!BA101, \"#chr(13)##chr(10)#\",Base!BB101,\" \",Base!BC101),\"\")","v":""},null,"Madame",null,{"$f":"IF(AND(Base!AT101<200,Base!AT101>99),1,0)","v":0},null,0,{"$f":"Base!BG101","v":47076},{"$f":"Base!BH101& \"#chr(13)##chr(10)#\" &Base!BI101","v":"Indemnisation kilométrique#chr(13)##chr(10)#(61-100 km)"},null,{"$f":"Base!BJ101","v":40},{"$f":"Base!BK101","v":3.8},{"$f":"IF(Base!BL101=\"\",\"\",Base!BL101)","v":"km"},null,{"$f":"Base!BM101","v":152},null,null,{"$f":"IF(Base!H101=\"Uvrier\",3018,VLOOKUP(FQ103,$GV$2:$GX$7,FM103+1,0))","v":3018},0,0,null,0,null,null,null,null,null,"Libre","BS - 171",null,"BU - 73 - aff",0,null,null,null,null,null,null,null,null,null,null,null,null,null,null,null,null,null,null,null,null,null,null,null,null,null,null,null,null,null,null,null,null,null,{"$f":"Base!AH101&\", \"&Base!AI101","v":"Voumard, Margrit"},{"$f":"Base!AN101&\" \"&Base!AO101&\", \"&Base!AK101&\" \"&Base!AL101","v":"1295 Mies, Route de Saint-Cergue 11"},{"$f":"CONCATENATE(TEXT(DATE(YEAR(Base!AJ101),MONTH(Base!AJ101),DAY(Base!AJ101)),\"jj.mm.aaaa\"),\", \",FN103,IF(Base!D101=\"\",\"\",\" - \"),Base!D101)","v":"31.03.1937, 756.9865.1111.37"},{"$f":"Base!AR101","v":"Helsana Assurances SA 8081 Zurich"},{"$f":"LEFT(Base!J101,10)","v":"2022-01-24"},{"$f":"CONCATENATE(Base!L101,IF(Base!L101=0,\"\",\", \"),Base!M101,\" \",Base!N101,\", \",Base!P101,\" \",Base!Q101)","v":"Hôpital Riviera-Chablais (HRC), Site de la Providence, Avenue de la Prairie 3, 1800 Vevey"},{"$f":"CONCATENATE(Base!V101,\", \",Base!Z101,\" \",Base!AA101,\", \",Base!W101,\" \",Base!X101)","v":"EMS La Clairière, 1295 Mies, Route de Saint-Cergue 11"},null,{"$f":"CONCATENATE(RIGHT(LEFT(Base!J101,16),5),\" - \",RIGHT(LEFT(Base!K101,16),5))","v":"12:45 - 15:10"},{"$f":"Base!AF101&\" - \"&Base!I101","v":"Maladie - S3"},null,null,null,null,null,null,null,null,null,null,null,null,null,null,null,null,null,null,{"$f":"Base!H101","v":"Uvrier"},2,null,null,null,null,null,null,null,null,null,2,null,null,null,null,null,null,null,null,null,null,null,null,null,null,null,null,null,null,null,null,null,{"$f":"IF(Base!U101=\"Privée\",2,1)","v":2},{"$f":"IF(OR(LEFT(Base!AS101,1)=\"1\",LEFT(Base!AS101)=\"2\"),RIGHT(Base!AS101,LEN(Base!AS101)-1),Base!AS101)","v":"756.9865.1111.37"},{"$f":"Base!AU101","v":"Personne"},{"$f":"OR(CONCATENATE(Base!AW101,Base!AX101)=CONCATENATE(Base!AH101,Base!AI101),FO103=\"Établissement\")","v":true},{"$f":"Base!I101","v":"S3"}]
[{"$f":"Base!A102","v":3862},{"$f":"20","v":20},{"$f":"Base!B102","v":"2022-01-28"},null,{"$f":"Base!AE102","v":"VS22002448"},null,null,null,null,null,"<AUTO>",null,null,null,null,"URL (Libre)",null,null,{"$f":"Base!E102&\" - \"&Base!H102&\" - \"&Base!D102","v":"15941 - Uvrier - "},{"$f":"IF(AND(Base!AT102<1000,Base!AT102>99),Base!AT102,IF(FO104=\"Établissement\",VALUE(CONCATENATE(LEN(SUBSTITUTE(V104,\" \",\"\")),LEN(V104),AA104,COLUMN(INDIRECT(LEFT(V104,1)&1)),LEN(SUBSTITUTE(V104,\"-\",\"\")))),IF(FN104=\"\",VALUE(CONCATENATE(COLUMN(INDIRECT(LEFT(W104,1)&1)),COLUMN(INDIRECT(LEFT(X104,1)&1)),AO104,CODE(AA104))),VALUE(SUBSTITUTE(SUBSTITUTE(SUBSTITUTE(FN104,\".\",\"\"),\" \",\"\"),\"-\",\"\")))))","v":7569865111137},null,{"$f":"SUBSTITUTE(IF(Base!BF102=0,\"\",Base!BF102),\" (facturation)\",\"\")","v":""},{"$f":"IF(Base!AW102=0,\"\",Base!AH102)","v":"Voumard"},{"$f":"IF(Base!AX102=0,\"\",Base!AI102)","v":"Margrit"},{"$f":"IF(Base!AW102=0,Base!AY102&\" \"&Base!AZ102,Base!AK102&\" \"&Base!AL102)","v":"Route de Saint-Cergue 11"},{"$f":"IF(IF(Base!AW102=0,Base!BA102,Base!AM102)=0,\"\",IF(Base!AW102=0,Base!BA102,Base!AM102))","v":"EMS La Clairière"},{"$f":"IF(Base!AW102=0,Base!BB102,Base!AN102)","v":1295},{"$f":"IF(Base!AW102=0,Base!BC102,Base!AO102)","v":"Mies"},null,null,null,null,null,null,null,null,null,null,null,null,{"$f":"Base!AJ102","v":"1937-03-31"},{"$f":"IF(FO104=\"Établissement\",\"\",IF(Base!AG102=\"Masculin\",\"Monsieur\",IF(Base!AG102=\"Féminin\",\"Madame\",\"\")))","v":"Madame"},{"$f":"IF(FP104=FALSE,CONCATENATE(IF(Base!AV102=\"Masculin\",\"Monsieur\",IF(Base!AV102=\"Féminin\",\"Madame\",\"\")),\"#chr(13)##chr(10)#\",Base!AW102,\" \",Base!AX102, \"#chr(13)##chr(10)#\",Base!AY102,\" \",Base!AZ102, \"#chr(13)##chr(10)#\",Base!BA102, \"#chr(13)##chr(10)#\",Base!BB102,\" \",Base!BC102),\"\")","v":""},null,"Madame",null,{"$f":"IF(AND(Base!AT102<200,Base!AT102>99),1,0)","v":0},null,0,{"$f":"Base!BG102","v":47077},{"$f":"Base!BH102& \"#chr(13)##chr(10)#\" &Base!BI102","v":"Indemnisation kilométrique#chr(13)##chr(10)#(101-150 km)"},null,{"$f":"Base!BJ102","v":50},{"$f":"Base!BK102","v":2.8},{"$f":"IF(Base!BL102=\"\",\"\",Base!BL102)","v":"km"},null,{"$f":"Base!BM102","v":140},null,null,{"$f":"IF(Base!H102=\"Uvrier\",3018,VLOOKUP(FQ104,$GV$2:$GX$7,FM104+1,0))","v":3018},0,0,null,0,null,null,null,null,null,"Libre","BS - 172",null,"BU - 73 - aff",0,null,null,null,null,null,null,null,null,null,null,null,null,null,null,null,null,null,null,null,null,null,null,null,null,null,null,null,null,null,null,null,null,null,{"$f":"Base!AH102&\", \"&Base!AI102","v":"Voumard, Margrit"},{"$f":"Base!AN102&\" \"&Base!AO102&\", \"&Base!AK102&\" \"&Base!AL102","v":"1295 Mies, Route de Saint-Cergue 11"},{"$f":"CONCATENATE(TEXT(DATE(YEAR(Base!AJ102),MONTH(Base!AJ102),DAY(Base!AJ102)),\"jj.mm.aaaa\"),\", \",FN104,IF(Base!D102=\"\",\"\",\" - \"),Base!D102)","v":"31.03.1937, 756.9865.1111.37"},{"$f":"Base!AR102","v":"Helsana Assurances SA 8081 Zurich"},{"$f":"LEFT(Base!J102,10)","v":"2022-01-24"},{"$f":"CONCATENATE(Base!L102,IF(Base!L102=0,\"\",\", \"),Base!M102,\" \",Base!N102,\", \",Base!P102,\" \",Base!Q102)","v":"Hôpital Riviera-Chablais (HRC), Site de la Providence, Avenue de la Prairie 3, 1800 Vevey"},{"$f":"CONCATENATE(Base!V102,\", \",Base!Z102,\" \",Base!AA102,\", \",Base!W102,\" \",Base!X102)","v":"EMS La Clairière, 1295 Mies, Route de Saint-Cergue 11"},null,{"$f":"CONCATENATE(RIGHT(LEFT(Base!J102,16),5),\" - \",RIGHT(LEFT(Base!K102,16),5))","v":"12:45 - 15:10"},{"$f":"Base!AF102&\" - \"&Base!I102","v":"Maladie - S3"},null,null,null,null,null,null,null,null,null,null,null,null,null,null,null,null,null,null,{"$f":"Base!H102","v":"Uvrier"},2,null,null,null,null,null,null,null,null,null,2,null,null,null,null,null,null,null,null,null,null,null,null,null,null,null,null,null,null,null,null,null,{"$f":"IF(Base!U102=\"Privée\",2,1)","v":2},{"$f":"IF(OR(LEFT(Base!AS102,1)=\"1\",LEFT(Base!AS102)=\"2\"),RIGHT(Base!AS102,LEN(Base!AS102)-1),Base!AS102)","v":"756.9865.1111.37"},{"$f":"Base!AU102","v":"Personne"},{"$f":"OR(CONCATENATE(Base!AW102,Base!AX102)=CONCATENATE(Base!AH102,Base!AI102),FO104=\"Établissement\")","v":true},{"$f":"Base!I102","v":"S3"}]
[{"$f":"Base!A103","v":3862},{"$f":"20","v":20},{"$f":"Base!B103","v":"2022-01-28"},null,{"$f":"Base!AE103","v":"VS22002448"},null,null,null,null,null,"<AUTO>",null,null,null,null,"URL (Libre)",null,null,{"$f":"Base!E103&\" - \"&Base!H103&\" - \"&Base!D103","v":"15941 - Uvrier - "},{"$f":"IF(AND(Base!AT103<1000,Base!AT103>99),Base!AT103,IF(FO105=\"Établissement\",VALUE(CONCATENATE(LEN(SUBSTITUTE(V105,\" \",\"\")),LEN(V105),AA105,COLUMN(INDIRECT(LEFT(V105,1)&1)),LEN(SUBSTITUTE(V105,\"-\",\"\")))),IF(FN105=\"\",VALUE(CONCATENATE(COLUMN(INDIRECT(LEFT(W105,1)&1)),COLUMN(INDIRECT(LEFT(X105,1)&1)),AO105,CODE(AA105))),VALUE(SUBSTITUTE(SUBSTITUTE(SUBSTITUTE(FN105,\".\",\"\"),\" \",\"\"),\"-\",\"\")))))","v":7569865111137},null,{"$f":"SUBSTITUTE(IF(Base!BF103=0,\"\",Base!BF103),\" (facturation)\",\"\")","v":""},{"$f":"IF(Base!AW103=0,\"\",Base!AH103)","v":"Voumard"},{"$f":"IF(Base!AX103=0,\"\",Base!AI103)","v":"Margrit"},{"$f":"IF(Base!AW103=0,Base!AY103&\" \"&Base!AZ103,Base!AK103&\" \"&Base!AL103)","v":"Route de Saint-Cergue 11"},{"$f":"IF(IF(Base!AW103=0,Base!BA103,Base!AM103)=0,\"\",IF(Base!AW103=0,Base!BA103,Base!AM103))","v":"EMS La Clairière"},{"$f":"IF(Base!AW103=0,Base!BB103,Base!AN103)","v":1295},{"$f":"IF(Base!AW103=0,Base!BC103,Base!AO103)","v":"Mies"},null,null,null,null,null,null,null,null,null,null,null,null,{"$f":"Base!AJ103","v":"1937-03-31"},{"$f":"IF(FO105=\"Établissement\",\"\",IF(Base!AG103=\"Masculin\",\"Monsieur\",IF(Base!AG103=\"Féminin\",\"Madame\",\"\")))","v":"Madame"},{"$f":"IF(FP105=FALSE,CONCATENATE(IF(Base!AV103=\"Masculin\",\"Monsieur\",IF(Base!AV103=\"Féminin\",\"Madame\",\"\")),\"#chr(13)##chr(10)#\",Base!AW103,\" \",Base!AX103, \"#chr(13)##chr(10)#\",Base!AY103,\" \",Base!AZ103, \"#chr(13)##chr(10)#\",Base!BA103, \"#chr(13)##chr(10)#\",Base!BB103,\" \",Base!BC103),\"\")","v":""},null,"Madame",null,{"$f":"IF(AND(Base!AT103<200,Base!AT103>99),1,0)","v":0},null,0,{"$f":"Base!BG103","v":47078},{"$f":"Base!BH103& \"#chr(13)##chr(10)#\" &Base!BI103","v":"Indemnisation kilométrique#chr(13)##chr(10)#(151-203 km)"},null,{"$f":"Base!BJ103","v":53},{"$f":"Base!BK103","v":2},{"$f":"IF(Base!BL103=\"\",\"\",Base!BL103)","v":"km"},null,{"$f":"Base!BM103","v":106},null,null,{"$f":"IF(Base!H103=\"Uvrier\",3018,VLOOKUP(FQ105,$GV$2:$GX$7,FM105+1,0))","v":3018},0,0,null,0,null,null,null,null,null,"Libre","BS - 173",null,"BU - 73 - aff",0,null,null,null,null,null,null,null,null,null,null,null,null,null,null,null,null,null,null,null,null,null,null,null,null,null,null,null,null,null,null,null,null,null,{"$f":"Base!AH103&\", \"&Base!AI103","v":"Voumard, Margrit"},{"$f":"Base!AN103&\" \"&Base!AO103&\", \"&Base!AK103&\" \"&Base!AL103","v":"1295 Mies, Route de Saint-Cergue 11"},{"$f":"CONCATENATE(TEXT(DATE(YEAR(Base!AJ103),MONTH(Base!AJ103),DAY(Base!AJ103)),\"jj.mm.aaaa\"),\", \",FN105,IF(Base!D103=\"\",\"\",\" - \"),Base!D103)","v":"31.03.1937, 756.9865.1111.37"},{"$f":"Base!AR103","v":"Helsana Assurances SA 8081 Zurich"},{"$f":"LEFT(Base!J103,10)","v":"2022-01-24"},{"$f":"CONCATENATE(Base!L103,IF(Base!L103=0,\"\",\", \"),Base!M103,\" \",Base!N103,\", \",Base!P103,\" \",Base!Q103)","v":"Hôpital Riviera-Chablais (HRC), Site de la Providence, Avenue de la Prairie 3, 1800 Vevey"},{"$f":"CONCATENATE(Base!V103,\", \",Base!Z103,\" \",Base!AA103,\", \",Base!W103,\" \",Base!X103)","v":"EMS La Clairière, 1295 Mies, Route de Saint-Cergue 11"},null,{"$f":"CONCATENATE(RIGHT(LEFT(Base!J103,16),5),\" - \",RIGHT(LEFT(Base!K103,16),5))","v":"12:45 - 15:10"},{"$f":"Base!AF103&\" - \"&Base!I103","v":"Maladie - S3"},null,null,null,null,null,null,null,null,null,null,null,null,null,null,null,null,null,null,{"$f":"Base!H103","v":"Uvrier"},2,null,null,null,null,null,null,null,null,null,2,null,null,null,null,null,null,null,null,null,null,null,null,null,null,null,null,null,null,null,null,null,{"$f":"IF(Base!U103=\"Privée\",2,1)","v":2},{"$f":"IF(OR(LEFT(Base!AS103,1)=\"1\",LEFT(Base!AS103)=\"2\"),RIGHT(Base!AS103,LEN(Base!AS103)-1),Base!AS103)","v":"756.9865.1111.37"},{"$f":"Base!AU103","v":"Personne"},{"$f":"OR(CONCATENATE(Base!AW103,Base!AX103)=CONCATENATE(Base!AH103,Base!AI103),FO105=\"Établissement\")","v":true},{"$f":"Base!I103","v":"S3"}]
[{"$f":"Base!A104","v":3877},{"$f":"20","v":20},{"$f":"Base!B104","v":"2022-01-28"},null,{"$f":"Base!AE104","v":"VS22002498"},null,null,null,null,null,"<AUTO>",null,null,null,null,"URL (Libre)",null,null,{"$f":"Base!E104&\" - \"&Base!H104&\" - \"&Base!D104","v":"15990 - Uvrier - 2310244/4"},{"$f":"IF(AND(Base!AT104<1000,Base!AT104>99),Base!AT104,IF(FO106=\"Établissement\",VALUE(CONCATENATE(LEN(SUBSTITUTE(V106,\" \",\"\")),LEN(V106),AA106,COLUMN(INDIRECT(LEFT(V106,1)&1)),LEN(SUBSTITUTE(V106,\"-\",\"\")))),IF(FN106=\"\",VALUE(CONCATENATE(COLUMN(INDIRECT(LEFT(W106,1)&1)),COLUMN(INDIRECT(LEFT(X106,1)&1)),AO106,CODE(AA106))),VALUE(SUBSTITUTE(SUBSTITUTE(SUBSTITUTE(FN106,\".\",\"\"),\" \",\"\"),\"-\",\"\")))))","v":101},null,{"$f":"SUBSTITUTE(IF(Base!BF104=0,\"\",Base!BF104),\" (facturation)\",\"\")","v":"Hôpital du Valais - Direction des Finances/Service des fournisseurs"},{"$f":"IF(Base!AW104=0,\"\",Base!AH104)","v":""},{"$f":"IF(Base!AX104=0,\"\",Base!AI104)","v":""},{"$f":"IF(Base!AW104=0,Base!AY104&\" \"&Base!AZ104,Base!AK104&\" \"&Base!AL104)","v":"Avenue Grand-Champsec 86"},{"$f":"IF(IF(Base!AW104=0,Base!BA104,Base!AM104)=0,\"\",IF(Base!AW104=0,Base!BA104,Base!AM104))","v":"Case postale 696"},{"$f":"IF(Base!AW104=0,Base!BB104,Base!AN104)","v":1951},{"$f":"IF(Base!AW104=0,Base!BC104,Base!AO104)","v":"Sion"},null,null,null,null,null,null,null,null,null,null,null,null,{"$f":"Base!AJ104","v":"1989-04-28"},{"$f":"IF(FO106=\"Établissement\",\"\",IF(Base!AG104=\"Masculin\",\"Monsieur\",IF(Base!AG104=\"Féminin\",\"Madame\",\"\")))","v":""},{"$f":"IF(FP106=FALSE,CONCATENATE(IF(Base!AV104=\"Masculin\",\"Monsieur\",IF(Base!AV104=\"Féminin\",\"Madame\",\"\")),\"#chr(13)##chr(10)#\",Base!AW104,\" \",Base!AX104, \"#chr(13)##chr(10)#\",Base!AY104,\" \",Base!AZ104, \"#chr(13)##chr(10)#\",Base!BA104, \"#chr(13)##chr(10)#\",Base!BB104,\" \",Base!BC104),\"\")","v":""},null,"",null,{"$f":"IF(AND(Base!AT104<200,Base!AT104>99),1,0)","v":1},null,0,{"$f":"Base!BG104","v":"HVS.000"},{"$f":"Base!BH104& \"#chr(13)##chr(10)#\" &Base!BI104","v":"Forfait S3 - Sans transport#chr(13)##chr(10)#Mission annulée en route ou sur place par le service demandeur"},null,{"$f":"Base!BJ104","v":1},{"$f":"Base!BK104","v":150},{"$f":"IF(Base!BL104=\"\",\"\",Base!BL104)","v":""},null,{"$f":"Base!BM104","v":150},null,null,{"$f":"IF(Base!H104=\"Uvrier\",3018,VLOOKUP(FQ106,$GV$2:$GX$7,FM106+1,0))","v":3018},0,0,null,0,null,null,null,null,null,"Libre","BS - 174",null,"BU - 73 - aff",0,null,null,null,null,null,null,null,null,null,null,null,null,null,null,null,null,null,null,null,null,null,null,null,null,null,null,null,null,null,null,null,null,null,{"$f":"Base!AH104&\", \"&Base!AI104","v":"Domingos Pinto, Georges"},{"$f":"Base!AN104&\" \"&Base!AO104&\", \"&Base!AK104&\" \"&Base!AL104","v":"1957 Ardon, Avenue Neuve 23"},{"$f":"CONCATENATE(TEXT(DATE(YEAR(Base!AJ104),MONTH(Base!AJ104),DAY(Base!AJ104)),\"jj.mm.aaaa\"),\", \",FN106,IF(Base!D104=\"\",\"\",\" - \"),Base!D104)","v":"28.04.1989, 756.6970.3008.76 - 2310244/4"},{"$f":"Base!AR104","v":"Assura-Basis SA"},{"$f":"LEFT(Base!J104,10)","v":"2022-01-24"},{"$f":"CONCATENATE(Base!L104,IF(Base!L104=0,\"\",\", \"),Base!M104,\" \",Base!N104,\", \",Base!P104,\" \",Base!Q104)","v":"Hôpital de Sion, Avenue du Grand-Champsec 80, 1950 Sion"},{"$f":"CONCATENATE(Base!V104,\", \",Base!Z104,\" \",Base!AA104,\", \",Base!W104,\" \",Base!X104)","v":",  ,  "},null,{"$f":"CONCATENATE(RIGHT(LEFT(Base!J104,16),5),\" - \",RIGHT(LEFT(Base!K104,16),5))","v":"19:15 - 19:35"},{"$f":"Base!AF104&\" - \"&Base!I104","v":"Maladie - S3"},null,null,null,null,null,null,null,null,null,null,null,null,null,null,null,null,null,null,{"$f":"Base!H104","v":"Uvrier"},2,null,null,null,null,null,null,null,null,null,2,null,null,null,null,null,null,null,null,null,null,null,null,null,null,null,null,null,null,null,null,null,{"$f":"IF(Base!U104=\"Privée\",2,1)","v":2},{"$f":"IF(OR(LEFT(Base!AS104,1)=\"1\",LEFT(Base!AS104)=\"2\"),RIGHT(Base!AS104,LEN(Base!AS104)-1),Base!AS104)","v":"756.6970.3008.76"},{"$f":"Base!AU104","v":"Établissement"},{"$f":"OR(CONCATENATE(Base!AW104,Base!AX104)=CONCATENATE(Base!AH104,Base!AI104),FO106=\"Établissement\")","v":true},{"$f":"Base!I104","v":"S3"}]
[{"$f":"Base!A105","v":3878},{"$f":"20","v":20},{"$f":"Base!B105","v":"2022-01-28"},null,{"$f":"Base!AE105","v":"VS22002500"},null,null,null,null,null,"<AUTO>",null,null,null,null,"URL (Libre)",null,null,{"$f":"Base!E105&\" - \"&Base!H105&\" - \"&Base!D105","v":"15992 - Uvrier - 2184693/26"},{"$f":"IF(AND(Base!AT105<1000,Base!AT105>99),Base!AT105,IF(FO107=\"Établissement\",VALUE(CONCATENATE(LEN(SUBSTITUTE(V107,\" \",\"\")),LEN(V107),AA107,COLUMN(INDIRECT(LEFT(V107,1)&1)),LEN(SUBSTITUTE(V107,\"-\",\"\")))),IF(FN107=\"\",VALUE(CONCATENATE(COLUMN(INDIRECT(LEFT(W107,1)&1)),COLUMN(INDIRECT(LEFT(X107,1)&1)),AO107,CODE(AA107))),VALUE(SUBSTITUTE(SUBSTITUTE(SUBSTITUTE(FN107,\".\",\"\"),\" \",\"\"),\"-\",\"\")))))","v":101},null,{"$f":"SUBSTITUTE(IF(Base!BF105=0,\"\",Base!BF105),\" (facturation)\",\"\")","v":"Hôpital du Valais - Direction des Finances/Service des fournisseurs"},{"$f":"IF(Base!AW105=0,\"\",Base!AH105)","v":""},{"$f":"IF(Base!AX105=0,\"\",Base!AI105)","v":""},{"$f":"IF(Base!AW105=0,Base!AY105&\" \"&Base!AZ105,Base!AK105&\" \"&Base!AL105)","v":"Avenue Grand-Champsec 86"},{"$f":"IF(IF(Base!AW105=0,Base!BA105,Base!AM105)=0,\"\",IF(Base!AW105=0,Base!BA105,Base!AM105))","v":"Case postale 696"},{"$f":"IF(Base!AW105=0,Base!BB105,Base!AN105)","v":1951},{"$f":"IF(Base!AW105=0,Base!BC105,Base!AO105)","v":"Sion"},null,null,null,null,null,null,null,null,null,null,null,null,{"$f":"Base!AJ105","v":"1964-08-07"},{"$f":"IF(FO107=\"Établissement\",\"\",IF(Base!AG105=\"Masculin\",\"Monsieur\",IF(Base!AG105=\"Féminin\",\"Madame\",\"\")))","v":""},{"$f":"IF(FP107=FALSE,CONCATENATE(IF(Base!AV105=\"Masculin\",\"Monsieur\",IF(Base!AV105=\"Féminin\",\"Madame\",\"\")),\"#chr(13)##chr(10)#\",Base!AW105,\" \",Base!AX105, \"#chr(13)##chr(10)#\",Base!AY105,\" \",Base!AZ105, \"#chr(13)##chr(10)#\",Base!BA105, \"#chr(13)##chr(10)#\",Base!BB105,\" \",Base!BC105),\"\")","v":""},null,"",null,{"$f":"IF(AND(Base!AT105<200,Base!AT105>99),1,0)","v":1},null,0,{"$f":"Base!BG105","v":"HVS.31J"},{"$f":"Base!BH105& \"#chr(13)##chr(10)#\" &Base!BI105","v":"Forfait S3 HVS Martigny - HVS Sion#chr(13)##chr(10)#Trajet simple journée (08h00-20h00)"},null,{"$f":"Base!BJ105","v":1},{"$f":"Base!BK105","v":440},{"$f":"IF(Base!BL105=\"\",\"\",Base!BL105)","v":""},null,{"$f":"Base!BM105","v":440},null,null,{"$f":"IF(Base!H105=\"Uvrier\",3018,VLOOKUP(FQ107,$GV$2:$GX$7,FM107+1,0))","v":3018},0,0,null,0,null,null,null,null,null,"Libre","BS - 175",null,"BU - 73 - aff",0,null,null,null,null,null,null,null,null,null,null,null,null,null,null,null,null,null,null,null,null,null,null,null,null,null,null,null,null,null,null,null,null,null,{"$f":"Base!AH105&\", \"&Base!AI105","v":"Osmani, Naile"},{"$f":"Base!AN105&\" \"&Base!AO105&\", \"&Base!AK105&\" \"&Base!AL105","v":"1920 Martigny, Rue des Finettes 8"},{"$f":"CONCATENATE(TEXT(DATE(YEAR(Base!AJ105),MONTH(Base!AJ105),DAY(Base!AJ105)),\"jj.mm.aaaa\"),\", \",FN107,IF(Base!D105=\"\",\"\",\" - \"),Base!D105)","v":"07.08.1964, 756.2452.7494.16 - 2184693/26"},{"$f":"Base!AR105","v":"Easy Sana Assurance Maladie SA"},{"$f":"LEFT(Base!J105,10)","v":"2022-01-24"},{"$f":"CONCATENATE(Base!L105,IF(Base!L105=0,\"\",\", \"),Base!M105,\" \",Base!N105,\", \",Base!P105,\" \",Base!Q105)","v":"Hôpital de Martigny, Avenue de la Fusion 27, 1920 Martigny"},{"$f":"CONCATENATE(Base!V105,\", \",Base!Z105,\" \",Base!AA105,\", \",Base!W105,\" \",Base!X105)","v":"Hôpital de Sion, 1950 Sion, Avenue du Grand-Champsec 80"},null,{"$f":"CONCATENATE(RIGHT(LEFT(Base!J105,16),5),\" - \",RIGHT(LEFT(Base!K105,16),5))","v":"19:38 - 21:26"},{"$f":"Base!AF105&\" - \"&Base!I105","v":"Maladie - S3"},null,null,null,null,null,null,null,null,null,null,null,null,null,null,null,null,null,null,{"$f":"Base!H105","v":"Uvrier"},2,null,null,null,null,null,null,null,null,null,2,null,null,null,null,null,null,null,null,null,null,null,null,null,null,null,null,null,null,null,null,null,{"$f":"IF(Base!U105=\"Privée\",2,1)","v":2},{"$f":"IF(OR(LEFT(Base!AS105,1)=\"1\",LEFT(Base!AS105)=\"2\"),RIGHT(Base!AS105,LEN(Base!AS105)-1),Base!AS105)","v":"756.2452.7494.16"},{"$f":"Base!AU105","v":"Établissement"},{"$f":"OR(CONCATENATE(Base!AW105,Base!AX105)=CONCATENATE(Base!AH105,Base!AI105),FO107=\"Établissement\")","v":true},{"$f":"Base!I105","v":"S3"}]
[{"$f":"Base!A106","v":3879},{"$f":"20","v":20},{"$f":"Base!B106","v":"2022-01-28"},null,{"$f":"Base!AE106","v":"VS22002522"},null,null,null,null,null,"<AUTO>",null,null,null,null,"URL (Libre)",null,null,{"$f":"Base!E106&\" - \"&Base!H106&\" - \"&Base!D106","v":"16012 - Uvrier - 2132037/16"},{"$f":"IF(AND(Base!AT106<1000,Base!AT106>99),Base!AT106,IF(FO108=\"Établissement\",VALUE(CONCATENATE(LEN(SUBSTITUTE(V108,\" \",\"\")),LEN(V108),AA108,COLUMN(INDIRECT(LEFT(V108,1)&1)),LEN(SUBSTITUTE(V108,\"-\",\"\")))),IF(FN108=\"\",VALUE(CONCATENATE(COLUMN(INDIRECT(LEFT(W108,1)&1)),COLUMN(INDIRECT(LEFT(X108,1)&1)),AO108,CODE(AA108))),VALUE(SUBSTITUTE(SUBSTITUTE(SUBSTITUTE(FN108,\".\",\"\"),\" \",\"\"),\"-\",\"\")))))","v":101},null,{"$f":"SUBSTITUTE(IF(Base!BF106=0,\"\",Base!BF106),\" (facturation)\",\"\")","v":"Hôpital du Valais - Direction des Finances/Service des fournisseurs"},{"$f":"IF(Base!AW106=0,\"\",Base!AH106)","v":""},{"$f":"IF(Base!AX106=0,\"\",Base!AI106)","v":""},{"$f":"IF(Base!AW106=0,Base!AY106&\" \"&Base!AZ106,Base!AK106&\" \"&Base!AL106)","v":"Avenue Grand-Champsec 86"},{"$f":"IF(IF(Base!AW106=0,Base!BA106,Base!AM106)=0,\"\",IF(Base!AW106=0,Base!BA106,Base!AM106))","v":"Case postale 696"},{"$f":"IF(Base!AW106=0,Base!BB106,Base!AN106)","v":1951},{"$f":"IF(Base!AW106=0,Base!BC106,Base!AO106)","v":"Sion"},null,null,null,null,null,null,null,null,null,null,null,null,{"$f":"Base!AJ106","v":"1941-07-21"},{"$f":"IF(FO108=\"Établissement\",\"\",IF(Base!AG106=\"Masculin\",\"Monsieur\",IF(Base!AG106=\"Féminin\",\"Madame\",\"\")))","v":""},{"$f":"IF(FP108=FALSE,CONCATENATE(IF(Base!AV106=\"Masculin\",\"Monsieur\",IF(Base!AV106=\"Féminin\",\"Madame\",\"\")),\"#chr(13)##chr(10)#\",Base!AW106,\" \",Base!AX106, \"#chr(13)##chr(10)#\",Base!AY106,\" \",Base!AZ106, \"#chr(13)##chr(10)#\",Base!BA106, \"#chr(13)##chr(10)#\",Base!BB106,\" \",Base!BC106),\"\")","v":""},null,"",null,{"$f":"IF(AND(Base!AT106<200,Base!AT106>99),1,0)","v":1},null,0,{"$f":"Base!BG106","v":"HVS.000"},{"$f":"Base!BH106& \"#chr(13)##chr(10)#\" &Base!BI106","v":"Forfait S3 - Sans transport#chr(13)##chr(10)#Mission annulée en route ou sur place par le service demandeur"},null,{"$f":"Base!BJ106","v":1},{"$f":"Base!BK106","v":150},{"$f":"IF(Base!BL106=\"\",\"\",Base!BL106)","v":""},null,{"$f":"Base!BM106","v":150},null,null,{"$f":"IF(Base!H106=\"Uvrier\",3018,VLOOKUP(FQ108,$GV$2:$GX$7,FM108+1,0))","v":3018},0,0,null,0,null,null,null,null,null,"Libre","BS - 176",null,"BU - 73 - aff",0,null,null,null,null,null,null,null,null,null,null,null,null,null,null,null,null,null,null,null,null,null,null,null,null,null,null,null,null,null,null,null,null,null,{"$f":"Base!AH106&\", \"&Base!AI106","v":"Pierroz, Jean-François"},{"$f":"Base!AN106&\" \"&Base!AO106&\", \"&Base!AK106&\" \"&Base!AL106","v":"1921 Martigny-Croix, Route de la Fontaine 49"},{"$f":"CONCATENATE(TEXT(DATE(YEAR(Base!AJ106),MONTH(Base!AJ106),DAY(Base!AJ106)),\"jj.mm.aaaa\"),\", \",FN108,IF(Base!D106=\"\",\"\",\" - \"),Base!D106)","v":"21.07.1941, 756.2453.3908.60 - 2132037/16"},{"$f":"Base!AR106","v":"Helsana Assurances SA"},{"$f":"LEFT(Base!J106,10)","v":"2022-01-25"},{"$f":"CONCATENATE(Base!L106,IF(Base!L106=0,\"\",\", \"),Base!M106,\" \",Base!N106,\", \",Base!P106,\" \",Base!Q106)","v":"Hôpital de Martigny, Avenue de la Fusion 27, 1920 Martigny"},{"$f":"CONCATENATE(Base!V106,\", \",Base!Z106,\" \",Base!AA106,\", \",Base!W106,\" \",Base!X106)","v":",  ,  "},null,{"$f":"CONCATENATE(RIGHT(LEFT(Base!J106,16),5),\" - \",RIGHT(LEFT(Base!K106,16),5))","v":"05:27 - 06:00"},{"$f":"Base!AF106&\" - \"&Base!I106","v":" - S3"},null,null,null,null,null,null,null,null,null,null,null,null,null,null,null,null,null,null,{"$f":"Base!H106","v":"Uvrier"},2,null,null,null,null,null,null,null,null,null,2,null,null,null,null,null,null,null,null,null,null,null,null,null,null,null,null,null,null,null,null,null,{"$f":"IF(Base!U106=\"Privée\",2,1)","v":2},{"$f":"IF(OR(LEFT(Base!AS106,1)=\"1\",LEFT(Base!AS106)=\"2\"),RIGHT(Base!AS106,LEN(Base!AS106)-1),Base!AS106)","v":"756.2453.3908.60"},{"$f":"Base!AU106","v":"Établissement"},{"$f":"OR(CONCATENATE(Base!AW106,Base!AX106)=CONCATENATE(Base!AH106,Base!AI106),FO108=\"Établissement\")","v":true},{"$f":"Base!I106","v":"S3"}]
[{"$f":"Base!A107","v":3880},{"$f":"20","v":20},{"$f":"Base!B107","v":"2022-01-28"},null,{"$f":"Base!AE107","v":"VS22002524"},null,null,null,null,null,"<AUTO>",null,null,null,null,"URL (Libre)",null,null,{"$f":"Base!E107&\" - \"&Base!H107&\" - \"&Base!D107","v":"16014 - Uvrier - "},{"$f":"IF(AND(Base!AT107<1000,Base!AT107>99),Base!AT107,IF(FO109=\"Établissement\",VALUE(CONCATENATE(LEN(SUBSTITUTE(V109,\" \",\"\")),LEN(V109),AA109,COLUMN(INDIRECT(LEFT(V109,1)&1)),LEN(SUBSTITUTE(V109,\"-\",\"\")))),IF(FN109=\"\",VALUE(CONCATENATE(COLUMN(INDIRECT(LEFT(W109,1)&1)),COLUMN(INDIRECT(LEFT(X109,1)&1)),AO109,CODE(AA109))),VALUE(SUBSTITUTE(SUBSTITUTE(SUBSTITUTE(FN109,\".\",\"\"),\" \",\"\"),\"-\",\"\")))))","v":7560466257613},null,{"$f":"SUBSTITUTE(IF(Base!BF107=0,\"\",Base!BF107),\" (facturation)\",\"\")","v":""},{"$f":"IF(Base!AW107=0,\"\",Base!AH107)","v":"Mariéthoz"},{"$f":"IF(Base!AX107=0,\"\",Base!AI107)","v":"Bernard"},{"$f":"IF(Base!AW107=0,Base!AY107&\" \"&Base!AZ107,Base!AK107&\" \"&Base!AL107)","v":"Route de Nendaz 892"},{"$f":"IF(IF(Base!AW107=0,Base!BA107,Base!AM107)=0,\"\",IF(Base!AW107=0,Base!BA107,Base!AM107))","v":""},{"$f":"IF(Base!AW107=0,Base!BB107,Base!AN107)","v":1997},{"$f":"IF(Base!AW107=0,Base!BC107,Base!AO107)","v":"Haute-Nendaz"},null,null,null,null,null,null,null,null,null,null,null,null,{"$f":"Base!AJ107","v":"1937-07-12"},{"$f":"IF(FO109=\"Établissement\",\"\",IF(Base!AG107=\"Masculin\",\"Monsieur\",IF(Base!AG107=\"Féminin\",\"Madame\",\"\")))","v":"Monsieur"},{"$f":"IF(FP109=FALSE,CONCATENATE(IF(Base!AV107=\"Masculin\",\"Monsieur\",IF(Base!AV107=\"Féminin\",\"Madame\",\"\")),\"#chr(13)##chr(10)#\",Base!AW107,\" \",Base!AX107, \"#chr(13)##chr(10)#\",Base!AY107,\" \",Base!AZ107, \"#chr(13)##chr(10)#\",Base!BA107, \"#chr(13)##chr(10)#\",Base!BB107,\" \",Base!BC107),\"\")","v":"Monsieur#chr(13)##chr(10)#Mariéthoz Frédéric#chr(13)##chr(10)#Chemin de Bermouche 66#chr(13)##chr(10)##chr(13)##chr(10)#1997 Haute-Nendaz"},null,"Monsieur",null,{"$f":"IF(AND(Base!AT107<200,Base!AT107>99),1,0)","v":0},null,0,{"$f":"Base!BG107","v":"CLN.9403 "},{"$f":"Base!BH107& \"#chr(13)##chr(10)#\" &Base!BI107","v":"Taxe de base transport S3#chr(13)##chr(10)#"},null,{"$f":"Base!BJ107","v":1},{"$f":"Base!BK107","v":200},{"$f":"IF(Base!BL107=\"\",\"\",Base!BL107)","v":""},null,{"$f":"Base!BM107","v":200},null,null,{"$f":"IF(Base!H107=\"Uvrier\",3018,VLOOKUP(FQ109,$GV$2:$GX$7,FM109+1,0))","v":3018},0,0,null,0,null,null,null,null,null,"Libre","BS - 177",null,"BU - 73 - aff",0,null,null,null,null,null,null,null,null,null,null,null,null,null,null,null,null,null,null,null,null,null,null,null,null,null,null,null,null,null,null,null,null,null,{"$f":"Base!AH107&\", \"&Base!AI107","v":"Mariéthoz, Bernard"},{"$f":"Base!AN107&\" \"&Base!AO107&\", \"&Base!AK107&\" \"&Base!AL107","v":"1997 Haute-Nendaz, Route de Nendaz 892"},{"$f":"CONCATENATE(TEXT(DATE(YEAR(Base!AJ107),MONTH(Base!AJ107),DAY(Base!AJ107)),\"jj.mm.aaaa\"),\", \",FN109,IF(Base!D107=\"\",\"\",\" - \"),Base!D107)","v":"12.07.1937, 756.0466.2576.13"},{"$f":"Base!AR107","v":"Helsana Assurances SA"},{"$f":"LEFT(Base!J107,10)","v":"2022-01-25"},{"$f":"CONCATENATE(Base!L107,IF(Base!L107=0,\"\",\", \"),Base!M107,\" \",Base!N107,\", \",Base!P107,\" \",Base!Q107)","v":"EMS Les Vergers, Route de Riddes 263, 1994 Aproz (Nendaz)"},{"$f":"CONCATENATE(Base!V107,\", \",Base!Z107,\" \",Base!AA107,\", \",Base!W107,\" \",Base!X107)","v":"Domicile, 1997 Haute-Nendaz, Route de Nendaz 892"},null,{"$f":"CONCATENATE(RIGHT(LEFT(Base!J107,16),5),\" - \",RIGHT(LEFT(Base!K107,16),5))","v":"07:50 - 09:45"},{"$f":"Base!AF107&\" - \"&Base!I107","v":"Maladie - S3"},null,null,null,null,null,null,null,null,null,null,null,null,null,null,null,null,null,null,{"$f":"Base!H107","v":"Uvrier"},2,null,null,null,null,null,null,null,null,null,2,null,null,null,null,null,null,null,null,null,null,null,null,null,null,null,null,null,null,null,null,null,{"$f":"IF(Base!U107=\"Privée\",2,1)","v":2},{"$f":"IF(OR(LEFT(Base!AS107,1)=\"1\",LEFT(Base!AS107)=\"2\"),RIGHT(Base!AS107,LEN(Base!AS107)-1),Base!AS107)","v":"756.0466.2576.13"},{"$f":"Base!AU107","v":"Personne"},{"$f":"OR(CONCATENATE(Base!AW107,Base!AX107)=CONCATENATE(Base!AH107,Base!AI107),FO109=\"Établissement\")","v":false},{"$f":"Base!I107","v":"S3"}]
[{"$f":"Base!A108","v":3880},{"$f":"20","v":20},{"$f":"Base!B108","v":"2022-01-28"},null,{"$f":"Base!AE108","v":"VS22002524"},null,null,null,null,null,"<AUTO>",null,null,null,null,"URL (Libre)",null,null,{"$f":"Base!E108&\" - \"&Base!H108&\" - \"&Base!D108","v":"16014 - Uvrier - "},{"$f":"IF(AND(Base!AT108<1000,Base!AT108>99),Base!AT108,IF(FO110=\"Établissement\",VALUE(CONCATENATE(LEN(SUBSTITUTE(V110,\" \",\"\")),LEN(V110),AA110,COLUMN(INDIRECT(LEFT(V110,1)&1)),LEN(SUBSTITUTE(V110,\"-\",\"\")))),IF(FN110=\"\",VALUE(CONCATENATE(COLUMN(INDIRECT(LEFT(W110,1)&1)),COLUMN(INDIRECT(LEFT(X110,1)&1)),AO110,CODE(AA110))),VALUE(SUBSTITUTE(SUBSTITUTE(SUBSTITUTE(FN110,\".\",\"\"),\" \",\"\"),\"-\",\"\")))))","v":7560466257613},null,{"$f":"SUBSTITUTE(IF(Base!BF108=0,\"\",Base!BF108),\" (facturation)\",\"\")","v":""},{"$f":"IF(Base!AW108=0,\"\",Base!AH108)","v":"Mariéthoz"},{"$f":"IF(Base!AX108=0,\"\",Base!AI108)","v":"Bernard"},{"$f":"IF(Base!AW108=0,Base!AY108&\" \"&Base!AZ108,Base!AK108&\" \"&Base!AL108)","v":"Route de Nendaz 892"},{"$f":"IF(IF(Base!AW108=0,Base!BA108,Base!AM108)=0,\"\",IF(Base!AW108=0,Base!BA108,Base!AM108))","v":""},{"$f":"IF(Base!AW108=0,Base!BB108,Base!AN108)","v":1997},{"$f":"IF(Base!AW108=0,Base!BC108,Base!AO108)","v":"Haute-Nendaz"},null,null,null,null,null,null,null,null,null,null,null,null,{"$f":"Base!AJ108","v":"1937-07-12"},{"$f":"IF(FO110=\"Établissement\",\"\",IF(Base!AG108=\"Masculin\",\"Monsieur\",IF(Base!AG108=\"Féminin\",\"Madame\",\"\")))","v":"Monsieur"},{"$f":"IF(FP110=FALSE,CONCATENATE(IF(Base!AV108=\"Masculin\",\"Monsieur\",IF(Base!AV108=\"Féminin\",\"Madame\",\"\")),\"#chr(13)##chr(10)#\",Base!AW108,\" \",Base!AX108, \"#chr(13)##chr(10)#\",Base!AY108,\" \",Base!AZ108, \"#chr(13)##chr(10)#\",Base!BA108, \"#chr(13)##chr(10)#\",Base!BB108,\" \",Base!BC108),\"\")","v":"Monsieur#chr(13)##chr(10)#Mariéthoz Frédéric#chr(13)##chr(10)#Chemin de Bermouche 66#chr(13)##chr(10)##chr(13)##chr(10)#1997 Haute-Nendaz"},null,"Monsieur",null,{"$f":"IF(AND(Base!AT108<200,Base!AT108>99),1,0)","v":0},null,0,{"$f":"Base!BG108","v":"CLN.9404"},{"$f":"Base!BH108& \"#chr(13)##chr(10)#\" &Base!BI108","v":"Indemnisation kilométrique#chr(13)##chr(10)#"},null,{"$f":"Base!BJ108","v":49},{"$f":"Base!BK108","v":4.5},{"$f":"IF(Base!BL108=\"\",\"\",Base!BL108)","v":"km"},null,{"$f":"Base!BM108","v":220.5},null,null,{"$f":"IF(Base!H108=\"Uvrier\",3018,VLOOKUP(FQ110,$GV$2:$GX$7,FM110+1,0))","v":3018},0,0,null,0,null,null,null,null,null,"Libre","BS - 178",null,"BU - 73 - aff",0,null,null,null,null,null,null,null,null,null,null,null,null,null,null,null,null,null,null,null,null,null,null,null,null,null,null,null,null,null,null,null,null,null,{"$f":"Base!AH108&\", \"&Base!AI108","v":"Mariéthoz, Bernard"},{"$f":"Base!AN108&\" \"&Base!AO108&\", \"&Base!AK108&\" \"&Base!AL108","v":"1997 Haute-Nendaz, Route de Nendaz 892"},{"$f":"CONCATENATE(TEXT(DATE(YEAR(Base!AJ108),MONTH(Base!AJ108),DAY(Base!AJ108)),\"jj.mm.aaaa\"),\", \",FN110,IF(Base!D108=\"\",\"\",\" - \"),Base!D108)","v":"12.07.1937, 756.0466.2576.13"},{"$f":"Base!AR108","v":"Helsana Assurances SA"},{"$f":"LEFT(Base!J108,10)","v":"2022-01-25"},{"$f":"CONCATENATE(Base!L108,IF(Base!L108=0,\"\",\", \"),Base!M108,\" \",Base!N108,\", \",Base!P108,\" \",Base!Q108)","v":"EMS Les Vergers, Route de Riddes 263, 1994 Aproz (Nendaz)"},{"$f":"CONCATENATE(Base!V108,\", \",Base!Z108,\" \",Base!AA108,\", \",Base!W108,\" \",Base!X108)","v":"Domicile, 1997 Haute-Nendaz, Route de Nendaz 892"},null,{"$f":"CONCATENATE(RIGHT(LEFT(Base!J108,16),5),\" - \",RIGHT(LEFT(Base!K108,16),5))","v":"07:50 - 09:45"},{"$f":"Base!AF108&\" - \"&Base!I108","v":"Maladie - S3"},null,null,null,null,null,null,null,null,null,null,null,null,null,null,null,null,null,null,{"$f":"Base!H108","v":"Uvrier"},2,null,null,null,null,null,null,null,null,null,2,null,null,null,null,null,null,null,null,null,null,null,null,null,null,null,null,null,null,null,null,null,{"$f":"IF(Base!U108=\"Privée\",2,1)","v":2},{"$f":"IF(OR(LEFT(Base!AS108,1)=\"1\",LEFT(Base!AS108)=\"2\"),RIGHT(Base!AS108,LEN(Base!AS108)-1),Base!AS108)","v":"756.0466.2576.13"},{"$f":"Base!AU108","v":"Personne"},{"$f":"OR(CONCATENATE(Base!AW108,Base!AX108)=CONCATENATE(Base!AH108,Base!AI108),FO110=\"Établissement\")","v":false},{"$f":"Base!I108","v":"S3"}]
[{"$f":"Base!A109","v":3880},{"$f":"20","v":20},{"$f":"Base!B109","v":"2022-01-28"},null,{"$f":"Base!AE109","v":"VS22002524"},null,null,null,null,null,"<AUTO>",null,null,null,null,"URL (Libre)",null,null,{"$f":"Base!E109&\" - \"&Base!H109&\" - \"&Base!D109","v":"16014 - Uvrier - "},{"$f":"IF(AND(Base!AT109<1000,Base!AT109>99),Base!AT109,IF(FO111=\"Établissement\",VALUE(CONCATENATE(LEN(SUBSTITUTE(V111,\" \",\"\")),LEN(V111),AA111,COLUMN(INDIRECT(LEFT(V111,1)&1)),LEN(SUBSTITUTE(V111,\"-\",\"\")))),IF(FN111=\"\",VALUE(CONCATENATE(COLUMN(INDIRECT(LEFT(W111,1)&1)),COLUMN(INDIRECT(LEFT(X111,1)&1)),AO111,CODE(AA111))),VALUE(SUBSTITUTE(SUBSTITUTE(SUBSTITUTE(FN111,\".\",\"\"),\" \",\"\"),\"-\",\"\")))))","v":7560466257613},null,{"$f":"SUBSTITUTE(IF(Base!BF109=0,\"\",Base!BF109),\" (facturation)\",\"\")","v":""},{"$f":"IF(Base!AW109=0,\"\",Base!AH109)","v":"Mariéthoz"},{"$f":"IF(Base!AX109=0,\"\",Base!AI109)","v":"Bernard"},{"$f":"IF(Base!AW109=0,Base!AY109&\" \"&Base!AZ109,Base!AK109&\" \"&Base!AL109)","v":"Route de Nendaz 892"},{"$f":"IF(IF(Base!AW109=0,Base!BA109,Base!AM109)=0,\"\",IF(Base!AW109=0,Base!BA109,Base!AM109))","v":""},{"$f":"IF(Base!AW109=0,Base!BB109,Base!AN109)","v":1997},{"$f":"IF(Base!AW109=0,Base!BC109,Base!AO109)","v":"Haute-Nendaz"},null,null,null,null,null,null,null,null,null,null,null,null,{"$f":"Base!AJ109","v":"1937-07-12"},{"$f":"IF(FO111=\"Établissement\",\"\",IF(Base!AG109=\"Masculin\",\"Monsieur\",IF(Base!AG109=\"Féminin\",\"Madame\",\"\")))","v":"Monsieur"},{"$f":"IF(FP111=FALSE,CONCATENATE(IF(Base!AV109=\"Masculin\",\"Monsieur\",IF(Base!AV109=\"Féminin\",\"Madame\",\"\")),\"#chr(13)##chr(10)#\",Base!AW109,\" \",Base!AX109, \"#chr(13)##chr(10)#\",Base!AY109,\" \",Base!AZ109, \"#chr(13)##chr(10)#\",Base!BA109, \"#chr(13)##chr(10)#\",Base!BB109,\" \",Base!BC109),\"\")","v":"Monsieur#chr(13)##chr(10)#Mariéthoz Frédéric#chr(13)##chr(10)#Chemin de Bermouche 66#chr(13)##chr(10)##chr(13)##chr(10)#1997 Haute-Nendaz"},null,"Monsieur",null,{"$f":"IF(AND(Base!AT109<200,Base!AT109>99),1,0)","v":0},null,0,{"$f":"Base!BG109","v":"CLN.9411"},{"$f":"Base!BH109& \"#chr(13)##chr(10)#\" &Base!BI109","v":"Personnel soignant reconnu (par personne et par quart d'heure entamé)#chr(13)##chr(10)#2 collaborateur(s) x 8 quarts d’heure"},null,{"$f":"Base!BJ109","v":16},{"$f":"Base!BK109","v":35},{"$f":"IF(Base!BL109=\"\",\"\",Base!BL109)","v":"¼ d'heure"},null,{"$f":"Base!BM109","v":560},null,null,{"$f":"IF(Base!H109=\"Uvrier\",3018,VLOOKUP(FQ111,$GV$2:$GX$7,FM111+1,0))","v":3018},0,0,null,0,null,null,null,null,null,"Libre","BS - 179",null,"BU - 73 - aff",0,null,null,null,null,null,null,null,null,null,null,null,null,null,null,null,null,null,null,null,null,null,null,null,null,null,null,null,null,null,null,null,null,null,{"$f":"Base!AH109&\", \"&Base!AI109","v":"Mariéthoz, Bernard"},{"$f":"Base!AN109&\" \"&Base!AO109&\", \"&Base!AK109&\" \"&Base!AL109","v":"1997 Haute-Nendaz, Route de Nendaz 892"},{"$f":"CONCATENATE(TEXT(DATE(YEAR(Base!AJ109),MONTH(Base!AJ109),DAY(Base!AJ109)),\"jj.mm.aaaa\"),\", \",FN111,IF(Base!D109=\"\",\"\",\" - \"),Base!D109)","v":"12.07.1937, 756.0466.2576.13"},{"$f":"Base!AR109","v":"Helsana Assurances SA"},{"$f":"LEFT(Base!J109,10)","v":"2022-01-25"},{"$f":"CONCATENATE(Base!L109,IF(Base!L109=0,\"\",\", \"),Base!M109,\" \",Base!N109,\", \",Base!P109,\" \",Base!Q109)","v":"EMS Les Vergers, Route de Riddes 263, 1994 Aproz (Nendaz)"},{"$f":"CONCATENATE(Base!V109,\", \",Base!Z109,\" \",Base!AA109,\", \",Base!W109,\" \",Base!X109)","v":"Domicile, 1997 Haute-Nendaz, Route de Nendaz 892"},null,{"$f":"CONCATENATE(RIGHT(LEFT(Base!J109,16),5),\" - \",RIGHT(LEFT(Base!K109,16),5))","v":"07:50 - 09:45"},{"$f":"Base!AF109&\" - \"&Base!I109","v":"Maladie - S3"},null,null,null,null,null,null,null,null,null,null,null,null,null,null,null,null,null,null,{"$f":"Base!H109","v":"Uvrier"},2,null,null,null,null,null,null,null,null,null,2,null,null,null,null,null,null,null,null,null,null,null,null,null,null,null,null,null,null,null,null,null,{"$f":"IF(Base!U109=\"Privée\",2,1)","v":2},{"$f":"IF(OR(LEFT(Base!AS109,1)=\"1\",LEFT(Base!AS109)=\"2\"),RIGHT(Base!AS109,LEN(Base!AS109)-1),Base!AS109)","v":"756.0466.2576.13"},{"$f":"Base!AU109","v":"Personne"},{"$f":"OR(CONCATENATE(Base!AW109,Base!AX109)=CONCATENATE(Base!AH109,Base!AI109),FO111=\"Établissement\")","v":false},{"$f":"Base!I109","v":"S3"}]
[{"$f":"Base!A110","v":3881},{"$f":"20","v":20},{"$f":"Base!B110","v":"2022-01-28"},null,{"$f":"Base!AE110","v":"VS22002553"},null,null,null,null,null,"<AUTO>",null,null,null,null,"URL (Libre)",null,null,{"$f":"Base!E110&\" - \"&Base!H110&\" - \"&Base!D110","v":"16043 - Uvrier - 2011478/31"},{"$f":"IF(AND(Base!AT110<1000,Base!AT110>99),Base!AT110,IF(FO112=\"Établissement\",VALUE(CONCATENATE(LEN(SUBSTITUTE(V112,\" \",\"\")),LEN(V112),AA112,COLUMN(INDIRECT(LEFT(V112,1)&1)),LEN(SUBSTITUTE(V112,\"-\",\"\")))),IF(FN112=\"\",VALUE(CONCATENATE(COLUMN(INDIRECT(LEFT(W112,1)&1)),COLUMN(INDIRECT(LEFT(X112,1)&1)),AO112,CODE(AA112))),VALUE(SUBSTITUTE(SUBSTITUTE(SUBSTITUTE(FN112,\".\",\"\"),\" \",\"\"),\"-\",\"\")))))","v":101},null,{"$f":"SUBSTITUTE(IF(Base!BF110=0,\"\",Base!BF110),\" (facturation)\",\"\")","v":"Hôpital du Valais - Direction des Finances/Service des fournisseurs"},{"$f":"IF(Base!AW110=0,\"\",Base!AH110)","v":""},{"$f":"IF(Base!AX110=0,\"\",Base!AI110)","v":""},{"$f":"IF(Base!AW110=0,Base!AY110&\" \"&Base!AZ110,Base!AK110&\" \"&Base!AL110)","v":"Avenue Grand-Champsec 86"},{"$f":"IF(IF(Base!AW110=0,Base!BA110,Base!AM110)=0,\"\",IF(Base!AW110=0,Base!BA110,Base!AM110))","v":"Case postale 696"},{"$f":"IF(Base!AW110=0,Base!BB110,Base!AN110)","v":1951},{"$f":"IF(Base!AW110=0,Base!BC110,Base!AO110)","v":"Sion"},null,null,null,null,null,null,null,null,null,null,null,null,{"$f":"Base!AJ110","v":"1953-08-08"},{"$f":"IF(FO112=\"Établissement\",\"\",IF(Base!AG110=\"Masculin\",\"Monsieur\",IF(Base!AG110=\"Féminin\",\"Madame\",\"\")))","v":""},{"$f":"IF(FP112=FALSE,CONCATENATE(IF(Base!AV110=\"Masculin\",\"Monsieur\",IF(Base!AV110=\"Féminin\",\"Madame\",\"\")),\"#chr(13)##chr(10)#\",Base!AW110,\" \",Base!AX110, \"#chr(13)##chr(10)#\",Base!AY110,\" \",Base!AZ110, \"#chr(13)##chr(10)#\",Base!BA110, \"#chr(13)##chr(10)#\",Base!BB110,\" \",Base!BC110),\"\")","v":""},null,"",null,{"$f":"IF(AND(Base!AT110<200,Base!AT110>99),1,0)","v":1},null,0,{"$f":"Base!BG110","v":"HVS.110J"},{"$f":"Base!BH110& \"#chr(13)##chr(10)#\" &Base!BI110","v":"Forfait S3 HVS Sion - CHUV#chr(13)##chr(10)#Trajet simple journée (08h00-20h00)"},null,{"$f":"Base!BJ110","v":1},{"$f":"Base!BK110","v":1125},{"$f":"IF(Base!BL110=\"\",\"\",Base!BL110)","v":""},null,{"$f":"Base!BM110","v":1125},null,null,{"$f":"IF(Base!H110=\"Uvrier\",3018,VLOOKUP(FQ112,$GV$2:$GX$7,FM112+1,0))","v":3018},0,0,null,0,null,null,null,null,null,"Libre","BS - 180",null,"BU - 73 - aff",0,null,null,null,null,null,null,null,null,null,null,null,null,null,null,null,null,null,null,null,null,null,null,null,null,null,null,null,null,null,null,null,null,null,{"$f":"Base!AH110&\", \"&Base!AI110","v":"Bonvin, Danielle"},{"$f":"Base!AN110&\" \"&Base!AO110&\", \"&Base!AK110&\" \"&Base!AL110","v":"1967 Bramois, Chemin du Bosquet 8"},{"$f":"CONCATENATE(TEXT(DATE(YEAR(Base!AJ110),MONTH(Base!AJ110),DAY(Base!AJ110)),\"jj.mm.aaaa\"),\", \",FN112,IF(Base!D110=\"\",\"\",\" - \"),Base!D110)","v":"08.08.1953, 756.1218.4237.06 - 2011478/31"},{"$f":"Base!AR110","v":"Assura-Basis SA"},{"$f":"LEFT(Base!J110,10)","v":"2022-01-25"},{"$f":"CONCATENATE(Base!L110,IF(Base!L110=0,\"\",\", \"),Base!M110,\" \",Base!N110,\", \",Base!P110,\" \",Base!Q110)","v":"Hôpital de Sion, Avenue du Grand-Champsec 80, 1950 Sion"},{"$f":"CONCATENATE(Base!V110,\", \",Base!Z110,\" \",Base!AA110,\", \",Base!W110,\" \",Base!X110)","v":"CHUV Hôpital universitaire de Lausanne, 1006 Lausanne, Rue du Bugnon 46"},null,{"$f":"CONCATENATE(RIGHT(LEFT(Base!J110,16),5),\" - \",RIGHT(LEFT(Base!K110,16),5))","v":"13:04 - 17:00"},{"$f":"Base!AF110&\" - \"&Base!I110","v":"Maladie - S3"},null,null,null,null,null,null,null,null,null,null,null,null,null,null,null,null,null,null,{"$f":"Base!H110","v":"Uvrier"},2,null,null,null,null,null,null,null,null,null,2,null,null,null,null,null,null,null,null,null,null,null,null,null,null,null,null,null,null,null,null,null,{"$f":"IF(Base!U110=\"Privée\",2,1)","v":2},{"$f":"IF(OR(LEFT(Base!AS110,1)=\"1\",LEFT(Base!AS110)=\"2\"),RIGHT(Base!AS110,LEN(Base!AS110)-1),Base!AS110)","v":"756.1218.4237.06"},{"$f":"Base!AU110","v":"Établissement"},{"$f":"OR(CONCATENATE(Base!AW110,Base!AX110)=CONCATENATE(Base!AH110,Base!AI110),FO112=\"Établissement\")","v":true},{"$f":"Base!I110","v":"S3"}]
[{"$f":"Base!A111","v":3882},{"$f":"20","v":20},{"$f":"Base!B111","v":"2022-01-28"},null,{"$f":"Base!AE111","v":"VS22002614"},null,null,null,null,null,"<AUTO>",null,null,null,null,"URL (Libre)",null,null,{"$f":"Base!E111&\" - \"&Base!H111&\" - \"&Base!D111","v":"16104 - Uvrier - 2827962/1"},{"$f":"IF(AND(Base!AT111<1000,Base!AT111>99),Base!AT111,IF(FO113=\"Établissement\",VALUE(CONCATENATE(LEN(SUBSTITUTE(V113,\" \",\"\")),LEN(V113),AA113,COLUMN(INDIRECT(LEFT(V113,1)&1)),LEN(SUBSTITUTE(V113,\"-\",\"\")))),IF(FN113=\"\",VALUE(CONCATENATE(COLUMN(INDIRECT(LEFT(W113,1)&1)),COLUMN(INDIRECT(LEFT(X113,1)&1)),AO113,CODE(AA113))),VALUE(SUBSTITUTE(SUBSTITUTE(SUBSTITUTE(FN113,\".\",\"\"),\" \",\"\"),\"-\",\"\")))))","v":101},null,{"$f":"SUBSTITUTE(IF(Base!BF111=0,\"\",Base!BF111),\" (facturation)\",\"\")","v":"Hôpital du Valais - Direction des Finances/Service des fournisseurs"},{"$f":"IF(Base!AW111=0,\"\",Base!AH111)","v":""},{"$f":"IF(Base!AX111=0,\"\",Base!AI111)","v":""},{"$f":"IF(Base!AW111=0,Base!AY111&\" \"&Base!AZ111,Base!AK111&\" \"&Base!AL111)","v":"Avenue Grand-Champsec 86"},{"$f":"IF(IF(Base!AW111=0,Base!BA111,Base!AM111)=0,\"\",IF(Base!AW111=0,Base!BA111,Base!AM111))","v":"Case postale 696"},{"$f":"IF(Base!AW111=0,Base!BB111,Base!AN111)","v":1951},{"$f":"IF(Base!AW111=0,Base!BC111,Base!AO111)","v":"Sion"},null,null,null,null,null,null,null,null,null,null,null,null,{"$f":"Base!AJ111","v":"1993-11-08"},{"$f":"IF(FO113=\"Établissement\",\"\",IF(Base!AG111=\"Masculin\",\"Monsieur\",IF(Base!AG111=\"Féminin\",\"Madame\",\"\")))","v":""},{"$f":"IF(FP113=FALSE,CONCATENATE(IF(Base!AV111=\"Masculin\",\"Monsieur\",IF(Base!AV111=\"Féminin\",\"Madame\",\"\")),\"#chr(13)##chr(10)#\",Base!AW111,\" \",Base!AX111, \"#chr(13)##chr(10)#\",Base!AY111,\" \",Base!AZ111, \"#chr(13)##chr(10)#\",Base!BA111, \"#chr(13)##chr(10)#\",Base!BB111,\" \",Base!BC111),\"\")","v":""},null,"",null,{"$f":"IF(AND(Base!AT111<200,Base!AT111>99),1,0)","v":1},null,0,{"$f":"Base!BG111","v":"HVS.KM7"},{"$f":"Base!BH111& \"#chr(13)##chr(10)#\" &Base!BI111","v":"Taxe kilométrique (0 à 50 km)#chr(13)##chr(10)#"},null,{"$f":"Base!BJ111","v":50},{"$f":"Base!BK111","v":7},{"$f":"IF(Base!BL111=\"\",\"\",Base!BL111)","v":"km"},null,{"$f":"Base!BM111","v":350},null,null,{"$f":"IF(Base!H111=\"Uvrier\",3018,VLOOKUP(FQ113,$GV$2:$GX$7,FM113+1,0))","v":3018},0,0,null,0,null,null,null,null,null,"Libre","BS - 181",null,"BU - 73 - aff",0,null,null,null,null,null,null,null,null,null,null,null,null,null,null,null,null,null,null,null,null,null,null,null,null,null,null,null,null,null,null,null,null,null,{"$f":"Base!AH111&\", \"&Base!AI111","v":"Nour Hessin, Abdel Karim"},{"$f":"Base!AN111&\" \"&Base!AO111&\", \"&Base!AK111&\" \"&Base!AL111","v":"1197 Prangins, Chemin Oscar Forel 3"},{"$f":"CONCATENATE(TEXT(DATE(YEAR(Base!AJ111),MONTH(Base!AJ111),DAY(Base!AJ111)),\"jj.mm.aaaa\"),\", \",FN113,IF(Base!D111=\"\",\"\",\" - \"),Base!D111)","v":"08.11.1993, 756.0329.4784.90 - 2827962/1"},{"$f":"Base!AR111","v":"Helsana Assurances SA"},{"$f":"LEFT(Base!J111,10)","v":"2022-01-25"},{"$f":"CONCATENATE(Base!L111,IF(Base!L111=0,\"\",\", \"),Base!M111,\" \",Base!N111,\", \",Base!P111,\" \",Base!Q111)","v":"Hôpital de Sion, Avenue du Grand-Champsec 80, 1950 Sion"},{"$f":"CONCATENATE(Base!V111,\", \",Base!Z111,\" \",Base!AA111,\", \",Base!W111,\" \",Base!X111)","v":"Hôpital psychiatrique de Prangins, 1197 Prangins, Chemin Oscar Forel 3"},null,{"$f":"CONCATENATE(RIGHT(LEFT(Base!J111,16),5),\" - \",RIGHT(LEFT(Base!K111,16),5))","v":"19:08 - 22:27"},{"$f":"Base!AF111&\" - \"&Base!I111","v":"Maladie - S3"},null,null,null,null,null,null,null,null,null,null,null,null,null,null,null,null,null,null,{"$f":"Base!H111","v":"Uvrier"},2,null,null,null,null,null,null,null,null,null,2,null,null,null,null,null,null,null,null,null,null,null,null,null,null,null,null,null,null,null,null,null,{"$f":"IF(Base!U111=\"Privée\",2,1)","v":2},{"$f":"IF(OR(LEFT(Base!AS111,1)=\"1\",LEFT(Base!AS111)=\"2\"),RIGHT(Base!AS111,LEN(Base!AS111)-1),Base!AS111)","v":"756.0329.4784.90"},{"$f":"Base!AU111","v":"Établissement"},{"$f":"OR(CONCATENATE(Base!AW111,Base!AX111)=CONCATENATE(Base!AH111,Base!AI111),FO113=\"Établissement\")","v":true},{"$f":"Base!I111","v":"S3"}]
[{"$f":"Base!A112","v":3882},{"$f":"20","v":20},{"$f":"Base!B112","v":"2022-01-28"},null,{"$f":"Base!AE112","v":"VS22002614"},null,null,null,null,null,"<AUTO>",null,null,null,null,"URL (Libre)",null,null,{"$f":"Base!E112&\" - \"&Base!H112&\" - \"&Base!D112","v":"16104 - Uvrier - 2827962/1"},{"$f":"IF(AND(Base!AT112<1000,Base!AT112>99),Base!AT112,IF(FO114=\"Établissement\",VALUE(CONCATENATE(LEN(SUBSTITUTE(V114,\" \",\"\")),LEN(V114),AA114,COLUMN(INDIRECT(LEFT(V114,1)&1)),LEN(SUBSTITUTE(V114,\"-\",\"\")))),IF(FN114=\"\",VALUE(CONCATENATE(COLUMN(INDIRECT(LEFT(W114,1)&1)),COLUMN(INDIRECT(LEFT(X114,1)&1)),AO114,CODE(AA114))),VALUE(SUBSTITUTE(SUBSTITUTE(SUBSTITUTE(FN114,\".\",\"\"),\" \",\"\"),\"-\",\"\")))))","v":101},null,{"$f":"SUBSTITUTE(IF(Base!BF112=0,\"\",Base!BF112),\" (facturation)\",\"\")","v":"Hôpital du Valais - Direction des Finances/Service des fournisseurs"},{"$f":"IF(Base!AW112=0,\"\",Base!AH112)","v":""},{"$f":"IF(Base!AX112=0,\"\",Base!AI112)","v":""},{"$f":"IF(Base!AW112=0,Base!AY112&\" \"&Base!AZ112,Base!AK112&\" \"&Base!AL112)","v":"Avenue Grand-Champsec 86"},{"$f":"IF(IF(Base!AW112=0,Base!BA112,Base!AM112)=0,\"\",IF(Base!AW112=0,Base!BA112,Base!AM112))","v":"Case postale 696"},{"$f":"IF(Base!AW112=0,Base!BB112,Base!AN112)","v":1951},{"$f":"IF(Base!AW112=0,Base!BC112,Base!AO112)","v":"Sion"},null,null,null,null,null,null,null,null,null,null,null,null,{"$f":"Base!AJ112","v":"1993-11-08"},{"$f":"IF(FO114=\"Établissement\",\"\",IF(Base!AG112=\"Masculin\",\"Monsieur\",IF(Base!AG112=\"Féminin\",\"Madame\",\"\")))","v":""},{"$f":"IF(FP114=FALSE,CONCATENATE(IF(Base!AV112=\"Masculin\",\"Monsieur\",IF(Base!AV112=\"Féminin\",\"Madame\",\"\")),\"#chr(13)##chr(10)#\",Base!AW112,\" \",Base!AX112, \"#chr(13)##chr(10)#\",Base!AY112,\" \",Base!AZ112, \"#chr(13)##chr(10)#\",Base!BA112, \"#chr(13)##chr(10)#\",Base!BB112,\" \",Base!BC112),\"\")","v":""},null,"",null,{"$f":"IF(AND(Base!AT112<200,Base!AT112>99),1,0)","v":1},null,0,{"$f":"Base!BG112","v":"HVS.KM6"},{"$f":"Base!BH112& \"#chr(13)##chr(10)#\" &Base!BI112","v":"Taxe kilométrique (51 à 100 km)#chr(13)##chr(10)#"},null,{"$f":"Base!BJ112","v":50},{"$f":"Base!BK112","v":6},{"$f":"IF(Base!BL112=\"\",\"\",Base!BL112)","v":"km"},null,{"$f":"Base!BM112","v":300},null,null,{"$f":"IF(Base!H112=\"Uvrier\",3018,VLOOKUP(FQ114,$GV$2:$GX$7,FM114+1,0))","v":3018},0,0,null,0,null,null,null,null,null,"Libre","BS - 182",null,"BU - 73 - aff",0,null,null,null,null,null,null,null,null,null,null,null,null,null,null,null,null,null,null,null,null,null,null,null,null,null,null,null,null,null,null,null,null,null,{"$f":"Base!AH112&\", \"&Base!AI112","v":"Nour Hessin, Abdel Karim"},{"$f":"Base!AN112&\" \"&Base!AO112&\", \"&Base!AK112&\" \"&Base!AL112","v":"1197 Prangins, Chemin Oscar Forel 3"},{"$f":"CONCATENATE(TEXT(DATE(YEAR(Base!AJ112),MONTH(Base!AJ112),DAY(Base!AJ112)),\"jj.mm.aaaa\"),\", \",FN114,IF(Base!D112=\"\",\"\",\" - \"),Base!D112)","v":"08.11.1993, 756.0329.4784.90 - 2827962/1"},{"$f":"Base!AR112","v":"Helsana Assurances SA"},{"$f":"LEFT(Base!J112,10)","v":"2022-01-25"},{"$f":"CONCATENATE(Base!L112,IF(Base!L112=0,\"\",\", \"),Base!M112,\" \",Base!N112,\", \",Base!P112,\" \",Base!Q112)","v":"Hôpital de Sion, Avenue du Grand-Champsec 80, 1950 Sion"},{"$f":"CONCATENATE(Base!V112,\", \",Base!Z112,\" \",Base!AA112,\", \",Base!W112,\" \",Base!X112)","v":"Hôpital psychiatrique de Prangins, 1197 Prangins, Chemin Oscar Forel 3"},null,{"$f":"CONCATENATE(RIGHT(LEFT(Base!J112,16),5),\" - \",RIGHT(LEFT(Base!K112,16),5))","v":"19:08 - 22:27"},{"$f":"Base!AF112&\" - \"&Base!I112","v":"Maladie - S3"},null,null,null,null,null,null,null,null,null,null,null,null,null,null,null,null,null,null,{"$f":"Base!H112","v":"Uvrier"},2,null,null,null,null,null,null,null,null,null,2,null,null,null,null,null,null,null,null,null,null,null,null,null,null,null,null,null,null,null,null,null,{"$f":"IF(Base!U112=\"Privée\",2,1)","v":2},{"$f":"IF(OR(LEFT(Base!AS112,1)=\"1\",LEFT(Base!AS112)=\"2\"),RIGHT(Base!AS112,LEN(Base!AS112)-1),Base!AS112)","v":"756.0329.4784.90"},{"$f":"Base!AU112","v":"Établissement"},{"$f":"OR(CONCATENATE(Base!AW112,Base!AX112)=CONCATENATE(Base!AH112,Base!AI112),FO114=\"Établissement\")","v":true},{"$f":"Base!I112","v":"S3"}]
[{"$f":"Base!A113","v":3882},{"$f":"20","v":20},{"$f":"Base!B113","v":"2022-01-28"},null,{"$f":"Base!AE113","v":"VS22002614"},null,null,null,null,null,"<AUTO>",null,null,null,null,"URL (Libre)",null,null,{"$f":"Base!E113&\" - \"&Base!H113&\" - \"&Base!D113","v":"16104 - Uvrier - 2827962/1"},{"$f":"IF(AND(Base!AT113<1000,Base!AT113>99),Base!AT113,IF(FO115=\"Établissement\",VALUE(CONCATENATE(LEN(SUBSTITUTE(V115,\" \",\"\")),LEN(V115),AA115,COLUMN(INDIRECT(LEFT(V115,1)&1)),LEN(SUBSTITUTE(V115,\"-\",\"\")))),IF(FN115=\"\",VALUE(CONCATENATE(COLUMN(INDIRECT(LEFT(W115,1)&1)),COLUMN(INDIRECT(LEFT(X115,1)&1)),AO115,CODE(AA115))),VALUE(SUBSTITUTE(SUBSTITUTE(SUBSTITUTE(FN115,\".\",\"\"),\" \",\"\"),\"-\",\"\")))))","v":101},null,{"$f":"SUBSTITUTE(IF(Base!BF113=0,\"\",Base!BF113),\" (facturation)\",\"\")","v":"Hôpital du Valais - Direction des Finances/Service des fournisseurs"},{"$f":"IF(Base!AW113=0,\"\",Base!AH113)","v":""},{"$f":"IF(Base!AX113=0,\"\",Base!AI113)","v":""},{"$f":"IF(Base!AW113=0,Base!AY113&\" \"&Base!AZ113,Base!AK113&\" \"&Base!AL113)","v":"Avenue Grand-Champsec 86"},{"$f":"IF(IF(Base!AW113=0,Base!BA113,Base!AM113)=0,\"\",IF(Base!AW113=0,Base!BA113,Base!AM113))","v":"Case postale 696"},{"$f":"IF(Base!AW113=0,Base!BB113,Base!AN113)","v":1951},{"$f":"IF(Base!AW113=0,Base!BC113,Base!AO113)","v":"Sion"},null,null,null,null,null,null,null,null,null,null,null,null,{"$f":"Base!AJ113","v":"1993-11-08"},{"$f":"IF(FO115=\"Établissement\",\"\",IF(Base!AG113=\"Masculin\",\"Monsieur\",IF(Base!AG113=\"Féminin\",\"Madame\",\"\")))","v":""},{"$f":"IF(FP115=FALSE,CONCATENATE(IF(Base!AV113=\"Masculin\",\"Monsieur\",IF(Base!AV113=\"Féminin\",\"Madame\",\"\")),\"#chr(13)##chr(10)#\",Base!AW113,\" \",Base!AX113, \"#chr(13)##chr(10)#\",Base!AY113,\" \",Base!AZ113, \"#chr(13)##chr(10)#\",Base!BA113, \"#chr(13)##chr(10)#\",Base!BB113,\" \",Base!BC113),\"\")","v":""},null,"",null,{"$f":"IF(AND(Base!AT113<200,Base!AT113>99),1,0)","v":1},null,0,{"$f":"Base!BG113","v":"HVS.KM5"},{"$f":"Base!BH113& \"#chr(13)##chr(10)#\" &Base!BI113","v":"Taxe kilométrique (dès 101 km)#chr(13)##chr(10)#"},null,{"$f":"Base!BJ113","v":174},{"$f":"Base!BK113","v":5},{"$f":"IF(Base!BL113=\"\",\"\",Base!BL113)","v":"km"},null,{"$f":"Base!BM113","v":870},null,null,{"$f":"IF(Base!H113=\"Uvrier\",3018,VLOOKUP(FQ115,$GV$2:$GX$7,FM115+1,0))","v":3018},0,0,null,0,null,null,null,null,null,"Libre","BS - 183",null,"BU - 73 - aff",0,null,null,null,null,null,null,null,null,null,null,null,null,null,null,null,null,null,null,null,null,null,null,null,null,null,null,null,null,null,null,null,null,null,{"$f":"Base!AH113&\", \"&Base!AI113","v":"Nour Hessin, Abdel Karim"},{"$f":"Base!AN113&\" \"&Base!AO113&\", \"&Base!AK113&\" \"&Base!AL113","v":"1197 Prangins, Chemin Oscar Forel 3"},{"$f":"CONCATENATE(TEXT(DATE(YEAR(Base!AJ113),MONTH(Base!AJ113),DAY(Base!AJ113)),\"jj.mm.aaaa\"),\", \",FN115,IF(Base!D113=\"\",\"\",\" - \"),Base!D113)","v":"08.11.1993, 756.0329.4784.90 - 2827962/1"},{"$f":"Base!AR113","v":"Helsana Assurances SA"},{"$f":"LEFT(Base!J113,10)","v":"2022-01-25"},{"$f":"CONCATENATE(Base!L113,IF(Base!L113=0,\"\",\", \"),Base!M113,\" \",Base!N113,\", \",Base!P113,\" \",Base!Q113)","v":"Hôpital de Sion, Avenue du Grand-Champsec 80, 1950 Sion"},{"$f":"CONCATENATE(Base!V113,\", \",Base!Z113,\" \",Base!AA113,\", \",Base!W113,\" \",Base!X113)","v":"Hôpital psychiatrique de Prangins, 1197 Prangins, Chemin Oscar Forel 3"},null,{"$f":"CONCATENATE(RIGHT(LEFT(Base!J113,16),5),\" - \",RIGHT(LEFT(Base!K113,16),5))","v":"19:08 - 22:27"},{"$f":"Base!AF113&\" - \"&Base!I113","v":"Maladie - S3"},null,null,null,null,null,null,null,null,null,null,null,null,null,null,null,null,null,null,{"$f":"Base!H113","v":"Uvrier"},2,null,null,null,null,null,null,null,null,null,2,null,null,null,null,null,null,null,null,null,null,null,null,null,null,null,null,null,null,null,null,null,{"$f":"IF(Base!U113=\"Privée\",2,1)","v":2},{"$f":"IF(OR(LEFT(Base!AS113,1)=\"1\",LEFT(Base!AS113)=\"2\"),RIGHT(Base!AS113,LEN(Base!AS113)-1),Base!AS113)","v":"756.0329.4784.90"},{"$f":"Base!AU113","v":"Établissement"},{"$f":"OR(CONCATENATE(Base!AW113,Base!AX113)=CONCATENATE(Base!AH113,Base!AI113),FO115=\"Établissement\")","v":true},{"$f":"Base!I113","v":"S3"}]
[{"$f":"Base!A114","v":3883},{"$f":"20","v":20},{"$f":"Base!B114","v":"2022-01-28"},null,{"$f":"Base!AE114","v":"VS22002624"},null,null,null,null,null,"<AUTO>",null,null,null,null,"URL (Libre)",null,null,{"$f":"Base!E114&\" - \"&Base!H114&\" - \"&Base!D114","v":"16113 - Uvrier - "},{"$f":"IF(AND(Base!AT114<1000,Base!AT114>99),Base!AT114,IF(FO116=\"Établissement\",VALUE(CONCATENATE(LEN(SUBSTITUTE(V116,\" \",\"\")),LEN(V116),AA116,COLUMN(INDIRECT(LEFT(V116,1)&1)),LEN(SUBSTITUTE(V116,\"-\",\"\")))),IF(FN116=\"\",VALUE(CONCATENATE(COLUMN(INDIRECT(LEFT(W116,1)&1)),COLUMN(INDIRECT(LEFT(X116,1)&1)),AO116,CODE(AA116))),VALUE(SUBSTITUTE(SUBSTITUTE(SUBSTITUTE(FN116,\".\",\"\"),\" \",\"\"),\"-\",\"\")))))","v":100},null,{"$f":"SUBSTITUTE(IF(Base!BF114=0,\"\",Base!BF114),\" (facturation)\",\"\")","v":"Hôpital Riviera-Chablais Vaud-Valais - Fournisseurs"},{"$f":"IF(Base!AW114=0,\"\",Base!AH114)","v":""},{"$f":"IF(Base!AX114=0,\"\",Base!AI114)","v":""},{"$f":"IF(Base!AW114=0,Base!AY114&\" \"&Base!AZ114,Base!AK114&\" \"&Base!AL114)","v":"Route du Vieux-Séquoia 20"},{"$f":"IF(IF(Base!AW114=0,Base!BA114,Base!AM114)=0,\"\",IF(Base!AW114=0,Base!BA114,Base!AM114))","v":""},{"$f":"IF(Base!AW114=0,Base!BB114,Base!AN114)","v":1847},{"$f":"IF(Base!AW114=0,Base!BC114,Base!AO114)","v":"Rennaz"},null,null,null,null,null,null,null,null,null,null,null,null,{"$f":"Base!AJ114","v":"1950-03-03"},{"$f":"IF(FO116=\"Établissement\",\"\",IF(Base!AG114=\"Masculin\",\"Monsieur\",IF(Base!AG114=\"Féminin\",\"Madame\",\"\")))","v":""},{"$f":"IF(FP116=FALSE,CONCATENATE(IF(Base!AV114=\"Masculin\",\"Monsieur\",IF(Base!AV114=\"Féminin\",\"Madame\",\"\")),\"#chr(13)##chr(10)#\",Base!AW114,\" \",Base!AX114, \"#chr(13)##chr(10)#\",Base!AY114,\" \",Base!AZ114, \"#chr(13)##chr(10)#\",Base!BA114, \"#chr(13)##chr(10)#\",Base!BB114,\" \",Base!BC114),\"\")","v":""},null,"",null,{"$f":"IF(AND(Base!AT114<200,Base!AT114>99),1,0)","v":1},null,0,{"$f":"Base!BG114","v":"HRC.111N"},{"$f":"Base!BH114& \"#chr(13)##chr(10)#\" &Base!BI114","v":"Forfait S3 Rennaz - Fondation de Nant#chr(13)##chr(10)#Trajet simple nuit (19h00-07h00)"},null,{"$f":"Base!BJ114","v":1},{"$f":"Base!BK114","v":600},{"$f":"IF(Base!BL114=\"\",\"\",Base!BL114)","v":""},null,{"$f":"Base!BM114","v":600},null,null,{"$f":"IF(Base!H114=\"Uvrier\",3018,VLOOKUP(FQ116,$GV$2:$GX$7,FM116+1,0))","v":3018},0,0,null,0,null,null,null,null,null,"Libre","BS - 184",null,"BU - 73 - aff",0,null,null,null,null,null,null,null,null,null,null,null,null,null,null,null,null,null,null,null,null,null,null,null,null,null,null,null,null,null,null,null,null,null,{"$f":"Base!AH114&\", \"&Base!AI114","v":"Duric, Meho"},{"$f":"Base!AN114&\" \"&Base!AO114&\", \"&Base!AK114&\" \"&Base!AL114","v":"1820 Montreux, Avenue de Belmont 13"},{"$f":"CONCATENATE(TEXT(DATE(YEAR(Base!AJ114),MONTH(Base!AJ114),DAY(Base!AJ114)),\"jj.mm.aaaa\"),\", \",FN116,IF(Base!D114=\"\",\"\",\" - \"),Base!D114)","v":"03.03.1950, 756.7542.3358.76"},{"$f":"Base!AR114","v":"Avenir Assurance Maladie SA"},{"$f":"LEFT(Base!J114,10)","v":"2022-01-25"},{"$f":"CONCATENATE(Base!L114,IF(Base!L114=0,\"\",\", \"),Base!M114,\" \",Base!N114,\", \",Base!P114,\" \",Base!Q114)","v":"Hôpital Riviera-Chablais (HRC), Route du Vieux-Séquoia 20, 1847 Rennaz"},{"$f":"CONCATENATE(Base!V114,\", \",Base!Z114,\" \",Base!AA114,\", \",Base!W114,\" \",Base!X114)","v":"Hôpital psychiatrique Fondation de Nant, 1804 Corsier-sur-Vevey, Route de Nant "},null,{"$f":"CONCATENATE(RIGHT(LEFT(Base!J114,16),5),\" - \",RIGHT(LEFT(Base!K114,16),5))","v":"22:29 - 23:20"},{"$f":"Base!AF114&\" - \"&Base!I114","v":"Maladie - S3"},null,null,null,null,null,null,null,null,null,null,null,null,null,null,null,null,null,null,{"$f":"Base!H114","v":"Uvrier"},2,null,null,null,null,null,null,null,null,null,2,null,null,null,null,null,null,null,null,null,null,null,null,null,null,null,null,null,null,null,null,null,{"$f":"IF(Base!U114=\"Privée\",2,1)","v":2},{"$f":"IF(OR(LEFT(Base!AS114,1)=\"1\",LEFT(Base!AS114)=\"2\"),RIGHT(Base!AS114,LEN(Base!AS114)-1),Base!AS114)","v":"756.7542.3358.76"},{"$f":"Base!AU114","v":"Établissement"},{"$f":"OR(CONCATENATE(Base!AW114,Base!AX114)=CONCATENATE(Base!AH114,Base!AI114),FO116=\"Établissement\")","v":true},{"$f":"Base!I114","v":"S3"}]
[{"$f":"Base!A115","v":3884},{"$f":"20","v":20},{"$f":"Base!B115","v":"2022-01-28"},null,{"$f":"Base!AE115","v":"VS22002626"},null,null,null,null,null,"<AUTO>",null,null,null,null,"URL (Libre)",null,null,{"$f":"Base!E115&\" - \"&Base!H115&\" - \"&Base!D115","v":"16115 - Uvrier - 2205736/15"},{"$f":"IF(AND(Base!AT115<1000,Base!AT115>99),Base!AT115,IF(FO117=\"Établissement\",VALUE(CONCATENATE(LEN(SUBSTITUTE(V117,\" \",\"\")),LEN(V117),AA117,COLUMN(INDIRECT(LEFT(V117,1)&1)),LEN(SUBSTITUTE(V117,\"-\",\"\")))),IF(FN117=\"\",VALUE(CONCATENATE(COLUMN(INDIRECT(LEFT(W117,1)&1)),COLUMN(INDIRECT(LEFT(X117,1)&1)),AO117,CODE(AA117))),VALUE(SUBSTITUTE(SUBSTITUTE(SUBSTITUTE(FN117,\".\",\"\"),\" \",\"\"),\"-\",\"\")))))","v":101},null,{"$f":"SUBSTITUTE(IF(Base!BF115=0,\"\",Base!BF115),\" (facturation)\",\"\")","v":"Hôpital du Valais - Direction des Finances/Service des fournisseurs"},{"$f":"IF(Base!AW115=0,\"\",Base!AH115)","v":""},{"$f":"IF(Base!AX115=0,\"\",Base!AI115)","v":""},{"$f":"IF(Base!AW115=0,Base!AY115&\" \"&Base!AZ115,Base!AK115&\" \"&Base!AL115)","v":"Avenue Grand-Champsec 86"},{"$f":"IF(IF(Base!AW115=0,Base!BA115,Base!AM115)=0,\"\",IF(Base!AW115=0,Base!BA115,Base!AM115))","v":"Case postale 696"},{"$f":"IF(Base!AW115=0,Base!BB115,Base!AN115)","v":1951},{"$f":"IF(Base!AW115=0,Base!BC115,Base!AO115)","v":"Sion"},null,null,null,null,null,null,null,null,null,null,null,null,{"$f":"Base!AJ115","v":"1950-12-13"},{"$f":"IF(FO117=\"Établissement\",\"\",IF(Base!AG115=\"Masculin\",\"Monsieur\",IF(Base!AG115=\"Féminin\",\"Madame\",\"\")))","v":""},{"$f":"IF(FP117=FALSE,CONCATENATE(IF(Base!AV115=\"Masculin\",\"Monsieur\",IF(Base!AV115=\"Féminin\",\"Madame\",\"\")),\"#chr(13)##chr(10)#\",Base!AW115,\" \",Base!AX115, \"#chr(13)##chr(10)#\",Base!AY115,\" \",Base!AZ115, \"#chr(13)##chr(10)#\",Base!BA115, \"#chr(13)##chr(10)#\",Base!BB115,\" \",Base!BC115),\"\")","v":""},null,"",null,{"$f":"IF(AND(Base!AT115<200,Base!AT115>99),1,0)","v":1},null,0,{"$f":"Base!BG115","v":"HVS.13N"},{"$f":"Base!BH115& \"#chr(13)##chr(10)#\" &Base!BI115","v":"Forfait S3 HVS Sion - HVS Martigny#chr(13)##chr(10)#Trajet simple nuit (20h00-08h00) ou dimanches et jours fériés"},null,{"$f":"Base!BJ115","v":1},{"$f":"Base!BK115","v":660},{"$f":"IF(Base!BL115=\"\",\"\",Base!BL115)","v":""},null,{"$f":"Base!BM115","v":660},null,null,{"$f":"IF(Base!H115=\"Uvrier\",3018,VLOOKUP(FQ117,$GV$2:$GX$7,FM117+1,0))","v":3018},0,0,null,0,null,null,null,null,null,"Libre","BS - 185",null,"BU - 73 - aff",0,null,null,null,null,null,null,null,null,null,null,null,null,null,null,null,null,null,null,null,null,null,null,null,null,null,null,null,null,null,null,null,null,null,{"$f":"Base!AH115&\", \"&Base!AI115","v":"Hermann, Rudi Klaus"},{"$f":"Base!AN115&\" \"&Base!AO115&\", \"&Base!AK115&\" \"&Base!AL115","v":"1966 Ayent, Route du Bré 15"},{"$f":"CONCATENATE(TEXT(DATE(YEAR(Base!AJ115),MONTH(Base!AJ115),DAY(Base!AJ115)),\"jj.mm.aaaa\"),\", \",FN117,IF(Base!D115=\"\",\"\",\" - \"),Base!D115)","v":"13.12.1950, 756.3964.8099.88 - 2205736/15"},{"$f":"Base!AR115","v":"CSS Kranken- Versicherung AG"},{"$f":"LEFT(Base!J115,10)","v":"2022-01-25"},{"$f":"CONCATENATE(Base!L115,IF(Base!L115=0,\"\",\", \"),Base!M115,\" \",Base!N115,\", \",Base!P115,\" \",Base!Q115)","v":"Hôpital de Sion, Avenue du Grand-Champsec 80, 1950 Sion"},{"$f":"CONCATENATE(Base!V115,\", \",Base!Z115,\" \",Base!AA115,\", \",Base!W115,\" \",Base!X115)","v":"Hôpital de Martigny, 1920 Martigny, Avenue de la Fusion 27"},null,{"$f":"CONCATENATE(RIGHT(LEFT(Base!J115,16),5),\" - \",RIGHT(LEFT(Base!K115,16),5))","v":"23:20 - 01:27"},{"$f":"Base!AF115&\" - \"&Base!I115","v":"Maladie - S3"},null,null,null,null,null,null,null,null,null,null,null,null,null,null,null,null,null,null,{"$f":"Base!H115","v":"Uvrier"},2,null,null,null,null,null,null,null,null,null,2,null,null,null,null,null,null,null,null,null,null,null,null,null,null,null,null,null,null,null,null,null,{"$f":"IF(Base!U115=\"Privée\",2,1)","v":2},{"$f":"IF(OR(LEFT(Base!AS115,1)=\"1\",LEFT(Base!AS115)=\"2\"),RIGHT(Base!AS115,LEN(Base!AS115)-1),Base!AS115)","v":"756.3964.8099.88"},{"$f":"Base!AU115","v":"Établissement"},{"$f":"OR(CONCATENATE(Base!AW115,Base!AX115)=CONCATENATE(Base!AH115,Base!AI115),FO117=\"Établissement\")","v":true},{"$f":"Base!I115","v":"S3"}]
[{"$f":"Base!A116","v":4138},{"$f":"20","v":20},{"$f":"Base!B116","v":"2022-02-11"},null,{"$f":"Base!AE116","v":"VS22002631"},null,null,null,null,null,"<AUTO>",null,null,null,null,"URL (Libre)",null,null,{"$f":"Base!E116&\" - \"&Base!H116&\" - \"&Base!D116","v":"16120 - Uvrier - 2093564/15"},{"$f":"IF(AND(Base!AT116<1000,Base!AT116>99),Base!AT116,IF(FO118=\"Établissement\",VALUE(CONCATENATE(LEN(SUBSTITUTE(V118,\" \",\"\")),LEN(V118),AA118,COLUMN(INDIRECT(LEFT(V118,1)&1)),LEN(SUBSTITUTE(V118,\"-\",\"\")))),IF(FN118=\"\",VALUE(CONCATENATE(COLUMN(INDIRECT(LEFT(W118,1)&1)),COLUMN(INDIRECT(LEFT(X118,1)&1)),AO118,CODE(AA118))),VALUE(SUBSTITUTE(SUBSTITUTE(SUBSTITUTE(FN118,\".\",\"\"),\" \",\"\"),\"-\",\"\")))))","v":101},null,{"$f":"SUBSTITUTE(IF(Base!BF116=0,\"\",Base!BF116),\" (facturation)\",\"\")","v":"Hôpital du Valais - Direction des Finances/Service des fournisseurs"},{"$f":"IF(Base!AW116=0,\"\",Base!AH116)","v":""},{"$f":"IF(Base!AX116=0,\"\",Base!AI116)","v":""},{"$f":"IF(Base!AW116=0,Base!AY116&\" \"&Base!AZ116,Base!AK116&\" \"&Base!AL116)","v":"Avenue Grand-Champsec 86"},{"$f":"IF(IF(Base!AW116=0,Base!BA116,Base!AM116)=0,\"\",IF(Base!AW116=0,Base!BA116,Base!AM116))","v":"Case postale 696"},{"$f":"IF(Base!AW116=0,Base!BB116,Base!AN116)","v":1951},{"$f":"IF(Base!AW116=0,Base!BC116,Base!AO116)","v":"Sion"},null,null,null,null,null,null,null,null,null,null,null,null,{"$f":"Base!AJ116","v":"1939-04-03"},{"$f":"IF(FO118=\"Établissement\",\"\",IF(Base!AG116=\"Masculin\",\"Monsieur\",IF(Base!AG116=\"Féminin\",\"Madame\",\"\")))","v":""},{"$f":"IF(FP118=FALSE,CONCATENATE(IF(Base!AV116=\"Masculin\",\"Monsieur\",IF(Base!AV116=\"Féminin\",\"Madame\",\"\")),\"#chr(13)##chr(10)#\",Base!AW116,\" \",Base!AX116, \"#chr(13)##chr(10)#\",Base!AY116,\" \",Base!AZ116, \"#chr(13)##chr(10)#\",Base!BA116, \"#chr(13)##chr(10)#\",Base!BB116,\" \",Base!BC116),\"\")","v":""},null,"",null,{"$f":"IF(AND(Base!AT116<200,Base!AT116>99),1,0)","v":1},null,0,{"$f":"Base!BG116","v":"HVS.31N"},{"$f":"Base!BH116& \"#chr(13)##chr(10)#\" &Base!BI116","v":"Forfait S3 HVS Martigny - HVS Sion#chr(13)##chr(10)#Trajet simple nuit (20h00-08h00) ou dimanches et jours fériés"},null,{"$f":"Base!BJ116","v":1},{"$f":"Base!BK116","v":660},{"$f":"IF(Base!BL116=\"\",\"\",Base!BL116)","v":""},null,{"$f":"Base!BM116","v":660},null,null,{"$f":"IF(Base!H116=\"Uvrier\",3018,VLOOKUP(FQ118,$GV$2:$GX$7,FM118+1,0))","v":3018},0,0,null,0,null,null,null,null,null,"Libre","BS - 186",null,"BU - 73 - aff",0,null,null,null,null,null,null,null,null,null,null,null,null,null,null,null,null,null,null,null,null,null,null,null,null,null,null,null,null,null,null,null,null,null,{"$f":"Base!AH116&\", \"&Base!AI116","v":"Buemi, Christiane"},{"$f":"Base!AN116&\" \"&Base!AO116&\", \"&Base!AK116&\" \"&Base!AL116","v":"1934 Villette, Chemin du Perray 17"},{"$f":"CONCATENATE(TEXT(DATE(YEAR(Base!AJ116),MONTH(Base!AJ116),DAY(Base!AJ116)),\"jj.mm.aaaa\"),\", \",FN118,IF(Base!D116=\"\",\"\",\" - \"),Base!D116)","v":"03.04.1939, 756.6508.5401.32 - 2093564/15"},{"$f":"Base!AR116","v":"CPT Assurance SA"},{"$f":"LEFT(Base!J116,10)","v":"2022-01-26"},{"$f":"CONCATENATE(Base!L116,IF(Base!L116=0,\"\",\", \"),Base!M116,\" \",Base!N116,\", \",Base!P116,\" \",Base!Q116)","v":"Hôpital de Martigny, Avenue de la Fusion 27, 1920 Martigny"},{"$f":"CONCATENATE(Base!V116,\", \",Base!Z116,\" \",Base!AA116,\", \",Base!W116,\" \",Base!X116)","v":"Hôpital de Sion, 1950 Sion, Avenue du Grand-Champsec 80"},null,{"$f":"CONCATENATE(RIGHT(LEFT(Base!J116,16),5),\" - \",RIGHT(LEFT(Base!K116,16),5))","v":"01:27 - 02:15"},{"$f":"Base!AF116&\" - \"&Base!I116","v":"Maladie - S3"},null,null,null,null,null,null,null,null,null,null,null,null,null,null,null,null,null,null,{"$f":"Base!H116","v":"Uvrier"},2,null,null,null,null,null,null,null,null,null,2,null,null,null,null,null,null,null,null,null,null,null,null,null,null,null,null,null,null,null,null,null,{"$f":"IF(Base!U116=\"Privée\",2,1)","v":2},{"$f":"IF(OR(LEFT(Base!AS116,1)=\"1\",LEFT(Base!AS116)=\"2\"),RIGHT(Base!AS116,LEN(Base!AS116)-1),Base!AS116)","v":"756.6508.5401.32"},{"$f":"Base!AU116","v":"Établissement"},{"$f":"OR(CONCATENATE(Base!AW116,Base!AX116)=CONCATENATE(Base!AH116,Base!AI116),FO118=\"Établissement\")","v":true},{"$f":"Base!I116","v":"S3"}]
[{"$f":"Base!A117","v":4139},{"$f":"20","v":20},{"$f":"Base!B117","v":"2022-02-11"},null,{"$f":"Base!AE117","v":"VS22002633"},null,null,null,null,null,"<AUTO>",null,null,null,null,"URL (Libre)",null,null,{"$f":"Base!E117&\" - \"&Base!H117&\" - \"&Base!D117","v":"16122 - Uvrier - 2009586/5"},{"$f":"IF(AND(Base!AT117<1000,Base!AT117>99),Base!AT117,IF(FO119=\"Établissement\",VALUE(CONCATENATE(LEN(SUBSTITUTE(V119,\" \",\"\")),LEN(V119),AA119,COLUMN(INDIRECT(LEFT(V119,1)&1)),LEN(SUBSTITUTE(V119,\"-\",\"\")))),IF(FN119=\"\",VALUE(CONCATENATE(COLUMN(INDIRECT(LEFT(W119,1)&1)),COLUMN(INDIRECT(LEFT(X119,1)&1)),AO119,CODE(AA119))),VALUE(SUBSTITUTE(SUBSTITUTE(SUBSTITUTE(FN119,\".\",\"\"),\" \",\"\"),\"-\",\"\")))))","v":101},null,{"$f":"SUBSTITUTE(IF(Base!BF117=0,\"\",Base!BF117),\" (facturation)\",\"\")","v":"Hôpital du Valais - Direction des Finances/Service des fournisseurs"},{"$f":"IF(Base!AW117=0,\"\",Base!AH117)","v":""},{"$f":"IF(Base!AX117=0,\"\",Base!AI117)","v":""},{"$f":"IF(Base!AW117=0,Base!AY117&\" \"&Base!AZ117,Base!AK117&\" \"&Base!AL117)","v":"Avenue Grand-Champsec 86"},{"$f":"IF(IF(Base!AW117=0,Base!BA117,Base!AM117)=0,\"\",IF(Base!AW117=0,Base!BA117,Base!AM117))","v":"Case postale 696"},{"$f":"IF(Base!AW117=0,Base!BB117,Base!AN117)","v":1951},{"$f":"IF(Base!AW117=0,Base!BC117,Base!AO117)","v":"Sion"},null,null,null,null,null,null,null,null,null,null,null,null,{"$f":"Base!AJ117","v":"1931-07-23"},{"$f":"IF(FO119=\"Établissement\",\"\",IF(Base!AG117=\"Masculin\",\"Monsieur\",IF(Base!AG117=\"Féminin\",\"Madame\",\"\")))","v":""},{"$f":"IF(FP119=FALSE,CONCATENATE(IF(Base!AV117=\"Masculin\",\"Monsieur\",IF(Base!AV117=\"Féminin\",\"Madame\",\"\")),\"#chr(13)##chr(10)#\",Base!AW117,\" \",Base!AX117, \"#chr(13)##chr(10)#\",Base!AY117,\" \",Base!AZ117, \"#chr(13)##chr(10)#\",Base!BA117, \"#chr(13)##chr(10)#\",Base!BB117,\" \",Base!BC117),\"\")","v":""},null,"",null,{"$f":"IF(AND(Base!AT117<200,Base!AT117>99),1,0)","v":1},null,0,{"$f":"Base!BG117","v":"HVS.13N"},{"$f":"Base!BH117& \"#chr(13)##chr(10)#\" &Base!BI117","v":"Forfait S3 HVS Sion - HVS Martigny#chr(13)##chr(10)#Trajet simple nuit (20h00-08h00) ou dimanches et jours fériés"},null,{"$f":"Base!BJ117","v":1},{"$f":"Base!BK117","v":660},{"$f":"IF(Base!BL117=\"\",\"\",Base!BL117)","v":""},null,{"$f":"Base!BM117","v":660},null,null,{"$f":"IF(Base!H117=\"Uvrier\",3018,VLOOKUP(FQ119,$GV$2:$GX$7,FM119+1,0))","v":3018},0,0,null,0,null,null,null,null,null,"Libre","BS - 187",null,"BU - 73 - aff",0,null,null,null,null,null,null,null,null,null,null,null,null,null,null,null,null,null,null,null,null,null,null,null,null,null,null,null,null,null,null,null,null,null,{"$f":"Base!AH117&\", \"&Base!AI117","v":"Russi, Arlette Lily"},{"$f":"Base!AN117&\" \"&Base!AO117&\", \"&Base!AK117&\" \"&Base!AL117","v":"3961 Mission, Route du Nigett 15"},{"$f":"CONCATENATE(TEXT(DATE(YEAR(Base!AJ117),MONTH(Base!AJ117),DAY(Base!AJ117)),\"jj.mm.aaaa\"),\", \",FN119,IF(Base!D117=\"\",\"\",\" - \"),Base!D117)","v":"23.07.1931, 756.2370.4218.21 - 2009586/5"},{"$f":"Base!AR117","v":"Easy Sana Assurance Maladie SA"},{"$f":"LEFT(Base!J117,10)","v":"2022-01-26"},{"$f":"CONCATENATE(Base!L117,IF(Base!L117=0,\"\",\", \"),Base!M117,\" \",Base!N117,\", \",Base!P117,\" \",Base!Q117)","v":"Hôpital de Sion, Avenue du Grand-Champsec 80, 1950 Sion"},{"$f":"CONCATENATE(Base!V117,\", \",Base!Z117,\" \",Base!AA117,\", \",Base!W117,\" \",Base!X117)","v":"Hôpital de Martigny, 1920 Martigny, Avenue de la Fusion 27"},null,{"$f":"CONCATENATE(RIGHT(LEFT(Base!J117,16),5),\" - \",RIGHT(LEFT(Base!K117,16),5))","v":"02:15 - 03:24"},{"$f":"Base!AF117&\" - \"&Base!I117","v":"Maladie - S3"},null,null,null,null,null,null,null,null,null,null,null,null,null,null,null,null,null,null,{"$f":"Base!H117","v":"Uvrier"},2,null,null,null,null,null,null,null,null,null,2,null,null,null,null,null,null,null,null,null,null,null,null,null,null,null,null,null,null,null,null,null,{"$f":"IF(Base!U117=\"Privée\",2,1)","v":2},{"$f":"IF(OR(LEFT(Base!AS117,1)=\"1\",LEFT(Base!AS117)=\"2\"),RIGHT(Base!AS117,LEN(Base!AS117)-1),Base!AS117)","v":"756.2370.4218.21"},{"$f":"Base!AU117","v":"Établissement"},{"$f":"OR(CONCATENATE(Base!AW117,Base!AX117)=CONCATENATE(Base!AH117,Base!AI117),FO119=\"Établissement\")","v":true},{"$f":"Base!I117","v":"S3"}]
[{"$f":"Base!A118","v":4140},{"$f":"20","v":20},{"$f":"Base!B118","v":"2022-02-11"},null,{"$f":"Base!AE118","v":"VS22002636"},null,null,null,null,null,"<AUTO>",null,null,null,null,"URL (Libre)",null,null,{"$f":"Base!E118&\" - \"&Base!H118&\" - \"&Base!D118","v":"16125 - Uvrier - 2404977/9"},{"$f":"IF(AND(Base!AT118<1000,Base!AT118>99),Base!AT118,IF(FO120=\"Établissement\",VALUE(CONCATENATE(LEN(SUBSTITUTE(V120,\" \",\"\")),LEN(V120),AA120,COLUMN(INDIRECT(LEFT(V120,1)&1)),LEN(SUBSTITUTE(V120,\"-\",\"\")))),IF(FN120=\"\",VALUE(CONCATENATE(COLUMN(INDIRECT(LEFT(W120,1)&1)),COLUMN(INDIRECT(LEFT(X120,1)&1)),AO120,CODE(AA120))),VALUE(SUBSTITUTE(SUBSTITUTE(SUBSTITUTE(FN120,\".\",\"\"),\" \",\"\"),\"-\",\"\")))))","v":101},null,{"$f":"SUBSTITUTE(IF(Base!BF118=0,\"\",Base!BF118),\" (facturation)\",\"\")","v":"Hôpital du Valais - Direction des Finances/Service des fournisseurs"},{"$f":"IF(Base!AW118=0,\"\",Base!AH118)","v":""},{"$f":"IF(Base!AX118=0,\"\",Base!AI118)","v":""},{"$f":"IF(Base!AW118=0,Base!AY118&\" \"&Base!AZ118,Base!AK118&\" \"&Base!AL118)","v":"Avenue Grand-Champsec 86"},{"$f":"IF(IF(Base!AW118=0,Base!BA118,Base!AM118)=0,\"\",IF(Base!AW118=0,Base!BA118,Base!AM118))","v":"Case postale 696"},{"$f":"IF(Base!AW118=0,Base!BB118,Base!AN118)","v":1951},{"$f":"IF(Base!AW118=0,Base!BC118,Base!AO118)","v":"Sion"},null,null,null,null,null,null,null,null,null,null,null,null,{"$f":"Base!AJ118","v":"1969-08-25"},{"$f":"IF(FO120=\"Établissement\",\"\",IF(Base!AG118=\"Masculin\",\"Monsieur\",IF(Base!AG118=\"Féminin\",\"Madame\",\"\")))","v":""},{"$f":"IF(FP120=FALSE,CONCATENATE(IF(Base!AV118=\"Masculin\",\"Monsieur\",IF(Base!AV118=\"Féminin\",\"Madame\",\"\")),\"#chr(13)##chr(10)#\",Base!AW118,\" \",Base!AX118, \"#chr(13)##chr(10)#\",Base!AY118,\" \",Base!AZ118, \"#chr(13)##chr(10)#\",Base!BA118, \"#chr(13)##chr(10)#\",Base!BB118,\" \",Base!BC118),\"\")","v":""},null,"",null,{"$f":"IF(AND(Base!AT118<200,Base!AT118>99),1,0)","v":1},null,0,{"$f":"Base!BG118","v":"HVS.13N"},{"$f":"Base!BH118& \"#chr(13)##chr(10)#\" &Base!BI118","v":"Forfait S3 HVS Sion - HVS Martigny#chr(13)##chr(10)#Trajet simple nuit (20h00-08h00) ou dimanches et jours fériés"},null,{"$f":"Base!BJ118","v":1},{"$f":"Base!BK118","v":660},{"$f":"IF(Base!BL118=\"\",\"\",Base!BL118)","v":""},null,{"$f":"Base!BM118","v":660},null,null,{"$f":"IF(Base!H118=\"Uvrier\",3018,VLOOKUP(FQ120,$GV$2:$GX$7,FM120+1,0))","v":3018},0,0,null,0,null,null,null,null,null,"Libre","BS - 188",null,"BU - 73 - aff",0,null,null,null,null,null,null,null,null,null,null,null,null,null,null,null,null,null,null,null,null,null,null,null,null,null,null,null,null,null,null,null,null,null,{"$f":"Base!AH118&\", \"&Base!AI118","v":"Levonyan, Radik"},{"$f":"Base!AN118&\" \"&Base!AO118&\", \"&Base!AK118&\" \"&Base!AL118","v":"1962 Pont-de-la-Morge (Sion), Rue des Pommiers 48"},{"$f":"CONCATENATE(TEXT(DATE(YEAR(Base!AJ118),MONTH(Base!AJ118),DAY(Base!AJ118)),\"jj.mm.aaaa\"),\", \",FN120,IF(Base!D118=\"\",\"\",\" - \"),Base!D118)","v":"25.08.1969, 756.1649.0781.00 - 2404977/9"},{"$f":"Base!AR118","v":"CSS Kranken- Versicherung AG"},{"$f":"LEFT(Base!J118,10)","v":"2022-01-26"},{"$f":"CONCATENATE(Base!L118,IF(Base!L118=0,\"\",\", \"),Base!M118,\" \",Base!N118,\", \",Base!P118,\" \",Base!Q118)","v":"Hôpital de Sion, Avenue du Grand-Champsec 80, 1950 Sion"},{"$f":"CONCATENATE(Base!V118,\", \",Base!Z118,\" \",Base!AA118,\", \",Base!W118,\" \",Base!X118)","v":"Hôpital de Martigny, 1920 Martigny, Avenue de la Fusion 27"},null,{"$f":"CONCATENATE(RIGHT(LEFT(Base!J118,16),5),\" - \",RIGHT(LEFT(Base!K118,16),5))","v":"03:24 - 05:17"},{"$f":"Base!AF118&\" - \"&Base!I118","v":"Maladie - S3"},null,null,null,null,null,null,null,null,null,null,null,null,null,null,null,null,null,null,{"$f":"Base!H118","v":"Uvrier"},2,null,null,null,null,null,null,null,null,null,2,null,null,null,null,null,null,null,null,null,null,null,null,null,null,null,null,null,null,null,null,null,{"$f":"IF(Base!U118=\"Privée\",2,1)","v":2},{"$f":"IF(OR(LEFT(Base!AS118,1)=\"1\",LEFT(Base!AS118)=\"2\"),RIGHT(Base!AS118,LEN(Base!AS118)-1),Base!AS118)","v":"756.1649.0781.00"},{"$f":"Base!AU118","v":"Établissement"},{"$f":"OR(CONCATENATE(Base!AW118,Base!AX118)=CONCATENATE(Base!AH118,Base!AI118),FO120=\"Établissement\")","v":true},{"$f":"Base!I118","v":"S3"}]
[{"$f":"Base!A119","v":4141},{"$f":"20","v":20},{"$f":"Base!B119","v":"2022-02-11"},null,{"$f":"Base!AE119","v":"VS22002641"},null,null,null,null,null,"<AUTO>",null,null,null,null,"URL (Libre)",null,null,{"$f":"Base!E119&\" - \"&Base!H119&\" - \"&Base!D119","v":"16129 - Uvrier - E0125003"},{"$f":"IF(AND(Base!AT119<1000,Base!AT119>99),Base!AT119,IF(FO121=\"Établissement\",VALUE(CONCATENATE(LEN(SUBSTITUTE(V121,\" \",\"\")),LEN(V121),AA121,COLUMN(INDIRECT(LEFT(V121,1)&1)),LEN(SUBSTITUTE(V121,\"-\",\"\")))),IF(FN121=\"\",VALUE(CONCATENATE(COLUMN(INDIRECT(LEFT(W121,1)&1)),COLUMN(INDIRECT(LEFT(X121,1)&1)),AO121,CODE(AA121))),VALUE(SUBSTITUTE(SUBSTITUTE(SUBSTITUTE(FN121,\".\",\"\"),\" \",\"\"),\"-\",\"\")))))","v":414712111346},null,{"$f":"SUBSTITUTE(IF(Base!BF119=0,\"\",Base!BF119),\" (facturation)\",\"\")","v":"MedSTAR - Swiss Mobile Healthcare Alliance Sàrl"},{"$f":"IF(Base!AW119=0,\"\",Base!AH119)","v":""},{"$f":"IF(Base!AX119=0,\"\",Base!AI119)","v":""},{"$f":"IF(Base!AW119=0,Base!AY119&\" \"&Base!AZ119,Base!AK119&\" \"&Base!AL119)","v":"Avenue de Châtelaine  70"},{"$f":"IF(IF(Base!AW119=0,Base!BA119,Base!AM119)=0,\"\",IF(Base!AW119=0,Base!BA119,Base!AM119))","v":"Case postale 144"},{"$f":"IF(Base!AW119=0,Base!BB119,Base!AN119)","v":1211},{"$f":"IF(Base!AW119=0,Base!BC119,Base!AO119)","v":"Genève 13"},null,null,null,null,null,null,null,null,null,null,null,null,{"$f":"Base!AJ119","v":"1949-06-11"},{"$f":"IF(FO121=\"Établissement\",\"\",IF(Base!AG119=\"Masculin\",\"Monsieur\",IF(Base!AG119=\"Féminin\",\"Madame\",\"\")))","v":""},{"$f":"IF(FP121=FALSE,CONCATENATE(IF(Base!AV119=\"Masculin\",\"Monsieur\",IF(Base!AV119=\"Féminin\",\"Madame\",\"\")),\"#chr(13)##chr(10)#\",Base!AW119,\" \",Base!AX119, \"#chr(13)##chr(10)#\",Base!AY119,\" \",Base!AZ119, \"#chr(13)##chr(10)#\",Base!BA119, \"#chr(13)##chr(10)#\",Base!BB119,\" \",Base!BC119),\"\")","v":""},null,"",null,{"$f":"IF(AND(Base!AT119<200,Base!AT119>99),1,0)","v":0},null,0,{"$f":"Base!BG119","v":"MST.FF"},{"$f":"Base!BH119& \"#chr(13)##chr(10)#\" &Base!BI119","v":"Forfait S3 MedSTAR#chr(13)##chr(10)#"},null,{"$f":"Base!BJ119","v":1},{"$f":"Base!BK119","v":680},{"$f":"IF(Base!BL119=\"\",\"\",Base!BL119)","v":""},null,{"$f":"Base!BM119","v":680},null,null,{"$f":"IF(Base!H119=\"Uvrier\",3018,VLOOKUP(FQ121,$GV$2:$GX$7,FM121+1,0))","v":3018},0,0,null,0,null,null,null,null,null,"Libre","BS - 189",null,"BU - 73 - aff",0,null,null,null,null,null,null,null,null,null,null,null,null,null,null,null,null,null,null,null,null,null,null,null,null,null,null,null,null,null,null,null,null,null,{"$f":"Base!AH119&\", \"&Base!AI119","v":"Finch, Simon Leigh"},{"$f":"Base!AN119&\" \"&Base!AO119&\", \"&Base!AK119&\" \"&Base!AL119","v":"TW11 9QH  Teddington, Broum Water West  16"},{"$f":"CONCATENATE(TEXT(DATE(YEAR(Base!AJ119),MONTH(Base!AJ119),DAY(Base!AJ119)),\"jj.mm.aaaa\"),\", \",FN121,IF(Base!D119=\"\",\"\",\" - \"),Base!D119)","v":"11.06.1949,  - E0125003"},{"$f":"Base!AR119","v":"Gemeinsame Einrichtung KVG"},{"$f":"LEFT(Base!J119,10)","v":"2022-01-26"},{"$f":"CONCATENATE(Base!L119,IF(Base!L119=0,\"\",\", \"),Base!M119,\" \",Base!N119,\", \",Base!P119,\" \",Base!Q119)","v":"Hôpital de Sion, Avenue du Grand-Champsec 80, 1950 Sion"},{"$f":"CONCATENATE(Base!V119,\", \",Base!Z119,\" \",Base!AA119,\", \",Base!W119,\" \",Base!X119)","v":"Aéroport / Héliport de Sion, 1950 Sion, Route de l'Aéroport 60"},null,{"$f":"CONCATENATE(RIGHT(LEFT(Base!J119,16),5),\" - \",RIGHT(LEFT(Base!K119,16),5))","v":"12:56 - 14:33"},{"$f":"Base!AF119&\" - \"&Base!I119","v":"Maladie - S3"},null,null,null,null,null,null,null,null,null,null,null,null,null,null,null,null,null,null,{"$f":"Base!H119","v":"Uvrier"},2,null,null,null,null,null,null,null,null,null,2,null,null,null,null,null,null,null,null,null,null,null,null,null,null,null,null,null,null,null,null,null,{"$f":"IF(Base!U119=\"Privée\",2,1)","v":2},{"$f":"IF(OR(LEFT(Base!AS119,1)=\"1\",LEFT(Base!AS119)=\"2\"),RIGHT(Base!AS119,LEN(Base!AS119)-1),Base!AS119)","v":""},{"$f":"Base!AU119","v":"Établissement"},{"$f":"OR(CONCATENATE(Base!AW119,Base!AX119)=CONCATENATE(Base!AH119,Base!AI119),FO121=\"Établissement\")","v":true},{"$f":"Base!I119","v":"S3"}]
[{"$f":"Base!A120","v":4142},{"$f":"20","v":20},{"$f":"Base!B120","v":"2022-02-11"},null,{"$f":"Base!AE120","v":"VS22002687"},null,null,null,null,null,"<AUTO>",null,null,null,null,"URL (Libre)",null,null,{"$f":"Base!E120&\" - \"&Base!H120&\" - \"&Base!D120","v":"16173 - Uvrier - 2108734/16"},{"$f":"IF(AND(Base!AT120<1000,Base!AT120>99),Base!AT120,IF(FO122=\"Établissement\",VALUE(CONCATENATE(LEN(SUBSTITUTE(V122,\" \",\"\")),LEN(V122),AA122,COLUMN(INDIRECT(LEFT(V122,1)&1)),LEN(SUBSTITUTE(V122,\"-\",\"\")))),IF(FN122=\"\",VALUE(CONCATENATE(COLUMN(INDIRECT(LEFT(W122,1)&1)),COLUMN(INDIRECT(LEFT(X122,1)&1)),AO122,CODE(AA122))),VALUE(SUBSTITUTE(SUBSTITUTE(SUBSTITUTE(FN122,\".\",\"\"),\" \",\"\"),\"-\",\"\")))))","v":101},null,{"$f":"SUBSTITUTE(IF(Base!BF120=0,\"\",Base!BF120),\" (facturation)\",\"\")","v":"Hôpital du Valais - Direction des Finances/Service des fournisseurs"},{"$f":"IF(Base!AW120=0,\"\",Base!AH120)","v":""},{"$f":"IF(Base!AX120=0,\"\",Base!AI120)","v":""},{"$f":"IF(Base!AW120=0,Base!AY120&\" \"&Base!AZ120,Base!AK120&\" \"&Base!AL120)","v":"Avenue Grand-Champsec 86"},{"$f":"IF(IF(Base!AW120=0,Base!BA120,Base!AM120)=0,\"\",IF(Base!AW120=0,Base!BA120,Base!AM120))","v":"Case postale 696"},{"$f":"IF(Base!AW120=0,Base!BB120,Base!AN120)","v":1951},{"$f":"IF(Base!AW120=0,Base!BC120,Base!AO120)","v":"Sion"},null,null,null,null,null,null,null,null,null,null,null,null,{"$f":"Base!AJ120","v":"1967-03-27"},{"$f":"IF(FO122=\"Établissement\",\"\",IF(Base!AG120=\"Masculin\",\"Monsieur\",IF(Base!AG120=\"Féminin\",\"Madame\",\"\")))","v":""},{"$f":"IF(FP122=FALSE,CONCATENATE(IF(Base!AV120=\"Masculin\",\"Monsieur\",IF(Base!AV120=\"Féminin\",\"Madame\",\"\")),\"#chr(13)##chr(10)#\",Base!AW120,\" \",Base!AX120, \"#chr(13)##chr(10)#\",Base!AY120,\" \",Base!AZ120, \"#chr(13)##chr(10)#\",Base!BA120, \"#chr(13)##chr(10)#\",Base!BB120,\" \",Base!BC120),\"\")","v":""},null,"",null,{"$f":"IF(AND(Base!AT120<200,Base!AT120>99),1,0)","v":1},null,0,{"$f":"Base!BG120","v":"HVS.17J"},{"$f":"Base!BH120& \"#chr(13)##chr(10)#\" &Base!BI120","v":"Forfait S3 HVS Sion - Malévoz#chr(13)##chr(10)#Trajet simple journée (08h00-20h00)"},null,{"$f":"Base!BJ120","v":1},{"$f":"Base!BK120","v":686},{"$f":"IF(Base!BL120=\"\",\"\",Base!BL120)","v":""},null,{"$f":"Base!BM120","v":686},null,null,{"$f":"IF(Base!H120=\"Uvrier\",3018,VLOOKUP(FQ122,$GV$2:$GX$7,FM122+1,0))","v":3018},0,0,null,0,null,null,null,null,null,"Libre","BS - 190",null,"BU - 73 - aff",0,null,null,null,null,null,null,null,null,null,null,null,null,null,null,null,null,null,null,null,null,null,null,null,null,null,null,null,null,null,null,null,null,null,{"$f":"Base!AH120&\", \"&Base!AI120","v":"Emery, Valérie "},{"$f":"Base!AN120&\" \"&Base!AO120&\", \"&Base!AK120&\" \"&Base!AL120","v":"3963 Crans-Montana, Route du Petit Signal 3"},{"$f":"CONCATENATE(TEXT(DATE(YEAR(Base!AJ120),MONTH(Base!AJ120),DAY(Base!AJ120)),\"jj.mm.aaaa\"),\", \",FN122,IF(Base!D120=\"\",\"\",\" - \"),Base!D120)","v":"27.03.1967, 756.0916.2488.33 - 2108734/16"},{"$f":"Base!AR120","v":"Assura-Basis SA"},{"$f":"LEFT(Base!J120,10)","v":"2022-01-26"},{"$f":"CONCATENATE(Base!L120,IF(Base!L120=0,\"\",\", \"),Base!M120,\" \",Base!N120,\", \",Base!P120,\" \",Base!Q120)","v":"Hôpital de Sion, Avenue du Grand-Champsec 80, 1950 Sion"},{"$f":"CONCATENATE(Base!V120,\", \",Base!Z120,\" \",Base!AA120,\", \",Base!W120,\" \",Base!X120)","v":"Hôpital de Malévoz, 1870 Monthey, Route de Morgins 10"},null,{"$f":"CONCATENATE(RIGHT(LEFT(Base!J120,16),5),\" - \",RIGHT(LEFT(Base!K120,16),5))","v":"14:53 - 17:00"},{"$f":"Base!AF120&\" - \"&Base!I120","v":"Maladie - S3"},null,null,null,null,null,null,null,null,null,null,null,null,null,null,null,null,null,null,{"$f":"Base!H120","v":"Uvrier"},2,null,null,null,null,null,null,null,null,null,2,null,null,null,null,null,null,null,null,null,null,null,null,null,null,null,null,null,null,null,null,null,{"$f":"IF(Base!U120=\"Privée\",2,1)","v":2},{"$f":"IF(OR(LEFT(Base!AS120,1)=\"1\",LEFT(Base!AS120)=\"2\"),RIGHT(Base!AS120,LEN(Base!AS120)-1),Base!AS120)","v":"756.0916.2488.33"},{"$f":"Base!AU120","v":"Établissement"},{"$f":"OR(CONCATENATE(Base!AW120,Base!AX120)=CONCATENATE(Base!AH120,Base!AI120),FO122=\"Établissement\")","v":true},{"$f":"Base!I120","v":"S3"}]
[{"$f":"Base!A121","v":4143},{"$f":"20","v":20},{"$f":"Base!B121","v":"2022-02-11"},null,{"$f":"Base!AE121","v":"VS22002661"},null,null,null,null,null,"<AUTO>",null,null,null,null,"URL (Libre)",null,null,{"$f":"Base!E121&\" - \"&Base!H121&\" - \"&Base!D121","v":"16149 - Uvrier - "},{"$f":"IF(AND(Base!AT121<1000,Base!AT121>99),Base!AT121,IF(FO123=\"Établissement\",VALUE(CONCATENATE(LEN(SUBSTITUTE(V123,\" \",\"\")),LEN(V123),AA123,COLUMN(INDIRECT(LEFT(V123,1)&1)),LEN(SUBSTITUTE(V123,\"-\",\"\")))),IF(FN123=\"\",VALUE(CONCATENATE(COLUMN(INDIRECT(LEFT(W123,1)&1)),COLUMN(INDIRECT(LEFT(X123,1)&1)),AO123,CODE(AA123))),VALUE(SUBSTITUTE(SUBSTITUTE(SUBSTITUTE(FN123,\".\",\"\"),\" \",\"\"),\"-\",\"\")))))","v":103},null,{"$f":"SUBSTITUTE(IF(Base!BF121=0,\"\",Base!BF121),\" (facturation)\",\"\")","v":"Clinique Genevoise de Montana - Comptabilité"},{"$f":"IF(Base!AW121=0,\"\",Base!AH121)","v":""},{"$f":"IF(Base!AX121=0,\"\",Base!AI121)","v":""},{"$f":"IF(Base!AW121=0,Base!AY121&\" \"&Base!AZ121,Base!AK121&\" \"&Base!AL121)","v":"Impasse Clairmont 2"},{"$f":"IF(IF(Base!AW121=0,Base!BA121,Base!AM121)=0,\"\",IF(Base!AW121=0,Base!BA121,Base!AM121))","v":""},{"$f":"IF(Base!AW121=0,Base!BB121,Base!AN121)","v":3963},{"$f":"IF(Base!AW121=0,Base!BC121,Base!AO121)","v":"Crans-Montana"},null,null,null,null,null,null,null,null,null,null,null,null,{"$f":"Base!AJ121","v":"1943-08-01"},{"$f":"IF(FO123=\"Établissement\",\"\",IF(Base!AG121=\"Masculin\",\"Monsieur\",IF(Base!AG121=\"Féminin\",\"Madame\",\"\")))","v":""},{"$f":"IF(FP123=FALSE,CONCATENATE(IF(Base!AV121=\"Masculin\",\"Monsieur\",IF(Base!AV121=\"Féminin\",\"Madame\",\"\")),\"#chr(13)##chr(10)#\",Base!AW121,\" \",Base!AX121, \"#chr(13)##chr(10)#\",Base!AY121,\" \",Base!AZ121, \"#chr(13)##chr(10)#\",Base!BA121, \"#chr(13)##chr(10)#\",Base!BB121,\" \",Base!BC121),\"\")","v":""},null,"",null,{"$f":"IF(AND(Base!AT121<200,Base!AT121>99),1,0)","v":1},null,0,{"$f":"Base!BG121","v":"CLN.9403 "},{"$f":"Base!BH121& \"#chr(13)##chr(10)#\" &Base!BI121","v":"Taxe de base transport S3#chr(13)##chr(10)#"},null,{"$f":"Base!BJ121","v":1},{"$f":"Base!BK121","v":200},{"$f":"IF(Base!BL121=\"\",\"\",Base!BL121)","v":""},null,{"$f":"Base!BM121","v":200},null,null,{"$f":"IF(Base!H121=\"Uvrier\",3018,VLOOKUP(FQ123,$GV$2:$GX$7,FM123+1,0))","v":3018},0,0,null,0,null,null,null,null,null,"Libre","BS - 191",null,"BU - 73 - aff",0,null,null,null,null,null,null,null,null,null,null,null,null,null,null,null,null,null,null,null,null,null,null,null,null,null,null,null,null,null,null,null,null,null,{"$f":"Base!AH121&\", \"&Base!AI121","v":"Pavignano De Gaudenzi, Grazia"},{"$f":"Base!AN121&\" \"&Base!AO121&\", \"&Base!AK121&\" \"&Base!AL121","v":"1950 Sion, Rue de l'Envol 6"},{"$f":"CONCATENATE(TEXT(DATE(YEAR(Base!AJ121),MONTH(Base!AJ121),DAY(Base!AJ121)),\"jj.mm.aaaa\"),\", \",FN123,IF(Base!D121=\"\",\"\",\" - \"),Base!D121)","v":"01.08.1943, 756.3261.8181.40"},{"$f":"Base!AR121","v":"Helsana Assurances SA"},{"$f":"LEFT(Base!J121,10)","v":"2022-01-27"},{"$f":"CONCATENATE(Base!L121,IF(Base!L121=0,\"\",\", \"),Base!M121,\" \",Base!N121,\", \",Base!P121,\" \",Base!Q121)","v":"Clinique Genevoise, Impasse Clairmont 2, 3963 Crans-Montana"},{"$f":"CONCATENATE(Base!V121,\", \",Base!Z121,\" \",Base!AA121,\", \",Base!W121,\" \",Base!X121)","v":"Hôpital de Sierre, 3960 Sierre, Rue Saint-Charles 14"},null,{"$f":"CONCATENATE(RIGHT(LEFT(Base!J121,16),5),\" - \",RIGHT(LEFT(Base!K121,16),5))","v":"08:25 - 11:15"},{"$f":"Base!AF121&\" - \"&Base!I121","v":"Maladie - S3"},null,null,null,null,null,null,null,null,null,null,null,null,null,null,null,null,null,null,{"$f":"Base!H121","v":"Uvrier"},2,null,null,null,null,null,null,null,null,null,2,null,null,null,null,null,null,null,null,null,null,null,null,null,null,null,null,null,null,null,null,null,{"$f":"IF(Base!U121=\"Privée\",2,1)","v":2},{"$f":"IF(OR(LEFT(Base!AS121,1)=\"1\",LEFT(Base!AS121)=\"2\"),RIGHT(Base!AS121,LEN(Base!AS121)-1),Base!AS121)","v":"756.3261.8181.40"},{"$f":"Base!AU121","v":"Établissement"},{"$f":"OR(CONCATENATE(Base!AW121,Base!AX121)=CONCATENATE(Base!AH121,Base!AI121),FO123=\"Établissement\")","v":true},{"$f":"Base!I121","v":"S3"}]
[{"$f":"Base!A122","v":4143},{"$f":"20","v":20},{"$f":"Base!B122","v":"2022-02-11"},null,{"$f":"Base!AE122","v":"VS22002661"},null,null,null,null,null,"<AUTO>",null,null,null,null,"URL (Libre)",null,null,{"$f":"Base!E122&\" - \"&Base!H122&\" - \"&Base!D122","v":"16149 - Uvrier - "},{"$f":"IF(AND(Base!AT122<1000,Base!AT122>99),Base!AT122,IF(FO124=\"Établissement\",VALUE(CONCATENATE(LEN(SUBSTITUTE(V124,\" \",\"\")),LEN(V124),AA124,COLUMN(INDIRECT(LEFT(V124,1)&1)),LEN(SUBSTITUTE(V124,\"-\",\"\")))),IF(FN124=\"\",VALUE(CONCATENATE(COLUMN(INDIRECT(LEFT(W124,1)&1)),COLUMN(INDIRECT(LEFT(X124,1)&1)),AO124,CODE(AA124))),VALUE(SUBSTITUTE(SUBSTITUTE(SUBSTITUTE(FN124,\".\",\"\"),\" \",\"\"),\"-\",\"\")))))","v":103},null,{"$f":"SUBSTITUTE(IF(Base!BF122=0,\"\",Base!BF122),\" (facturation)\",\"\")","v":"Clinique Genevoise de Montana - Comptabilité"},{"$f":"IF(Base!AW122=0,\"\",Base!AH122)","v":""},{"$f":"IF(Base!AX122=0,\"\",Base!AI122)","v":""},{"$f":"IF(Base!AW122=0,Base!AY122&\" \"&Base!AZ122,Base!AK122&\" \"&Base!AL122)","v":"Impasse Clairmont 2"},{"$f":"IF(IF(Base!AW122=0,Base!BA122,Base!AM122)=0,\"\",IF(Base!AW122=0,Base!BA122,Base!AM122))","v":""},{"$f":"IF(Base!AW122=0,Base!BB122,Base!AN122)","v":3963},{"$f":"IF(Base!AW122=0,Base!BC122,Base!AO122)","v":"Crans-Montana"},null,null,null,null,null,null,null,null,null,null,null,null,{"$f":"Base!AJ122","v":"1943-08-01"},{"$f":"IF(FO124=\"Établissement\",\"\",IF(Base!AG122=\"Masculin\",\"Monsieur\",IF(Base!AG122=\"Féminin\",\"Madame\",\"\")))","v":""},{"$f":"IF(FP124=FALSE,CONCATENATE(IF(Base!AV122=\"Masculin\",\"Monsieur\",IF(Base!AV122=\"Féminin\",\"Madame\",\"\")),\"#chr(13)##chr(10)#\",Base!AW122,\" \",Base!AX122, \"#chr(13)##chr(10)#\",Base!AY122,\" \",Base!AZ122, \"#chr(13)##chr(10)#\",Base!BA122, \"#chr(13)##chr(10)#\",Base!BB122,\" \",Base!BC122),\"\")","v":""},null,"",null,{"$f":"IF(AND(Base!AT122<200,Base!AT122>99),1,0)","v":1},null,0,{"$f":"Base!BG122","v":"CLN.9404"},{"$f":"Base!BH122& \"#chr(13)##chr(10)#\" &Base!BI122","v":"Indemnisation kilométrique#chr(13)##chr(10)#"},null,{"$f":"Base!BJ122","v":69},{"$f":"Base!BK122","v":4.5},{"$f":"IF(Base!BL122=\"\",\"\",Base!BL122)","v":"km"},null,{"$f":"Base!BM122","v":310.5},null,null,{"$f":"IF(Base!H122=\"Uvrier\",3018,VLOOKUP(FQ124,$GV$2:$GX$7,FM124+1,0))","v":3018},0,0,null,0,null,null,null,null,null,"Libre","BS - 192",null,"BU - 73 - aff",0,null,null,null,null,null,null,null,null,null,null,null,null,null,null,null,null,null,null,null,null,null,null,null,null,null,null,null,null,null,null,null,null,null,{"$f":"Base!AH122&\", \"&Base!AI122","v":"Pavignano De Gaudenzi, Grazia"},{"$f":"Base!AN122&\" \"&Base!AO122&\", \"&Base!AK122&\" \"&Base!AL122","v":"1950 Sion, Rue de l'Envol 6"},{"$f":"CONCATENATE(TEXT(DATE(YEAR(Base!AJ122),MONTH(Base!AJ122),DAY(Base!AJ122)),\"jj.mm.aaaa\"),\", \",FN124,IF(Base!D122=\"\",\"\",\" - \"),Base!D122)","v":"01.08.1943, 756.3261.8181.40"},{"$f":"Base!AR122","v":"Helsana Assurances SA"},{"$f":"LEFT(Base!J122,10)","v":"2022-01-27"},{"$f":"CONCATENATE(Base!L122,IF(Base!L122=0,\"\",\", \"),Base!M122,\" \",Base!N122,\", \",Base!P122,\" \",Base!Q122)","v":"Clinique Genevoise, Impasse Clairmont 2, 3963 Crans-Montana"},{"$f":"CONCATENATE(Base!V122,\", \",Base!Z122,\" \",Base!AA122,\", \",Base!W122,\" \",Base!X122)","v":"Hôpital de Sierre, 3960 Sierre, Rue Saint-Charles 14"},null,{"$f":"CONCATENATE(RIGHT(LEFT(Base!J122,16),5),\" - \",RIGHT(LEFT(Base!K122,16),5))","v":"08:25 - 11:15"},{"$f":"Base!AF122&\" - \"&Base!I122","v":"Maladie - S3"},null,null,null,null,null,null,null,null,null,null,null,null,null,null,null,null,null,null,{"$f":"Base!H122","v":"Uvrier"},2,null,null,null,null,null,null,null,null,null,2,null,null,null,null,null,null,null,null,null,null,null,null,null,null,null,null,null,null,null,null,null,{"$f":"IF(Base!U122=\"Privée\",2,1)","v":2},{"$f":"IF(OR(LEFT(Base!AS122,1)=\"1\",LEFT(Base!AS122)=\"2\"),RIGHT(Base!AS122,LEN(Base!AS122)-1),Base!AS122)","v":"756.3261.8181.40"},{"$f":"Base!AU122","v":"Établissement"},{"$f":"OR(CONCATENATE(Base!AW122,Base!AX122)=CONCATENATE(Base!AH122,Base!AI122),FO124=\"Établissement\")","v":true},{"$f":"Base!I122","v":"S3"}]
[{"$f":"Base!A123","v":4143},{"$f":"20","v":20},{"$f":"Base!B123","v":"2022-02-11"},null,{"$f":"Base!AE123","v":"VS22002661"},null,null,null,null,null,"<AUTO>",null,null,null,null,"URL (Libre)",null,null,{"$f":"Base!E123&\" - \"&Base!H123&\" - \"&Base!D123","v":"16149 - Uvrier - "},{"$f":"IF(AND(Base!AT123<1000,Base!AT123>99),Base!AT123,IF(FO125=\"Établissement\",VALUE(CONCATENATE(LEN(SUBSTITUTE(V125,\" \",\"\")),LEN(V125),AA125,COLUMN(INDIRECT(LEFT(V125,1)&1)),LEN(SUBSTITUTE(V125,\"-\",\"\")))),IF(FN125=\"\",VALUE(CONCATENATE(COLUMN(INDIRECT(LEFT(W125,1)&1)),COLUMN(INDIRECT(LEFT(X125,1)&1)),AO125,CODE(AA125))),VALUE(SUBSTITUTE(SUBSTITUTE(SUBSTITUTE(FN125,\".\",\"\"),\" \",\"\"),\"-\",\"\")))))","v":103},null,{"$f":"SUBSTITUTE(IF(Base!BF123=0,\"\",Base!BF123),\" (facturation)\",\"\")","v":"Clinique Genevoise de Montana - Comptabilité"},{"$f":"IF(Base!AW123=0,\"\",Base!AH123)","v":""},{"$f":"IF(Base!AX123=0,\"\",Base!AI123)","v":""},{"$f":"IF(Base!AW123=0,Base!AY123&\" \"&Base!AZ123,Base!AK123&\" \"&Base!AL123)","v":"Impasse Clairmont 2"},{"$f":"IF(IF(Base!AW123=0,Base!BA123,Base!AM123)=0,\"\",IF(Base!AW123=0,Base!BA123,Base!AM123))","v":""},{"$f":"IF(Base!AW123=0,Base!BB123,Base!AN123)","v":3963},{"$f":"IF(Base!AW123=0,Base!BC123,Base!AO123)","v":"Crans-Montana"},null,null,null,null,null,null,null,null,null,null,null,null,{"$f":"Base!AJ123","v":"1943-08-01"},{"$f":"IF(FO125=\"Établissement\",\"\",IF(Base!AG123=\"Masculin\",\"Monsieur\",IF(Base!AG123=\"Féminin\",\"Madame\",\"\")))","v":""},{"$f":"IF(FP125=FALSE,CONCATENATE(IF(Base!AV123=\"Masculin\",\"Monsieur\",IF(Base!AV123=\"Féminin\",\"Madame\",\"\")),\"#chr(13)##chr(10)#\",Base!AW123,\" \",Base!AX123, \"#chr(13)##chr(10)#\",Base!AY123,\" \",Base!AZ123, \"#chr(13)##chr(10)#\",Base!BA123, \"#chr(13)##chr(10)#\",Base!BB123,\" \",Base!BC123),\"\")","v":""},null,"",null,{"$f":"IF(AND(Base!AT123<200,Base!AT123>99),1,0)","v":1},null,0,{"$f":"Base!BG123","v":"CLN.9411"},{"$f":"Base!BH123& \"#chr(13)##chr(10)#\" &Base!BI123","v":"Personnel soignant reconnu (par personne et par quart d'heure entamé)#chr(13)##chr(10)#2 collaborateur(s) x 12 quarts d’heure"},null,{"$f":"Base!BJ123","v":24},{"$f":"Base!BK123","v":35},{"$f":"IF(Base!BL123=\"\",\"\",Base!BL123)","v":"¼ d'heure"},null,{"$f":"Base!BM123","v":840},null,null,{"$f":"IF(Base!H123=\"Uvrier\",3018,VLOOKUP(FQ125,$GV$2:$GX$7,FM125+1,0))","v":3018},0,0,null,0,null,null,null,null,null,"Libre","BS - 193",null,"BU - 73 - aff",0,null,null,null,null,null,null,null,null,null,null,null,null,null,null,null,null,null,null,null,null,null,null,null,null,null,null,null,null,null,null,null,null,null,{"$f":"Base!AH123&\", \"&Base!AI123","v":"Pavignano De Gaudenzi, Grazia"},{"$f":"Base!AN123&\" \"&Base!AO123&\", \"&Base!AK123&\" \"&Base!AL123","v":"1950 Sion, Rue de l'Envol 6"},{"$f":"CONCATENATE(TEXT(DATE(YEAR(Base!AJ123),MONTH(Base!AJ123),DAY(Base!AJ123)),\"jj.mm.aaaa\"),\", \",FN125,IF(Base!D123=\"\",\"\",\" - \"),Base!D123)","v":"01.08.1943, 756.3261.8181.40"},{"$f":"Base!AR123","v":"Helsana Assurances SA"},{"$f":"LEFT(Base!J123,10)","v":"2022-01-27"},{"$f":"CONCATENATE(Base!L123,IF(Base!L123=0,\"\",\", \"),Base!M123,\" \",Base!N123,\", \",Base!P123,\" \",Base!Q123)","v":"Clinique Genevoise, Impasse Clairmont 2, 3963 Crans-Montana"},{"$f":"CONCATENATE(Base!V123,\", \",Base!Z123,\" \",Base!AA123,\", \",Base!W123,\" \",Base!X123)","v":"Hôpital de Sierre, 3960 Sierre, Rue Saint-Charles 14"},null,{"$f":"CONCATENATE(RIGHT(LEFT(Base!J123,16),5),\" - \",RIGHT(LEFT(Base!K123,16),5))","v":"08:25 - 11:15"},{"$f":"Base!AF123&\" - \"&Base!I123","v":"Maladie - S3"},null,null,null,null,null,null,null,null,null,null,null,null,null,null,null,null,null,null,{"$f":"Base!H123","v":"Uvrier"},2,null,null,null,null,null,null,null,null,null,2,null,null,null,null,null,null,null,null,null,null,null,null,null,null,null,null,null,null,null,null,null,{"$f":"IF(Base!U123=\"Privée\",2,1)","v":2},{"$f":"IF(OR(LEFT(Base!AS123,1)=\"1\",LEFT(Base!AS123)=\"2\"),RIGHT(Base!AS123,LEN(Base!AS123)-1),Base!AS123)","v":"756.3261.8181.40"},{"$f":"Base!AU123","v":"Établissement"},{"$f":"OR(CONCATENATE(Base!AW123,Base!AX123)=CONCATENATE(Base!AH123,Base!AI123),FO125=\"Établissement\")","v":true},{"$f":"Base!I123","v":"S3"}]
[{"$f":"Base!A124","v":4143},{"$f":"20","v":20},{"$f":"Base!B124","v":"2022-02-11"},null,{"$f":"Base!AE124","v":"VS22002661"},null,null,null,null,null,"<AUTO>",null,null,null,null,"URL (Libre)",null,null,{"$f":"Base!E124&\" - \"&Base!H124&\" - \"&Base!D124","v":"16149 - Uvrier - "},{"$f":"IF(AND(Base!AT124<1000,Base!AT124>99),Base!AT124,IF(FO126=\"Établissement\",VALUE(CONCATENATE(LEN(SUBSTITUTE(V126,\" \",\"\")),LEN(V126),AA126,COLUMN(INDIRECT(LEFT(V126,1)&1)),LEN(SUBSTITUTE(V126,\"-\",\"\")))),IF(FN126=\"\",VALUE(CONCATENATE(COLUMN(INDIRECT(LEFT(W126,1)&1)),COLUMN(INDIRECT(LEFT(X126,1)&1)),AO126,CODE(AA126))),VALUE(SUBSTITUTE(SUBSTITUTE(SUBSTITUTE(FN126,\".\",\"\"),\" \",\"\"),\"-\",\"\")))))","v":103},null,{"$f":"SUBSTITUTE(IF(Base!BF124=0,\"\",Base!BF124),\" (facturation)\",\"\")","v":"Clinique Genevoise de Montana - Comptabilité"},{"$f":"IF(Base!AW124=0,\"\",Base!AH124)","v":""},{"$f":"IF(Base!AX124=0,\"\",Base!AI124)","v":""},{"$f":"IF(Base!AW124=0,Base!AY124&\" \"&Base!AZ124,Base!AK124&\" \"&Base!AL124)","v":"Impasse Clairmont 2"},{"$f":"IF(IF(Base!AW124=0,Base!BA124,Base!AM124)=0,\"\",IF(Base!AW124=0,Base!BA124,Base!AM124))","v":""},{"$f":"IF(Base!AW124=0,Base!BB124,Base!AN124)","v":3963},{"$f":"IF(Base!AW124=0,Base!BC124,Base!AO124)","v":"Crans-Montana"},null,null,null,null,null,null,null,null,null,null,null,null,{"$f":"Base!AJ124","v":"1943-08-01"},{"$f":"IF(FO126=\"Établissement\",\"\",IF(Base!AG124=\"Masculin\",\"Monsieur\",IF(Base!AG124=\"Féminin\",\"Madame\",\"\")))","v":""},{"$f":"IF(FP126=FALSE,CONCATENATE(IF(Base!AV124=\"Masculin\",\"Monsieur\",IF(Base!AV124=\"Féminin\",\"Madame\",\"\")),\"#chr(13)##chr(10)#\",Base!AW124,\" \",Base!AX124, \"#chr(13)##chr(10)#\",Base!AY124,\" \",Base!AZ124, \"#chr(13)##chr(10)#\",Base!BA124, \"#chr(13)##chr(10)#\",Base!BB124,\" \",Base!BC124),\"\")","v":""},null,"",null,{"$f":"IF(AND(Base!AT124<200,Base!AT124>99),1,0)","v":1},null,0,{"$f":"Base!BG124","v":0},{"$f":"Base!BH124& \"#chr(13)##chr(10)#\" &Base!BI124","v":"Y compris 20 minutes d'attente à Sierre pour l'examen avant le retour sur Montana#chr(13)##chr(10)#"},null,{"$f":"Base!BJ124","v":0},{"$f":"Base!BK124","v":0},{"$f":"IF(Base!BL124=\"\",\"\",Base!BL124)","v":""},null,{"$f":"Base!BM124","v":0},null,null,{"$f":"IF(Base!H124=\"Uvrier\",3018,VLOOKUP(FQ126,$GV$2:$GX$7,FM126+1,0))","v":3018},0,0,null,0,null,null,null,null,null,"Libre","BS - 194",null,"BU - 73 - aff",0,null,null,null,null,null,null,null,null,null,null,null,null,null,null,null,null,null,null,null,null,null,null,null,null,null,null,null,null,null,null,null,null,null,{"$f":"Base!AH124&\", \"&Base!AI124","v":"Pavignano De Gaudenzi, Grazia"},{"$f":"Base!AN124&\" \"&Base!AO124&\", \"&Base!AK124&\" \"&Base!AL124","v":"1950 Sion, Rue de l'Envol 6"},{"$f":"CONCATENATE(TEXT(DATE(YEAR(Base!AJ124),MONTH(Base!AJ124),DAY(Base!AJ124)),\"jj.mm.aaaa\"),\", \",FN126,IF(Base!D124=\"\",\"\",\" - \"),Base!D124)","v":"01.08.1943, 756.3261.8181.40"},{"$f":"Base!AR124","v":"Helsana Assurances SA"},{"$f":"LEFT(Base!J124,10)","v":"2022-01-27"},{"$f":"CONCATENATE(Base!L124,IF(Base!L124=0,\"\",\", \"),Base!M124,\" \",Base!N124,\", \",Base!P124,\" \",Base!Q124)","v":"Clinique Genevoise, Impasse Clairmont 2, 3963 Crans-Montana"},{"$f":"CONCATENATE(Base!V124,\", \",Base!Z124,\" \",Base!AA124,\", \",Base!W124,\" \",Base!X124)","v":"Hôpital de Sierre, 3960 Sierre, Rue Saint-Charles 14"},null,{"$f":"CONCATENATE(RIGHT(LEFT(Base!J124,16),5),\" - \",RIGHT(LEFT(Base!K124,16),5))","v":"08:25 - 11:15"},{"$f":"Base!AF124&\" - \"&Base!I124","v":"Maladie - S3"},null,null,null,null,null,null,null,null,null,null,null,null,null,null,null,null,null,null,{"$f":"Base!H124","v":"Uvrier"},2,null,null,null,null,null,null,null,null,null,2,null,null,null,null,null,null,null,null,null,null,null,null,null,null,null,null,null,null,null,null,null,{"$f":"IF(Base!U124=\"Privée\",2,1)","v":2},{"$f":"IF(OR(LEFT(Base!AS124,1)=\"1\",LEFT(Base!AS124)=\"2\"),RIGHT(Base!AS124,LEN(Base!AS124)-1),Base!AS124)","v":"756.3261.8181.40"},{"$f":"Base!AU124","v":"Établissement"},{"$f":"OR(CONCATENATE(Base!AW124,Base!AX124)=CONCATENATE(Base!AH124,Base!AI124),FO126=\"Établissement\")","v":true},{"$f":"Base!I124","v":"S3"}]
[{"$f":"Base!A125","v":4238},{"$f":"20","v":20},{"$f":"Base!B125","v":"2022-02-11"},null,{"$f":"Base!AE125","v":"VS22002774"},null,null,null,null,null,"<AUTO>",null,null,null,null,"URL (Libre)",null,null,{"$f":"Base!E125&\" - \"&Base!H125&\" - \"&Base!D125","v":"16254 - Uvrier - 2816589/3"},{"$f":"IF(AND(Base!AT125<1000,Base!AT125>99),Base!AT125,IF(FO127=\"Établissement\",VALUE(CONCATENATE(LEN(SUBSTITUTE(V127,\" \",\"\")),LEN(V127),AA127,COLUMN(INDIRECT(LEFT(V127,1)&1)),LEN(SUBSTITUTE(V127,\"-\",\"\")))),IF(FN127=\"\",VALUE(CONCATENATE(COLUMN(INDIRECT(LEFT(W127,1)&1)),COLUMN(INDIRECT(LEFT(X127,1)&1)),AO127,CODE(AA127))),VALUE(SUBSTITUTE(SUBSTITUTE(SUBSTITUTE(FN127,\".\",\"\"),\" \",\"\"),\"-\",\"\")))))","v":101},null,{"$f":"SUBSTITUTE(IF(Base!BF125=0,\"\",Base!BF125),\" (facturation)\",\"\")","v":"Hôpital du Valais - Direction des Finances/Service des fournisseurs"},{"$f":"IF(Base!AW125=0,\"\",Base!AH125)","v":""},{"$f":"IF(Base!AX125=0,\"\",Base!AI125)","v":""},{"$f":"IF(Base!AW125=0,Base!AY125&\" \"&Base!AZ125,Base!AK125&\" \"&Base!AL125)","v":"Avenue Grand-Champsec 86"},{"$f":"IF(IF(Base!AW125=0,Base!BA125,Base!AM125)=0,\"\",IF(Base!AW125=0,Base!BA125,Base!AM125))","v":"Case postale 696"},{"$f":"IF(Base!AW125=0,Base!BB125,Base!AN125)","v":1951},{"$f":"IF(Base!AW125=0,Base!BC125,Base!AO125)","v":"Sion"},null,null,null,null,null,null,null,null,null,null,null,null,{"$f":"Base!AJ125","v":"1999-10-12"},{"$f":"IF(FO127=\"Établissement\",\"\",IF(Base!AG125=\"Masculin\",\"Monsieur\",IF(Base!AG125=\"Féminin\",\"Madame\",\"\")))","v":""},{"$f":"IF(FP127=FALSE,CONCATENATE(IF(Base!AV125=\"Masculin\",\"Monsieur\",IF(Base!AV125=\"Féminin\",\"Madame\",\"\")),\"#chr(13)##chr(10)#\",Base!AW125,\" \",Base!AX125, \"#chr(13)##chr(10)#\",Base!AY125,\" \",Base!AZ125, \"#chr(13)##chr(10)#\",Base!BA125, \"#chr(13)##chr(10)#\",Base!BB125,\" \",Base!BC125),\"\")","v":""},null,"",null,{"$f":"IF(AND(Base!AT125<200,Base!AT125>99),1,0)","v":1},null,0,{"$f":"Base!BG125","v":"HVS.17J"},{"$f":"Base!BH125& \"#chr(13)##chr(10)#\" &Base!BI125","v":"Forfait S3 HVS Sion - Malévoz#chr(13)##chr(10)#Trajet simple journée (08h00-20h00)"},null,{"$f":"Base!BJ125","v":1},{"$f":"Base!BK125","v":686},{"$f":"IF(Base!BL125=\"\",\"\",Base!BL125)","v":""},null,{"$f":"Base!BM125","v":686},null,null,{"$f":"IF(Base!H125=\"Uvrier\",3018,VLOOKUP(FQ127,$GV$2:$GX$7,FM127+1,0))","v":3018},0,0,null,0,null,null,null,null,null,"Libre","BS - 195",null,"BU - 73 - aff",0,null,null,null,null,null,null,null,null,null,null,null,null,null,null,null,null,null,null,null,null,null,null,null,null,null,null,null,null,null,null,null,null,null,{"$f":"Base!AH125&\", \"&Base!AI125","v":"Alzate Paz, Valeria"},{"$f":"Base!AN125&\" \"&Base!AO125&\", \"&Base!AK125&\" \"&Base!AL125","v":"14005 Córdoba , Calle las Dalias 27"},{"$f":"CONCATENATE(TEXT(DATE(YEAR(Base!AJ125),MONTH(Base!AJ125),DAY(Base!AJ125)),\"jj.mm.aaaa\"),\", \",FN127,IF(Base!D125=\"\",\"\",\" - \"),Base!D125)","v":"12.10.1999, 756.7915.9715.02 - 2816589/3"},{"$f":"Base!AR125","v":0},{"$f":"LEFT(Base!J125,10)","v":"2022-01-27"},{"$f":"CONCATENATE(Base!L125,IF(Base!L125=0,\"\",\", \"),Base!M125,\" \",Base!N125,\", \",Base!P125,\" \",Base!Q125)","v":"Hôpital de Sion, Avenue du Grand-Champsec 80, 1950 Sion"},{"$f":"CONCATENATE(Base!V125,\", \",Base!Z125,\" \",Base!AA125,\", \",Base!W125,\" \",Base!X125)","v":"Hôpital de Malévoz, 1870 Monthey, Route de Morgins 10"},null,{"$f":"CONCATENATE(RIGHT(LEFT(Base!J125,16),5),\" - \",RIGHT(LEFT(Base!K125,16),5))","v":"12:21 - 16:08"},{"$f":"Base!AF125&\" - \"&Base!I125","v":"Maladie - S3"},null,null,null,null,null,null,null,null,null,null,null,null,null,null,null,null,null,null,{"$f":"Base!H125","v":"Uvrier"},2,null,null,null,null,null,null,null,null,null,2,null,null,null,null,null,null,null,null,null,null,null,null,null,null,null,null,null,null,null,null,null,{"$f":"IF(Base!U125=\"Privée\",2,1)","v":2},{"$f":"IF(OR(LEFT(Base!AS125,1)=\"1\",LEFT(Base!AS125)=\"2\"),RIGHT(Base!AS125,LEN(Base!AS125)-1),Base!AS125)","v":"756.7915.9715.02"},{"$f":"Base!AU125","v":"Établissement"},{"$f":"OR(CONCATENATE(Base!AW125,Base!AX125)=CONCATENATE(Base!AH125,Base!AI125),FO127=\"Établissement\")","v":true},{"$f":"Base!I125","v":"S3"}]
[{"$f":"Base!A126","v":4238},{"$f":"20","v":20},{"$f":"Base!B126","v":"2022-02-11"},null,{"$f":"Base!AE126","v":"VS22002774"},null,null,null,null,null,"<AUTO>",null,null,null,null,"URL (Libre)",null,null,{"$f":"Base!E126&\" - \"&Base!H126&\" - \"&Base!D126","v":"16254 - Uvrier - 2816589/3"},{"$f":"IF(AND(Base!AT126<1000,Base!AT126>99),Base!AT126,IF(FO128=\"Établissement\",VALUE(CONCATENATE(LEN(SUBSTITUTE(V128,\" \",\"\")),LEN(V128),AA128,COLUMN(INDIRECT(LEFT(V128,1)&1)),LEN(SUBSTITUTE(V128,\"-\",\"\")))),IF(FN128=\"\",VALUE(CONCATENATE(COLUMN(INDIRECT(LEFT(W128,1)&1)),COLUMN(INDIRECT(LEFT(X128,1)&1)),AO128,CODE(AA128))),VALUE(SUBSTITUTE(SUBSTITUTE(SUBSTITUTE(FN128,\".\",\"\"),\" \",\"\"),\"-\",\"\")))))","v":101},null,{"$f":"SUBSTITUTE(IF(Base!BF126=0,\"\",Base!BF126),\" (facturation)\",\"\")","v":"Hôpital du Valais - Direction des Finances/Service des fournisseurs"},{"$f":"IF(Base!AW126=0,\"\",Base!AH126)","v":""},{"$f":"IF(Base!AX126=0,\"\",Base!AI126)","v":""},{"$f":"IF(Base!AW126=0,Base!AY126&\" \"&Base!AZ126,Base!AK126&\" \"&Base!AL126)","v":"Avenue Grand-Champsec 86"},{"$f":"IF(IF(Base!AW126=0,Base!BA126,Base!AM126)=0,\"\",IF(Base!AW126=0,Base!BA126,Base!AM126))","v":"Case postale 696"},{"$f":"IF(Base!AW126=0,Base!BB126,Base!AN126)","v":1951},{"$f":"IF(Base!AW126=0,Base!BC126,Base!AO126)","v":"Sion"},null,null,null,null,null,null,null,null,null,null,null,null,{"$f":"Base!AJ126","v":"1999-10-12"},{"$f":"IF(FO128=\"Établissement\",\"\",IF(Base!AG126=\"Masculin\",\"Monsieur\",IF(Base!AG126=\"Féminin\",\"Madame\",\"\")))","v":""},{"$f":"IF(FP128=FALSE,CONCATENATE(IF(Base!AV126=\"Masculin\",\"Monsieur\",IF(Base!AV126=\"Féminin\",\"Madame\",\"\")),\"#chr(13)##chr(10)#\",Base!AW126,\" \",Base!AX126, \"#chr(13)##chr(10)#\",Base!AY126,\" \",Base!AZ126, \"#chr(13)##chr(10)#\",Base!BA126, \"#chr(13)##chr(10)#\",Base!BB126,\" \",Base!BC126),\"\")","v":""},null,"",null,{"$f":"IF(AND(Base!AT126<200,Base!AT126>99),1,0)","v":1},null,0,{"$f":"Base!BG126","v":"HVS.000"},{"$f":"Base!BH126& \"#chr(13)##chr(10)#\" &Base!BI126","v":"Attente supérieure à 1 heure#chr(13)##chr(10)#2 collaborateur(s) x 2 quarts d’heure"},null,{"$f":"Base!BJ126","v":4},{"$f":"Base!BK126","v":35},{"$f":"IF(Base!BL126=\"\",\"\",Base!BL126)","v":"¼ d'heure"},null,{"$f":"Base!BM126","v":140},null,null,{"$f":"IF(Base!H126=\"Uvrier\",3018,VLOOKUP(FQ128,$GV$2:$GX$7,FM128+1,0))","v":3018},0,0,null,0,null,null,null,null,null,"Libre","BS - 196",null,"BU - 73 - aff",0,null,null,null,null,null,null,null,null,null,null,null,null,null,null,null,null,null,null,null,null,null,null,null,null,null,null,null,null,null,null,null,null,null,{"$f":"Base!AH126&\", \"&Base!AI126","v":"Alzate Paz, Valeria"},{"$f":"Base!AN126&\" \"&Base!AO126&\", \"&Base!AK126&\" \"&Base!AL126","v":"14005 Córdoba , Calle las Dalias 27"},{"$f":"CONCATENATE(TEXT(DATE(YEAR(Base!AJ126),MONTH(Base!AJ126),DAY(Base!AJ126)),\"jj.mm.aaaa\"),\", \",FN128,IF(Base!D126=\"\",\"\",\" - \"),Base!D126)","v":"12.10.1999, 756.7915.9715.02 - 2816589/3"},{"$f":"Base!AR126","v":0},{"$f":"LEFT(Base!J126,10)","v":"2022-01-27"},{"$f":"CONCATENATE(Base!L126,IF(Base!L126=0,\"\",\", \"),Base!M126,\" \",Base!N126,\", \",Base!P126,\" \",Base!Q126)","v":"Hôpital de Sion, Avenue du Grand-Champsec 80, 1950 Sion"},{"$f":"CONCATENATE(Base!V126,\", \",Base!Z126,\" \",Base!AA126,\", \",Base!W126,\" \",Base!X126)","v":"Hôpital de Malévoz, 1870 Monthey, Route de Morgins 10"},null,{"$f":"CONCATENATE(RIGHT(LEFT(Base!J126,16),5),\" - \",RIGHT(LEFT(Base!K126,16),5))","v":"12:21 - 16:08"},{"$f":"Base!AF126&\" - \"&Base!I126","v":"Maladie - S3"},null,null,null,null,null,null,null,null,null,null,null,null,null,null,null,null,null,null,{"$f":"Base!H126","v":"Uvrier"},2,null,null,null,null,null,null,null,null,null,2,null,null,null,null,null,null,null,null,null,null,null,null,null,null,null,null,null,null,null,null,null,{"$f":"IF(Base!U126=\"Privée\",2,1)","v":2},{"$f":"IF(OR(LEFT(Base!AS126,1)=\"1\",LEFT(Base!AS126)=\"2\"),RIGHT(Base!AS126,LEN(Base!AS126)-1),Base!AS126)","v":"756.7915.9715.02"},{"$f":"Base!AU126","v":"Établissement"},{"$f":"OR(CONCATENATE(Base!AW126,Base!AX126)=CONCATENATE(Base!AH126,Base!AI126),FO128=\"Établissement\")","v":true},{"$f":"Base!I126","v":"S3"}]
[{"$f":"Base!A127","v":4238},{"$f":"20","v":20},{"$f":"Base!B127","v":"2022-02-11"},null,{"$f":"Base!AE127","v":"VS22002774"},null,null,null,null,null,"<AUTO>",null,null,null,null,"URL (Libre)",null,null,{"$f":"Base!E127&\" - \"&Base!H127&\" - \"&Base!D127","v":"16254 - Uvrier - 2816589/3"},{"$f":"IF(AND(Base!AT127<1000,Base!AT127>99),Base!AT127,IF(FO129=\"Établissement\",VALUE(CONCATENATE(LEN(SUBSTITUTE(V129,\" \",\"\")),LEN(V129),AA129,COLUMN(INDIRECT(LEFT(V129,1)&1)),LEN(SUBSTITUTE(V129,\"-\",\"\")))),IF(FN129=\"\",VALUE(CONCATENATE(COLUMN(INDIRECT(LEFT(W129,1)&1)),COLUMN(INDIRECT(LEFT(X129,1)&1)),AO129,CODE(AA129))),VALUE(SUBSTITUTE(SUBSTITUTE(SUBSTITUTE(FN129,\".\",\"\"),\" \",\"\"),\"-\",\"\")))))","v":101},null,{"$f":"SUBSTITUTE(IF(Base!BF127=0,\"\",Base!BF127),\" (facturation)\",\"\")","v":"Hôpital du Valais - Direction des Finances/Service des fournisseurs"},{"$f":"IF(Base!AW127=0,\"\",Base!AH127)","v":""},{"$f":"IF(Base!AX127=0,\"\",Base!AI127)","v":""},{"$f":"IF(Base!AW127=0,Base!AY127&\" \"&Base!AZ127,Base!AK127&\" \"&Base!AL127)","v":"Avenue Grand-Champsec 86"},{"$f":"IF(IF(Base!AW127=0,Base!BA127,Base!AM127)=0,\"\",IF(Base!AW127=0,Base!BA127,Base!AM127))","v":"Case postale 696"},{"$f":"IF(Base!AW127=0,Base!BB127,Base!AN127)","v":1951},{"$f":"IF(Base!AW127=0,Base!BC127,Base!AO127)","v":"Sion"},null,null,null,null,null,null,null,null,null,null,null,null,{"$f":"Base!AJ127","v":"1999-10-12"},{"$f":"IF(FO129=\"Établissement\",\"\",IF(Base!AG127=\"Masculin\",\"Monsieur\",IF(Base!AG127=\"Féminin\",\"Madame\",\"\")))","v":""},{"$f":"IF(FP129=FALSE,CONCATENATE(IF(Base!AV127=\"Masculin\",\"Monsieur\",IF(Base!AV127=\"Féminin\",\"Madame\",\"\")),\"#chr(13)##chr(10)#\",Base!AW127,\" \",Base!AX127, \"#chr(13)##chr(10)#\",Base!AY127,\" \",Base!AZ127, \"#chr(13)##chr(10)#\",Base!BA127, \"#chr(13)##chr(10)#\",Base!BB127,\" \",Base!BC127),\"\")","v":""},null,"",null,{"$f":"IF(AND(Base!AT127<200,Base!AT127>99),1,0)","v":1},null,0,{"$f":"Base!BG127","v":0},{"$f":"Base!BH127& \"#chr(13)##chr(10)#\" &Base!BI127","v":"Attente 1h30 pour la prise en charge en attendant la police#chr(13)##chr(10)#"},null,{"$f":"Base!BJ127","v":0},{"$f":"Base!BK127","v":0},{"$f":"IF(Base!BL127=\"\",\"\",Base!BL127)","v":""},null,{"$f":"Base!BM127","v":0},null,null,{"$f":"IF(Base!H127=\"Uvrier\",3018,VLOOKUP(FQ129,$GV$2:$GX$7,FM129+1,0))","v":3018},0,0,null,0,null,null,null,null,null,"Libre","BS - 197",null,"BU - 73 - aff",0,null,null,null,null,null,null,null,null,null,null,null,null,null,null,null,null,null,null,null,null,null,null,null,null,null,null,null,null,null,null,null,null,null,{"$f":"Base!AH127&\", \"&Base!AI127","v":"Alzate Paz, Valeria"},{"$f":"Base!AN127&\" \"&Base!AO127&\", \"&Base!AK127&\" \"&Base!AL127","v":"14005 Córdoba , Calle las Dalias 27"},{"$f":"CONCATENATE(TEXT(DATE(YEAR(Base!AJ127),MONTH(Base!AJ127),DAY(Base!AJ127)),\"jj.mm.aaaa\"),\", \",FN129,IF(Base!D127=\"\",\"\",\" - \"),Base!D127)","v":"12.10.1999, 756.7915.9715.02 - 2816589/3"},{"$f":"Base!AR127","v":0},{"$f":"LEFT(Base!J127,10)","v":"2022-01-27"},{"$f":"CONCATENATE(Base!L127,IF(Base!L127=0,\"\",\", \"),Base!M127,\" \",Base!N127,\", \",Base!P127,\" \",Base!Q127)","v":"Hôpital de Sion, Avenue du Grand-Champsec 80, 1950 Sion"},{"$f":"CONCATENATE(Base!V127,\", \",Base!Z127,\" \",Base!AA127,\", \",Base!W127,\" \",Base!X127)","v":"Hôpital de Malévoz, 1870 Monthey, Route de Morgins 10"},null,{"$f":"CONCATENATE(RIGHT(LEFT(Base!J127,16),5),\" - \",RIGHT(LEFT(Base!K127,16),5))","v":"12:21 - 16:08"},{"$f":"Base!AF127&\" - \"&Base!I127","v":"Maladie - S3"},null,null,null,null,null,null,null,null,null,null,null,null,null,null,null,null,null,null,{"$f":"Base!H127","v":"Uvrier"},2,null,null,null,null,null,null,null,null,null,2,null,null,null,null,null,null,null,null,null,null,null,null,null,null,null,null,null,null,null,null,null,{"$f":"IF(Base!U127=\"Privée\",2,1)","v":2},{"$f":"IF(OR(LEFT(Base!AS127,1)=\"1\",LEFT(Base!AS127)=\"2\"),RIGHT(Base!AS127,LEN(Base!AS127)-1),Base!AS127)","v":"756.7915.9715.02"},{"$f":"Base!AU127","v":"Établissement"},{"$f":"OR(CONCATENATE(Base!AW127,Base!AX127)=CONCATENATE(Base!AH127,Base!AI127),FO129=\"Établissement\")","v":true},{"$f":"Base!I127","v":"S3"}]
[{"$f":"Base!A128","v":4239},{"$f":"20","v":20},{"$f":"Base!B128","v":"2022-02-11"},null,{"$f":"Base!AE128","v":"VS22002772"},null,null,null,null,null,"<AUTO>",null,null,null,null,"URL (Libre)",null,null,{"$f":"Base!E128&\" - \"&Base!H128&\" - \"&Base!D128","v":"16252 - Uvrier - 2273843/8"},{"$f":"IF(AND(Base!AT128<1000,Base!AT128>99),Base!AT128,IF(FO130=\"Établissement\",VALUE(CONCATENATE(LEN(SUBSTITUTE(V130,\" \",\"\")),LEN(V130),AA130,COLUMN(INDIRECT(LEFT(V130,1)&1)),LEN(SUBSTITUTE(V130,\"-\",\"\")))),IF(FN130=\"\",VALUE(CONCATENATE(COLUMN(INDIRECT(LEFT(W130,1)&1)),COLUMN(INDIRECT(LEFT(X130,1)&1)),AO130,CODE(AA130))),VALUE(SUBSTITUTE(SUBSTITUTE(SUBSTITUTE(FN130,\".\",\"\"),\" \",\"\"),\"-\",\"\")))))","v":101},null,{"$f":"SUBSTITUTE(IF(Base!BF128=0,\"\",Base!BF128),\" (facturation)\",\"\")","v":"Hôpital du Valais - Direction des Finances/Service des fournisseurs"},{"$f":"IF(Base!AW128=0,\"\",Base!AH128)","v":""},{"$f":"IF(Base!AX128=0,\"\",Base!AI128)","v":""},{"$f":"IF(Base!AW128=0,Base!AY128&\" \"&Base!AZ128,Base!AK128&\" \"&Base!AL128)","v":"Avenue Grand-Champsec 86"},{"$f":"IF(IF(Base!AW128=0,Base!BA128,Base!AM128)=0,\"\",IF(Base!AW128=0,Base!BA128,Base!AM128))","v":"Case postale 696"},{"$f":"IF(Base!AW128=0,Base!BB128,Base!AN128)","v":1951},{"$f":"IF(Base!AW128=0,Base!BC128,Base!AO128)","v":"Sion"},null,null,null,null,null,null,null,null,null,null,null,null,{"$f":"Base!AJ128","v":"1943-07-06"},{"$f":"IF(FO130=\"Établissement\",\"\",IF(Base!AG128=\"Masculin\",\"Monsieur\",IF(Base!AG128=\"Féminin\",\"Madame\",\"\")))","v":""},{"$f":"IF(FP130=FALSE,CONCATENATE(IF(Base!AV128=\"Masculin\",\"Monsieur\",IF(Base!AV128=\"Féminin\",\"Madame\",\"\")),\"#chr(13)##chr(10)#\",Base!AW128,\" \",Base!AX128, \"#chr(13)##chr(10)#\",Base!AY128,\" \",Base!AZ128, \"#chr(13)##chr(10)#\",Base!BA128, \"#chr(13)##chr(10)#\",Base!BB128,\" \",Base!BC128),\"\")","v":""},null,"",null,{"$f":"IF(AND(Base!AT128<200,Base!AT128>99),1,0)","v":1},null,0,{"$f":"Base!BG128","v":"HVS.12J"},{"$f":"Base!BH128& \"#chr(13)##chr(10)#\" &Base!BI128","v":"Forfait S3 HVS Sion - HVS Sierre#chr(13)##chr(10)#Trajet simple journée (08h00-20h00)"},null,{"$f":"Base!BJ128","v":1},{"$f":"Base!BK128","v":350},{"$f":"IF(Base!BL128=\"\",\"\",Base!BL128)","v":""},null,{"$f":"Base!BM128","v":350},null,null,{"$f":"IF(Base!H128=\"Uvrier\",3018,VLOOKUP(FQ130,$GV$2:$GX$7,FM130+1,0))","v":3018},0,0,null,0,null,null,null,null,null,"Libre","BS - 198",null,"BU - 73 - aff",0,null,null,null,null,null,null,null,null,null,null,null,null,null,null,null,null,null,null,null,null,null,null,null,null,null,null,null,null,null,null,null,null,null,{"$f":"Base!AH128&\", \"&Base!AI128","v":"Dubuis, André"},{"$f":"Base!AN128&\" \"&Base!AO128&\", \"&Base!AK128&\" \"&Base!AL128","v":"1965 Savièse, Route de Drône 35"},{"$f":"CONCATENATE(TEXT(DATE(YEAR(Base!AJ128),MONTH(Base!AJ128),DAY(Base!AJ128)),\"jj.mm.aaaa\"),\", \",FN130,IF(Base!D128=\"\",\"\",\" - \"),Base!D128)","v":"06.07.1943, 756.3700.5541.34 - 2273843/8"},{"$f":"Base!AR128","v":"Assura-Basis SA"},{"$f":"LEFT(Base!J128,10)","v":"2022-01-27"},{"$f":"CONCATENATE(Base!L128,IF(Base!L128=0,\"\",\", \"),Base!M128,\" \",Base!N128,\", \",Base!P128,\" \",Base!Q128)","v":"Hôpital de Sion, Avenue du Grand-Champsec 80, 1950 Sion"},{"$f":"CONCATENATE(Base!V128,\", \",Base!Z128,\" \",Base!AA128,\", \",Base!W128,\" \",Base!X128)","v":"Hôpital de Sierre, 3960 Sierre, Rue Saint-Charles 14"},null,{"$f":"CONCATENATE(RIGHT(LEFT(Base!J128,16),5),\" - \",RIGHT(LEFT(Base!K128,16),5))","v":"16:09 - 17:40"},{"$f":"Base!AF128&\" - \"&Base!I128","v":"Accident - S3"},null,null,null,null,null,null,null,null,null,null,null,null,null,null,null,null,null,null,{"$f":"Base!H128","v":"Uvrier"},2,null,null,null,null,null,null,null,null,null,2,null,null,null,null,null,null,null,null,null,null,null,null,null,null,null,null,null,null,null,null,null,{"$f":"IF(Base!U128=\"Privée\",2,1)","v":2},{"$f":"IF(OR(LEFT(Base!AS128,1)=\"1\",LEFT(Base!AS128)=\"2\"),RIGHT(Base!AS128,LEN(Base!AS128)-1),Base!AS128)","v":"756.3700.5541.34"},{"$f":"Base!AU128","v":"Établissement"},{"$f":"OR(CONCATENATE(Base!AW128,Base!AX128)=CONCATENATE(Base!AH128,Base!AI128),FO130=\"Établissement\")","v":true},{"$f":"Base!I128","v":"S3"}]
[{"$f":"Base!A129","v":4244},{"$f":"20","v":20},{"$f":"Base!B129","v":"2022-02-11"},null,{"$f":"Base!AE129","v":"VS22002822"},null,null,null,null,null,"<AUTO>",null,null,null,null,"URL (Libre)",null,null,{"$f":"Base!E129&\" - \"&Base!H129&\" - \"&Base!D129","v":"16299 - Uvrier - 2331489/40"},{"$f":"IF(AND(Base!AT129<1000,Base!AT129>99),Base!AT129,IF(FO131=\"Établissement\",VALUE(CONCATENATE(LEN(SUBSTITUTE(V131,\" \",\"\")),LEN(V131),AA131,COLUMN(INDIRECT(LEFT(V131,1)&1)),LEN(SUBSTITUTE(V131,\"-\",\"\")))),IF(FN131=\"\",VALUE(CONCATENATE(COLUMN(INDIRECT(LEFT(W131,1)&1)),COLUMN(INDIRECT(LEFT(X131,1)&1)),AO131,CODE(AA131))),VALUE(SUBSTITUTE(SUBSTITUTE(SUBSTITUTE(FN131,\".\",\"\"),\" \",\"\"),\"-\",\"\")))))","v":101},null,{"$f":"SUBSTITUTE(IF(Base!BF129=0,\"\",Base!BF129),\" (facturation)\",\"\")","v":"Hôpital du Valais - Direction des Finances/Service des fournisseurs"},{"$f":"IF(Base!AW129=0,\"\",Base!AH129)","v":""},{"$f":"IF(Base!AX129=0,\"\",Base!AI129)","v":""},{"$f":"IF(Base!AW129=0,Base!AY129&\" \"&Base!AZ129,Base!AK129&\" \"&Base!AL129)","v":"Avenue Grand-Champsec 86"},{"$f":"IF(IF(Base!AW129=0,Base!BA129,Base!AM129)=0,\"\",IF(Base!AW129=0,Base!BA129,Base!AM129))","v":"Case postale 696"},{"$f":"IF(Base!AW129=0,Base!BB129,Base!AN129)","v":1951},{"$f":"IF(Base!AW129=0,Base!BC129,Base!AO129)","v":"Sion"},null,null,null,null,null,null,null,null,null,null,null,null,{"$f":"Base!AJ129","v":"1953-02-20"},{"$f":"IF(FO131=\"Établissement\",\"\",IF(Base!AG129=\"Masculin\",\"Monsieur\",IF(Base!AG129=\"Féminin\",\"Madame\",\"\")))","v":""},{"$f":"IF(FP131=FALSE,CONCATENATE(IF(Base!AV129=\"Masculin\",\"Monsieur\",IF(Base!AV129=\"Féminin\",\"Madame\",\"\")),\"#chr(13)##chr(10)#\",Base!AW129,\" \",Base!AX129, \"#chr(13)##chr(10)#\",Base!AY129,\" \",Base!AZ129, \"#chr(13)##chr(10)#\",Base!BA129, \"#chr(13)##chr(10)#\",Base!BB129,\" \",Base!BC129),\"\")","v":""},null,"",null,{"$f":"IF(AND(Base!AT129<200,Base!AT129>99),1,0)","v":1},null,0,{"$f":"Base!BG129","v":"HVS.13J"},{"$f":"Base!BH129& \"#chr(13)##chr(10)#\" &Base!BI129","v":"Forfait S3 HVS Sion - HVS Martigny#chr(13)##chr(10)#Trajet simple journée (08h00-20h00)"},null,{"$f":"Base!BJ129","v":1},{"$f":"Base!BK129","v":440},{"$f":"IF(Base!BL129=\"\",\"\",Base!BL129)","v":""},null,{"$f":"Base!BM129","v":440},null,null,{"$f":"IF(Base!H129=\"Uvrier\",3018,VLOOKUP(FQ131,$GV$2:$GX$7,FM131+1,0))","v":3018},0,0,null,0,null,null,null,null,null,"Libre","BS - 199",null,"BU - 73 - aff",0,null,null,null,null,null,null,null,null,null,null,null,null,null,null,null,null,null,null,null,null,null,null,null,null,null,null,null,null,null,null,null,null,null,{"$f":"Base!AH129&\", \"&Base!AI129","v":"Quarroz, Charles Antoine"},{"$f":"Base!AN129&\" \"&Base!AO129&\", \"&Base!AK129&\" \"&Base!AL129","v":"1991 Misériez (Salins), Chemin de Grange Wolf 5"},{"$f":"CONCATENATE(TEXT(DATE(YEAR(Base!AJ129),MONTH(Base!AJ129),DAY(Base!AJ129)),\"jj.mm.aaaa\"),\", \",FN131,IF(Base!D129=\"\",\"\",\" - \"),Base!D129)","v":"20.02.1953, 756.8171.4980.93 - 2331489/40"},{"$f":"Base!AR129","v":"Easy Sana Assurance Maladie SA"},{"$f":"LEFT(Base!J129,10)","v":"2022-01-27"},{"$f":"CONCATENATE(Base!L129,IF(Base!L129=0,\"\",\", \"),Base!M129,\" \",Base!N129,\", \",Base!P129,\" \",Base!Q129)","v":"Hôpital de Sion, Avenue du Grand-Champsec 80, 1950 Sion"},{"$f":"CONCATENATE(Base!V129,\", \",Base!Z129,\" \",Base!AA129,\", \",Base!W129,\" \",Base!X129)","v":"Hôpital de Martigny, 1920 Martigny, Avenue de la Fusion 27"},null,{"$f":"CONCATENATE(RIGHT(LEFT(Base!J129,16),5),\" - \",RIGHT(LEFT(Base!K129,16),5))","v":"17:41 - 19:25"},{"$f":"Base!AF129&\" - \"&Base!I129","v":"Maladie - S3"},null,null,null,null,null,null,null,null,null,null,null,null,null,null,null,null,null,null,{"$f":"Base!H129","v":"Uvrier"},2,null,null,null,null,null,null,null,null,null,2,null,null,null,null,null,null,null,null,null,null,null,null,null,null,null,null,null,null,null,null,null,{"$f":"IF(Base!U129=\"Privée\",2,1)","v":2},{"$f":"IF(OR(LEFT(Base!AS129,1)=\"1\",LEFT(Base!AS129)=\"2\"),RIGHT(Base!AS129,LEN(Base!AS129)-1),Base!AS129)","v":"756.8171.4980.93"},{"$f":"Base!AU129","v":"Établissement"},{"$f":"OR(CONCATENATE(Base!AW129,Base!AX129)=CONCATENATE(Base!AH129,Base!AI129),FO131=\"Établissement\")","v":true},{"$f":"Base!I129","v":"S3"}]
[{"$f":"Base!A130","v":4245},{"$f":"20","v":20},{"$f":"Base!B130","v":"2022-02-11"},null,{"$f":"Base!AE130","v":"VS22002831"},null,null,null,null,null,"<AUTO>",null,null,null,null,"URL (Libre)",null,null,{"$f":"Base!E130&\" - \"&Base!H130&\" - \"&Base!D130","v":"16307 - Uvrier - 2828250/1"},{"$f":"IF(AND(Base!AT130<1000,Base!AT130>99),Base!AT130,IF(FO132=\"Établissement\",VALUE(CONCATENATE(LEN(SUBSTITUTE(V132,\" \",\"\")),LEN(V132),AA132,COLUMN(INDIRECT(LEFT(V132,1)&1)),LEN(SUBSTITUTE(V132,\"-\",\"\")))),IF(FN132=\"\",VALUE(CONCATENATE(COLUMN(INDIRECT(LEFT(W132,1)&1)),COLUMN(INDIRECT(LEFT(X132,1)&1)),AO132,CODE(AA132))),VALUE(SUBSTITUTE(SUBSTITUTE(SUBSTITUTE(FN132,\".\",\"\"),\" \",\"\"),\"-\",\"\")))))","v":101},null,{"$f":"SUBSTITUTE(IF(Base!BF130=0,\"\",Base!BF130),\" (facturation)\",\"\")","v":"Hôpital du Valais - Direction des Finances/Service des fournisseurs"},{"$f":"IF(Base!AW130=0,\"\",Base!AH130)","v":""},{"$f":"IF(Base!AX130=0,\"\",Base!AI130)","v":""},{"$f":"IF(Base!AW130=0,Base!AY130&\" \"&Base!AZ130,Base!AK130&\" \"&Base!AL130)","v":"Avenue Grand-Champsec 86"},{"$f":"IF(IF(Base!AW130=0,Base!BA130,Base!AM130)=0,\"\",IF(Base!AW130=0,Base!BA130,Base!AM130))","v":"Case postale 696"},{"$f":"IF(Base!AW130=0,Base!BB130,Base!AN130)","v":1951},{"$f":"IF(Base!AW130=0,Base!BC130,Base!AO130)","v":"Sion"},null,null,null,null,null,null,null,null,null,null,null,null,{"$f":"Base!AJ130","v":"1935-11-04"},{"$f":"IF(FO132=\"Établissement\",\"\",IF(Base!AG130=\"Masculin\",\"Monsieur\",IF(Base!AG130=\"Féminin\",\"Madame\",\"\")))","v":""},{"$f":"IF(FP132=FALSE,CONCATENATE(IF(Base!AV130=\"Masculin\",\"Monsieur\",IF(Base!AV130=\"Féminin\",\"Madame\",\"\")),\"#chr(13)##chr(10)#\",Base!AW130,\" \",Base!AX130, \"#chr(13)##chr(10)#\",Base!AY130,\" \",Base!AZ130, \"#chr(13)##chr(10)#\",Base!BA130, \"#chr(13)##chr(10)#\",Base!BB130,\" \",Base!BC130),\"\")","v":""},null,{"$f":"AP132","v":""},null,{"$f":"IF(AND(Base!AT130<200,Base!AT130>99),1,0)","v":1},null,0,{"$f":"Base!BG130","v":"HVS.13J"},{"$f":"Base!BH130& \"#chr(13)##chr(10)#\" &Base!BI130","v":"Forfait S3 HVS Sion - HVS Martigny#chr(13)##chr(10)#Trajet simple journée (08h00-20h00)"},null,{"$f":"Base!BJ130","v":1},{"$f":"Base!BK130","v":440},{"$f":"IF(Base!BL130=\"\",\"\",Base!BL130)","v":""},null,{"$f":"Base!BM130","v":440},null,null,{"$f":"IF(Base!H130=\"Uvrier\",3018,VLOOKUP(FQ132,$GV$2:$GX$7,FM132+1,0))","v":3018},0,0,null,0,null,null,null,null,null,"Libre","BS - 200",null,"BU - 73 - aff",0,null,null,null,null,null,null,null,null,null,null,null,null,null,null,null,null,null,null,null,null,null,null,null,null,null,null,null,null,null,null,null,null,null,{"$f":"Base!AH130&\", \"&Base!AI130","v":"Klein, Marie-Jeanne Monique"},{"$f":"Base!AN130&\" \"&Base!AO130&\", \"&Base!AK130&\" \"&Base!AL130","v":"1996 Basse-Nendaz, Route de Fey 353"},{"$f":"CONCATENATE(TEXT(DATE(YEAR(Base!AJ130),MONTH(Base!AJ130),DAY(Base!AJ130)),\"jj.mm.aaaa\"),\", \",FN132,IF(Base!D130=\"\",\"\",\" - \"),Base!D130)","v":"04.11.1935, 756.7298.9166.88 - 2828250/1"},{"$f":"Base!AR130","v":"Philos Assurance Maladie SA"},{"$f":"LEFT(Base!J130,10)","v":"2022-01-27"},{"$f":"CONCATENATE(Base!L130,IF(Base!L130=0,\"\",\", \"),Base!M130,\" \",Base!N130,\", \",Base!P130,\" \",Base!Q130)","v":"Hôpital de Sion, Avenue du Grand-Champsec 80, 1950 Sion"},{"$f":"CONCATENATE(Base!V130,\", \",Base!Z130,\" \",Base!AA130,\", \",Base!W130,\" \",Base!X130)","v":"Hôpital de Martigny, 1920 Martigny, Avenue de la Fusion 27"},null,{"$f":"CONCATENATE(RIGHT(LEFT(Base!J130,16),5),\" - \",RIGHT(LEFT(Base!K130,16),5))","v":"19:30 - 20:57"},{"$f":"Base!AF130&\" - \"&Base!I130","v":"Maladie - S3"},null,null,null,null,null,null,null,null,null,null,null,null,null,null,null,null,null,null,{"$f":"Base!H130","v":"Uvrier"},{"$f":"IF(EF132=\"Uvrier\",2,3)","v":2},null,null,null,null,null,null,null,null,null,{"$f":"EG132","v":2},null,null,null,null,null,null,null,null,null,null,null,null,null,null,null,null,null,null,null,null,null,{"$f":"IF(Base!U130=\"Privée\",2,1)","v":2},{"$f":"IF(OR(LEFT(Base!AS130,1)=\"1\",LEFT(Base!AS130)=\"2\"),RIGHT(Base!AS130,LEN(Base!AS130)-1),Base!AS130)","v":"756.7298.9166.88"},{"$f":"Base!AU130","v":"Établissement"},{"$f":"OR(CONCATENATE(Base!AW130,Base!AX130)=CONCATENATE(Base!AH130,Base!AI130),FO132=\"Établissement\")","v":true},{"$f":"Base!I130","v":"S3"}]
[{"$f":"Base!A131","v":4246},{"$f":"20","v":20},{"$f":"Base!B131","v":"2022-02-11"},null,{"$f":"Base!AE131","v":"VS22002833"},null,null,null,null,null,"<AUTO>",null,null,null,null,"URL (Libre)",null,null,{"$f":"Base!E131&\" - \"&Base!H131&\" - \"&Base!D131","v":"16309 - Uvrier - 2547754/27"},{"$f":"IF(AND(Base!AT131<1000,Base!AT131>99),Base!AT131,IF(FO133=\"Établissement\",VALUE(CONCATENATE(LEN(SUBSTITUTE(V133,\" \",\"\")),LEN(V133),AA133,COLUMN(INDIRECT(LEFT(V133,1)&1)),LEN(SUBSTITUTE(V133,\"-\",\"\")))),IF(FN133=\"\",VALUE(CONCATENATE(COLUMN(INDIRECT(LEFT(W133,1)&1)),COLUMN(INDIRECT(LEFT(X133,1)&1)),AO133,CODE(AA133))),VALUE(SUBSTITUTE(SUBSTITUTE(SUBSTITUTE(FN133,\".\",\"\"),\" \",\"\"),\"-\",\"\")))))","v":101},null,{"$f":"SUBSTITUTE(IF(Base!BF131=0,\"\",Base!BF131),\" (facturation)\",\"\")","v":"Hôpital du Valais - Direction des Finances/Service des fournisseurs"},{"$f":"IF(Base!AW131=0,\"\",Base!AH131)","v":""},{"$f":"IF(Base!AX131=0,\"\",Base!AI131)","v":""},{"$f":"IF(Base!AW131=0,Base!AY131&\" \"&Base!AZ131,Base!AK131&\" \"&Base!AL131)","v":"Avenue Grand-Champsec 86"},{"$f":"IF(IF(Base!AW131=0,Base!BA131,Base!AM131)=0,\"\",IF(Base!AW131=0,Base!BA131,Base!AM131))","v":"Case postale 696"},{"$f":"IF(Base!AW131=0,Base!BB131,Base!AN131)","v":1951},{"$f":"IF(Base!AW131=0,Base!BC131,Base!AO131)","v":"Sion"},null,null,null,null,null,null,null,null,null,null,null,null,{"$f":"Base!AJ131","v":"1960-01-01"},{"$f":"IF(FO133=\"Établissement\",\"\",IF(Base!AG131=\"Masculin\",\"Monsieur\",IF(Base!AG131=\"Féminin\",\"Madame\",\"\")))","v":""},{"$f":"IF(FP133=FALSE,CONCATENATE(IF(Base!AV131=\"Masculin\",\"Monsieur\",IF(Base!AV131=\"Féminin\",\"Madame\",\"\")),\"#chr(13)##chr(10)#\",Base!AW131,\" \",Base!AX131, \"#chr(13)##chr(10)#\",Base!AY131,\" \",Base!AZ131, \"#chr(13)##chr(10)#\",Base!BA131, \"#chr(13)##chr(10)#\",Base!BB131,\" \",Base!BC131),\"\")","v":""},null,"",null,{"$f":"IF(AND(Base!AT131<200,Base!AT131>99),1,0)","v":1},null,0,{"$f":"Base!BG131","v":"HVS.31N"},{"$f":"Base!BH131& \"#chr(13)##chr(10)#\" &Base!BI131","v":"Forfait S3 HVS Martigny - HVS Sion#chr(13)##chr(10)#Trajet simple nuit (20h00-08h00) ou dimanches et jours fériés"},null,{"$f":"Base!BJ131","v":1},{"$f":"Base!BK131","v":660},{"$f":"IF(Base!BL131=\"\",\"\",Base!BL131)","v":""},null,{"$f":"Base!BM131","v":660},null,null,{"$f":"IF(Base!H131=\"Uvrier\",3018,VLOOKUP(FQ133,$GV$2:$GX$7,FM133+1,0))","v":3018},0,0,null,0,null,null,null,null,null,"Libre","BS - 201",null,"BU - 73 - aff",0,null,null,null,null,null,null,null,null,null,null,null,null,null,null,null,null,null,null,null,null,null,null,null,null,null,null,null,null,null,null,null,null,null,{"$f":"Base!AH131&\", \"&Base!AI131","v":"Hussein, Samira"},{"$f":"Base!AN131&\" \"&Base!AO131&\", \"&Base!AK131&\" \"&Base!AL131","v":"1920 Martigny, Avenue de la Gare 64"},{"$f":"CONCATENATE(TEXT(DATE(YEAR(Base!AJ131),MONTH(Base!AJ131),DAY(Base!AJ131)),\"jj.mm.aaaa\"),\", \",FN133,IF(Base!D131=\"\",\"\",\" - \"),Base!D131)","v":"01.01.1960, 756.7549.1858.56 - 2547754/27"},{"$f":"Base!AR131","v":"Helsana Assurances SA"},{"$f":"LEFT(Base!J131,10)","v":"2022-01-27"},{"$f":"CONCATENATE(Base!L131,IF(Base!L131=0,\"\",\", \"),Base!M131,\" \",Base!N131,\", \",Base!P131,\" \",Base!Q131)","v":"Hôpital de Martigny, Avenue de la Fusion 27, 1920 Martigny"},{"$f":"CONCATENATE(Base!V131,\", \",Base!Z131,\" \",Base!AA131,\", \",Base!W131,\" \",Base!X131)","v":"Hôpital de Sion, 1950 Sion, Avenue du Grand-Champsec 80"},null,{"$f":"CONCATENATE(RIGHT(LEFT(Base!J131,16),5),\" - \",RIGHT(LEFT(Base!K131,16),5))","v":"20:57 - 22:34"},{"$f":"Base!AF131&\" - \"&Base!I131","v":"Maladie - S3"},null,null,null,null,null,null,null,null,null,null,null,null,null,null,null,null,null,null,{"$f":"Base!H131","v":"Uvrier"},2,null,null,null,null,null,null,null,null,null,2,null,null,null,null,null,null,null,null,null,null,null,null,null,null,null,null,null,null,null,null,null,{"$f":"IF(Base!U131=\"Privée\",2,1)","v":2},{"$f":"IF(OR(LEFT(Base!AS131,1)=\"1\",LEFT(Base!AS131)=\"2\"),RIGHT(Base!AS131,LEN(Base!AS131)-1),Base!AS131)","v":"756.7549.1858.56"},{"$f":"Base!AU131","v":"Établissement"},{"$f":"OR(CONCATENATE(Base!AW131,Base!AX131)=CONCATENATE(Base!AH131,Base!AI131),FO133=\"Établissement\")","v":true},{"$f":"Base!I131","v":"S3"}]
[{"$f":"Base!A132","v":4247},{"$f":"20","v":20},{"$f":"Base!B132","v":"2022-02-11"},null,{"$f":"Base!AE132","v":"VS22002857"},null,null,null,null,null,"<AUTO>",null,null,null,null,"URL (Libre)",null,null,{"$f":"Base!E132&\" - \"&Base!H132&\" - \"&Base!D132","v":"16330 - Uvrier - "},{"$f":"IF(AND(Base!AT132<1000,Base!AT132>99),Base!AT132,IF(FO134=\"Établissement\",VALUE(CONCATENATE(LEN(SUBSTITUTE(V134,\" \",\"\")),LEN(V134),AA134,COLUMN(INDIRECT(LEFT(V134,1)&1)),LEN(SUBSTITUTE(V134,\"-\",\"\")))),IF(FN134=\"\",VALUE(CONCATENATE(COLUMN(INDIRECT(LEFT(W134,1)&1)),COLUMN(INDIRECT(LEFT(X134,1)&1)),AO134,CODE(AA134))),VALUE(SUBSTITUTE(SUBSTITUTE(SUBSTITUTE(FN134,\".\",\"\"),\" \",\"\"),\"-\",\"\")))))","v":103},null,{"$f":"SUBSTITUTE(IF(Base!BF132=0,\"\",Base!BF132),\" (facturation)\",\"\")","v":"Clinique Genevoise de Montana - Comptabilité"},{"$f":"IF(Base!AW132=0,\"\",Base!AH132)","v":""},{"$f":"IF(Base!AX132=0,\"\",Base!AI132)","v":""},{"$f":"IF(Base!AW132=0,Base!AY132&\" \"&Base!AZ132,Base!AK132&\" \"&Base!AL132)","v":"Impasse Clairmont 2"},{"$f":"IF(IF(Base!AW132=0,Base!BA132,Base!AM132)=0,\"\",IF(Base!AW132=0,Base!BA132,Base!AM132))","v":""},{"$f":"IF(Base!AW132=0,Base!BB132,Base!AN132)","v":3963},{"$f":"IF(Base!AW132=0,Base!BC132,Base!AO132)","v":"Crans-Montana"},null,null,null,null,null,null,null,null,null,null,null,null,{"$f":"Base!AJ132","v":"1941-10-24"},{"$f":"IF(FO134=\"Établissement\",\"\",IF(Base!AG132=\"Masculin\",\"Monsieur\",IF(Base!AG132=\"Féminin\",\"Madame\",\"\")))","v":""},{"$f":"IF(FP134=FALSE,CONCATENATE(IF(Base!AV132=\"Masculin\",\"Monsieur\",IF(Base!AV132=\"Féminin\",\"Madame\",\"\")),\"#chr(13)##chr(10)#\",Base!AW132,\" \",Base!AX132, \"#chr(13)##chr(10)#\",Base!AY132,\" \",Base!AZ132, \"#chr(13)##chr(10)#\",Base!BA132, \"#chr(13)##chr(10)#\",Base!BB132,\" \",Base!BC132),\"\")","v":""},null,"",null,{"$f":"IF(AND(Base!AT132<200,Base!AT132>99),1,0)","v":1},null,0,{"$f":"Base!BG132","v":"CLN.9403 "},{"$f":"Base!BH132& \"#chr(13)##chr(10)#\" &Base!BI132","v":"Taxe de base transport S3#chr(13)##chr(10)#"},null,{"$f":"Base!BJ132","v":1},{"$f":"Base!BK132","v":200},{"$f":"IF(Base!BL132=\"\",\"\",Base!BL132)","v":""},null,{"$f":"Base!BM132","v":200},null,null,{"$f":"IF(Base!H132=\"Uvrier\",3018,VLOOKUP(FQ134,$GV$2:$GX$7,FM134+1,0))","v":3018},0,0,null,0,null,null,null,null,null,"Libre","BS - 202",null,"BU - 73 - aff",0,null,null,null,null,null,null,null,null,null,null,null,null,null,null,null,null,null,null,null,null,null,null,null,null,null,null,null,null,null,null,null,null,null,{"$f":"Base!AH132&\", \"&Base!AI132","v":"Dumoulin-Pellissier, Marguerite"},{"$f":"Base!AN132&\" \"&Base!AO132&\", \"&Base!AK132&\" \"&Base!AL132","v":"1965 Savièse, Route du Sanetsch 18"},{"$f":"CONCATENATE(TEXT(DATE(YEAR(Base!AJ132),MONTH(Base!AJ132),DAY(Base!AJ132)),\"jj.mm.aaaa\"),\", \",FN134,IF(Base!D132=\"\",\"\",\" - \"),Base!D132)","v":"24.10.1941, 756.9729.6441.91"},{"$f":"Base!AR132","v":"Easy Sana Assurance Maladie SA"},{"$f":"LEFT(Base!J132,10)","v":"2022-01-28"},{"$f":"CONCATENATE(Base!L132,IF(Base!L132=0,\"\",\", \"),Base!M132,\" \",Base!N132,\", \",Base!P132,\" \",Base!Q132)","v":"Clinique Genevoise, Impasse Clairmont 2, 3963 Crans-Montana"},{"$f":"CONCATENATE(Base!V132,\", \",Base!Z132,\" \",Base!AA132,\", \",Base!W132,\" \",Base!X132)","v":"Hôpital de Martigny, 1920 Martigny, Avenue de la Fusion 27"},null,{"$f":"CONCATENATE(RIGHT(LEFT(Base!J132,16),5),\" - \",RIGHT(LEFT(Base!K132,16),5))","v":"08:24 - 12:15"},{"$f":"Base!AF132&\" - \"&Base!I132","v":"Accident - S3"},null,null,null,null,null,null,null,null,null,null,null,null,null,null,null,null,null,null,{"$f":"Base!H132","v":"Uvrier"},2,null,null,null,null,null,null,null,null,null,2,null,null,null,null,null,null,null,null,null,null,null,null,null,null,null,null,null,null,null,null,null,{"$f":"IF(Base!U132=\"Privée\",2,1)","v":2},{"$f":"IF(OR(LEFT(Base!AS132,1)=\"1\",LEFT(Base!AS132)=\"2\"),RIGHT(Base!AS132,LEN(Base!AS132)-1),Base!AS132)","v":"756.9729.6441.91"},{"$f":"Base!AU132","v":"Établissement"},{"$f":"OR(CONCATENATE(Base!AW132,Base!AX132)=CONCATENATE(Base!AH132,Base!AI132),FO134=\"Établissement\")","v":true},{"$f":"Base!I132","v":"S3"}]
[{"$f":"Base!A133","v":4247},{"$f":"20","v":20},{"$f":"Base!B133","v":"2022-02-11"},null,{"$f":"Base!AE133","v":"VS22002857"},null,null,null,null,null,"<AUTO>",null,null,null,null,"URL (Libre)",null,null,{"$f":"Base!E133&\" - \"&Base!H133&\" - \"&Base!D133","v":"16330 - Uvrier - "},{"$f":"IF(AND(Base!AT133<1000,Base!AT133>99),Base!AT133,IF(FO135=\"Établissement\",VALUE(CONCATENATE(LEN(SUBSTITUTE(V135,\" \",\"\")),LEN(V135),AA135,COLUMN(INDIRECT(LEFT(V135,1)&1)),LEN(SUBSTITUTE(V135,\"-\",\"\")))),IF(FN135=\"\",VALUE(CONCATENATE(COLUMN(INDIRECT(LEFT(W135,1)&1)),COLUMN(INDIRECT(LEFT(X135,1)&1)),AO135,CODE(AA135))),VALUE(SUBSTITUTE(SUBSTITUTE(SUBSTITUTE(FN135,\".\",\"\"),\" \",\"\"),\"-\",\"\")))))","v":103},null,{"$f":"SUBSTITUTE(IF(Base!BF133=0,\"\",Base!BF133),\" (facturation)\",\"\")","v":"Clinique Genevoise de Montana - Comptabilité"},{"$f":"IF(Base!AW133=0,\"\",Base!AH133)","v":""},{"$f":"IF(Base!AX133=0,\"\",Base!AI133)","v":""},{"$f":"IF(Base!AW133=0,Base!AY133&\" \"&Base!AZ133,Base!AK133&\" \"&Base!AL133)","v":"Impasse Clairmont 2"},{"$f":"IF(IF(Base!AW133=0,Base!BA133,Base!AM133)=0,\"\",IF(Base!AW133=0,Base!BA133,Base!AM133))","v":""},{"$f":"IF(Base!AW133=0,Base!BB133,Base!AN133)","v":3963},{"$f":"IF(Base!AW133=0,Base!BC133,Base!AO133)","v":"Crans-Montana"},null,null,null,null,null,null,null,null,null,null,null,null,{"$f":"Base!AJ133","v":"1941-10-24"},{"$f":"IF(FO135=\"Établissement\",\"\",IF(Base!AG133=\"Masculin\",\"Monsieur\",IF(Base!AG133=\"Féminin\",\"Madame\",\"\")))","v":""},{"$f":"IF(FP135=FALSE,CONCATENATE(IF(Base!AV133=\"Masculin\",\"Monsieur\",IF(Base!AV133=\"Féminin\",\"Madame\",\"\")),\"#chr(13)##chr(10)#\",Base!AW133,\" \",Base!AX133, \"#chr(13)##chr(10)#\",Base!AY133,\" \",Base!AZ133, \"#chr(13)##chr(10)#\",Base!BA133, \"#chr(13)##chr(10)#\",Base!BB133,\" \",Base!BC133),\"\")","v":""},null,"",null,{"$f":"IF(AND(Base!AT133<200,Base!AT133>99),1,0)","v":1},null,0,{"$f":"Base!BG133","v":"CLN.9404"},{"$f":"Base!BH133& \"#chr(13)##chr(10)#\" &Base!BI133","v":"Indemnisation kilométrique#chr(13)##chr(10)#"},null,{"$f":"Base!BJ133","v":139},{"$f":"Base!BK133","v":4.5},{"$f":"IF(Base!BL133=\"\",\"\",Base!BL133)","v":"km"},null,{"$f":"Base!BM133","v":625.5},null,null,{"$f":"IF(Base!H133=\"Uvrier\",3018,VLOOKUP(FQ135,$GV$2:$GX$7,FM135+1,0))","v":3018},0,0,null,0,null,null,null,null,null,"Libre","BS - 203",null,"BU - 73 - aff",0,null,null,null,null,null,null,null,null,null,null,null,null,null,null,null,null,null,null,null,null,null,null,null,null,null,null,null,null,null,null,null,null,null,{"$f":"Base!AH133&\", \"&Base!AI133","v":"Dumoulin-Pellissier, Marguerite"},{"$f":"Base!AN133&\" \"&Base!AO133&\", \"&Base!AK133&\" \"&Base!AL133","v":"1965 Savièse, Route du Sanetsch 18"},{"$f":"CONCATENATE(TEXT(DATE(YEAR(Base!AJ133),MONTH(Base!AJ133),DAY(Base!AJ133)),\"jj.mm.aaaa\"),\", \",FN135,IF(Base!D133=\"\",\"\",\" - \"),Base!D133)","v":"24.10.1941, 756.9729.6441.91"},{"$f":"Base!AR133","v":"Easy Sana Assurance Maladie SA"},{"$f":"LEFT(Base!J133,10)","v":"2022-01-28"},{"$f":"CONCATENATE(Base!L133,IF(Base!L133=0,\"\",\", \"),Base!M133,\" \",Base!N133,\", \",Base!P133,\" \",Base!Q133)","v":"Clinique Genevoise, Impasse Clairmont 2, 3963 Crans-Montana"},{"$f":"CONCATENATE(Base!V133,\", \",Base!Z133,\" \",Base!AA133,\", \",Base!W133,\" \",Base!X133)","v":"Hôpital de Martigny, 1920 Martigny, Avenue de la Fusion 27"},null,{"$f":"CONCATENATE(RIGHT(LEFT(Base!J133,16),5),\" - \",RIGHT(LEFT(Base!K133,16),5))","v":"08:24 - 12:15"},{"$f":"Base!AF133&\" - \"&Base!I133","v":"Accident - S3"},null,null,null,null,null,null,null,null,null,null,null,null,null,null,null,null,null,null,{"$f":"Base!H133","v":"Uvrier"},2,null,null,null,null,null,null,null,null,null,2,null,null,null,null,null,null,null,null,null,null,null,null,null,null,null,null,null,null,null,null,null,{"$f":"IF(Base!U133=\"Privée\",2,1)","v":2},{"$f":"IF(OR(LEFT(Base!AS133,1)=\"1\",LEFT(Base!AS133)=\"2\"),RIGHT(Base!AS133,LEN(Base!AS133)-1),Base!AS133)","v":"756.9729.6441.91"},{"$f":"Base!AU133","v":"Établissement"},{"$f":"OR(CONCATENATE(Base!AW133,Base!AX133)=CONCATENATE(Base!AH133,Base!AI133),FO135=\"Établissement\")","v":true},{"$f":"Base!I133","v":"S3"}]
[{"$f":"Base!A134","v":4247},{"$f":"20","v":20},{"$f":"Base!B134","v":"2022-02-11"},null,{"$f":"Base!AE134","v":"VS22002857"},null,null,null,null,null,"<AUTO>",null,null,null,null,"URL (Libre)",null,null,{"$f":"Base!E134&\" - \"&Base!H134&\" - \"&Base!D134","v":"16330 - Uvrier - "},{"$f":"IF(AND(Base!AT134<1000,Base!AT134>99),Base!AT134,IF(FO136=\"Établissement\",VALUE(CONCATENATE(LEN(SUBSTITUTE(V136,\" \",\"\")),LEN(V136),AA136,COLUMN(INDIRECT(LEFT(V136,1)&1)),LEN(SUBSTITUTE(V136,\"-\",\"\")))),IF(FN136=\"\",VALUE(CONCATENATE(COLUMN(INDIRECT(LEFT(W136,1)&1)),COLUMN(INDIRECT(LEFT(X136,1)&1)),AO136,CODE(AA136))),VALUE(SUBSTITUTE(SUBSTITUTE(SUBSTITUTE(FN136,\".\",\"\"),\" \",\"\"),\"-\",\"\")))))","v":103},null,{"$f":"SUBSTITUTE(IF(Base!BF134=0,\"\",Base!BF134),\" (facturation)\",\"\")","v":"Clinique Genevoise de Montana - Comptabilité"},{"$f":"IF(Base!AW134=0,\"\",Base!AH134)","v":""},{"$f":"IF(Base!AX134=0,\"\",Base!AI134)","v":""},{"$f":"IF(Base!AW134=0,Base!AY134&\" \"&Base!AZ134,Base!AK134&\" \"&Base!AL134)","v":"Impasse Clairmont 2"},{"$f":"IF(IF(Base!AW134=0,Base!BA134,Base!AM134)=0,\"\",IF(Base!AW134=0,Base!BA134,Base!AM134))","v":""},{"$f":"IF(Base!AW134=0,Base!BB134,Base!AN134)","v":3963},{"$f":"IF(Base!AW134=0,Base!BC134,Base!AO134)","v":"Crans-Montana"},null,null,null,null,null,null,null,null,null,null,null,null,{"$f":"Base!AJ134","v":"1941-10-24"},{"$f":"IF(FO136=\"Établissement\",\"\",IF(Base!AG134=\"Masculin\",\"Monsieur\",IF(Base!AG134=\"Féminin\",\"Madame\",\"\")))","v":""},{"$f":"IF(FP136=FALSE,CONCATENATE(IF(Base!AV134=\"Masculin\",\"Monsieur\",IF(Base!AV134=\"Féminin\",\"Madame\",\"\")),\"#chr(13)##chr(10)#\",Base!AW134,\" \",Base!AX134, \"#chr(13)##chr(10)#\",Base!AY134,\" \",Base!AZ134, \"#chr(13)##chr(10)#\",Base!BA134, \"#chr(13)##chr(10)#\",Base!BB134,\" \",Base!BC134),\"\")","v":""},null,"",null,{"$f":"IF(AND(Base!AT134<200,Base!AT134>99),1,0)","v":1},null,0,{"$f":"Base!BG134","v":"CLN.9411"},{"$f":"Base!BH134& \"#chr(13)##chr(10)#\" &Base!BI134","v":"Personnel soignant reconnu (par personne et par quart d'heure entamé)#chr(13)##chr(10)#2 collaborateurs x 16 quarts d'heure"},null,{"$f":"Base!BJ134","v":32},{"$f":"Base!BK134","v":35},{"$f":"IF(Base!BL134=\"\",\"\",Base!BL134)","v":"¼ d'heure"},null,{"$f":"Base!BM134","v":1120},null,null,{"$f":"IF(Base!H134=\"Uvrier\",3018,VLOOKUP(FQ136,$GV$2:$GX$7,FM136+1,0))","v":3018},0,0,null,0,null,null,null,null,null,"Libre","BS - 204",null,"BU - 73 - aff",0,null,null,null,null,null,null,null,null,null,null,null,null,null,null,null,null,null,null,null,null,null,null,null,null,null,null,null,null,null,null,null,null,null,{"$f":"Base!AH134&\", \"&Base!AI134","v":"Dumoulin-Pellissier, Marguerite"},{"$f":"Base!AN134&\" \"&Base!AO134&\", \"&Base!AK134&\" \"&Base!AL134","v":"1965 Savièse, Route du Sanetsch 18"},{"$f":"CONCATENATE(TEXT(DATE(YEAR(Base!AJ134),MONTH(Base!AJ134),DAY(Base!AJ134)),\"jj.mm.aaaa\"),\", \",FN136,IF(Base!D134=\"\",\"\",\" - \"),Base!D134)","v":"24.10.1941, 756.9729.6441.91"},{"$f":"Base!AR134","v":"Easy Sana Assurance Maladie SA"},{"$f":"LEFT(Base!J134,10)","v":"2022-01-28"},{"$f":"CONCATENATE(Base!L134,IF(Base!L134=0,\"\",\", \"),Base!M134,\" \",Base!N134,\", \",Base!P134,\" \",Base!Q134)","v":"Clinique Genevoise, Impasse Clairmont 2, 3963 Crans-Montana"},{"$f":"CONCATENATE(Base!V134,\", \",Base!Z134,\" \",Base!AA134,\", \",Base!W134,\" \",Base!X134)","v":"Hôpital de Martigny, 1920 Martigny, Avenue de la Fusion 27"},null,{"$f":"CONCATENATE(RIGHT(LEFT(Base!J134,16),5),\" - \",RIGHT(LEFT(Base!K134,16),5))","v":"08:24 - 12:15"},{"$f":"Base!AF134&\" - \"&Base!I134","v":"Accident - S3"},null,null,null,null,null,null,null,null,null,null,null,null,null,null,null,null,null,null,{"$f":"Base!H134","v":"Uvrier"},2,null,null,null,null,null,null,null,null,null,2,null,null,null,null,null,null,null,null,null,null,null,null,null,null,null,null,null,null,null,null,null,{"$f":"IF(Base!U134=\"Privée\",2,1)","v":2},{"$f":"IF(OR(LEFT(Base!AS134,1)=\"1\",LEFT(Base!AS134)=\"2\"),RIGHT(Base!AS134,LEN(Base!AS134)-1),Base!AS134)","v":"756.9729.6441.91"},{"$f":"Base!AU134","v":"Établissement"},{"$f":"OR(CONCATENATE(Base!AW134,Base!AX134)=CONCATENATE(Base!AH134,Base!AI134),FO136=\"Établissement\")","v":true},{"$f":"Base!I134","v":"S3"}]
[{"$f":"Base!A135","v":4247},{"$f":"20","v":20},{"$f":"Base!B135","v":"2022-02-11"},null,{"$f":"Base!AE135","v":"VS22002857"},null,null,null,null,null,"<AUTO>",null,null,null,null,"URL (Libre)",null,null,{"$f":"Base!E135&\" - \"&Base!H135&\" - \"&Base!D135","v":"16330 - Uvrier - "},{"$f":"IF(AND(Base!AT135<1000,Base!AT135>99),Base!AT135,IF(FO137=\"Établissement\",VALUE(CONCATENATE(LEN(SUBSTITUTE(V137,\" \",\"\")),LEN(V137),AA137,COLUMN(INDIRECT(LEFT(V137,1)&1)),LEN(SUBSTITUTE(V137,\"-\",\"\")))),IF(FN137=\"\",VALUE(CONCATENATE(COLUMN(INDIRECT(LEFT(W137,1)&1)),COLUMN(INDIRECT(LEFT(X137,1)&1)),AO137,CODE(AA137))),VALUE(SUBSTITUTE(SUBSTITUTE(SUBSTITUTE(FN137,\".\",\"\"),\" \",\"\"),\"-\",\"\")))))","v":103},null,{"$f":"SUBSTITUTE(IF(Base!BF135=0,\"\",Base!BF135),\" (facturation)\",\"\")","v":"Clinique Genevoise de Montana - Comptabilité"},{"$f":"IF(Base!AW135=0,\"\",Base!AH135)","v":""},{"$f":"IF(Base!AX135=0,\"\",Base!AI135)","v":""},{"$f":"IF(Base!AW135=0,Base!AY135&\" \"&Base!AZ135,Base!AK135&\" \"&Base!AL135)","v":"Impasse Clairmont 2"},{"$f":"IF(IF(Base!AW135=0,Base!BA135,Base!AM135)=0,\"\",IF(Base!AW135=0,Base!BA135,Base!AM135))","v":""},{"$f":"IF(Base!AW135=0,Base!BB135,Base!AN135)","v":3963},{"$f":"IF(Base!AW135=0,Base!BC135,Base!AO135)","v":"Crans-Montana"},null,null,null,null,null,null,null,null,null,null,null,null,{"$f":"Base!AJ135","v":"1941-10-24"},{"$f":"IF(FO137=\"Établissement\",\"\",IF(Base!AG135=\"Masculin\",\"Monsieur\",IF(Base!AG135=\"Féminin\",\"Madame\",\"\")))","v":""},{"$f":"IF(FP137=FALSE,CONCATENATE(IF(Base!AV135=\"Masculin\",\"Monsieur\",IF(Base!AV135=\"Féminin\",\"Madame\",\"\")),\"#chr(13)##chr(10)#\",Base!AW135,\" \",Base!AX135, \"#chr(13)##chr(10)#\",Base!AY135,\" \",Base!AZ135, \"#chr(13)##chr(10)#\",Base!BA135, \"#chr(13)##chr(10)#\",Base!BB135,\" \",Base!BC135),\"\")","v":""},null,"",null,{"$f":"IF(AND(Base!AT135<200,Base!AT135>99),1,0)","v":1},null,0,{"$f":"Base!BG135","v":0},{"$f":"Base!BH135& \"#chr(13)##chr(10)#\" &Base!BI135","v":"Y compris 35 minutes d'attente durant consultation avant le retour sur Montana#chr(13)##chr(10)#"},null,{"$f":"Base!BJ135","v":0},{"$f":"Base!BK135","v":0},{"$f":"IF(Base!BL135=\"\",\"\",Base!BL135)","v":""},null,{"$f":"Base!BM135","v":0},null,null,{"$f":"IF(Base!H135=\"Uvrier\",3018,VLOOKUP(FQ137,$GV$2:$GX$7,FM137+1,0))","v":3018},0,0,null,0,null,null,null,null,null,"Libre","BS - 205",null,"BU - 73 - aff",0,null,null,null,null,null,null,null,null,null,null,null,null,null,null,null,null,null,null,null,null,null,null,null,null,null,null,null,null,null,null,null,null,null,{"$f":"Base!AH135&\", \"&Base!AI135","v":"Dumoulin-Pellissier, Marguerite"},{"$f":"Base!AN135&\" \"&Base!AO135&\", \"&Base!AK135&\" \"&Base!AL135","v":"1965 Savièse, Route du Sanetsch 18"},{"$f":"CONCATENATE(TEXT(DATE(YEAR(Base!AJ135),MONTH(Base!AJ135),DAY(Base!AJ135)),\"jj.mm.aaaa\"),\", \",FN137,IF(Base!D135=\"\",\"\",\" - \"),Base!D135)","v":"24.10.1941, 756.9729.6441.91"},{"$f":"Base!AR135","v":"Easy Sana Assurance Maladie SA"},{"$f":"LEFT(Base!J135,10)","v":"2022-01-28"},{"$f":"CONCATENATE(Base!L135,IF(Base!L135=0,\"\",\", \"),Base!M135,\" \",Base!N135,\", \",Base!P135,\" \",Base!Q135)","v":"Clinique Genevoise, Impasse Clairmont 2, 3963 Crans-Montana"},{"$f":"CONCATENATE(Base!V135,\", \",Base!Z135,\" \",Base!AA135,\", \",Base!W135,\" \",Base!X135)","v":"Hôpital de Martigny, 1920 Martigny, Avenue de la Fusion 27"},null,{"$f":"CONCATENATE(RIGHT(LEFT(Base!J135,16),5),\" - \",RIGHT(LEFT(Base!K135,16),5))","v":"08:24 - 12:15"},{"$f":"Base!AF135&\" - \"&Base!I135","v":"Accident - S3"},null,null,null,null,null,null,null,null,null,null,null,null,null,null,null,null,null,null,{"$f":"Base!H135","v":"Uvrier"},2,null,null,null,null,null,null,null,null,null,2,null,null,null,null,null,null,null,null,null,null,null,null,null,null,null,null,null,null,null,null,null,{"$f":"IF(Base!U135=\"Privée\",2,1)","v":2},{"$f":"IF(OR(LEFT(Base!AS135,1)=\"1\",LEFT(Base!AS135)=\"2\"),RIGHT(Base!AS135,LEN(Base!AS135)-1),Base!AS135)","v":"756.9729.6441.91"},{"$f":"Base!AU135","v":"Établissement"},{"$f":"OR(CONCATENATE(Base!AW135,Base!AX135)=CONCATENATE(Base!AH135,Base!AI135),FO137=\"Établissement\")","v":true},{"$f":"Base!I135","v":"S3"}]
[{"$f":"Base!A136","v":4248},{"$f":"20","v":20},{"$f":"Base!B136","v":"2022-02-11"},null,{"$f":"Base!AE136","v":"VS22002879"},null,null,null,null,null,"<AUTO>",null,null,null,null,"URL (Libre)",null,null,{"$f":"Base!E136&\" - \"&Base!H136&\" - \"&Base!D136","v":"16352 - Uvrier - "},{"$f":"IF(AND(Base!AT136<1000,Base!AT136>99),Base!AT136,IF(FO138=\"Établissement\",VALUE(CONCATENATE(LEN(SUBSTITUTE(V138,\" \",\"\")),LEN(V138),AA138,COLUMN(INDIRECT(LEFT(V138,1)&1)),LEN(SUBSTITUTE(V138,\"-\",\"\")))),IF(FN138=\"\",VALUE(CONCATENATE(COLUMN(INDIRECT(LEFT(W138,1)&1)),COLUMN(INDIRECT(LEFT(X138,1)&1)),AO138,CODE(AA138))),VALUE(SUBSTITUTE(SUBSTITUTE(SUBSTITUTE(FN138,\".\",\"\"),\" \",\"\"),\"-\",\"\")))))","v":103},null,{"$f":"SUBSTITUTE(IF(Base!BF136=0,\"\",Base!BF136),\" (facturation)\",\"\")","v":"Clinique Genevoise de Montana - Comptabilité"},{"$f":"IF(Base!AW136=0,\"\",Base!AH136)","v":""},{"$f":"IF(Base!AX136=0,\"\",Base!AI136)","v":""},{"$f":"IF(Base!AW136=0,Base!AY136&\" \"&Base!AZ136,Base!AK136&\" \"&Base!AL136)","v":"Impasse Clairmont 2"},{"$f":"IF(IF(Base!AW136=0,Base!BA136,Base!AM136)=0,\"\",IF(Base!AW136=0,Base!BA136,Base!AM136))","v":""},{"$f":"IF(Base!AW136=0,Base!BB136,Base!AN136)","v":3963},{"$f":"IF(Base!AW136=0,Base!BC136,Base!AO136)","v":"Crans-Montana"},null,null,null,null,null,null,null,null,null,null,null,null,{"$f":"Base!AJ136","v":"1970-11-10"},{"$f":"IF(FO138=\"Établissement\",\"\",IF(Base!AG136=\"Masculin\",\"Monsieur\",IF(Base!AG136=\"Féminin\",\"Madame\",\"\")))","v":""},{"$f":"IF(FP138=FALSE,CONCATENATE(IF(Base!AV136=\"Masculin\",\"Monsieur\",IF(Base!AV136=\"Féminin\",\"Madame\",\"\")),\"#chr(13)##chr(10)#\",Base!AW136,\" \",Base!AX136, \"#chr(13)##chr(10)#\",Base!AY136,\" \",Base!AZ136, \"#chr(13)##chr(10)#\",Base!BA136, \"#chr(13)##chr(10)#\",Base!BB136,\" \",Base!BC136),\"\")","v":""},null,"",null,{"$f":"IF(AND(Base!AT136<200,Base!AT136>99),1,0)","v":1},null,0,{"$f":"Base!BG136","v":"CLN.9403 "},{"$f":"Base!BH136& \"#chr(13)##chr(10)#\" &Base!BI136","v":"Taxe de base transport S3#chr(13)##chr(10)#"},null,{"$f":"Base!BJ136","v":1},{"$f":"Base!BK136","v":200},{"$f":"IF(Base!BL136=\"\",\"\",Base!BL136)","v":""},null,{"$f":"Base!BM136","v":200},null,null,{"$f":"IF(Base!H136=\"Uvrier\",3018,VLOOKUP(FQ138,$GV$2:$GX$7,FM138+1,0))","v":3018},0,0,null,0,null,null,null,null,null,"Libre","BS - 206",null,"BU - 73 - aff",0,null,null,null,null,null,null,null,null,null,null,null,null,null,null,null,null,null,null,null,null,null,null,null,null,null,null,null,null,null,null,null,null,null,{"$f":"Base!AH136&\", \"&Base!AI136","v":"Teixeira Pinto, Cesar Manuel"},{"$f":"Base!AN136&\" \"&Base!AO136&\", \"&Base!AK136&\" \"&Base!AL136","v":"1212 Grand-Lancy, Chemin des Mérinos 10"},{"$f":"CONCATENATE(TEXT(DATE(YEAR(Base!AJ136),MONTH(Base!AJ136),DAY(Base!AJ136)),\"jj.mm.aaaa\"),\", \",FN138,IF(Base!D136=\"\",\"\",\" - \"),Base!D136)","v":"10.11.1970, 756.2452.3725.91"},{"$f":"Base!AR136","v":"Arcosana AG"},{"$f":"LEFT(Base!J136,10)","v":"2022-01-28"},{"$f":"CONCATENATE(Base!L136,IF(Base!L136=0,\"\",\", \"),Base!M136,\" \",Base!N136,\", \",Base!P136,\" \",Base!Q136)","v":"Clinique Genevoise, Impasse Clairmont 2, 3963 Crans-Montana"},{"$f":"CONCATENATE(Base!V136,\", \",Base!Z136,\" \",Base!AA136,\", \",Base!W136,\" \",Base!X136)","v":"HUG Hôpital universitaire de Genève, 1205 Genève, Rue Gabrielle-Perret-Gentil 4"},null,{"$f":"CONCATENATE(RIGHT(LEFT(Base!J136,16),5),\" - \",RIGHT(LEFT(Base!K136,16),5))","v":"12:48 - 18:34"},{"$f":"Base!AF136&\" - \"&Base!I136","v":"Maladie - S3"},null,null,null,null,null,null,null,null,null,null,null,null,null,null,null,null,null,null,{"$f":"Base!H136","v":"Uvrier"},2,null,null,null,null,null,null,null,null,null,2,null,null,null,null,null,null,null,null,null,null,null,null,null,null,null,null,null,null,null,null,null,{"$f":"IF(Base!U136=\"Privée\",2,1)","v":2},{"$f":"IF(OR(LEFT(Base!AS136,1)=\"1\",LEFT(Base!AS136)=\"2\"),RIGHT(Base!AS136,LEN(Base!AS136)-1),Base!AS136)","v":"756.2452.3725.91"},{"$f":"Base!AU136","v":"Établissement"},{"$f":"OR(CONCATENATE(Base!AW136,Base!AX136)=CONCATENATE(Base!AH136,Base!AI136),FO138=\"Établissement\")","v":true},{"$f":"Base!I136","v":"S3"}]
[{"$f":"Base!A137","v":4248},{"$f":"20","v":20},{"$f":"Base!B137","v":"2022-02-11"},null,{"$f":"Base!AE137","v":"VS22002879"},null,null,null,null,null,"<AUTO>",null,null,null,null,"URL (Libre)",null,null,{"$f":"Base!E137&\" - \"&Base!H137&\" - \"&Base!D137","v":"16352 - Uvrier - "},{"$f":"IF(AND(Base!AT137<1000,Base!AT137>99),Base!AT137,IF(FO139=\"Établissement\",VALUE(CONCATENATE(LEN(SUBSTITUTE(V139,\" \",\"\")),LEN(V139),AA139,COLUMN(INDIRECT(LEFT(V139,1)&1)),LEN(SUBSTITUTE(V139,\"-\",\"\")))),IF(FN139=\"\",VALUE(CONCATENATE(COLUMN(INDIRECT(LEFT(W139,1)&1)),COLUMN(INDIRECT(LEFT(X139,1)&1)),AO139,CODE(AA139))),VALUE(SUBSTITUTE(SUBSTITUTE(SUBSTITUTE(FN139,\".\",\"\"),\" \",\"\"),\"-\",\"\")))))","v":103},null,{"$f":"SUBSTITUTE(IF(Base!BF137=0,\"\",Base!BF137),\" (facturation)\",\"\")","v":"Clinique Genevoise de Montana - Comptabilité"},{"$f":"IF(Base!AW137=0,\"\",Base!AH137)","v":""},{"$f":"IF(Base!AX137=0,\"\",Base!AI137)","v":""},{"$f":"IF(Base!AW137=0,Base!AY137&\" \"&Base!AZ137,Base!AK137&\" \"&Base!AL137)","v":"Impasse Clairmont 2"},{"$f":"IF(IF(Base!AW137=0,Base!BA137,Base!AM137)=0,\"\",IF(Base!AW137=0,Base!BA137,Base!AM137))","v":""},{"$f":"IF(Base!AW137=0,Base!BB137,Base!AN137)","v":3963},{"$f":"IF(Base!AW137=0,Base!BC137,Base!AO137)","v":"Crans-Montana"},null,null,null,null,null,null,null,null,null,null,null,null,{"$f":"Base!AJ137","v":"1970-11-10"},{"$f":"IF(FO139=\"Établissement\",\"\",IF(Base!AG137=\"Masculin\",\"Monsieur\",IF(Base!AG137=\"Féminin\",\"Madame\",\"\")))","v":""},{"$f":"IF(FP139=FALSE,CONCATENATE(IF(Base!AV137=\"Masculin\",\"Monsieur\",IF(Base!AV137=\"Féminin\",\"Madame\",\"\")),\"#chr(13)##chr(10)#\",Base!AW137,\" \",Base!AX137, \"#chr(13)##chr(10)#\",Base!AY137,\" \",Base!AZ137, \"#chr(13)##chr(10)#\",Base!BA137, \"#chr(13)##chr(10)#\",Base!BB137,\" \",Base!BC137),\"\")","v":""},null,"",null,{"$f":"IF(AND(Base!AT137<200,Base!AT137>99),1,0)","v":1},null,0,{"$f":"Base!BG137","v":"CLN.9404"},{"$f":"Base!BH137& \"#chr(13)##chr(10)#\" &Base!BI137","v":"Indemnisation kilométrique#chr(13)##chr(10)#"},null,{"$f":"Base!BJ137","v":353},{"$f":"Base!BK137","v":4.5},{"$f":"IF(Base!BL137=\"\",\"\",Base!BL137)","v":"km"},null,{"$f":"Base!BM137","v":1588.5},null,null,{"$f":"IF(Base!H137=\"Uvrier\",3018,VLOOKUP(FQ139,$GV$2:$GX$7,FM139+1,0))","v":3018},0,0,null,0,null,null,null,null,null,"Libre","BS - 207",null,"BU - 73 - aff",0,null,null,null,null,null,null,null,null,null,null,null,null,null,null,null,null,null,null,null,null,null,null,null,null,null,null,null,null,null,null,null,null,null,{"$f":"Base!AH137&\", \"&Base!AI137","v":"Teixeira Pinto, Cesar Manuel"},{"$f":"Base!AN137&\" \"&Base!AO137&\", \"&Base!AK137&\" \"&Base!AL137","v":"1212 Grand-Lancy, Chemin des Mérinos 10"},{"$f":"CONCATENATE(TEXT(DATE(YEAR(Base!AJ137),MONTH(Base!AJ137),DAY(Base!AJ137)),\"jj.mm.aaaa\"),\", \",FN139,IF(Base!D137=\"\",\"\",\" - \"),Base!D137)","v":"10.11.1970, 756.2452.3725.91"},{"$f":"Base!AR137","v":"Arcosana AG"},{"$f":"LEFT(Base!J137,10)","v":"2022-01-28"},{"$f":"CONCATENATE(Base!L137,IF(Base!L137=0,\"\",\", \"),Base!M137,\" \",Base!N137,\", \",Base!P137,\" \",Base!Q137)","v":"Clinique Genevoise, Impasse Clairmont 2, 3963 Crans-Montana"},{"$f":"CONCATENATE(Base!V137,\", \",Base!Z137,\" \",Base!AA137,\", \",Base!W137,\" \",Base!X137)","v":"HUG Hôpital universitaire de Genève, 1205 Genève, Rue Gabrielle-Perret-Gentil 4"},null,{"$f":"CONCATENATE(RIGHT(LEFT(Base!J137,16),5),\" - \",RIGHT(LEFT(Base!K137,16),5))","v":"12:48 - 18:34"},{"$f":"Base!AF137&\" - \"&Base!I137","v":"Maladie - S3"},null,null,null,null,null,null,null,null,null,null,null,null,null,null,null,null,null,null,{"$f":"Base!H137","v":"Uvrier"},2,null,null,null,null,null,null,null,null,null,2,null,null,null,null,null,null,null,null,null,null,null,null,null,null,null,null,null,null,null,null,null,{"$f":"IF(Base!U137=\"Privée\",2,1)","v":2},{"$f":"IF(OR(LEFT(Base!AS137,1)=\"1\",LEFT(Base!AS137)=\"2\"),RIGHT(Base!AS137,LEN(Base!AS137)-1),Base!AS137)","v":"756.2452.3725.91"},{"$f":"Base!AU137","v":"Établissement"},{"$f":"OR(CONCATENATE(Base!AW137,Base!AX137)=CONCATENATE(Base!AH137,Base!AI137),FO139=\"Établissement\")","v":true},{"$f":"Base!I137","v":"S3"}]
[{"$f":"Base!A138","v":4248},{"$f":"20","v":20},{"$f":"Base!B138","v":"2022-02-11"},null,{"$f":"Base!AE138","v":"VS22002879"},null,null,null,null,null,"<AUTO>",null,null,null,null,"URL (Libre)",null,null,{"$f":"Base!E138&\" - \"&Base!H138&\" - \"&Base!D138","v":"16352 - Uvrier - "},{"$f":"IF(AND(Base!AT138<1000,Base!AT138>99),Base!AT138,IF(FO140=\"Établissement\",VALUE(CONCATENATE(LEN(SUBSTITUTE(V140,\" \",\"\")),LEN(V140),AA140,COLUMN(INDIRECT(LEFT(V140,1)&1)),LEN(SUBSTITUTE(V140,\"-\",\"\")))),IF(FN140=\"\",VALUE(CONCATENATE(COLUMN(INDIRECT(LEFT(W140,1)&1)),COLUMN(INDIRECT(LEFT(X140,1)&1)),AO140,CODE(AA140))),VALUE(SUBSTITUTE(SUBSTITUTE(SUBSTITUTE(FN140,\".\",\"\"),\" \",\"\"),\"-\",\"\")))))","v":103},null,{"$f":"SUBSTITUTE(IF(Base!BF138=0,\"\",Base!BF138),\" (facturation)\",\"\")","v":"Clinique Genevoise de Montana - Comptabilité"},{"$f":"IF(Base!AW138=0,\"\",Base!AH138)","v":""},{"$f":"IF(Base!AX138=0,\"\",Base!AI138)","v":""},{"$f":"IF(Base!AW138=0,Base!AY138&\" \"&Base!AZ138,Base!AK138&\" \"&Base!AL138)","v":"Impasse Clairmont 2"},{"$f":"IF(IF(Base!AW138=0,Base!BA138,Base!AM138)=0,\"\",IF(Base!AW138=0,Base!BA138,Base!AM138))","v":""},{"$f":"IF(Base!AW138=0,Base!BB138,Base!AN138)","v":3963},{"$f":"IF(Base!AW138=0,Base!BC138,Base!AO138)","v":"Crans-Montana"},null,null,null,null,null,null,null,null,null,null,null,null,{"$f":"Base!AJ138","v":"1970-11-10"},{"$f":"IF(FO140=\"Établissement\",\"\",IF(Base!AG138=\"Masculin\",\"Monsieur\",IF(Base!AG138=\"Féminin\",\"Madame\",\"\")))","v":""},{"$f":"IF(FP140=FALSE,CONCATENATE(IF(Base!AV138=\"Masculin\",\"Monsieur\",IF(Base!AV138=\"Féminin\",\"Madame\",\"\")),\"#chr(13)##chr(10)#\",Base!AW138,\" \",Base!AX138, \"#chr(13)##chr(10)#\",Base!AY138,\" \",Base!AZ138, \"#chr(13)##chr(10)#\",Base!BA138, \"#chr(13)##chr(10)#\",Base!BB138,\" \",Base!BC138),\"\")","v":""},null,"",null,{"$f":"IF(AND(Base!AT138<200,Base!AT138>99),1,0)","v":1},null,0,{"$f":"Base!BG138","v":"CLN.9411"},{"$f":"Base!BH138& \"#chr(13)##chr(10)#\" &Base!BI138","v":"Personnel soignant reconnu (par personne et par quart d'heure entamé)#chr(13)##chr(10)#2 collaborateurs x 23 quarts d'heure"},null,{"$f":"Base!BJ138","v":46},{"$f":"Base!BK138","v":35},{"$f":"IF(Base!BL138=\"\",\"\",Base!BL138)","v":"¼ d'heure"},null,{"$f":"Base!BM138","v":1610},null,null,{"$f":"IF(Base!H138=\"Uvrier\",3018,VLOOKUP(FQ140,$GV$2:$GX$7,FM140+1,0))","v":3018},0,0,null,0,null,null,null,null,null,"Libre","BS - 208",null,"BU - 73 - aff",0,null,null,null,null,null,null,null,null,null,null,null,null,null,null,null,null,null,null,null,null,null,null,null,null,null,null,null,null,null,null,null,null,null,{"$f":"Base!AH138&\", \"&Base!AI138","v":"Teixeira Pinto, Cesar Manuel"},{"$f":"Base!AN138&\" \"&Base!AO138&\", \"&Base!AK138&\" \"&Base!AL138","v":"1212 Grand-Lancy, Chemin des Mérinos 10"},{"$f":"CONCATENATE(TEXT(DATE(YEAR(Base!AJ138),MONTH(Base!AJ138),DAY(Base!AJ138)),\"jj.mm.aaaa\"),\", \",FN140,IF(Base!D138=\"\",\"\",\" - \"),Base!D138)","v":"10.11.1970, 756.2452.3725.91"},{"$f":"Base!AR138","v":"Arcosana AG"},{"$f":"LEFT(Base!J138,10)","v":"2022-01-28"},{"$f":"CONCATENATE(Base!L138,IF(Base!L138=0,\"\",\", \"),Base!M138,\" \",Base!N138,\", \",Base!P138,\" \",Base!Q138)","v":"Clinique Genevoise, Impasse Clairmont 2, 3963 Crans-Montana"},{"$f":"CONCATENATE(Base!V138,\", \",Base!Z138,\" \",Base!AA138,\", \",Base!W138,\" \",Base!X138)","v":"HUG Hôpital universitaire de Genève, 1205 Genève, Rue Gabrielle-Perret-Gentil 4"},null,{"$f":"CONCATENATE(RIGHT(LEFT(Base!J138,16),5),\" - \",RIGHT(LEFT(Base!K138,16),5))","v":"12:48 - 18:34"},{"$f":"Base!AF138&\" - \"&Base!I138","v":"Maladie - S3"},null,null,null,null,null,null,null,null,null,null,null,null,null,null,null,null,null,null,{"$f":"Base!H138","v":"Uvrier"},2,null,null,null,null,null,null,null,null,null,2,null,null,null,null,null,null,null,null,null,null,null,null,null,null,null,null,null,null,null,null,null,{"$f":"IF(Base!U138=\"Privée\",2,1)","v":2},{"$f":"IF(OR(LEFT(Base!AS138,1)=\"1\",LEFT(Base!AS138)=\"2\"),RIGHT(Base!AS138,LEN(Base!AS138)-1),Base!AS138)","v":"756.2452.3725.91"},{"$f":"Base!AU138","v":"Établissement"},{"$f":"OR(CONCATENATE(Base!AW138,Base!AX138)=CONCATENATE(Base!AH138,Base!AI138),FO140=\"Établissement\")","v":true},{"$f":"Base!I138","v":"S3"}]
[{"$f":"Base!A139","v":4249},{"$f":"20","v":20},{"$f":"Base!B139","v":"2022-02-11"},null,{"$f":"Base!AE139","v":"VS22002940"},null,null,null,null,null,"<AUTO>",null,null,null,null,"URL (Libre)",null,null,{"$f":"Base!E139&\" - \"&Base!H139&\" - \"&Base!D139","v":"16411 - Uvrier - 2752632/2"},{"$f":"IF(AND(Base!AT139<1000,Base!AT139>99),Base!AT139,IF(FO141=\"Établissement\",VALUE(CONCATENATE(LEN(SUBSTITUTE(V141,\" \",\"\")),LEN(V141),AA141,COLUMN(INDIRECT(LEFT(V141,1)&1)),LEN(SUBSTITUTE(V141,\"-\",\"\")))),IF(FN141=\"\",VALUE(CONCATENATE(COLUMN(INDIRECT(LEFT(W141,1)&1)),COLUMN(INDIRECT(LEFT(X141,1)&1)),AO141,CODE(AA141))),VALUE(SUBSTITUTE(SUBSTITUTE(SUBSTITUTE(FN141,\".\",\"\"),\" \",\"\"),\"-\",\"\")))))","v":101},null,{"$f":"SUBSTITUTE(IF(Base!BF139=0,\"\",Base!BF139),\" (facturation)\",\"\")","v":"Hôpital du Valais - Direction des Finances/Service des fournisseurs"},{"$f":"IF(Base!AW139=0,\"\",Base!AH139)","v":""},{"$f":"IF(Base!AX139=0,\"\",Base!AI139)","v":""},{"$f":"IF(Base!AW139=0,Base!AY139&\" \"&Base!AZ139,Base!AK139&\" \"&Base!AL139)","v":"Avenue Grand-Champsec 86"},{"$f":"IF(IF(Base!AW139=0,Base!BA139,Base!AM139)=0,\"\",IF(Base!AW139=0,Base!BA139,Base!AM139))","v":"Case postale 696"},{"$f":"IF(Base!AW139=0,Base!BB139,Base!AN139)","v":1951},{"$f":"IF(Base!AW139=0,Base!BC139,Base!AO139)","v":"Sion"},null,null,null,null,null,null,null,null,null,null,null,null,{"$f":"Base!AJ139","v":"1963-01-31"},{"$f":"IF(FO141=\"Établissement\",\"\",IF(Base!AG139=\"Masculin\",\"Monsieur\",IF(Base!AG139=\"Féminin\",\"Madame\",\"\")))","v":""},{"$f":"IF(FP141=FALSE,CONCATENATE(IF(Base!AV139=\"Masculin\",\"Monsieur\",IF(Base!AV139=\"Féminin\",\"Madame\",\"\")),\"#chr(13)##chr(10)#\",Base!AW139,\" \",Base!AX139, \"#chr(13)##chr(10)#\",Base!AY139,\" \",Base!AZ139, \"#chr(13)##chr(10)#\",Base!BA139, \"#chr(13)##chr(10)#\",Base!BB139,\" \",Base!BC139),\"\")","v":""},null,"",null,{"$f":"IF(AND(Base!AT139<200,Base!AT139>99),1,0)","v":1},null,0,{"$f":"Base!BG139","v":"HVS.31N"},{"$f":"Base!BH139& \"#chr(13)##chr(10)#\" &Base!BI139","v":"Forfait S3 HVS Martigny - HVS Sion#chr(13)##chr(10)#Trajet simple nuit (20h00-08h00) ou dimanches et jours fériés"},null,{"$f":"Base!BJ139","v":1},{"$f":"Base!BK139","v":660},{"$f":"IF(Base!BL139=\"\",\"\",Base!BL139)","v":""},null,{"$f":"Base!BM139","v":660},null,null,{"$f":"IF(Base!H139=\"Uvrier\",3018,VLOOKUP(FQ141,$GV$2:$GX$7,FM141+1,0))","v":3018},0,0,null,0,null,null,null,null,null,"Libre","BS - 209",null,"BU - 73 - aff",0,null,null,null,null,null,null,null,null,null,null,null,null,null,null,null,null,null,null,null,null,null,null,null,null,null,null,null,null,null,null,null,null,null,{"$f":"Base!AH139&\", \"&Base!AI139","v":"Van der Stroom Holdener , Margaretha "},{"$f":"Base!AN139&\" \"&Base!AO139&\", \"&Base!AK139&\" \"&Base!AL139","v":"1934 Bruson, Chemin du Clou 31"},{"$f":"CONCATENATE(TEXT(DATE(YEAR(Base!AJ139),MONTH(Base!AJ139),DAY(Base!AJ139)),\"jj.mm.aaaa\"),\", \",FN141,IF(Base!D139=\"\",\"\",\" - \"),Base!D139)","v":"31.01.1963, 756.5763.7526.49 - 2752632/2"},{"$f":"Base!AR139","v":"Helsana Accidents SA"},{"$f":"LEFT(Base!J139,10)","v":"2022-01-29"},{"$f":"CONCATENATE(Base!L139,IF(Base!L139=0,\"\",\", \"),Base!M139,\" \",Base!N139,\", \",Base!P139,\" \",Base!Q139)","v":"Hôpital de Martigny, Avenue de la Fusion 27, 1920 Martigny"},{"$f":"CONCATENATE(Base!V139,\", \",Base!Z139,\" \",Base!AA139,\", \",Base!W139,\" \",Base!X139)","v":"Hôpital de Sion, 1950 Sion, Avenue du Grand-Champsec 80"},null,{"$f":"CONCATENATE(RIGHT(LEFT(Base!J139,16),5),\" - \",RIGHT(LEFT(Base!K139,16),5))","v":"02:12 - 03:55"},{"$f":"Base!AF139&\" - \"&Base!I139","v":"Accident - S3"},null,null,null,null,null,null,null,null,null,null,null,null,null,null,null,null,null,null,{"$f":"Base!H139","v":"Uvrier"},2,null,null,null,null,null,null,null,null,null,2,null,null,null,null,null,null,null,null,null,null,null,null,null,null,null,null,null,null,null,null,null,{"$f":"IF(Base!U139=\"Privée\",2,1)","v":2},{"$f":"IF(OR(LEFT(Base!AS139,1)=\"1\",LEFT(Base!AS139)=\"2\"),RIGHT(Base!AS139,LEN(Base!AS139)-1),Base!AS139)","v":"756.5763.7526.49"},{"$f":"Base!AU139","v":"Établissement"},{"$f":"OR(CONCATENATE(Base!AW139,Base!AX139)=CONCATENATE(Base!AH139,Base!AI139),FO141=\"Établissement\")","v":true},{"$f":"Base!I139","v":"S3"}]
[{"$f":"Base!A140","v":4250},{"$f":"20","v":20},{"$f":"Base!B140","v":"2022-02-11"},null,{"$f":"Base!AE140","v":"VS22003019"},null,null,null,null,null,"<AUTO>",null,null,null,null,"URL (Libre)",null,null,{"$f":"Base!E140&\" - \"&Base!H140&\" - \"&Base!D140","v":"16487 - Uvrier - 2193656/85"},{"$f":"IF(AND(Base!AT140<1000,Base!AT140>99),Base!AT140,IF(FO142=\"Établissement\",VALUE(CONCATENATE(LEN(SUBSTITUTE(V142,\" \",\"\")),LEN(V142),AA142,COLUMN(INDIRECT(LEFT(V142,1)&1)),LEN(SUBSTITUTE(V142,\"-\",\"\")))),IF(FN142=\"\",VALUE(CONCATENATE(COLUMN(INDIRECT(LEFT(W142,1)&1)),COLUMN(INDIRECT(LEFT(X142,1)&1)),AO142,CODE(AA142))),VALUE(SUBSTITUTE(SUBSTITUTE(SUBSTITUTE(FN142,\".\",\"\"),\" \",\"\"),\"-\",\"\")))))","v":101},null,{"$f":"SUBSTITUTE(IF(Base!BF140=0,\"\",Base!BF140),\" (facturation)\",\"\")","v":"Hôpital du Valais - Direction des Finances/Service des fournisseurs"},{"$f":"IF(Base!AW140=0,\"\",Base!AH140)","v":""},{"$f":"IF(Base!AX140=0,\"\",Base!AI140)","v":""},{"$f":"IF(Base!AW140=0,Base!AY140&\" \"&Base!AZ140,Base!AK140&\" \"&Base!AL140)","v":"Avenue Grand-Champsec 86"},{"$f":"IF(IF(Base!AW140=0,Base!BA140,Base!AM140)=0,\"\",IF(Base!AW140=0,Base!BA140,Base!AM140))","v":"Case postale 696"},{"$f":"IF(Base!AW140=0,Base!BB140,Base!AN140)","v":1951},{"$f":"IF(Base!AW140=0,Base!BC140,Base!AO140)","v":"Sion"},null,null,null,null,null,null,null,null,null,null,null,null,{"$f":"Base!AJ140","v":"1994-11-29"},{"$f":"IF(FO142=\"Établissement\",\"\",IF(Base!AG140=\"Masculin\",\"Monsieur\",IF(Base!AG140=\"Féminin\",\"Madame\",\"\")))","v":""},{"$f":"IF(FP142=FALSE,CONCATENATE(IF(Base!AV140=\"Masculin\",\"Monsieur\",IF(Base!AV140=\"Féminin\",\"Madame\",\"\")),\"#chr(13)##chr(10)#\",Base!AW140,\" \",Base!AX140, \"#chr(13)##chr(10)#\",Base!AY140,\" \",Base!AZ140, \"#chr(13)##chr(10)#\",Base!BA140, \"#chr(13)##chr(10)#\",Base!BB140,\" \",Base!BC140),\"\")","v":""},null,"",null,{"$f":"IF(AND(Base!AT140<200,Base!AT140>99),1,0)","v":1},null,0,{"$f":"Base!BG140","v":"HVS.37J"},{"$f":"Base!BH140& \"#chr(13)##chr(10)#\" &Base!BI140","v":"Forfait S3 HVS Martigny - Malévoz#chr(13)##chr(10)#Trajet simple journée (08h00-20h00)"},null,{"$f":"Base!BJ140","v":1},{"$f":"Base!BK140","v":350},{"$f":"IF(Base!BL140=\"\",\"\",Base!BL140)","v":""},null,{"$f":"Base!BM140","v":350},null,null,{"$f":"IF(Base!H140=\"Uvrier\",3018,VLOOKUP(FQ142,$GV$2:$GX$7,FM142+1,0))","v":3018},0,0,null,0,null,null,null,null,null,"Libre","BS - 210",null,"BU - 73 - aff",0,null,null,null,null,null,null,null,null,null,null,null,null,null,null,null,null,null,null,null,null,null,null,null,null,null,null,null,null,null,null,null,null,null,{"$f":"Base!AH140&\", \"&Base!AI140","v":"Nicolo , Jennifer"},{"$f":"Base!AN140&\" \"&Base!AO140&\", \"&Base!AK140&\" \"&Base!AL140","v":"1907 Saxon, Route des Oies 4"},{"$f":"CONCATENATE(TEXT(DATE(YEAR(Base!AJ140),MONTH(Base!AJ140),DAY(Base!AJ140)),\"jj.mm.aaaa\"),\", \",FN142,IF(Base!D140=\"\",\"\",\" - \"),Base!D140)","v":"29.11.1994, 756.2682.7061.66 - 2193656/85"},{"$f":"Base!AR140","v":"AMB Assurances SA"},{"$f":"LEFT(Base!J140,10)","v":"2022-01-29"},{"$f":"CONCATENATE(Base!L140,IF(Base!L140=0,\"\",\", \"),Base!M140,\" \",Base!N140,\", \",Base!P140,\" \",Base!Q140)","v":"Hôpital de Martigny, Avenue de la Fusion 27, 1920 Martigny"},{"$f":"CONCATENATE(Base!V140,\", \",Base!Z140,\" \",Base!AA140,\", \",Base!W140,\" \",Base!X140)","v":"Hôpital de Malévoz, 1870 Monthey, Route de Morgins 10"},null,{"$f":"CONCATENATE(RIGHT(LEFT(Base!J140,16),5),\" - \",RIGHT(LEFT(Base!K140,16),5))","v":"17:11 - 19:15"},{"$f":"Base!AF140&\" - \"&Base!I140","v":"Maladie - S3"},null,null,null,null,null,null,null,null,null,null,null,null,null,null,null,null,null,null,{"$f":"Base!H140","v":"Uvrier"},2,null,null,null,null,null,null,null,null,null,2,null,null,null,null,null,null,null,null,null,null,null,null,null,null,null,null,null,null,null,null,null,{"$f":"IF(Base!U140=\"Privée\",2,1)","v":2},{"$f":"IF(OR(LEFT(Base!AS140,1)=\"1\",LEFT(Base!AS140)=\"2\"),RIGHT(Base!AS140,LEN(Base!AS140)-1),Base!AS140)","v":"756.2682.7061.66"},{"$f":"Base!AU140","v":"Établissement"},{"$f":"OR(CONCATENATE(Base!AW140,Base!AX140)=CONCATENATE(Base!AH140,Base!AI140),FO142=\"Établissement\")","v":true},{"$f":"Base!I140","v":"S3"}]
[{"$f":"Base!A141","v":4251},{"$f":"20","v":20},{"$f":"Base!B141","v":"2022-02-11"},null,{"$f":"Base!AE141","v":"VS22003026"},null,null,null,null,null,"<AUTO>",null,null,null,null,"URL (Libre)",null,null,{"$f":"Base!E141&\" - \"&Base!H141&\" - \"&Base!D141","v":"16494 - Uvrier - 2561678/23"},{"$f":"IF(AND(Base!AT141<1000,Base!AT141>99),Base!AT141,IF(FO143=\"Établissement\",VALUE(CONCATENATE(LEN(SUBSTITUTE(V143,\" \",\"\")),LEN(V143),AA143,COLUMN(INDIRECT(LEFT(V143,1)&1)),LEN(SUBSTITUTE(V143,\"-\",\"\")))),IF(FN143=\"\",VALUE(CONCATENATE(COLUMN(INDIRECT(LEFT(W143,1)&1)),COLUMN(INDIRECT(LEFT(X143,1)&1)),AO143,CODE(AA143))),VALUE(SUBSTITUTE(SUBSTITUTE(SUBSTITUTE(FN143,\".\",\"\"),\" \",\"\"),\"-\",\"\")))))","v":101},null,{"$f":"SUBSTITUTE(IF(Base!BF141=0,\"\",Base!BF141),\" (facturation)\",\"\")","v":"Hôpital du Valais - Direction des Finances/Service des fournisseurs"},{"$f":"IF(Base!AW141=0,\"\",Base!AH141)","v":""},{"$f":"IF(Base!AX141=0,\"\",Base!AI141)","v":""},{"$f":"IF(Base!AW141=0,Base!AY141&\" \"&Base!AZ141,Base!AK141&\" \"&Base!AL141)","v":"Avenue Grand-Champsec 86"},{"$f":"IF(IF(Base!AW141=0,Base!BA141,Base!AM141)=0,\"\",IF(Base!AW141=0,Base!BA141,Base!AM141))","v":"Case postale 696"},{"$f":"IF(Base!AW141=0,Base!BB141,Base!AN141)","v":1951},{"$f":"IF(Base!AW141=0,Base!BC141,Base!AO141)","v":"Sion"},null,null,null,null,null,null,null,null,null,null,null,null,{"$f":"Base!AJ141","v":"1951-09-19"},{"$f":"IF(FO143=\"Établissement\",\"\",IF(Base!AG141=\"Masculin\",\"Monsieur\",IF(Base!AG141=\"Féminin\",\"Madame\",\"\")))","v":""},{"$f":"IF(FP143=FALSE,CONCATENATE(IF(Base!AV141=\"Masculin\",\"Monsieur\",IF(Base!AV141=\"Féminin\",\"Madame\",\"\")),\"#chr(13)##chr(10)#\",Base!AW141,\" \",Base!AX141, \"#chr(13)##chr(10)#\",Base!AY141,\" \",Base!AZ141, \"#chr(13)##chr(10)#\",Base!BA141, \"#chr(13)##chr(10)#\",Base!BB141,\" \",Base!BC141),\"\")","v":""},null,"",null,{"$f":"IF(AND(Base!AT141<200,Base!AT141>99),1,0)","v":1},null,0,{"$f":"Base!BG141","v":"HVS.13J"},{"$f":"Base!BH141& \"#chr(13)##chr(10)#\" &Base!BI141","v":"Forfait S3 HVS Sion - HVS Martigny#chr(13)##chr(10)#Trajet simple journée (08h00-20h00)"},null,{"$f":"Base!BJ141","v":1},{"$f":"Base!BK141","v":440},{"$f":"IF(Base!BL141=\"\",\"\",Base!BL141)","v":""},null,{"$f":"Base!BM141","v":440},null,null,{"$f":"IF(Base!H141=\"Uvrier\",3018,VLOOKUP(FQ143,$GV$2:$GX$7,FM143+1,0))","v":3018},0,0,null,0,null,null,null,null,null,"Libre","BS - 211",null,"BU - 73 - aff",0,null,null,null,null,null,null,null,null,null,null,null,null,null,null,null,null,null,null,null,null,null,null,null,null,null,null,null,null,null,null,null,null,null,{"$f":"Base!AH141&\", \"&Base!AI141","v":"Rudaz, Dominique Jean Vincent"},{"$f":"Base!AN141&\" \"&Base!AO141&\", \"&Base!AK141&\" \"&Base!AL141","v":"1981 Vex, Route d'Hérémence 39"},{"$f":"CONCATENATE(TEXT(DATE(YEAR(Base!AJ141),MONTH(Base!AJ141),DAY(Base!AJ141)),\"jj.mm.aaaa\"),\", \",FN143,IF(Base!D141=\"\",\"\",\" - \"),Base!D141)","v":"19.09.1951, 756.4906.1874.54 - 2561678/23"},{"$f":"Base!AR141","v":"CPT Assurance SA"},{"$f":"LEFT(Base!J141,10)","v":"2022-01-29"},{"$f":"CONCATENATE(Base!L141,IF(Base!L141=0,\"\",\", \"),Base!M141,\" \",Base!N141,\", \",Base!P141,\" \",Base!Q141)","v":"Hôpital de Sion, Avenue du Grand-Champsec 80, 1950 Sion"},{"$f":"CONCATENATE(Base!V141,\", \",Base!Z141,\" \",Base!AA141,\", \",Base!W141,\" \",Base!X141)","v":"Hôpital de Martigny, 1920 Martigny, Avenue de la Fusion 27"},null,{"$f":"CONCATENATE(RIGHT(LEFT(Base!J141,16),5),\" - \",RIGHT(LEFT(Base!K141,16),5))","v":"19:19 - 21:03"},{"$f":"Base!AF141&\" - \"&Base!I141","v":"Maladie - S3"},null,null,null,null,null,null,null,null,null,null,null,null,null,null,null,null,null,null,{"$f":"Base!H141","v":"Uvrier"},2,null,null,null,null,null,null,null,null,null,2,null,null,null,null,null,null,null,null,null,null,null,null,null,null,null,null,null,null,null,null,null,{"$f":"IF(Base!U141=\"Privée\",2,1)","v":2},{"$f":"IF(OR(LEFT(Base!AS141,1)=\"1\",LEFT(Base!AS141)=\"2\"),RIGHT(Base!AS141,LEN(Base!AS141)-1),Base!AS141)","v":"756.4906.1874.54"},{"$f":"Base!AU141","v":"Établissement"},{"$f":"OR(CONCATENATE(Base!AW141,Base!AX141)=CONCATENATE(Base!AH141,Base!AI141),FO143=\"Établissement\")","v":true},{"$f":"Base!I141","v":"S3"}]
[{"$f":"Base!A142","v":4252},{"$f":"20","v":20},{"$f":"Base!B142","v":"2022-02-11"},null,{"$f":"Base!AE142","v":"VS22003050"},null,null,null,null,null,"<AUTO>",null,null,null,null,"URL (Libre)",null,null,{"$f":"Base!E142&\" - \"&Base!H142&\" - \"&Base!D142","v":"16517 - Uvrier - 2103934/7"},{"$f":"IF(AND(Base!AT142<1000,Base!AT142>99),Base!AT142,IF(FO144=\"Établissement\",VALUE(CONCATENATE(LEN(SUBSTITUTE(V144,\" \",\"\")),LEN(V144),AA144,COLUMN(INDIRECT(LEFT(V144,1)&1)),LEN(SUBSTITUTE(V144,\"-\",\"\")))),IF(FN144=\"\",VALUE(CONCATENATE(COLUMN(INDIRECT(LEFT(W144,1)&1)),COLUMN(INDIRECT(LEFT(X144,1)&1)),AO144,CODE(AA144))),VALUE(SUBSTITUTE(SUBSTITUTE(SUBSTITUTE(FN144,\".\",\"\"),\" \",\"\"),\"-\",\"\")))))","v":101},null,{"$f":"SUBSTITUTE(IF(Base!BF142=0,\"\",Base!BF142),\" (facturation)\",\"\")","v":"Hôpital du Valais - Direction des Finances/Service des fournisseurs"},{"$f":"IF(Base!AW142=0,\"\",Base!AH142)","v":""},{"$f":"IF(Base!AX142=0,\"\",Base!AI142)","v":""},{"$f":"IF(Base!AW142=0,Base!AY142&\" \"&Base!AZ142,Base!AK142&\" \"&Base!AL142)","v":"Avenue Grand-Champsec 86"},{"$f":"IF(IF(Base!AW142=0,Base!BA142,Base!AM142)=0,\"\",IF(Base!AW142=0,Base!BA142,Base!AM142))","v":"Case postale 696"},{"$f":"IF(Base!AW142=0,Base!BB142,Base!AN142)","v":1951},{"$f":"IF(Base!AW142=0,Base!BC142,Base!AO142)","v":"Sion"},null,null,null,null,null,null,null,null,null,null,null,null,{"$f":"Base!AJ142","v":"1970-09-20"},{"$f":"IF(FO144=\"Établissement\",\"\",IF(Base!AG142=\"Masculin\",\"Monsieur\",IF(Base!AG142=\"Féminin\",\"Madame\",\"\")))","v":""},{"$f":"IF(FP144=FALSE,CONCATENATE(IF(Base!AV142=\"Masculin\",\"Monsieur\",IF(Base!AV142=\"Féminin\",\"Madame\",\"\")),\"#chr(13)##chr(10)#\",Base!AW142,\" \",Base!AX142, \"#chr(13)##chr(10)#\",Base!AY142,\" \",Base!AZ142, \"#chr(13)##chr(10)#\",Base!BA142, \"#chr(13)##chr(10)#\",Base!BB142,\" \",Base!BC142),\"\")","v":""},null,"",null,{"$f":"IF(AND(Base!AT142<200,Base!AT142>99),1,0)","v":1},null,0,{"$f":"Base!BG142","v":"HVS.13N"},{"$f":"Base!BH142& \"#chr(13)##chr(10)#\" &Base!BI142","v":"Forfait S3 HVS Sion - HVS Martigny#chr(13)##chr(10)#Trajet simple nuit (20h00-08h00) ou dimanches et jours fériés"},null,{"$f":"Base!BJ142","v":1},{"$f":"Base!BK142","v":660},{"$f":"IF(Base!BL142=\"\",\"\",Base!BL142)","v":""},null,{"$f":"Base!BM142","v":660},null,null,{"$f":"IF(Base!H142=\"Uvrier\",3018,VLOOKUP(FQ144,$GV$2:$GX$7,FM144+1,0))","v":3018},0,0,null,0,null,null,null,null,null,"Libre","BS - 212",null,"BU - 73 - aff",0,null,null,null,null,null,null,null,null,null,null,null,null,null,null,null,null,null,null,null,null,null,null,null,null,null,null,null,null,null,null,null,null,null,{"$f":"Base!AH142&\", \"&Base!AI142","v":"Rayeur, Stéphane "},{"$f":"Base!AN142&\" \"&Base!AO142&\", \"&Base!AK142&\" \"&Base!AL142","v":"3960 Sierre, Avenue de France 32"},{"$f":"CONCATENATE(TEXT(DATE(YEAR(Base!AJ142),MONTH(Base!AJ142),DAY(Base!AJ142)),\"jj.mm.aaaa\"),\", \",FN144,IF(Base!D142=\"\",\"\",\" - \"),Base!D142)","v":"20.09.1970,  - 2103934/7"},{"$f":"Base!AR142","v":"SUVA Sion, Luzern"},{"$f":"LEFT(Base!J142,10)","v":"2022-01-29"},{"$f":"CONCATENATE(Base!L142,IF(Base!L142=0,\"\",\", \"),Base!M142,\" \",Base!N142,\", \",Base!P142,\" \",Base!Q142)","v":"Hôpital de Sion, Avenue du Grand-Champsec 80, 1950 Sion"},{"$f":"CONCATENATE(Base!V142,\", \",Base!Z142,\" \",Base!AA142,\", \",Base!W142,\" \",Base!X142)","v":"Hôpital de Martigny, 1920 Martigny, Avenue de la Fusion 27"},null,{"$f":"CONCATENATE(RIGHT(LEFT(Base!J142,16),5),\" - \",RIGHT(LEFT(Base!K142,16),5))","v":"23:13 - 00:54"},{"$f":"Base!AF142&\" - \"&Base!I142","v":"Accident - S3"},null,null,null,null,null,null,null,null,null,null,null,null,null,null,null,null,null,null,{"$f":"Base!H142","v":"Uvrier"},2,null,null,null,null,null,null,null,null,null,2,null,null,null,null,null,null,null,null,null,null,null,null,null,null,null,null,null,null,null,null,null,{"$f":"IF(Base!U142=\"Privée\",2,1)","v":2},{"$f":"IF(OR(LEFT(Base!AS142,1)=\"1\",LEFT(Base!AS142)=\"2\"),RIGHT(Base!AS142,LEN(Base!AS142)-1),Base!AS142)","v":""},{"$f":"Base!AU142","v":"Établissement"},{"$f":"OR(CONCATENATE(Base!AW142,Base!AX142)=CONCATENATE(Base!AH142,Base!AI142),FO144=\"Établissement\")","v":true},{"$f":"Base!I142","v":"S3"}]
[{"$f":"Base!A143","v":4253},{"$f":"20","v":20},{"$f":"Base!B143","v":"2022-02-11"},null,{"$f":"Base!AE143","v":"VS22003083"},null,null,null,null,null,"<AUTO>",null,null,null,null,"URL (Libre)",null,null,{"$f":"Base!E143&\" - \"&Base!H143&\" - \"&Base!D143","v":"16547 - Uvrier - "},{"$f":"IF(AND(Base!AT143<1000,Base!AT143>99),Base!AT143,IF(FO145=\"Établissement\",VALUE(CONCATENATE(LEN(SUBSTITUTE(V145,\" \",\"\")),LEN(V145),AA145,COLUMN(INDIRECT(LEFT(V145,1)&1)),LEN(SUBSTITUTE(V145,\"-\",\"\")))),IF(FN145=\"\",VALUE(CONCATENATE(COLUMN(INDIRECT(LEFT(W145,1)&1)),COLUMN(INDIRECT(LEFT(X145,1)&1)),AO145,CODE(AA145))),VALUE(SUBSTITUTE(SUBSTITUTE(SUBSTITUTE(FN145,\".\",\"\"),\" \",\"\"),\"-\",\"\")))))","v":102},null,{"$f":"SUBSTITUTE(IF(Base!BF143=0,\"\",Base!BF143),\" (facturation)\",\"\")","v":"Clinique Bernoise Montana - Secrétariat médical"},{"$f":"IF(Base!AW143=0,\"\",Base!AH143)","v":""},{"$f":"IF(Base!AX143=0,\"\",Base!AI143)","v":""},{"$f":"IF(Base!AW143=0,Base!AY143&\" \"&Base!AZ143,Base!AK143&\" \"&Base!AL143)","v":"Impasse Palace Bellevue 1"},{"$f":"IF(IF(Base!AW143=0,Base!BA143,Base!AM143)=0,\"\",IF(Base!AW143=0,Base!BA143,Base!AM143))","v":""},{"$f":"IF(Base!AW143=0,Base!BB143,Base!AN143)","v":3963},{"$f":"IF(Base!AW143=0,Base!BC143,Base!AO143)","v":"Crans-Montana"},null,null,null,null,null,null,null,null,null,null,null,null,{"$f":"Base!AJ143","v":"1951-06-08"},{"$f":"IF(FO145=\"Établissement\",\"\",IF(Base!AG143=\"Masculin\",\"Monsieur\",IF(Base!AG143=\"Féminin\",\"Madame\",\"\")))","v":""},{"$f":"IF(FP145=FALSE,CONCATENATE(IF(Base!AV143=\"Masculin\",\"Monsieur\",IF(Base!AV143=\"Féminin\",\"Madame\",\"\")),\"#chr(13)##chr(10)#\",Base!AW143,\" \",Base!AX143, \"#chr(13)##chr(10)#\",Base!AY143,\" \",Base!AZ143, \"#chr(13)##chr(10)#\",Base!BA143, \"#chr(13)##chr(10)#\",Base!BB143,\" \",Base!BC143),\"\")","v":""},null,"",null,{"$f":"IF(AND(Base!AT143<200,Base!AT143>99),1,0)","v":1},null,0,{"$f":"Base!BG143","v":"CLN.9403 "},{"$f":"Base!BH143& \"#chr(13)##chr(10)#\" &Base!BI143","v":"Taxe de base transport S3#chr(13)##chr(10)#"},null,{"$f":"Base!BJ143","v":1},{"$f":"Base!BK143","v":200},{"$f":"IF(Base!BL143=\"\",\"\",Base!BL143)","v":""},null,{"$f":"Base!BM143","v":200},null,null,{"$f":"IF(Base!H143=\"Uvrier\",3018,VLOOKUP(FQ145,$GV$2:$GX$7,FM145+1,0))","v":3018},0,0,null,0,null,null,null,null,null,"Libre","BS - 213",null,"BU - 73 - aff",0,null,null,null,null,null,null,null,null,null,null,null,null,null,null,null,null,null,null,null,null,null,null,null,null,null,null,null,null,null,null,null,null,null,{"$f":"Base!AH143&\", \"&Base!AI143","v":"Rey-Mermet Trottet, Brigitte"},{"$f":"Base!AN143&\" \"&Base!AO143&\", \"&Base!AK143&\" \"&Base!AL143","v":"1871 Choëx, Chemin des Châtaigniers 7"},{"$f":"CONCATENATE(TEXT(DATE(YEAR(Base!AJ143),MONTH(Base!AJ143),DAY(Base!AJ143)),\"jj.mm.aaaa\"),\", \",FN145,IF(Base!D143=\"\",\"\",\" - \"),Base!D143)","v":"08.06.1951, 756.5310.9223.65"},{"$f":"Base!AR143","v":"CSS Kranken- Versicherung AG"},{"$f":"LEFT(Base!J143,10)","v":"2022-01-30"},{"$f":"CONCATENATE(Base!L143,IF(Base!L143=0,\"\",\", \"),Base!M143,\" \",Base!N143,\", \",Base!P143,\" \",Base!Q143)","v":"Clinique Bernoise, Impasse Palace Bellevue 1, 3963 Crans-Montana"},{"$f":"CONCATENATE(Base!V143,\", \",Base!Z143,\" \",Base!AA143,\", \",Base!W143,\" \",Base!X143)","v":"Hôpital de Sion, 1950 Sion, Avenue du Grand-Champsec 80"},null,{"$f":"CONCATENATE(RIGHT(LEFT(Base!J143,16),5),\" - \",RIGHT(LEFT(Base!K143,16),5))","v":"10:17 - 12:09"},{"$f":"Base!AF143&\" - \"&Base!I143","v":"Maladie - S3"},null,null,null,null,null,null,null,null,null,null,null,null,null,null,null,null,null,null,{"$f":"Base!H143","v":"Uvrier"},2,null,null,null,null,null,null,null,null,null,2,null,null,null,null,null,null,null,null,null,null,null,null,null,null,null,null,null,null,null,null,null,{"$f":"IF(Base!U143=\"Privée\",2,1)","v":2},{"$f":"IF(OR(LEFT(Base!AS143,1)=\"1\",LEFT(Base!AS143)=\"2\"),RIGHT(Base!AS143,LEN(Base!AS143)-1),Base!AS143)","v":"756.5310.9223.65"},{"$f":"Base!AU143","v":"Établissement"},{"$f":"OR(CONCATENATE(Base!AW143,Base!AX143)=CONCATENATE(Base!AH143,Base!AI143),FO145=\"Établissement\")","v":true},{"$f":"Base!I143","v":"S3"}]
[{"$f":"Base!A144","v":4253},{"$f":"20","v":20},{"$f":"Base!B144","v":"2022-02-11"},null,{"$f":"Base!AE144","v":"VS22003083"},null,null,null,null,null,"<AUTO>",null,null,null,null,"URL (Libre)",null,null,{"$f":"Base!E144&\" - \"&Base!H144&\" - \"&Base!D144","v":"16547 - Uvrier - "},{"$f":"IF(AND(Base!AT144<1000,Base!AT144>99),Base!AT144,IF(FO146=\"Établissement\",VALUE(CONCATENATE(LEN(SUBSTITUTE(V146,\" \",\"\")),LEN(V146),AA146,COLUMN(INDIRECT(LEFT(V146,1)&1)),LEN(SUBSTITUTE(V146,\"-\",\"\")))),IF(FN146=\"\",VALUE(CONCATENATE(COLUMN(INDIRECT(LEFT(W146,1)&1)),COLUMN(INDIRECT(LEFT(X146,1)&1)),AO146,CODE(AA146))),VALUE(SUBSTITUTE(SUBSTITUTE(SUBSTITUTE(FN146,\".\",\"\"),\" \",\"\"),\"-\",\"\")))))","v":102},null,{"$f":"SUBSTITUTE(IF(Base!BF144=0,\"\",Base!BF144),\" (facturation)\",\"\")","v":"Clinique Bernoise Montana - Secrétariat médical"},{"$f":"IF(Base!AW144=0,\"\",Base!AH144)","v":""},{"$f":"IF(Base!AX144=0,\"\",Base!AI144)","v":""},{"$f":"IF(Base!AW144=0,Base!AY144&\" \"&Base!AZ144,Base!AK144&\" \"&Base!AL144)","v":"Impasse Palace Bellevue 1"},{"$f":"IF(IF(Base!AW144=0,Base!BA144,Base!AM144)=0,\"\",IF(Base!AW144=0,Base!BA144,Base!AM144))","v":""},{"$f":"IF(Base!AW144=0,Base!BB144,Base!AN144)","v":3963},{"$f":"IF(Base!AW144=0,Base!BC144,Base!AO144)","v":"Crans-Montana"},null,null,null,null,null,null,null,null,null,null,null,null,{"$f":"Base!AJ144","v":"1951-06-08"},{"$f":"IF(FO146=\"Établissement\",\"\",IF(Base!AG144=\"Masculin\",\"Monsieur\",IF(Base!AG144=\"Féminin\",\"Madame\",\"\")))","v":""},{"$f":"IF(FP146=FALSE,CONCATENATE(IF(Base!AV144=\"Masculin\",\"Monsieur\",IF(Base!AV144=\"Féminin\",\"Madame\",\"\")),\"#chr(13)##chr(10)#\",Base!AW144,\" \",Base!AX144, \"#chr(13)##chr(10)#\",Base!AY144,\" \",Base!AZ144, \"#chr(13)##chr(10)#\",Base!BA144, \"#chr(13)##chr(10)#\",Base!BB144,\" \",Base!BC144),\"\")","v":""},null,"",null,{"$f":"IF(AND(Base!AT144<200,Base!AT144>99),1,0)","v":1},null,0,{"$f":"Base!BG144","v":"CLN.9404"},{"$f":"Base!BH144& \"#chr(13)##chr(10)#\" &Base!BI144","v":"Indemnisation kilométrique#chr(13)##chr(10)#"},null,{"$f":"Base!BJ144","v":54},{"$f":"Base!BK144","v":4.5},{"$f":"IF(Base!BL144=\"\",\"\",Base!BL144)","v":"km"},null,{"$f":"Base!BM144","v":243},null,null,{"$f":"IF(Base!H144=\"Uvrier\",3018,VLOOKUP(FQ146,$GV$2:$GX$7,FM146+1,0))","v":3018},0,0,null,0,null,null,null,null,null,"Libre","BS - 214",null,"BU - 73 - aff",0,null,null,null,null,null,null,null,null,null,null,null,null,null,null,null,null,null,null,null,null,null,null,null,null,null,null,null,null,null,null,null,null,null,{"$f":"Base!AH144&\", \"&Base!AI144","v":"Rey-Mermet Trottet, Brigitte"},{"$f":"Base!AN144&\" \"&Base!AO144&\", \"&Base!AK144&\" \"&Base!AL144","v":"1871 Choëx, Chemin des Châtaigniers 7"},{"$f":"CONCATENATE(TEXT(DATE(YEAR(Base!AJ144),MONTH(Base!AJ144),DAY(Base!AJ144)),\"jj.mm.aaaa\"),\", \",FN146,IF(Base!D144=\"\",\"\",\" - \"),Base!D144)","v":"08.06.1951, 756.5310.9223.65"},{"$f":"Base!AR144","v":"CSS Kranken- Versicherung AG"},{"$f":"LEFT(Base!J144,10)","v":"2022-01-30"},{"$f":"CONCATENATE(Base!L144,IF(Base!L144=0,\"\",\", \"),Base!M144,\" \",Base!N144,\", \",Base!P144,\" \",Base!Q144)","v":"Clinique Bernoise, Impasse Palace Bellevue 1, 3963 Crans-Montana"},{"$f":"CONCATENATE(Base!V144,\", \",Base!Z144,\" \",Base!AA144,\", \",Base!W144,\" \",Base!X144)","v":"Hôpital de Sion, 1950 Sion, Avenue du Grand-Champsec 80"},null,{"$f":"CONCATENATE(RIGHT(LEFT(Base!J144,16),5),\" - \",RIGHT(LEFT(Base!K144,16),5))","v":"10:17 - 12:09"},{"$f":"Base!AF144&\" - \"&Base!I144","v":"Maladie - S3"},null,null,null,null,null,null,null,null,null,null,null,null,null,null,null,null,null,null,{"$f":"Base!H144","v":"Uvrier"},2,null,null,null,null,null,null,null,null,null,2,null,null,null,null,null,null,null,null,null,null,null,null,null,null,null,null,null,null,null,null,null,{"$f":"IF(Base!U144=\"Privée\",2,1)","v":2},{"$f":"IF(OR(LEFT(Base!AS144,1)=\"1\",LEFT(Base!AS144)=\"2\"),RIGHT(Base!AS144,LEN(Base!AS144)-1),Base!AS144)","v":"756.5310.9223.65"},{"$f":"Base!AU144","v":"Établissement"},{"$f":"OR(CONCATENATE(Base!AW144,Base!AX144)=CONCATENATE(Base!AH144,Base!AI144),FO146=\"Établissement\")","v":true},{"$f":"Base!I144","v":"S3"}]
[{"$f":"Base!A145","v":4253},{"$f":"20","v":20},{"$f":"Base!B145","v":"2022-02-11"},null,{"$f":"Base!AE145","v":"VS22003083"},null,null,null,null,null,"<AUTO>",null,null,null,null,"URL (Libre)",null,null,{"$f":"Base!E145&\" - \"&Base!H145&\" - \"&Base!D145","v":"16547 - Uvrier - "},{"$f":"IF(AND(Base!AT145<1000,Base!AT145>99),Base!AT145,IF(FO147=\"Établissement\",VALUE(CONCATENATE(LEN(SUBSTITUTE(V147,\" \",\"\")),LEN(V147),AA147,COLUMN(INDIRECT(LEFT(V147,1)&1)),LEN(SUBSTITUTE(V147,\"-\",\"\")))),IF(FN147=\"\",VALUE(CONCATENATE(COLUMN(INDIRECT(LEFT(W147,1)&1)),COLUMN(INDIRECT(LEFT(X147,1)&1)),AO147,CODE(AA147))),VALUE(SUBSTITUTE(SUBSTITUTE(SUBSTITUTE(FN147,\".\",\"\"),\" \",\"\"),\"-\",\"\")))))","v":102},null,{"$f":"SUBSTITUTE(IF(Base!BF145=0,\"\",Base!BF145),\" (facturation)\",\"\")","v":"Clinique Bernoise Montana - Secrétariat médical"},{"$f":"IF(Base!AW145=0,\"\",Base!AH145)","v":""},{"$f":"IF(Base!AX145=0,\"\",Base!AI145)","v":""},{"$f":"IF(Base!AW145=0,Base!AY145&\" \"&Base!AZ145,Base!AK145&\" \"&Base!AL145)","v":"Impasse Palace Bellevue 1"},{"$f":"IF(IF(Base!AW145=0,Base!BA145,Base!AM145)=0,\"\",IF(Base!AW145=0,Base!BA145,Base!AM145))","v":""},{"$f":"IF(Base!AW145=0,Base!BB145,Base!AN145)","v":3963},{"$f":"IF(Base!AW145=0,Base!BC145,Base!AO145)","v":"Crans-Montana"},null,null,null,null,null,null,null,null,null,null,null,null,{"$f":"Base!AJ145","v":"1951-06-08"},{"$f":"IF(FO147=\"Établissement\",\"\",IF(Base!AG145=\"Masculin\",\"Monsieur\",IF(Base!AG145=\"Féminin\",\"Madame\",\"\")))","v":""},{"$f":"IF(FP147=FALSE,CONCATENATE(IF(Base!AV145=\"Masculin\",\"Monsieur\",IF(Base!AV145=\"Féminin\",\"Madame\",\"\")),\"#chr(13)##chr(10)#\",Base!AW145,\" \",Base!AX145, \"#chr(13)##chr(10)#\",Base!AY145,\" \",Base!AZ145, \"#chr(13)##chr(10)#\",Base!BA145, \"#chr(13)##chr(10)#\",Base!BB145,\" \",Base!BC145),\"\")","v":""},null,"",null,{"$f":"IF(AND(Base!AT145<200,Base!AT145>99),1,0)","v":1},null,0,{"$f":"Base!BG145","v":"CLN.9411"},{"$f":"Base!BH145& \"#chr(13)##chr(10)#\" &Base!BI145","v":"Personnel soignant reconnu (par personne et par quart d'heure entamé)#chr(13)##chr(10)#2 collaborateur(s) x 8 quarts d’heure"},null,{"$f":"Base!BJ145","v":16},{"$f":"Base!BK145","v":35},{"$f":"IF(Base!BL145=\"\",\"\",Base!BL145)","v":"¼ d'heure"},null,{"$f":"Base!BM145","v":560},null,null,{"$f":"IF(Base!H145=\"Uvrier\",3018,VLOOKUP(FQ147,$GV$2:$GX$7,FM147+1,0))","v":3018},0,0,null,0,null,null,null,null,null,"Libre","BS - 215",null,"BU - 73 - aff",0,null,null,null,null,null,null,null,null,null,null,null,null,null,null,null,null,null,null,null,null,null,null,null,null,null,null,null,null,null,null,null,null,null,{"$f":"Base!AH145&\", \"&Base!AI145","v":"Rey-Mermet Trottet, Brigitte"},{"$f":"Base!AN145&\" \"&Base!AO145&\", \"&Base!AK145&\" \"&Base!AL145","v":"1871 Choëx, Chemin des Châtaigniers 7"},{"$f":"CONCATENATE(TEXT(DATE(YEAR(Base!AJ145),MONTH(Base!AJ145),DAY(Base!AJ145)),\"jj.mm.aaaa\"),\", \",FN147,IF(Base!D145=\"\",\"\",\" - \"),Base!D145)","v":"08.06.1951, 756.5310.9223.65"},{"$f":"Base!AR145","v":"CSS Kranken- Versicherung AG"},{"$f":"LEFT(Base!J145,10)","v":"2022-01-30"},{"$f":"CONCATENATE(Base!L145,IF(Base!L145=0,\"\",\", \"),Base!M145,\" \",Base!N145,\", \",Base!P145,\" \",Base!Q145)","v":"Clinique Bernoise, Impasse Palace Bellevue 1, 3963 Crans-Montana"},{"$f":"CONCATENATE(Base!V145,\", \",Base!Z145,\" \",Base!AA145,\", \",Base!W145,\" \",Base!X145)","v":"Hôpital de Sion, 1950 Sion, Avenue du Grand-Champsec 80"},null,{"$f":"CONCATENATE(RIGHT(LEFT(Base!J145,16),5),\" - \",RIGHT(LEFT(Base!K145,16),5))","v":"10:17 - 12:09"},{"$f":"Base!AF145&\" - \"&Base!I145","v":"Maladie - S3"},null,null,null,null,null,null,null,null,null,null,null,null,null,null,null,null,null,null,{"$f":"Base!H145","v":"Uvrier"},2,null,null,null,null,null,null,null,null,null,2,null,null,null,null,null,null,null,null,null,null,null,null,null,null,null,null,null,null,null,null,null,{"$f":"IF(Base!U145=\"Privée\",2,1)","v":2},{"$f":"IF(OR(LEFT(Base!AS145,1)=\"1\",LEFT(Base!AS145)=\"2\"),RIGHT(Base!AS145,LEN(Base!AS145)-1),Base!AS145)","v":"756.5310.9223.65"},{"$f":"Base!AU145","v":"Établissement"},{"$f":"OR(CONCATENATE(Base!AW145,Base!AX145)=CONCATENATE(Base!AH145,Base!AI145),FO147=\"Établissement\")","v":true},{"$f":"Base!I145","v":"S3"}]
[{"$f":"Base!A146","v":4253},{"$f":"20","v":20},{"$f":"Base!B146","v":"2022-02-11"},null,{"$f":"Base!AE146","v":"VS22003083"},null,null,null,null,null,"<AUTO>",null,null,null,null,"URL (Libre)",null,null,{"$f":"Base!E146&\" - \"&Base!H146&\" - \"&Base!D146","v":"16547 - Uvrier - "},{"$f":"IF(AND(Base!AT146<1000,Base!AT146>99),Base!AT146,IF(FO148=\"Établissement\",VALUE(CONCATENATE(LEN(SUBSTITUTE(V148,\" \",\"\")),LEN(V148),AA148,COLUMN(INDIRECT(LEFT(V148,1)&1)),LEN(SUBSTITUTE(V148,\"-\",\"\")))),IF(FN148=\"\",VALUE(CONCATENATE(COLUMN(INDIRECT(LEFT(W148,1)&1)),COLUMN(INDIRECT(LEFT(X148,1)&1)),AO148,CODE(AA148))),VALUE(SUBSTITUTE(SUBSTITUTE(SUBSTITUTE(FN148,\".\",\"\"),\" \",\"\"),\"-\",\"\")))))","v":102},null,{"$f":"SUBSTITUTE(IF(Base!BF146=0,\"\",Base!BF146),\" (facturation)\",\"\")","v":"Clinique Bernoise Montana - Secrétariat médical"},{"$f":"IF(Base!AW146=0,\"\",Base!AH146)","v":""},{"$f":"IF(Base!AX146=0,\"\",Base!AI146)","v":""},{"$f":"IF(Base!AW146=0,Base!AY146&\" \"&Base!AZ146,Base!AK146&\" \"&Base!AL146)","v":"Impasse Palace Bellevue 1"},{"$f":"IF(IF(Base!AW146=0,Base!BA146,Base!AM146)=0,\"\",IF(Base!AW146=0,Base!BA146,Base!AM146))","v":""},{"$f":"IF(Base!AW146=0,Base!BB146,Base!AN146)","v":3963},{"$f":"IF(Base!AW146=0,Base!BC146,Base!AO146)","v":"Crans-Montana"},null,null,null,null,null,null,null,null,null,null,null,null,{"$f":"Base!AJ146","v":"1951-06-08"},{"$f":"IF(FO148=\"Établissement\",\"\",IF(Base!AG146=\"Masculin\",\"Monsieur\",IF(Base!AG146=\"Féminin\",\"Madame\",\"\")))","v":""},{"$f":"IF(FP148=FALSE,CONCATENATE(IF(Base!AV146=\"Masculin\",\"Monsieur\",IF(Base!AV146=\"Féminin\",\"Madame\",\"\")),\"#chr(13)##chr(10)#\",Base!AW146,\" \",Base!AX146, \"#chr(13)##chr(10)#\",Base!AY146,\" \",Base!AZ146, \"#chr(13)##chr(10)#\",Base!BA146, \"#chr(13)##chr(10)#\",Base!BB146,\" \",Base!BC146),\"\")","v":""},null,"",null,{"$f":"IF(AND(Base!AT146<200,Base!AT146>99),1,0)","v":1},null,0,{"$f":"Base!BG146","v":"CLN.9432"},{"$f":"Base!BH146& \"#chr(13)##chr(10)#\" &Base!BI146","v":"Supplément pour dimanche et jour férié#chr(13)##chr(10)#25 % sur CHF 560.00"},null,{"$f":"Base!BJ146","v":1},{"$f":"Base!BK146","v":140},{"$f":"IF(Base!BL146=\"\",\"\",Base!BL146)","v":""},null,{"$f":"Base!BM146","v":140},null,null,{"$f":"IF(Base!H146=\"Uvrier\",3018,VLOOKUP(FQ148,$GV$2:$GX$7,FM148+1,0))","v":3018},0,0,null,0,null,null,null,null,null,"Libre","BS - 216",null,"BU - 73 - aff",0,null,null,null,null,null,null,null,null,null,null,null,null,null,null,null,null,null,null,null,null,null,null,null,null,null,null,null,null,null,null,null,null,null,{"$f":"Base!AH146&\", \"&Base!AI146","v":"Rey-Mermet Trottet, Brigitte"},{"$f":"Base!AN146&\" \"&Base!AO146&\", \"&Base!AK146&\" \"&Base!AL146","v":"1871 Choëx, Chemin des Châtaigniers 7"},{"$f":"CONCATENATE(TEXT(DATE(YEAR(Base!AJ146),MONTH(Base!AJ146),DAY(Base!AJ146)),\"jj.mm.aaaa\"),\", \",FN148,IF(Base!D146=\"\",\"\",\" - \"),Base!D146)","v":"08.06.1951, 756.5310.9223.65"},{"$f":"Base!AR146","v":"CSS Kranken- Versicherung AG"},{"$f":"LEFT(Base!J146,10)","v":"2022-01-30"},{"$f":"CONCATENATE(Base!L146,IF(Base!L146=0,\"\",\", \"),Base!M146,\" \",Base!N146,\", \",Base!P146,\" \",Base!Q146)","v":"Clinique Bernoise, Impasse Palace Bellevue 1, 3963 Crans-Montana"},{"$f":"CONCATENATE(Base!V146,\", \",Base!Z146,\" \",Base!AA146,\", \",Base!W146,\" \",Base!X146)","v":"Hôpital de Sion, 1950 Sion, Avenue du Grand-Champsec 80"},null,{"$f":"CONCATENATE(RIGHT(LEFT(Base!J146,16),5),\" - \",RIGHT(LEFT(Base!K146,16),5))","v":"10:17 - 12:09"},{"$f":"Base!AF146&\" - \"&Base!I146","v":"Maladie - S3"},null,null,null,null,null,null,null,null,null,null,null,null,null,null,null,null,null,null,{"$f":"Base!H146","v":"Uvrier"},2,null,null,null,null,null,null,null,null,null,2,null,null,null,null,null,null,null,null,null,null,null,null,null,null,null,null,null,null,null,null,null,{"$f":"IF(Base!U146=\"Privée\",2,1)","v":2},{"$f":"IF(OR(LEFT(Base!AS146,1)=\"1\",LEFT(Base!AS146)=\"2\"),RIGHT(Base!AS146,LEN(Base!AS146)-1),Base!AS146)","v":"756.5310.9223.65"},{"$f":"Base!AU146","v":"Établissement"},{"$f":"OR(CONCATENATE(Base!AW146,Base!AX146)=CONCATENATE(Base!AH146,Base!AI146),FO148=\"Établissement\")","v":true},{"$f":"Base!I146","v":"S3"}]
[{"$f":"Base!A147","v":4253},{"$f":"20","v":20},{"$f":"Base!B147","v":"2022-02-11"},null,{"$f":"Base!AE147","v":"VS22003083"},null,null,null,null,null,"<AUTO>",null,null,null,null,"URL (Libre)",null,null,{"$f":"Base!E147&\" - \"&Base!H147&\" - \"&Base!D147","v":"16547 - Uvrier - "},{"$f":"IF(AND(Base!AT147<1000,Base!AT147>99),Base!AT147,IF(FO149=\"Établissement\",VALUE(CONCATENATE(LEN(SUBSTITUTE(V149,\" \",\"\")),LEN(V149),AA149,COLUMN(INDIRECT(LEFT(V149,1)&1)),LEN(SUBSTITUTE(V149,\"-\",\"\")))),IF(FN149=\"\",VALUE(CONCATENATE(COLUMN(INDIRECT(LEFT(W149,1)&1)),COLUMN(INDIRECT(LEFT(X149,1)&1)),AO149,CODE(AA149))),VALUE(SUBSTITUTE(SUBSTITUTE(SUBSTITUTE(FN149,\".\",\"\"),\" \",\"\"),\"-\",\"\")))))","v":102},null,{"$f":"SUBSTITUTE(IF(Base!BF147=0,\"\",Base!BF147),\" (facturation)\",\"\")","v":"Clinique Bernoise Montana - Secrétariat médical"},{"$f":"IF(Base!AW147=0,\"\",Base!AH147)","v":""},{"$f":"IF(Base!AX147=0,\"\",Base!AI147)","v":""},{"$f":"IF(Base!AW147=0,Base!AY147&\" \"&Base!AZ147,Base!AK147&\" \"&Base!AL147)","v":"Impasse Palace Bellevue 1"},{"$f":"IF(IF(Base!AW147=0,Base!BA147,Base!AM147)=0,\"\",IF(Base!AW147=0,Base!BA147,Base!AM147))","v":""},{"$f":"IF(Base!AW147=0,Base!BB147,Base!AN147)","v":3963},{"$f":"IF(Base!AW147=0,Base!BC147,Base!AO147)","v":"Crans-Montana"},null,null,null,null,null,null,null,null,null,null,null,null,{"$f":"Base!AJ147","v":"1951-06-08"},{"$f":"IF(FO149=\"Établissement\",\"\",IF(Base!AG147=\"Masculin\",\"Monsieur\",IF(Base!AG147=\"Féminin\",\"Madame\",\"\")))","v":""},{"$f":"IF(FP149=FALSE,CONCATENATE(IF(Base!AV147=\"Masculin\",\"Monsieur\",IF(Base!AV147=\"Féminin\",\"Madame\",\"\")),\"#chr(13)##chr(10)#\",Base!AW147,\" \",Base!AX147, \"#chr(13)##chr(10)#\",Base!AY147,\" \",Base!AZ147, \"#chr(13)##chr(10)#\",Base!BA147, \"#chr(13)##chr(10)#\",Base!BB147,\" \",Base!BC147),\"\")","v":""},null,"",null,{"$f":"IF(AND(Base!AT147<200,Base!AT147>99),1,0)","v":1},null,0,{"$f":"Base!BG147","v":"CLN.Rabais "},{"$f":"Base!BH147& \"#chr(13)##chr(10)#\" &Base!BI147","v":"Rabais 35%#chr(13)##chr(10)#sur CHF 1'143.00"},null,{"$f":"Base!BJ147","v":1},{"$f":"Base!BK147","v":-400.05},{"$f":"IF(Base!BL147=\"\",\"\",Base!BL147)","v":""},null,{"$f":"Base!BM147","v":-400.05},null,null,{"$f":"IF(Base!H147=\"Uvrier\",3018,VLOOKUP(FQ149,$GV$2:$GX$7,FM149+1,0))","v":3018},0,0,null,0,null,null,null,null,null,"Libre","BS - 217",null,"BU - 73 - aff",0,null,null,null,null,null,null,null,null,null,null,null,null,null,null,null,null,null,null,null,null,null,null,null,null,null,null,null,null,null,null,null,null,null,{"$f":"Base!AH147&\", \"&Base!AI147","v":"Rey-Mermet Trottet, Brigitte"},{"$f":"Base!AN147&\" \"&Base!AO147&\", \"&Base!AK147&\" \"&Base!AL147","v":"1871 Choëx, Chemin des Châtaigniers 7"},{"$f":"CONCATENATE(TEXT(DATE(YEAR(Base!AJ147),MONTH(Base!AJ147),DAY(Base!AJ147)),\"jj.mm.aaaa\"),\", \",FN149,IF(Base!D147=\"\",\"\",\" - \"),Base!D147)","v":"08.06.1951, 756.5310.9223.65"},{"$f":"Base!AR147","v":"CSS Kranken- Versicherung AG"},{"$f":"LEFT(Base!J147,10)","v":"2022-01-30"},{"$f":"CONCATENATE(Base!L147,IF(Base!L147=0,\"\",\", \"),Base!M147,\" \",Base!N147,\", \",Base!P147,\" \",Base!Q147)","v":"Clinique Bernoise, Impasse Palace Bellevue 1, 3963 Crans-Montana"},{"$f":"CONCATENATE(Base!V147,\", \",Base!Z147,\" \",Base!AA147,\", \",Base!W147,\" \",Base!X147)","v":"Hôpital de Sion, 1950 Sion, Avenue du Grand-Champsec 80"},null,{"$f":"CONCATENATE(RIGHT(LEFT(Base!J147,16),5),\" - \",RIGHT(LEFT(Base!K147,16),5))","v":"10:17 - 12:09"},{"$f":"Base!AF147&\" - \"&Base!I147","v":"Maladie - S3"},null,null,null,null,null,null,null,null,null,null,null,null,null,null,null,null,null,null,{"$f":"Base!H147","v":"Uvrier"},2,null,null,null,null,null,null,null,null,null,2,null,null,null,null,null,null,null,null,null,null,null,null,null,null,null,null,null,null,null,null,null,{"$f":"IF(Base!U147=\"Privée\",2,1)","v":2},{"$f":"IF(OR(LEFT(Base!AS147,1)=\"1\",LEFT(Base!AS147)=\"2\"),RIGHT(Base!AS147,LEN(Base!AS147)-1),Base!AS147)","v":"756.5310.9223.65"},{"$f":"Base!AU147","v":"Établissement"},{"$f":"OR(CONCATENATE(Base!AW147,Base!AX147)=CONCATENATE(Base!AH147,Base!AI147),FO149=\"Établissement\")","v":true},{"$f":"Base!I147","v":"S3"}]
[{"$f":"Base!A148","v":4254},{"$f":"20","v":20},{"$f":"Base!B148","v":"2022-02-11"},null,{"$f":"Base!AE148","v":"VS22003111"},null,null,null,null,null,"<AUTO>",null,null,null,null,"URL (Libre)",null,null,{"$f":"Base!E148&\" - \"&Base!H148&\" - \"&Base!D148","v":"16575 - Uvrier - 2262936/2"},{"$f":"IF(AND(Base!AT148<1000,Base!AT148>99),Base!AT148,IF(FO150=\"Établissement\",VALUE(CONCATENATE(LEN(SUBSTITUTE(V150,\" \",\"\")),LEN(V150),AA150,COLUMN(INDIRECT(LEFT(V150,1)&1)),LEN(SUBSTITUTE(V150,\"-\",\"\")))),IF(FN150=\"\",VALUE(CONCATENATE(COLUMN(INDIRECT(LEFT(W150,1)&1)),COLUMN(INDIRECT(LEFT(X150,1)&1)),AO150,CODE(AA150))),VALUE(SUBSTITUTE(SUBSTITUTE(SUBSTITUTE(FN150,\".\",\"\"),\" \",\"\"),\"-\",\"\")))))","v":101},null,{"$f":"SUBSTITUTE(IF(Base!BF148=0,\"\",Base!BF148),\" (facturation)\",\"\")","v":"Hôpital du Valais - Direction des Finances/Service des fournisseurs"},{"$f":"IF(Base!AW148=0,\"\",Base!AH148)","v":""},{"$f":"IF(Base!AX148=0,\"\",Base!AI148)","v":""},{"$f":"IF(Base!AW148=0,Base!AY148&\" \"&Base!AZ148,Base!AK148&\" \"&Base!AL148)","v":"Avenue Grand-Champsec 86"},{"$f":"IF(IF(Base!AW148=0,Base!BA148,Base!AM148)=0,\"\",IF(Base!AW148=0,Base!BA148,Base!AM148))","v":"Case postale 696"},{"$f":"IF(Base!AW148=0,Base!BB148,Base!AN148)","v":1951},{"$f":"IF(Base!AW148=0,Base!BC148,Base!AO148)","v":"Sion"},null,null,null,null,null,null,null,null,null,null,null,null,{"$f":"Base!AJ148","v":"1953-08-11"},{"$f":"IF(FO150=\"Établissement\",\"\",IF(Base!AG148=\"Masculin\",\"Monsieur\",IF(Base!AG148=\"Féminin\",\"Madame\",\"\")))","v":""},{"$f":"IF(FP150=FALSE,CONCATENATE(IF(Base!AV148=\"Masculin\",\"Monsieur\",IF(Base!AV148=\"Féminin\",\"Madame\",\"\")),\"#chr(13)##chr(10)#\",Base!AW148,\" \",Base!AX148, \"#chr(13)##chr(10)#\",Base!AY148,\" \",Base!AZ148, \"#chr(13)##chr(10)#\",Base!BA148, \"#chr(13)##chr(10)#\",Base!BB148,\" \",Base!BC148),\"\")","v":""},null,"",null,{"$f":"IF(AND(Base!AT148<200,Base!AT148>99),1,0)","v":1},null,0,{"$f":"Base!BG148","v":"HVS.KM7"},{"$f":"Base!BH148& \"#chr(13)##chr(10)#\" &Base!BI148","v":"Taxe kilométrique (0 à 50 km)#chr(13)##chr(10)#"},null,{"$f":"Base!BJ148","v":50},{"$f":"Base!BK148","v":7},{"$f":"IF(Base!BL148=\"\",\"\",Base!BL148)","v":"km"},null,{"$f":"Base!BM148","v":350},null,null,{"$f":"IF(Base!H148=\"Uvrier\",3018,VLOOKUP(FQ150,$GV$2:$GX$7,FM150+1,0))","v":3018},0,0,null,0,null,null,null,null,null,"Libre","BS - 218",null,"BU - 73 - aff",0,null,null,null,null,null,null,null,null,null,null,null,null,null,null,null,null,null,null,null,null,null,null,null,null,null,null,null,null,null,null,null,null,null,{"$f":"Base!AH148&\", \"&Base!AI148","v":"Christen , Thomas"},{"$f":"Base!AN148&\" \"&Base!AO148&\", \"&Base!AK148&\" \"&Base!AL148","v":"8157 Dielsdorf, Buchserstrasse 17"},{"$f":"CONCATENATE(TEXT(DATE(YEAR(Base!AJ148),MONTH(Base!AJ148),DAY(Base!AJ148)),\"jj.mm.aaaa\"),\", \",FN150,IF(Base!D148=\"\",\"\",\" - \"),Base!D148)","v":"11.08.1953, 756.6639.9054.28 - 2262936/2"},{"$f":"Base!AR148","v":"Helsana Assurances SA"},{"$f":"LEFT(Base!J148,10)","v":"2022-01-30"},{"$f":"CONCATENATE(Base!L148,IF(Base!L148=0,\"\",\", \"),Base!M148,\" \",Base!N148,\", \",Base!P148,\" \",Base!Q148)","v":"Hôpital de Sion, Avenue du Grand-Champsec 80, 1950 Sion"},{"$f":"CONCATENATE(Base!V148,\", \",Base!Z148,\" \",Base!AA148,\", \",Base!W148,\" \",Base!X148)","v":"Stadtspital Triemli Zürich, 8063 Zürich, Birmensdorferstrasse 497"},null,{"$f":"CONCATENATE(RIGHT(LEFT(Base!J148,16),5),\" - \",RIGHT(LEFT(Base!K148,16),5))","v":"14:41 - 22:52"},{"$f":"Base!AF148&\" - \"&Base!I148","v":"Maladie - S3"},null,null,null,null,null,null,null,null,null,null,null,null,null,null,null,null,null,null,{"$f":"Base!H148","v":"Uvrier"},2,null,null,null,null,null,null,null,null,null,2,null,null,null,null,null,null,null,null,null,null,null,null,null,null,null,null,null,null,null,null,null,{"$f":"IF(Base!U148=\"Privée\",2,1)","v":2},{"$f":"IF(OR(LEFT(Base!AS148,1)=\"1\",LEFT(Base!AS148)=\"2\"),RIGHT(Base!AS148,LEN(Base!AS148)-1),Base!AS148)","v":"756.6639.9054.28"},{"$f":"Base!AU148","v":"Établissement"},{"$f":"OR(CONCATENATE(Base!AW148,Base!AX148)=CONCATENATE(Base!AH148,Base!AI148),FO150=\"Établissement\")","v":true},{"$f":"Base!I148","v":"S3"}]
[{"$f":"Base!A149","v":4254},{"$f":"20","v":20},{"$f":"Base!B149","v":"2022-02-11"},null,{"$f":"Base!AE149","v":"VS22003111"},null,null,null,null,null,"<AUTO>",null,null,null,null,"URL (Libre)",null,null,{"$f":"Base!E149&\" - \"&Base!H149&\" - \"&Base!D149","v":"16575 - Uvrier - 2262936/2"},{"$f":"IF(AND(Base!AT149<1000,Base!AT149>99),Base!AT149,IF(FO151=\"Établissement\",VALUE(CONCATENATE(LEN(SUBSTITUTE(V151,\" \",\"\")),LEN(V151),AA151,COLUMN(INDIRECT(LEFT(V151,1)&1)),LEN(SUBSTITUTE(V151,\"-\",\"\")))),IF(FN151=\"\",VALUE(CONCATENATE(COLUMN(INDIRECT(LEFT(W151,1)&1)),COLUMN(INDIRECT(LEFT(X151,1)&1)),AO151,CODE(AA151))),VALUE(SUBSTITUTE(SUBSTITUTE(SUBSTITUTE(FN151,\".\",\"\"),\" \",\"\"),\"-\",\"\")))))","v":101},null,{"$f":"SUBSTITUTE(IF(Base!BF149=0,\"\",Base!BF149),\" (facturation)\",\"\")","v":"Hôpital du Valais - Direction des Finances/Service des fournisseurs"},{"$f":"IF(Base!AW149=0,\"\",Base!AH149)","v":""},{"$f":"IF(Base!AX149=0,\"\",Base!AI149)","v":""},{"$f":"IF(Base!AW149=0,Base!AY149&\" \"&Base!AZ149,Base!AK149&\" \"&Base!AL149)","v":"Avenue Grand-Champsec 86"},{"$f":"IF(IF(Base!AW149=0,Base!BA149,Base!AM149)=0,\"\",IF(Base!AW149=0,Base!BA149,Base!AM149))","v":"Case postale 696"},{"$f":"IF(Base!AW149=0,Base!BB149,Base!AN149)","v":1951},{"$f":"IF(Base!AW149=0,Base!BC149,Base!AO149)","v":"Sion"},null,null,null,null,null,null,null,null,null,null,null,null,{"$f":"Base!AJ149","v":"1953-08-11"},{"$f":"IF(FO151=\"Établissement\",\"\",IF(Base!AG149=\"Masculin\",\"Monsieur\",IF(Base!AG149=\"Féminin\",\"Madame\",\"\")))","v":""},{"$f":"IF(FP151=FALSE,CONCATENATE(IF(Base!AV149=\"Masculin\",\"Monsieur\",IF(Base!AV149=\"Féminin\",\"Madame\",\"\")),\"#chr(13)##chr(10)#\",Base!AW149,\" \",Base!AX149, \"#chr(13)##chr(10)#\",Base!AY149,\" \",Base!AZ149, \"#chr(13)##chr(10)#\",Base!BA149, \"#chr(13)##chr(10)#\",Base!BB149,\" \",Base!BC149),\"\")","v":""},null,"",null,{"$f":"IF(AND(Base!AT149<200,Base!AT149>99),1,0)","v":1},null,0,{"$f":"Base!BG149","v":"HVS.KM6"},{"$f":"Base!BH149& \"#chr(13)##chr(10)#\" &Base!BI149","v":"Taxe kilométrique (51 à 100 km)#chr(13)##chr(10)#"},null,{"$f":"Base!BJ149","v":50},{"$f":"Base!BK149","v":6},{"$f":"IF(Base!BL149=\"\",\"\",Base!BL149)","v":"km"},null,{"$f":"Base!BM149","v":300},null,null,{"$f":"IF(Base!H149=\"Uvrier\",3018,VLOOKUP(FQ151,$GV$2:$GX$7,FM151+1,0))","v":3018},0,0,null,0,null,null,null,null,null,"Libre","BS - 219",null,"BU - 73 - aff",0,null,null,null,null,null,null,null,null,null,null,null,null,null,null,null,null,null,null,null,null,null,null,null,null,null,null,null,null,null,null,null,null,null,{"$f":"Base!AH149&\", \"&Base!AI149","v":"Christen , Thomas"},{"$f":"Base!AN149&\" \"&Base!AO149&\", \"&Base!AK149&\" \"&Base!AL149","v":"8157 Dielsdorf, Buchserstrasse 17"},{"$f":"CONCATENATE(TEXT(DATE(YEAR(Base!AJ149),MONTH(Base!AJ149),DAY(Base!AJ149)),\"jj.mm.aaaa\"),\", \",FN151,IF(Base!D149=\"\",\"\",\" - \"),Base!D149)","v":"11.08.1953, 756.6639.9054.28 - 2262936/2"},{"$f":"Base!AR149","v":"Helsana Assurances SA"},{"$f":"LEFT(Base!J149,10)","v":"2022-01-30"},{"$f":"CONCATENATE(Base!L149,IF(Base!L149=0,\"\",\", \"),Base!M149,\" \",Base!N149,\", \",Base!P149,\" \",Base!Q149)","v":"Hôpital de Sion, Avenue du Grand-Champsec 80, 1950 Sion"},{"$f":"CONCATENATE(Base!V149,\", \",Base!Z149,\" \",Base!AA149,\", \",Base!W149,\" \",Base!X149)","v":"Stadtspital Triemli Zürich, 8063 Zürich, Birmensdorferstrasse 497"},null,{"$f":"CONCATENATE(RIGHT(LEFT(Base!J149,16),5),\" - \",RIGHT(LEFT(Base!K149,16),5))","v":"14:41 - 22:52"},{"$f":"Base!AF149&\" - \"&Base!I149","v":"Maladie - S3"},null,null,null,null,null,null,null,null,null,null,null,null,null,null,null,null,null,null,{"$f":"Base!H149","v":"Uvrier"},2,null,null,null,null,null,null,null,null,null,2,null,null,null,null,null,null,null,null,null,null,null,null,null,null,null,null,null,null,null,null,null,{"$f":"IF(Base!U149=\"Privée\",2,1)","v":2},{"$f":"IF(OR(LEFT(Base!AS149,1)=\"1\",LEFT(Base!AS149)=\"2\"),RIGHT(Base!AS149,LEN(Base!AS149)-1),Base!AS149)","v":"756.6639.9054.28"},{"$f":"Base!AU149","v":"Établissement"},{"$f":"OR(CONCATENATE(Base!AW149,Base!AX149)=CONCATENATE(Base!AH149,Base!AI149),FO151=\"Établissement\")","v":true},{"$f":"Base!I149","v":"S3"}]
[{"$f":"Base!A150","v":4254},{"$f":"20","v":20},{"$f":"Base!B150","v":"2022-02-11"},null,{"$f":"Base!AE150","v":"VS22003111"},null,null,null,null,null,"<AUTO>",null,null,null,null,"URL (Libre)",null,null,{"$f":"Base!E150&\" - \"&Base!H150&\" - \"&Base!D150","v":"16575 - Uvrier - 2262936/2"},{"$f":"IF(AND(Base!AT150<1000,Base!AT150>99),Base!AT150,IF(FO152=\"Établissement\",VALUE(CONCATENATE(LEN(SUBSTITUTE(V152,\" \",\"\")),LEN(V152),AA152,COLUMN(INDIRECT(LEFT(V152,1)&1)),LEN(SUBSTITUTE(V152,\"-\",\"\")))),IF(FN152=\"\",VALUE(CONCATENATE(COLUMN(INDIRECT(LEFT(W152,1)&1)),COLUMN(INDIRECT(LEFT(X152,1)&1)),AO152,CODE(AA152))),VALUE(SUBSTITUTE(SUBSTITUTE(SUBSTITUTE(FN152,\".\",\"\"),\" \",\"\"),\"-\",\"\")))))","v":101},null,{"$f":"SUBSTITUTE(IF(Base!BF150=0,\"\",Base!BF150),\" (facturation)\",\"\")","v":"Hôpital du Valais - Direction des Finances/Service des fournisseurs"},{"$f":"IF(Base!AW150=0,\"\",Base!AH150)","v":""},{"$f":"IF(Base!AX150=0,\"\",Base!AI150)","v":""},{"$f":"IF(Base!AW150=0,Base!AY150&\" \"&Base!AZ150,Base!AK150&\" \"&Base!AL150)","v":"Avenue Grand-Champsec 86"},{"$f":"IF(IF(Base!AW150=0,Base!BA150,Base!AM150)=0,\"\",IF(Base!AW150=0,Base!BA150,Base!AM150))","v":"Case postale 696"},{"$f":"IF(Base!AW150=0,Base!BB150,Base!AN150)","v":1951},{"$f":"IF(Base!AW150=0,Base!BC150,Base!AO150)","v":"Sion"},null,null,null,null,null,null,null,null,null,null,null,null,{"$f":"Base!AJ150","v":"1953-08-11"},{"$f":"IF(FO152=\"Établissement\",\"\",IF(Base!AG150=\"Masculin\",\"Monsieur\",IF(Base!AG150=\"Féminin\",\"Madame\",\"\")))","v":""},{"$f":"IF(FP152=FALSE,CONCATENATE(IF(Base!AV150=\"Masculin\",\"Monsieur\",IF(Base!AV150=\"Féminin\",\"Madame\",\"\")),\"#chr(13)##chr(10)#\",Base!AW150,\" \",Base!AX150, \"#chr(13)##chr(10)#\",Base!AY150,\" \",Base!AZ150, \"#chr(13)##chr(10)#\",Base!BA150, \"#chr(13)##chr(10)#\",Base!BB150,\" \",Base!BC150),\"\")","v":""},null,"",null,{"$f":"IF(AND(Base!AT150<200,Base!AT150>99),1,0)","v":1},null,0,{"$f":"Base!BG150","v":"HVS.KM5"},{"$f":"Base!BH150& \"#chr(13)##chr(10)#\" &Base!BI150","v":"Taxe kilométrique (dès 101 km)#chr(13)##chr(10)#"},null,{"$f":"Base!BJ150","v":456},{"$f":"Base!BK150","v":5},{"$f":"IF(Base!BL150=\"\",\"\",Base!BL150)","v":"km"},null,{"$f":"Base!BM150","v":2280},null,null,{"$f":"IF(Base!H150=\"Uvrier\",3018,VLOOKUP(FQ152,$GV$2:$GX$7,FM152+1,0))","v":3018},0,0,null,0,null,null,null,null,null,"Libre","BS - 220",null,"BU - 73 - aff",0,null,null,null,null,null,null,null,null,null,null,null,null,null,null,null,null,null,null,null,null,null,null,null,null,null,null,null,null,null,null,null,null,null,{"$f":"Base!AH150&\", \"&Base!AI150","v":"Christen , Thomas"},{"$f":"Base!AN150&\" \"&Base!AO150&\", \"&Base!AK150&\" \"&Base!AL150","v":"8157 Dielsdorf, Buchserstrasse 17"},{"$f":"CONCATENATE(TEXT(DATE(YEAR(Base!AJ150),MONTH(Base!AJ150),DAY(Base!AJ150)),\"jj.mm.aaaa\"),\", \",FN152,IF(Base!D150=\"\",\"\",\" - \"),Base!D150)","v":"11.08.1953, 756.6639.9054.28 - 2262936/2"},{"$f":"Base!AR150","v":"Helsana Assurances SA"},{"$f":"LEFT(Base!J150,10)","v":"2022-01-30"},{"$f":"CONCATENATE(Base!L150,IF(Base!L150=0,\"\",\", \"),Base!M150,\" \",Base!N150,\", \",Base!P150,\" \",Base!Q150)","v":"Hôpital de Sion, Avenue du Grand-Champsec 80, 1950 Sion"},{"$f":"CONCATENATE(Base!V150,\", \",Base!Z150,\" \",Base!AA150,\", \",Base!W150,\" \",Base!X150)","v":"Stadtspital Triemli Zürich, 8063 Zürich, Birmensdorferstrasse 497"},null,{"$f":"CONCATENATE(RIGHT(LEFT(Base!J150,16),5),\" - \",RIGHT(LEFT(Base!K150,16),5))","v":"14:41 - 22:52"},{"$f":"Base!AF150&\" - \"&Base!I150","v":"Maladie - S3"},null,null,null,null,null,null,null,null,null,null,null,null,null,null,null,null,null,null,{"$f":"Base!H150","v":"Uvrier"},2,null,null,null,null,null,null,null,null,null,2,null,null,null,null,null,null,null,null,null,null,null,null,null,null,null,null,null,null,null,null,null,{"$f":"IF(Base!U150=\"Privée\",2,1)","v":2},{"$f":"IF(OR(LEFT(Base!AS150,1)=\"1\",LEFT(Base!AS150)=\"2\"),RIGHT(Base!AS150,LEN(Base!AS150)-1),Base!AS150)","v":"756.6639.9054.28"},{"$f":"Base!AU150","v":"Établissement"},{"$f":"OR(CONCATENATE(Base!AW150,Base!AX150)=CONCATENATE(Base!AH150,Base!AI150),FO152=\"Établissement\")","v":true},{"$f":"Base!I150","v":"S3"}]
[{"$f":"Base!A151","v":4254},{"$f":"20","v":20},{"$f":"Base!B151","v":"2022-02-11"},null,{"$f":"Base!AE151","v":"VS22003111"},null,null,null,null,null,"<AUTO>",null,null,null,null,"URL (Libre)",null,null,{"$f":"Base!E151&\" - \"&Base!H151&\" - \"&Base!D151","v":"16575 - Uvrier - 2262936/2"},{"$f":"IF(AND(Base!AT151<1000,Base!AT151>99),Base!AT151,IF(FO153=\"Établissement\",VALUE(CONCATENATE(LEN(SUBSTITUTE(V153,\" \",\"\")),LEN(V153),AA153,COLUMN(INDIRECT(LEFT(V153,1)&1)),LEN(SUBSTITUTE(V153,\"-\",\"\")))),IF(FN153=\"\",VALUE(CONCATENATE(COLUMN(INDIRECT(LEFT(W153,1)&1)),COLUMN(INDIRECT(LEFT(X153,1)&1)),AO153,CODE(AA153))),VALUE(SUBSTITUTE(SUBSTITUTE(SUBSTITUTE(FN153,\".\",\"\"),\" \",\"\"),\"-\",\"\")))))","v":101},null,{"$f":"SUBSTITUTE(IF(Base!BF151=0,\"\",Base!BF151),\" (facturation)\",\"\")","v":"Hôpital du Valais - Direction des Finances/Service des fournisseurs"},{"$f":"IF(Base!AW151=0,\"\",Base!AH151)","v":""},{"$f":"IF(Base!AX151=0,\"\",Base!AI151)","v":""},{"$f":"IF(Base!AW151=0,Base!AY151&\" \"&Base!AZ151,Base!AK151&\" \"&Base!AL151)","v":"Avenue Grand-Champsec 86"},{"$f":"IF(IF(Base!AW151=0,Base!BA151,Base!AM151)=0,\"\",IF(Base!AW151=0,Base!BA151,Base!AM151))","v":"Case postale 696"},{"$f":"IF(Base!AW151=0,Base!BB151,Base!AN151)","v":1951},{"$f":"IF(Base!AW151=0,Base!BC151,Base!AO151)","v":"Sion"},null,null,null,null,null,null,null,null,null,null,null,null,{"$f":"Base!AJ151","v":"1953-08-11"},{"$f":"IF(FO153=\"Établissement\",\"\",IF(Base!AG151=\"Masculin\",\"Monsieur\",IF(Base!AG151=\"Féminin\",\"Madame\",\"\")))","v":""},{"$f":"IF(FP153=FALSE,CONCATENATE(IF(Base!AV151=\"Masculin\",\"Monsieur\",IF(Base!AV151=\"Féminin\",\"Madame\",\"\")),\"#chr(13)##chr(10)#\",Base!AW151,\" \",Base!AX151, \"#chr(13)##chr(10)#\",Base!AY151,\" \",Base!AZ151, \"#chr(13)##chr(10)#\",Base!BA151, \"#chr(13)##chr(10)#\",Base!BB151,\" \",Base!BC151),\"\")","v":""},null,"",null,{"$f":"IF(AND(Base!AT151<200,Base!AT151>99),1,0)","v":1},null,0,{"$f":"Base!BG151","v":"CLN.9432"},{"$f":"Base!BH151& \"#chr(13)##chr(10)#\" &Base!BI151","v":"Supplément pour dimanche et jour férié#chr(13)##chr(10)#50% sur CHF 2'930.00"},null,{"$f":"Base!BJ151","v":1},{"$f":"Base!BK151","v":1465},{"$f":"IF(Base!BL151=\"\",\"\",Base!BL151)","v":""},null,{"$f":"Base!BM151","v":1465},null,null,{"$f":"IF(Base!H151=\"Uvrier\",3018,VLOOKUP(FQ153,$GV$2:$GX$7,FM153+1,0))","v":3018},0,0,null,0,null,null,null,null,null,"Libre","BS - 221",null,"BU - 73 - aff",0,null,null,null,null,null,null,null,null,null,null,null,null,null,null,null,null,null,null,null,null,null,null,null,null,null,null,null,null,null,null,null,null,null,{"$f":"Base!AH151&\", \"&Base!AI151","v":"Christen , Thomas"},{"$f":"Base!AN151&\" \"&Base!AO151&\", \"&Base!AK151&\" \"&Base!AL151","v":"8157 Dielsdorf, Buchserstrasse 17"},{"$f":"CONCATENATE(TEXT(DATE(YEAR(Base!AJ151),MONTH(Base!AJ151),DAY(Base!AJ151)),\"jj.mm.aaaa\"),\", \",FN153,IF(Base!D151=\"\",\"\",\" - \"),Base!D151)","v":"11.08.1953, 756.6639.9054.28 - 2262936/2"},{"$f":"Base!AR151","v":"Helsana Assurances SA"},{"$f":"LEFT(Base!J151,10)","v":"2022-01-30"},{"$f":"CONCATENATE(Base!L151,IF(Base!L151=0,\"\",\", \"),Base!M151,\" \",Base!N151,\", \",Base!P151,\" \",Base!Q151)","v":"Hôpital de Sion, Avenue du Grand-Champsec 80, 1950 Sion"},{"$f":"CONCATENATE(Base!V151,\", \",Base!Z151,\" \",Base!AA151,\", \",Base!W151,\" \",Base!X151)","v":"Stadtspital Triemli Zürich, 8063 Zürich, Birmensdorferstrasse 497"},null,{"$f":"CONCATENATE(RIGHT(LEFT(Base!J151,16),5),\" - \",RIGHT(LEFT(Base!K151,16),5))","v":"14:41 - 22:52"},{"$f":"Base!AF151&\" - \"&Base!I151","v":"Maladie - S3"},null,null,null,null,null,null,null,null,null,null,null,null,null,null,null,null,null,null,{"$f":"Base!H151","v":"Uvrier"},2,null,null,null,null,null,null,null,null,null,2,null,null,null,null,null,null,null,null,null,null,null,null,null,null,null,null,null,null,null,null,null,{"$f":"IF(Base!U151=\"Privée\",2,1)","v":2},{"$f":"IF(OR(LEFT(Base!AS151,1)=\"1\",LEFT(Base!AS151)=\"2\"),RIGHT(Base!AS151,LEN(Base!AS151)-1),Base!AS151)","v":"756.6639.9054.28"},{"$f":"Base!AU151","v":"Établissement"},{"$f":"OR(CONCATENATE(Base!AW151,Base!AX151)=CONCATENATE(Base!AH151,Base!AI151),FO153=\"Établissement\")","v":true},{"$f":"Base!I151","v":"S3"}]
[{"$f":"Base!A152","v":4291},{"$f":"20","v":20},{"$f":"Base!B152","v":"2022-02-11"},null,{"$f":"Base!AE152","v":"VS22003157"},null,null,null,null,null,"<AUTO>",null,null,null,null,"URL (Libre)",null,null,{"$f":"Base!E152&\" - \"&Base!H152&\" - \"&Base!D152","v":"16621 - Uvrier - "},{"$f":"IF(AND(Base!AT152<1000,Base!AT152>99),Base!AT152,IF(FO154=\"Établissement\",VALUE(CONCATENATE(LEN(SUBSTITUTE(V154,\" \",\"\")),LEN(V154),AA154,COLUMN(INDIRECT(LEFT(V154,1)&1)),LEN(SUBSTITUTE(V154,\"-\",\"\")))),IF(FN154=\"\",VALUE(CONCATENATE(COLUMN(INDIRECT(LEFT(W154,1)&1)),COLUMN(INDIRECT(LEFT(X154,1)&1)),AO154,CODE(AA154))),VALUE(SUBSTITUTE(SUBSTITUTE(SUBSTITUTE(FN154,\".\",\"\"),\" \",\"\"),\"-\",\"\")))))","v":7562788308653},null,{"$f":"SUBSTITUTE(IF(Base!BF152=0,\"\",Base!BF152),\" (facturation)\",\"\")","v":""},{"$f":"IF(Base!AW152=0,\"\",Base!AH152)","v":"Bischoff"},{"$f":"IF(Base!AX152=0,\"\",Base!AI152)","v":"Roland"},{"$f":"IF(Base!AW152=0,Base!AY152&\" \"&Base!AZ152,Base!AK152&\" \"&Base!AL152)","v":"Avenue Général-Guisan 38"},{"$f":"IF(IF(Base!AW152=0,Base!BA152,Base!AM152)=0,\"\",IF(Base!AW152=0,Base!BA152,Base!AM152))","v":""},{"$f":"IF(Base!AW152=0,Base!BB152,Base!AN152)","v":3960},{"$f":"IF(Base!AW152=0,Base!BC152,Base!AO152)","v":"Sierre"},null,null,null,null,null,null,null,null,null,null,null,null,{"$f":"Base!AJ152","v":"1929-09-28"},{"$f":"IF(FO154=\"Établissement\",\"\",IF(Base!AG152=\"Masculin\",\"Monsieur\",IF(Base!AG152=\"Féminin\",\"Madame\",\"\")))","v":"Monsieur"},{"$f":"IF(FP154=FALSE,CONCATENATE(IF(Base!AV152=\"Masculin\",\"Monsieur\",IF(Base!AV152=\"Féminin\",\"Madame\",\"\")),\"#chr(13)##chr(10)#\",Base!AW152,\" \",Base!AX152, \"#chr(13)##chr(10)#\",Base!AY152,\" \",Base!AZ152, \"#chr(13)##chr(10)#\",Base!BA152, \"#chr(13)##chr(10)#\",Base!BB152,\" \",Base!BC152),\"\")","v":"Madame#chr(13)##chr(10)#Bischoff Jeannine#chr(13)##chr(10)#Avenue Général-Guisan 38#chr(13)##chr(10)##chr(13)##chr(10)#3960 Sierre"},null,"Monsieur",null,{"$f":"IF(AND(Base!AT152<200,Base!AT152>99),1,0)","v":0},null,0,{"$f":"Base!BG152","v":"CLN.9403 "},{"$f":"Base!BH152& \"#chr(13)##chr(10)#\" &Base!BI152","v":"Taxe de base transport S3#chr(13)##chr(10)#"},null,{"$f":"Base!BJ152","v":1},{"$f":"Base!BK152","v":200},{"$f":"IF(Base!BL152=\"\",\"\",Base!BL152)","v":""},null,{"$f":"Base!BM152","v":200},null,null,{"$f":"IF(Base!H152=\"Uvrier\",3018,VLOOKUP(FQ154,$GV$2:$GX$7,FM154+1,0))","v":3018},0,0,null,0,null,null,null,null,null,"Libre","BS - 222",null,"BU - 73 - aff",0,null,null,null,null,null,null,null,null,null,null,null,null,null,null,null,null,null,null,null,null,null,null,null,null,null,null,null,null,null,null,null,null,null,{"$f":"Base!AH152&\", \"&Base!AI152","v":"Bischoff, Roland"},{"$f":"Base!AN152&\" \"&Base!AO152&\", \"&Base!AK152&\" \"&Base!AL152","v":"3960 Sierre, Avenue Général-Guisan 38"},{"$f":"CONCATENATE(TEXT(DATE(YEAR(Base!AJ152),MONTH(Base!AJ152),DAY(Base!AJ152)),\"jj.mm.aaaa\"),\", \",FN154,IF(Base!D152=\"\",\"\",\" - \"),Base!D152)","v":"28.09.1929, 756.2788.3086.53"},{"$f":"Base!AR152","v":"Sanitas Grundversicherungen AG"},{"$f":"LEFT(Base!J152,10)","v":"2022-01-30"},{"$f":"CONCATENATE(Base!L152,IF(Base!L152=0,\"\",\", \"),Base!M152,\" \",Base!N152,\", \",Base!P152,\" \",Base!Q152)","v":"Hôpital de Sion, Avenue du Grand-Champsec 80, 1950 Sion"},{"$f":"CONCATENATE(Base!V152,\", \",Base!Z152,\" \",Base!AA152,\", \",Base!W152,\" \",Base!X152)","v":"Résidence Beaulieu, 3960 Sierre, Place Beaulieu 2b"},null,{"$f":"CONCATENATE(RIGHT(LEFT(Base!J152,16),5),\" - \",RIGHT(LEFT(Base!K152,16),5))","v":"23:50 - 00:46"},{"$f":"Base!AF152&\" - \"&Base!I152","v":"Maladie - S3"},null,null,null,null,null,null,null,null,null,null,null,null,null,null,null,null,null,null,{"$f":"Base!H152","v":"Uvrier"},2,null,null,null,null,null,null,null,null,null,2,null,null,null,null,null,null,null,null,null,null,null,null,null,null,null,null,null,null,null,null,null,{"$f":"IF(Base!U152=\"Privée\",2,1)","v":2},{"$f":"IF(OR(LEFT(Base!AS152,1)=\"1\",LEFT(Base!AS152)=\"2\"),RIGHT(Base!AS152,LEN(Base!AS152)-1),Base!AS152)","v":"756.2788.3086.53"},{"$f":"Base!AU152","v":"Personne"},{"$f":"OR(CONCATENATE(Base!AW152,Base!AX152)=CONCATENATE(Base!AH152,Base!AI152),FO154=\"Établissement\")","v":false},{"$f":"Base!I152","v":"S3"}]
[{"$f":"Base!A153","v":4291},{"$f":"20","v":20},{"$f":"Base!B153","v":"2022-02-11"},null,{"$f":"Base!AE153","v":"VS22003157"},null,null,null,null,null,"<AUTO>",null,null,null,null,"URL (Libre)",null,null,{"$f":"Base!E153&\" - \"&Base!H153&\" - \"&Base!D153","v":"16621 - Uvrier - "},{"$f":"IF(AND(Base!AT153<1000,Base!AT153>99),Base!AT153,IF(FO155=\"Établissement\",VALUE(CONCATENATE(LEN(SUBSTITUTE(V155,\" \",\"\")),LEN(V155),AA155,COLUMN(INDIRECT(LEFT(V155,1)&1)),LEN(SUBSTITUTE(V155,\"-\",\"\")))),IF(FN155=\"\",VALUE(CONCATENATE(COLUMN(INDIRECT(LEFT(W155,1)&1)),COLUMN(INDIRECT(LEFT(X155,1)&1)),AO155,CODE(AA155))),VALUE(SUBSTITUTE(SUBSTITUTE(SUBSTITUTE(FN155,\".\",\"\"),\" \",\"\"),\"-\",\"\")))))","v":7562788308653},null,{"$f":"SUBSTITUTE(IF(Base!BF153=0,\"\",Base!BF153),\" (facturation)\",\"\")","v":""},{"$f":"IF(Base!AW153=0,\"\",Base!AH153)","v":"Bischoff"},{"$f":"IF(Base!AX153=0,\"\",Base!AI153)","v":"Roland"},{"$f":"IF(Base!AW153=0,Base!AY153&\" \"&Base!AZ153,Base!AK153&\" \"&Base!AL153)","v":"Avenue Général-Guisan 38"},{"$f":"IF(IF(Base!AW153=0,Base!BA153,Base!AM153)=0,\"\",IF(Base!AW153=0,Base!BA153,Base!AM153))","v":""},{"$f":"IF(Base!AW153=0,Base!BB153,Base!AN153)","v":3960},{"$f":"IF(Base!AW153=0,Base!BC153,Base!AO153)","v":"Sierre"},null,null,null,null,null,null,null,null,null,null,null,null,{"$f":"Base!AJ153","v":"1929-09-28"},{"$f":"IF(FO155=\"Établissement\",\"\",IF(Base!AG153=\"Masculin\",\"Monsieur\",IF(Base!AG153=\"Féminin\",\"Madame\",\"\")))","v":"Monsieur"},{"$f":"IF(FP155=FALSE,CONCATENATE(IF(Base!AV153=\"Masculin\",\"Monsieur\",IF(Base!AV153=\"Féminin\",\"Madame\",\"\")),\"#chr(13)##chr(10)#\",Base!AW153,\" \",Base!AX153, \"#chr(13)##chr(10)#\",Base!AY153,\" \",Base!AZ153, \"#chr(13)##chr(10)#\",Base!BA153, \"#chr(13)##chr(10)#\",Base!BB153,\" \",Base!BC153),\"\")","v":"Madame#chr(13)##chr(10)#Bischoff Jeannine#chr(13)##chr(10)#Avenue Général-Guisan 38#chr(13)##chr(10)##chr(13)##chr(10)#3960 Sierre"},null,"Monsieur",null,{"$f":"IF(AND(Base!AT153<200,Base!AT153>99),1,0)","v":0},null,0,{"$f":"Base!BG153","v":"CLN.9404"},{"$f":"Base!BH153& \"#chr(13)##chr(10)#\" &Base!BI153","v":"Indemnisation kilométrique#chr(13)##chr(10)#"},null,{"$f":"Base!BJ153","v":30},{"$f":"Base!BK153","v":4.5},{"$f":"IF(Base!BL153=\"\",\"\",Base!BL153)","v":"km"},null,{"$f":"Base!BM153","v":135},null,null,{"$f":"IF(Base!H153=\"Uvrier\",3018,VLOOKUP(FQ155,$GV$2:$GX$7,FM155+1,0))","v":3018},0,0,null,0,null,null,null,null,null,"Libre","BS - 223",null,"BU - 73 - aff",0,null,null,null,null,null,null,null,null,null,null,null,null,null,null,null,null,null,null,null,null,null,null,null,null,null,null,null,null,null,null,null,null,null,{"$f":"Base!AH153&\", \"&Base!AI153","v":"Bischoff, Roland"},{"$f":"Base!AN153&\" \"&Base!AO153&\", \"&Base!AK153&\" \"&Base!AL153","v":"3960 Sierre, Avenue Général-Guisan 38"},{"$f":"CONCATENATE(TEXT(DATE(YEAR(Base!AJ153),MONTH(Base!AJ153),DAY(Base!AJ153)),\"jj.mm.aaaa\"),\", \",FN155,IF(Base!D153=\"\",\"\",\" - \"),Base!D153)","v":"28.09.1929, 756.2788.3086.53"},{"$f":"Base!AR153","v":"Sanitas Grundversicherungen AG"},{"$f":"LEFT(Base!J153,10)","v":"2022-01-30"},{"$f":"CONCATENATE(Base!L153,IF(Base!L153=0,\"\",\", \"),Base!M153,\" \",Base!N153,\", \",Base!P153,\" \",Base!Q153)","v":"Hôpital de Sion, Avenue du Grand-Champsec 80, 1950 Sion"},{"$f":"CONCATENATE(Base!V153,\", \",Base!Z153,\" \",Base!AA153,\", \",Base!W153,\" \",Base!X153)","v":"Résidence Beaulieu, 3960 Sierre, Place Beaulieu 2b"},null,{"$f":"CONCATENATE(RIGHT(LEFT(Base!J153,16),5),\" - \",RIGHT(LEFT(Base!K153,16),5))","v":"23:50 - 00:46"},{"$f":"Base!AF153&\" - \"&Base!I153","v":"Maladie - S3"},null,null,null,null,null,null,null,null,null,null,null,null,null,null,null,null,null,null,{"$f":"Base!H153","v":"Uvrier"},2,null,null,null,null,null,null,null,null,null,2,null,null,null,null,null,null,null,null,null,null,null,null,null,null,null,null,null,null,null,null,null,{"$f":"IF(Base!U153=\"Privée\",2,1)","v":2},{"$f":"IF(OR(LEFT(Base!AS153,1)=\"1\",LEFT(Base!AS153)=\"2\"),RIGHT(Base!AS153,LEN(Base!AS153)-1),Base!AS153)","v":"756.2788.3086.53"},{"$f":"Base!AU153","v":"Personne"},{"$f":"OR(CONCATENATE(Base!AW153,Base!AX153)=CONCATENATE(Base!AH153,Base!AI153),FO155=\"Établissement\")","v":false},{"$f":"Base!I153","v":"S3"}]
[{"$f":"Base!A154","v":4291},{"$f":"20","v":20},{"$f":"Base!B154","v":"2022-02-11"},null,{"$f":"Base!AE154","v":"VS22003157"},null,null,null,null,null,"<AUTO>",null,null,null,null,"URL (Libre)",null,null,{"$f":"Base!E154&\" - \"&Base!H154&\" - \"&Base!D154","v":"16621 - Uvrier - "},{"$f":"IF(AND(Base!AT154<1000,Base!AT154>99),Base!AT154,IF(FO156=\"Établissement\",VALUE(CONCATENATE(LEN(SUBSTITUTE(V156,\" \",\"\")),LEN(V156),AA156,COLUMN(INDIRECT(LEFT(V156,1)&1)),LEN(SUBSTITUTE(V156,\"-\",\"\")))),IF(FN156=\"\",VALUE(CONCATENATE(COLUMN(INDIRECT(LEFT(W156,1)&1)),COLUMN(INDIRECT(LEFT(X156,1)&1)),AO156,CODE(AA156))),VALUE(SUBSTITUTE(SUBSTITUTE(SUBSTITUTE(FN156,\".\",\"\"),\" \",\"\"),\"-\",\"\")))))","v":7562788308653},null,{"$f":"SUBSTITUTE(IF(Base!BF154=0,\"\",Base!BF154),\" (facturation)\",\"\")","v":""},{"$f":"IF(Base!AW154=0,\"\",Base!AH154)","v":"Bischoff"},{"$f":"IF(Base!AX154=0,\"\",Base!AI154)","v":"Roland"},{"$f":"IF(Base!AW154=0,Base!AY154&\" \"&Base!AZ154,Base!AK154&\" \"&Base!AL154)","v":"Avenue Général-Guisan 38"},{"$f":"IF(IF(Base!AW154=0,Base!BA154,Base!AM154)=0,\"\",IF(Base!AW154=0,Base!BA154,Base!AM154))","v":""},{"$f":"IF(Base!AW154=0,Base!BB154,Base!AN154)","v":3960},{"$f":"IF(Base!AW154=0,Base!BC154,Base!AO154)","v":"Sierre"},null,null,null,null,null,null,null,null,null,null,null,null,{"$f":"Base!AJ154","v":"1929-09-28"},{"$f":"IF(FO156=\"Établissement\",\"\",IF(Base!AG154=\"Masculin\",\"Monsieur\",IF(Base!AG154=\"Féminin\",\"Madame\",\"\")))","v":"Monsieur"},{"$f":"IF(FP156=FALSE,CONCATENATE(IF(Base!AV154=\"Masculin\",\"Monsieur\",IF(Base!AV154=\"Féminin\",\"Madame\",\"\")),\"#chr(13)##chr(10)#\",Base!AW154,\" \",Base!AX154, \"#chr(13)##chr(10)#\",Base!AY154,\" \",Base!AZ154, \"#chr(13)##chr(10)#\",Base!BA154, \"#chr(13)##chr(10)#\",Base!BB154,\" \",Base!BC154),\"\")","v":"Madame#chr(13)##chr(10)#Bischoff Jeannine#chr(13)##chr(10)#Avenue Général-Guisan 38#chr(13)##chr(10)##chr(13)##chr(10)#3960 Sierre"},null,"Monsieur",null,{"$f":"IF(AND(Base!AT154<200,Base!AT154>99),1,0)","v":0},null,0,{"$f":"Base!BG154","v":"CLN.9411"},{"$f":"Base!BH154& \"#chr(13)##chr(10)#\" &Base!BI154","v":"Personnel soignant reconnu (par personne et par quart d'heure entamé)#chr(13)##chr(10)#2 collaborateur(s) x 4 quarts d’heure"},null,{"$f":"Base!BJ154","v":8},{"$f":"Base!BK154","v":35},{"$f":"IF(Base!BL154=\"\",\"\",Base!BL154)","v":"¼ d'heure"},null,{"$f":"Base!BM154","v":280},null,null,{"$f":"IF(Base!H154=\"Uvrier\",3018,VLOOKUP(FQ156,$GV$2:$GX$7,FM156+1,0))","v":3018},0,0,null,0,null,null,null,null,null,"Libre","BS - 224",null,"BU - 73 - aff",0,null,null,null,null,null,null,null,null,null,null,null,null,null,null,null,null,null,null,null,null,null,null,null,null,null,null,null,null,null,null,null,null,null,{"$f":"Base!AH154&\", \"&Base!AI154","v":"Bischoff, Roland"},{"$f":"Base!AN154&\" \"&Base!AO154&\", \"&Base!AK154&\" \"&Base!AL154","v":"3960 Sierre, Avenue Général-Guisan 38"},{"$f":"CONCATENATE(TEXT(DATE(YEAR(Base!AJ154),MONTH(Base!AJ154),DAY(Base!AJ154)),\"jj.mm.aaaa\"),\", \",FN156,IF(Base!D154=\"\",\"\",\" - \"),Base!D154)","v":"28.09.1929, 756.2788.3086.53"},{"$f":"Base!AR154","v":"Sanitas Grundversicherungen AG"},{"$f":"LEFT(Base!J154,10)","v":"2022-01-30"},{"$f":"CONCATENATE(Base!L154,IF(Base!L154=0,\"\",\", \"),Base!M154,\" \",Base!N154,\", \",Base!P154,\" \",Base!Q154)","v":"Hôpital de Sion, Avenue du Grand-Champsec 80, 1950 Sion"},{"$f":"CONCATENATE(Base!V154,\", \",Base!Z154,\" \",Base!AA154,\", \",Base!W154,\" \",Base!X154)","v":"Résidence Beaulieu, 3960 Sierre, Place Beaulieu 2b"},null,{"$f":"CONCATENATE(RIGHT(LEFT(Base!J154,16),5),\" - \",RIGHT(LEFT(Base!K154,16),5))","v":"23:50 - 00:46"},{"$f":"Base!AF154&\" - \"&Base!I154","v":"Maladie - S3"},null,null,null,null,null,null,null,null,null,null,null,null,null,null,null,null,null,null,{"$f":"Base!H154","v":"Uvrier"},2,null,null,null,null,null,null,null,null,null,2,null,null,null,null,null,null,null,null,null,null,null,null,null,null,null,null,null,null,null,null,null,{"$f":"IF(Base!U154=\"Privée\",2,1)","v":2},{"$f":"IF(OR(LEFT(Base!AS154,1)=\"1\",LEFT(Base!AS154)=\"2\"),RIGHT(Base!AS154,LEN(Base!AS154)-1),Base!AS154)","v":"756.2788.3086.53"},{"$f":"Base!AU154","v":"Personne"},{"$f":"OR(CONCATENATE(Base!AW154,Base!AX154)=CONCATENATE(Base!AH154,Base!AI154),FO156=\"Établissement\")","v":false},{"$f":"Base!I154","v":"S3"}]
[{"$f":"Base!A155","v":4291},{"$f":"20","v":20},{"$f":"Base!B155","v":"2022-02-11"},null,{"$f":"Base!AE155","v":"VS22003157"},null,null,null,null,null,"<AUTO>",null,null,null,null,"URL (Libre)",null,null,{"$f":"Base!E155&\" - \"&Base!H155&\" - \"&Base!D155","v":"16621 - Uvrier - "},{"$f":"IF(AND(Base!AT155<1000,Base!AT155>99),Base!AT155,IF(FO157=\"Établissement\",VALUE(CONCATENATE(LEN(SUBSTITUTE(V157,\" \",\"\")),LEN(V157),AA157,COLUMN(INDIRECT(LEFT(V157,1)&1)),LEN(SUBSTITUTE(V157,\"-\",\"\")))),IF(FN157=\"\",VALUE(CONCATENATE(COLUMN(INDIRECT(LEFT(W157,1)&1)),COLUMN(INDIRECT(LEFT(X157,1)&1)),AO157,CODE(AA157))),VALUE(SUBSTITUTE(SUBSTITUTE(SUBSTITUTE(FN157,\".\",\"\"),\" \",\"\"),\"-\",\"\")))))","v":7562788308653},null,{"$f":"SUBSTITUTE(IF(Base!BF155=0,\"\",Base!BF155),\" (facturation)\",\"\")","v":""},{"$f":"IF(Base!AW155=0,\"\",Base!AH155)","v":"Bischoff"},{"$f":"IF(Base!AX155=0,\"\",Base!AI155)","v":"Roland"},{"$f":"IF(Base!AW155=0,Base!AY155&\" \"&Base!AZ155,Base!AK155&\" \"&Base!AL155)","v":"Avenue Général-Guisan 38"},{"$f":"IF(IF(Base!AW155=0,Base!BA155,Base!AM155)=0,\"\",IF(Base!AW155=0,Base!BA155,Base!AM155))","v":""},{"$f":"IF(Base!AW155=0,Base!BB155,Base!AN155)","v":3960},{"$f":"IF(Base!AW155=0,Base!BC155,Base!AO155)","v":"Sierre"},null,null,null,null,null,null,null,null,null,null,null,null,{"$f":"Base!AJ155","v":"1929-09-28"},{"$f":"IF(FO157=\"Établissement\",\"\",IF(Base!AG155=\"Masculin\",\"Monsieur\",IF(Base!AG155=\"Féminin\",\"Madame\",\"\")))","v":"Monsieur"},{"$f":"IF(FP157=FALSE,CONCATENATE(IF(Base!AV155=\"Masculin\",\"Monsieur\",IF(Base!AV155=\"Féminin\",\"Madame\",\"\")),\"#chr(13)##chr(10)#\",Base!AW155,\" \",Base!AX155, \"#chr(13)##chr(10)#\",Base!AY155,\" \",Base!AZ155, \"#chr(13)##chr(10)#\",Base!BA155, \"#chr(13)##chr(10)#\",Base!BB155,\" \",Base!BC155),\"\")","v":"Madame#chr(13)##chr(10)#Bischoff Jeannine#chr(13)##chr(10)#Avenue Général-Guisan 38#chr(13)##chr(10)##chr(13)##chr(10)#3960 Sierre"},null,"Monsieur",null,{"$f":"IF(AND(Base!AT155<200,Base!AT155>99),1,0)","v":0},null,0,{"$f":"Base!BG155","v":"CLN.9431"},{"$f":"Base!BH155& \"#chr(13)##chr(10)#\" &Base!BI155","v":"Supplément de nuit  20h00-08h00#chr(13)##chr(10)#25% sur CHF 280.00"},null,{"$f":"Base!BJ155","v":1},{"$f":"Base!BK155","v":70},{"$f":"IF(Base!BL155=\"\",\"\",Base!BL155)","v":""},null,{"$f":"Base!BM155","v":70},null,null,{"$f":"IF(Base!H155=\"Uvrier\",3018,VLOOKUP(FQ157,$GV$2:$GX$7,FM157+1,0))","v":3018},0,0,null,0,null,null,null,null,null,"Libre","BS - 225",null,"BU - 73 - aff",0,null,null,null,null,null,null,null,null,null,null,null,null,null,null,null,null,null,null,null,null,null,null,null,null,null,null,null,null,null,null,null,null,null,{"$f":"Base!AH155&\", \"&Base!AI155","v":"Bischoff, Roland"},{"$f":"Base!AN155&\" \"&Base!AO155&\", \"&Base!AK155&\" \"&Base!AL155","v":"3960 Sierre, Avenue Général-Guisan 38"},{"$f":"CONCATENATE(TEXT(DATE(YEAR(Base!AJ155),MONTH(Base!AJ155),DAY(Base!AJ155)),\"jj.mm.aaaa\"),\", \",FN157,IF(Base!D155=\"\",\"\",\" - \"),Base!D155)","v":"28.09.1929, 756.2788.3086.53"},{"$f":"Base!AR155","v":"Sanitas Grundversicherungen AG"},{"$f":"LEFT(Base!J155,10)","v":"2022-01-30"},{"$f":"CONCATENATE(Base!L155,IF(Base!L155=0,\"\",\", \"),Base!M155,\" \",Base!N155,\", \",Base!P155,\" \",Base!Q155)","v":"Hôpital de Sion, Avenue du Grand-Champsec 80, 1950 Sion"},{"$f":"CONCATENATE(Base!V155,\", \",Base!Z155,\" \",Base!AA155,\", \",Base!W155,\" \",Base!X155)","v":"Résidence Beaulieu, 3960 Sierre, Place Beaulieu 2b"},null,{"$f":"CONCATENATE(RIGHT(LEFT(Base!J155,16),5),\" - \",RIGHT(LEFT(Base!K155,16),5))","v":"23:50 - 00:46"},{"$f":"Base!AF155&\" - \"&Base!I155","v":"Maladie - S3"},null,null,null,null,null,null,null,null,null,null,null,null,null,null,null,null,null,null,{"$f":"Base!H155","v":"Uvrier"},2,null,null,null,null,null,null,null,null,null,2,null,null,null,null,null,null,null,null,null,null,null,null,null,null,null,null,null,null,null,null,null,{"$f":"IF(Base!U155=\"Privée\",2,1)","v":2},{"$f":"IF(OR(LEFT(Base!AS155,1)=\"1\",LEFT(Base!AS155)=\"2\"),RIGHT(Base!AS155,LEN(Base!AS155)-1),Base!AS155)","v":"756.2788.3086.53"},{"$f":"Base!AU155","v":"Personne"},{"$f":"OR(CONCATENATE(Base!AW155,Base!AX155)=CONCATENATE(Base!AH155,Base!AI155),FO157=\"Établissement\")","v":false},{"$f":"Base!I155","v":"S3"}]
[{"$f":"Base!A156","v":4292},{"$f":"20","v":20},{"$f":"Base!B156","v":"2022-02-11"},null,{"$f":"Base!AE156","v":"VS22003169"},null,null,null,null,null,"<AUTO>",null,null,null,null,"URL (Libre)",null,null,{"$f":"Base!E156&\" - \"&Base!H156&\" - \"&Base!D156","v":"16633 - Uvrier - "},{"$f":"IF(AND(Base!AT156<1000,Base!AT156>99),Base!AT156,IF(FO158=\"Établissement\",VALUE(CONCATENATE(LEN(SUBSTITUTE(V158,\" \",\"\")),LEN(V158),AA158,COLUMN(INDIRECT(LEFT(V158,1)&1)),LEN(SUBSTITUTE(V158,\"-\",\"\")))),IF(FN158=\"\",VALUE(CONCATENATE(COLUMN(INDIRECT(LEFT(W158,1)&1)),COLUMN(INDIRECT(LEFT(X158,1)&1)),AO158,CODE(AA158))),VALUE(SUBSTITUTE(SUBSTITUTE(SUBSTITUTE(FN158,\".\",\"\"),\" \",\"\"),\"-\",\"\")))))","v":103},null,{"$f":"SUBSTITUTE(IF(Base!BF156=0,\"\",Base!BF156),\" (facturation)\",\"\")","v":"Clinique Genevoise de Montana - Comptabilité"},{"$f":"IF(Base!AW156=0,\"\",Base!AH156)","v":""},{"$f":"IF(Base!AX156=0,\"\",Base!AI156)","v":""},{"$f":"IF(Base!AW156=0,Base!AY156&\" \"&Base!AZ156,Base!AK156&\" \"&Base!AL156)","v":"Impasse Clairmont 2"},{"$f":"IF(IF(Base!AW156=0,Base!BA156,Base!AM156)=0,\"\",IF(Base!AW156=0,Base!BA156,Base!AM156))","v":""},{"$f":"IF(Base!AW156=0,Base!BB156,Base!AN156)","v":3963},{"$f":"IF(Base!AW156=0,Base!BC156,Base!AO156)","v":"Crans-Montana"},null,null,null,null,null,null,null,null,null,null,null,null,{"$f":"Base!AJ156","v":"1943-08-01"},{"$f":"IF(FO158=\"Établissement\",\"\",IF(Base!AG156=\"Masculin\",\"Monsieur\",IF(Base!AG156=\"Féminin\",\"Madame\",\"\")))","v":""},{"$f":"IF(FP158=FALSE,CONCATENATE(IF(Base!AV156=\"Masculin\",\"Monsieur\",IF(Base!AV156=\"Féminin\",\"Madame\",\"\")),\"#chr(13)##chr(10)#\",Base!AW156,\" \",Base!AX156, \"#chr(13)##chr(10)#\",Base!AY156,\" \",Base!AZ156, \"#chr(13)##chr(10)#\",Base!BA156, \"#chr(13)##chr(10)#\",Base!BB156,\" \",Base!BC156),\"\")","v":""},null,"",null,{"$f":"IF(AND(Base!AT156<200,Base!AT156>99),1,0)","v":1},null,0,{"$f":"Base!BG156","v":"CLN.9403 "},{"$f":"Base!BH156& \"#chr(13)##chr(10)#\" &Base!BI156","v":"Taxe de base transport S3#chr(13)##chr(10)#"},null,{"$f":"Base!BJ156","v":1},{"$f":"Base!BK156","v":200},{"$f":"IF(Base!BL156=\"\",\"\",Base!BL156)","v":""},null,{"$f":"Base!BM156","v":200},null,null,{"$f":"IF(Base!H156=\"Uvrier\",3018,VLOOKUP(FQ158,$GV$2:$GX$7,FM158+1,0))","v":3018},0,0,null,0,null,null,null,null,null,"Libre","BS - 226",null,"BU - 73 - aff",0,null,null,null,null,null,null,null,null,null,null,null,null,null,null,null,null,null,null,null,null,null,null,null,null,null,null,null,null,null,null,null,null,null,{"$f":"Base!AH156&\", \"&Base!AI156","v":"Pavignano De Gaudenzi, Grazia"},{"$f":"Base!AN156&\" \"&Base!AO156&\", \"&Base!AK156&\" \"&Base!AL156","v":"1950 Sion, Rue de l'Envol 6"},{"$f":"CONCATENATE(TEXT(DATE(YEAR(Base!AJ156),MONTH(Base!AJ156),DAY(Base!AJ156)),\"jj.mm.aaaa\"),\", \",FN158,IF(Base!D156=\"\",\"\",\" - \"),Base!D156)","v":"01.08.1943, 756.3261.8181.40"},{"$f":"Base!AR156","v":"Helsana Assurances SA"},{"$f":"LEFT(Base!J156,10)","v":"2022-01-31"},{"$f":"CONCATENATE(Base!L156,IF(Base!L156=0,\"\",\", \"),Base!M156,\" \",Base!N156,\", \",Base!P156,\" \",Base!Q156)","v":"Clinique Genevoise, Impasse Clairmont 2, 3963 Crans-Montana"},{"$f":"CONCATENATE(Base!V156,\", \",Base!Z156,\" \",Base!AA156,\", \",Base!W156,\" \",Base!X156)","v":"Permanence de l'Hôpital de Sierre, 3960 Sierre, Rue Saint-Charles 14"},null,{"$f":"CONCATENATE(RIGHT(LEFT(Base!J156,16),5),\" - \",RIGHT(LEFT(Base!K156,16),5))","v":"08:03 - 13:02"},{"$f":"Base!AF156&\" - \"&Base!I156","v":"Maladie - S3"},null,null,null,null,null,null,null,null,null,null,null,null,null,null,null,null,null,null,{"$f":"Base!H156","v":"Uvrier"},2,null,null,null,null,null,null,null,null,null,2,null,null,null,null,null,null,null,null,null,null,null,null,null,null,null,null,null,null,null,null,null,{"$f":"IF(Base!U156=\"Privée\",2,1)","v":2},{"$f":"IF(OR(LEFT(Base!AS156,1)=\"1\",LEFT(Base!AS156)=\"2\"),RIGHT(Base!AS156,LEN(Base!AS156)-1),Base!AS156)","v":"756.3261.8181.40"},{"$f":"Base!AU156","v":"Établissement"},{"$f":"OR(CONCATENATE(Base!AW156,Base!AX156)=CONCATENATE(Base!AH156,Base!AI156),FO158=\"Établissement\")","v":true},{"$f":"Base!I156","v":"S3"}]
[{"$f":"Base!A157","v":4292},{"$f":"20","v":20},{"$f":"Base!B157","v":"2022-02-11"},null,{"$f":"Base!AE157","v":"VS22003169"},null,null,null,null,null,"<AUTO>",null,null,null,null,"URL (Libre)",null,null,{"$f":"Base!E157&\" - \"&Base!H157&\" - \"&Base!D157","v":"16633 - Uvrier - "},{"$f":"IF(AND(Base!AT157<1000,Base!AT157>99),Base!AT157,IF(FO159=\"Établissement\",VALUE(CONCATENATE(LEN(SUBSTITUTE(V159,\" \",\"\")),LEN(V159),AA159,COLUMN(INDIRECT(LEFT(V159,1)&1)),LEN(SUBSTITUTE(V159,\"-\",\"\")))),IF(FN159=\"\",VALUE(CONCATENATE(COLUMN(INDIRECT(LEFT(W159,1)&1)),COLUMN(INDIRECT(LEFT(X159,1)&1)),AO159,CODE(AA159))),VALUE(SUBSTITUTE(SUBSTITUTE(SUBSTITUTE(FN159,\".\",\"\"),\" \",\"\"),\"-\",\"\")))))","v":103},null,{"$f":"SUBSTITUTE(IF(Base!BF157=0,\"\",Base!BF157),\" (facturation)\",\"\")","v":"Clinique Genevoise de Montana - Comptabilité"},{"$f":"IF(Base!AW157=0,\"\",Base!AH157)","v":""},{"$f":"IF(Base!AX157=0,\"\",Base!AI157)","v":""},{"$f":"IF(Base!AW157=0,Base!AY157&\" \"&Base!AZ157,Base!AK157&\" \"&Base!AL157)","v":"Impasse Clairmont 2"},{"$f":"IF(IF(Base!AW157=0,Base!BA157,Base!AM157)=0,\"\",IF(Base!AW157=0,Base!BA157,Base!AM157))","v":""},{"$f":"IF(Base!AW157=0,Base!BB157,Base!AN157)","v":3963},{"$f":"IF(Base!AW157=0,Base!BC157,Base!AO157)","v":"Crans-Montana"},null,null,null,null,null,null,null,null,null,null,null,null,{"$f":"Base!AJ157","v":"1943-08-01"},{"$f":"IF(FO159=\"Établissement\",\"\",IF(Base!AG157=\"Masculin\",\"Monsieur\",IF(Base!AG157=\"Féminin\",\"Madame\",\"\")))","v":""},{"$f":"IF(FP159=FALSE,CONCATENATE(IF(Base!AV157=\"Masculin\",\"Monsieur\",IF(Base!AV157=\"Féminin\",\"Madame\",\"\")),\"#chr(13)##chr(10)#\",Base!AW157,\" \",Base!AX157, \"#chr(13)##chr(10)#\",Base!AY157,\" \",Base!AZ157, \"#chr(13)##chr(10)#\",Base!BA157, \"#chr(13)##chr(10)#\",Base!BB157,\" \",Base!BC157),\"\")","v":""},null,"",null,{"$f":"IF(AND(Base!AT157<200,Base!AT157>99),1,0)","v":1},null,0,{"$f":"Base!BG157","v":"CLN.9404"},{"$f":"Base!BH157& \"#chr(13)##chr(10)#\" &Base!BI157","v":"Indemnisation kilométrique#chr(13)##chr(10)#"},null,{"$f":"Base!BJ157","v":69},{"$f":"Base!BK157","v":4.5},{"$f":"IF(Base!BL157=\"\",\"\",Base!BL157)","v":"km"},null,{"$f":"Base!BM157","v":310.5},null,null,{"$f":"IF(Base!H157=\"Uvrier\",3018,VLOOKUP(FQ159,$GV$2:$GX$7,FM159+1,0))","v":3018},0,0,null,0,null,null,null,null,null,"Libre","BS - 227",null,"BU - 73 - aff",0,null,null,null,null,null,null,null,null,null,null,null,null,null,null,null,null,null,null,null,null,null,null,null,null,null,null,null,null,null,null,null,null,null,{"$f":"Base!AH157&\", \"&Base!AI157","v":"Pavignano De Gaudenzi, Grazia"},{"$f":"Base!AN157&\" \"&Base!AO157&\", \"&Base!AK157&\" \"&Base!AL157","v":"1950 Sion, Rue de l'Envol 6"},{"$f":"CONCATENATE(TEXT(DATE(YEAR(Base!AJ157),MONTH(Base!AJ157),DAY(Base!AJ157)),\"jj.mm.aaaa\"),\", \",FN159,IF(Base!D157=\"\",\"\",\" - \"),Base!D157)","v":"01.08.1943, 756.3261.8181.40"},{"$f":"Base!AR157","v":"Helsana Assurances SA"},{"$f":"LEFT(Base!J157,10)","v":"2022-01-31"},{"$f":"CONCATENATE(Base!L157,IF(Base!L157=0,\"\",\", \"),Base!M157,\" \",Base!N157,\", \",Base!P157,\" \",Base!Q157)","v":"Clinique Genevoise, Impasse Clairmont 2, 3963 Crans-Montana"},{"$f":"CONCATENATE(Base!V157,\", \",Base!Z157,\" \",Base!AA157,\", \",Base!W157,\" \",Base!X157)","v":"Permanence de l'Hôpital de Sierre, 3960 Sierre, Rue Saint-Charles 14"},null,{"$f":"CONCATENATE(RIGHT(LEFT(Base!J157,16),5),\" - \",RIGHT(LEFT(Base!K157,16),5))","v":"08:03 - 13:02"},{"$f":"Base!AF157&\" - \"&Base!I157","v":"Maladie - S3"},null,null,null,null,null,null,null,null,null,null,null,null,null,null,null,null,null,null,{"$f":"Base!H157","v":"Uvrier"},2,null,null,null,null,null,null,null,null,null,2,null,null,null,null,null,null,null,null,null,null,null,null,null,null,null,null,null,null,null,null,null,{"$f":"IF(Base!U157=\"Privée\",2,1)","v":2},{"$f":"IF(OR(LEFT(Base!AS157,1)=\"1\",LEFT(Base!AS157)=\"2\"),RIGHT(Base!AS157,LEN(Base!AS157)-1),Base!AS157)","v":"756.3261.8181.40"},{"$f":"Base!AU157","v":"Établissement"},{"$f":"OR(CONCATENATE(Base!AW157,Base!AX157)=CONCATENATE(Base!AH157,Base!AI157),FO159=\"Établissement\")","v":true},{"$f":"Base!I157","v":"S3"}]
[{"$f":"Base!A158","v":4292},{"$f":"20","v":20},{"$f":"Base!B158","v":"2022-02-11"},null,{"$f":"Base!AE158","v":"VS22003169"},null,null,null,null,null,"<AUTO>",null,null,null,null,"URL (Libre)",null,null,{"$f":"Base!E158&\" - \"&Base!H158&\" - \"&Base!D158","v":"16633 - Uvrier - "},{"$f":"IF(AND(Base!AT158<1000,Base!AT158>99),Base!AT158,IF(FO160=\"Établissement\",VALUE(CONCATENATE(LEN(SUBSTITUTE(V160,\" \",\"\")),LEN(V160),AA160,COLUMN(INDIRECT(LEFT(V160,1)&1)),LEN(SUBSTITUTE(V160,\"-\",\"\")))),IF(FN160=\"\",VALUE(CONCATENATE(COLUMN(INDIRECT(LEFT(W160,1)&1)),COLUMN(INDIRECT(LEFT(X160,1)&1)),AO160,CODE(AA160))),VALUE(SUBSTITUTE(SUBSTITUTE(SUBSTITUTE(FN160,\".\",\"\"),\" \",\"\"),\"-\",\"\")))))","v":103},null,{"$f":"SUBSTITUTE(IF(Base!BF158=0,\"\",Base!BF158),\" (facturation)\",\"\")","v":"Clinique Genevoise de Montana - Comptabilité"},{"$f":"IF(Base!AW158=0,\"\",Base!AH158)","v":""},{"$f":"IF(Base!AX158=0,\"\",Base!AI158)","v":""},{"$f":"IF(Base!AW158=0,Base!AY158&\" \"&Base!AZ158,Base!AK158&\" \"&Base!AL158)","v":"Impasse Clairmont 2"},{"$f":"IF(IF(Base!AW158=0,Base!BA158,Base!AM158)=0,\"\",IF(Base!AW158=0,Base!BA158,Base!AM158))","v":""},{"$f":"IF(Base!AW158=0,Base!BB158,Base!AN158)","v":3963},{"$f":"IF(Base!AW158=0,Base!BC158,Base!AO158)","v":"Crans-Montana"},null,null,null,null,null,null,null,null,null,null,null,null,{"$f":"Base!AJ158","v":"1943-08-01"},{"$f":"IF(FO160=\"Établissement\",\"\",IF(Base!AG158=\"Masculin\",\"Monsieur\",IF(Base!AG158=\"Féminin\",\"Madame\",\"\")))","v":""},{"$f":"IF(FP160=FALSE,CONCATENATE(IF(Base!AV158=\"Masculin\",\"Monsieur\",IF(Base!AV158=\"Féminin\",\"Madame\",\"\")),\"#chr(13)##chr(10)#\",Base!AW158,\" \",Base!AX158, \"#chr(13)##chr(10)#\",Base!AY158,\" \",Base!AZ158, \"#chr(13)##chr(10)#\",Base!BA158, \"#chr(13)##chr(10)#\",Base!BB158,\" \",Base!BC158),\"\")","v":""},null,"",null,{"$f":"IF(AND(Base!AT158<200,Base!AT158>99),1,0)","v":1},null,0,{"$f":"Base!BG158","v":"CLN.9411"},{"$f":"Base!BH158& \"#chr(13)##chr(10)#\" &Base!BI158","v":"Personnel soignant reconnu (par personne et par quart d'heure entamé)#chr(13)##chr(10)#2 collaborateur(s) x 20 quarts d’heure"},null,{"$f":"Base!BJ158","v":40},{"$f":"Base!BK158","v":35},{"$f":"IF(Base!BL158=\"\",\"\",Base!BL158)","v":"¼ d'heure"},null,{"$f":"Base!BM158","v":1400},null,null,{"$f":"IF(Base!H158=\"Uvrier\",3018,VLOOKUP(FQ160,$GV$2:$GX$7,FM160+1,0))","v":3018},0,0,null,0,null,null,null,null,null,"Libre","BS - 228",null,"BU - 73 - aff",0,null,null,null,null,null,null,null,null,null,null,null,null,null,null,null,null,null,null,null,null,null,null,null,null,null,null,null,null,null,null,null,null,null,{"$f":"Base!AH158&\", \"&Base!AI158","v":"Pavignano De Gaudenzi, Grazia"},{"$f":"Base!AN158&\" \"&Base!AO158&\", \"&Base!AK158&\" \"&Base!AL158","v":"1950 Sion, Rue de l'Envol 6"},{"$f":"CONCATENATE(TEXT(DATE(YEAR(Base!AJ158),MONTH(Base!AJ158),DAY(Base!AJ158)),\"jj.mm.aaaa\"),\", \",FN160,IF(Base!D158=\"\",\"\",\" - \"),Base!D158)","v":"01.08.1943, 756.3261.8181.40"},{"$f":"Base!AR158","v":"Helsana Assurances SA"},{"$f":"LEFT(Base!J158,10)","v":"2022-01-31"},{"$f":"CONCATENATE(Base!L158,IF(Base!L158=0,\"\",\", \"),Base!M158,\" \",Base!N158,\", \",Base!P158,\" \",Base!Q158)","v":"Clinique Genevoise, Impasse Clairmont 2, 3963 Crans-Montana"},{"$f":"CONCATENATE(Base!V158,\", \",Base!Z158,\" \",Base!AA158,\", \",Base!W158,\" \",Base!X158)","v":"Permanence de l'Hôpital de Sierre, 3960 Sierre, Rue Saint-Charles 14"},null,{"$f":"CONCATENATE(RIGHT(LEFT(Base!J158,16),5),\" - \",RIGHT(LEFT(Base!K158,16),5))","v":"08:03 - 13:02"},{"$f":"Base!AF158&\" - \"&Base!I158","v":"Maladie - S3"},null,null,null,null,null,null,null,null,null,null,null,null,null,null,null,null,null,null,{"$f":"Base!H158","v":"Uvrier"},2,null,null,null,null,null,null,null,null,null,2,null,null,null,null,null,null,null,null,null,null,null,null,null,null,null,null,null,null,null,null,null,{"$f":"IF(Base!U158=\"Privée\",2,1)","v":2},{"$f":"IF(OR(LEFT(Base!AS158,1)=\"1\",LEFT(Base!AS158)=\"2\"),RIGHT(Base!AS158,LEN(Base!AS158)-1),Base!AS158)","v":"756.3261.8181.40"},{"$f":"Base!AU158","v":"Établissement"},{"$f":"OR(CONCATENATE(Base!AW158,Base!AX158)=CONCATENATE(Base!AH158,Base!AI158),FO160=\"Établissement\")","v":true},{"$f":"Base!I158","v":"S3"}]
[{"$f":"Base!A159","v":4292},{"$f":"20","v":20},{"$f":"Base!B159","v":"2022-02-11"},null,{"$f":"Base!AE159","v":"VS22003169"},null,null,null,null,null,"<AUTO>",null,null,null,null,"URL (Libre)",null,null,{"$f":"Base!E159&\" - \"&Base!H159&\" - \"&Base!D159","v":"16633 - Uvrier - "},{"$f":"IF(AND(Base!AT159<1000,Base!AT159>99),Base!AT159,IF(FO161=\"Établissement\",VALUE(CONCATENATE(LEN(SUBSTITUTE(V161,\" \",\"\")),LEN(V161),AA161,COLUMN(INDIRECT(LEFT(V161,1)&1)),LEN(SUBSTITUTE(V161,\"-\",\"\")))),IF(FN161=\"\",VALUE(CONCATENATE(COLUMN(INDIRECT(LEFT(W161,1)&1)),COLUMN(INDIRECT(LEFT(X161,1)&1)),AO161,CODE(AA161))),VALUE(SUBSTITUTE(SUBSTITUTE(SUBSTITUTE(FN161,\".\",\"\"),\" \",\"\"),\"-\",\"\")))))","v":103},null,{"$f":"SUBSTITUTE(IF(Base!BF159=0,\"\",Base!BF159),\" (facturation)\",\"\")","v":"Clinique Genevoise de Montana - Comptabilité"},{"$f":"IF(Base!AW159=0,\"\",Base!AH159)","v":""},{"$f":"IF(Base!AX159=0,\"\",Base!AI159)","v":""},{"$f":"IF(Base!AW159=0,Base!AY159&\" \"&Base!AZ159,Base!AK159&\" \"&Base!AL159)","v":"Impasse Clairmont 2"},{"$f":"IF(IF(Base!AW159=0,Base!BA159,Base!AM159)=0,\"\",IF(Base!AW159=0,Base!BA159,Base!AM159))","v":""},{"$f":"IF(Base!AW159=0,Base!BB159,Base!AN159)","v":3963},{"$f":"IF(Base!AW159=0,Base!BC159,Base!AO159)","v":"Crans-Montana"},null,null,null,null,null,null,null,null,null,null,null,null,{"$f":"Base!AJ159","v":"1943-08-01"},{"$f":"IF(FO161=\"Établissement\",\"\",IF(Base!AG159=\"Masculin\",\"Monsieur\",IF(Base!AG159=\"Féminin\",\"Madame\",\"\")))","v":""},{"$f":"IF(FP161=FALSE,CONCATENATE(IF(Base!AV159=\"Masculin\",\"Monsieur\",IF(Base!AV159=\"Féminin\",\"Madame\",\"\")),\"#chr(13)##chr(10)#\",Base!AW159,\" \",Base!AX159, \"#chr(13)##chr(10)#\",Base!AY159,\" \",Base!AZ159, \"#chr(13)##chr(10)#\",Base!BA159, \"#chr(13)##chr(10)#\",Base!BB159,\" \",Base!BC159),\"\")","v":""},null,"",null,{"$f":"IF(AND(Base!AT159<200,Base!AT159>99),1,0)","v":1},null,0,{"$f":"Base!BG159","v":0},{"$f":"Base!BH159& \"#chr(13)##chr(10)#\" &Base!BI159","v":"Y compris 2 heures d'attente pour consultation à Sierre avant le retour sur Montana#chr(13)##chr(10)#"},null,{"$f":"Base!BJ159","v":0},{"$f":"Base!BK159","v":0},{"$f":"IF(Base!BL159=\"\",\"\",Base!BL159)","v":""},null,{"$f":"Base!BM159","v":0},null,null,{"$f":"IF(Base!H159=\"Uvrier\",3018,VLOOKUP(FQ161,$GV$2:$GX$7,FM161+1,0))","v":3018},0,0,null,0,null,null,null,null,null,"Libre","BS - 229",null,"BU - 73 - aff",0,null,null,null,null,null,null,null,null,null,null,null,null,null,null,null,null,null,null,null,null,null,null,null,null,null,null,null,null,null,null,null,null,null,{"$f":"Base!AH159&\", \"&Base!AI159","v":"Pavignano De Gaudenzi, Grazia"},{"$f":"Base!AN159&\" \"&Base!AO159&\", \"&Base!AK159&\" \"&Base!AL159","v":"1950 Sion, Rue de l'Envol 6"},{"$f":"CONCATENATE(TEXT(DATE(YEAR(Base!AJ159),MONTH(Base!AJ159),DAY(Base!AJ159)),\"jj.mm.aaaa\"),\", \",FN161,IF(Base!D159=\"\",\"\",\" - \"),Base!D159)","v":"01.08.1943, 756.3261.8181.40"},{"$f":"Base!AR159","v":"Helsana Assurances SA"},{"$f":"LEFT(Base!J159,10)","v":"2022-01-31"},{"$f":"CONCATENATE(Base!L159,IF(Base!L159=0,\"\",\", \"),Base!M159,\" \",Base!N159,\", \",Base!P159,\" \",Base!Q159)","v":"Clinique Genevoise, Impasse Clairmont 2, 3963 Crans-Montana"},{"$f":"CONCATENATE(Base!V159,\", \",Base!Z159,\" \",Base!AA159,\", \",Base!W159,\" \",Base!X159)","v":"Permanence de l'Hôpital de Sierre, 3960 Sierre, Rue Saint-Charles 14"},null,{"$f":"CONCATENATE(RIGHT(LEFT(Base!J159,16),5),\" - \",RIGHT(LEFT(Base!K159,16),5))","v":"08:03 - 13:02"},{"$f":"Base!AF159&\" - \"&Base!I159","v":"Maladie - S3"},null,null,null,null,null,null,null,null,null,null,null,null,null,null,null,null,null,null,{"$f":"Base!H159","v":"Uvrier"},2,null,null,null,null,null,null,null,null,null,2,null,null,null,null,null,null,null,null,null,null,null,null,null,null,null,null,null,null,null,null,null,{"$f":"IF(Base!U159=\"Privée\",2,1)","v":2},{"$f":"IF(OR(LEFT(Base!AS159,1)=\"1\",LEFT(Base!AS159)=\"2\"),RIGHT(Base!AS159,LEN(Base!AS159)-1),Base!AS159)","v":"756.3261.8181.40"},{"$f":"Base!AU159","v":"Établissement"},{"$f":"OR(CONCATENATE(Base!AW159,Base!AX159)=CONCATENATE(Base!AH159,Base!AI159),FO161=\"Établissement\")","v":true},{"$f":"Base!I159","v":"S3"}]
[{"$f":"Base!A160","v":4293},{"$f":"20","v":20},{"$f":"Base!B160","v":"2022-02-11"},null,{"$f":"Base!AE160","v":"VS22003201"},null,null,null,null,null,"<AUTO>",null,null,null,null,"URL (Libre)",null,null,{"$f":"Base!E160&\" - \"&Base!H160&\" - \"&Base!D160","v":"16663 - Uvrier - "},{"$f":"IF(AND(Base!AT160<1000,Base!AT160>99),Base!AT160,IF(FO162=\"Établissement\",VALUE(CONCATENATE(LEN(SUBSTITUTE(V162,\" \",\"\")),LEN(V162),AA162,COLUMN(INDIRECT(LEFT(V162,1)&1)),LEN(SUBSTITUTE(V162,\"-\",\"\")))),IF(FN162=\"\",VALUE(CONCATENATE(COLUMN(INDIRECT(LEFT(W162,1)&1)),COLUMN(INDIRECT(LEFT(X162,1)&1)),AO162,CODE(AA162))),VALUE(SUBSTITUTE(SUBSTITUTE(SUBSTITUTE(FN162,\".\",\"\"),\" \",\"\"),\"-\",\"\")))))","v":7562124789917},null,{"$f":"SUBSTITUTE(IF(Base!BF160=0,\"\",Base!BF160),\" (facturation)\",\"\")","v":""},{"$f":"IF(Base!AW160=0,\"\",Base!AH160)","v":"Courcoux"},{"$f":"IF(Base!AX160=0,\"\",Base!AI160)","v":"Dominique"},{"$f":"IF(Base!AW160=0,Base!AY160&\" \"&Base!AZ160,Base!AK160&\" \"&Base!AL160)","v":"Rue de la Combe 14"},{"$f":"IF(IF(Base!AW160=0,Base!BA160,Base!AM160)=0,\"\",IF(Base!AW160=0,Base!BA160,Base!AM160))","v":""},{"$f":"IF(Base!AW160=0,Base!BB160,Base!AN160)","v":1260},{"$f":"IF(Base!AW160=0,Base!BC160,Base!AO160)","v":"Nyon"},null,null,null,null,null,null,null,null,null,null,null,null,{"$f":"Base!AJ160","v":"1943-11-01"},{"$f":"IF(FO162=\"Établissement\",\"\",IF(Base!AG160=\"Masculin\",\"Monsieur\",IF(Base!AG160=\"Féminin\",\"Madame\",\"\")))","v":"Monsieur"},{"$f":"IF(FP162=FALSE,CONCATENATE(IF(Base!AV160=\"Masculin\",\"Monsieur\",IF(Base!AV160=\"Féminin\",\"Madame\",\"\")),\"#chr(13)##chr(10)#\",Base!AW160,\" \",Base!AX160, \"#chr(13)##chr(10)#\",Base!AY160,\" \",Base!AZ160, \"#chr(13)##chr(10)#\",Base!BA160, \"#chr(13)##chr(10)#\",Base!BB160,\" \",Base!BC160),\"\")","v":""},null,"Monsieur",null,{"$f":"IF(AND(Base!AT160<200,Base!AT160>99),1,0)","v":0},null,0,{"$f":"Base!BG160","v":"FKM8"},{"$f":"Base!BH160& \"#chr(13)##chr(10)#\" &Base!BI160","v":"Forfait kilométrique#chr(13)##chr(10)#"},null,{"$f":"Base!BJ160","v":228},{"$f":"Base!BK160","v":8},{"$f":"IF(Base!BL160=\"\",\"\",Base!BL160)","v":"km"},null,{"$f":"Base!BM160","v":1824},null,null,{"$f":"IF(Base!H160=\"Uvrier\",3018,VLOOKUP(FQ162,$GV$2:$GX$7,FM162+1,0))","v":3018},0,0,null,0,null,null,null,null,null,"Libre","BS - 230",null,"BU - 73 - aff",0,null,null,null,null,null,null,null,null,null,null,null,null,null,null,null,null,null,null,null,null,null,null,null,null,null,null,null,null,null,null,null,null,null,{"$f":"Base!AH160&\", \"&Base!AI160","v":"Courcoux, Dominique"},{"$f":"Base!AN160&\" \"&Base!AO160&\", \"&Base!AK160&\" \"&Base!AL160","v":"1260 Nyon, Rue de la Combe 14"},{"$f":"CONCATENATE(TEXT(DATE(YEAR(Base!AJ160),MONTH(Base!AJ160),DAY(Base!AJ160)),\"jj.mm.aaaa\"),\", \",FN162,IF(Base!D160=\"\",\"\",\" - \"),Base!D160)","v":"01.11.1943, 756.2124.7899.17"},{"$f":"Base!AR160","v":"Mutuel Assurance Maladie SA"},{"$f":"LEFT(Base!J160,10)","v":"2022-01-31"},{"$f":"CONCATENATE(Base!L160,IF(Base!L160=0,\"\",\", \"),Base!M160,\" \",Base!N160,\", \",Base!P160,\" \",Base!Q160)","v":"Hôpital de Martigny, Avenue de la Fusion 27, 1920 Martigny"},{"$f":"CONCATENATE(Base!V160,\", \",Base!Z160,\" \",Base!AA160,\", \",Base!W160,\" \",Base!X160)","v":"Hôpital de Nyon, 1260 Nyon, Chemin Monastier "},null,{"$f":"CONCATENATE(RIGHT(LEFT(Base!J160,16),5),\" - \",RIGHT(LEFT(Base!K160,16),5))","v":"14:23 - 19:15"},{"$f":"Base!AF160&\" - \"&Base!I160","v":"Maladie - S3"},null,null,null,null,null,null,null,null,null,null,null,null,null,null,null,null,null,null,{"$f":"Base!H160","v":"Uvrier"},2,null,null,null,null,null,null,null,null,null,2,null,null,null,null,null,null,null,null,null,null,null,null,null,null,null,null,null,null,null,null,null,{"$f":"IF(Base!U160=\"Privée\",2,1)","v":2},{"$f":"IF(OR(LEFT(Base!AS160,1)=\"1\",LEFT(Base!AS160)=\"2\"),RIGHT(Base!AS160,LEN(Base!AS160)-1),Base!AS160)","v":"756.2124.7899.17"},{"$f":"Base!AU160","v":"Personne"},{"$f":"OR(CONCATENATE(Base!AW160,Base!AX160)=CONCATENATE(Base!AH160,Base!AI160),FO162=\"Établissement\")","v":true},{"$f":"Base!I160","v":"S3"}]
[{"$f":"Base!A161","v":4293},{"$f":"20","v":20},{"$f":"Base!B161","v":"2022-02-11"},null,{"$f":"Base!AE161","v":"VS22003201"},null,null,null,null,null,"<AUTO>",null,null,null,null,"URL (Libre)",null,null,{"$f":"Base!E161&\" - \"&Base!H161&\" - \"&Base!D161","v":"16663 - Uvrier - "},{"$f":"IF(AND(Base!AT161<1000,Base!AT161>99),Base!AT161,IF(FO163=\"Établissement\",VALUE(CONCATENATE(LEN(SUBSTITUTE(V163,\" \",\"\")),LEN(V163),AA163,COLUMN(INDIRECT(LEFT(V163,1)&1)),LEN(SUBSTITUTE(V163,\"-\",\"\")))),IF(FN163=\"\",VALUE(CONCATENATE(COLUMN(INDIRECT(LEFT(W163,1)&1)),COLUMN(INDIRECT(LEFT(X163,1)&1)),AO163,CODE(AA163))),VALUE(SUBSTITUTE(SUBSTITUTE(SUBSTITUTE(FN163,\".\",\"\"),\" \",\"\"),\"-\",\"\")))))","v":7562124789917},null,{"$f":"SUBSTITUTE(IF(Base!BF161=0,\"\",Base!BF161),\" (facturation)\",\"\")","v":""},{"$f":"IF(Base!AW161=0,\"\",Base!AH161)","v":"Courcoux"},{"$f":"IF(Base!AX161=0,\"\",Base!AI161)","v":"Dominique"},{"$f":"IF(Base!AW161=0,Base!AY161&\" \"&Base!AZ161,Base!AK161&\" \"&Base!AL161)","v":"Rue de la Combe 14"},{"$f":"IF(IF(Base!AW161=0,Base!BA161,Base!AM161)=0,\"\",IF(Base!AW161=0,Base!BA161,Base!AM161))","v":""},{"$f":"IF(Base!AW161=0,Base!BB161,Base!AN161)","v":1260},{"$f":"IF(Base!AW161=0,Base!BC161,Base!AO161)","v":"Nyon"},null,null,null,null,null,null,null,null,null,null,null,null,{"$f":"Base!AJ161","v":"1943-11-01"},{"$f":"IF(FO163=\"Établissement\",\"\",IF(Base!AG161=\"Masculin\",\"Monsieur\",IF(Base!AG161=\"Féminin\",\"Madame\",\"\")))","v":"Monsieur"},{"$f":"IF(FP163=FALSE,CONCATENATE(IF(Base!AV161=\"Masculin\",\"Monsieur\",IF(Base!AV161=\"Féminin\",\"Madame\",\"\")),\"#chr(13)##chr(10)#\",Base!AW161,\" \",Base!AX161, \"#chr(13)##chr(10)#\",Base!AY161,\" \",Base!AZ161, \"#chr(13)##chr(10)#\",Base!BA161, \"#chr(13)##chr(10)#\",Base!BB161,\" \",Base!BC161),\"\")","v":""},null,"Monsieur",null,{"$f":"IF(AND(Base!AT161<200,Base!AT161>99),1,0)","v":0},null,0,{"$f":"Base!BG161","v":0},{"$f":"Base!BH161& \"#chr(13)##chr(10)#\" &Base!BI161","v":"Facture adressée au patient en conformité de l'art. 33, lettre g de l'ordonnance sur l'assurance maladie car transfert effectué à sa demande pour convenance personnelle#chr(13)##chr(10)#"},null,{"$f":"Base!BJ161","v":0},{"$f":"Base!BK161","v":0},{"$f":"IF(Base!BL161=\"\",\"\",Base!BL161)","v":""},null,{"$f":"Base!BM161","v":0},null,null,{"$f":"IF(Base!H161=\"Uvrier\",3018,VLOOKUP(FQ163,$GV$2:$GX$7,FM163+1,0))","v":3018},0,0,null,0,null,null,null,null,null,"Libre","BS - 231",null,"BU - 73 - aff",0,null,null,null,null,null,null,null,null,null,null,null,null,null,null,null,null,null,null,null,null,null,null,null,null,null,null,null,null,null,null,null,null,null,{"$f":"Base!AH161&\", \"&Base!AI161","v":"Courcoux, Dominique"},{"$f":"Base!AN161&\" \"&Base!AO161&\", \"&Base!AK161&\" \"&Base!AL161","v":"1260 Nyon, Rue de la Combe 14"},{"$f":"CONCATENATE(TEXT(DATE(YEAR(Base!AJ161),MONTH(Base!AJ161),DAY(Base!AJ161)),\"jj.mm.aaaa\"),\", \",FN163,IF(Base!D161=\"\",\"\",\" - \"),Base!D161)","v":"01.11.1943, 756.2124.7899.17"},{"$f":"Base!AR161","v":"Mutuel Assurance Maladie SA"},{"$f":"LEFT(Base!J161,10)","v":"2022-01-31"},{"$f":"CONCATENATE(Base!L161,IF(Base!L161=0,\"\",\", \"),Base!M161,\" \",Base!N161,\", \",Base!P161,\" \",Base!Q161)","v":"Hôpital de Martigny, Avenue de la Fusion 27, 1920 Martigny"},{"$f":"CONCATENATE(Base!V161,\", \",Base!Z161,\" \",Base!AA161,\", \",Base!W161,\" \",Base!X161)","v":"Hôpital de Nyon, 1260 Nyon, Chemin Monastier "},null,{"$f":"CONCATENATE(RIGHT(LEFT(Base!J161,16),5),\" - \",RIGHT(LEFT(Base!K161,16),5))","v":"14:23 - 19:15"},{"$f":"Base!AF161&\" - \"&Base!I161","v":"Maladie - S3"},null,null,null,null,null,null,null,null,null,null,null,null,null,null,null,null,null,null,{"$f":"Base!H161","v":"Uvrier"},2,null,null,null,null,null,null,null,null,null,2,null,null,null,null,null,null,null,null,null,null,null,null,null,null,null,null,null,null,null,null,null,{"$f":"IF(Base!U161=\"Privée\",2,1)","v":2},{"$f":"IF(OR(LEFT(Base!AS161,1)=\"1\",LEFT(Base!AS161)=\"2\"),RIGHT(Base!AS161,LEN(Base!AS161)-1),Base!AS161)","v":"756.2124.7899.17"},{"$f":"Base!AU161","v":"Personne"},{"$f":"OR(CONCATENATE(Base!AW161,Base!AX161)=CONCATENATE(Base!AH161,Base!AI161),FO163=\"Établissement\")","v":true},{"$f":"Base!I161","v":"S3"}]
[{"$f":"Base!A162","v":4294},{"$f":"20","v":20},{"$f":"Base!B162","v":"2022-02-11"},null,{"$f":"Base!AE162","v":"VS22003230"},null,null,null,null,null,"<AUTO>",null,null,null,null,"URL (Libre)",null,null,{"$f":"Base!E162&\" - \"&Base!H162&\" - \"&Base!D162","v":"16689 - Uvrier - 2039488/20"},{"$f":"IF(AND(Base!AT162<1000,Base!AT162>99),Base!AT162,IF(FO164=\"Établissement\",VALUE(CONCATENATE(LEN(SUBSTITUTE(V164,\" \",\"\")),LEN(V164),AA164,COLUMN(INDIRECT(LEFT(V164,1)&1)),LEN(SUBSTITUTE(V164,\"-\",\"\")))),IF(FN164=\"\",VALUE(CONCATENATE(COLUMN(INDIRECT(LEFT(W164,1)&1)),COLUMN(INDIRECT(LEFT(X164,1)&1)),AO164,CODE(AA164))),VALUE(SUBSTITUTE(SUBSTITUTE(SUBSTITUTE(FN164,\".\",\"\"),\" \",\"\"),\"-\",\"\")))))","v":101},null,{"$f":"SUBSTITUTE(IF(Base!BF162=0,\"\",Base!BF162),\" (facturation)\",\"\")","v":"Hôpital du Valais - Direction des Finances/Service des fournisseurs"},{"$f":"IF(Base!AW162=0,\"\",Base!AH162)","v":""},{"$f":"IF(Base!AX162=0,\"\",Base!AI162)","v":""},{"$f":"IF(Base!AW162=0,Base!AY162&\" \"&Base!AZ162,Base!AK162&\" \"&Base!AL162)","v":"Avenue Grand-Champsec 86"},{"$f":"IF(IF(Base!AW162=0,Base!BA162,Base!AM162)=0,\"\",IF(Base!AW162=0,Base!BA162,Base!AM162))","v":"Case postale 696"},{"$f":"IF(Base!AW162=0,Base!BB162,Base!AN162)","v":1951},{"$f":"IF(Base!AW162=0,Base!BC162,Base!AO162)","v":"Sion"},null,null,null,null,null,null,null,null,null,null,null,null,{"$f":"Base!AJ162","v":"2003-12-22"},{"$f":"IF(FO164=\"Établissement\",\"\",IF(Base!AG162=\"Masculin\",\"Monsieur\",IF(Base!AG162=\"Féminin\",\"Madame\",\"\")))","v":""},{"$f":"IF(FP164=FALSE,CONCATENATE(IF(Base!AV162=\"Masculin\",\"Monsieur\",IF(Base!AV162=\"Féminin\",\"Madame\",\"\")),\"#chr(13)##chr(10)#\",Base!AW162,\" \",Base!AX162, \"#chr(13)##chr(10)#\",Base!AY162,\" \",Base!AZ162, \"#chr(13)##chr(10)#\",Base!BA162, \"#chr(13)##chr(10)#\",Base!BB162,\" \",Base!BC162),\"\")","v":""},null,"",null,{"$f":"IF(AND(Base!AT162<200,Base!AT162>99),1,0)","v":1},null,0,{"$f":"Base!BG162","v":"HVS.31J"},{"$f":"Base!BH162& \"#chr(13)##chr(10)#\" &Base!BI162","v":"Forfait S3 HVS Martigny - HVS Sion#chr(13)##chr(10)#Trajet simple journée (08h00-20h00)"},null,{"$f":"Base!BJ162","v":1},{"$f":"Base!BK162","v":440},{"$f":"IF(Base!BL162=\"\",\"\",Base!BL162)","v":""},null,{"$f":"Base!BM162","v":440},null,null,{"$f":"IF(Base!H162=\"Uvrier\",3018,VLOOKUP(FQ164,$GV$2:$GX$7,FM164+1,0))","v":3018},0,0,null,0,null,null,null,null,null,"Libre","BS - 232",null,"BU - 73 - aff",0,null,null,null,null,null,null,null,null,null,null,null,null,null,null,null,null,null,null,null,null,null,null,null,null,null,null,null,null,null,null,null,null,null,{"$f":"Base!AH162&\", \"&Base!AI162","v":"Dumoulin, Oriane"},{"$f":"Base!AN162&\" \"&Base!AO162&\", \"&Base!AK162&\" \"&Base!AL162","v":"1921 Martigny-Croix, Rue du Grand Pré 22"},{"$f":"CONCATENATE(TEXT(DATE(YEAR(Base!AJ162),MONTH(Base!AJ162),DAY(Base!AJ162)),\"jj.mm.aaaa\"),\", \",FN164,IF(Base!D162=\"\",\"\",\" - \"),Base!D162)","v":"22.12.2003, 756.4555.0748.46 - 2039488/20"},{"$f":"Base!AR162","v":"Arcosana AG"},{"$f":"LEFT(Base!J162,10)","v":"2022-01-31"},{"$f":"CONCATENATE(Base!L162,IF(Base!L162=0,\"\",\", \"),Base!M162,\" \",Base!N162,\", \",Base!P162,\" \",Base!Q162)","v":"Hôpital de Martigny, Avenue de la Fusion 27, 1920 Martigny"},{"$f":"CONCATENATE(Base!V162,\", \",Base!Z162,\" \",Base!AA162,\", \",Base!W162,\" \",Base!X162)","v":"Hôpital de Sion, 1950 Sion, Avenue du Grand-Champsec 80"},null,{"$f":"CONCATENATE(RIGHT(LEFT(Base!J162,16),5),\" - \",RIGHT(LEFT(Base!K162,16),5))","v":"19:19 - 20:52"},{"$f":"Base!AF162&\" - \"&Base!I162","v":"Maladie - S3"},null,null,null,null,null,null,null,null,null,null,null,null,null,null,null,null,null,null,{"$f":"Base!H162","v":"Uvrier"},2,null,null,null,null,null,null,null,null,null,2,null,null,null,null,null,null,null,null,null,null,null,null,null,null,null,null,null,null,null,null,null,{"$f":"IF(Base!U162=\"Privée\",2,1)","v":2},{"$f":"IF(OR(LEFT(Base!AS162,1)=\"1\",LEFT(Base!AS162)=\"2\"),RIGHT(Base!AS162,LEN(Base!AS162)-1),Base!AS162)","v":"756.4555.0748.46"},{"$f":"Base!AU162","v":"Établissement"},{"$f":"OR(CONCATENATE(Base!AW162,Base!AX162)=CONCATENATE(Base!AH162,Base!AI162),FO164=\"Établissement\")","v":true},{"$f":"Base!I162","v":"S3"}]
[{"$f":"Base!A163","v":4295},{"$f":"20","v":20},{"$f":"Base!B163","v":"2022-02-11"},null,{"$f":"Base!AE163","v":"VS22003236"},null,null,null,null,null,"<AUTO>",null,null,null,null,"URL (Libre)",null,null,{"$f":"Base!E163&\" - \"&Base!H163&\" - \"&Base!D163","v":"16695 - Uvrier - "},{"$f":"IF(AND(Base!AT163<1000,Base!AT163>99),Base!AT163,IF(FO165=\"Établissement\",VALUE(CONCATENATE(LEN(SUBSTITUTE(V165,\" \",\"\")),LEN(V165),AA165,COLUMN(INDIRECT(LEFT(V165,1)&1)),LEN(SUBSTITUTE(V165,\"-\",\"\")))),IF(FN165=\"\",VALUE(CONCATENATE(COLUMN(INDIRECT(LEFT(W165,1)&1)),COLUMN(INDIRECT(LEFT(X165,1)&1)),AO165,CODE(AA165))),VALUE(SUBSTITUTE(SUBSTITUTE(SUBSTITUTE(FN165,\".\",\"\"),\" \",\"\"),\"-\",\"\")))))","v":102},null,{"$f":"SUBSTITUTE(IF(Base!BF163=0,\"\",Base!BF163),\" (facturation)\",\"\")","v":"Clinique Bernoise Montana - Secrétariat médical"},{"$f":"IF(Base!AW163=0,\"\",Base!AH163)","v":""},{"$f":"IF(Base!AX163=0,\"\",Base!AI163)","v":""},{"$f":"IF(Base!AW163=0,Base!AY163&\" \"&Base!AZ163,Base!AK163&\" \"&Base!AL163)","v":"Impasse Palace Bellevue 1"},{"$f":"IF(IF(Base!AW163=0,Base!BA163,Base!AM163)=0,\"\",IF(Base!AW163=0,Base!BA163,Base!AM163))","v":""},{"$f":"IF(Base!AW163=0,Base!BB163,Base!AN163)","v":3963},{"$f":"IF(Base!AW163=0,Base!BC163,Base!AO163)","v":"Crans-Montana"},null,null,null,null,null,null,null,null,null,null,null,null,{"$f":"Base!AJ163","v":"1973-06-21"},{"$f":"IF(FO165=\"Établissement\",\"\",IF(Base!AG163=\"Masculin\",\"Monsieur\",IF(Base!AG163=\"Féminin\",\"Madame\",\"\")))","v":""},{"$f":"IF(FP165=FALSE,CONCATENATE(IF(Base!AV163=\"Masculin\",\"Monsieur\",IF(Base!AV163=\"Féminin\",\"Madame\",\"\")),\"#chr(13)##chr(10)#\",Base!AW163,\" \",Base!AX163, \"#chr(13)##chr(10)#\",Base!AY163,\" \",Base!AZ163, \"#chr(13)##chr(10)#\",Base!BA163, \"#chr(13)##chr(10)#\",Base!BB163,\" \",Base!BC163),\"\")","v":""},null,"",null,{"$f":"IF(AND(Base!AT163<200,Base!AT163>99),1,0)","v":1},null,0,{"$f":"Base!BG163","v":"CLN.9403 "},{"$f":"Base!BH163& \"#chr(13)##chr(10)#\" &Base!BI163","v":"Taxe de base transport S3#chr(13)##chr(10)#"},null,{"$f":"Base!BJ163","v":1},{"$f":"Base!BK163","v":200},{"$f":"IF(Base!BL163=\"\",\"\",Base!BL163)","v":""},null,{"$f":"Base!BM163","v":200},null,null,{"$f":"IF(Base!H163=\"Uvrier\",3018,VLOOKUP(FQ165,$GV$2:$GX$7,FM165+1,0))","v":3018},0,0,null,0,null,null,null,null,null,"Libre","BS - 233",null,"BU - 73 - aff",0,null,null,null,null,null,null,null,null,null,null,null,null,null,null,null,null,null,null,null,null,null,null,null,null,null,null,null,null,null,null,null,null,null,{"$f":"Base!AH163&\", \"&Base!AI163","v":"Hess, Sandrine"},{"$f":"Base!AN163&\" \"&Base!AO163&\", \"&Base!AK163&\" \"&Base!AL163","v":"1680 Romont FR, Haut de la Gare 7"},{"$f":"CONCATENATE(TEXT(DATE(YEAR(Base!AJ163),MONTH(Base!AJ163),DAY(Base!AJ163)),\"jj.mm.aaaa\"),\", \",FN165,IF(Base!D163=\"\",\"\",\" - \"),Base!D163)","v":"21.06.1973, 756.0164.6286.54"},{"$f":"Base!AR163","v":"Assura-Basis SA"},{"$f":"LEFT(Base!J163,10)","v":"2022-01-31"},{"$f":"CONCATENATE(Base!L163,IF(Base!L163=0,\"\",\", \"),Base!M163,\" \",Base!N163,\", \",Base!P163,\" \",Base!Q163)","v":"Hôpital de Sierre, Rue Saint-Charles 14, 3960 Sierre"},{"$f":"CONCATENATE(Base!V163,\", \",Base!Z163,\" \",Base!AA163,\", \",Base!W163,\" \",Base!X163)","v":"Clinique Bernoise, 3963 Crans-Montana, Impasse Palace Bellevue 1"},null,{"$f":"CONCATENATE(RIGHT(LEFT(Base!J163,16),5),\" - \",RIGHT(LEFT(Base!K163,16),5))","v":"20:54 - 22:47"},{"$f":"Base!AF163&\" - \"&Base!I163","v":"Maladie - S3"},null,null,null,null,null,null,null,null,null,null,null,null,null,null,null,null,null,null,{"$f":"Base!H163","v":"Uvrier"},2,null,null,null,null,null,null,null,null,null,2,null,null,null,null,null,null,null,null,null,null,null,null,null,null,null,null,null,null,null,null,null,{"$f":"IF(Base!U163=\"Privée\",2,1)","v":2},{"$f":"IF(OR(LEFT(Base!AS163,1)=\"1\",LEFT(Base!AS163)=\"2\"),RIGHT(Base!AS163,LEN(Base!AS163)-1),Base!AS163)","v":"756.0164.6286.54"},{"$f":"Base!AU163","v":"Établissement"},{"$f":"OR(CONCATENATE(Base!AW163,Base!AX163)=CONCATENATE(Base!AH163,Base!AI163),FO165=\"Établissement\")","v":true},{"$f":"Base!I163","v":"S3"}]
[{"$f":"Base!A164","v":4295},{"$f":"20","v":20},{"$f":"Base!B164","v":"2022-02-11"},null,{"$f":"Base!AE164","v":"VS22003236"},null,null,null,null,null,"<AUTO>",null,null,null,null,"URL (Libre)",null,null,{"$f":"Base!E164&\" - \"&Base!H164&\" - \"&Base!D164","v":"16695 - Uvrier - "},{"$f":"IF(AND(Base!AT164<1000,Base!AT164>99),Base!AT164,IF(FO166=\"Établissement\",VALUE(CONCATENATE(LEN(SUBSTITUTE(V166,\" \",\"\")),LEN(V166),AA166,COLUMN(INDIRECT(LEFT(V166,1)&1)),LEN(SUBSTITUTE(V166,\"-\",\"\")))),IF(FN166=\"\",VALUE(CONCATENATE(COLUMN(INDIRECT(LEFT(W166,1)&1)),COLUMN(INDIRECT(LEFT(X166,1)&1)),AO166,CODE(AA166))),VALUE(SUBSTITUTE(SUBSTITUTE(SUBSTITUTE(FN166,\".\",\"\"),\" \",\"\"),\"-\",\"\")))))","v":102},null,{"$f":"SUBSTITUTE(IF(Base!BF164=0,\"\",Base!BF164),\" (facturation)\",\"\")","v":"Clinique Bernoise Montana - Secrétariat médical"},{"$f":"IF(Base!AW164=0,\"\",Base!AH164)","v":""},{"$f":"IF(Base!AX164=0,\"\",Base!AI164)","v":""},{"$f":"IF(Base!AW164=0,Base!AY164&\" \"&Base!AZ164,Base!AK164&\" \"&Base!AL164)","v":"Impasse Palace Bellevue 1"},{"$f":"IF(IF(Base!AW164=0,Base!BA164,Base!AM164)=0,\"\",IF(Base!AW164=0,Base!BA164,Base!AM164))","v":""},{"$f":"IF(Base!AW164=0,Base!BB164,Base!AN164)","v":3963},{"$f":"IF(Base!AW164=0,Base!BC164,Base!AO164)","v":"Crans-Montana"},null,null,null,null,null,null,null,null,null,null,null,null,{"$f":"Base!AJ164","v":"1973-06-21"},{"$f":"IF(FO166=\"Établissement\",\"\",IF(Base!AG164=\"Masculin\",\"Monsieur\",IF(Base!AG164=\"Féminin\",\"Madame\",\"\")))","v":""},{"$f":"IF(FP166=FALSE,CONCATENATE(IF(Base!AV164=\"Masculin\",\"Monsieur\",IF(Base!AV164=\"Féminin\",\"Madame\",\"\")),\"#chr(13)##chr(10)#\",Base!AW164,\" \",Base!AX164, \"#chr(13)##chr(10)#\",Base!AY164,\" \",Base!AZ164, \"#chr(13)##chr(10)#\",Base!BA164, \"#chr(13)##chr(10)#\",Base!BB164,\" \",Base!BC164),\"\")","v":""},null,"",null,{"$f":"IF(AND(Base!AT164<200,Base!AT164>99),1,0)","v":1},null,0,{"$f":"Base!BG164","v":"CLN.9404"},{"$f":"Base!BH164& \"#chr(13)##chr(10)#\" &Base!BI164","v":"Indemnisation kilométrique#chr(13)##chr(10)#"},null,{"$f":"Base!BJ164","v":48},{"$f":"Base!BK164","v":4.5},{"$f":"IF(Base!BL164=\"\",\"\",Base!BL164)","v":"km"},null,{"$f":"Base!BM164","v":216},null,null,{"$f":"IF(Base!H164=\"Uvrier\",3018,VLOOKUP(FQ166,$GV$2:$GX$7,FM166+1,0))","v":3018},0,0,null,0,null,null,null,null,null,"Libre","BS - 234",null,"BU - 73 - aff",0,null,null,null,null,null,null,null,null,null,null,null,null,null,null,null,null,null,null,null,null,null,null,null,null,null,null,null,null,null,null,null,null,null,{"$f":"Base!AH164&\", \"&Base!AI164","v":"Hess, Sandrine"},{"$f":"Base!AN164&\" \"&Base!AO164&\", \"&Base!AK164&\" \"&Base!AL164","v":"1680 Romont FR, Haut de la Gare 7"},{"$f":"CONCATENATE(TEXT(DATE(YEAR(Base!AJ164),MONTH(Base!AJ164),DAY(Base!AJ164)),\"jj.mm.aaaa\"),\", \",FN166,IF(Base!D164=\"\",\"\",\" - \"),Base!D164)","v":"21.06.1973, 756.0164.6286.54"},{"$f":"Base!AR164","v":"Assura-Basis SA"},{"$f":"LEFT(Base!J164,10)","v":"2022-01-31"},{"$f":"CONCATENATE(Base!L164,IF(Base!L164=0,\"\",\", \"),Base!M164,\" \",Base!N164,\", \",Base!P164,\" \",Base!Q164)","v":"Hôpital de Sierre, Rue Saint-Charles 14, 3960 Sierre"},{"$f":"CONCATENATE(Base!V164,\", \",Base!Z164,\" \",Base!AA164,\", \",Base!W164,\" \",Base!X164)","v":"Clinique Bernoise, 3963 Crans-Montana, Impasse Palace Bellevue 1"},null,{"$f":"CONCATENATE(RIGHT(LEFT(Base!J164,16),5),\" - \",RIGHT(LEFT(Base!K164,16),5))","v":"20:54 - 22:47"},{"$f":"Base!AF164&\" - \"&Base!I164","v":"Maladie - S3"},null,null,null,null,null,null,null,null,null,null,null,null,null,null,null,null,null,null,{"$f":"Base!H164","v":"Uvrier"},2,null,null,null,null,null,null,null,null,null,2,null,null,null,null,null,null,null,null,null,null,null,null,null,null,null,null,null,null,null,null,null,{"$f":"IF(Base!U164=\"Privée\",2,1)","v":2},{"$f":"IF(OR(LEFT(Base!AS164,1)=\"1\",LEFT(Base!AS164)=\"2\"),RIGHT(Base!AS164,LEN(Base!AS164)-1),Base!AS164)","v":"756.0164.6286.54"},{"$f":"Base!AU164","v":"Établissement"},{"$f":"OR(CONCATENATE(Base!AW164,Base!AX164)=CONCATENATE(Base!AH164,Base!AI164),FO166=\"Établissement\")","v":true},{"$f":"Base!I164","v":"S3"}]
[{"$f":"Base!A165","v":4295},{"$f":"20","v":20},{"$f":"Base!B165","v":"2022-02-11"},null,{"$f":"Base!AE165","v":"VS22003236"},null,null,null,null,null,"<AUTO>",null,null,null,null,"URL (Libre)",null,null,{"$f":"Base!E165&\" - \"&Base!H165&\" - \"&Base!D165","v":"16695 - Uvrier - "},{"$f":"IF(AND(Base!AT165<1000,Base!AT165>99),Base!AT165,IF(FO167=\"Établissement\",VALUE(CONCATENATE(LEN(SUBSTITUTE(V167,\" \",\"\")),LEN(V167),AA167,COLUMN(INDIRECT(LEFT(V167,1)&1)),LEN(SUBSTITUTE(V167,\"-\",\"\")))),IF(FN167=\"\",VALUE(CONCATENATE(COLUMN(INDIRECT(LEFT(W167,1)&1)),COLUMN(INDIRECT(LEFT(X167,1)&1)),AO167,CODE(AA167))),VALUE(SUBSTITUTE(SUBSTITUTE(SUBSTITUTE(FN167,\".\",\"\"),\" \",\"\"),\"-\",\"\")))))","v":102},null,{"$f":"SUBSTITUTE(IF(Base!BF165=0,\"\",Base!BF165),\" (facturation)\",\"\")","v":"Clinique Bernoise Montana - Secrétariat médical"},{"$f":"IF(Base!AW165=0,\"\",Base!AH165)","v":""},{"$f":"IF(Base!AX165=0,\"\",Base!AI165)","v":""},{"$f":"IF(Base!AW165=0,Base!AY165&\" \"&Base!AZ165,Base!AK165&\" \"&Base!AL165)","v":"Impasse Palace Bellevue 1"},{"$f":"IF(IF(Base!AW165=0,Base!BA165,Base!AM165)=0,\"\",IF(Base!AW165=0,Base!BA165,Base!AM165))","v":""},{"$f":"IF(Base!AW165=0,Base!BB165,Base!AN165)","v":3963},{"$f":"IF(Base!AW165=0,Base!BC165,Base!AO165)","v":"Crans-Montana"},null,null,null,null,null,null,null,null,null,null,null,null,{"$f":"Base!AJ165","v":"1973-06-21"},{"$f":"IF(FO167=\"Établissement\",\"\",IF(Base!AG165=\"Masculin\",\"Monsieur\",IF(Base!AG165=\"Féminin\",\"Madame\",\"\")))","v":""},{"$f":"IF(FP167=FALSE,CONCATENATE(IF(Base!AV165=\"Masculin\",\"Monsieur\",IF(Base!AV165=\"Féminin\",\"Madame\",\"\")),\"#chr(13)##chr(10)#\",Base!AW165,\" \",Base!AX165, \"#chr(13)##chr(10)#\",Base!AY165,\" \",Base!AZ165, \"#chr(13)##chr(10)#\",Base!BA165, \"#chr(13)##chr(10)#\",Base!BB165,\" \",Base!BC165),\"\")","v":""},null,"",null,{"$f":"IF(AND(Base!AT165<200,Base!AT165>99),1,0)","v":1},null,0,{"$f":"Base!BG165","v":"CLN.9411"},{"$f":"Base!BH165& \"#chr(13)##chr(10)#\" &Base!BI165","v":"Personnel soignant reconnu (par personne et par quart d'heure entamé)#chr(13)##chr(10)#2 collaborateur(s) x 8 quarts d’heure"},null,{"$f":"Base!BJ165","v":16},{"$f":"Base!BK165","v":35},{"$f":"IF(Base!BL165=\"\",\"\",Base!BL165)","v":"¼ d'heure"},null,{"$f":"Base!BM165","v":560},null,null,{"$f":"IF(Base!H165=\"Uvrier\",3018,VLOOKUP(FQ167,$GV$2:$GX$7,FM167+1,0))","v":3018},0,0,null,0,null,null,null,null,null,"Libre","BS - 235",null,"BU - 73 - aff",0,null,null,null,null,null,null,null,null,null,null,null,null,null,null,null,null,null,null,null,null,null,null,null,null,null,null,null,null,null,null,null,null,null,{"$f":"Base!AH165&\", \"&Base!AI165","v":"Hess, Sandrine"},{"$f":"Base!AN165&\" \"&Base!AO165&\", \"&Base!AK165&\" \"&Base!AL165","v":"1680 Romont FR, Haut de la Gare 7"},{"$f":"CONCATENATE(TEXT(DATE(YEAR(Base!AJ165),MONTH(Base!AJ165),DAY(Base!AJ165)),\"jj.mm.aaaa\"),\", \",FN167,IF(Base!D165=\"\",\"\",\" - \"),Base!D165)","v":"21.06.1973, 756.0164.6286.54"},{"$f":"Base!AR165","v":"Assura-Basis SA"},{"$f":"LEFT(Base!J165,10)","v":"2022-01-31"},{"$f":"CONCATENATE(Base!L165,IF(Base!L165=0,\"\",\", \"),Base!M165,\" \",Base!N165,\", \",Base!P165,\" \",Base!Q165)","v":"Hôpital de Sierre, Rue Saint-Charles 14, 3960 Sierre"},{"$f":"CONCATENATE(Base!V165,\", \",Base!Z165,\" \",Base!AA165,\", \",Base!W165,\" \",Base!X165)","v":"Clinique Bernoise, 3963 Crans-Montana, Impasse Palace Bellevue 1"},null,{"$f":"CONCATENATE(RIGHT(LEFT(Base!J165,16),5),\" - \",RIGHT(LEFT(Base!K165,16),5))","v":"20:54 - 22:47"},{"$f":"Base!AF165&\" - \"&Base!I165","v":"Maladie - S3"},null,null,null,null,null,null,null,null,null,null,null,null,null,null,null,null,null,null,{"$f":"Base!H165","v":"Uvrier"},2,null,null,null,null,null,null,null,null,null,2,null,null,null,null,null,null,null,null,null,null,null,null,null,null,null,null,null,null,null,null,null,{"$f":"IF(Base!U165=\"Privée\",2,1)","v":2},{"$f":"IF(OR(LEFT(Base!AS165,1)=\"1\",LEFT(Base!AS165)=\"2\"),RIGHT(Base!AS165,LEN(Base!AS165)-1),Base!AS165)","v":"756.0164.6286.54"},{"$f":"Base!AU165","v":"Établissement"},{"$f":"OR(CONCATENATE(Base!AW165,Base!AX165)=CONCATENATE(Base!AH165,Base!AI165),FO167=\"Établissement\")","v":true},{"$f":"Base!I165","v":"S3"}]
[{"$f":"Base!A166","v":4295},{"$f":"20","v":20},{"$f":"Base!B166","v":"2022-02-11"},null,{"$f":"Base!AE166","v":"VS22003236"},null,null,null,null,null,"<AUTO>",null,null,null,null,"URL (Libre)",null,null,{"$f":"Base!E166&\" - \"&Base!H166&\" - \"&Base!D166","v":"16695 - Uvrier - "},{"$f":"IF(AND(Base!AT166<1000,Base!AT166>99),Base!AT166,IF(FO168=\"Établissement\",VALUE(CONCATENATE(LEN(SUBSTITUTE(V168,\" \",\"\")),LEN(V168),AA168,COLUMN(INDIRECT(LEFT(V168,1)&1)),LEN(SUBSTITUTE(V168,\"-\",\"\")))),IF(FN168=\"\",VALUE(CONCATENATE(COLUMN(INDIRECT(LEFT(W168,1)&1)),COLUMN(INDIRECT(LEFT(X168,1)&1)),AO168,CODE(AA168))),VALUE(SUBSTITUTE(SUBSTITUTE(SUBSTITUTE(FN168,\".\",\"\"),\" \",\"\"),\"-\",\"\")))))","v":102},null,{"$f":"SUBSTITUTE(IF(Base!BF166=0,\"\",Base!BF166),\" (facturation)\",\"\")","v":"Clinique Bernoise Montana - Secrétariat médical"},{"$f":"IF(Base!AW166=0,\"\",Base!AH166)","v":""},{"$f":"IF(Base!AX166=0,\"\",Base!AI166)","v":""},{"$f":"IF(Base!AW166=0,Base!AY166&\" \"&Base!AZ166,Base!AK166&\" \"&Base!AL166)","v":"Impasse Palace Bellevue 1"},{"$f":"IF(IF(Base!AW166=0,Base!BA166,Base!AM166)=0,\"\",IF(Base!AW166=0,Base!BA166,Base!AM166))","v":""},{"$f":"IF(Base!AW166=0,Base!BB166,Base!AN166)","v":3963},{"$f":"IF(Base!AW166=0,Base!BC166,Base!AO166)","v":"Crans-Montana"},null,null,null,null,null,null,null,null,null,null,null,null,{"$f":"Base!AJ166","v":"1973-06-21"},{"$f":"IF(FO168=\"Établissement\",\"\",IF(Base!AG166=\"Masculin\",\"Monsieur\",IF(Base!AG166=\"Féminin\",\"Madame\",\"\")))","v":""},{"$f":"IF(FP168=FALSE,CONCATENATE(IF(Base!AV166=\"Masculin\",\"Monsieur\",IF(Base!AV166=\"Féminin\",\"Madame\",\"\")),\"#chr(13)##chr(10)#\",Base!AW166,\" \",Base!AX166, \"#chr(13)##chr(10)#\",Base!AY166,\" \",Base!AZ166, \"#chr(13)##chr(10)#\",Base!BA166, \"#chr(13)##chr(10)#\",Base!BB166,\" \",Base!BC166),\"\")","v":""},null,"",null,{"$f":"IF(AND(Base!AT166<200,Base!AT166>99),1,0)","v":1},null,0,{"$f":"Base!BG166","v":"CLN.9431"},{"$f":"Base!BH166& \"#chr(13)##chr(10)#\" &Base!BI166","v":"Supplément de nuit  20h00-08h00#chr(13)##chr(10)#25% sur CHF 560.00"},null,{"$f":"Base!BJ166","v":1},{"$f":"Base!BK166","v":140},{"$f":"IF(Base!BL166=\"\",\"\",Base!BL166)","v":""},null,{"$f":"Base!BM166","v":140},null,null,{"$f":"IF(Base!H166=\"Uvrier\",3018,VLOOKUP(FQ168,$GV$2:$GX$7,FM168+1,0))","v":3018},0,0,null,0,null,null,null,null,null,"Libre","BS - 236",null,"BU - 73 - aff",0,null,null,null,null,null,null,null,null,null,null,null,null,null,null,null,null,null,null,null,null,null,null,null,null,null,null,null,null,null,null,null,null,null,{"$f":"Base!AH166&\", \"&Base!AI166","v":"Hess, Sandrine"},{"$f":"Base!AN166&\" \"&Base!AO166&\", \"&Base!AK166&\" \"&Base!AL166","v":"1680 Romont FR, Haut de la Gare 7"},{"$f":"CONCATENATE(TEXT(DATE(YEAR(Base!AJ166),MONTH(Base!AJ166),DAY(Base!AJ166)),\"jj.mm.aaaa\"),\", \",FN168,IF(Base!D166=\"\",\"\",\" - \"),Base!D166)","v":"21.06.1973, 756.0164.6286.54"},{"$f":"Base!AR166","v":"Assura-Basis SA"},{"$f":"LEFT(Base!J166,10)","v":"2022-01-31"},{"$f":"CONCATENATE(Base!L166,IF(Base!L166=0,\"\",\", \"),Base!M166,\" \",Base!N166,\", \",Base!P166,\" \",Base!Q166)","v":"Hôpital de Sierre, Rue Saint-Charles 14, 3960 Sierre"},{"$f":"CONCATENATE(Base!V166,\", \",Base!Z166,\" \",Base!AA166,\", \",Base!W166,\" \",Base!X166)","v":"Clinique Bernoise, 3963 Crans-Montana, Impasse Palace Bellevue 1"},null,{"$f":"CONCATENATE(RIGHT(LEFT(Base!J166,16),5),\" - \",RIGHT(LEFT(Base!K166,16),5))","v":"20:54 - 22:47"},{"$f":"Base!AF166&\" - \"&Base!I166","v":"Maladie - S3"},null,null,null,null,null,null,null,null,null,null,null,null,null,null,null,null,null,null,{"$f":"Base!H166","v":"Uvrier"},2,null,null,null,null,null,null,null,null,null,2,null,null,null,null,null,null,null,null,null,null,null,null,null,null,null,null,null,null,null,null,null,{"$f":"IF(Base!U166=\"Privée\",2,1)","v":2},{"$f":"IF(OR(LEFT(Base!AS166,1)=\"1\",LEFT(Base!AS166)=\"2\"),RIGHT(Base!AS166,LEN(Base!AS166)-1),Base!AS166)","v":"756.0164.6286.54"},{"$f":"Base!AU166","v":"Établissement"},{"$f":"OR(CONCATENATE(Base!AW166,Base!AX166)=CONCATENATE(Base!AH166,Base!AI166),FO168=\"Établissement\")","v":true},{"$f":"Base!I166","v":"S3"}]
[{"$f":"Base!A167","v":4295},{"$f":"20","v":20},{"$f":"Base!B167","v":"2022-02-11"},null,{"$f":"Base!AE167","v":"VS22003236"},null,null,null,null,null,"<AUTO>",null,null,null,null,"URL (Libre)",null,null,{"$f":"Base!E167&\" - \"&Base!H167&\" - \"&Base!D167","v":"16695 - Uvrier - "},{"$f":"IF(AND(Base!AT167<1000,Base!AT167>99),Base!AT167,IF(FO169=\"Établissement\",VALUE(CONCATENATE(LEN(SUBSTITUTE(V169,\" \",\"\")),LEN(V169),AA169,COLUMN(INDIRECT(LEFT(V169,1)&1)),LEN(SUBSTITUTE(V169,\"-\",\"\")))),IF(FN169=\"\",VALUE(CONCATENATE(COLUMN(INDIRECT(LEFT(W169,1)&1)),COLUMN(INDIRECT(LEFT(X169,1)&1)),AO169,CODE(AA169))),VALUE(SUBSTITUTE(SUBSTITUTE(SUBSTITUTE(FN169,\".\",\"\"),\" \",\"\"),\"-\",\"\")))))","v":102},null,{"$f":"SUBSTITUTE(IF(Base!BF167=0,\"\",Base!BF167),\" (facturation)\",\"\")","v":"Clinique Bernoise Montana - Secrétariat médical"},{"$f":"IF(Base!AW167=0,\"\",Base!AH167)","v":""},{"$f":"IF(Base!AX167=0,\"\",Base!AI167)","v":""},{"$f":"IF(Base!AW167=0,Base!AY167&\" \"&Base!AZ167,Base!AK167&\" \"&Base!AL167)","v":"Impasse Palace Bellevue 1"},{"$f":"IF(IF(Base!AW167=0,Base!BA167,Base!AM167)=0,\"\",IF(Base!AW167=0,Base!BA167,Base!AM167))","v":""},{"$f":"IF(Base!AW167=0,Base!BB167,Base!AN167)","v":3963},{"$f":"IF(Base!AW167=0,Base!BC167,Base!AO167)","v":"Crans-Montana"},null,null,null,null,null,null,null,null,null,null,null,null,{"$f":"Base!AJ167","v":"1973-06-21"},{"$f":"IF(FO169=\"Établissement\",\"\",IF(Base!AG167=\"Masculin\",\"Monsieur\",IF(Base!AG167=\"Féminin\",\"Madame\",\"\")))","v":""},{"$f":"IF(FP169=FALSE,CONCATENATE(IF(Base!AV167=\"Masculin\",\"Monsieur\",IF(Base!AV167=\"Féminin\",\"Madame\",\"\")),\"#chr(13)##chr(10)#\",Base!AW167,\" \",Base!AX167, \"#chr(13)##chr(10)#\",Base!AY167,\" \",Base!AZ167, \"#chr(13)##chr(10)#\",Base!BA167, \"#chr(13)##chr(10)#\",Base!BB167,\" \",Base!BC167),\"\")","v":""},null,"",null,{"$f":"IF(AND(Base!AT167<200,Base!AT167>99),1,0)","v":1},null,0,{"$f":"Base!BG167","v":"CLN.Rabais "},{"$f":"Base!BH167& \"#chr(13)##chr(10)#\" &Base!BI167","v":"Rabais 35%#chr(13)##chr(10)#sur CHF 1'116.00"},null,{"$f":"Base!BJ167","v":1},{"$f":"Base!BK167","v":-390.6},{"$f":"IF(Base!BL167=\"\",\"\",Base!BL167)","v":""},null,{"$f":"Base!BM167","v":-390.6},null,null,{"$f":"IF(Base!H167=\"Uvrier\",3018,VLOOKUP(FQ169,$GV$2:$GX$7,FM169+1,0))","v":3018},0,0,null,0,null,null,null,null,null,"Libre","BS - 237",null,"BU - 73 - aff",0,null,null,null,null,null,null,null,null,null,null,null,null,null,null,null,null,null,null,null,null,null,null,null,null,null,null,null,null,null,null,null,null,null,{"$f":"Base!AH167&\", \"&Base!AI167","v":"Hess, Sandrine"},{"$f":"Base!AN167&\" \"&Base!AO167&\", \"&Base!AK167&\" \"&Base!AL167","v":"1680 Romont FR, Haut de la Gare 7"},{"$f":"CONCATENATE(TEXT(DATE(YEAR(Base!AJ167),MONTH(Base!AJ167),DAY(Base!AJ167)),\"jj.mm.aaaa\"),\", \",FN169,IF(Base!D167=\"\",\"\",\" - \"),Base!D167)","v":"21.06.1973, 756.0164.6286.54"},{"$f":"Base!AR167","v":"Assura-Basis SA"},{"$f":"LEFT(Base!J167,10)","v":"2022-01-31"},{"$f":"CONCATENATE(Base!L167,IF(Base!L167=0,\"\",\", \"),Base!M167,\" \",Base!N167,\", \",Base!P167,\" \",Base!Q167)","v":"Hôpital de Sierre, Rue Saint-Charles 14, 3960 Sierre"},{"$f":"CONCATENATE(Base!V167,\", \",Base!Z167,\" \",Base!AA167,\", \",Base!W167,\" \",Base!X167)","v":"Clinique Bernoise, 3963 Crans-Montana, Impasse Palace Bellevue 1"},null,{"$f":"CONCATENATE(RIGHT(LEFT(Base!J167,16),5),\" - \",RIGHT(LEFT(Base!K167,16),5))","v":"20:54 - 22:47"},{"$f":"Base!AF167&\" - \"&Base!I167","v":"Maladie - S3"},null,null,null,null,null,null,null,null,null,null,null,null,null,null,null,null,null,null,{"$f":"Base!H167","v":"Uvrier"},2,null,null,null,null,null,null,null,null,null,2,null,null,null,null,null,null,null,null,null,null,null,null,null,null,null,null,null,null,null,null,null,{"$f":"IF(Base!U167=\"Privée\",2,1)","v":2},{"$f":"IF(OR(LEFT(Base!AS167,1)=\"1\",LEFT(Base!AS167)=\"2\"),RIGHT(Base!AS167,LEN(Base!AS167)-1),Base!AS167)","v":"756.0164.6286.54"},{"$f":"Base!AU167","v":"Établissement"},{"$f":"OR(CONCATENATE(Base!AW167,Base!AX167)=CONCATENATE(Base!AH167,Base!AI167),FO169=\"Établissement\")","v":true},{"$f":"Base!I167","v":"S3"}]
[{"$f":"Base!A168","v":4296},{"$f":"20","v":20},{"$f":"Base!B168","v":"2022-02-11"},null,{"$f":"Base!AE168","v":"VS22003244"},null,null,null,null,null,"<AUTO>",null,null,null,null,"URL (Libre)",null,null,{"$f":"Base!E168&\" - \"&Base!H168&\" - \"&Base!D168","v":"16702 - Uvrier - 2281122/89"},{"$f":"IF(AND(Base!AT168<1000,Base!AT168>99),Base!AT168,IF(FO170=\"Établissement\",VALUE(CONCATENATE(LEN(SUBSTITUTE(V170,\" \",\"\")),LEN(V170),AA170,COLUMN(INDIRECT(LEFT(V170,1)&1)),LEN(SUBSTITUTE(V170,\"-\",\"\")))),IF(FN170=\"\",VALUE(CONCATENATE(COLUMN(INDIRECT(LEFT(W170,1)&1)),COLUMN(INDIRECT(LEFT(X170,1)&1)),AO170,CODE(AA170))),VALUE(SUBSTITUTE(SUBSTITUTE(SUBSTITUTE(FN170,\".\",\"\"),\" \",\"\"),\"-\",\"\")))))","v":101},null,{"$f":"SUBSTITUTE(IF(Base!BF168=0,\"\",Base!BF168),\" (facturation)\",\"\")","v":"Hôpital du Valais - Direction des Finances/Service des fournisseurs"},{"$f":"IF(Base!AW168=0,\"\",Base!AH168)","v":""},{"$f":"IF(Base!AX168=0,\"\",Base!AI168)","v":""},{"$f":"IF(Base!AW168=0,Base!AY168&\" \"&Base!AZ168,Base!AK168&\" \"&Base!AL168)","v":"Avenue Grand-Champsec 86"},{"$f":"IF(IF(Base!AW168=0,Base!BA168,Base!AM168)=0,\"\",IF(Base!AW168=0,Base!BA168,Base!AM168))","v":"Case postale 696"},{"$f":"IF(Base!AW168=0,Base!BB168,Base!AN168)","v":1951},{"$f":"IF(Base!AW168=0,Base!BC168,Base!AO168)","v":"Sion"},null,null,null,null,null,null,null,null,null,null,null,null,{"$f":"Base!AJ168","v":"2001-07-24"},{"$f":"IF(FO170=\"Établissement\",\"\",IF(Base!AG168=\"Masculin\",\"Monsieur\",IF(Base!AG168=\"Féminin\",\"Madame\",\"\")))","v":""},{"$f":"IF(FP170=FALSE,CONCATENATE(IF(Base!AV168=\"Masculin\",\"Monsieur\",IF(Base!AV168=\"Féminin\",\"Madame\",\"\")),\"#chr(13)##chr(10)#\",Base!AW168,\" \",Base!AX168, \"#chr(13)##chr(10)#\",Base!AY168,\" \",Base!AZ168, \"#chr(13)##chr(10)#\",Base!BA168, \"#chr(13)##chr(10)#\",Base!BB168,\" \",Base!BC168),\"\")","v":""},null,"",null,{"$f":"IF(AND(Base!AT168<200,Base!AT168>99),1,0)","v":1},null,0,{"$f":"Base!BG168","v":"HVS.17N"},{"$f":"Base!BH168& \"#chr(13)##chr(10)#\" &Base!BI168","v":"Forfait S3 HVS Sion - Malévoz#chr(13)##chr(10)#Trajet simple nuit (20h00-08h00) ou dimanches et jours fériés"},null,{"$f":"Base!BJ168","v":1},{"$f":"Base!BK168","v":1029},{"$f":"IF(Base!BL168=\"\",\"\",Base!BL168)","v":""},null,{"$f":"Base!BM168","v":1029},null,null,{"$f":"IF(Base!H168=\"Uvrier\",3018,VLOOKUP(FQ170,$GV$2:$GX$7,FM170+1,0))","v":3018},0,0,null,0,null,null,null,null,null,"Libre","BS - 238",null,"BU - 73 - aff",0,null,null,null,null,null,null,null,null,null,null,null,null,null,null,null,null,null,null,null,null,null,null,null,null,null,null,null,null,null,null,null,null,null,{"$f":"Base!AH168&\", \"&Base!AI168","v":"Monbaron, Naphatson Jade"},{"$f":"Base!AN168&\" \"&Base!AO168&\", \"&Base!AK168&\" \"&Base!AL168","v":"1950 Sion, Avenue Saint-François 20"},{"$f":"CONCATENATE(TEXT(DATE(YEAR(Base!AJ168),MONTH(Base!AJ168),DAY(Base!AJ168)),\"jj.mm.aaaa\"),\", \",FN170,IF(Base!D168=\"\",\"\",\" - \"),Base!D168)","v":"24.07.2001, 756.3459.3648.24 - 2281122/89"},{"$f":"Base!AR168","v":"AMB Assurances SA"},{"$f":"LEFT(Base!J168,10)","v":"2022-01-31"},{"$f":"CONCATENATE(Base!L168,IF(Base!L168=0,\"\",\", \"),Base!M168,\" \",Base!N168,\", \",Base!P168,\" \",Base!Q168)","v":"Hôpital de Sion, Avenue du Grand-Champsec 80, 1950 Sion"},{"$f":"CONCATENATE(Base!V168,\", \",Base!Z168,\" \",Base!AA168,\", \",Base!W168,\" \",Base!X168)","v":"Hôpital de Malévoz, 1870 Monthey, Route de Morgins 10"},null,{"$f":"CONCATENATE(RIGHT(LEFT(Base!J168,16),5),\" - \",RIGHT(LEFT(Base!K168,16),5))","v":"22:47 - 00:28"},{"$f":"Base!AF168&\" - \"&Base!I168","v":"Maladie - S3"},null,null,null,null,null,null,null,null,null,null,null,null,null,null,null,null,null,null,{"$f":"Base!H168","v":"Uvrier"},2,null,null,null,null,null,null,null,null,null,2,null,null,null,null,null,null,null,null,null,null,null,null,null,null,null,null,null,null,null,null,null,{"$f":"IF(Base!U168=\"Privée\",2,1)","v":2},{"$f":"IF(OR(LEFT(Base!AS168,1)=\"1\",LEFT(Base!AS168)=\"2\"),RIGHT(Base!AS168,LEN(Base!AS168)-1),Base!AS168)","v":"756.3459.3648.24"},{"$f":"Base!AU168","v":"Établissement"},{"$f":"OR(CONCATENATE(Base!AW168,Base!AX168)=CONCATENATE(Base!AH168,Base!AI168),FO170=\"Établissement\")","v":true},{"$f":"Base!I168","v":"S3"}]
[{"$f":"Base!A169","v":4297},{"$f":"20","v":20},{"$f":"Base!B169","v":"2022-02-11"},null,{"$f":"Base!AE169","v":"VS22003261"},null,null,null,null,null,"<AUTO>",null,null,null,null,"URL (Libre)",null,null,{"$f":"Base!E169&\" - \"&Base!H169&\" - \"&Base!D169","v":"16719 - Uvrier - "},{"$f":"IF(AND(Base!AT169<1000,Base!AT169>99),Base!AT169,IF(FO171=\"Établissement\",VALUE(CONCATENATE(LEN(SUBSTITUTE(V171,\" \",\"\")),LEN(V171),AA171,COLUMN(INDIRECT(LEFT(V171,1)&1)),LEN(SUBSTITUTE(V171,\"-\",\"\")))),IF(FN171=\"\",VALUE(CONCATENATE(COLUMN(INDIRECT(LEFT(W171,1)&1)),COLUMN(INDIRECT(LEFT(X171,1)&1)),AO171,CODE(AA171))),VALUE(SUBSTITUTE(SUBSTITUTE(SUBSTITUTE(FN171,\".\",\"\"),\" \",\"\"),\"-\",\"\")))))","v":7562434675337},null,{"$f":"SUBSTITUTE(IF(Base!BF169=0,\"\",Base!BF169),\" (facturation)\",\"\")","v":""},{"$f":"IF(Base!AW169=0,\"\",Base!AH169)","v":"Nappey"},{"$f":"IF(Base!AX169=0,\"\",Base!AI169)","v":"Henry"},{"$f":"IF(Base!AW169=0,Base!AY169&\" \"&Base!AZ169,Base!AK169&\" \"&Base!AL169)","v":"Rue de l'Etang 13"},{"$f":"IF(IF(Base!AW169=0,Base!BA169,Base!AM169)=0,\"\",IF(Base!AW169=0,Base!BA169,Base!AM169))","v":""},{"$f":"IF(Base!AW169=0,Base!BB169,Base!AN169)","v":1971},{"$f":"IF(Base!AW169=0,Base!BC169,Base!AO169)","v":"Grimisuat"},null,null,null,null,null,null,null,null,null,null,null,null,{"$f":"Base!AJ169","v":"1938-07-08"},{"$f":"IF(FO171=\"Établissement\",\"\",IF(Base!AG169=\"Masculin\",\"Monsieur\",IF(Base!AG169=\"Féminin\",\"Madame\",\"\")))","v":"Monsieur"},{"$f":"IF(FP171=FALSE,CONCATENATE(IF(Base!AV169=\"Masculin\",\"Monsieur\",IF(Base!AV169=\"Féminin\",\"Madame\",\"\")),\"#chr(13)##chr(10)#\",Base!AW169,\" \",Base!AX169, \"#chr(13)##chr(10)#\",Base!AY169,\" \",Base!AZ169, \"#chr(13)##chr(10)#\",Base!BA169, \"#chr(13)##chr(10)#\",Base!BB169,\" \",Base!BC169),\"\")","v":"Madame#chr(13)##chr(10)#Nappey Andrée#chr(13)##chr(10)#Rue de l'Etang 13#chr(13)##chr(10)##chr(13)##chr(10)#1971 Grimisuat"},null,"Monsieur",null,{"$f":"IF(AND(Base!AT169<200,Base!AT169>99),1,0)","v":0},null,0,{"$f":"Base!BG169","v":9403},{"$f":"Base!BH169& \"#chr(13)##chr(10)#\" &Base!BI169","v":"Taxe de base transport P3#chr(13)##chr(10)#"},null,{"$f":"Base!BJ169","v":1},{"$f":"Base!BK169","v":200},{"$f":"IF(Base!BL169=\"\",\"\",Base!BL169)","v":""},null,{"$f":"Base!BM169","v":200},null,null,{"$f":"IF(Base!H169=\"Uvrier\",3018,VLOOKUP(FQ171,$GV$2:$GX$7,FM171+1,0))","v":3018},0,0,null,0,null,null,null,null,null,"Libre","BS - 239",null,"BU - 73 - aff",0,null,null,null,null,null,null,null,null,null,null,null,null,null,null,null,null,null,null,null,null,null,null,null,null,null,null,null,null,null,null,null,null,null,{"$f":"Base!AH169&\", \"&Base!AI169","v":"Nappey, Henry"},{"$f":"Base!AN169&\" \"&Base!AO169&\", \"&Base!AK169&\" \"&Base!AL169","v":"1971 Grimisuat, Rue de l'Etang 13"},{"$f":"CONCATENATE(TEXT(DATE(YEAR(Base!AJ169),MONTH(Base!AJ169),DAY(Base!AJ169)),\"jj.mm.aaaa\"),\", \",FN171,IF(Base!D169=\"\",\"\",\" - \"),Base!D169)","v":"08.07.1938, 756.2434.6753.37"},{"$f":"Base!AR169","v":"Mutuel Assurance Maladie SA"},{"$f":"LEFT(Base!J169,10)","v":"2022-02-01"},{"$f":"CONCATENATE(Base!L169,IF(Base!L169=0,\"\",\", \"),Base!M169,\" \",Base!N169,\", \",Base!P169,\" \",Base!Q169)","v":"Home Les Crêtes, Route d'Ayent 18, 1971 Grimisuat"},{"$f":"CONCATENATE(Base!V169,\", \",Base!Z169,\" \",Base!AA169,\", \",Base!W169,\" \",Base!X169)","v":"HFR Fribourg - Hôpital cantonal, 1752 Villars-sur-Glâne, Chemin des Pensionnats 44714"},null,{"$f":"CONCATENATE(RIGHT(LEFT(Base!J169,16),5),\" - \",RIGHT(LEFT(Base!K169,16),5))","v":"08:49 - 15:38"},{"$f":"Base!AF169&\" - \"&Base!I169","v":"Accident - P3"},null,null,null,null,null,null,null,null,null,null,null,null,null,null,null,null,null,null,{"$f":"Base!H169","v":"Uvrier"},2,null,null,null,null,null,null,null,null,null,2,null,null,null,null,null,null,null,null,null,null,null,null,null,null,null,null,null,null,null,null,null,{"$f":"IF(Base!U169=\"Privée\",2,1)","v":2},{"$f":"IF(OR(LEFT(Base!AS169,1)=\"1\",LEFT(Base!AS169)=\"2\"),RIGHT(Base!AS169,LEN(Base!AS169)-1),Base!AS169)","v":"756.2434.6753.37"},{"$f":"Base!AU169","v":"Personne"},{"$f":"OR(CONCATENATE(Base!AW169,Base!AX169)=CONCATENATE(Base!AH169,Base!AI169),FO171=\"Établissement\")","v":false},{"$f":"Base!I169","v":"P3"}]
[{"$f":"Base!A170","v":4297},{"$f":"20","v":20},{"$f":"Base!B170","v":"2022-02-11"},null,{"$f":"Base!AE170","v":"VS22003261"},null,null,null,null,null,"<AUTO>",null,null,null,null,"URL (Libre)",null,null,{"$f":"Base!E170&\" - \"&Base!H170&\" - \"&Base!D170","v":"16719 - Uvrier - "},{"$f":"IF(AND(Base!AT170<1000,Base!AT170>99),Base!AT170,IF(FO172=\"Établissement\",VALUE(CONCATENATE(LEN(SUBSTITUTE(V172,\" \",\"\")),LEN(V172),AA172,COLUMN(INDIRECT(LEFT(V172,1)&1)),LEN(SUBSTITUTE(V172,\"-\",\"\")))),IF(FN172=\"\",VALUE(CONCATENATE(COLUMN(INDIRECT(LEFT(W172,1)&1)),COLUMN(INDIRECT(LEFT(X172,1)&1)),AO172,CODE(AA172))),VALUE(SUBSTITUTE(SUBSTITUTE(SUBSTITUTE(FN172,\".\",\"\"),\" \",\"\"),\"-\",\"\")))))","v":7562434675337},null,{"$f":"SUBSTITUTE(IF(Base!BF170=0,\"\",Base!BF170),\" (facturation)\",\"\")","v":""},{"$f":"IF(Base!AW170=0,\"\",Base!AH170)","v":"Nappey"},{"$f":"IF(Base!AX170=0,\"\",Base!AI170)","v":"Henry"},{"$f":"IF(Base!AW170=0,Base!AY170&\" \"&Base!AZ170,Base!AK170&\" \"&Base!AL170)","v":"Rue de l'Etang 13"},{"$f":"IF(IF(Base!AW170=0,Base!BA170,Base!AM170)=0,\"\",IF(Base!AW170=0,Base!BA170,Base!AM170))","v":""},{"$f":"IF(Base!AW170=0,Base!BB170,Base!AN170)","v":1971},{"$f":"IF(Base!AW170=0,Base!BC170,Base!AO170)","v":"Grimisuat"},null,null,null,null,null,null,null,null,null,null,null,null,{"$f":"Base!AJ170","v":"1938-07-08"},{"$f":"IF(FO172=\"Établissement\",\"\",IF(Base!AG170=\"Masculin\",\"Monsieur\",IF(Base!AG170=\"Féminin\",\"Madame\",\"\")))","v":"Monsieur"},{"$f":"IF(FP172=FALSE,CONCATENATE(IF(Base!AV170=\"Masculin\",\"Monsieur\",IF(Base!AV170=\"Féminin\",\"Madame\",\"\")),\"#chr(13)##chr(10)#\",Base!AW170,\" \",Base!AX170, \"#chr(13)##chr(10)#\",Base!AY170,\" \",Base!AZ170, \"#chr(13)##chr(10)#\",Base!BA170, \"#chr(13)##chr(10)#\",Base!BB170,\" \",Base!BC170),\"\")","v":"Madame#chr(13)##chr(10)#Nappey Andrée#chr(13)##chr(10)#Rue de l'Etang 13#chr(13)##chr(10)##chr(13)##chr(10)#1971 Grimisuat"},null,"Monsieur",null,{"$f":"IF(AND(Base!AT170<200,Base!AT170>99),1,0)","v":0},null,0,{"$f":"Base!BG170","v":9404},{"$f":"Base!BH170& \"#chr(13)##chr(10)#\" &Base!BI170","v":"Indemnisation kilométrique#chr(13)##chr(10)#"},null,{"$f":"Base!BJ170","v":283},{"$f":"Base!BK170","v":4.5},{"$f":"IF(Base!BL170=\"\",\"\",Base!BL170)","v":"km"},null,{"$f":"Base!BM170","v":1273.5},null,null,{"$f":"IF(Base!H170=\"Uvrier\",3018,VLOOKUP(FQ172,$GV$2:$GX$7,FM172+1,0))","v":3018},0,0,null,0,null,null,null,null,null,"Libre","BS - 240",null,"BU - 73 - aff",0,null,null,null,null,null,null,null,null,null,null,null,null,null,null,null,null,null,null,null,null,null,null,null,null,null,null,null,null,null,null,null,null,null,{"$f":"Base!AH170&\", \"&Base!AI170","v":"Nappey, Henry"},{"$f":"Base!AN170&\" \"&Base!AO170&\", \"&Base!AK170&\" \"&Base!AL170","v":"1971 Grimisuat, Rue de l'Etang 13"},{"$f":"CONCATENATE(TEXT(DATE(YEAR(Base!AJ170),MONTH(Base!AJ170),DAY(Base!AJ170)),\"jj.mm.aaaa\"),\", \",FN172,IF(Base!D170=\"\",\"\",\" - \"),Base!D170)","v":"08.07.1938, 756.2434.6753.37"},{"$f":"Base!AR170","v":"Mutuel Assurance Maladie SA"},{"$f":"LEFT(Base!J170,10)","v":"2022-02-01"},{"$f":"CONCATENATE(Base!L170,IF(Base!L170=0,\"\",\", \"),Base!M170,\" \",Base!N170,\", \",Base!P170,\" \",Base!Q170)","v":"Home Les Crêtes, Route d'Ayent 18, 1971 Grimisuat"},{"$f":"CONCATENATE(Base!V170,\", \",Base!Z170,\" \",Base!AA170,\", \",Base!W170,\" \",Base!X170)","v":"HFR Fribourg - Hôpital cantonal, 1752 Villars-sur-Glâne, Chemin des Pensionnats 44714"},null,{"$f":"CONCATENATE(RIGHT(LEFT(Base!J170,16),5),\" - \",RIGHT(LEFT(Base!K170,16),5))","v":"08:49 - 15:38"},{"$f":"Base!AF170&\" - \"&Base!I170","v":"Accident - P3"},null,null,null,null,null,null,null,null,null,null,null,null,null,null,null,null,null,null,{"$f":"Base!H170","v":"Uvrier"},2,null,null,null,null,null,null,null,null,null,2,null,null,null,null,null,null,null,null,null,null,null,null,null,null,null,null,null,null,null,null,null,{"$f":"IF(Base!U170=\"Privée\",2,1)","v":2},{"$f":"IF(OR(LEFT(Base!AS170,1)=\"1\",LEFT(Base!AS170)=\"2\"),RIGHT(Base!AS170,LEN(Base!AS170)-1),Base!AS170)","v":"756.2434.6753.37"},{"$f":"Base!AU170","v":"Personne"},{"$f":"OR(CONCATENATE(Base!AW170,Base!AX170)=CONCATENATE(Base!AH170,Base!AI170),FO172=\"Établissement\")","v":false},{"$f":"Base!I170","v":"P3"}]
[{"$f":"Base!A171","v":4297},{"$f":"20","v":20},{"$f":"Base!B171","v":"2022-02-11"},null,{"$f":"Base!AE171","v":"VS22003261"},null,null,null,null,null,"<AUTO>",null,null,null,null,"URL (Libre)",null,null,{"$f":"Base!E171&\" - \"&Base!H171&\" - \"&Base!D171","v":"16719 - Uvrier - "},{"$f":"IF(AND(Base!AT171<1000,Base!AT171>99),Base!AT171,IF(FO173=\"Établissement\",VALUE(CONCATENATE(LEN(SUBSTITUTE(V173,\" \",\"\")),LEN(V173),AA173,COLUMN(INDIRECT(LEFT(V173,1)&1)),LEN(SUBSTITUTE(V173,\"-\",\"\")))),IF(FN173=\"\",VALUE(CONCATENATE(COLUMN(INDIRECT(LEFT(W173,1)&1)),COLUMN(INDIRECT(LEFT(X173,1)&1)),AO173,CODE(AA173))),VALUE(SUBSTITUTE(SUBSTITUTE(SUBSTITUTE(FN173,\".\",\"\"),\" \",\"\"),\"-\",\"\")))))","v":7562434675337},null,{"$f":"SUBSTITUTE(IF(Base!BF171=0,\"\",Base!BF171),\" (facturation)\",\"\")","v":""},{"$f":"IF(Base!AW171=0,\"\",Base!AH171)","v":"Nappey"},{"$f":"IF(Base!AX171=0,\"\",Base!AI171)","v":"Henry"},{"$f":"IF(Base!AW171=0,Base!AY171&\" \"&Base!AZ171,Base!AK171&\" \"&Base!AL171)","v":"Rue de l'Etang 13"},{"$f":"IF(IF(Base!AW171=0,Base!BA171,Base!AM171)=0,\"\",IF(Base!AW171=0,Base!BA171,Base!AM171))","v":""},{"$f":"IF(Base!AW171=0,Base!BB171,Base!AN171)","v":1971},{"$f":"IF(Base!AW171=0,Base!BC171,Base!AO171)","v":"Grimisuat"},null,null,null,null,null,null,null,null,null,null,null,null,{"$f":"Base!AJ171","v":"1938-07-08"},{"$f":"IF(FO173=\"Établissement\",\"\",IF(Base!AG171=\"Masculin\",\"Monsieur\",IF(Base!AG171=\"Féminin\",\"Madame\",\"\")))","v":"Monsieur"},{"$f":"IF(FP173=FALSE,CONCATENATE(IF(Base!AV171=\"Masculin\",\"Monsieur\",IF(Base!AV171=\"Féminin\",\"Madame\",\"\")),\"#chr(13)##chr(10)#\",Base!AW171,\" \",Base!AX171, \"#chr(13)##chr(10)#\",Base!AY171,\" \",Base!AZ171, \"#chr(13)##chr(10)#\",Base!BA171, \"#chr(13)##chr(10)#\",Base!BB171,\" \",Base!BC171),\"\")","v":"Madame#chr(13)##chr(10)#Nappey Andrée#chr(13)##chr(10)#Rue de l'Etang 13#chr(13)##chr(10)##chr(13)##chr(10)#1971 Grimisuat"},null,"Monsieur",null,{"$f":"IF(AND(Base!AT171<200,Base!AT171>99),1,0)","v":0},null,0,{"$f":"Base!BG171","v":9411},{"$f":"Base!BH171& \"#chr(13)##chr(10)#\" &Base!BI171","v":"Personnel soignant reconnu (par personne et par quart d'heure entamé)#chr(13)##chr(10)#2 collaborateur(s) x 27 quarts d’heure"},null,{"$f":"Base!BJ171","v":54},{"$f":"Base!BK171","v":35},{"$f":"IF(Base!BL171=\"\",\"\",Base!BL171)","v":"¼ d'heure"},null,{"$f":"Base!BM171","v":1890},null,null,{"$f":"IF(Base!H171=\"Uvrier\",3018,VLOOKUP(FQ173,$GV$2:$GX$7,FM173+1,0))","v":3018},0,0,null,0,null,null,null,null,null,"Libre","BS - 241",null,"BU - 73 - aff",0,null,null,null,null,null,null,null,null,null,null,null,null,null,null,null,null,null,null,null,null,null,null,null,null,null,null,null,null,null,null,null,null,null,{"$f":"Base!AH171&\", \"&Base!AI171","v":"Nappey, Henry"},{"$f":"Base!AN171&\" \"&Base!AO171&\", \"&Base!AK171&\" \"&Base!AL171","v":"1971 Grimisuat, Rue de l'Etang 13"},{"$f":"CONCATENATE(TEXT(DATE(YEAR(Base!AJ171),MONTH(Base!AJ171),DAY(Base!AJ171)),\"jj.mm.aaaa\"),\", \",FN173,IF(Base!D171=\"\",\"\",\" - \"),Base!D171)","v":"08.07.1938, 756.2434.6753.37"},{"$f":"Base!AR171","v":"Mutuel Assurance Maladie SA"},{"$f":"LEFT(Base!J171,10)","v":"2022-02-01"},{"$f":"CONCATENATE(Base!L171,IF(Base!L171=0,\"\",\", \"),Base!M171,\" \",Base!N171,\", \",Base!P171,\" \",Base!Q171)","v":"Home Les Crêtes, Route d'Ayent 18, 1971 Grimisuat"},{"$f":"CONCATENATE(Base!V171,\", \",Base!Z171,\" \",Base!AA171,\", \",Base!W171,\" \",Base!X171)","v":"HFR Fribourg - Hôpital cantonal, 1752 Villars-sur-Glâne, Chemin des Pensionnats 44714"},null,{"$f":"CONCATENATE(RIGHT(LEFT(Base!J171,16),5),\" - \",RIGHT(LEFT(Base!K171,16),5))","v":"08:49 - 15:38"},{"$f":"Base!AF171&\" - \"&Base!I171","v":"Accident - P3"},null,null,null,null,null,null,null,null,null,null,null,null,null,null,null,null,null,null,{"$f":"Base!H171","v":"Uvrier"},2,null,null,null,null,null,null,null,null,null,2,null,null,null,null,null,null,null,null,null,null,null,null,null,null,null,null,null,null,null,null,null,{"$f":"IF(Base!U171=\"Privée\",2,1)","v":2},{"$f":"IF(OR(LEFT(Base!AS171,1)=\"1\",LEFT(Base!AS171)=\"2\"),RIGHT(Base!AS171,LEN(Base!AS171)-1),Base!AS171)","v":"756.2434.6753.37"},{"$f":"Base!AU171","v":"Personne"},{"$f":"OR(CONCATENATE(Base!AW171,Base!AX171)=CONCATENATE(Base!AH171,Base!AI171),FO173=\"Établissement\")","v":false},{"$f":"Base!I171","v":"P3"}]
[{"$f":"Base!A172","v":4297},{"$f":"20","v":20},{"$f":"Base!B172","v":"2022-02-11"},null,{"$f":"Base!AE172","v":"VS22003261"},null,null,null,null,null,"<AUTO>",null,null,null,null,"URL (Libre)",null,null,{"$f":"Base!E172&\" - \"&Base!H172&\" - \"&Base!D172","v":"16719 - Uvrier - "},{"$f":"IF(AND(Base!AT172<1000,Base!AT172>99),Base!AT172,IF(FO174=\"Établissement\",VALUE(CONCATENATE(LEN(SUBSTITUTE(V174,\" \",\"\")),LEN(V174),AA174,COLUMN(INDIRECT(LEFT(V174,1)&1)),LEN(SUBSTITUTE(V174,\"-\",\"\")))),IF(FN174=\"\",VALUE(CONCATENATE(COLUMN(INDIRECT(LEFT(W174,1)&1)),COLUMN(INDIRECT(LEFT(X174,1)&1)),AO174,CODE(AA174))),VALUE(SUBSTITUTE(SUBSTITUTE(SUBSTITUTE(FN174,\".\",\"\"),\" \",\"\"),\"-\",\"\")))))","v":7562434675337},null,{"$f":"SUBSTITUTE(IF(Base!BF172=0,\"\",Base!BF172),\" (facturation)\",\"\")","v":""},{"$f":"IF(Base!AW172=0,\"\",Base!AH172)","v":"Nappey"},{"$f":"IF(Base!AX172=0,\"\",Base!AI172)","v":"Henry"},{"$f":"IF(Base!AW172=0,Base!AY172&\" \"&Base!AZ172,Base!AK172&\" \"&Base!AL172)","v":"Rue de l'Etang 13"},{"$f":"IF(IF(Base!AW172=0,Base!BA172,Base!AM172)=0,\"\",IF(Base!AW172=0,Base!BA172,Base!AM172))","v":""},{"$f":"IF(Base!AW172=0,Base!BB172,Base!AN172)","v":1971},{"$f":"IF(Base!AW172=0,Base!BC172,Base!AO172)","v":"Grimisuat"},null,null,null,null,null,null,null,null,null,null,null,null,{"$f":"Base!AJ172","v":"1938-07-08"},{"$f":"IF(FO174=\"Établissement\",\"\",IF(Base!AG172=\"Masculin\",\"Monsieur\",IF(Base!AG172=\"Féminin\",\"Madame\",\"\")))","v":"Monsieur"},{"$f":"IF(FP174=FALSE,CONCATENATE(IF(Base!AV172=\"Masculin\",\"Monsieur\",IF(Base!AV172=\"Féminin\",\"Madame\",\"\")),\"#chr(13)##chr(10)#\",Base!AW172,\" \",Base!AX172, \"#chr(13)##chr(10)#\",Base!AY172,\" \",Base!AZ172, \"#chr(13)##chr(10)#\",Base!BA172, \"#chr(13)##chr(10)#\",Base!BB172,\" \",Base!BC172),\"\")","v":"Madame#chr(13)##chr(10)#Nappey Andrée#chr(13)##chr(10)#Rue de l'Etang 13#chr(13)##chr(10)##chr(13)##chr(10)#1971 Grimisuat"},null,"Monsieur",null,{"$f":"IF(AND(Base!AT172<200,Base!AT172>99),1,0)","v":0},null,0,{"$f":"Base!BG172","v":0},{"$f":"Base!BH172& \"#chr(13)##chr(10)#\" &Base!BI172","v":"Y compris 1h45 d'attente pour consultation à Fribourg avant le retour sur Grimisuat#chr(13)##chr(10)#"},null,{"$f":"Base!BJ172","v":0},{"$f":"Base!BK172","v":0},{"$f":"IF(Base!BL172=\"\",\"\",Base!BL172)","v":""},null,{"$f":"Base!BM172","v":0},null,null,{"$f":"IF(Base!H172=\"Uvrier\",3018,VLOOKUP(FQ174,$GV$2:$GX$7,FM174+1,0))","v":3018},0,0,null,0,null,null,null,null,null,"Libre","BS - 242",null,"BU - 73 - aff",0,null,null,null,null,null,null,null,null,null,null,null,null,null,null,null,null,null,null,null,null,null,null,null,null,null,null,null,null,null,null,null,null,null,{"$f":"Base!AH172&\", \"&Base!AI172","v":"Nappey, Henry"},{"$f":"Base!AN172&\" \"&Base!AO172&\", \"&Base!AK172&\" \"&Base!AL172","v":"1971 Grimisuat, Rue de l'Etang 13"},{"$f":"CONCATENATE(TEXT(DATE(YEAR(Base!AJ172),MONTH(Base!AJ172),DAY(Base!AJ172)),\"jj.mm.aaaa\"),\", \",FN174,IF(Base!D172=\"\",\"\",\" - \"),Base!D172)","v":"08.07.1938, 756.2434.6753.37"},{"$f":"Base!AR172","v":"Mutuel Assurance Maladie SA"},{"$f":"LEFT(Base!J172,10)","v":"2022-02-01"},{"$f":"CONCATENATE(Base!L172,IF(Base!L172=0,\"\",\", \"),Base!M172,\" \",Base!N172,\", \",Base!P172,\" \",Base!Q172)","v":"Home Les Crêtes, Route d'Ayent 18, 1971 Grimisuat"},{"$f":"CONCATENATE(Base!V172,\", \",Base!Z172,\" \",Base!AA172,\", \",Base!W172,\" \",Base!X172)","v":"HFR Fribourg - Hôpital cantonal, 1752 Villars-sur-Glâne, Chemin des Pensionnats 44714"},null,{"$f":"CONCATENATE(RIGHT(LEFT(Base!J172,16),5),\" - \",RIGHT(LEFT(Base!K172,16),5))","v":"08:49 - 15:38"},{"$f":"Base!AF172&\" - \"&Base!I172","v":"Accident - P3"},null,null,null,null,null,null,null,null,null,null,null,null,null,null,null,null,null,null,{"$f":"Base!H172","v":"Uvrier"},2,null,null,null,null,null,null,null,null,null,2,null,null,null,null,null,null,null,null,null,null,null,null,null,null,null,null,null,null,null,null,null,{"$f":"IF(Base!U172=\"Privée\",2,1)","v":2},{"$f":"IF(OR(LEFT(Base!AS172,1)=\"1\",LEFT(Base!AS172)=\"2\"),RIGHT(Base!AS172,LEN(Base!AS172)-1),Base!AS172)","v":"756.2434.6753.37"},{"$f":"Base!AU172","v":"Personne"},{"$f":"OR(CONCATENATE(Base!AW172,Base!AX172)=CONCATENATE(Base!AH172,Base!AI172),FO174=\"Établissement\")","v":false},{"$f":"Base!I172","v":"P3"}]
[{"$f":"Base!A173","v":4298},{"$f":"20","v":20},{"$f":"Base!B173","v":"2022-02-11"},null,{"$f":"Base!AE173","v":"VS22003323"},null,null,null,null,null,"<AUTO>",null,null,null,null,"URL (Libre)",null,null,{"$f":"Base!E173&\" - \"&Base!H173&\" - \"&Base!D173","v":"16776 - Uvrier - "},{"$f":"IF(AND(Base!AT173<1000,Base!AT173>99),Base!AT173,IF(FO175=\"Établissement\",VALUE(CONCATENATE(LEN(SUBSTITUTE(V175,\" \",\"\")),LEN(V175),AA175,COLUMN(INDIRECT(LEFT(V175,1)&1)),LEN(SUBSTITUTE(V175,\"-\",\"\")))),IF(FN175=\"\",VALUE(CONCATENATE(COLUMN(INDIRECT(LEFT(W175,1)&1)),COLUMN(INDIRECT(LEFT(X175,1)&1)),AO175,CODE(AA175))),VALUE(SUBSTITUTE(SUBSTITUTE(SUBSTITUTE(FN175,\".\",\"\"),\" \",\"\"),\"-\",\"\")))))","v":103},null,{"$f":"SUBSTITUTE(IF(Base!BF173=0,\"\",Base!BF173),\" (facturation)\",\"\")","v":"Clinique Genevoise de Montana - Comptabilité"},{"$f":"IF(Base!AW173=0,\"\",Base!AH173)","v":""},{"$f":"IF(Base!AX173=0,\"\",Base!AI173)","v":""},{"$f":"IF(Base!AW173=0,Base!AY173&\" \"&Base!AZ173,Base!AK173&\" \"&Base!AL173)","v":"Impasse Clairmont 2"},{"$f":"IF(IF(Base!AW173=0,Base!BA173,Base!AM173)=0,\"\",IF(Base!AW173=0,Base!BA173,Base!AM173))","v":""},{"$f":"IF(Base!AW173=0,Base!BB173,Base!AN173)","v":3963},{"$f":"IF(Base!AW173=0,Base!BC173,Base!AO173)","v":"Crans-Montana"},null,null,null,null,null,null,null,null,null,null,null,null,{"$f":"Base!AJ173","v":"1991-12-18"},{"$f":"IF(FO175=\"Établissement\",\"\",IF(Base!AG173=\"Masculin\",\"Monsieur\",IF(Base!AG173=\"Féminin\",\"Madame\",\"\")))","v":""},{"$f":"IF(FP175=FALSE,CONCATENATE(IF(Base!AV173=\"Masculin\",\"Monsieur\",IF(Base!AV173=\"Féminin\",\"Madame\",\"\")),\"#chr(13)##chr(10)#\",Base!AW173,\" \",Base!AX173, \"#chr(13)##chr(10)#\",Base!AY173,\" \",Base!AZ173, \"#chr(13)##chr(10)#\",Base!BA173, \"#chr(13)##chr(10)#\",Base!BB173,\" \",Base!BC173),\"\")","v":""},null,"",null,{"$f":"IF(AND(Base!AT173<200,Base!AT173>99),1,0)","v":1},null,0,{"$f":"Base!BG173","v":"CLN.9403 "},{"$f":"Base!BH173& \"#chr(13)##chr(10)#\" &Base!BI173","v":"Taxe de base transport S3#chr(13)##chr(10)#"},null,{"$f":"Base!BJ173","v":1},{"$f":"Base!BK173","v":200},{"$f":"IF(Base!BL173=\"\",\"\",Base!BL173)","v":""},null,{"$f":"Base!BM173","v":200},null,null,{"$f":"IF(Base!H173=\"Uvrier\",3018,VLOOKUP(FQ175,$GV$2:$GX$7,FM175+1,0))","v":3018},0,0,null,0,null,null,null,null,null,"Libre","BS - 243",null,"BU - 73 - aff",0,null,null,null,null,null,null,null,null,null,null,null,null,null,null,null,null,null,null,null,null,null,null,null,null,null,null,null,null,null,null,null,null,null,{"$f":"Base!AH173&\", \"&Base!AI173","v":"Alvarez, Flor Lisbeth"},{"$f":"Base!AN173&\" \"&Base!AO173&\", \"&Base!AK173&\" \"&Base!AL173","v":"1227 Carouge GE, Route de Veyrier 46"},{"$f":"CONCATENATE(TEXT(DATE(YEAR(Base!AJ173),MONTH(Base!AJ173),DAY(Base!AJ173)),\"jj.mm.aaaa\"),\", \",FN175,IF(Base!D173=\"\",\"\",\" - \"),Base!D173)","v":"18.12.1991, 756.8808.8779.70"},{"$f":"Base!AR173","v":"CSS Kranken- Versicherung AG"},{"$f":"LEFT(Base!J173,10)","v":"2022-02-01"},{"$f":"CONCATENATE(Base!L173,IF(Base!L173=0,\"\",\", \"),Base!M173,\" \",Base!N173,\", \",Base!P173,\" \",Base!Q173)","v":"Clinique Genevoise, Impasse Clairmont 2, 3963 Crans-Montana"},{"$f":"CONCATENATE(Base!V173,\", \",Base!Z173,\" \",Base!AA173,\", \",Base!W173,\" \",Base!X173)","v":"Hôpital psychiatrique de Belle-Idée, 1225 Chêne-Bourg, Chemin du Petit-Bel-Air 2"},null,{"$f":"CONCATENATE(RIGHT(LEFT(Base!J173,16),5),\" - \",RIGHT(LEFT(Base!K173,16),5))","v":"17:49 - 23:15"},{"$f":"Base!AF173&\" - \"&Base!I173","v":"Maladie - S3"},null,null,null,null,null,null,null,null,null,null,null,null,null,null,null,null,null,null,{"$f":"Base!H173","v":"Uvrier"},2,null,null,null,null,null,null,null,null,null,2,null,null,null,null,null,null,null,null,null,null,null,null,null,null,null,null,null,null,null,null,null,{"$f":"IF(Base!U173=\"Privée\",2,1)","v":2},{"$f":"IF(OR(LEFT(Base!AS173,1)=\"1\",LEFT(Base!AS173)=\"2\"),RIGHT(Base!AS173,LEN(Base!AS173)-1),Base!AS173)","v":"756.8808.8779.70"},{"$f":"Base!AU173","v":"Établissement"},{"$f":"OR(CONCATENATE(Base!AW173,Base!AX173)=CONCATENATE(Base!AH173,Base!AI173),FO175=\"Établissement\")","v":true},{"$f":"Base!I173","v":"S3"}]
[{"$f":"Base!A174","v":4298},{"$f":"20","v":20},{"$f":"Base!B174","v":"2022-02-11"},null,{"$f":"Base!AE174","v":"VS22003323"},null,null,null,null,null,"<AUTO>",null,null,null,null,"URL (Libre)",null,null,{"$f":"Base!E174&\" - \"&Base!H174&\" - \"&Base!D174","v":"16776 - Uvrier - "},{"$f":"IF(AND(Base!AT174<1000,Base!AT174>99),Base!AT174,IF(FO176=\"Établissement\",VALUE(CONCATENATE(LEN(SUBSTITUTE(V176,\" \",\"\")),LEN(V176),AA176,COLUMN(INDIRECT(LEFT(V176,1)&1)),LEN(SUBSTITUTE(V176,\"-\",\"\")))),IF(FN176=\"\",VALUE(CONCATENATE(COLUMN(INDIRECT(LEFT(W176,1)&1)),COLUMN(INDIRECT(LEFT(X176,1)&1)),AO176,CODE(AA176))),VALUE(SUBSTITUTE(SUBSTITUTE(SUBSTITUTE(FN176,\".\",\"\"),\" \",\"\"),\"-\",\"\")))))","v":103},null,{"$f":"SUBSTITUTE(IF(Base!BF174=0,\"\",Base!BF174),\" (facturation)\",\"\")","v":"Clinique Genevoise de Montana - Comptabilité"},{"$f":"IF(Base!AW174=0,\"\",Base!AH174)","v":""},{"$f":"IF(Base!AX174=0,\"\",Base!AI174)","v":""},{"$f":"IF(Base!AW174=0,Base!AY174&\" \"&Base!AZ174,Base!AK174&\" \"&Base!AL174)","v":"Impasse Clairmont 2"},{"$f":"IF(IF(Base!AW174=0,Base!BA174,Base!AM174)=0,\"\",IF(Base!AW174=0,Base!BA174,Base!AM174))","v":""},{"$f":"IF(Base!AW174=0,Base!BB174,Base!AN174)","v":3963},{"$f":"IF(Base!AW174=0,Base!BC174,Base!AO174)","v":"Crans-Montana"},null,null,null,null,null,null,null,null,null,null,null,null,{"$f":"Base!AJ174","v":"1991-12-18"},{"$f":"IF(FO176=\"Établissement\",\"\",IF(Base!AG174=\"Masculin\",\"Monsieur\",IF(Base!AG174=\"Féminin\",\"Madame\",\"\")))","v":""},{"$f":"IF(FP176=FALSE,CONCATENATE(IF(Base!AV174=\"Masculin\",\"Monsieur\",IF(Base!AV174=\"Féminin\",\"Madame\",\"\")),\"#chr(13)##chr(10)#\",Base!AW174,\" \",Base!AX174, \"#chr(13)##chr(10)#\",Base!AY174,\" \",Base!AZ174, \"#chr(13)##chr(10)#\",Base!BA174, \"#chr(13)##chr(10)#\",Base!BB174,\" \",Base!BC174),\"\")","v":""},null,"",null,{"$f":"IF(AND(Base!AT174<200,Base!AT174>99),1,0)","v":1},null,0,{"$f":"Base!BG174","v":"CLN.9404"},{"$f":"Base!BH174& \"#chr(13)##chr(10)#\" &Base!BI174","v":"Indemnisation kilométrique#chr(13)##chr(10)#"},null,{"$f":"Base!BJ174","v":383},{"$f":"Base!BK174","v":4.5},{"$f":"IF(Base!BL174=\"\",\"\",Base!BL174)","v":"km"},null,{"$f":"Base!BM174","v":1723.5},null,null,{"$f":"IF(Base!H174=\"Uvrier\",3018,VLOOKUP(FQ176,$GV$2:$GX$7,FM176+1,0))","v":3018},0,0,null,0,null,null,null,null,null,"Libre","BS - 244",null,"BU - 73 - aff",0,null,null,null,null,null,null,null,null,null,null,null,null,null,null,null,null,null,null,null,null,null,null,null,null,null,null,null,null,null,null,null,null,null,{"$f":"Base!AH174&\", \"&Base!AI174","v":"Alvarez, Flor Lisbeth"},{"$f":"Base!AN174&\" \"&Base!AO174&\", \"&Base!AK174&\" \"&Base!AL174","v":"1227 Carouge GE, Route de Veyrier 46"},{"$f":"CONCATENATE(TEXT(DATE(YEAR(Base!AJ174),MONTH(Base!AJ174),DAY(Base!AJ174)),\"jj.mm.aaaa\"),\", \",FN176,IF(Base!D174=\"\",\"\",\" - \"),Base!D174)","v":"18.12.1991, 756.8808.8779.70"},{"$f":"Base!AR174","v":"CSS Kranken- Versicherung AG"},{"$f":"LEFT(Base!J174,10)","v":"2022-02-01"},{"$f":"CONCATENATE(Base!L174,IF(Base!L174=0,\"\",\", \"),Base!M174,\" \",Base!N174,\", \",Base!P174,\" \",Base!Q174)","v":"Clinique Genevoise, Impasse Clairmont 2, 3963 Crans-Montana"},{"$f":"CONCATENATE(Base!V174,\", \",Base!Z174,\" \",Base!AA174,\", \",Base!W174,\" \",Base!X174)","v":"Hôpital psychiatrique de Belle-Idée, 1225 Chêne-Bourg, Chemin du Petit-Bel-Air 2"},null,{"$f":"CONCATENATE(RIGHT(LEFT(Base!J174,16),5),\" - \",RIGHT(LEFT(Base!K174,16),5))","v":"17:49 - 23:15"},{"$f":"Base!AF174&\" - \"&Base!I174","v":"Maladie - S3"},null,null,null,null,null,null,null,null,null,null,null,null,null,null,null,null,null,null,{"$f":"Base!H174","v":"Uvrier"},2,null,null,null,null,null,null,null,null,null,2,null,null,null,null,null,null,null,null,null,null,null,null,null,null,null,null,null,null,null,null,null,{"$f":"IF(Base!U174=\"Privée\",2,1)","v":2},{"$f":"IF(OR(LEFT(Base!AS174,1)=\"1\",LEFT(Base!AS174)=\"2\"),RIGHT(Base!AS174,LEN(Base!AS174)-1),Base!AS174)","v":"756.8808.8779.70"},{"$f":"Base!AU174","v":"Établissement"},{"$f":"OR(CONCATENATE(Base!AW174,Base!AX174)=CONCATENATE(Base!AH174,Base!AI174),FO176=\"Établissement\")","v":true},{"$f":"Base!I174","v":"S3"}]
[{"$f":"Base!A175","v":4298},{"$f":"20","v":20},{"$f":"Base!B175","v":"2022-02-11"},null,{"$f":"Base!AE175","v":"VS22003323"},null,null,null,null,null,"<AUTO>",null,null,null,null,"URL (Libre)",null,null,{"$f":"Base!E175&\" - \"&Base!H175&\" - \"&Base!D175","v":"16776 - Uvrier - "},{"$f":"IF(AND(Base!AT175<1000,Base!AT175>99),Base!AT175,IF(FO177=\"Établissement\",VALUE(CONCATENATE(LEN(SUBSTITUTE(V177,\" \",\"\")),LEN(V177),AA177,COLUMN(INDIRECT(LEFT(V177,1)&1)),LEN(SUBSTITUTE(V177,\"-\",\"\")))),IF(FN177=\"\",VALUE(CONCATENATE(COLUMN(INDIRECT(LEFT(W177,1)&1)),COLUMN(INDIRECT(LEFT(X177,1)&1)),AO177,CODE(AA177))),VALUE(SUBSTITUTE(SUBSTITUTE(SUBSTITUTE(FN177,\".\",\"\"),\" \",\"\"),\"-\",\"\")))))","v":103},null,{"$f":"SUBSTITUTE(IF(Base!BF175=0,\"\",Base!BF175),\" (facturation)\",\"\")","v":"Clinique Genevoise de Montana - Comptabilité"},{"$f":"IF(Base!AW175=0,\"\",Base!AH175)","v":""},{"$f":"IF(Base!AX175=0,\"\",Base!AI175)","v":""},{"$f":"IF(Base!AW175=0,Base!AY175&\" \"&Base!AZ175,Base!AK175&\" \"&Base!AL175)","v":"Impasse Clairmont 2"},{"$f":"IF(IF(Base!AW175=0,Base!BA175,Base!AM175)=0,\"\",IF(Base!AW175=0,Base!BA175,Base!AM175))","v":""},{"$f":"IF(Base!AW175=0,Base!BB175,Base!AN175)","v":3963},{"$f":"IF(Base!AW175=0,Base!BC175,Base!AO175)","v":"Crans-Montana"},null,null,null,null,null,null,null,null,null,null,null,null,{"$f":"Base!AJ175","v":"1991-12-18"},{"$f":"IF(FO177=\"Établissement\",\"\",IF(Base!AG175=\"Masculin\",\"Monsieur\",IF(Base!AG175=\"Féminin\",\"Madame\",\"\")))","v":""},{"$f":"IF(FP177=FALSE,CONCATENATE(IF(Base!AV175=\"Masculin\",\"Monsieur\",IF(Base!AV175=\"Féminin\",\"Madame\",\"\")),\"#chr(13)##chr(10)#\",Base!AW175,\" \",Base!AX175, \"#chr(13)##chr(10)#\",Base!AY175,\" \",Base!AZ175, \"#chr(13)##chr(10)#\",Base!BA175, \"#chr(13)##chr(10)#\",Base!BB175,\" \",Base!BC175),\"\")","v":""},null,"",null,{"$f":"IF(AND(Base!AT175<200,Base!AT175>99),1,0)","v":1},null,0,{"$f":"Base!BG175","v":"CLN.9411"},{"$f":"Base!BH175& \"#chr(13)##chr(10)#\" &Base!BI175","v":"Personnel soignant reconnu (par personne et par quart d'heure entamé)#chr(13)##chr(10)#2 collaborateur(s) x 22 quarts d’heure"},null,{"$f":"Base!BJ175","v":44},{"$f":"Base!BK175","v":35},{"$f":"IF(Base!BL175=\"\",\"\",Base!BL175)","v":"¼ d'heure"},null,{"$f":"Base!BM175","v":1540},null,null,{"$f":"IF(Base!H175=\"Uvrier\",3018,VLOOKUP(FQ177,$GV$2:$GX$7,FM177+1,0))","v":3018},0,0,null,0,null,null,null,null,null,"Libre","BS - 245",null,"BU - 73 - aff",0,null,null,null,null,null,null,null,null,null,null,null,null,null,null,null,null,null,null,null,null,null,null,null,null,null,null,null,null,null,null,null,null,null,{"$f":"Base!AH175&\", \"&Base!AI175","v":"Alvarez, Flor Lisbeth"},{"$f":"Base!AN175&\" \"&Base!AO175&\", \"&Base!AK175&\" \"&Base!AL175","v":"1227 Carouge GE, Route de Veyrier 46"},{"$f":"CONCATENATE(TEXT(DATE(YEAR(Base!AJ175),MONTH(Base!AJ175),DAY(Base!AJ175)),\"jj.mm.aaaa\"),\", \",FN177,IF(Base!D175=\"\",\"\",\" - \"),Base!D175)","v":"18.12.1991, 756.8808.8779.70"},{"$f":"Base!AR175","v":"CSS Kranken- Versicherung AG"},{"$f":"LEFT(Base!J175,10)","v":"2022-02-01"},{"$f":"CONCATENATE(Base!L175,IF(Base!L175=0,\"\",\", \"),Base!M175,\" \",Base!N175,\", \",Base!P175,\" \",Base!Q175)","v":"Clinique Genevoise, Impasse Clairmont 2, 3963 Crans-Montana"},{"$f":"CONCATENATE(Base!V175,\", \",Base!Z175,\" \",Base!AA175,\", \",Base!W175,\" \",Base!X175)","v":"Hôpital psychiatrique de Belle-Idée, 1225 Chêne-Bourg, Chemin du Petit-Bel-Air 2"},null,{"$f":"CONCATENATE(RIGHT(LEFT(Base!J175,16),5),\" - \",RIGHT(LEFT(Base!K175,16),5))","v":"17:49 - 23:15"},{"$f":"Base!AF175&\" - \"&Base!I175","v":"Maladie - S3"},null,null,null,null,null,null,null,null,null,null,null,null,null,null,null,null,null,null,{"$f":"Base!H175","v":"Uvrier"},2,null,null,null,null,null,null,null,null,null,2,null,null,null,null,null,null,null,null,null,null,null,null,null,null,null,null,null,null,null,null,null,{"$f":"IF(Base!U175=\"Privée\",2,1)","v":2},{"$f":"IF(OR(LEFT(Base!AS175,1)=\"1\",LEFT(Base!AS175)=\"2\"),RIGHT(Base!AS175,LEN(Base!AS175)-1),Base!AS175)","v":"756.8808.8779.70"},{"$f":"Base!AU175","v":"Établissement"},{"$f":"OR(CONCATENATE(Base!AW175,Base!AX175)=CONCATENATE(Base!AH175,Base!AI175),FO177=\"Établissement\")","v":true},{"$f":"Base!I175","v":"S3"}]
[{"$f":"Base!A176","v":4299},{"$f":"20","v":20},{"$f":"Base!B176","v":"2022-02-11"},null,{"$f":"Base!AE176","v":"VS22003339"},null,null,null,null,null,"<AUTO>",null,null,null,null,"URL (Libre)",null,null,{"$f":"Base!E176&\" - \"&Base!H176&\" - \"&Base!D176","v":"16791 - Uvrier - 2829598/1"},{"$f":"IF(AND(Base!AT176<1000,Base!AT176>99),Base!AT176,IF(FO178=\"Établissement\",VALUE(CONCATENATE(LEN(SUBSTITUTE(V178,\" \",\"\")),LEN(V178),AA178,COLUMN(INDIRECT(LEFT(V178,1)&1)),LEN(SUBSTITUTE(V178,\"-\",\"\")))),IF(FN178=\"\",VALUE(CONCATENATE(COLUMN(INDIRECT(LEFT(W178,1)&1)),COLUMN(INDIRECT(LEFT(X178,1)&1)),AO178,CODE(AA178))),VALUE(SUBSTITUTE(SUBSTITUTE(SUBSTITUTE(FN178,\".\",\"\"),\" \",\"\"),\"-\",\"\")))))","v":101},null,{"$f":"SUBSTITUTE(IF(Base!BF176=0,\"\",Base!BF176),\" (facturation)\",\"\")","v":"Hôpital du Valais - Direction des Finances/Service des fournisseurs"},{"$f":"IF(Base!AW176=0,\"\",Base!AH176)","v":""},{"$f":"IF(Base!AX176=0,\"\",Base!AI176)","v":""},{"$f":"IF(Base!AW176=0,Base!AY176&\" \"&Base!AZ176,Base!AK176&\" \"&Base!AL176)","v":"Avenue Grand-Champsec 86"},{"$f":"IF(IF(Base!AW176=0,Base!BA176,Base!AM176)=0,\"\",IF(Base!AW176=0,Base!BA176,Base!AM176))","v":"Case postale 696"},{"$f":"IF(Base!AW176=0,Base!BB176,Base!AN176)","v":1951},{"$f":"IF(Base!AW176=0,Base!BC176,Base!AO176)","v":"Sion"},null,null,null,null,null,null,null,null,null,null,null,null,{"$f":"Base!AJ176","v":"1968-02-17"},{"$f":"IF(FO178=\"Établissement\",\"\",IF(Base!AG176=\"Masculin\",\"Monsieur\",IF(Base!AG176=\"Féminin\",\"Madame\",\"\")))","v":""},{"$f":"IF(FP178=FALSE,CONCATENATE(IF(Base!AV176=\"Masculin\",\"Monsieur\",IF(Base!AV176=\"Féminin\",\"Madame\",\"\")),\"#chr(13)##chr(10)#\",Base!AW176,\" \",Base!AX176, \"#chr(13)##chr(10)#\",Base!AY176,\" \",Base!AZ176, \"#chr(13)##chr(10)#\",Base!BA176, \"#chr(13)##chr(10)#\",Base!BB176,\" \",Base!BC176),\"\")","v":""},null,"",null,{"$f":"IF(AND(Base!AT176<200,Base!AT176>99),1,0)","v":1},null,0,{"$f":"Base!BG176","v":"HVS.13N"},{"$f":"Base!BH176& \"#chr(13)##chr(10)#\" &Base!BI176","v":"Forfait S3 HVS Sion - HVS Martigny#chr(13)##chr(10)#Trajet simple nuit (20h00-08h00) ou dimanches et jours fériés"},null,{"$f":"Base!BJ176","v":1},{"$f":"Base!BK176","v":660},{"$f":"IF(Base!BL176=\"\",\"\",Base!BL176)","v":""},null,{"$f":"Base!BM176","v":660},null,null,{"$f":"IF(Base!H176=\"Uvrier\",3018,VLOOKUP(FQ178,$GV$2:$GX$7,FM178+1,0))","v":3018},0,0,null,0,null,null,null,null,null,"Libre","BS - 246",null,"BU - 73 - aff",0,null,null,null,null,null,null,null,null,null,null,null,null,null,null,null,null,null,null,null,null,null,null,null,null,null,null,null,null,null,null,null,null,null,{"$f":"Base!AH176&\", \"&Base!AI176","v":"Skantze, Lars Göran"},{"$f":"Base!AN176&\" \"&Base!AO176&\", \"&Base!AK176&\" \"&Base!AL176","v":"46240 Vänersborg, Korsebergsvägen 14"},{"$f":"CONCATENATE(TEXT(DATE(YEAR(Base!AJ176),MONTH(Base!AJ176),DAY(Base!AJ176)),\"jj.mm.aaaa\"),\", \",FN178,IF(Base!D176=\"\",\"\",\" - \"),Base!D176)","v":"17.02.1968,  - 2829598/1"},{"$f":"Base!AR176","v":0},{"$f":"LEFT(Base!J176,10)","v":"2022-02-02"},{"$f":"CONCATENATE(Base!L176,IF(Base!L176=0,\"\",\", \"),Base!M176,\" \",Base!N176,\", \",Base!P176,\" \",Base!Q176)","v":"Hôpital de Sion, Avenue du Grand-Champsec 80, 1950 Sion"},{"$f":"CONCATENATE(Base!V176,\", \",Base!Z176,\" \",Base!AA176,\", \",Base!W176,\" \",Base!X176)","v":"Hôpital de Martigny, 1920 Martigny, Avenue de la Fusion 27"},null,{"$f":"CONCATENATE(RIGHT(LEFT(Base!J176,16),5),\" - \",RIGHT(LEFT(Base!K176,16),5))","v":"00:28 - 02:02"},{"$f":"Base!AF176&\" - \"&Base!I176","v":"Accident - S3"},null,null,null,null,null,null,null,null,null,null,null,null,null,null,null,null,null,null,{"$f":"Base!H176","v":"Uvrier"},2,null,null,null,null,null,null,null,null,null,2,null,null,null,null,null,null,null,null,null,null,null,null,null,null,null,null,null,null,null,null,null,{"$f":"IF(Base!U176=\"Privée\",2,1)","v":2},{"$f":"IF(OR(LEFT(Base!AS176,1)=\"1\",LEFT(Base!AS176)=\"2\"),RIGHT(Base!AS176,LEN(Base!AS176)-1),Base!AS176)","v":""},{"$f":"Base!AU176","v":"Établissement"},{"$f":"OR(CONCATENATE(Base!AW176,Base!AX176)=CONCATENATE(Base!AH176,Base!AI176),FO178=\"Établissement\")","v":true},{"$f":"Base!I176","v":"S3"}]
[{"$f":"Base!A177","v":4300},{"$f":"20","v":20},{"$f":"Base!B177","v":"2022-02-11"},null,{"$f":"Base!AE177","v":"VS22003343"},null,null,null,null,null,"<AUTO>",null,null,null,null,"URL (Libre)",null,null,{"$f":"Base!E177&\" - \"&Base!H177&\" - \"&Base!D177","v":"16795 - Uvrier - 2712806/2"},{"$f":"IF(AND(Base!AT177<1000,Base!AT177>99),Base!AT177,IF(FO179=\"Établissement\",VALUE(CONCATENATE(LEN(SUBSTITUTE(V179,\" \",\"\")),LEN(V179),AA179,COLUMN(INDIRECT(LEFT(V179,1)&1)),LEN(SUBSTITUTE(V179,\"-\",\"\")))),IF(FN179=\"\",VALUE(CONCATENATE(COLUMN(INDIRECT(LEFT(W179,1)&1)),COLUMN(INDIRECT(LEFT(X179,1)&1)),AO179,CODE(AA179))),VALUE(SUBSTITUTE(SUBSTITUTE(SUBSTITUTE(FN179,\".\",\"\"),\" \",\"\"),\"-\",\"\")))))","v":101},null,{"$f":"SUBSTITUTE(IF(Base!BF177=0,\"\",Base!BF177),\" (facturation)\",\"\")","v":"Hôpital du Valais - Direction des Finances/Service des fournisseurs"},{"$f":"IF(Base!AW177=0,\"\",Base!AH177)","v":""},{"$f":"IF(Base!AX177=0,\"\",Base!AI177)","v":""},{"$f":"IF(Base!AW177=0,Base!AY177&\" \"&Base!AZ177,Base!AK177&\" \"&Base!AL177)","v":"Avenue Grand-Champsec 86"},{"$f":"IF(IF(Base!AW177=0,Base!BA177,Base!AM177)=0,\"\",IF(Base!AW177=0,Base!BA177,Base!AM177))","v":"Case postale 696"},{"$f":"IF(Base!AW177=0,Base!BB177,Base!AN177)","v":1951},{"$f":"IF(Base!AW177=0,Base!BC177,Base!AO177)","v":"Sion"},null,null,null,null,null,null,null,null,null,null,null,null,{"$f":"Base!AJ177","v":"1949-02-26"},{"$f":"IF(FO179=\"Établissement\",\"\",IF(Base!AG177=\"Masculin\",\"Monsieur\",IF(Base!AG177=\"Féminin\",\"Madame\",\"\")))","v":""},{"$f":"IF(FP179=FALSE,CONCATENATE(IF(Base!AV177=\"Masculin\",\"Monsieur\",IF(Base!AV177=\"Féminin\",\"Madame\",\"\")),\"#chr(13)##chr(10)#\",Base!AW177,\" \",Base!AX177, \"#chr(13)##chr(10)#\",Base!AY177,\" \",Base!AZ177, \"#chr(13)##chr(10)#\",Base!BA177, \"#chr(13)##chr(10)#\",Base!BB177,\" \",Base!BC177),\"\")","v":""},null,"",null,{"$f":"IF(AND(Base!AT177<200,Base!AT177>99),1,0)","v":1},null,0,{"$f":"Base!BG177","v":"HVS.13N"},{"$f":"Base!BH177& \"#chr(13)##chr(10)#\" &Base!BI177","v":"Forfait S3 HVS Sion - HVS Martigny#chr(13)##chr(10)#Trajet simple nuit (20h00-08h00) ou dimanches et jours fériés"},null,{"$f":"Base!BJ177","v":1},{"$f":"Base!BK177","v":660},{"$f":"IF(Base!BL177=\"\",\"\",Base!BL177)","v":""},null,{"$f":"Base!BM177","v":660},null,null,{"$f":"IF(Base!H177=\"Uvrier\",3018,VLOOKUP(FQ179,$GV$2:$GX$7,FM179+1,0))","v":3018},0,0,null,0,null,null,null,null,null,"Libre","BS - 247",null,"BU - 73 - aff",0,null,null,null,null,null,null,null,null,null,null,null,null,null,null,null,null,null,null,null,null,null,null,null,null,null,null,null,null,null,null,null,null,null,{"$f":"Base!AH177&\", \"&Base!AI177","v":"Clerc, Noëlle "},{"$f":"Base!AN177&\" \"&Base!AO177&\", \"&Base!AK177&\" \"&Base!AL177","v":"1823 Glion, Ruelle Glion-Naye 5"},{"$f":"CONCATENATE(TEXT(DATE(YEAR(Base!AJ177),MONTH(Base!AJ177),DAY(Base!AJ177)),\"jj.mm.aaaa\"),\", \",FN179,IF(Base!D177=\"\",\"\",\" - \"),Base!D177)","v":"26.02.1949, 756.7614.7637.74 - 2712806/2"},{"$f":"Base!AR177","v":"CPT Assurance SA"},{"$f":"LEFT(Base!J177,10)","v":"2022-02-02"},{"$f":"CONCATENATE(Base!L177,IF(Base!L177=0,\"\",\", \"),Base!M177,\" \",Base!N177,\", \",Base!P177,\" \",Base!Q177)","v":"Hôpital de Sion, Avenue du Grand-Champsec 80, 1950 Sion"},{"$f":"CONCATENATE(Base!V177,\", \",Base!Z177,\" \",Base!AA177,\", \",Base!W177,\" \",Base!X177)","v":"Hôpital de Martigny, 1920 Martigny, Avenue de la Fusion 27"},null,{"$f":"CONCATENATE(RIGHT(LEFT(Base!J177,16),5),\" - \",RIGHT(LEFT(Base!K177,16),5))","v":"02:02 - 03:52"},{"$f":"Base!AF177&\" - \"&Base!I177","v":"Maladie - S3"},null,null,null,null,null,null,null,null,null,null,null,null,null,null,null,null,null,null,{"$f":"Base!H177","v":"Uvrier"},2,null,null,null,null,null,null,null,null,null,2,null,null,null,null,null,null,null,null,null,null,null,null,null,null,null,null,null,null,null,null,null,{"$f":"IF(Base!U177=\"Privée\",2,1)","v":2},{"$f":"IF(OR(LEFT(Base!AS177,1)=\"1\",LEFT(Base!AS177)=\"2\"),RIGHT(Base!AS177,LEN(Base!AS177)-1),Base!AS177)","v":"756.7614.7637.74"},{"$f":"Base!AU177","v":"Établissement"},{"$f":"OR(CONCATENATE(Base!AW177,Base!AX177)=CONCATENATE(Base!AH177,Base!AI177),FO179=\"Établissement\")","v":true},{"$f":"Base!I177","v":"S3"}]
[{"$f":"Base!A178","v":4303},{"$f":"20","v":20},{"$f":"Base!B178","v":"2022-02-11"},null,{"$f":"Base!AE178","v":"VS22003370"},null,null,null,null,null,"<AUTO>",null,null,null,null,"URL (Libre)",null,null,{"$f":"Base!E178&\" - \"&Base!H178&\" - \"&Base!D178","v":"16820 - Uvrier - "},{"$f":"IF(AND(Base!AT178<1000,Base!AT178>99),Base!AT178,IF(FO180=\"Établissement\",VALUE(CONCATENATE(LEN(SUBSTITUTE(V180,\" \",\"\")),LEN(V180),AA180,COLUMN(INDIRECT(LEFT(V180,1)&1)),LEN(SUBSTITUTE(V180,\"-\",\"\")))),IF(FN180=\"\",VALUE(CONCATENATE(COLUMN(INDIRECT(LEFT(W180,1)&1)),COLUMN(INDIRECT(LEFT(X180,1)&1)),AO180,CODE(AA180))),VALUE(SUBSTITUTE(SUBSTITUTE(SUBSTITUTE(FN180,\".\",\"\"),\" \",\"\"),\"-\",\"\")))))","v":102},null,{"$f":"SUBSTITUTE(IF(Base!BF178=0,\"\",Base!BF178),\" (facturation)\",\"\")","v":"Clinique Bernoise Montana - Secrétariat médical"},{"$f":"IF(Base!AW178=0,\"\",Base!AH178)","v":""},{"$f":"IF(Base!AX178=0,\"\",Base!AI178)","v":""},{"$f":"IF(Base!AW178=0,Base!AY178&\" \"&Base!AZ178,Base!AK178&\" \"&Base!AL178)","v":"Impasse Palace Bellevue 1"},{"$f":"IF(IF(Base!AW178=0,Base!BA178,Base!AM178)=0,\"\",IF(Base!AW178=0,Base!BA178,Base!AM178))","v":""},{"$f":"IF(Base!AW178=0,Base!BB178,Base!AN178)","v":3963},{"$f":"IF(Base!AW178=0,Base!BC178,Base!AO178)","v":"Crans-Montana"},null,null,null,null,null,null,null,null,null,null,null,null,{"$f":"Base!AJ178","v":"1952-10-30"},{"$f":"IF(FO180=\"Établissement\",\"\",IF(Base!AG178=\"Masculin\",\"Monsieur\",IF(Base!AG178=\"Féminin\",\"Madame\",\"\")))","v":""},{"$f":"IF(FP180=FALSE,CONCATENATE(IF(Base!AV178=\"Masculin\",\"Monsieur\",IF(Base!AV178=\"Féminin\",\"Madame\",\"\")),\"#chr(13)##chr(10)#\",Base!AW178,\" \",Base!AX178, \"#chr(13)##chr(10)#\",Base!AY178,\" \",Base!AZ178, \"#chr(13)##chr(10)#\",Base!BA178, \"#chr(13)##chr(10)#\",Base!BB178,\" \",Base!BC178),\"\")","v":""},null,"",null,{"$f":"IF(AND(Base!AT178<200,Base!AT178>99),1,0)","v":1},null,0,{"$f":"Base!BG178","v":"CLN.9403 "},{"$f":"Base!BH178& \"#chr(13)##chr(10)#\" &Base!BI178","v":"Taxe de base transport S3#chr(13)##chr(10)#"},null,{"$f":"Base!BJ178","v":1},{"$f":"Base!BK178","v":200},{"$f":"IF(Base!BL178=\"\",\"\",Base!BL178)","v":""},null,{"$f":"Base!BM178","v":200},null,null,{"$f":"IF(Base!H178=\"Uvrier\",3018,VLOOKUP(FQ180,$GV$2:$GX$7,FM180+1,0))","v":3018},0,0,null,0,null,null,null,null,null,"Libre","BS - 248",null,"BU - 73 - aff",0,null,null,null,null,null,null,null,null,null,null,null,null,null,null,null,null,null,null,null,null,null,null,null,null,null,null,null,null,null,null,null,null,null,{"$f":"Base!AH178&\", \"&Base!AI178","v":"Zeller, Madeleine"},{"$f":"Base!AN178&\" \"&Base!AO178&\", \"&Base!AK178&\" \"&Base!AL178","v":"3658 Merligen, Oberländerweg 13"},{"$f":"CONCATENATE(TEXT(DATE(YEAR(Base!AJ178),MONTH(Base!AJ178),DAY(Base!AJ178)),\"jj.mm.aaaa\"),\", \",FN180,IF(Base!D178=\"\",\"\",\" - \"),Base!D178)","v":"30.10.1952, 756.6166.9088.62"},{"$f":"Base!AR178","v":"CPT Assurance SA"},{"$f":"LEFT(Base!J178,10)","v":"2022-02-02"},{"$f":"CONCATENATE(Base!L178,IF(Base!L178=0,\"\",\", \"),Base!M178,\" \",Base!N178,\", \",Base!P178,\" \",Base!Q178)","v":"Clinique Bernoise, Impasse Palace Bellevue 1, 3963 Crans-Montana"},{"$f":"CONCATENATE(Base!V178,\", \",Base!Z178,\" \",Base!AA178,\", \",Base!W178,\" \",Base!X178)","v":"Affidea CIS radiologie Sierre, 3960 Sierre, Avenue Général-Guisan 2"},null,{"$f":"CONCATENATE(RIGHT(LEFT(Base!J178,16),5),\" - \",RIGHT(LEFT(Base!K178,16),5))","v":"09:56 - 13:52"},{"$f":"Base!AF178&\" - \"&Base!I178","v":"Maladie - S3"},null,null,null,null,null,null,null,null,null,null,null,null,null,null,null,null,null,null,{"$f":"Base!H178","v":"Uvrier"},2,null,null,null,null,null,null,null,null,null,2,null,null,null,null,null,null,null,null,null,null,null,null,null,null,null,null,null,null,null,null,null,{"$f":"IF(Base!U178=\"Privée\",2,1)","v":2},{"$f":"IF(OR(LEFT(Base!AS178,1)=\"1\",LEFT(Base!AS178)=\"2\"),RIGHT(Base!AS178,LEN(Base!AS178)-1),Base!AS178)","v":"756.6166.9088.62"},{"$f":"Base!AU178","v":"Établissement"},{"$f":"OR(CONCATENATE(Base!AW178,Base!AX178)=CONCATENATE(Base!AH178,Base!AI178),FO180=\"Établissement\")","v":true},{"$f":"Base!I178","v":"S3"}]
[{"$f":"Base!A179","v":4303},{"$f":"20","v":20},{"$f":"Base!B179","v":"2022-02-11"},null,{"$f":"Base!AE179","v":"VS22003370"},null,null,null,null,null,"<AUTO>",null,null,null,null,"URL (Libre)",null,null,{"$f":"Base!E179&\" - \"&Base!H179&\" - \"&Base!D179","v":"16820 - Uvrier - "},{"$f":"IF(AND(Base!AT179<1000,Base!AT179>99),Base!AT179,IF(FO181=\"Établissement\",VALUE(CONCATENATE(LEN(SUBSTITUTE(V181,\" \",\"\")),LEN(V181),AA181,COLUMN(INDIRECT(LEFT(V181,1)&1)),LEN(SUBSTITUTE(V181,\"-\",\"\")))),IF(FN181=\"\",VALUE(CONCATENATE(COLUMN(INDIRECT(LEFT(W181,1)&1)),COLUMN(INDIRECT(LEFT(X181,1)&1)),AO181,CODE(AA181))),VALUE(SUBSTITUTE(SUBSTITUTE(SUBSTITUTE(FN181,\".\",\"\"),\" \",\"\"),\"-\",\"\")))))","v":102},null,{"$f":"SUBSTITUTE(IF(Base!BF179=0,\"\",Base!BF179),\" (facturation)\",\"\")","v":"Clinique Bernoise Montana - Secrétariat médical"},{"$f":"IF(Base!AW179=0,\"\",Base!AH179)","v":""},{"$f":"IF(Base!AX179=0,\"\",Base!AI179)","v":""},{"$f":"IF(Base!AW179=0,Base!AY179&\" \"&Base!AZ179,Base!AK179&\" \"&Base!AL179)","v":"Impasse Palace Bellevue 1"},{"$f":"IF(IF(Base!AW179=0,Base!BA179,Base!AM179)=0,\"\",IF(Base!AW179=0,Base!BA179,Base!AM179))","v":""},{"$f":"IF(Base!AW179=0,Base!BB179,Base!AN179)","v":3963},{"$f":"IF(Base!AW179=0,Base!BC179,Base!AO179)","v":"Crans-Montana"},null,null,null,null,null,null,null,null,null,null,null,null,{"$f":"Base!AJ179","v":"1952-10-30"},{"$f":"IF(FO181=\"Établissement\",\"\",IF(Base!AG179=\"Masculin\",\"Monsieur\",IF(Base!AG179=\"Féminin\",\"Madame\",\"\")))","v":""},{"$f":"IF(FP181=FALSE,CONCATENATE(IF(Base!AV179=\"Masculin\",\"Monsieur\",IF(Base!AV179=\"Féminin\",\"Madame\",\"\")),\"#chr(13)##chr(10)#\",Base!AW179,\" \",Base!AX179, \"#chr(13)##chr(10)#\",Base!AY179,\" \",Base!AZ179, \"#chr(13)##chr(10)#\",Base!BA179, \"#chr(13)##chr(10)#\",Base!BB179,\" \",Base!BC179),\"\")","v":""},null,"",null,{"$f":"IF(AND(Base!AT179<200,Base!AT179>99),1,0)","v":1},null,0,{"$f":"Base!BG179","v":"CLN.9404"},{"$f":"Base!BH179& \"#chr(13)##chr(10)#\" &Base!BI179","v":"Indemnisation kilométrique#chr(13)##chr(10)#"},null,{"$f":"Base!BJ179","v":70},{"$f":"Base!BK179","v":4.5},{"$f":"IF(Base!BL179=\"\",\"\",Base!BL179)","v":"km"},null,{"$f":"Base!BM179","v":315},null,null,{"$f":"IF(Base!H179=\"Uvrier\",3018,VLOOKUP(FQ181,$GV$2:$GX$7,FM181+1,0))","v":3018},0,0,null,0,null,null,null,null,null,"Libre","BS - 249",null,"BU - 73 - aff",0,null,null,null,null,null,null,null,null,null,null,null,null,null,null,null,null,null,null,null,null,null,null,null,null,null,null,null,null,null,null,null,null,null,{"$f":"Base!AH179&\", \"&Base!AI179","v":"Zeller, Madeleine"},{"$f":"Base!AN179&\" \"&Base!AO179&\", \"&Base!AK179&\" \"&Base!AL179","v":"3658 Merligen, Oberländerweg 13"},{"$f":"CONCATENATE(TEXT(DATE(YEAR(Base!AJ179),MONTH(Base!AJ179),DAY(Base!AJ179)),\"jj.mm.aaaa\"),\", \",FN181,IF(Base!D179=\"\",\"\",\" - \"),Base!D179)","v":"30.10.1952, 756.6166.9088.62"},{"$f":"Base!AR179","v":"CPT Assurance SA"},{"$f":"LEFT(Base!J179,10)","v":"2022-02-02"},{"$f":"CONCATENATE(Base!L179,IF(Base!L179=0,\"\",\", \"),Base!M179,\" \",Base!N179,\", \",Base!P179,\" \",Base!Q179)","v":"Clinique Bernoise, Impasse Palace Bellevue 1, 3963 Crans-Montana"},{"$f":"CONCATENATE(Base!V179,\", \",Base!Z179,\" \",Base!AA179,\", \",Base!W179,\" \",Base!X179)","v":"Affidea CIS radiologie Sierre, 3960 Sierre, Avenue Général-Guisan 2"},null,{"$f":"CONCATENATE(RIGHT(LEFT(Base!J179,16),5),\" - \",RIGHT(LEFT(Base!K179,16),5))","v":"09:56 - 13:52"},{"$f":"Base!AF179&\" - \"&Base!I179","v":"Maladie - S3"},null,null,null,null,null,null,null,null,null,null,null,null,null,null,null,null,null,null,{"$f":"Base!H179","v":"Uvrier"},2,null,null,null,null,null,null,null,null,null,2,null,null,null,null,null,null,null,null,null,null,null,null,null,null,null,null,null,null,null,null,null,{"$f":"IF(Base!U179=\"Privée\",2,1)","v":2},{"$f":"IF(OR(LEFT(Base!AS179,1)=\"1\",LEFT(Base!AS179)=\"2\"),RIGHT(Base!AS179,LEN(Base!AS179)-1),Base!AS179)","v":"756.6166.9088.62"},{"$f":"Base!AU179","v":"Établissement"},{"$f":"OR(CONCATENATE(Base!AW179,Base!AX179)=CONCATENATE(Base!AH179,Base!AI179),FO181=\"Établissement\")","v":true},{"$f":"Base!I179","v":"S3"}]
[{"$f":"Base!A180","v":4303},{"$f":"20","v":20},{"$f":"Base!B180","v":"2022-02-11"},null,{"$f":"Base!AE180","v":"VS22003370"},null,null,null,null,null,"<AUTO>",null,null,null,null,"URL (Libre)",null,null,{"$f":"Base!E180&\" - \"&Base!H180&\" - \"&Base!D180","v":"16820 - Uvrier - "},{"$f":"IF(AND(Base!AT180<1000,Base!AT180>99),Base!AT180,IF(FO182=\"Établissement\",VALUE(CONCATENATE(LEN(SUBSTITUTE(V182,\" \",\"\")),LEN(V182),AA182,COLUMN(INDIRECT(LEFT(V182,1)&1)),LEN(SUBSTITUTE(V182,\"-\",\"\")))),IF(FN182=\"\",VALUE(CONCATENATE(COLUMN(INDIRECT(LEFT(W182,1)&1)),COLUMN(INDIRECT(LEFT(X182,1)&1)),AO182,CODE(AA182))),VALUE(SUBSTITUTE(SUBSTITUTE(SUBSTITUTE(FN182,\".\",\"\"),\" \",\"\"),\"-\",\"\")))))","v":102},null,{"$f":"SUBSTITUTE(IF(Base!BF180=0,\"\",Base!BF180),\" (facturation)\",\"\")","v":"Clinique Bernoise Montana - Secrétariat médical"},{"$f":"IF(Base!AW180=0,\"\",Base!AH180)","v":""},{"$f":"IF(Base!AX180=0,\"\",Base!AI180)","v":""},{"$f":"IF(Base!AW180=0,Base!AY180&\" \"&Base!AZ180,Base!AK180&\" \"&Base!AL180)","v":"Impasse Palace Bellevue 1"},{"$f":"IF(IF(Base!AW180=0,Base!BA180,Base!AM180)=0,\"\",IF(Base!AW180=0,Base!BA180,Base!AM180))","v":""},{"$f":"IF(Base!AW180=0,Base!BB180,Base!AN180)","v":3963},{"$f":"IF(Base!AW180=0,Base!BC180,Base!AO180)","v":"Crans-Montana"},null,null,null,null,null,null,null,null,null,null,null,null,{"$f":"Base!AJ180","v":"1952-10-30"},{"$f":"IF(FO182=\"Établissement\",\"\",IF(Base!AG180=\"Masculin\",\"Monsieur\",IF(Base!AG180=\"Féminin\",\"Madame\",\"\")))","v":""},{"$f":"IF(FP182=FALSE,CONCATENATE(IF(Base!AV180=\"Masculin\",\"Monsieur\",IF(Base!AV180=\"Féminin\",\"Madame\",\"\")),\"#chr(13)##chr(10)#\",Base!AW180,\" \",Base!AX180, \"#chr(13)##chr(10)#\",Base!AY180,\" \",Base!AZ180, \"#chr(13)##chr(10)#\",Base!BA180, \"#chr(13)##chr(10)#\",Base!BB180,\" \",Base!BC180),\"\")","v":""},null,"",null,{"$f":"IF(AND(Base!AT180<200,Base!AT180>99),1,0)","v":1},null,0,{"$f":"Base!BG180","v":"CLN.9411"},{"$f":"Base!BH180& \"#chr(13)##chr(10)#\" &Base!BI180","v":"Personnel soignant reconnu (par personne et par quart d'heure entamé)#chr(13)##chr(10)#2 collaborateur(s) x 16 quarts d’heure"},null,{"$f":"Base!BJ180","v":32},{"$f":"Base!BK180","v":35},{"$f":"IF(Base!BL180=\"\",\"\",Base!BL180)","v":"¼ d'heure"},null,{"$f":"Base!BM180","v":1120},null,null,{"$f":"IF(Base!H180=\"Uvrier\",3018,VLOOKUP(FQ182,$GV$2:$GX$7,FM182+1,0))","v":3018},0,0,null,0,null,null,null,null,null,"Libre","BS - 250",null,"BU - 73 - aff",0,null,null,null,null,null,null,null,null,null,null,null,null,null,null,null,null,null,null,null,null,null,null,null,null,null,null,null,null,null,null,null,null,null,{"$f":"Base!AH180&\", \"&Base!AI180","v":"Zeller, Madeleine"},{"$f":"Base!AN180&\" \"&Base!AO180&\", \"&Base!AK180&\" \"&Base!AL180","v":"3658 Merligen, Oberländerweg 13"},{"$f":"CONCATENATE(TEXT(DATE(YEAR(Base!AJ180),MONTH(Base!AJ180),DAY(Base!AJ180)),\"jj.mm.aaaa\"),\", \",FN182,IF(Base!D180=\"\",\"\",\" - \"),Base!D180)","v":"30.10.1952, 756.6166.9088.62"},{"$f":"Base!AR180","v":"CPT Assurance SA"},{"$f":"LEFT(Base!J180,10)","v":"2022-02-02"},{"$f":"CONCATENATE(Base!L180,IF(Base!L180=0,\"\",\", \"),Base!M180,\" \",Base!N180,\", \",Base!P180,\" \",Base!Q180)","v":"Clinique Bernoise, Impasse Palace Bellevue 1, 3963 Crans-Montana"},{"$f":"CONCATENATE(Base!V180,\", \",Base!Z180,\" \",Base!AA180,\", \",Base!W180,\" \",Base!X180)","v":"Affidea CIS radiologie Sierre, 3960 Sierre, Avenue Général-Guisan 2"},null,{"$f":"CONCATENATE(RIGHT(LEFT(Base!J180,16),5),\" - \",RIGHT(LEFT(Base!K180,16),5))","v":"09:56 - 13:52"},{"$f":"Base!AF180&\" - \"&Base!I180","v":"Maladie - S3"},null,null,null,null,null,null,null,null,null,null,null,null,null,null,null,null,null,null,{"$f":"Base!H180","v":"Uvrier"},2,null,null,null,null,null,null,null,null,null,2,null,null,null,null,null,null,null,null,null,null,null,null,null,null,null,null,null,null,null,null,null,{"$f":"IF(Base!U180=\"Privée\",2,1)","v":2},{"$f":"IF(OR(LEFT(Base!AS180,1)=\"1\",LEFT(Base!AS180)=\"2\"),RIGHT(Base!AS180,LEN(Base!AS180)-1),Base!AS180)","v":"756.6166.9088.62"},{"$f":"Base!AU180","v":"Établissement"},{"$f":"OR(CONCATENATE(Base!AW180,Base!AX180)=CONCATENATE(Base!AH180,Base!AI180),FO182=\"Établissement\")","v":true},{"$f":"Base!I180","v":"S3"}]
[{"$f":"Base!A181","v":4303},{"$f":"20","v":20},{"$f":"Base!B181","v":"2022-02-11"},null,{"$f":"Base!AE181","v":"VS22003370"},null,null,null,null,null,"<AUTO>",null,null,null,null,"URL (Libre)",null,null,{"$f":"Base!E181&\" - \"&Base!H181&\" - \"&Base!D181","v":"16820 - Uvrier - "},{"$f":"IF(AND(Base!AT181<1000,Base!AT181>99),Base!AT181,IF(FO183=\"Établissement\",VALUE(CONCATENATE(LEN(SUBSTITUTE(V183,\" \",\"\")),LEN(V183),AA183,COLUMN(INDIRECT(LEFT(V183,1)&1)),LEN(SUBSTITUTE(V183,\"-\",\"\")))),IF(FN183=\"\",VALUE(CONCATENATE(COLUMN(INDIRECT(LEFT(W183,1)&1)),COLUMN(INDIRECT(LEFT(X183,1)&1)),AO183,CODE(AA183))),VALUE(SUBSTITUTE(SUBSTITUTE(SUBSTITUTE(FN183,\".\",\"\"),\" \",\"\"),\"-\",\"\")))))","v":102},null,{"$f":"SUBSTITUTE(IF(Base!BF181=0,\"\",Base!BF181),\" (facturation)\",\"\")","v":"Clinique Bernoise Montana - Secrétariat médical"},{"$f":"IF(Base!AW181=0,\"\",Base!AH181)","v":""},{"$f":"IF(Base!AX181=0,\"\",Base!AI181)","v":""},{"$f":"IF(Base!AW181=0,Base!AY181&\" \"&Base!AZ181,Base!AK181&\" \"&Base!AL181)","v":"Impasse Palace Bellevue 1"},{"$f":"IF(IF(Base!AW181=0,Base!BA181,Base!AM181)=0,\"\",IF(Base!AW181=0,Base!BA181,Base!AM181))","v":""},{"$f":"IF(Base!AW181=0,Base!BB181,Base!AN181)","v":3963},{"$f":"IF(Base!AW181=0,Base!BC181,Base!AO181)","v":"Crans-Montana"},null,null,null,null,null,null,null,null,null,null,null,null,{"$f":"Base!AJ181","v":"1952-10-30"},{"$f":"IF(FO183=\"Établissement\",\"\",IF(Base!AG181=\"Masculin\",\"Monsieur\",IF(Base!AG181=\"Féminin\",\"Madame\",\"\")))","v":""},{"$f":"IF(FP183=FALSE,CONCATENATE(IF(Base!AV181=\"Masculin\",\"Monsieur\",IF(Base!AV181=\"Féminin\",\"Madame\",\"\")),\"#chr(13)##chr(10)#\",Base!AW181,\" \",Base!AX181, \"#chr(13)##chr(10)#\",Base!AY181,\" \",Base!AZ181, \"#chr(13)##chr(10)#\",Base!BA181, \"#chr(13)##chr(10)#\",Base!BB181,\" \",Base!BC181),\"\")","v":""},null,"",null,{"$f":"IF(AND(Base!AT181<200,Base!AT181>99),1,0)","v":1},null,0,{"$f":"Base!BG181","v":"CLN.Rabais "},{"$f":"Base!BH181& \"#chr(13)##chr(10)#\" &Base!BI181","v":"Rabais 35%#chr(13)##chr(10)#sur CHF 1'635.00"},null,{"$f":"Base!BJ181","v":1},{"$f":"Base!BK181","v":-572.25},{"$f":"IF(Base!BL181=\"\",\"\",Base!BL181)","v":""},null,{"$f":"Base!BM181","v":-572.25},null,null,{"$f":"IF(Base!H181=\"Uvrier\",3018,VLOOKUP(FQ183,$GV$2:$GX$7,FM183+1,0))","v":3018},0,0,null,0,null,null,null,null,null,"Libre","BS - 251",null,"BU - 73 - aff",0,null,null,null,null,null,null,null,null,null,null,null,null,null,null,null,null,null,null,null,null,null,null,null,null,null,null,null,null,null,null,null,null,null,{"$f":"Base!AH181&\", \"&Base!AI181","v":"Zeller, Madeleine"},{"$f":"Base!AN181&\" \"&Base!AO181&\", \"&Base!AK181&\" \"&Base!AL181","v":"3658 Merligen, Oberländerweg 13"},{"$f":"CONCATENATE(TEXT(DATE(YEAR(Base!AJ181),MONTH(Base!AJ181),DAY(Base!AJ181)),\"jj.mm.aaaa\"),\", \",FN183,IF(Base!D181=\"\",\"\",\" - \"),Base!D181)","v":"30.10.1952, 756.6166.9088.62"},{"$f":"Base!AR181","v":"CPT Assurance SA"},{"$f":"LEFT(Base!J181,10)","v":"2022-02-02"},{"$f":"CONCATENATE(Base!L181,IF(Base!L181=0,\"\",\", \"),Base!M181,\" \",Base!N181,\", \",Base!P181,\" \",Base!Q181)","v":"Clinique Bernoise, Impasse Palace Bellevue 1, 3963 Crans-Montana"},{"$f":"CONCATENATE(Base!V181,\", \",Base!Z181,\" \",Base!AA181,\", \",Base!W181,\" \",Base!X181)","v":"Affidea CIS radiologie Sierre, 3960 Sierre, Avenue Général-Guisan 2"},null,{"$f":"CONCATENATE(RIGHT(LEFT(Base!J181,16),5),\" - \",RIGHT(LEFT(Base!K181,16),5))","v":"09:56 - 13:52"},{"$f":"Base!AF181&\" - \"&Base!I181","v":"Maladie - S3"},null,null,null,null,null,null,null,null,null,null,null,null,null,null,null,null,null,null,{"$f":"Base!H181","v":"Uvrier"},2,null,null,null,null,null,null,null,null,null,2,null,null,null,null,null,null,null,null,null,null,null,null,null,null,null,null,null,null,null,null,null,{"$f":"IF(Base!U181=\"Privée\",2,1)","v":2},{"$f":"IF(OR(LEFT(Base!AS181,1)=\"1\",LEFT(Base!AS181)=\"2\"),RIGHT(Base!AS181,LEN(Base!AS181)-1),Base!AS181)","v":"756.6166.9088.62"},{"$f":"Base!AU181","v":"Établissement"},{"$f":"OR(CONCATENATE(Base!AW181,Base!AX181)=CONCATENATE(Base!AH181,Base!AI181),FO183=\"Établissement\")","v":true},{"$f":"Base!I181","v":"S3"}]
[{"$f":"Base!A182","v":4303},{"$f":"20","v":20},{"$f":"Base!B182","v":"2022-02-11"},null,{"$f":"Base!AE182","v":"VS22003370"},null,null,null,null,null,"<AUTO>",null,null,null,null,"URL (Libre)",null,null,{"$f":"Base!E182&\" - \"&Base!H182&\" - \"&Base!D182","v":"16820 - Uvrier - "},{"$f":"IF(AND(Base!AT182<1000,Base!AT182>99),Base!AT182,IF(FO184=\"Établissement\",VALUE(CONCATENATE(LEN(SUBSTITUTE(V184,\" \",\"\")),LEN(V184),AA184,COLUMN(INDIRECT(LEFT(V184,1)&1)),LEN(SUBSTITUTE(V184,\"-\",\"\")))),IF(FN184=\"\",VALUE(CONCATENATE(COLUMN(INDIRECT(LEFT(W184,1)&1)),COLUMN(INDIRECT(LEFT(X184,1)&1)),AO184,CODE(AA184))),VALUE(SUBSTITUTE(SUBSTITUTE(SUBSTITUTE(FN184,\".\",\"\"),\" \",\"\"),\"-\",\"\")))))","v":102},null,{"$f":"SUBSTITUTE(IF(Base!BF182=0,\"\",Base!BF182),\" (facturation)\",\"\")","v":"Clinique Bernoise Montana - Secrétariat médical"},{"$f":"IF(Base!AW182=0,\"\",Base!AH182)","v":""},{"$f":"IF(Base!AX182=0,\"\",Base!AI182)","v":""},{"$f":"IF(Base!AW182=0,Base!AY182&\" \"&Base!AZ182,Base!AK182&\" \"&Base!AL182)","v":"Impasse Palace Bellevue 1"},{"$f":"IF(IF(Base!AW182=0,Base!BA182,Base!AM182)=0,\"\",IF(Base!AW182=0,Base!BA182,Base!AM182))","v":""},{"$f":"IF(Base!AW182=0,Base!BB182,Base!AN182)","v":3963},{"$f":"IF(Base!AW182=0,Base!BC182,Base!AO182)","v":"Crans-Montana"},null,null,null,null,null,null,null,null,null,null,null,null,{"$f":"Base!AJ182","v":"1952-10-30"},{"$f":"IF(FO184=\"Établissement\",\"\",IF(Base!AG182=\"Masculin\",\"Monsieur\",IF(Base!AG182=\"Féminin\",\"Madame\",\"\")))","v":""},{"$f":"IF(FP184=FALSE,CONCATENATE(IF(Base!AV182=\"Masculin\",\"Monsieur\",IF(Base!AV182=\"Féminin\",\"Madame\",\"\")),\"#chr(13)##chr(10)#\",Base!AW182,\" \",Base!AX182, \"#chr(13)##chr(10)#\",Base!AY182,\" \",Base!AZ182, \"#chr(13)##chr(10)#\",Base!BA182, \"#chr(13)##chr(10)#\",Base!BB182,\" \",Base!BC182),\"\")","v":""},null,"",null,{"$f":"IF(AND(Base!AT182<200,Base!AT182>99),1,0)","v":1},null,0,{"$f":"Base!BG182","v":0},{"$f":"Base!BH182& \"#chr(13)##chr(10)#\" &Base!BI182","v":"Y compris 20 minutes d'attente pour l'examen à Sierre avant le retour sur Montana#chr(13)##chr(10)#"},null,{"$f":"Base!BJ182","v":0},{"$f":"Base!BK182","v":0},{"$f":"IF(Base!BL182=\"\",\"\",Base!BL182)","v":""},null,{"$f":"Base!BM182","v":0},null,null,{"$f":"IF(Base!H182=\"Uvrier\",3018,VLOOKUP(FQ184,$GV$2:$GX$7,FM184+1,0))","v":3018},0,0,null,0,null,null,null,null,null,"Libre","BS - 252",null,"BU - 73 - aff",0,null,null,null,null,null,null,null,null,null,null,null,null,null,null,null,null,null,null,null,null,null,null,null,null,null,null,null,null,null,null,null,null,null,{"$f":"Base!AH182&\", \"&Base!AI182","v":"Zeller, Madeleine"},{"$f":"Base!AN182&\" \"&Base!AO182&\", \"&Base!AK182&\" \"&Base!AL182","v":"3658 Merligen, Oberländerweg 13"},{"$f":"CONCATENATE(TEXT(DATE(YEAR(Base!AJ182),MONTH(Base!AJ182),DAY(Base!AJ182)),\"jj.mm.aaaa\"),\", \",FN184,IF(Base!D182=\"\",\"\",\" - \"),Base!D182)","v":"30.10.1952, 756.6166.9088.62"},{"$f":"Base!AR182","v":"CPT Assurance SA"},{"$f":"LEFT(Base!J182,10)","v":"2022-02-02"},{"$f":"CONCATENATE(Base!L182,IF(Base!L182=0,\"\",\", \"),Base!M182,\" \",Base!N182,\", \",Base!P182,\" \",Base!Q182)","v":"Clinique Bernoise, Impasse Palace Bellevue 1, 3963 Crans-Montana"},{"$f":"CONCATENATE(Base!V182,\", \",Base!Z182,\" \",Base!AA182,\", \",Base!W182,\" \",Base!X182)","v":"Affidea CIS radiologie Sierre, 3960 Sierre, Avenue Général-Guisan 2"},null,{"$f":"CONCATENATE(RIGHT(LEFT(Base!J182,16),5),\" - \",RIGHT(LEFT(Base!K182,16),5))","v":"09:56 - 13:52"},{"$f":"Base!AF182&\" - \"&Base!I182","v":"Maladie - S3"},null,null,null,null,null,null,null,null,null,null,null,null,null,null,null,null,null,null,{"$f":"Base!H182","v":"Uvrier"},2,null,null,null,null,null,null,null,null,null,2,null,null,null,null,null,null,null,null,null,null,null,null,null,null,null,null,null,null,null,null,null,{"$f":"IF(Base!U182=\"Privée\",2,1)","v":2},{"$f":"IF(OR(LEFT(Base!AS182,1)=\"1\",LEFT(Base!AS182)=\"2\"),RIGHT(Base!AS182,LEN(Base!AS182)-1),Base!AS182)","v":"756.6166.9088.62"},{"$f":"Base!AU182","v":"Établissement"},{"$f":"OR(CONCATENATE(Base!AW182,Base!AX182)=CONCATENATE(Base!AH182,Base!AI182),FO184=\"Établissement\")","v":true},{"$f":"Base!I182","v":"S3"}]
[{"$f":"Base!A183","v":4343},{"$f":"20","v":20},{"$f":"Base!B183","v":"2022-02-11"},null,{"$f":"Base!AE183","v":"VS22003400"},null,null,null,null,null,"<AUTO>",null,null,null,null,"URL (Libre)",null,null,{"$f":"Base!E183&\" - \"&Base!H183&\" - \"&Base!D183","v":"16848 - Uvrier - 2676236/4"},{"$f":"IF(AND(Base!AT183<1000,Base!AT183>99),Base!AT183,IF(FO185=\"Établissement\",VALUE(CONCATENATE(LEN(SUBSTITUTE(V185,\" \",\"\")),LEN(V185),AA185,COLUMN(INDIRECT(LEFT(V185,1)&1)),LEN(SUBSTITUTE(V185,\"-\",\"\")))),IF(FN185=\"\",VALUE(CONCATENATE(COLUMN(INDIRECT(LEFT(W185,1)&1)),COLUMN(INDIRECT(LEFT(X185,1)&1)),AO185,CODE(AA185))),VALUE(SUBSTITUTE(SUBSTITUTE(SUBSTITUTE(FN185,\".\",\"\"),\" \",\"\"),\"-\",\"\")))))","v":101},null,{"$f":"SUBSTITUTE(IF(Base!BF183=0,\"\",Base!BF183),\" (facturation)\",\"\")","v":"Hôpital du Valais - Direction des Finances/Service des fournisseurs"},{"$f":"IF(Base!AW183=0,\"\",Base!AH183)","v":""},{"$f":"IF(Base!AX183=0,\"\",Base!AI183)","v":""},{"$f":"IF(Base!AW183=0,Base!AY183&\" \"&Base!AZ183,Base!AK183&\" \"&Base!AL183)","v":"Avenue Grand-Champsec 86"},{"$f":"IF(IF(Base!AW183=0,Base!BA183,Base!AM183)=0,\"\",IF(Base!AW183=0,Base!BA183,Base!AM183))","v":"Case postale 696"},{"$f":"IF(Base!AW183=0,Base!BB183,Base!AN183)","v":1951},{"$f":"IF(Base!AW183=0,Base!BC183,Base!AO183)","v":"Sion"},null,null,null,null,null,null,null,null,null,null,null,null,{"$f":"Base!AJ183","v":"1952-12-28"},{"$f":"IF(FO185=\"Établissement\",\"\",IF(Base!AG183=\"Masculin\",\"Monsieur\",IF(Base!AG183=\"Féminin\",\"Madame\",\"\")))","v":""},{"$f":"IF(FP185=FALSE,CONCATENATE(IF(Base!AV183=\"Masculin\",\"Monsieur\",IF(Base!AV183=\"Féminin\",\"Madame\",\"\")),\"#chr(13)##chr(10)#\",Base!AW183,\" \",Base!AX183, \"#chr(13)##chr(10)#\",Base!AY183,\" \",Base!AZ183, \"#chr(13)##chr(10)#\",Base!BA183, \"#chr(13)##chr(10)#\",Base!BB183,\" \",Base!BC183),\"\")","v":""},null,"",null,{"$f":"IF(AND(Base!AT183<200,Base!AT183>99),1,0)","v":1},null,0,{"$f":"Base!BG183","v":"HVS.31J"},{"$f":"Base!BH183& \"#chr(13)##chr(10)#\" &Base!BI183","v":"Forfait S3 HVS Martigny - HVS Sion#chr(13)##chr(10)#Trajet simple journée (08h00-20h00)"},null,{"$f":"Base!BJ183","v":1},{"$f":"Base!BK183","v":440},{"$f":"IF(Base!BL183=\"\",\"\",Base!BL183)","v":""},null,{"$f":"Base!BM183","v":440},null,null,{"$f":"IF(Base!H183=\"Uvrier\",3018,VLOOKUP(FQ185,$GV$2:$GX$7,FM185+1,0))","v":3018},0,0,null,0,null,null,null,null,null,"Libre","BS - 253",null,"BU - 73 - aff",0,null,null,null,null,null,null,null,null,null,null,null,null,null,null,null,null,null,null,null,null,null,null,null,null,null,null,null,null,null,null,null,null,null,{"$f":"Base!AH183&\", \"&Base!AI183","v":"Clerc, Florence"},{"$f":"Base!AN183&\" \"&Base!AO183&\", \"&Base!AK183&\" \"&Base!AL183","v":"1871 Choëx, Le Sépey 50"},{"$f":"CONCATENATE(TEXT(DATE(YEAR(Base!AJ183),MONTH(Base!AJ183),DAY(Base!AJ183)),\"jj.mm.aaaa\"),\", \",FN185,IF(Base!D183=\"\",\"\",\" - \"),Base!D183)","v":"28.12.1952, 756.3230.3356.47 - 2676236/4"},{"$f":"Base!AR183","v":"Easy Sana Assurance Maladie SA"},{"$f":"LEFT(Base!J183,10)","v":"2022-02-02"},{"$f":"CONCATENATE(Base!L183,IF(Base!L183=0,\"\",\", \"),Base!M183,\" \",Base!N183,\", \",Base!P183,\" \",Base!Q183)","v":"Hôpital de Martigny, Avenue de la Fusion 27, 1920 Martigny"},{"$f":"CONCATENATE(Base!V183,\", \",Base!Z183,\" \",Base!AA183,\", \",Base!W183,\" \",Base!X183)","v":"Hôpital de Sion, 1950 Sion, Avenue du Grand-Champsec 80"},null,{"$f":"CONCATENATE(RIGHT(LEFT(Base!J183,16),5),\" - \",RIGHT(LEFT(Base!K183,16),5))","v":"14:53 - 17:50"},{"$f":"Base!AF183&\" - \"&Base!I183","v":"Maladie - S3"},null,null,null,null,null,null,null,null,null,null,null,null,null,null,null,null,null,null,{"$f":"Base!H183","v":"Uvrier"},2,null,null,null,null,null,null,null,null,null,2,null,null,null,null,null,null,null,null,null,null,null,null,null,null,null,null,null,null,null,null,null,{"$f":"IF(Base!U183=\"Privée\",2,1)","v":2},{"$f":"IF(OR(LEFT(Base!AS183,1)=\"1\",LEFT(Base!AS183)=\"2\"),RIGHT(Base!AS183,LEN(Base!AS183)-1),Base!AS183)","v":"756.3230.3356.47"},{"$f":"Base!AU183","v":"Établissement"},{"$f":"OR(CONCATENATE(Base!AW183,Base!AX183)=CONCATENATE(Base!AH183,Base!AI183),FO185=\"Établissement\")","v":true},{"$f":"Base!I183","v":"S3"}]
[{"$f":"Base!A184","v":4343},{"$f":"20","v":20},{"$f":"Base!B184","v":"2022-02-11"},null,{"$f":"Base!AE184","v":"VS22003400"},null,null,null,null,null,"<AUTO>",null,null,null,null,"URL (Libre)",null,null,{"$f":"Base!E184&\" - \"&Base!H184&\" - \"&Base!D184","v":"16848 - Uvrier - 2676236/4"},{"$f":"IF(AND(Base!AT184<1000,Base!AT184>99),Base!AT184,IF(FO186=\"Établissement\",VALUE(CONCATENATE(LEN(SUBSTITUTE(V186,\" \",\"\")),LEN(V186),AA186,COLUMN(INDIRECT(LEFT(V186,1)&1)),LEN(SUBSTITUTE(V186,\"-\",\"\")))),IF(FN186=\"\",VALUE(CONCATENATE(COLUMN(INDIRECT(LEFT(W186,1)&1)),COLUMN(INDIRECT(LEFT(X186,1)&1)),AO186,CODE(AA186))),VALUE(SUBSTITUTE(SUBSTITUTE(SUBSTITUTE(FN186,\".\",\"\"),\" \",\"\"),\"-\",\"\")))))","v":101},null,{"$f":"SUBSTITUTE(IF(Base!BF184=0,\"\",Base!BF184),\" (facturation)\",\"\")","v":"Hôpital du Valais - Direction des Finances/Service des fournisseurs"},{"$f":"IF(Base!AW184=0,\"\",Base!AH184)","v":""},{"$f":"IF(Base!AX184=0,\"\",Base!AI184)","v":""},{"$f":"IF(Base!AW184=0,Base!AY184&\" \"&Base!AZ184,Base!AK184&\" \"&Base!AL184)","v":"Avenue Grand-Champsec 86"},{"$f":"IF(IF(Base!AW184=0,Base!BA184,Base!AM184)=0,\"\",IF(Base!AW184=0,Base!BA184,Base!AM184))","v":"Case postale 696"},{"$f":"IF(Base!AW184=0,Base!BB184,Base!AN184)","v":1951},{"$f":"IF(Base!AW184=0,Base!BC184,Base!AO184)","v":"Sion"},null,null,null,null,null,null,null,null,null,null,null,null,{"$f":"Base!AJ184","v":"1952-12-28"},{"$f":"IF(FO186=\"Établissement\",\"\",IF(Base!AG184=\"Masculin\",\"Monsieur\",IF(Base!AG184=\"Féminin\",\"Madame\",\"\")))","v":""},{"$f":"IF(FP186=FALSE,CONCATENATE(IF(Base!AV184=\"Masculin\",\"Monsieur\",IF(Base!AV184=\"Féminin\",\"Madame\",\"\")),\"#chr(13)##chr(10)#\",Base!AW184,\" \",Base!AX184, \"#chr(13)##chr(10)#\",Base!AY184,\" \",Base!AZ184, \"#chr(13)##chr(10)#\",Base!BA184, \"#chr(13)##chr(10)#\",Base!BB184,\" \",Base!BC184),\"\")","v":""},null,"",null,{"$f":"IF(AND(Base!AT184<200,Base!AT184>99),1,0)","v":1},null,0,{"$f":"Base!BG184","v":0},{"$f":"Base!BH184& \"#chr(13)##chr(10)#\" &Base!BI184","v":"Y compris 15 minutes d'attente pour l'examen à Sion avant le retour sur Martigny#chr(13)##chr(10)#"},null,{"$f":"Base!BJ184","v":0},{"$f":"Base!BK184","v":0},{"$f":"IF(Base!BL184=\"\",\"\",Base!BL184)","v":""},null,{"$f":"Base!BM184","v":0},null,null,{"$f":"IF(Base!H184=\"Uvrier\",3018,VLOOKUP(FQ186,$GV$2:$GX$7,FM186+1,0))","v":3018},0,0,null,0,null,null,null,null,null,"Libre","BS - 254",null,"BU - 73 - aff",0,null,null,null,null,null,null,null,null,null,null,null,null,null,null,null,null,null,null,null,null,null,null,null,null,null,null,null,null,null,null,null,null,null,{"$f":"Base!AH184&\", \"&Base!AI184","v":"Clerc, Florence"},{"$f":"Base!AN184&\" \"&Base!AO184&\", \"&Base!AK184&\" \"&Base!AL184","v":"1871 Choëx, Le Sépey 50"},{"$f":"CONCATENATE(TEXT(DATE(YEAR(Base!AJ184),MONTH(Base!AJ184),DAY(Base!AJ184)),\"jj.mm.aaaa\"),\", \",FN186,IF(Base!D184=\"\",\"\",\" - \"),Base!D184)","v":"28.12.1952, 756.3230.3356.47 - 2676236/4"},{"$f":"Base!AR184","v":"Easy Sana Assurance Maladie SA"},{"$f":"LEFT(Base!J184,10)","v":"2022-02-02"},{"$f":"CONCATENATE(Base!L184,IF(Base!L184=0,\"\",\", \"),Base!M184,\" \",Base!N184,\", \",Base!P184,\" \",Base!Q184)","v":"Hôpital de Martigny, Avenue de la Fusion 27, 1920 Martigny"},{"$f":"CONCATENATE(Base!V184,\", \",Base!Z184,\" \",Base!AA184,\", \",Base!W184,\" \",Base!X184)","v":"Hôpital de Sion, 1950 Sion, Avenue du Grand-Champsec 80"},null,{"$f":"CONCATENATE(RIGHT(LEFT(Base!J184,16),5),\" - \",RIGHT(LEFT(Base!K184,16),5))","v":"14:53 - 17:50"},{"$f":"Base!AF184&\" - \"&Base!I184","v":"Maladie - S3"},null,null,null,null,null,null,null,null,null,null,null,null,null,null,null,null,null,null,{"$f":"Base!H184","v":"Uvrier"},2,null,null,null,null,null,null,null,null,null,2,null,null,null,null,null,null,null,null,null,null,null,null,null,null,null,null,null,null,null,null,null,{"$f":"IF(Base!U184=\"Privée\",2,1)","v":2},{"$f":"IF(OR(LEFT(Base!AS184,1)=\"1\",LEFT(Base!AS184)=\"2\"),RIGHT(Base!AS184,LEN(Base!AS184)-1),Base!AS184)","v":"756.3230.3356.47"},{"$f":"Base!AU184","v":"Établissement"},{"$f":"OR(CONCATENATE(Base!AW184,Base!AX184)=CONCATENATE(Base!AH184,Base!AI184),FO186=\"Établissement\")","v":true},{"$f":"Base!I184","v":"S3"}]
[{"$f":"Base!A185","v":4344},{"$f":"20","v":20},{"$f":"Base!B185","v":"2022-02-11"},null,{"$f":"Base!AE185","v":"VS22003419"},null,null,null,null,null,"<AUTO>",null,null,null,null,"URL (Libre)",null,null,{"$f":"Base!E185&\" - \"&Base!H185&\" - \"&Base!D185","v":"16867 - Uvrier - 2520242/14"},{"$f":"IF(AND(Base!AT185<1000,Base!AT185>99),Base!AT185,IF(FO187=\"Établissement\",VALUE(CONCATENATE(LEN(SUBSTITUTE(V187,\" \",\"\")),LEN(V187),AA187,COLUMN(INDIRECT(LEFT(V187,1)&1)),LEN(SUBSTITUTE(V187,\"-\",\"\")))),IF(FN187=\"\",VALUE(CONCATENATE(COLUMN(INDIRECT(LEFT(W187,1)&1)),COLUMN(INDIRECT(LEFT(X187,1)&1)),AO187,CODE(AA187))),VALUE(SUBSTITUTE(SUBSTITUTE(SUBSTITUTE(FN187,\".\",\"\"),\" \",\"\"),\"-\",\"\")))))","v":101},null,{"$f":"SUBSTITUTE(IF(Base!BF185=0,\"\",Base!BF185),\" (facturation)\",\"\")","v":"Hôpital du Valais - Direction des Finances/Service des fournisseurs"},{"$f":"IF(Base!AW185=0,\"\",Base!AH185)","v":""},{"$f":"IF(Base!AX185=0,\"\",Base!AI185)","v":""},{"$f":"IF(Base!AW185=0,Base!AY185&\" \"&Base!AZ185,Base!AK185&\" \"&Base!AL185)","v":"Avenue Grand-Champsec 86"},{"$f":"IF(IF(Base!AW185=0,Base!BA185,Base!AM185)=0,\"\",IF(Base!AW185=0,Base!BA185,Base!AM185))","v":"Case postale 696"},{"$f":"IF(Base!AW185=0,Base!BB185,Base!AN185)","v":1951},{"$f":"IF(Base!AW185=0,Base!BC185,Base!AO185)","v":"Sion"},null,null,null,null,null,null,null,null,null,null,null,null,{"$f":"Base!AJ185","v":"1934-02-21"},{"$f":"IF(FO187=\"Établissement\",\"\",IF(Base!AG185=\"Masculin\",\"Monsieur\",IF(Base!AG185=\"Féminin\",\"Madame\",\"\")))","v":""},{"$f":"IF(FP187=FALSE,CONCATENATE(IF(Base!AV185=\"Masculin\",\"Monsieur\",IF(Base!AV185=\"Féminin\",\"Madame\",\"\")),\"#chr(13)##chr(10)#\",Base!AW185,\" \",Base!AX185, \"#chr(13)##chr(10)#\",Base!AY185,\" \",Base!AZ185, \"#chr(13)##chr(10)#\",Base!BA185, \"#chr(13)##chr(10)#\",Base!BB185,\" \",Base!BC185),\"\")","v":""},null,"",null,{"$f":"IF(AND(Base!AT185<200,Base!AT185>99),1,0)","v":1},null,0,{"$f":"Base!BG185","v":"HVS.13J"},{"$f":"Base!BH185& \"#chr(13)##chr(10)#\" &Base!BI185","v":"Forfait S3 HVS Sion - HVS Martigny#chr(13)##chr(10)#Trajet simple journée (08h00-20h00)"},null,{"$f":"Base!BJ185","v":1},{"$f":"Base!BK185","v":440},{"$f":"IF(Base!BL185=\"\",\"\",Base!BL185)","v":""},null,{"$f":"Base!BM185","v":440},null,null,{"$f":"IF(Base!H185=\"Uvrier\",3018,VLOOKUP(FQ187,$GV$2:$GX$7,FM187+1,0))","v":3018},0,0,null,0,null,null,null,null,null,"Libre","BS - 255",null,"BU - 73 - aff",0,null,null,null,null,null,null,null,null,null,null,null,null,null,null,null,null,null,null,null,null,null,null,null,null,null,null,null,null,null,null,null,null,null,{"$f":"Base!AH185&\", \"&Base!AI185","v":"Delaloye, Yvette"},{"$f":"Base!AN185&\" \"&Base!AO185&\", \"&Base!AK185&\" \"&Base!AL185","v":"1957 Ardon, Route du Simplon 19"},{"$f":"CONCATENATE(TEXT(DATE(YEAR(Base!AJ185),MONTH(Base!AJ185),DAY(Base!AJ185)),\"jj.mm.aaaa\"),\", \",FN187,IF(Base!D185=\"\",\"\",\" - \"),Base!D185)","v":"21.02.1934, 756.2169.5802.27 - 2520242/14"},{"$f":"Base!AR185","v":"Mutuel Assurance Maladie SA"},{"$f":"LEFT(Base!J185,10)","v":"2022-02-02"},{"$f":"CONCATENATE(Base!L185,IF(Base!L185=0,\"\",\", \"),Base!M185,\" \",Base!N185,\", \",Base!P185,\" \",Base!Q185)","v":"Hôpital de Sion, Avenue du Grand-Champsec 80, 1950 Sion"},{"$f":"CONCATENATE(Base!V185,\", \",Base!Z185,\" \",Base!AA185,\", \",Base!W185,\" \",Base!X185)","v":"Hôpital de Martigny, 1920 Martigny, Avenue de la Fusion 27"},null,{"$f":"CONCATENATE(RIGHT(LEFT(Base!J185,16),5),\" - \",RIGHT(LEFT(Base!K185,16),5))","v":"19:19 - 21:20"},{"$f":"Base!AF185&\" - \"&Base!I185","v":"Maladie - S3"},null,null,null,null,null,null,null,null,null,null,null,null,null,null,null,null,null,null,{"$f":"Base!H185","v":"Uvrier"},2,null,null,null,null,null,null,null,null,null,2,null,null,null,null,null,null,null,null,null,null,null,null,null,null,null,null,null,null,null,null,null,{"$f":"IF(Base!U185=\"Privée\",2,1)","v":2},{"$f":"IF(OR(LEFT(Base!AS185,1)=\"1\",LEFT(Base!AS185)=\"2\"),RIGHT(Base!AS185,LEN(Base!AS185)-1),Base!AS185)","v":"756.2169.5802.27"},{"$f":"Base!AU185","v":"Établissement"},{"$f":"OR(CONCATENATE(Base!AW185,Base!AX185)=CONCATENATE(Base!AH185,Base!AI185),FO187=\"Établissement\")","v":true},{"$f":"Base!I185","v":"S3"}]
[{"$f":"Base!A186","v":4345},{"$f":"20","v":20},{"$f":"Base!B186","v":"2022-02-11"},null,{"$f":"Base!AE186","v":"VS22003425"},null,null,null,null,null,"<AUTO>",null,null,null,null,"URL (Libre)",null,null,{"$f":"Base!E186&\" - \"&Base!H186&\" - \"&Base!D186","v":"16873 - Uvrier - 2041611/18"},{"$f":"IF(AND(Base!AT186<1000,Base!AT186>99),Base!AT186,IF(FO188=\"Établissement\",VALUE(CONCATENATE(LEN(SUBSTITUTE(V188,\" \",\"\")),LEN(V188),AA188,COLUMN(INDIRECT(LEFT(V188,1)&1)),LEN(SUBSTITUTE(V188,\"-\",\"\")))),IF(FN188=\"\",VALUE(CONCATENATE(COLUMN(INDIRECT(LEFT(W188,1)&1)),COLUMN(INDIRECT(LEFT(X188,1)&1)),AO188,CODE(AA188))),VALUE(SUBSTITUTE(SUBSTITUTE(SUBSTITUTE(FN188,\".\",\"\"),\" \",\"\"),\"-\",\"\")))))","v":101},null,{"$f":"SUBSTITUTE(IF(Base!BF186=0,\"\",Base!BF186),\" (facturation)\",\"\")","v":"Hôpital du Valais - Direction des Finances/Service des fournisseurs"},{"$f":"IF(Base!AW186=0,\"\",Base!AH186)","v":""},{"$f":"IF(Base!AX186=0,\"\",Base!AI186)","v":""},{"$f":"IF(Base!AW186=0,Base!AY186&\" \"&Base!AZ186,Base!AK186&\" \"&Base!AL186)","v":"Avenue Grand-Champsec 86"},{"$f":"IF(IF(Base!AW186=0,Base!BA186,Base!AM186)=0,\"\",IF(Base!AW186=0,Base!BA186,Base!AM186))","v":"Case postale 696"},{"$f":"IF(Base!AW186=0,Base!BB186,Base!AN186)","v":1951},{"$f":"IF(Base!AW186=0,Base!BC186,Base!AO186)","v":"Sion"},null,null,null,null,null,null,null,null,null,null,null,null,{"$f":"Base!AJ186","v":"1950-11-01"},{"$f":"IF(FO188=\"Établissement\",\"\",IF(Base!AG186=\"Masculin\",\"Monsieur\",IF(Base!AG186=\"Féminin\",\"Madame\",\"\")))","v":""},{"$f":"IF(FP188=FALSE,CONCATENATE(IF(Base!AV186=\"Masculin\",\"Monsieur\",IF(Base!AV186=\"Féminin\",\"Madame\",\"\")),\"#chr(13)##chr(10)#\",Base!AW186,\" \",Base!AX186, \"#chr(13)##chr(10)#\",Base!AY186,\" \",Base!AZ186, \"#chr(13)##chr(10)#\",Base!BA186, \"#chr(13)##chr(10)#\",Base!BB186,\" \",Base!BC186),\"\")","v":""},null,"",null,{"$f":"IF(AND(Base!AT186<200,Base!AT186>99),1,0)","v":1},null,0,{"$f":"Base!BG186","v":"HVS.12N"},{"$f":"Base!BH186& \"#chr(13)##chr(10)#\" &Base!BI186","v":"Forfait S3 HVS Sion - HVS Sierre#chr(13)##chr(10)#Trajet simple nuit (20h00-08h00) ou dimanches et jours fériés"},null,{"$f":"Base!BJ186","v":1},{"$f":"Base!BK186","v":525},{"$f":"IF(Base!BL186=\"\",\"\",Base!BL186)","v":""},null,{"$f":"Base!BM186","v":525},null,null,{"$f":"IF(Base!H186=\"Uvrier\",3018,VLOOKUP(FQ188,$GV$2:$GX$7,FM188+1,0))","v":3018},0,0,null,0,null,null,null,null,null,"Libre","BS - 256",null,"BU - 73 - aff",0,null,null,null,null,null,null,null,null,null,null,null,null,null,null,null,null,null,null,null,null,null,null,null,null,null,null,null,null,null,null,null,null,null,{"$f":"Base!AH186&\", \"&Base!AI186","v":"Bitz, Liliane Marcelle"},{"$f":"Base!AN186&\" \"&Base!AO186&\", \"&Base!AK186&\" \"&Base!AL186","v":"1950 Sion, Rue de Loèche 14"},{"$f":"CONCATENATE(TEXT(DATE(YEAR(Base!AJ186),MONTH(Base!AJ186),DAY(Base!AJ186)),\"jj.mm.aaaa\"),\", \",FN188,IF(Base!D186=\"\",\"\",\" - \"),Base!D186)","v":"01.11.1950, 756.2406.1445.57 - 2041611/18"},{"$f":"Base!AR186","v":"Easy Sana Assurance Maladie SA"},{"$f":"LEFT(Base!J186,10)","v":"2022-02-02"},{"$f":"CONCATENATE(Base!L186,IF(Base!L186=0,\"\",\", \"),Base!M186,\" \",Base!N186,\", \",Base!P186,\" \",Base!Q186)","v":"Hôpital de Sion, Avenue du Grand-Champsec 80, 1950 Sion"},{"$f":"CONCATENATE(Base!V186,\", \",Base!Z186,\" \",Base!AA186,\", \",Base!W186,\" \",Base!X186)","v":"Hôpital de Sierre, 3960 Sierre, Rue Saint-Charles 14"},null,{"$f":"CONCATENATE(RIGHT(LEFT(Base!J186,16),5),\" - \",RIGHT(LEFT(Base!K186,16),5))","v":"21:20 - 22:50"},{"$f":"Base!AF186&\" - \"&Base!I186","v":"Maladie - S3"},null,null,null,null,null,null,null,null,null,null,null,null,null,null,null,null,null,null,{"$f":"Base!H186","v":"Uvrier"},2,null,null,null,null,null,null,null,null,null,2,null,null,null,null,null,null,null,null,null,null,null,null,null,null,null,null,null,null,null,null,null,{"$f":"IF(Base!U186=\"Privée\",2,1)","v":2},{"$f":"IF(OR(LEFT(Base!AS186,1)=\"1\",LEFT(Base!AS186)=\"2\"),RIGHT(Base!AS186,LEN(Base!AS186)-1),Base!AS186)","v":"756.2406.1445.57"},{"$f":"Base!AU186","v":"Établissement"},{"$f":"OR(CONCATENATE(Base!AW186,Base!AX186)=CONCATENATE(Base!AH186,Base!AI186),FO188=\"Établissement\")","v":true},{"$f":"Base!I186","v":"S3"}]
[{"$f":"Base!A187","v":4346},{"$f":"20","v":20},{"$f":"Base!B187","v":"2022-02-11"},null,{"$f":"Base!AE187","v":"VS22003432"},null,null,null,null,null,"<AUTO>",null,null,null,null,"URL (Libre)",null,null,{"$f":"Base!E187&\" - \"&Base!H187&\" - \"&Base!D187","v":"16879 - Uvrier - "},{"$f":"IF(AND(Base!AT187<1000,Base!AT187>99),Base!AT187,IF(FO189=\"Établissement\",VALUE(CONCATENATE(LEN(SUBSTITUTE(V189,\" \",\"\")),LEN(V189),AA189,COLUMN(INDIRECT(LEFT(V189,1)&1)),LEN(SUBSTITUTE(V189,\"-\",\"\")))),IF(FN189=\"\",VALUE(CONCATENATE(COLUMN(INDIRECT(LEFT(W189,1)&1)),COLUMN(INDIRECT(LEFT(X189,1)&1)),AO189,CODE(AA189))),VALUE(SUBSTITUTE(SUBSTITUTE(SUBSTITUTE(FN189,\".\",\"\"),\" \",\"\"),\"-\",\"\")))))","v":102},null,{"$f":"SUBSTITUTE(IF(Base!BF187=0,\"\",Base!BF187),\" (facturation)\",\"\")","v":"Clinique Bernoise Montana - Secrétariat médical"},{"$f":"IF(Base!AW187=0,\"\",Base!AH187)","v":""},{"$f":"IF(Base!AX187=0,\"\",Base!AI187)","v":""},{"$f":"IF(Base!AW187=0,Base!AY187&\" \"&Base!AZ187,Base!AK187&\" \"&Base!AL187)","v":"Impasse Palace Bellevue 1"},{"$f":"IF(IF(Base!AW187=0,Base!BA187,Base!AM187)=0,\"\",IF(Base!AW187=0,Base!BA187,Base!AM187))","v":""},{"$f":"IF(Base!AW187=0,Base!BB187,Base!AN187)","v":3963},{"$f":"IF(Base!AW187=0,Base!BC187,Base!AO187)","v":"Crans-Montana"},null,null,null,null,null,null,null,null,null,null,null,null,{"$f":"Base!AJ187","v":"1952-10-30"},{"$f":"IF(FO189=\"Établissement\",\"\",IF(Base!AG187=\"Masculin\",\"Monsieur\",IF(Base!AG187=\"Féminin\",\"Madame\",\"\")))","v":""},{"$f":"IF(FP189=FALSE,CONCATENATE(IF(Base!AV187=\"Masculin\",\"Monsieur\",IF(Base!AV187=\"Féminin\",\"Madame\",\"\")),\"#chr(13)##chr(10)#\",Base!AW187,\" \",Base!AX187, \"#chr(13)##chr(10)#\",Base!AY187,\" \",Base!AZ187, \"#chr(13)##chr(10)#\",Base!BA187, \"#chr(13)##chr(10)#\",Base!BB187,\" \",Base!BC187),\"\")","v":""},null,"",null,{"$f":"IF(AND(Base!AT187<200,Base!AT187>99),1,0)","v":1},null,0,{"$f":"Base!BG187","v":"CLN.9403 "},{"$f":"Base!BH187& \"#chr(13)##chr(10)#\" &Base!BI187","v":"Taxe de base transport S3#chr(13)##chr(10)#"},null,{"$f":"Base!BJ187","v":1},{"$f":"Base!BK187","v":200},{"$f":"IF(Base!BL187=\"\",\"\",Base!BL187)","v":""},null,{"$f":"Base!BM187","v":200},null,null,{"$f":"IF(Base!H187=\"Uvrier\",3018,VLOOKUP(FQ189,$GV$2:$GX$7,FM189+1,0))","v":3018},0,0,null,0,null,null,null,null,null,"Libre","BS - 257",null,"BU - 73 - aff",0,null,null,null,null,null,null,null,null,null,null,null,null,null,null,null,null,null,null,null,null,null,null,null,null,null,null,null,null,null,null,null,null,null,{"$f":"Base!AH187&\", \"&Base!AI187","v":"Zeller, Madeleine"},{"$f":"Base!AN187&\" \"&Base!AO187&\", \"&Base!AK187&\" \"&Base!AL187","v":"3658 Merligen, Oberländerweg 13"},{"$f":"CONCATENATE(TEXT(DATE(YEAR(Base!AJ187),MONTH(Base!AJ187),DAY(Base!AJ187)),\"jj.mm.aaaa\"),\", \",FN189,IF(Base!D187=\"\",\"\",\" - \"),Base!D187)","v":"30.10.1952, 756.6166.9088.62"},{"$f":"Base!AR187","v":"CPT Assurance SA"},{"$f":"LEFT(Base!J187,10)","v":"2022-02-03"},{"$f":"CONCATENATE(Base!L187,IF(Base!L187=0,\"\",\", \"),Base!M187,\" \",Base!N187,\", \",Base!P187,\" \",Base!Q187)","v":"Clinique Bernoise, Impasse Palace Bellevue 1, 3963 Crans-Montana"},{"$f":"CONCATENATE(Base!V187,\", \",Base!Z187,\" \",Base!AA187,\", \",Base!W187,\" \",Base!X187)","v":"Spital STS AG, 3600 Thun, Krankenhausstrasse 12"},null,{"$f":"CONCATENATE(RIGHT(LEFT(Base!J187,16),5),\" - \",RIGHT(LEFT(Base!K187,16),5))","v":"07:04 - 15:36"},{"$f":"Base!AF187&\" - \"&Base!I187","v":"Maladie - S3"},null,null,null,null,null,null,null,null,null,null,null,null,null,null,null,null,null,null,{"$f":"Base!H187","v":"Uvrier"},2,null,null,null,null,null,null,null,null,null,2,null,null,null,null,null,null,null,null,null,null,null,null,null,null,null,null,null,null,null,null,null,{"$f":"IF(Base!U187=\"Privée\",2,1)","v":2},{"$f":"IF(OR(LEFT(Base!AS187,1)=\"1\",LEFT(Base!AS187)=\"2\"),RIGHT(Base!AS187,LEN(Base!AS187)-1),Base!AS187)","v":"756.6166.9088.62"},{"$f":"Base!AU187","v":"Établissement"},{"$f":"OR(CONCATENATE(Base!AW187,Base!AX187)=CONCATENATE(Base!AH187,Base!AI187),FO189=\"Établissement\")","v":true},{"$f":"Base!I187","v":"S3"}]
[{"$f":"Base!A188","v":4346},{"$f":"20","v":20},{"$f":"Base!B188","v":"2022-02-11"},null,{"$f":"Base!AE188","v":"VS22003432"},null,null,null,null,null,"<AUTO>",null,null,null,null,"URL (Libre)",null,null,{"$f":"Base!E188&\" - \"&Base!H188&\" - \"&Base!D188","v":"16879 - Uvrier - "},{"$f":"IF(AND(Base!AT188<1000,Base!AT188>99),Base!AT188,IF(FO190=\"Établissement\",VALUE(CONCATENATE(LEN(SUBSTITUTE(V190,\" \",\"\")),LEN(V190),AA190,COLUMN(INDIRECT(LEFT(V190,1)&1)),LEN(SUBSTITUTE(V190,\"-\",\"\")))),IF(FN190=\"\",VALUE(CONCATENATE(COLUMN(INDIRECT(LEFT(W190,1)&1)),COLUMN(INDIRECT(LEFT(X190,1)&1)),AO190,CODE(AA190))),VALUE(SUBSTITUTE(SUBSTITUTE(SUBSTITUTE(FN190,\".\",\"\"),\" \",\"\"),\"-\",\"\")))))","v":102},null,{"$f":"SUBSTITUTE(IF(Base!BF188=0,\"\",Base!BF188),\" (facturation)\",\"\")","v":"Clinique Bernoise Montana - Secrétariat médical"},{"$f":"IF(Base!AW188=0,\"\",Base!AH188)","v":""},{"$f":"IF(Base!AX188=0,\"\",Base!AI188)","v":""},{"$f":"IF(Base!AW188=0,Base!AY188&\" \"&Base!AZ188,Base!AK188&\" \"&Base!AL188)","v":"Impasse Palace Bellevue 1"},{"$f":"IF(IF(Base!AW188=0,Base!BA188,Base!AM188)=0,\"\",IF(Base!AW188=0,Base!BA188,Base!AM188))","v":""},{"$f":"IF(Base!AW188=0,Base!BB188,Base!AN188)","v":3963},{"$f":"IF(Base!AW188=0,Base!BC188,Base!AO188)","v":"Crans-Montana"},null,null,null,null,null,null,null,null,null,null,null,null,{"$f":"Base!AJ188","v":"1952-10-30"},{"$f":"IF(FO190=\"Établissement\",\"\",IF(Base!AG188=\"Masculin\",\"Monsieur\",IF(Base!AG188=\"Féminin\",\"Madame\",\"\")))","v":""},{"$f":"IF(FP190=FALSE,CONCATENATE(IF(Base!AV188=\"Masculin\",\"Monsieur\",IF(Base!AV188=\"Féminin\",\"Madame\",\"\")),\"#chr(13)##chr(10)#\",Base!AW188,\" \",Base!AX188, \"#chr(13)##chr(10)#\",Base!AY188,\" \",Base!AZ188, \"#chr(13)##chr(10)#\",Base!BA188, \"#chr(13)##chr(10)#\",Base!BB188,\" \",Base!BC188),\"\")","v":""},null,"",null,{"$f":"IF(AND(Base!AT188<200,Base!AT188>99),1,0)","v":1},null,0,{"$f":"Base!BG188","v":"CLN.9404"},{"$f":"Base!BH188& \"#chr(13)##chr(10)#\" &Base!BI188","v":"Indemnisation kilométrique#chr(13)##chr(10)#"},null,{"$f":"Base!BJ188","v":208},{"$f":"Base!BK188","v":4.5},{"$f":"IF(Base!BL188=\"\",\"\",Base!BL188)","v":"km"},null,{"$f":"Base!BM188","v":936},null,null,{"$f":"IF(Base!H188=\"Uvrier\",3018,VLOOKUP(FQ190,$GV$2:$GX$7,FM190+1,0))","v":3018},0,0,null,0,null,null,null,null,null,"Libre","BS - 258",null,"BU - 73 - aff",0,null,null,null,null,null,null,null,null,null,null,null,null,null,null,null,null,null,null,null,null,null,null,null,null,null,null,null,null,null,null,null,null,null,{"$f":"Base!AH188&\", \"&Base!AI188","v":"Zeller, Madeleine"},{"$f":"Base!AN188&\" \"&Base!AO188&\", \"&Base!AK188&\" \"&Base!AL188","v":"3658 Merligen, Oberländerweg 13"},{"$f":"CONCATENATE(TEXT(DATE(YEAR(Base!AJ188),MONTH(Base!AJ188),DAY(Base!AJ188)),\"jj.mm.aaaa\"),\", \",FN190,IF(Base!D188=\"\",\"\",\" - \"),Base!D188)","v":"30.10.1952, 756.6166.9088.62"},{"$f":"Base!AR188","v":"CPT Assurance SA"},{"$f":"LEFT(Base!J188,10)","v":"2022-02-03"},{"$f":"CONCATENATE(Base!L188,IF(Base!L188=0,\"\",\", \"),Base!M188,\" \",Base!N188,\", \",Base!P188,\" \",Base!Q188)","v":"Clinique Bernoise, Impasse Palace Bellevue 1, 3963 Crans-Montana"},{"$f":"CONCATENATE(Base!V188,\", \",Base!Z188,\" \",Base!AA188,\", \",Base!W188,\" \",Base!X188)","v":"Spital STS AG, 3600 Thun, Krankenhausstrasse 12"},null,{"$f":"CONCATENATE(RIGHT(LEFT(Base!J188,16),5),\" - \",RIGHT(LEFT(Base!K188,16),5))","v":"07:04 - 15:36"},{"$f":"Base!AF188&\" - \"&Base!I188","v":"Maladie - S3"},null,null,null,null,null,null,null,null,null,null,null,null,null,null,null,null,null,null,{"$f":"Base!H188","v":"Uvrier"},2,null,null,null,null,null,null,null,null,null,2,null,null,null,null,null,null,null,null,null,null,null,null,null,null,null,null,null,null,null,null,null,{"$f":"IF(Base!U188=\"Privée\",2,1)","v":2},{"$f":"IF(OR(LEFT(Base!AS188,1)=\"1\",LEFT(Base!AS188)=\"2\"),RIGHT(Base!AS188,LEN(Base!AS188)-1),Base!AS188)","v":"756.6166.9088.62"},{"$f":"Base!AU188","v":"Établissement"},{"$f":"OR(CONCATENATE(Base!AW188,Base!AX188)=CONCATENATE(Base!AH188,Base!AI188),FO190=\"Établissement\")","v":true},{"$f":"Base!I188","v":"S3"}]
[{"$f":"Base!A189","v":4346},{"$f":"20","v":20},{"$f":"Base!B189","v":"2022-02-11"},null,{"$f":"Base!AE189","v":"VS22003432"},null,null,null,null,null,"<AUTO>",null,null,null,null,"URL (Libre)",null,null,{"$f":"Base!E189&\" - \"&Base!H189&\" - \"&Base!D189","v":"16879 - Uvrier - "},{"$f":"IF(AND(Base!AT189<1000,Base!AT189>99),Base!AT189,IF(FO191=\"Établissement\",VALUE(CONCATENATE(LEN(SUBSTITUTE(V191,\" \",\"\")),LEN(V191),AA191,COLUMN(INDIRECT(LEFT(V191,1)&1)),LEN(SUBSTITUTE(V191,\"-\",\"\")))),IF(FN191=\"\",VALUE(CONCATENATE(COLUMN(INDIRECT(LEFT(W191,1)&1)),COLUMN(INDIRECT(LEFT(X191,1)&1)),AO191,CODE(AA191))),VALUE(SUBSTITUTE(SUBSTITUTE(SUBSTITUTE(FN191,\".\",\"\"),\" \",\"\"),\"-\",\"\")))))","v":102},null,{"$f":"SUBSTITUTE(IF(Base!BF189=0,\"\",Base!BF189),\" (facturation)\",\"\")","v":"Clinique Bernoise Montana - Secrétariat médical"},{"$f":"IF(Base!AW189=0,\"\",Base!AH189)","v":""},{"$f":"IF(Base!AX189=0,\"\",Base!AI189)","v":""},{"$f":"IF(Base!AW189=0,Base!AY189&\" \"&Base!AZ189,Base!AK189&\" \"&Base!AL189)","v":"Impasse Palace Bellevue 1"},{"$f":"IF(IF(Base!AW189=0,Base!BA189,Base!AM189)=0,\"\",IF(Base!AW189=0,Base!BA189,Base!AM189))","v":""},{"$f":"IF(Base!AW189=0,Base!BB189,Base!AN189)","v":3963},{"$f":"IF(Base!AW189=0,Base!BC189,Base!AO189)","v":"Crans-Montana"},null,null,null,null,null,null,null,null,null,null,null,null,{"$f":"Base!AJ189","v":"1952-10-30"},{"$f":"IF(FO191=\"Établissement\",\"\",IF(Base!AG189=\"Masculin\",\"Monsieur\",IF(Base!AG189=\"Féminin\",\"Madame\",\"\")))","v":""},{"$f":"IF(FP191=FALSE,CONCATENATE(IF(Base!AV189=\"Masculin\",\"Monsieur\",IF(Base!AV189=\"Féminin\",\"Madame\",\"\")),\"#chr(13)##chr(10)#\",Base!AW189,\" \",Base!AX189, \"#chr(13)##chr(10)#\",Base!AY189,\" \",Base!AZ189, \"#chr(13)##chr(10)#\",Base!BA189, \"#chr(13)##chr(10)#\",Base!BB189,\" \",Base!BC189),\"\")","v":""},null,"",null,{"$f":"IF(AND(Base!AT189<200,Base!AT189>99),1,0)","v":1},null,0,{"$f":"Base!BG189","v":"CLN.9411"},{"$f":"Base!BH189& \"#chr(13)##chr(10)#\" &Base!BI189","v":"Personnel soignant reconnu (par personne et par quart d'heure entamé)#chr(13)##chr(10)#2 collaborateur(s) x 34 quarts d’heure"},null,{"$f":"Base!BJ189","v":68},{"$f":"Base!BK189","v":35},{"$f":"IF(Base!BL189=\"\",\"\",Base!BL189)","v":"¼ d'heure"},null,{"$f":"Base!BM189","v":2380},null,null,{"$f":"IF(Base!H189=\"Uvrier\",3018,VLOOKUP(FQ191,$GV$2:$GX$7,FM191+1,0))","v":3018},0,0,null,0,null,null,null,null,null,"Libre","BS - 259",null,"BU - 73 - aff",0,null,null,null,null,null,null,null,null,null,null,null,null,null,null,null,null,null,null,null,null,null,null,null,null,null,null,null,null,null,null,null,null,null,{"$f":"Base!AH189&\", \"&Base!AI189","v":"Zeller, Madeleine"},{"$f":"Base!AN189&\" \"&Base!AO189&\", \"&Base!AK189&\" \"&Base!AL189","v":"3658 Merligen, Oberländerweg 13"},{"$f":"CONCATENATE(TEXT(DATE(YEAR(Base!AJ189),MONTH(Base!AJ189),DAY(Base!AJ189)),\"jj.mm.aaaa\"),\", \",FN191,IF(Base!D189=\"\",\"\",\" - \"),Base!D189)","v":"30.10.1952, 756.6166.9088.62"},{"$f":"Base!AR189","v":"CPT Assurance SA"},{"$f":"LEFT(Base!J189,10)","v":"2022-02-03"},{"$f":"CONCATENATE(Base!L189,IF(Base!L189=0,\"\",\", \"),Base!M189,\" \",Base!N189,\", \",Base!P189,\" \",Base!Q189)","v":"Clinique Bernoise, Impasse Palace Bellevue 1, 3963 Crans-Montana"},{"$f":"CONCATENATE(Base!V189,\", \",Base!Z189,\" \",Base!AA189,\", \",Base!W189,\" \",Base!X189)","v":"Spital STS AG, 3600 Thun, Krankenhausstrasse 12"},null,{"$f":"CONCATENATE(RIGHT(LEFT(Base!J189,16),5),\" - \",RIGHT(LEFT(Base!K189,16),5))","v":"07:04 - 15:36"},{"$f":"Base!AF189&\" - \"&Base!I189","v":"Maladie - S3"},null,null,null,null,null,null,null,null,null,null,null,null,null,null,null,null,null,null,{"$f":"Base!H189","v":"Uvrier"},2,null,null,null,null,null,null,null,null,null,2,null,null,null,null,null,null,null,null,null,null,null,null,null,null,null,null,null,null,null,null,null,{"$f":"IF(Base!U189=\"Privée\",2,1)","v":2},{"$f":"IF(OR(LEFT(Base!AS189,1)=\"1\",LEFT(Base!AS189)=\"2\"),RIGHT(Base!AS189,LEN(Base!AS189)-1),Base!AS189)","v":"756.6166.9088.62"},{"$f":"Base!AU189","v":"Établissement"},{"$f":"OR(CONCATENATE(Base!AW189,Base!AX189)=CONCATENATE(Base!AH189,Base!AI189),FO191=\"Établissement\")","v":true},{"$f":"Base!I189","v":"S3"}]
[{"$f":"Base!A190","v":4346},{"$f":"20","v":20},{"$f":"Base!B190","v":"2022-02-11"},null,{"$f":"Base!AE190","v":"VS22003432"},null,null,null,null,null,"<AUTO>",null,null,null,null,"URL (Libre)",null,null,{"$f":"Base!E190&\" - \"&Base!H190&\" - \"&Base!D190","v":"16879 - Uvrier - "},{"$f":"IF(AND(Base!AT190<1000,Base!AT190>99),Base!AT190,IF(FO192=\"Établissement\",VALUE(CONCATENATE(LEN(SUBSTITUTE(V192,\" \",\"\")),LEN(V192),AA192,COLUMN(INDIRECT(LEFT(V192,1)&1)),LEN(SUBSTITUTE(V192,\"-\",\"\")))),IF(FN192=\"\",VALUE(CONCATENATE(COLUMN(INDIRECT(LEFT(W192,1)&1)),COLUMN(INDIRECT(LEFT(X192,1)&1)),AO192,CODE(AA192))),VALUE(SUBSTITUTE(SUBSTITUTE(SUBSTITUTE(FN192,\".\",\"\"),\" \",\"\"),\"-\",\"\")))))","v":102},null,{"$f":"SUBSTITUTE(IF(Base!BF190=0,\"\",Base!BF190),\" (facturation)\",\"\")","v":"Clinique Bernoise Montana - Secrétariat médical"},{"$f":"IF(Base!AW190=0,\"\",Base!AH190)","v":""},{"$f":"IF(Base!AX190=0,\"\",Base!AI190)","v":""},{"$f":"IF(Base!AW190=0,Base!AY190&\" \"&Base!AZ190,Base!AK190&\" \"&Base!AL190)","v":"Impasse Palace Bellevue 1"},{"$f":"IF(IF(Base!AW190=0,Base!BA190,Base!AM190)=0,\"\",IF(Base!AW190=0,Base!BA190,Base!AM190))","v":""},{"$f":"IF(Base!AW190=0,Base!BB190,Base!AN190)","v":3963},{"$f":"IF(Base!AW190=0,Base!BC190,Base!AO190)","v":"Crans-Montana"},null,null,null,null,null,null,null,null,null,null,null,null,{"$f":"Base!AJ190","v":"1952-10-30"},{"$f":"IF(FO192=\"Établissement\",\"\",IF(Base!AG190=\"Masculin\",\"Monsieur\",IF(Base!AG190=\"Féminin\",\"Madame\",\"\")))","v":""},{"$f":"IF(FP192=FALSE,CONCATENATE(IF(Base!AV190=\"Masculin\",\"Monsieur\",IF(Base!AV190=\"Féminin\",\"Madame\",\"\")),\"#chr(13)##chr(10)#\",Base!AW190,\" \",Base!AX190, \"#chr(13)##chr(10)#\",Base!AY190,\" \",Base!AZ190, \"#chr(13)##chr(10)#\",Base!BA190, \"#chr(13)##chr(10)#\",Base!BB190,\" \",Base!BC190),\"\")","v":""},null,"",null,{"$f":"IF(AND(Base!AT190<200,Base!AT190>99),1,0)","v":1},null,0,{"$f":"Base!BG190","v":"CLN.Rabais "},{"$f":"Base!BH190& \"#chr(13)##chr(10)#\" &Base!BI190","v":"Rabais 35%#chr(13)##chr(10)#sur CHF 3'516.00"},null,{"$f":"Base!BJ190","v":1},{"$f":"Base!BK190","v":-1230.5999999999999},{"$f":"IF(Base!BL190=\"\",\"\",Base!BL190)","v":""},null,{"$f":"Base!BM190","v":-1230.5999999999999},null,null,{"$f":"IF(Base!H190=\"Uvrier\",3018,VLOOKUP(FQ192,$GV$2:$GX$7,FM192+1,0))","v":3018},0,0,null,0,null,null,null,null,null,"Libre","BS - 260",null,"BU - 73 - aff",0,null,null,null,null,null,null,null,null,null,null,null,null,null,null,null,null,null,null,null,null,null,null,null,null,null,null,null,null,null,null,null,null,null,{"$f":"Base!AH190&\", \"&Base!AI190","v":"Zeller, Madeleine"},{"$f":"Base!AN190&\" \"&Base!AO190&\", \"&Base!AK190&\" \"&Base!AL190","v":"3658 Merligen, Oberländerweg 13"},{"$f":"CONCATENATE(TEXT(DATE(YEAR(Base!AJ190),MONTH(Base!AJ190),DAY(Base!AJ190)),\"jj.mm.aaaa\"),\", \",FN192,IF(Base!D190=\"\",\"\",\" - \"),Base!D190)","v":"30.10.1952, 756.6166.9088.62"},{"$f":"Base!AR190","v":"CPT Assurance SA"},{"$f":"LEFT(Base!J190,10)","v":"2022-02-03"},{"$f":"CONCATENATE(Base!L190,IF(Base!L190=0,\"\",\", \"),Base!M190,\" \",Base!N190,\", \",Base!P190,\" \",Base!Q190)","v":"Clinique Bernoise, Impasse Palace Bellevue 1, 3963 Crans-Montana"},{"$f":"CONCATENATE(Base!V190,\", \",Base!Z190,\" \",Base!AA190,\", \",Base!W190,\" \",Base!X190)","v":"Spital STS AG, 3600 Thun, Krankenhausstrasse 12"},null,{"$f":"CONCATENATE(RIGHT(LEFT(Base!J190,16),5),\" - \",RIGHT(LEFT(Base!K190,16),5))","v":"07:04 - 15:36"},{"$f":"Base!AF190&\" - \"&Base!I190","v":"Maladie - S3"},null,null,null,null,null,null,null,null,null,null,null,null,null,null,null,null,null,null,{"$f":"Base!H190","v":"Uvrier"},2,null,null,null,null,null,null,null,null,null,2,null,null,null,null,null,null,null,null,null,null,null,null,null,null,null,null,null,null,null,null,null,{"$f":"IF(Base!U190=\"Privée\",2,1)","v":2},{"$f":"IF(OR(LEFT(Base!AS190,1)=\"1\",LEFT(Base!AS190)=\"2\"),RIGHT(Base!AS190,LEN(Base!AS190)-1),Base!AS190)","v":"756.6166.9088.62"},{"$f":"Base!AU190","v":"Établissement"},{"$f":"OR(CONCATENATE(Base!AW190,Base!AX190)=CONCATENATE(Base!AH190,Base!AI190),FO192=\"Établissement\")","v":true},{"$f":"Base!I190","v":"S3"}]
[{"$f":"Base!A191","v":4346},{"$f":"20","v":20},{"$f":"Base!B191","v":"2022-02-11"},null,{"$f":"Base!AE191","v":"VS22003432"},null,null,null,null,null,"<AUTO>",null,null,null,null,"URL (Libre)",null,null,{"$f":"Base!E191&\" - \"&Base!H191&\" - \"&Base!D191","v":"16879 - Uvrier - "},{"$f":"IF(AND(Base!AT191<1000,Base!AT191>99),Base!AT191,IF(FO193=\"Établissement\",VALUE(CONCATENATE(LEN(SUBSTITUTE(V193,\" \",\"\")),LEN(V193),AA193,COLUMN(INDIRECT(LEFT(V193,1)&1)),LEN(SUBSTITUTE(V193,\"-\",\"\")))),IF(FN193=\"\",VALUE(CONCATENATE(COLUMN(INDIRECT(LEFT(W193,1)&1)),COLUMN(INDIRECT(LEFT(X193,1)&1)),AO193,CODE(AA193))),VALUE(SUBSTITUTE(SUBSTITUTE(SUBSTITUTE(FN193,\".\",\"\"),\" \",\"\"),\"-\",\"\")))))","v":102},null,{"$f":"SUBSTITUTE(IF(Base!BF191=0,\"\",Base!BF191),\" (facturation)\",\"\")","v":"Clinique Bernoise Montana - Secrétariat médical"},{"$f":"IF(Base!AW191=0,\"\",Base!AH191)","v":""},{"$f":"IF(Base!AX191=0,\"\",Base!AI191)","v":""},{"$f":"IF(Base!AW191=0,Base!AY191&\" \"&Base!AZ191,Base!AK191&\" \"&Base!AL191)","v":"Impasse Palace Bellevue 1"},{"$f":"IF(IF(Base!AW191=0,Base!BA191,Base!AM191)=0,\"\",IF(Base!AW191=0,Base!BA191,Base!AM191))","v":""},{"$f":"IF(Base!AW191=0,Base!BB191,Base!AN191)","v":3963},{"$f":"IF(Base!AW191=0,Base!BC191,Base!AO191)","v":"Crans-Montana"},null,null,null,null,null,null,null,null,null,null,null,null,{"$f":"Base!AJ191","v":"1952-10-30"},{"$f":"IF(FO193=\"Établissement\",\"\",IF(Base!AG191=\"Masculin\",\"Monsieur\",IF(Base!AG191=\"Féminin\",\"Madame\",\"\")))","v":""},{"$f":"IF(FP193=FALSE,CONCATENATE(IF(Base!AV191=\"Masculin\",\"Monsieur\",IF(Base!AV191=\"Féminin\",\"Madame\",\"\")),\"#chr(13)##chr(10)#\",Base!AW191,\" \",Base!AX191, \"#chr(13)##chr(10)#\",Base!AY191,\" \",Base!AZ191, \"#chr(13)##chr(10)#\",Base!BA191, \"#chr(13)##chr(10)#\",Base!BB191,\" \",Base!BC191),\"\")","v":""},null,"",null,{"$f":"IF(AND(Base!AT191<200,Base!AT191>99),1,0)","v":1},null,0,{"$f":"Base!BG191","v":0},{"$f":"Base!BH191& \"#chr(13)##chr(10)#\" &Base!BI191","v":"Y compris 1h40 d'attente pour consultation à Thun avant le retour sur Montana#chr(13)##chr(10)#"},null,{"$f":"Base!BJ191","v":0},{"$f":"Base!BK191","v":0},{"$f":"IF(Base!BL191=\"\",\"\",Base!BL191)","v":""},null,{"$f":"Base!BM191","v":0},null,null,{"$f":"IF(Base!H191=\"Uvrier\",3018,VLOOKUP(FQ193,$GV$2:$GX$7,FM193+1,0))","v":3018},0,0,null,0,null,null,null,null,null,"Libre","BS - 261",null,"BU - 73 - aff",0,null,null,null,null,null,null,null,null,null,null,null,null,null,null,null,null,null,null,null,null,null,null,null,null,null,null,null,null,null,null,null,null,null,{"$f":"Base!AH191&\", \"&Base!AI191","v":"Zeller, Madeleine"},{"$f":"Base!AN191&\" \"&Base!AO191&\", \"&Base!AK191&\" \"&Base!AL191","v":"3658 Merligen, Oberländerweg 13"},{"$f":"CONCATENATE(TEXT(DATE(YEAR(Base!AJ191),MONTH(Base!AJ191),DAY(Base!AJ191)),\"jj.mm.aaaa\"),\", \",FN193,IF(Base!D191=\"\",\"\",\" - \"),Base!D191)","v":"30.10.1952, 756.6166.9088.62"},{"$f":"Base!AR191","v":"CPT Assurance SA"},{"$f":"LEFT(Base!J191,10)","v":"2022-02-03"},{"$f":"CONCATENATE(Base!L191,IF(Base!L191=0,\"\",\", \"),Base!M191,\" \",Base!N191,\", \",Base!P191,\" \",Base!Q191)","v":"Clinique Bernoise, Impasse Palace Bellevue 1, 3963 Crans-Montana"},{"$f":"CONCATENATE(Base!V191,\", \",Base!Z191,\" \",Base!AA191,\", \",Base!W191,\" \",Base!X191)","v":"Spital STS AG, 3600 Thun, Krankenhausstrasse 12"},null,{"$f":"CONCATENATE(RIGHT(LEFT(Base!J191,16),5),\" - \",RIGHT(LEFT(Base!K191,16),5))","v":"07:04 - 15:36"},{"$f":"Base!AF191&\" - \"&Base!I191","v":"Maladie - S3"},null,null,null,null,null,null,null,null,null,null,null,null,null,null,null,null,null,null,{"$f":"Base!H191","v":"Uvrier"},2,null,null,null,null,null,null,null,null,null,2,null,null,null,null,null,null,null,null,null,null,null,null,null,null,null,null,null,null,null,null,null,{"$f":"IF(Base!U191=\"Privée\",2,1)","v":2},{"$f":"IF(OR(LEFT(Base!AS191,1)=\"1\",LEFT(Base!AS191)=\"2\"),RIGHT(Base!AS191,LEN(Base!AS191)-1),Base!AS191)","v":"756.6166.9088.62"},{"$f":"Base!AU191","v":"Établissement"},{"$f":"OR(CONCATENATE(Base!AW191,Base!AX191)=CONCATENATE(Base!AH191,Base!AI191),FO193=\"Établissement\")","v":true},{"$f":"Base!I191","v":"S3"}]
[{"$f":"Base!A192","v":4346},{"$f":"20","v":20},{"$f":"Base!B192","v":"2022-02-11"},null,{"$f":"Base!AE192","v":"VS22003432"},null,null,null,null,null,"<AUTO>",null,null,null,null,"URL (Libre)",null,null,{"$f":"Base!E192&\" - \"&Base!H192&\" - \"&Base!D192","v":"16879 - Uvrier - "},{"$f":"IF(AND(Base!AT192<1000,Base!AT192>99),Base!AT192,IF(FO194=\"Établissement\",VALUE(CONCATENATE(LEN(SUBSTITUTE(V194,\" \",\"\")),LEN(V194),AA194,COLUMN(INDIRECT(LEFT(V194,1)&1)),LEN(SUBSTITUTE(V194,\"-\",\"\")))),IF(FN194=\"\",VALUE(CONCATENATE(COLUMN(INDIRECT(LEFT(W194,1)&1)),COLUMN(INDIRECT(LEFT(X194,1)&1)),AO194,CODE(AA194))),VALUE(SUBSTITUTE(SUBSTITUTE(SUBSTITUTE(FN194,\".\",\"\"),\" \",\"\"),\"-\",\"\")))))","v":102},null,{"$f":"SUBSTITUTE(IF(Base!BF192=0,\"\",Base!BF192),\" (facturation)\",\"\")","v":"Clinique Bernoise Montana - Secrétariat médical"},{"$f":"IF(Base!AW192=0,\"\",Base!AH192)","v":""},{"$f":"IF(Base!AX192=0,\"\",Base!AI192)","v":""},{"$f":"IF(Base!AW192=0,Base!AY192&\" \"&Base!AZ192,Base!AK192&\" \"&Base!AL192)","v":"Impasse Palace Bellevue 1"},{"$f":"IF(IF(Base!AW192=0,Base!BA192,Base!AM192)=0,\"\",IF(Base!AW192=0,Base!BA192,Base!AM192))","v":""},{"$f":"IF(Base!AW192=0,Base!BB192,Base!AN192)","v":3963},{"$f":"IF(Base!AW192=0,Base!BC192,Base!AO192)","v":"Crans-Montana"},null,null,null,null,null,null,null,null,null,null,null,null,{"$f":"Base!AJ192","v":"1952-10-30"},{"$f":"IF(FO194=\"Établissement\",\"\",IF(Base!AG192=\"Masculin\",\"Monsieur\",IF(Base!AG192=\"Féminin\",\"Madame\",\"\")))","v":""},{"$f":"IF(FP194=FALSE,CONCATENATE(IF(Base!AV192=\"Masculin\",\"Monsieur\",IF(Base!AV192=\"Féminin\",\"Madame\",\"\")),\"#chr(13)##chr(10)#\",Base!AW192,\" \",Base!AX192, \"#chr(13)##chr(10)#\",Base!AY192,\" \",Base!AZ192, \"#chr(13)##chr(10)#\",Base!BA192, \"#chr(13)##chr(10)#\",Base!BB192,\" \",Base!BC192),\"\")","v":""},null,"",null,{"$f":"IF(AND(Base!AT192<200,Base!AT192>99),1,0)","v":1},null,0,{"$f":"Base!BG192","v":0},{"$f":"Base!BH192& \"#chr(13)##chr(10)#\" &Base!BI192","v":"Majoration nuit pas pris en considération malgré un départ à 07h04#chr(13)##chr(10)#"},null,{"$f":"Base!BJ192","v":0},{"$f":"Base!BK192","v":0},{"$f":"IF(Base!BL192=\"\",\"\",Base!BL192)","v":""},null,{"$f":"Base!BM192","v":0},null,null,{"$f":"IF(Base!H192=\"Uvrier\",3018,VLOOKUP(FQ194,$GV$2:$GX$7,FM194+1,0))","v":3018},0,0,null,0,null,null,null,null,null,"Libre","BS - 262",null,"BU - 73 - aff",0,null,null,null,null,null,null,null,null,null,null,null,null,null,null,null,null,null,null,null,null,null,null,null,null,null,null,null,null,null,null,null,null,null,{"$f":"Base!AH192&\", \"&Base!AI192","v":"Zeller, Madeleine"},{"$f":"Base!AN192&\" \"&Base!AO192&\", \"&Base!AK192&\" \"&Base!AL192","v":"3658 Merligen, Oberländerweg 13"},{"$f":"CONCATENATE(TEXT(DATE(YEAR(Base!AJ192),MONTH(Base!AJ192),DAY(Base!AJ192)),\"jj.mm.aaaa\"),\", \",FN194,IF(Base!D192=\"\",\"\",\" - \"),Base!D192)","v":"30.10.1952, 756.6166.9088.62"},{"$f":"Base!AR192","v":"CPT Assurance SA"},{"$f":"LEFT(Base!J192,10)","v":"2022-02-03"},{"$f":"CONCATENATE(Base!L192,IF(Base!L192=0,\"\",\", \"),Base!M192,\" \",Base!N192,\", \",Base!P192,\" \",Base!Q192)","v":"Clinique Bernoise, Impasse Palace Bellevue 1, 3963 Crans-Montana"},{"$f":"CONCATENATE(Base!V192,\", \",Base!Z192,\" \",Base!AA192,\", \",Base!W192,\" \",Base!X192)","v":"Spital STS AG, 3600 Thun, Krankenhausstrasse 12"},null,{"$f":"CONCATENATE(RIGHT(LEFT(Base!J192,16),5),\" - \",RIGHT(LEFT(Base!K192,16),5))","v":"07:04 - 15:36"},{"$f":"Base!AF192&\" - \"&Base!I192","v":"Maladie - S3"},null,null,null,null,null,null,null,null,null,null,null,null,null,null,null,null,null,null,{"$f":"Base!H192","v":"Uvrier"},2,null,null,null,null,null,null,null,null,null,2,null,null,null,null,null,null,null,null,null,null,null,null,null,null,null,null,null,null,null,null,null,{"$f":"IF(Base!U192=\"Privée\",2,1)","v":2},{"$f":"IF(OR(LEFT(Base!AS192,1)=\"1\",LEFT(Base!AS192)=\"2\"),RIGHT(Base!AS192,LEN(Base!AS192)-1),Base!AS192)","v":"756.6166.9088.62"},{"$f":"Base!AU192","v":"Établissement"},{"$f":"OR(CONCATENATE(Base!AW192,Base!AX192)=CONCATENATE(Base!AH192,Base!AI192),FO194=\"Établissement\")","v":true},{"$f":"Base!I192","v":"S3"}]
[{"$f":"Base!A193","v":4367},{"$f":"20","v":20},{"$f":"Base!B193","v":"2022-02-11"},null,{"$f":"Base!AE193","v":"VS22003496"},null,null,null,null,null,"<AUTO>",null,null,null,null,"URL (Libre)",null,null,{"$f":"Base!E193&\" - \"&Base!H193&\" - \"&Base!D193","v":"16939 - Uvrier - "},{"$f":"IF(AND(Base!AT193<1000,Base!AT193>99),Base!AT193,IF(FO195=\"Établissement\",VALUE(CONCATENATE(LEN(SUBSTITUTE(V195,\" \",\"\")),LEN(V195),AA195,COLUMN(INDIRECT(LEFT(V195,1)&1)),LEN(SUBSTITUTE(V195,\"-\",\"\")))),IF(FN195=\"\",VALUE(CONCATENATE(COLUMN(INDIRECT(LEFT(W195,1)&1)),COLUMN(INDIRECT(LEFT(X195,1)&1)),AO195,CODE(AA195))),VALUE(SUBSTITUTE(SUBSTITUTE(SUBSTITUTE(FN195,\".\",\"\"),\" \",\"\"),\"-\",\"\")))))","v":103},null,{"$f":"SUBSTITUTE(IF(Base!BF193=0,\"\",Base!BF193),\" (facturation)\",\"\")","v":"Clinique Genevoise de Montana - Comptabilité"},{"$f":"IF(Base!AW193=0,\"\",Base!AH193)","v":""},{"$f":"IF(Base!AX193=0,\"\",Base!AI193)","v":""},{"$f":"IF(Base!AW193=0,Base!AY193&\" \"&Base!AZ193,Base!AK193&\" \"&Base!AL193)","v":"Impasse Clairmont 2"},{"$f":"IF(IF(Base!AW193=0,Base!BA193,Base!AM193)=0,\"\",IF(Base!AW193=0,Base!BA193,Base!AM193))","v":""},{"$f":"IF(Base!AW193=0,Base!BB193,Base!AN193)","v":3963},{"$f":"IF(Base!AW193=0,Base!BC193,Base!AO193)","v":"Crans-Montana"},null,null,null,null,null,null,null,null,null,null,null,null,{"$f":"Base!AJ193","v":"1944-07-21"},{"$f":"IF(FO195=\"Établissement\",\"\",IF(Base!AG193=\"Masculin\",\"Monsieur\",IF(Base!AG193=\"Féminin\",\"Madame\",\"\")))","v":""},{"$f":"IF(FP195=FALSE,CONCATENATE(IF(Base!AV193=\"Masculin\",\"Monsieur\",IF(Base!AV193=\"Féminin\",\"Madame\",\"\")),\"#chr(13)##chr(10)#\",Base!AW193,\" \",Base!AX193, \"#chr(13)##chr(10)#\",Base!AY193,\" \",Base!AZ193, \"#chr(13)##chr(10)#\",Base!BA193, \"#chr(13)##chr(10)#\",Base!BB193,\" \",Base!BC193),\"\")","v":""},null,"",null,{"$f":"IF(AND(Base!AT193<200,Base!AT193>99),1,0)","v":1},null,0,{"$f":"Base!BG193","v":"CLN.9403 "},{"$f":"Base!BH193& \"#chr(13)##chr(10)#\" &Base!BI193","v":"Taxe de base transport S3#chr(13)##chr(10)#"},null,{"$f":"Base!BJ193","v":1},{"$f":"Base!BK193","v":200},{"$f":"IF(Base!BL193=\"\",\"\",Base!BL193)","v":""},null,{"$f":"Base!BM193","v":200},null,null,{"$f":"IF(Base!H193=\"Uvrier\",3018,VLOOKUP(FQ195,$GV$2:$GX$7,FM195+1,0))","v":3018},0,0,null,0,null,null,null,null,null,"Libre","BS - 263",null,"BU - 73 - aff",0,null,null,null,null,null,null,null,null,null,null,null,null,null,null,null,null,null,null,null,null,null,null,null,null,null,null,null,null,null,null,null,null,null,{"$f":"Base!AH193&\", \"&Base!AI193","v":"Richner , Willy"},{"$f":"Base!AN193&\" \"&Base!AO193&\", \"&Base!AK193&\" \"&Base!AL193","v":"1213 Onex, Avenue Bois-de-la-Chapelle 13"},{"$f":"CONCATENATE(TEXT(DATE(YEAR(Base!AJ193),MONTH(Base!AJ193),DAY(Base!AJ193)),\"jj.mm.aaaa\"),\", \",FN195,IF(Base!D193=\"\",\"\",\" - \"),Base!D193)","v":"21.07.1944, 756.2839.9004.85"},{"$f":"Base!AR193","v":"Helsana Assurances SA"},{"$f":"LEFT(Base!J193,10)","v":"2022-02-03"},{"$f":"CONCATENATE(Base!L193,IF(Base!L193=0,\"\",\", \"),Base!M193,\" \",Base!N193,\", \",Base!P193,\" \",Base!Q193)","v":"Clinique Genevoise, Impasse Clairmont 2, 3963 Crans-Montana"},{"$f":"CONCATENATE(Base!V193,\", \",Base!Z193,\" \",Base!AA193,\", \",Base!W193,\" \",Base!X193)","v":"Hôpital de Sion, 1950 Sion, Avenue du Grand-Champsec 80"},null,{"$f":"CONCATENATE(RIGHT(LEFT(Base!J193,16),5),\" - \",RIGHT(LEFT(Base!K193,16),5))","v":"15:37 - 16:50"},{"$f":"Base!AF193&\" - \"&Base!I193","v":"Maladie - S3"},null,null,null,null,null,null,null,null,null,null,null,null,null,null,null,null,null,null,{"$f":"Base!H193","v":"Uvrier"},2,null,null,null,null,null,null,null,null,null,2,null,null,null,null,null,null,null,null,null,null,null,null,null,null,null,null,null,null,null,null,null,{"$f":"IF(Base!U193=\"Privée\",2,1)","v":2},{"$f":"IF(OR(LEFT(Base!AS193,1)=\"1\",LEFT(Base!AS193)=\"2\"),RIGHT(Base!AS193,LEN(Base!AS193)-1),Base!AS193)","v":"756.2839.9004.85"},{"$f":"Base!AU193","v":"Établissement"},{"$f":"OR(CONCATENATE(Base!AW193,Base!AX193)=CONCATENATE(Base!AH193,Base!AI193),FO195=\"Établissement\")","v":true},{"$f":"Base!I193","v":"S3"}]
[{"$f":"Base!A194","v":4367},{"$f":"20","v":20},{"$f":"Base!B194","v":"2022-02-11"},null,{"$f":"Base!AE194","v":"VS22003496"},null,null,null,null,null,"<AUTO>",null,null,null,null,"URL (Libre)",null,null,{"$f":"Base!E194&\" - \"&Base!H194&\" - \"&Base!D194","v":"16939 - Uvrier - "},{"$f":"IF(AND(Base!AT194<1000,Base!AT194>99),Base!AT194,IF(FO196=\"Établissement\",VALUE(CONCATENATE(LEN(SUBSTITUTE(V196,\" \",\"\")),LEN(V196),AA196,COLUMN(INDIRECT(LEFT(V196,1)&1)),LEN(SUBSTITUTE(V196,\"-\",\"\")))),IF(FN196=\"\",VALUE(CONCATENATE(COLUMN(INDIRECT(LEFT(W196,1)&1)),COLUMN(INDIRECT(LEFT(X196,1)&1)),AO196,CODE(AA196))),VALUE(SUBSTITUTE(SUBSTITUTE(SUBSTITUTE(FN196,\".\",\"\"),\" \",\"\"),\"-\",\"\")))))","v":103},null,{"$f":"SUBSTITUTE(IF(Base!BF194=0,\"\",Base!BF194),\" (facturation)\",\"\")","v":"Clinique Genevoise de Montana - Comptabilité"},{"$f":"IF(Base!AW194=0,\"\",Base!AH194)","v":""},{"$f":"IF(Base!AX194=0,\"\",Base!AI194)","v":""},{"$f":"IF(Base!AW194=0,Base!AY194&\" \"&Base!AZ194,Base!AK194&\" \"&Base!AL194)","v":"Impasse Clairmont 2"},{"$f":"IF(IF(Base!AW194=0,Base!BA194,Base!AM194)=0,\"\",IF(Base!AW194=0,Base!BA194,Base!AM194))","v":""},{"$f":"IF(Base!AW194=0,Base!BB194,Base!AN194)","v":3963},{"$f":"IF(Base!AW194=0,Base!BC194,Base!AO194)","v":"Crans-Montana"},null,null,null,null,null,null,null,null,null,null,null,null,{"$f":"Base!AJ194","v":"1944-07-21"},{"$f":"IF(FO196=\"Établissement\",\"\",IF(Base!AG194=\"Masculin\",\"Monsieur\",IF(Base!AG194=\"Féminin\",\"Madame\",\"\")))","v":""},{"$f":"IF(FP196=FALSE,CONCATENATE(IF(Base!AV194=\"Masculin\",\"Monsieur\",IF(Base!AV194=\"Féminin\",\"Madame\",\"\")),\"#chr(13)##chr(10)#\",Base!AW194,\" \",Base!AX194, \"#chr(13)##chr(10)#\",Base!AY194,\" \",Base!AZ194, \"#chr(13)##chr(10)#\",Base!BA194, \"#chr(13)##chr(10)#\",Base!BB194,\" \",Base!BC194),\"\")","v":""},null,{"$f":"AP196","v":""},null,{"$f":"IF(AND(Base!AT194<200,Base!AT194>99),1,0)","v":1},null,0,{"$f":"Base!BG194","v":"CLN.9404"},{"$f":"Base!BH194& \"#chr(13)##chr(10)#\" &Base!BI194","v":"Indemnisation kilométrique#chr(13)##chr(10)#"},null,{"$f":"Base!BJ194","v":30},{"$f":"Base!BK194","v":4.5},{"$f":"IF(Base!BL194=\"\",\"\",Base!BL194)","v":"km"},null,{"$f":"Base!BM194","v":135},null,null,{"$f":"IF(Base!H194=\"Uvrier\",3018,VLOOKUP(FQ196,$GV$2:$GX$7,FM196+1,0))","v":3018},0,0,null,0,null,null,null,null,null,"Libre","BS - 264",null,"BU - 73 - aff",0,null,null,null,null,null,null,null,null,null,null,null,null,null,null,null,null,null,null,null,null,null,null,null,null,null,null,null,null,null,null,null,null,null,{"$f":"Base!AH194&\", \"&Base!AI194","v":"Richner , Willy"},{"$f":"Base!AN194&\" \"&Base!AO194&\", \"&Base!AK194&\" \"&Base!AL194","v":"1213 Onex, Avenue Bois-de-la-Chapelle 13"},{"$f":"CONCATENATE(TEXT(DATE(YEAR(Base!AJ194),MONTH(Base!AJ194),DAY(Base!AJ194)),\"jj.mm.aaaa\"),\", \",FN196,IF(Base!D194=\"\",\"\",\" - \"),Base!D194)","v":"21.07.1944, 756.2839.9004.85"},{"$f":"Base!AR194","v":"Helsana Assurances SA"},{"$f":"LEFT(Base!J194,10)","v":"2022-02-03"},{"$f":"CONCATENATE(Base!L194,IF(Base!L194=0,\"\",\", \"),Base!M194,\" \",Base!N194,\", \",Base!P194,\" \",Base!Q194)","v":"Clinique Genevoise, Impasse Clairmont 2, 3963 Crans-Montana"},{"$f":"CONCATENATE(Base!V194,\", \",Base!Z194,\" \",Base!AA194,\", \",Base!W194,\" \",Base!X194)","v":"Hôpital de Sion, 1950 Sion, Avenue du Grand-Champsec 80"},null,{"$f":"CONCATENATE(RIGHT(LEFT(Base!J194,16),5),\" - \",RIGHT(LEFT(Base!K194,16),5))","v":"15:37 - 16:50"},{"$f":"Base!AF194&\" - \"&Base!I194","v":"Maladie - S3"},null,null,null,null,null,null,null,null,null,null,null,null,null,null,null,null,null,null,{"$f":"Base!H194","v":"Uvrier"},{"$f":"IF(EF196=\"Uvrier\",2,3)","v":2},null,null,null,null,null,null,null,null,null,{"$f":"EG196","v":2},null,null,null,null,null,null,null,null,null,null,null,null,null,null,null,null,null,null,null,null,null,{"$f":"IF(Base!U194=\"Privée\",2,1)","v":2},{"$f":"IF(OR(LEFT(Base!AS194,1)=\"1\",LEFT(Base!AS194)=\"2\"),RIGHT(Base!AS194,LEN(Base!AS194)-1),Base!AS194)","v":"756.2839.9004.85"},{"$f":"Base!AU194","v":"Établissement"},{"$f":"OR(CONCATENATE(Base!AW194,Base!AX194)=CONCATENATE(Base!AH194,Base!AI194),FO196=\"Établissement\")","v":true},{"$f":"Base!I194","v":"S3"}]
[{"$f":"Base!A195","v":4367},{"$f":"20","v":20},{"$f":"Base!B195","v":"2022-02-11"},null,{"$f":"Base!AE195","v":"VS22003496"},null,null,null,null,null,"<AUTO>",null,null,null,null,"URL (Libre)",null,null,{"$f":"Base!E195&\" - \"&Base!H195&\" - \"&Base!D195","v":"16939 - Uvrier - "},{"$f":"IF(AND(Base!AT195<1000,Base!AT195>99),Base!AT195,IF(FO197=\"Établissement\",VALUE(CONCATENATE(LEN(SUBSTITUTE(V197,\" \",\"\")),LEN(V197),AA197,COLUMN(INDIRECT(LEFT(V197,1)&1)),LEN(SUBSTITUTE(V197,\"-\",\"\")))),IF(FN197=\"\",VALUE(CONCATENATE(COLUMN(INDIRECT(LEFT(W197,1)&1)),COLUMN(INDIRECT(LEFT(X197,1)&1)),AO197,CODE(AA197))),VALUE(SUBSTITUTE(SUBSTITUTE(SUBSTITUTE(FN197,\".\",\"\"),\" \",\"\"),\"-\",\"\")))))","v":103},null,{"$f":"SUBSTITUTE(IF(Base!BF195=0,\"\",Base!BF195),\" (facturation)\",\"\")","v":"Clinique Genevoise de Montana - Comptabilité"},{"$f":"IF(Base!AW195=0,\"\",Base!AH195)","v":""},{"$f":"IF(Base!AX195=0,\"\",Base!AI195)","v":""},{"$f":"IF(Base!AW195=0,Base!AY195&\" \"&Base!AZ195,Base!AK195&\" \"&Base!AL195)","v":"Impasse Clairmont 2"},{"$f":"IF(IF(Base!AW195=0,Base!BA195,Base!AM195)=0,\"\",IF(Base!AW195=0,Base!BA195,Base!AM195))","v":""},{"$f":"IF(Base!AW195=0,Base!BB195,Base!AN195)","v":3963},{"$f":"IF(Base!AW195=0,Base!BC195,Base!AO195)","v":"Crans-Montana"},null,null,null,null,null,null,null,null,null,null,null,null,{"$f":"Base!AJ195","v":"1944-07-21"},{"$f":"IF(FO197=\"Établissement\",\"\",IF(Base!AG195=\"Masculin\",\"Monsieur\",IF(Base!AG195=\"Féminin\",\"Madame\",\"\")))","v":""},{"$f":"IF(FP197=FALSE,CONCATENATE(IF(Base!AV195=\"Masculin\",\"Monsieur\",IF(Base!AV195=\"Féminin\",\"Madame\",\"\")),\"#chr(13)##chr(10)#\",Base!AW195,\" \",Base!AX195, \"#chr(13)##chr(10)#\",Base!AY195,\" \",Base!AZ195, \"#chr(13)##chr(10)#\",Base!BA195, \"#chr(13)##chr(10)#\",Base!BB195,\" \",Base!BC195),\"\")","v":""},null,"",null,{"$f":"IF(AND(Base!AT195<200,Base!AT195>99),1,0)","v":1},null,0,{"$f":"Base!BG195","v":"CLN.9411"},{"$f":"Base!BH195& \"#chr(13)##chr(10)#\" &Base!BI195","v":"Personnel soignant reconnu (par personne et par quart d'heure entamé)#chr(13)##chr(10)#2 collaborateurs x 5 quarts d'heure"},null,{"$f":"Base!BJ195","v":10},{"$f":"Base!BK195","v":35},{"$f":"IF(Base!BL195=\"\",\"\",Base!BL195)","v":"¼ d'heure"},null,{"$f":"Base!BM195","v":350},null,null,{"$f":"IF(Base!H195=\"Uvrier\",3018,VLOOKUP(FQ197,$GV$2:$GX$7,FM197+1,0))","v":3018},0,0,null,0,null,null,null,null,null,"Libre","BS - 265",null,"BU - 73 - aff",0,null,null,null,null,null,null,null,null,null,null,null,null,null,null,null,null,null,null,null,null,null,null,null,null,null,null,null,null,null,null,null,null,null,{"$f":"Base!AH195&\", \"&Base!AI195","v":"Richner , Willy"},{"$f":"Base!AN195&\" \"&Base!AO195&\", \"&Base!AK195&\" \"&Base!AL195","v":"1213 Onex, Avenue Bois-de-la-Chapelle 13"},{"$f":"CONCATENATE(TEXT(DATE(YEAR(Base!AJ195),MONTH(Base!AJ195),DAY(Base!AJ195)),\"jj.mm.aaaa\"),\", \",FN197,IF(Base!D195=\"\",\"\",\" - \"),Base!D195)","v":"21.07.1944, 756.2839.9004.85"},{"$f":"Base!AR195","v":"Helsana Assurances SA"},{"$f":"LEFT(Base!J195,10)","v":"2022-02-03"},{"$f":"CONCATENATE(Base!L195,IF(Base!L195=0,\"\",\", \"),Base!M195,\" \",Base!N195,\", \",Base!P195,\" \",Base!Q195)","v":"Clinique Genevoise, Impasse Clairmont 2, 3963 Crans-Montana"},{"$f":"CONCATENATE(Base!V195,\", \",Base!Z195,\" \",Base!AA195,\", \",Base!W195,\" \",Base!X195)","v":"Hôpital de Sion, 1950 Sion, Avenue du Grand-Champsec 80"},null,{"$f":"CONCATENATE(RIGHT(LEFT(Base!J195,16),5),\" - \",RIGHT(LEFT(Base!K195,16),5))","v":"15:37 - 16:50"},{"$f":"Base!AF195&\" - \"&Base!I195","v":"Maladie - S3"},null,null,null,null,null,null,null,null,null,null,null,null,null,null,null,null,null,null,{"$f":"Base!H195","v":"Uvrier"},2,null,null,null,null,null,null,null,null,null,2,null,null,null,null,null,null,null,null,null,null,null,null,null,null,null,null,null,null,null,null,null,{"$f":"IF(Base!U195=\"Privée\",2,1)","v":2},{"$f":"IF(OR(LEFT(Base!AS195,1)=\"1\",LEFT(Base!AS195)=\"2\"),RIGHT(Base!AS195,LEN(Base!AS195)-1),Base!AS195)","v":"756.2839.9004.85"},{"$f":"Base!AU195","v":"Établissement"},{"$f":"OR(CONCATENATE(Base!AW195,Base!AX195)=CONCATENATE(Base!AH195,Base!AI195),FO197=\"Établissement\")","v":true},{"$f":"Base!I195","v":"S3"}]
[{"$f":"Base!A196","v":4368},{"$f":"20","v":20},{"$f":"Base!B196","v":"2022-02-11"},null,{"$f":"Base!AE196","v":"VS22003503"},null,null,null,null,null,"<AUTO>",null,null,null,null,"URL (Libre)",null,null,{"$f":"Base!E196&\" - \"&Base!H196&\" - \"&Base!D196","v":"16946 - Uvrier - 2070043/39"},{"$f":"IF(AND(Base!AT196<1000,Base!AT196>99),Base!AT196,IF(FO198=\"Établissement\",VALUE(CONCATENATE(LEN(SUBSTITUTE(V198,\" \",\"\")),LEN(V198),AA198,COLUMN(INDIRECT(LEFT(V198,1)&1)),LEN(SUBSTITUTE(V198,\"-\",\"\")))),IF(FN198=\"\",VALUE(CONCATENATE(COLUMN(INDIRECT(LEFT(W198,1)&1)),COLUMN(INDIRECT(LEFT(X198,1)&1)),AO198,CODE(AA198))),VALUE(SUBSTITUTE(SUBSTITUTE(SUBSTITUTE(FN198,\".\",\"\"),\" \",\"\"),\"-\",\"\")))))","v":101},null,{"$f":"SUBSTITUTE(IF(Base!BF196=0,\"\",Base!BF196),\" (facturation)\",\"\")","v":"Hôpital du Valais - Direction des Finances/Service des fournisseurs"},{"$f":"IF(Base!AW196=0,\"\",Base!AH196)","v":""},{"$f":"IF(Base!AX196=0,\"\",Base!AI196)","v":""},{"$f":"IF(Base!AW196=0,Base!AY196&\" \"&Base!AZ196,Base!AK196&\" \"&Base!AL196)","v":"Avenue Grand-Champsec 86"},{"$f":"IF(IF(Base!AW196=0,Base!BA196,Base!AM196)=0,\"\",IF(Base!AW196=0,Base!BA196,Base!AM196))","v":"Case postale 696"},{"$f":"IF(Base!AW196=0,Base!BB196,Base!AN196)","v":1951},{"$f":"IF(Base!AW196=0,Base!BC196,Base!AO196)","v":"Sion"},null,null,null,null,null,null,null,null,null,null,null,null,{"$f":"Base!AJ196","v":"1936-01-26"},{"$f":"IF(FO198=\"Établissement\",\"\",IF(Base!AG196=\"Masculin\",\"Monsieur\",IF(Base!AG196=\"Féminin\",\"Madame\",\"\")))","v":""},{"$f":"IF(FP198=FALSE,CONCATENATE(IF(Base!AV196=\"Masculin\",\"Monsieur\",IF(Base!AV196=\"Féminin\",\"Madame\",\"\")),\"#chr(13)##chr(10)#\",Base!AW196,\" \",Base!AX196, \"#chr(13)##chr(10)#\",Base!AY196,\" \",Base!AZ196, \"#chr(13)##chr(10)#\",Base!BA196, \"#chr(13)##chr(10)#\",Base!BB196,\" \",Base!BC196),\"\")","v":""},null,"",null,{"$f":"IF(AND(Base!AT196<200,Base!AT196>99),1,0)","v":1},null,0,{"$f":"Base!BG196","v":"HVS.13J"},{"$f":"Base!BH196& \"#chr(13)##chr(10)#\" &Base!BI196","v":"Forfait S3 HVS Sion - HVS Martigny#chr(13)##chr(10)#Trajet simple journée (08h00-20h00)"},null,{"$f":"Base!BJ196","v":1},{"$f":"Base!BK196","v":440},{"$f":"IF(Base!BL196=\"\",\"\",Base!BL196)","v":""},null,{"$f":"Base!BM196","v":440},null,null,{"$f":"IF(Base!H196=\"Uvrier\",3018,VLOOKUP(FQ198,$GV$2:$GX$7,FM198+1,0))","v":3018},0,0,null,0,null,null,null,null,null,"Libre","BS - 266",null,"BU - 73 - aff",0,null,null,null,null,null,null,null,null,null,null,null,null,null,null,null,null,null,null,null,null,null,null,null,null,null,null,null,null,null,null,null,null,null,{"$f":"Base!AH196&\", \"&Base!AI196","v":"Starcelli, André"},{"$f":"Base!AN196&\" \"&Base!AO196&\", \"&Base!AK196&\" \"&Base!AL196","v":"3960 Sierre, Avenue de France 20"},{"$f":"CONCATENATE(TEXT(DATE(YEAR(Base!AJ196),MONTH(Base!AJ196),DAY(Base!AJ196)),\"jj.mm.aaaa\"),\", \",FN198,IF(Base!D196=\"\",\"\",\" - \"),Base!D196)","v":"26.01.1936, 756.9545.6657.76 - 2070043/39"},{"$f":"Base!AR196","v":"CSS Kranken- Versicherung AG"},{"$f":"LEFT(Base!J196,10)","v":"2022-02-03"},{"$f":"CONCATENATE(Base!L196,IF(Base!L196=0,\"\",\", \"),Base!M196,\" \",Base!N196,\", \",Base!P196,\" \",Base!Q196)","v":"Hôpital de Sion, Avenue du Grand-Champsec 80, 1950 Sion"},{"$f":"CONCATENATE(Base!V196,\", \",Base!Z196,\" \",Base!AA196,\", \",Base!W196,\" \",Base!X196)","v":"Hôpital de Martigny, 1920 Martigny, Avenue de la Fusion 27"},null,{"$f":"CONCATENATE(RIGHT(LEFT(Base!J196,16),5),\" - \",RIGHT(LEFT(Base!K196,16),5))","v":"16:00 - 17:16"},{"$f":"Base!AF196&\" - \"&Base!I196","v":"Maladie - S3"},null,null,null,null,null,null,null,null,null,null,null,null,null,null,null,null,null,null,{"$f":"Base!H196","v":"Uvrier"},2,null,null,null,null,null,null,null,null,null,2,null,null,null,null,null,null,null,null,null,null,null,null,null,null,null,null,null,null,null,null,null,{"$f":"IF(Base!U196=\"Privée\",2,1)","v":2},{"$f":"IF(OR(LEFT(Base!AS196,1)=\"1\",LEFT(Base!AS196)=\"2\"),RIGHT(Base!AS196,LEN(Base!AS196)-1),Base!AS196)","v":"756.9545.6657.76"},{"$f":"Base!AU196","v":"Établissement"},{"$f":"OR(CONCATENATE(Base!AW196,Base!AX196)=CONCATENATE(Base!AH196,Base!AI196),FO198=\"Établissement\")","v":true},{"$f":"Base!I196","v":"S3"}]
[{"$f":"Base!A197","v":4372},{"$f":"20","v":20},{"$f":"Base!B197","v":"2022-02-11"},null,{"$f":"Base!AE197","v":"VS22003533"},null,null,null,null,null,"<AUTO>",null,null,null,null,"URL (Libre)",null,null,{"$f":"Base!E197&\" - \"&Base!H197&\" - \"&Base!D197","v":"16973 - Uvrier - 2830157/1"},{"$f":"IF(AND(Base!AT197<1000,Base!AT197>99),Base!AT197,IF(FO199=\"Établissement\",VALUE(CONCATENATE(LEN(SUBSTITUTE(V199,\" \",\"\")),LEN(V199),AA199,COLUMN(INDIRECT(LEFT(V199,1)&1)),LEN(SUBSTITUTE(V199,\"-\",\"\")))),IF(FN199=\"\",VALUE(CONCATENATE(COLUMN(INDIRECT(LEFT(W199,1)&1)),COLUMN(INDIRECT(LEFT(X199,1)&1)),AO199,CODE(AA199))),VALUE(SUBSTITUTE(SUBSTITUTE(SUBSTITUTE(FN199,\".\",\"\"),\" \",\"\"),\"-\",\"\")))))","v":101},null,{"$f":"SUBSTITUTE(IF(Base!BF197=0,\"\",Base!BF197),\" (facturation)\",\"\")","v":"Hôpital du Valais - Direction des Finances/Service des fournisseurs"},{"$f":"IF(Base!AW197=0,\"\",Base!AH197)","v":""},{"$f":"IF(Base!AX197=0,\"\",Base!AI197)","v":""},{"$f":"IF(Base!AW197=0,Base!AY197&\" \"&Base!AZ197,Base!AK197&\" \"&Base!AL197)","v":"Avenue Grand-Champsec 86"},{"$f":"IF(IF(Base!AW197=0,Base!BA197,Base!AM197)=0,\"\",IF(Base!AW197=0,Base!BA197,Base!AM197))","v":"Case postale 696"},{"$f":"IF(Base!AW197=0,Base!BB197,Base!AN197)","v":1951},{"$f":"IF(Base!AW197=0,Base!BC197,Base!AO197)","v":"Sion"},null,null,null,null,null,null,null,null,null,null,null,null,{"$f":"Base!AJ197","v":"1960-01-07"},{"$f":"IF(FO199=\"Établissement\",\"\",IF(Base!AG197=\"Masculin\",\"Monsieur\",IF(Base!AG197=\"Féminin\",\"Madame\",\"\")))","v":""},{"$f":"IF(FP199=FALSE,CONCATENATE(IF(Base!AV197=\"Masculin\",\"Monsieur\",IF(Base!AV197=\"Féminin\",\"Madame\",\"\")),\"#chr(13)##chr(10)#\",Base!AW197,\" \",Base!AX197, \"#chr(13)##chr(10)#\",Base!AY197,\" \",Base!AZ197, \"#chr(13)##chr(10)#\",Base!BA197, \"#chr(13)##chr(10)#\",Base!BB197,\" \",Base!BC197),\"\")","v":""},null,"",null,{"$f":"IF(AND(Base!AT197<200,Base!AT197>99),1,0)","v":1},null,0,{"$f":"Base!BG197","v":"HVS.116N"},{"$f":"Base!BH197& \"#chr(13)##chr(10)#\" &Base!BI197","v":"Forfait S3 HVS Sion - HFR Fibourg#chr(13)##chr(10)#Trajet simple nuit (20h00-08h00)"},null,{"$f":"Base!BJ197","v":1},{"$f":"Base!BK197","v":2100},{"$f":"IF(Base!BL197=\"\",\"\",Base!BL197)","v":""},null,{"$f":"Base!BM197","v":2100},null,null,{"$f":"IF(Base!H197=\"Uvrier\",3018,VLOOKUP(FQ199,$GV$2:$GX$7,FM199+1,0))","v":3018},0,0,null,0,null,null,null,null,null,"Libre","BS - 267",null,"BU - 73 - aff",0,null,null,null,null,null,null,null,null,null,null,null,null,null,null,null,null,null,null,null,null,null,null,null,null,null,null,null,null,null,null,null,null,null,{"$f":"Base!AH197&\", \"&Base!AI197","v":"Scott-Tailor, Simon"},{"$f":"Base!AN197&\" \"&Base!AO197&\", \"&Base!AK197&\" \"&Base!AL197","v":"SW15 1LX London, Pentlow Street  2"},{"$f":"CONCATENATE(TEXT(DATE(YEAR(Base!AJ197),MONTH(Base!AJ197),DAY(Base!AJ197)),\"jj.mm.aaaa\"),\", \",FN199,IF(Base!D197=\"\",\"\",\" - \"),Base!D197)","v":"07.01.1960,  - 2830157/1"},{"$f":"Base!AR197","v":0},{"$f":"LEFT(Base!J197,10)","v":"2022-02-03"},{"$f":"CONCATENATE(Base!L197,IF(Base!L197=0,\"\",\", \"),Base!M197,\" \",Base!N197,\", \",Base!P197,\" \",Base!Q197)","v":"Hôpital de Sion, Avenue du Grand-Champsec 80, 1950 Sion"},{"$f":"CONCATENATE(Base!V197,\", \",Base!Z197,\" \",Base!AA197,\", \",Base!W197,\" \",Base!X197)","v":"Hôpital cantonal de Fribourg (HFR), 1752 Villars-sur-Glâne, Chemin des Pensionnats "},null,{"$f":"CONCATENATE(RIGHT(LEFT(Base!J197,16),5),\" - \",RIGHT(LEFT(Base!K197,16),5))","v":"22:13 - 02:45"},{"$f":"Base!AF197&\" - \"&Base!I197","v":"Accident - S3"},null,null,null,null,null,null,null,null,null,null,null,null,null,null,null,null,null,null,{"$f":"Base!H197","v":"Uvrier"},2,null,null,null,null,null,null,null,null,null,2,null,null,null,null,null,null,null,null,null,null,null,null,null,null,null,null,null,null,null,null,null,{"$f":"IF(Base!U197=\"Privée\",2,1)","v":2},{"$f":"IF(OR(LEFT(Base!AS197,1)=\"1\",LEFT(Base!AS197)=\"2\"),RIGHT(Base!AS197,LEN(Base!AS197)-1),Base!AS197)","v":""},{"$f":"Base!AU197","v":"Établissement"},{"$f":"OR(CONCATENATE(Base!AW197,Base!AX197)=CONCATENATE(Base!AH197,Base!AI197),FO199=\"Établissement\")","v":true},{"$f":"Base!I197","v":"S3"}]
[{"$f":"Base!A198","v":4375},{"$f":"20","v":20},{"$f":"Base!B198","v":"2022-02-11"},null,{"$f":"Base!AE198","v":"VS22003571"},null,null,null,null,null,"<AUTO>",null,null,null,null,"URL (Libre)",null,null,{"$f":"Base!E198&\" - \"&Base!H198&\" - \"&Base!D198","v":"17010 - Uvrier - 2110486/21"},{"$f":"IF(AND(Base!AT198<1000,Base!AT198>99),Base!AT198,IF(FO200=\"Établissement\",VALUE(CONCATENATE(LEN(SUBSTITUTE(V200,\" \",\"\")),LEN(V200),AA200,COLUMN(INDIRECT(LEFT(V200,1)&1)),LEN(SUBSTITUTE(V200,\"-\",\"\")))),IF(FN200=\"\",VALUE(CONCATENATE(COLUMN(INDIRECT(LEFT(W200,1)&1)),COLUMN(INDIRECT(LEFT(X200,1)&1)),AO200,CODE(AA200))),VALUE(SUBSTITUTE(SUBSTITUTE(SUBSTITUTE(FN200,\".\",\"\"),\" \",\"\"),\"-\",\"\")))))","v":101},null,{"$f":"SUBSTITUTE(IF(Base!BF198=0,\"\",Base!BF198),\" (facturation)\",\"\")","v":"Hôpital du Valais - Direction des Finances/Service des fournisseurs"},{"$f":"IF(Base!AW198=0,\"\",Base!AH198)","v":""},{"$f":"IF(Base!AX198=0,\"\",Base!AI198)","v":""},{"$f":"IF(Base!AW198=0,Base!AY198&\" \"&Base!AZ198,Base!AK198&\" \"&Base!AL198)","v":"Avenue Grand-Champsec 86"},{"$f":"IF(IF(Base!AW198=0,Base!BA198,Base!AM198)=0,\"\",IF(Base!AW198=0,Base!BA198,Base!AM198))","v":"Case postale 696"},{"$f":"IF(Base!AW198=0,Base!BB198,Base!AN198)","v":1951},{"$f":"IF(Base!AW198=0,Base!BC198,Base!AO198)","v":"Sion"},null,null,null,null,null,null,null,null,null,null,null,null,{"$f":"Base!AJ198","v":"1936-10-12"},{"$f":"IF(FO200=\"Établissement\",\"\",IF(Base!AG198=\"Masculin\",\"Monsieur\",IF(Base!AG198=\"Féminin\",\"Madame\",\"\")))","v":""},{"$f":"IF(FP200=FALSE,CONCATENATE(IF(Base!AV198=\"Masculin\",\"Monsieur\",IF(Base!AV198=\"Féminin\",\"Madame\",\"\")),\"#chr(13)##chr(10)#\",Base!AW198,\" \",Base!AX198, \"#chr(13)##chr(10)#\",Base!AY198,\" \",Base!AZ198, \"#chr(13)##chr(10)#\",Base!BA198, \"#chr(13)##chr(10)#\",Base!BB198,\" \",Base!BC198),\"\")","v":""},null,"",null,{"$f":"IF(AND(Base!AT198<200,Base!AT198>99),1,0)","v":1},null,0,{"$f":"Base!BG198","v":"HVS.15J"},{"$f":"Base!BH198& \"#chr(13)##chr(10)#\" &Base!BI198","v":"Forfait S3 HVS Sion - SZO Visp#chr(13)##chr(10)#Trajet simple journée (08h00-20h00)"},null,{"$f":"Base!BJ198","v":1},{"$f":"Base!BK198","v":584},{"$f":"IF(Base!BL198=\"\",\"\",Base!BL198)","v":""},null,{"$f":"Base!BM198","v":584},null,null,{"$f":"IF(Base!H198=\"Uvrier\",3018,VLOOKUP(FQ200,$GV$2:$GX$7,FM200+1,0))","v":3018},0,0,null,0,null,null,null,null,null,"Libre","BS - 268",null,"BU - 73 - aff",0,null,null,null,null,null,null,null,null,null,null,null,null,null,null,null,null,null,null,null,null,null,null,null,null,null,null,null,null,null,null,null,null,null,{"$f":"Base!AH198&\", \"&Base!AI198","v":"Biner, Ida"},{"$f":"Base!AN198&\" \"&Base!AO198&\", \"&Base!AK198&\" \"&Base!AL198","v":"3920 Zermatt, Schluhmattstrasse 122"},{"$f":"CONCATENATE(TEXT(DATE(YEAR(Base!AJ198),MONTH(Base!AJ198),DAY(Base!AJ198)),\"jj.mm.aaaa\"),\", \",FN200,IF(Base!D198=\"\",\"\",\" - \"),Base!D198)","v":"12.10.1936, 756.1440.8307.85 - 2110486/21"},{"$f":"Base!AR198","v":"sodalis gesundheitsgruppe"},{"$f":"LEFT(Base!J198,10)","v":"2022-02-04"},{"$f":"CONCATENATE(Base!L198,IF(Base!L198=0,\"\",\", \"),Base!M198,\" \",Base!N198,\", \",Base!P198,\" \",Base!Q198)","v":"Hôpital de Sion, Avenue du Grand-Champsec 80, 1950 Sion"},{"$f":"CONCATENATE(Base!V198,\", \",Base!Z198,\" \",Base!AA198,\", \",Base!W198,\" \",Base!X198)","v":"Hôpital de Viège, 3930 Visp, Pflanzettastrasse 10"},null,{"$f":"CONCATENATE(RIGHT(LEFT(Base!J198,16),5),\" - \",RIGHT(LEFT(Base!K198,16),5))","v":"12:11 - 14:44"},{"$f":"Base!AF198&\" - \"&Base!I198","v":"Maladie - S3"},null,null,null,null,null,null,null,null,null,null,null,null,null,null,null,null,null,null,{"$f":"Base!H198","v":"Uvrier"},2,null,null,null,null,null,null,null,null,null,2,null,null,null,null,null,null,null,null,null,null,null,null,null,null,null,null,null,null,null,null,null,{"$f":"IF(Base!U198=\"Privée\",2,1)","v":2},{"$f":"IF(OR(LEFT(Base!AS198,1)=\"1\",LEFT(Base!AS198)=\"2\"),RIGHT(Base!AS198,LEN(Base!AS198)-1),Base!AS198)","v":"756.1440.8307.85"},{"$f":"Base!AU198","v":"Établissement"},{"$f":"OR(CONCATENATE(Base!AW198,Base!AX198)=CONCATENATE(Base!AH198,Base!AI198),FO200=\"Établissement\")","v":true},{"$f":"Base!I198","v":"S3"}]
[{"$f":"Base!A199","v":4378},{"$f":"20","v":20},{"$f":"Base!B199","v":"2022-02-11"},null,{"$f":"Base!AE199","v":"VS22003617"},null,null,null,null,null,"<AUTO>",null,null,null,null,"URL (Libre)",null,null,{"$f":"Base!E199&\" - \"&Base!H199&\" - \"&Base!D199","v":"17053 - Uvrier - 2689188/5"},{"$f":"IF(AND(Base!AT199<1000,Base!AT199>99),Base!AT199,IF(FO201=\"Établissement\",VALUE(CONCATENATE(LEN(SUBSTITUTE(V201,\" \",\"\")),LEN(V201),AA201,COLUMN(INDIRECT(LEFT(V201,1)&1)),LEN(SUBSTITUTE(V201,\"-\",\"\")))),IF(FN201=\"\",VALUE(CONCATENATE(COLUMN(INDIRECT(LEFT(W201,1)&1)),COLUMN(INDIRECT(LEFT(X201,1)&1)),AO201,CODE(AA201))),VALUE(SUBSTITUTE(SUBSTITUTE(SUBSTITUTE(FN201,\".\",\"\"),\" \",\"\"),\"-\",\"\")))))","v":101},null,{"$f":"SUBSTITUTE(IF(Base!BF199=0,\"\",Base!BF199),\" (facturation)\",\"\")","v":"Hôpital du Valais - Direction des Finances/Service des fournisseurs"},{"$f":"IF(Base!AW199=0,\"\",Base!AH199)","v":""},{"$f":"IF(Base!AX199=0,\"\",Base!AI199)","v":""},{"$f":"IF(Base!AW199=0,Base!AY199&\" \"&Base!AZ199,Base!AK199&\" \"&Base!AL199)","v":"Avenue Grand-Champsec 86"},{"$f":"IF(IF(Base!AW199=0,Base!BA199,Base!AM199)=0,\"\",IF(Base!AW199=0,Base!BA199,Base!AM199))","v":"Case postale 696"},{"$f":"IF(Base!AW199=0,Base!BB199,Base!AN199)","v":1951},{"$f":"IF(Base!AW199=0,Base!BC199,Base!AO199)","v":"Sion"},null,null,null,null,null,null,null,null,null,null,null,null,{"$f":"Base!AJ199","v":"1962-10-14"},{"$f":"IF(FO201=\"Établissement\",\"\",IF(Base!AG199=\"Masculin\",\"Monsieur\",IF(Base!AG199=\"Féminin\",\"Madame\",\"\")))","v":""},{"$f":"IF(FP201=FALSE,CONCATENATE(IF(Base!AV199=\"Masculin\",\"Monsieur\",IF(Base!AV199=\"Féminin\",\"Madame\",\"\")),\"#chr(13)##chr(10)#\",Base!AW199,\" \",Base!AX199, \"#chr(13)##chr(10)#\",Base!AY199,\" \",Base!AZ199, \"#chr(13)##chr(10)#\",Base!BA199, \"#chr(13)##chr(10)#\",Base!BB199,\" \",Base!BC199),\"\")","v":""},null,"",null,{"$f":"IF(AND(Base!AT199<200,Base!AT199>99),1,0)","v":1},null,0,{"$f":"Base!BG199","v":"HVS.31J"},{"$f":"Base!BH199& \"#chr(13)##chr(10)#\" &Base!BI199","v":"Forfait S3 HVS Martigny - HVS Sion#chr(13)##chr(10)#Trajet simple journée (08h00-20h00)"},null,{"$f":"Base!BJ199","v":1},{"$f":"Base!BK199","v":440},{"$f":"IF(Base!BL199=\"\",\"\",Base!BL199)","v":""},null,{"$f":"Base!BM199","v":440},null,null,{"$f":"IF(Base!H199=\"Uvrier\",3018,VLOOKUP(FQ201,$GV$2:$GX$7,FM201+1,0))","v":3018},0,0,null,0,null,null,null,null,null,"Libre","BS - 269",null,"BU - 73 - aff",0,null,null,null,null,null,null,null,null,null,null,null,null,null,null,null,null,null,null,null,null,null,null,null,null,null,null,null,null,null,null,null,null,null,{"$f":"Base!AH199&\", \"&Base!AI199","v":"Barraud , Armand"},{"$f":"Base!AN199&\" \"&Base!AO199&\", \"&Base!AK199&\" \"&Base!AL199","v":"1926 Fully, Route de la Forêt 59"},{"$f":"CONCATENATE(TEXT(DATE(YEAR(Base!AJ199),MONTH(Base!AJ199),DAY(Base!AJ199)),\"jj.mm.aaaa\"),\", \",FN201,IF(Base!D199=\"\",\"\",\" - \"),Base!D199)","v":"14.10.1962, 756.9473.1666.66 - 2689188/5"},{"$f":"Base!AR199","v":"Philos Assurance Maladie SA"},{"$f":"LEFT(Base!J199,10)","v":"2022-02-04"},{"$f":"CONCATENATE(Base!L199,IF(Base!L199=0,\"\",\", \"),Base!M199,\" \",Base!N199,\", \",Base!P199,\" \",Base!Q199)","v":"Hôpital de Martigny, Avenue de la Fusion 27, 1920 Martigny"},{"$f":"CONCATENATE(Base!V199,\", \",Base!Z199,\" \",Base!AA199,\", \",Base!W199,\" \",Base!X199)","v":"Hôpital de Sion, 1950 Sion, Avenue du Grand-Champsec 80"},null,{"$f":"CONCATENATE(RIGHT(LEFT(Base!J199,16),5),\" - \",RIGHT(LEFT(Base!K199,16),5))","v":"16:29 - 17:38"},{"$f":"Base!AF199&\" - \"&Base!I199","v":"Maladie - S3"},null,null,null,null,null,null,null,null,null,null,null,null,null,null,null,null,null,null,{"$f":"Base!H199","v":"Uvrier"},2,null,null,null,null,null,null,null,null,null,2,null,null,null,null,null,null,null,null,null,null,null,null,null,null,null,null,null,null,null,null,null,{"$f":"IF(Base!U199=\"Privée\",2,1)","v":2},{"$f":"IF(OR(LEFT(Base!AS199,1)=\"1\",LEFT(Base!AS199)=\"2\"),RIGHT(Base!AS199,LEN(Base!AS199)-1),Base!AS199)","v":"756.9473.1666.66"},{"$f":"Base!AU199","v":"Établissement"},{"$f":"OR(CONCATENATE(Base!AW199,Base!AX199)=CONCATENATE(Base!AH199,Base!AI199),FO201=\"Établissement\")","v":true},{"$f":"Base!I199","v":"S3"}]
[{"$f":"Base!A200","v":4382},{"$f":"20","v":20},{"$f":"Base!B200","v":"2022-02-11"},null,{"$f":"Base!AE200","v":"VS22003625"},null,null,null,null,null,"<AUTO>",null,null,null,null,"URL (Libre)",null,null,{"$f":"Base!E200&\" - \"&Base!H200&\" - \"&Base!D200","v":"17061 - Uvrier - 2289900/17"},{"$f":"IF(AND(Base!AT200<1000,Base!AT200>99),Base!AT200,IF(FO202=\"Établissement\",VALUE(CONCATENATE(LEN(SUBSTITUTE(V202,\" \",\"\")),LEN(V202),AA202,COLUMN(INDIRECT(LEFT(V202,1)&1)),LEN(SUBSTITUTE(V202,\"-\",\"\")))),IF(FN202=\"\",VALUE(CONCATENATE(COLUMN(INDIRECT(LEFT(W202,1)&1)),COLUMN(INDIRECT(LEFT(X202,1)&1)),AO202,CODE(AA202))),VALUE(SUBSTITUTE(SUBSTITUTE(SUBSTITUTE(FN202,\".\",\"\"),\" \",\"\"),\"-\",\"\")))))","v":101},null,{"$f":"SUBSTITUTE(IF(Base!BF200=0,\"\",Base!BF200),\" (facturation)\",\"\")","v":"Hôpital du Valais - Direction des Finances/Service des fournisseurs"},{"$f":"IF(Base!AW200=0,\"\",Base!AH200)","v":""},{"$f":"IF(Base!AX200=0,\"\",Base!AI200)","v":""},{"$f":"IF(Base!AW200=0,Base!AY200&\" \"&Base!AZ200,Base!AK200&\" \"&Base!AL200)","v":"Avenue Grand-Champsec 86"},{"$f":"IF(IF(Base!AW200=0,Base!BA200,Base!AM200)=0,\"\",IF(Base!AW200=0,Base!BA200,Base!AM200))","v":"Case postale 696"},{"$f":"IF(Base!AW200=0,Base!BB200,Base!AN200)","v":1951},{"$f":"IF(Base!AW200=0,Base!BC200,Base!AO200)","v":"Sion"},null,null,null,null,null,null,null,null,null,null,null,null,{"$f":"Base!AJ200","v":"1939-08-28"},{"$f":"IF(FO202=\"Établissement\",\"\",IF(Base!AG200=\"Masculin\",\"Monsieur\",IF(Base!AG200=\"Féminin\",\"Madame\",\"\")))","v":""},{"$f":"IF(FP202=FALSE,CONCATENATE(IF(Base!AV200=\"Masculin\",\"Monsieur\",IF(Base!AV200=\"Féminin\",\"Madame\",\"\")),\"#chr(13)##chr(10)#\",Base!AW200,\" \",Base!AX200, \"#chr(13)##chr(10)#\",Base!AY200,\" \",Base!AZ200, \"#chr(13)##chr(10)#\",Base!BA200, \"#chr(13)##chr(10)#\",Base!BB200,\" \",Base!BC200),\"\")","v":""},null,"",null,{"$f":"IF(AND(Base!AT200<200,Base!AT200>99),1,0)","v":1},null,0,{"$f":"Base!BG200","v":"HVS.27J"},{"$f":"Base!BH200& \"#chr(13)##chr(10)#\" &Base!BI200","v":"Forfait S3 HVS Sierre - Malévoz#chr(13)##chr(10)#Trajet simple journée (08h00-20h00)"},null,{"$f":"Base!BJ200","v":1},{"$f":"Base!BK200","v":818},{"$f":"IF(Base!BL200=\"\",\"\",Base!BL200)","v":""},null,{"$f":"Base!BM200","v":818},null,null,{"$f":"IF(Base!H200=\"Uvrier\",3018,VLOOKUP(FQ202,$GV$2:$GX$7,FM202+1,0))","v":3018},0,0,null,0,null,null,null,null,null,"Libre","BS - 270",null,"BU - 73 - aff",0,null,null,null,null,null,null,null,null,null,null,null,null,null,null,null,null,null,null,null,null,null,null,null,null,null,null,null,null,null,null,null,null,null,{"$f":"Base!AH200&\", \"&Base!AI200","v":"Monnet , Raymond"},{"$f":"Base!AN200&\" \"&Base!AO200&\", \"&Base!AK200&\" \"&Base!AL200","v":"1907 Saxon, Nouvelle Avenue 25"},{"$f":"CONCATENATE(TEXT(DATE(YEAR(Base!AJ200),MONTH(Base!AJ200),DAY(Base!AJ200)),\"jj.mm.aaaa\"),\", \",FN202,IF(Base!D200=\"\",\"\",\" - \"),Base!D200)","v":"28.08.1939, 756.5063.5082.29 - 2289900/17"},{"$f":"Base!AR200","v":"Easy Sana Assurance Maladie SA"},{"$f":"LEFT(Base!J200,10)","v":"2022-02-04"},{"$f":"CONCATENATE(Base!L200,IF(Base!L200=0,\"\",\", \"),Base!M200,\" \",Base!N200,\", \",Base!P200,\" \",Base!Q200)","v":"Hôpital de Sierre, Rue Saint-Charles 14, 3960 Sierre"},{"$f":"CONCATENATE(Base!V200,\", \",Base!Z200,\" \",Base!AA200,\", \",Base!W200,\" \",Base!X200)","v":"Hôpital de Malévoz, 1870 Monthey, Route de Morgins 10"},null,{"$f":"CONCATENATE(RIGHT(LEFT(Base!J200,16),5),\" - \",RIGHT(LEFT(Base!K200,16),5))","v":"17:39 - 19:55"},{"$f":"Base!AF200&\" - \"&Base!I200","v":"Maladie - S3"},null,null,null,null,null,null,null,null,null,null,null,null,null,null,null,null,null,null,{"$f":"Base!H200","v":"Uvrier"},2,null,null,null,null,null,null,null,null,null,2,null,null,null,null,null,null,null,null,null,null,null,null,null,null,null,null,null,null,null,null,null,{"$f":"IF(Base!U200=\"Privée\",2,1)","v":2},{"$f":"IF(OR(LEFT(Base!AS200,1)=\"1\",LEFT(Base!AS200)=\"2\"),RIGHT(Base!AS200,LEN(Base!AS200)-1),Base!AS200)","v":"756.5063.5082.29"},{"$f":"Base!AU200","v":"Établissement"},{"$f":"OR(CONCATENATE(Base!AW200,Base!AX200)=CONCATENATE(Base!AH200,Base!AI200),FO202=\"Établissement\")","v":true},{"$f":"Base!I200","v":"S3"}]
[{"$f":"Base!A201","v":4384},{"$f":"20","v":20},{"$f":"Base!B201","v":"2022-02-11"},null,{"$f":"Base!AE201","v":"VS22003641"},null,null,null,null,null,"<AUTO>",null,null,null,null,"URL (Libre)",null,null,{"$f":"Base!E201&\" - \"&Base!H201&\" - \"&Base!D201","v":"17076 - Uvrier - 2830413/1"},{"$f":"IF(AND(Base!AT201<1000,Base!AT201>99),Base!AT201,IF(FO203=\"Établissement\",VALUE(CONCATENATE(LEN(SUBSTITUTE(V203,\" \",\"\")),LEN(V203),AA203,COLUMN(INDIRECT(LEFT(V203,1)&1)),LEN(SUBSTITUTE(V203,\"-\",\"\")))),IF(FN203=\"\",VALUE(CONCATENATE(COLUMN(INDIRECT(LEFT(W203,1)&1)),COLUMN(INDIRECT(LEFT(X203,1)&1)),AO203,CODE(AA203))),VALUE(SUBSTITUTE(SUBSTITUTE(SUBSTITUTE(FN203,\".\",\"\"),\" \",\"\"),\"-\",\"\")))))","v":101},null,{"$f":"SUBSTITUTE(IF(Base!BF201=0,\"\",Base!BF201),\" (facturation)\",\"\")","v":"Hôpital du Valais - Direction des Finances/Service des fournisseurs"},{"$f":"IF(Base!AW201=0,\"\",Base!AH201)","v":""},{"$f":"IF(Base!AX201=0,\"\",Base!AI201)","v":""},{"$f":"IF(Base!AW201=0,Base!AY201&\" \"&Base!AZ201,Base!AK201&\" \"&Base!AL201)","v":"Avenue Grand-Champsec 86"},{"$f":"IF(IF(Base!AW201=0,Base!BA201,Base!AM201)=0,\"\",IF(Base!AW201=0,Base!BA201,Base!AM201))","v":"Case postale 696"},{"$f":"IF(Base!AW201=0,Base!BB201,Base!AN201)","v":1951},{"$f":"IF(Base!AW201=0,Base!BC201,Base!AO201)","v":"Sion"},null,null,null,null,null,null,null,null,null,null,null,null,{"$f":"Base!AJ201","v":"1999-11-15"},{"$f":"IF(FO203=\"Établissement\",\"\",IF(Base!AG201=\"Masculin\",\"Monsieur\",IF(Base!AG201=\"Féminin\",\"Madame\",\"\")))","v":""},{"$f":"IF(FP203=FALSE,CONCATENATE(IF(Base!AV201=\"Masculin\",\"Monsieur\",IF(Base!AV201=\"Féminin\",\"Madame\",\"\")),\"#chr(13)##chr(10)#\",Base!AW201,\" \",Base!AX201, \"#chr(13)##chr(10)#\",Base!AY201,\" \",Base!AZ201, \"#chr(13)##chr(10)#\",Base!BA201, \"#chr(13)##chr(10)#\",Base!BB201,\" \",Base!BC201),\"\")","v":""},null,"",null,{"$f":"IF(AND(Base!AT201<200,Base!AT201>99),1,0)","v":1},null,0,{"$f":"Base!BG201","v":"HVS.116N"},{"$f":"Base!BH201& \"#chr(13)##chr(10)#\" &Base!BI201","v":"Forfait S3 HVS Sion - HFR Fibourg#chr(13)##chr(10)#Trajet simple nuit (20h00-08h00)"},null,{"$f":"Base!BJ201","v":1},{"$f":"Base!BK201","v":2100},{"$f":"IF(Base!BL201=\"\",\"\",Base!BL201)","v":""},null,{"$f":"Base!BM201","v":2100},null,null,{"$f":"IF(Base!H201=\"Uvrier\",3018,VLOOKUP(FQ203,$GV$2:$GX$7,FM203+1,0))","v":3018},0,0,null,0,null,null,null,null,null,"Libre","BS - 271",null,"BU - 73 - aff",0,null,null,null,null,null,null,null,null,null,null,null,null,null,null,null,null,null,null,null,null,null,null,null,null,null,null,null,null,null,null,null,null,null,{"$f":"Base!AH201&\", \"&Base!AI201","v":"Dafflon, Adrien"},{"$f":"Base!AN201&\" \"&Base!AO201&\", \"&Base!AK201&\" \"&Base!AL201","v":"1775 Mannens, Route de Grandsivaz 18"},{"$f":"CONCATENATE(TEXT(DATE(YEAR(Base!AJ201),MONTH(Base!AJ201),DAY(Base!AJ201)),\"jj.mm.aaaa\"),\", \",FN203,IF(Base!D201=\"\",\"\",\" - \"),Base!D201)","v":"15.11.1999, 756.6578.3961.72 - 2830413/1"},{"$f":"Base!AR201","v":"SUVA Fribourg"},{"$f":"LEFT(Base!J201,10)","v":"2022-02-04"},{"$f":"CONCATENATE(Base!L201,IF(Base!L201=0,\"\",\", \"),Base!M201,\" \",Base!N201,\", \",Base!P201,\" \",Base!Q201)","v":"Hôpital de Sion, Avenue du Grand-Champsec 80, 1950 Sion"},{"$f":"CONCATENATE(Base!V201,\", \",Base!Z201,\" \",Base!AA201,\", \",Base!W201,\" \",Base!X201)","v":"Hôpital cantonal de Fribourg (HFR), 1752 Villars-sur-Glâne, Chemin des Pensionnats "},null,{"$f":"CONCATENATE(RIGHT(LEFT(Base!J201,16),5),\" - \",RIGHT(LEFT(Base!K201,16),5))","v":"22:16 - 01:08"},{"$f":"Base!AF201&\" - \"&Base!I201","v":"Accident - S3"},null,null,null,null,null,null,null,null,null,null,null,null,null,null,null,null,null,null,{"$f":"Base!H201","v":"Uvrier"},2,null,null,null,null,null,null,null,null,null,2,null,null,null,null,null,null,null,null,null,null,null,null,null,null,null,null,null,null,null,null,null,{"$f":"IF(Base!U201=\"Privée\",2,1)","v":2},{"$f":"IF(OR(LEFT(Base!AS201,1)=\"1\",LEFT(Base!AS201)=\"2\"),RIGHT(Base!AS201,LEN(Base!AS201)-1),Base!AS201)","v":"756.6578.3961.72"},{"$f":"Base!AU201","v":"Établissement"},{"$f":"OR(CONCATENATE(Base!AW201,Base!AX201)=CONCATENATE(Base!AH201,Base!AI201),FO203=\"Établissement\")","v":true},{"$f":"Base!I201","v":"S3"}]
[{"$f":"Base!A202","v":4386},{"$f":"20","v":20},{"$f":"Base!B202","v":"2022-02-11"},null,{"$f":"Base!AE202","v":"VS22003706"},null,null,null,null,null,"<AUTO>",null,null,null,null,"URL (Libre)",null,null,{"$f":"Base!E202&\" - \"&Base!H202&\" - \"&Base!D202","v":"17133 - Uvrier - 2151698/39"},{"$f":"IF(AND(Base!AT202<1000,Base!AT202>99),Base!AT202,IF(FO204=\"Établissement\",VALUE(CONCATENATE(LEN(SUBSTITUTE(V204,\" \",\"\")),LEN(V204),AA204,COLUMN(INDIRECT(LEFT(V204,1)&1)),LEN(SUBSTITUTE(V204,\"-\",\"\")))),IF(FN204=\"\",VALUE(CONCATENATE(COLUMN(INDIRECT(LEFT(W204,1)&1)),COLUMN(INDIRECT(LEFT(X204,1)&1)),AO204,CODE(AA204))),VALUE(SUBSTITUTE(SUBSTITUTE(SUBSTITUTE(FN204,\".\",\"\"),\" \",\"\"),\"-\",\"\")))))","v":101},null,{"$f":"SUBSTITUTE(IF(Base!BF202=0,\"\",Base!BF202),\" (facturation)\",\"\")","v":"Hôpital du Valais - Direction des Finances/Service des fournisseurs"},{"$f":"IF(Base!AW202=0,\"\",Base!AH202)","v":""},{"$f":"IF(Base!AX202=0,\"\",Base!AI202)","v":""},{"$f":"IF(Base!AW202=0,Base!AY202&\" \"&Base!AZ202,Base!AK202&\" \"&Base!AL202)","v":"Avenue Grand-Champsec 86"},{"$f":"IF(IF(Base!AW202=0,Base!BA202,Base!AM202)=0,\"\",IF(Base!AW202=0,Base!BA202,Base!AM202))","v":"Case postale 696"},{"$f":"IF(Base!AW202=0,Base!BB202,Base!AN202)","v":1951},{"$f":"IF(Base!AW202=0,Base!BC202,Base!AO202)","v":"Sion"},null,null,null,null,null,null,null,null,null,null,null,null,{"$f":"Base!AJ202","v":"1944-02-23"},{"$f":"IF(FO204=\"Établissement\",\"\",IF(Base!AG202=\"Masculin\",\"Monsieur\",IF(Base!AG202=\"Féminin\",\"Madame\",\"\")))","v":""},{"$f":"IF(FP204=FALSE,CONCATENATE(IF(Base!AV202=\"Masculin\",\"Monsieur\",IF(Base!AV202=\"Féminin\",\"Madame\",\"\")),\"#chr(13)##chr(10)#\",Base!AW202,\" \",Base!AX202, \"#chr(13)##chr(10)#\",Base!AY202,\" \",Base!AZ202, \"#chr(13)##chr(10)#\",Base!BA202, \"#chr(13)##chr(10)#\",Base!BB202,\" \",Base!BC202),\"\")","v":""},null,"",null,{"$f":"IF(AND(Base!AT202<200,Base!AT202>99),1,0)","v":1},null,0,{"$f":"Base!BG202","v":"HVS.13J"},{"$f":"Base!BH202& \"#chr(13)##chr(10)#\" &Base!BI202","v":"Forfait S3 HVS Sion - HVS Martigny#chr(13)##chr(10)#Trajet simple journée (08h00-20h00)"},null,{"$f":"Base!BJ202","v":1},{"$f":"Base!BK202","v":440},{"$f":"IF(Base!BL202=\"\",\"\",Base!BL202)","v":""},null,{"$f":"Base!BM202","v":440},null,null,{"$f":"IF(Base!H202=\"Uvrier\",3018,VLOOKUP(FQ204,$GV$2:$GX$7,FM204+1,0))","v":3018},0,0,null,0,null,null,null,null,null,"Libre","BS - 272",null,"BU - 73 - aff",0,null,null,null,null,null,null,null,null,null,null,null,null,null,null,null,null,null,null,null,null,null,null,null,null,null,null,null,null,null,null,null,null,null,{"$f":"Base!AH202&\", \"&Base!AI202","v":"Crittin, Daniel"},{"$f":"Base!AN202&\" \"&Base!AO202&\", \"&Base!AK202&\" \"&Base!AL202","v":"1955 Chamoson, Rue de Plane-Ville 13"},{"$f":"CONCATENATE(TEXT(DATE(YEAR(Base!AJ202),MONTH(Base!AJ202),DAY(Base!AJ202)),\"jj.mm.aaaa\"),\", \",FN204,IF(Base!D202=\"\",\"\",\" - \"),Base!D202)","v":"23.02.1944, 756.8716.7503.10 - 2151698/39"},{"$f":"Base!AR202","v":"CPT Assurance SA"},{"$f":"LEFT(Base!J202,10)","v":"2022-02-05"},{"$f":"CONCATENATE(Base!L202,IF(Base!L202=0,\"\",\", \"),Base!M202,\" \",Base!N202,\", \",Base!P202,\" \",Base!Q202)","v":"Hôpital de Sion, Avenue du Grand-Champsec 80, 1950 Sion"},{"$f":"CONCATENATE(Base!V202,\", \",Base!Z202,\" \",Base!AA202,\", \",Base!W202,\" \",Base!X202)","v":"Hôpital de Martigny, 1920 Martigny, Avenue de la Fusion 27"},null,{"$f":"CONCATENATE(RIGHT(LEFT(Base!J202,16),5),\" - \",RIGHT(LEFT(Base!K202,16),5))","v":"13:14 - 14:52"},{"$f":"Base!AF202&\" - \"&Base!I202","v":"Maladie - S3"},null,null,null,null,null,null,null,null,null,null,null,null,null,null,null,null,null,null,{"$f":"Base!H202","v":"Uvrier"},2,null,null,null,null,null,null,null,null,null,2,null,null,null,null,null,null,null,null,null,null,null,null,null,null,null,null,null,null,null,null,null,{"$f":"IF(Base!U202=\"Privée\",2,1)","v":2},{"$f":"IF(OR(LEFT(Base!AS202,1)=\"1\",LEFT(Base!AS202)=\"2\"),RIGHT(Base!AS202,LEN(Base!AS202)-1),Base!AS202)","v":"756.8716.7503.10"},{"$f":"Base!AU202","v":"Établissement"},{"$f":"OR(CONCATENATE(Base!AW202,Base!AX202)=CONCATENATE(Base!AH202,Base!AI202),FO204=\"Établissement\")","v":true},{"$f":"Base!I202","v":"S3"}]
[{"$f":"Base!A203","v":4387},{"$f":"20","v":20},{"$f":"Base!B203","v":"2022-02-11"},null,{"$f":"Base!AE203","v":"VS22003726"},null,null,null,null,null,"<AUTO>",null,null,null,null,"URL (Libre)",null,null,{"$f":"Base!E203&\" - \"&Base!H203&\" - \"&Base!D203","v":"17151 - Uvrier - 2813369/2"},{"$f":"IF(AND(Base!AT203<1000,Base!AT203>99),Base!AT203,IF(FO205=\"Établissement\",VALUE(CONCATENATE(LEN(SUBSTITUTE(V205,\" \",\"\")),LEN(V205),AA205,COLUMN(INDIRECT(LEFT(V205,1)&1)),LEN(SUBSTITUTE(V205,\"-\",\"\")))),IF(FN205=\"\",VALUE(CONCATENATE(COLUMN(INDIRECT(LEFT(W205,1)&1)),COLUMN(INDIRECT(LEFT(X205,1)&1)),AO205,CODE(AA205))),VALUE(SUBSTITUTE(SUBSTITUTE(SUBSTITUTE(FN205,\".\",\"\"),\" \",\"\"),\"-\",\"\")))))","v":101},null,{"$f":"SUBSTITUTE(IF(Base!BF203=0,\"\",Base!BF203),\" (facturation)\",\"\")","v":"Hôpital du Valais - Direction des Finances/Service des fournisseurs"},{"$f":"IF(Base!AW203=0,\"\",Base!AH203)","v":""},{"$f":"IF(Base!AX203=0,\"\",Base!AI203)","v":""},{"$f":"IF(Base!AW203=0,Base!AY203&\" \"&Base!AZ203,Base!AK203&\" \"&Base!AL203)","v":"Avenue Grand-Champsec 86"},{"$f":"IF(IF(Base!AW203=0,Base!BA203,Base!AM203)=0,\"\",IF(Base!AW203=0,Base!BA203,Base!AM203))","v":"Case postale 696"},{"$f":"IF(Base!AW203=0,Base!BB203,Base!AN203)","v":1951},{"$f":"IF(Base!AW203=0,Base!BC203,Base!AO203)","v":"Sion"},null,null,null,null,null,null,null,null,null,null,null,null,{"$f":"Base!AJ203","v":"1990-06-10"},{"$f":"IF(FO205=\"Établissement\",\"\",IF(Base!AG203=\"Masculin\",\"Monsieur\",IF(Base!AG203=\"Féminin\",\"Madame\",\"\")))","v":""},{"$f":"IF(FP205=FALSE,CONCATENATE(IF(Base!AV203=\"Masculin\",\"Monsieur\",IF(Base!AV203=\"Féminin\",\"Madame\",\"\")),\"#chr(13)##chr(10)#\",Base!AW203,\" \",Base!AX203, \"#chr(13)##chr(10)#\",Base!AY203,\" \",Base!AZ203, \"#chr(13)##chr(10)#\",Base!BA203, \"#chr(13)##chr(10)#\",Base!BB203,\" \",Base!BC203),\"\")","v":""},null,"",null,{"$f":"IF(AND(Base!AT203<200,Base!AT203>99),1,0)","v":1},null,0,{"$f":"Base!BG203","v":"HVS.37J"},{"$f":"Base!BH203& \"#chr(13)##chr(10)#\" &Base!BI203","v":"Forfait S3 HVS Martigny - Malévoz#chr(13)##chr(10)#Trajet simple journée (08h00-20h00)"},null,{"$f":"Base!BJ203","v":1},{"$f":"Base!BK203","v":350},{"$f":"IF(Base!BL203=\"\",\"\",Base!BL203)","v":""},null,{"$f":"Base!BM203","v":350},null,null,{"$f":"IF(Base!H203=\"Uvrier\",3018,VLOOKUP(FQ205,$GV$2:$GX$7,FM205+1,0))","v":3018},0,0,null,0,null,null,null,null,null,"Libre","BS - 273",null,"BU - 73 - aff",0,null,null,null,null,null,null,null,null,null,null,null,null,null,null,null,null,null,null,null,null,null,null,null,null,null,null,null,null,null,null,null,null,null,{"$f":"Base!AH203&\", \"&Base!AI203","v":"Boucard, Aurélie"},{"$f":"Base!AN203&\" \"&Base!AO203&\", \"&Base!AK203&\" \"&Base!AL203","v":"1920 Martigny, Rue de la Scierie 2"},{"$f":"CONCATENATE(TEXT(DATE(YEAR(Base!AJ203),MONTH(Base!AJ203),DAY(Base!AJ203)),\"jj.mm.aaaa\"),\", \",FN205,IF(Base!D203=\"\",\"\",\" - \"),Base!D203)","v":"10.06.1990, 756.3501.1884.15 - 2813369/2"},{"$f":"Base!AR203","v":"Assura-Basis SA"},{"$f":"LEFT(Base!J203,10)","v":"2022-02-05"},{"$f":"CONCATENATE(Base!L203,IF(Base!L203=0,\"\",\", \"),Base!M203,\" \",Base!N203,\", \",Base!P203,\" \",Base!Q203)","v":"Hôpital de Martigny, Avenue de la Fusion 27, 1920 Martigny"},{"$f":"CONCATENATE(Base!V203,\", \",Base!Z203,\" \",Base!AA203,\", \",Base!W203,\" \",Base!X203)","v":"Hôpital de Malévoz, 1870 Monthey, Route de Morgins 10"},null,{"$f":"CONCATENATE(RIGHT(LEFT(Base!J203,16),5),\" - \",RIGHT(LEFT(Base!K203,16),5))","v":"14:52 - 17:00"},{"$f":"Base!AF203&\" - \"&Base!I203","v":"Maladie - S3"},null,null,null,null,null,null,null,null,null,null,null,null,null,null,null,null,null,null,{"$f":"Base!H203","v":"Uvrier"},2,null,null,null,null,null,null,null,null,null,2,null,null,null,null,null,null,null,null,null,null,null,null,null,null,null,null,null,null,null,null,null,{"$f":"IF(Base!U203=\"Privée\",2,1)","v":2},{"$f":"IF(OR(LEFT(Base!AS203,1)=\"1\",LEFT(Base!AS203)=\"2\"),RIGHT(Base!AS203,LEN(Base!AS203)-1),Base!AS203)","v":"756.3501.1884.15"},{"$f":"Base!AU203","v":"Établissement"},{"$f":"OR(CONCATENATE(Base!AW203,Base!AX203)=CONCATENATE(Base!AH203,Base!AI203),FO205=\"Établissement\")","v":true},{"$f":"Base!I203","v":"S3"}]
[{"$f":"Base!A204","v":4388},{"$f":"20","v":20},{"$f":"Base!B204","v":"2022-02-11"},null,{"$f":"Base!AE204","v":"VS22003759"},null,null,null,null,null,"<AUTO>",null,null,null,null,"URL (Libre)",null,null,{"$f":"Base!E204&\" - \"&Base!H204&\" - \"&Base!D204","v":"17179 - Uvrier - 2671246/2"},{"$f":"IF(AND(Base!AT204<1000,Base!AT204>99),Base!AT204,IF(FO206=\"Établissement\",VALUE(CONCATENATE(LEN(SUBSTITUTE(V206,\" \",\"\")),LEN(V206),AA206,COLUMN(INDIRECT(LEFT(V206,1)&1)),LEN(SUBSTITUTE(V206,\"-\",\"\")))),IF(FN206=\"\",VALUE(CONCATENATE(COLUMN(INDIRECT(LEFT(W206,1)&1)),COLUMN(INDIRECT(LEFT(X206,1)&1)),AO206,CODE(AA206))),VALUE(SUBSTITUTE(SUBSTITUTE(SUBSTITUTE(FN206,\".\",\"\"),\" \",\"\"),\"-\",\"\")))))","v":101},null,{"$f":"SUBSTITUTE(IF(Base!BF204=0,\"\",Base!BF204),\" (facturation)\",\"\")","v":"Hôpital du Valais - Direction des Finances/Service des fournisseurs"},{"$f":"IF(Base!AW204=0,\"\",Base!AH204)","v":""},{"$f":"IF(Base!AX204=0,\"\",Base!AI204)","v":""},{"$f":"IF(Base!AW204=0,Base!AY204&\" \"&Base!AZ204,Base!AK204&\" \"&Base!AL204)","v":"Avenue Grand-Champsec 86"},{"$f":"IF(IF(Base!AW204=0,Base!BA204,Base!AM204)=0,\"\",IF(Base!AW204=0,Base!BA204,Base!AM204))","v":"Case postale 696"},{"$f":"IF(Base!AW204=0,Base!BB204,Base!AN204)","v":1951},{"$f":"IF(Base!AW204=0,Base!BC204,Base!AO204)","v":"Sion"},null,null,null,null,null,null,null,null,null,null,null,null,{"$f":"Base!AJ204","v":"1961-07-16"},{"$f":"IF(FO206=\"Établissement\",\"\",IF(Base!AG204=\"Masculin\",\"Monsieur\",IF(Base!AG204=\"Féminin\",\"Madame\",\"\")))","v":""},{"$f":"IF(FP206=FALSE,CONCATENATE(IF(Base!AV204=\"Masculin\",\"Monsieur\",IF(Base!AV204=\"Féminin\",\"Madame\",\"\")),\"#chr(13)##chr(10)#\",Base!AW204,\" \",Base!AX204, \"#chr(13)##chr(10)#\",Base!AY204,\" \",Base!AZ204, \"#chr(13)##chr(10)#\",Base!BA204, \"#chr(13)##chr(10)#\",Base!BB204,\" \",Base!BC204),\"\")","v":""},null,"",null,{"$f":"IF(AND(Base!AT204<200,Base!AT204>99),1,0)","v":1},null,0,{"$f":"Base!BG204","v":"HVS.13J"},{"$f":"Base!BH204& \"#chr(13)##chr(10)#\" &Base!BI204","v":"Forfait S3 HVS Sion - HVS Martigny#chr(13)##chr(10)#Trajet simple journée (08h00-20h00)"},null,{"$f":"Base!BJ204","v":1},{"$f":"Base!BK204","v":440},{"$f":"IF(Base!BL204=\"\",\"\",Base!BL204)","v":""},null,{"$f":"Base!BM204","v":440},null,null,{"$f":"IF(Base!H204=\"Uvrier\",3018,VLOOKUP(FQ206,$GV$2:$GX$7,FM206+1,0))","v":3018},0,0,null,0,null,null,null,null,null,"Libre","BS - 274",null,"BU - 73 - aff",0,null,null,null,null,null,null,null,null,null,null,null,null,null,null,null,null,null,null,null,null,null,null,null,null,null,null,null,null,null,null,null,null,null,{"$f":"Base!AH204&\", \"&Base!AI204","v":"Wells, Sara Margaret"},{"$f":"Base!AN204&\" \"&Base!AO204&\", \"&Base!AK204&\" \"&Base!AL204","v":"BR6 7FF Downe, Buckston Browne Gardens 4"},{"$f":"CONCATENATE(TEXT(DATE(YEAR(Base!AJ204),MONTH(Base!AJ204),DAY(Base!AJ204)),\"jj.mm.aaaa\"),\", \",FN206,IF(Base!D204=\"\",\"\",\" - \"),Base!D204)","v":"16.07.1961,  - 2671246/2"},{"$f":"Base!AR204","v":"KVG Olten "},{"$f":"LEFT(Base!J204,10)","v":"2022-02-05"},{"$f":"CONCATENATE(Base!L204,IF(Base!L204=0,\"\",\", \"),Base!M204,\" \",Base!N204,\", \",Base!P204,\" \",Base!Q204)","v":"Hôpital de Sion, Avenue du Grand-Champsec 80, 1950 Sion"},{"$f":"CONCATENATE(Base!V204,\", \",Base!Z204,\" \",Base!AA204,\", \",Base!W204,\" \",Base!X204)","v":"Hôpital de Martigny, 1920 Martigny, Avenue de la Fusion 27"},null,{"$f":"CONCATENATE(RIGHT(LEFT(Base!J204,16),5),\" - \",RIGHT(LEFT(Base!K204,16),5))","v":"19:08 - 20:50"},{"$f":"Base!AF204&\" - \"&Base!I204","v":"Accident - S3"},null,null,null,null,null,null,null,null,null,null,null,null,null,null,null,null,null,null,{"$f":"Base!H204","v":"Uvrier"},2,null,null,null,null,null,null,null,null,null,2,null,null,null,null,null,null,null,null,null,null,null,null,null,null,null,null,null,null,null,null,null,{"$f":"IF(Base!U204=\"Privée\",2,1)","v":2},{"$f":"IF(OR(LEFT(Base!AS204,1)=\"1\",LEFT(Base!AS204)=\"2\"),RIGHT(Base!AS204,LEN(Base!AS204)-1),Base!AS204)","v":""},{"$f":"Base!AU204","v":"Établissement"},{"$f":"OR(CONCATENATE(Base!AW204,Base!AX204)=CONCATENATE(Base!AH204,Base!AI204),FO206=\"Établissement\")","v":true},{"$f":"Base!I204","v":"S3"}]
[{"$f":"Base!A205","v":4389},{"$f":"20","v":20},{"$f":"Base!B205","v":"2022-02-11"},null,{"$f":"Base!AE205","v":"VS22003774"},null,null,null,null,null,"<AUTO>",null,null,null,null,"URL (Libre)",null,null,{"$f":"Base!E205&\" - \"&Base!H205&\" - \"&Base!D205","v":"17192 - Uvrier - 2023195/258"},{"$f":"IF(AND(Base!AT205<1000,Base!AT205>99),Base!AT205,IF(FO207=\"Établissement\",VALUE(CONCATENATE(LEN(SUBSTITUTE(V207,\" \",\"\")),LEN(V207),AA207,COLUMN(INDIRECT(LEFT(V207,1)&1)),LEN(SUBSTITUTE(V207,\"-\",\"\")))),IF(FN207=\"\",VALUE(CONCATENATE(COLUMN(INDIRECT(LEFT(W207,1)&1)),COLUMN(INDIRECT(LEFT(X207,1)&1)),AO207,CODE(AA207))),VALUE(SUBSTITUTE(SUBSTITUTE(SUBSTITUTE(FN207,\".\",\"\"),\" \",\"\"),\"-\",\"\")))))","v":101},null,{"$f":"SUBSTITUTE(IF(Base!BF205=0,\"\",Base!BF205),\" (facturation)\",\"\")","v":"Hôpital du Valais - Direction des Finances/Service des fournisseurs"},{"$f":"IF(Base!AW205=0,\"\",Base!AH205)","v":""},{"$f":"IF(Base!AX205=0,\"\",Base!AI205)","v":""},{"$f":"IF(Base!AW205=0,Base!AY205&\" \"&Base!AZ205,Base!AK205&\" \"&Base!AL205)","v":"Avenue Grand-Champsec 86"},{"$f":"IF(IF(Base!AW205=0,Base!BA205,Base!AM205)=0,\"\",IF(Base!AW205=0,Base!BA205,Base!AM205))","v":"Case postale 696"},{"$f":"IF(Base!AW205=0,Base!BB205,Base!AN205)","v":1951},{"$f":"IF(Base!AW205=0,Base!BC205,Base!AO205)","v":"Sion"},null,null,null,null,null,null,null,null,null,null,null,null,{"$f":"Base!AJ205","v":"1965-09-24"},{"$f":"IF(FO207=\"Établissement\",\"\",IF(Base!AG205=\"Masculin\",\"Monsieur\",IF(Base!AG205=\"Féminin\",\"Madame\",\"\")))","v":""},{"$f":"IF(FP207=FALSE,CONCATENATE(IF(Base!AV205=\"Masculin\",\"Monsieur\",IF(Base!AV205=\"Féminin\",\"Madame\",\"\")),\"#chr(13)##chr(10)#\",Base!AW205,\" \",Base!AX205, \"#chr(13)##chr(10)#\",Base!AY205,\" \",Base!AZ205, \"#chr(13)##chr(10)#\",Base!BA205, \"#chr(13)##chr(10)#\",Base!BB205,\" \",Base!BC205),\"\")","v":""},null,"",null,{"$f":"IF(AND(Base!AT205<200,Base!AT205>99),1,0)","v":1},null,0,{"$f":"Base!BG205","v":"HVS.31N"},{"$f":"Base!BH205& \"#chr(13)##chr(10)#\" &Base!BI205","v":"Forfait S3 HVS Martigny - HVS Sion#chr(13)##chr(10)#Trajet simple nuit (20h00-08h00) ou dimanches et jours fériés"},null,{"$f":"Base!BJ205","v":1},{"$f":"Base!BK205","v":660},{"$f":"IF(Base!BL205=\"\",\"\",Base!BL205)","v":""},null,{"$f":"Base!BM205","v":660},null,null,{"$f":"IF(Base!H205=\"Uvrier\",3018,VLOOKUP(FQ207,$GV$2:$GX$7,FM207+1,0))","v":3018},0,0,null,0,null,null,null,null,null,"Libre","BS - 275",null,"BU - 73 - aff",0,null,null,null,null,null,null,null,null,null,null,null,null,null,null,null,null,null,null,null,null,null,null,null,null,null,null,null,null,null,null,null,null,null,{"$f":"Base!AH205&\", \"&Base!AI205","v":"Aymon, Pierre-André "},{"$f":"Base!AN205&\" \"&Base!AO205&\", \"&Base!AK205&\" \"&Base!AL205","v":"1967 Bramois, Route de Bramois 43A"},{"$f":"CONCATENATE(TEXT(DATE(YEAR(Base!AJ205),MONTH(Base!AJ205),DAY(Base!AJ205)),\"jj.mm.aaaa\"),\", \",FN207,IF(Base!D205=\"\",\"\",\" - \"),Base!D205)","v":"24.09.1965, 756.9966.4058.14 - 2023195/258"},{"$f":"Base!AR205","v":"Helsana Assurances SA"},{"$f":"LEFT(Base!J205,10)","v":"2022-02-06"},{"$f":"CONCATENATE(Base!L205,IF(Base!L205=0,\"\",\", \"),Base!M205,\" \",Base!N205,\", \",Base!P205,\" \",Base!Q205)","v":"Hôpital de Martigny, Avenue de la Fusion 27, 1920 Martigny"},{"$f":"CONCATENATE(Base!V205,\", \",Base!Z205,\" \",Base!AA205,\", \",Base!W205,\" \",Base!X205)","v":"Hôpital de Sion, 1950 Sion, Avenue du Grand-Champsec 80"},null,{"$f":"CONCATENATE(RIGHT(LEFT(Base!J205,16),5),\" - \",RIGHT(LEFT(Base!K205,16),5))","v":"00:32 - 02:21"},{"$f":"Base!AF205&\" - \"&Base!I205","v":"Maladie - S3"},null,null,null,null,null,null,null,null,null,null,null,null,null,null,null,null,null,null,{"$f":"Base!H205","v":"Uvrier"},2,null,null,null,null,null,null,null,null,null,2,null,null,null,null,null,null,null,null,null,null,null,null,null,null,null,null,null,null,null,null,null,{"$f":"IF(Base!U205=\"Privée\",2,1)","v":2},{"$f":"IF(OR(LEFT(Base!AS205,1)=\"1\",LEFT(Base!AS205)=\"2\"),RIGHT(Base!AS205,LEN(Base!AS205)-1),Base!AS205)","v":"756.9966.4058.14"},{"$f":"Base!AU205","v":"Établissement"},{"$f":"OR(CONCATENATE(Base!AW205,Base!AX205)=CONCATENATE(Base!AH205,Base!AI205),FO207=\"Établissement\")","v":true},{"$f":"Base!I205","v":"S3"}]
[{"$f":"Base!A206","v":4390},{"$f":"20","v":20},{"$f":"Base!B206","v":"2022-02-11"},null,{"$f":"Base!AE206","v":"VS22003783"},null,null,null,null,null,"<AUTO>",null,null,null,null,"URL (Libre)",null,null,{"$f":"Base!E206&\" - \"&Base!H206&\" - \"&Base!D206","v":"17201 - Uvrier - 2095529/34"},{"$f":"IF(AND(Base!AT206<1000,Base!AT206>99),Base!AT206,IF(FO208=\"Établissement\",VALUE(CONCATENATE(LEN(SUBSTITUTE(V208,\" \",\"\")),LEN(V208),AA208,COLUMN(INDIRECT(LEFT(V208,1)&1)),LEN(SUBSTITUTE(V208,\"-\",\"\")))),IF(FN208=\"\",VALUE(CONCATENATE(COLUMN(INDIRECT(LEFT(W208,1)&1)),COLUMN(INDIRECT(LEFT(X208,1)&1)),AO208,CODE(AA208))),VALUE(SUBSTITUTE(SUBSTITUTE(SUBSTITUTE(FN208,\".\",\"\"),\" \",\"\"),\"-\",\"\")))))","v":101},null,{"$f":"SUBSTITUTE(IF(Base!BF206=0,\"\",Base!BF206),\" (facturation)\",\"\")","v":"Hôpital du Valais - Direction des Finances/Service des fournisseurs"},{"$f":"IF(Base!AW206=0,\"\",Base!AH206)","v":""},{"$f":"IF(Base!AX206=0,\"\",Base!AI206)","v":""},{"$f":"IF(Base!AW206=0,Base!AY206&\" \"&Base!AZ206,Base!AK206&\" \"&Base!AL206)","v":"Avenue Grand-Champsec 86"},{"$f":"IF(IF(Base!AW206=0,Base!BA206,Base!AM206)=0,\"\",IF(Base!AW206=0,Base!BA206,Base!AM206))","v":"Case postale 696"},{"$f":"IF(Base!AW206=0,Base!BB206,Base!AN206)","v":1951},{"$f":"IF(Base!AW206=0,Base!BC206,Base!AO206)","v":"Sion"},null,null,null,null,null,null,null,null,null,null,null,null,{"$f":"Base!AJ206","v":"1983-11-03"},{"$f":"IF(FO208=\"Établissement\",\"\",IF(Base!AG206=\"Masculin\",\"Monsieur\",IF(Base!AG206=\"Féminin\",\"Madame\",\"\")))","v":""},{"$f":"IF(FP208=FALSE,CONCATENATE(IF(Base!AV206=\"Masculin\",\"Monsieur\",IF(Base!AV206=\"Féminin\",\"Madame\",\"\")),\"#chr(13)##chr(10)#\",Base!AW206,\" \",Base!AX206, \"#chr(13)##chr(10)#\",Base!AY206,\" \",Base!AZ206, \"#chr(13)##chr(10)#\",Base!BA206, \"#chr(13)##chr(10)#\",Base!BB206,\" \",Base!BC206),\"\")","v":""},null,"",null,{"$f":"IF(AND(Base!AT206<200,Base!AT206>99),1,0)","v":1},null,0,{"$f":"Base!BG206","v":"HVS.17N"},{"$f":"Base!BH206& \"#chr(13)##chr(10)#\" &Base!BI206","v":"Forfait S3 HVS Sion - Malévoz#chr(13)##chr(10)#Trajet simple nuit (20h00-08h00) ou dimanches et jours fériés"},null,{"$f":"Base!BJ206","v":1},{"$f":"Base!BK206","v":1029},{"$f":"IF(Base!BL206=\"\",\"\",Base!BL206)","v":""},null,{"$f":"Base!BM206","v":1029},null,null,{"$f":"IF(Base!H206=\"Uvrier\",3018,VLOOKUP(FQ208,$GV$2:$GX$7,FM208+1,0))","v":3018},0,0,null,0,null,null,null,null,null,"Libre","BS - 276",null,"BU - 73 - aff",0,null,null,null,null,null,null,null,null,null,null,null,null,null,null,null,null,null,null,null,null,null,null,null,null,null,null,null,null,null,null,null,null,null,{"$f":"Base!AH206&\", \"&Base!AI206","v":"Pittier, Raphaël "},{"$f":"Base!AN206&\" \"&Base!AO206&\", \"&Base!AK206&\" \"&Base!AL206","v":"1950 Sion, Rue de Conthey 1"},{"$f":"CONCATENATE(TEXT(DATE(YEAR(Base!AJ206),MONTH(Base!AJ206),DAY(Base!AJ206)),\"jj.mm.aaaa\"),\", \",FN208,IF(Base!D206=\"\",\"\",\" - \"),Base!D206)","v":"03.11.1983, 756.6525.8784.23 - 2095529/34"},{"$f":"Base!AR206","v":"Arcosana AG"},{"$f":"LEFT(Base!J206,10)","v":"2022-02-06"},{"$f":"CONCATENATE(Base!L206,IF(Base!L206=0,\"\",\", \"),Base!M206,\" \",Base!N206,\", \",Base!P206,\" \",Base!Q206)","v":"Hôpital de Sion, Avenue du Grand-Champsec 80, 1950 Sion"},{"$f":"CONCATENATE(Base!V206,\", \",Base!Z206,\" \",Base!AA206,\", \",Base!W206,\" \",Base!X206)","v":"Hôpital de Malévoz, 1870 Monthey, Route de Morgins 10"},null,{"$f":"CONCATENATE(RIGHT(LEFT(Base!J206,16),5),\" - \",RIGHT(LEFT(Base!K206,16),5))","v":"07:09 - 09:20"},{"$f":"Base!AF206&\" - \"&Base!I206","v":"Maladie - S3"},null,null,null,null,null,null,null,null,null,null,null,null,null,null,null,null,null,null,{"$f":"Base!H206","v":"Uvrier"},2,null,null,null,null,null,null,null,null,null,2,null,null,null,null,null,null,null,null,null,null,null,null,null,null,null,null,null,null,null,null,null,{"$f":"IF(Base!U206=\"Privée\",2,1)","v":2},{"$f":"IF(OR(LEFT(Base!AS206,1)=\"1\",LEFT(Base!AS206)=\"2\"),RIGHT(Base!AS206,LEN(Base!AS206)-1),Base!AS206)","v":"756.6525.8784.23"},{"$f":"Base!AU206","v":"Établissement"},{"$f":"OR(CONCATENATE(Base!AW206,Base!AX206)=CONCATENATE(Base!AH206,Base!AI206),FO208=\"Établissement\")","v":true},{"$f":"Base!I206","v":"S3"}]
[{"$f":"Base!A207","v":4393},{"$f":"20","v":20},{"$f":"Base!B207","v":"2022-02-11"},null,{"$f":"Base!AE207","v":"VS22003852"},null,null,null,null,null,"<AUTO>",null,null,null,null,"URL (Libre)",null,null,{"$f":"Base!E207&\" - \"&Base!H207&\" - \"&Base!D207","v":"17267 - Uvrier - 2830613/2"},{"$f":"IF(AND(Base!AT207<1000,Base!AT207>99),Base!AT207,IF(FO209=\"Établissement\",VALUE(CONCATENATE(LEN(SUBSTITUTE(V209,\" \",\"\")),LEN(V209),AA209,COLUMN(INDIRECT(LEFT(V209,1)&1)),LEN(SUBSTITUTE(V209,\"-\",\"\")))),IF(FN209=\"\",VALUE(CONCATENATE(COLUMN(INDIRECT(LEFT(W209,1)&1)),COLUMN(INDIRECT(LEFT(X209,1)&1)),AO209,CODE(AA209))),VALUE(SUBSTITUTE(SUBSTITUTE(SUBSTITUTE(FN209,\".\",\"\"),\" \",\"\"),\"-\",\"\")))))","v":101},null,{"$f":"SUBSTITUTE(IF(Base!BF207=0,\"\",Base!BF207),\" (facturation)\",\"\")","v":"Hôpital du Valais - Direction des Finances/Service des fournisseurs"},{"$f":"IF(Base!AW207=0,\"\",Base!AH207)","v":""},{"$f":"IF(Base!AX207=0,\"\",Base!AI207)","v":""},{"$f":"IF(Base!AW207=0,Base!AY207&\" \"&Base!AZ207,Base!AK207&\" \"&Base!AL207)","v":"Avenue Grand-Champsec 86"},{"$f":"IF(IF(Base!AW207=0,Base!BA207,Base!AM207)=0,\"\",IF(Base!AW207=0,Base!BA207,Base!AM207))","v":"Case postale 696"},{"$f":"IF(Base!AW207=0,Base!BB207,Base!AN207)","v":1951},{"$f":"IF(Base!AW207=0,Base!BC207,Base!AO207)","v":"Sion"},null,null,null,null,null,null,null,null,null,null,null,null,{"$f":"Base!AJ207","v":"1961-01-09"},{"$f":"IF(FO209=\"Établissement\",\"\",IF(Base!AG207=\"Masculin\",\"Monsieur\",IF(Base!AG207=\"Féminin\",\"Madame\",\"\")))","v":""},{"$f":"IF(FP209=FALSE,CONCATENATE(IF(Base!AV207=\"Masculin\",\"Monsieur\",IF(Base!AV207=\"Féminin\",\"Madame\",\"\")),\"#chr(13)##chr(10)#\",Base!AW207,\" \",Base!AX207, \"#chr(13)##chr(10)#\",Base!AY207,\" \",Base!AZ207, \"#chr(13)##chr(10)#\",Base!BA207, \"#chr(13)##chr(10)#\",Base!BB207,\" \",Base!BC207),\"\")","v":""},null,"",null,{"$f":"IF(AND(Base!AT207<200,Base!AT207>99),1,0)","v":1},null,0,{"$f":"Base!BG207","v":"HVS.15N"},{"$f":"Base!BH207& \"#chr(13)##chr(10)#\" &Base!BI207","v":"Forfait S3 HVS Sion - SZO Visp#chr(13)##chr(10)#Trajet simple nuit (20h00-08h00) ou dimanches et jours fériés"},null,{"$f":"Base!BJ207","v":1},{"$f":"Base!BK207","v":876},{"$f":"IF(Base!BL207=\"\",\"\",Base!BL207)","v":""},null,{"$f":"Base!BM207","v":876},null,null,{"$f":"IF(Base!H207=\"Uvrier\",3018,VLOOKUP(FQ209,$GV$2:$GX$7,FM209+1,0))","v":3018},0,0,null,0,null,null,null,null,null,"Libre","BS - 277",null,"BU - 73 - aff",0,null,null,null,null,null,null,null,null,null,null,null,null,null,null,null,null,null,null,null,null,null,null,null,null,null,null,null,null,null,null,null,null,null,{"$f":"Base!AH207&\", \"&Base!AI207","v":"Darling, Angela"},{"$f":"Base!AN207&\" \"&Base!AO207&\", \"&Base!AK207&\" \"&Base!AL207","v":"NE69 7BU  Bamburgh, South Victoria Terrace 7"},{"$f":"CONCATENATE(TEXT(DATE(YEAR(Base!AJ207),MONTH(Base!AJ207),DAY(Base!AJ207)),\"jj.mm.aaaa\"),\", \",FN209,IF(Base!D207=\"\",\"\",\" - \"),Base!D207)","v":"09.01.1961,  - 2830613/2"},{"$f":"Base!AR207","v":0},{"$f":"LEFT(Base!J207,10)","v":"2022-02-06"},{"$f":"CONCATENATE(Base!L207,IF(Base!L207=0,\"\",\", \"),Base!M207,\" \",Base!N207,\", \",Base!P207,\" \",Base!Q207)","v":"Hôpital de Sion, Avenue du Grand-Champsec 80, 1950 Sion"},{"$f":"CONCATENATE(Base!V207,\", \",Base!Z207,\" \",Base!AA207,\", \",Base!W207,\" \",Base!X207)","v":"Hôpital de Viège, 3930 Visp, Pflanzettastrasse 10"},null,{"$f":"CONCATENATE(RIGHT(LEFT(Base!J207,16),5),\" - \",RIGHT(LEFT(Base!K207,16),5))","v":"19:09 - 21:38"},{"$f":"Base!AF207&\" - \"&Base!I207","v":"Maladie - S3"},null,null,null,null,null,null,null,null,null,null,null,null,null,null,null,null,null,null,{"$f":"Base!H207","v":"Uvrier"},2,null,null,null,null,null,null,null,null,null,2,null,null,null,null,null,null,null,null,null,null,null,null,null,null,null,null,null,null,null,null,null,{"$f":"IF(Base!U207=\"Privée\",2,1)","v":2},{"$f":"IF(OR(LEFT(Base!AS207,1)=\"1\",LEFT(Base!AS207)=\"2\"),RIGHT(Base!AS207,LEN(Base!AS207)-1),Base!AS207)","v":""},{"$f":"Base!AU207","v":"Établissement"},{"$f":"OR(CONCATENATE(Base!AW207,Base!AX207)=CONCATENATE(Base!AH207,Base!AI207),FO209=\"Établissement\")","v":true},{"$f":"Base!I207","v":"S3"}]
[{"$f":"Base!A208","v":4394},{"$f":"20","v":20},{"$f":"Base!B208","v":"2022-02-11"},null,{"$f":"Base!AE208","v":"VS22003869"},null,null,null,null,null,"<AUTO>",null,null,null,null,"URL (Libre)",null,null,{"$f":"Base!E208&\" - \"&Base!H208&\" - \"&Base!D208","v":"17282 - Uvrier - 2126357/14"},{"$f":"IF(AND(Base!AT208<1000,Base!AT208>99),Base!AT208,IF(FO210=\"Établissement\",VALUE(CONCATENATE(LEN(SUBSTITUTE(V210,\" \",\"\")),LEN(V210),AA210,COLUMN(INDIRECT(LEFT(V210,1)&1)),LEN(SUBSTITUTE(V210,\"-\",\"\")))),IF(FN210=\"\",VALUE(CONCATENATE(COLUMN(INDIRECT(LEFT(W210,1)&1)),COLUMN(INDIRECT(LEFT(X210,1)&1)),AO210,CODE(AA210))),VALUE(SUBSTITUTE(SUBSTITUTE(SUBSTITUTE(FN210,\".\",\"\"),\" \",\"\"),\"-\",\"\")))))","v":101},null,{"$f":"SUBSTITUTE(IF(Base!BF208=0,\"\",Base!BF208),\" (facturation)\",\"\")","v":"Hôpital du Valais - Direction des Finances/Service des fournisseurs"},{"$f":"IF(Base!AW208=0,\"\",Base!AH208)","v":""},{"$f":"IF(Base!AX208=0,\"\",Base!AI208)","v":""},{"$f":"IF(Base!AW208=0,Base!AY208&\" \"&Base!AZ208,Base!AK208&\" \"&Base!AL208)","v":"Avenue Grand-Champsec 86"},{"$f":"IF(IF(Base!AW208=0,Base!BA208,Base!AM208)=0,\"\",IF(Base!AW208=0,Base!BA208,Base!AM208))","v":"Case postale 696"},{"$f":"IF(Base!AW208=0,Base!BB208,Base!AN208)","v":1951},{"$f":"IF(Base!AW208=0,Base!BC208,Base!AO208)","v":"Sion"},null,null,null,null,null,null,null,null,null,null,null,null,{"$f":"Base!AJ208","v":"1963-11-25"},{"$f":"IF(FO210=\"Établissement\",\"\",IF(Base!AG208=\"Masculin\",\"Monsieur\",IF(Base!AG208=\"Féminin\",\"Madame\",\"\")))","v":""},{"$f":"IF(FP210=FALSE,CONCATENATE(IF(Base!AV208=\"Masculin\",\"Monsieur\",IF(Base!AV208=\"Féminin\",\"Madame\",\"\")),\"#chr(13)##chr(10)#\",Base!AW208,\" \",Base!AX208, \"#chr(13)##chr(10)#\",Base!AY208,\" \",Base!AZ208, \"#chr(13)##chr(10)#\",Base!BA208, \"#chr(13)##chr(10)#\",Base!BB208,\" \",Base!BC208),\"\")","v":""},null,"",null,{"$f":"IF(AND(Base!AT208<200,Base!AT208>99),1,0)","v":1},null,0,{"$f":"Base!BG208","v":"HVS.31N"},{"$f":"Base!BH208& \"#chr(13)##chr(10)#\" &Base!BI208","v":"Forfait S3 HVS Martigny - HVS Sion#chr(13)##chr(10)#Trajet simple nuit (20h00-08h00) ou dimanches et jours fériés"},null,{"$f":"Base!BJ208","v":1},{"$f":"Base!BK208","v":660},{"$f":"IF(Base!BL208=\"\",\"\",Base!BL208)","v":""},null,{"$f":"Base!BM208","v":660},null,null,{"$f":"IF(Base!H208=\"Uvrier\",3018,VLOOKUP(FQ210,$GV$2:$GX$7,FM210+1,0))","v":3018},0,0,null,0,null,null,null,null,null,"Libre","BS - 278",null,"BU - 73 - aff",0,null,null,null,null,null,null,null,null,null,null,null,null,null,null,null,null,null,null,null,null,null,null,null,null,null,null,null,null,null,null,null,null,null,{"$f":"Base!AH208&\", \"&Base!AI208","v":"Carron, Jean"},{"$f":"Base!AN208&\" \"&Base!AO208&\", \"&Base!AK208&\" \"&Base!AL208","v":"1921 Martigny-Croix, La Crette 21"},{"$f":"CONCATENATE(TEXT(DATE(YEAR(Base!AJ208),MONTH(Base!AJ208),DAY(Base!AJ208)),\"jj.mm.aaaa\"),\", \",FN210,IF(Base!D208=\"\",\"\",\" - \"),Base!D208)","v":"25.11.1963, 756.4040.3836.99 - 2126357/14"},{"$f":"Base!AR208","v":"Assura-Basis SA"},{"$f":"LEFT(Base!J208,10)","v":"2022-02-07"},{"$f":"CONCATENATE(Base!L208,IF(Base!L208=0,\"\",\", \"),Base!M208,\" \",Base!N208,\", \",Base!P208,\" \",Base!Q208)","v":"Hôpital de Martigny, Avenue de la Fusion 27, 1920 Martigny"},{"$f":"CONCATENATE(Base!V208,\", \",Base!Z208,\" \",Base!AA208,\", \",Base!W208,\" \",Base!X208)","v":"Hôpital de Sion, 1950 Sion, Avenue du Grand-Champsec 80"},null,{"$f":"CONCATENATE(RIGHT(LEFT(Base!J208,16),5),\" - \",RIGHT(LEFT(Base!K208,16),5))","v":"02:37 - 04:10"},{"$f":"Base!AF208&\" - \"&Base!I208","v":"Maladie - S3"},null,null,null,null,null,null,null,null,null,null,null,null,null,null,null,null,null,null,{"$f":"Base!H208","v":"Uvrier"},2,null,null,null,null,null,null,null,null,null,2,null,null,null,null,null,null,null,null,null,null,null,null,null,null,null,null,null,null,null,null,null,{"$f":"IF(Base!U208=\"Privée\",2,1)","v":2},{"$f":"IF(OR(LEFT(Base!AS208,1)=\"1\",LEFT(Base!AS208)=\"2\"),RIGHT(Base!AS208,LEN(Base!AS208)-1),Base!AS208)","v":"756.4040.3836.99"},{"$f":"Base!AU208","v":"Établissement"},{"$f":"OR(CONCATENATE(Base!AW208,Base!AX208)=CONCATENATE(Base!AH208,Base!AI208),FO210=\"Établissement\")","v":true},{"$f":"Base!I208","v":"S3"}]
[{"$f":"Base!A209","v":4397},{"$f":"20","v":20},{"$f":"Base!B209","v":"2022-02-11"},null,{"$f":"Base!AE209","v":"VS22003887"},null,null,null,null,null,"<AUTO>",null,null,null,null,"URL (Libre)",null,null,{"$f":"Base!E209&\" - \"&Base!H209&\" - \"&Base!D209","v":"17300 - Uvrier - "},{"$f":"IF(AND(Base!AT209<1000,Base!AT209>99),Base!AT209,IF(FO211=\"Établissement\",VALUE(CONCATENATE(LEN(SUBSTITUTE(V211,\" \",\"\")),LEN(V211),AA211,COLUMN(INDIRECT(LEFT(V211,1)&1)),LEN(SUBSTITUTE(V211,\"-\",\"\")))),IF(FN211=\"\",VALUE(CONCATENATE(COLUMN(INDIRECT(LEFT(W211,1)&1)),COLUMN(INDIRECT(LEFT(X211,1)&1)),AO211,CODE(AA211))),VALUE(SUBSTITUTE(SUBSTITUTE(SUBSTITUTE(FN211,\".\",\"\"),\" \",\"\"),\"-\",\"\")))))","v":7562319533028},null,{"$f":"SUBSTITUTE(IF(Base!BF209=0,\"\",Base!BF209),\" (facturation)\",\"\")","v":""},{"$f":"IF(Base!AW209=0,\"\",Base!AH209)","v":"Petitjean"},{"$f":"IF(Base!AX209=0,\"\",Base!AI209)","v":"Michel"},{"$f":"IF(Base!AW209=0,Base!AY209&\" \"&Base!AZ209,Base!AK209&\" \"&Base!AL209)","v":"Route de Loye 7"},{"$f":"IF(IF(Base!AW209=0,Base!BA209,Base!AM209)=0,\"\",IF(Base!AW209=0,Base!BA209,Base!AM209))","v":""},{"$f":"IF(Base!AW209=0,Base!BB209,Base!AN209)","v":3979},{"$f":"IF(Base!AW209=0,Base!BC209,Base!AO209)","v":"Grône"},null,null,null,null,null,null,null,null,null,null,null,null,{"$f":"Base!AJ209","v":"1944-08-02"},{"$f":"IF(FO211=\"Établissement\",\"\",IF(Base!AG209=\"Masculin\",\"Monsieur\",IF(Base!AG209=\"Féminin\",\"Madame\",\"\")))","v":"Monsieur"},{"$f":"IF(FP211=FALSE,CONCATENATE(IF(Base!AV209=\"Masculin\",\"Monsieur\",IF(Base!AV209=\"Féminin\",\"Madame\",\"\")),\"#chr(13)##chr(10)#\",Base!AW209,\" \",Base!AX209, \"#chr(13)##chr(10)#\",Base!AY209,\" \",Base!AZ209, \"#chr(13)##chr(10)#\",Base!BA209, \"#chr(13)##chr(10)#\",Base!BB209,\" \",Base!BC209),\"\")","v":"Madame#chr(13)##chr(10)#Petitjean Solange#chr(13)##chr(10)#Route de Loye 7#chr(13)##chr(10)##chr(13)##chr(10)#3979 Grône"},null,"Monsieur",null,{"$f":"IF(AND(Base!AT209<200,Base!AT209>99),1,0)","v":0},null,0,{"$f":"Base!BG209","v":"CLN.9403 "},{"$f":"Base!BH209& \"#chr(13)##chr(10)#\" &Base!BI209","v":"Taxe de base transport S3#chr(13)##chr(10)#"},null,{"$f":"Base!BJ209","v":1},{"$f":"Base!BK209","v":200},{"$f":"IF(Base!BL209=\"\",\"\",Base!BL209)","v":""},null,{"$f":"Base!BM209","v":200},null,null,{"$f":"IF(Base!H209=\"Uvrier\",3018,VLOOKUP(FQ211,$GV$2:$GX$7,FM211+1,0))","v":3018},0,0,null,0,null,null,null,null,null,"Libre","BS - 279",null,"BU - 73 - aff",0,null,null,null,null,null,null,null,null,null,null,null,null,null,null,null,null,null,null,null,null,null,null,null,null,null,null,null,null,null,null,null,null,null,{"$f":"Base!AH209&\", \"&Base!AI209","v":"Petitjean, Michel"},{"$f":"Base!AN209&\" \"&Base!AO209&\", \"&Base!AK209&\" \"&Base!AL209","v":"3979 Grône, Route de Loye 7"},{"$f":"CONCATENATE(TEXT(DATE(YEAR(Base!AJ209),MONTH(Base!AJ209),DAY(Base!AJ209)),\"jj.mm.aaaa\"),\", \",FN211,IF(Base!D209=\"\",\"\",\" - \"),Base!D209)","v":"02.08.1944, 756.2319.5330.28"},{"$f":"Base!AR209","v":"CSS Kranken- Versicherung AG"},{"$f":"LEFT(Base!J209,10)","v":"2022-02-07"},{"$f":"CONCATENATE(Base!L209,IF(Base!L209=0,\"\",\", \"),Base!M209,\" \",Base!N209,\", \",Base!P209,\" \",Base!Q209)","v":"Clinique Saint-Amé, Vers Saint-Amé 10, 1890 St-Maurice"},{"$f":"CONCATENATE(Base!V209,\", \",Base!Z209,\" \",Base!AA209,\", \",Base!W209,\" \",Base!X209)","v":"Foyer St-Joseph, 3960 Sierre, Montée du Château 23"},null,{"$f":"CONCATENATE(RIGHT(LEFT(Base!J209,16),5),\" - \",RIGHT(LEFT(Base!K209,16),5))","v":"10:16 - 12:31"},{"$f":"Base!AF209&\" - \"&Base!I209","v":"Maladie - S3"},null,null,null,null,null,null,null,null,null,null,null,null,null,null,null,null,null,null,{"$f":"Base!H209","v":"Uvrier"},2,null,null,null,null,null,null,null,null,null,2,null,null,null,null,null,null,null,null,null,null,null,null,null,null,null,null,null,null,null,null,null,{"$f":"IF(Base!U209=\"Privée\",2,1)","v":2},{"$f":"IF(OR(LEFT(Base!AS209,1)=\"1\",LEFT(Base!AS209)=\"2\"),RIGHT(Base!AS209,LEN(Base!AS209)-1),Base!AS209)","v":"756.2319.5330.28"},{"$f":"Base!AU209","v":"Personne"},{"$f":"OR(CONCATENATE(Base!AW209,Base!AX209)=CONCATENATE(Base!AH209,Base!AI209),FO211=\"Établissement\")","v":false},{"$f":"Base!I209","v":"S3"}]
[{"$f":"Base!A210","v":4397},{"$f":"20","v":20},{"$f":"Base!B210","v":"2022-02-11"},null,{"$f":"Base!AE210","v":"VS22003887"},null,null,null,null,null,"<AUTO>",null,null,null,null,"URL (Libre)",null,null,{"$f":"Base!E210&\" - \"&Base!H210&\" - \"&Base!D210","v":"17300 - Uvrier - "},{"$f":"IF(AND(Base!AT210<1000,Base!AT210>99),Base!AT210,IF(FO212=\"Établissement\",VALUE(CONCATENATE(LEN(SUBSTITUTE(V212,\" \",\"\")),LEN(V212),AA212,COLUMN(INDIRECT(LEFT(V212,1)&1)),LEN(SUBSTITUTE(V212,\"-\",\"\")))),IF(FN212=\"\",VALUE(CONCATENATE(COLUMN(INDIRECT(LEFT(W212,1)&1)),COLUMN(INDIRECT(LEFT(X212,1)&1)),AO212,CODE(AA212))),VALUE(SUBSTITUTE(SUBSTITUTE(SUBSTITUTE(FN212,\".\",\"\"),\" \",\"\"),\"-\",\"\")))))","v":7562319533028},null,{"$f":"SUBSTITUTE(IF(Base!BF210=0,\"\",Base!BF210),\" (facturation)\",\"\")","v":""},{"$f":"IF(Base!AW210=0,\"\",Base!AH210)","v":"Petitjean"},{"$f":"IF(Base!AX210=0,\"\",Base!AI210)","v":"Michel"},{"$f":"IF(Base!AW210=0,Base!AY210&\" \"&Base!AZ210,Base!AK210&\" \"&Base!AL210)","v":"Route de Loye 7"},{"$f":"IF(IF(Base!AW210=0,Base!BA210,Base!AM210)=0,\"\",IF(Base!AW210=0,Base!BA210,Base!AM210))","v":""},{"$f":"IF(Base!AW210=0,Base!BB210,Base!AN210)","v":3979},{"$f":"IF(Base!AW210=0,Base!BC210,Base!AO210)","v":"Grône"},null,null,null,null,null,null,null,null,null,null,null,null,{"$f":"Base!AJ210","v":"1944-08-02"},{"$f":"IF(FO212=\"Établissement\",\"\",IF(Base!AG210=\"Masculin\",\"Monsieur\",IF(Base!AG210=\"Féminin\",\"Madame\",\"\")))","v":"Monsieur"},{"$f":"IF(FP212=FALSE,CONCATENATE(IF(Base!AV210=\"Masculin\",\"Monsieur\",IF(Base!AV210=\"Féminin\",\"Madame\",\"\")),\"#chr(13)##chr(10)#\",Base!AW210,\" \",Base!AX210, \"#chr(13)##chr(10)#\",Base!AY210,\" \",Base!AZ210, \"#chr(13)##chr(10)#\",Base!BA210, \"#chr(13)##chr(10)#\",Base!BB210,\" \",Base!BC210),\"\")","v":"Madame#chr(13)##chr(10)#Petitjean Solange#chr(13)##chr(10)#Route de Loye 7#chr(13)##chr(10)##chr(13)##chr(10)#3979 Grône"},null,"Monsieur",null,{"$f":"IF(AND(Base!AT210<200,Base!AT210>99),1,0)","v":0},null,0,{"$f":"Base!BG210","v":"CLN.9404"},{"$f":"Base!BH210& \"#chr(13)##chr(10)#\" &Base!BI210","v":"Indemnisation kilométrique#chr(13)##chr(10)#"},null,{"$f":"Base!BJ210","v":120},{"$f":"Base!BK210","v":4.5},{"$f":"IF(Base!BL210=\"\",\"\",Base!BL210)","v":"km"},null,{"$f":"Base!BM210","v":540},null,null,{"$f":"IF(Base!H210=\"Uvrier\",3018,VLOOKUP(FQ212,$GV$2:$GX$7,FM212+1,0))","v":3018},0,0,null,0,null,null,null,null,null,"Libre","BS - 280",null,"BU - 73 - aff",0,null,null,null,null,null,null,null,null,null,null,null,null,null,null,null,null,null,null,null,null,null,null,null,null,null,null,null,null,null,null,null,null,null,{"$f":"Base!AH210&\", \"&Base!AI210","v":"Petitjean, Michel"},{"$f":"Base!AN210&\" \"&Base!AO210&\", \"&Base!AK210&\" \"&Base!AL210","v":"3979 Grône, Route de Loye 7"},{"$f":"CONCATENATE(TEXT(DATE(YEAR(Base!AJ210),MONTH(Base!AJ210),DAY(Base!AJ210)),\"jj.mm.aaaa\"),\", \",FN212,IF(Base!D210=\"\",\"\",\" - \"),Base!D210)","v":"02.08.1944, 756.2319.5330.28"},{"$f":"Base!AR210","v":"CSS Kranken- Versicherung AG"},{"$f":"LEFT(Base!J210,10)","v":"2022-02-07"},{"$f":"CONCATENATE(Base!L210,IF(Base!L210=0,\"\",\", \"),Base!M210,\" \",Base!N210,\", \",Base!P210,\" \",Base!Q210)","v":"Clinique Saint-Amé, Vers Saint-Amé 10, 1890 St-Maurice"},{"$f":"CONCATENATE(Base!V210,\", \",Base!Z210,\" \",Base!AA210,\", \",Base!W210,\" \",Base!X210)","v":"Foyer St-Joseph, 3960 Sierre, Montée du Château 23"},null,{"$f":"CONCATENATE(RIGHT(LEFT(Base!J210,16),5),\" - \",RIGHT(LEFT(Base!K210,16),5))","v":"10:16 - 12:31"},{"$f":"Base!AF210&\" - \"&Base!I210","v":"Maladie - S3"},null,null,null,null,null,null,null,null,null,null,null,null,null,null,null,null,null,null,{"$f":"Base!H210","v":"Uvrier"},2,null,null,null,null,null,null,null,null,null,2,null,null,null,null,null,null,null,null,null,null,null,null,null,null,null,null,null,null,null,null,null,{"$f":"IF(Base!U210=\"Privée\",2,1)","v":2},{"$f":"IF(OR(LEFT(Base!AS210,1)=\"1\",LEFT(Base!AS210)=\"2\"),RIGHT(Base!AS210,LEN(Base!AS210)-1),Base!AS210)","v":"756.2319.5330.28"},{"$f":"Base!AU210","v":"Personne"},{"$f":"OR(CONCATENATE(Base!AW210,Base!AX210)=CONCATENATE(Base!AH210,Base!AI210),FO212=\"Établissement\")","v":false},{"$f":"Base!I210","v":"S3"}]
[{"$f":"Base!A211","v":4397},{"$f":"20","v":20},{"$f":"Base!B211","v":"2022-02-11"},null,{"$f":"Base!AE211","v":"VS22003887"},null,null,null,null,null,"<AUTO>",null,null,null,null,"URL (Libre)",null,null,{"$f":"Base!E211&\" - \"&Base!H211&\" - \"&Base!D211","v":"17300 - Uvrier - "},{"$f":"IF(AND(Base!AT211<1000,Base!AT211>99),Base!AT211,IF(FO213=\"Établissement\",VALUE(CONCATENATE(LEN(SUBSTITUTE(V213,\" \",\"\")),LEN(V213),AA213,COLUMN(INDIRECT(LEFT(V213,1)&1)),LEN(SUBSTITUTE(V213,\"-\",\"\")))),IF(FN213=\"\",VALUE(CONCATENATE(COLUMN(INDIRECT(LEFT(W213,1)&1)),COLUMN(INDIRECT(LEFT(X213,1)&1)),AO213,CODE(AA213))),VALUE(SUBSTITUTE(SUBSTITUTE(SUBSTITUTE(FN213,\".\",\"\"),\" \",\"\"),\"-\",\"\")))))","v":7562319533028},null,{"$f":"SUBSTITUTE(IF(Base!BF211=0,\"\",Base!BF211),\" (facturation)\",\"\")","v":""},{"$f":"IF(Base!AW211=0,\"\",Base!AH211)","v":"Petitjean"},{"$f":"IF(Base!AX211=0,\"\",Base!AI211)","v":"Michel"},{"$f":"IF(Base!AW211=0,Base!AY211&\" \"&Base!AZ211,Base!AK211&\" \"&Base!AL211)","v":"Route de Loye 7"},{"$f":"IF(IF(Base!AW211=0,Base!BA211,Base!AM211)=0,\"\",IF(Base!AW211=0,Base!BA211,Base!AM211))","v":""},{"$f":"IF(Base!AW211=0,Base!BB211,Base!AN211)","v":3979},{"$f":"IF(Base!AW211=0,Base!BC211,Base!AO211)","v":"Grône"},null,null,null,null,null,null,null,null,null,null,null,null,{"$f":"Base!AJ211","v":"1944-08-02"},{"$f":"IF(FO213=\"Établissement\",\"\",IF(Base!AG211=\"Masculin\",\"Monsieur\",IF(Base!AG211=\"Féminin\",\"Madame\",\"\")))","v":"Monsieur"},{"$f":"IF(FP213=FALSE,CONCATENATE(IF(Base!AV211=\"Masculin\",\"Monsieur\",IF(Base!AV211=\"Féminin\",\"Madame\",\"\")),\"#chr(13)##chr(10)#\",Base!AW211,\" \",Base!AX211, \"#chr(13)##chr(10)#\",Base!AY211,\" \",Base!AZ211, \"#chr(13)##chr(10)#\",Base!BA211, \"#chr(13)##chr(10)#\",Base!BB211,\" \",Base!BC211),\"\")","v":"Madame#chr(13)##chr(10)#Petitjean Solange#chr(13)##chr(10)#Route de Loye 7#chr(13)##chr(10)##chr(13)##chr(10)#3979 Grône"},null,"Monsieur",null,{"$f":"IF(AND(Base!AT211<200,Base!AT211>99),1,0)","v":0},null,0,{"$f":"Base!BG211","v":"CLN.9411"},{"$f":"Base!BH211& \"#chr(13)##chr(10)#\" &Base!BI211","v":"Personnel soignant reconnu (par personne et par quart d'heure entamé)#chr(13)##chr(10)#2 collaborateur(s) x 9 quarts d’heure"},null,{"$f":"Base!BJ211","v":18},{"$f":"Base!BK211","v":35},{"$f":"IF(Base!BL211=\"\",\"\",Base!BL211)","v":"¼ d'heure"},null,{"$f":"Base!BM211","v":630},null,null,{"$f":"IF(Base!H211=\"Uvrier\",3018,VLOOKUP(FQ213,$GV$2:$GX$7,FM213+1,0))","v":3018},0,0,null,0,null,null,null,null,null,"Libre","BS - 281",null,"BU - 73 - aff",0,null,null,null,null,null,null,null,null,null,null,null,null,null,null,null,null,null,null,null,null,null,null,null,null,null,null,null,null,null,null,null,null,null,{"$f":"Base!AH211&\", \"&Base!AI211","v":"Petitjean, Michel"},{"$f":"Base!AN211&\" \"&Base!AO211&\", \"&Base!AK211&\" \"&Base!AL211","v":"3979 Grône, Route de Loye 7"},{"$f":"CONCATENATE(TEXT(DATE(YEAR(Base!AJ211),MONTH(Base!AJ211),DAY(Base!AJ211)),\"jj.mm.aaaa\"),\", \",FN213,IF(Base!D211=\"\",\"\",\" - \"),Base!D211)","v":"02.08.1944, 756.2319.5330.28"},{"$f":"Base!AR211","v":"CSS Kranken- Versicherung AG"},{"$f":"LEFT(Base!J211,10)","v":"2022-02-07"},{"$f":"CONCATENATE(Base!L211,IF(Base!L211=0,\"\",\", \"),Base!M211,\" \",Base!N211,\", \",Base!P211,\" \",Base!Q211)","v":"Clinique Saint-Amé, Vers Saint-Amé 10, 1890 St-Maurice"},{"$f":"CONCATENATE(Base!V211,\", \",Base!Z211,\" \",Base!AA211,\", \",Base!W211,\" \",Base!X211)","v":"Foyer St-Joseph, 3960 Sierre, Montée du Château 23"},null,{"$f":"CONCATENATE(RIGHT(LEFT(Base!J211,16),5),\" - \",RIGHT(LEFT(Base!K211,16),5))","v":"10:16 - 12:31"},{"$f":"Base!AF211&\" - \"&Base!I211","v":"Maladie - S3"},null,null,null,null,null,null,null,null,null,null,null,null,null,null,null,null,null,null,{"$f":"Base!H211","v":"Uvrier"},2,null,null,null,null,null,null,null,null,null,2,null,null,null,null,null,null,null,null,null,null,null,null,null,null,null,null,null,null,null,null,null,{"$f":"IF(Base!U211=\"Privée\",2,1)","v":2},{"$f":"IF(OR(LEFT(Base!AS211,1)=\"1\",LEFT(Base!AS211)=\"2\"),RIGHT(Base!AS211,LEN(Base!AS211)-1),Base!AS211)","v":"756.2319.5330.28"},{"$f":"Base!AU211","v":"Personne"},{"$f":"OR(CONCATENATE(Base!AW211,Base!AX211)=CONCATENATE(Base!AH211,Base!AI211),FO213=\"Établissement\")","v":false},{"$f":"Base!I211","v":"S3"}]
[{"$f":"Base!A212","v":4400},{"$f":"20","v":20},{"$f":"Base!B212","v":"2022-02-11"},null,{"$f":"Base!AE212","v":"VS22003902"},null,null,null,null,null,"<AUTO>",null,null,null,null,"URL (Libre)",null,null,{"$f":"Base!E212&\" - \"&Base!H212&\" - \"&Base!D212","v":"17314 - Uvrier - 2084128/42"},{"$f":"IF(AND(Base!AT212<1000,Base!AT212>99),Base!AT212,IF(FO214=\"Établissement\",VALUE(CONCATENATE(LEN(SUBSTITUTE(V214,\" \",\"\")),LEN(V214),AA214,COLUMN(INDIRECT(LEFT(V214,1)&1)),LEN(SUBSTITUTE(V214,\"-\",\"\")))),IF(FN214=\"\",VALUE(CONCATENATE(COLUMN(INDIRECT(LEFT(W214,1)&1)),COLUMN(INDIRECT(LEFT(X214,1)&1)),AO214,CODE(AA214))),VALUE(SUBSTITUTE(SUBSTITUTE(SUBSTITUTE(FN214,\".\",\"\"),\" \",\"\"),\"-\",\"\")))))","v":101},null,{"$f":"SUBSTITUTE(IF(Base!BF212=0,\"\",Base!BF212),\" (facturation)\",\"\")","v":"Hôpital du Valais - Direction des Finances/Service des fournisseurs"},{"$f":"IF(Base!AW212=0,\"\",Base!AH212)","v":""},{"$f":"IF(Base!AX212=0,\"\",Base!AI212)","v":""},{"$f":"IF(Base!AW212=0,Base!AY212&\" \"&Base!AZ212,Base!AK212&\" \"&Base!AL212)","v":"Avenue Grand-Champsec 86"},{"$f":"IF(IF(Base!AW212=0,Base!BA212,Base!AM212)=0,\"\",IF(Base!AW212=0,Base!BA212,Base!AM212))","v":"Case postale 696"},{"$f":"IF(Base!AW212=0,Base!BB212,Base!AN212)","v":1951},{"$f":"IF(Base!AW212=0,Base!BC212,Base!AO212)","v":"Sion"},null,null,null,null,null,null,null,null,null,null,null,null,{"$f":"Base!AJ212","v":"1932-11-04"},{"$f":"IF(FO214=\"Établissement\",\"\",IF(Base!AG212=\"Masculin\",\"Monsieur\",IF(Base!AG212=\"Féminin\",\"Madame\",\"\")))","v":""},{"$f":"IF(FP214=FALSE,CONCATENATE(IF(Base!AV212=\"Masculin\",\"Monsieur\",IF(Base!AV212=\"Féminin\",\"Madame\",\"\")),\"#chr(13)##chr(10)#\",Base!AW212,\" \",Base!AX212, \"#chr(13)##chr(10)#\",Base!AY212,\" \",Base!AZ212, \"#chr(13)##chr(10)#\",Base!BA212, \"#chr(13)##chr(10)#\",Base!BB212,\" \",Base!BC212),\"\")","v":""},null,"",null,{"$f":"IF(AND(Base!AT212<200,Base!AT212>99),1,0)","v":1},null,0,{"$f":"Base!BG212","v":"HVS.13J"},{"$f":"Base!BH212& \"#chr(13)##chr(10)#\" &Base!BI212","v":"Forfait S3 HVS Sion - HVS Martigny#chr(13)##chr(10)#Trajet simple journée (08h00-20h00)"},null,{"$f":"Base!BJ212","v":1},{"$f":"Base!BK212","v":440},{"$f":"IF(Base!BL212=\"\",\"\",Base!BL212)","v":""},null,{"$f":"Base!BM212","v":440},null,null,{"$f":"IF(Base!H212=\"Uvrier\",3018,VLOOKUP(FQ214,$GV$2:$GX$7,FM214+1,0))","v":3018},0,0,null,0,null,null,null,null,null,"Libre","BS - 282",null,"BU - 73 - aff",0,null,null,null,null,null,null,null,null,null,null,null,null,null,null,null,null,null,null,null,null,null,null,null,null,null,null,null,null,null,null,null,null,null,{"$f":"Base!AH212&\", \"&Base!AI212","v":"Solioz, Herbert"},{"$f":"Base!AN212&\" \"&Base!AO212&\", \"&Base!AK212&\" \"&Base!AL212","v":"3966 Chalais, Rue de la Laiterie 1"},{"$f":"CONCATENATE(TEXT(DATE(YEAR(Base!AJ212),MONTH(Base!AJ212),DAY(Base!AJ212)),\"jj.mm.aaaa\"),\", \",FN214,IF(Base!D212=\"\",\"\",\" - \"),Base!D212)","v":"04.11.1932, 756.5033.8690.60 - 2084128/42"},{"$f":"Base!AR212","v":"Helsana Assurances SA"},{"$f":"LEFT(Base!J212,10)","v":"2022-02-07"},{"$f":"CONCATENATE(Base!L212,IF(Base!L212=0,\"\",\", \"),Base!M212,\" \",Base!N212,\", \",Base!P212,\" \",Base!Q212)","v":"Hôpital de Sion, Avenue du Grand-Champsec 80, 1950 Sion"},{"$f":"CONCATENATE(Base!V212,\", \",Base!Z212,\" \",Base!AA212,\", \",Base!W212,\" \",Base!X212)","v":"Hôpital de Martigny, 1920 Martigny, Avenue de la Fusion 27"},null,{"$f":"CONCATENATE(RIGHT(LEFT(Base!J212,16),5),\" - \",RIGHT(LEFT(Base!K212,16),5))","v":"13:47 - 15:35"},{"$f":"Base!AF212&\" - \"&Base!I212","v":"Maladie - S3"},null,null,null,null,null,null,null,null,null,null,null,null,null,null,null,null,null,null,{"$f":"Base!H212","v":"Uvrier"},2,null,null,null,null,null,null,null,null,null,2,null,null,null,null,null,null,null,null,null,null,null,null,null,null,null,null,null,null,null,null,null,{"$f":"IF(Base!U212=\"Privée\",2,1)","v":2},{"$f":"IF(OR(LEFT(Base!AS212,1)=\"1\",LEFT(Base!AS212)=\"2\"),RIGHT(Base!AS212,LEN(Base!AS212)-1),Base!AS212)","v":"756.5033.8690.60"},{"$f":"Base!AU212","v":"Établissement"},{"$f":"OR(CONCATENATE(Base!AW212,Base!AX212)=CONCATENATE(Base!AH212,Base!AI212),FO214=\"Établissement\")","v":true},{"$f":"Base!I212","v":"S3"}]
[{"$f":"Base!A213","v":4401},{"$f":"20","v":20},{"$f":"Base!B213","v":"2022-02-11"},null,{"$f":"Base!AE213","v":"VS22003920"},null,null,null,null,null,"<AUTO>",null,null,null,null,"URL (Libre)",null,null,{"$f":"Base!E213&\" - \"&Base!H213&\" - \"&Base!D213","v":"17331 - Uvrier - 2267058/28"},{"$f":"IF(AND(Base!AT213<1000,Base!AT213>99),Base!AT213,IF(FO215=\"Établissement\",VALUE(CONCATENATE(LEN(SUBSTITUTE(V215,\" \",\"\")),LEN(V215),AA215,COLUMN(INDIRECT(LEFT(V215,1)&1)),LEN(SUBSTITUTE(V215,\"-\",\"\")))),IF(FN215=\"\",VALUE(CONCATENATE(COLUMN(INDIRECT(LEFT(W215,1)&1)),COLUMN(INDIRECT(LEFT(X215,1)&1)),AO215,CODE(AA215))),VALUE(SUBSTITUTE(SUBSTITUTE(SUBSTITUTE(FN215,\".\",\"\"),\" \",\"\"),\"-\",\"\")))))","v":101},null,{"$f":"SUBSTITUTE(IF(Base!BF213=0,\"\",Base!BF213),\" (facturation)\",\"\")","v":"Hôpital du Valais - Direction des Finances/Service des fournisseurs"},{"$f":"IF(Base!AW213=0,\"\",Base!AH213)","v":""},{"$f":"IF(Base!AX213=0,\"\",Base!AI213)","v":""},{"$f":"IF(Base!AW213=0,Base!AY213&\" \"&Base!AZ213,Base!AK213&\" \"&Base!AL213)","v":"Avenue Grand-Champsec 86"},{"$f":"IF(IF(Base!AW213=0,Base!BA213,Base!AM213)=0,\"\",IF(Base!AW213=0,Base!BA213,Base!AM213))","v":"Case postale 696"},{"$f":"IF(Base!AW213=0,Base!BB213,Base!AN213)","v":1951},{"$f":"IF(Base!AW213=0,Base!BC213,Base!AO213)","v":"Sion"},null,null,null,null,null,null,null,null,null,null,null,null,{"$f":"Base!AJ213","v":"1958-03-09"},{"$f":"IF(FO215=\"Établissement\",\"\",IF(Base!AG213=\"Masculin\",\"Monsieur\",IF(Base!AG213=\"Féminin\",\"Madame\",\"\")))","v":""},{"$f":"IF(FP215=FALSE,CONCATENATE(IF(Base!AV213=\"Masculin\",\"Monsieur\",IF(Base!AV213=\"Féminin\",\"Madame\",\"\")),\"#chr(13)##chr(10)#\",Base!AW213,\" \",Base!AX213, \"#chr(13)##chr(10)#\",Base!AY213,\" \",Base!AZ213, \"#chr(13)##chr(10)#\",Base!BA213, \"#chr(13)##chr(10)#\",Base!BB213,\" \",Base!BC213),\"\")","v":""},null,"",null,{"$f":"IF(AND(Base!AT213<200,Base!AT213>99),1,0)","v":1},null,0,{"$f":"Base!BG213","v":"HVS.12J"},{"$f":"Base!BH213& \"#chr(13)##chr(10)#\" &Base!BI213","v":"Forfait S3 HVS Sion - HVS Sierre#chr(13)##chr(10)#Trajet simple journée (08h00-20h00)"},null,{"$f":"Base!BJ213","v":1},{"$f":"Base!BK213","v":350},{"$f":"IF(Base!BL213=\"\",\"\",Base!BL213)","v":""},null,{"$f":"Base!BM213","v":350},null,null,{"$f":"IF(Base!H213=\"Uvrier\",3018,VLOOKUP(FQ215,$GV$2:$GX$7,FM215+1,0))","v":3018},0,0,null,0,null,null,null,null,null,"Libre","BS - 283",null,"BU - 73 - aff",0,null,null,null,null,null,null,null,null,null,null,null,null,null,null,null,null,null,null,null,null,null,null,null,null,null,null,null,null,null,null,null,null,null,{"$f":"Base!AH213&\", \"&Base!AI213","v":"Dos Reis Rime, Eliane"},{"$f":"Base!AN213&\" \"&Base!AO213&\", \"&Base!AK213&\" \"&Base!AL213","v":"1913 Saillon, Rue du Bourg 9"},{"$f":"CONCATENATE(TEXT(DATE(YEAR(Base!AJ213),MONTH(Base!AJ213),DAY(Base!AJ213)),\"jj.mm.aaaa\"),\", \",FN215,IF(Base!D213=\"\",\"\",\" - \"),Base!D213)","v":"09.03.1958, 756.2371.1559.61 - 2267058/28"},{"$f":"Base!AR213","v":"Assura-Basis SA"},{"$f":"LEFT(Base!J213,10)","v":"2022-02-07"},{"$f":"CONCATENATE(Base!L213,IF(Base!L213=0,\"\",\", \"),Base!M213,\" \",Base!N213,\", \",Base!P213,\" \",Base!Q213)","v":"Hôpital de Sion, Avenue du Grand-Champsec 80, 1950 Sion"},{"$f":"CONCATENATE(Base!V213,\", \",Base!Z213,\" \",Base!AA213,\", \",Base!W213,\" \",Base!X213)","v":"Hôpital de Sierre, 3960 Sierre, Rue Saint-Charles 14"},null,{"$f":"CONCATENATE(RIGHT(LEFT(Base!J213,16),5),\" - \",RIGHT(LEFT(Base!K213,16),5))","v":"16:17 - 17:35"},{"$f":"Base!AF213&\" - \"&Base!I213","v":"Maladie - S3"},null,null,null,null,null,null,null,null,null,null,null,null,null,null,null,null,null,null,{"$f":"Base!H213","v":"Uvrier"},2,null,null,null,null,null,null,null,null,null,2,null,null,null,null,null,null,null,null,null,null,null,null,null,null,null,null,null,null,null,null,null,{"$f":"IF(Base!U213=\"Privée\",2,1)","v":2},{"$f":"IF(OR(LEFT(Base!AS213,1)=\"1\",LEFT(Base!AS213)=\"2\"),RIGHT(Base!AS213,LEN(Base!AS213)-1),Base!AS213)","v":"756.2371.1559.61"},{"$f":"Base!AU213","v":"Établissement"},{"$f":"OR(CONCATENATE(Base!AW213,Base!AX213)=CONCATENATE(Base!AH213,Base!AI213),FO215=\"Établissement\")","v":true},{"$f":"Base!I213","v":"S3"}]
[{"$f":"Base!A214","v":4402},{"$f":"20","v":20},{"$f":"Base!B214","v":"2022-02-11"},null,{"$f":"Base!AE214","v":"VS22003942"},null,null,null,null,null,"<AUTO>",null,null,null,null,"URL (Libre)",null,null,{"$f":"Base!E214&\" - \"&Base!H214&\" - \"&Base!D214","v":"17350 - Uvrier - 2058741/24"},{"$f":"IF(AND(Base!AT214<1000,Base!AT214>99),Base!AT214,IF(FO216=\"Établissement\",VALUE(CONCATENATE(LEN(SUBSTITUTE(V216,\" \",\"\")),LEN(V216),AA216,COLUMN(INDIRECT(LEFT(V216,1)&1)),LEN(SUBSTITUTE(V216,\"-\",\"\")))),IF(FN216=\"\",VALUE(CONCATENATE(COLUMN(INDIRECT(LEFT(W216,1)&1)),COLUMN(INDIRECT(LEFT(X216,1)&1)),AO216,CODE(AA216))),VALUE(SUBSTITUTE(SUBSTITUTE(SUBSTITUTE(FN216,\".\",\"\"),\" \",\"\"),\"-\",\"\")))))","v":101},null,{"$f":"SUBSTITUTE(IF(Base!BF214=0,\"\",Base!BF214),\" (facturation)\",\"\")","v":"Hôpital du Valais - Direction des Finances/Service des fournisseurs"},{"$f":"IF(Base!AW214=0,\"\",Base!AH214)","v":""},{"$f":"IF(Base!AX214=0,\"\",Base!AI214)","v":""},{"$f":"IF(Base!AW214=0,Base!AY214&\" \"&Base!AZ214,Base!AK214&\" \"&Base!AL214)","v":"Avenue Grand-Champsec 86"},{"$f":"IF(IF(Base!AW214=0,Base!BA214,Base!AM214)=0,\"\",IF(Base!AW214=0,Base!BA214,Base!AM214))","v":"Case postale 696"},{"$f":"IF(Base!AW214=0,Base!BB214,Base!AN214)","v":1951},{"$f":"IF(Base!AW214=0,Base!BC214,Base!AO214)","v":"Sion"},null,null,null,null,null,null,null,null,null,null,null,null,{"$f":"Base!AJ214","v":"2000-07-31"},{"$f":"IF(FO216=\"Établissement\",\"\",IF(Base!AG214=\"Masculin\",\"Monsieur\",IF(Base!AG214=\"Féminin\",\"Madame\",\"\")))","v":""},{"$f":"IF(FP216=FALSE,CONCATENATE(IF(Base!AV214=\"Masculin\",\"Monsieur\",IF(Base!AV214=\"Féminin\",\"Madame\",\"\")),\"#chr(13)##chr(10)#\",Base!AW214,\" \",Base!AX214, \"#chr(13)##chr(10)#\",Base!AY214,\" \",Base!AZ214, \"#chr(13)##chr(10)#\",Base!BA214, \"#chr(13)##chr(10)#\",Base!BB214,\" \",Base!BC214),\"\")","v":""},null,"",null,{"$f":"IF(AND(Base!AT214<200,Base!AT214>99),1,0)","v":1},null,0,{"$f":"Base!BG214","v":"HVS.17J"},{"$f":"Base!BH214& \"#chr(13)##chr(10)#\" &Base!BI214","v":"Forfait S3 HVS Sion - Malévoz#chr(13)##chr(10)#Trajet simple journée (08h00-20h00)"},null,{"$f":"Base!BJ214","v":1},{"$f":"Base!BK214","v":686},{"$f":"IF(Base!BL214=\"\",\"\",Base!BL214)","v":""},null,{"$f":"Base!BM214","v":686},null,null,{"$f":"IF(Base!H214=\"Uvrier\",3018,VLOOKUP(FQ216,$GV$2:$GX$7,FM216+1,0))","v":3018},0,0,null,0,null,null,null,null,null,"Libre","BS - 284",null,"BU - 73 - aff",0,null,null,null,null,null,null,null,null,null,null,null,null,null,null,null,null,null,null,null,null,null,null,null,null,null,null,null,null,null,null,null,null,null,{"$f":"Base!AH214&\", \"&Base!AI214","v":"Zufferey, Albert"},{"$f":"Base!AN214&\" \"&Base!AO214&\", \"&Base!AK214&\" \"&Base!AL214","v":"3971 Chermignon, Route Cantonale 80"},{"$f":"CONCATENATE(TEXT(DATE(YEAR(Base!AJ214),MONTH(Base!AJ214),DAY(Base!AJ214)),\"jj.mm.aaaa\"),\", \",FN216,IF(Base!D214=\"\",\"\",\" - \"),Base!D214)","v":"31.07.2000, 756.0391.7227.50 - 2058741/24"},{"$f":"Base!AR214","v":"Easy Sana Assurance Maladie SA"},{"$f":"LEFT(Base!J214,10)","v":"2022-02-07"},{"$f":"CONCATENATE(Base!L214,IF(Base!L214=0,\"\",\", \"),Base!M214,\" \",Base!N214,\", \",Base!P214,\" \",Base!Q214)","v":"Hôpital de Sion, Avenue du Grand-Champsec 80, 1950 Sion"},{"$f":"CONCATENATE(Base!V214,\", \",Base!Z214,\" \",Base!AA214,\", \",Base!W214,\" \",Base!X214)","v":"Hôpital de Malévoz, 1870 Monthey, Route de Morgins 10"},null,{"$f":"CONCATENATE(RIGHT(LEFT(Base!J214,16),5),\" - \",RIGHT(LEFT(Base!K214,16),5))","v":"19:54 - 21:59"},{"$f":"Base!AF214&\" - \"&Base!I214","v":"Maladie - S3"},null,null,null,null,null,null,null,null,null,null,null,null,null,null,null,null,null,null,{"$f":"Base!H214","v":"Uvrier"},2,null,null,null,null,null,null,null,null,null,2,null,null,null,null,null,null,null,null,null,null,null,null,null,null,null,null,null,null,null,null,null,{"$f":"IF(Base!U214=\"Privée\",2,1)","v":2},{"$f":"IF(OR(LEFT(Base!AS214,1)=\"1\",LEFT(Base!AS214)=\"2\"),RIGHT(Base!AS214,LEN(Base!AS214)-1),Base!AS214)","v":"756.0391.7227.50"},{"$f":"Base!AU214","v":"Établissement"},{"$f":"OR(CONCATENATE(Base!AW214,Base!AX214)=CONCATENATE(Base!AH214,Base!AI214),FO216=\"Établissement\")","v":true},{"$f":"Base!I214","v":"S3"}]
[{"$f":"Base!A215","v":4408},{"$f":"20","v":20},{"$f":"Base!B215","v":"2022-02-11"},null,{"$f":"Base!AE215","v":"VS22003654"},null,null,null,null,null,"<AUTO>",null,null,null,null,"URL (Libre)",null,null,{"$f":"Base!E215&\" - \"&Base!H215&\" - \"&Base!D215","v":"17084 - Uvrier - "},{"$f":"IF(AND(Base!AT215<1000,Base!AT215>99),Base!AT215,IF(FO217=\"Établissement\",VALUE(CONCATENATE(LEN(SUBSTITUTE(V217,\" \",\"\")),LEN(V217),AA217,COLUMN(INDIRECT(LEFT(V217,1)&1)),LEN(SUBSTITUTE(V217,\"-\",\"\")))),IF(FN217=\"\",VALUE(CONCATENATE(COLUMN(INDIRECT(LEFT(W217,1)&1)),COLUMN(INDIRECT(LEFT(X217,1)&1)),AO217,CODE(AA217))),VALUE(SUBSTITUTE(SUBSTITUTE(SUBSTITUTE(FN217,\".\",\"\"),\" \",\"\"),\"-\",\"\")))))","v":7560969057857},null,{"$f":"SUBSTITUTE(IF(Base!BF215=0,\"\",Base!BF215),\" (facturation)\",\"\")","v":""},{"$f":"IF(Base!AW215=0,\"\",Base!AH215)","v":"Perret-Gentil"},{"$f":"IF(Base!AX215=0,\"\",Base!AI215)","v":"Marianne"},{"$f":"IF(Base!AW215=0,Base!AY215&\" \"&Base!AZ215,Base!AK215&\" \"&Base!AL215)","v":"Place Sous l'Eglise 3"},{"$f":"IF(IF(Base!AW215=0,Base!BA215,Base!AM215)=0,\"\",IF(Base!AW215=0,Base!BA215,Base!AM215))","v":"Home Résidence la Charmaie"},{"$f":"IF(Base!AW215=0,Base!BB215,Base!AN215)","v":1893},{"$f":"IF(Base!AW215=0,Base!BC215,Base!AO215)","v":"Muraz (Collombey)"},null,null,null,null,null,null,null,null,null,null,null,null,{"$f":"Base!AJ215","v":"1924-06-06"},{"$f":"IF(FO217=\"Établissement\",\"\",IF(Base!AG215=\"Masculin\",\"Monsieur\",IF(Base!AG215=\"Féminin\",\"Madame\",\"\")))","v":"Madame"},{"$f":"IF(FP217=FALSE,CONCATENATE(IF(Base!AV215=\"Masculin\",\"Monsieur\",IF(Base!AV215=\"Féminin\",\"Madame\",\"\")),\"#chr(13)##chr(10)#\",Base!AW215,\" \",Base!AX215, \"#chr(13)##chr(10)#\",Base!AY215,\" \",Base!AZ215, \"#chr(13)##chr(10)#\",Base!BA215, \"#chr(13)##chr(10)#\",Base!BB215,\" \",Base!BC215),\"\")","v":""},null,"Madame",null,{"$f":"IF(AND(Base!AT215<200,Base!AT215>99),1,0)","v":0},null,0,{"$f":"Base!BG215","v":47073},{"$f":"Base!BH215& \"#chr(13)##chr(10)#\" &Base!BI215","v":"Intervention programmée#chr(13)##chr(10)#Taxe de base pour 1h de service et 30 km roulés "},null,{"$f":"Base!BJ215","v":1},{"$f":"Base!BK215","v":412},{"$f":"IF(Base!BL215=\"\",\"\",Base!BL215)","v":""},null,{"$f":"Base!BM215","v":412},null,null,{"$f":"IF(Base!H215=\"Uvrier\",3018,VLOOKUP(FQ217,$GV$2:$GX$7,FM217+1,0))","v":3018},0,0,null,0,null,null,null,null,null,"Libre","BS - 285",null,"BU - 73 - aff",0,null,null,null,null,null,null,null,null,null,null,null,null,null,null,null,null,null,null,null,null,null,null,null,null,null,null,null,null,null,null,null,null,null,{"$f":"Base!AH215&\", \"&Base!AI215","v":"Perret-Gentil, Marianne"},{"$f":"Base!AN215&\" \"&Base!AO215&\", \"&Base!AK215&\" \"&Base!AL215","v":"1893 Muraz (Collombey), Place Sous l'Eglise 3"},{"$f":"CONCATENATE(TEXT(DATE(YEAR(Base!AJ215),MONTH(Base!AJ215),DAY(Base!AJ215)),\"jj.mm.aaaa\"),\", \",FN217,IF(Base!D215=\"\",\"\",\" - \"),Base!D215)","v":"06.06.1924, 756.0969.0578.57"},{"$f":"Base!AR215","v":"CSS Kranken- Versicherung AG"},{"$f":"LEFT(Base!J215,10)","v":"2022-02-05"},{"$f":"CONCATENATE(Base!L215,IF(Base!L215=0,\"\",\", \"),Base!M215,\" \",Base!N215,\", \",Base!P215,\" \",Base!Q215)","v":"Hôpital Riviera-Chablais (HRC), Route du Vieux-Séquoia 20, 1847 Rennaz"},{"$f":"CONCATENATE(Base!V215,\", \",Base!Z215,\" \",Base!AA215,\", \",Base!W215,\" \",Base!X215)","v":"Résidence La Charmaie, 1893 Muraz (Collombey), Place Sous l'Eglise 3"},null,{"$f":"CONCATENATE(RIGHT(LEFT(Base!J215,16),5),\" - \",RIGHT(LEFT(Base!K215,16),5))","v":"01:08 - 02:10"},{"$f":"Base!AF215&\" - \"&Base!I215","v":"Maladie - S3"},null,null,null,null,null,null,null,null,null,null,null,null,null,null,null,null,null,null,{"$f":"Base!H215","v":"Uvrier"},2,null,null,null,null,null,null,null,null,null,2,null,null,null,null,null,null,null,null,null,null,null,null,null,null,null,null,null,null,null,null,null,{"$f":"IF(Base!U215=\"Privée\",2,1)","v":2},{"$f":"IF(OR(LEFT(Base!AS215,1)=\"1\",LEFT(Base!AS215)=\"2\"),RIGHT(Base!AS215,LEN(Base!AS215)-1),Base!AS215)","v":"756.0969.0578.57"},{"$f":"Base!AU215","v":"Personne"},{"$f":"OR(CONCATENATE(Base!AW215,Base!AX215)=CONCATENATE(Base!AH215,Base!AI215),FO217=\"Établissement\")","v":true},{"$f":"Base!I215","v":"S3"}]
[{"$f":"Base!A216","v":4408},{"$f":"20","v":20},{"$f":"Base!B216","v":"2022-02-11"},null,{"$f":"Base!AE216","v":"VS22003654"},null,null,null,null,null,"<AUTO>",null,null,null,null,"URL (Libre)",null,null,{"$f":"Base!E216&\" - \"&Base!H216&\" - \"&Base!D216","v":"17084 - Uvrier - "},{"$f":"IF(AND(Base!AT216<1000,Base!AT216>99),Base!AT216,IF(FO218=\"Établissement\",VALUE(CONCATENATE(LEN(SUBSTITUTE(V218,\" \",\"\")),LEN(V218),AA218,COLUMN(INDIRECT(LEFT(V218,1)&1)),LEN(SUBSTITUTE(V218,\"-\",\"\")))),IF(FN218=\"\",VALUE(CONCATENATE(COLUMN(INDIRECT(LEFT(W218,1)&1)),COLUMN(INDIRECT(LEFT(X218,1)&1)),AO218,CODE(AA218))),VALUE(SUBSTITUTE(SUBSTITUTE(SUBSTITUTE(FN218,\".\",\"\"),\" \",\"\"),\"-\",\"\")))))","v":7560969057857},null,{"$f":"SUBSTITUTE(IF(Base!BF216=0,\"\",Base!BF216),\" (facturation)\",\"\")","v":""},{"$f":"IF(Base!AW216=0,\"\",Base!AH216)","v":"Perret-Gentil"},{"$f":"IF(Base!AX216=0,\"\",Base!AI216)","v":"Marianne"},{"$f":"IF(Base!AW216=0,Base!AY216&\" \"&Base!AZ216,Base!AK216&\" \"&Base!AL216)","v":"Place Sous l'Eglise 3"},{"$f":"IF(IF(Base!AW216=0,Base!BA216,Base!AM216)=0,\"\",IF(Base!AW216=0,Base!BA216,Base!AM216))","v":"Home Résidence la Charmaie"},{"$f":"IF(Base!AW216=0,Base!BB216,Base!AN216)","v":1893},{"$f":"IF(Base!AW216=0,Base!BC216,Base!AO216)","v":"Muraz (Collombey)"},null,null,null,null,null,null,null,null,null,null,null,null,{"$f":"Base!AJ216","v":"1924-06-06"},{"$f":"IF(FO218=\"Établissement\",\"\",IF(Base!AG216=\"Masculin\",\"Monsieur\",IF(Base!AG216=\"Féminin\",\"Madame\",\"\")))","v":"Madame"},{"$f":"IF(FP218=FALSE,CONCATENATE(IF(Base!AV216=\"Masculin\",\"Monsieur\",IF(Base!AV216=\"Féminin\",\"Madame\",\"\")),\"#chr(13)##chr(10)#\",Base!AW216,\" \",Base!AX216, \"#chr(13)##chr(10)#\",Base!AY216,\" \",Base!AZ216, \"#chr(13)##chr(10)#\",Base!BA216, \"#chr(13)##chr(10)#\",Base!BB216,\" \",Base!BC216),\"\")","v":""},null,"Madame",null,{"$f":"IF(AND(Base!AT216<200,Base!AT216>99),1,0)","v":0},null,0,{"$f":"Base!BG216","v":47075},{"$f":"Base!BH216& \"#chr(13)##chr(10)#\" &Base!BI216","v":"Indemnisation kilométrique#chr(13)##chr(10)#5 km suppl. à CHF 4.80/km"},null,{"$f":"Base!BJ216","v":5},{"$f":"Base!BK216","v":4.8},{"$f":"IF(Base!BL216=\"\",\"\",Base!BL216)","v":"km"},null,{"$f":"Base!BM216","v":24},null,null,{"$f":"IF(Base!H216=\"Uvrier\",3018,VLOOKUP(FQ218,$GV$2:$GX$7,FM218+1,0))","v":3018},0,0,null,0,null,null,null,null,null,"Libre","BS - 286",null,"BU - 73 - aff",0,null,null,null,null,null,null,null,null,null,null,null,null,null,null,null,null,null,null,null,null,null,null,null,null,null,null,null,null,null,null,null,null,null,{"$f":"Base!AH216&\", \"&Base!AI216","v":"Perret-Gentil, Marianne"},{"$f":"Base!AN216&\" \"&Base!AO216&\", \"&Base!AK216&\" \"&Base!AL216","v":"1893 Muraz (Collombey), Place Sous l'Eglise 3"},{"$f":"CONCATENATE(TEXT(DATE(YEAR(Base!AJ216),MONTH(Base!AJ216),DAY(Base!AJ216)),\"jj.mm.aaaa\"),\", \",FN218,IF(Base!D216=\"\",\"\",\" - \"),Base!D216)","v":"06.06.1924, 756.0969.0578.57"},{"$f":"Base!AR216","v":"CSS Kranken- Versicherung AG"},{"$f":"LEFT(Base!J216,10)","v":"2022-02-05"},{"$f":"CONCATENATE(Base!L216,IF(Base!L216=0,\"\",\", \"),Base!M216,\" \",Base!N216,\", \",Base!P216,\" \",Base!Q216)","v":"Hôpital Riviera-Chablais (HRC), Route du Vieux-Séquoia 20, 1847 Rennaz"},{"$f":"CONCATENATE(Base!V216,\", \",Base!Z216,\" \",Base!AA216,\", \",Base!W216,\" \",Base!X216)","v":"Résidence La Charmaie, 1893 Muraz (Collombey), Place Sous l'Eglise 3"},null,{"$f":"CONCATENATE(RIGHT(LEFT(Base!J216,16),5),\" - \",RIGHT(LEFT(Base!K216,16),5))","v":"01:08 - 02:10"},{"$f":"Base!AF216&\" - \"&Base!I216","v":"Maladie - S3"},null,null,null,null,null,null,null,null,null,null,null,null,null,null,null,null,null,null,{"$f":"Base!H216","v":"Uvrier"},2,null,null,null,null,null,null,null,null,null,2,null,null,null,null,null,null,null,null,null,null,null,null,null,null,null,null,null,null,null,null,null,{"$f":"IF(Base!U216=\"Privée\",2,1)","v":2},{"$f":"IF(OR(LEFT(Base!AS216,1)=\"1\",LEFT(Base!AS216)=\"2\"),RIGHT(Base!AS216,LEN(Base!AS216)-1),Base!AS216)","v":"756.0969.0578.57"},{"$f":"Base!AU216","v":"Personne"},{"$f":"OR(CONCATENATE(Base!AW216,Base!AX216)=CONCATENATE(Base!AH216,Base!AI216),FO218=\"Établissement\")","v":true},{"$f":"Base!I216","v":"S3"}]
[{"$f":"Base!A217","v":4420},{"$f":"20","v":20},{"$f":"Base!B217","v":"2022-02-11"},null,{"$f":"Base!AE217","v":"VS22003786"},null,null,null,null,null,"<AUTO>",null,null,null,null,"URL (Libre)",null,null,{"$f":"Base!E217&\" - \"&Base!H217&\" - \"&Base!D217","v":"17204 - Uvrier - 2830534/1"},{"$f":"IF(AND(Base!AT217<1000,Base!AT217>99),Base!AT217,IF(FO219=\"Établissement\",VALUE(CONCATENATE(LEN(SUBSTITUTE(V219,\" \",\"\")),LEN(V219),AA219,COLUMN(INDIRECT(LEFT(V219,1)&1)),LEN(SUBSTITUTE(V219,\"-\",\"\")))),IF(FN219=\"\",VALUE(CONCATENATE(COLUMN(INDIRECT(LEFT(W219,1)&1)),COLUMN(INDIRECT(LEFT(X219,1)&1)),AO219,CODE(AA219))),VALUE(SUBSTITUTE(SUBSTITUTE(SUBSTITUTE(FN219,\".\",\"\"),\" \",\"\"),\"-\",\"\")))))","v":101},null,{"$f":"SUBSTITUTE(IF(Base!BF217=0,\"\",Base!BF217),\" (facturation)\",\"\")","v":"Hôpital du Valais - Direction des Finances/Service des fournisseurs"},{"$f":"IF(Base!AW217=0,\"\",Base!AH217)","v":""},{"$f":"IF(Base!AX217=0,\"\",Base!AI217)","v":""},{"$f":"IF(Base!AW217=0,Base!AY217&\" \"&Base!AZ217,Base!AK217&\" \"&Base!AL217)","v":"Avenue Grand-Champsec 86"},{"$f":"IF(IF(Base!AW217=0,Base!BA217,Base!AM217)=0,\"\",IF(Base!AW217=0,Base!BA217,Base!AM217))","v":"Case postale 696"},{"$f":"IF(Base!AW217=0,Base!BB217,Base!AN217)","v":1951},{"$f":"IF(Base!AW217=0,Base!BC217,Base!AO217)","v":"Sion"},null,null,null,null,null,null,null,null,null,null,null,null,{"$f":"Base!AJ217","v":"1994-04-05"},{"$f":"IF(FO219=\"Établissement\",\"\",IF(Base!AG217=\"Masculin\",\"Monsieur\",IF(Base!AG217=\"Féminin\",\"Madame\",\"\")))","v":""},{"$f":"IF(FP219=FALSE,CONCATENATE(IF(Base!AV217=\"Masculin\",\"Monsieur\",IF(Base!AV217=\"Féminin\",\"Madame\",\"\")),\"#chr(13)##chr(10)#\",Base!AW217,\" \",Base!AX217, \"#chr(13)##chr(10)#\",Base!AY217,\" \",Base!AZ217, \"#chr(13)##chr(10)#\",Base!BA217, \"#chr(13)##chr(10)#\",Base!BB217,\" \",Base!BC217),\"\")","v":""},null,"",null,{"$f":"IF(AND(Base!AT217<200,Base!AT217>99),1,0)","v":1},null,0,{"$f":"Base!BG217","v":"HVS.37N"},{"$f":"Base!BH217& \"#chr(13)##chr(10)#\" &Base!BI217","v":"Forfait S3 HVS Martigny - Malévoz#chr(13)##chr(10)#Trajet simple nuit (20h00-08h00) ou dimanches et jours fériés"},null,{"$f":"Base!BJ217","v":1},{"$f":"Base!BK217","v":525},{"$f":"IF(Base!BL217=\"\",\"\",Base!BL217)","v":""},null,{"$f":"Base!BM217","v":525},null,null,{"$f":"IF(Base!H217=\"Uvrier\",3018,VLOOKUP(FQ219,$GV$2:$GX$7,FM219+1,0))","v":3018},0,0,null,0,null,null,null,null,null,"Libre","BS - 287",null,"BU - 73 - aff",0,null,null,null,null,null,null,null,null,null,null,null,null,null,null,null,null,null,null,null,null,null,null,null,null,null,null,null,null,null,null,null,null,null,{"$f":"Base!AH217&\", \"&Base!AI217","v":"Firmenich, Adrien"},{"$f":"Base!AN217&\" \"&Base!AO217&\", \"&Base!AK217&\" \"&Base!AL217","v":"1936 Verbier, Route de la Marlène 74"},{"$f":"CONCATENATE(TEXT(DATE(YEAR(Base!AJ217),MONTH(Base!AJ217),DAY(Base!AJ217)),\"jj.mm.aaaa\"),\", \",FN219,IF(Base!D217=\"\",\"\",\" - \"),Base!D217)","v":"05.04.1994, 756.9528.0416.10 - 2830534/1"},{"$f":"Base!AR217","v":"Assura-Basis SA"},{"$f":"LEFT(Base!J217,10)","v":"2022-02-06"},{"$f":"CONCATENATE(Base!L217,IF(Base!L217=0,\"\",\", \"),Base!M217,\" \",Base!N217,\", \",Base!P217,\" \",Base!Q217)","v":"Hôpital de Martigny, Avenue de la Fusion 27, 1920 Martigny"},{"$f":"CONCATENATE(Base!V217,\", \",Base!Z217,\" \",Base!AA217,\", \",Base!W217,\" \",Base!X217)","v":"Hôpital de Malévoz, 1870 Monthey, Route de Morgins 10"},null,{"$f":"CONCATENATE(RIGHT(LEFT(Base!J217,16),5),\" - \",RIGHT(LEFT(Base!K217,16),5))","v":"10:23 - 12:19"},{"$f":"Base!AF217&\" - \"&Base!I217","v":"Maladie - S3"},null,null,null,null,null,null,null,null,null,null,null,null,null,null,null,null,null,null,{"$f":"Base!H217","v":"Uvrier"},2,null,null,null,null,null,null,null,null,null,2,null,null,null,null,null,null,null,null,null,null,null,null,null,null,null,null,null,null,null,null,null,{"$f":"IF(Base!U217=\"Privée\",2,1)","v":2},{"$f":"IF(OR(LEFT(Base!AS217,1)=\"1\",LEFT(Base!AS217)=\"2\"),RIGHT(Base!AS217,LEN(Base!AS217)-1),Base!AS217)","v":"756.9528.0416.10"},{"$f":"Base!AU217","v":"Établissement"},{"$f":"OR(CONCATENATE(Base!AW217,Base!AX217)=CONCATENATE(Base!AH217,Base!AI217),FO219=\"Établissement\")","v":true},{"$f":"Base!I217","v":"S3"}]
[{"$f":"Base!A218","v":4424},{"$f":"20","v":20},{"$f":"Base!B218","v":"2022-02-11"},null,{"$f":"Base!AE218","v":"VS22003971"},null,null,null,null,null,"<AUTO>",null,null,null,null,"URL (Libre)",null,null,{"$f":"Base!E218&\" - \"&Base!H218&\" - \"&Base!D218","v":"17375 - Uvrier - Intervention OCVS no 030987"},{"$f":"IF(AND(Base!AT218<1000,Base!AT218>99),Base!AT218,IF(FO220=\"Établissement\",VALUE(CONCATENATE(LEN(SUBSTITUTE(V220,\" \",\"\")),LEN(V220),AA220,COLUMN(INDIRECT(LEFT(V220,1)&1)),LEN(SUBSTITUTE(V220,\"-\",\"\")))),IF(FN220=\"\",VALUE(CONCATENATE(COLUMN(INDIRECT(LEFT(W220,1)&1)),COLUMN(INDIRECT(LEFT(X220,1)&1)),AO220,CODE(AA220))),VALUE(SUBSTITUTE(SUBSTITUTE(SUBSTITUTE(FN220,\".\",\"\"),\" \",\"\"),\"-\",\"\")))))","v":7567923000881},null,{"$f":"SUBSTITUTE(IF(Base!BF218=0,\"\",Base!BF218),\" (facturation)\",\"\")","v":""},{"$f":"IF(Base!AW218=0,\"\",Base!AH218)","v":"Cusin"},{"$f":"IF(Base!AX218=0,\"\",Base!AI218)","v":"Raymond"},{"$f":"IF(Base!AW218=0,Base!AY218&\" \"&Base!AZ218,Base!AK218&\" \"&Base!AL218)","v":"Rue de Mazerette 12"},{"$f":"IF(IF(Base!AW218=0,Base!BA218,Base!AM218)=0,\"\",IF(Base!AW218=0,Base!BA218,Base!AM218))","v":""},{"$f":"IF(Base!AW218=0,Base!BB218,Base!AN218)","v":1950},{"$f":"IF(Base!AW218=0,Base!BC218,Base!AO218)","v":"Sion"},null,null,null,null,null,null,null,null,null,null,null,null,{"$f":"Base!AJ218","v":"1932-02-03"},{"$f":"IF(FO220=\"Établissement\",\"\",IF(Base!AG218=\"Masculin\",\"Monsieur\",IF(Base!AG218=\"Féminin\",\"Madame\",\"\")))","v":"Monsieur"},{"$f":"IF(FP220=FALSE,CONCATENATE(IF(Base!AV218=\"Masculin\",\"Monsieur\",IF(Base!AV218=\"Féminin\",\"Madame\",\"\")),\"#chr(13)##chr(10)#\",Base!AW218,\" \",Base!AX218, \"#chr(13)##chr(10)#\",Base!AY218,\" \",Base!AZ218, \"#chr(13)##chr(10)#\",Base!BA218, \"#chr(13)##chr(10)#\",Base!BB218,\" \",Base!BC218),\"\")","v":""},null,"Monsieur",null,{"$f":"IF(AND(Base!AT218<200,Base!AT218>99),1,0)","v":0},null,0,{"$f":"Base!BG218","v":9403},{"$f":"Base!BH218& \"#chr(13)##chr(10)#\" &Base!BI218","v":"Taxe de base transport P3#chr(13)##chr(10)#"},null,{"$f":"Base!BJ218","v":1},{"$f":"Base!BK218","v":200},{"$f":"IF(Base!BL218=\"\",\"\",Base!BL218)","v":""},null,{"$f":"Base!BM218","v":200},null,null,{"$f":"IF(Base!H218=\"Uvrier\",3018,VLOOKUP(FQ220,$GV$2:$GX$7,FM220+1,0))","v":3018},0,0,null,0,null,null,null,null,null,"Libre","BS - 288",null,"BU - 73 - aff",0,null,null,null,null,null,null,null,null,null,null,null,null,null,null,null,null,null,null,null,null,null,null,null,null,null,null,null,null,null,null,null,null,null,{"$f":"Base!AH218&\", \"&Base!AI218","v":"Cusin, Raymond"},{"$f":"Base!AN218&\" \"&Base!AO218&\", \"&Base!AK218&\" \"&Base!AL218","v":"1950 Sion, Rue de Mazerette 12"},{"$f":"CONCATENATE(TEXT(DATE(YEAR(Base!AJ218),MONTH(Base!AJ218),DAY(Base!AJ218)),\"jj.mm.aaaa\"),\", \",FN220,IF(Base!D218=\"\",\"\",\" - \"),Base!D218)","v":"03.02.1932, 756.7923.0008.81 - Intervention OCVS no 030987"},{"$f":"Base!AR218","v":"SWICA Krankenversicherung"},{"$f":"LEFT(Base!J218,10)","v":"2022-02-08"},{"$f":"CONCATENATE(Base!L218,IF(Base!L218=0,\"\",\", \"),Base!M218,\" \",Base!N218,\", \",Base!P218,\" \",Base!Q218)","v":"Rue de Mazerette 12, 1950 Sion"},{"$f":"CONCATENATE(Base!V218,\", \",Base!Z218,\" \",Base!AA218,\", \",Base!W218,\" \",Base!X218)","v":"EMS Gravelone, 1950 Sion, Chemin de Gravelone 1"},null,{"$f":"CONCATENATE(RIGHT(LEFT(Base!J218,16),5),\" - \",RIGHT(LEFT(Base!K218,16),5))","v":"09:32 - 10:53"},{"$f":"Base!AF218&\" - \"&Base!I218","v":"Maladie - P3"},null,null,null,null,null,null,null,null,null,null,null,null,null,null,null,null,null,null,{"$f":"Base!H218","v":"Uvrier"},2,null,null,null,null,null,null,null,null,null,2,null,null,null,null,null,null,null,null,null,null,null,null,null,null,null,null,null,null,null,null,null,{"$f":"IF(Base!U218=\"Privée\",2,1)","v":2},{"$f":"IF(OR(LEFT(Base!AS218,1)=\"1\",LEFT(Base!AS218)=\"2\"),RIGHT(Base!AS218,LEN(Base!AS218)-1),Base!AS218)","v":"756.7923.0008.81"},{"$f":"Base!AU218","v":"Personne"},{"$f":"OR(CONCATENATE(Base!AW218,Base!AX218)=CONCATENATE(Base!AH218,Base!AI218),FO220=\"Établissement\")","v":true},{"$f":"Base!I218","v":"P3"}]
[{"$f":"Base!A219","v":4424},{"$f":"20","v":20},{"$f":"Base!B219","v":"2022-02-11"},null,{"$f":"Base!AE219","v":"VS22003971"},null,null,null,null,null,"<AUTO>",null,null,null,null,"URL (Libre)",null,null,{"$f":"Base!E219&\" - \"&Base!H219&\" - \"&Base!D219","v":"17375 - Uvrier - Intervention OCVS no 030987"},{"$f":"IF(AND(Base!AT219<1000,Base!AT219>99),Base!AT219,IF(FO221=\"Établissement\",VALUE(CONCATENATE(LEN(SUBSTITUTE(V221,\" \",\"\")),LEN(V221),AA221,COLUMN(INDIRECT(LEFT(V221,1)&1)),LEN(SUBSTITUTE(V221,\"-\",\"\")))),IF(FN221=\"\",VALUE(CONCATENATE(COLUMN(INDIRECT(LEFT(W221,1)&1)),COLUMN(INDIRECT(LEFT(X221,1)&1)),AO221,CODE(AA221))),VALUE(SUBSTITUTE(SUBSTITUTE(SUBSTITUTE(FN221,\".\",\"\"),\" \",\"\"),\"-\",\"\")))))","v":7567923000881},null,{"$f":"SUBSTITUTE(IF(Base!BF219=0,\"\",Base!BF219),\" (facturation)\",\"\")","v":""},{"$f":"IF(Base!AW219=0,\"\",Base!AH219)","v":"Cusin"},{"$f":"IF(Base!AX219=0,\"\",Base!AI219)","v":"Raymond"},{"$f":"IF(Base!AW219=0,Base!AY219&\" \"&Base!AZ219,Base!AK219&\" \"&Base!AL219)","v":"Rue de Mazerette 12"},{"$f":"IF(IF(Base!AW219=0,Base!BA219,Base!AM219)=0,\"\",IF(Base!AW219=0,Base!BA219,Base!AM219))","v":""},{"$f":"IF(Base!AW219=0,Base!BB219,Base!AN219)","v":1950},{"$f":"IF(Base!AW219=0,Base!BC219,Base!AO219)","v":"Sion"},null,null,null,null,null,null,null,null,null,null,null,null,{"$f":"Base!AJ219","v":"1932-02-03"},{"$f":"IF(FO221=\"Établissement\",\"\",IF(Base!AG219=\"Masculin\",\"Monsieur\",IF(Base!AG219=\"Féminin\",\"Madame\",\"\")))","v":"Monsieur"},{"$f":"IF(FP221=FALSE,CONCATENATE(IF(Base!AV219=\"Masculin\",\"Monsieur\",IF(Base!AV219=\"Féminin\",\"Madame\",\"\")),\"#chr(13)##chr(10)#\",Base!AW219,\" \",Base!AX219, \"#chr(13)##chr(10)#\",Base!AY219,\" \",Base!AZ219, \"#chr(13)##chr(10)#\",Base!BA219, \"#chr(13)##chr(10)#\",Base!BB219,\" \",Base!BC219),\"\")","v":""},null,"Monsieur",null,{"$f":"IF(AND(Base!AT219<200,Base!AT219>99),1,0)","v":0},null,0,{"$f":"Base!BG219","v":9404},{"$f":"Base!BH219& \"#chr(13)##chr(10)#\" &Base!BI219","v":"Indemnisation kilométrique#chr(13)##chr(10)#"},null,{"$f":"Base!BJ219","v":14},{"$f":"Base!BK219","v":4.5},{"$f":"IF(Base!BL219=\"\",\"\",Base!BL219)","v":"km"},null,{"$f":"Base!BM219","v":63},null,null,{"$f":"IF(Base!H219=\"Uvrier\",3018,VLOOKUP(FQ221,$GV$2:$GX$7,FM221+1,0))","v":3018},0,0,null,0,null,null,null,null,null,"Libre","BS - 289",null,"BU - 73 - aff",0,null,null,null,null,null,null,null,null,null,null,null,null,null,null,null,null,null,null,null,null,null,null,null,null,null,null,null,null,null,null,null,null,null,{"$f":"Base!AH219&\", \"&Base!AI219","v":"Cusin, Raymond"},{"$f":"Base!AN219&\" \"&Base!AO219&\", \"&Base!AK219&\" \"&Base!AL219","v":"1950 Sion, Rue de Mazerette 12"},{"$f":"CONCATENATE(TEXT(DATE(YEAR(Base!AJ219),MONTH(Base!AJ219),DAY(Base!AJ219)),\"jj.mm.aaaa\"),\", \",FN221,IF(Base!D219=\"\",\"\",\" - \"),Base!D219)","v":"03.02.1932, 756.7923.0008.81 - Intervention OCVS no 030987"},{"$f":"Base!AR219","v":"SWICA Krankenversicherung"},{"$f":"LEFT(Base!J219,10)","v":"2022-02-08"},{"$f":"CONCATENATE(Base!L219,IF(Base!L219=0,\"\",\", \"),Base!M219,\" \",Base!N219,\", \",Base!P219,\" \",Base!Q219)","v":"Rue de Mazerette 12, 1950 Sion"},{"$f":"CONCATENATE(Base!V219,\", \",Base!Z219,\" \",Base!AA219,\", \",Base!W219,\" \",Base!X219)","v":"EMS Gravelone, 1950 Sion, Chemin de Gravelone 1"},null,{"$f":"CONCATENATE(RIGHT(LEFT(Base!J219,16),5),\" - \",RIGHT(LEFT(Base!K219,16),5))","v":"09:32 - 10:53"},{"$f":"Base!AF219&\" - \"&Base!I219","v":"Maladie - P3"},null,null,null,null,null,null,null,null,null,null,null,null,null,null,null,null,null,null,{"$f":"Base!H219","v":"Uvrier"},2,null,null,null,null,null,null,null,null,null,2,null,null,null,null,null,null,null,null,null,null,null,null,null,null,null,null,null,null,null,null,null,{"$f":"IF(Base!U219=\"Privée\",2,1)","v":2},{"$f":"IF(OR(LEFT(Base!AS219,1)=\"1\",LEFT(Base!AS219)=\"2\"),RIGHT(Base!AS219,LEN(Base!AS219)-1),Base!AS219)","v":"756.7923.0008.81"},{"$f":"Base!AU219","v":"Personne"},{"$f":"OR(CONCATENATE(Base!AW219,Base!AX219)=CONCATENATE(Base!AH219,Base!AI219),FO221=\"Établissement\")","v":true},{"$f":"Base!I219","v":"P3"}]
[{"$f":"Base!A220","v":4424},{"$f":"20","v":20},{"$f":"Base!B220","v":"2022-02-11"},null,{"$f":"Base!AE220","v":"VS22003971"},null,null,null,null,null,"<AUTO>",null,null,null,null,"URL (Libre)",null,null,{"$f":"Base!E220&\" - \"&Base!H220&\" - \"&Base!D220","v":"17375 - Uvrier - Intervention OCVS no 030987"},{"$f":"IF(AND(Base!AT220<1000,Base!AT220>99),Base!AT220,IF(FO222=\"Établissement\",VALUE(CONCATENATE(LEN(SUBSTITUTE(V222,\" \",\"\")),LEN(V222),AA222,COLUMN(INDIRECT(LEFT(V222,1)&1)),LEN(SUBSTITUTE(V222,\"-\",\"\")))),IF(FN222=\"\",VALUE(CONCATENATE(COLUMN(INDIRECT(LEFT(W222,1)&1)),COLUMN(INDIRECT(LEFT(X222,1)&1)),AO222,CODE(AA222))),VALUE(SUBSTITUTE(SUBSTITUTE(SUBSTITUTE(FN222,\".\",\"\"),\" \",\"\"),\"-\",\"\")))))","v":7567923000881},null,{"$f":"SUBSTITUTE(IF(Base!BF220=0,\"\",Base!BF220),\" (facturation)\",\"\")","v":""},{"$f":"IF(Base!AW220=0,\"\",Base!AH220)","v":"Cusin"},{"$f":"IF(Base!AX220=0,\"\",Base!AI220)","v":"Raymond"},{"$f":"IF(Base!AW220=0,Base!AY220&\" \"&Base!AZ220,Base!AK220&\" \"&Base!AL220)","v":"Rue de Mazerette 12"},{"$f":"IF(IF(Base!AW220=0,Base!BA220,Base!AM220)=0,\"\",IF(Base!AW220=0,Base!BA220,Base!AM220))","v":""},{"$f":"IF(Base!AW220=0,Base!BB220,Base!AN220)","v":1950},{"$f":"IF(Base!AW220=0,Base!BC220,Base!AO220)","v":"Sion"},null,null,null,null,null,null,null,null,null,null,null,null,{"$f":"Base!AJ220","v":"1932-02-03"},{"$f":"IF(FO222=\"Établissement\",\"\",IF(Base!AG220=\"Masculin\",\"Monsieur\",IF(Base!AG220=\"Féminin\",\"Madame\",\"\")))","v":"Monsieur"},{"$f":"IF(FP222=FALSE,CONCATENATE(IF(Base!AV220=\"Masculin\",\"Monsieur\",IF(Base!AV220=\"Féminin\",\"Madame\",\"\")),\"#chr(13)##chr(10)#\",Base!AW220,\" \",Base!AX220, \"#chr(13)##chr(10)#\",Base!AY220,\" \",Base!AZ220, \"#chr(13)##chr(10)#\",Base!BA220, \"#chr(13)##chr(10)#\",Base!BB220,\" \",Base!BC220),\"\")","v":""},null,"Monsieur",null,{"$f":"IF(AND(Base!AT220<200,Base!AT220>99),1,0)","v":0},null,0,{"$f":"Base!BG220","v":9411},{"$f":"Base!BH220& \"#chr(13)##chr(10)#\" &Base!BI220","v":"Personnel soignant reconnu (par personne et par quart d'heure entamé)#chr(13)##chr(10)#"},null,{"$f":"Base!BJ220","v":12},{"$f":"Base!BK220","v":35},{"$f":"IF(Base!BL220=\"\",\"\",Base!BL220)","v":"¼ d'heure"},null,{"$f":"Base!BM220","v":420},null,null,{"$f":"IF(Base!H220=\"Uvrier\",3018,VLOOKUP(FQ222,$GV$2:$GX$7,FM222+1,0))","v":3018},0,0,null,0,null,null,null,null,null,"Libre","BS - 290",null,"BU - 73 - aff",0,null,null,null,null,null,null,null,null,null,null,null,null,null,null,null,null,null,null,null,null,null,null,null,null,null,null,null,null,null,null,null,null,null,{"$f":"Base!AH220&\", \"&Base!AI220","v":"Cusin, Raymond"},{"$f":"Base!AN220&\" \"&Base!AO220&\", \"&Base!AK220&\" \"&Base!AL220","v":"1950 Sion, Rue de Mazerette 12"},{"$f":"CONCATENATE(TEXT(DATE(YEAR(Base!AJ220),MONTH(Base!AJ220),DAY(Base!AJ220)),\"jj.mm.aaaa\"),\", \",FN222,IF(Base!D220=\"\",\"\",\" - \"),Base!D220)","v":"03.02.1932, 756.7923.0008.81 - Intervention OCVS no 030987"},{"$f":"Base!AR220","v":"SWICA Krankenversicherung"},{"$f":"LEFT(Base!J220,10)","v":"2022-02-08"},{"$f":"CONCATENATE(Base!L220,IF(Base!L220=0,\"\",\", \"),Base!M220,\" \",Base!N220,\", \",Base!P220,\" \",Base!Q220)","v":"Rue de Mazerette 12, 1950 Sion"},{"$f":"CONCATENATE(Base!V220,\", \",Base!Z220,\" \",Base!AA220,\", \",Base!W220,\" \",Base!X220)","v":"EMS Gravelone, 1950 Sion, Chemin de Gravelone 1"},null,{"$f":"CONCATENATE(RIGHT(LEFT(Base!J220,16),5),\" - \",RIGHT(LEFT(Base!K220,16),5))","v":"09:32 - 10:53"},{"$f":"Base!AF220&\" - \"&Base!I220","v":"Maladie - P3"},null,null,null,null,null,null,null,null,null,null,null,null,null,null,null,null,null,null,{"$f":"Base!H220","v":"Uvrier"},2,null,null,null,null,null,null,null,null,null,2,null,null,null,null,null,null,null,null,null,null,null,null,null,null,null,null,null,null,null,null,null,{"$f":"IF(Base!U220=\"Privée\",2,1)","v":2},{"$f":"IF(OR(LEFT(Base!AS220,1)=\"1\",LEFT(Base!AS220)=\"2\"),RIGHT(Base!AS220,LEN(Base!AS220)-1),Base!AS220)","v":"756.7923.0008.81"},{"$f":"Base!AU220","v":"Personne"},{"$f":"OR(CONCATENATE(Base!AW220,Base!AX220)=CONCATENATE(Base!AH220,Base!AI220),FO222=\"Établissement\")","v":true},{"$f":"Base!I220","v":"P3"}]
[{"$f":"Base!A221","v":4426},{"$f":"20","v":20},{"$f":"Base!B221","v":"2022-02-11"},null,{"$f":"Base!AE221","v":"VS22003987"},null,null,null,null,null,"<AUTO>",null,null,null,null,"URL (Libre)",null,null,{"$f":"Base!E221&\" - \"&Base!H221&\" - \"&Base!D221","v":"17391 - Uvrier - 2006426/32"},{"$f":"IF(AND(Base!AT221<1000,Base!AT221>99),Base!AT221,IF(FO223=\"Établissement\",VALUE(CONCATENATE(LEN(SUBSTITUTE(V223,\" \",\"\")),LEN(V223),AA223,COLUMN(INDIRECT(LEFT(V223,1)&1)),LEN(SUBSTITUTE(V223,\"-\",\"\")))),IF(FN223=\"\",VALUE(CONCATENATE(COLUMN(INDIRECT(LEFT(W223,1)&1)),COLUMN(INDIRECT(LEFT(X223,1)&1)),AO223,CODE(AA223))),VALUE(SUBSTITUTE(SUBSTITUTE(SUBSTITUTE(FN223,\".\",\"\"),\" \",\"\"),\"-\",\"\")))))","v":101},null,{"$f":"SUBSTITUTE(IF(Base!BF221=0,\"\",Base!BF221),\" (facturation)\",\"\")","v":"Hôpital du Valais - Direction des Finances/Service des fournisseurs"},{"$f":"IF(Base!AW221=0,\"\",Base!AH221)","v":""},{"$f":"IF(Base!AX221=0,\"\",Base!AI221)","v":""},{"$f":"IF(Base!AW221=0,Base!AY221&\" \"&Base!AZ221,Base!AK221&\" \"&Base!AL221)","v":"Avenue Grand-Champsec 86"},{"$f":"IF(IF(Base!AW221=0,Base!BA221,Base!AM221)=0,\"\",IF(Base!AW221=0,Base!BA221,Base!AM221))","v":"Case postale 696"},{"$f":"IF(Base!AW221=0,Base!BB221,Base!AN221)","v":1951},{"$f":"IF(Base!AW221=0,Base!BC221,Base!AO221)","v":"Sion"},null,null,null,null,null,null,null,null,null,null,null,null,{"$f":"Base!AJ221","v":"1925-03-16"},{"$f":"IF(FO223=\"Établissement\",\"\",IF(Base!AG221=\"Masculin\",\"Monsieur\",IF(Base!AG221=\"Féminin\",\"Madame\",\"\")))","v":""},{"$f":"IF(FP223=FALSE,CONCATENATE(IF(Base!AV221=\"Masculin\",\"Monsieur\",IF(Base!AV221=\"Féminin\",\"Madame\",\"\")),\"#chr(13)##chr(10)#\",Base!AW221,\" \",Base!AX221, \"#chr(13)##chr(10)#\",Base!AY221,\" \",Base!AZ221, \"#chr(13)##chr(10)#\",Base!BA221, \"#chr(13)##chr(10)#\",Base!BB221,\" \",Base!BC221),\"\")","v":""},null,"",null,{"$f":"IF(AND(Base!AT221<200,Base!AT221>99),1,0)","v":1},null,0,{"$f":"Base!BG221","v":"HVS.13J"},{"$f":"Base!BH221& \"#chr(13)##chr(10)#\" &Base!BI221","v":"Forfait S3 HVS Sion - HVS Martigny#chr(13)##chr(10)#Trajet simple journée (08h00-20h00)"},null,{"$f":"Base!BJ221","v":1},{"$f":"Base!BK221","v":440},{"$f":"IF(Base!BL221=\"\",\"\",Base!BL221)","v":""},null,{"$f":"Base!BM221","v":440},null,null,{"$f":"IF(Base!H221=\"Uvrier\",3018,VLOOKUP(FQ223,$GV$2:$GX$7,FM223+1,0))","v":3018},0,0,null,0,null,null,null,null,null,"Libre","BS - 291",null,"BU - 73 - aff",0,null,null,null,null,null,null,null,null,null,null,null,null,null,null,null,null,null,null,null,null,null,null,null,null,null,null,null,null,null,null,null,null,null,{"$f":"Base!AH221&\", \"&Base!AI221","v":"Pralong Despont, Simone"},{"$f":"Base!AN221&\" \"&Base!AO221&\", \"&Base!AK221&\" \"&Base!AL221","v":"1950 Sion, Rue du Rawil 45"},{"$f":"CONCATENATE(TEXT(DATE(YEAR(Base!AJ221),MONTH(Base!AJ221),DAY(Base!AJ221)),\"jj.mm.aaaa\"),\", \",FN223,IF(Base!D221=\"\",\"\",\" - \"),Base!D221)","v":"16.03.1925, 756.6981.3098.06 - 2006426/32"},{"$f":"Base!AR221","v":"CSS Kranken- Versicherung AG"},{"$f":"LEFT(Base!J221,10)","v":"2022-02-08"},{"$f":"CONCATENATE(Base!L221,IF(Base!L221=0,\"\",\", \"),Base!M221,\" \",Base!N221,\", \",Base!P221,\" \",Base!Q221)","v":"Hôpital de Sion, Avenue du Grand-Champsec 80, 1950 Sion"},{"$f":"CONCATENATE(Base!V221,\", \",Base!Z221,\" \",Base!AA221,\", \",Base!W221,\" \",Base!X221)","v":"Hôpital de Martigny, 1920 Martigny, Avenue de la Fusion 27"},null,{"$f":"CONCATENATE(RIGHT(LEFT(Base!J221,16),5),\" - \",RIGHT(LEFT(Base!K221,16),5))","v":"11:33 - 13:26"},{"$f":"Base!AF221&\" - \"&Base!I221","v":"Maladie - S3"},null,null,null,null,null,null,null,null,null,null,null,null,null,null,null,null,null,null,{"$f":"Base!H221","v":"Uvrier"},2,null,null,null,null,null,null,null,null,null,2,null,null,null,null,null,null,null,null,null,null,null,null,null,null,null,null,null,null,null,null,null,{"$f":"IF(Base!U221=\"Privée\",2,1)","v":2},{"$f":"IF(OR(LEFT(Base!AS221,1)=\"1\",LEFT(Base!AS221)=\"2\"),RIGHT(Base!AS221,LEN(Base!AS221)-1),Base!AS221)","v":"756.6981.3098.06"},{"$f":"Base!AU221","v":"Établissement"},{"$f":"OR(CONCATENATE(Base!AW221,Base!AX221)=CONCATENATE(Base!AH221,Base!AI221),FO223=\"Établissement\")","v":true},{"$f":"Base!I221","v":"S3"}]
[{"$f":"Base!A222","v":4428},{"$f":"20","v":20},{"$f":"Base!B222","v":"2022-02-11"},null,{"$f":"Base!AE222","v":"VS22004008"},null,null,null,null,null,"<AUTO>",null,null,null,null,"URL (Libre)",null,null,{"$f":"Base!E222&\" - \"&Base!H222&\" - \"&Base!D222","v":"17411 - Uvrier - 2477418/8"},{"$f":"IF(AND(Base!AT222<1000,Base!AT222>99),Base!AT222,IF(FO224=\"Établissement\",VALUE(CONCATENATE(LEN(SUBSTITUTE(V224,\" \",\"\")),LEN(V224),AA224,COLUMN(INDIRECT(LEFT(V224,1)&1)),LEN(SUBSTITUTE(V224,\"-\",\"\")))),IF(FN224=\"\",VALUE(CONCATENATE(COLUMN(INDIRECT(LEFT(W224,1)&1)),COLUMN(INDIRECT(LEFT(X224,1)&1)),AO224,CODE(AA224))),VALUE(SUBSTITUTE(SUBSTITUTE(SUBSTITUTE(FN224,\".\",\"\"),\" \",\"\"),\"-\",\"\")))))","v":101},null,{"$f":"SUBSTITUTE(IF(Base!BF222=0,\"\",Base!BF222),\" (facturation)\",\"\")","v":"Hôpital du Valais - Direction des Finances/Service des fournisseurs"},{"$f":"IF(Base!AW222=0,\"\",Base!AH222)","v":""},{"$f":"IF(Base!AX222=0,\"\",Base!AI222)","v":""},{"$f":"IF(Base!AW222=0,Base!AY222&\" \"&Base!AZ222,Base!AK222&\" \"&Base!AL222)","v":"Avenue Grand-Champsec 86"},{"$f":"IF(IF(Base!AW222=0,Base!BA222,Base!AM222)=0,\"\",IF(Base!AW222=0,Base!BA222,Base!AM222))","v":"Case postale 696"},{"$f":"IF(Base!AW222=0,Base!BB222,Base!AN222)","v":1951},{"$f":"IF(Base!AW222=0,Base!BC222,Base!AO222)","v":"Sion"},null,null,null,null,null,null,null,null,null,null,null,null,{"$f":"Base!AJ222","v":"1954-02-13"},{"$f":"IF(FO224=\"Établissement\",\"\",IF(Base!AG222=\"Masculin\",\"Monsieur\",IF(Base!AG222=\"Féminin\",\"Madame\",\"\")))","v":""},{"$f":"IF(FP224=FALSE,CONCATENATE(IF(Base!AV222=\"Masculin\",\"Monsieur\",IF(Base!AV222=\"Féminin\",\"Madame\",\"\")),\"#chr(13)##chr(10)#\",Base!AW222,\" \",Base!AX222, \"#chr(13)##chr(10)#\",Base!AY222,\" \",Base!AZ222, \"#chr(13)##chr(10)#\",Base!BA222, \"#chr(13)##chr(10)#\",Base!BB222,\" \",Base!BC222),\"\")","v":""},null,"",null,{"$f":"IF(AND(Base!AT222<200,Base!AT222>99),1,0)","v":1},null,0,{"$f":"Base!BG222","v":"HVS.111J"},{"$f":"Base!BH222& \"#chr(13)##chr(10)#\" &Base!BI222","v":"Forfait S3 HVS Sion - HRC Rennaz#chr(13)##chr(10)#Trajet simple journée (08h00-20h00)"},null,{"$f":"Base!BJ222","v":1},{"$f":"Base!BK222","v":780},{"$f":"IF(Base!BL222=\"\",\"\",Base!BL222)","v":""},null,{"$f":"Base!BM222","v":780},null,null,{"$f":"IF(Base!H222=\"Uvrier\",3018,VLOOKUP(FQ224,$GV$2:$GX$7,FM224+1,0))","v":3018},0,0,null,0,null,null,null,null,null,"Libre","BS - 292",null,"BU - 73 - aff",0,null,null,null,null,null,null,null,null,null,null,null,null,null,null,null,null,null,null,null,null,null,null,null,null,null,null,null,null,null,null,null,null,null,{"$f":"Base!AH222&\", \"&Base!AI222","v":"De Bruin , Ian"},{"$f":"Base!AN222&\" \"&Base!AO222&\", \"&Base!AK222&\" \"&Base!AL222","v":"1890 St-Maurice, Chemin de la Choume 5"},{"$f":"CONCATENATE(TEXT(DATE(YEAR(Base!AJ222),MONTH(Base!AJ222),DAY(Base!AJ222)),\"jj.mm.aaaa\"),\", \",FN224,IF(Base!D222=\"\",\"\",\" - \"),Base!D222)","v":"13.02.1954, 756.0817.7044.76 - 2477418/8"},{"$f":"Base!AR222","v":"Avenir Assurance Maladie SA"},{"$f":"LEFT(Base!J222,10)","v":"2022-02-08"},{"$f":"CONCATENATE(Base!L222,IF(Base!L222=0,\"\",\", \"),Base!M222,\" \",Base!N222,\", \",Base!P222,\" \",Base!Q222)","v":"Hôpital de Sion, Avenue du Grand-Champsec 80, 1950 Sion"},{"$f":"CONCATENATE(Base!V222,\", \",Base!Z222,\" \",Base!AA222,\", \",Base!W222,\" \",Base!X222)","v":"Hôpital Riviera-Chablais (HRC), 1847 Rennaz, Route du Vieux-Séquoia 20"},null,{"$f":"CONCATENATE(RIGHT(LEFT(Base!J222,16),5),\" - \",RIGHT(LEFT(Base!K222,16),5))","v":"13:28 - 16:02"},{"$f":"Base!AF222&\" - \"&Base!I222","v":"Maladie - S3"},null,null,null,null,null,null,null,null,null,null,null,null,null,null,null,null,null,null,{"$f":"Base!H222","v":"Uvrier"},2,null,null,null,null,null,null,null,null,null,2,null,null,null,null,null,null,null,null,null,null,null,null,null,null,null,null,null,null,null,null,null,{"$f":"IF(Base!U222=\"Privée\",2,1)","v":2},{"$f":"IF(OR(LEFT(Base!AS222,1)=\"1\",LEFT(Base!AS222)=\"2\"),RIGHT(Base!AS222,LEN(Base!AS222)-1),Base!AS222)","v":"756.0817.7044.76"},{"$f":"Base!AU222","v":"Établissement"},{"$f":"OR(CONCATENATE(Base!AW222,Base!AX222)=CONCATENATE(Base!AH222,Base!AI222),FO224=\"Établissement\")","v":true},{"$f":"Base!I222","v":"S3"}]
[{"$f":"Base!A223","v":4429},{"$f":"20","v":20},{"$f":"Base!B223","v":"2022-02-11"},null,{"$f":"Base!AE223","v":"VS22004030"},null,null,null,null,null,"<AUTO>",null,null,null,null,"URL (Libre)",null,null,{"$f":"Base!E223&\" - \"&Base!H223&\" - \"&Base!D223","v":"17430 - Uvrier - 2814818/2"},{"$f":"IF(AND(Base!AT223<1000,Base!AT223>99),Base!AT223,IF(FO225=\"Établissement\",VALUE(CONCATENATE(LEN(SUBSTITUTE(V225,\" \",\"\")),LEN(V225),AA225,COLUMN(INDIRECT(LEFT(V225,1)&1)),LEN(SUBSTITUTE(V225,\"-\",\"\")))),IF(FN225=\"\",VALUE(CONCATENATE(COLUMN(INDIRECT(LEFT(W225,1)&1)),COLUMN(INDIRECT(LEFT(X225,1)&1)),AO225,CODE(AA225))),VALUE(SUBSTITUTE(SUBSTITUTE(SUBSTITUTE(FN225,\".\",\"\"),\" \",\"\"),\"-\",\"\")))))","v":101},null,{"$f":"SUBSTITUTE(IF(Base!BF223=0,\"\",Base!BF223),\" (facturation)\",\"\")","v":"Hôpital du Valais - Direction des Finances/Service des fournisseurs"},{"$f":"IF(Base!AW223=0,\"\",Base!AH223)","v":""},{"$f":"IF(Base!AX223=0,\"\",Base!AI223)","v":""},{"$f":"IF(Base!AW223=0,Base!AY223&\" \"&Base!AZ223,Base!AK223&\" \"&Base!AL223)","v":"Avenue Grand-Champsec 86"},{"$f":"IF(IF(Base!AW223=0,Base!BA223,Base!AM223)=0,\"\",IF(Base!AW223=0,Base!BA223,Base!AM223))","v":"Case postale 696"},{"$f":"IF(Base!AW223=0,Base!BB223,Base!AN223)","v":1951},{"$f":"IF(Base!AW223=0,Base!BC223,Base!AO223)","v":"Sion"},null,null,null,null,null,null,null,null,null,null,null,null,{"$f":"Base!AJ223","v":"1967-02-09"},{"$f":"IF(FO225=\"Établissement\",\"\",IF(Base!AG223=\"Masculin\",\"Monsieur\",IF(Base!AG223=\"Féminin\",\"Madame\",\"\")))","v":""},{"$f":"IF(FP225=FALSE,CONCATENATE(IF(Base!AV223=\"Masculin\",\"Monsieur\",IF(Base!AV223=\"Féminin\",\"Madame\",\"\")),\"#chr(13)##chr(10)#\",Base!AW223,\" \",Base!AX223, \"#chr(13)##chr(10)#\",Base!AY223,\" \",Base!AZ223, \"#chr(13)##chr(10)#\",Base!BA223, \"#chr(13)##chr(10)#\",Base!BB223,\" \",Base!BC223),\"\")","v":""},null,"",null,{"$f":"IF(AND(Base!AT223<200,Base!AT223>99),1,0)","v":1},null,0,{"$f":"Base!BG223","v":"HVS.31J"},{"$f":"Base!BH223& \"#chr(13)##chr(10)#\" &Base!BI223","v":"Forfait S3 HVS Martigny - HVS Sion#chr(13)##chr(10)#Trajet simple journée (08h00-20h00)"},null,{"$f":"Base!BJ223","v":1},{"$f":"Base!BK223","v":440},{"$f":"IF(Base!BL223=\"\",\"\",Base!BL223)","v":""},null,{"$f":"Base!BM223","v":440},null,null,{"$f":"IF(Base!H223=\"Uvrier\",3018,VLOOKUP(FQ225,$GV$2:$GX$7,FM225+1,0))","v":3018},0,0,null,0,null,null,null,null,null,"Libre","BS - 293",null,"BU - 73 - aff",0,null,null,null,null,null,null,null,null,null,null,null,null,null,null,null,null,null,null,null,null,null,null,null,null,null,null,null,null,null,null,null,null,null,{"$f":"Base!AH223&\", \"&Base!AI223","v":"Kneubühl, Daniela"},{"$f":"Base!AN223&\" \"&Base!AO223&\", \"&Base!AK223&\" \"&Base!AL223","v":"3186 Düdingen, Schiffenen 15"},{"$f":"CONCATENATE(TEXT(DATE(YEAR(Base!AJ223),MONTH(Base!AJ223),DAY(Base!AJ223)),\"jj.mm.aaaa\"),\", \",FN225,IF(Base!D223=\"\",\"\",\" - \"),Base!D223)","v":"09.02.1967, 756.5942.3879.83 - 2814818/2"},{"$f":"Base!AR223","v":"Sanitas Grundversicherungen AG"},{"$f":"LEFT(Base!J223,10)","v":"2022-02-08"},{"$f":"CONCATENATE(Base!L223,IF(Base!L223=0,\"\",\", \"),Base!M223,\" \",Base!N223,\", \",Base!P223,\" \",Base!Q223)","v":"Hôpital de Martigny, Avenue de la Fusion 27, 1920 Martigny"},{"$f":"CONCATENATE(Base!V223,\", \",Base!Z223,\" \",Base!AA223,\", \",Base!W223,\" \",Base!X223)","v":"Hôpital de Sion, 1950 Sion, Avenue du Grand-Champsec 80"},null,{"$f":"CONCATENATE(RIGHT(LEFT(Base!J223,16),5),\" - \",RIGHT(LEFT(Base!K223,16),5))","v":"16:04 - 17:24"},{"$f":"Base!AF223&\" - \"&Base!I223","v":"Maladie - S3"},null,null,null,null,null,null,null,null,null,null,null,null,null,null,null,null,null,null,{"$f":"Base!H223","v":"Uvrier"},2,null,null,null,null,null,null,null,null,null,2,null,null,null,null,null,null,null,null,null,null,null,null,null,null,null,null,null,null,null,null,null,{"$f":"IF(Base!U223=\"Privée\",2,1)","v":2},{"$f":"IF(OR(LEFT(Base!AS223,1)=\"1\",LEFT(Base!AS223)=\"2\"),RIGHT(Base!AS223,LEN(Base!AS223)-1),Base!AS223)","v":"756.5942.3879.83"},{"$f":"Base!AU223","v":"Établissement"},{"$f":"OR(CONCATENATE(Base!AW223,Base!AX223)=CONCATENATE(Base!AH223,Base!AI223),FO225=\"Établissement\")","v":true},{"$f":"Base!I223","v":"S3"}]
[{"$f":"Base!A224","v":4432},{"$f":"20","v":20},{"$f":"Base!B224","v":"2022-02-11"},null,{"$f":"Base!AE224","v":"VS22004044"},null,null,null,null,null,"<AUTO>",null,null,null,null,"URL (Libre)",null,null,{"$f":"Base!E224&\" - \"&Base!H224&\" - \"&Base!D224","v":"17444 - Uvrier - 2891060/01"},{"$f":"IF(AND(Base!AT224<1000,Base!AT224>99),Base!AT224,IF(FO226=\"Établissement\",VALUE(CONCATENATE(LEN(SUBSTITUTE(V226,\" \",\"\")),LEN(V226),AA226,COLUMN(INDIRECT(LEFT(V226,1)&1)),LEN(SUBSTITUTE(V226,\"-\",\"\")))),IF(FN226=\"\",VALUE(CONCATENATE(COLUMN(INDIRECT(LEFT(W226,1)&1)),COLUMN(INDIRECT(LEFT(X226,1)&1)),AO226,CODE(AA226))),VALUE(SUBSTITUTE(SUBSTITUTE(SUBSTITUTE(FN226,\".\",\"\"),\" \",\"\"),\"-\",\"\")))))","v":101},null,{"$f":"SUBSTITUTE(IF(Base!BF224=0,\"\",Base!BF224),\" (facturation)\",\"\")","v":"Hôpital du Valais - Direction des Finances/Service des fournisseurs"},{"$f":"IF(Base!AW224=0,\"\",Base!AH224)","v":""},{"$f":"IF(Base!AX224=0,\"\",Base!AI224)","v":""},{"$f":"IF(Base!AW224=0,Base!AY224&\" \"&Base!AZ224,Base!AK224&\" \"&Base!AL224)","v":"Avenue Grand-Champsec 86"},{"$f":"IF(IF(Base!AW224=0,Base!BA224,Base!AM224)=0,\"\",IF(Base!AW224=0,Base!BA224,Base!AM224))","v":"Case postale 696"},{"$f":"IF(Base!AW224=0,Base!BB224,Base!AN224)","v":1951},{"$f":"IF(Base!AW224=0,Base!BC224,Base!AO224)","v":"Sion"},null,null,null,null,null,null,null,null,null,null,null,null,{"$f":"Base!AJ224","v":"1997-12-10"},{"$f":"IF(FO226=\"Établissement\",\"\",IF(Base!AG224=\"Masculin\",\"Monsieur\",IF(Base!AG224=\"Féminin\",\"Madame\",\"\")))","v":""},{"$f":"IF(FP226=FALSE,CONCATENATE(IF(Base!AV224=\"Masculin\",\"Monsieur\",IF(Base!AV224=\"Féminin\",\"Madame\",\"\")),\"#chr(13)##chr(10)#\",Base!AW224,\" \",Base!AX224, \"#chr(13)##chr(10)#\",Base!AY224,\" \",Base!AZ224, \"#chr(13)##chr(10)#\",Base!BA224, \"#chr(13)##chr(10)#\",Base!BB224,\" \",Base!BC224),\"\")","v":""},null,"",null,{"$f":"IF(AND(Base!AT224<200,Base!AT224>99),1,0)","v":1},null,0,{"$f":"Base!BG224","v":"HVS.17J"},{"$f":"Base!BH224& \"#chr(13)##chr(10)#\" &Base!BI224","v":"Forfait S3 HVS Sion - Malévoz#chr(13)##chr(10)#Trajet simple journée (08h00-20h00)"},null,{"$f":"Base!BJ224","v":1},{"$f":"Base!BK224","v":686},{"$f":"IF(Base!BL224=\"\",\"\",Base!BL224)","v":""},null,{"$f":"Base!BM224","v":686},null,null,{"$f":"IF(Base!H224=\"Uvrier\",3018,VLOOKUP(FQ226,$GV$2:$GX$7,FM226+1,0))","v":3018},0,0,null,0,null,null,null,null,null,"Libre","BS - 294",null,"BU - 73 - aff",0,null,null,null,null,null,null,null,null,null,null,null,null,null,null,null,null,null,null,null,null,null,null,null,null,null,null,null,null,null,null,null,null,null,{"$f":"Base!AH224&\", \"&Base!AI224","v":"Maunaury  , Erwanne Lucie Sarah "},{"$f":"Base!AN224&\" \"&Base!AO224&\", \"&Base!AK224&\" \"&Base!AL224","v":"17000 Le Rochelle , Avenue Robespierre  44"},{"$f":"CONCATENATE(TEXT(DATE(YEAR(Base!AJ224),MONTH(Base!AJ224),DAY(Base!AJ224)),\"jj.mm.aaaa\"),\", \",FN226,IF(Base!D224=\"\",\"\",\" - \"),Base!D224)","v":"10.12.1997,  - 2891060/01"},{"$f":"Base!AR224","v":0},{"$f":"LEFT(Base!J224,10)","v":"2022-02-08"},{"$f":"CONCATENATE(Base!L224,IF(Base!L224=0,\"\",\", \"),Base!M224,\" \",Base!N224,\", \",Base!P224,\" \",Base!Q224)","v":"Hôpital de Sion, Avenue du Grand-Champsec 80, 1950 Sion"},{"$f":"CONCATENATE(Base!V224,\", \",Base!Z224,\" \",Base!AA224,\", \",Base!W224,\" \",Base!X224)","v":"Hôpital de Malévoz, 1870 Monthey, Route de Morgins 10"},null,{"$f":"CONCATENATE(RIGHT(LEFT(Base!J224,16),5),\" - \",RIGHT(LEFT(Base!K224,16),5))","v":"17:45 - 20:08"},{"$f":"Base!AF224&\" - \"&Base!I224","v":"Maladie - S3"},null,null,null,null,null,null,null,null,null,null,null,null,null,null,null,null,null,null,{"$f":"Base!H224","v":"Uvrier"},2,null,null,null,null,null,null,null,null,null,2,null,null,null,null,null,null,null,null,null,null,null,null,null,null,null,null,null,null,null,null,null,{"$f":"IF(Base!U224=\"Privée\",2,1)","v":2},{"$f":"IF(OR(LEFT(Base!AS224,1)=\"1\",LEFT(Base!AS224)=\"2\"),RIGHT(Base!AS224,LEN(Base!AS224)-1),Base!AS224)","v":""},{"$f":"Base!AU224","v":"Établissement"},{"$f":"OR(CONCATENATE(Base!AW224,Base!AX224)=CONCATENATE(Base!AH224,Base!AI224),FO226=\"Établissement\")","v":true},{"$f":"Base!I224","v":"S3"}]
[{"$f":"Base!A225","v":4421},{"$f":"20","v":20},{"$f":"Base!B225","v":"2022-02-25"},null,{"$f":"Base!AE225","v":"VS22004065"},null,null,null,null,null,"<AUTO>",null,null,null,null,"URL (Libre)",null,null,{"$f":"Base!E225&\" - \"&Base!H225&\" - \"&Base!D225","v":"17465 - Monthey - "},{"$f":"IF(AND(Base!AT225<1000,Base!AT225>99),Base!AT225,IF(FO227=\"Établissement\",VALUE(CONCATENATE(LEN(SUBSTITUTE(V227,\" \",\"\")),LEN(V227),AA227,COLUMN(INDIRECT(LEFT(V227,1)&1)),LEN(SUBSTITUTE(V227,\"-\",\"\")))),IF(FN227=\"\",VALUE(CONCATENATE(COLUMN(INDIRECT(LEFT(W227,1)&1)),COLUMN(INDIRECT(LEFT(X227,1)&1)),AO227,CODE(AA227))),VALUE(SUBSTITUTE(SUBSTITUTE(SUBSTITUTE(FN227,\".\",\"\"),\" \",\"\"),\"-\",\"\")))))","v":7565802839676},null,{"$f":"SUBSTITUTE(IF(Base!BF225=0,\"\",Base!BF225),\" (facturation)\",\"\")","v":""},{"$f":"IF(Base!AW225=0,\"\",Base!AH225)","v":"Selmani"},{"$f":"IF(Base!AX225=0,\"\",Base!AI225)","v":"Rexhep"},{"$f":"IF(Base!AW225=0,Base!AY225&\" \"&Base!AZ225,Base!AK225&\" \"&Base!AL225)","v":"Avenue du Crochetan 41B"},{"$f":"IF(IF(Base!AW225=0,Base!BA225,Base!AM225)=0,\"\",IF(Base!AW225=0,Base!BA225,Base!AM225))","v":""},{"$f":"IF(Base!AW225=0,Base!BB225,Base!AN225)","v":1870},{"$f":"IF(Base!AW225=0,Base!BC225,Base!AO225)","v":"Monthey"},null,null,null,null,null,null,null,null,null,null,null,null,{"$f":"Base!AJ225","v":"1958-04-03"},{"$f":"IF(FO227=\"Établissement\",\"\",IF(Base!AG225=\"Masculin\",\"Monsieur\",IF(Base!AG225=\"Féminin\",\"Madame\",\"\")))","v":"Monsieur"},{"$f":"IF(FP227=FALSE,CONCATENATE(IF(Base!AV225=\"Masculin\",\"Monsieur\",IF(Base!AV225=\"Féminin\",\"Madame\",\"\")),\"#chr(13)##chr(10)#\",Base!AW225,\" \",Base!AX225, \"#chr(13)##chr(10)#\",Base!AY225,\" \",Base!AZ225, \"#chr(13)##chr(10)#\",Base!BA225, \"#chr(13)##chr(10)#\",Base!BB225,\" \",Base!BC225),\"\")","v":""},null,"Monsieur",null,{"$f":"IF(AND(Base!AT225<200,Base!AT225>99),1,0)","v":0},null,0,{"$f":"Base!BG225","v":9402},{"$f":"Base!BH225& \"#chr(13)##chr(10)#\" &Base!BI225","v":"Taxe de base transport P2#chr(13)##chr(10)#"},null,{"$f":"Base!BJ225","v":1},{"$f":"Base!BK225","v":300},{"$f":"IF(Base!BL225=\"\",\"\",Base!BL225)","v":""},null,{"$f":"Base!BM225","v":300},null,null,{"$f":"IF(Base!H225=\"Uvrier\",3018,VLOOKUP(FQ227,$GV$2:$GX$7,FM227+1,0))","v":3002},0,0,null,0,null,null,null,null,null,"Libre","BS - 295",null,"BU - 73 - aff",0,null,null,null,null,null,null,null,null,null,null,null,null,null,null,null,null,null,null,null,null,null,null,null,null,null,null,null,null,null,null,null,null,null,{"$f":"Base!AH225&\", \"&Base!AI225","v":"Selmani, Rexhep"},{"$f":"Base!AN225&\" \"&Base!AO225&\", \"&Base!AK225&\" \"&Base!AL225","v":"1870 Monthey, Avenue du Crochetan 41B"},{"$f":"CONCATENATE(TEXT(DATE(YEAR(Base!AJ225),MONTH(Base!AJ225),DAY(Base!AJ225)),\"jj.mm.aaaa\"),\", \",FN227,IF(Base!D225=\"\",\"\",\" - \"),Base!D225)","v":"03.04.1958, 756.5802.8396.76"},{"$f":"Base!AR225","v":"Avenir Assurance Maladie SA"},{"$f":"LEFT(Base!J225,10)","v":"2022-02-09"},{"$f":"CONCATENATE(Base!L225,IF(Base!L225=0,\"\",\", \"),Base!M225,\" \",Base!N225,\", \",Base!P225,\" \",Base!Q225)","v":"Avenue du Crochetan 41B, 1870 Monthey"},{"$f":"CONCATENATE(Base!V225,\", \",Base!Z225,\" \",Base!AA225,\", \",Base!W225,\" \",Base!X225)","v":"Urgences psychiatriques (Fondation de Nant), 1847 Rennaz, Route du Vieux-Séquoia 20"},null,{"$f":"CONCATENATE(RIGHT(LEFT(Base!J225,16),5),\" - \",RIGHT(LEFT(Base!K225,16),5))","v":"05:35 - 06:32"},{"$f":"Base!AF225&\" - \"&Base!I225","v":"Maladie - P2"},null,null,null,null,null,null,null,null,null,null,null,null,null,null,null,null,null,null,{"$f":"Base!H225","v":"Monthey"},3,null,null,null,null,null,null,null,null,null,3,null,null,null,null,null,null,null,null,null,null,null,null,null,null,null,null,null,null,null,null,null,{"$f":"IF(Base!U225=\"Privée\",2,1)","v":1},{"$f":"IF(OR(LEFT(Base!AS225,1)=\"1\",LEFT(Base!AS225)=\"2\"),RIGHT(Base!AS225,LEN(Base!AS225)-1),Base!AS225)","v":"756.5802.8396.76"},{"$f":"Base!AU225","v":"Personne"},{"$f":"OR(CONCATENATE(Base!AW225,Base!AX225)=CONCATENATE(Base!AH225,Base!AI225),FO227=\"Établissement\")","v":true},{"$f":"Base!I225","v":"P2"}]
[{"$f":"Base!A226","v":4421},{"$f":"20","v":20},{"$f":"Base!B226","v":"2022-02-25"},null,{"$f":"Base!AE226","v":"VS22004065"},null,null,null,null,null,"<AUTO>",null,null,null,null,"URL (Libre)",null,null,{"$f":"Base!E226&\" - \"&Base!H226&\" - \"&Base!D226","v":"17465 - Monthey - "},{"$f":"IF(AND(Base!AT226<1000,Base!AT226>99),Base!AT226,IF(FO228=\"Établissement\",VALUE(CONCATENATE(LEN(SUBSTITUTE(V228,\" \",\"\")),LEN(V228),AA228,COLUMN(INDIRECT(LEFT(V228,1)&1)),LEN(SUBSTITUTE(V228,\"-\",\"\")))),IF(FN228=\"\",VALUE(CONCATENATE(COLUMN(INDIRECT(LEFT(W228,1)&1)),COLUMN(INDIRECT(LEFT(X228,1)&1)),AO228,CODE(AA228))),VALUE(SUBSTITUTE(SUBSTITUTE(SUBSTITUTE(FN228,\".\",\"\"),\" \",\"\"),\"-\",\"\")))))","v":7565802839676},null,{"$f":"SUBSTITUTE(IF(Base!BF226=0,\"\",Base!BF226),\" (facturation)\",\"\")","v":""},{"$f":"IF(Base!AW226=0,\"\",Base!AH226)","v":"Selmani"},{"$f":"IF(Base!AX226=0,\"\",Base!AI226)","v":"Rexhep"},{"$f":"IF(Base!AW226=0,Base!AY226&\" \"&Base!AZ226,Base!AK226&\" \"&Base!AL226)","v":"Avenue du Crochetan 41B"},{"$f":"IF(IF(Base!AW226=0,Base!BA226,Base!AM226)=0,\"\",IF(Base!AW226=0,Base!BA226,Base!AM226))","v":""},{"$f":"IF(Base!AW226=0,Base!BB226,Base!AN226)","v":1870},{"$f":"IF(Base!AW226=0,Base!BC226,Base!AO226)","v":"Monthey"},null,null,null,null,null,null,null,null,null,null,null,null,{"$f":"Base!AJ226","v":"1958-04-03"},{"$f":"IF(FO228=\"Établissement\",\"\",IF(Base!AG226=\"Masculin\",\"Monsieur\",IF(Base!AG226=\"Féminin\",\"Madame\",\"\")))","v":"Monsieur"},{"$f":"IF(FP228=FALSE,CONCATENATE(IF(Base!AV226=\"Masculin\",\"Monsieur\",IF(Base!AV226=\"Féminin\",\"Madame\",\"\")),\"#chr(13)##chr(10)#\",Base!AW226,\" \",Base!AX226, \"#chr(13)##chr(10)#\",Base!AY226,\" \",Base!AZ226, \"#chr(13)##chr(10)#\",Base!BA226, \"#chr(13)##chr(10)#\",Base!BB226,\" \",Base!BC226),\"\")","v":""},null,"Monsieur",null,{"$f":"IF(AND(Base!AT226<200,Base!AT226>99),1,0)","v":0},null,0,{"$f":"Base!BG226","v":9404},{"$f":"Base!BH226& \"#chr(13)##chr(10)#\" &Base!BI226","v":"Indemnisation kilométrique#chr(13)##chr(10)#"},null,{"$f":"Base!BJ226","v":34},{"$f":"Base!BK226","v":4.5},{"$f":"IF(Base!BL226=\"\",\"\",Base!BL226)","v":"km"},null,{"$f":"Base!BM226","v":153},null,null,{"$f":"IF(Base!H226=\"Uvrier\",3018,VLOOKUP(FQ228,$GV$2:$GX$7,FM228+1,0))","v":3002},0,0,null,0,null,null,null,null,null,"Libre","BS - 296",null,"BU - 73 - aff",0,null,null,null,null,null,null,null,null,null,null,null,null,null,null,null,null,null,null,null,null,null,null,null,null,null,null,null,null,null,null,null,null,null,{"$f":"Base!AH226&\", \"&Base!AI226","v":"Selmani, Rexhep"},{"$f":"Base!AN226&\" \"&Base!AO226&\", \"&Base!AK226&\" \"&Base!AL226","v":"1870 Monthey, Avenue du Crochetan 41B"},{"$f":"CONCATENATE(TEXT(DATE(YEAR(Base!AJ226),MONTH(Base!AJ226),DAY(Base!AJ226)),\"jj.mm.aaaa\"),\", \",FN228,IF(Base!D226=\"\",\"\",\" - \"),Base!D226)","v":"03.04.1958, 756.5802.8396.76"},{"$f":"Base!AR226","v":"Avenir Assurance Maladie SA"},{"$f":"LEFT(Base!J226,10)","v":"2022-02-09"},{"$f":"CONCATENATE(Base!L226,IF(Base!L226=0,\"\",\", \"),Base!M226,\" \",Base!N226,\", \",Base!P226,\" \",Base!Q226)","v":"Avenue du Crochetan 41B, 1870 Monthey"},{"$f":"CONCATENATE(Base!V226,\", \",Base!Z226,\" \",Base!AA226,\", \",Base!W226,\" \",Base!X226)","v":"Urgences psychiatriques (Fondation de Nant), 1847 Rennaz, Route du Vieux-Séquoia 20"},null,{"$f":"CONCATENATE(RIGHT(LEFT(Base!J226,16),5),\" - \",RIGHT(LEFT(Base!K226,16),5))","v":"05:35 - 06:32"},{"$f":"Base!AF226&\" - \"&Base!I226","v":"Maladie - P2"},null,null,null,null,null,null,null,null,null,null,null,null,null,null,null,null,null,null,{"$f":"Base!H226","v":"Monthey"},3,null,null,null,null,null,null,null,null,null,3,null,null,null,null,null,null,null,null,null,null,null,null,null,null,null,null,null,null,null,null,null,{"$f":"IF(Base!U226=\"Privée\",2,1)","v":1},{"$f":"IF(OR(LEFT(Base!AS226,1)=\"1\",LEFT(Base!AS226)=\"2\"),RIGHT(Base!AS226,LEN(Base!AS226)-1),Base!AS226)","v":"756.5802.8396.76"},{"$f":"Base!AU226","v":"Personne"},{"$f":"OR(CONCATENATE(Base!AW226,Base!AX226)=CONCATENATE(Base!AH226,Base!AI226),FO228=\"Établissement\")","v":true},{"$f":"Base!I226","v":"P2"}]
[{"$f":"Base!A227","v":4421},{"$f":"20","v":20},{"$f":"Base!B227","v":"2022-02-25"},null,{"$f":"Base!AE227","v":"VS22004065"},null,null,null,null,null,"<AUTO>",null,null,null,null,"URL (Libre)",null,null,{"$f":"Base!E227&\" - \"&Base!H227&\" - \"&Base!D227","v":"17465 - Monthey - "},{"$f":"IF(AND(Base!AT227<1000,Base!AT227>99),Base!AT227,IF(FO229=\"Établissement\",VALUE(CONCATENATE(LEN(SUBSTITUTE(V229,\" \",\"\")),LEN(V229),AA229,COLUMN(INDIRECT(LEFT(V229,1)&1)),LEN(SUBSTITUTE(V229,\"-\",\"\")))),IF(FN229=\"\",VALUE(CONCATENATE(COLUMN(INDIRECT(LEFT(W229,1)&1)),COLUMN(INDIRECT(LEFT(X229,1)&1)),AO229,CODE(AA229))),VALUE(SUBSTITUTE(SUBSTITUTE(SUBSTITUTE(FN229,\".\",\"\"),\" \",\"\"),\"-\",\"\")))))","v":7565802839676},null,{"$f":"SUBSTITUTE(IF(Base!BF227=0,\"\",Base!BF227),\" (facturation)\",\"\")","v":""},{"$f":"IF(Base!AW227=0,\"\",Base!AH227)","v":"Selmani"},{"$f":"IF(Base!AX227=0,\"\",Base!AI227)","v":"Rexhep"},{"$f":"IF(Base!AW227=0,Base!AY227&\" \"&Base!AZ227,Base!AK227&\" \"&Base!AL227)","v":"Avenue du Crochetan 41B"},{"$f":"IF(IF(Base!AW227=0,Base!BA227,Base!AM227)=0,\"\",IF(Base!AW227=0,Base!BA227,Base!AM227))","v":""},{"$f":"IF(Base!AW227=0,Base!BB227,Base!AN227)","v":1870},{"$f":"IF(Base!AW227=0,Base!BC227,Base!AO227)","v":"Monthey"},null,null,null,null,null,null,null,null,null,null,null,null,{"$f":"Base!AJ227","v":"1958-04-03"},{"$f":"IF(FO229=\"Établissement\",\"\",IF(Base!AG227=\"Masculin\",\"Monsieur\",IF(Base!AG227=\"Féminin\",\"Madame\",\"\")))","v":"Monsieur"},{"$f":"IF(FP229=FALSE,CONCATENATE(IF(Base!AV227=\"Masculin\",\"Monsieur\",IF(Base!AV227=\"Féminin\",\"Madame\",\"\")),\"#chr(13)##chr(10)#\",Base!AW227,\" \",Base!AX227, \"#chr(13)##chr(10)#\",Base!AY227,\" \",Base!AZ227, \"#chr(13)##chr(10)#\",Base!BA227, \"#chr(13)##chr(10)#\",Base!BB227,\" \",Base!BC227),\"\")","v":""},null,"Monsieur",null,{"$f":"IF(AND(Base!AT227<200,Base!AT227>99),1,0)","v":0},null,0,{"$f":"Base!BG227","v":9411},{"$f":"Base!BH227& \"#chr(13)##chr(10)#\" &Base!BI227","v":"Personnel soignant reconnu (par personne et par quart d'heure entamé)#chr(13)##chr(10)#"},null,{"$f":"Base!BJ227","v":8},{"$f":"Base!BK227","v":35},{"$f":"IF(Base!BL227=\"\",\"\",Base!BL227)","v":"¼ d'heure"},null,{"$f":"Base!BM227","v":280},null,null,{"$f":"IF(Base!H227=\"Uvrier\",3018,VLOOKUP(FQ229,$GV$2:$GX$7,FM229+1,0))","v":3002},0,0,null,0,null,null,null,null,null,"Libre","BS - 297",null,"BU - 73 - aff",0,null,null,null,null,null,null,null,null,null,null,null,null,null,null,null,null,null,null,null,null,null,null,null,null,null,null,null,null,null,null,null,null,null,{"$f":"Base!AH227&\", \"&Base!AI227","v":"Selmani, Rexhep"},{"$f":"Base!AN227&\" \"&Base!AO227&\", \"&Base!AK227&\" \"&Base!AL227","v":"1870 Monthey, Avenue du Crochetan 41B"},{"$f":"CONCATENATE(TEXT(DATE(YEAR(Base!AJ227),MONTH(Base!AJ227),DAY(Base!AJ227)),\"jj.mm.aaaa\"),\", \",FN229,IF(Base!D227=\"\",\"\",\" - \"),Base!D227)","v":"03.04.1958, 756.5802.8396.76"},{"$f":"Base!AR227","v":"Avenir Assurance Maladie SA"},{"$f":"LEFT(Base!J227,10)","v":"2022-02-09"},{"$f":"CONCATENATE(Base!L227,IF(Base!L227=0,\"\",\", \"),Base!M227,\" \",Base!N227,\", \",Base!P227,\" \",Base!Q227)","v":"Avenue du Crochetan 41B, 1870 Monthey"},{"$f":"CONCATENATE(Base!V227,\", \",Base!Z227,\" \",Base!AA227,\", \",Base!W227,\" \",Base!X227)","v":"Urgences psychiatriques (Fondation de Nant), 1847 Rennaz, Route du Vieux-Séquoia 20"},null,{"$f":"CONCATENATE(RIGHT(LEFT(Base!J227,16),5),\" - \",RIGHT(LEFT(Base!K227,16),5))","v":"05:35 - 06:32"},{"$f":"Base!AF227&\" - \"&Base!I227","v":"Maladie - P2"},null,null,null,null,null,null,null,null,null,null,null,null,null,null,null,null,null,null,{"$f":"Base!H227","v":"Monthey"},3,null,null,null,null,null,null,null,null,null,3,null,null,null,null,null,null,null,null,null,null,null,null,null,null,null,null,null,null,null,null,null,{"$f":"IF(Base!U227=\"Privée\",2,1)","v":1},{"$f":"IF(OR(LEFT(Base!AS227,1)=\"1\",LEFT(Base!AS227)=\"2\"),RIGHT(Base!AS227,LEN(Base!AS227)-1),Base!AS227)","v":"756.5802.8396.76"},{"$f":"Base!AU227","v":"Personne"},{"$f":"OR(CONCATENATE(Base!AW227,Base!AX227)=CONCATENATE(Base!AH227,Base!AI227),FO229=\"Établissement\")","v":true},{"$f":"Base!I227","v":"P2"}]
[{"$f":"Base!A228","v":4421},{"$f":"20","v":20},{"$f":"Base!B228","v":"2022-02-25"},null,{"$f":"Base!AE228","v":"VS22004065"},null,null,null,null,null,"<AUTO>",null,null,null,null,"URL (Libre)",null,null,{"$f":"Base!E228&\" - \"&Base!H228&\" - \"&Base!D228","v":"17465 - Monthey - "},{"$f":"IF(AND(Base!AT228<1000,Base!AT228>99),Base!AT228,IF(FO230=\"Établissement\",VALUE(CONCATENATE(LEN(SUBSTITUTE(V230,\" \",\"\")),LEN(V230),AA230,COLUMN(INDIRECT(LEFT(V230,1)&1)),LEN(SUBSTITUTE(V230,\"-\",\"\")))),IF(FN230=\"\",VALUE(CONCATENATE(COLUMN(INDIRECT(LEFT(W230,1)&1)),COLUMN(INDIRECT(LEFT(X230,1)&1)),AO230,CODE(AA230))),VALUE(SUBSTITUTE(SUBSTITUTE(SUBSTITUTE(FN230,\".\",\"\"),\" \",\"\"),\"-\",\"\")))))","v":7565802839676},null,{"$f":"SUBSTITUTE(IF(Base!BF228=0,\"\",Base!BF228),\" (facturation)\",\"\")","v":""},{"$f":"IF(Base!AW228=0,\"\",Base!AH228)","v":"Selmani"},{"$f":"IF(Base!AX228=0,\"\",Base!AI228)","v":"Rexhep"},{"$f":"IF(Base!AW228=0,Base!AY228&\" \"&Base!AZ228,Base!AK228&\" \"&Base!AL228)","v":"Avenue du Crochetan 41B"},{"$f":"IF(IF(Base!AW228=0,Base!BA228,Base!AM228)=0,\"\",IF(Base!AW228=0,Base!BA228,Base!AM228))","v":""},{"$f":"IF(Base!AW228=0,Base!BB228,Base!AN228)","v":1870},{"$f":"IF(Base!AW228=0,Base!BC228,Base!AO228)","v":"Monthey"},null,null,null,null,null,null,null,null,null,null,null,null,{"$f":"Base!AJ228","v":"1958-04-03"},{"$f":"IF(FO230=\"Établissement\",\"\",IF(Base!AG228=\"Masculin\",\"Monsieur\",IF(Base!AG228=\"Féminin\",\"Madame\",\"\")))","v":"Monsieur"},{"$f":"IF(FP230=FALSE,CONCATENATE(IF(Base!AV228=\"Masculin\",\"Monsieur\",IF(Base!AV228=\"Féminin\",\"Madame\",\"\")),\"#chr(13)##chr(10)#\",Base!AW228,\" \",Base!AX228, \"#chr(13)##chr(10)#\",Base!AY228,\" \",Base!AZ228, \"#chr(13)##chr(10)#\",Base!BA228, \"#chr(13)##chr(10)#\",Base!BB228,\" \",Base!BC228),\"\")","v":""},null,"Monsieur",null,{"$f":"IF(AND(Base!AT228<200,Base!AT228>99),1,0)","v":0},null,0,{"$f":"Base!BG228","v":9431},{"$f":"Base!BH228& \"#chr(13)##chr(10)#\" &Base!BI228","v":"Supplément de nuit#chr(13)##chr(10)#"},null,{"$f":"Base!BJ228","v":1},{"$f":"Base!BK228","v":70},{"$f":"IF(Base!BL228=\"\",\"\",Base!BL228)","v":""},null,{"$f":"Base!BM228","v":70},null,null,{"$f":"IF(Base!H228=\"Uvrier\",3018,VLOOKUP(FQ230,$GV$2:$GX$7,FM230+1,0))","v":3002},0,0,null,0,null,null,null,null,null,"Libre","BS - 298",null,"BU - 73 - aff",0,null,null,null,null,null,null,null,null,null,null,null,null,null,null,null,null,null,null,null,null,null,null,null,null,null,null,null,null,null,null,null,null,null,{"$f":"Base!AH228&\", \"&Base!AI228","v":"Selmani, Rexhep"},{"$f":"Base!AN228&\" \"&Base!AO228&\", \"&Base!AK228&\" \"&Base!AL228","v":"1870 Monthey, Avenue du Crochetan 41B"},{"$f":"CONCATENATE(TEXT(DATE(YEAR(Base!AJ228),MONTH(Base!AJ228),DAY(Base!AJ228)),\"jj.mm.aaaa\"),\", \",FN230,IF(Base!D228=\"\",\"\",\" - \"),Base!D228)","v":"03.04.1958, 756.5802.8396.76"},{"$f":"Base!AR228","v":"Avenir Assurance Maladie SA"},{"$f":"LEFT(Base!J228,10)","v":"2022-02-09"},{"$f":"CONCATENATE(Base!L228,IF(Base!L228=0,\"\",\", \"),Base!M228,\" \",Base!N228,\", \",Base!P228,\" \",Base!Q228)","v":"Avenue du Crochetan 41B, 1870 Monthey"},{"$f":"CONCATENATE(Base!V228,\", \",Base!Z228,\" \",Base!AA228,\", \",Base!W228,\" \",Base!X228)","v":"Urgences psychiatriques (Fondation de Nant), 1847 Rennaz, Route du Vieux-Séquoia 20"},null,{"$f":"CONCATENATE(RIGHT(LEFT(Base!J228,16),5),\" - \",RIGHT(LEFT(Base!K228,16),5))","v":"05:35 - 06:32"},{"$f":"Base!AF228&\" - \"&Base!I228","v":"Maladie - P2"},null,null,null,null,null,null,null,null,null,null,null,null,null,null,null,null,null,null,{"$f":"Base!H228","v":"Monthey"},3,null,null,null,null,null,null,null,null,null,3,null,null,null,null,null,null,null,null,null,null,null,null,null,null,null,null,null,null,null,null,null,{"$f":"IF(Base!U228=\"Privée\",2,1)","v":1},{"$f":"IF(OR(LEFT(Base!AS228,1)=\"1\",LEFT(Base!AS228)=\"2\"),RIGHT(Base!AS228,LEN(Base!AS228)-1),Base!AS228)","v":"756.5802.8396.76"},{"$f":"Base!AU228","v":"Personne"},{"$f":"OR(CONCATENATE(Base!AW228,Base!AX228)=CONCATENATE(Base!AH228,Base!AI228),FO230=\"Établissement\")","v":true},{"$f":"Base!I228","v":"P2"}]
[{"$f":"Base!A229","v":4422},{"$f":"20","v":20},{"$f":"Base!B229","v":"2022-02-25"},null,{"$f":"Base!AE229","v":"VS22004078"},null,null,null,null,null,"<AUTO>",null,null,null,null,"URL (Libre)",null,null,{"$f":"Base!E229&\" - \"&Base!H229&\" - \"&Base!D229","v":"17478 - Monthey - "},{"$f":"IF(AND(Base!AT229<1000,Base!AT229>99),Base!AT229,IF(FO231=\"Établissement\",VALUE(CONCATENATE(LEN(SUBSTITUTE(V231,\" \",\"\")),LEN(V231),AA231,COLUMN(INDIRECT(LEFT(V231,1)&1)),LEN(SUBSTITUTE(V231,\"-\",\"\")))),IF(FN231=\"\",VALUE(CONCATENATE(COLUMN(INDIRECT(LEFT(W231,1)&1)),COLUMN(INDIRECT(LEFT(X231,1)&1)),AO231,CODE(AA231))),VALUE(SUBSTITUTE(SUBSTITUTE(SUBSTITUTE(FN231,\".\",\"\"),\" \",\"\"),\"-\",\"\")))))","v":7561820343881},null,{"$f":"SUBSTITUTE(IF(Base!BF229=0,\"\",Base!BF229),\" (facturation)\",\"\")","v":""},{"$f":"IF(Base!AW229=0,\"\",Base!AH229)","v":"Yvan"},{"$f":"IF(Base!AX229=0,\"\",Base!AI229)","v":"Maye"},{"$f":"IF(Base!AW229=0,Base!AY229&\" \"&Base!AZ229,Base!AK229&\" \"&Base!AL229)","v":"Avenue de l'Europe 43"},{"$f":"IF(IF(Base!AW229=0,Base!BA229,Base!AM229)=0,\"\",IF(Base!AW229=0,Base!BA229,Base!AM229))","v":""},{"$f":"IF(Base!AW229=0,Base!BB229,Base!AN229)","v":1870},{"$f":"IF(Base!AW229=0,Base!BC229,Base!AO229)","v":"Monthey"},null,null,null,null,null,null,null,null,null,null,null,null,{"$f":"Base!AJ229","v":"1947-06-12"},{"$f":"IF(FO231=\"Établissement\",\"\",IF(Base!AG229=\"Masculin\",\"Monsieur\",IF(Base!AG229=\"Féminin\",\"Madame\",\"\")))","v":"Monsieur"},{"$f":"IF(FP231=FALSE,CONCATENATE(IF(Base!AV229=\"Masculin\",\"Monsieur\",IF(Base!AV229=\"Féminin\",\"Madame\",\"\")),\"#chr(13)##chr(10)#\",Base!AW229,\" \",Base!AX229, \"#chr(13)##chr(10)#\",Base!AY229,\" \",Base!AZ229, \"#chr(13)##chr(10)#\",Base!BA229, \"#chr(13)##chr(10)#\",Base!BB229,\" \",Base!BC229),\"\")","v":""},null,"Monsieur",null,{"$f":"IF(AND(Base!AT229<200,Base!AT229>99),1,0)","v":0},null,0,{"$f":"Base!BG229","v":9401},{"$f":"Base!BH229& \"#chr(13)##chr(10)#\" &Base!BI229","v":"Taxe de base sauvetage P1#chr(13)##chr(10)#"},null,{"$f":"Base!BJ229","v":1},{"$f":"Base!BK229","v":300},{"$f":"IF(Base!BL229=\"\",\"\",Base!BL229)","v":""},null,{"$f":"Base!BM229","v":300},null,null,{"$f":"IF(Base!H229=\"Uvrier\",3018,VLOOKUP(FQ231,$GV$2:$GX$7,FM231+1,0))","v":3001},0,0,null,0,null,null,null,null,null,"Libre","BS - 299",null,"BU - 73 - aff",0,null,null,null,null,null,null,null,null,null,null,null,null,null,null,null,null,null,null,null,null,null,null,null,null,null,null,null,null,null,null,null,null,null,{"$f":"Base!AH229&\", \"&Base!AI229","v":"Yvan, Maye"},{"$f":"Base!AN229&\" \"&Base!AO229&\", \"&Base!AK229&\" \"&Base!AL229","v":"1870 Monthey, Avenue de l'Europe 43"},{"$f":"CONCATENATE(TEXT(DATE(YEAR(Base!AJ229),MONTH(Base!AJ229),DAY(Base!AJ229)),\"jj.mm.aaaa\"),\", \",FN231,IF(Base!D229=\"\",\"\",\" - \"),Base!D229)","v":"12.06.1947, 756.1820.3438.81"},{"$f":"Base!AR229","v":"Helsana Assurances SA"},{"$f":"LEFT(Base!J229,10)","v":"2022-02-09"},{"$f":"CONCATENATE(Base!L229,IF(Base!L229=0,\"\",\", \"),Base!M229,\" \",Base!N229,\", \",Base!P229,\" \",Base!Q229)","v":"Rue du Closillon 17, 1870 Monthey"},{"$f":"CONCATENATE(Base!V229,\", \",Base!Z229,\" \",Base!AA229,\", \",Base!W229,\" \",Base!X229)","v":"Hôpital Riviera-Chablais (HRC), 1847 Rennaz, Route du Vieux-Séquoia 20"},null,{"$f":"CONCATENATE(RIGHT(LEFT(Base!J229,16),5),\" - \",RIGHT(LEFT(Base!K229,16),5))","v":"10:06 - 11:16"},{"$f":"Base!AF229&\" - \"&Base!I229","v":"Maladie - P1"},null,null,null,null,null,null,null,null,null,null,null,null,null,null,null,null,null,null,{"$f":"Base!H229","v":"Monthey"},3,null,null,null,null,null,null,null,null,null,3,null,null,null,null,null,null,null,null,null,null,null,null,null,null,null,null,null,null,null,null,null,{"$f":"IF(Base!U229=\"Privée\",2,1)","v":1},{"$f":"IF(OR(LEFT(Base!AS229,1)=\"1\",LEFT(Base!AS229)=\"2\"),RIGHT(Base!AS229,LEN(Base!AS229)-1),Base!AS229)","v":"756.1820.3438.81"},{"$f":"Base!AU229","v":"Personne"},{"$f":"OR(CONCATENATE(Base!AW229,Base!AX229)=CONCATENATE(Base!AH229,Base!AI229),FO231=\"Établissement\")","v":true},{"$f":"Base!I229","v":"P1"}]
[{"$f":"Base!A230","v":4422},{"$f":"20","v":20},{"$f":"Base!B230","v":"2022-02-25"},null,{"$f":"Base!AE230","v":"VS22004078"},null,null,null,null,null,"<AUTO>",null,null,null,null,"URL (Libre)",null,null,{"$f":"Base!E230&\" - \"&Base!H230&\" - \"&Base!D230","v":"17478 - Monthey - "},{"$f":"IF(AND(Base!AT230<1000,Base!AT230>99),Base!AT230,IF(FO232=\"Établissement\",VALUE(CONCATENATE(LEN(SUBSTITUTE(V232,\" \",\"\")),LEN(V232),AA232,COLUMN(INDIRECT(LEFT(V232,1)&1)),LEN(SUBSTITUTE(V232,\"-\",\"\")))),IF(FN232=\"\",VALUE(CONCATENATE(COLUMN(INDIRECT(LEFT(W232,1)&1)),COLUMN(INDIRECT(LEFT(X232,1)&1)),AO232,CODE(AA232))),VALUE(SUBSTITUTE(SUBSTITUTE(SUBSTITUTE(FN232,\".\",\"\"),\" \",\"\"),\"-\",\"\")))))","v":7561820343881},null,{"$f":"SUBSTITUTE(IF(Base!BF230=0,\"\",Base!BF230),\" (facturation)\",\"\")","v":""},{"$f":"IF(Base!AW230=0,\"\",Base!AH230)","v":"Yvan"},{"$f":"IF(Base!AX230=0,\"\",Base!AI230)","v":"Maye"},{"$f":"IF(Base!AW230=0,Base!AY230&\" \"&Base!AZ230,Base!AK230&\" \"&Base!AL230)","v":"Avenue de l'Europe 43"},{"$f":"IF(IF(Base!AW230=0,Base!BA230,Base!AM230)=0,\"\",IF(Base!AW230=0,Base!BA230,Base!AM230))","v":""},{"$f":"IF(Base!AW230=0,Base!BB230,Base!AN230)","v":1870},{"$f":"IF(Base!AW230=0,Base!BC230,Base!AO230)","v":"Monthey"},null,null,null,null,null,null,null,null,null,null,null,null,{"$f":"Base!AJ230","v":"1947-06-12"},{"$f":"IF(FO232=\"Établissement\",\"\",IF(Base!AG230=\"Masculin\",\"Monsieur\",IF(Base!AG230=\"Féminin\",\"Madame\",\"\")))","v":"Monsieur"},{"$f":"IF(FP232=FALSE,CONCATENATE(IF(Base!AV230=\"Masculin\",\"Monsieur\",IF(Base!AV230=\"Féminin\",\"Madame\",\"\")),\"#chr(13)##chr(10)#\",Base!AW230,\" \",Base!AX230, \"#chr(13)##chr(10)#\",Base!AY230,\" \",Base!AZ230, \"#chr(13)##chr(10)#\",Base!BA230, \"#chr(13)##chr(10)#\",Base!BB230,\" \",Base!BC230),\"\")","v":""},null,"Monsieur",null,{"$f":"IF(AND(Base!AT230<200,Base!AT230>99),1,0)","v":0},null,0,{"$f":"Base!BG230","v":9404},{"$f":"Base!BH230& \"#chr(13)##chr(10)#\" &Base!BI230","v":"Indemnisation kilométrique#chr(13)##chr(10)#"},null,{"$f":"Base!BJ230","v":34},{"$f":"Base!BK230","v":4.5},{"$f":"IF(Base!BL230=\"\",\"\",Base!BL230)","v":"km"},null,{"$f":"Base!BM230","v":153},null,null,{"$f":"IF(Base!H230=\"Uvrier\",3018,VLOOKUP(FQ232,$GV$2:$GX$7,FM232+1,0))","v":3001},0,0,null,0,null,null,null,null,null,"Libre","BS - 300",null,"BU - 73 - aff",0,null,null,null,null,null,null,null,null,null,null,null,null,null,null,null,null,null,null,null,null,null,null,null,null,null,null,null,null,null,null,null,null,null,{"$f":"Base!AH230&\", \"&Base!AI230","v":"Yvan, Maye"},{"$f":"Base!AN230&\" \"&Base!AO230&\", \"&Base!AK230&\" \"&Base!AL230","v":"1870 Monthey, Avenue de l'Europe 43"},{"$f":"CONCATENATE(TEXT(DATE(YEAR(Base!AJ230),MONTH(Base!AJ230),DAY(Base!AJ230)),\"jj.mm.aaaa\"),\", \",FN232,IF(Base!D230=\"\",\"\",\" - \"),Base!D230)","v":"12.06.1947, 756.1820.3438.81"},{"$f":"Base!AR230","v":"Helsana Assurances SA"},{"$f":"LEFT(Base!J230,10)","v":"2022-02-09"},{"$f":"CONCATENATE(Base!L230,IF(Base!L230=0,\"\",\", \"),Base!M230,\" \",Base!N230,\", \",Base!P230,\" \",Base!Q230)","v":"Rue du Closillon 17, 1870 Monthey"},{"$f":"CONCATENATE(Base!V230,\", \",Base!Z230,\" \",Base!AA230,\", \",Base!W230,\" \",Base!X230)","v":"Hôpital Riviera-Chablais (HRC), 1847 Rennaz, Route du Vieux-Séquoia 20"},null,{"$f":"CONCATENATE(RIGHT(LEFT(Base!J230,16),5),\" - \",RIGHT(LEFT(Base!K230,16),5))","v":"10:06 - 11:16"},{"$f":"Base!AF230&\" - \"&Base!I230","v":"Maladie - P1"},null,null,null,null,null,null,null,null,null,null,null,null,null,null,null,null,null,null,{"$f":"Base!H230","v":"Monthey"},3,null,null,null,null,null,null,null,null,null,3,null,null,null,null,null,null,null,null,null,null,null,null,null,null,null,null,null,null,null,null,null,{"$f":"IF(Base!U230=\"Privée\",2,1)","v":1},{"$f":"IF(OR(LEFT(Base!AS230,1)=\"1\",LEFT(Base!AS230)=\"2\"),RIGHT(Base!AS230,LEN(Base!AS230)-1),Base!AS230)","v":"756.1820.3438.81"},{"$f":"Base!AU230","v":"Personne"},{"$f":"OR(CONCATENATE(Base!AW230,Base!AX230)=CONCATENATE(Base!AH230,Base!AI230),FO232=\"Établissement\")","v":true},{"$f":"Base!I230","v":"P1"}]
[{"$f":"Base!A231","v":4422},{"$f":"20","v":20},{"$f":"Base!B231","v":"2022-02-25"},null,{"$f":"Base!AE231","v":"VS22004078"},null,null,null,null,null,"<AUTO>",null,null,null,null,"URL (Libre)",null,null,{"$f":"Base!E231&\" - \"&Base!H231&\" - \"&Base!D231","v":"17478 - Monthey - "},{"$f":"IF(AND(Base!AT231<1000,Base!AT231>99),Base!AT231,IF(FO233=\"Établissement\",VALUE(CONCATENATE(LEN(SUBSTITUTE(V233,\" \",\"\")),LEN(V233),AA233,COLUMN(INDIRECT(LEFT(V233,1)&1)),LEN(SUBSTITUTE(V233,\"-\",\"\")))),IF(FN233=\"\",VALUE(CONCATENATE(COLUMN(INDIRECT(LEFT(W233,1)&1)),COLUMN(INDIRECT(LEFT(X233,1)&1)),AO233,CODE(AA233))),VALUE(SUBSTITUTE(SUBSTITUTE(SUBSTITUTE(FN233,\".\",\"\"),\" \",\"\"),\"-\",\"\")))))","v":7561820343881},null,{"$f":"SUBSTITUTE(IF(Base!BF231=0,\"\",Base!BF231),\" (facturation)\",\"\")","v":""},{"$f":"IF(Base!AW231=0,\"\",Base!AH231)","v":"Yvan"},{"$f":"IF(Base!AX231=0,\"\",Base!AI231)","v":"Maye"},{"$f":"IF(Base!AW231=0,Base!AY231&\" \"&Base!AZ231,Base!AK231&\" \"&Base!AL231)","v":"Avenue de l'Europe 43"},{"$f":"IF(IF(Base!AW231=0,Base!BA231,Base!AM231)=0,\"\",IF(Base!AW231=0,Base!BA231,Base!AM231))","v":""},{"$f":"IF(Base!AW231=0,Base!BB231,Base!AN231)","v":1870},{"$f":"IF(Base!AW231=0,Base!BC231,Base!AO231)","v":"Monthey"},null,null,null,null,null,null,null,null,null,null,null,null,{"$f":"Base!AJ231","v":"1947-06-12"},{"$f":"IF(FO233=\"Établissement\",\"\",IF(Base!AG231=\"Masculin\",\"Monsieur\",IF(Base!AG231=\"Féminin\",\"Madame\",\"\")))","v":"Monsieur"},{"$f":"IF(FP233=FALSE,CONCATENATE(IF(Base!AV231=\"Masculin\",\"Monsieur\",IF(Base!AV231=\"Féminin\",\"Madame\",\"\")),\"#chr(13)##chr(10)#\",Base!AW231,\" \",Base!AX231, \"#chr(13)##chr(10)#\",Base!AY231,\" \",Base!AZ231, \"#chr(13)##chr(10)#\",Base!BA231, \"#chr(13)##chr(10)#\",Base!BB231,\" \",Base!BC231),\"\")","v":""},null,"Monsieur",null,{"$f":"IF(AND(Base!AT231<200,Base!AT231>99),1,0)","v":0},null,0,{"$f":"Base!BG231","v":9411},{"$f":"Base!BH231& \"#chr(13)##chr(10)#\" &Base!BI231","v":"Personnel soignant reconnu (par personne et par quart d'heure entamé)#chr(13)##chr(10)#"},null,{"$f":"Base!BJ231","v":10},{"$f":"Base!BK231","v":35},{"$f":"IF(Base!BL231=\"\",\"\",Base!BL231)","v":"¼ d'heure"},null,{"$f":"Base!BM231","v":350},null,null,{"$f":"IF(Base!H231=\"Uvrier\",3018,VLOOKUP(FQ233,$GV$2:$GX$7,FM233+1,0))","v":3001},0,0,null,0,null,null,null,null,null,"Libre","BS - 301",null,"BU - 73 - aff",0,null,null,null,null,null,null,null,null,null,null,null,null,null,null,null,null,null,null,null,null,null,null,null,null,null,null,null,null,null,null,null,null,null,{"$f":"Base!AH231&\", \"&Base!AI231","v":"Yvan, Maye"},{"$f":"Base!AN231&\" \"&Base!AO231&\", \"&Base!AK231&\" \"&Base!AL231","v":"1870 Monthey, Avenue de l'Europe 43"},{"$f":"CONCATENATE(TEXT(DATE(YEAR(Base!AJ231),MONTH(Base!AJ231),DAY(Base!AJ231)),\"jj.mm.aaaa\"),\", \",FN233,IF(Base!D231=\"\",\"\",\" - \"),Base!D231)","v":"12.06.1947, 756.1820.3438.81"},{"$f":"Base!AR231","v":"Helsana Assurances SA"},{"$f":"LEFT(Base!J231,10)","v":"2022-02-09"},{"$f":"CONCATENATE(Base!L231,IF(Base!L231=0,\"\",\", \"),Base!M231,\" \",Base!N231,\", \",Base!P231,\" \",Base!Q231)","v":"Rue du Closillon 17, 1870 Monthey"},{"$f":"CONCATENATE(Base!V231,\", \",Base!Z231,\" \",Base!AA231,\", \",Base!W231,\" \",Base!X231)","v":"Hôpital Riviera-Chablais (HRC), 1847 Rennaz, Route du Vieux-Séquoia 20"},null,{"$f":"CONCATENATE(RIGHT(LEFT(Base!J231,16),5),\" - \",RIGHT(LEFT(Base!K231,16),5))","v":"10:06 - 11:16"},{"$f":"Base!AF231&\" - \"&Base!I231","v":"Maladie - P1"},null,null,null,null,null,null,null,null,null,null,null,null,null,null,null,null,null,null,{"$f":"Base!H231","v":"Monthey"},3,null,null,null,null,null,null,null,null,null,3,null,null,null,null,null,null,null,null,null,null,null,null,null,null,null,null,null,null,null,null,null,{"$f":"IF(Base!U231=\"Privée\",2,1)","v":1},{"$f":"IF(OR(LEFT(Base!AS231,1)=\"1\",LEFT(Base!AS231)=\"2\"),RIGHT(Base!AS231,LEN(Base!AS231)-1),Base!AS231)","v":"756.1820.3438.81"},{"$f":"Base!AU231","v":"Personne"},{"$f":"OR(CONCATENATE(Base!AW231,Base!AX231)=CONCATENATE(Base!AH231,Base!AI231),FO233=\"Établissement\")","v":true},{"$f":"Base!I231","v":"P1"}]
[{"$f":"Base!A232","v":4422},{"$f":"20","v":20},{"$f":"Base!B232","v":"2022-02-25"},null,{"$f":"Base!AE232","v":"VS22004078"},null,null,null,null,null,"<AUTO>",null,null,null,null,"URL (Libre)",null,null,{"$f":"Base!E232&\" - \"&Base!H232&\" - \"&Base!D232","v":"17478 - Monthey - "},{"$f":"IF(AND(Base!AT232<1000,Base!AT232>99),Base!AT232,IF(FO234=\"Établissement\",VALUE(CONCATENATE(LEN(SUBSTITUTE(V234,\" \",\"\")),LEN(V234),AA234,COLUMN(INDIRECT(LEFT(V234,1)&1)),LEN(SUBSTITUTE(V234,\"-\",\"\")))),IF(FN234=\"\",VALUE(CONCATENATE(COLUMN(INDIRECT(LEFT(W234,1)&1)),COLUMN(INDIRECT(LEFT(X234,1)&1)),AO234,CODE(AA234))),VALUE(SUBSTITUTE(SUBSTITUTE(SUBSTITUTE(FN234,\".\",\"\"),\" \",\"\"),\"-\",\"\")))))","v":7561820343881},null,{"$f":"SUBSTITUTE(IF(Base!BF232=0,\"\",Base!BF232),\" (facturation)\",\"\")","v":""},{"$f":"IF(Base!AW232=0,\"\",Base!AH232)","v":"Yvan"},{"$f":"IF(Base!AX232=0,\"\",Base!AI232)","v":"Maye"},{"$f":"IF(Base!AW232=0,Base!AY232&\" \"&Base!AZ232,Base!AK232&\" \"&Base!AL232)","v":"Avenue de l'Europe 43"},{"$f":"IF(IF(Base!AW232=0,Base!BA232,Base!AM232)=0,\"\",IF(Base!AW232=0,Base!BA232,Base!AM232))","v":""},{"$f":"IF(Base!AW232=0,Base!BB232,Base!AN232)","v":1870},{"$f":"IF(Base!AW232=0,Base!BC232,Base!AO232)","v":"Monthey"},null,null,null,null,null,null,null,null,null,null,null,null,{"$f":"Base!AJ232","v":"1947-06-12"},{"$f":"IF(FO234=\"Établissement\",\"\",IF(Base!AG232=\"Masculin\",\"Monsieur\",IF(Base!AG232=\"Féminin\",\"Madame\",\"\")))","v":"Monsieur"},{"$f":"IF(FP234=FALSE,CONCATENATE(IF(Base!AV232=\"Masculin\",\"Monsieur\",IF(Base!AV232=\"Féminin\",\"Madame\",\"\")),\"#chr(13)##chr(10)#\",Base!AW232,\" \",Base!AX232, \"#chr(13)##chr(10)#\",Base!AY232,\" \",Base!AZ232, \"#chr(13)##chr(10)#\",Base!BA232, \"#chr(13)##chr(10)#\",Base!BB232,\" \",Base!BC232),\"\")","v":""},null,"Monsieur",null,{"$f":"IF(AND(Base!AT232<200,Base!AT232>99),1,0)","v":0},null,0,{"$f":"Base!BG232","v":9440},{"$f":"Base!BH232& \"#chr(13)##chr(10)#\" &Base!BI232","v":"Matériel - Prestation standard#chr(13)##chr(10)#"},null,{"$f":"Base!BJ232","v":1},{"$f":"Base!BK232","v":0},{"$f":"IF(Base!BL232=\"\",\"\",Base!BL232)","v":""},null,{"$f":"Base!BM232","v":0},null,null,{"$f":"IF(Base!H232=\"Uvrier\",3018,VLOOKUP(FQ234,$GV$2:$GX$7,FM234+1,0))","v":3001},0,0,null,0,null,null,null,null,null,"Libre","BS - 302",null,"BU - 73 - aff",0,null,null,null,null,null,null,null,null,null,null,null,null,null,null,null,null,null,null,null,null,null,null,null,null,null,null,null,null,null,null,null,null,null,{"$f":"Base!AH232&\", \"&Base!AI232","v":"Yvan, Maye"},{"$f":"Base!AN232&\" \"&Base!AO232&\", \"&Base!AK232&\" \"&Base!AL232","v":"1870 Monthey, Avenue de l'Europe 43"},{"$f":"CONCATENATE(TEXT(DATE(YEAR(Base!AJ232),MONTH(Base!AJ232),DAY(Base!AJ232)),\"jj.mm.aaaa\"),\", \",FN234,IF(Base!D232=\"\",\"\",\" - \"),Base!D232)","v":"12.06.1947, 756.1820.3438.81"},{"$f":"Base!AR232","v":"Helsana Assurances SA"},{"$f":"LEFT(Base!J232,10)","v":"2022-02-09"},{"$f":"CONCATENATE(Base!L232,IF(Base!L232=0,\"\",\", \"),Base!M232,\" \",Base!N232,\", \",Base!P232,\" \",Base!Q232)","v":"Rue du Closillon 17, 1870 Monthey"},{"$f":"CONCATENATE(Base!V232,\", \",Base!Z232,\" \",Base!AA232,\", \",Base!W232,\" \",Base!X232)","v":"Hôpital Riviera-Chablais (HRC), 1847 Rennaz, Route du Vieux-Séquoia 20"},null,{"$f":"CONCATENATE(RIGHT(LEFT(Base!J232,16),5),\" - \",RIGHT(LEFT(Base!K232,16),5))","v":"10:06 - 11:16"},{"$f":"Base!AF232&\" - \"&Base!I232","v":"Maladie - P1"},null,null,null,null,null,null,null,null,null,null,null,null,null,null,null,null,null,null,{"$f":"Base!H232","v":"Monthey"},3,null,null,null,null,null,null,null,null,null,3,null,null,null,null,null,null,null,null,null,null,null,null,null,null,null,null,null,null,null,null,null,{"$f":"IF(Base!U232=\"Privée\",2,1)","v":1},{"$f":"IF(OR(LEFT(Base!AS232,1)=\"1\",LEFT(Base!AS232)=\"2\"),RIGHT(Base!AS232,LEN(Base!AS232)-1),Base!AS232)","v":"756.1820.3438.81"},{"$f":"Base!AU232","v":"Personne"},{"$f":"OR(CONCATENATE(Base!AW232,Base!AX232)=CONCATENATE(Base!AH232,Base!AI232),FO234=\"Établissement\")","v":true},{"$f":"Base!I232","v":"P1"}]
[{"$f":"Base!A233","v":4423},{"$f":"20","v":20},{"$f":"Base!B233","v":"2022-02-25"},null,{"$f":"Base!AE233","v":"VS22004086"},null,null,null,null,null,"<AUTO>",null,null,null,null,"URL (Libre)",null,null,{"$f":"Base!E233&\" - \"&Base!H233&\" - \"&Base!D233","v":"17485 - Monthey - "},{"$f":"IF(AND(Base!AT233<1000,Base!AT233>99),Base!AT233,IF(FO235=\"Établissement\",VALUE(CONCATENATE(LEN(SUBSTITUTE(V235,\" \",\"\")),LEN(V235),AA235,COLUMN(INDIRECT(LEFT(V235,1)&1)),LEN(SUBSTITUTE(V235,\"-\",\"\")))),IF(FN235=\"\",VALUE(CONCATENATE(COLUMN(INDIRECT(LEFT(W235,1)&1)),COLUMN(INDIRECT(LEFT(X235,1)&1)),AO235,CODE(AA235))),VALUE(SUBSTITUTE(SUBSTITUTE(SUBSTITUTE(FN235,\".\",\"\"),\" \",\"\"),\"-\",\"\")))))","v":121},null,{"$f":"SUBSTITUTE(IF(Base!BF233=0,\"\",Base!BF233),\" (facturation)\",\"\")","v":"Suva Sion - Service Center"},{"$f":"IF(Base!AW233=0,\"\",Base!AH233)","v":""},{"$f":"IF(Base!AX233=0,\"\",Base!AI233)","v":""},{"$f":"IF(Base!AW233=0,Base!AY233&\" \"&Base!AZ233,Base!AK233&\" \"&Base!AL233)","v":"Postfach "},{"$f":"IF(IF(Base!AW233=0,Base!BA233,Base!AM233)=0,\"\",IF(Base!AW233=0,Base!BA233,Base!AM233))","v":""},{"$f":"IF(Base!AW233=0,Base!BB233,Base!AN233)","v":6009},{"$f":"IF(Base!AW233=0,Base!BC233,Base!AO233)","v":"Luzern"},null,null,null,null,null,null,null,null,null,null,null,null,{"$f":"Base!AJ233","v":"1996-10-03"},{"$f":"IF(FO235=\"Établissement\",\"\",IF(Base!AG233=\"Masculin\",\"Monsieur\",IF(Base!AG233=\"Féminin\",\"Madame\",\"\")))","v":""},{"$f":"IF(FP235=FALSE,CONCATENATE(IF(Base!AV233=\"Masculin\",\"Monsieur\",IF(Base!AV233=\"Féminin\",\"Madame\",\"\")),\"#chr(13)##chr(10)#\",Base!AW233,\" \",Base!AX233, \"#chr(13)##chr(10)#\",Base!AY233,\" \",Base!AZ233, \"#chr(13)##chr(10)#\",Base!BA233, \"#chr(13)##chr(10)#\",Base!BB233,\" \",Base!BC233),\"\")","v":""},null,"",null,{"$f":"IF(AND(Base!AT233<200,Base!AT233>99),1,0)","v":1},null,0,{"$f":"Base!BG233","v":"VS.9501"},{"$f":"Base!BH233& \"#chr(13)##chr(10)#\" &Base!BI233","v":"Taxe de base sauvetage P1#chr(13)##chr(10)#"},null,{"$f":"Base!BJ233","v":1},{"$f":"Base!BK233","v":300},{"$f":"IF(Base!BL233=\"\",\"\",Base!BL233)","v":""},null,{"$f":"Base!BM233","v":300},null,null,{"$f":"IF(Base!H233=\"Uvrier\",3018,VLOOKUP(FQ235,$GV$2:$GX$7,FM235+1,0))","v":3001},0,0,null,0,null,null,null,null,null,"Libre","BS - 303",null,"BU - 73 - aff",0,null,null,null,null,null,null,null,null,null,null,null,null,null,null,null,null,null,null,null,null,null,null,null,null,null,null,null,null,null,null,null,null,null,{"$f":"Base!AH233&\", \"&Base!AI233","v":"Ruiz Crespo, Jose Maria"},{"$f":"Base!AN233&\" \"&Base!AO233&\", \"&Base!AK233&\" \"&Base!AL233","v":"1890 St-Maurice, Chemin des Condémines 3"},{"$f":"CONCATENATE(TEXT(DATE(YEAR(Base!AJ233),MONTH(Base!AJ233),DAY(Base!AJ233)),\"jj.mm.aaaa\"),\", \",FN235,IF(Base!D233=\"\",\"\",\" - \"),Base!D233)","v":"03.10.1996, "},{"$f":"Base!AR233","v":"SUVA  "},{"$f":"LEFT(Base!J233,10)","v":"2022-02-09"},{"$f":"CONCATENATE(Base!L233,IF(Base!L233=0,\"\",\", \"),Base!M233,\" \",Base!N233,\", \",Base!P233,\" \",Base!Q233)","v":"Schmidli SA, Route Boeuferrant-Nord 13, 1870 Monthey"},{"$f":"CONCATENATE(Base!V233,\", \",Base!Z233,\" \",Base!AA233,\", \",Base!W233,\" \",Base!X233)","v":"CHUV Hôpital universitaire de Lausanne, 1006 Lausanne, Rue du Bugnon 46"},null,{"$f":"CONCATENATE(RIGHT(LEFT(Base!J233,16),5),\" - \",RIGHT(LEFT(Base!K233,16),5))","v":"10:37 - 12:19"},{"$f":"Base!AF233&\" - \"&Base!I233","v":"Accident - P1"},null,null,null,null,null,null,null,null,null,null,null,null,null,null,null,null,null,null,{"$f":"Base!H233","v":"Monthey"},3,null,null,null,null,null,null,null,null,null,3,null,null,null,null,null,null,null,null,null,null,null,null,null,null,null,null,null,null,null,null,null,{"$f":"IF(Base!U233=\"Privée\",2,1)","v":1},{"$f":"IF(OR(LEFT(Base!AS233,1)=\"1\",LEFT(Base!AS233)=\"2\"),RIGHT(Base!AS233,LEN(Base!AS233)-1),Base!AS233)","v":""},{"$f":"Base!AU233","v":"Établissement"},{"$f":"OR(CONCATENATE(Base!AW233,Base!AX233)=CONCATENATE(Base!AH233,Base!AI233),FO235=\"Établissement\")","v":true},{"$f":"Base!I233","v":"P1"}]
[{"$f":"Base!A234","v":4423},{"$f":"20","v":20},{"$f":"Base!B234","v":"2022-02-25"},null,{"$f":"Base!AE234","v":"VS22004086"},null,null,null,null,null,"<AUTO>",null,null,null,null,"URL (Libre)",null,null,{"$f":"Base!E234&\" - \"&Base!H234&\" - \"&Base!D234","v":"17485 - Monthey - "},{"$f":"IF(AND(Base!AT234<1000,Base!AT234>99),Base!AT234,IF(FO236=\"Établissement\",VALUE(CONCATENATE(LEN(SUBSTITUTE(V236,\" \",\"\")),LEN(V236),AA236,COLUMN(INDIRECT(LEFT(V236,1)&1)),LEN(SUBSTITUTE(V236,\"-\",\"\")))),IF(FN236=\"\",VALUE(CONCATENATE(COLUMN(INDIRECT(LEFT(W236,1)&1)),COLUMN(INDIRECT(LEFT(X236,1)&1)),AO236,CODE(AA236))),VALUE(SUBSTITUTE(SUBSTITUTE(SUBSTITUTE(FN236,\".\",\"\"),\" \",\"\"),\"-\",\"\")))))","v":121},null,{"$f":"SUBSTITUTE(IF(Base!BF234=0,\"\",Base!BF234),\" (facturation)\",\"\")","v":"Suva Sion - Service Center"},{"$f":"IF(Base!AW234=0,\"\",Base!AH234)","v":""},{"$f":"IF(Base!AX234=0,\"\",Base!AI234)","v":""},{"$f":"IF(Base!AW234=0,Base!AY234&\" \"&Base!AZ234,Base!AK234&\" \"&Base!AL234)","v":"Postfach "},{"$f":"IF(IF(Base!AW234=0,Base!BA234,Base!AM234)=0,\"\",IF(Base!AW234=0,Base!BA234,Base!AM234))","v":""},{"$f":"IF(Base!AW234=0,Base!BB234,Base!AN234)","v":6009},{"$f":"IF(Base!AW234=0,Base!BC234,Base!AO234)","v":"Luzern"},null,null,null,null,null,null,null,null,null,null,null,null,{"$f":"Base!AJ234","v":"1996-10-03"},{"$f":"IF(FO236=\"Établissement\",\"\",IF(Base!AG234=\"Masculin\",\"Monsieur\",IF(Base!AG234=\"Féminin\",\"Madame\",\"\")))","v":""},{"$f":"IF(FP236=FALSE,CONCATENATE(IF(Base!AV234=\"Masculin\",\"Monsieur\",IF(Base!AV234=\"Féminin\",\"Madame\",\"\")),\"#chr(13)##chr(10)#\",Base!AW234,\" \",Base!AX234, \"#chr(13)##chr(10)#\",Base!AY234,\" \",Base!AZ234, \"#chr(13)##chr(10)#\",Base!BA234, \"#chr(13)##chr(10)#\",Base!BB234,\" \",Base!BC234),\"\")","v":""},null,"",null,{"$f":"IF(AND(Base!AT234<200,Base!AT234>99),1,0)","v":1},null,0,{"$f":"Base!BG234","v":"VS.9504"},{"$f":"Base!BH234& \"#chr(13)##chr(10)#\" &Base!BI234","v":"Indemnisation kilométrique#chr(13)##chr(10)#"},null,{"$f":"Base!BJ234","v":96},{"$f":"Base!BK234","v":4.5},{"$f":"IF(Base!BL234=\"\",\"\",Base!BL234)","v":"km"},null,{"$f":"Base!BM234","v":432},null,null,{"$f":"IF(Base!H234=\"Uvrier\",3018,VLOOKUP(FQ236,$GV$2:$GX$7,FM236+1,0))","v":3001},0,0,null,0,null,null,null,null,null,"Libre","BS - 304",null,"BU - 73 - aff",0,null,null,null,null,null,null,null,null,null,null,null,null,null,null,null,null,null,null,null,null,null,null,null,null,null,null,null,null,null,null,null,null,null,{"$f":"Base!AH234&\", \"&Base!AI234","v":"Ruiz Crespo, Jose Maria"},{"$f":"Base!AN234&\" \"&Base!AO234&\", \"&Base!AK234&\" \"&Base!AL234","v":"1890 St-Maurice, Chemin des Condémines 3"},{"$f":"CONCATENATE(TEXT(DATE(YEAR(Base!AJ234),MONTH(Base!AJ234),DAY(Base!AJ234)),\"jj.mm.aaaa\"),\", \",FN236,IF(Base!D234=\"\",\"\",\" - \"),Base!D234)","v":"03.10.1996, "},{"$f":"Base!AR234","v":"SUVA  "},{"$f":"LEFT(Base!J234,10)","v":"2022-02-09"},{"$f":"CONCATENATE(Base!L234,IF(Base!L234=0,\"\",\", \"),Base!M234,\" \",Base!N234,\", \",Base!P234,\" \",Base!Q234)","v":"Schmidli SA, Route Boeuferrant-Nord 13, 1870 Monthey"},{"$f":"CONCATENATE(Base!V234,\", \",Base!Z234,\" \",Base!AA234,\", \",Base!W234,\" \",Base!X234)","v":"CHUV Hôpital universitaire de Lausanne, 1006 Lausanne, Rue du Bugnon 46"},null,{"$f":"CONCATENATE(RIGHT(LEFT(Base!J234,16),5),\" - \",RIGHT(LEFT(Base!K234,16),5))","v":"10:37 - 12:19"},{"$f":"Base!AF234&\" - \"&Base!I234","v":"Accident - P1"},null,null,null,null,null,null,null,null,null,null,null,null,null,null,null,null,null,null,{"$f":"Base!H234","v":"Monthey"},3,null,null,null,null,null,null,null,null,null,3,null,null,null,null,null,null,null,null,null,null,null,null,null,null,null,null,null,null,null,null,null,{"$f":"IF(Base!U234=\"Privée\",2,1)","v":1},{"$f":"IF(OR(LEFT(Base!AS234,1)=\"1\",LEFT(Base!AS234)=\"2\"),RIGHT(Base!AS234,LEN(Base!AS234)-1),Base!AS234)","v":""},{"$f":"Base!AU234","v":"Établissement"},{"$f":"OR(CONCATENATE(Base!AW234,Base!AX234)=CONCATENATE(Base!AH234,Base!AI234),FO236=\"Établissement\")","v":true},{"$f":"Base!I234","v":"P1"}]
[{"$f":"Base!A235","v":4423},{"$f":"20","v":20},{"$f":"Base!B235","v":"2022-02-25"},null,{"$f":"Base!AE235","v":"VS22004086"},null,null,null,null,null,"<AUTO>",null,null,null,null,"URL (Libre)",null,null,{"$f":"Base!E235&\" - \"&Base!H235&\" - \"&Base!D235","v":"17485 - Monthey - "},{"$f":"IF(AND(Base!AT235<1000,Base!AT235>99),Base!AT235,IF(FO237=\"Établissement\",VALUE(CONCATENATE(LEN(SUBSTITUTE(V237,\" \",\"\")),LEN(V237),AA237,COLUMN(INDIRECT(LEFT(V237,1)&1)),LEN(SUBSTITUTE(V237,\"-\",\"\")))),IF(FN237=\"\",VALUE(CONCATENATE(COLUMN(INDIRECT(LEFT(W237,1)&1)),COLUMN(INDIRECT(LEFT(X237,1)&1)),AO237,CODE(AA237))),VALUE(SUBSTITUTE(SUBSTITUTE(SUBSTITUTE(FN237,\".\",\"\"),\" \",\"\"),\"-\",\"\")))))","v":121},null,{"$f":"SUBSTITUTE(IF(Base!BF235=0,\"\",Base!BF235),\" (facturation)\",\"\")","v":"Suva Sion - Service Center"},{"$f":"IF(Base!AW235=0,\"\",Base!AH235)","v":""},{"$f":"IF(Base!AX235=0,\"\",Base!AI235)","v":""},{"$f":"IF(Base!AW235=0,Base!AY235&\" \"&Base!AZ235,Base!AK235&\" \"&Base!AL235)","v":"Postfach "},{"$f":"IF(IF(Base!AW235=0,Base!BA235,Base!AM235)=0,\"\",IF(Base!AW235=0,Base!BA235,Base!AM235))","v":""},{"$f":"IF(Base!AW235=0,Base!BB235,Base!AN235)","v":6009},{"$f":"IF(Base!AW235=0,Base!BC235,Base!AO235)","v":"Luzern"},null,null,null,null,null,null,null,null,null,null,null,null,{"$f":"Base!AJ235","v":"1996-10-03"},{"$f":"IF(FO237=\"Établissement\",\"\",IF(Base!AG235=\"Masculin\",\"Monsieur\",IF(Base!AG235=\"Féminin\",\"Madame\",\"\")))","v":""},{"$f":"IF(FP237=FALSE,CONCATENATE(IF(Base!AV235=\"Masculin\",\"Monsieur\",IF(Base!AV235=\"Féminin\",\"Madame\",\"\")),\"#chr(13)##chr(10)#\",Base!AW235,\" \",Base!AX235, \"#chr(13)##chr(10)#\",Base!AY235,\" \",Base!AZ235, \"#chr(13)##chr(10)#\",Base!BA235, \"#chr(13)##chr(10)#\",Base!BB235,\" \",Base!BC235),\"\")","v":""},null,"",null,{"$f":"IF(AND(Base!AT235<200,Base!AT235>99),1,0)","v":1},null,0,{"$f":"Base!BG235","v":"VS.9511"},{"$f":"Base!BH235& \"#chr(13)##chr(10)#\" &Base!BI235","v":"Personnel soignant reconnu (par personne et par quart d'heure entamé)#chr(13)##chr(10)#"},null,{"$f":"Base!BJ235","v":14},{"$f":"Base!BK235","v":35},{"$f":"IF(Base!BL235=\"\",\"\",Base!BL235)","v":"¼ d'heure"},null,{"$f":"Base!BM235","v":490},null,null,{"$f":"IF(Base!H235=\"Uvrier\",3018,VLOOKUP(FQ237,$GV$2:$GX$7,FM237+1,0))","v":3001},0,0,null,0,null,null,null,null,null,"Libre","BS - 305",null,"BU - 73 - aff",0,null,null,null,null,null,null,null,null,null,null,null,null,null,null,null,null,null,null,null,null,null,null,null,null,null,null,null,null,null,null,null,null,null,{"$f":"Base!AH235&\", \"&Base!AI235","v":"Ruiz Crespo, Jose Maria"},{"$f":"Base!AN235&\" \"&Base!AO235&\", \"&Base!AK235&\" \"&Base!AL235","v":"1890 St-Maurice, Chemin des Condémines 3"},{"$f":"CONCATENATE(TEXT(DATE(YEAR(Base!AJ235),MONTH(Base!AJ235),DAY(Base!AJ235)),\"jj.mm.aaaa\"),\", \",FN237,IF(Base!D235=\"\",\"\",\" - \"),Base!D235)","v":"03.10.1996, "},{"$f":"Base!AR235","v":"SUVA  "},{"$f":"LEFT(Base!J235,10)","v":"2022-02-09"},{"$f":"CONCATENATE(Base!L235,IF(Base!L235=0,\"\",\", \"),Base!M235,\" \",Base!N235,\", \",Base!P235,\" \",Base!Q235)","v":"Schmidli SA, Route Boeuferrant-Nord 13, 1870 Monthey"},{"$f":"CONCATENATE(Base!V235,\", \",Base!Z235,\" \",Base!AA235,\", \",Base!W235,\" \",Base!X235)","v":"CHUV Hôpital universitaire de Lausanne, 1006 Lausanne, Rue du Bugnon 46"},null,{"$f":"CONCATENATE(RIGHT(LEFT(Base!J235,16),5),\" - \",RIGHT(LEFT(Base!K235,16),5))","v":"10:37 - 12:19"},{"$f":"Base!AF235&\" - \"&Base!I235","v":"Accident - P1"},null,null,null,null,null,null,null,null,null,null,null,null,null,null,null,null,null,null,{"$f":"Base!H235","v":"Monthey"},3,null,null,null,null,null,null,null,null,null,3,null,null,null,null,null,null,null,null,null,null,null,null,null,null,null,null,null,null,null,null,null,{"$f":"IF(Base!U235=\"Privée\",2,1)","v":1},{"$f":"IF(OR(LEFT(Base!AS235,1)=\"1\",LEFT(Base!AS235)=\"2\"),RIGHT(Base!AS235,LEN(Base!AS235)-1),Base!AS235)","v":""},{"$f":"Base!AU235","v":"Établissement"},{"$f":"OR(CONCATENATE(Base!AW235,Base!AX235)=CONCATENATE(Base!AH235,Base!AI235),FO237=\"Établissement\")","v":true},{"$f":"Base!I235","v":"P1"}]
[{"$f":"Base!A236","v":4423},{"$f":"20","v":20},{"$f":"Base!B236","v":"2022-02-25"},null,{"$f":"Base!AE236","v":"VS22004086"},null,null,null,null,null,"<AUTO>",null,null,null,null,"URL (Libre)",null,null,{"$f":"Base!E236&\" - \"&Base!H236&\" - \"&Base!D236","v":"17485 - Monthey - "},{"$f":"IF(AND(Base!AT236<1000,Base!AT236>99),Base!AT236,IF(FO238=\"Établissement\",VALUE(CONCATENATE(LEN(SUBSTITUTE(V238,\" \",\"\")),LEN(V238),AA238,COLUMN(INDIRECT(LEFT(V238,1)&1)),LEN(SUBSTITUTE(V238,\"-\",\"\")))),IF(FN238=\"\",VALUE(CONCATENATE(COLUMN(INDIRECT(LEFT(W238,1)&1)),COLUMN(INDIRECT(LEFT(X238,1)&1)),AO238,CODE(AA238))),VALUE(SUBSTITUTE(SUBSTITUTE(SUBSTITUTE(FN238,\".\",\"\"),\" \",\"\"),\"-\",\"\")))))","v":121},null,{"$f":"SUBSTITUTE(IF(Base!BF236=0,\"\",Base!BF236),\" (facturation)\",\"\")","v":"Suva Sion - Service Center"},{"$f":"IF(Base!AW236=0,\"\",Base!AH236)","v":""},{"$f":"IF(Base!AX236=0,\"\",Base!AI236)","v":""},{"$f":"IF(Base!AW236=0,Base!AY236&\" \"&Base!AZ236,Base!AK236&\" \"&Base!AL236)","v":"Postfach "},{"$f":"IF(IF(Base!AW236=0,Base!BA236,Base!AM236)=0,\"\",IF(Base!AW236=0,Base!BA236,Base!AM236))","v":""},{"$f":"IF(Base!AW236=0,Base!BB236,Base!AN236)","v":6009},{"$f":"IF(Base!AW236=0,Base!BC236,Base!AO236)","v":"Luzern"},null,null,null,null,null,null,null,null,null,null,null,null,{"$f":"Base!AJ236","v":"1996-10-03"},{"$f":"IF(FO238=\"Établissement\",\"\",IF(Base!AG236=\"Masculin\",\"Monsieur\",IF(Base!AG236=\"Féminin\",\"Madame\",\"\")))","v":""},{"$f":"IF(FP238=FALSE,CONCATENATE(IF(Base!AV236=\"Masculin\",\"Monsieur\",IF(Base!AV236=\"Féminin\",\"Madame\",\"\")),\"#chr(13)##chr(10)#\",Base!AW236,\" \",Base!AX236, \"#chr(13)##chr(10)#\",Base!AY236,\" \",Base!AZ236, \"#chr(13)##chr(10)#\",Base!BA236, \"#chr(13)##chr(10)#\",Base!BB236,\" \",Base!BC236),\"\")","v":""},null,"",null,{"$f":"IF(AND(Base!AT236<200,Base!AT236>99),1,0)","v":1},null,0,{"$f":"Base!BG236","v":"VS.9541"},{"$f":"Base!BH236& \"#chr(13)##chr(10)#\" &Base!BI236","v":"Matériel - Prestation standard élargie#chr(13)##chr(10)#"},null,{"$f":"Base!BJ236","v":1},{"$f":"Base!BK236","v":80},{"$f":"IF(Base!BL236=\"\",\"\",Base!BL236)","v":""},null,{"$f":"Base!BM236","v":80},null,null,{"$f":"IF(Base!H236=\"Uvrier\",3018,VLOOKUP(FQ238,$GV$2:$GX$7,FM238+1,0))","v":3001},0,0,null,0,null,null,null,null,null,"Libre","BS - 306",null,"BU - 73 - aff",0,null,null,null,null,null,null,null,null,null,null,null,null,null,null,null,null,null,null,null,null,null,null,null,null,null,null,null,null,null,null,null,null,null,{"$f":"Base!AH236&\", \"&Base!AI236","v":"Ruiz Crespo, Jose Maria"},{"$f":"Base!AN236&\" \"&Base!AO236&\", \"&Base!AK236&\" \"&Base!AL236","v":"1890 St-Maurice, Chemin des Condémines 3"},{"$f":"CONCATENATE(TEXT(DATE(YEAR(Base!AJ236),MONTH(Base!AJ236),DAY(Base!AJ236)),\"jj.mm.aaaa\"),\", \",FN238,IF(Base!D236=\"\",\"\",\" - \"),Base!D236)","v":"03.10.1996, "},{"$f":"Base!AR236","v":"SUVA  "},{"$f":"LEFT(Base!J236,10)","v":"2022-02-09"},{"$f":"CONCATENATE(Base!L236,IF(Base!L236=0,\"\",\", \"),Base!M236,\" \",Base!N236,\", \",Base!P236,\" \",Base!Q236)","v":"Schmidli SA, Route Boeuferrant-Nord 13, 1870 Monthey"},{"$f":"CONCATENATE(Base!V236,\", \",Base!Z236,\" \",Base!AA236,\", \",Base!W236,\" \",Base!X236)","v":"CHUV Hôpital universitaire de Lausanne, 1006 Lausanne, Rue du Bugnon 46"},null,{"$f":"CONCATENATE(RIGHT(LEFT(Base!J236,16),5),\" - \",RIGHT(LEFT(Base!K236,16),5))","v":"10:37 - 12:19"},{"$f":"Base!AF236&\" - \"&Base!I236","v":"Accident - P1"},null,null,null,null,null,null,null,null,null,null,null,null,null,null,null,null,null,null,{"$f":"Base!H236","v":"Monthey"},3,null,null,null,null,null,null,null,null,null,3,null,null,null,null,null,null,null,null,null,null,null,null,null,null,null,null,null,null,null,null,null,{"$f":"IF(Base!U236=\"Privée\",2,1)","v":1},{"$f":"IF(OR(LEFT(Base!AS236,1)=\"1\",LEFT(Base!AS236)=\"2\"),RIGHT(Base!AS236,LEN(Base!AS236)-1),Base!AS236)","v":""},{"$f":"Base!AU236","v":"Établissement"},{"$f":"OR(CONCATENATE(Base!AW236,Base!AX236)=CONCATENATE(Base!AH236,Base!AI236),FO238=\"Établissement\")","v":true},{"$f":"Base!I236","v":"P1"}]
[{"$f":"Base!A237","v":4425},{"$f":"20","v":20},{"$f":"Base!B237","v":"2022-02-25"},null,{"$f":"Base!AE237","v":"VS22004123"},null,null,null,null,null,"<AUTO>",null,null,null,null,"URL (Libre)",null,null,{"$f":"Base!E237&\" - \"&Base!H237&\" - \"&Base!D237","v":"17520 - Monthey - "},{"$f":"IF(AND(Base!AT237<1000,Base!AT237>99),Base!AT237,IF(FO239=\"Établissement\",VALUE(CONCATENATE(LEN(SUBSTITUTE(V239,\" \",\"\")),LEN(V239),AA239,COLUMN(INDIRECT(LEFT(V239,1)&1)),LEN(SUBSTITUTE(V239,\"-\",\"\")))),IF(FN239=\"\",VALUE(CONCATENATE(COLUMN(INDIRECT(LEFT(W239,1)&1)),COLUMN(INDIRECT(LEFT(X239,1)&1)),AO239,CODE(AA239))),VALUE(SUBSTITUTE(SUBSTITUTE(SUBSTITUTE(FN239,\".\",\"\"),\" \",\"\"),\"-\",\"\")))))","v":7565703562871},null,{"$f":"SUBSTITUTE(IF(Base!BF237=0,\"\",Base!BF237),\" (facturation)\",\"\")","v":""},{"$f":"IF(Base!AW237=0,\"\",Base!AH237)","v":"Antony"},{"$f":"IF(Base!AX237=0,\"\",Base!AI237)","v":"Richard"},{"$f":"IF(Base!AW237=0,Base!AY237&\" \"&Base!AZ237,Base!AK237&\" \"&Base!AL237)","v":"Route du Stand 1"},{"$f":"IF(IF(Base!AW237=0,Base!BA237,Base!AM237)=0,\"\",IF(Base!AW237=0,Base!BA237,Base!AM237))","v":""},{"$f":"IF(Base!AW237=0,Base!BB237,Base!AN237)","v":1873},{"$f":"IF(Base!AW237=0,Base!BC237,Base!AO237)","v":"Val-d'Illiez"},null,null,null,null,null,null,null,null,null,null,null,null,{"$f":"Base!AJ237","v":"1950-05-10"},{"$f":"IF(FO239=\"Établissement\",\"\",IF(Base!AG237=\"Masculin\",\"Monsieur\",IF(Base!AG237=\"Féminin\",\"Madame\",\"\")))","v":"Monsieur"},{"$f":"IF(FP239=FALSE,CONCATENATE(IF(Base!AV237=\"Masculin\",\"Monsieur\",IF(Base!AV237=\"Féminin\",\"Madame\",\"\")),\"#chr(13)##chr(10)#\",Base!AW237,\" \",Base!AX237, \"#chr(13)##chr(10)#\",Base!AY237,\" \",Base!AZ237, \"#chr(13)##chr(10)#\",Base!BA237, \"#chr(13)##chr(10)#\",Base!BB237,\" \",Base!BC237),\"\")","v":""},null,"Monsieur",null,{"$f":"IF(AND(Base!AT237<200,Base!AT237>99),1,0)","v":0},null,0,{"$f":"Base!BG237","v":9401},{"$f":"Base!BH237& \"#chr(13)##chr(10)#\" &Base!BI237","v":"Taxe de base sauvetage P1#chr(13)##chr(10)#"},null,{"$f":"Base!BJ237","v":1},{"$f":"Base!BK237","v":300},{"$f":"IF(Base!BL237=\"\",\"\",Base!BL237)","v":""},null,{"$f":"Base!BM237","v":300},null,null,{"$f":"IF(Base!H237=\"Uvrier\",3018,VLOOKUP(FQ239,$GV$2:$GX$7,FM239+1,0))","v":3001},0,0,null,0,null,null,null,null,null,"Libre","BS - 307",null,"BU - 73 - aff",0,null,null,null,null,null,null,null,null,null,null,null,null,null,null,null,null,null,null,null,null,null,null,null,null,null,null,null,null,null,null,null,null,null,{"$f":"Base!AH237&\", \"&Base!AI237","v":"Antony, Richard"},{"$f":"Base!AN237&\" \"&Base!AO237&\", \"&Base!AK237&\" \"&Base!AL237","v":"1873 Val-d'Illiez, Route du Stand 1"},{"$f":"CONCATENATE(TEXT(DATE(YEAR(Base!AJ237),MONTH(Base!AJ237),DAY(Base!AJ237)),\"jj.mm.aaaa\"),\", \",FN239,IF(Base!D237=\"\",\"\",\" - \"),Base!D237)","v":"10.05.1950, 756.5703.5628.71"},{"$f":"Base!AR237","v":"Arcosana AG"},{"$f":"LEFT(Base!J237,10)","v":"2022-02-09"},{"$f":"CONCATENATE(Base!L237,IF(Base!L237=0,\"\",\", \"),Base!M237,\" \",Base!N237,\", \",Base!P237,\" \",Base!Q237)","v":"Route du Stand 1, 1873 Val-d'Illiez"},{"$f":"CONCATENATE(Base!V237,\", \",Base!Z237,\" \",Base!AA237,\", \",Base!W237,\" \",Base!X237)","v":"Hôpital Riviera-Chablais (HRC), 1847 Rennaz, Route du Vieux-Séquoia 20"},null,{"$f":"CONCATENATE(RIGHT(LEFT(Base!J237,16),5),\" - \",RIGHT(LEFT(Base!K237,16),5))","v":"15:06 - 16:53"},{"$f":"Base!AF237&\" - \"&Base!I237","v":"Maladie - P1"},null,null,null,null,null,null,null,null,null,null,null,null,null,null,null,null,null,null,{"$f":"Base!H237","v":"Monthey"},3,null,null,null,null,null,null,null,null,null,3,null,null,null,null,null,null,null,null,null,null,null,null,null,null,null,null,null,null,null,null,null,{"$f":"IF(Base!U237=\"Privée\",2,1)","v":1},{"$f":"IF(OR(LEFT(Base!AS237,1)=\"1\",LEFT(Base!AS237)=\"2\"),RIGHT(Base!AS237,LEN(Base!AS237)-1),Base!AS237)","v":"756.5703.5628.71"},{"$f":"Base!AU237","v":"Personne"},{"$f":"OR(CONCATENATE(Base!AW237,Base!AX237)=CONCATENATE(Base!AH237,Base!AI237),FO239=\"Établissement\")","v":true},{"$f":"Base!I237","v":"P1"}]
[{"$f":"Base!A238","v":4425},{"$f":"20","v":20},{"$f":"Base!B238","v":"2022-02-25"},null,{"$f":"Base!AE238","v":"VS22004123"},null,null,null,null,null,"<AUTO>",null,null,null,null,"URL (Libre)",null,null,{"$f":"Base!E238&\" - \"&Base!H238&\" - \"&Base!D238","v":"17520 - Monthey - "},{"$f":"IF(AND(Base!AT238<1000,Base!AT238>99),Base!AT238,IF(FO240=\"Établissement\",VALUE(CONCATENATE(LEN(SUBSTITUTE(V240,\" \",\"\")),LEN(V240),AA240,COLUMN(INDIRECT(LEFT(V240,1)&1)),LEN(SUBSTITUTE(V240,\"-\",\"\")))),IF(FN240=\"\",VALUE(CONCATENATE(COLUMN(INDIRECT(LEFT(W240,1)&1)),COLUMN(INDIRECT(LEFT(X240,1)&1)),AO240,CODE(AA240))),VALUE(SUBSTITUTE(SUBSTITUTE(SUBSTITUTE(FN240,\".\",\"\"),\" \",\"\"),\"-\",\"\")))))","v":7565703562871},null,{"$f":"SUBSTITUTE(IF(Base!BF238=0,\"\",Base!BF238),\" (facturation)\",\"\")","v":""},{"$f":"IF(Base!AW238=0,\"\",Base!AH238)","v":"Antony"},{"$f":"IF(Base!AX238=0,\"\",Base!AI238)","v":"Richard"},{"$f":"IF(Base!AW238=0,Base!AY238&\" \"&Base!AZ238,Base!AK238&\" \"&Base!AL238)","v":"Route du Stand 1"},{"$f":"IF(IF(Base!AW238=0,Base!BA238,Base!AM238)=0,\"\",IF(Base!AW238=0,Base!BA238,Base!AM238))","v":""},{"$f":"IF(Base!AW238=0,Base!BB238,Base!AN238)","v":1873},{"$f":"IF(Base!AW238=0,Base!BC238,Base!AO238)","v":"Val-d'Illiez"},null,null,null,null,null,null,null,null,null,null,null,null,{"$f":"Base!AJ238","v":"1950-05-10"},{"$f":"IF(FO240=\"Établissement\",\"\",IF(Base!AG238=\"Masculin\",\"Monsieur\",IF(Base!AG238=\"Féminin\",\"Madame\",\"\")))","v":"Monsieur"},{"$f":"IF(FP240=FALSE,CONCATENATE(IF(Base!AV238=\"Masculin\",\"Monsieur\",IF(Base!AV238=\"Féminin\",\"Madame\",\"\")),\"#chr(13)##chr(10)#\",Base!AW238,\" \",Base!AX238, \"#chr(13)##chr(10)#\",Base!AY238,\" \",Base!AZ238, \"#chr(13)##chr(10)#\",Base!BA238, \"#chr(13)##chr(10)#\",Base!BB238,\" \",Base!BC238),\"\")","v":""},null,"Monsieur",null,{"$f":"IF(AND(Base!AT238<200,Base!AT238>99),1,0)","v":0},null,0,{"$f":"Base!BG238","v":9404},{"$f":"Base!BH238& \"#chr(13)##chr(10)#\" &Base!BI238","v":"Indemnisation kilométrique#chr(13)##chr(10)#"},null,{"$f":"Base!BJ238","v":53},{"$f":"Base!BK238","v":4.5},{"$f":"IF(Base!BL238=\"\",\"\",Base!BL238)","v":"km"},null,{"$f":"Base!BM238","v":238.5},null,null,{"$f":"IF(Base!H238=\"Uvrier\",3018,VLOOKUP(FQ240,$GV$2:$GX$7,FM240+1,0))","v":3001},0,0,null,0,null,null,null,null,null,"Libre","BS - 308",null,"BU - 73 - aff",0,null,null,null,null,null,null,null,null,null,null,null,null,null,null,null,null,null,null,null,null,null,null,null,null,null,null,null,null,null,null,null,null,null,{"$f":"Base!AH238&\", \"&Base!AI238","v":"Antony, Richard"},{"$f":"Base!AN238&\" \"&Base!AO238&\", \"&Base!AK238&\" \"&Base!AL238","v":"1873 Val-d'Illiez, Route du Stand 1"},{"$f":"CONCATENATE(TEXT(DATE(YEAR(Base!AJ238),MONTH(Base!AJ238),DAY(Base!AJ238)),\"jj.mm.aaaa\"),\", \",FN240,IF(Base!D238=\"\",\"\",\" - \"),Base!D238)","v":"10.05.1950, 756.5703.5628.71"},{"$f":"Base!AR238","v":"Arcosana AG"},{"$f":"LEFT(Base!J238,10)","v":"2022-02-09"},{"$f":"CONCATENATE(Base!L238,IF(Base!L238=0,\"\",\", \"),Base!M238,\" \",Base!N238,\", \",Base!P238,\" \",Base!Q238)","v":"Route du Stand 1, 1873 Val-d'Illiez"},{"$f":"CONCATENATE(Base!V238,\", \",Base!Z238,\" \",Base!AA238,\", \",Base!W238,\" \",Base!X238)","v":"Hôpital Riviera-Chablais (HRC), 1847 Rennaz, Route du Vieux-Séquoia 20"},null,{"$f":"CONCATENATE(RIGHT(LEFT(Base!J238,16),5),\" - \",RIGHT(LEFT(Base!K238,16),5))","v":"15:06 - 16:53"},{"$f":"Base!AF238&\" - \"&Base!I238","v":"Maladie - P1"},null,null,null,null,null,null,null,null,null,null,null,null,null,null,null,null,null,null,{"$f":"Base!H238","v":"Monthey"},3,null,null,null,null,null,null,null,null,null,3,null,null,null,null,null,null,null,null,null,null,null,null,null,null,null,null,null,null,null,null,null,{"$f":"IF(Base!U238=\"Privée\",2,1)","v":1},{"$f":"IF(OR(LEFT(Base!AS238,1)=\"1\",LEFT(Base!AS238)=\"2\"),RIGHT(Base!AS238,LEN(Base!AS238)-1),Base!AS238)","v":"756.5703.5628.71"},{"$f":"Base!AU238","v":"Personne"},{"$f":"OR(CONCATENATE(Base!AW238,Base!AX238)=CONCATENATE(Base!AH238,Base!AI238),FO240=\"Établissement\")","v":true},{"$f":"Base!I238","v":"P1"}]
[{"$f":"Base!A239","v":4425},{"$f":"20","v":20},{"$f":"Base!B239","v":"2022-02-25"},null,{"$f":"Base!AE239","v":"VS22004123"},null,null,null,null,null,"<AUTO>",null,null,null,null,"URL (Libre)",null,null,{"$f":"Base!E239&\" - \"&Base!H239&\" - \"&Base!D239","v":"17520 - Monthey - "},{"$f":"IF(AND(Base!AT239<1000,Base!AT239>99),Base!AT239,IF(FO241=\"Établissement\",VALUE(CONCATENATE(LEN(SUBSTITUTE(V241,\" \",\"\")),LEN(V241),AA241,COLUMN(INDIRECT(LEFT(V241,1)&1)),LEN(SUBSTITUTE(V241,\"-\",\"\")))),IF(FN241=\"\",VALUE(CONCATENATE(COLUMN(INDIRECT(LEFT(W241,1)&1)),COLUMN(INDIRECT(LEFT(X241,1)&1)),AO241,CODE(AA241))),VALUE(SUBSTITUTE(SUBSTITUTE(SUBSTITUTE(FN241,\".\",\"\"),\" \",\"\"),\"-\",\"\")))))","v":7565703562871},null,{"$f":"SUBSTITUTE(IF(Base!BF239=0,\"\",Base!BF239),\" (facturation)\",\"\")","v":""},{"$f":"IF(Base!AW239=0,\"\",Base!AH239)","v":"Antony"},{"$f":"IF(Base!AX239=0,\"\",Base!AI239)","v":"Richard"},{"$f":"IF(Base!AW239=0,Base!AY239&\" \"&Base!AZ239,Base!AK239&\" \"&Base!AL239)","v":"Route du Stand 1"},{"$f":"IF(IF(Base!AW239=0,Base!BA239,Base!AM239)=0,\"\",IF(Base!AW239=0,Base!BA239,Base!AM239))","v":""},{"$f":"IF(Base!AW239=0,Base!BB239,Base!AN239)","v":1873},{"$f":"IF(Base!AW239=0,Base!BC239,Base!AO239)","v":"Val-d'Illiez"},null,null,null,null,null,null,null,null,null,null,null,null,{"$f":"Base!AJ239","v":"1950-05-10"},{"$f":"IF(FO241=\"Établissement\",\"\",IF(Base!AG239=\"Masculin\",\"Monsieur\",IF(Base!AG239=\"Féminin\",\"Madame\",\"\")))","v":"Monsieur"},{"$f":"IF(FP241=FALSE,CONCATENATE(IF(Base!AV239=\"Masculin\",\"Monsieur\",IF(Base!AV239=\"Féminin\",\"Madame\",\"\")),\"#chr(13)##chr(10)#\",Base!AW239,\" \",Base!AX239, \"#chr(13)##chr(10)#\",Base!AY239,\" \",Base!AZ239, \"#chr(13)##chr(10)#\",Base!BA239, \"#chr(13)##chr(10)#\",Base!BB239,\" \",Base!BC239),\"\")","v":""},null,"Monsieur",null,{"$f":"IF(AND(Base!AT239<200,Base!AT239>99),1,0)","v":0},null,0,{"$f":"Base!BG239","v":9411},{"$f":"Base!BH239& \"#chr(13)##chr(10)#\" &Base!BI239","v":"Personnel soignant reconnu (par personne et par quart d'heure entamé)#chr(13)##chr(10)#"},null,{"$f":"Base!BJ239","v":14},{"$f":"Base!BK239","v":35},{"$f":"IF(Base!BL239=\"\",\"\",Base!BL239)","v":"¼ d'heure"},null,{"$f":"Base!BM239","v":490},null,null,{"$f":"IF(Base!H239=\"Uvrier\",3018,VLOOKUP(FQ241,$GV$2:$GX$7,FM241+1,0))","v":3001},0,0,null,0,null,null,null,null,null,"Libre","BS - 309",null,"BU - 73 - aff",0,null,null,null,null,null,null,null,null,null,null,null,null,null,null,null,null,null,null,null,null,null,null,null,null,null,null,null,null,null,null,null,null,null,{"$f":"Base!AH239&\", \"&Base!AI239","v":"Antony, Richard"},{"$f":"Base!AN239&\" \"&Base!AO239&\", \"&Base!AK239&\" \"&Base!AL239","v":"1873 Val-d'Illiez, Route du Stand 1"},{"$f":"CONCATENATE(TEXT(DATE(YEAR(Base!AJ239),MONTH(Base!AJ239),DAY(Base!AJ239)),\"jj.mm.aaaa\"),\", \",FN241,IF(Base!D239=\"\",\"\",\" - \"),Base!D239)","v":"10.05.1950, 756.5703.5628.71"},{"$f":"Base!AR239","v":"Arcosana AG"},{"$f":"LEFT(Base!J239,10)","v":"2022-02-09"},{"$f":"CONCATENATE(Base!L239,IF(Base!L239=0,\"\",\", \"),Base!M239,\" \",Base!N239,\", \",Base!P239,\" \",Base!Q239)","v":"Route du Stand 1, 1873 Val-d'Illiez"},{"$f":"CONCATENATE(Base!V239,\", \",Base!Z239,\" \",Base!AA239,\", \",Base!W239,\" \",Base!X239)","v":"Hôpital Riviera-Chablais (HRC), 1847 Rennaz, Route du Vieux-Séquoia 20"},null,{"$f":"CONCATENATE(RIGHT(LEFT(Base!J239,16),5),\" - \",RIGHT(LEFT(Base!K239,16),5))","v":"15:06 - 16:53"},{"$f":"Base!AF239&\" - \"&Base!I239","v":"Maladie - P1"},null,null,null,null,null,null,null,null,null,null,null,null,null,null,null,null,null,null,{"$f":"Base!H239","v":"Monthey"},3,null,null,null,null,null,null,null,null,null,3,null,null,null,null,null,null,null,null,null,null,null,null,null,null,null,null,null,null,null,null,null,{"$f":"IF(Base!U239=\"Privée\",2,1)","v":1},{"$f":"IF(OR(LEFT(Base!AS239,1)=\"1\",LEFT(Base!AS239)=\"2\"),RIGHT(Base!AS239,LEN(Base!AS239)-1),Base!AS239)","v":"756.5703.5628.71"},{"$f":"Base!AU239","v":"Personne"},{"$f":"OR(CONCATENATE(Base!AW239,Base!AX239)=CONCATENATE(Base!AH239,Base!AI239),FO241=\"Établissement\")","v":true},{"$f":"Base!I239","v":"P1"}]
[{"$f":"Base!A240","v":4425},{"$f":"20","v":20},{"$f":"Base!B240","v":"2022-02-25"},null,{"$f":"Base!AE240","v":"VS22004123"},null,null,null,null,null,"<AUTO>",null,null,null,null,"URL (Libre)",null,null,{"$f":"Base!E240&\" - \"&Base!H240&\" - \"&Base!D240","v":"17520 - Monthey - "},{"$f":"IF(AND(Base!AT240<1000,Base!AT240>99),Base!AT240,IF(FO242=\"Établissement\",VALUE(CONCATENATE(LEN(SUBSTITUTE(V242,\" \",\"\")),LEN(V242),AA242,COLUMN(INDIRECT(LEFT(V242,1)&1)),LEN(SUBSTITUTE(V242,\"-\",\"\")))),IF(FN242=\"\",VALUE(CONCATENATE(COLUMN(INDIRECT(LEFT(W242,1)&1)),COLUMN(INDIRECT(LEFT(X242,1)&1)),AO242,CODE(AA242))),VALUE(SUBSTITUTE(SUBSTITUTE(SUBSTITUTE(FN242,\".\",\"\"),\" \",\"\"),\"-\",\"\")))))","v":7565703562871},null,{"$f":"SUBSTITUTE(IF(Base!BF240=0,\"\",Base!BF240),\" (facturation)\",\"\")","v":""},{"$f":"IF(Base!AW240=0,\"\",Base!AH240)","v":"Antony"},{"$f":"IF(Base!AX240=0,\"\",Base!AI240)","v":"Richard"},{"$f":"IF(Base!AW240=0,Base!AY240&\" \"&Base!AZ240,Base!AK240&\" \"&Base!AL240)","v":"Route du Stand 1"},{"$f":"IF(IF(Base!AW240=0,Base!BA240,Base!AM240)=0,\"\",IF(Base!AW240=0,Base!BA240,Base!AM240))","v":""},{"$f":"IF(Base!AW240=0,Base!BB240,Base!AN240)","v":1873},{"$f":"IF(Base!AW240=0,Base!BC240,Base!AO240)","v":"Val-d'Illiez"},null,null,null,null,null,null,null,null,null,null,null,null,{"$f":"Base!AJ240","v":"1950-05-10"},{"$f":"IF(FO242=\"Établissement\",\"\",IF(Base!AG240=\"Masculin\",\"Monsieur\",IF(Base!AG240=\"Féminin\",\"Madame\",\"\")))","v":"Monsieur"},{"$f":"IF(FP242=FALSE,CONCATENATE(IF(Base!AV240=\"Masculin\",\"Monsieur\",IF(Base!AV240=\"Féminin\",\"Madame\",\"\")),\"#chr(13)##chr(10)#\",Base!AW240,\" \",Base!AX240, \"#chr(13)##chr(10)#\",Base!AY240,\" \",Base!AZ240, \"#chr(13)##chr(10)#\",Base!BA240, \"#chr(13)##chr(10)#\",Base!BB240,\" \",Base!BC240),\"\")","v":""},null,"Monsieur",null,{"$f":"IF(AND(Base!AT240<200,Base!AT240>99),1,0)","v":0},null,0,{"$f":"Base!BG240","v":9441},{"$f":"Base!BH240& \"#chr(13)##chr(10)#\" &Base!BI240","v":"Matériel - Prestation standard élargie#chr(13)##chr(10)#"},null,{"$f":"Base!BJ240","v":1},{"$f":"Base!BK240","v":80},{"$f":"IF(Base!BL240=\"\",\"\",Base!BL240)","v":""},null,{"$f":"Base!BM240","v":80},null,null,{"$f":"IF(Base!H240=\"Uvrier\",3018,VLOOKUP(FQ242,$GV$2:$GX$7,FM242+1,0))","v":3001},0,0,null,0,null,null,null,null,null,"Libre","BS - 310",null,"BU - 73 - aff",0,null,null,null,null,null,null,null,null,null,null,null,null,null,null,null,null,null,null,null,null,null,null,null,null,null,null,null,null,null,null,null,null,null,{"$f":"Base!AH240&\", \"&Base!AI240","v":"Antony, Richard"},{"$f":"Base!AN240&\" \"&Base!AO240&\", \"&Base!AK240&\" \"&Base!AL240","v":"1873 Val-d'Illiez, Route du Stand 1"},{"$f":"CONCATENATE(TEXT(DATE(YEAR(Base!AJ240),MONTH(Base!AJ240),DAY(Base!AJ240)),\"jj.mm.aaaa\"),\", \",FN242,IF(Base!D240=\"\",\"\",\" - \"),Base!D240)","v":"10.05.1950, 756.5703.5628.71"},{"$f":"Base!AR240","v":"Arcosana AG"},{"$f":"LEFT(Base!J240,10)","v":"2022-02-09"},{"$f":"CONCATENATE(Base!L240,IF(Base!L240=0,\"\",\", \"),Base!M240,\" \",Base!N240,\", \",Base!P240,\" \",Base!Q240)","v":"Route du Stand 1, 1873 Val-d'Illiez"},{"$f":"CONCATENATE(Base!V240,\", \",Base!Z240,\" \",Base!AA240,\", \",Base!W240,\" \",Base!X240)","v":"Hôpital Riviera-Chablais (HRC), 1847 Rennaz, Route du Vieux-Séquoia 20"},null,{"$f":"CONCATENATE(RIGHT(LEFT(Base!J240,16),5),\" - \",RIGHT(LEFT(Base!K240,16),5))","v":"15:06 - 16:53"},{"$f":"Base!AF240&\" - \"&Base!I240","v":"Maladie - P1"},null,null,null,null,null,null,null,null,null,null,null,null,null,null,null,null,null,null,{"$f":"Base!H240","v":"Monthey"},3,null,null,null,null,null,null,null,null,null,3,null,null,null,null,null,null,null,null,null,null,null,null,null,null,null,null,null,null,null,null,null,{"$f":"IF(Base!U240=\"Privée\",2,1)","v":1},{"$f":"IF(OR(LEFT(Base!AS240,1)=\"1\",LEFT(Base!AS240)=\"2\"),RIGHT(Base!AS240,LEN(Base!AS240)-1),Base!AS240)","v":"756.5703.5628.71"},{"$f":"Base!AU240","v":"Personne"},{"$f":"OR(CONCATENATE(Base!AW240,Base!AX240)=CONCATENATE(Base!AH240,Base!AI240),FO242=\"Établissement\")","v":true},{"$f":"Base!I240","v":"P1"}]
[{"$f":"Base!A241","v":4427},{"$f":"20","v":20},{"$f":"Base!B241","v":"2022-02-25"},null,{"$f":"Base!AE241","v":"VS22004132"},null,null,null,null,null,"<AUTO>",null,null,null,null,"URL (Libre)",null,null,{"$f":"Base!E241&\" - \"&Base!H241&\" - \"&Base!D241","v":"17529 - Monthey - "},{"$f":"IF(AND(Base!AT241<1000,Base!AT241>99),Base!AT241,IF(FO243=\"Établissement\",VALUE(CONCATENATE(LEN(SUBSTITUTE(V243,\" \",\"\")),LEN(V243),AA243,COLUMN(INDIRECT(LEFT(V243,1)&1)),LEN(SUBSTITUTE(V243,\"-\",\"\")))),IF(FN243=\"\",VALUE(CONCATENATE(COLUMN(INDIRECT(LEFT(W243,1)&1)),COLUMN(INDIRECT(LEFT(X243,1)&1)),AO243,CODE(AA243))),VALUE(SUBSTITUTE(SUBSTITUTE(SUBSTITUTE(FN243,\".\",\"\"),\" \",\"\"),\"-\",\"\")))))","v":100},null,{"$f":"SUBSTITUTE(IF(Base!BF241=0,\"\",Base!BF241),\" (facturation)\",\"\")","v":"Hôpital Riviera-Chablais Vaud-Valais - Fournisseurs"},{"$f":"IF(Base!AW241=0,\"\",Base!AH241)","v":""},{"$f":"IF(Base!AX241=0,\"\",Base!AI241)","v":""},{"$f":"IF(Base!AW241=0,Base!AY241&\" \"&Base!AZ241,Base!AK241&\" \"&Base!AL241)","v":"Route du Vieux-Séquoia 20"},{"$f":"IF(IF(Base!AW241=0,Base!BA241,Base!AM241)=0,\"\",IF(Base!AW241=0,Base!BA241,Base!AM241))","v":""},{"$f":"IF(Base!AW241=0,Base!BB241,Base!AN241)","v":1847},{"$f":"IF(Base!AW241=0,Base!BC241,Base!AO241)","v":"Rennaz"},null,null,null,null,null,null,null,null,null,null,null,null,{"$f":"Base!AJ241","v":"1953-01-23"},{"$f":"IF(FO243=\"Établissement\",\"\",IF(Base!AG241=\"Masculin\",\"Monsieur\",IF(Base!AG241=\"Féminin\",\"Madame\",\"\")))","v":""},{"$f":"IF(FP243=FALSE,CONCATENATE(IF(Base!AV241=\"Masculin\",\"Monsieur\",IF(Base!AV241=\"Féminin\",\"Madame\",\"\")),\"#chr(13)##chr(10)#\",Base!AW241,\" \",Base!AX241, \"#chr(13)##chr(10)#\",Base!AY241,\" \",Base!AZ241, \"#chr(13)##chr(10)#\",Base!BA241, \"#chr(13)##chr(10)#\",Base!BB241,\" \",Base!BC241),\"\")","v":""},null,"",null,{"$f":"IF(AND(Base!AT241<200,Base!AT241>99),1,0)","v":1},null,0,{"$f":"Base!BG241","v":"HRC.111J"},{"$f":"Base!BH241& \"#chr(13)##chr(10)#\" &Base!BI241","v":"Forfait S3 Rennaz - Fondation de Nant#chr(13)##chr(10)#Trajet simple journée (07h00-19h00)"},null,{"$f":"Base!BJ241","v":1},{"$f":"Base!BK241","v":400},{"$f":"IF(Base!BL241=\"\",\"\",Base!BL241)","v":""},null,{"$f":"Base!BM241","v":400},null,null,{"$f":"IF(Base!H241=\"Uvrier\",3018,VLOOKUP(FQ243,$GV$2:$GX$7,FM243+1,0))","v":3015},0,0,null,0,null,null,null,null,null,"Libre","BS - 311",null,"BU - 73 - aff",0,null,null,null,null,null,null,null,null,null,null,null,null,null,null,null,null,null,null,null,null,null,null,null,null,null,null,null,null,null,null,null,null,null,{"$f":"Base!AH241&\", \"&Base!AI241","v":"Joly, Roland"},{"$f":"Base!AN241&\" \"&Base!AO241&\", \"&Base!AK241&\" \"&Base!AL241","v":"1800 Vevey, Rue des Marronniers 15B"},{"$f":"CONCATENATE(TEXT(DATE(YEAR(Base!AJ241),MONTH(Base!AJ241),DAY(Base!AJ241)),\"jj.mm.aaaa\"),\", \",FN243,IF(Base!D241=\"\",\"\",\" - \"),Base!D241)","v":"23.01.1953, 756.0519.6128.33"},{"$f":"Base!AR241","v":"Philos Assurance Maladie SA"},{"$f":"LEFT(Base!J241,10)","v":"2022-02-09"},{"$f":"CONCATENATE(Base!L241,IF(Base!L241=0,\"\",\", \"),Base!M241,\" \",Base!N241,\", \",Base!P241,\" \",Base!Q241)","v":"Hôpital Riviera-Chablais (HRC), Route du Vieux-Séquoia 20, 1847 Rennaz"},{"$f":"CONCATENATE(Base!V241,\", \",Base!Z241,\" \",Base!AA241,\", \",Base!W241,\" \",Base!X241)","v":"Fondation de Nant - Comptabilité (facturation), 1804 Corsier-sur-Vevey, Route de Nant "},null,{"$f":"CONCATENATE(RIGHT(LEFT(Base!J241,16),5),\" - \",RIGHT(LEFT(Base!K241,16),5))","v":"16:17 - 18:15"},{"$f":"Base!AF241&\" - \"&Base!I241","v":"Maladie - S3"},null,null,null,null,null,null,null,null,null,null,null,null,null,null,null,null,null,null,{"$f":"Base!H241","v":"Monthey"},3,null,null,null,null,null,null,null,null,null,3,null,null,null,null,null,null,null,null,null,null,null,null,null,null,null,null,null,null,null,null,null,{"$f":"IF(Base!U241=\"Privée\",2,1)","v":2},{"$f":"IF(OR(LEFT(Base!AS241,1)=\"1\",LEFT(Base!AS241)=\"2\"),RIGHT(Base!AS241,LEN(Base!AS241)-1),Base!AS241)","v":"756.0519.6128.33"},{"$f":"Base!AU241","v":"Établissement"},{"$f":"OR(CONCATENATE(Base!AW241,Base!AX241)=CONCATENATE(Base!AH241,Base!AI241),FO243=\"Établissement\")","v":true},{"$f":"Base!I241","v":"S3"}]
[{"$f":"Base!A242","v":4430},{"$f":"20","v":20},{"$f":"Base!B242","v":"2022-02-25"},null,{"$f":"Base!AE242","v":"VS22004137"},null,null,null,null,null,"<AUTO>",null,null,null,null,"URL (Libre)",null,null,{"$f":"Base!E242&\" - \"&Base!H242&\" - \"&Base!D242","v":"17534 - Monthey - "},{"$f":"IF(AND(Base!AT242<1000,Base!AT242>99),Base!AT242,IF(FO244=\"Établissement\",VALUE(CONCATENATE(LEN(SUBSTITUTE(V244,\" \",\"\")),LEN(V244),AA244,COLUMN(INDIRECT(LEFT(V244,1)&1)),LEN(SUBSTITUTE(V244,\"-\",\"\")))),IF(FN244=\"\",VALUE(CONCATENATE(COLUMN(INDIRECT(LEFT(W244,1)&1)),COLUMN(INDIRECT(LEFT(X244,1)&1)),AO244,CODE(AA244))),VALUE(SUBSTITUTE(SUBSTITUTE(SUBSTITUTE(FN244,\".\",\"\"),\" \",\"\"),\"-\",\"\")))))","v":7566321097592},null,{"$f":"SUBSTITUTE(IF(Base!BF242=0,\"\",Base!BF242),\" (facturation)\",\"\")","v":""},{"$f":"IF(Base!AW242=0,\"\",Base!AH242)","v":"Laurencet"},{"$f":"IF(Base!AX242=0,\"\",Base!AI242)","v":"Rosa"},{"$f":"IF(Base!AW242=0,Base!AY242&\" \"&Base!AZ242,Base!AK242&\" \"&Base!AL242)","v":"Avenue de la Gare 59B"},{"$f":"IF(IF(Base!AW242=0,Base!BA242,Base!AM242)=0,\"\",IF(Base!AW242=0,Base!BA242,Base!AM242))","v":""},{"$f":"IF(Base!AW242=0,Base!BB242,Base!AN242)","v":1870},{"$f":"IF(Base!AW242=0,Base!BC242,Base!AO242)","v":"Monthey"},null,null,null,null,null,null,null,null,null,null,null,null,{"$f":"Base!AJ242","v":"1952-09-28"},{"$f":"IF(FO244=\"Établissement\",\"\",IF(Base!AG242=\"Masculin\",\"Monsieur\",IF(Base!AG242=\"Féminin\",\"Madame\",\"\")))","v":"Madame"},{"$f":"IF(FP244=FALSE,CONCATENATE(IF(Base!AV242=\"Masculin\",\"Monsieur\",IF(Base!AV242=\"Féminin\",\"Madame\",\"\")),\"#chr(13)##chr(10)#\",Base!AW242,\" \",Base!AX242, \"#chr(13)##chr(10)#\",Base!AY242,\" \",Base!AZ242, \"#chr(13)##chr(10)#\",Base!BA242, \"#chr(13)##chr(10)#\",Base!BB242,\" \",Base!BC242),\"\")","v":""},null,"Madame",null,{"$f":"IF(AND(Base!AT242<200,Base!AT242>99),1,0)","v":0},null,0,{"$f":"Base!BG242","v":9402},{"$f":"Base!BH242& \"#chr(13)##chr(10)#\" &Base!BI242","v":"Taxe de base transport P2#chr(13)##chr(10)#"},null,{"$f":"Base!BJ242","v":1},{"$f":"Base!BK242","v":300},{"$f":"IF(Base!BL242=\"\",\"\",Base!BL242)","v":""},null,{"$f":"Base!BM242","v":300},null,null,{"$f":"IF(Base!H242=\"Uvrier\",3018,VLOOKUP(FQ244,$GV$2:$GX$7,FM244+1,0))","v":3002},0,0,null,0,null,null,null,null,null,"Libre","BS - 312",null,"BU - 73 - aff",0,null,null,null,null,null,null,null,null,null,null,null,null,null,null,null,null,null,null,null,null,null,null,null,null,null,null,null,null,null,null,null,null,null,{"$f":"Base!AH242&\", \"&Base!AI242","v":"Laurencet, Rosa"},{"$f":"Base!AN242&\" \"&Base!AO242&\", \"&Base!AK242&\" \"&Base!AL242","v":"1870 Monthey, Avenue de la Gare 59B"},{"$f":"CONCATENATE(TEXT(DATE(YEAR(Base!AJ242),MONTH(Base!AJ242),DAY(Base!AJ242)),\"jj.mm.aaaa\"),\", \",FN244,IF(Base!D242=\"\",\"\",\" - \"),Base!D242)","v":"28.09.1952, 756.6321.0975.92"},{"$f":"Base!AR242","v":"Arcosana AG"},{"$f":"LEFT(Base!J242,10)","v":"2022-02-09"},{"$f":"CONCATENATE(Base!L242,IF(Base!L242=0,\"\",\", \"),Base!M242,\" \",Base!N242,\", \",Base!P242,\" \",Base!Q242)","v":"Maison Santé Chablais, Chemin du Verger 3, 1868 Collombey"},{"$f":"CONCATENATE(Base!V242,\", \",Base!Z242,\" \",Base!AA242,\", \",Base!W242,\" \",Base!X242)","v":"Hôpital Riviera-Chablais (HRC), 1847 Rennaz, Route du Vieux-Séquoia 20"},null,{"$f":"CONCATENATE(RIGHT(LEFT(Base!J242,16),5),\" - \",RIGHT(LEFT(Base!K242,16),5))","v":"16:54 - 18:07"},{"$f":"Base!AF242&\" - \"&Base!I242","v":"Maladie - P2"},null,null,null,null,null,null,null,null,null,null,null,null,null,null,null,null,null,null,{"$f":"Base!H242","v":"Monthey"},3,null,null,null,null,null,null,null,null,null,3,null,null,null,null,null,null,null,null,null,null,null,null,null,null,null,null,null,null,null,null,null,{"$f":"IF(Base!U242=\"Privée\",2,1)","v":1},{"$f":"IF(OR(LEFT(Base!AS242,1)=\"1\",LEFT(Base!AS242)=\"2\"),RIGHT(Base!AS242,LEN(Base!AS242)-1),Base!AS242)","v":"756.6321.0975.92"},{"$f":"Base!AU242","v":"Personne"},{"$f":"OR(CONCATENATE(Base!AW242,Base!AX242)=CONCATENATE(Base!AH242,Base!AI242),FO244=\"Établissement\")","v":true},{"$f":"Base!I242","v":"P2"}]
[{"$f":"Base!A243","v":4430},{"$f":"20","v":20},{"$f":"Base!B243","v":"2022-02-25"},null,{"$f":"Base!AE243","v":"VS22004137"},null,null,null,null,null,"<AUTO>",null,null,null,null,"URL (Libre)",null,null,{"$f":"Base!E243&\" - \"&Base!H243&\" - \"&Base!D243","v":"17534 - Monthey - "},{"$f":"IF(AND(Base!AT243<1000,Base!AT243>99),Base!AT243,IF(FO245=\"Établissement\",VALUE(CONCATENATE(LEN(SUBSTITUTE(V245,\" \",\"\")),LEN(V245),AA245,COLUMN(INDIRECT(LEFT(V245,1)&1)),LEN(SUBSTITUTE(V245,\"-\",\"\")))),IF(FN245=\"\",VALUE(CONCATENATE(COLUMN(INDIRECT(LEFT(W245,1)&1)),COLUMN(INDIRECT(LEFT(X245,1)&1)),AO245,CODE(AA245))),VALUE(SUBSTITUTE(SUBSTITUTE(SUBSTITUTE(FN245,\".\",\"\"),\" \",\"\"),\"-\",\"\")))))","v":7566321097592},null,{"$f":"SUBSTITUTE(IF(Base!BF243=0,\"\",Base!BF243),\" (facturation)\",\"\")","v":""},{"$f":"IF(Base!AW243=0,\"\",Base!AH243)","v":"Laurencet"},{"$f":"IF(Base!AX243=0,\"\",Base!AI243)","v":"Rosa"},{"$f":"IF(Base!AW243=0,Base!AY243&\" \"&Base!AZ243,Base!AK243&\" \"&Base!AL243)","v":"Avenue de la Gare 59B"},{"$f":"IF(IF(Base!AW243=0,Base!BA243,Base!AM243)=0,\"\",IF(Base!AW243=0,Base!BA243,Base!AM243))","v":""},{"$f":"IF(Base!AW243=0,Base!BB243,Base!AN243)","v":1870},{"$f":"IF(Base!AW243=0,Base!BC243,Base!AO243)","v":"Monthey"},null,null,null,null,null,null,null,null,null,null,null,null,{"$f":"Base!AJ243","v":"1952-09-28"},{"$f":"IF(FO245=\"Établissement\",\"\",IF(Base!AG243=\"Masculin\",\"Monsieur\",IF(Base!AG243=\"Féminin\",\"Madame\",\"\")))","v":"Madame"},{"$f":"IF(FP245=FALSE,CONCATENATE(IF(Base!AV243=\"Masculin\",\"Monsieur\",IF(Base!AV243=\"Féminin\",\"Madame\",\"\")),\"#chr(13)##chr(10)#\",Base!AW243,\" \",Base!AX243, \"#chr(13)##chr(10)#\",Base!AY243,\" \",Base!AZ243, \"#chr(13)##chr(10)#\",Base!BA243, \"#chr(13)##chr(10)#\",Base!BB243,\" \",Base!BC243),\"\")","v":""},null,"Madame",null,{"$f":"IF(AND(Base!AT243<200,Base!AT243>99),1,0)","v":0},null,0,{"$f":"Base!BG243","v":9404},{"$f":"Base!BH243& \"#chr(13)##chr(10)#\" &Base!BI243","v":"Indemnisation kilométrique#chr(13)##chr(10)#"},null,{"$f":"Base!BJ243","v":33},{"$f":"Base!BK243","v":4.5},{"$f":"IF(Base!BL243=\"\",\"\",Base!BL243)","v":"km"},null,{"$f":"Base!BM243","v":148.5},null,null,{"$f":"IF(Base!H243=\"Uvrier\",3018,VLOOKUP(FQ245,$GV$2:$GX$7,FM245+1,0))","v":3002},0,0,null,0,null,null,null,null,null,"Libre","BS - 313",null,"BU - 73 - aff",0,null,null,null,null,null,null,null,null,null,null,null,null,null,null,null,null,null,null,null,null,null,null,null,null,null,null,null,null,null,null,null,null,null,{"$f":"Base!AH243&\", \"&Base!AI243","v":"Laurencet, Rosa"},{"$f":"Base!AN243&\" \"&Base!AO243&\", \"&Base!AK243&\" \"&Base!AL243","v":"1870 Monthey, Avenue de la Gare 59B"},{"$f":"CONCATENATE(TEXT(DATE(YEAR(Base!AJ243),MONTH(Base!AJ243),DAY(Base!AJ243)),\"jj.mm.aaaa\"),\", \",FN245,IF(Base!D243=\"\",\"\",\" - \"),Base!D243)","v":"28.09.1952, 756.6321.0975.92"},{"$f":"Base!AR243","v":"Arcosana AG"},{"$f":"LEFT(Base!J243,10)","v":"2022-02-09"},{"$f":"CONCATENATE(Base!L243,IF(Base!L243=0,\"\",\", \"),Base!M243,\" \",Base!N243,\", \",Base!P243,\" \",Base!Q243)","v":"Maison Santé Chablais, Chemin du Verger 3, 1868 Collombey"},{"$f":"CONCATENATE(Base!V243,\", \",Base!Z243,\" \",Base!AA243,\", \",Base!W243,\" \",Base!X243)","v":"Hôpital Riviera-Chablais (HRC), 1847 Rennaz, Route du Vieux-Séquoia 20"},null,{"$f":"CONCATENATE(RIGHT(LEFT(Base!J243,16),5),\" - \",RIGHT(LEFT(Base!K243,16),5))","v":"16:54 - 18:07"},{"$f":"Base!AF243&\" - \"&Base!I243","v":"Maladie - P2"},null,null,null,null,null,null,null,null,null,null,null,null,null,null,null,null,null,null,{"$f":"Base!H243","v":"Monthey"},3,null,null,null,null,null,null,null,null,null,3,null,null,null,null,null,null,null,null,null,null,null,null,null,null,null,null,null,null,null,null,null,{"$f":"IF(Base!U243=\"Privée\",2,1)","v":1},{"$f":"IF(OR(LEFT(Base!AS243,1)=\"1\",LEFT(Base!AS243)=\"2\"),RIGHT(Base!AS243,LEN(Base!AS243)-1),Base!AS243)","v":"756.6321.0975.92"},{"$f":"Base!AU243","v":"Personne"},{"$f":"OR(CONCATENATE(Base!AW243,Base!AX243)=CONCATENATE(Base!AH243,Base!AI243),FO245=\"Établissement\")","v":true},{"$f":"Base!I243","v":"P2"}]
[{"$f":"Base!A244","v":4430},{"$f":"20","v":20},{"$f":"Base!B244","v":"2022-02-25"},null,{"$f":"Base!AE244","v":"VS22004137"},null,null,null,null,null,"<AUTO>",null,null,null,null,"URL (Libre)",null,null,{"$f":"Base!E244&\" - \"&Base!H244&\" - \"&Base!D244","v":"17534 - Monthey - "},{"$f":"IF(AND(Base!AT244<1000,Base!AT244>99),Base!AT244,IF(FO246=\"Établissement\",VALUE(CONCATENATE(LEN(SUBSTITUTE(V246,\" \",\"\")),LEN(V246),AA246,COLUMN(INDIRECT(LEFT(V246,1)&1)),LEN(SUBSTITUTE(V246,\"-\",\"\")))),IF(FN246=\"\",VALUE(CONCATENATE(COLUMN(INDIRECT(LEFT(W246,1)&1)),COLUMN(INDIRECT(LEFT(X246,1)&1)),AO246,CODE(AA246))),VALUE(SUBSTITUTE(SUBSTITUTE(SUBSTITUTE(FN246,\".\",\"\"),\" \",\"\"),\"-\",\"\")))))","v":7566321097592},null,{"$f":"SUBSTITUTE(IF(Base!BF244=0,\"\",Base!BF244),\" (facturation)\",\"\")","v":""},{"$f":"IF(Base!AW244=0,\"\",Base!AH244)","v":"Laurencet"},{"$f":"IF(Base!AX244=0,\"\",Base!AI244)","v":"Rosa"},{"$f":"IF(Base!AW244=0,Base!AY244&\" \"&Base!AZ244,Base!AK244&\" \"&Base!AL244)","v":"Avenue de la Gare 59B"},{"$f":"IF(IF(Base!AW244=0,Base!BA244,Base!AM244)=0,\"\",IF(Base!AW244=0,Base!BA244,Base!AM244))","v":""},{"$f":"IF(Base!AW244=0,Base!BB244,Base!AN244)","v":1870},{"$f":"IF(Base!AW244=0,Base!BC244,Base!AO244)","v":"Monthey"},null,null,null,null,null,null,null,null,null,null,null,null,{"$f":"Base!AJ244","v":"1952-09-28"},{"$f":"IF(FO246=\"Établissement\",\"\",IF(Base!AG244=\"Masculin\",\"Monsieur\",IF(Base!AG244=\"Féminin\",\"Madame\",\"\")))","v":"Madame"},{"$f":"IF(FP246=FALSE,CONCATENATE(IF(Base!AV244=\"Masculin\",\"Monsieur\",IF(Base!AV244=\"Féminin\",\"Madame\",\"\")),\"#chr(13)##chr(10)#\",Base!AW244,\" \",Base!AX244, \"#chr(13)##chr(10)#\",Base!AY244,\" \",Base!AZ244, \"#chr(13)##chr(10)#\",Base!BA244, \"#chr(13)##chr(10)#\",Base!BB244,\" \",Base!BC244),\"\")","v":""},null,"Madame",null,{"$f":"IF(AND(Base!AT244<200,Base!AT244>99),1,0)","v":0},null,0,{"$f":"Base!BG244","v":9411},{"$f":"Base!BH244& \"#chr(13)##chr(10)#\" &Base!BI244","v":"Personnel soignant reconnu (par personne et par quart d'heure entamé)#chr(13)##chr(10)#"},null,{"$f":"Base!BJ244","v":10},{"$f":"Base!BK244","v":35},{"$f":"IF(Base!BL244=\"\",\"\",Base!BL244)","v":"¼ d'heure"},null,{"$f":"Base!BM244","v":350},null,null,{"$f":"IF(Base!H244=\"Uvrier\",3018,VLOOKUP(FQ246,$GV$2:$GX$7,FM246+1,0))","v":3002},0,0,null,0,null,null,null,null,null,"Libre","BS - 314",null,"BU - 73 - aff",0,null,null,null,null,null,null,null,null,null,null,null,null,null,null,null,null,null,null,null,null,null,null,null,null,null,null,null,null,null,null,null,null,null,{"$f":"Base!AH244&\", \"&Base!AI244","v":"Laurencet, Rosa"},{"$f":"Base!AN244&\" \"&Base!AO244&\", \"&Base!AK244&\" \"&Base!AL244","v":"1870 Monthey, Avenue de la Gare 59B"},{"$f":"CONCATENATE(TEXT(DATE(YEAR(Base!AJ244),MONTH(Base!AJ244),DAY(Base!AJ244)),\"jj.mm.aaaa\"),\", \",FN246,IF(Base!D244=\"\",\"\",\" - \"),Base!D244)","v":"28.09.1952, 756.6321.0975.92"},{"$f":"Base!AR244","v":"Arcosana AG"},{"$f":"LEFT(Base!J244,10)","v":"2022-02-09"},{"$f":"CONCATENATE(Base!L244,IF(Base!L244=0,\"\",\", \"),Base!M244,\" \",Base!N244,\", \",Base!P244,\" \",Base!Q244)","v":"Maison Santé Chablais, Chemin du Verger 3, 1868 Collombey"},{"$f":"CONCATENATE(Base!V244,\", \",Base!Z244,\" \",Base!AA244,\", \",Base!W244,\" \",Base!X244)","v":"Hôpital Riviera-Chablais (HRC), 1847 Rennaz, Route du Vieux-Séquoia 20"},null,{"$f":"CONCATENATE(RIGHT(LEFT(Base!J244,16),5),\" - \",RIGHT(LEFT(Base!K244,16),5))","v":"16:54 - 18:07"},{"$f":"Base!AF244&\" - \"&Base!I244","v":"Maladie - P2"},null,null,null,null,null,null,null,null,null,null,null,null,null,null,null,null,null,null,{"$f":"Base!H244","v":"Monthey"},3,null,null,null,null,null,null,null,null,null,3,null,null,null,null,null,null,null,null,null,null,null,null,null,null,null,null,null,null,null,null,null,{"$f":"IF(Base!U244=\"Privée\",2,1)","v":1},{"$f":"IF(OR(LEFT(Base!AS244,1)=\"1\",LEFT(Base!AS244)=\"2\"),RIGHT(Base!AS244,LEN(Base!AS244)-1),Base!AS244)","v":"756.6321.0975.92"},{"$f":"Base!AU244","v":"Personne"},{"$f":"OR(CONCATENATE(Base!AW244,Base!AX244)=CONCATENATE(Base!AH244,Base!AI244),FO246=\"Établissement\")","v":true},{"$f":"Base!I244","v":"P2"}]
[{"$f":"Base!A245","v":4430},{"$f":"20","v":20},{"$f":"Base!B245","v":"2022-02-25"},null,{"$f":"Base!AE245","v":"VS22004137"},null,null,null,null,null,"<AUTO>",null,null,null,null,"URL (Libre)",null,null,{"$f":"Base!E245&\" - \"&Base!H245&\" - \"&Base!D245","v":"17534 - Monthey - "},{"$f":"IF(AND(Base!AT245<1000,Base!AT245>99),Base!AT245,IF(FO247=\"Établissement\",VALUE(CONCATENATE(LEN(SUBSTITUTE(V247,\" \",\"\")),LEN(V247),AA247,COLUMN(INDIRECT(LEFT(V247,1)&1)),LEN(SUBSTITUTE(V247,\"-\",\"\")))),IF(FN247=\"\",VALUE(CONCATENATE(COLUMN(INDIRECT(LEFT(W247,1)&1)),COLUMN(INDIRECT(LEFT(X247,1)&1)),AO247,CODE(AA247))),VALUE(SUBSTITUTE(SUBSTITUTE(SUBSTITUTE(FN247,\".\",\"\"),\" \",\"\"),\"-\",\"\")))))","v":7566321097592},null,{"$f":"SUBSTITUTE(IF(Base!BF245=0,\"\",Base!BF245),\" (facturation)\",\"\")","v":""},{"$f":"IF(Base!AW245=0,\"\",Base!AH245)","v":"Laurencet"},{"$f":"IF(Base!AX245=0,\"\",Base!AI245)","v":"Rosa"},{"$f":"IF(Base!AW245=0,Base!AY245&\" \"&Base!AZ245,Base!AK245&\" \"&Base!AL245)","v":"Avenue de la Gare 59B"},{"$f":"IF(IF(Base!AW245=0,Base!BA245,Base!AM245)=0,\"\",IF(Base!AW245=0,Base!BA245,Base!AM245))","v":""},{"$f":"IF(Base!AW245=0,Base!BB245,Base!AN245)","v":1870},{"$f":"IF(Base!AW245=0,Base!BC245,Base!AO245)","v":"Monthey"},null,null,null,null,null,null,null,null,null,null,null,null,{"$f":"Base!AJ245","v":"1952-09-28"},{"$f":"IF(FO247=\"Établissement\",\"\",IF(Base!AG245=\"Masculin\",\"Monsieur\",IF(Base!AG245=\"Féminin\",\"Madame\",\"\")))","v":"Madame"},{"$f":"IF(FP247=FALSE,CONCATENATE(IF(Base!AV245=\"Masculin\",\"Monsieur\",IF(Base!AV245=\"Féminin\",\"Madame\",\"\")),\"#chr(13)##chr(10)#\",Base!AW245,\" \",Base!AX245, \"#chr(13)##chr(10)#\",Base!AY245,\" \",Base!AZ245, \"#chr(13)##chr(10)#\",Base!BA245, \"#chr(13)##chr(10)#\",Base!BB245,\" \",Base!BC245),\"\")","v":""},null,"Madame",null,{"$f":"IF(AND(Base!AT245<200,Base!AT245>99),1,0)","v":0},null,0,{"$f":"Base!BG245","v":9440},{"$f":"Base!BH245& \"#chr(13)##chr(10)#\" &Base!BI245","v":"Matériel - Prestation standard#chr(13)##chr(10)#"},null,{"$f":"Base!BJ245","v":1},{"$f":"Base!BK245","v":0},{"$f":"IF(Base!BL245=\"\",\"\",Base!BL245)","v":""},null,{"$f":"Base!BM245","v":0},null,null,{"$f":"IF(Base!H245=\"Uvrier\",3018,VLOOKUP(FQ247,$GV$2:$GX$7,FM247+1,0))","v":3002},0,0,null,0,null,null,null,null,null,"Libre","BS - 315",null,"BU - 73 - aff",0,null,null,null,null,null,null,null,null,null,null,null,null,null,null,null,null,null,null,null,null,null,null,null,null,null,null,null,null,null,null,null,null,null,{"$f":"Base!AH245&\", \"&Base!AI245","v":"Laurencet, Rosa"},{"$f":"Base!AN245&\" \"&Base!AO245&\", \"&Base!AK245&\" \"&Base!AL245","v":"1870 Monthey, Avenue de la Gare 59B"},{"$f":"CONCATENATE(TEXT(DATE(YEAR(Base!AJ245),MONTH(Base!AJ245),DAY(Base!AJ245)),\"jj.mm.aaaa\"),\", \",FN247,IF(Base!D245=\"\",\"\",\" - \"),Base!D245)","v":"28.09.1952, 756.6321.0975.92"},{"$f":"Base!AR245","v":"Arcosana AG"},{"$f":"LEFT(Base!J245,10)","v":"2022-02-09"},{"$f":"CONCATENATE(Base!L245,IF(Base!L245=0,\"\",\", \"),Base!M245,\" \",Base!N245,\", \",Base!P245,\" \",Base!Q245)","v":"Maison Santé Chablais, Chemin du Verger 3, 1868 Collombey"},{"$f":"CONCATENATE(Base!V245,\", \",Base!Z245,\" \",Base!AA245,\", \",Base!W245,\" \",Base!X245)","v":"Hôpital Riviera-Chablais (HRC), 1847 Rennaz, Route du Vieux-Séquoia 20"},null,{"$f":"CONCATENATE(RIGHT(LEFT(Base!J245,16),5),\" - \",RIGHT(LEFT(Base!K245,16),5))","v":"16:54 - 18:07"},{"$f":"Base!AF245&\" - \"&Base!I245","v":"Maladie - P2"},null,null,null,null,null,null,null,null,null,null,null,null,null,null,null,null,null,null,{"$f":"Base!H245","v":"Monthey"},3,null,null,null,null,null,null,null,null,null,3,null,null,null,null,null,null,null,null,null,null,null,null,null,null,null,null,null,null,null,null,null,{"$f":"IF(Base!U245=\"Privée\",2,1)","v":1},{"$f":"IF(OR(LEFT(Base!AS245,1)=\"1\",LEFT(Base!AS245)=\"2\"),RIGHT(Base!AS245,LEN(Base!AS245)-1),Base!AS245)","v":"756.6321.0975.92"},{"$f":"Base!AU245","v":"Personne"},{"$f":"OR(CONCATENATE(Base!AW245,Base!AX245)=CONCATENATE(Base!AH245,Base!AI245),FO247=\"Établissement\")","v":true},{"$f":"Base!I245","v":"P2"}]
[{"$f":"Base!A246","v":4431},{"$f":"20","v":20},{"$f":"Base!B246","v":"2022-02-25"},null,{"$f":"Base!AE246","v":"VS22004154"},null,null,null,null,null,"<AUTO>",null,null,null,null,"URL (Libre)",null,null,{"$f":"Base!E246&\" - \"&Base!H246&\" - \"&Base!D246","v":"17549 - Monthey - "},{"$f":"IF(AND(Base!AT246<1000,Base!AT246>99),Base!AT246,IF(FO248=\"Établissement\",VALUE(CONCATENATE(LEN(SUBSTITUTE(V248,\" \",\"\")),LEN(V248),AA248,COLUMN(INDIRECT(LEFT(V248,1)&1)),LEN(SUBSTITUTE(V248,\"-\",\"\")))),IF(FN248=\"\",VALUE(CONCATENATE(COLUMN(INDIRECT(LEFT(W248,1)&1)),COLUMN(INDIRECT(LEFT(X248,1)&1)),AO248,CODE(AA248))),VALUE(SUBSTITUTE(SUBSTITUTE(SUBSTITUTE(FN248,\".\",\"\"),\" \",\"\"),\"-\",\"\")))))","v":7569239526949},null,{"$f":"SUBSTITUTE(IF(Base!BF246=0,\"\",Base!BF246),\" (facturation)\",\"\")","v":""},{"$f":"IF(Base!AW246=0,\"\",Base!AH246)","v":"Richoz"},{"$f":"IF(Base!AX246=0,\"\",Base!AI246)","v":"Michelle"},{"$f":"IF(Base!AW246=0,Base!AY246&\" \"&Base!AZ246,Base!AK246&\" \"&Base!AL246)","v":"Route de Joli Bois 10"},{"$f":"IF(IF(Base!AW246=0,Base!BA246,Base!AM246)=0,\"\",IF(Base!AW246=0,Base!BA246,Base!AM246))","v":"EMS Joli-Bois"},{"$f":"IF(Base!AW246=0,Base!BB246,Base!AN246)","v":1832},{"$f":"IF(Base!AW246=0,Base!BC246,Base!AO246)","v":"Chamby"},null,null,null,null,null,null,null,null,null,null,null,null,{"$f":"Base!AJ246","v":"1947-12-10"},{"$f":"IF(FO248=\"Établissement\",\"\",IF(Base!AG246=\"Masculin\",\"Monsieur\",IF(Base!AG246=\"Féminin\",\"Madame\",\"\")))","v":"Madame"},{"$f":"IF(FP248=FALSE,CONCATENATE(IF(Base!AV246=\"Masculin\",\"Monsieur\",IF(Base!AV246=\"Féminin\",\"Madame\",\"\")),\"#chr(13)##chr(10)#\",Base!AW246,\" \",Base!AX246, \"#chr(13)##chr(10)#\",Base!AY246,\" \",Base!AZ246, \"#chr(13)##chr(10)#\",Base!BA246, \"#chr(13)##chr(10)#\",Base!BB246,\" \",Base!BC246),\"\")","v":""},null,"Madame",null,{"$f":"IF(AND(Base!AT246<200,Base!AT246>99),1,0)","v":0},null,0,{"$f":"Base!BG246","v":47073},{"$f":"Base!BH246& \"#chr(13)##chr(10)#\" &Base!BI246","v":"Intervention programmée#chr(13)##chr(10)#"},null,{"$f":"Base!BJ246","v":1},{"$f":"Base!BK246","v":412},{"$f":"IF(Base!BL246=\"\",\"\",Base!BL246)","v":""},null,{"$f":"Base!BM246","v":412},null,null,{"$f":"IF(Base!H246=\"Uvrier\",3018,VLOOKUP(FQ248,$GV$2:$GX$7,FM248+1,0))","v":3003},0,0,null,0,null,null,null,null,null,"Libre","BS - 316",null,"BU - 73 - aff",0,null,null,null,null,null,null,null,null,null,null,null,null,null,null,null,null,null,null,null,null,null,null,null,null,null,null,null,null,null,null,null,null,null,{"$f":"Base!AH246&\", \"&Base!AI246","v":"Richoz, Michelle"},{"$f":"Base!AN246&\" \"&Base!AO246&\", \"&Base!AK246&\" \"&Base!AL246","v":"1832 Chamby, Route de Joli Bois 10"},{"$f":"CONCATENATE(TEXT(DATE(YEAR(Base!AJ246),MONTH(Base!AJ246),DAY(Base!AJ246)),\"jj.mm.aaaa\"),\", \",FN248,IF(Base!D246=\"\",\"\",\" - \"),Base!D246)","v":"10.12.1947, 756.9239.5269.49"},{"$f":"Base!AR246","v":"SUPRA-1846 SA"},{"$f":"LEFT(Base!J246,10)","v":"2022-02-09"},{"$f":"CONCATENATE(Base!L246,IF(Base!L246=0,\"\",\", \"),Base!M246,\" \",Base!N246,\", \",Base!P246,\" \",Base!Q246)","v":"Hôpital Riviera-Chablais (HRC), Route du Vieux-Séquoia 20, 1847 Rennaz"},{"$f":"CONCATENATE(Base!V246,\", \",Base!Z246,\" \",Base!AA246,\", \",Base!W246,\" \",Base!X246)","v":"EMS Joli-Bois, 1832 Chamby, Route de Joli-Bois 10"},null,{"$f":"CONCATENATE(RIGHT(LEFT(Base!J246,16),5),\" - \",RIGHT(LEFT(Base!K246,16),5))","v":"21:33 - 22:45"},{"$f":"Base!AF246&\" - \"&Base!I246","v":"Maladie - P3"},null,null,null,null,null,null,null,null,null,null,null,null,null,null,null,null,null,null,{"$f":"Base!H246","v":"Monthey"},3,null,null,null,null,null,null,null,null,null,3,null,null,null,null,null,null,null,null,null,null,null,null,null,null,null,null,null,null,null,null,null,{"$f":"IF(Base!U246=\"Privée\",2,1)","v":1},{"$f":"IF(OR(LEFT(Base!AS246,1)=\"1\",LEFT(Base!AS246)=\"2\"),RIGHT(Base!AS246,LEN(Base!AS246)-1),Base!AS246)","v":"756.9239.5269.49"},{"$f":"Base!AU246","v":"Personne"},{"$f":"OR(CONCATENATE(Base!AW246,Base!AX246)=CONCATENATE(Base!AH246,Base!AI246),FO248=\"Établissement\")","v":true},{"$f":"Base!I246","v":"P3"}]
[{"$f":"Base!A247","v":4431},{"$f":"20","v":20},{"$f":"Base!B247","v":"2022-02-25"},null,{"$f":"Base!AE247","v":"VS22004154"},null,null,null,null,null,"<AUTO>",null,null,null,null,"URL (Libre)",null,null,{"$f":"Base!E247&\" - \"&Base!H247&\" - \"&Base!D247","v":"17549 - Monthey - "},{"$f":"IF(AND(Base!AT247<1000,Base!AT247>99),Base!AT247,IF(FO249=\"Établissement\",VALUE(CONCATENATE(LEN(SUBSTITUTE(V249,\" \",\"\")),LEN(V249),AA249,COLUMN(INDIRECT(LEFT(V249,1)&1)),LEN(SUBSTITUTE(V249,\"-\",\"\")))),IF(FN249=\"\",VALUE(CONCATENATE(COLUMN(INDIRECT(LEFT(W249,1)&1)),COLUMN(INDIRECT(LEFT(X249,1)&1)),AO249,CODE(AA249))),VALUE(SUBSTITUTE(SUBSTITUTE(SUBSTITUTE(FN249,\".\",\"\"),\" \",\"\"),\"-\",\"\")))))","v":7569239526949},null,{"$f":"SUBSTITUTE(IF(Base!BF247=0,\"\",Base!BF247),\" (facturation)\",\"\")","v":""},{"$f":"IF(Base!AW247=0,\"\",Base!AH247)","v":"Richoz"},{"$f":"IF(Base!AX247=0,\"\",Base!AI247)","v":"Michelle"},{"$f":"IF(Base!AW247=0,Base!AY247&\" \"&Base!AZ247,Base!AK247&\" \"&Base!AL247)","v":"Route de Joli Bois 10"},{"$f":"IF(IF(Base!AW247=0,Base!BA247,Base!AM247)=0,\"\",IF(Base!AW247=0,Base!BA247,Base!AM247))","v":"EMS Joli-Bois"},{"$f":"IF(Base!AW247=0,Base!BB247,Base!AN247)","v":1832},{"$f":"IF(Base!AW247=0,Base!BC247,Base!AO247)","v":"Chamby"},null,null,null,null,null,null,null,null,null,null,null,null,{"$f":"Base!AJ247","v":"1947-12-10"},{"$f":"IF(FO249=\"Établissement\",\"\",IF(Base!AG247=\"Masculin\",\"Monsieur\",IF(Base!AG247=\"Féminin\",\"Madame\",\"\")))","v":"Madame"},{"$f":"IF(FP249=FALSE,CONCATENATE(IF(Base!AV247=\"Masculin\",\"Monsieur\",IF(Base!AV247=\"Féminin\",\"Madame\",\"\")),\"#chr(13)##chr(10)#\",Base!AW247,\" \",Base!AX247, \"#chr(13)##chr(10)#\",Base!AY247,\" \",Base!AZ247, \"#chr(13)##chr(10)#\",Base!BA247, \"#chr(13)##chr(10)#\",Base!BB247,\" \",Base!BC247),\"\")","v":""},null,"Madame",null,{"$f":"IF(AND(Base!AT247<200,Base!AT247>99),1,0)","v":0},null,0,{"$f":"Base!BG247","v":47075},{"$f":"Base!BH247& \"#chr(13)##chr(10)#\" &Base!BI247","v":"Indemnisation kilométrique#chr(13)##chr(10)#"},null,{"$f":"Base!BJ247","v":24},{"$f":"Base!BK247","v":4.8},{"$f":"IF(Base!BL247=\"\",\"\",Base!BL247)","v":"km"},null,{"$f":"Base!BM247","v":115.2},null,null,{"$f":"IF(Base!H247=\"Uvrier\",3018,VLOOKUP(FQ249,$GV$2:$GX$7,FM249+1,0))","v":3003},0,0,null,0,{"$f":"Base!AU247","v":"Personne"},null,null,null,null,"Libre","BS - 317",null,"BU - 73 - aff",0,null,null,null,null,null,null,null,null,null,null,null,null,null,null,null,null,null,null,null,null,null,null,null,null,null,null,null,null,null,null,null,null,null,{"$f":"Base!AH247&\", \"&Base!AI247","v":"Richoz, Michelle"},{"$f":"Base!AN247&\" \"&Base!AO247&\", \"&Base!AK247&\" \"&Base!AL247","v":"1832 Chamby, Route de Joli Bois 10"},{"$f":"CONCATENATE(TEXT(DATE(YEAR(Base!AJ247),MONTH(Base!AJ247),DAY(Base!AJ247)),\"jj.mm.aaaa\"),\", \",FN249,IF(Base!D247=\"\",\"\",\" - \"),Base!D247)","v":"10.12.1947, 756.9239.5269.49"},{"$f":"Base!AR247","v":"SUPRA-1846 SA"},{"$f":"LEFT(Base!J247,10)","v":"2022-02-09"},{"$f":"CONCATENATE(Base!L247,IF(Base!L247=0,\"\",\", \"),Base!M247,\" \",Base!N247,\", \",Base!P247,\" \",Base!Q247)","v":"Hôpital Riviera-Chablais (HRC), Route du Vieux-Séquoia 20, 1847 Rennaz"},{"$f":"CONCATENATE(Base!V247,\", \",Base!Z247,\" \",Base!AA247,\", \",Base!W247,\" \",Base!X247)","v":"EMS Joli-Bois, 1832 Chamby, Route de Joli-Bois 10"},null,{"$f":"CONCATENATE(RIGHT(LEFT(Base!J247,16),5),\" - \",RIGHT(LEFT(Base!K247,16),5))","v":"21:33 - 22:45"},{"$f":"Base!AF247&\" - \"&Base!I247","v":"Maladie - P3"},null,null,null,null,null,null,null,null,null,null,null,null,null,null,null,null,null,null,{"$f":"Base!H247","v":"Monthey"},3,null,null,null,null,null,null,null,null,null,3,null,null,null,null,null,null,null,null,null,null,null,null,null,null,null,null,null,null,null,null,null,{"$f":"IF(Base!U247=\"Privée\",2,1)","v":1},{"$f":"IF(OR(LEFT(Base!AS247,1)=\"1\",LEFT(Base!AS247)=\"2\"),RIGHT(Base!AS247,LEN(Base!AS247)-1),Base!AS247)","v":"756.9239.5269.49"},{"$f":"Base!AU247","v":"Personne"},{"$f":"OR(CONCATENATE(Base!AW247,Base!AX247)=CONCATENATE(Base!AH247,Base!AI247),FO249=\"Établissement\")","v":true},{"$f":"Base!I247","v":"P3"}]
[{"$f":"Base!A248","v":4433},{"$f":"20","v":20},{"$f":"Base!B248","v":"2022-02-25"},null,{"$f":"Base!AE248","v":"VS22004160"},null,null,null,null,null,"<AUTO>",null,null,null,null,"URL (Libre)",null,null,{"$f":"Base!E248&\" - \"&Base!H248&\" - \"&Base!D248","v":"17555 - Monthey - "},{"$f":"IF(AND(Base!AT248<1000,Base!AT248>99),Base!AT248,IF(FO250=\"Établissement\",VALUE(CONCATENATE(LEN(SUBSTITUTE(V250,\" \",\"\")),LEN(V250),AA250,COLUMN(INDIRECT(LEFT(V250,1)&1)),LEN(SUBSTITUTE(V250,\"-\",\"\")))),IF(FN250=\"\",VALUE(CONCATENATE(COLUMN(INDIRECT(LEFT(W250,1)&1)),COLUMN(INDIRECT(LEFT(X250,1)&1)),AO250,CODE(AA250))),VALUE(SUBSTITUTE(SUBSTITUTE(SUBSTITUTE(FN250,\".\",\"\"),\" \",\"\"),\"-\",\"\")))))","v":812440753},null,{"$f":"SUBSTITUTE(IF(Base!BF248=0,\"\",Base!BF248),\" (facturation)\",\"\")","v":""},{"$f":"IF(Base!AW248=0,\"\",Base!AH248)","v":"Hongler Riescher"},{"$f":"IF(Base!AX248=0,\"\",Base!AI248)","v":"Andreas"},{"$f":"IF(Base!AW248=0,Base!AY248&\" \"&Base!AZ248,Base!AK248&\" \"&Base!AL248)","v":"Tannenweg 10"},{"$f":"IF(IF(Base!AW248=0,Base!BA248,Base!AM248)=0,\"\",IF(Base!AW248=0,Base!BA248,Base!AM248))","v":""},{"$f":"IF(Base!AW248=0,Base!BB248,Base!AN248)","v":5035},{"$f":"IF(Base!AW248=0,Base!BC248,Base!AO248)","v":"Unterentfelden"},null,null,null,null,null,null,null,null,null,null,null,null,{"$f":"Base!AJ248","v":"1966-10-27"},{"$f":"IF(FO250=\"Établissement\",\"\",IF(Base!AG248=\"Masculin\",\"Monsieur\",IF(Base!AG248=\"Féminin\",\"Madame\",\"\")))","v":"Monsieur"},{"$f":"IF(FP250=FALSE,CONCATENATE(IF(Base!AV248=\"Masculin\",\"Monsieur\",IF(Base!AV248=\"Féminin\",\"Madame\",\"\")),\"#chr(13)##chr(10)#\",Base!AW248,\" \",Base!AX248, \"#chr(13)##chr(10)#\",Base!AY248,\" \",Base!AZ248, \"#chr(13)##chr(10)#\",Base!BA248, \"#chr(13)##chr(10)#\",Base!BB248,\" \",Base!BC248),\"\")","v":""},null,"Monsieur",null,{"$f":"IF(AND(Base!AT248<200,Base!AT248>99),1,0)","v":0},null,0,{"$f":"Base!BG248","v":"FKM8"},{"$f":"Base!BH248& \"#chr(13)##chr(10)#\" &Base!BI248","v":"Forfait kilométrique#chr(13)##chr(10)#"},null,{"$f":"Base!BJ248","v":378},{"$f":"Base!BK248","v":8},{"$f":"IF(Base!BL248=\"\",\"\",Base!BL248)","v":"km"},null,{"$f":"Base!BM248","v":3024},null,null,{"$f":"IF(Base!H248=\"Uvrier\",3018,VLOOKUP(FQ250,$GV$2:$GX$7,FM250+1,0))","v":3015},0,0,null,0,{"$f":"Base!AU248","v":"Personne"},null,null,null,null,"Libre","BS - 318",null,"BU - 73 - aff",0,null,null,null,null,null,null,null,null,null,null,null,null,null,null,null,null,null,null,null,null,null,null,null,null,null,null,null,null,null,null,null,null,null,{"$f":"Base!AH248&\", \"&Base!AI248","v":"Hongler Riescher, Andreas"},{"$f":"Base!AN248&\" \"&Base!AO248&\", \"&Base!AK248&\" \"&Base!AL248","v":"5035 Unterentfelden, Tannenweg 10"},{"$f":"CONCATENATE(TEXT(DATE(YEAR(Base!AJ248),MONTH(Base!AJ248),DAY(Base!AJ248)),\"jj.mm.aaaa\"),\", \",FN250,IF(Base!D248=\"\",\"\",\" - \"),Base!D248)","v":"27.10.1966, "},{"$f":"Base!AR248","v":"EGK"},{"$f":"LEFT(Base!J248,10)","v":"2022-02-10"},{"$f":"CONCATENATE(Base!L248,IF(Base!L248=0,\"\",\", \"),Base!M248,\" \",Base!N248,\", \",Base!P248,\" \",Base!Q248)","v":"Hôpital Riviera-Chablais (HRC), Route du Vieux-Séquoia 20, 1847 Rennaz"},{"$f":"CONCATENATE(Base!V248,\", \",Base!Z248,\" \",Base!AA248,\", \",Base!W248,\" \",Base!X248)","v":"Kantonsspital Aarau, 5001 Aarau 1, Tellstrasse 25"},null,{"$f":"CONCATENATE(RIGHT(LEFT(Base!J248,16),5),\" - \",RIGHT(LEFT(Base!K248,16),5))","v":"00:23 - 05:30"},{"$f":"Base!AF248&\" - \"&Base!I248","v":"Accident - S3"},null,null,null,null,null,null,null,null,null,null,null,null,null,null,null,null,null,null,{"$f":"Base!H248","v":"Monthey"},3,null,null,null,null,null,null,null,null,null,3,null,null,null,null,null,null,null,null,null,null,null,null,null,null,null,null,null,null,null,null,null,{"$f":"IF(Base!U248=\"Privée\",2,1)","v":2},{"$f":"IF(OR(LEFT(Base!AS248,1)=\"1\",LEFT(Base!AS248)=\"2\"),RIGHT(Base!AS248,LEN(Base!AS248)-1),Base!AS248)","v":""},{"$f":"Base!AU248","v":"Personne"},{"$f":"OR(CONCATENATE(Base!AW248,Base!AX248)=CONCATENATE(Base!AH248,Base!AI248),FO250=\"Établissement\")","v":true},{"$f":"Base!I248","v":"S3"}]
[{"$f":"Base!A252","v":4435},{"$f":"20","v":20},{"$f":"Base!B252","v":"2022-02-25"},null,{"$f":"Base!AE252","v":"VS22004194"},null,null,null,null,null,"<AUTO>",null,null,null,null,"URL (Libre)",null,null,{"$f":"Base!E252&\" - \"&Base!H252&\" - \"&Base!D252","v":"17589 - Monthey - "},{"$f":"IF(AND(Base!AT252<1000,Base!AT252>99),Base!AT252,IF(FO254=\"Établissement\",VALUE(CONCATENATE(LEN(SUBSTITUTE(V254,\" \",\"\")),LEN(V254),AA254,COLUMN(INDIRECT(LEFT(V254,1)&1)),LEN(SUBSTITUTE(V254,\"-\",\"\")))),IF(FN254=\"\",VALUE(CONCATENATE(COLUMN(INDIRECT(LEFT(W254,1)&1)),COLUMN(INDIRECT(LEFT(X254,1)&1)),AO254,CODE(AA254))),VALUE(SUBSTITUTE(SUBSTITUTE(SUBSTITUTE(FN254,\".\",\"\"),\" \",\"\"),\"-\",\"\")))))","v":7567823434236},null,{"$f":"SUBSTITUTE(IF(Base!BF252=0,\"\",Base!BF252),\" (facturation)\",\"\")","v":""},{"$f":"IF(Base!AW252=0,\"\",Base!AH252)","v":"Peneveyre"},{"$f":"IF(Base!AX252=0,\"\",Base!AI252)","v":"Nathan"},{"$f":"IF(Base!AW252=0,Base!AY252&\" \"&Base!AZ252,Base!AK252&\" \"&Base!AL252)","v":"Chemin d'Arche 61B"},{"$f":"IF(IF(Base!AW252=0,Base!BA252,Base!AM252)=0,\"\",IF(Base!AW252=0,Base!BA252,Base!AM252))","v":""},{"$f":"IF(Base!AW252=0,Base!BB252,Base!AN252)","v":1870},{"$f":"IF(Base!AW252=0,Base!BC252,Base!AO252)","v":"Monthey"},null,null,null,null,null,null,null,null,null,null,null,null,{"$f":"Base!AJ252","v":"2012-07-26"},{"$f":"IF(FO254=\"Établissement\",\"\",IF(Base!AG252=\"Masculin\",\"Monsieur\",IF(Base!AG252=\"Féminin\",\"Madame\",\"\")))","v":"Monsieur"},{"$f":"IF(FP254=FALSE,CONCATENATE(IF(Base!AV252=\"Masculin\",\"Monsieur\",IF(Base!AV252=\"Féminin\",\"Madame\",\"\")),\"#chr(13)##chr(10)#\",Base!AW252,\" \",Base!AX252, \"#chr(13)##chr(10)#\",Base!AY252,\" \",Base!AZ252, \"#chr(13)##chr(10)#\",Base!BA252, \"#chr(13)##chr(10)#\",Base!BB252,\" \",Base!BC252),\"\")","v":"Monsieur#chr(13)##chr(10)#Peneveyre Jonathan#chr(13)##chr(10)#Chemin d'Arche 61B#chr(13)##chr(10)##chr(13)##chr(10)#1870 Monthey"},null,"Monsieur",null,{"$f":"IF(AND(Base!AT252<200,Base!AT252>99),1,0)","v":0},null,0,{"$f":"Base!BG252","v":9402},{"$f":"Base!BH252& \"#chr(13)##chr(10)#\" &Base!BI252","v":"Taxe de base transport P2#chr(13)##chr(10)#"},null,{"$f":"Base!BJ252","v":1},{"$f":"Base!BK252","v":300},{"$f":"IF(Base!BL252=\"\",\"\",Base!BL252)","v":""},null,{"$f":"Base!BM252","v":300},null,null,{"$f":"IF(Base!H252=\"Uvrier\",3018,VLOOKUP(FQ254,$GV$2:$GX$7,FM254+1,0))","v":3002},0,0,null,0,{"$f":"Base!AU252","v":"Personne"},null,null,null,null,"Libre","BS - 322",null,"BU - 73 - aff",0,null,null,null,null,null,null,null,null,null,null,null,null,null,null,null,null,null,null,null,null,null,null,null,null,null,null,null,null,null,null,null,null,null,{"$f":"Base!AH252&\", \"&Base!AI252","v":"Peneveyre, Nathan"},{"$f":"Base!AN252&\" \"&Base!AO252&\", \"&Base!AK252&\" \"&Base!AL252","v":"1870 Monthey, Chemin d'Arche 61B"},{"$f":"CONCATENATE(TEXT(DATE(YEAR(Base!AJ252),MONTH(Base!AJ252),DAY(Base!AJ252)),\"jj.mm.aaaa\"),\", \",FN254,IF(Base!D252=\"\",\"\",\" - \"),Base!D252)","v":"26.07.2012, 756.7823.4342.36"},{"$f":"Base!AR252","v":"EGK Grundversicherungen AG"},{"$f":"LEFT(Base!J252,10)","v":"2022-02-10"},{"$f":"CONCATENATE(Base!L252,IF(Base!L252=0,\"\",\", \"),Base!M252,\" \",Base!N252,\", \",Base!P252,\" \",Base!Q252)","v":"Chemin d'Arche 49, 1870 Monthey"},{"$f":"CONCATENATE(Base!V252,\", \",Base!Z252,\" \",Base!AA252,\", \",Base!W252,\" \",Base!X252)","v":"Hôpital Riviera-Chablais (HRC), 1847 Rennaz, Route du Vieux-Séquoia 20"},null,{"$f":"CONCATENATE(RIGHT(LEFT(Base!J252,16),5),\" - \",RIGHT(LEFT(Base!K252,16),5))","v":"12:06 - 13:07"},{"$f":"Base!AF252&\" - \"&Base!I252","v":"Accident - P2"},null,null,null,null,null,null,null,null,null,null,null,null,null,null,null,null,null,null,{"$f":"Base!H252","v":"Monthey"},3,null,null,null,null,null,null,null,null,null,3,null,null,null,null,null,null,null,null,null,null,null,null,null,null,null,null,null,null,null,null,null,{"$f":"IF(Base!U252=\"Privée\",2,1)","v":1},{"$f":"IF(OR(LEFT(Base!AS252,1)=\"1\",LEFT(Base!AS252)=\"2\"),RIGHT(Base!AS252,LEN(Base!AS252)-1),Base!AS252)","v":"756.7823.4342.36"},{"$f":"Base!AU252","v":"Personne"},{"$f":"OR(CONCATENATE(Base!AW252,Base!AX252)=CONCATENATE(Base!AH252,Base!AI252),FO254=\"Établissement\")","v":false},{"$f":"Base!I252","v":"P2"}]
[{"$f":"Base!A259","v":4436},{"$f":"20","v":20},{"$f":"Base!B259","v":"2022-02-25"},null,{"$f":"Base!AE259","v":"VS22004211"},null,null,null,null,null,"<AUTO>",null,null,null,null,"URL (Libre)",null,null,{"$f":"Base!E259&\" - \"&Base!H259&\" - \"&Base!D259","v":"17601 - Monthey - "},{"$f":"IF(AND(Base!AT259<1000,Base!AT259>99),Base!AT259,IF(FO261=\"Établissement\",VALUE(CONCATENATE(LEN(SUBSTITUTE(V261,\" \",\"\")),LEN(V261),AA261,COLUMN(INDIRECT(LEFT(V261,1)&1)),LEN(SUBSTITUTE(V261,\"-\",\"\")))),IF(FN261=\"\",VALUE(CONCATENATE(COLUMN(INDIRECT(LEFT(W261,1)&1)),COLUMN(INDIRECT(LEFT(X261,1)&1)),AO261,CODE(AA261))),VALUE(SUBSTITUTE(SUBSTITUTE(SUBSTITUTE(FN261,\".\",\"\"),\" \",\"\"),\"-\",\"\")))))","v":1983806548},null,{"$f":"SUBSTITUTE(IF(Base!BF259=0,\"\",Base!BF259),\" (facturation)\",\"\")","v":""},{"$f":"IF(Base!AW259=0,\"\",Base!AH259)","v":"Schneyder"},{"$f":"IF(Base!AX259=0,\"\",Base!AI259)","v":"Hanna"},{"$f":"IF(Base!AW259=0,Base!AY259&\" \"&Base!AZ259,Base!AK259&\" \"&Base!AL259)","v":"Imbirowa 6E"},{"$f":"IF(IF(Base!AW259=0,Base!BA259,Base!AM259)=0,\"\",IF(Base!AW259=0,Base!BA259,Base!AM259))","v":""},{"$f":"IF(Base!AW259=0,Base!BB259,Base!AN259)","v":"02-797"},{"$f":"IF(Base!AW259=0,Base!BC259,Base!AO259)","v":"Warszawa"},null,null,null,null,null,null,null,null,null,null,null,null,{"$f":"Base!AJ259","v":"2004-03-19"},{"$f":"IF(FO261=\"Établissement\",\"\",IF(Base!AG259=\"Masculin\",\"Monsieur\",IF(Base!AG259=\"Féminin\",\"Madame\",\"\")))","v":"Madame"},{"$f":"IF(FP261=FALSE,CONCATENATE(IF(Base!AV259=\"Masculin\",\"Monsieur\",IF(Base!AV259=\"Féminin\",\"Madame\",\"\")),\"#chr(13)##chr(10)#\",Base!AW259,\" \",Base!AX259, \"#chr(13)##chr(10)#\",Base!AY259,\" \",Base!AZ259, \"#chr(13)##chr(10)#\",Base!BA259, \"#chr(13)##chr(10)#\",Base!BB259,\" \",Base!BC259),\"\")","v":"Monsieur#chr(13)##chr(10)#Schneyder Robert#chr(13)##chr(10)#Imbirowa 6E#chr(13)##chr(10)##chr(13)##chr(10)#02-797 Warszawa"},null,"Madame",null,{"$f":"IF(AND(Base!AT259<200,Base!AT259>99),1,0)","v":0},null,0,{"$f":"Base!BG259","v":9441},{"$f":"Base!BH259& \"#chr(13)##chr(10)#\" &Base!BI259","v":"Matériel - Prestation standard élargie#chr(13)##chr(10)#"},null,{"$f":"Base!BJ259","v":1},{"$f":"Base!BK259","v":80},{"$f":"IF(Base!BL259=\"\",\"\",Base!BL259)","v":""},null,{"$f":"Base!BM259","v":80},null,null,{"$f":"IF(Base!H259=\"Uvrier\",3018,VLOOKUP(FQ261,$GV$2:$GX$7,FM261+1,0))","v":3002},0,0,null,0,null,null,null,null,null,"Libre","BS - 329",null,"BU - 73 - aff",0,null,null,null,null,null,null,null,null,null,null,null,null,null,null,null,null,null,null,null,null,null,null,null,null,null,null,null,null,null,null,null,null,null,{"$f":"Base!AH259&\", \"&Base!AI259","v":"Schneyder, Hanna"},{"$f":"Base!AN259&\" \"&Base!AO259&\", \"&Base!AK259&\" \"&Base!AL259","v":"02-797 Warszawa, Imbirowa 6E"},{"$f":"CONCATENATE(TEXT(DATE(YEAR(Base!AJ259),MONTH(Base!AJ259),DAY(Base!AJ259)),\"jj.mm.aaaa\"),\", \",FN261,IF(Base!D259=\"\",\"\",\" - \"),Base!D259)","v":"19.03.2004, "},{"$f":"Base!AR259","v":"Signal Irina 14722935"},{"$f":"LEFT(Base!J259,10)","v":"2022-02-10"},{"$f":"CONCATENATE(Base!L259,IF(Base!L259=0,\"\",\", \"),Base!M259,\" \",Base!N259,\", \",Base!P259,\" \",Base!Q259)","v":"T-Resort, Rue de la Télécabine 7, 1918 La Tzoumaz"},{"$f":"CONCATENATE(Base!V259,\", \",Base!Z259,\" \",Base!AA259,\", \",Base!W259,\" \",Base!X259)","v":"Hôpital de Sion, 1950 Sion, Avenue du Grand-Champsec 80"},null,{"$f":"CONCATENATE(RIGHT(LEFT(Base!J259,16),5),\" - \",RIGHT(LEFT(Base!K259,16),5))","v":"13:40 - 16:26"},{"$f":"Base!AF259&\" - \"&Base!I259","v":"Accident - P2"},null,null,null,null,null,null,null,null,null,null,null,null,null,null,null,null,null,null,{"$f":"Base!H259","v":"Monthey"},3,null,null,null,null,null,null,null,null,null,3,null,null,null,null,null,null,null,null,null,null,null,null,null,null,null,null,null,null,null,null,null,{"$f":"IF(Base!U259=\"Privée\",2,1)","v":1},{"$f":"IF(OR(LEFT(Base!AS259,1)=\"1\",LEFT(Base!AS259)=\"2\"),RIGHT(Base!AS259,LEN(Base!AS259)-1),Base!AS259)","v":""},{"$f":"Base!AU259","v":"Personne"},{"$f":"OR(CONCATENATE(Base!AW259,Base!AX259)=CONCATENATE(Base!AH259,Base!AI259),FO261=\"Établissement\")","v":false},{"$f":"Base!I259","v":"P2"}]
[{"$f":"Base!A262","v":4437},{"$f":"20","v":20},{"$f":"Base!B262","v":"2022-02-25"},null,{"$f":"Base!AE262","v":"VS22004214"},null,null,null,null,null,"<AUTO>",null,null,null,null,"URL (Libre)",null,null,{"$f":"Base!E262&\" - \"&Base!H262&\" - \"&Base!D262","v":"17604 - Monthey - "},{"$f":"IF(AND(Base!AT262<1000,Base!AT262>99),Base!AT262,IF(FO264=\"Établissement\",VALUE(CONCATENATE(LEN(SUBSTITUTE(V264,\" \",\"\")),LEN(V264),AA264,COLUMN(INDIRECT(LEFT(V264,1)&1)),LEN(SUBSTITUTE(V264,\"-\",\"\")))),IF(FN264=\"\",VALUE(CONCATENATE(COLUMN(INDIRECT(LEFT(W264,1)&1)),COLUMN(INDIRECT(LEFT(X264,1)&1)),AO264,CODE(AA264))),VALUE(SUBSTITUTE(SUBSTITUTE(SUBSTITUTE(FN264,\".\",\"\"),\" \",\"\"),\"-\",\"\")))))","v":0},null,{"$f":"SUBSTITUTE(IF(Base!BF262=0,\"\",Base!BF262),\" (facturation)\",\"\")","v":""},{"$f":"IF(Base!AW262=0,\"\",Base!AH262)","v":"Verjans"},{"$f":"IF(Base!AX262=0,\"\",Base!AI262)","v":"Christine"},{"$f":"IF(Base!AW262=0,Base!AY262&\" \"&Base!AZ262,Base!AK262&\" \"&Base!AL262)","v":"Auf der Fuchskaul 67"},{"$f":"IF(IF(Base!AW262=0,Base!BA262,Base!AM262)=0,\"\",IF(Base!AW262=0,Base!BA262,Base!AM262))","v":"c/o Eissing"},{"$f":"IF(Base!AW262=0,Base!BB262,Base!AN262)","v":45149},{"$f":"IF(Base!AW262=0,Base!BC262,Base!AO262)","v":"Essen"},null,null,null,null,null,null,null,null,null,null,null,null,{"$f":"Base!AJ262","v":"1994-10-19"},{"$f":"IF(FO264=\"Établissement\",\"\",IF(Base!AG262=\"Masculin\",\"Monsieur\",IF(Base!AG262=\"Féminin\",\"Madame\",\"\")))","v":"Madame"},{"$f":"IF(FP264=FALSE,CONCATENATE(IF(Base!AV262=\"Masculin\",\"Monsieur\",IF(Base!AV262=\"Féminin\",\"Madame\",\"\")),\"#chr(13)##chr(10)#\",Base!AW262,\" \",Base!AX262, \"#chr(13)##chr(10)#\",Base!AY262,\" \",Base!AZ262, \"#chr(13)##chr(10)#\",Base!BA262, \"#chr(13)##chr(10)#\",Base!BB262,\" \",Base!BC262),\"\")","v":""},null,"Madame",null,{"$f":"IF(AND(Base!AT262<200,Base!AT262>99),1,0)","v":0},null,0,{"$f":"Base!BG262","v":"VS.9511"},{"$f":"Base!BH262& \"#chr(13)##chr(10)#\" &Base!BI262","v":"Personnel soignant reconnu (par personne et par quart d'heure entamé)#chr(13)##chr(10)#"},null,{"$f":"Base!BJ262","v":16},{"$f":"Base!BK262","v":35},{"$f":"IF(Base!BL262=\"\",\"\",Base!BL262)","v":"¼ d'heure"},null,{"$f":"Base!BM262","v":560},null,null,{"$f":"IF(Base!H262=\"Uvrier\",3018,VLOOKUP(FQ264,$GV$2:$GX$7,FM264+1,0))","v":3002},0,0,null,0,null,null,null,null,null,"Libre","BS - 332",null,"BU - 73 - aff",0,null,null,null,null,null,null,null,null,null,null,null,null,null,null,null,null,null,null,null,null,null,null,null,null,null,null,null,null,null,null,null,null,null,{"$f":"Base!AH262&\", \"&Base!AI262","v":"Verjans, Christine"},{"$f":"Base!AN262&\" \"&Base!AO262&\", \"&Base!AK262&\" \"&Base!AL262","v":"45149 Essen, Auf der Fuchskaul 67"},{"$f":"CONCATENATE(TEXT(DATE(YEAR(Base!AJ262),MONTH(Base!AJ262),DAY(Base!AJ262)),\"jj.mm.aaaa\"),\", \",FN264,IF(Base!D262=\"\",\"\",\" - \"),Base!D262)","v":"19.10.1994, 0"},{"$f":"Base!AR262","v":"Envivas, Freie Heitfürsorge"},{"$f":"LEFT(Base!J262,10)","v":"2022-02-10"},{"$f":"CONCATENATE(Base!L262,IF(Base!L262=0,\"\",\", \"),Base!M262,\" \",Base!N262,\", \",Base!P262,\" \",Base!Q262)","v":"Poste de secours, Chemin du Tunnel , 1873 Les Crosets"},{"$f":"CONCATENATE(Base!V262,\", \",Base!Z262,\" \",Base!AA262,\", \",Base!W262,\" \",Base!X262)","v":"Hôpital Riviera-Chablais (HRC), 1847 Rennaz, Route du Vieux-Séquoia 20"},null,{"$f":"CONCATENATE(RIGHT(LEFT(Base!J262,16),5),\" - \",RIGHT(LEFT(Base!K262,16),5))","v":"14:06 - 16:03"},{"$f":"Base!AF262&\" - \"&Base!I262","v":"Accident - P2"},null,null,null,null,null,null,null,null,null,null,null,null,null,null,null,null,null,null,{"$f":"Base!H262","v":"Monthey"},3,null,null,null,null,null,null,null,null,null,3,null,null,null,null,null,null,null,null,null,null,null,null,null,null,null,null,null,null,null,null,null,{"$f":"IF(Base!U262=\"Privée\",2,1)","v":1},{"$f":"IF(OR(LEFT(Base!AS262,1)=\"1\",LEFT(Base!AS262)=\"2\"),RIGHT(Base!AS262,LEN(Base!AS262)-1),Base!AS262)","v":0},{"$f":"Base!AU262","v":"Personne"},{"$f":"OR(CONCATENATE(Base!AW262,Base!AX262)=CONCATENATE(Base!AH262,Base!AI262),FO264=\"Établissement\")","v":true},{"$f":"Base!I262","v":"P2"}]
[{"$f":"Base!A269","v":4439},{"$f":"20","v":20},{"$f":"Base!B269","v":"2022-02-25"},null,{"$f":"Base!AE269","v":"VS22004067"},null,null,null,null,null,"<AUTO>",null,null,null,null,"URL (Libre)",null,null,{"$f":"Base!E269&\" - \"&Base!H269&\" - \"&Base!D269","v":"17467 - Uvrier - "},{"$f":"IF(AND(Base!AT269<1000,Base!AT269>99),Base!AT269,IF(FO271=\"Établissement\",VALUE(CONCATENATE(LEN(SUBSTITUTE(V271,\" \",\"\")),LEN(V271),AA271,COLUMN(INDIRECT(LEFT(V271,1)&1)),LEN(SUBSTITUTE(V271,\"-\",\"\")))),IF(FN271=\"\",VALUE(CONCATENATE(COLUMN(INDIRECT(LEFT(W271,1)&1)),COLUMN(INDIRECT(LEFT(X271,1)&1)),AO271,CODE(AA271))),VALUE(SUBSTITUTE(SUBSTITUTE(SUBSTITUTE(FN271,\".\",\"\"),\" \",\"\"),\"-\",\"\")))))","v":103},null,{"$f":"SUBSTITUTE(IF(Base!BF269=0,\"\",Base!BF269),\" (facturation)\",\"\")","v":"Clinique Genevoise de Montana - Comptabilité"},{"$f":"IF(Base!AW269=0,\"\",Base!AH269)","v":""},{"$f":"IF(Base!AX269=0,\"\",Base!AI269)","v":""},{"$f":"IF(Base!AW269=0,Base!AY269&\" \"&Base!AZ269,Base!AK269&\" \"&Base!AL269)","v":"Impasse Clairmont 2"},{"$f":"IF(IF(Base!AW269=0,Base!BA269,Base!AM269)=0,\"\",IF(Base!AW269=0,Base!BA269,Base!AM269))","v":""},{"$f":"IF(Base!AW269=0,Base!BB269,Base!AN269)","v":3963},{"$f":"IF(Base!AW269=0,Base!BC269,Base!AO269)","v":"Crans-Montana"},null,null,null,null,null,null,null,null,null,null,null,null,{"$f":"Base!AJ269","v":"1943-08-01"},{"$f":"IF(FO271=\"Établissement\",\"\",IF(Base!AG269=\"Masculin\",\"Monsieur\",IF(Base!AG269=\"Féminin\",\"Madame\",\"\")))","v":""},{"$f":"IF(FP271=FALSE,CONCATENATE(IF(Base!AV269=\"Masculin\",\"Monsieur\",IF(Base!AV269=\"Féminin\",\"Madame\",\"\")),\"#chr(13)##chr(10)#\",Base!AW269,\" \",Base!AX269, \"#chr(13)##chr(10)#\",Base!AY269,\" \",Base!AZ269, \"#chr(13)##chr(10)#\",Base!BA269, \"#chr(13)##chr(10)#\",Base!BB269,\" \",Base!BC269),\"\")","v":""},null,"",null,{"$f":"IF(AND(Base!AT269<200,Base!AT269>99),1,0)","v":1},null,0,{"$f":"Base!BG269","v":"CLN.9404"},{"$f":"Base!BH269& \"#chr(13)##chr(10)#\" &Base!BI269","v":"Indemnisation kilométrique#chr(13)##chr(10)#"},null,{"$f":"Base!BJ269","v":135},{"$f":"Base!BK269","v":4.5},{"$f":"IF(Base!BL269=\"\",\"\",Base!BL269)","v":"km"},null,{"$f":"Base!BM269","v":607.5},null,null,{"$f":"IF(Base!H269=\"Uvrier\",3018,VLOOKUP(FQ271,$GV$2:$GX$7,FM271+1,0))","v":3018},0,0,null,0,null,null,null,null,null,"Libre","BS - 339",null,"BU - 73 - aff",0,null,null,null,null,null,null,null,null,null,null,null,null,null,null,null,null,null,null,null,null,null,null,null,null,null,null,null,null,null,null,null,null,null,{"$f":"Base!AH269&\", \"&Base!AI269","v":"Pavignano De Gaudenzi, Grazia"},{"$f":"Base!AN269&\" \"&Base!AO269&\", \"&Base!AK269&\" \"&Base!AL269","v":"1950 Sion, Rue de l'Envol 6"},{"$f":"CONCATENATE(TEXT(DATE(YEAR(Base!AJ269),MONTH(Base!AJ269),DAY(Base!AJ269)),\"jj.mm.aaaa\"),\", \",FN271,IF(Base!D269=\"\",\"\",\" - \"),Base!D269)","v":"01.08.1943, 756.3261.8181.40"},{"$f":"Base!AR269","v":"Helsana Assurances SA"},{"$f":"LEFT(Base!J269,10)","v":"2022-02-09"},{"$f":"CONCATENATE(Base!L269,IF(Base!L269=0,\"\",\", \"),Base!M269,\" \",Base!N269,\", \",Base!P269,\" \",Base!Q269)","v":"Clinique Genevoise, Impasse Clairmont 2, 3963 Crans-Montana"},{"$f":"CONCATENATE(Base!V269,\", \",Base!Z269,\" \",Base!AA269,\", \",Base!W269,\" \",Base!X269)","v":"Clinique Saint-Amé, 1890 St-Maurice, Vers Saint-Amé 10"},null,{"$f":"CONCATENATE(RIGHT(LEFT(Base!J269,16),5),\" - \",RIGHT(LEFT(Base!K269,16),5))","v":"08:30 - 11:30"},{"$f":"Base!AF269&\" - \"&Base!I269","v":"Maladie - S3"},null,null,null,null,null,null,null,null,null,null,null,null,null,null,null,null,null,null,{"$f":"Base!H269","v":"Uvrier"},2,null,null,null,null,null,null,null,null,null,2,null,null,null,null,null,null,null,null,null,null,null,null,null,null,null,null,null,null,null,null,null,{"$f":"IF(Base!U269=\"Privée\",2,1)","v":2},{"$f":"IF(OR(LEFT(Base!AS269,1)=\"1\",LEFT(Base!AS269)=\"2\"),RIGHT(Base!AS269,LEN(Base!AS269)-1),Base!AS269)","v":"756.3261.8181.40"},{"$f":"Base!AU269","v":"Établissement"},{"$f":"OR(CONCATENATE(Base!AW269,Base!AX269)=CONCATENATE(Base!AH269,Base!AI269),FO271=\"Établissement\")","v":true},{"$f":"Base!I269","v":"S3"}]
[{"$f":"Base!A278","v":4529},{"$f":"20","v":20},{"$f":"Base!B278","v":"2022-02-25"},null,{"$f":"Base!AE278","v":"VS22004168"},null,null,null,null,null,"<AUTO>",null,null,null,null,"URL (Libre)",null,null,{"$f":"Base!E278&\" - \"&Base!H278&\" - \"&Base!D278","v":"17563 - Uvrier - "},{"$f":"IF(AND(Base!AT278<1000,Base!AT278>99),Base!AT278,IF(FO280=\"Établissement\",VALUE(CONCATENATE(LEN(SUBSTITUTE(V280,\" \",\"\")),LEN(V280),AA280,COLUMN(INDIRECT(LEFT(V280,1)&1)),LEN(SUBSTITUTE(V280,\"-\",\"\")))),IF(FN280=\"\",VALUE(CONCATENATE(COLUMN(INDIRECT(LEFT(W280,1)&1)),COLUMN(INDIRECT(LEFT(X280,1)&1)),AO280,CODE(AA280))),VALUE(SUBSTITUTE(SUBSTITUTE(SUBSTITUTE(FN280,\".\",\"\"),\" \",\"\"),\"-\",\"\")))))","v":102},null,{"$f":"SUBSTITUTE(IF(Base!BF278=0,\"\",Base!BF278),\" (facturation)\",\"\")","v":"Clinique Bernoise Montana - Secrétariat médical"},{"$f":"IF(Base!AW278=0,\"\",Base!AH278)","v":""},{"$f":"IF(Base!AX278=0,\"\",Base!AI278)","v":""},{"$f":"IF(Base!AW278=0,Base!AY278&\" \"&Base!AZ278,Base!AK278&\" \"&Base!AL278)","v":"Impasse Palace Bellevue 1"},{"$f":"IF(IF(Base!AW278=0,Base!BA278,Base!AM278)=0,\"\",IF(Base!AW278=0,Base!BA278,Base!AM278))","v":""},{"$f":"IF(Base!AW278=0,Base!BB278,Base!AN278)","v":3963},{"$f":"IF(Base!AW278=0,Base!BC278,Base!AO278)","v":"Crans-Montana"},null,null,null,null,null,null,null,null,null,null,null,null,{"$f":"Base!AJ278","v":"1942-05-14"},{"$f":"IF(FO280=\"Établissement\",\"\",IF(Base!AG278=\"Masculin\",\"Monsieur\",IF(Base!AG278=\"Féminin\",\"Madame\",\"\")))","v":""},{"$f":"IF(FP280=FALSE,CONCATENATE(IF(Base!AV278=\"Masculin\",\"Monsieur\",IF(Base!AV278=\"Féminin\",\"Madame\",\"\")),\"#chr(13)##chr(10)#\",Base!AW278,\" \",Base!AX278, \"#chr(13)##chr(10)#\",Base!AY278,\" \",Base!AZ278, \"#chr(13)##chr(10)#\",Base!BA278, \"#chr(13)##chr(10)#\",Base!BB278,\" \",Base!BC278),\"\")","v":""},null,"",null,{"$f":"IF(AND(Base!AT278<200,Base!AT278>99),1,0)","v":1},null,0,{"$f":"Base!BG278","v":"CLN.Rabais "},{"$f":"Base!BH278& \"#chr(13)##chr(10)#\" &Base!BI278","v":"Rabais 35%#chr(13)##chr(10)#sur CHF 1'733.00"},null,{"$f":"Base!BJ278","v":1},{"$f":"Base!BK278","v":-606.54999999999995},{"$f":"IF(Base!BL278=\"\",\"\",Base!BL278)","v":""},null,{"$f":"Base!BM278","v":-606.54999999999995},null,null,{"$f":"IF(Base!H278=\"Uvrier\",3018,VLOOKUP(FQ280,$GV$2:$GX$7,FM280+1,0))","v":3018},0,0,null,0,null,null,null,null,null,"Libre","BS - 348",null,"BU - 73 - aff",0,null,null,null,null,null,null,null,null,null,null,null,null,null,null,null,null,null,null,null,null,null,null,null,null,null,null,null,null,null,null,null,null,null,{"$f":"Base!AH278&\", \"&Base!AI278","v":"Lindegger, Claude"},{"$f":"Base!AN278&\" \"&Base!AO278&\", \"&Base!AK278&\" \"&Base!AL278","v":"1871 Les Giettes, Route des Cerniers 58"},{"$f":"CONCATENATE(TEXT(DATE(YEAR(Base!AJ278),MONTH(Base!AJ278),DAY(Base!AJ278)),\"jj.mm.aaaa\"),\", \",FN280,IF(Base!D278=\"\",\"\",\" - \"),Base!D278)","v":"14.05.1942, 756.4549.3803.59"},{"$f":"Base!AR278","v":"CSS Kranken- Versicherung AG"},{"$f":"LEFT(Base!J278,10)","v":"2022-02-10"},{"$f":"CONCATENATE(Base!L278,IF(Base!L278=0,\"\",\", \"),Base!M278,\" \",Base!N278,\", \",Base!P278,\" \",Base!Q278)","v":"Clinique Bernoise, Impasse Palace Bellevue 1, 3963 Crans-Montana"},{"$f":"CONCATENATE(Base!V278,\", \",Base!Z278,\" \",Base!AA278,\", \",Base!W278,\" \",Base!X278)","v":"Hôpital de Malévoz, 1870 Monthey, Route de Morgins 10"},null,{"$f":"CONCATENATE(RIGHT(LEFT(Base!J278,16),5),\" - \",RIGHT(LEFT(Base!K278,16),5))","v":"07:48 - 10:51"},{"$f":"Base!AF278&\" - \"&Base!I278","v":"Maladie - S3"},null,null,null,null,null,null,null,null,null,null,null,null,null,null,null,null,null,null,{"$f":"Base!H278","v":"Uvrier"},2,null,null,null,null,null,null,null,null,null,2,null,null,null,null,null,null,null,null,null,null,null,null,null,null,null,null,null,null,null,null,null,{"$f":"IF(Base!U278=\"Privée\",2,1)","v":2},{"$f":"IF(OR(LEFT(Base!AS278,1)=\"1\",LEFT(Base!AS278)=\"2\"),RIGHT(Base!AS278,LEN(Base!AS278)-1),Base!AS278)","v":"756.4549.3803.59"},{"$f":"Base!AU278","v":"Établissement"},{"$f":"OR(CONCATENATE(Base!AW278,Base!AX278)=CONCATENATE(Base!AH278,Base!AI278),FO280=\"Établissement\")","v":true},{"$f":"Base!I278","v":"S3"}]
[{"$f":"Base!A281","v":4544},{"$f":"20","v":20},{"$f":"Base!B281","v":"2022-02-25"},null,{"$f":"Base!AE281","v":"VS22004186"},null,null,null,null,null,"<AUTO>",null,null,null,null,"URL (Libre)",null,null,{"$f":"Base!E281&\" - \"&Base!H281&\" - \"&Base!D281","v":"17581 - Uvrier - "},{"$f":"IF(AND(Base!AT281<1000,Base!AT281>99),Base!AT281,IF(FO283=\"Établissement\",VALUE(CONCATENATE(LEN(SUBSTITUTE(V283,\" \",\"\")),LEN(V283),AA283,COLUMN(INDIRECT(LEFT(V283,1)&1)),LEN(SUBSTITUTE(V283,\"-\",\"\")))),IF(FN283=\"\",VALUE(CONCATENATE(COLUMN(INDIRECT(LEFT(W283,1)&1)),COLUMN(INDIRECT(LEFT(X283,1)&1)),AO283,CODE(AA283))),VALUE(SUBSTITUTE(SUBSTITUTE(SUBSTITUTE(FN283,\".\",\"\"),\" \",\"\"),\"-\",\"\")))))","v":102},null,{"$f":"SUBSTITUTE(IF(Base!BF281=0,\"\",Base!BF281),\" (facturation)\",\"\")","v":"Clinique Bernoise Montana - Secrétariat médical"},{"$f":"IF(Base!AW281=0,\"\",Base!AH281)","v":""},{"$f":"IF(Base!AX281=0,\"\",Base!AI281)","v":""},{"$f":"IF(Base!AW281=0,Base!AY281&\" \"&Base!AZ281,Base!AK281&\" \"&Base!AL281)","v":"Impasse Palace Bellevue 1"},{"$f":"IF(IF(Base!AW281=0,Base!BA281,Base!AM281)=0,\"\",IF(Base!AW281=0,Base!BA281,Base!AM281))","v":""},{"$f":"IF(Base!AW281=0,Base!BB281,Base!AN281)","v":3963},{"$f":"IF(Base!AW281=0,Base!BC281,Base!AO281)","v":"Crans-Montana"},null,null,null,null,null,null,null,null,null,null,null,null,{"$f":"Base!AJ281","v":"1952-10-30"},{"$f":"IF(FO283=\"Établissement\",\"\",IF(Base!AG281=\"Masculin\",\"Monsieur\",IF(Base!AG281=\"Féminin\",\"Madame\",\"\")))","v":""},{"$f":"IF(FP283=FALSE,CONCATENATE(IF(Base!AV281=\"Masculin\",\"Monsieur\",IF(Base!AV281=\"Féminin\",\"Madame\",\"\")),\"#chr(13)##chr(10)#\",Base!AW281,\" \",Base!AX281, \"#chr(13)##chr(10)#\",Base!AY281,\" \",Base!AZ281, \"#chr(13)##chr(10)#\",Base!BA281, \"#chr(13)##chr(10)#\",Base!BB281,\" \",Base!BC281),\"\")","v":""},null,"",null,{"$f":"IF(AND(Base!AT281<200,Base!AT281>99),1,0)","v":1},null,0,{"$f":"Base!BG281","v":"CLN.9411"},{"$f":"Base!BH281& \"#chr(13)##chr(10)#\" &Base!BI281","v":"Personnel soignant reconnu (par personne et par quart d'heure entamé)#chr(13)##chr(10)#2 collaborateur(s) x 25 quarts d’heure"},null,{"$f":"Base!BJ281","v":50},{"$f":"Base!BK281","v":35},{"$f":"IF(Base!BL281=\"\",\"\",Base!BL281)","v":"¼ d'heure"},null,{"$f":"Base!BM281","v":1750},null,null,{"$f":"IF(Base!H281=\"Uvrier\",3018,VLOOKUP(FQ283,$GV$2:$GX$7,FM283+1,0))","v":3018},0,0,null,0,null,null,null,null,null,"Libre","BS - 351",null,"BU - 73 - aff",0,null,null,null,null,null,null,null,null,null,null,null,null,null,null,null,null,null,null,null,null,null,null,null,null,null,null,null,null,null,null,null,null,null,{"$f":"Base!AH281&\", \"&Base!AI281","v":"Zeller, Madeleine"},{"$f":"Base!AN281&\" \"&Base!AO281&\", \"&Base!AK281&\" \"&Base!AL281","v":"3658 Merligen, Oberländerweg 13"},{"$f":"CONCATENATE(TEXT(DATE(YEAR(Base!AJ281),MONTH(Base!AJ281),DAY(Base!AJ281)),\"jj.mm.aaaa\"),\", \",FN283,IF(Base!D281=\"\",\"\",\" - \"),Base!D281)","v":"30.10.1952, 756.6166.9088.62"},{"$f":"Base!AR281","v":"CPT Assurance SA"},{"$f":"LEFT(Base!J281,10)","v":"2022-02-10"},{"$f":"CONCATENATE(Base!L281,IF(Base!L281=0,\"\",\", \"),Base!M281,\" \",Base!N281,\", \",Base!P281,\" \",Base!Q281)","v":"Clinique Bernoise, Impasse Palace Bellevue 1, 3963 Crans-Montana"},{"$f":"CONCATENATE(Base!V281,\", \",Base!Z281,\" \",Base!AA281,\", \",Base!W281,\" \",Base!X281)","v":"Hôpital de Thoune, 3600 Thun, Krankenhausstrasse 12"},null,{"$f":"CONCATENATE(RIGHT(LEFT(Base!J281,16),5),\" - \",RIGHT(LEFT(Base!K281,16),5))","v":"11:32 - 17:44"},{"$f":"Base!AF281&\" - \"&Base!I281","v":"Maladie - S3"},null,null,null,null,null,null,null,null,null,null,null,null,null,null,null,null,null,null,{"$f":"Base!H281","v":"Uvrier"},2,null,null,null,null,null,null,null,null,null,2,null,null,null,null,null,null,null,null,null,null,null,null,null,null,null,null,null,null,null,null,null,{"$f":"IF(Base!U281=\"Privée\",2,1)","v":2},{"$f":"IF(OR(LEFT(Base!AS281,1)=\"1\",LEFT(Base!AS281)=\"2\"),RIGHT(Base!AS281,LEN(Base!AS281)-1),Base!AS281)","v":"756.6166.9088.62"},{"$f":"Base!AU281","v":"Établissement"},{"$f":"OR(CONCATENATE(Base!AW281,Base!AX281)=CONCATENATE(Base!AH281,Base!AI281),FO283=\"Établissement\")","v":true},{"$f":"Base!I281","v":"S3"}]
[{"$f":"Base!A288","v":4550},{"$f":"20","v":20},{"$f":"Base!B288","v":"2022-02-25"},null,{"$f":"Base!AE288","v":"VS22004335"},null,null,null,null,null,"<AUTO>",null,null,null,null,"URL (Libre)",null,null,{"$f":"Base!E288&\" - \"&Base!H288&\" - \"&Base!D288","v":"17720 - Uvrier - 2103892/11"},{"$f":"IF(AND(Base!AT288<1000,Base!AT288>99),Base!AT288,IF(FO290=\"Établissement\",VALUE(CONCATENATE(LEN(SUBSTITUTE(V290,\" \",\"\")),LEN(V290),AA290,COLUMN(INDIRECT(LEFT(V290,1)&1)),LEN(SUBSTITUTE(V290,\"-\",\"\")))),IF(FN290=\"\",VALUE(CONCATENATE(COLUMN(INDIRECT(LEFT(W290,1)&1)),COLUMN(INDIRECT(LEFT(X290,1)&1)),AO290,CODE(AA290))),VALUE(SUBSTITUTE(SUBSTITUTE(SUBSTITUTE(FN290,\".\",\"\"),\" \",\"\"),\"-\",\"\")))))","v":101},null,{"$f":"SUBSTITUTE(IF(Base!BF288=0,\"\",Base!BF288),\" (facturation)\",\"\")","v":"Hôpital du Valais - Direction des Finances/Service des fournisseurs"},{"$f":"IF(Base!AW288=0,\"\",Base!AH288)","v":""},{"$f":"IF(Base!AX288=0,\"\",Base!AI288)","v":""},{"$f":"IF(Base!AW288=0,Base!AY288&\" \"&Base!AZ288,Base!AK288&\" \"&Base!AL288)","v":"Avenue Grand-Champsec 86"},{"$f":"IF(IF(Base!AW288=0,Base!BA288,Base!AM288)=0,\"\",IF(Base!AW288=0,Base!BA288,Base!AM288))","v":"Case postale 696"},{"$f":"IF(Base!AW288=0,Base!BB288,Base!AN288)","v":1951},{"$f":"IF(Base!AW288=0,Base!BC288,Base!AO288)","v":"Sion"},null,null,null,null,null,null,null,null,null,null,null,null,{"$f":"Base!AJ288","v":"1935-01-01"},{"$f":"IF(FO290=\"Établissement\",\"\",IF(Base!AG288=\"Masculin\",\"Monsieur\",IF(Base!AG288=\"Féminin\",\"Madame\",\"\")))","v":""},{"$f":"IF(FP290=FALSE,CONCATENATE(IF(Base!AV288=\"Masculin\",\"Monsieur\",IF(Base!AV288=\"Féminin\",\"Madame\",\"\")),\"#chr(13)##chr(10)#\",Base!AW288,\" \",Base!AX288, \"#chr(13)##chr(10)#\",Base!AY288,\" \",Base!AZ288, \"#chr(13)##chr(10)#\",Base!BA288, \"#chr(13)##chr(10)#\",Base!BB288,\" \",Base!BC288),\"\")","v":""},null,"",null,{"$f":"IF(AND(Base!AT288<200,Base!AT288>99),1,0)","v":1},null,0,{"$f":"Base!BG288","v":"HVS.21J"},{"$f":"Base!BH288& \"#chr(13)##chr(10)#\" &Base!BI288","v":"Forfait S3 HVS Sierre - HVS Sion#chr(13)##chr(10)#Trajet simple journée (08h00-20h00)"},null,{"$f":"Base!BJ288","v":1},{"$f":"Base!BK288","v":350},{"$f":"IF(Base!BL288=\"\",\"\",Base!BL288)","v":""},null,{"$f":"Base!BM288","v":350},null,null,{"$f":"IF(Base!H288=\"Uvrier\",3018,VLOOKUP(FQ290,$GV$2:$GX$7,FM290+1,0))","v":3018},0,0,null,0,null,null,null,null,null,"Libre","BS - 358",null,"BU - 73 - aff",0,null,null,null,null,null,null,null,null,null,null,null,null,null,null,null,null,null,null,null,null,null,null,null,null,null,null,null,null,null,null,null,null,null,{"$f":"Base!AH288&\", \"&Base!AI288","v":"Salamin-Rouvinez , Marie-Thérèse"},{"$f":"Base!AN288&\" \"&Base!AO288&\", \"&Base!AK288&\" \"&Base!AL288","v":"3960 Muraz (Sierre), Rue de Mura 65"},{"$f":"CONCATENATE(TEXT(DATE(YEAR(Base!AJ288),MONTH(Base!AJ288),DAY(Base!AJ288)),\"jj.mm.aaaa\"),\", \",FN290,IF(Base!D288=\"\",\"\",\" - \"),Base!D288)","v":"01.01.1935, 756.6619.6805.12 - 2103892/11"},{"$f":"Base!AR288","v":"CSS Kranken- Versicherung AG"},{"$f":"LEFT(Base!J288,10)","v":"2022-02-11"},{"$f":"CONCATENATE(Base!L288,IF(Base!L288=0,\"\",\", \"),Base!M288,\" \",Base!N288,\", \",Base!P288,\" \",Base!Q288)","v":"Hôpital de Sierre, Rue Saint-Charles 14, 3960 Sierre"},{"$f":"CONCATENATE(Base!V288,\", \",Base!Z288,\" \",Base!AA288,\", \",Base!W288,\" \",Base!X288)","v":"Hôpital de Sion, 1950 Sion, Avenue du Grand-Champsec 80"},null,{"$f":"CONCATENATE(RIGHT(LEFT(Base!J288,16),5),\" - \",RIGHT(LEFT(Base!K288,16),5))","v":"19:07 - 20:20"},{"$f":"Base!AF288&\" - \"&Base!I288","v":"Maladie - S3"},null,null,null,null,null,null,null,null,null,null,null,null,null,null,null,null,null,null,{"$f":"Base!H288","v":"Uvrier"},2,null,null,null,null,null,null,null,null,null,2,null,null,null,null,null,null,null,null,null,null,null,null,null,null,null,null,null,null,null,null,null,{"$f":"IF(Base!U288=\"Privée\",2,1)","v":2},{"$f":"IF(OR(LEFT(Base!AS288,1)=\"1\",LEFT(Base!AS288)=\"2\"),RIGHT(Base!AS288,LEN(Base!AS288)-1),Base!AS288)","v":"756.6619.6805.12"},{"$f":"Base!AU288","v":"Établissement"},{"$f":"OR(CONCATENATE(Base!AW288,Base!AX288)=CONCATENATE(Base!AH288,Base!AI288),FO290=\"Établissement\")","v":true},{"$f":"Base!I288","v":"S3"}]
[{"$f":"Base!A291","v":4553},{"$f":"20","v":20},{"$f":"Base!B291","v":"2022-02-25"},null,{"$f":"Base!AE291","v":"VS22004410"},null,null,null,null,null,"<AUTO>",null,null,null,null,"URL (Libre)",null,null,{"$f":"Base!E291&\" - \"&Base!H291&\" - \"&Base!D291","v":"17790 - Uvrier - 2049053/68"},{"$f":"IF(AND(Base!AT291<1000,Base!AT291>99),Base!AT291,IF(FO293=\"Établissement\",VALUE(CONCATENATE(LEN(SUBSTITUTE(V293,\" \",\"\")),LEN(V293),AA293,COLUMN(INDIRECT(LEFT(V293,1)&1)),LEN(SUBSTITUTE(V293,\"-\",\"\")))),IF(FN293=\"\",VALUE(CONCATENATE(COLUMN(INDIRECT(LEFT(W293,1)&1)),COLUMN(INDIRECT(LEFT(X293,1)&1)),AO293,CODE(AA293))),VALUE(SUBSTITUTE(SUBSTITUTE(SUBSTITUTE(FN293,\".\",\"\"),\" \",\"\"),\"-\",\"\")))))","v":101},null,{"$f":"SUBSTITUTE(IF(Base!BF291=0,\"\",Base!BF291),\" (facturation)\",\"\")","v":"Hôpital du Valais - Direction des Finances/Service des fournisseurs"},{"$f":"IF(Base!AW291=0,\"\",Base!AH291)","v":""},{"$f":"IF(Base!AX291=0,\"\",Base!AI291)","v":""},{"$f":"IF(Base!AW291=0,Base!AY291&\" \"&Base!AZ291,Base!AK291&\" \"&Base!AL291)","v":"Avenue Grand-Champsec 86"},{"$f":"IF(IF(Base!AW291=0,Base!BA291,Base!AM291)=0,\"\",IF(Base!AW291=0,Base!BA291,Base!AM291))","v":"Case postale 696"},{"$f":"IF(Base!AW291=0,Base!BB291,Base!AN291)","v":1951},{"$f":"IF(Base!AW291=0,Base!BC291,Base!AO291)","v":"Sion"},null,null,null,null,null,null,null,null,null,null,null,null,{"$f":"Base!AJ291","v":"1980-05-18"},{"$f":"IF(FO293=\"Établissement\",\"\",IF(Base!AG291=\"Masculin\",\"Monsieur\",IF(Base!AG291=\"Féminin\",\"Madame\",\"\")))","v":""},{"$f":"IF(FP293=FALSE,CONCATENATE(IF(Base!AV291=\"Masculin\",\"Monsieur\",IF(Base!AV291=\"Féminin\",\"Madame\",\"\")),\"#chr(13)##chr(10)#\",Base!AW291,\" \",Base!AX291, \"#chr(13)##chr(10)#\",Base!AY291,\" \",Base!AZ291, \"#chr(13)##chr(10)#\",Base!BA291, \"#chr(13)##chr(10)#\",Base!BB291,\" \",Base!BC291),\"\")","v":""},null,"",null,{"$f":"IF(AND(Base!AT291<200,Base!AT291>99),1,0)","v":1},null,0,{"$f":"Base!BG291","v":"HVS.17J"},{"$f":"Base!BH291& \"#chr(13)##chr(10)#\" &Base!BI291","v":"Forfait S3 HVS Sion - Malévoz#chr(13)##chr(10)#Trajet simple journée (08h00-20h00)"},null,{"$f":"Base!BJ291","v":1},{"$f":"Base!BK291","v":686},{"$f":"IF(Base!BL291=\"\",\"\",Base!BL291)","v":""},null,{"$f":"Base!BM291","v":686},null,null,{"$f":"IF(Base!H291=\"Uvrier\",3018,VLOOKUP(FQ293,$GV$2:$GX$7,FM293+1,0))","v":3018},0,0,null,0,null,null,null,null,null,"Libre","BS - 361",null,"BU - 73 - aff",0,null,null,null,null,null,null,null,null,null,null,null,null,null,null,null,null,null,null,null,null,null,null,null,null,null,null,null,null,null,null,null,null,null,{"$f":"Base!AH291&\", \"&Base!AI291","v":"Pfammatter, Léonard "},{"$f":"Base!AN291&\" \"&Base!AO291&\", \"&Base!AK291&\" \"&Base!AL291","v":"3960 Muraz (Sierre), Impasse lo Guèrni 8"},{"$f":"CONCATENATE(TEXT(DATE(YEAR(Base!AJ291),MONTH(Base!AJ291),DAY(Base!AJ291)),\"jj.mm.aaaa\"),\", \",FN293,IF(Base!D291=\"\",\"\",\" - \"),Base!D291)","v":"18.05.1980, 756.5434.8289.87 - 2049053/68"},{"$f":"Base!AR291","v":"Sanagate AG"},{"$f":"LEFT(Base!J291,10)","v":"2022-02-12"},{"$f":"CONCATENATE(Base!L291,IF(Base!L291=0,\"\",\", \"),Base!M291,\" \",Base!N291,\", \",Base!P291,\" \",Base!Q291)","v":"Hôpital de Sion, Avenue du Grand-Champsec 80, 1950 Sion"},{"$f":"CONCATENATE(Base!V291,\", \",Base!Z291,\" \",Base!AA291,\", \",Base!W291,\" \",Base!X291)","v":"Hôpital de Malévoz, 1870 Monthey, Route de Morgins 10"},null,{"$f":"CONCATENATE(RIGHT(LEFT(Base!J291,16),5),\" - \",RIGHT(LEFT(Base!K291,16),5))","v":"13:44 - 16:11"},{"$f":"Base!AF291&\" - \"&Base!I291","v":"Maladie - S3"},null,null,null,null,null,null,null,null,null,null,null,null,null,null,null,null,null,null,{"$f":"Base!H291","v":"Uvrier"},2,null,null,null,null,null,null,null,null,null,2,null,null,null,null,null,null,null,null,null,null,null,null,null,null,null,null,null,null,null,null,null,{"$f":"IF(Base!U291=\"Privée\",2,1)","v":2},{"$f":"IF(OR(LEFT(Base!AS291,1)=\"1\",LEFT(Base!AS291)=\"2\"),RIGHT(Base!AS291,LEN(Base!AS291)-1),Base!AS291)","v":"756.5434.8289.87"},{"$f":"Base!AU291","v":"Établissement"},{"$f":"OR(CONCATENATE(Base!AW291,Base!AX291)=CONCATENATE(Base!AH291,Base!AI291),FO293=\"Établissement\")","v":true},{"$f":"Base!I291","v":"S3"}]
[{"$f":"Base!A298","v":4557},{"$f":"20","v":20},{"$f":"Base!B298","v":"2022-02-25"},null,{"$f":"Base!AE298","v":"VS22004485"},null,null,null,null,null,"<AUTO>",null,null,null,null,"URL (Libre)",null,null,{"$f":"Base!E298&\" - \"&Base!H298&\" - \"&Base!D298","v":"17863 - Uvrier - "},{"$f":"IF(AND(Base!AT298<1000,Base!AT298>99),Base!AT298,IF(FO300=\"Établissement\",VALUE(CONCATENATE(LEN(SUBSTITUTE(V300,\" \",\"\")),LEN(V300),AA300,COLUMN(INDIRECT(LEFT(V300,1)&1)),LEN(SUBSTITUTE(V300,\"-\",\"\")))),IF(FN300=\"\",VALUE(CONCATENATE(COLUMN(INDIRECT(LEFT(W300,1)&1)),COLUMN(INDIRECT(LEFT(X300,1)&1)),AO300,CODE(AA300))),VALUE(SUBSTITUTE(SUBSTITUTE(SUBSTITUTE(FN300,\".\",\"\"),\" \",\"\"),\"-\",\"\")))))","v":102},null,{"$f":"SUBSTITUTE(IF(Base!BF298=0,\"\",Base!BF298),\" (facturation)\",\"\")","v":"Clinique Bernoise Montana - Secrétariat médical"},{"$f":"IF(Base!AW298=0,\"\",Base!AH298)","v":""},{"$f":"IF(Base!AX298=0,\"\",Base!AI298)","v":""},{"$f":"IF(Base!AW298=0,Base!AY298&\" \"&Base!AZ298,Base!AK298&\" \"&Base!AL298)","v":"Impasse Palace Bellevue 1"},{"$f":"IF(IF(Base!AW298=0,Base!BA298,Base!AM298)=0,\"\",IF(Base!AW298=0,Base!BA298,Base!AM298))","v":""},{"$f":"IF(Base!AW298=0,Base!BB298,Base!AN298)","v":3963},{"$f":"IF(Base!AW298=0,Base!BC298,Base!AO298)","v":"Crans-Montana"},null,null,null,null,null,null,null,null,null,null,null,null,{"$f":"Base!AJ298","v":"1960-08-28"},{"$f":"IF(FO300=\"Établissement\",\"\",IF(Base!AG298=\"Masculin\",\"Monsieur\",IF(Base!AG298=\"Féminin\",\"Madame\",\"\")))","v":""},{"$f":"IF(FP300=FALSE,CONCATENATE(IF(Base!AV298=\"Masculin\",\"Monsieur\",IF(Base!AV298=\"Féminin\",\"Madame\",\"\")),\"#chr(13)##chr(10)#\",Base!AW298,\" \",Base!AX298, \"#chr(13)##chr(10)#\",Base!AY298,\" \",Base!AZ298, \"#chr(13)##chr(10)#\",Base!BA298, \"#chr(13)##chr(10)#\",Base!BB298,\" \",Base!BC298),\"\")","v":""},null,"",null,{"$f":"IF(AND(Base!AT298<200,Base!AT298>99),1,0)","v":1},null,0,{"$f":"Base!BG298","v":"CLN.9432"},{"$f":"Base!BH298& \"#chr(13)##chr(10)#\" &Base!BI298","v":"Supplément pour dimanche et jour férié#chr(13)##chr(10)#25% sur CHF 700.00"},null,{"$f":"Base!BJ298","v":1},{"$f":"Base!BK298","v":175},{"$f":"IF(Base!BL298=\"\",\"\",Base!BL298)","v":""},null,{"$f":"Base!BM298","v":175},null,null,{"$f":"IF(Base!H298=\"Uvrier\",3018,VLOOKUP(FQ300,$GV$2:$GX$7,FM300+1,0))","v":3018},0,0,null,0,null,null,null,null,null,"Libre","BS - 368",null,"BU - 73 - aff",0,null,null,null,null,null,null,null,null,null,null,null,null,null,null,null,null,null,null,null,null,null,null,null,null,null,null,null,null,null,null,null,null,null,{"$f":"Base!AH298&\", \"&Base!AI298","v":"Cudina, Eliane"},{"$f":"Base!AN298&\" \"&Base!AO298&\", \"&Base!AK298&\" \"&Base!AL298","v":"3027 Bern, Waldmannstrasse 53/G5"},{"$f":"CONCATENATE(TEXT(DATE(YEAR(Base!AJ298),MONTH(Base!AJ298),DAY(Base!AJ298)),\"jj.mm.aaaa\"),\", \",FN300,IF(Base!D298=\"\",\"\",\" - \"),Base!D298)","v":"28.08.1960, 756.8310.6019.19"},{"$f":"Base!AR298","v":"Philos Assurance Maladie SA"},{"$f":"LEFT(Base!J298,10)","v":"2022-02-13"},{"$f":"CONCATENATE(Base!L298,IF(Base!L298=0,\"\",\", \"),Base!M298,\" \",Base!N298,\", \",Base!P298,\" \",Base!Q298)","v":"Clinique Bernoise, Impasse Palace Bellevue 1, 3963 Crans-Montana"},{"$f":"CONCATENATE(Base!V298,\", \",Base!Z298,\" \",Base!AA298,\", \",Base!W298,\" \",Base!X298)","v":"Hôpital de Sion, 1950 Sion, Avenue du Grand-Champsec 80"},null,{"$f":"CONCATENATE(RIGHT(LEFT(Base!J298,16),5),\" - \",RIGHT(LEFT(Base!K298,16),5))","v":"07:15 - 09:46"},{"$f":"Base!AF298&\" - \"&Base!I298","v":"Maladie - S3"},null,null,null,null,null,null,null,null,null,null,null,null,null,null,null,null,null,null,{"$f":"Base!H298","v":"Uvrier"},2,null,null,null,null,null,null,null,null,null,2,null,null,null,null,null,null,null,null,null,null,null,null,null,null,null,null,null,null,null,null,null,{"$f":"IF(Base!U298=\"Privée\",2,1)","v":2},{"$f":"IF(OR(LEFT(Base!AS298,1)=\"1\",LEFT(Base!AS298)=\"2\"),RIGHT(Base!AS298,LEN(Base!AS298)-1),Base!AS298)","v":"756.8310.6019.19"},{"$f":"Base!AU298","v":"Établissement"},{"$f":"OR(CONCATENATE(Base!AW298,Base!AX298)=CONCATENATE(Base!AH298,Base!AI298),FO300=\"Établissement\")","v":true},{"$f":"Base!I298","v":"S3"}]
[{"$f":"Base!A307","v":4560},{"$f":"20","v":20},{"$f":"Base!B307","v":"2022-02-25"},null,{"$f":"Base!AE307","v":"VS22004255"},null,null,null,null,null,"<AUTO>",null,null,null,null,"URL (Libre)",null,null,{"$f":"Base!E307&\" - \"&Base!H307&\" - \"&Base!D307","v":"17643 - Monthey - "},{"$f":"IF(AND(Base!AT307<1000,Base!AT307>99),Base!AT307,IF(FO309=\"Établissement\",VALUE(CONCATENATE(LEN(SUBSTITUTE(V309,\" \",\"\")),LEN(V309),AA309,COLUMN(INDIRECT(LEFT(V309,1)&1)),LEN(SUBSTITUTE(V309,\"-\",\"\")))),IF(FN309=\"\",VALUE(CONCATENATE(COLUMN(INDIRECT(LEFT(W309,1)&1)),COLUMN(INDIRECT(LEFT(X309,1)&1)),AO309,CODE(AA309))),VALUE(SUBSTITUTE(SUBSTITUTE(SUBSTITUTE(FN309,\".\",\"\"),\" \",\"\"),\"-\",\"\")))))","v":7565353009757},null,{"$f":"SUBSTITUTE(IF(Base!BF307=0,\"\",Base!BF307),\" (facturation)\",\"\")","v":""},{"$f":"IF(Base!AW307=0,\"\",Base!AH307)","v":"Arluna"},{"$f":"IF(Base!AX307=0,\"\",Base!AI307)","v":"Marcelin"},{"$f":"IF(Base!AW307=0,Base!AY307&\" \"&Base!AZ307,Base!AK307&\" \"&Base!AL307)","v":"Rue des Merisiers 31"},{"$f":"IF(IF(Base!AW307=0,Base!BA307,Base!AM307)=0,\"\",IF(Base!AW307=0,Base!BA307,Base!AM307))","v":""},{"$f":"IF(Base!AW307=0,Base!BB307,Base!AN307)","v":1870},{"$f":"IF(Base!AW307=0,Base!BC307,Base!AO307)","v":"Monthey"},null,null,null,null,null,null,null,null,null,null,null,null,{"$f":"Base!AJ307","v":"1949-09-24"},{"$f":"IF(FO309=\"Établissement\",\"\",IF(Base!AG307=\"Masculin\",\"Monsieur\",IF(Base!AG307=\"Féminin\",\"Madame\",\"\")))","v":"Monsieur"},{"$f":"IF(FP309=FALSE,CONCATENATE(IF(Base!AV307=\"Masculin\",\"Monsieur\",IF(Base!AV307=\"Féminin\",\"Madame\",\"\")),\"#chr(13)##chr(10)#\",Base!AW307,\" \",Base!AX307, \"#chr(13)##chr(10)#\",Base!AY307,\" \",Base!AZ307, \"#chr(13)##chr(10)#\",Base!BA307, \"#chr(13)##chr(10)#\",Base!BB307,\" \",Base!BC307),\"\")","v":""},null,"Monsieur",null,{"$f":"IF(AND(Base!AT307<200,Base!AT307>99),1,0)","v":0},null,0,{"$f":"Base!BG307","v":9404},{"$f":"Base!BH307& \"#chr(13)##chr(10)#\" &Base!BI307","v":"Indemnisation kilométrique#chr(13)##chr(10)#"},null,{"$f":"Base!BJ307","v":34},{"$f":"Base!BK307","v":4.5},{"$f":"IF(Base!BL307=\"\",\"\",Base!BL307)","v":"km"},null,{"$f":"Base!BM307","v":153},null,null,{"$f":"IF(Base!H307=\"Uvrier\",3018,VLOOKUP(FQ309,$GV$2:$GX$7,FM309+1,0))","v":3001},0,0,null,0,null,null,null,null,null,"Libre","BS - 377",null,"BU - 73 - aff",0,null,null,null,null,null,null,null,null,null,null,null,null,null,null,null,null,null,null,null,null,null,null,null,null,null,null,null,null,null,null,null,null,null,{"$f":"Base!AH307&\", \"&Base!AI307","v":"Arluna, Marcelin"},{"$f":"Base!AN307&\" \"&Base!AO307&\", \"&Base!AK307&\" \"&Base!AL307","v":"1870 Monthey, Rue des Merisiers 31"},{"$f":"CONCATENATE(TEXT(DATE(YEAR(Base!AJ307),MONTH(Base!AJ307),DAY(Base!AJ307)),\"jj.mm.aaaa\"),\", \",FN309,IF(Base!D307=\"\",\"\",\" - \"),Base!D307)","v":"24.09.1949, 756.5353.0097.57"},{"$f":"Base!AR307","v":"Mutuel Assurance Maladie SA"},{"$f":"LEFT(Base!J307,10)","v":"2022-02-10"},{"$f":"CONCATENATE(Base!L307,IF(Base!L307=0,\"\",\", \"),Base!M307,\" \",Base!N307,\", \",Base!P307,\" \",Base!Q307)","v":"Rue des Merisiers 31, 1870 Monthey"},{"$f":"CONCATENATE(Base!V307,\", \",Base!Z307,\" \",Base!AA307,\", \",Base!W307,\" \",Base!X307)","v":"Hôpital Riviera-Chablais (HRC), 1847 Rennaz, Route du Vieux-Séquoia 20"},null,{"$f":"CONCATENATE(RIGHT(LEFT(Base!J307,16),5),\" - \",RIGHT(LEFT(Base!K307,16),5))","v":"23:14 - 00:28"},{"$f":"Base!AF307&\" - \"&Base!I307","v":"Maladie - P1"},null,null,null,null,null,null,null,null,null,null,null,null,null,null,null,null,null,null,{"$f":"Base!H307","v":"Monthey"},3,null,null,null,null,null,null,null,null,null,3,null,null,null,null,null,null,null,null,null,null,null,null,null,null,null,null,null,null,null,null,null,{"$f":"IF(Base!U307=\"Privée\",2,1)","v":1},{"$f":"IF(OR(LEFT(Base!AS307,1)=\"1\",LEFT(Base!AS307)=\"2\"),RIGHT(Base!AS307,LEN(Base!AS307)-1),Base!AS307)","v":"756.5353.0097.57"},{"$f":"Base!AU307","v":"Personne"},{"$f":"OR(CONCATENATE(Base!AW307,Base!AX307)=CONCATENATE(Base!AH307,Base!AI307),FO309=\"Établissement\")","v":true},{"$f":"Base!I307","v":"P1"}]
[{"$f":"Base!A310","v":4560},{"$f":"20","v":20},{"$f":"Base!B310","v":"2022-02-25"},null,{"$f":"Base!AE310","v":"VS22004255"},null,null,null,null,null,"<AUTO>",null,null,null,null,"URL (Libre)",null,null,{"$f":"Base!E310&\" - \"&Base!H310&\" - \"&Base!D310","v":"17643 - Monthey - "},{"$f":"IF(AND(Base!AT310<1000,Base!AT310>99),Base!AT310,IF(FO312=\"Établissement\",VALUE(CONCATENATE(LEN(SUBSTITUTE(V312,\" \",\"\")),LEN(V312),AA312,COLUMN(INDIRECT(LEFT(V312,1)&1)),LEN(SUBSTITUTE(V312,\"-\",\"\")))),IF(FN312=\"\",VALUE(CONCATENATE(COLUMN(INDIRECT(LEFT(W312,1)&1)),COLUMN(INDIRECT(LEFT(X312,1)&1)),AO312,CODE(AA312))),VALUE(SUBSTITUTE(SUBSTITUTE(SUBSTITUTE(FN312,\".\",\"\"),\" \",\"\"),\"-\",\"\")))))","v":7565353009757},null,{"$f":"SUBSTITUTE(IF(Base!BF310=0,\"\",Base!BF310),\" (facturation)\",\"\")","v":""},{"$f":"IF(Base!AW310=0,\"\",Base!AH310)","v":"Arluna"},{"$f":"IF(Base!AX310=0,\"\",Base!AI310)","v":"Marcelin"},{"$f":"IF(Base!AW310=0,Base!AY310&\" \"&Base!AZ310,Base!AK310&\" \"&Base!AL310)","v":"Rue des Merisiers 31"},{"$f":"IF(IF(Base!AW310=0,Base!BA310,Base!AM310)=0,\"\",IF(Base!AW310=0,Base!BA310,Base!AM310))","v":""},{"$f":"IF(Base!AW310=0,Base!BB310,Base!AN310)","v":1870},{"$f":"IF(Base!AW310=0,Base!BC310,Base!AO310)","v":"Monthey"},null,null,null,null,null,null,null,null,null,null,null,null,{"$f":"Base!AJ310","v":"1949-09-24"},{"$f":"IF(FO312=\"Établissement\",\"\",IF(Base!AG310=\"Masculin\",\"Monsieur\",IF(Base!AG310=\"Féminin\",\"Madame\",\"\")))","v":"Monsieur"},{"$f":"IF(FP312=FALSE,CONCATENATE(IF(Base!AV310=\"Masculin\",\"Monsieur\",IF(Base!AV310=\"Féminin\",\"Madame\",\"\")),\"#chr(13)##chr(10)#\",Base!AW310,\" \",Base!AX310, \"#chr(13)##chr(10)#\",Base!AY310,\" \",Base!AZ310, \"#chr(13)##chr(10)#\",Base!BA310, \"#chr(13)##chr(10)#\",Base!BB310,\" \",Base!BC310),\"\")","v":""},null,"Monsieur",null,{"$f":"IF(AND(Base!AT310<200,Base!AT310>99),1,0)","v":0},null,0,{"$f":"Base!BG310","v":9440},{"$f":"Base!BH310& \"#chr(13)##chr(10)#\" &Base!BI310","v":"Matériel - Prestation standard#chr(13)##chr(10)#"},null,{"$f":"Base!BJ310","v":1},{"$f":"Base!BK310","v":0},{"$f":"IF(Base!BL310=\"\",\"\",Base!BL310)","v":""},null,{"$f":"Base!BM310","v":0},null,null,{"$f":"IF(Base!H310=\"Uvrier\",3018,VLOOKUP(FQ312,$GV$2:$GX$7,FM312+1,0))","v":3001},0,0,null,0,null,null,null,null,null,"Libre","BS - 380",null,"BU - 73 - aff",0,null,null,null,null,null,null,null,null,null,null,null,null,null,null,null,null,null,null,null,null,null,null,null,null,null,null,null,null,null,null,null,null,null,{"$f":"Base!AH310&\", \"&Base!AI310","v":"Arluna, Marcelin"},{"$f":"Base!AN310&\" \"&Base!AO310&\", \"&Base!AK310&\" \"&Base!AL310","v":"1870 Monthey, Rue des Merisiers 31"},{"$f":"CONCATENATE(TEXT(DATE(YEAR(Base!AJ310),MONTH(Base!AJ310),DAY(Base!AJ310)),\"jj.mm.aaaa\"),\", \",FN312,IF(Base!D310=\"\",\"\",\" - \"),Base!D310)","v":"24.09.1949, 756.5353.0097.57"},{"$f":"Base!AR310","v":"Mutuel Assurance Maladie SA"},{"$f":"LEFT(Base!J310,10)","v":"2022-02-10"},{"$f":"CONCATENATE(Base!L310,IF(Base!L310=0,\"\",\", \"),Base!M310,\" \",Base!N310,\", \",Base!P310,\" \",Base!Q310)","v":"Rue des Merisiers 31, 1870 Monthey"},{"$f":"CONCATENATE(Base!V310,\", \",Base!Z310,\" \",Base!AA310,\", \",Base!W310,\" \",Base!X310)","v":"Hôpital Riviera-Chablais (HRC), 1847 Rennaz, Route du Vieux-Séquoia 20"},null,{"$f":"CONCATENATE(RIGHT(LEFT(Base!J310,16),5),\" - \",RIGHT(LEFT(Base!K310,16),5))","v":"23:14 - 00:28"},{"$f":"Base!AF310&\" - \"&Base!I310","v":"Maladie - P1"},null,null,null,null,null,null,null,null,null,null,null,null,null,null,null,null,null,null,{"$f":"Base!H310","v":"Monthey"},3,null,null,null,null,null,null,null,null,null,3,null,null,null,null,null,null,null,null,null,null,null,null,null,null,null,null,null,null,null,null,null,{"$f":"IF(Base!U310=\"Privée\",2,1)","v":1},{"$f":"IF(OR(LEFT(Base!AS310,1)=\"1\",LEFT(Base!AS310)=\"2\"),RIGHT(Base!AS310,LEN(Base!AS310)-1),Base!AS310)","v":"756.5353.0097.57"},{"$f":"Base!AU310","v":"Personne"},{"$f":"OR(CONCATENATE(Base!AW310,Base!AX310)=CONCATENATE(Base!AH310,Base!AI310),FO312=\"Établissement\")","v":true},{"$f":"Base!I310","v":"P1"}]
[{"$f":"Base!A317","v":4563},{"$f":"20","v":20},{"$f":"Base!B317","v":"2022-02-25"},null,{"$f":"Base!AE317","v":"VS22004276"},null,null,null,null,null,"<AUTO>",null,null,null,null,"URL (Libre)",null,null,{"$f":"Base!E317&\" - \"&Base!H317&\" - \"&Base!D317","v":"17663 - Monthey - "},{"$f":"IF(AND(Base!AT317<1000,Base!AT317>99),Base!AT317,IF(FO319=\"Établissement\",VALUE(CONCATENATE(LEN(SUBSTITUTE(V319,\" \",\"\")),LEN(V319),AA319,COLUMN(INDIRECT(LEFT(V319,1)&1)),LEN(SUBSTITUTE(V319,\"-\",\"\")))),IF(FN319=\"\",VALUE(CONCATENATE(COLUMN(INDIRECT(LEFT(W319,1)&1)),COLUMN(INDIRECT(LEFT(X319,1)&1)),AO319,CODE(AA319))),VALUE(SUBSTITUTE(SUBSTITUTE(SUBSTITUTE(FN319,\".\",\"\"),\" \",\"\"),\"-\",\"\")))))","v":121},null,{"$f":"SUBSTITUTE(IF(Base!BF317=0,\"\",Base!BF317),\" (facturation)\",\"\")","v":"Suva Sion - Service Center"},{"$f":"IF(Base!AW317=0,\"\",Base!AH317)","v":""},{"$f":"IF(Base!AX317=0,\"\",Base!AI317)","v":""},{"$f":"IF(Base!AW317=0,Base!AY317&\" \"&Base!AZ317,Base!AK317&\" \"&Base!AL317)","v":"Postfach "},{"$f":"IF(IF(Base!AW317=0,Base!BA317,Base!AM317)=0,\"\",IF(Base!AW317=0,Base!BA317,Base!AM317))","v":""},{"$f":"IF(Base!AW317=0,Base!BB317,Base!AN317)","v":6009},{"$f":"IF(Base!AW317=0,Base!BC317,Base!AO317)","v":"Luzern"},null,null,null,null,null,null,null,null,null,null,null,null,{"$f":"Base!AJ317","v":"1991-11-09"},{"$f":"IF(FO319=\"Établissement\",\"\",IF(Base!AG317=\"Masculin\",\"Monsieur\",IF(Base!AG317=\"Féminin\",\"Madame\",\"\")))","v":""},{"$f":"IF(FP319=FALSE,CONCATENATE(IF(Base!AV317=\"Masculin\",\"Monsieur\",IF(Base!AV317=\"Féminin\",\"Madame\",\"\")),\"#chr(13)##chr(10)#\",Base!AW317,\" \",Base!AX317, \"#chr(13)##chr(10)#\",Base!AY317,\" \",Base!AZ317, \"#chr(13)##chr(10)#\",Base!BA317, \"#chr(13)##chr(10)#\",Base!BB317,\" \",Base!BC317),\"\")","v":""},null,"",null,{"$f":"IF(AND(Base!AT317<200,Base!AT317>99),1,0)","v":1},null,0,{"$f":"Base!BG317","v":"VS.9502"},{"$f":"Base!BH317& \"#chr(13)##chr(10)#\" &Base!BI317","v":"Taxe de base transport P2#chr(13)##chr(10)#"},null,{"$f":"Base!BJ317","v":1},{"$f":"Base!BK317","v":300},{"$f":"IF(Base!BL317=\"\",\"\",Base!BL317)","v":""},null,{"$f":"Base!BM317","v":300},null,null,{"$f":"IF(Base!H317=\"Uvrier\",3018,VLOOKUP(FQ319,$GV$2:$GX$7,FM319+1,0))","v":3002},0,0,null,0,null,null,null,null,null,"Libre","BS - 387",null,"BU - 73 - aff",0,null,null,null,null,null,null,null,null,null,null,null,null,null,null,null,null,null,null,null,null,null,null,null,null,null,null,null,null,null,null,null,null,null,{"$f":"Base!AH317&\", \"&Base!AI317","v":"Remer, Yannick"},{"$f":"Base!AN317&\" \"&Base!AO317&\", \"&Base!AK317&\" \"&Base!AL317","v":"1873 Val-d'Illiez, Chemin de la Vièze 3"},{"$f":"CONCATENATE(TEXT(DATE(YEAR(Base!AJ317),MONTH(Base!AJ317),DAY(Base!AJ317)),\"jj.mm.aaaa\"),\", \",FN319,IF(Base!D317=\"\",\"\",\" - \"),Base!D317)","v":"09.11.1991, 756.3307.8418.35"},{"$f":"Base!AR317","v":"Suva, Sion"},{"$f":"LEFT(Base!J317,10)","v":"2022-02-11"},{"$f":"CONCATENATE(Base!L317,IF(Base!L317=0,\"\",\", \"),Base!M317,\" \",Base!N317,\", \",Base!P317,\" \",Base!Q317)","v":"Siegfried, Route du Simplon 36, 1902 Evionnaz"},{"$f":"CONCATENATE(Base!V317,\", \",Base!Z317,\" \",Base!AA317,\", \",Base!W317,\" \",Base!X317)","v":",  ,  "},null,{"$f":"CONCATENATE(RIGHT(LEFT(Base!J317,16),5),\" - \",RIGHT(LEFT(Base!K317,16),5))","v":"09:56 - 10:45"},{"$f":"Base!AF317&\" - \"&Base!I317","v":"Accident - P2"},null,null,null,null,null,null,null,null,null,null,null,null,null,null,null,null,null,null,{"$f":"Base!H317","v":"Monthey"},3,null,null,null,null,null,null,null,null,null,3,null,null,null,null,null,null,null,null,null,null,null,null,null,null,null,null,null,null,null,null,null,{"$f":"IF(Base!U317=\"Privée\",2,1)","v":1},{"$f":"IF(OR(LEFT(Base!AS317,1)=\"1\",LEFT(Base!AS317)=\"2\"),RIGHT(Base!AS317,LEN(Base!AS317)-1),Base!AS317)","v":"756.3307.8418.35"},{"$f":"Base!AU317","v":"Établissement"},{"$f":"OR(CONCATENATE(Base!AW317,Base!AX317)=CONCATENATE(Base!AH317,Base!AI317),FO319=\"Établissement\")","v":true},{"$f":"Base!I317","v":"P2"}]
[{"$f":"Base!A326","v":4566},{"$f":"20","v":20},{"$f":"Base!B326","v":"2022-02-25"},null,{"$f":"Base!AE326","v":"VS22004288"},null,null,null,null,null,"<AUTO>",null,null,null,null,"URL (Libre)",null,null,{"$f":"Base!E326&\" - \"&Base!H326&\" - \"&Base!D326","v":"17675 - Monthey - "},{"$f":"IF(AND(Base!AT326<1000,Base!AT326>99),Base!AT326,IF(FO328=\"Établissement\",VALUE(CONCATENATE(LEN(SUBSTITUTE(V328,\" \",\"\")),LEN(V328),AA328,COLUMN(INDIRECT(LEFT(V328,1)&1)),LEN(SUBSTITUTE(V328,\"-\",\"\")))),IF(FN328=\"\",VALUE(CONCATENATE(COLUMN(INDIRECT(LEFT(W328,1)&1)),COLUMN(INDIRECT(LEFT(X328,1)&1)),AO328,CODE(AA328))),VALUE(SUBSTITUTE(SUBSTITUTE(SUBSTITUTE(FN328,\".\",\"\"),\" \",\"\"),\"-\",\"\")))))","v":125},null,{"$f":"SUBSTITUTE(IF(Base!BF326=0,\"\",Base!BF326),\" (facturation)\",\"\")","v":"Antaé - Allianz Worldwide Care"},{"$f":"IF(Base!AW326=0,\"\",Base!AH326)","v":""},{"$f":"IF(Base!AX326=0,\"\",Base!AI326)","v":""},{"$f":"IF(Base!AW326=0,Base!AY326&\" \"&Base!AZ326,Base!AK326&\" \"&Base!AL326)","v":"Grand-Rue 40"},{"$f":"IF(IF(Base!AW326=0,Base!BA326,Base!AM326)=0,\"\",IF(Base!AW326=0,Base!BA326,Base!AM326))","v":""},{"$f":"IF(Base!AW326=0,Base!BB326,Base!AN326)","v":1820},{"$f":"IF(Base!AW326=0,Base!BC326,Base!AO326)","v":"Montreux"},null,null,null,null,null,null,null,null,null,null,null,null,{"$f":"Base!AJ326","v":"2002-01-17"},{"$f":"IF(FO328=\"Établissement\",\"\",IF(Base!AG326=\"Masculin\",\"Monsieur\",IF(Base!AG326=\"Féminin\",\"Madame\",\"\")))","v":""},{"$f":"IF(FP328=FALSE,CONCATENATE(IF(Base!AV326=\"Masculin\",\"Monsieur\",IF(Base!AV326=\"Féminin\",\"Madame\",\"\")),\"#chr(13)##chr(10)#\",Base!AW326,\" \",Base!AX326, \"#chr(13)##chr(10)#\",Base!AY326,\" \",Base!AZ326, \"#chr(13)##chr(10)#\",Base!BA326, \"#chr(13)##chr(10)#\",Base!BB326,\" \",Base!BC326),\"\")","v":""},null,"",null,{"$f":"IF(AND(Base!AT326<200,Base!AT326>99),1,0)","v":1},null,0,{"$f":"Base!BG326","v":9404},{"$f":"Base!BH326& \"#chr(13)##chr(10)#\" &Base!BI326","v":"Indemnisation kilométrique#chr(13)##chr(10)#"},null,{"$f":"Base!BJ326","v":41},{"$f":"Base!BK326","v":4.5},{"$f":"IF(Base!BL326=\"\",\"\",Base!BL326)","v":"km"},null,{"$f":"Base!BM326","v":184.5},null,null,{"$f":"IF(Base!H326=\"Uvrier\",3018,VLOOKUP(FQ328,$GV$2:$GX$7,FM328+1,0))","v":3001},0,0,null,0,null,null,null,null,null,"Libre","BS - 396",null,"BU - 73 - aff",0,null,null,null,null,null,null,null,null,null,null,null,null,null,null,null,null,null,null,null,null,null,null,null,null,null,null,null,null,null,null,null,null,null,{"$f":"Base!AH326&\", \"&Base!AI326","v":"Vuvu, Asa"},{"$f":"Base!AN326&\" \"&Base!AO326&\", \"&Base!AK326&\" \"&Base!AL326","v":"1897 Bouveret, Route Cantonale 51"},{"$f":"CONCATENATE(TEXT(DATE(YEAR(Base!AJ326),MONTH(Base!AJ326),DAY(Base!AJ326)),\"jj.mm.aaaa\"),\", \",FN328,IF(Base!D326=\"\",\"\",\" - \"),Base!D326)","v":"17.01.2002, "},{"$f":"Base!AR326","v":"Allianz"},{"$f":"LEFT(Base!J326,10)","v":"2022-02-11"},{"$f":"CONCATENATE(Base!L326,IF(Base!L326=0,\"\",\", \"),Base!M326,\" \",Base!N326,\", \",Base!P326,\" \",Base!Q326)","v":"César Ritz Colleges Switzerland, Route Cantonale 51, 1897 Bouveret"},{"$f":"CONCATENATE(Base!V326,\", \",Base!Z326,\" \",Base!AA326,\", \",Base!W326,\" \",Base!X326)","v":"Hôpital Riviera-Chablais (HRC), 1847 Rennaz, Route du Vieux-Séquoia 20"},null,{"$f":"CONCATENATE(RIGHT(LEFT(Base!J326,16),5),\" - \",RIGHT(LEFT(Base!K326,16),5))","v":"11:51 - 13:17"},{"$f":"Base!AF326&\" - \"&Base!I326","v":"Maladie - P1"},null,null,null,null,null,null,null,null,null,null,null,null,null,null,null,null,null,null,{"$f":"Base!H326","v":"Monthey"},3,null,null,null,null,null,null,null,null,null,3,null,null,null,null,null,null,null,null,null,null,null,null,null,null,null,null,null,null,null,null,null,{"$f":"IF(Base!U326=\"Privée\",2,1)","v":1},{"$f":"IF(OR(LEFT(Base!AS326,1)=\"1\",LEFT(Base!AS326)=\"2\"),RIGHT(Base!AS326,LEN(Base!AS326)-1),Base!AS326)","v":""},{"$f":"Base!AU326","v":"Établissement"},{"$f":"OR(CONCATENATE(Base!AW326,Base!AX326)=CONCATENATE(Base!AH326,Base!AI326),FO328=\"Établissement\")","v":true},{"$f":"Base!I326","v":"P1"}]
[{"$f":"Base!A329","v":4567},{"$f":"20","v":20},{"$f":"Base!B329","v":"2022-02-25"},null,{"$f":"Base!AE329","v":"VS22004289"},null,null,null,null,null,"<AUTO>",null,null,null,null,"URL (Libre)",null,null,{"$f":"Base!E329&\" - \"&Base!H329&\" - \"&Base!D329","v":"17676 - Monthey - "},{"$f":"IF(AND(Base!AT329<1000,Base!AT329>99),Base!AT329,IF(FO331=\"Établissement\",VALUE(CONCATENATE(LEN(SUBSTITUTE(V331,\" \",\"\")),LEN(V331),AA331,COLUMN(INDIRECT(LEFT(V331,1)&1)),LEN(SUBSTITUTE(V331,\"-\",\"\")))),IF(FN331=\"\",VALUE(CONCATENATE(COLUMN(INDIRECT(LEFT(W331,1)&1)),COLUMN(INDIRECT(LEFT(X331,1)&1)),AO331,CODE(AA331))),VALUE(SUBSTITUTE(SUBSTITUTE(SUBSTITUTE(FN331,\".\",\"\"),\" \",\"\"),\"-\",\"\")))))","v":7567196544860},null,{"$f":"SUBSTITUTE(IF(Base!BF329=0,\"\",Base!BF329),\" (facturation)\",\"\")","v":""},{"$f":"IF(Base!AW329=0,\"\",Base!AH329)","v":"Ruch"},{"$f":"IF(Base!AX329=0,\"\",Base!AI329)","v":"Ulrich"},{"$f":"IF(Base!AW329=0,Base!AY329&\" \"&Base!AZ329,Base!AK329&\" \"&Base!AL329)","v":"Chemin Es Preises 8"},{"$f":"IF(IF(Base!AW329=0,Base!BA329,Base!AM329)=0,\"\",IF(Base!AW329=0,Base!BA329,Base!AM329))","v":""},{"$f":"IF(Base!AW329=0,Base!BB329,Base!AN329)","v":1862},{"$f":"IF(Base!AW329=0,Base!BC329,Base!AO329)","v":"Les Mosses"},null,null,null,null,null,null,null,null,null,null,null,null,{"$f":"Base!AJ329","v":"1947-05-02"},{"$f":"IF(FO331=\"Établissement\",\"\",IF(Base!AG329=\"Masculin\",\"Monsieur\",IF(Base!AG329=\"Féminin\",\"Madame\",\"\")))","v":"Monsieur"},{"$f":"IF(FP331=FALSE,CONCATENATE(IF(Base!AV329=\"Masculin\",\"Monsieur\",IF(Base!AV329=\"Féminin\",\"Madame\",\"\")),\"#chr(13)##chr(10)#\",Base!AW329,\" \",Base!AX329, \"#chr(13)##chr(10)#\",Base!AY329,\" \",Base!AZ329, \"#chr(13)##chr(10)#\",Base!BA329, \"#chr(13)##chr(10)#\",Base!BB329,\" \",Base!BC329),\"\")","v":""},null,"Monsieur",null,{"$f":"IF(AND(Base!AT329<200,Base!AT329>99),1,0)","v":0},null,0,{"$f":"Base!BG329","v":"Forfait"},{"$f":"Base!BH329& \"#chr(13)##chr(10)#\" &Base!BI329","v":"Forfait S2#chr(13)##chr(10)#"},null,{"$f":"Base!BJ329","v":1},{"$f":"Base!BK329","v":688},{"$f":"IF(Base!BL329=\"\",\"\",Base!BL329)","v":""},null,{"$f":"Base!BM329","v":688},null,null,{"$f":"IF(Base!H329=\"Uvrier\",3018,VLOOKUP(FQ331,$GV$2:$GX$7,FM331+1,0))","v":3015},0,0,null,0,null,null,null,null,null,"Libre","BS - 399",null,"BU - 73 - aff",0,null,null,null,null,null,null,null,null,null,null,null,null,null,null,null,null,null,null,null,null,null,null,null,null,null,null,null,null,null,null,null,null,null,{"$f":"Base!AH329&\", \"&Base!AI329","v":"Ruch, Ulrich"},{"$f":"Base!AN329&\" \"&Base!AO329&\", \"&Base!AK329&\" \"&Base!AL329","v":"1862 Les Mosses, Chemin Es Preises 8"},{"$f":"CONCATENATE(TEXT(DATE(YEAR(Base!AJ329),MONTH(Base!AJ329),DAY(Base!AJ329)),\"jj.mm.aaaa\"),\", \",FN331,IF(Base!D329=\"\",\"\",\" - \"),Base!D329)","v":"02.05.1947, 756.7196.5448.60"},{"$f":"Base!AR329","v":"Philos Assurance Maladie SA"},{"$f":"LEFT(Base!J329,10)","v":"2022-02-11"},{"$f":"CONCATENATE(Base!L329,IF(Base!L329=0,\"\",\", \"),Base!M329,\" \",Base!N329,\", \",Base!P329,\" \",Base!Q329)","v":"Hôpital Riviera-Chablais (HRC), Route du Vieux-Séquoia 20, 1847 Rennaz"},{"$f":"CONCATENATE(Base!V329,\", \",Base!Z329,\" \",Base!AA329,\", \",Base!W329,\" \",Base!X329)","v":"Domicile, 1862 Les Mosses, Chemin Es Preises 8"},null,{"$f":"CONCATENATE(RIGHT(LEFT(Base!J329,16),5),\" - \",RIGHT(LEFT(Base!K329,16),5))","v":"12:32 - 14:47"},{"$f":"Base!AF329&\" - \"&Base!I329","v":"Maladie - S2"},null,null,null,null,null,null,null,null,null,null,null,null,null,null,null,null,null,null,{"$f":"Base!H329","v":"Monthey"},3,null,null,null,null,null,null,null,null,null,3,null,null,null,null,null,null,null,null,null,null,null,null,null,null,null,null,null,null,null,null,null,{"$f":"IF(Base!U329=\"Privée\",2,1)","v":2},{"$f":"IF(OR(LEFT(Base!AS329,1)=\"1\",LEFT(Base!AS329)=\"2\"),RIGHT(Base!AS329,LEN(Base!AS329)-1),Base!AS329)","v":"756.7196.5448.60"},{"$f":"Base!AU329","v":"Personne"},{"$f":"OR(CONCATENATE(Base!AW329,Base!AX329)=CONCATENATE(Base!AH329,Base!AI329),FO331=\"Établissement\")","v":true},{"$f":"Base!I329","v":"S2"}]
[{"$f":"Base!A336","v":4570},{"$f":"20","v":20},{"$f":"Base!B336","v":"2022-02-25"},null,{"$f":"Base!AE336","v":"VS22004304"},null,null,null,null,null,"<AUTO>",null,null,null,null,"URL (Libre)",null,null,{"$f":"Base!E336&\" - \"&Base!H336&\" - \"&Base!D336","v":"17691 - Monthey - "},{"$f":"IF(AND(Base!AT336<1000,Base!AT336>99),Base!AT336,IF(FO338=\"Établissement\",VALUE(CONCATENATE(LEN(SUBSTITUTE(V338,\" \",\"\")),LEN(V338),AA338,COLUMN(INDIRECT(LEFT(V338,1)&1)),LEN(SUBSTITUTE(V338,\"-\",\"\")))),IF(FN338=\"\",VALUE(CONCATENATE(COLUMN(INDIRECT(LEFT(W338,1)&1)),COLUMN(INDIRECT(LEFT(X338,1)&1)),AO338,CODE(AA338))),VALUE(SUBSTITUTE(SUBSTITUTE(SUBSTITUTE(FN338,\".\",\"\"),\" \",\"\"),\"-\",\"\")))))","v":7560135262696},null,{"$f":"SUBSTITUTE(IF(Base!BF336=0,\"\",Base!BF336),\" (facturation)\",\"\")","v":""},{"$f":"IF(Base!AW336=0,\"\",Base!AH336)","v":"Luquiens"},{"$f":"IF(Base!AX336=0,\"\",Base!AI336)","v":"Margot"},{"$f":"IF(Base!AW336=0,Base!AY336&\" \"&Base!AZ336,Base!AK336&\" \"&Base!AL336)","v":"Rue de Venise 5"},{"$f":"IF(IF(Base!AW336=0,Base!BA336,Base!AM336)=0,\"\",IF(Base!AW336=0,Base!BA336,Base!AM336))","v":"Tertianum La Venise"},{"$f":"IF(Base!AW336=0,Base!BB336,Base!AN336)","v":1870},{"$f":"IF(Base!AW336=0,Base!BC336,Base!AO336)","v":"Monthey"},null,null,null,null,null,null,null,null,null,null,null,null,{"$f":"Base!AJ336","v":"1931-03-24"},{"$f":"IF(FO338=\"Établissement\",\"\",IF(Base!AG336=\"Masculin\",\"Monsieur\",IF(Base!AG336=\"Féminin\",\"Madame\",\"\")))","v":"Madame"},{"$f":"IF(FP338=FALSE,CONCATENATE(IF(Base!AV336=\"Masculin\",\"Monsieur\",IF(Base!AV336=\"Féminin\",\"Madame\",\"\")),\"#chr(13)##chr(10)#\",Base!AW336,\" \",Base!AX336, \"#chr(13)##chr(10)#\",Base!AY336,\" \",Base!AZ336, \"#chr(13)##chr(10)#\",Base!BA336, \"#chr(13)##chr(10)#\",Base!BB336,\" \",Base!BC336),\"\")","v":"Madame#chr(13)##chr(10)#Pasche Mailler Martine#chr(13)##chr(10)#Rue de Venise 5#chr(13)##chr(10)##chr(13)##chr(10)#1870 Monthey"},null,"Madame",null,{"$f":"IF(AND(Base!AT336<200,Base!AT336>99),1,0)","v":0},null,0,{"$f":"Base!BG336","v":47073},{"$f":"Base!BH336& \"#chr(13)##chr(10)#\" &Base!BI336","v":"Intervention programmée#chr(13)##chr(10)#"},null,{"$f":"Base!BJ336","v":1},{"$f":"Base!BK336","v":412},{"$f":"IF(Base!BL336=\"\",\"\",Base!BL336)","v":""},null,{"$f":"Base!BM336","v":412},null,null,{"$f":"IF(Base!H336=\"Uvrier\",3018,VLOOKUP(FQ338,$GV$2:$GX$7,FM338+1,0))","v":3015},0,0,null,0,null,null,null,null,null,"Libre","BS - 406",null,"BU - 73 - aff",0,null,null,null,null,null,null,null,null,null,null,null,null,null,null,null,null,null,null,null,null,null,null,null,null,null,null,null,null,null,null,null,null,null,{"$f":"Base!AH336&\", \"&Base!AI336","v":"Luquiens, Margot"},{"$f":"Base!AN336&\" \"&Base!AO336&\", \"&Base!AK336&\" \"&Base!AL336","v":"1870 Monthey, Rue de Venise 5"},{"$f":"CONCATENATE(TEXT(DATE(YEAR(Base!AJ336),MONTH(Base!AJ336),DAY(Base!AJ336)),\"jj.mm.aaaa\"),\", \",FN338,IF(Base!D336=\"\",\"\",\" - \"),Base!D336)","v":"24.03.1931, 756.0135.2626.96"},{"$f":"Base!AR336","v":"CSS Kranken- Versicherung AG"},{"$f":"LEFT(Base!J336,10)","v":"2022-02-11"},{"$f":"CONCATENATE(Base!L336,IF(Base!L336=0,\"\",\", \"),Base!M336,\" \",Base!N336,\", \",Base!P336,\" \",Base!Q336)","v":"Hôpital Riviera-Chablais (HRC), Route du Vieux-Séquoia 20, 1847 Rennaz"},{"$f":"CONCATENATE(Base!V336,\", \",Base!Z336,\" \",Base!AA336,\", \",Base!W336,\" \",Base!X336)","v":"EMS Tertianum La Venise, 1870 Monthey, Rue de Venise 5"},null,{"$f":"CONCATENATE(RIGHT(LEFT(Base!J336,16),5),\" - \",RIGHT(LEFT(Base!K336,16),5))","v":"14:44 - 16:29"},{"$f":"Base!AF336&\" - \"&Base!I336","v":"Accident - S3"},null,null,null,null,null,null,null,null,null,null,null,null,null,null,null,null,null,null,{"$f":"Base!H336","v":"Monthey"},3,null,null,null,null,null,null,null,null,null,3,null,null,null,null,null,null,null,null,null,null,null,null,null,null,null,null,null,null,null,null,null,{"$f":"IF(Base!U336=\"Privée\",2,1)","v":2},{"$f":"IF(OR(LEFT(Base!AS336,1)=\"1\",LEFT(Base!AS336)=\"2\"),RIGHT(Base!AS336,LEN(Base!AS336)-1),Base!AS336)","v":"756.0135.2626.96"},{"$f":"Base!AU336","v":"Personne"},{"$f":"OR(CONCATENATE(Base!AW336,Base!AX336)=CONCATENATE(Base!AH336,Base!AI336),FO338=\"Établissement\")","v":false},{"$f":"Base!I336","v":"S3"}]
[{"$f":"Base!A340","v":4573},{"$f":"20","v":20},{"$f":"Base!B340","v":"2022-02-25"},null,{"$f":"Base!AE340","v":"VS22004325"},null,null,null,null,null,"<AUTO>",null,null,null,null,"URL (Libre)",null,null,{"$f":"Base!E340&\" - \"&Base!H340&\" - \"&Base!D340","v":"17710 - Monthey - "},{"$f":"IF(AND(Base!AT340<1000,Base!AT340>99),Base!AT340,IF(FO342=\"Établissement\",VALUE(CONCATENATE(LEN(SUBSTITUTE(V342,\" \",\"\")),LEN(V342),AA342,COLUMN(INDIRECT(LEFT(V342,1)&1)),LEN(SUBSTITUTE(V342,\"-\",\"\")))),IF(FN342=\"\",VALUE(CONCATENATE(COLUMN(INDIRECT(LEFT(W342,1)&1)),COLUMN(INDIRECT(LEFT(X342,1)&1)),AO342,CODE(AA342))),VALUE(SUBSTITUTE(SUBSTITUTE(SUBSTITUTE(FN342,\".\",\"\"),\" \",\"\"),\"-\",\"\")))))","v":7569924600794},null,{"$f":"SUBSTITUTE(IF(Base!BF340=0,\"\",Base!BF340),\" (facturation)\",\"\")","v":""},{"$f":"IF(Base!AW340=0,\"\",Base!AH340)","v":"Boutoille"},{"$f":"IF(Base!AX340=0,\"\",Base!AI340)","v":"Sanaa Sandra"},{"$f":"IF(Base!AW340=0,Base!AY340&\" \"&Base!AZ340,Base!AK340&\" \"&Base!AL340)","v":"Avenue de Savoie 11"},{"$f":"IF(IF(Base!AW340=0,Base!BA340,Base!AM340)=0,\"\",IF(Base!AW340=0,Base!BA340,Base!AM340))","v":""},{"$f":"IF(Base!AW340=0,Base!BB340,Base!AN340)","v":1896},{"$f":"IF(Base!AW340=0,Base!BC340,Base!AO340)","v":"Vouvry"},null,null,null,null,null,null,null,null,null,null,null,null,{"$f":"Base!AJ340","v":"1982-05-20"},{"$f":"IF(FO342=\"Établissement\",\"\",IF(Base!AG340=\"Masculin\",\"Monsieur\",IF(Base!AG340=\"Féminin\",\"Madame\",\"\")))","v":"Madame"},{"$f":"IF(FP342=FALSE,CONCATENATE(IF(Base!AV340=\"Masculin\",\"Monsieur\",IF(Base!AV340=\"Féminin\",\"Madame\",\"\")),\"#chr(13)##chr(10)#\",Base!AW340,\" \",Base!AX340, \"#chr(13)##chr(10)#\",Base!AY340,\" \",Base!AZ340, \"#chr(13)##chr(10)#\",Base!BA340, \"#chr(13)##chr(10)#\",Base!BB340,\" \",Base!BC340),\"\")","v":""},null,"Madame",null,{"$f":"IF(AND(Base!AT340<200,Base!AT340>99),1,0)","v":0},null,0,{"$f":"Base!BG340","v":9401},{"$f":"Base!BH340& \"#chr(13)##chr(10)#\" &Base!BI340","v":"Taxe de base sauvetage P1#chr(13)##chr(10)#"},null,{"$f":"Base!BJ340","v":1},{"$f":"Base!BK340","v":300},{"$f":"IF(Base!BL340=\"\",\"\",Base!BL340)","v":""},null,{"$f":"Base!BM340","v":300},null,null,{"$f":"IF(Base!H340=\"Uvrier\",3018,VLOOKUP(FQ342,$GV$2:$GX$7,FM342+1,0))","v":3001},0,0,null,0,null,null,null,null,null,"Libre","BS - 410",null,"BU - 73 - aff",0,null,null,null,null,null,null,null,null,null,null,null,null,null,null,null,null,null,null,null,null,null,null,null,null,null,null,null,null,null,null,null,null,null,{"$f":"Base!AH340&\", \"&Base!AI340","v":"Boutoille, Sanaa Sandra"},{"$f":"Base!AN340&\" \"&Base!AO340&\", \"&Base!AK340&\" \"&Base!AL340","v":"1896 Vouvry, Avenue de Savoie 11"},{"$f":"CONCATENATE(TEXT(DATE(YEAR(Base!AJ340),MONTH(Base!AJ340),DAY(Base!AJ340)),\"jj.mm.aaaa\"),\", \",FN342,IF(Base!D340=\"\",\"\",\" - \"),Base!D340)","v":"20.05.1982, 756.9924.6007.94"},{"$f":"Base!AR340","v":"Assura-Basis SA"},{"$f":"LEFT(Base!J340,10)","v":"2022-02-11"},{"$f":"CONCATENATE(Base!L340,IF(Base!L340=0,\"\",\", \"),Base!M340,\" \",Base!N340,\", \",Base!P340,\" \",Base!Q340)","v":"Rue de Venise 3C, 1870 Monthey"},{"$f":"CONCATENATE(Base!V340,\", \",Base!Z340,\" \",Base!AA340,\", \",Base!W340,\" \",Base!X340)","v":"Hôpital Riviera-Chablais (HRC), 1847 Rennaz, Route du Vieux-Séquoia 20"},null,{"$f":"CONCATENATE(RIGHT(LEFT(Base!J340,16),5),\" - \",RIGHT(LEFT(Base!K340,16),5))","v":"17:20 - 18:52"},{"$f":"Base!AF340&\" - \"&Base!I340","v":"Maladie - P1"},null,null,null,null,null,null,null,null,null,null,null,null,null,null,null,null,null,null,{"$f":"Base!H340","v":"Monthey"},3,null,null,null,null,null,null,null,null,null,3,null,null,null,null,null,null,null,null,null,null,null,null,null,null,null,null,null,null,null,null,null,{"$f":"IF(Base!U340=\"Privée\",2,1)","v":1},{"$f":"IF(OR(LEFT(Base!AS340,1)=\"1\",LEFT(Base!AS340)=\"2\"),RIGHT(Base!AS340,LEN(Base!AS340)-1),Base!AS340)","v":"756.9924.6007.94"},{"$f":"Base!AU340","v":"Personne"},{"$f":"OR(CONCATENATE(Base!AW340,Base!AX340)=CONCATENATE(Base!AH340,Base!AI340),FO342=\"Établissement\")","v":true},{"$f":"Base!I340","v":"P1"}]
[{"$f":"Base!A347","v":4574},{"$f":"20","v":20},{"$f":"Base!B347","v":"2022-02-25"},null,{"$f":"Base!AE347","v":"VS22004327"},null,null,null,null,null,"<AUTO>",null,null,null,null,"URL (Libre)",null,null,{"$f":"Base!E347&\" - \"&Base!H347&\" - \"&Base!D347","v":"17712 - Monthey - "},{"$f":"IF(AND(Base!AT347<1000,Base!AT347>99),Base!AT347,IF(FO349=\"Établissement\",VALUE(CONCATENATE(LEN(SUBSTITUTE(V349,\" \",\"\")),LEN(V349),AA349,COLUMN(INDIRECT(LEFT(V349,1)&1)),LEN(SUBSTITUTE(V349,\"-\",\"\")))),IF(FN349=\"\",VALUE(CONCATENATE(COLUMN(INDIRECT(LEFT(W349,1)&1)),COLUMN(INDIRECT(LEFT(X349,1)&1)),AO349,CODE(AA349))),VALUE(SUBSTITUTE(SUBSTITUTE(SUBSTITUTE(FN349,\".\",\"\"),\" \",\"\"),\"-\",\"\")))))","v":7561049197975},null,{"$f":"SUBSTITUTE(IF(Base!BF347=0,\"\",Base!BF347),\" (facturation)\",\"\")","v":""},{"$f":"IF(Base!AW347=0,\"\",Base!AH347)","v":"De Riedmatten"},{"$f":"IF(Base!AX347=0,\"\",Base!AI347)","v":"Serge-Alain "},{"$f":"IF(Base!AW347=0,Base!AY347&\" \"&Base!AZ347,Base!AK347&\" \"&Base!AL347)","v":"Route des Semilles 15"},{"$f":"IF(IF(Base!AW347=0,Base!BA347,Base!AM347)=0,\"\",IF(Base!AW347=0,Base!BA347,Base!AM347))","v":""},{"$f":"IF(Base!AW347=0,Base!BB347,Base!AN347)","v":1870},{"$f":"IF(Base!AW347=0,Base!BC347,Base!AO347)","v":"Monthey"},null,null,null,null,null,null,null,null,null,null,null,null,{"$f":"Base!AJ347","v":"1959-06-27"},{"$f":"IF(FO349=\"Établissement\",\"\",IF(Base!AG347=\"Masculin\",\"Monsieur\",IF(Base!AG347=\"Féminin\",\"Madame\",\"\")))","v":"Monsieur"},{"$f":"IF(FP349=FALSE,CONCATENATE(IF(Base!AV347=\"Masculin\",\"Monsieur\",IF(Base!AV347=\"Féminin\",\"Madame\",\"\")),\"#chr(13)##chr(10)#\",Base!AW347,\" \",Base!AX347, \"#chr(13)##chr(10)#\",Base!AY347,\" \",Base!AZ347, \"#chr(13)##chr(10)#\",Base!BA347, \"#chr(13)##chr(10)#\",Base!BB347,\" \",Base!BC347),\"\")","v":""},null,"Monsieur",null,{"$f":"IF(AND(Base!AT347<200,Base!AT347>99),1,0)","v":0},null,0,{"$f":"Base!BG347","v":9411},{"$f":"Base!BH347& \"#chr(13)##chr(10)#\" &Base!BI347","v":"Personnel soignant reconnu (par personne et par quart d'heure entamé)#chr(13)##chr(10)#"},null,{"$f":"Base!BJ347","v":12},{"$f":"Base!BK347","v":35},{"$f":"IF(Base!BL347=\"\",\"\",Base!BL347)","v":"¼ d'heure"},null,{"$f":"Base!BM347","v":420},null,null,{"$f":"IF(Base!H347=\"Uvrier\",3018,VLOOKUP(FQ349,$GV$2:$GX$7,FM349+1,0))","v":3001},0,0,null,0,null,null,null,null,null,"Libre","BS - 417",null,"BU - 73 - aff",0,null,null,null,null,null,null,null,null,null,null,null,null,null,null,null,null,null,null,null,null,null,null,null,null,null,null,null,null,null,null,null,null,null,{"$f":"Base!AH347&\", \"&Base!AI347","v":"De Riedmatten, Serge-Alain "},{"$f":"Base!AN347&\" \"&Base!AO347&\", \"&Base!AK347&\" \"&Base!AL347","v":"1870 Monthey, Route des Semilles 15"},{"$f":"CONCATENATE(TEXT(DATE(YEAR(Base!AJ347),MONTH(Base!AJ347),DAY(Base!AJ347)),\"jj.mm.aaaa\"),\", \",FN349,IF(Base!D347=\"\",\"\",\" - \"),Base!D347)","v":"27.06.1959, 756.1049.1979.75"},{"$f":"Base!AR347","v":"Helsana Assurances SA"},{"$f":"LEFT(Base!J347,10)","v":"2022-02-11"},{"$f":"CONCATENATE(Base!L347,IF(Base!L347=0,\"\",\", \"),Base!M347,\" \",Base!N347,\", \",Base!P347,\" \",Base!Q347)","v":"Chemin des Semilles 15, 1870 Monthey"},{"$f":"CONCATENATE(Base!V347,\", \",Base!Z347,\" \",Base!AA347,\", \",Base!W347,\" \",Base!X347)","v":",  ,  "},null,{"$f":"CONCATENATE(RIGHT(LEFT(Base!J347,16),5),\" - \",RIGHT(LEFT(Base!K347,16),5))","v":"17:42 - 19:05"},{"$f":"Base!AF347&\" - \"&Base!I347","v":"Maladie - P1"},null,null,null,null,null,null,null,null,null,null,null,null,null,null,null,null,null,null,{"$f":"Base!H347","v":"Monthey"},3,null,null,null,null,null,null,null,null,null,3,null,null,null,null,null,null,null,null,null,null,null,null,null,null,null,null,null,null,null,null,null,{"$f":"IF(Base!U347=\"Privée\",2,1)","v":1},{"$f":"IF(OR(LEFT(Base!AS347,1)=\"1\",LEFT(Base!AS347)=\"2\"),RIGHT(Base!AS347,LEN(Base!AS347)-1),Base!AS347)","v":"756.1049.1979.75"},{"$f":"Base!AU347","v":"Personne"},{"$f":"OR(CONCATENATE(Base!AW347,Base!AX347)=CONCATENATE(Base!AH347,Base!AI347),FO349=\"Établissement\")","v":true},{"$f":"Base!I347","v":"P1"}]
[{"$f":"Base!A356","v":4577},{"$f":"20","v":20},{"$f":"Base!B356","v":"2022-02-25"},null,{"$f":"Base!AE356","v":"VS22004334"},null,null,null,null,null,"<AUTO>",null,null,null,null,"URL (Libre)",null,null,{"$f":"Base!E356&\" - \"&Base!H356&\" - \"&Base!D356","v":"17719 - Monthey - "},{"$f":"IF(AND(Base!AT356<1000,Base!AT356>99),Base!AT356,IF(FO358=\"Établissement\",VALUE(CONCATENATE(LEN(SUBSTITUTE(V358,\" \",\"\")),LEN(V358),AA358,COLUMN(INDIRECT(LEFT(V358,1)&1)),LEN(SUBSTITUTE(V358,\"-\",\"\")))),IF(FN358=\"\",VALUE(CONCATENATE(COLUMN(INDIRECT(LEFT(W358,1)&1)),COLUMN(INDIRECT(LEFT(X358,1)&1)),AO358,CODE(AA358))),VALUE(SUBSTITUTE(SUBSTITUTE(SUBSTITUTE(FN358,\".\",\"\"),\" \",\"\"),\"-\",\"\")))))","v":7568866520672},null,{"$f":"SUBSTITUTE(IF(Base!BF356=0,\"\",Base!BF356),\" (facturation)\",\"\")","v":""},{"$f":"IF(Base!AW356=0,\"\",Base!AH356)","v":"Da Paixao Braz Pinto Shchypitsyna"},{"$f":"IF(Base!AX356=0,\"\",Base!AI356)","v":"Kateryna"},{"$f":"IF(Base!AW356=0,Base!AY356&\" \"&Base!AZ356,Base!AK356&\" \"&Base!AL356)","v":"Route de la Rasse 2"},{"$f":"IF(IF(Base!AW356=0,Base!BA356,Base!AM356)=0,\"\",IF(Base!AW356=0,Base!BA356,Base!AM356))","v":""},{"$f":"IF(Base!AW356=0,Base!BB356,Base!AN356)","v":1902},{"$f":"IF(Base!AW356=0,Base!BC356,Base!AO356)","v":"Evionnaz"},null,null,null,null,null,null,null,null,null,null,null,null,{"$f":"Base!AJ356","v":"1978-01-22"},{"$f":"IF(FO358=\"Établissement\",\"\",IF(Base!AG356=\"Masculin\",\"Monsieur\",IF(Base!AG356=\"Féminin\",\"Madame\",\"\")))","v":"Madame"},{"$f":"IF(FP358=FALSE,CONCATENATE(IF(Base!AV356=\"Masculin\",\"Monsieur\",IF(Base!AV356=\"Féminin\",\"Madame\",\"\")),\"#chr(13)##chr(10)#\",Base!AW356,\" \",Base!AX356, \"#chr(13)##chr(10)#\",Base!AY356,\" \",Base!AZ356, \"#chr(13)##chr(10)#\",Base!BA356, \"#chr(13)##chr(10)#\",Base!BB356,\" \",Base!BC356),\"\")","v":""},null,"Madame",null,{"$f":"IF(AND(Base!AT356<200,Base!AT356>99),1,0)","v":0},null,0,{"$f":"Base!BG356","v":9411},{"$f":"Base!BH356& \"#chr(13)##chr(10)#\" &Base!BI356","v":"Personnel soignant reconnu (par personne et par quart d'heure entamé)#chr(13)##chr(10)#"},null,{"$f":"Base!BJ356","v":8},{"$f":"Base!BK356","v":35},{"$f":"IF(Base!BL356=\"\",\"\",Base!BL356)","v":"¼ d'heure"},null,{"$f":"Base!BM356","v":280},null,null,{"$f":"IF(Base!H356=\"Uvrier\",3018,VLOOKUP(FQ358,$GV$2:$GX$7,FM358+1,0))","v":3002},0,0,null,0,null,null,null,null,null,"Libre","BS - 426",null,"BU - 73 - aff",0,null,null,null,null,null,null,null,null,null,null,null,null,null,null,null,null,null,null,null,null,null,null,null,null,null,null,null,null,null,null,null,null,null,{"$f":"Base!AH356&\", \"&Base!AI356","v":"Da Paixao Braz Pinto Shchypitsyna, Kateryna"},{"$f":"Base!AN356&\" \"&Base!AO356&\", \"&Base!AK356&\" \"&Base!AL356","v":"1902 Evionnaz, Route de la Rasse 2"},{"$f":"CONCATENATE(TEXT(DATE(YEAR(Base!AJ356),MONTH(Base!AJ356),DAY(Base!AJ356)),\"jj.mm.aaaa\"),\", \",FN358,IF(Base!D356=\"\",\"\",\" - \"),Base!D356)","v":"22.01.1978, 756.8866.5206.72"},{"$f":"Base!AR356","v":"Helsana Assurances SA"},{"$f":"LEFT(Base!J356,10)","v":"2022-02-11"},{"$f":"CONCATENATE(Base!L356,IF(Base!L356=0,\"\",\", \"),Base!M356,\" \",Base!N356,\", \",Base!P356,\" \",Base!Q356)","v":"Rôtisserie du Bois-Noir, Route Cantonale 4, 1890 St-Maurice"},{"$f":"CONCATENATE(Base!V356,\", \",Base!Z356,\" \",Base!AA356,\", \",Base!W356,\" \",Base!X356)","v":",  ,  "},null,{"$f":"CONCATENATE(RIGHT(LEFT(Base!J356,16),5),\" - \",RIGHT(LEFT(Base!K356,16),5))","v":"18:55 - 19:57"},{"$f":"Base!AF356&\" - \"&Base!I356","v":"Maladie - P2"},null,null,null,null,null,null,null,null,null,null,null,null,null,null,null,null,null,null,{"$f":"Base!H356","v":"Monthey"},3,null,null,null,null,null,null,null,null,null,3,null,null,null,null,null,null,null,null,null,null,null,null,null,null,null,null,null,null,null,null,null,{"$f":"IF(Base!U356=\"Privée\",2,1)","v":1},{"$f":"IF(OR(LEFT(Base!AS356,1)=\"1\",LEFT(Base!AS356)=\"2\"),RIGHT(Base!AS356,LEN(Base!AS356)-1),Base!AS356)","v":"756.8866.5206.72"},{"$f":"Base!AU356","v":"Personne"},{"$f":"OR(CONCATENATE(Base!AW356,Base!AX356)=CONCATENATE(Base!AH356,Base!AI356),FO358=\"Établissement\")","v":true},{"$f":"Base!I356","v":"P2"}]
[{"$f":"Base!A359","v":4578},{"$f":"20","v":20},{"$f":"Base!B359","v":"2022-02-25"},null,{"$f":"Base!AE359","v":"VS22004345"},null,null,null,null,null,"<AUTO>",null,null,null,null,"URL (Libre)",null,null,{"$f":"Base!E359&\" - \"&Base!H359&\" - \"&Base!D359","v":"17728 - Monthey - "},{"$f":"IF(AND(Base!AT359<1000,Base!AT359>99),Base!AT359,IF(FO361=\"Établissement\",VALUE(CONCATENATE(LEN(SUBSTITUTE(V361,\" \",\"\")),LEN(V361),AA361,COLUMN(INDIRECT(LEFT(V361,1)&1)),LEN(SUBSTITUTE(V361,\"-\",\"\")))),IF(FN361=\"\",VALUE(CONCATENATE(COLUMN(INDIRECT(LEFT(W361,1)&1)),COLUMN(INDIRECT(LEFT(X361,1)&1)),AO361,CODE(AA361))),VALUE(SUBSTITUTE(SUBSTITUTE(SUBSTITUTE(FN361,\".\",\"\"),\" \",\"\"),\"-\",\"\")))))","v":119},null,{"$f":"SUBSTITUTE(IF(Base!BF359=0,\"\",Base!BF359),\" (facturation)\",\"\")","v":"Suva Lausanne - Service Center"},{"$f":"IF(Base!AW359=0,\"\",Base!AH359)","v":""},{"$f":"IF(Base!AX359=0,\"\",Base!AI359)","v":""},{"$f":"IF(Base!AW359=0,Base!AY359&\" \"&Base!AZ359,Base!AK359&\" \"&Base!AL359)","v":"Postfach "},{"$f":"IF(IF(Base!AW359=0,Base!BA359,Base!AM359)=0,\"\",IF(Base!AW359=0,Base!BA359,Base!AM359))","v":""},{"$f":"IF(Base!AW359=0,Base!BB359,Base!AN359)","v":6009},{"$f":"IF(Base!AW359=0,Base!BC359,Base!AO359)","v":"Luzern"},null,null,null,null,null,null,null,null,null,null,null,null,{"$f":"Base!AJ359","v":"1967-12-30"},{"$f":"IF(FO361=\"Établissement\",\"\",IF(Base!AG359=\"Masculin\",\"Monsieur\",IF(Base!AG359=\"Féminin\",\"Madame\",\"\")))","v":""},{"$f":"IF(FP361=FALSE,CONCATENATE(IF(Base!AV359=\"Masculin\",\"Monsieur\",IF(Base!AV359=\"Féminin\",\"Madame\",\"\")),\"#chr(13)##chr(10)#\",Base!AW359,\" \",Base!AX359, \"#chr(13)##chr(10)#\",Base!AY359,\" \",Base!AZ359, \"#chr(13)##chr(10)#\",Base!BA359, \"#chr(13)##chr(10)#\",Base!BB359,\" \",Base!BC359),\"\")","v":""},null,"",null,{"$f":"IF(AND(Base!AT359<200,Base!AT359>99),1,0)","v":1},null,0,{"$f":"Base!BG359","v":47061},{"$f":"Base!BH359& \"#chr(13)##chr(10)#\" &Base!BI359","v":"Temps supplémentaire#chr(13)##chr(10)#"},null,{"$f":"Base!BJ359","v":4},{"$f":"Base!BK359","v":46},{"$f":"IF(Base!BL359=\"\",\"\",Base!BL359)","v":"¼ d'heure"},null,{"$f":"Base!BM359","v":184},null,null,{"$f":"IF(Base!H359=\"Uvrier\",3018,VLOOKUP(FQ361,$GV$2:$GX$7,FM361+1,0))","v":3001},0,0,null,0,null,null,null,null,null,"Libre","BS - 429",null,"BU - 73 - aff",0,null,null,null,null,null,null,null,null,null,null,null,null,null,null,null,null,null,null,null,null,null,null,null,null,null,null,null,null,null,null,null,null,null,{"$f":"Base!AH359&\", \"&Base!AI359","v":"Odelet, David"},{"$f":"Base!AN359&\" \"&Base!AO359&\", \"&Base!AK359&\" \"&Base!AL359","v":"1263 Crassier, Chemin du Marais 5"},{"$f":"CONCATENATE(TEXT(DATE(YEAR(Base!AJ359),MONTH(Base!AJ359),DAY(Base!AJ359)),\"jj.mm.aaaa\"),\", \",FN361,IF(Base!D359=\"\",\"\",\" - \"),Base!D359)","v":"30.12.1967, 756.3090.8750.86"},{"$f":"Base!AR359","v":"SUVA Lausanne"},{"$f":"LEFT(Base!J359,10)","v":"2022-02-11"},{"$f":"CONCATENATE(Base!L359,IF(Base!L359=0,\"\",\", \"),Base!M359,\" \",Base!N359,\", \",Base!P359,\" \",Base!Q359)","v":"Chemin de la Source 8, 1854 Leysin"},{"$f":"CONCATENATE(Base!V359,\", \",Base!Z359,\" \",Base!AA359,\", \",Base!W359,\" \",Base!X359)","v":"Hôpital Riviera-Chablais (HRC), 1847 Rennaz, Route du Vieux-Séquoia 20"},null,{"$f":"CONCATENATE(RIGHT(LEFT(Base!J359,16),5),\" - \",RIGHT(LEFT(Base!K359,16),5))","v":"21:57 - 23:59"},{"$f":"Base!AF359&\" - \"&Base!I359","v":"Accident - P1"},null,null,null,null,null,null,null,null,null,null,null,null,null,null,null,null,null,null,{"$f":"Base!H359","v":"Monthey"},3,null,null,null,null,null,null,null,null,null,3,null,null,null,null,null,null,null,null,null,null,null,null,null,null,null,null,null,null,null,null,null,{"$f":"IF(Base!U359=\"Privée\",2,1)","v":1},{"$f":"IF(OR(LEFT(Base!AS359,1)=\"1\",LEFT(Base!AS359)=\"2\"),RIGHT(Base!AS359,LEN(Base!AS359)-1),Base!AS359)","v":"756.3090.8750.86"},{"$f":"Base!AU359","v":"Établissement"},{"$f":"OR(CONCATENATE(Base!AW359,Base!AX359)=CONCATENATE(Base!AH359,Base!AI359),FO361=\"Établissement\")","v":true},{"$f":"Base!I359","v":"P1"}]
[{"$f":"Base!A366","v":4580},{"$f":"20","v":20},{"$f":"Base!B366","v":"2022-02-25"},null,{"$f":"Base!AE366","v":"VS22004315"},null,null,null,null,null,"<AUTO>",null,null,null,null,"URL (Libre)",null,null,{"$f":"Base!E366&\" - \"&Base!H366&\" - \"&Base!D366","v":"17701 - Monthey - "},{"$f":"IF(AND(Base!AT366<1000,Base!AT366>99),Base!AT366,IF(FO368=\"Établissement\",VALUE(CONCATENATE(LEN(SUBSTITUTE(V368,\" \",\"\")),LEN(V368),AA368,COLUMN(INDIRECT(LEFT(V368,1)&1)),LEN(SUBSTITUTE(V368,\"-\",\"\")))),IF(FN368=\"\",VALUE(CONCATENATE(COLUMN(INDIRECT(LEFT(W368,1)&1)),COLUMN(INDIRECT(LEFT(X368,1)&1)),AO368,CODE(AA368))),VALUE(SUBSTITUTE(SUBSTITUTE(SUBSTITUTE(FN368,\".\",\"\"),\" \",\"\"),\"-\",\"\")))))","v":7565971189138},null,{"$f":"SUBSTITUTE(IF(Base!BF366=0,\"\",Base!BF366),\" (facturation)\",\"\")","v":""},{"$f":"IF(Base!AW366=0,\"\",Base!AH366)","v":"Walpen"},{"$f":"IF(Base!AX366=0,\"\",Base!AI366)","v":"Yasmine"},{"$f":"IF(Base!AW366=0,Base!AY366&\" \"&Base!AZ366,Base!AK366&\" \"&Base!AL366)","v":"Chemin de Champerfou 55A"},{"$f":"IF(IF(Base!AW366=0,Base!BA366,Base!AM366)=0,\"\",IF(Base!AW366=0,Base!BA366,Base!AM366))","v":"La Castalie"},{"$f":"IF(Base!AW366=0,Base!BB366,Base!AN366)","v":1870},{"$f":"IF(Base!AW366=0,Base!BC366,Base!AO366)","v":"Monthey"},null,null,null,null,null,null,null,null,null,null,null,null,{"$f":"Base!AJ366","v":"1978-04-17"},{"$f":"IF(FO368=\"Établissement\",\"\",IF(Base!AG366=\"Masculin\",\"Monsieur\",IF(Base!AG366=\"Féminin\",\"Madame\",\"\")))","v":"Madame"},{"$f":"IF(FP368=FALSE,CONCATENATE(IF(Base!AV366=\"Masculin\",\"Monsieur\",IF(Base!AV366=\"Féminin\",\"Madame\",\"\")),\"#chr(13)##chr(10)#\",Base!AW366,\" \",Base!AX366, \"#chr(13)##chr(10)#\",Base!AY366,\" \",Base!AZ366, \"#chr(13)##chr(10)#\",Base!BA366, \"#chr(13)##chr(10)#\",Base!BB366,\" \",Base!BC366),\"\")","v":"Madame#chr(13)##chr(10)#Walpen Gabrielle#chr(13)##chr(10)#Rue de Clodevis 14#chr(13)##chr(10)##chr(13)##chr(10)#1967 Bramois"},null,"Madame",null,{"$f":"IF(AND(Base!AT366<200,Base!AT366>99),1,0)","v":0},null,0,{"$f":"Base!BG366","v":9404},{"$f":"Base!BH366& \"#chr(13)##chr(10)#\" &Base!BI366","v":"Indemnisation kilométrique#chr(13)##chr(10)#"},null,{"$f":"Base!BJ366","v":34},{"$f":"Base!BK366","v":4.5},{"$f":"IF(Base!BL366=\"\",\"\",Base!BL366)","v":"km"},null,{"$f":"Base!BM366","v":153},null,null,{"$f":"IF(Base!H366=\"Uvrier\",3018,VLOOKUP(FQ368,$GV$2:$GX$7,FM368+1,0))","v":3002},0,0,null,0,null,null,null,null,null,"Libre","BS - 436",null,"BU - 73 - aff",0,null,null,null,null,null,null,null,null,null,null,null,null,null,null,null,null,null,null,null,null,null,null,null,null,null,null,null,null,null,null,null,null,null,{"$f":"Base!AH366&\", \"&Base!AI366","v":"Walpen, Yasmine"},{"$f":"Base!AN366&\" \"&Base!AO366&\", \"&Base!AK366&\" \"&Base!AL366","v":"1870 Monthey, Chemin de Champerfou 55A"},{"$f":"CONCATENATE(TEXT(DATE(YEAR(Base!AJ366),MONTH(Base!AJ366),DAY(Base!AJ366)),\"jj.mm.aaaa\"),\", \",FN368,IF(Base!D366=\"\",\"\",\" - \"),Base!D366)","v":"17.04.1978, 756.5971.1891.38"},{"$f":"Base!AR366","v":"SUPRA-1846 SA"},{"$f":"LEFT(Base!J366,10)","v":"2022-02-11"},{"$f":"CONCATENATE(Base!L366,IF(Base!L366=0,\"\",\", \"),Base!M366,\" \",Base!N366,\", \",Base!P366,\" \",Base!Q366)","v":"La Castalie, Chemin de Champerfou 40, 1870 Monthey"},{"$f":"CONCATENATE(Base!V366,\", \",Base!Z366,\" \",Base!AA366,\", \",Base!W366,\" \",Base!X366)","v":"Hôpital Riviera-Chablais (HRC), 1847 Rennaz, Route du Vieux-Séquoia 20"},null,{"$f":"CONCATENATE(RIGHT(LEFT(Base!J366,16),5),\" - \",RIGHT(LEFT(Base!K366,16),5))","v":"16:01 - 17:18"},{"$f":"Base!AF366&\" - \"&Base!I366","v":"Maladie - P2"},null,null,null,null,null,null,null,null,null,null,null,null,null,null,null,null,null,null,{"$f":"Base!H366","v":"Monthey"},3,null,null,null,null,null,null,null,null,null,3,null,null,null,null,null,null,null,null,null,null,null,null,null,null,null,null,null,null,null,null,null,{"$f":"IF(Base!U366=\"Privée\",2,1)","v":1},{"$f":"IF(OR(LEFT(Base!AS366,1)=\"1\",LEFT(Base!AS366)=\"2\"),RIGHT(Base!AS366,LEN(Base!AS366)-1),Base!AS366)","v":"756.5971.1891.38"},{"$f":"Base!AU366","v":"Personne"},{"$f":"OR(CONCATENATE(Base!AW366,Base!AX366)=CONCATENATE(Base!AH366,Base!AI366),FO368=\"Établissement\")","v":false},{"$f":"Base!I366","v":"P2"}]
[{"$f":"Base!A375","v":4583},{"$f":"20","v":20},{"$f":"Base!B375","v":"2022-02-25"},null,{"$f":"Base!AE375","v":"VS22004434"},null,null,null,null,null,"<AUTO>",null,null,null,null,"URL (Libre)",null,null,{"$f":"Base!E375&\" - \"&Base!H375&\" - \"&Base!D375","v":"17814 - Monthey - "},{"$f":"IF(AND(Base!AT375<1000,Base!AT375>99),Base!AT375,IF(FO377=\"Établissement\",VALUE(CONCATENATE(LEN(SUBSTITUTE(V377,\" \",\"\")),LEN(V377),AA377,COLUMN(INDIRECT(LEFT(V377,1)&1)),LEN(SUBSTITUTE(V377,\"-\",\"\")))),IF(FN377=\"\",VALUE(CONCATENATE(COLUMN(INDIRECT(LEFT(W377,1)&1)),COLUMN(INDIRECT(LEFT(X377,1)&1)),AO377,CODE(AA377))),VALUE(SUBSTITUTE(SUBSTITUTE(SUBSTITUTE(FN377,\".\",\"\"),\" \",\"\"),\"-\",\"\")))))","v":7569274550824},null,{"$f":"SUBSTITUTE(IF(Base!BF375=0,\"\",Base!BF375),\" (facturation)\",\"\")","v":""},{"$f":"IF(Base!AW375=0,\"\",Base!AH375)","v":"Millasson"},{"$f":"IF(Base!AX375=0,\"\",Base!AI375)","v":"Michel"},{"$f":"IF(Base!AW375=0,Base!AY375&\" \"&Base!AZ375,Base!AK375&\" \"&Base!AL375)","v":"Rue du Clos-Novex 41"},{"$f":"IF(IF(Base!AW375=0,Base!BA375,Base!AM375)=0,\"\",IF(Base!AW375=0,Base!BA375,Base!AM375))","v":""},{"$f":"IF(Base!AW375=0,Base!BB375,Base!AN375)","v":1868},{"$f":"IF(Base!AW375=0,Base!BC375,Base!AO375)","v":"Collombey"},null,null,null,null,null,null,null,null,null,null,null,null,{"$f":"Base!AJ375","v":"1952-11-01"},{"$f":"IF(FO377=\"Établissement\",\"\",IF(Base!AG375=\"Masculin\",\"Monsieur\",IF(Base!AG375=\"Féminin\",\"Madame\",\"\")))","v":"Monsieur"},{"$f":"IF(FP377=FALSE,CONCATENATE(IF(Base!AV375=\"Masculin\",\"Monsieur\",IF(Base!AV375=\"Féminin\",\"Madame\",\"\")),\"#chr(13)##chr(10)#\",Base!AW375,\" \",Base!AX375, \"#chr(13)##chr(10)#\",Base!AY375,\" \",Base!AZ375, \"#chr(13)##chr(10)#\",Base!BA375, \"#chr(13)##chr(10)#\",Base!BB375,\" \",Base!BC375),\"\")","v":""},null,"Monsieur",null,{"$f":"IF(AND(Base!AT375<200,Base!AT375>99),1,0)","v":0},null,0,{"$f":"Base!BG375","v":9411},{"$f":"Base!BH375& \"#chr(13)##chr(10)#\" &Base!BI375","v":"Personnel soignant reconnu (par personne et par quart d'heure entamé)#chr(13)##chr(10)#"},null,{"$f":"Base!BJ375","v":14},{"$f":"Base!BK375","v":35},{"$f":"IF(Base!BL375=\"\",\"\",Base!BL375)","v":"¼ d'heure"},null,{"$f":"Base!BM375","v":490},null,null,{"$f":"IF(Base!H375=\"Uvrier\",3018,VLOOKUP(FQ377,$GV$2:$GX$7,FM377+1,0))","v":3002},0,0,null,0,null,null,null,null,null,"Libre","BS - 445",null,"BU - 73 - aff",0,null,null,null,null,null,null,null,null,null,null,null,null,null,null,null,null,null,null,null,null,null,null,null,null,null,null,null,null,null,null,null,null,null,{"$f":"Base!AH375&\", \"&Base!AI375","v":"Millasson, Michel"},{"$f":"Base!AN375&\" \"&Base!AO375&\", \"&Base!AK375&\" \"&Base!AL375","v":"1868 Collombey, Rue du Clos-Novex 41"},{"$f":"CONCATENATE(TEXT(DATE(YEAR(Base!AJ375),MONTH(Base!AJ375),DAY(Base!AJ375)),\"jj.mm.aaaa\"),\", \",FN377,IF(Base!D375=\"\",\"\",\" - \"),Base!D375)","v":"01.11.1952, 756.9274.5508.24"},{"$f":"Base!AR375","v":"Helsana Assurances SA"},{"$f":"LEFT(Base!J375,10)","v":"2022-02-12"},{"$f":"CONCATENATE(Base!L375,IF(Base!L375=0,\"\",\", \"),Base!M375,\" \",Base!N375,\", \",Base!P375,\" \",Base!Q375)","v":"Rue de Clos-Novex 41, 1868 Collombey"},{"$f":"CONCATENATE(Base!V375,\", \",Base!Z375,\" \",Base!AA375,\", \",Base!W375,\" \",Base!X375)","v":"Hôpital Riviera-Chablais (HRC), 1847 Rennaz, Route du Vieux-Séquoia 20"},null,{"$f":"CONCATENATE(RIGHT(LEFT(Base!J375,16),5),\" - \",RIGHT(LEFT(Base!K375,16),5))","v":"16:29 - 18:18"},{"$f":"Base!AF375&\" - \"&Base!I375","v":"Accident - P2"},null,null,null,null,null,null,null,null,null,null,null,null,null,null,null,null,null,null,{"$f":"Base!H375","v":"Monthey"},3,null,null,null,null,null,null,null,null,null,3,null,null,null,null,null,null,null,null,null,null,null,null,null,null,null,null,null,null,null,null,null,{"$f":"IF(Base!U375=\"Privée\",2,1)","v":1},{"$f":"IF(OR(LEFT(Base!AS375,1)=\"1\",LEFT(Base!AS375)=\"2\"),RIGHT(Base!AS375,LEN(Base!AS375)-1),Base!AS375)","v":"756.9274.5508.24"},{"$f":"Base!AU375","v":"Personne"},{"$f":"OR(CONCATENATE(Base!AW375,Base!AX375)=CONCATENATE(Base!AH375,Base!AI375),FO377=\"Établissement\")","v":true},{"$f":"Base!I375","v":"P2"}]
[{"$f":"Base!A376","v":4583},{"$f":"20","v":20},{"$f":"Base!B376","v":"2022-02-25"},null,{"$f":"Base!AE376","v":"VS22004434"},null,null,null,null,null,"<AUTO>",null,null,null,null,"URL (Libre)",null,null,{"$f":"Base!E376&\" - \"&Base!H376&\" - \"&Base!D376","v":"17814 - Monthey - "},{"$f":"IF(AND(Base!AT376<1000,Base!AT376>99),Base!AT376,IF(FO378=\"Établissement\",VALUE(CONCATENATE(LEN(SUBSTITUTE(V378,\" \",\"\")),LEN(V378),AA378,COLUMN(INDIRECT(LEFT(V378,1)&1)),LEN(SUBSTITUTE(V378,\"-\",\"\")))),IF(FN378=\"\",VALUE(CONCATENATE(COLUMN(INDIRECT(LEFT(W378,1)&1)),COLUMN(INDIRECT(LEFT(X378,1)&1)),AO378,CODE(AA378))),VALUE(SUBSTITUTE(SUBSTITUTE(SUBSTITUTE(FN378,\".\",\"\"),\" \",\"\"),\"-\",\"\")))))","v":7569274550824},null,{"$f":"SUBSTITUTE(IF(Base!BF376=0,\"\",Base!BF376),\" (facturation)\",\"\")","v":""},{"$f":"IF(Base!AW376=0,\"\",Base!AH376)","v":"Millasson"},{"$f":"IF(Base!AX376=0,\"\",Base!AI376)","v":"Michel"},{"$f":"IF(Base!AW376=0,Base!AY376&\" \"&Base!AZ376,Base!AK376&\" \"&Base!AL376)","v":"Rue du Clos-Novex 41"},{"$f":"IF(IF(Base!AW376=0,Base!BA376,Base!AM376)=0,\"\",IF(Base!AW376=0,Base!BA376,Base!AM376))","v":""},{"$f":"IF(Base!AW376=0,Base!BB376,Base!AN376)","v":1868},{"$f":"IF(Base!AW376=0,Base!BC376,Base!AO376)","v":"Collombey"},null,null,null,null,null,null,null,null,null,null,null,null,{"$f":"Base!AJ376","v":"1952-11-01"},{"$f":"IF(FO378=\"Établissement\",\"\",IF(Base!AG376=\"Masculin\",\"Monsieur\",IF(Base!AG376=\"Féminin\",\"Madame\",\"\")))","v":"Monsieur"},{"$f":"IF(FP378=FALSE,CONCATENATE(IF(Base!AV376=\"Masculin\",\"Monsieur\",IF(Base!AV376=\"Féminin\",\"Madame\",\"\")),\"#chr(13)##chr(10)#\",Base!AW376,\" \",Base!AX376, \"#chr(13)##chr(10)#\",Base!AY376,\" \",Base!AZ376, \"#chr(13)##chr(10)#\",Base!BA376, \"#chr(13)##chr(10)#\",Base!BB376,\" \",Base!BC376),\"\")","v":""},null,"Monsieur",null,{"$f":"IF(AND(Base!AT376<200,Base!AT376>99),1,0)","v":0},null,0,{"$f":"Base!BG376","v":9441},{"$f":"Base!BH376& \"#chr(13)##chr(10)#\" &Base!BI376","v":"Matériel - Prestation standard élargie#chr(13)##chr(10)#"},null,{"$f":"Base!BJ376","v":1},{"$f":"Base!BK376","v":80},{"$f":"IF(Base!BL376=\"\",\"\",Base!BL376)","v":""},null,{"$f":"Base!BM376","v":80},null,null,{"$f":"IF(Base!H376=\"Uvrier\",3018,VLOOKUP(FQ378,$GV$2:$GX$7,FM378+1,0))","v":3002},0,0,null,0,null,null,null,null,null,"Libre","BS - 446",null,"BU - 73 - aff",0,null,null,null,null,null,null,null,null,null,null,null,null,null,null,null,null,null,null,null,null,null,null,null,null,null,null,null,null,null,null,null,null,null,{"$f":"Base!AH376&\", \"&Base!AI376","v":"Millasson, Michel"},{"$f":"Base!AN376&\" \"&Base!AO376&\", \"&Base!AK376&\" \"&Base!AL376","v":"1868 Collombey, Rue du Clos-Novex 41"},{"$f":"CONCATENATE(TEXT(DATE(YEAR(Base!AJ376),MONTH(Base!AJ376),DAY(Base!AJ376)),\"jj.mm.aaaa\"),\", \",FN378,IF(Base!D376=\"\",\"\",\" - \"),Base!D376)","v":"01.11.1952, 756.9274.5508.24"},{"$f":"Base!AR376","v":"Helsana Assurances SA"},{"$f":"LEFT(Base!J376,10)","v":"2022-02-12"},{"$f":"CONCATENATE(Base!L376,IF(Base!L376=0,\"\",\", \"),Base!M376,\" \",Base!N376,\", \",Base!P376,\" \",Base!Q376)","v":"Rue de Clos-Novex 41, 1868 Collombey"},{"$f":"CONCATENATE(Base!V376,\", \",Base!Z376,\" \",Base!AA376,\", \",Base!W376,\" \",Base!X376)","v":"Hôpital Riviera-Chablais (HRC), 1847 Rennaz, Route du Vieux-Séquoia 20"},null,{"$f":"CONCATENATE(RIGHT(LEFT(Base!J376,16),5),\" - \",RIGHT(LEFT(Base!K376,16),5))","v":"16:29 - 18:18"},{"$f":"Base!AF376&\" - \"&Base!I376","v":"Accident - P2"},null,null,null,null,null,null,null,null,null,null,null,null,null,null,null,null,null,null,{"$f":"Base!H376","v":"Monthey"},3,null,null,null,null,null,null,null,null,null,3,null,null,null,null,null,null,null,null,null,null,null,null,null,null,null,null,null,null,null,null,null,{"$f":"IF(Base!U376=\"Privée\",2,1)","v":1},{"$f":"IF(OR(LEFT(Base!AS376,1)=\"1\",LEFT(Base!AS376)=\"2\"),RIGHT(Base!AS376,LEN(Base!AS376)-1),Base!AS376)","v":"756.9274.5508.24"},{"$f":"Base!AU376","v":"Personne"},{"$f":"OR(CONCATENATE(Base!AW376,Base!AX376)=CONCATENATE(Base!AH376,Base!AI376),FO378=\"Établissement\")","v":true},{"$f":"Base!I376","v":"P2"}]
[{"$f":"Base!A385","v":4586},{"$f":"20","v":20},{"$f":"Base!B385","v":"2022-02-25"},null,{"$f":"Base!AE385","v":"VS22004450"},null,null,null,null,null,"<AUTO>",null,null,null,null,"URL (Libre)",null,null,{"$f":"Base!E385&\" - \"&Base!H385&\" - \"&Base!D385","v":"17829 - Monthey - "},{"$f":"IF(AND(Base!AT385<1000,Base!AT385>99),Base!AT385,IF(FO387=\"Établissement\",VALUE(CONCATENATE(LEN(SUBSTITUTE(V387,\" \",\"\")),LEN(V387),AA387,COLUMN(INDIRECT(LEFT(V387,1)&1)),LEN(SUBSTITUTE(V387,\"-\",\"\")))),IF(FN387=\"\",VALUE(CONCATENATE(COLUMN(INDIRECT(LEFT(W387,1)&1)),COLUMN(INDIRECT(LEFT(X387,1)&1)),AO387,CODE(AA387))),VALUE(SUBSTITUTE(SUBSTITUTE(SUBSTITUTE(FN387,\".\",\"\"),\" \",\"\"),\"-\",\"\")))))","v":7562612344192},null,{"$f":"SUBSTITUTE(IF(Base!BF385=0,\"\",Base!BF385),\" (facturation)\",\"\")","v":""},{"$f":"IF(Base!AW385=0,\"\",Base!AH385)","v":"Susanne"},{"$f":"IF(Base!AX385=0,\"\",Base!AI385)","v":"Pichard"},{"$f":"IF(Base!AW385=0,Base!AY385&\" \"&Base!AZ385,Base!AK385&\" \"&Base!AL385)","v":"Rue du Pré Raye 21A"},{"$f":"IF(IF(Base!AW385=0,Base!BA385,Base!AM385)=0,\"\",IF(Base!AW385=0,Base!BA385,Base!AM385))","v":""},{"$f":"IF(Base!AW385=0,Base!BB385,Base!AN385)","v":1868},{"$f":"IF(Base!AW385=0,Base!BC385,Base!AO385)","v":"Collombey"},null,null,null,null,null,null,null,null,null,null,null,null,{"$f":"Base!AJ385","v":"1944-08-07"},{"$f":"IF(FO387=\"Établissement\",\"\",IF(Base!AG385=\"Masculin\",\"Monsieur\",IF(Base!AG385=\"Féminin\",\"Madame\",\"\")))","v":"Madame"},{"$f":"IF(FP387=FALSE,CONCATENATE(IF(Base!AV385=\"Masculin\",\"Monsieur\",IF(Base!AV385=\"Féminin\",\"Madame\",\"\")),\"#chr(13)##chr(10)#\",Base!AW385,\" \",Base!AX385, \"#chr(13)##chr(10)#\",Base!AY385,\" \",Base!AZ385, \"#chr(13)##chr(10)#\",Base!BA385, \"#chr(13)##chr(10)#\",Base!BB385,\" \",Base!BC385),\"\")","v":""},null,"Madame",null,{"$f":"IF(AND(Base!AT385<200,Base!AT385>99),1,0)","v":0},null,0,{"$f":"Base!BG385","v":9402},{"$f":"Base!BH385& \"#chr(13)##chr(10)#\" &Base!BI385","v":"Taxe de base transport P2#chr(13)##chr(10)#"},null,{"$f":"Base!BJ385","v":1},{"$f":"Base!BK385","v":300},{"$f":"IF(Base!BL385=\"\",\"\",Base!BL385)","v":""},null,{"$f":"Base!BM385","v":300},null,null,{"$f":"IF(Base!H385=\"Uvrier\",3018,VLOOKUP(FQ387,$GV$2:$GX$7,FM387+1,0))","v":3012},0,0,null,0,null,null,null,null,null,"Libre","BS - 455",null,"BU - 73 - aff",0,null,null,null,null,null,null,null,null,null,null,null,null,null,null,null,null,null,null,null,null,null,null,null,null,null,null,null,null,null,null,null,null,null,{"$f":"Base!AH385&\", \"&Base!AI385","v":"Susanne, Pichard"},{"$f":"Base!AN385&\" \"&Base!AO385&\", \"&Base!AK385&\" \"&Base!AL385","v":"1868 Collombey, Rue du Pré Raye 21A"},{"$f":"CONCATENATE(TEXT(DATE(YEAR(Base!AJ385),MONTH(Base!AJ385),DAY(Base!AJ385)),\"jj.mm.aaaa\"),\", \",FN387,IF(Base!D385=\"\",\"\",\" - \"),Base!D385)","v":"07.08.1944, 756.2612.3441.92"},{"$f":"Base!AR385","v":"CSS Kranken- Versicherung AG"},{"$f":"LEFT(Base!J385,10)","v":"2022-02-12"},{"$f":"CONCATENATE(Base!L385,IF(Base!L385=0,\"\",\", \"),Base!M385,\" \",Base!N385,\", \",Base!P385,\" \",Base!Q385)","v":"Domicile, Rue du Pré Raye 21A, 1868 Collombey"},{"$f":"CONCATENATE(Base!V385,\", \",Base!Z385,\" \",Base!AA385,\", \",Base!W385,\" \",Base!X385)","v":"Hôpital Riviera-Chablais (HRC), 1847 Rennaz, Route du Vieux-Séquoia 20"},null,{"$f":"CONCATENATE(RIGHT(LEFT(Base!J385,16),5),\" - \",RIGHT(LEFT(Base!K385,16),5))","v":"19:19 - 20:17"},{"$f":"Base!AF385&\" - \"&Base!I385","v":"Maladie - P2"},null,null,null,null,null,null,null,null,null,null,null,null,null,null,null,null,null,null,{"$f":"Base!H385","v":"Monthey"},3,null,null,null,null,null,null,null,null,null,3,null,null,null,null,null,null,null,null,null,null,null,null,null,null,null,null,null,null,null,null,null,{"$f":"IF(Base!U385=\"Privée\",2,1)","v":2},{"$f":"IF(OR(LEFT(Base!AS385,1)=\"1\",LEFT(Base!AS385)=\"2\"),RIGHT(Base!AS385,LEN(Base!AS385)-1),Base!AS385)","v":"756.2612.3441.92"},{"$f":"Base!AU385","v":"Personne"},{"$f":"OR(CONCATENATE(Base!AW385,Base!AX385)=CONCATENATE(Base!AH385,Base!AI385),FO387=\"Établissement\")","v":true},{"$f":"Base!I385","v":"P2"}]
[{"$f":"Base!A388","v":4587},{"$f":"20","v":20},{"$f":"Base!B388","v":"2022-02-25"},null,{"$f":"Base!AE388","v":"VS22004457"},null,null,null,null,null,"<AUTO>",null,null,null,null,"URL (Libre)",null,null,{"$f":"Base!E388&\" - \"&Base!H388&\" - \"&Base!D388","v":"17836 - Monthey - "},{"$f":"IF(AND(Base!AT388<1000,Base!AT388>99),Base!AT388,IF(FO390=\"Établissement\",VALUE(CONCATENATE(LEN(SUBSTITUTE(V390,\" \",\"\")),LEN(V390),AA390,COLUMN(INDIRECT(LEFT(V390,1)&1)),LEN(SUBSTITUTE(V390,\"-\",\"\")))),IF(FN390=\"\",VALUE(CONCATENATE(COLUMN(INDIRECT(LEFT(W390,1)&1)),COLUMN(INDIRECT(LEFT(X390,1)&1)),AO390,CODE(AA390))),VALUE(SUBSTITUTE(SUBSTITUTE(SUBSTITUTE(FN390,\".\",\"\"),\" \",\"\"),\"-\",\"\")))))","v":7568788123579},null,{"$f":"SUBSTITUTE(IF(Base!BF388=0,\"\",Base!BF388),\" (facturation)\",\"\")","v":""},{"$f":"IF(Base!AW388=0,\"\",Base!AH388)","v":"Jamali"},{"$f":"IF(Base!AX388=0,\"\",Base!AI388)","v":"Khalil"},{"$f":"IF(Base!AW388=0,Base!AY388&\" \"&Base!AZ388,Base!AK388&\" \"&Base!AL388)","v":"Chemin du Verger 22B"},{"$f":"IF(IF(Base!AW388=0,Base!BA388,Base!AM388)=0,\"\",IF(Base!AW388=0,Base!BA388,Base!AM388))","v":""},{"$f":"IF(Base!AW388=0,Base!BB388,Base!AN388)","v":1868},{"$f":"IF(Base!AW388=0,Base!BC388,Base!AO388)","v":"Collombey"},null,null,null,null,null,null,null,null,null,null,null,null,{"$f":"Base!AJ388","v":"1969-09-29"},{"$f":"IF(FO390=\"Établissement\",\"\",IF(Base!AG388=\"Masculin\",\"Monsieur\",IF(Base!AG388=\"Féminin\",\"Madame\",\"\")))","v":"Monsieur"},{"$f":"IF(FP390=FALSE,CONCATENATE(IF(Base!AV388=\"Masculin\",\"Monsieur\",IF(Base!AV388=\"Féminin\",\"Madame\",\"\")),\"#chr(13)##chr(10)#\",Base!AW388,\" \",Base!AX388, \"#chr(13)##chr(10)#\",Base!AY388,\" \",Base!AZ388, \"#chr(13)##chr(10)#\",Base!BA388, \"#chr(13)##chr(10)#\",Base!BB388,\" \",Base!BC388),\"\")","v":""},null,"Monsieur",null,{"$f":"IF(AND(Base!AT388<200,Base!AT388>99),1,0)","v":0},null,0,{"$f":"Base!BG388","v":"VS.9501"},{"$f":"Base!BH388& \"#chr(13)##chr(10)#\" &Base!BI388","v":"Taxe de base sauvetage P1#chr(13)##chr(10)#"},null,{"$f":"Base!BJ388","v":1},{"$f":"Base!BK388","v":300},{"$f":"IF(Base!BL388=\"\",\"\",Base!BL388)","v":""},null,{"$f":"Base!BM388","v":300},null,null,{"$f":"IF(Base!H388=\"Uvrier\",3018,VLOOKUP(FQ390,$GV$2:$GX$7,FM390+1,0))","v":3001},0,0,null,0,null,null,null,null,null,"Libre","BS - 458",null,"BU - 73 - aff",0,null,null,null,null,null,null,null,null,null,null,null,null,null,null,null,null,null,null,null,null,null,null,null,null,null,null,null,null,null,null,null,null,null,{"$f":"Base!AH388&\", \"&Base!AI388","v":"Jamali, Khalil"},{"$f":"Base!AN388&\" \"&Base!AO388&\", \"&Base!AK388&\" \"&Base!AL388","v":"1868 Collombey, Chemin du Verger 22B"},{"$f":"CONCATENATE(TEXT(DATE(YEAR(Base!AJ388),MONTH(Base!AJ388),DAY(Base!AJ388)),\"jj.mm.aaaa\"),\", \",FN390,IF(Base!D388=\"\",\"\",\" - \"),Base!D388)","v":"29.09.1969, 756.8788.1235.79"},{"$f":"Base!AR388","v":0},{"$f":"LEFT(Base!J388,10)","v":"2022-02-12"},{"$f":"CONCATENATE(Base!L388,IF(Base!L388=0,\"\",\", \"),Base!M388,\" \",Base!N388,\", \",Base!P388,\" \",Base!Q388)","v":"Rue de Venise 3B, 1870 Monthey"},{"$f":"CONCATENATE(Base!V388,\", \",Base!Z388,\" \",Base!AA388,\", \",Base!W388,\" \",Base!X388)","v":"Hôpital Riviera-Chablais (HRC), 1847 Rennaz, Route du Vieux-Séquoia 20"},null,{"$f":"CONCATENATE(RIGHT(LEFT(Base!J388,16),5),\" - \",RIGHT(LEFT(Base!K388,16),5))","v":"21:01 - 21:53"},{"$f":"Base!AF388&\" - \"&Base!I388","v":"Accident - P1"},null,null,null,null,null,null,null,null,null,null,null,null,null,null,null,null,null,null,{"$f":"Base!H388","v":"Monthey"},3,null,null,null,null,null,null,null,null,null,3,null,null,null,null,null,null,null,null,null,null,null,null,null,null,null,null,null,null,null,null,null,{"$f":"IF(Base!U388=\"Privée\",2,1)","v":1},{"$f":"IF(OR(LEFT(Base!AS388,1)=\"1\",LEFT(Base!AS388)=\"2\"),RIGHT(Base!AS388,LEN(Base!AS388)-1),Base!AS388)","v":"756.8788.1235.79"},{"$f":"Base!AU388","v":"Personne"},{"$f":"OR(CONCATENATE(Base!AW388,Base!AX388)=CONCATENATE(Base!AH388,Base!AI388),FO390=\"Établissement\")","v":true},{"$f":"Base!I388","v":"P1"}]
[{"$f":"Base!A395","v":4588},{"$f":"20","v":20},{"$f":"Base!B395","v":"2022-02-25"},null,{"$f":"Base!AE395","v":"VS22004458"},null,null,null,null,null,"<AUTO>",null,null,null,null,"URL (Libre)",null,null,{"$f":"Base!E395&\" - \"&Base!H395&\" - \"&Base!D395","v":"17837 - Monthey - "},{"$f":"IF(AND(Base!AT395<1000,Base!AT395>99),Base!AT395,IF(FO397=\"Établissement\",VALUE(CONCATENATE(LEN(SUBSTITUTE(V397,\" \",\"\")),LEN(V397),AA397,COLUMN(INDIRECT(LEFT(V397,1)&1)),LEN(SUBSTITUTE(V397,\"-\",\"\")))),IF(FN397=\"\",VALUE(CONCATENATE(COLUMN(INDIRECT(LEFT(W397,1)&1)),COLUMN(INDIRECT(LEFT(X397,1)&1)),AO397,CODE(AA397))),VALUE(SUBSTITUTE(SUBSTITUTE(SUBSTITUTE(FN397,\".\",\"\"),\" \",\"\"),\"-\",\"\")))))","v":7561898009207},null,{"$f":"SUBSTITUTE(IF(Base!BF395=0,\"\",Base!BF395),\" (facturation)\",\"\")","v":""},{"$f":"IF(Base!AW395=0,\"\",Base!AH395)","v":"Perry"},{"$f":"IF(Base!AX395=0,\"\",Base!AI395)","v":"Simon"},{"$f":"IF(Base!AW395=0,Base!AY395&\" \"&Base!AZ395,Base!AK395&\" \"&Base!AL395)","v":"Route d'Outre-Vièze 125"},{"$f":"IF(IF(Base!AW395=0,Base!BA395,Base!AM395)=0,\"\",IF(Base!AW395=0,Base!BA395,Base!AM395))","v":""},{"$f":"IF(Base!AW395=0,Base!BB395,Base!AN395)","v":1871},{"$f":"IF(Base!AW395=0,Base!BC395,Base!AO395)","v":"Choëx"},null,null,null,null,null,null,null,null,null,null,null,null,{"$f":"Base!AJ395","v":"1992-05-27"},{"$f":"IF(FO397=\"Établissement\",\"\",IF(Base!AG395=\"Masculin\",\"Monsieur\",IF(Base!AG395=\"Féminin\",\"Madame\",\"\")))","v":"Monsieur"},{"$f":"IF(FP397=FALSE,CONCATENATE(IF(Base!AV395=\"Masculin\",\"Monsieur\",IF(Base!AV395=\"Féminin\",\"Madame\",\"\")),\"#chr(13)##chr(10)#\",Base!AW395,\" \",Base!AX395, \"#chr(13)##chr(10)#\",Base!AY395,\" \",Base!AZ395, \"#chr(13)##chr(10)#\",Base!BA395, \"#chr(13)##chr(10)#\",Base!BB395,\" \",Base!BC395),\"\")","v":""},null,"Monsieur",null,{"$f":"IF(AND(Base!AT395<200,Base!AT395>99),1,0)","v":0},null,0,{"$f":"Base!BG395","v":9411},{"$f":"Base!BH395& \"#chr(13)##chr(10)#\" &Base!BI395","v":"Personnel soignant reconnu (par personne et par quart d'heure entamé)#chr(13)##chr(10)#"},null,{"$f":"Base!BJ395","v":6},{"$f":"Base!BK395","v":35},{"$f":"IF(Base!BL395=\"\",\"\",Base!BL395)","v":"¼ d'heure"},null,{"$f":"Base!BM395","v":210},null,null,{"$f":"IF(Base!H395=\"Uvrier\",3018,VLOOKUP(FQ397,$GV$2:$GX$7,FM397+1,0))","v":3012},0,0,null,0,null,null,null,null,null,"Libre","BS - 465",null,"BU - 73 - aff",0,null,null,null,null,null,null,null,null,null,null,null,null,null,null,null,null,null,null,null,null,null,null,null,null,null,null,null,null,null,null,null,null,null,{"$f":"Base!AH395&\", \"&Base!AI395","v":"Perry, Simon"},{"$f":"Base!AN395&\" \"&Base!AO395&\", \"&Base!AK395&\" \"&Base!AL395","v":"1871 Choëx, Route d'Outre-Vièze 125"},{"$f":"CONCATENATE(TEXT(DATE(YEAR(Base!AJ395),MONTH(Base!AJ395),DAY(Base!AJ395)),\"jj.mm.aaaa\"),\", \",FN397,IF(Base!D395=\"\",\"\",\" - \"),Base!D395)","v":"27.05.1992, 756.1898.0092.07"},{"$f":"Base!AR395","v":"CSS Kranken- Versicherung AG"},{"$f":"LEFT(Base!J395,10)","v":"2022-02-12"},{"$f":"CONCATENATE(Base!L395,IF(Base!L395=0,\"\",\", \"),Base!M395,\" \",Base!N395,\", \",Base!P395,\" \",Base!Q395)","v":"Route d'Outre-Vièze 125, 1871 Choëx"},{"$f":"CONCATENATE(Base!V395,\", \",Base!Z395,\" \",Base!AA395,\", \",Base!W395,\" \",Base!X395)","v":",  ,  "},null,{"$f":"CONCATENATE(RIGHT(LEFT(Base!J395,16),5),\" - \",RIGHT(LEFT(Base!K395,16),5))","v":"21:03 - 21:52"},{"$f":"Base!AF395&\" - \"&Base!I395","v":"Maladie - P2"},null,null,null,null,null,null,null,null,null,null,null,null,null,null,null,null,null,null,{"$f":"Base!H395","v":"Monthey"},3,null,null,null,null,null,null,null,null,null,3,null,null,null,null,null,null,null,null,null,null,null,null,null,null,null,null,null,null,null,null,null,{"$f":"IF(Base!U395=\"Privée\",2,1)","v":2},{"$f":"IF(OR(LEFT(Base!AS395,1)=\"1\",LEFT(Base!AS395)=\"2\"),RIGHT(Base!AS395,LEN(Base!AS395)-1),Base!AS395)","v":"756.1898.0092.07"},{"$f":"Base!AU395","v":"Personne"},{"$f":"OR(CONCATENATE(Base!AW395,Base!AX395)=CONCATENATE(Base!AH395,Base!AI395),FO397=\"Établissement\")","v":true},{"$f":"Base!I395","v":"P2"}]
[{"$f":"Base!A404","v":4590},{"$f":"20","v":20},{"$f":"Base!B404","v":"2022-02-25"},null,{"$f":"Base!AE404","v":"VS22004481"},null,null,null,null,null,"<AUTO>",null,null,null,null,"URL (Libre)",null,null,{"$f":"Base!E404&\" - \"&Base!H404&\" - \"&Base!D404","v":"17859 - Monthey - "},{"$f":"IF(AND(Base!AT404<1000,Base!AT404>99),Base!AT404,IF(FO406=\"Établissement\",VALUE(CONCATENATE(LEN(SUBSTITUTE(V406,\" \",\"\")),LEN(V406),AA406,COLUMN(INDIRECT(LEFT(V406,1)&1)),LEN(SUBSTITUTE(V406,\"-\",\"\")))),IF(FN406=\"\",VALUE(CONCATENATE(COLUMN(INDIRECT(LEFT(W406,1)&1)),COLUMN(INDIRECT(LEFT(X406,1)&1)),AO406,CODE(AA406))),VALUE(SUBSTITUTE(SUBSTITUTE(SUBSTITUTE(FN406,\".\",\"\"),\" \",\"\"),\"-\",\"\")))))","v":7561111947606},null,{"$f":"SUBSTITUTE(IF(Base!BF404=0,\"\",Base!BF404),\" (facturation)\",\"\")","v":""},{"$f":"IF(Base!AW404=0,\"\",Base!AH404)","v":"Gay-Claret"},{"$f":"IF(Base!AX404=0,\"\",Base!AI404)","v":"Alexine Françoise"},{"$f":"IF(Base!AW404=0,Base!AY404&\" \"&Base!AZ404,Base!AK404&\" \"&Base!AL404)","v":"Av. de l’Industrie 84"},{"$f":"IF(IF(Base!AW404=0,Base!BA404,Base!AM404)=0,\"\",IF(Base!AW404=0,Base!BA404,Base!AM404))","v":""},{"$f":"IF(Base!AW404=0,Base!BB404,Base!AN404)","v":1870},{"$f":"IF(Base!AW404=0,Base!BC404,Base!AO404)","v":"Monthey"},null,null,null,null,null,null,null,null,null,null,null,null,{"$f":"Base!AJ404","v":"1954-09-13"},{"$f":"IF(FO406=\"Établissement\",\"\",IF(Base!AG404=\"Masculin\",\"Monsieur\",IF(Base!AG404=\"Féminin\",\"Madame\",\"\")))","v":"Madame"},{"$f":"IF(FP406=FALSE,CONCATENATE(IF(Base!AV404=\"Masculin\",\"Monsieur\",IF(Base!AV404=\"Féminin\",\"Madame\",\"\")),\"#chr(13)##chr(10)#\",Base!AW404,\" \",Base!AX404, \"#chr(13)##chr(10)#\",Base!AY404,\" \",Base!AZ404, \"#chr(13)##chr(10)#\",Base!BA404, \"#chr(13)##chr(10)#\",Base!BB404,\" \",Base!BC404),\"\")","v":""},null,"Madame",null,{"$f":"IF(AND(Base!AT404<200,Base!AT404>99),1,0)","v":0},null,0,{"$f":"Base!BG404","v":9404},{"$f":"Base!BH404& \"#chr(13)##chr(10)#\" &Base!BI404","v":"Indemnisation kilométrique#chr(13)##chr(10)#"},null,{"$f":"Base!BJ404","v":35},{"$f":"Base!BK404","v":4.5},{"$f":"IF(Base!BL404=\"\",\"\",Base!BL404)","v":"km"},null,{"$f":"Base!BM404","v":157.5},null,null,{"$f":"IF(Base!H404=\"Uvrier\",3018,VLOOKUP(FQ406,$GV$2:$GX$7,FM406+1,0))","v":3001},0,0,null,0,null,null,null,null,null,"Libre","BS - 474",null,"BU - 73 - aff",0,null,null,null,null,null,null,null,null,null,null,null,null,null,null,null,null,null,null,null,null,null,null,null,null,null,null,null,null,null,null,null,null,null,{"$f":"Base!AH404&\", \"&Base!AI404","v":"Gay-Claret, Alexine Françoise"},{"$f":"Base!AN404&\" \"&Base!AO404&\", \"&Base!AK404&\" \"&Base!AL404","v":"1870 Monthey, Av. de l’Industrie 84"},{"$f":"CONCATENATE(TEXT(DATE(YEAR(Base!AJ404),MONTH(Base!AJ404),DAY(Base!AJ404)),\"jj.mm.aaaa\"),\", \",FN406,IF(Base!D404=\"\",\"\",\" - \"),Base!D404)","v":"13.09.1954, 756.1111.9476.06"},{"$f":"Base!AR404","v":"Helsana Assurances SA"},{"$f":"LEFT(Base!J404,10)","v":"2022-02-13"},{"$f":"CONCATENATE(Base!L404,IF(Base!L404=0,\"\",\", \"),Base!M404,\" \",Base!N404,\", \",Base!P404,\" \",Base!Q404)","v":"Domicile, Avenue de l'Industrie 84, 1870 Monthey"},{"$f":"CONCATENATE(Base!V404,\", \",Base!Z404,\" \",Base!AA404,\", \",Base!W404,\" \",Base!X404)","v":"Hôpital Riviera-Chablais (HRC), 1847 Rennaz, Route du Vieux-Séquoia 20"},null,{"$f":"CONCATENATE(RIGHT(LEFT(Base!J404,16),5),\" - \",RIGHT(LEFT(Base!K404,16),5))","v":"04:00 - 05:33"},{"$f":"Base!AF404&\" - \"&Base!I404","v":"Maladie - P1"},null,null,null,null,null,null,null,null,null,null,null,null,null,null,null,null,null,null,{"$f":"Base!H404","v":"Monthey"},3,null,null,null,null,null,null,null,null,null,3,null,null,null,null,null,null,null,null,null,null,null,null,null,null,null,null,null,null,null,null,null,{"$f":"IF(Base!U404=\"Privée\",2,1)","v":1},{"$f":"IF(OR(LEFT(Base!AS404,1)=\"1\",LEFT(Base!AS404)=\"2\"),RIGHT(Base!AS404,LEN(Base!AS404)-1),Base!AS404)","v":"756.1111.9476.06"},{"$f":"Base!AU404","v":"Personne"},{"$f":"OR(CONCATENATE(Base!AW404,Base!AX404)=CONCATENATE(Base!AH404,Base!AI404),FO406=\"Établissement\")","v":true},{"$f":"Base!I404","v":"P1"}]
[{"$f":"Base!A407","v":4590},{"$f":"20","v":20},{"$f":"Base!B407","v":"2022-02-25"},null,{"$f":"Base!AE407","v":"VS22004481"},null,null,null,null,null,"<AUTO>",null,null,null,null,"URL (Libre)",null,null,{"$f":"Base!E407&\" - \"&Base!H407&\" - \"&Base!D407","v":"17859 - Monthey - "},{"$f":"IF(AND(Base!AT407<1000,Base!AT407>99),Base!AT407,IF(FO409=\"Établissement\",VALUE(CONCATENATE(LEN(SUBSTITUTE(V409,\" \",\"\")),LEN(V409),AA409,COLUMN(INDIRECT(LEFT(V409,1)&1)),LEN(SUBSTITUTE(V409,\"-\",\"\")))),IF(FN409=\"\",VALUE(CONCATENATE(COLUMN(INDIRECT(LEFT(W409,1)&1)),COLUMN(INDIRECT(LEFT(X409,1)&1)),AO409,CODE(AA409))),VALUE(SUBSTITUTE(SUBSTITUTE(SUBSTITUTE(FN409,\".\",\"\"),\" \",\"\"),\"-\",\"\")))))","v":7561111947606},null,{"$f":"SUBSTITUTE(IF(Base!BF407=0,\"\",Base!BF407),\" (facturation)\",\"\")","v":""},{"$f":"IF(Base!AW407=0,\"\",Base!AH407)","v":"Gay-Claret"},{"$f":"IF(Base!AX407=0,\"\",Base!AI407)","v":"Alexine Françoise"},{"$f":"IF(Base!AW407=0,Base!AY407&\" \"&Base!AZ407,Base!AK407&\" \"&Base!AL407)","v":"Av. de l’Industrie 84"},{"$f":"IF(IF(Base!AW407=0,Base!BA407,Base!AM407)=0,\"\",IF(Base!AW407=0,Base!BA407,Base!AM407))","v":""},{"$f":"IF(Base!AW407=0,Base!BB407,Base!AN407)","v":1870},{"$f":"IF(Base!AW407=0,Base!BC407,Base!AO407)","v":"Monthey"},null,null,null,null,null,null,null,null,null,null,null,null,{"$f":"Base!AJ407","v":"1954-09-13"},{"$f":"IF(FO409=\"Établissement\",\"\",IF(Base!AG407=\"Masculin\",\"Monsieur\",IF(Base!AG407=\"Féminin\",\"Madame\",\"\")))","v":"Madame"},{"$f":"IF(FP409=FALSE,CONCATENATE(IF(Base!AV407=\"Masculin\",\"Monsieur\",IF(Base!AV407=\"Féminin\",\"Madame\",\"\")),\"#chr(13)##chr(10)#\",Base!AW407,\" \",Base!AX407, \"#chr(13)##chr(10)#\",Base!AY407,\" \",Base!AZ407, \"#chr(13)##chr(10)#\",Base!BA407, \"#chr(13)##chr(10)#\",Base!BB407,\" \",Base!BC407),\"\")","v":""},null,"Madame",null,{"$f":"IF(AND(Base!AT407<200,Base!AT407>99),1,0)","v":0},null,0,{"$f":"Base!BG407","v":9441},{"$f":"Base!BH407& \"#chr(13)##chr(10)#\" &Base!BI407","v":"Matériel - Prestation standard élargie#chr(13)##chr(10)#"},null,{"$f":"Base!BJ407","v":1},{"$f":"Base!BK407","v":80},{"$f":"IF(Base!BL407=\"\",\"\",Base!BL407)","v":""},null,{"$f":"Base!BM407","v":80},null,null,{"$f":"IF(Base!H407=\"Uvrier\",3018,VLOOKUP(FQ409,$GV$2:$GX$7,FM409+1,0))","v":3001},0,0,null,0,null,null,null,null,null,"Libre","BS - 477",null,"BU - 73 - aff",0,null,null,null,null,null,null,null,null,null,null,null,null,null,null,null,null,null,null,null,null,null,null,null,null,null,null,null,null,null,null,null,null,null,{"$f":"Base!AH407&\", \"&Base!AI407","v":"Gay-Claret, Alexine Françoise"},{"$f":"Base!AN407&\" \"&Base!AO407&\", \"&Base!AK407&\" \"&Base!AL407","v":"1870 Monthey, Av. de l’Industrie 84"},{"$f":"CONCATENATE(TEXT(DATE(YEAR(Base!AJ407),MONTH(Base!AJ407),DAY(Base!AJ407)),\"jj.mm.aaaa\"),\", \",FN409,IF(Base!D407=\"\",\"\",\" - \"),Base!D407)","v":"13.09.1954, 756.1111.9476.06"},{"$f":"Base!AR407","v":"Helsana Assurances SA"},{"$f":"LEFT(Base!J407,10)","v":"2022-02-13"},{"$f":"CONCATENATE(Base!L407,IF(Base!L407=0,\"\",\", \"),Base!M407,\" \",Base!N407,\", \",Base!P407,\" \",Base!Q407)","v":"Domicile, Avenue de l'Industrie 84, 1870 Monthey"},{"$f":"CONCATENATE(Base!V407,\", \",Base!Z407,\" \",Base!AA407,\", \",Base!W407,\" \",Base!X407)","v":"Hôpital Riviera-Chablais (HRC), 1847 Rennaz, Route du Vieux-Séquoia 20"},null,{"$f":"CONCATENATE(RIGHT(LEFT(Base!J407,16),5),\" - \",RIGHT(LEFT(Base!K407,16),5))","v":"04:00 - 05:33"},{"$f":"Base!AF407&\" - \"&Base!I407","v":"Maladie - P1"},null,null,null,null,null,null,null,null,null,null,null,null,null,null,null,null,null,null,{"$f":"Base!H407","v":"Monthey"},3,null,null,null,null,null,null,null,null,null,3,null,null,null,null,null,null,null,null,null,null,null,null,null,null,null,null,null,null,null,null,null,{"$f":"IF(Base!U407=\"Privée\",2,1)","v":1},{"$f":"IF(OR(LEFT(Base!AS407,1)=\"1\",LEFT(Base!AS407)=\"2\"),RIGHT(Base!AS407,LEN(Base!AS407)-1),Base!AS407)","v":"756.1111.9476.06"},{"$f":"Base!AU407","v":"Personne"},{"$f":"OR(CONCATENATE(Base!AW407,Base!AX407)=CONCATENATE(Base!AH407,Base!AI407),FO409=\"Établissement\")","v":true},{"$f":"Base!I407","v":"P1"}]
[{"$f":"Base!A414","v":4592},{"$f":"20","v":20},{"$f":"Base!B414","v":"2022-02-25"},null,{"$f":"Base!AE414","v":"VS22004497"},null,null,null,null,null,"<AUTO>",null,null,null,null,"URL (Libre)",null,null,{"$f":"Base!E414&\" - \"&Base!H414&\" - \"&Base!D414","v":"17875 - Monthey - "},{"$f":"IF(AND(Base!AT414<1000,Base!AT414>99),Base!AT414,IF(FO416=\"Établissement\",VALUE(CONCATENATE(LEN(SUBSTITUTE(V416,\" \",\"\")),LEN(V416),AA416,COLUMN(INDIRECT(LEFT(V416,1)&1)),LEN(SUBSTITUTE(V416,\"-\",\"\")))),IF(FN416=\"\",VALUE(CONCATENATE(COLUMN(INDIRECT(LEFT(W416,1)&1)),COLUMN(INDIRECT(LEFT(X416,1)&1)),AO416,CODE(AA416))),VALUE(SUBSTITUTE(SUBSTITUTE(SUBSTITUTE(FN416,\".\",\"\"),\" \",\"\"),\"-\",\"\")))))","v":7563864305887},null,{"$f":"SUBSTITUTE(IF(Base!BF414=0,\"\",Base!BF414),\" (facturation)\",\"\")","v":""},{"$f":"IF(Base!AW414=0,\"\",Base!AH414)","v":"Michel"},{"$f":"IF(Base!AX414=0,\"\",Base!AI414)","v":"Gasser"},{"$f":"IF(Base!AW414=0,Base!AY414&\" \"&Base!AZ414,Base!AK414&\" \"&Base!AL414)","v":"Route de Prafenne 62"},{"$f":"IF(IF(Base!AW414=0,Base!BA414,Base!AM414)=0,\"\",IF(Base!AW414=0,Base!BA414,Base!AM414))","v":""},{"$f":"IF(Base!AW414=0,Base!BB414,Base!AN414)","v":1871},{"$f":"IF(Base!AW414=0,Base!BC414,Base!AO414)","v":"Les Giettes"},null,null,null,null,null,null,null,null,null,null,null,null,{"$f":"Base!AJ414","v":"1944-12-12"},{"$f":"IF(FO416=\"Établissement\",\"\",IF(Base!AG414=\"Masculin\",\"Monsieur\",IF(Base!AG414=\"Féminin\",\"Madame\",\"\")))","v":"Monsieur"},{"$f":"IF(FP416=FALSE,CONCATENATE(IF(Base!AV414=\"Masculin\",\"Monsieur\",IF(Base!AV414=\"Féminin\",\"Madame\",\"\")),\"#chr(13)##chr(10)#\",Base!AW414,\" \",Base!AX414, \"#chr(13)##chr(10)#\",Base!AY414,\" \",Base!AZ414, \"#chr(13)##chr(10)#\",Base!BA414, \"#chr(13)##chr(10)#\",Base!BB414,\" \",Base!BC414),\"\")","v":""},null,"Monsieur",null,{"$f":"IF(AND(Base!AT414<200,Base!AT414>99),1,0)","v":0},null,0,{"$f":"Base!BG414","v":9404},{"$f":"Base!BH414& \"#chr(13)##chr(10)#\" &Base!BI414","v":"Indemnisation kilométrique#chr(13)##chr(10)#"},null,{"$f":"Base!BJ414","v":52},{"$f":"Base!BK414","v":4.5},{"$f":"IF(Base!BL414=\"\",\"\",Base!BL414)","v":"km"},null,{"$f":"Base!BM414","v":234},null,null,{"$f":"IF(Base!H414=\"Uvrier\",3018,VLOOKUP(FQ416,$GV$2:$GX$7,FM416+1,0))","v":3002},0,0,null,0,null,null,null,null,null,"Libre","BS - 484",null,"BU - 73 - aff",0,null,null,null,null,null,null,null,null,null,null,null,null,null,null,null,null,null,null,null,null,null,null,null,null,null,null,null,null,null,null,null,null,null,{"$f":"Base!AH414&\", \"&Base!AI414","v":"Michel, Gasser"},{"$f":"Base!AN414&\" \"&Base!AO414&\", \"&Base!AK414&\" \"&Base!AL414","v":"1871 Les Giettes, Route de Prafenne 62"},{"$f":"CONCATENATE(TEXT(DATE(YEAR(Base!AJ414),MONTH(Base!AJ414),DAY(Base!AJ414)),\"jj.mm.aaaa\"),\", \",FN416,IF(Base!D414=\"\",\"\",\" - \"),Base!D414)","v":"12.12.1944, 756.3864.3058.87"},{"$f":"Base!AR414","v":"Assura-Basis SA"},{"$f":"LEFT(Base!J414,10)","v":"2022-02-13"},{"$f":"CONCATENATE(Base!L414,IF(Base!L414=0,\"\",\", \"),Base!M414,\" \",Base!N414,\", \",Base!P414,\" \",Base!Q414)","v":"Route de Prafenne 62, 1871 Les Giettes"},{"$f":"CONCATENATE(Base!V414,\", \",Base!Z414,\" \",Base!AA414,\", \",Base!W414,\" \",Base!X414)","v":"Hôpital Riviera-Chablais (HRC), 1847 Rennaz, Route du Vieux-Séquoia 20"},null,{"$f":"CONCATENATE(RIGHT(LEFT(Base!J414,16),5),\" - \",RIGHT(LEFT(Base!K414,16),5))","v":"11:06 - 13:24"},{"$f":"Base!AF414&\" - \"&Base!I414","v":"Maladie - P2"},null,null,null,null,null,null,null,null,null,null,null,null,null,null,null,null,null,null,{"$f":"Base!H414","v":"Monthey"},3,null,null,null,null,null,null,null,null,null,3,null,null,null,null,null,null,null,null,null,null,null,null,null,null,null,null,null,null,null,null,null,{"$f":"IF(Base!U414=\"Privée\",2,1)","v":1},{"$f":"IF(OR(LEFT(Base!AS414,1)=\"1\",LEFT(Base!AS414)=\"2\"),RIGHT(Base!AS414,LEN(Base!AS414)-1),Base!AS414)","v":"756.3864.3058.87"},{"$f":"Base!AU414","v":"Personne"},{"$f":"OR(CONCATENATE(Base!AW414,Base!AX414)=CONCATENATE(Base!AH414,Base!AI414),FO416=\"Établissement\")","v":true},{"$f":"Base!I414","v":"P2"}]
[{"$f":"Base!A423","v":4594},{"$f":"20","v":20},{"$f":"Base!B423","v":"2022-02-25"},null,{"$f":"Base!AE423","v":"VS22004512"},null,null,null,null,null,"<AUTO>",null,null,null,null,"URL (Libre)",null,null,{"$f":"Base!E423&\" - \"&Base!H423&\" - \"&Base!D423","v":"17890 - Monthey - "},{"$f":"IF(AND(Base!AT423<1000,Base!AT423>99),Base!AT423,IF(FO425=\"Établissement\",VALUE(CONCATENATE(LEN(SUBSTITUTE(V425,\" \",\"\")),LEN(V425),AA425,COLUMN(INDIRECT(LEFT(V425,1)&1)),LEN(SUBSTITUTE(V425,\"-\",\"\")))),IF(FN425=\"\",VALUE(CONCATENATE(COLUMN(INDIRECT(LEFT(W425,1)&1)),COLUMN(INDIRECT(LEFT(X425,1)&1)),AO425,CODE(AA425))),VALUE(SUBSTITUTE(SUBSTITUTE(SUBSTITUTE(FN425,\".\",\"\"),\" \",\"\"),\"-\",\"\")))))","v":7563601235323},null,{"$f":"SUBSTITUTE(IF(Base!BF423=0,\"\",Base!BF423),\" (facturation)\",\"\")","v":""},{"$f":"IF(Base!AW423=0,\"\",Base!AH423)","v":"Bertelle"},{"$f":"IF(Base!AX423=0,\"\",Base!AI423)","v":"Joachim"},{"$f":"IF(Base!AW423=0,Base!AY423&\" \"&Base!AZ423,Base!AK423&\" \"&Base!AL423)","v":"Rue du Vieux Pont 32"},{"$f":"IF(IF(Base!AW423=0,Base!BA423,Base!AM423)=0,\"\",IF(Base!AW423=0,Base!BA423,Base!AM423))","v":"Illarsaz"},{"$f":"IF(Base!AW423=0,Base!BB423,Base!AN423)","v":1893},{"$f":"IF(Base!AW423=0,Base!BC423,Base!AO423)","v":"Muraz (Collombey)"},null,null,null,null,null,null,null,null,null,null,null,null,{"$f":"Base!AJ423","v":"2001-09-12"},{"$f":"IF(FO425=\"Établissement\",\"\",IF(Base!AG423=\"Masculin\",\"Monsieur\",IF(Base!AG423=\"Féminin\",\"Madame\",\"\")))","v":"Monsieur"},{"$f":"IF(FP425=FALSE,CONCATENATE(IF(Base!AV423=\"Masculin\",\"Monsieur\",IF(Base!AV423=\"Féminin\",\"Madame\",\"\")),\"#chr(13)##chr(10)#\",Base!AW423,\" \",Base!AX423, \"#chr(13)##chr(10)#\",Base!AY423,\" \",Base!AZ423, \"#chr(13)##chr(10)#\",Base!BA423, \"#chr(13)##chr(10)#\",Base!BB423,\" \",Base!BC423),\"\")","v":""},null,"Monsieur",null,{"$f":"IF(AND(Base!AT423<200,Base!AT423>99),1,0)","v":0},null,0,{"$f":"Base!BG423","v":9402},{"$f":"Base!BH423& \"#chr(13)##chr(10)#\" &Base!BI423","v":"Taxe de base transport P2#chr(13)##chr(10)#"},null,{"$f":"Base!BJ423","v":1},{"$f":"Base!BK423","v":300},{"$f":"IF(Base!BL423=\"\",\"\",Base!BL423)","v":""},null,{"$f":"Base!BM423","v":300},null,null,{"$f":"IF(Base!H423=\"Uvrier\",3018,VLOOKUP(FQ425,$GV$2:$GX$7,FM425+1,0))","v":3012},0,0,null,0,null,null,null,null,null,"Libre","BS - 493",null,"BU - 73 - aff",0,null,null,null,null,null,null,null,null,null,null,null,null,null,null,null,null,null,null,null,null,null,null,null,null,null,null,null,null,null,null,null,null,null,{"$f":"Base!AH423&\", \"&Base!AI423","v":"Bertelle, Joachim"},{"$f":"Base!AN423&\" \"&Base!AO423&\", \"&Base!AK423&\" \"&Base!AL423","v":"1893 Muraz (Collombey), Rue du Vieux Pont 32"},{"$f":"CONCATENATE(TEXT(DATE(YEAR(Base!AJ423),MONTH(Base!AJ423),DAY(Base!AJ423)),\"jj.mm.aaaa\"),\", \",FN425,IF(Base!D423=\"\",\"\",\" - \"),Base!D423)","v":"12.09.2001, 756.3601.2353.23"},{"$f":"Base!AR423","v":"Philos Assurance Maladie SA"},{"$f":"LEFT(Base!J423,10)","v":"2022-02-13"},{"$f":"CONCATENATE(Base!L423,IF(Base!L423=0,\"\",\", \"),Base!M423,\" \",Base!N423,\", \",Base!P423,\" \",Base!Q423)","v":"Rue du Vieux Pont 32, 1893 Muraz (Collombey)"},{"$f":"CONCATENATE(Base!V423,\", \",Base!Z423,\" \",Base!AA423,\", \",Base!W423,\" \",Base!X423)","v":"Hôpital Riviera-Chablais (HRC), 1847 Rennaz, Route du Vieux-Séquoia 20"},null,{"$f":"CONCATENATE(RIGHT(LEFT(Base!J423,16),5),\" - \",RIGHT(LEFT(Base!K423,16),5))","v":"12:19 - 13:26"},{"$f":"Base!AF423&\" - \"&Base!I423","v":"Maladie - P2"},null,null,null,null,null,null,null,null,null,null,null,null,null,null,null,null,null,null,{"$f":"Base!H423","v":"Monthey"},3,null,null,null,null,null,null,null,null,null,3,null,null,null,null,null,null,null,null,null,null,null,null,null,null,null,null,null,null,null,null,null,{"$f":"IF(Base!U423=\"Privée\",2,1)","v":2},{"$f":"IF(OR(LEFT(Base!AS423,1)=\"1\",LEFT(Base!AS423)=\"2\"),RIGHT(Base!AS423,LEN(Base!AS423)-1),Base!AS423)","v":"756.3601.2353.23"},{"$f":"Base!AU423","v":"Personne"},{"$f":"OR(CONCATENATE(Base!AW423,Base!AX423)=CONCATENATE(Base!AH423,Base!AI423),FO425=\"Établissement\")","v":true},{"$f":"Base!I423","v":"P2"}]
[{"$f":"Base!A424","v":4594},{"$f":"20","v":20},{"$f":"Base!B424","v":"2022-02-25"},null,{"$f":"Base!AE424","v":"VS22004512"},null,null,null,null,null,"<AUTO>",null,null,null,null,"URL (Libre)",null,null,{"$f":"Base!E424&\" - \"&Base!H424&\" - \"&Base!D424","v":"17890 - Monthey - "},{"$f":"IF(AND(Base!AT424<1000,Base!AT424>99),Base!AT424,IF(FO426=\"Établissement\",VALUE(CONCATENATE(LEN(SUBSTITUTE(V426,\" \",\"\")),LEN(V426),AA426,COLUMN(INDIRECT(LEFT(V426,1)&1)),LEN(SUBSTITUTE(V426,\"-\",\"\")))),IF(FN426=\"\",VALUE(CONCATENATE(COLUMN(INDIRECT(LEFT(W426,1)&1)),COLUMN(INDIRECT(LEFT(X426,1)&1)),AO426,CODE(AA426))),VALUE(SUBSTITUTE(SUBSTITUTE(SUBSTITUTE(FN426,\".\",\"\"),\" \",\"\"),\"-\",\"\")))))","v":7563601235323},null,{"$f":"SUBSTITUTE(IF(Base!BF424=0,\"\",Base!BF424),\" (facturation)\",\"\")","v":""},{"$f":"IF(Base!AW424=0,\"\",Base!AH424)","v":"Bertelle"},{"$f":"IF(Base!AX424=0,\"\",Base!AI424)","v":"Joachim"},{"$f":"IF(Base!AW424=0,Base!AY424&\" \"&Base!AZ424,Base!AK424&\" \"&Base!AL424)","v":"Rue du Vieux Pont 32"},{"$f":"IF(IF(Base!AW424=0,Base!BA424,Base!AM424)=0,\"\",IF(Base!AW424=0,Base!BA424,Base!AM424))","v":"Illarsaz"},{"$f":"IF(Base!AW424=0,Base!BB424,Base!AN424)","v":1893},{"$f":"IF(Base!AW424=0,Base!BC424,Base!AO424)","v":"Muraz (Collombey)"},null,null,null,null,null,null,null,null,null,null,null,null,{"$f":"Base!AJ424","v":"2001-09-12"},{"$f":"IF(FO426=\"Établissement\",\"\",IF(Base!AG424=\"Masculin\",\"Monsieur\",IF(Base!AG424=\"Féminin\",\"Madame\",\"\")))","v":"Monsieur"},{"$f":"IF(FP426=FALSE,CONCATENATE(IF(Base!AV424=\"Masculin\",\"Monsieur\",IF(Base!AV424=\"Féminin\",\"Madame\",\"\")),\"#chr(13)##chr(10)#\",Base!AW424,\" \",Base!AX424, \"#chr(13)##chr(10)#\",Base!AY424,\" \",Base!AZ424, \"#chr(13)##chr(10)#\",Base!BA424, \"#chr(13)##chr(10)#\",Base!BB424,\" \",Base!BC424),\"\")","v":""},null,"Monsieur",null,{"$f":"IF(AND(Base!AT424<200,Base!AT424>99),1,0)","v":0},null,0,{"$f":"Base!BG424","v":9404},{"$f":"Base!BH424& \"#chr(13)##chr(10)#\" &Base!BI424","v":"Indemnisation kilométrique#chr(13)##chr(10)#"},null,{"$f":"Base!BJ424","v":30},{"$f":"Base!BK424","v":4.5},{"$f":"IF(Base!BL424=\"\",\"\",Base!BL424)","v":"km"},null,{"$f":"Base!BM424","v":135},null,null,{"$f":"IF(Base!H424=\"Uvrier\",3018,VLOOKUP(FQ426,$GV$2:$GX$7,FM426+1,0))","v":3012},0,0,null,0,null,null,null,null,null,"Libre","BS - 494",null,"BU - 73 - aff",0,null,null,null,null,null,null,null,null,null,null,null,null,null,null,null,null,null,null,null,null,null,null,null,null,null,null,null,null,null,null,null,null,null,{"$f":"Base!AH424&\", \"&Base!AI424","v":"Bertelle, Joachim"},{"$f":"Base!AN424&\" \"&Base!AO424&\", \"&Base!AK424&\" \"&Base!AL424","v":"1893 Muraz (Collombey), Rue du Vieux Pont 32"},{"$f":"CONCATENATE(TEXT(DATE(YEAR(Base!AJ424),MONTH(Base!AJ424),DAY(Base!AJ424)),\"jj.mm.aaaa\"),\", \",FN426,IF(Base!D424=\"\",\"\",\" - \"),Base!D424)","v":"12.09.2001, 756.3601.2353.23"},{"$f":"Base!AR424","v":"Philos Assurance Maladie SA"},{"$f":"LEFT(Base!J424,10)","v":"2022-02-13"},{"$f":"CONCATENATE(Base!L424,IF(Base!L424=0,\"\",\", \"),Base!M424,\" \",Base!N424,\", \",Base!P424,\" \",Base!Q424)","v":"Rue du Vieux Pont 32, 1893 Muraz (Collombey)"},{"$f":"CONCATENATE(Base!V424,\", \",Base!Z424,\" \",Base!AA424,\", \",Base!W424,\" \",Base!X424)","v":"Hôpital Riviera-Chablais (HRC), 1847 Rennaz, Route du Vieux-Séquoia 20"},null,{"$f":"CONCATENATE(RIGHT(LEFT(Base!J424,16),5),\" - \",RIGHT(LEFT(Base!K424,16),5))","v":"12:19 - 13:26"},{"$f":"Base!AF424&\" - \"&Base!I424","v":"Maladie - P2"},null,null,null,null,null,null,null,null,null,null,null,null,null,null,null,null,null,null,{"$f":"Base!H424","v":"Monthey"},3,null,null,null,null,null,null,null,null,null,3,null,null,null,null,null,null,null,null,null,null,null,null,null,null,null,null,null,null,null,null,null,{"$f":"IF(Base!U424=\"Privée\",2,1)","v":2},{"$f":"IF(OR(LEFT(Base!AS424,1)=\"1\",LEFT(Base!AS424)=\"2\"),RIGHT(Base!AS424,LEN(Base!AS424)-1),Base!AS424)","v":"756.3601.2353.23"},{"$f":"Base!AU424","v":"Personne"},{"$f":"OR(CONCATENATE(Base!AW424,Base!AX424)=CONCATENATE(Base!AH424,Base!AI424),FO426=\"Établissement\")","v":true},{"$f":"Base!I424","v":"P2"}]
[{"$f":"Base!A433","v":4596},{"$f":"20","v":20},{"$f":"Base!B433","v":"2022-02-25"},null,{"$f":"Base!AE433","v":"VS22004599"},null,null,null,null,null,"<AUTO>",null,null,null,null,"URL (Libre)",null,null,{"$f":"Base!E433&\" - \"&Base!H433&\" - \"&Base!D433","v":"17972 - Monthey - "},{"$f":"IF(AND(Base!AT433<1000,Base!AT433>99),Base!AT433,IF(FO435=\"Établissement\",VALUE(CONCATENATE(LEN(SUBSTITUTE(V435,\" \",\"\")),LEN(V435),AA435,COLUMN(INDIRECT(LEFT(V435,1)&1)),LEN(SUBSTITUTE(V435,\"-\",\"\")))),IF(FN435=\"\",VALUE(CONCATENATE(COLUMN(INDIRECT(LEFT(W435,1)&1)),COLUMN(INDIRECT(LEFT(X435,1)&1)),AO435,CODE(AA435))),VALUE(SUBSTITUTE(SUBSTITUTE(SUBSTITUTE(FN435,\".\",\"\"),\" \",\"\"),\"-\",\"\")))))","v":121},null,{"$f":"SUBSTITUTE(IF(Base!BF433=0,\"\",Base!BF433),\" (facturation)\",\"\")","v":"Suva Sion - Service Center"},{"$f":"IF(Base!AW433=0,\"\",Base!AH433)","v":""},{"$f":"IF(Base!AX433=0,\"\",Base!AI433)","v":""},{"$f":"IF(Base!AW433=0,Base!AY433&\" \"&Base!AZ433,Base!AK433&\" \"&Base!AL433)","v":"Postfach "},{"$f":"IF(IF(Base!AW433=0,Base!BA433,Base!AM433)=0,\"\",IF(Base!AW433=0,Base!BA433,Base!AM433))","v":""},{"$f":"IF(Base!AW433=0,Base!BB433,Base!AN433)","v":6009},{"$f":"IF(Base!AW433=0,Base!BC433,Base!AO433)","v":"Luzern"},null,null,null,null,null,null,null,null,null,null,null,null,{"$f":"Base!AJ433","v":"1961-12-24"},{"$f":"IF(FO435=\"Établissement\",\"\",IF(Base!AG433=\"Masculin\",\"Monsieur\",IF(Base!AG433=\"Féminin\",\"Madame\",\"\")))","v":""},{"$f":"IF(FP435=FALSE,CONCATENATE(IF(Base!AV433=\"Masculin\",\"Monsieur\",IF(Base!AV433=\"Féminin\",\"Madame\",\"\")),\"#chr(13)##chr(10)#\",Base!AW433,\" \",Base!AX433, \"#chr(13)##chr(10)#\",Base!AY433,\" \",Base!AZ433, \"#chr(13)##chr(10)#\",Base!BA433, \"#chr(13)##chr(10)#\",Base!BB433,\" \",Base!BC433),\"\")","v":""},null,"",null,{"$f":"IF(AND(Base!AT433<200,Base!AT433>99),1,0)","v":1},null,0,{"$f":"Base!BG433","v":9401},{"$f":"Base!BH433& \"#chr(13)##chr(10)#\" &Base!BI433","v":"Taxe de base sauvetage P1#chr(13)##chr(10)#"},null,{"$f":"Base!BJ433","v":1},{"$f":"Base!BK433","v":300},{"$f":"IF(Base!BL433=\"\",\"\",Base!BL433)","v":""},null,{"$f":"Base!BM433","v":300},null,null,{"$f":"IF(Base!H433=\"Uvrier\",3018,VLOOKUP(FQ435,$GV$2:$GX$7,FM435+1,0))","v":3001},0,0,null,0,null,null,null,null,null,"Libre","BS - 503",null,"BU - 73 - aff",0,null,null,null,null,null,null,null,null,null,null,null,null,null,null,null,null,null,null,null,null,null,null,null,null,null,null,null,null,null,null,null,null,null,{"$f":"Base!AH433&\", \"&Base!AI433","v":"Pinto De Castro, Alfredo"},{"$f":"Base!AN433&\" \"&Base!AO433&\", \"&Base!AK433&\" \"&Base!AL433","v":"1870 Monthey, Rue du Closillon 4"},{"$f":"CONCATENATE(TEXT(DATE(YEAR(Base!AJ433),MONTH(Base!AJ433),DAY(Base!AJ433)),\"jj.mm.aaaa\"),\", \",FN435,IF(Base!D433=\"\",\"\",\" - \"),Base!D433)","v":"24.12.1961, 756.9059.1033.44"},{"$f":"Base!AR433","v":"Suva, Sion"},{"$f":"LEFT(Base!J433,10)","v":"2022-02-14"},{"$f":"CONCATENATE(Base!L433,IF(Base!L433=0,\"\",\", \"),Base!M433,\" \",Base!N433,\", \",Base!P433,\" \",Base!Q433)","v":"Rue du Closillon 4, 1870 Monthey"},{"$f":"CONCATENATE(Base!V433,\", \",Base!Z433,\" \",Base!AA433,\", \",Base!W433,\" \",Base!X433)","v":"Hôpital Riviera-Chablais (HRC), 1847 Rennaz, Route du Vieux-Séquoia 20"},null,{"$f":"CONCATENATE(RIGHT(LEFT(Base!J433,16),5),\" - \",RIGHT(LEFT(Base!K433,16),5))","v":"05:10 - 06:15"},{"$f":"Base!AF433&\" - \"&Base!I433","v":"Accident - P1"},null,null,null,null,null,null,null,null,null,null,null,null,null,null,null,null,null,null,{"$f":"Base!H433","v":"Monthey"},3,null,null,null,null,null,null,null,null,null,3,null,null,null,null,null,null,null,null,null,null,null,null,null,null,null,null,null,null,null,null,null,{"$f":"IF(Base!U433=\"Privée\",2,1)","v":1},{"$f":"IF(OR(LEFT(Base!AS433,1)=\"1\",LEFT(Base!AS433)=\"2\"),RIGHT(Base!AS433,LEN(Base!AS433)-1),Base!AS433)","v":"756.9059.1033.44"},{"$f":"Base!AU433","v":"Établissement"},{"$f":"OR(CONCATENATE(Base!AW433,Base!AX433)=CONCATENATE(Base!AH433,Base!AI433),FO435=\"Établissement\")","v":true},{"$f":"Base!I433","v":"P1"}]
[{"$f":"Base!A442","v":4599},{"$f":"20","v":20},{"$f":"Base!B442","v":"2022-02-25"},null,{"$f":"Base!AE442","v":"VS22004645"},null,null,null,null,null,"<AUTO>",null,null,null,null,"URL (Libre)",null,null,{"$f":"Base!E442&\" - \"&Base!H442&\" - \"&Base!D442","v":"18016 - Monthey - 2210387/49"},{"$f":"IF(AND(Base!AT442<1000,Base!AT442>99),Base!AT442,IF(FO444=\"Établissement\",VALUE(CONCATENATE(LEN(SUBSTITUTE(V444,\" \",\"\")),LEN(V444),AA444,COLUMN(INDIRECT(LEFT(V444,1)&1)),LEN(SUBSTITUTE(V444,\"-\",\"\")))),IF(FN444=\"\",VALUE(CONCATENATE(COLUMN(INDIRECT(LEFT(W444,1)&1)),COLUMN(INDIRECT(LEFT(X444,1)&1)),AO444,CODE(AA444))),VALUE(SUBSTITUTE(SUBSTITUTE(SUBSTITUTE(FN444,\".\",\"\"),\" \",\"\"),\"-\",\"\")))))","v":101},null,{"$f":"SUBSTITUTE(IF(Base!BF442=0,\"\",Base!BF442),\" (facturation)\",\"\")","v":"Hôpital du Valais - Direction des Finances/Service des fournisseurs"},{"$f":"IF(Base!AW442=0,\"\",Base!AH442)","v":""},{"$f":"IF(Base!AX442=0,\"\",Base!AI442)","v":""},{"$f":"IF(Base!AW442=0,Base!AY442&\" \"&Base!AZ442,Base!AK442&\" \"&Base!AL442)","v":"Avenue Grand-Champsec 86"},{"$f":"IF(IF(Base!AW442=0,Base!BA442,Base!AM442)=0,\"\",IF(Base!AW442=0,Base!BA442,Base!AM442))","v":"Case postale 696"},{"$f":"IF(Base!AW442=0,Base!BB442,Base!AN442)","v":1951},{"$f":"IF(Base!AW442=0,Base!BC442,Base!AO442)","v":"Sion"},null,null,null,null,null,null,null,null,null,null,null,null,{"$f":"Base!AJ442","v":"2001-03-27"},{"$f":"IF(FO444=\"Établissement\",\"\",IF(Base!AG442=\"Masculin\",\"Monsieur\",IF(Base!AG442=\"Féminin\",\"Madame\",\"\")))","v":""},{"$f":"IF(FP444=FALSE,CONCATENATE(IF(Base!AV442=\"Masculin\",\"Monsieur\",IF(Base!AV442=\"Féminin\",\"Madame\",\"\")),\"#chr(13)##chr(10)#\",Base!AW442,\" \",Base!AX442, \"#chr(13)##chr(10)#\",Base!AY442,\" \",Base!AZ442, \"#chr(13)##chr(10)#\",Base!BA442, \"#chr(13)##chr(10)#\",Base!BB442,\" \",Base!BC442),\"\")","v":""},null,"",null,{"$f":"IF(AND(Base!AT442<200,Base!AT442>99),1,0)","v":1},null,0,{"$f":"Base!BG442","v":9440},{"$f":"Base!BH442& \"#chr(13)##chr(10)#\" &Base!BI442","v":"Matériel - Prestation standard#chr(13)##chr(10)#"},null,{"$f":"Base!BJ442","v":1},{"$f":"Base!BK442","v":0},{"$f":"IF(Base!BL442=\"\",\"\",Base!BL442)","v":""},null,{"$f":"Base!BM442","v":0},null,null,{"$f":"IF(Base!H442=\"Uvrier\",3018,VLOOKUP(FQ444,$GV$2:$GX$7,FM444+1,0))","v":3004},0,0,null,0,null,null,null,null,null,"Libre","BS - 512",null,"BU - 73 - aff",0,null,null,null,null,null,null,null,null,null,null,null,null,null,null,null,null,null,null,null,null,null,null,null,null,null,null,null,null,null,null,null,null,null,{"$f":"Base!AH442&\", \"&Base!AI442","v":"Hetzel, Maxime"},{"$f":"Base!AN442&\" \"&Base!AO442&\", \"&Base!AK442&\" \"&Base!AL442","v":"1950 Sion, Rue des Platanes 17"},{"$f":"CONCATENATE(TEXT(DATE(YEAR(Base!AJ442),MONTH(Base!AJ442),DAY(Base!AJ442)),\"jj.mm.aaaa\"),\", \",FN444,IF(Base!D442=\"\",\"\",\" - \"),Base!D442)","v":"27.03.2001, 756.6026.7613.23 - 2210387/49"},{"$f":"Base!AR442","v":"Groupe Mutuel Assurances GMA SA"},{"$f":"LEFT(Base!J442,10)","v":"2022-02-14"},{"$f":"CONCATENATE(Base!L442,IF(Base!L442=0,\"\",\", \"),Base!M442,\" \",Base!N442,\", \",Base!P442,\" \",Base!Q442)","v":"Hôpital de Malévoz, Route de Morgins 10, 1870 Monthey"},{"$f":"CONCATENATE(Base!V442,\", \",Base!Z442,\" \",Base!AA442,\", \",Base!W442,\" \",Base!X442)","v":"Hôpital de Sion, 1950 Sion, Avenue du Grand-Champsec 80"},null,{"$f":"CONCATENATE(RIGHT(LEFT(Base!J442,16),5),\" - \",RIGHT(LEFT(Base!K442,16),5))","v":"12:48 - 15:00"},{"$f":"Base!AF442&\" - \"&Base!I442","v":"Accident - S1"},null,null,null,null,null,null,null,null,null,null,null,null,null,null,null,null,null,null,{"$f":"Base!H442","v":"Monthey"},3,null,null,null,null,null,null,null,null,null,3,null,null,null,null,null,null,null,null,null,null,null,null,null,null,null,null,null,null,null,null,null,{"$f":"IF(Base!U442=\"Privée\",2,1)","v":1},{"$f":"IF(OR(LEFT(Base!AS442,1)=\"1\",LEFT(Base!AS442)=\"2\"),RIGHT(Base!AS442,LEN(Base!AS442)-1),Base!AS442)","v":"756.6026.7613.23"},{"$f":"Base!AU442","v":"Établissement"},{"$f":"OR(CONCATENATE(Base!AW442,Base!AX442)=CONCATENATE(Base!AH442,Base!AI442),FO444=\"Établissement\")","v":true},{"$f":"Base!I442","v":"S1"}]
[{"$f":"Base!A444","v":4602},{"$f":"20","v":20},{"$f":"Base!B444","v":"2022-02-25"},null,{"$f":"Base!AE444","v":"VS22004615"},null,null,null,null,null,"<AUTO>",null,null,null,null,"URL (Libre)",null,null,{"$f":"Base!E444&\" - \"&Base!H444&\" - \"&Base!D444","v":"17987 - Monthey - "},{"$f":"IF(AND(Base!AT444<1000,Base!AT444>99),Base!AT444,IF(FO446=\"Établissement\",VALUE(CONCATENATE(LEN(SUBSTITUTE(V446,\" \",\"\")),LEN(V446),AA446,COLUMN(INDIRECT(LEFT(V446,1)&1)),LEN(SUBSTITUTE(V446,\"-\",\"\")))),IF(FN446=\"\",VALUE(CONCATENATE(COLUMN(INDIRECT(LEFT(W446,1)&1)),COLUMN(INDIRECT(LEFT(X446,1)&1)),AO446,CODE(AA446))),VALUE(SUBSTITUTE(SUBSTITUTE(SUBSTITUTE(FN446,\".\",\"\"),\" \",\"\"),\"-\",\"\")))))","v":102},null,{"$f":"SUBSTITUTE(IF(Base!BF444=0,\"\",Base!BF444),\" (facturation)\",\"\")","v":"Clinique Bernoise Montana - Secrétariat médical"},{"$f":"IF(Base!AW444=0,\"\",Base!AH444)","v":""},{"$f":"IF(Base!AX444=0,\"\",Base!AI444)","v":""},{"$f":"IF(Base!AW444=0,Base!AY444&\" \"&Base!AZ444,Base!AK444&\" \"&Base!AL444)","v":"Impasse Palace Bellevue 1"},{"$f":"IF(IF(Base!AW444=0,Base!BA444,Base!AM444)=0,\"\",IF(Base!AW444=0,Base!BA444,Base!AM444))","v":""},{"$f":"IF(Base!AW444=0,Base!BB444,Base!AN444)","v":3963},{"$f":"IF(Base!AW444=0,Base!BC444,Base!AO444)","v":"Crans-Montana"},null,null,null,null,null,null,null,null,null,null,null,null,{"$f":"Base!AJ444","v":"1944-09-26"},{"$f":"IF(FO446=\"Établissement\",\"\",IF(Base!AG444=\"Masculin\",\"Monsieur\",IF(Base!AG444=\"Féminin\",\"Madame\",\"\")))","v":""},{"$f":"IF(FP446=FALSE,CONCATENATE(IF(Base!AV444=\"Masculin\",\"Monsieur\",IF(Base!AV444=\"Féminin\",\"Madame\",\"\")),\"#chr(13)##chr(10)#\",Base!AW444,\" \",Base!AX444, \"#chr(13)##chr(10)#\",Base!AY444,\" \",Base!AZ444, \"#chr(13)##chr(10)#\",Base!BA444, \"#chr(13)##chr(10)#\",Base!BB444,\" \",Base!BC444),\"\")","v":""},null,"",null,{"$f":"IF(AND(Base!AT444<200,Base!AT444>99),1,0)","v":1},null,0,{"$f":"Base!BG444","v":"CLN.9403 "},{"$f":"Base!BH444& \"#chr(13)##chr(10)#\" &Base!BI444","v":"Taxe de base transport S3#chr(13)##chr(10)#"},null,{"$f":"Base!BJ444","v":1},{"$f":"Base!BK444","v":200},{"$f":"IF(Base!BL444=\"\",\"\",Base!BL444)","v":""},null,{"$f":"Base!BM444","v":200},null,null,{"$f":"IF(Base!H444=\"Uvrier\",3018,VLOOKUP(FQ446,$GV$2:$GX$7,FM446+1,0))","v":3015},0,0,null,0,null,null,null,null,null,"Libre","BS - 514",null,"BU - 73 - aff",0,null,null,null,null,null,null,null,null,null,null,null,null,null,null,null,null,null,null,null,null,null,null,null,null,null,null,null,null,null,null,null,null,null,{"$f":"Base!AH444&\", \"&Base!AI444","v":"Rindel, René"},{"$f":"Base!AN444&\" \"&Base!AO444&\", \"&Base!AK444&\" \"&Base!AL444","v":"1957 Ardon, Route du Simplon 27"},{"$f":"CONCATENATE(TEXT(DATE(YEAR(Base!AJ444),MONTH(Base!AJ444),DAY(Base!AJ444)),\"jj.mm.aaaa\"),\", \",FN446,IF(Base!D444=\"\",\"\",\" - \"),Base!D444)","v":"26.09.1944, 756.6888.5070.77"},{"$f":"Base!AR444","v":"Mutuel Assurance Maladie SA"},{"$f":"LEFT(Base!J444,10)","v":"2022-02-14"},{"$f":"CONCATENATE(Base!L444,IF(Base!L444=0,\"\",\", \"),Base!M444,\" \",Base!N444,\", \",Base!P444,\" \",Base!Q444)","v":"Clinique Bernoise, Impasse Palace Bellevue 1, 3963 Crans-Montana"},{"$f":"CONCATENATE(Base!V444,\", \",Base!Z444,\" \",Base!AA444,\", \",Base!W444,\" \",Base!X444)","v":"Hôpital de Sion, 1950 Sion, Avenue du Grand-Champsec 80"},null,{"$f":"CONCATENATE(RIGHT(LEFT(Base!J444,16),5),\" - \",RIGHT(LEFT(Base!K444,16),5))","v":"09:51 - 12:00"},{"$f":"Base!AF444&\" - \"&Base!I444","v":"Maladie - S3"},null,null,null,null,null,null,null,null,null,null,null,null,null,null,null,null,null,null,{"$f":"Base!H444","v":"Monthey"},3,null,null,null,null,null,null,null,null,null,3,null,null,null,null,null,null,null,null,null,null,null,null,null,null,null,null,null,null,null,null,null,{"$f":"IF(Base!U444=\"Privée\",2,1)","v":2},{"$f":"IF(OR(LEFT(Base!AS444,1)=\"1\",LEFT(Base!AS444)=\"2\"),RIGHT(Base!AS444,LEN(Base!AS444)-1),Base!AS444)","v":"756.6888.5070.77"},{"$f":"Base!AU444","v":"Établissement"},{"$f":"OR(CONCATENATE(Base!AW444,Base!AX444)=CONCATENATE(Base!AH444,Base!AI444),FO446=\"Établissement\")","v":true},{"$f":"Base!I444","v":"S3"}]
[{"$f":"Base!A453","v":4605},{"$f":"20","v":20},{"$f":"Base!B453","v":"2022-02-25"},null,{"$f":"Base!AE453","v":"VS22004679"},null,null,null,null,null,"<AUTO>",null,null,null,null,"URL (Libre)",null,null,{"$f":"Base!E453&\" - \"&Base!H453&\" - \"&Base!D453","v":"18049 - Monthey - 2021789/62"},{"$f":"IF(AND(Base!AT453<1000,Base!AT453>99),Base!AT453,IF(FO455=\"Établissement\",VALUE(CONCATENATE(LEN(SUBSTITUTE(V455,\" \",\"\")),LEN(V455),AA455,COLUMN(INDIRECT(LEFT(V455,1)&1)),LEN(SUBSTITUTE(V455,\"-\",\"\")))),IF(FN455=\"\",VALUE(CONCATENATE(COLUMN(INDIRECT(LEFT(W455,1)&1)),COLUMN(INDIRECT(LEFT(X455,1)&1)),AO455,CODE(AA455))),VALUE(SUBSTITUTE(SUBSTITUTE(SUBSTITUTE(FN455,\".\",\"\"),\" \",\"\"),\"-\",\"\")))))","v":101},null,{"$f":"SUBSTITUTE(IF(Base!BF453=0,\"\",Base!BF453),\" (facturation)\",\"\")","v":"Hôpital du Valais - Direction des Finances/Service des fournisseurs"},{"$f":"IF(Base!AW453=0,\"\",Base!AH453)","v":""},{"$f":"IF(Base!AX453=0,\"\",Base!AI453)","v":""},{"$f":"IF(Base!AW453=0,Base!AY453&\" \"&Base!AZ453,Base!AK453&\" \"&Base!AL453)","v":"Avenue Grand-Champsec 86"},{"$f":"IF(IF(Base!AW453=0,Base!BA453,Base!AM453)=0,\"\",IF(Base!AW453=0,Base!BA453,Base!AM453))","v":"Case postale 696"},{"$f":"IF(Base!AW453=0,Base!BB453,Base!AN453)","v":1951},{"$f":"IF(Base!AW453=0,Base!BC453,Base!AO453)","v":"Sion"},null,null,null,null,null,null,null,null,null,null,null,null,{"$f":"Base!AJ453","v":"1982-07-29"},{"$f":"IF(FO455=\"Établissement\",\"\",IF(Base!AG453=\"Masculin\",\"Monsieur\",IF(Base!AG453=\"Féminin\",\"Madame\",\"\")))","v":""},{"$f":"IF(FP455=FALSE,CONCATENATE(IF(Base!AV453=\"Masculin\",\"Monsieur\",IF(Base!AV453=\"Féminin\",\"Madame\",\"\")),\"#chr(13)##chr(10)#\",Base!AW453,\" \",Base!AX453, \"#chr(13)##chr(10)#\",Base!AY453,\" \",Base!AZ453, \"#chr(13)##chr(10)#\",Base!BA453, \"#chr(13)##chr(10)#\",Base!BB453,\" \",Base!BC453),\"\")","v":""},null,"",null,{"$f":"IF(AND(Base!AT453<200,Base!AT453>99),1,0)","v":1},null,0,{"$f":"Base!BG453","v":9404},{"$f":"Base!BH453& \"#chr(13)##chr(10)#\" &Base!BI453","v":"Indemnisation kilométrique#chr(13)##chr(10)#"},null,{"$f":"Base!BJ453","v":110},{"$f":"Base!BK453","v":4.5},{"$f":"IF(Base!BL453=\"\",\"\",Base!BL453)","v":"km"},null,{"$f":"Base!BM453","v":495},null,null,{"$f":"IF(Base!H453=\"Uvrier\",3018,VLOOKUP(FQ455,$GV$2:$GX$7,FM455+1,0))","v":3004},0,0,null,0,null,null,null,null,null,"Libre","BS - 523",null,"BU - 73 - aff",0,null,null,null,null,null,null,null,null,null,null,null,null,null,null,null,null,null,null,null,null,null,null,null,null,null,null,null,null,null,null,null,null,null,{"$f":"Base!AH453&\", \"&Base!AI453","v":"Fellay, Alejandro Nathaël"},{"$f":"Base!AN453&\" \"&Base!AO453&\", \"&Base!AK453&\" \"&Base!AL453","v":"1964 Conthey, Avenue de la Gare 6"},{"$f":"CONCATENATE(TEXT(DATE(YEAR(Base!AJ453),MONTH(Base!AJ453),DAY(Base!AJ453)),\"jj.mm.aaaa\"),\", \",FN455,IF(Base!D453=\"\",\"\",\" - \"),Base!D453)","v":"29.07.1982, 756.0952.7014.08 - 2021789/62"},{"$f":"Base!AR453","v":"Easy Sana Assurance Maladie SA"},{"$f":"LEFT(Base!J453,10)","v":"2022-02-14"},{"$f":"CONCATENATE(Base!L453,IF(Base!L453=0,\"\",\", \"),Base!M453,\" \",Base!N453,\", \",Base!P453,\" \",Base!Q453)","v":"Hôpital de Malévoz, Route de Morgins 10, 1870 Monthey"},{"$f":"CONCATENATE(Base!V453,\", \",Base!Z453,\" \",Base!AA453,\", \",Base!W453,\" \",Base!X453)","v":"Hôpital de Sion, 1950 Sion, Avenue du Grand-Champsec 80"},null,{"$f":"CONCATENATE(RIGHT(LEFT(Base!J453,16),5),\" - \",RIGHT(LEFT(Base!K453,16),5))","v":"16:34 - 19:03"},{"$f":"Base!AF453&\" - \"&Base!I453","v":"Maladie - S1"},null,null,null,null,null,null,null,null,null,null,null,null,null,null,null,null,null,null,{"$f":"Base!H453","v":"Monthey"},3,null,null,null,null,null,null,null,null,null,3,null,null,null,null,null,null,null,null,null,null,null,null,null,null,null,null,null,null,null,null,null,{"$f":"IF(Base!U453=\"Privée\",2,1)","v":1},{"$f":"IF(OR(LEFT(Base!AS453,1)=\"1\",LEFT(Base!AS453)=\"2\"),RIGHT(Base!AS453,LEN(Base!AS453)-1),Base!AS453)","v":"756.0952.7014.08"},{"$f":"Base!AU453","v":"Établissement"},{"$f":"OR(CONCATENATE(Base!AW453,Base!AX453)=CONCATENATE(Base!AH453,Base!AI453),FO455=\"Établissement\")","v":true},{"$f":"Base!I453","v":"S1"}]
[{"$f":"Base!A456","v":4606},{"$f":"20","v":20},{"$f":"Base!B456","v":"2022-02-25"},null,{"$f":"Base!AE456","v":"VS22004703"},null,null,null,null,null,"<AUTO>",null,null,null,null,"URL (Libre)",null,null,{"$f":"Base!E456&\" - \"&Base!H456&\" - \"&Base!D456","v":"18053 - Monthey - "},{"$f":"IF(AND(Base!AT456<1000,Base!AT456>99),Base!AT456,IF(FO458=\"Établissement\",VALUE(CONCATENATE(LEN(SUBSTITUTE(V458,\" \",\"\")),LEN(V458),AA458,COLUMN(INDIRECT(LEFT(V458,1)&1)),LEN(SUBSTITUTE(V458,\"-\",\"\")))),IF(FN458=\"\",VALUE(CONCATENATE(COLUMN(INDIRECT(LEFT(W458,1)&1)),COLUMN(INDIRECT(LEFT(X458,1)&1)),AO458,CODE(AA458))),VALUE(SUBSTITUTE(SUBSTITUTE(SUBSTITUTE(FN458,\".\",\"\"),\" \",\"\"),\"-\",\"\")))))","v":1373799357},null,{"$f":"SUBSTITUTE(IF(Base!BF456=0,\"\",Base!BF456),\" (facturation)\",\"\")","v":""},{"$f":"IF(Base!AW456=0,\"\",Base!AH456)","v":"Mazzeo"},{"$f":"IF(Base!AX456=0,\"\",Base!AI456)","v":"Georgia"},{"$f":"IF(Base!AW456=0,Base!AY456&\" \"&Base!AZ456,Base!AK456&\" \"&Base!AL456)","v":"Via Roma  12"},{"$f":"IF(IF(Base!AW456=0,Base!BA456,Base!AM456)=0,\"\",IF(Base!AW456=0,Base!BA456,Base!AM456))","v":"Catania, Sicilia"},{"$f":"IF(Base!AW456=0,Base!BB456,Base!AN456)","v":95035},{"$f":"IF(Base!AW456=0,Base!BC456,Base!AO456)","v":"Maletto "},null,null,null,null,null,null,null,null,null,null,null,null,{"$f":"Base!AJ456","v":"2004-01-07"},{"$f":"IF(FO458=\"Établissement\",\"\",IF(Base!AG456=\"Masculin\",\"Monsieur\",IF(Base!AG456=\"Féminin\",\"Madame\",\"\")))","v":"Madame"},{"$f":"IF(FP458=FALSE,CONCATENATE(IF(Base!AV456=\"Masculin\",\"Monsieur\",IF(Base!AV456=\"Féminin\",\"Madame\",\"\")),\"#chr(13)##chr(10)#\",Base!AW456,\" \",Base!AX456, \"#chr(13)##chr(10)#\",Base!AY456,\" \",Base!AZ456, \"#chr(13)##chr(10)#\",Base!BA456, \"#chr(13)##chr(10)#\",Base!BB456,\" \",Base!BC456),\"\")","v":""},null,"Madame",null,{"$f":"IF(AND(Base!AT456<200,Base!AT456>99),1,0)","v":0},null,0,{"$f":"Base!BG456","v":"VS.9501"},{"$f":"Base!BH456& \"#chr(13)##chr(10)#\" &Base!BI456","v":"Taxe de base sauvetage P1#chr(13)##chr(10)#"},null,{"$f":"Base!BJ456","v":1},{"$f":"Base!BK456","v":300},{"$f":"IF(Base!BL456=\"\",\"\",Base!BL456)","v":""},null,{"$f":"Base!BM456","v":300},null,null,{"$f":"IF(Base!H456=\"Uvrier\",3018,VLOOKUP(FQ458,$GV$2:$GX$7,FM458+1,0))","v":3001},0,0,null,0,null,null,null,null,null,"Libre","BS - 526",null,"BU - 73 - aff",0,null,null,null,null,null,null,null,null,null,null,null,null,null,null,null,null,null,null,null,null,null,null,null,null,null,null,null,null,null,null,null,null,null,{"$f":"Base!AH456&\", \"&Base!AI456","v":"Mazzeo, Georgia"},{"$f":"Base!AN456&\" \"&Base!AO456&\", \"&Base!AK456&\" \"&Base!AL456","v":"95035 Maletto , Via Roma  12"},{"$f":"CONCATENATE(TEXT(DATE(YEAR(Base!AJ456),MONTH(Base!AJ456),DAY(Base!AJ456)),\"jj.mm.aaaa\"),\", \",FN458,IF(Base!D456=\"\",\"\",\" - \"),Base!D456)","v":"07.01.2004, "},{"$f":"Base!AR456","v":0},{"$f":"LEFT(Base!J456,10)","v":"2022-02-14"},{"$f":"CONCATENATE(Base!L456,IF(Base!L456=0,\"\",\", \"),Base!M456,\" \",Base!N456,\", \",Base!P456,\" \",Base!Q456)","v":" , 1920 Martigny"},{"$f":"CONCATENATE(Base!V456,\", \",Base!Z456,\" \",Base!AA456,\", \",Base!W456,\" \",Base!X456)","v":"Hôpital de Sion, 1950 Sion, Avenue du Grand-Champsec 80"},null,{"$f":"CONCATENATE(RIGHT(LEFT(Base!J456,16),5),\" - \",RIGHT(LEFT(Base!K456,16),5))","v":"17:49 - 19:40"},{"$f":"Base!AF456&\" - \"&Base!I456","v":"Accident - P1"},null,null,null,null,null,null,null,null,null,null,null,null,null,null,null,null,null,null,{"$f":"Base!H456","v":"Monthey"},3,null,null,null,null,null,null,null,null,null,3,null,null,null,null,null,null,null,null,null,null,null,null,null,null,null,null,null,null,null,null,null,{"$f":"IF(Base!U456=\"Privée\",2,1)","v":1},{"$f":"IF(OR(LEFT(Base!AS456,1)=\"1\",LEFT(Base!AS456)=\"2\"),RIGHT(Base!AS456,LEN(Base!AS456)-1),Base!AS456)","v":""},{"$f":"Base!AU456","v":"Personne"},{"$f":"OR(CONCATENATE(Base!AW456,Base!AX456)=CONCATENATE(Base!AH456,Base!AI456),FO458=\"Établissement\")","v":true},{"$f":"Base!I456","v":"P1"}]
[{"$f":"Base!A463","v":4607},{"$f":"20","v":20},{"$f":"Base!B463","v":"2022-02-25"},null,{"$f":"Base!AE463","v":"VS22004691"},null,null,null,null,null,"<AUTO>",null,null,null,null,"URL (Libre)",null,null,{"$f":"Base!E463&\" - \"&Base!H463&\" - \"&Base!D463","v":"18058 - Monthey - "},{"$f":"IF(AND(Base!AT463<1000,Base!AT463>99),Base!AT463,IF(FO465=\"Établissement\",VALUE(CONCATENATE(LEN(SUBSTITUTE(V465,\" \",\"\")),LEN(V465),AA465,COLUMN(INDIRECT(LEFT(V465,1)&1)),LEN(SUBSTITUTE(V465,\"-\",\"\")))),IF(FN465=\"\",VALUE(CONCATENATE(COLUMN(INDIRECT(LEFT(W465,1)&1)),COLUMN(INDIRECT(LEFT(X465,1)&1)),AO465,CODE(AA465))),VALUE(SUBSTITUTE(SUBSTITUTE(SUBSTITUTE(FN465,\".\",\"\"),\" \",\"\"),\"-\",\"\")))))","v":7569098276528},null,{"$f":"SUBSTITUTE(IF(Base!BF463=0,\"\",Base!BF463),\" (facturation)\",\"\")","v":""},{"$f":"IF(Base!AW463=0,\"\",Base!AH463)","v":"Bertholet"},{"$f":"IF(Base!AX463=0,\"\",Base!AI463)","v":"Sarah"},{"$f":"IF(Base!AW463=0,Base!AY463&\" \"&Base!AZ463,Base!AK463&\" \"&Base!AL463)","v":"Sous les Batailles 1"},{"$f":"IF(IF(Base!AW463=0,Base!BA463,Base!AM463)=0,\"\",IF(Base!AW463=0,Base!BA463,Base!AM463))","v":""},{"$f":"IF(Base!AW463=0,Base!BB463,Base!AN463)","v":1897},{"$f":"IF(Base!AW463=0,Base!BC463,Base!AO463)","v":"Les Evouettes"},null,null,null,null,null,null,null,null,null,null,null,null,{"$f":"Base!AJ463","v":"2004-08-08"},{"$f":"IF(FO465=\"Établissement\",\"\",IF(Base!AG463=\"Masculin\",\"Monsieur\",IF(Base!AG463=\"Féminin\",\"Madame\",\"\")))","v":"Madame"},{"$f":"IF(FP465=FALSE,CONCATENATE(IF(Base!AV463=\"Masculin\",\"Monsieur\",IF(Base!AV463=\"Féminin\",\"Madame\",\"\")),\"#chr(13)##chr(10)#\",Base!AW463,\" \",Base!AX463, \"#chr(13)##chr(10)#\",Base!AY463,\" \",Base!AZ463, \"#chr(13)##chr(10)#\",Base!BA463, \"#chr(13)##chr(10)#\",Base!BB463,\" \",Base!BC463),\"\")","v":"Madame#chr(13)##chr(10)#Bertholet Saadia#chr(13)##chr(10)#Sous les Batailles 1#chr(13)##chr(10)##chr(13)##chr(10)#1897 Les Evouettes"},null,"Madame",null,{"$f":"IF(AND(Base!AT463<200,Base!AT463>99),1,0)","v":0},null,0,{"$f":"Base!BG463","v":9440},{"$f":"Base!BH463& \"#chr(13)##chr(10)#\" &Base!BI463","v":"Matériel - Prestation standard#chr(13)##chr(10)#"},null,{"$f":"Base!BJ463","v":1},{"$f":"Base!BK463","v":0},{"$f":"IF(Base!BL463=\"\",\"\",Base!BL463)","v":""},null,{"$f":"Base!BM463","v":0},null,null,{"$f":"IF(Base!H463=\"Uvrier\",3018,VLOOKUP(FQ465,$GV$2:$GX$7,FM465+1,0))","v":3011},0,0,null,0,null,null,null,null,null,"Libre","BS - 533",null,"BU - 73 - aff",0,null,null,null,null,null,null,null,null,null,null,null,null,null,null,null,null,null,null,null,null,null,null,null,null,null,null,null,null,null,null,null,null,null,{"$f":"Base!AH463&\", \"&Base!AI463","v":"Bertholet, Sarah"},{"$f":"Base!AN463&\" \"&Base!AO463&\", \"&Base!AK463&\" \"&Base!AL463","v":"1897 Les Evouettes, Sous les Batailles 1"},{"$f":"CONCATENATE(TEXT(DATE(YEAR(Base!AJ463),MONTH(Base!AJ463),DAY(Base!AJ463)),\"jj.mm.aaaa\"),\", \",FN465,IF(Base!D463=\"\",\"\",\" - \"),Base!D463)","v":"08.08.2004, 756.9098.2765.28"},{"$f":"Base!AR463","v":"Visana AG"},{"$f":"LEFT(Base!J463,10)","v":"2022-02-14"},{"$f":"CONCATENATE(Base!L463,IF(Base!L463=0,\"\",\", \"),Base!M463,\" \",Base!N463,\", \",Base!P463,\" \",Base!Q463)","v":"Sous les Batailles 1, 1897 Les Evouettes"},{"$f":"CONCATENATE(Base!V463,\", \",Base!Z463,\" \",Base!AA463,\", \",Base!W463,\" \",Base!X463)","v":"Hôpital Riviera-Chablais (HRC), 1847 Rennaz, Route du Vieux-Séquoia 20"},null,{"$f":"CONCATENATE(RIGHT(LEFT(Base!J463,16),5),\" - \",RIGHT(LEFT(Base!K463,16),5))","v":"17:50 - 18:43"},{"$f":"Base!AF463&\" - \"&Base!I463","v":"Maladie - P1"},null,null,null,null,null,null,null,null,null,null,null,null,null,null,null,null,null,null,{"$f":"Base!H463","v":"Monthey"},3,null,null,null,null,null,null,null,null,null,3,null,null,null,null,null,null,null,null,null,null,null,null,null,null,null,null,null,null,null,null,null,{"$f":"IF(Base!U463=\"Privée\",2,1)","v":2},{"$f":"IF(OR(LEFT(Base!AS463,1)=\"1\",LEFT(Base!AS463)=\"2\"),RIGHT(Base!AS463,LEN(Base!AS463)-1),Base!AS463)","v":"756.9098.2765.28"},{"$f":"Base!AU463","v":"Personne"},{"$f":"OR(CONCATENATE(Base!AW463,Base!AX463)=CONCATENATE(Base!AH463,Base!AI463),FO465=\"Établissement\")","v":false},{"$f":"Base!I463","v":"P1"}]
[{"$f":"Base!A472","v":4609},{"$f":"20","v":20},{"$f":"Base!B472","v":"2022-02-25"},null,{"$f":"Base!AE472","v":"VS22004725"},null,null,null,null,null,"<AUTO>",null,null,null,null,"URL (Libre)",null,null,{"$f":"Base!E472&\" - \"&Base!H472&\" - \"&Base!D472","v":"18087 - Monthey - "},{"$f":"IF(AND(Base!AT472<1000,Base!AT472>99),Base!AT472,IF(FO474=\"Établissement\",VALUE(CONCATENATE(LEN(SUBSTITUTE(V474,\" \",\"\")),LEN(V474),AA474,COLUMN(INDIRECT(LEFT(V474,1)&1)),LEN(SUBSTITUTE(V474,\"-\",\"\")))),IF(FN474=\"\",VALUE(CONCATENATE(COLUMN(INDIRECT(LEFT(W474,1)&1)),COLUMN(INDIRECT(LEFT(X474,1)&1)),AO474,CODE(AA474))),VALUE(SUBSTITUTE(SUBSTITUTE(SUBSTITUTE(FN474,\".\",\"\"),\" \",\"\"),\"-\",\"\")))))","v":7563967254914},null,{"$f":"SUBSTITUTE(IF(Base!BF472=0,\"\",Base!BF472),\" (facturation)\",\"\")","v":""},{"$f":"IF(Base!AW472=0,\"\",Base!AH472)","v":"Pont"},{"$f":"IF(Base!AX472=0,\"\",Base!AI472)","v":"Nicolas"},{"$f":"IF(Base!AW472=0,Base!AY472&\" \"&Base!AZ472,Base!AK472&\" \"&Base!AL472)","v":"Chemin de Chantevent 28"},{"$f":"IF(IF(Base!AW472=0,Base!BA472,Base!AM472)=0,\"\",IF(Base!AW472=0,Base!BA472,Base!AM472))","v":""},{"$f":"IF(Base!AW472=0,Base!BB472,Base!AN472)","v":3960},{"$f":"IF(Base!AW472=0,Base!BC472,Base!AO472)","v":"Sierre"},null,null,null,null,null,null,null,null,null,null,null,null,{"$f":"Base!AJ472","v":"1972-04-12"},{"$f":"IF(FO474=\"Établissement\",\"\",IF(Base!AG472=\"Masculin\",\"Monsieur\",IF(Base!AG472=\"Féminin\",\"Madame\",\"\")))","v":"Monsieur"},{"$f":"IF(FP474=FALSE,CONCATENATE(IF(Base!AV472=\"Masculin\",\"Monsieur\",IF(Base!AV472=\"Féminin\",\"Madame\",\"\")),\"#chr(13)##chr(10)#\",Base!AW472,\" \",Base!AX472, \"#chr(13)##chr(10)#\",Base!AY472,\" \",Base!AZ472, \"#chr(13)##chr(10)#\",Base!BA472, \"#chr(13)##chr(10)#\",Base!BB472,\" \",Base!BC472),\"\")","v":""},null,"Monsieur",null,{"$f":"IF(AND(Base!AT472<200,Base!AT472>99),1,0)","v":0},null,0,{"$f":"Base!BG472","v":9431},{"$f":"Base!BH472& \"#chr(13)##chr(10)#\" &Base!BI472","v":"Supplément de nuit#chr(13)##chr(10)#"},null,{"$f":"Base!BJ472","v":1},{"$f":"Base!BK472","v":70},{"$f":"IF(Base!BL472=\"\",\"\",Base!BL472)","v":""},null,{"$f":"Base!BM472","v":70},null,null,{"$f":"IF(Base!H472=\"Uvrier\",3018,VLOOKUP(FQ474,$GV$2:$GX$7,FM474+1,0))","v":3001},0,0,null,0,null,null,null,null,null,"Libre","BS - 542",null,"BU - 73 - aff",0,null,null,null,null,null,null,null,null,null,null,null,null,null,null,null,null,null,null,null,null,null,null,null,null,null,null,null,null,null,null,null,null,null,{"$f":"Base!AH472&\", \"&Base!AI472","v":"Pont, Nicolas"},{"$f":"Base!AN472&\" \"&Base!AO472&\", \"&Base!AK472&\" \"&Base!AL472","v":"3960 Sierre, Chemin de Chantevent 28"},{"$f":"CONCATENATE(TEXT(DATE(YEAR(Base!AJ472),MONTH(Base!AJ472),DAY(Base!AJ472)),\"jj.mm.aaaa\"),\", \",FN474,IF(Base!D472=\"\",\"\",\" - \"),Base!D472)","v":"12.04.1972, 756.3967.2549.14"},{"$f":"Base!AR472","v":"Visana AG"},{"$f":"LEFT(Base!J472,10)","v":"2022-02-15"},{"$f":"CONCATENATE(Base!L472,IF(Base!L472=0,\"\",\", \"),Base!M472,\" \",Base!N472,\", \",Base!P472,\" \",Base!Q472)","v":"Route Industrielle 21, 1897 Bouveret"},{"$f":"CONCATENATE(Base!V472,\", \",Base!Z472,\" \",Base!AA472,\", \",Base!W472,\" \",Base!X472)","v":"Hôpital Riviera-Chablais (HRC), 1847 Rennaz, Route du Vieux-Séquoia 20"},null,{"$f":"CONCATENATE(RIGHT(LEFT(Base!J472,16),5),\" - \",RIGHT(LEFT(Base!K472,16),5))","v":"07:42 - 08:46"},{"$f":"Base!AF472&\" - \"&Base!I472","v":"Maladie - P1"},null,null,null,null,null,null,null,null,null,null,null,null,null,null,null,null,null,null,{"$f":"Base!H472","v":"Monthey"},3,null,null,null,null,null,null,null,null,null,3,null,null,null,null,null,null,null,null,null,null,null,null,null,null,null,null,null,null,null,null,null,{"$f":"IF(Base!U472=\"Privée\",2,1)","v":1},{"$f":"IF(OR(LEFT(Base!AS472,1)=\"1\",LEFT(Base!AS472)=\"2\"),RIGHT(Base!AS472,LEN(Base!AS472)-1),Base!AS472)","v":"756.3967.2549.14"},{"$f":"Base!AU472","v":"Personne"},{"$f":"OR(CONCATENATE(Base!AW472,Base!AX472)=CONCATENATE(Base!AH472,Base!AI472),FO474=\"Établissement\")","v":true},{"$f":"Base!I472","v":"P1"}]
[{"$f":"Base!A473","v":4609},{"$f":"20","v":20},{"$f":"Base!B473","v":"2022-02-25"},null,{"$f":"Base!AE473","v":"VS22004725"},null,null,null,null,null,"<AUTO>",null,null,null,null,"URL (Libre)",null,null,{"$f":"Base!E473&\" - \"&Base!H473&\" - \"&Base!D473","v":"18087 - Monthey - "},{"$f":"IF(AND(Base!AT473<1000,Base!AT473>99),Base!AT473,IF(FO475=\"Établissement\",VALUE(CONCATENATE(LEN(SUBSTITUTE(V475,\" \",\"\")),LEN(V475),AA475,COLUMN(INDIRECT(LEFT(V475,1)&1)),LEN(SUBSTITUTE(V475,\"-\",\"\")))),IF(FN475=\"\",VALUE(CONCATENATE(COLUMN(INDIRECT(LEFT(W475,1)&1)),COLUMN(INDIRECT(LEFT(X475,1)&1)),AO475,CODE(AA475))),VALUE(SUBSTITUTE(SUBSTITUTE(SUBSTITUTE(FN475,\".\",\"\"),\" \",\"\"),\"-\",\"\")))))","v":7563967254914},null,{"$f":"SUBSTITUTE(IF(Base!BF473=0,\"\",Base!BF473),\" (facturation)\",\"\")","v":""},{"$f":"IF(Base!AW473=0,\"\",Base!AH473)","v":"Pont"},{"$f":"IF(Base!AX473=0,\"\",Base!AI473)","v":"Nicolas"},{"$f":"IF(Base!AW473=0,Base!AY473&\" \"&Base!AZ473,Base!AK473&\" \"&Base!AL473)","v":"Chemin de Chantevent 28"},{"$f":"IF(IF(Base!AW473=0,Base!BA473,Base!AM473)=0,\"\",IF(Base!AW473=0,Base!BA473,Base!AM473))","v":""},{"$f":"IF(Base!AW473=0,Base!BB473,Base!AN473)","v":3960},{"$f":"IF(Base!AW473=0,Base!BC473,Base!AO473)","v":"Sierre"},null,null,null,null,null,null,null,null,null,null,null,null,{"$f":"Base!AJ473","v":"1972-04-12"},{"$f":"IF(FO475=\"Établissement\",\"\",IF(Base!AG473=\"Masculin\",\"Monsieur\",IF(Base!AG473=\"Féminin\",\"Madame\",\"\")))","v":"Monsieur"},{"$f":"IF(FP475=FALSE,CONCATENATE(IF(Base!AV473=\"Masculin\",\"Monsieur\",IF(Base!AV473=\"Féminin\",\"Madame\",\"\")),\"#chr(13)##chr(10)#\",Base!AW473,\" \",Base!AX473, \"#chr(13)##chr(10)#\",Base!AY473,\" \",Base!AZ473, \"#chr(13)##chr(10)#\",Base!BA473, \"#chr(13)##chr(10)#\",Base!BB473,\" \",Base!BC473),\"\")","v":""},null,"Monsieur",null,{"$f":"IF(AND(Base!AT473<200,Base!AT473>99),1,0)","v":0},null,0,{"$f":"Base!BG473","v":9440},{"$f":"Base!BH473& \"#chr(13)##chr(10)#\" &Base!BI473","v":"Matériel - Prestation standard#chr(13)##chr(10)#"},null,{"$f":"Base!BJ473","v":1},{"$f":"Base!BK473","v":0},{"$f":"IF(Base!BL473=\"\",\"\",Base!BL473)","v":""},null,{"$f":"Base!BM473","v":0},null,null,{"$f":"IF(Base!H473=\"Uvrier\",3018,VLOOKUP(FQ475,$GV$2:$GX$7,FM475+1,0))","v":3001},0,0,null,0,null,null,null,null,null,"Libre","BS - 543",null,"BU - 73 - aff",0,null,null,null,null,null,null,null,null,null,null,null,null,null,null,null,null,null,null,null,null,null,null,null,null,null,null,null,null,null,null,null,null,null,{"$f":"Base!AH473&\", \"&Base!AI473","v":"Pont, Nicolas"},{"$f":"Base!AN473&\" \"&Base!AO473&\", \"&Base!AK473&\" \"&Base!AL473","v":"3960 Sierre, Chemin de Chantevent 28"},{"$f":"CONCATENATE(TEXT(DATE(YEAR(Base!AJ473),MONTH(Base!AJ473),DAY(Base!AJ473)),\"jj.mm.aaaa\"),\", \",FN475,IF(Base!D473=\"\",\"\",\" - \"),Base!D473)","v":"12.04.1972, 756.3967.2549.14"},{"$f":"Base!AR473","v":"Visana AG"},{"$f":"LEFT(Base!J473,10)","v":"2022-02-15"},{"$f":"CONCATENATE(Base!L473,IF(Base!L473=0,\"\",\", \"),Base!M473,\" \",Base!N473,\", \",Base!P473,\" \",Base!Q473)","v":"Route Industrielle 21, 1897 Bouveret"},{"$f":"CONCATENATE(Base!V473,\", \",Base!Z473,\" \",Base!AA473,\", \",Base!W473,\" \",Base!X473)","v":"Hôpital Riviera-Chablais (HRC), 1847 Rennaz, Route du Vieux-Séquoia 20"},null,{"$f":"CONCATENATE(RIGHT(LEFT(Base!J473,16),5),\" - \",RIGHT(LEFT(Base!K473,16),5))","v":"07:42 - 08:46"},{"$f":"Base!AF473&\" - \"&Base!I473","v":"Maladie - P1"},null,null,null,null,null,null,null,null,null,null,null,null,null,null,null,null,null,null,{"$f":"Base!H473","v":"Monthey"},3,null,null,null,null,null,null,null,null,null,3,null,null,null,null,null,null,null,null,null,null,null,null,null,null,null,null,null,null,null,null,null,{"$f":"IF(Base!U473=\"Privée\",2,1)","v":1},{"$f":"IF(OR(LEFT(Base!AS473,1)=\"1\",LEFT(Base!AS473)=\"2\"),RIGHT(Base!AS473,LEN(Base!AS473)-1),Base!AS473)","v":"756.3967.2549.14"},{"$f":"Base!AU473","v":"Personne"},{"$f":"OR(CONCATENATE(Base!AW473,Base!AX473)=CONCATENATE(Base!AH473,Base!AI473),FO475=\"Établissement\")","v":true},{"$f":"Base!I473","v":"P1"}]
[{"$f":"Base!A482","v":4614},{"$f":"20","v":20},{"$f":"Base!B482","v":"2022-02-25"},null,{"$f":"Base!AE482","v":"VS22004735"},null,null,null,null,null,"<AUTO>",null,null,null,null,"URL (Libre)",null,null,{"$f":"Base!E482&\" - \"&Base!H482&\" - \"&Base!D482","v":"18097 - Monthey - "},{"$f":"IF(AND(Base!AT482<1000,Base!AT482>99),Base!AT482,IF(FO484=\"Établissement\",VALUE(CONCATENATE(LEN(SUBSTITUTE(V484,\" \",\"\")),LEN(V484),AA484,COLUMN(INDIRECT(LEFT(V484,1)&1)),LEN(SUBSTITUTE(V484,\"-\",\"\")))),IF(FN484=\"\",VALUE(CONCATENATE(COLUMN(INDIRECT(LEFT(W484,1)&1)),COLUMN(INDIRECT(LEFT(X484,1)&1)),AO484,CODE(AA484))),VALUE(SUBSTITUTE(SUBSTITUTE(SUBSTITUTE(FN484,\".\",\"\"),\" \",\"\"),\"-\",\"\")))))","v":7564456257997},null,{"$f":"SUBSTITUTE(IF(Base!BF482=0,\"\",Base!BF482),\" (facturation)\",\"\")","v":""},{"$f":"IF(Base!AW482=0,\"\",Base!AH482)","v":"Krstic"},{"$f":"IF(Base!AX482=0,\"\",Base!AI482)","v":"Dimitri"},{"$f":"IF(Base!AW482=0,Base!AY482&\" \"&Base!AZ482,Base!AK482&\" \"&Base!AL482)","v":"Rue Marconi 19"},{"$f":"IF(IF(Base!AW482=0,Base!BA482,Base!AM482)=0,\"\",IF(Base!AW482=0,Base!BA482,Base!AM482))","v":""},{"$f":"IF(Base!AW482=0,Base!BB482,Base!AN482)","v":1920},{"$f":"IF(Base!AW482=0,Base!BC482,Base!AO482)","v":"Martigny"},null,null,null,null,null,null,null,null,null,null,null,null,{"$f":"Base!AJ482","v":"2002-09-04"},{"$f":"IF(FO484=\"Établissement\",\"\",IF(Base!AG482=\"Masculin\",\"Monsieur\",IF(Base!AG482=\"Féminin\",\"Madame\",\"\")))","v":"Monsieur"},{"$f":"IF(FP484=FALSE,CONCATENATE(IF(Base!AV482=\"Masculin\",\"Monsieur\",IF(Base!AV482=\"Féminin\",\"Madame\",\"\")),\"#chr(13)##chr(10)#\",Base!AW482,\" \",Base!AX482, \"#chr(13)##chr(10)#\",Base!AY482,\" \",Base!AZ482, \"#chr(13)##chr(10)#\",Base!BA482, \"#chr(13)##chr(10)#\",Base!BB482,\" \",Base!BC482),\"\")","v":""},null,"Monsieur",null,{"$f":"IF(AND(Base!AT482<200,Base!AT482>99),1,0)","v":0},null,0,{"$f":"Base!BG482","v":9404},{"$f":"Base!BH482& \"#chr(13)##chr(10)#\" &Base!BI482","v":"Indemnisation kilométrique#chr(13)##chr(10)#"},null,{"$f":"Base!BJ482","v":61},{"$f":"Base!BK482","v":4.5},{"$f":"IF(Base!BL482=\"\",\"\",Base!BL482)","v":"km"},null,{"$f":"Base!BM482","v":274.5},null,null,{"$f":"IF(Base!H482=\"Uvrier\",3018,VLOOKUP(FQ484,$GV$2:$GX$7,FM484+1,0))","v":3001},0,0,null,0,null,null,null,null,null,"Libre","BS - 552",null,"BU - 73 - aff",0,null,null,null,null,null,null,null,null,null,null,null,null,null,null,null,null,null,null,null,null,null,null,null,null,null,null,null,null,null,null,null,null,null,{"$f":"Base!AH482&\", \"&Base!AI482","v":"Krstic, Dimitri"},{"$f":"Base!AN482&\" \"&Base!AO482&\", \"&Base!AK482&\" \"&Base!AL482","v":"1920 Martigny, Rue Marconi 19"},{"$f":"CONCATENATE(TEXT(DATE(YEAR(Base!AJ482),MONTH(Base!AJ482),DAY(Base!AJ482)),\"jj.mm.aaaa\"),\", \",FN484,IF(Base!D482=\"\",\"\",\" - \"),Base!D482)","v":"04.09.2002, 756.4456.2579.97"},{"$f":"Base!AR482","v":0},{"$f":"LEFT(Base!J482,10)","v":"2022-02-15"},{"$f":"CONCATENATE(Base!L482,IF(Base!L482=0,\"\",\", \"),Base!M482,\" \",Base!N482,\", \",Base!P482,\" \",Base!Q482)","v":"Route des Cerniers 100, 1871 Les Giettes"},{"$f":"CONCATENATE(Base!V482,\", \",Base!Z482,\" \",Base!AA482,\", \",Base!W482,\" \",Base!X482)","v":"Hôpital Riviera-Chablais (HRC), 1847 Rennaz, Route du Vieux-Séquoia 20"},null,{"$f":"CONCATENATE(RIGHT(LEFT(Base!J482,16),5),\" - \",RIGHT(LEFT(Base!K482,16),5))","v":"09:19 - 11:10"},{"$f":"Base!AF482&\" - \"&Base!I482","v":"Maladie - P1"},null,null,null,null,null,null,null,null,null,null,null,null,null,null,null,null,null,null,{"$f":"Base!H482","v":"Monthey"},3,null,null,null,null,null,null,null,null,null,3,null,null,null,null,null,null,null,null,null,null,null,null,null,null,null,null,null,null,null,null,null,{"$f":"IF(Base!U482=\"Privée\",2,1)","v":1},{"$f":"IF(OR(LEFT(Base!AS482,1)=\"1\",LEFT(Base!AS482)=\"2\"),RIGHT(Base!AS482,LEN(Base!AS482)-1),Base!AS482)","v":"756.4456.2579.97"},{"$f":"Base!AU482","v":"Personne"},{"$f":"OR(CONCATENATE(Base!AW482,Base!AX482)=CONCATENATE(Base!AH482,Base!AI482),FO484=\"Établissement\")","v":true},{"$f":"Base!I482","v":"P1"}]
[{"$f":"Base!A485","v":4615},{"$f":"20","v":20},{"$f":"Base!B485","v":"2022-02-25"},null,{"$f":"Base!AE485","v":"VS22004741"},null,null,null,null,null,"<AUTO>",null,null,null,null,"URL (Libre)",null,null,{"$f":"Base!E485&\" - \"&Base!H485&\" - \"&Base!D485","v":"18103 - Monthey - "},{"$f":"IF(AND(Base!AT485<1000,Base!AT485>99),Base!AT485,IF(FO487=\"Établissement\",VALUE(CONCATENATE(LEN(SUBSTITUTE(V487,\" \",\"\")),LEN(V487),AA487,COLUMN(INDIRECT(LEFT(V487,1)&1)),LEN(SUBSTITUTE(V487,\"-\",\"\")))),IF(FN487=\"\",VALUE(CONCATENATE(COLUMN(INDIRECT(LEFT(W487,1)&1)),COLUMN(INDIRECT(LEFT(X487,1)&1)),AO487,CODE(AA487))),VALUE(SUBSTITUTE(SUBSTITUTE(SUBSTITUTE(FN487,\".\",\"\"),\" \",\"\"),\"-\",\"\")))))","v":7562135138681},null,{"$f":"SUBSTITUTE(IF(Base!BF485=0,\"\",Base!BF485),\" (facturation)\",\"\")","v":""},{"$f":"IF(Base!AW485=0,\"\",Base!AH485)","v":"Isoz"},{"$f":"IF(Base!AX485=0,\"\",Base!AI485)","v":"Anne-Marie"},{"$f":"IF(Base!AW485=0,Base!AY485&\" \"&Base!AZ485,Base!AK485&\" \"&Base!AL485)","v":"Route des Chenolettes 4"},{"$f":"IF(IF(Base!AW485=0,Base!BA485,Base!AM485)=0,\"\",IF(Base!AW485=0,Base!BA485,Base!AM485))","v":"EMS L'Ours"},{"$f":"IF(Base!AW485=0,Base!BB485,Base!AN485)","v":1660},{"$f":"IF(Base!AW485=0,Base!BC485,Base!AO485)","v":"Château-d'Oex"},null,null,null,null,null,null,null,null,null,null,null,null,{"$f":"Base!AJ485","v":"1929-03-15"},{"$f":"IF(FO487=\"Établissement\",\"\",IF(Base!AG485=\"Masculin\",\"Monsieur\",IF(Base!AG485=\"Féminin\",\"Madame\",\"\")))","v":"Madame"},{"$f":"IF(FP487=FALSE,CONCATENATE(IF(Base!AV485=\"Masculin\",\"Monsieur\",IF(Base!AV485=\"Féminin\",\"Madame\",\"\")),\"#chr(13)##chr(10)#\",Base!AW485,\" \",Base!AX485, \"#chr(13)##chr(10)#\",Base!AY485,\" \",Base!AZ485, \"#chr(13)##chr(10)#\",Base!BA485, \"#chr(13)##chr(10)#\",Base!BB485,\" \",Base!BC485),\"\")","v":""},null,"Madame",null,{"$f":"IF(AND(Base!AT485<200,Base!AT485>99),1,0)","v":0},null,0,{"$f":"Base!BG485","v":47073},{"$f":"Base!BH485& \"#chr(13)##chr(10)#\" &Base!BI485","v":"Intervention programmée#chr(13)##chr(10)#"},null,{"$f":"Base!BJ485","v":1},{"$f":"Base!BK485","v":412},{"$f":"IF(Base!BL485=\"\",\"\",Base!BL485)","v":""},null,{"$f":"Base!BM485","v":412},null,null,{"$f":"IF(Base!H485=\"Uvrier\",3018,VLOOKUP(FQ487,$GV$2:$GX$7,FM487+1,0))","v":3015},0,0,null,0,null,null,null,null,null,"Libre","BS - 555",null,"BU - 73 - aff",0,null,null,null,null,null,null,null,null,null,null,null,null,null,null,null,null,null,null,null,null,null,null,null,null,null,null,null,null,null,null,null,null,null,{"$f":"Base!AH485&\", \"&Base!AI485","v":"Isoz, Anne-Marie"},{"$f":"Base!AN485&\" \"&Base!AO485&\", \"&Base!AK485&\" \"&Base!AL485","v":"1660 Château-d'Oex, Route des Chenolettes 4"},{"$f":"CONCATENATE(TEXT(DATE(YEAR(Base!AJ485),MONTH(Base!AJ485),DAY(Base!AJ485)),\"jj.mm.aaaa\"),\", \",FN487,IF(Base!D485=\"\",\"\",\" - \"),Base!D485)","v":"15.03.1929, 756.2135.1386.81"},{"$f":"Base!AR485","v":"Philos Assurance Maladie SA"},{"$f":"LEFT(Base!J485,10)","v":"2022-02-15"},{"$f":"CONCATENATE(Base!L485,IF(Base!L485=0,\"\",\", \"),Base!M485,\" \",Base!N485,\", \",Base!P485,\" \",Base!Q485)","v":"Hôpital Riviera-Chablais (HRC), Route du Vieux-Séquoia 20, 1847 Rennaz"},{"$f":"CONCATENATE(Base!V485,\", \",Base!Z485,\" \",Base!AA485,\", \",Base!W485,\" \",Base!X485)","v":"EMS L'Ours, 1660 Château-d'Oex, Route des Chenolettes 4"},null,{"$f":"CONCATENATE(RIGHT(LEFT(Base!J485,16),5),\" - \",RIGHT(LEFT(Base!K485,16),5))","v":"10:31 - 13:26"},{"$f":"Base!AF485&\" - \"&Base!I485","v":"Accident - S3"},null,null,null,null,null,null,null,null,null,null,null,null,null,null,null,null,null,null,{"$f":"Base!H485","v":"Monthey"},3,null,null,null,null,null,null,null,null,null,3,null,null,null,null,null,null,null,null,null,null,null,null,null,null,null,null,null,null,null,null,null,{"$f":"IF(Base!U485=\"Privée\",2,1)","v":2},{"$f":"IF(OR(LEFT(Base!AS485,1)=\"1\",LEFT(Base!AS485)=\"2\"),RIGHT(Base!AS485,LEN(Base!AS485)-1),Base!AS485)","v":"756.2135.1386.81"},{"$f":"Base!AU485","v":"Personne"},{"$f":"OR(CONCATENATE(Base!AW485,Base!AX485)=CONCATENATE(Base!AH485,Base!AI485),FO487=\"Établissement\")","v":true},{"$f":"Base!I485","v":"S3"}]
[{"$f":"Base!A492","v":4617},{"$f":"20","v":20},{"$f":"Base!B492","v":"2022-02-25"},null,{"$f":"Base!AE492","v":"VS22004749"},null,null,null,null,null,"<AUTO>",null,null,null,null,"URL (Libre)",null,null,{"$f":"Base!E492&\" - \"&Base!H492&\" - \"&Base!D492","v":"18110 - Monthey - "},{"$f":"IF(AND(Base!AT492<1000,Base!AT492>99),Base!AT492,IF(FO494=\"Établissement\",VALUE(CONCATENATE(LEN(SUBSTITUTE(V494,\" \",\"\")),LEN(V494),AA494,COLUMN(INDIRECT(LEFT(V494,1)&1)),LEN(SUBSTITUTE(V494,\"-\",\"\")))),IF(FN494=\"\",VALUE(CONCATENATE(COLUMN(INDIRECT(LEFT(W494,1)&1)),COLUMN(INDIRECT(LEFT(X494,1)&1)),AO494,CODE(AA494))),VALUE(SUBSTITUTE(SUBSTITUTE(SUBSTITUTE(FN494,\".\",\"\"),\" \",\"\"),\"-\",\"\")))))","v":7566284933623},null,{"$f":"SUBSTITUTE(IF(Base!BF492=0,\"\",Base!BF492),\" (facturation)\",\"\")","v":""},{"$f":"IF(Base!AW492=0,\"\",Base!AH492)","v":"Ayer Beites"},{"$f":"IF(Base!AX492=0,\"\",Base!AI492)","v":"Fatima"},{"$f":"IF(Base!AW492=0,Base!AY492&\" \"&Base!AZ492,Base!AK492&\" \"&Base!AL492)","v":"Chemin d'Ouffe 3"},{"$f":"IF(IF(Base!AW492=0,Base!BA492,Base!AM492)=0,\"\",IF(Base!AW492=0,Base!BA492,Base!AM492))","v":""},{"$f":"IF(Base!AW492=0,Base!BB492,Base!AN492)","v":1895},{"$f":"IF(Base!AW492=0,Base!BC492,Base!AO492)","v":"Vionnaz"},null,null,null,null,null,null,null,null,null,null,null,null,{"$f":"Base!AJ492","v":"1972-08-18"},{"$f":"IF(FO494=\"Établissement\",\"\",IF(Base!AG492=\"Masculin\",\"Monsieur\",IF(Base!AG492=\"Féminin\",\"Madame\",\"\")))","v":"Madame"},{"$f":"IF(FP494=FALSE,CONCATENATE(IF(Base!AV492=\"Masculin\",\"Monsieur\",IF(Base!AV492=\"Féminin\",\"Madame\",\"\")),\"#chr(13)##chr(10)#\",Base!AW492,\" \",Base!AX492, \"#chr(13)##chr(10)#\",Base!AY492,\" \",Base!AZ492, \"#chr(13)##chr(10)#\",Base!BA492, \"#chr(13)##chr(10)#\",Base!BB492,\" \",Base!BC492),\"\")","v":""},null,"Madame",null,{"$f":"IF(AND(Base!AT492<200,Base!AT492>99),1,0)","v":0},null,0,{"$f":"Base!BG492","v":9401},{"$f":"Base!BH492& \"#chr(13)##chr(10)#\" &Base!BI492","v":"Taxe de base sauvetage P1#chr(13)##chr(10)#"},null,{"$f":"Base!BJ492","v":1},{"$f":"Base!BK492","v":300},{"$f":"IF(Base!BL492=\"\",\"\",Base!BL492)","v":""},null,{"$f":"Base!BM492","v":300},null,null,{"$f":"IF(Base!H492=\"Uvrier\",3018,VLOOKUP(FQ494,$GV$2:$GX$7,FM494+1,0))","v":3001},0,0,null,0,null,null,null,null,null,"Libre","BS - 562",null,"BU - 73 - aff",0,null,null,null,null,null,null,null,null,null,null,null,null,null,null,null,null,null,null,null,null,null,null,null,null,null,null,null,null,null,null,null,null,null,{"$f":"Base!AH492&\", \"&Base!AI492","v":"Ayer Beites, Fatima"},{"$f":"Base!AN492&\" \"&Base!AO492&\", \"&Base!AK492&\" \"&Base!AL492","v":"1895 Vionnaz, Chemin d'Ouffe 3"},{"$f":"CONCATENATE(TEXT(DATE(YEAR(Base!AJ492),MONTH(Base!AJ492),DAY(Base!AJ492)),\"jj.mm.aaaa\"),\", \",FN494,IF(Base!D492=\"\",\"\",\" - \"),Base!D492)","v":"18.08.1972, 756.6284.9336.23"},{"$f":"Base!AR492","v":"Mutuel Assurance Maladie SA"},{"$f":"LEFT(Base!J492,10)","v":"2022-02-15"},{"$f":"CONCATENATE(Base!L492,IF(Base!L492=0,\"\",\", \"),Base!M492,\" \",Base!N492,\", \",Base!P492,\" \",Base!Q492)","v":"Chemin d'Ouffe 3, 1895 Vionnaz"},{"$f":"CONCATENATE(Base!V492,\", \",Base!Z492,\" \",Base!AA492,\", \",Base!W492,\" \",Base!X492)","v":"Hôpital Riviera-Chablais (HRC), 1847 Rennaz, Route du Vieux-Séquoia 20"},null,{"$f":"CONCATENATE(RIGHT(LEFT(Base!J492,16),5),\" - \",RIGHT(LEFT(Base!K492,16),5))","v":"11:20 - 12:29"},{"$f":"Base!AF492&\" - \"&Base!I492","v":"Accident - P1"},null,null,null,null,null,null,null,null,null,null,null,null,null,null,null,null,null,null,{"$f":"Base!H492","v":"Monthey"},3,null,null,null,null,null,null,null,null,null,3,null,null,null,null,null,null,null,null,null,null,null,null,null,null,null,null,null,null,null,null,null,{"$f":"IF(Base!U492=\"Privée\",2,1)","v":1},{"$f":"IF(OR(LEFT(Base!AS492,1)=\"1\",LEFT(Base!AS492)=\"2\"),RIGHT(Base!AS492,LEN(Base!AS492)-1),Base!AS492)","v":"756.6284.9336.23"},{"$f":"Base!AU492","v":"Personne"},{"$f":"OR(CONCATENATE(Base!AW492,Base!AX492)=CONCATENATE(Base!AH492,Base!AI492),FO494=\"Établissement\")","v":true},{"$f":"Base!I492","v":"P1"}]
[{"$f":"Base!A501","v":4619},{"$f":"20","v":20},{"$f":"Base!B501","v":"2022-02-25"},null,{"$f":"Base!AE501","v":"VS22004764"},null,null,null,null,null,"<AUTO>",null,null,null,null,"URL (Libre)",null,null,{"$f":"Base!E501&\" - \"&Base!H501&\" - \"&Base!D501","v":"18125 - Monthey - "},{"$f":"IF(AND(Base!AT501<1000,Base!AT501>99),Base!AT501,IF(FO503=\"Établissement\",VALUE(CONCATENATE(LEN(SUBSTITUTE(V503,\" \",\"\")),LEN(V503),AA503,COLUMN(INDIRECT(LEFT(V503,1)&1)),LEN(SUBSTITUTE(V503,\"-\",\"\")))),IF(FN503=\"\",VALUE(CONCATENATE(COLUMN(INDIRECT(LEFT(W503,1)&1)),COLUMN(INDIRECT(LEFT(X503,1)&1)),AO503,CODE(AA503))),VALUE(SUBSTITUTE(SUBSTITUTE(SUBSTITUTE(FN503,\".\",\"\"),\" \",\"\"),\"-\",\"\")))))","v":7560541672430},null,{"$f":"SUBSTITUTE(IF(Base!BF501=0,\"\",Base!BF501),\" (facturation)\",\"\")","v":""},{"$f":"IF(Base!AW501=0,\"\",Base!AH501)","v":"Geisser"},{"$f":"IF(Base!AX501=0,\"\",Base!AI501)","v":"Louis"},{"$f":"IF(Base!AW501=0,Base!AY501&\" \"&Base!AZ501,Base!AK501&\" \"&Base!AL501)","v":"Route de Morgins 30"},{"$f":"IF(IF(Base!AW501=0,Base!BA501,Base!AM501)=0,\"\",IF(Base!AW501=0,Base!BA501,Base!AM501))","v":""},{"$f":"IF(Base!AW501=0,Base!BB501,Base!AN501)","v":1870},{"$f":"IF(Base!AW501=0,Base!BC501,Base!AO501)","v":"Monthey"},null,null,null,null,null,null,null,null,null,null,null,null,{"$f":"Base!AJ501","v":"1950-11-21"},{"$f":"IF(FO503=\"Établissement\",\"\",IF(Base!AG501=\"Masculin\",\"Monsieur\",IF(Base!AG501=\"Féminin\",\"Madame\",\"\")))","v":"Monsieur"},{"$f":"IF(FP503=FALSE,CONCATENATE(IF(Base!AV501=\"Masculin\",\"Monsieur\",IF(Base!AV501=\"Féminin\",\"Madame\",\"\")),\"#chr(13)##chr(10)#\",Base!AW501,\" \",Base!AX501, \"#chr(13)##chr(10)#\",Base!AY501,\" \",Base!AZ501, \"#chr(13)##chr(10)#\",Base!BA501, \"#chr(13)##chr(10)#\",Base!BB501,\" \",Base!BC501),\"\")","v":""},null,"Monsieur",null,{"$f":"IF(AND(Base!AT501<200,Base!AT501>99),1,0)","v":0},null,0,{"$f":"Base!BG501","v":9404},{"$f":"Base!BH501& \"#chr(13)##chr(10)#\" &Base!BI501","v":"Indemnisation kilométrique#chr(13)##chr(10)#"},null,{"$f":"Base!BJ501","v":10},{"$f":"Base!BK501","v":4.5},{"$f":"IF(Base!BL501=\"\",\"\",Base!BL501)","v":"km"},null,{"$f":"Base!BM501","v":45},null,null,{"$f":"IF(Base!H501=\"Uvrier\",3018,VLOOKUP(FQ503,$GV$2:$GX$7,FM503+1,0))","v":3003},0,0,null,0,null,null,null,null,null,"Libre","BS - 571",null,"BU - 73 - aff",0,null,null,null,null,null,null,null,null,null,null,null,null,null,null,null,null,null,null,null,null,null,null,null,null,null,null,null,null,null,null,null,null,null,{"$f":"Base!AH501&\", \"&Base!AI501","v":"Geisser, Louis"},{"$f":"Base!AN501&\" \"&Base!AO501&\", \"&Base!AK501&\" \"&Base!AL501","v":"1870 Monthey, Route de Morgins 30"},{"$f":"CONCATENATE(TEXT(DATE(YEAR(Base!AJ501),MONTH(Base!AJ501),DAY(Base!AJ501)),\"jj.mm.aaaa\"),\", \",FN503,IF(Base!D501=\"\",\"\",\" - \"),Base!D501)","v":"21.11.1950, 756.0541.6724.30"},{"$f":"Base!AR501","v":"Arcosana AG"},{"$f":"LEFT(Base!J501,10)","v":"2022-02-15"},{"$f":"CONCATENATE(Base!L501,IF(Base!L501=0,\"\",\", \"),Base!M501,\" \",Base!N501,\", \",Base!P501,\" \",Base!Q501)","v":"Route de Morgins 30, 1870 Monthey"},{"$f":"CONCATENATE(Base!V501,\", \",Base!Z501,\" \",Base!AA501,\", \",Base!W501,\" \",Base!X501)","v":"Maison Santé Chablais, 1868 Collombey, Chemin du Verger 3"},null,{"$f":"CONCATENATE(RIGHT(LEFT(Base!J501,16),5),\" - \",RIGHT(LEFT(Base!K501,16),5))","v":"13:09 - 13:58"},{"$f":"Base!AF501&\" - \"&Base!I501","v":"Maladie - P3"},null,null,null,null,null,null,null,null,null,null,null,null,null,null,null,null,null,null,{"$f":"Base!H501","v":"Monthey"},3,null,null,null,null,null,null,null,null,null,3,null,null,null,null,null,null,null,null,null,null,null,null,null,null,null,null,null,null,null,null,null,{"$f":"IF(Base!U501=\"Privée\",2,1)","v":1},{"$f":"IF(OR(LEFT(Base!AS501,1)=\"1\",LEFT(Base!AS501)=\"2\"),RIGHT(Base!AS501,LEN(Base!AS501)-1),Base!AS501)","v":"756.0541.6724.30"},{"$f":"Base!AU501","v":"Personne"},{"$f":"OR(CONCATENATE(Base!AW501,Base!AX501)=CONCATENATE(Base!AH501,Base!AI501),FO503=\"Établissement\")","v":true},{"$f":"Base!I501","v":"P3"}]
[{"$f":"Base!A508","v":4621},{"$f":"20","v":20},{"$f":"Base!B508","v":"2022-02-25"},null,{"$f":"Base!AE508","v":"VS22004780"},null,null,null,null,null,"<AUTO>",null,null,null,null,"URL (Libre)",null,null,{"$f":"Base!E508&\" - \"&Base!H508&\" - \"&Base!D508","v":"18141 - Monthey - "},{"$f":"IF(AND(Base!AT508<1000,Base!AT508>99),Base!AT508,IF(FO510=\"Établissement\",VALUE(CONCATENATE(LEN(SUBSTITUTE(V510,\" \",\"\")),LEN(V510),AA510,COLUMN(INDIRECT(LEFT(V510,1)&1)),LEN(SUBSTITUTE(V510,\"-\",\"\")))),IF(FN510=\"\",VALUE(CONCATENATE(COLUMN(INDIRECT(LEFT(W510,1)&1)),COLUMN(INDIRECT(LEFT(X510,1)&1)),AO510,CODE(AA510))),VALUE(SUBSTITUTE(SUBSTITUTE(SUBSTITUTE(FN510,\".\",\"\"),\" \",\"\"),\"-\",\"\")))))","v":7566056274664},null,{"$f":"SUBSTITUTE(IF(Base!BF508=0,\"\",Base!BF508),\" (facturation)\",\"\")","v":""},{"$f":"IF(Base!AW508=0,\"\",Base!AH508)","v":"Vergnol"},{"$f":"IF(Base!AX508=0,\"\",Base!AI508)","v":"Charlotte"},{"$f":"IF(Base!AW508=0,Base!AY508&\" \"&Base!AZ508,Base!AK508&\" \"&Base!AL508)","v":"Rue des Granges 4"},{"$f":"IF(IF(Base!AW508=0,Base!BA508,Base!AM508)=0,\"\",IF(Base!AW508=0,Base!BA508,Base!AM508))","v":""},{"$f":"IF(Base!AW508=0,Base!BB508,Base!AN508)","v":1870},{"$f":"IF(Base!AW508=0,Base!BC508,Base!AO508)","v":"Monthey"},null,null,null,null,null,null,null,null,null,null,null,null,{"$f":"Base!AJ508","v":"1996-09-04"},{"$f":"IF(FO510=\"Établissement\",\"\",IF(Base!AG508=\"Masculin\",\"Monsieur\",IF(Base!AG508=\"Féminin\",\"Madame\",\"\")))","v":"Madame"},{"$f":"IF(FP510=FALSE,CONCATENATE(IF(Base!AV508=\"Masculin\",\"Monsieur\",IF(Base!AV508=\"Féminin\",\"Madame\",\"\")),\"#chr(13)##chr(10)#\",Base!AW508,\" \",Base!AX508, \"#chr(13)##chr(10)#\",Base!AY508,\" \",Base!AZ508, \"#chr(13)##chr(10)#\",Base!BA508, \"#chr(13)##chr(10)#\",Base!BB508,\" \",Base!BC508),\"\")","v":""},null,"Madame",null,{"$f":"IF(AND(Base!AT508<200,Base!AT508>99),1,0)","v":0},null,0,{"$f":"Base!BG508","v":"VS.9540"},{"$f":"Base!BH508& \"#chr(13)##chr(10)#\" &Base!BI508","v":"Matériel - Prestation standard#chr(13)##chr(10)#"},null,{"$f":"Base!BJ508","v":1},{"$f":"Base!BK508","v":0},{"$f":"IF(Base!BL508=\"\",\"\",Base!BL508)","v":""},null,{"$f":"Base!BM508","v":0},null,null,{"$f":"IF(Base!H508=\"Uvrier\",3018,VLOOKUP(FQ510,$GV$2:$GX$7,FM510+1,0))","v":3002},0,0,null,0,null,null,null,null,null,"Libre","BS - 578",null,"BU - 73 - aff",0,null,null,null,null,null,null,null,null,null,null,null,null,null,null,null,null,null,null,null,null,null,null,null,null,null,null,null,null,null,null,null,null,null,{"$f":"Base!AH508&\", \"&Base!AI508","v":"Vergnol, Charlotte"},{"$f":"Base!AN508&\" \"&Base!AO508&\", \"&Base!AK508&\" \"&Base!AL508","v":"1870 Monthey, Rue des Granges 4"},{"$f":"CONCATENATE(TEXT(DATE(YEAR(Base!AJ508),MONTH(Base!AJ508),DAY(Base!AJ508)),\"jj.mm.aaaa\"),\", \",FN510,IF(Base!D508=\"\",\"\",\" - \"),Base!D508)","v":"04.09.1996, 756.6056.2746.64"},{"$f":"Base!AR508","v":0},{"$f":"LEFT(Base!J508,10)","v":"2022-02-15"},{"$f":"CONCATENATE(Base!L508,IF(Base!L508=0,\"\",\", \"),Base!M508,\" \",Base!N508,\", \",Base!P508,\" \",Base!Q508)","v":"Avenue de la Gare , 1870 Monthey"},{"$f":"CONCATENATE(Base!V508,\", \",Base!Z508,\" \",Base!AA508,\", \",Base!W508,\" \",Base!X508)","v":"Hôpital Riviera-Chablais (HRC), 1847 Rennaz, Route du Vieux-Séquoia 20"},null,{"$f":"CONCATENATE(RIGHT(LEFT(Base!J508,16),5),\" - \",RIGHT(LEFT(Base!K508,16),5))","v":"15:56 - 16:57"},{"$f":"Base!AF508&\" - \"&Base!I508","v":"Accident - P2"},null,null,null,null,null,null,null,null,null,null,null,null,null,null,null,null,null,null,{"$f":"Base!H508","v":"Monthey"},3,null,null,null,null,null,null,null,null,null,3,null,null,null,null,null,null,null,null,null,null,null,null,null,null,null,null,null,null,null,null,null,{"$f":"IF(Base!U508=\"Privée\",2,1)","v":1},{"$f":"IF(OR(LEFT(Base!AS508,1)=\"1\",LEFT(Base!AS508)=\"2\"),RIGHT(Base!AS508,LEN(Base!AS508)-1),Base!AS508)","v":"756.6056.2746.64"},{"$f":"Base!AU508","v":"Personne"},{"$f":"OR(CONCATENATE(Base!AW508,Base!AX508)=CONCATENATE(Base!AH508,Base!AI508),FO510=\"Établissement\")","v":true},{"$f":"Base!I508","v":"P2"}]
[{"$f":"Base!A511","v":4622},{"$f":"20","v":20},{"$f":"Base!B511","v":"2022-02-25"},null,{"$f":"Base!AE511","v":"VS22004781"},null,null,null,null,null,"<AUTO>",null,null,null,null,"URL (Libre)",null,null,{"$f":"Base!E511&\" - \"&Base!H511&\" - \"&Base!D511","v":"18142 - Monthey - "},{"$f":"IF(AND(Base!AT511<1000,Base!AT511>99),Base!AT511,IF(FO513=\"Établissement\",VALUE(CONCATENATE(LEN(SUBSTITUTE(V513,\" \",\"\")),LEN(V513),AA513,COLUMN(INDIRECT(LEFT(V513,1)&1)),LEN(SUBSTITUTE(V513,\"-\",\"\")))),IF(FN513=\"\",VALUE(CONCATENATE(COLUMN(INDIRECT(LEFT(W513,1)&1)),COLUMN(INDIRECT(LEFT(X513,1)&1)),AO513,CODE(AA513))),VALUE(SUBSTITUTE(SUBSTITUTE(SUBSTITUTE(FN513,\".\",\"\"),\" \",\"\"),\"-\",\"\")))))","v":7564966460115},null,{"$f":"SUBSTITUTE(IF(Base!BF511=0,\"\",Base!BF511),\" (facturation)\",\"\")","v":""},{"$f":"IF(Base!AW511=0,\"\",Base!AH511)","v":"Bourson"},{"$f":"IF(Base!AX511=0,\"\",Base!AI511)","v":"Gladys"},{"$f":"IF(Base!AW511=0,Base!AY511&\" \"&Base!AZ511,Base!AK511&\" \"&Base!AL511)","v":"Rue des Lavandières 3"},{"$f":"IF(IF(Base!AW511=0,Base!BA511,Base!AM511)=0,\"\",IF(Base!AW511=0,Base!BA511,Base!AM511))","v":""},{"$f":"IF(Base!AW511=0,Base!BB511,Base!AN511)","v":1868},{"$f":"IF(Base!AW511=0,Base!BC511,Base!AO511)","v":"Collombey"},null,null,null,null,null,null,null,null,null,null,null,null,{"$f":"Base!AJ511","v":"1981-03-19"},{"$f":"IF(FO513=\"Établissement\",\"\",IF(Base!AG511=\"Masculin\",\"Monsieur\",IF(Base!AG511=\"Féminin\",\"Madame\",\"\")))","v":"Madame"},{"$f":"IF(FP513=FALSE,CONCATENATE(IF(Base!AV511=\"Masculin\",\"Monsieur\",IF(Base!AV511=\"Féminin\",\"Madame\",\"\")),\"#chr(13)##chr(10)#\",Base!AW511,\" \",Base!AX511, \"#chr(13)##chr(10)#\",Base!AY511,\" \",Base!AZ511, \"#chr(13)##chr(10)#\",Base!BA511, \"#chr(13)##chr(10)#\",Base!BB511,\" \",Base!BC511),\"\")","v":""},null,"Madame",null,{"$f":"IF(AND(Base!AT511<200,Base!AT511>99),1,0)","v":0},null,0,{"$f":"Base!BG511","v":9411},{"$f":"Base!BH511& \"#chr(13)##chr(10)#\" &Base!BI511","v":"Personnel soignant reconnu (par personne et par quart d'heure entamé)#chr(13)##chr(10)#"},null,{"$f":"Base!BJ511","v":20},{"$f":"Base!BK511","v":35},{"$f":"IF(Base!BL511=\"\",\"\",Base!BL511)","v":"¼ d'heure"},null,{"$f":"Base!BM511","v":700},null,null,{"$f":"IF(Base!H511=\"Uvrier\",3018,VLOOKUP(FQ513,$GV$2:$GX$7,FM513+1,0))","v":3001},0,0,null,0,null,null,null,null,null,"Libre","BS - 581",null,"BU - 73 - aff",0,null,null,null,null,null,null,null,null,null,null,null,null,null,null,null,null,null,null,null,null,null,null,null,null,null,null,null,null,null,null,null,null,null,{"$f":"Base!AH511&\", \"&Base!AI511","v":"Bourson, Gladys"},{"$f":"Base!AN511&\" \"&Base!AO511&\", \"&Base!AK511&\" \"&Base!AL511","v":"1868 Collombey, Rue des Lavandières 3"},{"$f":"CONCATENATE(TEXT(DATE(YEAR(Base!AJ511),MONTH(Base!AJ511),DAY(Base!AJ511)),\"jj.mm.aaaa\"),\", \",FN513,IF(Base!D511=\"\",\"\",\" - \"),Base!D511)","v":"19.03.1981, 756.4966.4601.15"},{"$f":"Base!AR511","v":"Philos Assurance Maladie SA"},{"$f":"LEFT(Base!J511,10)","v":"2022-02-15"},{"$f":"CONCATENATE(Base!L511,IF(Base!L511=0,\"\",\", \"),Base!M511,\" \",Base!N511,\", \",Base!P511,\" \",Base!Q511)","v":"Chemin des Semilles 15, 1870 Monthey"},{"$f":"CONCATENATE(Base!V511,\", \",Base!Z511,\" \",Base!AA511,\", \",Base!W511,\" \",Base!X511)","v":"Hôpital Riviera-Chablais (HRC), 1847 Rennaz, Route du Vieux-Séquoia 20"},null,{"$f":"CONCATENATE(RIGHT(LEFT(Base!J511,16),5),\" - \",RIGHT(LEFT(Base!K511,16),5))","v":"16:03 - 18:27"},{"$f":"Base!AF511&\" - \"&Base!I511","v":"Maladie - P1"},null,null,null,null,null,null,null,null,null,null,null,null,null,null,null,null,null,null,{"$f":"Base!H511","v":"Monthey"},3,null,null,null,null,null,null,null,null,null,3,null,null,null,null,null,null,null,null,null,null,null,null,null,null,null,null,null,null,null,null,null,{"$f":"IF(Base!U511=\"Privée\",2,1)","v":1},{"$f":"IF(OR(LEFT(Base!AS511,1)=\"1\",LEFT(Base!AS511)=\"2\"),RIGHT(Base!AS511,LEN(Base!AS511)-1),Base!AS511)","v":"756.4966.4601.15"},{"$f":"Base!AU511","v":"Personne"},{"$f":"OR(CONCATENATE(Base!AW511,Base!AX511)=CONCATENATE(Base!AH511,Base!AI511),FO513=\"Établissement\")","v":true},{"$f":"Base!I511","v":"P1"}]
[{"$f":"Base!A520","v":4626},{"$f":"20","v":20},{"$f":"Base!B520","v":"2022-02-25"},null,{"$f":"Base!AE520","v":"VS22004800"},null,null,null,null,null,"<AUTO>",null,null,null,null,"URL (Libre)",null,null,{"$f":"Base!E520&\" - \"&Base!H520&\" - \"&Base!D520","v":"18161 - Monthey - "},{"$f":"IF(AND(Base!AT520<1000,Base!AT520>99),Base!AT520,IF(FO522=\"Établissement\",VALUE(CONCATENATE(LEN(SUBSTITUTE(V522,\" \",\"\")),LEN(V522),AA522,COLUMN(INDIRECT(LEFT(V522,1)&1)),LEN(SUBSTITUTE(V522,\"-\",\"\")))),IF(FN522=\"\",VALUE(CONCATENATE(COLUMN(INDIRECT(LEFT(W522,1)&1)),COLUMN(INDIRECT(LEFT(X522,1)&1)),AO522,CODE(AA522))),VALUE(SUBSTITUTE(SUBSTITUTE(SUBSTITUTE(FN522,\".\",\"\"),\" \",\"\"),\"-\",\"\")))))","v":7564709498030},null,{"$f":"SUBSTITUTE(IF(Base!BF520=0,\"\",Base!BF520),\" (facturation)\",\"\")","v":""},{"$f":"IF(Base!AW520=0,\"\",Base!AH520)","v":"Arnold"},{"$f":"IF(Base!AX520=0,\"\",Base!AI520)","v":"Jonas"},{"$f":"IF(Base!AW520=0,Base!AY520&\" \"&Base!AZ520,Base!AK520&\" \"&Base!AL520)","v":"Rue des Dents-du-Midi 96B"},{"$f":"IF(IF(Base!AW520=0,Base!BA520,Base!AM520)=0,\"\",IF(Base!AW520=0,Base!BA520,Base!AM520))","v":""},{"$f":"IF(Base!AW520=0,Base!BB520,Base!AN520)","v":1868},{"$f":"IF(Base!AW520=0,Base!BC520,Base!AO520)","v":"Collombey"},null,null,null,null,null,null,null,null,null,null,null,null,{"$f":"Base!AJ520","v":"2019-01-11"},{"$f":"IF(FO522=\"Établissement\",\"\",IF(Base!AG520=\"Masculin\",\"Monsieur\",IF(Base!AG520=\"Féminin\",\"Madame\",\"\")))","v":"Monsieur"},{"$f":"IF(FP522=FALSE,CONCATENATE(IF(Base!AV520=\"Masculin\",\"Monsieur\",IF(Base!AV520=\"Féminin\",\"Madame\",\"\")),\"#chr(13)##chr(10)#\",Base!AW520,\" \",Base!AX520, \"#chr(13)##chr(10)#\",Base!AY520,\" \",Base!AZ520, \"#chr(13)##chr(10)#\",Base!BA520, \"#chr(13)##chr(10)#\",Base!BB520,\" \",Base!BC520),\"\")","v":"Monsieur#chr(13)##chr(10)#Arnold Ludovic#chr(13)##chr(10)#Rue des Dents-du-Midi 96B#chr(13)##chr(10)##chr(13)##chr(10)#1868 Collombey"},null,"Monsieur",null,{"$f":"IF(AND(Base!AT520<200,Base!AT520>99),1,0)","v":0},null,0,{"$f":"Base!BG520","v":9404},{"$f":"Base!BH520& \"#chr(13)##chr(10)#\" &Base!BI520","v":"Indemnisation kilométrique#chr(13)##chr(10)#"},null,{"$f":"Base!BJ520","v":33},{"$f":"Base!BK520","v":4.5},{"$f":"IF(Base!BL520=\"\",\"\",Base!BL520)","v":"km"},null,{"$f":"Base!BM520","v":148.5},null,null,{"$f":"IF(Base!H520=\"Uvrier\",3018,VLOOKUP(FQ522,$GV$2:$GX$7,FM522+1,0))","v":3001},0,0,null,0,null,null,null,null,null,"Libre","BS - 590",null,"BU - 73 - aff",0,null,null,null,null,null,null,null,null,null,null,null,null,null,null,null,null,null,null,null,null,null,null,null,null,null,null,null,null,null,null,null,null,null,{"$f":"Base!AH520&\", \"&Base!AI520","v":"Arnold, Jonas"},{"$f":"Base!AN520&\" \"&Base!AO520&\", \"&Base!AK520&\" \"&Base!AL520","v":"1868 Collombey, Rue des Dents-du-Midi 96B"},{"$f":"CONCATENATE(TEXT(DATE(YEAR(Base!AJ520),MONTH(Base!AJ520),DAY(Base!AJ520)),\"jj.mm.aaaa\"),\", \",FN522,IF(Base!D520=\"\",\"\",\" - \"),Base!D520)","v":"11.01.2019, 756.4709.4980.30"},{"$f":"Base!AR520","v":"Helsana Assurances SA"},{"$f":"LEFT(Base!J520,10)","v":"2022-02-15"},{"$f":"CONCATENATE(Base!L520,IF(Base!L520=0,\"\",\", \"),Base!M520,\" \",Base!N520,\", \",Base!P520,\" \",Base!Q520)","v":"Rue des Dents-du-Midi 96B, 1868 Collombey"},{"$f":"CONCATENATE(Base!V520,\", \",Base!Z520,\" \",Base!AA520,\", \",Base!W520,\" \",Base!X520)","v":"Hôpital Riviera-Chablais (HRC), 1847 Rennaz, Route du Vieux-Séquoia 20"},null,{"$f":"CONCATENATE(RIGHT(LEFT(Base!J520,16),5),\" - \",RIGHT(LEFT(Base!K520,16),5))","v":"19:34 - 20:33"},{"$f":"Base!AF520&\" - \"&Base!I520","v":"Maladie - P1"},null,null,null,null,null,null,null,null,null,null,null,null,null,null,null,null,null,null,{"$f":"Base!H520","v":"Monthey"},3,null,null,null,null,null,null,null,null,null,3,null,null,null,null,null,null,null,null,null,null,null,null,null,null,null,null,null,null,null,null,null,{"$f":"IF(Base!U520=\"Privée\",2,1)","v":1},{"$f":"IF(OR(LEFT(Base!AS520,1)=\"1\",LEFT(Base!AS520)=\"2\"),RIGHT(Base!AS520,LEN(Base!AS520)-1),Base!AS520)","v":"756.4709.4980.30"},{"$f":"Base!AU520","v":"Personne"},{"$f":"OR(CONCATENATE(Base!AW520,Base!AX520)=CONCATENATE(Base!AH520,Base!AI520),FO522=\"Établissement\")","v":false},{"$f":"Base!I520","v":"P1"}]
[{"$f":"Base!A521","v":4626},{"$f":"20","v":20},{"$f":"Base!B521","v":"2022-02-25"},null,{"$f":"Base!AE521","v":"VS22004800"},null,null,null,null,null,"<AUTO>",null,null,null,null,"URL (Libre)",null,null,{"$f":"Base!E521&\" - \"&Base!H521&\" - \"&Base!D521","v":"18161 - Monthey - "},{"$f":"IF(AND(Base!AT521<1000,Base!AT521>99),Base!AT521,IF(FO523=\"Établissement\",VALUE(CONCATENATE(LEN(SUBSTITUTE(V523,\" \",\"\")),LEN(V523),AA523,COLUMN(INDIRECT(LEFT(V523,1)&1)),LEN(SUBSTITUTE(V523,\"-\",\"\")))),IF(FN523=\"\",VALUE(CONCATENATE(COLUMN(INDIRECT(LEFT(W523,1)&1)),COLUMN(INDIRECT(LEFT(X523,1)&1)),AO523,CODE(AA523))),VALUE(SUBSTITUTE(SUBSTITUTE(SUBSTITUTE(FN523,\".\",\"\"),\" \",\"\"),\"-\",\"\")))))","v":7564709498030},null,{"$f":"SUBSTITUTE(IF(Base!BF521=0,\"\",Base!BF521),\" (facturation)\",\"\")","v":""},{"$f":"IF(Base!AW521=0,\"\",Base!AH521)","v":"Arnold"},{"$f":"IF(Base!AX521=0,\"\",Base!AI521)","v":"Jonas"},{"$f":"IF(Base!AW521=0,Base!AY521&\" \"&Base!AZ521,Base!AK521&\" \"&Base!AL521)","v":"Rue des Dents-du-Midi 96B"},{"$f":"IF(IF(Base!AW521=0,Base!BA521,Base!AM521)=0,\"\",IF(Base!AW521=0,Base!BA521,Base!AM521))","v":""},{"$f":"IF(Base!AW521=0,Base!BB521,Base!AN521)","v":1868},{"$f":"IF(Base!AW521=0,Base!BC521,Base!AO521)","v":"Collombey"},null,null,null,null,null,null,null,null,null,null,null,null,{"$f":"Base!AJ521","v":"2019-01-11"},{"$f":"IF(FO523=\"Établissement\",\"\",IF(Base!AG521=\"Masculin\",\"Monsieur\",IF(Base!AG521=\"Féminin\",\"Madame\",\"\")))","v":"Monsieur"},{"$f":"IF(FP523=FALSE,CONCATENATE(IF(Base!AV521=\"Masculin\",\"Monsieur\",IF(Base!AV521=\"Féminin\",\"Madame\",\"\")),\"#chr(13)##chr(10)#\",Base!AW521,\" \",Base!AX521, \"#chr(13)##chr(10)#\",Base!AY521,\" \",Base!AZ521, \"#chr(13)##chr(10)#\",Base!BA521, \"#chr(13)##chr(10)#\",Base!BB521,\" \",Base!BC521),\"\")","v":"Monsieur#chr(13)##chr(10)#Arnold Ludovic#chr(13)##chr(10)#Rue des Dents-du-Midi 96B#chr(13)##chr(10)##chr(13)##chr(10)#1868 Collombey"},null,"Monsieur",null,{"$f":"IF(AND(Base!AT521<200,Base!AT521>99),1,0)","v":0},null,0,{"$f":"Base!BG521","v":9411},{"$f":"Base!BH521& \"#chr(13)##chr(10)#\" &Base!BI521","v":"Personnel soignant reconnu (par personne et par quart d'heure entamé)#chr(13)##chr(10)#"},null,{"$f":"Base!BJ521","v":8},{"$f":"Base!BK521","v":35},{"$f":"IF(Base!BL521=\"\",\"\",Base!BL521)","v":"¼ d'heure"},null,{"$f":"Base!BM521","v":280},null,null,{"$f":"IF(Base!H521=\"Uvrier\",3018,VLOOKUP(FQ523,$GV$2:$GX$7,FM523+1,0))","v":3001},0,0,null,0,null,null,null,null,null,"Libre","BS - 591",null,"BU - 73 - aff",0,null,null,null,null,null,null,null,null,null,null,null,null,null,null,null,null,null,null,null,null,null,null,null,null,null,null,null,null,null,null,null,null,null,{"$f":"Base!AH521&\", \"&Base!AI521","v":"Arnold, Jonas"},{"$f":"Base!AN521&\" \"&Base!AO521&\", \"&Base!AK521&\" \"&Base!AL521","v":"1868 Collombey, Rue des Dents-du-Midi 96B"},{"$f":"CONCATENATE(TEXT(DATE(YEAR(Base!AJ521),MONTH(Base!AJ521),DAY(Base!AJ521)),\"jj.mm.aaaa\"),\", \",FN523,IF(Base!D521=\"\",\"\",\" - \"),Base!D521)","v":"11.01.2019, 756.4709.4980.30"},{"$f":"Base!AR521","v":"Helsana Assurances SA"},{"$f":"LEFT(Base!J521,10)","v":"2022-02-15"},{"$f":"CONCATENATE(Base!L521,IF(Base!L521=0,\"\",\", \"),Base!M521,\" \",Base!N521,\", \",Base!P521,\" \",Base!Q521)","v":"Rue des Dents-du-Midi 96B, 1868 Collombey"},{"$f":"CONCATENATE(Base!V521,\", \",Base!Z521,\" \",Base!AA521,\", \",Base!W521,\" \",Base!X521)","v":"Hôpital Riviera-Chablais (HRC), 1847 Rennaz, Route du Vieux-Séquoia 20"},null,{"$f":"CONCATENATE(RIGHT(LEFT(Base!J521,16),5),\" - \",RIGHT(LEFT(Base!K521,16),5))","v":"19:34 - 20:33"},{"$f":"Base!AF521&\" - \"&Base!I521","v":"Maladie - P1"},null,null,null,null,null,null,null,null,null,null,null,null,null,null,null,null,null,null,{"$f":"Base!H521","v":"Monthey"},3,null,null,null,null,null,null,null,null,null,3,null,null,null,null,null,null,null,null,null,null,null,null,null,null,null,null,null,null,null,null,null,{"$f":"IF(Base!U521=\"Privée\",2,1)","v":1},{"$f":"IF(OR(LEFT(Base!AS521,1)=\"1\",LEFT(Base!AS521)=\"2\"),RIGHT(Base!AS521,LEN(Base!AS521)-1),Base!AS521)","v":"756.4709.4980.30"},{"$f":"Base!AU521","v":"Personne"},{"$f":"OR(CONCATENATE(Base!AW521,Base!AX521)=CONCATENATE(Base!AH521,Base!AI521),FO523=\"Établissement\")","v":false},{"$f":"Base!I521","v":"P1"}]
[{"$f":"Base!A530","v":4629},{"$f":"20","v":20},{"$f":"Base!B530","v":"2022-02-25"},null,{"$f":"Base!AE530","v":"VS22004816"},null,null,null,null,null,"<AUTO>",null,null,null,null,"URL (Libre)",null,null,{"$f":"Base!E530&\" - \"&Base!H530&\" - \"&Base!D530","v":"18177 - Monthey - "},{"$f":"IF(AND(Base!AT530<1000,Base!AT530>99),Base!AT530,IF(FO532=\"Établissement\",VALUE(CONCATENATE(LEN(SUBSTITUTE(V532,\" \",\"\")),LEN(V532),AA532,COLUMN(INDIRECT(LEFT(V532,1)&1)),LEN(SUBSTITUTE(V532,\"-\",\"\")))),IF(FN532=\"\",VALUE(CONCATENATE(COLUMN(INDIRECT(LEFT(W532,1)&1)),COLUMN(INDIRECT(LEFT(X532,1)&1)),AO532,CODE(AA532))),VALUE(SUBSTITUTE(SUBSTITUTE(SUBSTITUTE(FN532,\".\",\"\"),\" \",\"\"),\"-\",\"\")))))","v":7560263200010},null,{"$f":"SUBSTITUTE(IF(Base!BF530=0,\"\",Base!BF530),\" (facturation)\",\"\")","v":""},{"$f":"IF(Base!AW530=0,\"\",Base!AH530)","v":"Pillet"},{"$f":"IF(Base!AX530=0,\"\",Base!AI530)","v":"Frédéric"},{"$f":"IF(Base!AW530=0,Base!AY530&\" \"&Base!AZ530,Base!AK530&\" \"&Base!AL530)","v":"Route du Montet 1C"},{"$f":"IF(IF(Base!AW530=0,Base!BA530,Base!AM530)=0,\"\",IF(Base!AW530=0,Base!BA530,Base!AM530))","v":""},{"$f":"IF(Base!AW530=0,Base!BB530,Base!AN530)","v":1871},{"$f":"IF(Base!AW530=0,Base!BC530,Base!AO530)","v":"Choëx"},null,null,null,null,null,null,null,null,null,null,null,null,{"$f":"Base!AJ530","v":"1989-11-24"},{"$f":"IF(FO532=\"Établissement\",\"\",IF(Base!AG530=\"Masculin\",\"Monsieur\",IF(Base!AG530=\"Féminin\",\"Madame\",\"\")))","v":"Monsieur"},{"$f":"IF(FP532=FALSE,CONCATENATE(IF(Base!AV530=\"Masculin\",\"Monsieur\",IF(Base!AV530=\"Féminin\",\"Madame\",\"\")),\"#chr(13)##chr(10)#\",Base!AW530,\" \",Base!AX530, \"#chr(13)##chr(10)#\",Base!AY530,\" \",Base!AZ530, \"#chr(13)##chr(10)#\",Base!BA530, \"#chr(13)##chr(10)#\",Base!BB530,\" \",Base!BC530),\"\")","v":""},null,"Monsieur",null,{"$f":"IF(AND(Base!AT530<200,Base!AT530>99),1,0)","v":0},null,0,{"$f":"Base!BG530","v":9404},{"$f":"Base!BH530& \"#chr(13)##chr(10)#\" &Base!BI530","v":"Indemnisation kilométrique#chr(13)##chr(10)#"},null,{"$f":"Base!BJ530","v":29},{"$f":"Base!BK530","v":4.5},{"$f":"IF(Base!BL530=\"\",\"\",Base!BL530)","v":"km"},null,{"$f":"Base!BM530","v":130.5},null,null,{"$f":"IF(Base!H530=\"Uvrier\",3018,VLOOKUP(FQ532,$GV$2:$GX$7,FM532+1,0))","v":3002},0,0,null,0,null,null,null,null,null,"Libre","BS - 600",null,"BU - 73 - aff",0,null,null,null,null,null,null,null,null,null,null,null,null,null,null,null,null,null,null,null,null,null,null,null,null,null,null,null,null,null,null,null,null,null,{"$f":"Base!AH530&\", \"&Base!AI530","v":"Pillet, Frédéric"},{"$f":"Base!AN530&\" \"&Base!AO530&\", \"&Base!AK530&\" \"&Base!AL530","v":"1871 Choëx, Route du Montet 1C"},{"$f":"CONCATENATE(TEXT(DATE(YEAR(Base!AJ530),MONTH(Base!AJ530),DAY(Base!AJ530)),\"jj.mm.aaaa\"),\", \",FN532,IF(Base!D530=\"\",\"\",\" - \"),Base!D530)","v":"24.11.1989, 756.0263.2000.10"},{"$f":"Base!AR530","v":"CSS Kranken- Versicherung AG"},{"$f":"LEFT(Base!J530,10)","v":"2022-02-16"},{"$f":"CONCATENATE(Base!L530,IF(Base!L530=0,\"\",\", \"),Base!M530,\" \",Base!N530,\", \",Base!P530,\" \",Base!Q530)","v":"Chemin des Crosats 2, 1899 Torgon"},{"$f":"CONCATENATE(Base!V530,\", \",Base!Z530,\" \",Base!AA530,\", \",Base!W530,\" \",Base!X530)","v":",  ,  "},null,{"$f":"CONCATENATE(RIGHT(LEFT(Base!J530,16),5),\" - \",RIGHT(LEFT(Base!K530,16),5))","v":"01:07 - 02:12"},{"$f":"Base!AF530&\" - \"&Base!I530","v":"Maladie - P2"},null,null,null,null,null,null,null,null,null,null,null,null,null,null,null,null,null,null,{"$f":"Base!H530","v":"Monthey"},3,null,null,null,null,null,null,null,null,null,3,null,null,null,null,null,null,null,null,null,null,null,null,null,null,null,null,null,null,null,null,null,{"$f":"IF(Base!U530=\"Privée\",2,1)","v":1},{"$f":"IF(OR(LEFT(Base!AS530,1)=\"1\",LEFT(Base!AS530)=\"2\"),RIGHT(Base!AS530,LEN(Base!AS530)-1),Base!AS530)","v":"756.0263.2000.10"},{"$f":"Base!AU530","v":"Personne"},{"$f":"OR(CONCATENATE(Base!AW530,Base!AX530)=CONCATENATE(Base!AH530,Base!AI530),FO532=\"Établissement\")","v":true},{"$f":"Base!I530","v":"P2"}]
[{"$f":"Base!A534","v":4629},{"$f":"20","v":20},{"$f":"Base!B534","v":"2022-02-25"},null,{"$f":"Base!AE534","v":"VS22004816"},null,null,null,null,null,"<AUTO>",null,null,null,null,"URL (Libre)",null,null,{"$f":"Base!E534&\" - \"&Base!H534&\" - \"&Base!D534","v":"18177 - Monthey - "},{"$f":"IF(AND(Base!AT534<1000,Base!AT534>99),Base!AT534,IF(FO536=\"Établissement\",VALUE(CONCATENATE(LEN(SUBSTITUTE(V536,\" \",\"\")),LEN(V536),AA536,COLUMN(INDIRECT(LEFT(V536,1)&1)),LEN(SUBSTITUTE(V536,\"-\",\"\")))),IF(FN536=\"\",VALUE(CONCATENATE(COLUMN(INDIRECT(LEFT(W536,1)&1)),COLUMN(INDIRECT(LEFT(X536,1)&1)),AO536,CODE(AA536))),VALUE(SUBSTITUTE(SUBSTITUTE(SUBSTITUTE(FN536,\".\",\"\"),\" \",\"\"),\"-\",\"\")))))","v":7560263200010},null,{"$f":"SUBSTITUTE(IF(Base!BF534=0,\"\",Base!BF534),\" (facturation)\",\"\")","v":""},{"$f":"IF(Base!AW534=0,\"\",Base!AH534)","v":"Pillet"},{"$f":"IF(Base!AX534=0,\"\",Base!AI534)","v":"Frédéric"},{"$f":"IF(Base!AW534=0,Base!AY534&\" \"&Base!AZ534,Base!AK534&\" \"&Base!AL534)","v":"Route du Montet 1C"},{"$f":"IF(IF(Base!AW534=0,Base!BA534,Base!AM534)=0,\"\",IF(Base!AW534=0,Base!BA534,Base!AM534))","v":""},{"$f":"IF(Base!AW534=0,Base!BB534,Base!AN534)","v":1871},{"$f":"IF(Base!AW534=0,Base!BC534,Base!AO534)","v":"Choëx"},null,null,null,null,null,null,null,null,null,null,null,null,{"$f":"Base!AJ534","v":"1989-11-24"},{"$f":"IF(FO536=\"Établissement\",\"\",IF(Base!AG534=\"Masculin\",\"Monsieur\",IF(Base!AG534=\"Féminin\",\"Madame\",\"\")))","v":"Monsieur"},{"$f":"IF(FP536=FALSE,CONCATENATE(IF(Base!AV534=\"Masculin\",\"Monsieur\",IF(Base!AV534=\"Féminin\",\"Madame\",\"\")),\"#chr(13)##chr(10)#\",Base!AW534,\" \",Base!AX534, \"#chr(13)##chr(10)#\",Base!AY534,\" \",Base!AZ534, \"#chr(13)##chr(10)#\",Base!BA534, \"#chr(13)##chr(10)#\",Base!BB534,\" \",Base!BC534),\"\")","v":""},null,"Monsieur",null,{"$f":"IF(AND(Base!AT534<200,Base!AT534>99),1,0)","v":0},null,0,{"$f":"Base!BG534","v":9440},{"$f":"Base!BH534& \"#chr(13)##chr(10)#\" &Base!BI534","v":"Matériel - Prestation standard#chr(13)##chr(10)#"},null,{"$f":"Base!BJ534","v":1},{"$f":"Base!BK534","v":0},{"$f":"IF(Base!BL534=\"\",\"\",Base!BL534)","v":""},null,{"$f":"Base!BM534","v":0},null,null,{"$f":"IF(Base!H534=\"Uvrier\",3018,VLOOKUP(FQ536,$GV$2:$GX$7,FM536+1,0))","v":3002},0,0,null,0,null,null,null,null,null,"Libre","BS - 604",null,"BU - 73 - aff",0,null,null,null,null,null,null,null,null,null,null,null,null,null,null,null,null,null,null,null,null,null,null,null,null,null,null,null,null,null,null,null,null,null,{"$f":"Base!AH534&\", \"&Base!AI534","v":"Pillet, Frédéric"},{"$f":"Base!AN534&\" \"&Base!AO534&\", \"&Base!AK534&\" \"&Base!AL534","v":"1871 Choëx, Route du Montet 1C"},{"$f":"CONCATENATE(TEXT(DATE(YEAR(Base!AJ534),MONTH(Base!AJ534),DAY(Base!AJ534)),\"jj.mm.aaaa\"),\", \",FN536,IF(Base!D534=\"\",\"\",\" - \"),Base!D534)","v":"24.11.1989, 756.0263.2000.10"},{"$f":"Base!AR534","v":"CSS Kranken- Versicherung AG"},{"$f":"LEFT(Base!J534,10)","v":"2022-02-16"},{"$f":"CONCATENATE(Base!L534,IF(Base!L534=0,\"\",\", \"),Base!M534,\" \",Base!N534,\", \",Base!P534,\" \",Base!Q534)","v":"Chemin des Crosats 2, 1899 Torgon"},{"$f":"CONCATENATE(Base!V534,\", \",Base!Z534,\" \",Base!AA534,\", \",Base!W534,\" \",Base!X534)","v":",  ,  "},null,{"$f":"CONCATENATE(RIGHT(LEFT(Base!J534,16),5),\" - \",RIGHT(LEFT(Base!K534,16),5))","v":"01:07 - 02:12"},{"$f":"Base!AF534&\" - \"&Base!I534","v":"Maladie - P2"},null,null,null,null,null,null,null,null,null,null,null,null,null,null,null,null,null,null,{"$f":"Base!H534","v":"Monthey"},3,null,null,null,null,null,null,null,null,null,3,null,null,null,null,null,null,null,null,null,null,null,null,null,null,null,null,null,null,null,null,null,{"$f":"IF(Base!U534=\"Privée\",2,1)","v":1},{"$f":"IF(OR(LEFT(Base!AS534,1)=\"1\",LEFT(Base!AS534)=\"2\"),RIGHT(Base!AS534,LEN(Base!AS534)-1),Base!AS534)","v":"756.0263.2000.10"},{"$f":"Base!AU534","v":"Personne"},{"$f":"OR(CONCATENATE(Base!AW534,Base!AX534)=CONCATENATE(Base!AH534,Base!AI534),FO536=\"Établissement\")","v":true},{"$f":"Base!I534","v":"P2"}]
[{"$f":"Base!A541","v":4632},{"$f":"20","v":20},{"$f":"Base!B541","v":"2022-02-25"},null,{"$f":"Base!AE541","v":"VS22004824"},null,null,null,null,null,"<AUTO>",null,null,null,null,"URL (Libre)",null,null,{"$f":"Base!E541&\" - \"&Base!H541&\" - \"&Base!D541","v":"18185 - Monthey - "},{"$f":"IF(AND(Base!AT541<1000,Base!AT541>99),Base!AT541,IF(FO543=\"Établissement\",VALUE(CONCATENATE(LEN(SUBSTITUTE(V543,\" \",\"\")),LEN(V543),AA543,COLUMN(INDIRECT(LEFT(V543,1)&1)),LEN(SUBSTITUTE(V543,\"-\",\"\")))),IF(FN543=\"\",VALUE(CONCATENATE(COLUMN(INDIRECT(LEFT(W543,1)&1)),COLUMN(INDIRECT(LEFT(X543,1)&1)),AO543,CODE(AA543))),VALUE(SUBSTITUTE(SUBSTITUTE(SUBSTITUTE(FN543,\".\",\"\"),\" \",\"\"),\"-\",\"\")))))","v":131318701612},null,{"$f":"SUBSTITUTE(IF(Base!BF541=0,\"\",Base!BF541),\" (facturation)\",\"\")","v":"Pro-Senectute"},{"$f":"IF(Base!AW541=0,\"\",Base!AH541)","v":"Tremolat"},{"$f":"IF(Base!AX541=0,\"\",Base!AI541)","v":"Pierre"},{"$f":"IF(Base!AW541=0,Base!AY541&\" \"&Base!AZ541,Base!AK541&\" \"&Base!AL541)","v":"Avenue de l'Europe 93"},{"$f":"IF(IF(Base!AW541=0,Base!BA541,Base!AM541)=0,\"\",IF(Base!AW541=0,Base!BA541,Base!AM541))","v":"Home Les Tilleuls"},{"$f":"IF(Base!AW541=0,Base!BB541,Base!AN541)","v":1870},{"$f":"IF(Base!AW541=0,Base!BC541,Base!AO541)","v":"Monthey"},null,null,null,null,null,null,null,null,null,null,null,null,{"$f":"Base!AJ541","v":"1925-07-07"},{"$f":"IF(FO543=\"Établissement\",\"\",IF(Base!AG541=\"Masculin\",\"Monsieur\",IF(Base!AG541=\"Féminin\",\"Madame\",\"\")))","v":""},{"$f":"IF(FP543=FALSE,CONCATENATE(IF(Base!AV541=\"Masculin\",\"Monsieur\",IF(Base!AV541=\"Féminin\",\"Madame\",\"\")),\"#chr(13)##chr(10)#\",Base!AW541,\" \",Base!AX541, \"#chr(13)##chr(10)#\",Base!AY541,\" \",Base!AZ541, \"#chr(13)##chr(10)#\",Base!BA541, \"#chr(13)##chr(10)#\",Base!BB541,\" \",Base!BC541),\"\")","v":""},null,"",null,{"$f":"IF(AND(Base!AT541<200,Base!AT541>99),1,0)","v":0},null,0,{"$f":"Base!BG541","v":9431},{"$f":"Base!BH541& \"#chr(13)##chr(10)#\" &Base!BI541","v":"Supplément de nuit#chr(13)##chr(10)#"},null,{"$f":"Base!BJ541","v":1},{"$f":"Base!BK541","v":140},{"$f":"IF(Base!BL541=\"\",\"\",Base!BL541)","v":""},null,{"$f":"Base!BM541","v":140},null,null,{"$f":"IF(Base!H541=\"Uvrier\",3018,VLOOKUP(FQ543,$GV$2:$GX$7,FM543+1,0))","v":3002},0,0,null,0,null,null,null,null,null,"Libre","BS - 611",null,"BU - 73 - aff",0,null,null,null,null,null,null,null,null,null,null,null,null,null,null,null,null,null,null,null,null,null,null,null,null,null,null,null,null,null,null,null,null,null,{"$f":"Base!AH541&\", \"&Base!AI541","v":"Tremolat, Pierre"},{"$f":"Base!AN541&\" \"&Base!AO541&\", \"&Base!AK541&\" \"&Base!AL541","v":"1870 Monthey, Avenue de l'Europe 93"},{"$f":"CONCATENATE(TEXT(DATE(YEAR(Base!AJ541),MONTH(Base!AJ541),DAY(Base!AJ541)),\"jj.mm.aaaa\"),\", \",FN543,IF(Base!D541=\"\",\"\",\" - \"),Base!D541)","v":"07.07.1925, 756.6310.1867.64"},{"$f":"Base!AR541","v":"Easy Sana Assurance Maladie SA"},{"$f":"LEFT(Base!J541,10)","v":"2022-02-16"},{"$f":"CONCATENATE(Base!L541,IF(Base!L541=0,\"\",\", \"),Base!M541,\" \",Base!N541,\", \",Base!P541,\" \",Base!Q541)","v":"Home les Tilleuls, Avenue de l'Europe 93, 1870 Monthey"},{"$f":"CONCATENATE(Base!V541,\", \",Base!Z541,\" \",Base!AA541,\", \",Base!W541,\" \",Base!X541)","v":"Hôpital Riviera-Chablais (HRC), 1847 Rennaz, Route du Vieux-Séquoia 20"},null,{"$f":"CONCATENATE(RIGHT(LEFT(Base!J541,16),5),\" - \",RIGHT(LEFT(Base!K541,16),5))","v":"06:51 - 08:50"},{"$f":"Base!AF541&\" - \"&Base!I541","v":"Maladie - P2"},null,null,null,null,null,null,null,null,null,null,null,null,null,null,null,null,null,null,{"$f":"Base!H541","v":"Monthey"},3,null,null,null,null,null,null,null,null,null,3,null,null,null,null,null,null,null,null,null,null,null,null,null,null,null,null,null,null,null,null,null,{"$f":"IF(Base!U541=\"Privée\",2,1)","v":1},{"$f":"IF(OR(LEFT(Base!AS541,1)=\"1\",LEFT(Base!AS541)=\"2\"),RIGHT(Base!AS541,LEN(Base!AS541)-1),Base!AS541)","v":"756.6310.1867.64"},{"$f":"Base!AU541","v":"Établissement"},{"$f":"OR(CONCATENATE(Base!AW541,Base!AX541)=CONCATENATE(Base!AH541,Base!AI541),FO543=\"Établissement\")","v":true},{"$f":"Base!I541","v":"P2"}]
[{"$f":"Base!A550","v":4635},{"$f":"20","v":20},{"$f":"Base!B550","v":"2022-02-25"},null,{"$f":"Base!AE550","v":"VS22004833"},null,null,null,null,null,"<AUTO>",null,null,null,null,"URL (Libre)",null,null,{"$f":"Base!E550&\" - \"&Base!H550&\" - \"&Base!D550","v":"18194 - Monthey - "},{"$f":"IF(AND(Base!AT550<1000,Base!AT550>99),Base!AT550,IF(FO552=\"Établissement\",VALUE(CONCATENATE(LEN(SUBSTITUTE(V552,\" \",\"\")),LEN(V552),AA552,COLUMN(INDIRECT(LEFT(V552,1)&1)),LEN(SUBSTITUTE(V552,\"-\",\"\")))),IF(FN552=\"\",VALUE(CONCATENATE(COLUMN(INDIRECT(LEFT(W552,1)&1)),COLUMN(INDIRECT(LEFT(X552,1)&1)),AO552,CODE(AA552))),VALUE(SUBSTITUTE(SUBSTITUTE(SUBSTITUTE(FN552,\".\",\"\"),\" \",\"\"),\"-\",\"\")))))","v":7569849320289},null,{"$f":"SUBSTITUTE(IF(Base!BF550=0,\"\",Base!BF550),\" (facturation)\",\"\")","v":""},{"$f":"IF(Base!AW550=0,\"\",Base!AH550)","v":"Héritier"},{"$f":"IF(Base!AX550=0,\"\",Base!AI550)","v":"Marie-José"},{"$f":"IF(Base!AW550=0,Base!AY550&\" \"&Base!AZ550,Base!AK550&\" \"&Base!AL550)","v":"Route de l'Eglise 38"},{"$f":"IF(IF(Base!AW550=0,Base!BA550,Base!AM550)=0,\"\",IF(Base!AW550=0,Base!BA550,Base!AM550))","v":"Maison Sainte-Marthe"},{"$f":"IF(Base!AW550=0,Base!BB550,Base!AN550)","v":1897},{"$f":"IF(Base!AW550=0,Base!BC550,Base!AO550)","v":"Bouveret"},null,null,null,null,null,null,null,null,null,null,null,null,{"$f":"Base!AJ550","v":"1959-08-09"},{"$f":"IF(FO552=\"Établissement\",\"\",IF(Base!AG550=\"Masculin\",\"Monsieur\",IF(Base!AG550=\"Féminin\",\"Madame\",\"\")))","v":"Madame"},{"$f":"IF(FP552=FALSE,CONCATENATE(IF(Base!AV550=\"Masculin\",\"Monsieur\",IF(Base!AV550=\"Féminin\",\"Madame\",\"\")),\"#chr(13)##chr(10)#\",Base!AW550,\" \",Base!AX550, \"#chr(13)##chr(10)#\",Base!AY550,\" \",Base!AZ550, \"#chr(13)##chr(10)#\",Base!BA550, \"#chr(13)##chr(10)#\",Base!BB550,\" \",Base!BC550),\"\")","v":"Madame#chr(13)##chr(10)#Cornut Daniel#chr(13)##chr(10)#Route de la Jeurna 18#chr(13)##chr(10)##chr(13)##chr(10)#1871 Choëx"},null,"Madame",null,{"$f":"IF(AND(Base!AT550<200,Base!AT550>99),1,0)","v":0},null,0,{"$f":"Base!BG550","v":9402},{"$f":"Base!BH550& \"#chr(13)##chr(10)#\" &Base!BI550","v":"Taxe de base transport P2#chr(13)##chr(10)#"},null,{"$f":"Base!BJ550","v":1},{"$f":"Base!BK550","v":300},{"$f":"IF(Base!BL550=\"\",\"\",Base!BL550)","v":""},null,{"$f":"Base!BM550","v":300},null,null,{"$f":"IF(Base!H550=\"Uvrier\",3018,VLOOKUP(FQ552,$GV$2:$GX$7,FM552+1,0))","v":3002},0,0,null,0,null,null,null,null,null,"Libre","BS - 620",null,"BU - 73 - aff",0,null,null,null,null,null,null,null,null,null,null,null,null,null,null,null,null,null,null,null,null,null,null,null,null,null,null,null,null,null,null,null,null,null,{"$f":"Base!AH550&\", \"&Base!AI550","v":"Héritier, Marie-José"},{"$f":"Base!AN550&\" \"&Base!AO550&\", \"&Base!AK550&\" \"&Base!AL550","v":"1897 Bouveret, Route de l'Eglise 38"},{"$f":"CONCATENATE(TEXT(DATE(YEAR(Base!AJ550),MONTH(Base!AJ550),DAY(Base!AJ550)),\"jj.mm.aaaa\"),\", \",FN552,IF(Base!D550=\"\",\"\",\" - \"),Base!D550)","v":"09.08.1959, 756.98.49.3202.89"},{"$f":"Base!AR550","v":"Atupri Gesundheitsversicherung"},{"$f":"LEFT(Base!J550,10)","v":"2022-02-16"},{"$f":"CONCATENATE(Base!L550,IF(Base!L550=0,\"\",\", \"),Base!M550,\" \",Base!N550,\", \",Base!P550,\" \",Base!Q550)","v":"Maison Sainte-Marthe, Route de l'Eglise 38, 1897 Bouveret"},{"$f":"CONCATENATE(Base!V550,\", \",Base!Z550,\" \",Base!AA550,\", \",Base!W550,\" \",Base!X550)","v":"Hôpital Riviera-Chablais (HRC), 1847 Rennaz, Route du Vieux-Séquoia 20"},null,{"$f":"CONCATENATE(RIGHT(LEFT(Base!J550,16),5),\" - \",RIGHT(LEFT(Base!K550,16),5))","v":"09:06 - 10:30"},{"$f":"Base!AF550&\" - \"&Base!I550","v":"Maladie - P2"},null,null,null,null,null,null,null,null,null,null,null,null,null,null,null,null,null,null,{"$f":"Base!H550","v":"Monthey"},3,null,null,null,null,null,null,null,null,null,3,null,null,null,null,null,null,null,null,null,null,null,null,null,null,null,null,null,null,null,null,null,{"$f":"IF(Base!U550=\"Privée\",2,1)","v":1},{"$f":"IF(OR(LEFT(Base!AS550,1)=\"1\",LEFT(Base!AS550)=\"2\"),RIGHT(Base!AS550,LEN(Base!AS550)-1),Base!AS550)","v":"756.98.49.3202.89"},{"$f":"Base!AU550","v":"Personne"},{"$f":"OR(CONCATENATE(Base!AW550,Base!AX550)=CONCATENATE(Base!AH550,Base!AI550),FO552=\"Établissement\")","v":false},{"$f":"Base!I550","v":"P2"}]
[{"$f":"Base!A557","v":4637},{"$f":"20","v":20},{"$f":"Base!B557","v":"2022-02-25"},null,{"$f":"Base!AE557","v":"VS22004872"},null,null,null,null,null,"<AUTO>",null,null,null,null,"URL (Libre)",null,null,{"$f":"Base!E557&\" - \"&Base!H557&\" - \"&Base!D557","v":"18232 - Monthey - "},{"$f":"IF(AND(Base!AT557<1000,Base!AT557>99),Base!AT557,IF(FO559=\"Établissement\",VALUE(CONCATENATE(LEN(SUBSTITUTE(V559,\" \",\"\")),LEN(V559),AA559,COLUMN(INDIRECT(LEFT(V559,1)&1)),LEN(SUBSTITUTE(V559,\"-\",\"\")))),IF(FN559=\"\",VALUE(CONCATENATE(COLUMN(INDIRECT(LEFT(W559,1)&1)),COLUMN(INDIRECT(LEFT(X559,1)&1)),AO559,CODE(AA559))),VALUE(SUBSTITUTE(SUBSTITUTE(SUBSTITUTE(FN559,\".\",\"\"),\" \",\"\"),\"-\",\"\")))))","v":7569542587569},null,{"$f":"SUBSTITUTE(IF(Base!BF557=0,\"\",Base!BF557),\" (facturation)\",\"\")","v":""},{"$f":"IF(Base!AW557=0,\"\",Base!AH557)","v":"Lerman"},{"$f":"IF(Base!AX557=0,\"\",Base!AI557)","v":"Liam"},{"$f":"IF(Base!AW557=0,Base!AY557&\" \"&Base!AZ557,Base!AK557&\" \"&Base!AL557)","v":"Chemin de Sollard 9"},{"$f":"IF(IF(Base!AW557=0,Base!BA557,Base!AM557)=0,\"\",IF(Base!AW557=0,Base!BA557,Base!AM557))","v":""},{"$f":"IF(Base!AW557=0,Base!BB557,Base!AN557)","v":1822},{"$f":"IF(Base!AW557=0,Base!BC557,Base!AO557)","v":"Chernex"},null,null,null,null,null,null,null,null,null,null,null,null,{"$f":"Base!AJ557","v":"2009-07-18"},{"$f":"IF(FO559=\"Établissement\",\"\",IF(Base!AG557=\"Masculin\",\"Monsieur\",IF(Base!AG557=\"Féminin\",\"Madame\",\"\")))","v":"Monsieur"},{"$f":"IF(FP559=FALSE,CONCATENATE(IF(Base!AV557=\"Masculin\",\"Monsieur\",IF(Base!AV557=\"Féminin\",\"Madame\",\"\")),\"#chr(13)##chr(10)#\",Base!AW557,\" \",Base!AX557, \"#chr(13)##chr(10)#\",Base!AY557,\" \",Base!AZ557, \"#chr(13)##chr(10)#\",Base!BA557, \"#chr(13)##chr(10)#\",Base!BB557,\" \",Base!BC557),\"\")","v":"Monsieur#chr(13)##chr(10)#Lerman David #chr(13)##chr(10)#Chemin de Sollard 9#chr(13)##chr(10)##chr(13)##chr(10)#1822 Chernex"},null,"Monsieur",null,{"$f":"IF(AND(Base!AT557<200,Base!AT557>99),1,0)","v":0},null,0,{"$f":"Base!BG557","v":9404},{"$f":"Base!BH557& \"#chr(13)##chr(10)#\" &Base!BI557","v":"Indemnisation kilométrique#chr(13)##chr(10)#"},null,{"$f":"Base!BJ557","v":60},{"$f":"Base!BK557","v":4.5},{"$f":"IF(Base!BL557=\"\",\"\",Base!BL557)","v":"km"},null,{"$f":"Base!BM557","v":270},null,null,{"$f":"IF(Base!H557=\"Uvrier\",3018,VLOOKUP(FQ559,$GV$2:$GX$7,FM559+1,0))","v":3001},0,0,null,0,null,null,null,null,null,"Libre","BS - 627",null,"BU - 73 - aff",0,null,null,null,null,null,null,null,null,null,null,null,null,null,null,null,null,null,null,null,null,null,null,null,null,null,null,null,null,null,null,null,null,null,{"$f":"Base!AH557&\", \"&Base!AI557","v":"Lerman, Liam"},{"$f":"Base!AN557&\" \"&Base!AO557&\", \"&Base!AK557&\" \"&Base!AL557","v":"1822 Chernex, Chemin de Sollard 9"},{"$f":"CONCATENATE(TEXT(DATE(YEAR(Base!AJ557),MONTH(Base!AJ557),DAY(Base!AJ557)),\"jj.mm.aaaa\"),\", \",FN559,IF(Base!D557=\"\",\"\",\" - \"),Base!D557)","v":"18.07.2009, 756.9542.5875.69"},{"$f":"Base!AR557","v":"SWICA Krankenversicherung"},{"$f":"LEFT(Base!J557,10)","v":"2022-02-16"},{"$f":"CONCATENATE(Base!L557,IF(Base!L557=0,\"\",\", \"),Base!M557,\" \",Base!N557,\", \",Base!P557,\" \",Base!Q557)","v":"La Foilleuse, Route de Bas-Vièze , 1875 Morgins"},{"$f":"CONCATENATE(Base!V557,\", \",Base!Z557,\" \",Base!AA557,\", \",Base!W557,\" \",Base!X557)","v":"Hôpital Riviera-Chablais (HRC), 1847 Rennaz, Route du Vieux-Séquoia 20"},null,{"$f":"CONCATENATE(RIGHT(LEFT(Base!J557,16),5),\" - \",RIGHT(LEFT(Base!K557,16),5))","v":"15:27 - 17:13"},{"$f":"Base!AF557&\" - \"&Base!I557","v":"Accident - P1"},null,null,null,null,null,null,null,null,null,null,null,null,null,null,null,null,null,null,{"$f":"Base!H557","v":"Monthey"},3,null,null,null,null,null,null,null,null,null,3,null,null,null,null,null,null,null,null,null,null,null,null,null,null,null,null,null,null,null,null,null,{"$f":"IF(Base!U557=\"Privée\",2,1)","v":1},{"$f":"IF(OR(LEFT(Base!AS557,1)=\"1\",LEFT(Base!AS557)=\"2\"),RIGHT(Base!AS557,LEN(Base!AS557)-1),Base!AS557)","v":"756.9542.5875.69"},{"$f":"Base!AU557","v":"Personne"},{"$f":"OR(CONCATENATE(Base!AW557,Base!AX557)=CONCATENATE(Base!AH557,Base!AI557),FO559=\"Établissement\")","v":false},{"$f":"Base!I557","v":"P1"}]
[{"$f":"Base!A560","v":4638},{"$f":"20","v":20},{"$f":"Base!B560","v":"2022-02-25"},null,{"$f":"Base!AE560","v":"VS22004895"},null,null,null,null,null,"<AUTO>",null,null,null,null,"URL (Libre)",null,null,{"$f":"Base!E560&\" - \"&Base!H560&\" - \"&Base!D560","v":"18251 - Monthey - "},{"$f":"IF(AND(Base!AT560<1000,Base!AT560>99),Base!AT560,IF(FO562=\"Établissement\",VALUE(CONCATENATE(LEN(SUBSTITUTE(V562,\" \",\"\")),LEN(V562),AA562,COLUMN(INDIRECT(LEFT(V562,1)&1)),LEN(SUBSTITUTE(V562,\"-\",\"\")))),IF(FN562=\"\",VALUE(CONCATENATE(COLUMN(INDIRECT(LEFT(W562,1)&1)),COLUMN(INDIRECT(LEFT(X562,1)&1)),AO562,CODE(AA562))),VALUE(SUBSTITUTE(SUBSTITUTE(SUBSTITUTE(FN562,\".\",\"\"),\" \",\"\"),\"-\",\"\")))))","v":100},null,{"$f":"SUBSTITUTE(IF(Base!BF560=0,\"\",Base!BF560),\" (facturation)\",\"\")","v":"Hôpital Riviera-Chablais Vaud-Valais - Fournisseurs"},{"$f":"IF(Base!AW560=0,\"\",Base!AH560)","v":""},{"$f":"IF(Base!AX560=0,\"\",Base!AI560)","v":""},{"$f":"IF(Base!AW560=0,Base!AY560&\" \"&Base!AZ560,Base!AK560&\" \"&Base!AL560)","v":"Route du Vieux-Séquoia 20"},{"$f":"IF(IF(Base!AW560=0,Base!BA560,Base!AM560)=0,\"\",IF(Base!AW560=0,Base!BA560,Base!AM560))","v":""},{"$f":"IF(Base!AW560=0,Base!BB560,Base!AN560)","v":1847},{"$f":"IF(Base!AW560=0,Base!BC560,Base!AO560)","v":"Rennaz"},null,null,null,null,null,null,null,null,null,null,null,null,{"$f":"Base!AJ560","v":"1954-08-19"},{"$f":"IF(FO562=\"Établissement\",\"\",IF(Base!AG560=\"Masculin\",\"Monsieur\",IF(Base!AG560=\"Féminin\",\"Madame\",\"\")))","v":""},{"$f":"IF(FP562=FALSE,CONCATENATE(IF(Base!AV560=\"Masculin\",\"Monsieur\",IF(Base!AV560=\"Féminin\",\"Madame\",\"\")),\"#chr(13)##chr(10)#\",Base!AW560,\" \",Base!AX560, \"#chr(13)##chr(10)#\",Base!AY560,\" \",Base!AZ560, \"#chr(13)##chr(10)#\",Base!BA560, \"#chr(13)##chr(10)#\",Base!BB560,\" \",Base!BC560),\"\")","v":""},null,"",null,{"$f":"IF(AND(Base!AT560<200,Base!AT560>99),1,0)","v":1},null,0,{"$f":"Base!BG560","v":"HRC.110N"},{"$f":"Base!BH560& \"#chr(13)##chr(10)#\" &Base!BI560","v":"Forfait S3 Rennaz - CHUV#chr(13)##chr(10)#Trajet simple nuit (19h00-07h00)"},null,{"$f":"Base!BJ560","v":1},{"$f":"Base!BK560","v":831},{"$f":"IF(Base!BL560=\"\",\"\",Base!BL560)","v":""},null,{"$f":"Base!BM560","v":831},null,null,{"$f":"IF(Base!H560=\"Uvrier\",3018,VLOOKUP(FQ562,$GV$2:$GX$7,FM562+1,0))","v":3015},0,0,null,0,null,null,null,null,null,"Libre","BS - 630",null,"BU - 73 - aff",0,null,null,null,null,null,null,null,null,null,null,null,null,null,null,null,null,null,null,null,null,null,null,null,null,null,null,null,null,null,null,null,null,null,{"$f":"Base!AH560&\", \"&Base!AI560","v":"Paris, Yvan"},{"$f":"Base!AN560&\" \"&Base!AO560&\", \"&Base!AK560&\" \"&Base!AL560","v":"1860 Aigle, Chemin de Pré d'Emoz 12"},{"$f":"CONCATENATE(TEXT(DATE(YEAR(Base!AJ560),MONTH(Base!AJ560),DAY(Base!AJ560)),\"jj.mm.aaaa\"),\", \",FN562,IF(Base!D560=\"\",\"\",\" - \"),Base!D560)","v":"19.08.1954, 756.9523.1228.33"},{"$f":"Base!AR560","v":"Visana AG"},{"$f":"LEFT(Base!J560,10)","v":"2022-02-16"},{"$f":"CONCATENATE(Base!L560,IF(Base!L560=0,\"\",\", \"),Base!M560,\" \",Base!N560,\", \",Base!P560,\" \",Base!Q560)","v":"Hôpital Riviera-Chablais (HRC), Route du Vieux-Séquoia 20, 1847 Rennaz"},{"$f":"CONCATENATE(Base!V560,\", \",Base!Z560,\" \",Base!AA560,\", \",Base!W560,\" \",Base!X560)","v":"CHUV Hôpital universitaire de Lausanne, 1006 Lausanne, Rue du Bugnon 46"},null,{"$f":"CONCATENATE(RIGHT(LEFT(Base!J560,16),5),\" - \",RIGHT(LEFT(Base!K560,16),5))","v":"19:18 - 21:27"},{"$f":"Base!AF560&\" - \"&Base!I560","v":"Maladie - S3"},null,null,null,null,null,null,null,null,null,null,null,null,null,null,null,null,null,null,{"$f":"Base!H560","v":"Monthey"},3,null,null,null,null,null,null,null,null,null,3,null,null,null,null,null,null,null,null,null,null,null,null,null,null,null,null,null,null,null,null,null,{"$f":"IF(Base!U560=\"Privée\",2,1)","v":2},{"$f":"IF(OR(LEFT(Base!AS560,1)=\"1\",LEFT(Base!AS560)=\"2\"),RIGHT(Base!AS560,LEN(Base!AS560)-1),Base!AS560)","v":"756.9523.1228.33"},{"$f":"Base!AU560","v":"Établissement"},{"$f":"OR(CONCATENATE(Base!AW560,Base!AX560)=CONCATENATE(Base!AH560,Base!AI560),FO562=\"Établissement\")","v":true},{"$f":"Base!I560","v":"S3"}]
[{"$f":"Base!A569","v":4641},{"$f":"20","v":20},{"$f":"Base!B569","v":"2022-02-25"},null,{"$f":"Base!AE569","v":"VS22004918"},null,null,null,null,null,"<AUTO>",null,null,null,null,"URL (Libre)",null,null,{"$f":"Base!E569&\" - \"&Base!H569&\" - \"&Base!D569","v":"18274 - Monthey - "},{"$f":"IF(AND(Base!AT569<1000,Base!AT569>99),Base!AT569,IF(FO571=\"Établissement\",VALUE(CONCATENATE(LEN(SUBSTITUTE(V571,\" \",\"\")),LEN(V571),AA571,COLUMN(INDIRECT(LEFT(V571,1)&1)),LEN(SUBSTITUTE(V571,\"-\",\"\")))),IF(FN571=\"\",VALUE(CONCATENATE(COLUMN(INDIRECT(LEFT(W571,1)&1)),COLUMN(INDIRECT(LEFT(X571,1)&1)),AO571,CODE(AA571))),VALUE(SUBSTITUTE(SUBSTITUTE(SUBSTITUTE(FN571,\".\",\"\"),\" \",\"\"),\"-\",\"\")))))","v":32351216834},null,{"$f":"SUBSTITUTE(IF(Base!BF569=0,\"\",Base!BF569),\" (facturation)\",\"\")","v":"Hôpital psychiatrique de Belle-Idée"},{"$f":"IF(Base!AW569=0,\"\",Base!AH569)","v":"Velupillai"},{"$f":"IF(Base!AX569=0,\"\",Base!AI569)","v":""},{"$f":"IF(Base!AW569=0,Base!AY569&\" \"&Base!AZ569,Base!AK569&\" \"&Base!AL569)","v":"Avenue Louis-Casaï 82"},{"$f":"IF(IF(Base!AW569=0,Base!BA569,Base!AM569)=0,\"\",IF(Base!AW569=0,Base!BA569,Base!AM569))","v":""},{"$f":"IF(Base!AW569=0,Base!BB569,Base!AN569)","v":1216},{"$f":"IF(Base!AW569=0,Base!BC569,Base!AO569)","v":"Cointrin"},null,null,null,null,null,null,null,null,null,null,null,null,{"$f":"Base!AJ569","v":"1997-07-09"},{"$f":"IF(FO571=\"Établissement\",\"\",IF(Base!AG569=\"Masculin\",\"Monsieur\",IF(Base!AG569=\"Féminin\",\"Madame\",\"\")))","v":""},{"$f":"IF(FP571=FALSE,CONCATENATE(IF(Base!AV569=\"Masculin\",\"Monsieur\",IF(Base!AV569=\"Féminin\",\"Madame\",\"\")),\"#chr(13)##chr(10)#\",Base!AW569,\" \",Base!AX569, \"#chr(13)##chr(10)#\",Base!AY569,\" \",Base!AZ569, \"#chr(13)##chr(10)#\",Base!BA569, \"#chr(13)##chr(10)#\",Base!BB569,\" \",Base!BC569),\"\")","v":""},null,"",null,{"$f":"IF(AND(Base!AT569<200,Base!AT569>99),1,0)","v":0},null,0,{"$f":"Base!BG569","v":0},{"$f":"Base!BH569& \"#chr(13)##chr(10)#\" &Base!BI569","v":"Fugue de l'hôpital psychiatrique de Belle-Idée#chr(13)##chr(10)#"},null,{"$f":"Base!BJ569","v":0},{"$f":"Base!BK569","v":0},{"$f":"IF(Base!BL569=\"\",\"\",Base!BL569)","v":""},null,{"$f":"Base!BM569","v":0},null,null,{"$f":"IF(Base!H569=\"Uvrier\",3018,VLOOKUP(FQ571,$GV$2:$GX$7,FM571+1,0))","v":3015},0,0,null,0,null,null,null,null,null,"Libre","BS - 639",null,"BU - 73 - aff",0,null,null,null,null,null,null,null,null,null,null,null,null,null,null,null,null,null,null,null,null,null,null,null,null,null,null,null,null,null,null,null,null,null,{"$f":"Base!AH569&\", \"&Base!AI569","v":"Velupillai, Sivajhan"},{"$f":"Base!AN569&\" \"&Base!AO569&\", \"&Base!AK569&\" \"&Base!AL569","v":"1216 Cointrin, Avenue Louis-Casaï 82"},{"$f":"CONCATENATE(TEXT(DATE(YEAR(Base!AJ569),MONTH(Base!AJ569),DAY(Base!AJ569)),\"jj.mm.aaaa\"),\", \",FN571,IF(Base!D569=\"\",\"\",\" - \"),Base!D569)","v":"09.07.1997, 756.0674.8686.56"},{"$f":"Base!AR569","v":"Helsana Assurances SA"},{"$f":"LEFT(Base!J569,10)","v":"2022-02-17"},{"$f":"CONCATENATE(Base!L569,IF(Base!L569=0,\"\",\", \"),Base!M569,\" \",Base!N569,\", \",Base!P569,\" \",Base!Q569)","v":"Hôpital Riviera-Chablais (HRC), Route du Vieux-Séquoia 20, 1847 Rennaz"},{"$f":"CONCATENATE(Base!V569,\", \",Base!Z569,\" \",Base!AA569,\", \",Base!W569,\" \",Base!X569)","v":"Hôpital psychiatrique de Belle-Idée, 1225 Chêne-Bourg, Chemin du Petit-Bel-Air 2"},null,{"$f":"CONCATENATE(RIGHT(LEFT(Base!J569,16),5),\" - \",RIGHT(LEFT(Base!K569,16),5))","v":"05:15 - 09:07"},{"$f":"Base!AF569&\" - \"&Base!I569","v":"Maladie - S3"},null,null,null,null,null,null,null,null,null,null,null,null,null,null,null,null,null,null,{"$f":"Base!H569","v":"Monthey"},3,null,null,null,null,null,null,null,null,null,3,null,null,null,null,null,null,null,null,null,null,null,null,null,null,null,null,null,null,null,null,null,{"$f":"IF(Base!U569=\"Privée\",2,1)","v":2},{"$f":"IF(OR(LEFT(Base!AS569,1)=\"1\",LEFT(Base!AS569)=\"2\"),RIGHT(Base!AS569,LEN(Base!AS569)-1),Base!AS569)","v":"756.0674.8686.56"},{"$f":"Base!AU569","v":"Établissement"},{"$f":"OR(CONCATENATE(Base!AW569,Base!AX569)=CONCATENATE(Base!AH569,Base!AI569),FO571=\"Établissement\")","v":true},{"$f":"Base!I569","v":"S3"}]
[{"$f":"Base!A570","v":4641},{"$f":"20","v":20},{"$f":"Base!B570","v":"2022-02-25"},null,{"$f":"Base!AE570","v":"VS22004918"},null,null,null,null,null,"<AUTO>",null,null,null,null,"URL (Libre)",null,null,{"$f":"Base!E570&\" - \"&Base!H570&\" - \"&Base!D570","v":"18274 - Monthey - "},{"$f":"IF(AND(Base!AT570<1000,Base!AT570>99),Base!AT570,IF(FO572=\"Établissement\",VALUE(CONCATENATE(LEN(SUBSTITUTE(V572,\" \",\"\")),LEN(V572),AA572,COLUMN(INDIRECT(LEFT(V572,1)&1)),LEN(SUBSTITUTE(V572,\"-\",\"\")))),IF(FN572=\"\",VALUE(CONCATENATE(COLUMN(INDIRECT(LEFT(W572,1)&1)),COLUMN(INDIRECT(LEFT(X572,1)&1)),AO572,CODE(AA572))),VALUE(SUBSTITUTE(SUBSTITUTE(SUBSTITUTE(FN572,\".\",\"\"),\" \",\"\"),\"-\",\"\")))))","v":32351216834},null,{"$f":"SUBSTITUTE(IF(Base!BF570=0,\"\",Base!BF570),\" (facturation)\",\"\")","v":"Hôpital psychiatrique de Belle-Idée"},{"$f":"IF(Base!AW570=0,\"\",Base!AH570)","v":"Velupillai"},{"$f":"IF(Base!AX570=0,\"\",Base!AI570)","v":""},{"$f":"IF(Base!AW570=0,Base!AY570&\" \"&Base!AZ570,Base!AK570&\" \"&Base!AL570)","v":"Avenue Louis-Casaï 82"},{"$f":"IF(IF(Base!AW570=0,Base!BA570,Base!AM570)=0,\"\",IF(Base!AW570=0,Base!BA570,Base!AM570))","v":""},{"$f":"IF(Base!AW570=0,Base!BB570,Base!AN570)","v":1216},{"$f":"IF(Base!AW570=0,Base!BC570,Base!AO570)","v":"Cointrin"},null,null,null,null,null,null,null,null,null,null,null,null,{"$f":"Base!AJ570","v":"1997-07-09"},{"$f":"IF(FO572=\"Établissement\",\"\",IF(Base!AG570=\"Masculin\",\"Monsieur\",IF(Base!AG570=\"Féminin\",\"Madame\",\"\")))","v":""},{"$f":"IF(FP572=FALSE,CONCATENATE(IF(Base!AV570=\"Masculin\",\"Monsieur\",IF(Base!AV570=\"Féminin\",\"Madame\",\"\")),\"#chr(13)##chr(10)#\",Base!AW570,\" \",Base!AX570, \"#chr(13)##chr(10)#\",Base!AY570,\" \",Base!AZ570, \"#chr(13)##chr(10)#\",Base!BA570, \"#chr(13)##chr(10)#\",Base!BB570,\" \",Base!BC570),\"\")","v":""},null,"",null,{"$f":"IF(AND(Base!AT570<200,Base!AT570>99),1,0)","v":0},null,0,{"$f":"Base!BG570","v":"CLN.9403 "},{"$f":"Base!BH570& \"#chr(13)##chr(10)#\" &Base!BI570","v":"Taxe de base transport S3#chr(13)##chr(10)#"},null,{"$f":"Base!BJ570","v":1},{"$f":"Base!BK570","v":200},{"$f":"IF(Base!BL570=\"\",\"\",Base!BL570)","v":""},null,{"$f":"Base!BM570","v":200},null,null,{"$f":"IF(Base!H570=\"Uvrier\",3018,VLOOKUP(FQ572,$GV$2:$GX$7,FM572+1,0))","v":3015},0,0,null,0,null,null,null,null,null,"Libre","BS - 640",null,"BU - 73 - aff",0,null,null,null,null,null,null,null,null,null,null,null,null,null,null,null,null,null,null,null,null,null,null,null,null,null,null,null,null,null,null,null,null,null,{"$f":"Base!AH570&\", \"&Base!AI570","v":"Velupillai, Sivajhan"},{"$f":"Base!AN570&\" \"&Base!AO570&\", \"&Base!AK570&\" \"&Base!AL570","v":"1216 Cointrin, Avenue Louis-Casaï 82"},{"$f":"CONCATENATE(TEXT(DATE(YEAR(Base!AJ570),MONTH(Base!AJ570),DAY(Base!AJ570)),\"jj.mm.aaaa\"),\", \",FN572,IF(Base!D570=\"\",\"\",\" - \"),Base!D570)","v":"09.07.1997, 756.0674.8686.56"},{"$f":"Base!AR570","v":"Helsana Assurances SA"},{"$f":"LEFT(Base!J570,10)","v":"2022-02-17"},{"$f":"CONCATENATE(Base!L570,IF(Base!L570=0,\"\",\", \"),Base!M570,\" \",Base!N570,\", \",Base!P570,\" \",Base!Q570)","v":"Hôpital Riviera-Chablais (HRC), Route du Vieux-Séquoia 20, 1847 Rennaz"},{"$f":"CONCATENATE(Base!V570,\", \",Base!Z570,\" \",Base!AA570,\", \",Base!W570,\" \",Base!X570)","v":"Hôpital psychiatrique de Belle-Idée, 1225 Chêne-Bourg, Chemin du Petit-Bel-Air 2"},null,{"$f":"CONCATENATE(RIGHT(LEFT(Base!J570,16),5),\" - \",RIGHT(LEFT(Base!K570,16),5))","v":"05:15 - 09:07"},{"$f":"Base!AF570&\" - \"&Base!I570","v":"Maladie - S3"},null,null,null,null,null,null,null,null,null,null,null,null,null,null,null,null,null,null,{"$f":"Base!H570","v":"Monthey"},3,null,null,null,null,null,null,null,null,null,3,null,null,null,null,null,null,null,null,null,null,null,null,null,null,null,null,null,null,null,null,null,{"$f":"IF(Base!U570=\"Privée\",2,1)","v":2},{"$f":"IF(OR(LEFT(Base!AS570,1)=\"1\",LEFT(Base!AS570)=\"2\"),RIGHT(Base!AS570,LEN(Base!AS570)-1),Base!AS570)","v":"756.0674.8686.56"},{"$f":"Base!AU570","v":"Établissement"},{"$f":"OR(CONCATENATE(Base!AW570,Base!AX570)=CONCATENATE(Base!AH570,Base!AI570),FO572=\"Établissement\")","v":true},{"$f":"Base!I570","v":"S3"}]
[{"$f":"Base!A579","v":4644},{"$f":"20","v":20},{"$f":"Base!B579","v":"2022-02-25"},null,{"$f":"Base!AE579","v":"VS22004928"},null,null,null,null,null,"<AUTO>",null,null,null,null,"URL (Libre)",null,null,{"$f":"Base!E579&\" - \"&Base!H579&\" - \"&Base!D579","v":"18284 - Monthey - "},{"$f":"IF(AND(Base!AT579<1000,Base!AT579>99),Base!AT579,IF(FO581=\"Établissement\",VALUE(CONCATENATE(LEN(SUBSTITUTE(V581,\" \",\"\")),LEN(V581),AA581,COLUMN(INDIRECT(LEFT(V581,1)&1)),LEN(SUBSTITUTE(V581,\"-\",\"\")))),IF(FN581=\"\",VALUE(CONCATENATE(COLUMN(INDIRECT(LEFT(W581,1)&1)),COLUMN(INDIRECT(LEFT(X581,1)&1)),AO581,CODE(AA581))),VALUE(SUBSTITUTE(SUBSTITUTE(SUBSTITUTE(FN581,\".\",\"\"),\" \",\"\"),\"-\",\"\")))))","v":7564912507734},null,{"$f":"SUBSTITUTE(IF(Base!BF579=0,\"\",Base!BF579),\" (facturation)\",\"\")","v":""},{"$f":"IF(Base!AW579=0,\"\",Base!AH579)","v":"Asaas"},{"$f":"IF(Base!AX579=0,\"\",Base!AI579)","v":"Geneviève"},{"$f":"IF(Base!AW579=0,Base!AY579&\" \"&Base!AZ579,Base!AK579&\" \"&Base!AL579)","v":"Chemin de Damonvelle 10"},{"$f":"IF(IF(Base!AW579=0,Base!BA579,Base!AM579)=0,\"\",IF(Base!AW579=0,Base!BA579,Base!AM579))","v":"Chalet Riant Coteau"},{"$f":"IF(Base!AW579=0,Base!BB579,Base!AN579)","v":1874},{"$f":"IF(Base!AW579=0,Base!BC579,Base!AO579)","v":"Champéry"},null,null,null,null,null,null,null,null,null,null,null,null,{"$f":"Base!AJ579","v":"1951-09-25"},{"$f":"IF(FO581=\"Établissement\",\"\",IF(Base!AG579=\"Masculin\",\"Monsieur\",IF(Base!AG579=\"Féminin\",\"Madame\",\"\")))","v":"Madame"},{"$f":"IF(FP581=FALSE,CONCATENATE(IF(Base!AV579=\"Masculin\",\"Monsieur\",IF(Base!AV579=\"Féminin\",\"Madame\",\"\")),\"#chr(13)##chr(10)#\",Base!AW579,\" \",Base!AX579, \"#chr(13)##chr(10)#\",Base!AY579,\" \",Base!AZ579, \"#chr(13)##chr(10)#\",Base!BA579, \"#chr(13)##chr(10)#\",Base!BB579,\" \",Base!BC579),\"\")","v":""},null,"Madame",null,{"$f":"IF(AND(Base!AT579<200,Base!AT579>99),1,0)","v":0},null,0,{"$f":"Base!BG579","v":9402},{"$f":"Base!BH579& \"#chr(13)##chr(10)#\" &Base!BI579","v":"Taxe de base transport P2#chr(13)##chr(10)#"},null,{"$f":"Base!BJ579","v":1},{"$f":"Base!BK579","v":300},{"$f":"IF(Base!BL579=\"\",\"\",Base!BL579)","v":""},null,{"$f":"Base!BM579","v":300},null,null,{"$f":"IF(Base!H579=\"Uvrier\",3018,VLOOKUP(FQ581,$GV$2:$GX$7,FM581+1,0))","v":3002},0,0,null,0,null,null,null,null,null,"Libre","BS - 649",null,"BU - 73 - aff",0,null,null,null,null,null,null,null,null,null,null,null,null,null,null,null,null,null,null,null,null,null,null,null,null,null,null,null,null,null,null,null,null,null,{"$f":"Base!AH579&\", \"&Base!AI579","v":"Asaas, Geneviève"},{"$f":"Base!AN579&\" \"&Base!AO579&\", \"&Base!AK579&\" \"&Base!AL579","v":"1874 Champéry, Chemin de Damonvelle 10"},{"$f":"CONCATENATE(TEXT(DATE(YEAR(Base!AJ579),MONTH(Base!AJ579),DAY(Base!AJ579)),\"jj.mm.aaaa\"),\", \",FN581,IF(Base!D579=\"\",\"\",\" - \"),Base!D579)","v":"25.09.1951, 756.4912.5077.34"},{"$f":"Base!AR579","v":"Mutuel Assurance Maladie SA"},{"$f":"LEFT(Base!J579,10)","v":"2022-02-17"},{"$f":"CONCATENATE(Base!L579,IF(Base!L579=0,\"\",\", \"),Base!M579,\" \",Base!N579,\", \",Base!P579,\" \",Base!Q579)","v":"Chemin de Damonvelle 10, 1874 Champéry"},{"$f":"CONCATENATE(Base!V579,\", \",Base!Z579,\" \",Base!AA579,\", \",Base!W579,\" \",Base!X579)","v":"Hôpital Riviera-Chablais (HRC), 1847 Rennaz, Route du Vieux-Séquoia 20"},null,{"$f":"CONCATENATE(RIGHT(LEFT(Base!J579,16),5),\" - \",RIGHT(LEFT(Base!K579,16),5))","v":"10:24 - 12:58"},{"$f":"Base!AF579&\" - \"&Base!I579","v":"Accident - P2"},null,null,null,null,null,null,null,null,null,null,null,null,null,null,null,null,null,null,{"$f":"Base!H579","v":"Monthey"},3,null,null,null,null,null,null,null,null,null,3,null,null,null,null,null,null,null,null,null,null,null,null,null,null,null,null,null,null,null,null,null,{"$f":"IF(Base!U579=\"Privée\",2,1)","v":1},{"$f":"IF(OR(LEFT(Base!AS579,1)=\"1\",LEFT(Base!AS579)=\"2\"),RIGHT(Base!AS579,LEN(Base!AS579)-1),Base!AS579)","v":"756.4912.5077.34"},{"$f":"Base!AU579","v":"Personne"},{"$f":"OR(CONCATENATE(Base!AW579,Base!AX579)=CONCATENATE(Base!AH579,Base!AI579),FO581=\"Établissement\")","v":true},{"$f":"Base!I579","v":"P2"}]
[{"$f":"Base!A586","v":4647},{"$f":"20","v":20},{"$f":"Base!B586","v":"2022-02-25"},null,{"$f":"Base!AE586","v":"VS22004945"},null,null,null,null,null,"<AUTO>",null,null,null,null,"URL (Libre)",null,null,{"$f":"Base!E586&\" - \"&Base!H586&\" - \"&Base!D586","v":"18301 - Monthey - "},{"$f":"IF(AND(Base!AT586<1000,Base!AT586>99),Base!AT586,IF(FO588=\"Établissement\",VALUE(CONCATENATE(LEN(SUBSTITUTE(V588,\" \",\"\")),LEN(V588),AA588,COLUMN(INDIRECT(LEFT(V588,1)&1)),LEN(SUBSTITUTE(V588,\"-\",\"\")))),IF(FN588=\"\",VALUE(CONCATENATE(COLUMN(INDIRECT(LEFT(W588,1)&1)),COLUMN(INDIRECT(LEFT(X588,1)&1)),AO588,CODE(AA588))),VALUE(SUBSTITUTE(SUBSTITUTE(SUBSTITUTE(FN588,\".\",\"\"),\" \",\"\"),\"-\",\"\")))))","v":7565210991072},null,{"$f":"SUBSTITUTE(IF(Base!BF586=0,\"\",Base!BF586),\" (facturation)\",\"\")","v":""},{"$f":"IF(Base!AW586=0,\"\",Base!AH586)","v":"Osmont"},{"$f":"IF(Base!AX586=0,\"\",Base!AI586)","v":"Marius"},{"$f":"IF(Base!AW586=0,Base!AY586&\" \"&Base!AZ586,Base!AK586&\" \"&Base!AL586)","v":"Rue de Villereuse 18"},{"$f":"IF(IF(Base!AW586=0,Base!BA586,Base!AM586)=0,\"\",IF(Base!AW586=0,Base!BA586,Base!AM586))","v":""},{"$f":"IF(Base!AW586=0,Base!BB586,Base!AN586)","v":1207},{"$f":"IF(Base!AW586=0,Base!BC586,Base!AO586)","v":"Genève"},null,null,null,null,null,null,null,null,null,null,null,null,{"$f":"Base!AJ586","v":"2008-03-08"},{"$f":"IF(FO588=\"Établissement\",\"\",IF(Base!AG586=\"Masculin\",\"Monsieur\",IF(Base!AG586=\"Féminin\",\"Madame\",\"\")))","v":"Monsieur"},{"$f":"IF(FP588=FALSE,CONCATENATE(IF(Base!AV586=\"Masculin\",\"Monsieur\",IF(Base!AV586=\"Féminin\",\"Madame\",\"\")),\"#chr(13)##chr(10)#\",Base!AW586,\" \",Base!AX586, \"#chr(13)##chr(10)#\",Base!AY586,\" \",Base!AZ586, \"#chr(13)##chr(10)#\",Base!BA586, \"#chr(13)##chr(10)#\",Base!BB586,\" \",Base!BC586),\"\")","v":"Monsieur#chr(13)##chr(10)#Osmont Jean-Pascal#chr(13)##chr(10)#Rue de Villereuse 18#chr(13)##chr(10)##chr(13)##chr(10)#1207 Genève"},null,"Monsieur",null,{"$f":"IF(AND(Base!AT586<200,Base!AT586>99),1,0)","v":0},null,0,{"$f":"Base!BG586","v":9411},{"$f":"Base!BH586& \"#chr(13)##chr(10)#\" &Base!BI586","v":"Personnel soignant reconnu (par personne et par quart d'heure entamé)#chr(13)##chr(10)#"},null,{"$f":"Base!BJ586","v":16},{"$f":"Base!BK586","v":35},{"$f":"IF(Base!BL586=\"\",\"\",Base!BL586)","v":"¼ d'heure"},null,{"$f":"Base!BM586","v":560},null,null,{"$f":"IF(Base!H586=\"Uvrier\",3018,VLOOKUP(FQ588,$GV$2:$GX$7,FM588+1,0))","v":3002},0,0,null,0,null,null,null,null,null,"Libre","BS - 656",null,"BU - 73 - aff",0,null,null,null,null,null,null,null,null,null,null,null,null,null,null,null,null,null,null,null,null,null,null,null,null,null,null,null,null,null,null,null,null,null,{"$f":"Base!AH586&\", \"&Base!AI586","v":"Osmont, Marius"},{"$f":"Base!AN586&\" \"&Base!AO586&\", \"&Base!AK586&\" \"&Base!AL586","v":"1207 Genève, Rue de Villereuse 18"},{"$f":"CONCATENATE(TEXT(DATE(YEAR(Base!AJ586),MONTH(Base!AJ586),DAY(Base!AJ586)),\"jj.mm.aaaa\"),\", \",FN588,IF(Base!D586=\"\",\"\",\" - \"),Base!D586)","v":"08.03.2008, 756.5210.9910.72"},{"$f":"Base!AR586","v":"Helsana Assurances SA"},{"$f":"LEFT(Base!J586,10)","v":"2022-02-17"},{"$f":"CONCATENATE(Base!L586,IF(Base!L586=0,\"\",\", \"),Base!M586,\" \",Base!N586,\", \",Base!P586,\" \",Base!Q586)","v":"Palladium, Route du Centre Sportif 1, 1874 Champéry"},{"$f":"CONCATENATE(Base!V586,\", \",Base!Z586,\" \",Base!AA586,\", \",Base!W586,\" \",Base!X586)","v":"Hôpital Riviera-Chablais (HRC), 1847 Rennaz, Route du Vieux-Séquoia 20"},null,{"$f":"CONCATENATE(RIGHT(LEFT(Base!J586,16),5),\" - \",RIGHT(LEFT(Base!K586,16),5))","v":"14:00 - 16:00"},{"$f":"Base!AF586&\" - \"&Base!I586","v":"Accident - P2"},null,null,null,null,null,null,null,null,null,null,null,null,null,null,null,null,null,null,{"$f":"Base!H586","v":"Monthey"},3,null,null,null,null,null,null,null,null,null,3,null,null,null,null,null,null,null,null,null,null,null,null,null,null,null,null,null,null,null,null,null,{"$f":"IF(Base!U586=\"Privée\",2,1)","v":1},{"$f":"IF(OR(LEFT(Base!AS586,1)=\"1\",LEFT(Base!AS586)=\"2\"),RIGHT(Base!AS586,LEN(Base!AS586)-1),Base!AS586)","v":"756.5210.9910.72"},{"$f":"Base!AU586","v":"Personne"},{"$f":"OR(CONCATENATE(Base!AW586,Base!AX586)=CONCATENATE(Base!AH586,Base!AI586),FO588=\"Établissement\")","v":false},{"$f":"Base!I586","v":"P2"}]
[{"$f":"Base!A589","v":4648},{"$f":"20","v":20},{"$f":"Base!B589","v":"2022-02-25"},null,{"$f":"Base!AE589","v":"VS22004948"},null,null,null,null,null,"<AUTO>",null,null,null,null,"URL (Libre)",null,null,{"$f":"Base!E589&\" - \"&Base!H589&\" - \"&Base!D589","v":"18304 - Monthey - "},{"$f":"IF(AND(Base!AT589<1000,Base!AT589>99),Base!AT589,IF(FO591=\"Établissement\",VALUE(CONCATENATE(LEN(SUBSTITUTE(V591,\" \",\"\")),LEN(V591),AA591,COLUMN(INDIRECT(LEFT(V591,1)&1)),LEN(SUBSTITUTE(V591,\"-\",\"\")))),IF(FN591=\"\",VALUE(CONCATENATE(COLUMN(INDIRECT(LEFT(W591,1)&1)),COLUMN(INDIRECT(LEFT(X591,1)&1)),AO591,CODE(AA591))),VALUE(SUBSTITUTE(SUBSTITUTE(SUBSTITUTE(FN591,\".\",\"\"),\" \",\"\"),\"-\",\"\")))))","v":283218701932},null,{"$f":"SUBSTITUTE(IF(Base!BF589=0,\"\",Base!BF589),\" (facturation)\",\"\")","v":"Service officiel de la curatelle"},{"$f":"IF(Base!AW589=0,\"\",Base!AH589)","v":"Tscherry"},{"$f":"IF(Base!AX589=0,\"\",Base!AI589)","v":"Jean-Claude"},{"$f":"IF(Base!AW589=0,Base!AY589&\" \"&Base!AZ589,Base!AK589&\" \"&Base!AL589)","v":"Avenue de l'Europe 93"},{"$f":"IF(IF(Base!AW589=0,Base!BA589,Base!AM589)=0,\"\",IF(Base!AW589=0,Base!BA589,Base!AM589))","v":"Home Les Tilleuls"},{"$f":"IF(Base!AW589=0,Base!BB589,Base!AN589)","v":1870},{"$f":"IF(Base!AW589=0,Base!BC589,Base!AO589)","v":"Monthey"},null,null,null,null,null,null,null,null,null,null,null,null,{"$f":"Base!AJ589","v":"1939-10-09"},{"$f":"IF(FO591=\"Établissement\",\"\",IF(Base!AG589=\"Masculin\",\"Monsieur\",IF(Base!AG589=\"Féminin\",\"Madame\",\"\")))","v":""},{"$f":"IF(FP591=FALSE,CONCATENATE(IF(Base!AV589=\"Masculin\",\"Monsieur\",IF(Base!AV589=\"Féminin\",\"Madame\",\"\")),\"#chr(13)##chr(10)#\",Base!AW589,\" \",Base!AX589, \"#chr(13)##chr(10)#\",Base!AY589,\" \",Base!AZ589, \"#chr(13)##chr(10)#\",Base!BA589, \"#chr(13)##chr(10)#\",Base!BB589,\" \",Base!BC589),\"\")","v":""},null,"",null,{"$f":"IF(AND(Base!AT589<200,Base!AT589>99),1,0)","v":0},null,0,{"$f":"Base!BG589","v":9404},{"$f":"Base!BH589& \"#chr(13)##chr(10)#\" &Base!BI589","v":"Indemnisation kilométrique#chr(13)##chr(10)#"},null,{"$f":"Base!BJ589","v":38},{"$f":"Base!BK589","v":4.5},{"$f":"IF(Base!BL589=\"\",\"\",Base!BL589)","v":"km"},null,{"$f":"Base!BM589","v":171},null,null,{"$f":"IF(Base!H589=\"Uvrier\",3018,VLOOKUP(FQ591,$GV$2:$GX$7,FM591+1,0))","v":3002},0,0,null,0,null,null,null,null,null,"Libre","BS - 659",null,"BU - 73 - aff",0,null,null,null,null,null,null,null,null,null,null,null,null,null,null,null,null,null,null,null,null,null,null,null,null,null,null,null,null,null,null,null,null,null,{"$f":"Base!AH589&\", \"&Base!AI589","v":"Tscherry, Jean-Claude"},{"$f":"Base!AN589&\" \"&Base!AO589&\", \"&Base!AK589&\" \"&Base!AL589","v":"1870 Monthey, Avenue de l'Europe 93"},{"$f":"CONCATENATE(TEXT(DATE(YEAR(Base!AJ589),MONTH(Base!AJ589),DAY(Base!AJ589)),\"jj.mm.aaaa\"),\", \",FN591,IF(Base!D589=\"\",\"\",\" - \"),Base!D589)","v":"09.10.1939, 756.9487.8308.05"},{"$f":"Base!AR589","v":"Atupri Gesundheitsversicherung"},{"$f":"LEFT(Base!J589,10)","v":"2022-02-17"},{"$f":"CONCATENATE(Base!L589,IF(Base!L589=0,\"\",\", \"),Base!M589,\" \",Base!N589,\", \",Base!P589,\" \",Base!Q589)","v":"Home les Tilleuls, Avenue de l'Europe 93, 1870 Monthey"},{"$f":"CONCATENATE(Base!V589,\", \",Base!Z589,\" \",Base!AA589,\", \",Base!W589,\" \",Base!X589)","v":"Hôpital Riviera-Chablais (HRC), 1847 Rennaz, Route du Vieux-Séquoia 20"},null,{"$f":"CONCATENATE(RIGHT(LEFT(Base!J589,16),5),\" - \",RIGHT(LEFT(Base!K589,16),5))","v":"14:28 - 15:47"},{"$f":"Base!AF589&\" - \"&Base!I589","v":"Maladie - P2"},null,null,null,null,null,null,null,null,null,null,null,null,null,null,null,null,null,null,{"$f":"Base!H589","v":"Monthey"},3,null,null,null,null,null,null,null,null,null,3,null,null,null,null,null,null,null,null,null,null,null,null,null,null,null,null,null,null,null,null,null,{"$f":"IF(Base!U589=\"Privée\",2,1)","v":1},{"$f":"IF(OR(LEFT(Base!AS589,1)=\"1\",LEFT(Base!AS589)=\"2\"),RIGHT(Base!AS589,LEN(Base!AS589)-1),Base!AS589)","v":"756.9487.8308.05"},{"$f":"Base!AU589","v":"Établissement"},{"$f":"OR(CONCATENATE(Base!AW589,Base!AX589)=CONCATENATE(Base!AH589,Base!AI589),FO591=\"Établissement\")","v":true},{"$f":"Base!I589","v":"P2"}]
[{"$f":"Base!A598","v":4704},{"$f":"20","v":20},{"$f":"Base!B598","v":"2022-02-25"},null,{"$f":"Base!AE598","v":"VS22004962"},null,null,null,null,null,"<AUTO>",null,null,null,null,"URL (Libre)",null,null,{"$f":"Base!E598&\" - \"&Base!H598&\" - \"&Base!D598","v":"18316 - Monthey - "},{"$f":"IF(AND(Base!AT598<1000,Base!AT598>99),Base!AT598,IF(FO600=\"Établissement\",VALUE(CONCATENATE(LEN(SUBSTITUTE(V600,\" \",\"\")),LEN(V600),AA600,COLUMN(INDIRECT(LEFT(V600,1)&1)),LEN(SUBSTITUTE(V600,\"-\",\"\")))),IF(FN600=\"\",VALUE(CONCATENATE(COLUMN(INDIRECT(LEFT(W600,1)&1)),COLUMN(INDIRECT(LEFT(X600,1)&1)),AO600,CODE(AA600))),VALUE(SUBSTITUTE(SUBSTITUTE(SUBSTITUTE(FN600,\".\",\"\"),\" \",\"\"),\"-\",\"\")))))","v":7564912507734},null,{"$f":"SUBSTITUTE(IF(Base!BF598=0,\"\",Base!BF598),\" (facturation)\",\"\")","v":""},{"$f":"IF(Base!AW598=0,\"\",Base!AH598)","v":"Asaas"},{"$f":"IF(Base!AX598=0,\"\",Base!AI598)","v":"Geneviève "},{"$f":"IF(Base!AW598=0,Base!AY598&\" \"&Base!AZ598,Base!AK598&\" \"&Base!AL598)","v":"Chemin de Damonvelle 10"},{"$f":"IF(IF(Base!AW598=0,Base!BA598,Base!AM598)=0,\"\",IF(Base!AW598=0,Base!BA598,Base!AM598))","v":"Chalet Riant Coteau"},{"$f":"IF(Base!AW598=0,Base!BB598,Base!AN598)","v":1874},{"$f":"IF(Base!AW598=0,Base!BC598,Base!AO598)","v":"Champéry"},null,null,null,null,null,null,null,null,null,null,null,null,{"$f":"Base!AJ598","v":"1951-09-25"},{"$f":"IF(FO600=\"Établissement\",\"\",IF(Base!AG598=\"Masculin\",\"Monsieur\",IF(Base!AG598=\"Féminin\",\"Madame\",\"\")))","v":"Madame"},{"$f":"IF(FP600=FALSE,CONCATENATE(IF(Base!AV598=\"Masculin\",\"Monsieur\",IF(Base!AV598=\"Féminin\",\"Madame\",\"\")),\"#chr(13)##chr(10)#\",Base!AW598,\" \",Base!AX598, \"#chr(13)##chr(10)#\",Base!AY598,\" \",Base!AZ598, \"#chr(13)##chr(10)#\",Base!BA598, \"#chr(13)##chr(10)#\",Base!BB598,\" \",Base!BC598),\"\")","v":""},null,"Madame",null,{"$f":"IF(AND(Base!AT598<200,Base!AT598>99),1,0)","v":0},null,0,{"$f":"Base!BG598","v":0},{"$f":"Base!BH598& \"#chr(13)##chr(10)#\" &Base!BI598","v":"Facture adressée à la patiente en conformité de l'art. 33, lettre g de l'ordonnance sur l'assurance maladie car transfert effectué à sa demande pour convenance personnelle#chr(13)##chr(10)#"},null,{"$f":"Base!BJ598","v":0},{"$f":"Base!BK598","v":0},{"$f":"IF(Base!BL598=\"\",\"\",Base!BL598)","v":""},null,{"$f":"Base!BM598","v":0},null,null,{"$f":"IF(Base!H598=\"Uvrier\",3018,VLOOKUP(FQ600,$GV$2:$GX$7,FM600+1,0))","v":3015},0,0,null,0,null,null,null,null,null,"Libre","BS - 668",null,"BU - 73 - aff",0,null,null,null,null,null,null,null,null,null,null,null,null,null,null,null,null,null,null,null,null,null,null,null,null,null,null,null,null,null,null,null,null,null,{"$f":"Base!AH598&\", \"&Base!AI598","v":"Asaas, Geneviève "},{"$f":"Base!AN598&\" \"&Base!AO598&\", \"&Base!AK598&\" \"&Base!AL598","v":"1874 Champéry, Chemin de Damonvelle 10"},{"$f":"CONCATENATE(TEXT(DATE(YEAR(Base!AJ598),MONTH(Base!AJ598),DAY(Base!AJ598)),\"jj.mm.aaaa\"),\", \",FN600,IF(Base!D598=\"\",\"\",\" - \"),Base!D598)","v":"25.09.1951, 756.4912.5077.34"},{"$f":"Base!AR598","v":"Mutuel Assurance Maladie SA"},{"$f":"LEFT(Base!J598,10)","v":"2022-02-17"},{"$f":"CONCATENATE(Base!L598,IF(Base!L598=0,\"\",\", \"),Base!M598,\" \",Base!N598,\", \",Base!P598,\" \",Base!Q598)","v":"Hôpital Riviera-Chablais (HRC), Route du Vieux-Séquoia 20, 1847 Rennaz"},{"$f":"CONCATENATE(Base!V598,\", \",Base!Z598,\" \",Base!AA598,\", \",Base!W598,\" \",Base!X598)","v":"Clinique CIC Saxon, 1907 Saxon, Route du Léman 29"},null,{"$f":"CONCATENATE(RIGHT(LEFT(Base!J598,16),5),\" - \",RIGHT(LEFT(Base!K598,16),5))","v":"17:00 - 18:43"},{"$f":"Base!AF598&\" - \"&Base!I598","v":"Accident - S3"},null,null,null,null,null,null,null,null,null,null,null,null,null,null,null,null,null,null,{"$f":"Base!H598","v":"Monthey"},3,null,null,null,null,null,null,null,null,null,3,null,null,null,null,null,null,null,null,null,null,null,null,null,null,null,null,null,null,null,null,null,{"$f":"IF(Base!U598=\"Privée\",2,1)","v":2},{"$f":"IF(OR(LEFT(Base!AS598,1)=\"1\",LEFT(Base!AS598)=\"2\"),RIGHT(Base!AS598,LEN(Base!AS598)-1),Base!AS598)","v":"756.4912.5077.34"},{"$f":"Base!AU598","v":"Personne"},{"$f":"OR(CONCATENATE(Base!AW598,Base!AX598)=CONCATENATE(Base!AH598,Base!AI598),FO600=\"Établissement\")","v":true},{"$f":"Base!I598","v":"S3"}]
[{"$f":"Base!A605","v":4707},{"$f":"20","v":20},{"$f":"Base!B605","v":"2022-02-25"},null,{"$f":"Base!AE605","v":"VS22004978"},null,null,null,null,null,"<AUTO>",null,null,null,null,"URL (Libre)",null,null,{"$f":"Base!E605&\" - \"&Base!H605&\" - \"&Base!D605","v":"18332 - Monthey - "},{"$f":"IF(AND(Base!AT605<1000,Base!AT605>99),Base!AT605,IF(FO607=\"Établissement\",VALUE(CONCATENATE(LEN(SUBSTITUTE(V607,\" \",\"\")),LEN(V607),AA607,COLUMN(INDIRECT(LEFT(V607,1)&1)),LEN(SUBSTITUTE(V607,\"-\",\"\")))),IF(FN607=\"\",VALUE(CONCATENATE(COLUMN(INDIRECT(LEFT(W607,1)&1)),COLUMN(INDIRECT(LEFT(X607,1)&1)),AO607,CODE(AA607))),VALUE(SUBSTITUTE(SUBSTITUTE(SUBSTITUTE(FN607,\".\",\"\"),\" \",\"\"),\"-\",\"\")))))","v":7560271043210},null,{"$f":"SUBSTITUTE(IF(Base!BF605=0,\"\",Base!BF605),\" (facturation)\",\"\")","v":""},{"$f":"IF(Base!AW605=0,\"\",Base!AH605)","v":"Bifrare"},{"$f":"IF(Base!AX605=0,\"\",Base!AI605)","v":"Anne-Lise"},{"$f":"IF(Base!AW605=0,Base!AY605&\" \"&Base!AZ605,Base!AK605&\" \"&Base!AL605)","v":"Chemin du Lemont 12"},{"$f":"IF(IF(Base!AW605=0,Base!BA605,Base!AM605)=0,\"\",IF(Base!AW605=0,Base!BA605,Base!AM605))","v":""},{"$f":"IF(Base!AW605=0,Base!BB605,Base!AN605)","v":1893},{"$f":"IF(Base!AW605=0,Base!BC605,Base!AO605)","v":"Muraz (Collombey)"},null,null,null,null,null,null,null,null,null,null,null,null,{"$f":"Base!AJ605","v":"1943-10-24"},{"$f":"IF(FO607=\"Établissement\",\"\",IF(Base!AG605=\"Masculin\",\"Monsieur\",IF(Base!AG605=\"Féminin\",\"Madame\",\"\")))","v":"Madame"},{"$f":"IF(FP607=FALSE,CONCATENATE(IF(Base!AV605=\"Masculin\",\"Monsieur\",IF(Base!AV605=\"Féminin\",\"Madame\",\"\")),\"#chr(13)##chr(10)#\",Base!AW605,\" \",Base!AX605, \"#chr(13)##chr(10)#\",Base!AY605,\" \",Base!AZ605, \"#chr(13)##chr(10)#\",Base!BA605, \"#chr(13)##chr(10)#\",Base!BB605,\" \",Base!BC605),\"\")","v":""},null,"Madame",null,{"$f":"IF(AND(Base!AT605<200,Base!AT605>99),1,0)","v":0},null,0,{"$f":"Base!BG605","v":9404},{"$f":"Base!BH605& \"#chr(13)##chr(10)#\" &Base!BI605","v":"Indemnisation kilométrique#chr(13)##chr(10)#"},null,{"$f":"Base!BJ605","v":36},{"$f":"Base!BK605","v":4.5},{"$f":"IF(Base!BL605=\"\",\"\",Base!BL605)","v":"km"},null,{"$f":"Base!BM605","v":162},null,null,{"$f":"IF(Base!H605=\"Uvrier\",3018,VLOOKUP(FQ607,$GV$2:$GX$7,FM607+1,0))","v":3001},0,0,null,0,null,null,null,null,null,"Libre","BS - 675",null,"BU - 73 - aff",0,null,null,null,null,null,null,null,null,null,null,null,null,null,null,null,null,null,null,null,null,null,null,null,null,null,null,null,null,null,null,null,null,null,{"$f":"Base!AH605&\", \"&Base!AI605","v":"Bifrare, Anne-Lise"},{"$f":"Base!AN605&\" \"&Base!AO605&\", \"&Base!AK605&\" \"&Base!AL605","v":"1893 Muraz (Collombey), Chemin du Lemont 12"},{"$f":"CONCATENATE(TEXT(DATE(YEAR(Base!AJ605),MONTH(Base!AJ605),DAY(Base!AJ605)),\"jj.mm.aaaa\"),\", \",FN607,IF(Base!D605=\"\",\"\",\" - \"),Base!D605)","v":"24.10.1943, 756.0271.0432.10"},{"$f":"Base!AR605","v":"Helsana Assurances SA"},{"$f":"LEFT(Base!J605,10)","v":"2022-02-17"},{"$f":"CONCATENATE(Base!L605,IF(Base!L605=0,\"\",\", \"),Base!M605,\" \",Base!N605,\", \",Base!P605,\" \",Base!Q605)","v":"Domicile, Chemin du Lemont 12, 1893 Muraz (Collombey)"},{"$f":"CONCATENATE(Base!V605,\", \",Base!Z605,\" \",Base!AA605,\", \",Base!W605,\" \",Base!X605)","v":"Hôpital Riviera-Chablais (HRC), 1847 Rennaz, Route du Vieux-Séquoia 20"},null,{"$f":"CONCATENATE(RIGHT(LEFT(Base!J605,16),5),\" - \",RIGHT(LEFT(Base!K605,16),5))","v":"21:58 - 23:50"},{"$f":"Base!AF605&\" - \"&Base!I605","v":"Maladie - P1"},null,null,null,null,null,null,null,null,null,null,null,null,null,null,null,null,null,null,{"$f":"Base!H605","v":"Monthey"},3,null,null,null,null,null,null,null,null,null,3,null,null,null,null,null,null,null,null,null,null,null,null,null,null,null,null,null,null,null,null,null,{"$f":"IF(Base!U605=\"Privée\",2,1)","v":1},{"$f":"IF(OR(LEFT(Base!AS605,1)=\"1\",LEFT(Base!AS605)=\"2\"),RIGHT(Base!AS605,LEN(Base!AS605)-1),Base!AS605)","v":"756.0271.0432.10"},{"$f":"Base!AU605","v":"Personne"},{"$f":"OR(CONCATENATE(Base!AW605,Base!AX605)=CONCATENATE(Base!AH605,Base!AI605),FO607=\"Établissement\")","v":true},{"$f":"Base!I605","v":"P1"}]
[{"$f":"Base!A608","v":4707},{"$f":"20","v":20},{"$f":"Base!B608","v":"2022-02-25"},null,{"$f":"Base!AE608","v":"VS22004978"},null,null,null,null,null,"<AUTO>",null,null,null,null,"URL (Libre)",null,null,{"$f":"Base!E608&\" - \"&Base!H608&\" - \"&Base!D608","v":"18332 - Monthey - "},{"$f":"IF(AND(Base!AT608<1000,Base!AT608>99),Base!AT608,IF(FO610=\"Établissement\",VALUE(CONCATENATE(LEN(SUBSTITUTE(V610,\" \",\"\")),LEN(V610),AA610,COLUMN(INDIRECT(LEFT(V610,1)&1)),LEN(SUBSTITUTE(V610,\"-\",\"\")))),IF(FN610=\"\",VALUE(CONCATENATE(COLUMN(INDIRECT(LEFT(W610,1)&1)),COLUMN(INDIRECT(LEFT(X610,1)&1)),AO610,CODE(AA610))),VALUE(SUBSTITUTE(SUBSTITUTE(SUBSTITUTE(FN610,\".\",\"\"),\" \",\"\"),\"-\",\"\")))))","v":7560271043210},null,{"$f":"SUBSTITUTE(IF(Base!BF608=0,\"\",Base!BF608),\" (facturation)\",\"\")","v":""},{"$f":"IF(Base!AW608=0,\"\",Base!AH608)","v":"Bifrare"},{"$f":"IF(Base!AX608=0,\"\",Base!AI608)","v":"Anne-Lise"},{"$f":"IF(Base!AW608=0,Base!AY608&\" \"&Base!AZ608,Base!AK608&\" \"&Base!AL608)","v":"Chemin du Lemont 12"},{"$f":"IF(IF(Base!AW608=0,Base!BA608,Base!AM608)=0,\"\",IF(Base!AW608=0,Base!BA608,Base!AM608))","v":""},{"$f":"IF(Base!AW608=0,Base!BB608,Base!AN608)","v":1893},{"$f":"IF(Base!AW608=0,Base!BC608,Base!AO608)","v":"Muraz (Collombey)"},null,null,null,null,null,null,null,null,null,null,null,null,{"$f":"Base!AJ608","v":"1943-10-24"},{"$f":"IF(FO610=\"Établissement\",\"\",IF(Base!AG608=\"Masculin\",\"Monsieur\",IF(Base!AG608=\"Féminin\",\"Madame\",\"\")))","v":"Madame"},{"$f":"IF(FP610=FALSE,CONCATENATE(IF(Base!AV608=\"Masculin\",\"Monsieur\",IF(Base!AV608=\"Féminin\",\"Madame\",\"\")),\"#chr(13)##chr(10)#\",Base!AW608,\" \",Base!AX608, \"#chr(13)##chr(10)#\",Base!AY608,\" \",Base!AZ608, \"#chr(13)##chr(10)#\",Base!BA608, \"#chr(13)##chr(10)#\",Base!BB608,\" \",Base!BC608),\"\")","v":""},null,"Madame",null,{"$f":"IF(AND(Base!AT608<200,Base!AT608>99),1,0)","v":0},null,0,{"$f":"Base!BG608","v":9441},{"$f":"Base!BH608& \"#chr(13)##chr(10)#\" &Base!BI608","v":"Matériel - Prestation standard élargie#chr(13)##chr(10)#"},null,{"$f":"Base!BJ608","v":1},{"$f":"Base!BK608","v":80},{"$f":"IF(Base!BL608=\"\",\"\",Base!BL608)","v":""},null,{"$f":"Base!BM608","v":80},null,null,{"$f":"IF(Base!H608=\"Uvrier\",3018,VLOOKUP(FQ610,$GV$2:$GX$7,FM610+1,0))","v":3001},0,0,null,0,null,null,null,null,null,"Libre","BS - 678",null,"BU - 73 - aff",0,null,null,null,null,null,null,null,null,null,null,null,null,null,null,null,null,null,null,null,null,null,null,null,null,null,null,null,null,null,null,null,null,null,{"$f":"Base!AH608&\", \"&Base!AI608","v":"Bifrare, Anne-Lise"},{"$f":"Base!AN608&\" \"&Base!AO608&\", \"&Base!AK608&\" \"&Base!AL608","v":"1893 Muraz (Collombey), Chemin du Lemont 12"},{"$f":"CONCATENATE(TEXT(DATE(YEAR(Base!AJ608),MONTH(Base!AJ608),DAY(Base!AJ608)),\"jj.mm.aaaa\"),\", \",FN610,IF(Base!D608=\"\",\"\",\" - \"),Base!D608)","v":"24.10.1943, 756.0271.0432.10"},{"$f":"Base!AR608","v":"Helsana Assurances SA"},{"$f":"LEFT(Base!J608,10)","v":"2022-02-17"},{"$f":"CONCATENATE(Base!L608,IF(Base!L608=0,\"\",\", \"),Base!M608,\" \",Base!N608,\", \",Base!P608,\" \",Base!Q608)","v":"Domicile, Chemin du Lemont 12, 1893 Muraz (Collombey)"},{"$f":"CONCATENATE(Base!V608,\", \",Base!Z608,\" \",Base!AA608,\", \",Base!W608,\" \",Base!X608)","v":"Hôpital Riviera-Chablais (HRC), 1847 Rennaz, Route du Vieux-Séquoia 20"},null,{"$f":"CONCATENATE(RIGHT(LEFT(Base!J608,16),5),\" - \",RIGHT(LEFT(Base!K608,16),5))","v":"21:58 - 23:50"},{"$f":"Base!AF608&\" - \"&Base!I608","v":"Maladie - P1"},null,null,null,null,null,null,null,null,null,null,null,null,null,null,null,null,null,null,{"$f":"Base!H608","v":"Monthey"},3,null,null,null,null,null,null,null,null,null,3,null,null,null,null,null,null,null,null,null,null,null,null,null,null,null,null,null,null,null,null,null,{"$f":"IF(Base!U608=\"Privée\",2,1)","v":1},{"$f":"IF(OR(LEFT(Base!AS608,1)=\"1\",LEFT(Base!AS608)=\"2\"),RIGHT(Base!AS608,LEN(Base!AS608)-1),Base!AS608)","v":"756.0271.0432.10"},{"$f":"Base!AU608","v":"Personne"},{"$f":"OR(CONCATENATE(Base!AW608,Base!AX608)=CONCATENATE(Base!AH608,Base!AI608),FO610=\"Établissement\")","v":true},{"$f":"Base!I608","v":"P1"}]
[{"$f":"Base!A617","v":4710},{"$f":"20","v":20},{"$f":"Base!B617","v":"2022-02-25"},null,{"$f":"Base!AE617","v":"VS22004996"},null,null,null,null,null,"<AUTO>",null,null,null,null,"URL (Libre)",null,null,{"$f":"Base!E617&\" - \"&Base!H617&\" - \"&Base!D617","v":"18350 - Monthey - "},{"$f":"IF(AND(Base!AT617<1000,Base!AT617>99),Base!AT617,IF(FO619=\"Établissement\",VALUE(CONCATENATE(LEN(SUBSTITUTE(V619,\" \",\"\")),LEN(V619),AA619,COLUMN(INDIRECT(LEFT(V619,1)&1)),LEN(SUBSTITUTE(V619,\"-\",\"\")))),IF(FN619=\"\",VALUE(CONCATENATE(COLUMN(INDIRECT(LEFT(W619,1)&1)),COLUMN(INDIRECT(LEFT(X619,1)&1)),AO619,CODE(AA619))),VALUE(SUBSTITUTE(SUBSTITUTE(SUBSTITUTE(FN619,\".\",\"\"),\" \",\"\"),\"-\",\"\")))))","v":7567516084861},null,{"$f":"SUBSTITUTE(IF(Base!BF617=0,\"\",Base!BF617),\" (facturation)\",\"\")","v":""},{"$f":"IF(Base!AW617=0,\"\",Base!AH617)","v":"Berrut"},{"$f":"IF(Base!AX617=0,\"\",Base!AI617)","v":"Amédée"},{"$f":"IF(Base!AW617=0,Base!AY617&\" \"&Base!AZ617,Base!AK617&\" \"&Base!AL617)","v":"Avenue de Savoie 18"},{"$f":"IF(IF(Base!AW617=0,Base!BA617,Base!AM617)=0,\"\",IF(Base!AW617=0,Base!BA617,Base!AM617))","v":""},{"$f":"IF(Base!AW617=0,Base!BB617,Base!AN617)","v":1896},{"$f":"IF(Base!AW617=0,Base!BC617,Base!AO617)","v":"Vouvry"},null,null,null,null,null,null,null,null,null,null,null,null,{"$f":"Base!AJ617","v":"1936-01-19"},{"$f":"IF(FO619=\"Établissement\",\"\",IF(Base!AG617=\"Masculin\",\"Monsieur\",IF(Base!AG617=\"Féminin\",\"Madame\",\"\")))","v":"Monsieur"},{"$f":"IF(FP619=FALSE,CONCATENATE(IF(Base!AV617=\"Masculin\",\"Monsieur\",IF(Base!AV617=\"Féminin\",\"Madame\",\"\")),\"#chr(13)##chr(10)#\",Base!AW617,\" \",Base!AX617, \"#chr(13)##chr(10)#\",Base!AY617,\" \",Base!AZ617, \"#chr(13)##chr(10)#\",Base!BA617, \"#chr(13)##chr(10)#\",Base!BB617,\" \",Base!BC617),\"\")","v":""},null,"Monsieur",null,{"$f":"IF(AND(Base!AT617<200,Base!AT617>99),1,0)","v":0},null,0,{"$f":"Base!BG617","v":9441},{"$f":"Base!BH617& \"#chr(13)##chr(10)#\" &Base!BI617","v":"Matériel - Prestation standard élargie#chr(13)##chr(10)#"},null,{"$f":"Base!BJ617","v":1},{"$f":"Base!BK617","v":80},{"$f":"IF(Base!BL617=\"\",\"\",Base!BL617)","v":""},null,{"$f":"Base!BM617","v":80},null,null,{"$f":"IF(Base!H617=\"Uvrier\",3018,VLOOKUP(FQ619,$GV$2:$GX$7,FM619+1,0))","v":3002},0,0,null,0,null,null,null,null,null,"Libre","BS - 687",null,"BU - 73 - aff",0,null,null,null,null,null,null,null,null,null,null,null,null,null,null,null,null,null,null,null,null,null,null,null,null,null,null,null,null,null,null,null,null,null,{"$f":"Base!AH617&\", \"&Base!AI617","v":"Berrut, Amédée"},{"$f":"Base!AN617&\" \"&Base!AO617&\", \"&Base!AK617&\" \"&Base!AL617","v":"1896 Vouvry, Avenue de Savoie 18"},{"$f":"CONCATENATE(TEXT(DATE(YEAR(Base!AJ617),MONTH(Base!AJ617),DAY(Base!AJ617)),\"jj.mm.aaaa\"),\", \",FN619,IF(Base!D617=\"\",\"\",\" - \"),Base!D617)","v":"19.01.1936, 756.7516.0848.61"},{"$f":"Base!AR617","v":"Easy Sana Assurance Maladie SA"},{"$f":"LEFT(Base!J617,10)","v":"2022-02-18"},{"$f":"CONCATENATE(Base!L617,IF(Base!L617=0,\"\",\", \"),Base!M617,\" \",Base!N617,\", \",Base!P617,\" \",Base!Q617)","v":"Avenue de Savoie 18, 1896 Vouvry"},{"$f":"CONCATENATE(Base!V617,\", \",Base!Z617,\" \",Base!AA617,\", \",Base!W617,\" \",Base!X617)","v":"Hôpital Riviera-Chablais (HRC), 1847 Rennaz, Route du Vieux-Séquoia 20"},null,{"$f":"CONCATENATE(RIGHT(LEFT(Base!J617,16),5),\" - \",RIGHT(LEFT(Base!K617,16),5))","v":"08:17 - 09:56"},{"$f":"Base!AF617&\" - \"&Base!I617","v":"Maladie - P2"},null,null,null,null,null,null,null,null,null,null,null,null,null,null,null,null,null,null,{"$f":"Base!H617","v":"Monthey"},3,null,null,null,null,null,null,null,null,null,3,null,null,null,null,null,null,null,null,null,null,null,null,null,null,null,null,null,null,null,null,null,{"$f":"IF(Base!U617=\"Privée\",2,1)","v":1},{"$f":"IF(OR(LEFT(Base!AS617,1)=\"1\",LEFT(Base!AS617)=\"2\"),RIGHT(Base!AS617,LEN(Base!AS617)-1),Base!AS617)","v":"756.7516.0848.61"},{"$f":"Base!AU617","v":"Personne"},{"$f":"OR(CONCATENATE(Base!AW617,Base!AX617)=CONCATENATE(Base!AH617,Base!AI617),FO619=\"Établissement\")","v":true},{"$f":"Base!I617","v":"P2"}]
[{"$f":"Base!A618","v":4711},{"$f":"20","v":20},{"$f":"Base!B618","v":"2022-02-25"},null,{"$f":"Base!AE618","v":"VS22004999"},null,null,null,null,null,"<AUTO>",null,null,null,null,"URL (Libre)",null,null,{"$f":"Base!E618&\" - \"&Base!H618&\" - \"&Base!D618","v":"18353 - Monthey - "},{"$f":"IF(AND(Base!AT618<1000,Base!AT618>99),Base!AT618,IF(FO620=\"Établissement\",VALUE(CONCATENATE(LEN(SUBSTITUTE(V620,\" \",\"\")),LEN(V620),AA620,COLUMN(INDIRECT(LEFT(V620,1)&1)),LEN(SUBSTITUTE(V620,\"-\",\"\")))),IF(FN620=\"\",VALUE(CONCATENATE(COLUMN(INDIRECT(LEFT(W620,1)&1)),COLUMN(INDIRECT(LEFT(X620,1)&1)),AO620,CODE(AA620))),VALUE(SUBSTITUTE(SUBSTITUTE(SUBSTITUTE(FN620,\".\",\"\"),\" \",\"\"),\"-\",\"\")))))","v":7563173422978},null,{"$f":"SUBSTITUTE(IF(Base!BF618=0,\"\",Base!BF618),\" (facturation)\",\"\")","v":""},{"$f":"IF(Base!AW618=0,\"\",Base!AH618)","v":"Hélène"},{"$f":"IF(Base!AX618=0,\"\",Base!AI618)","v":"Nemeth"},{"$f":"IF(Base!AW618=0,Base!AY618&\" \"&Base!AZ618,Base!AK618&\" \"&Base!AL618)","v":"Route de Mareindeux 7"},{"$f":"IF(IF(Base!AW618=0,Base!BA618,Base!AM618)=0,\"\",IF(Base!AW618=0,Base!BA618,Base!AM618))","v":""},{"$f":"IF(Base!AW618=0,Base!BB618,Base!AN618)","v":1870},{"$f":"IF(Base!AW618=0,Base!BC618,Base!AO618)","v":"Monthey"},null,null,null,null,null,null,null,null,null,null,null,null,{"$f":"Base!AJ618","v":"1932-01-19"},{"$f":"IF(FO620=\"Établissement\",\"\",IF(Base!AG618=\"Masculin\",\"Monsieur\",IF(Base!AG618=\"Féminin\",\"Madame\",\"\")))","v":"Madame"},{"$f":"IF(FP620=FALSE,CONCATENATE(IF(Base!AV618=\"Masculin\",\"Monsieur\",IF(Base!AV618=\"Féminin\",\"Madame\",\"\")),\"#chr(13)##chr(10)#\",Base!AW618,\" \",Base!AX618, \"#chr(13)##chr(10)#\",Base!AY618,\" \",Base!AZ618, \"#chr(13)##chr(10)#\",Base!BA618, \"#chr(13)##chr(10)#\",Base!BB618,\" \",Base!BC618),\"\")","v":""},null,"Madame",null,{"$f":"IF(AND(Base!AT618<200,Base!AT618>99),1,0)","v":0},null,0,{"$f":"Base!BG618","v":9402},{"$f":"Base!BH618& \"#chr(13)##chr(10)#\" &Base!BI618","v":"Taxe de base transport P2#chr(13)##chr(10)#"},null,{"$f":"Base!BJ618","v":1},{"$f":"Base!BK618","v":300},{"$f":"IF(Base!BL618=\"\",\"\",Base!BL618)","v":""},null,{"$f":"Base!BM618","v":300},null,null,{"$f":"IF(Base!H618=\"Uvrier\",3018,VLOOKUP(FQ620,$GV$2:$GX$7,FM620+1,0))","v":3002},0,0,null,0,null,null,null,null,null,"Libre","BS - 688",null,"BU - 73 - aff",0,null,null,null,null,null,null,null,null,null,null,null,null,null,null,null,null,null,null,null,null,null,null,null,null,null,null,null,null,null,null,null,null,null,{"$f":"Base!AH618&\", \"&Base!AI618","v":"Hélène, Nemeth"},{"$f":"Base!AN618&\" \"&Base!AO618&\", \"&Base!AK618&\" \"&Base!AL618","v":"1870 Monthey, Route de Mareindeux 7"},{"$f":"CONCATENATE(TEXT(DATE(YEAR(Base!AJ618),MONTH(Base!AJ618),DAY(Base!AJ618)),\"jj.mm.aaaa\"),\", \",FN620,IF(Base!D618=\"\",\"\",\" - \"),Base!D618)","v":"19.01.1932, 756.3173.4229.78"},{"$f":"Base!AR618","v":"Philos Assurance Maladie SA"},{"$f":"LEFT(Base!J618,10)","v":"2022-02-18"},{"$f":"CONCATENATE(Base!L618,IF(Base!L618=0,\"\",\", \"),Base!M618,\" \",Base!N618,\", \",Base!P618,\" \",Base!Q618)","v":"Route de Mareindeux 7, 1870 Monthey"},{"$f":"CONCATENATE(Base!V618,\", \",Base!Z618,\" \",Base!AA618,\", \",Base!W618,\" \",Base!X618)","v":"Hôpital Riviera-Chablais (HRC), 1847 Rennaz, Route du Vieux-Séquoia 20"},null,{"$f":"CONCATENATE(RIGHT(LEFT(Base!J618,16),5),\" - \",RIGHT(LEFT(Base!K618,16),5))","v":"08:53 - 10:48"},{"$f":"Base!AF618&\" - \"&Base!I618","v":"Accident - P2"},null,null,null,null,null,null,null,null,null,null,null,null,null,null,null,null,null,null,{"$f":"Base!H618","v":"Monthey"},3,null,null,null,null,null,null,null,null,null,3,null,null,null,null,null,null,null,null,null,null,null,null,null,null,null,null,null,null,null,null,null,{"$f":"IF(Base!U618=\"Privée\",2,1)","v":1},{"$f":"IF(OR(LEFT(Base!AS618,1)=\"1\",LEFT(Base!AS618)=\"2\"),RIGHT(Base!AS618,LEN(Base!AS618)-1),Base!AS618)","v":"756.3173.4229.78"},{"$f":"Base!AU618","v":"Personne"},{"$f":"OR(CONCATENATE(Base!AW618,Base!AX618)=CONCATENATE(Base!AH618,Base!AI618),FO620=\"Établissement\")","v":true},{"$f":"Base!I618","v":"P2"}]
[{"$f":"Base!A625","v":4712},{"$f":"20","v":20},{"$f":"Base!B625","v":"2022-02-25"},null,{"$f":"Base!AE625","v":"VS22005003"},null,null,null,null,null,"<AUTO>",null,null,null,null,"URL (Libre)",null,null,{"$f":"Base!E625&\" - \"&Base!H625&\" - \"&Base!D625","v":"18357 - Monthey - "},{"$f":"IF(AND(Base!AT625<1000,Base!AT625>99),Base!AT625,IF(FO627=\"Établissement\",VALUE(CONCATENATE(LEN(SUBSTITUTE(V627,\" \",\"\")),LEN(V627),AA627,COLUMN(INDIRECT(LEFT(V627,1)&1)),LEN(SUBSTITUTE(V627,\"-\",\"\")))),IF(FN627=\"\",VALUE(CONCATENATE(COLUMN(INDIRECT(LEFT(W627,1)&1)),COLUMN(INDIRECT(LEFT(X627,1)&1)),AO627,CODE(AA627))),VALUE(SUBSTITUTE(SUBSTITUTE(SUBSTITUTE(FN627,\".\",\"\"),\" \",\"\"),\"-\",\"\")))))","v":7561147100570},null,{"$f":"SUBSTITUTE(IF(Base!BF625=0,\"\",Base!BF625),\" (facturation)\",\"\")","v":""},{"$f":"IF(Base!AW625=0,\"\",Base!AH625)","v":"Saidi"},{"$f":"IF(Base!AX625=0,\"\",Base!AI625)","v":"Eddy"},{"$f":"IF(Base!AW625=0,Base!AY625&\" \"&Base!AZ625,Base!AK625&\" \"&Base!AL625)","v":"Route des Cerniers 100"},{"$f":"IF(IF(Base!AW625=0,Base!BA625,Base!AM625)=0,\"\",IF(Base!AW625=0,Base!BA625,Base!AM625))","v":""},{"$f":"IF(Base!AW625=0,Base!BB625,Base!AN625)","v":1871},{"$f":"IF(Base!AW625=0,Base!BC625,Base!AO625)","v":"Les Giettes"},null,null,null,null,null,null,null,null,null,null,null,null,{"$f":"Base!AJ625","v":"1997-08-28"},{"$f":"IF(FO627=\"Établissement\",\"\",IF(Base!AG625=\"Masculin\",\"Monsieur\",IF(Base!AG625=\"Féminin\",\"Madame\",\"\")))","v":"Monsieur"},{"$f":"IF(FP627=FALSE,CONCATENATE(IF(Base!AV625=\"Masculin\",\"Monsieur\",IF(Base!AV625=\"Féminin\",\"Madame\",\"\")),\"#chr(13)##chr(10)#\",Base!AW625,\" \",Base!AX625, \"#chr(13)##chr(10)#\",Base!AY625,\" \",Base!AZ625, \"#chr(13)##chr(10)#\",Base!BA625, \"#chr(13)##chr(10)#\",Base!BB625,\" \",Base!BC625),\"\")","v":""},null,"Monsieur",null,{"$f":"IF(AND(Base!AT625<200,Base!AT625>99),1,0)","v":0},null,0,{"$f":"Base!BG625","v":"VS.9542"},{"$f":"Base!BH625& \"#chr(13)##chr(10)#\" &Base!BI625","v":"Matériel - Réanimation, préparation de l'anesthésie et autres moyens thérapeutiques#chr(13)##chr(10)#"},null,{"$f":"Base!BJ625","v":1},{"$f":"Base!BK625","v":320},{"$f":"IF(Base!BL625=\"\",\"\",Base!BL625)","v":""},null,{"$f":"Base!BM625","v":320},null,null,{"$f":"IF(Base!H625=\"Uvrier\",3018,VLOOKUP(FQ627,$GV$2:$GX$7,FM627+1,0))","v":3001},0,0,null,0,null,null,null,null,null,"Libre","BS - 695",null,"BU - 73 - aff",0,null,null,null,null,null,null,null,null,null,null,null,null,null,null,null,null,null,null,null,null,null,null,null,null,null,null,null,null,null,null,null,null,null,{"$f":"Base!AH625&\", \"&Base!AI625","v":"Saidi, Eddy"},{"$f":"Base!AN625&\" \"&Base!AO625&\", \"&Base!AK625&\" \"&Base!AL625","v":"1871 Les Giettes, Route des Cerniers 100"},{"$f":"CONCATENATE(TEXT(DATE(YEAR(Base!AJ625),MONTH(Base!AJ625),DAY(Base!AJ625)),\"jj.mm.aaaa\"),\", \",FN627,IF(Base!D625=\"\",\"\",\" - \"),Base!D625)","v":"28.08.1997, 756.1147.1005.70"},{"$f":"Base!AR625","v":"CSS"},{"$f":"LEFT(Base!J625,10)","v":"2022-02-18"},{"$f":"CONCATENATE(Base!L625,IF(Base!L625=0,\"\",\", \"),Base!M625,\" \",Base!N625,\", \",Base!P625,\" \",Base!Q625)","v":"Route des Cerniers 100, 1871 Les Giettes"},{"$f":"CONCATENATE(Base!V625,\", \",Base!Z625,\" \",Base!AA625,\", \",Base!W625,\" \",Base!X625)","v":",  ,  "},null,{"$f":"CONCATENATE(RIGHT(LEFT(Base!J625,16),5),\" - \",RIGHT(LEFT(Base!K625,16),5))","v":"10:11 - 12:40"},{"$f":"Base!AF625&\" - \"&Base!I625","v":"Accident - P1"},null,null,null,null,null,null,null,null,null,null,null,null,null,null,null,null,null,null,{"$f":"Base!H625","v":"Monthey"},3,null,null,null,null,null,null,null,null,null,3,null,null,null,null,null,null,null,null,null,null,null,null,null,null,null,null,null,null,null,null,null,{"$f":"IF(Base!U625=\"Privée\",2,1)","v":1},{"$f":"IF(OR(LEFT(Base!AS625,1)=\"1\",LEFT(Base!AS625)=\"2\"),RIGHT(Base!AS625,LEN(Base!AS625)-1),Base!AS625)","v":"756.1147.1005.70"},{"$f":"Base!AU625","v":"Personne"},{"$f":"OR(CONCATENATE(Base!AW625,Base!AX625)=CONCATENATE(Base!AH625,Base!AI625),FO627=\"Établissement\")","v":true},{"$f":"Base!I625","v":"P1"}]
[{"$f":"Base!A635","v":4716},{"$f":"20","v":20},{"$f":"Base!B635","v":"2022-02-25"},null,{"$f":"Base!AE635","v":"VS22005042"},null,null,null,null,null,"<AUTO>",null,null,null,null,"URL (Libre)",null,null,{"$f":"Base!E635&\" - \"&Base!H635&\" - \"&Base!D635","v":"18394 - Monthey - "},{"$f":"IF(AND(Base!AT635<1000,Base!AT635>99),Base!AT635,IF(FO637=\"Établissement\",VALUE(CONCATENATE(LEN(SUBSTITUTE(V637,\" \",\"\")),LEN(V637),AA637,COLUMN(INDIRECT(LEFT(V637,1)&1)),LEN(SUBSTITUTE(V637,\"-\",\"\")))),IF(FN637=\"\",VALUE(CONCATENATE(COLUMN(INDIRECT(LEFT(W637,1)&1)),COLUMN(INDIRECT(LEFT(X637,1)&1)),AO637,CODE(AA637))),VALUE(SUBSTITUTE(SUBSTITUTE(SUBSTITUTE(FN637,\".\",\"\"),\" \",\"\"),\"-\",\"\")))))","v":7562073273994},null,{"$f":"SUBSTITUTE(IF(Base!BF635=0,\"\",Base!BF635),\" (facturation)\",\"\")","v":""},{"$f":"IF(Base!AW635=0,\"\",Base!AH635)","v":"Vesin"},{"$f":"IF(Base!AX635=0,\"\",Base!AI635)","v":"Gaston Luc"},{"$f":"IF(Base!AW635=0,Base!AY635&\" \"&Base!AZ635,Base!AK635&\" \"&Base!AL635)","v":"Route de la Jorette 7"},{"$f":"IF(IF(Base!AW635=0,Base!BA635,Base!AM635)=0,\"\",IF(Base!AW635=0,Base!BA635,Base!AM635))","v":""},{"$f":"IF(Base!AW635=0,Base!BB635,Base!AN635)","v":1899},{"$f":"IF(Base!AW635=0,Base!BC635,Base!AO635)","v":"Torgon"},null,null,null,null,null,null,null,null,null,null,null,null,{"$f":"Base!AJ635","v":"1947-03-14"},{"$f":"IF(FO637=\"Établissement\",\"\",IF(Base!AG635=\"Masculin\",\"Monsieur\",IF(Base!AG635=\"Féminin\",\"Madame\",\"\")))","v":"Monsieur"},{"$f":"IF(FP637=FALSE,CONCATENATE(IF(Base!AV635=\"Masculin\",\"Monsieur\",IF(Base!AV635=\"Féminin\",\"Madame\",\"\")),\"#chr(13)##chr(10)#\",Base!AW635,\" \",Base!AX635, \"#chr(13)##chr(10)#\",Base!AY635,\" \",Base!AZ635, \"#chr(13)##chr(10)#\",Base!BA635, \"#chr(13)##chr(10)#\",Base!BB635,\" \",Base!BC635),\"\")","v":""},null,"Monsieur",null,{"$f":"IF(AND(Base!AT635<200,Base!AT635>99),1,0)","v":0},null,0,{"$f":"Base!BG635","v":9402},{"$f":"Base!BH635& \"#chr(13)##chr(10)#\" &Base!BI635","v":"Taxe de base transport P2#chr(13)##chr(10)#"},null,{"$f":"Base!BJ635","v":1},{"$f":"Base!BK635","v":300},{"$f":"IF(Base!BL635=\"\",\"\",Base!BL635)","v":""},null,{"$f":"Base!BM635","v":300},null,null,{"$f":"IF(Base!H635=\"Uvrier\",3018,VLOOKUP(FQ637,$GV$2:$GX$7,FM637+1,0))","v":3002},0,0,null,0,null,null,null,null,null,"Libre","BS - 705",null,"BU - 73 - aff",0,null,null,null,null,null,null,null,null,null,null,null,null,null,null,null,null,null,null,null,null,null,null,null,null,null,null,null,null,null,null,null,null,null,{"$f":"Base!AH635&\", \"&Base!AI635","v":"Vesin, Gaston Luc"},{"$f":"Base!AN635&\" \"&Base!AO635&\", \"&Base!AK635&\" \"&Base!AL635","v":"1899 Torgon, Route de la Jorette 7"},{"$f":"CONCATENATE(TEXT(DATE(YEAR(Base!AJ635),MONTH(Base!AJ635),DAY(Base!AJ635)),\"jj.mm.aaaa\"),\", \",FN637,IF(Base!D635=\"\",\"\",\" - \"),Base!D635)","v":"14.03.1947, 756.2073.2739.94"},{"$f":"Base!AR635","v":"Groupe Mutuel Assurances GMA SA"},{"$f":"LEFT(Base!J635,10)","v":"2022-02-18"},{"$f":"CONCATENATE(Base!L635,IF(Base!L635=0,\"\",\", \"),Base!M635,\" \",Base!N635,\", \",Base!P635,\" \",Base!Q635)","v":"Cabinet médical du Verger, Chemin du Verger 3, 1868 Collombey"},{"$f":"CONCATENATE(Base!V635,\", \",Base!Z635,\" \",Base!AA635,\", \",Base!W635,\" \",Base!X635)","v":"Hôpital Riviera-Chablais (HRC), 1847 Rennaz, Route du Vieux-Séquoia 20"},null,{"$f":"CONCATENATE(RIGHT(LEFT(Base!J635,16),5),\" - \",RIGHT(LEFT(Base!K635,16),5))","v":"13:31 - 14:43"},{"$f":"Base!AF635&\" - \"&Base!I635","v":"Accident - P2"},null,null,null,null,null,null,null,null,null,null,null,null,null,null,null,null,null,null,{"$f":"Base!H635","v":"Monthey"},3,null,null,null,null,null,null,null,null,null,3,null,null,null,null,null,null,null,null,null,null,null,null,null,null,null,null,null,null,null,null,null,{"$f":"IF(Base!U635=\"Privée\",2,1)","v":1},{"$f":"IF(OR(LEFT(Base!AS635,1)=\"1\",LEFT(Base!AS635)=\"2\"),RIGHT(Base!AS635,LEN(Base!AS635)-1),Base!AS635)","v":"756.2073.2739.94"},{"$f":"Base!AU635","v":"Personne"},{"$f":"OR(CONCATENATE(Base!AW635,Base!AX635)=CONCATENATE(Base!AH635,Base!AI635),FO637=\"Établissement\")","v":true},{"$f":"Base!I635","v":"P2"}]
[{"$f":"Base!A638","v":4717},{"$f":"20","v":20},{"$f":"Base!B638","v":"2022-02-25"},null,{"$f":"Base!AE638","v":"VS22005045"},null,null,null,null,null,"<AUTO>",null,null,null,null,"URL (Libre)",null,null,{"$f":"Base!E638&\" - \"&Base!H638&\" - \"&Base!D638","v":"18397 - Monthey - "},{"$f":"IF(AND(Base!AT638<1000,Base!AT638>99),Base!AT638,IF(FO640=\"Établissement\",VALUE(CONCATENATE(LEN(SUBSTITUTE(V640,\" \",\"\")),LEN(V640),AA640,COLUMN(INDIRECT(LEFT(V640,1)&1)),LEN(SUBSTITUTE(V640,\"-\",\"\")))),IF(FN640=\"\",VALUE(CONCATENATE(COLUMN(INDIRECT(LEFT(W640,1)&1)),COLUMN(INDIRECT(LEFT(X640,1)&1)),AO640,CODE(AA640))),VALUE(SUBSTITUTE(SUBSTITUTE(SUBSTITUTE(FN640,\".\",\"\"),\" \",\"\"),\"-\",\"\")))))","v":7569508206756},null,{"$f":"SUBSTITUTE(IF(Base!BF638=0,\"\",Base!BF638),\" (facturation)\",\"\")","v":""},{"$f":"IF(Base!AW638=0,\"\",Base!AH638)","v":"Fornerod"},{"$f":"IF(Base!AX638=0,\"\",Base!AI638)","v":"Hedwige"},{"$f":"IF(Base!AW638=0,Base!AY638&\" \"&Base!AZ638,Base!AK638&\" \"&Base!AL638)","v":"Route du Genevrex 17"},{"$f":"IF(IF(Base!AW638=0,Base!BA638,Base!AM638)=0,\"\",IF(Base!AW638=0,Base!BA638,Base!AM638))","v":""},{"$f":"IF(Base!AW638=0,Base!BB638,Base!AN638)","v":1071},{"$f":"IF(Base!AW638=0,Base!BC638,Base!AO638)","v":"Chexbres"},null,null,null,null,null,null,null,null,null,null,null,null,{"$f":"Base!AJ638","v":"2011-02-19"},{"$f":"IF(FO640=\"Établissement\",\"\",IF(Base!AG638=\"Masculin\",\"Monsieur\",IF(Base!AG638=\"Féminin\",\"Madame\",\"\")))","v":"Madame"},{"$f":"IF(FP640=FALSE,CONCATENATE(IF(Base!AV638=\"Masculin\",\"Monsieur\",IF(Base!AV638=\"Féminin\",\"Madame\",\"\")),\"#chr(13)##chr(10)#\",Base!AW638,\" \",Base!AX638, \"#chr(13)##chr(10)#\",Base!AY638,\" \",Base!AZ638, \"#chr(13)##chr(10)#\",Base!BA638, \"#chr(13)##chr(10)#\",Base!BB638,\" \",Base!BC638),\"\")","v":"Monsieur#chr(13)##chr(10)#Fornerod Pierre-Hubert#chr(13)##chr(10)#Route du Genevrex 17#chr(13)##chr(10)##chr(13)##chr(10)#1071 Chexbres"},null,"Madame",null,{"$f":"IF(AND(Base!AT638<200,Base!AT638>99),1,0)","v":0},null,0,{"$f":"Base!BG638","v":9401},{"$f":"Base!BH638& \"#chr(13)##chr(10)#\" &Base!BI638","v":"Taxe de base sauvetage P1#chr(13)##chr(10)#"},null,{"$f":"Base!BJ638","v":1},{"$f":"Base!BK638","v":300},{"$f":"IF(Base!BL638=\"\",\"\",Base!BL638)","v":""},null,{"$f":"Base!BM638","v":300},null,null,{"$f":"IF(Base!H638=\"Uvrier\",3018,VLOOKUP(FQ640,$GV$2:$GX$7,FM640+1,0))","v":3001},0,0,null,0,null,null,null,null,null,"Libre","BS - 708",null,"BU - 73 - aff",0,null,null,null,null,null,null,null,null,null,null,null,null,null,null,null,null,null,null,null,null,null,null,null,null,null,null,null,null,null,null,null,null,null,{"$f":"Base!AH638&\", \"&Base!AI638","v":"Fornerod, Hedwige"},{"$f":"Base!AN638&\" \"&Base!AO638&\", \"&Base!AK638&\" \"&Base!AL638","v":"1071 Chexbres, Route du Genevrex 17"},{"$f":"CONCATENATE(TEXT(DATE(YEAR(Base!AJ638),MONTH(Base!AJ638),DAY(Base!AJ638)),\"jj.mm.aaaa\"),\", \",FN640,IF(Base!D638=\"\",\"\",\" - \"),Base!D638)","v":"19.02.2011, 756.9508.2067.56"},{"$f":"Base!AR638","v":"CSS Kranken- Versicherung AG"},{"$f":"LEFT(Base!J638,10)","v":"2022-02-18"},{"$f":"CONCATENATE(Base!L638,IF(Base!L638=0,\"\",\", \"),Base!M638,\" \",Base!N638,\", \",Base!P638,\" \",Base!Q638)","v":"Permanence médicale du Chablais (HRC), Route de Morgins 54, 1870 Monthey"},{"$f":"CONCATENATE(Base!V638,\", \",Base!Z638,\" \",Base!AA638,\", \",Base!W638,\" \",Base!X638)","v":"Hôpital Riviera-Chablais (HRC), 1847 Rennaz, Route du Vieux-Séquoia 20"},null,{"$f":"CONCATENATE(RIGHT(LEFT(Base!J638,16),5),\" - \",RIGHT(LEFT(Base!K638,16),5))","v":"14:03 - 15:30"},{"$f":"Base!AF638&\" - \"&Base!I638","v":"Accident - P1"},null,null,null,null,null,null,null,null,null,null,null,null,null,null,null,null,null,null,{"$f":"Base!H638","v":"Monthey"},3,null,null,null,null,null,null,null,null,null,3,null,null,null,null,null,null,null,null,null,null,null,null,null,null,null,null,null,null,null,null,null,{"$f":"IF(Base!U638=\"Privée\",2,1)","v":1},{"$f":"IF(OR(LEFT(Base!AS638,1)=\"1\",LEFT(Base!AS638)=\"2\"),RIGHT(Base!AS638,LEN(Base!AS638)-1),Base!AS638)","v":"756.9508.2067.56"},{"$f":"Base!AU638","v":"Personne"},{"$f":"OR(CONCATENATE(Base!AW638,Base!AX638)=CONCATENATE(Base!AH638,Base!AI638),FO640=\"Établissement\")","v":false},{"$f":"Base!I638","v":"P1"}]
[{"$f":"Base!A647","v":4720},{"$f":"20","v":20},{"$f":"Base!B647","v":"2022-02-25"},null,{"$f":"Base!AE647","v":"VS22005095"},null,null,null,null,null,"<AUTO>",null,null,null,null,"URL (Libre)",null,null,{"$f":"Base!E647&\" - \"&Base!H647&\" - \"&Base!D647","v":"18445 - Monthey - "},{"$f":"IF(AND(Base!AT647<1000,Base!AT647>99),Base!AT647,IF(FO649=\"Établissement\",VALUE(CONCATENATE(LEN(SUBSTITUTE(V649,\" \",\"\")),LEN(V649),AA649,COLUMN(INDIRECT(LEFT(V649,1)&1)),LEN(SUBSTITUTE(V649,\"-\",\"\")))),IF(FN649=\"\",VALUE(CONCATENATE(COLUMN(INDIRECT(LEFT(W649,1)&1)),COLUMN(INDIRECT(LEFT(X649,1)&1)),AO649,CODE(AA649))),VALUE(SUBSTITUTE(SUBSTITUTE(SUBSTITUTE(FN649,\".\",\"\"),\" \",\"\"),\"-\",\"\")))))","v":7561737985415},null,{"$f":"SUBSTITUTE(IF(Base!BF647=0,\"\",Base!BF647),\" (facturation)\",\"\")","v":""},{"$f":"IF(Base!AW647=0,\"\",Base!AH647)","v":"Schmid"},{"$f":"IF(Base!AX647=0,\"\",Base!AI647)","v":"Jose"},{"$f":"IF(Base!AW647=0,Base!AY647&\" \"&Base!AZ647,Base!AK647&\" \"&Base!AL647)","v":"Ruelle du Carré d'Avou 1"},{"$f":"IF(IF(Base!AW647=0,Base!BA647,Base!AM647)=0,\"\",IF(Base!AW647=0,Base!BA647,Base!AM647))","v":""},{"$f":"IF(Base!AW647=0,Base!BB647,Base!AN647)","v":1893},{"$f":"IF(Base!AW647=0,Base!BC647,Base!AO647)","v":"Muraz (Collombey)"},null,null,null,null,null,null,null,null,null,null,null,null,{"$f":"Base!AJ647","v":"1964-12-06"},{"$f":"IF(FO649=\"Établissement\",\"\",IF(Base!AG647=\"Masculin\",\"Monsieur\",IF(Base!AG647=\"Féminin\",\"Madame\",\"\")))","v":"Monsieur"},{"$f":"IF(FP649=FALSE,CONCATENATE(IF(Base!AV647=\"Masculin\",\"Monsieur\",IF(Base!AV647=\"Féminin\",\"Madame\",\"\")),\"#chr(13)##chr(10)#\",Base!AW647,\" \",Base!AX647, \"#chr(13)##chr(10)#\",Base!AY647,\" \",Base!AZ647, \"#chr(13)##chr(10)#\",Base!BA647, \"#chr(13)##chr(10)#\",Base!BB647,\" \",Base!BC647),\"\")","v":""},null,"Monsieur",null,{"$f":"IF(AND(Base!AT647<200,Base!AT647>99),1,0)","v":0},null,0,{"$f":"Base!BG647","v":9411},{"$f":"Base!BH647& \"#chr(13)##chr(10)#\" &Base!BI647","v":"Personnel soignant reconnu (par personne et par quart d'heure entamé)#chr(13)##chr(10)#"},null,{"$f":"Base!BJ647","v":4},{"$f":"Base!BK647","v":35},{"$f":"IF(Base!BL647=\"\",\"\",Base!BL647)","v":"¼ d'heure"},null,{"$f":"Base!BM647","v":140},null,null,{"$f":"IF(Base!H647=\"Uvrier\",3018,VLOOKUP(FQ649,$GV$2:$GX$7,FM649+1,0))","v":3002},0,0,null,0,null,null,null,null,null,"Libre","BS - 717",null,"BU - 73 - aff",0,null,null,null,null,null,null,null,null,null,null,null,null,null,null,null,null,null,null,null,null,null,null,null,null,null,null,null,null,null,null,null,null,null,{"$f":"Base!AH647&\", \"&Base!AI647","v":"Schmid, Jose"},{"$f":"Base!AN647&\" \"&Base!AO647&\", \"&Base!AK647&\" \"&Base!AL647","v":"1893 Muraz (Collombey), Ruelle du Carré d'Avou 1"},{"$f":"CONCATENATE(TEXT(DATE(YEAR(Base!AJ647),MONTH(Base!AJ647),DAY(Base!AJ647)),\"jj.mm.aaaa\"),\", \",FN649,IF(Base!D647=\"\",\"\",\" - \"),Base!D647)","v":"06.12.1964, 756.1737.9854.15"},{"$f":"Base!AR647","v":"Philos Assurance Maladie SA"},{"$f":"LEFT(Base!J647,10)","v":"2022-02-18"},{"$f":"CONCATENATE(Base!L647,IF(Base!L647=0,\"\",\", \"),Base!M647,\" \",Base!N647,\", \",Base!P647,\" \",Base!Q647)","v":"Ruelle du Carré d'Avou 1, 1893 Muraz (Collombey)"},{"$f":"CONCATENATE(Base!V647,\", \",Base!Z647,\" \",Base!AA647,\", \",Base!W647,\" \",Base!X647)","v":",  ,  "},null,{"$f":"CONCATENATE(RIGHT(LEFT(Base!J647,16),5),\" - \",RIGHT(LEFT(Base!K647,16),5))","v":"19:10 - 19:44"},{"$f":"Base!AF647&\" - \"&Base!I647","v":"Maladie - P2"},null,null,null,null,null,null,null,null,null,null,null,null,null,null,null,null,null,null,{"$f":"Base!H647","v":"Monthey"},3,null,null,null,null,null,null,null,null,null,3,null,null,null,null,null,null,null,null,null,null,null,null,null,null,null,null,null,null,null,null,null,{"$f":"IF(Base!U647=\"Privée\",2,1)","v":1},{"$f":"IF(OR(LEFT(Base!AS647,1)=\"1\",LEFT(Base!AS647)=\"2\"),RIGHT(Base!AS647,LEN(Base!AS647)-1),Base!AS647)","v":"756.1737.9854.15"},{"$f":"Base!AU647","v":"Personne"},{"$f":"OR(CONCATENATE(Base!AW647,Base!AX647)=CONCATENATE(Base!AH647,Base!AI647),FO649=\"Établissement\")","v":true},{"$f":"Base!I647","v":"P2"}]
[{"$f":"Base!A654","v":4724},{"$f":"20","v":20},{"$f":"Base!B654","v":"2022-02-25"},null,{"$f":"Base!AE654","v":"VS22005113"},null,null,null,null,null,"<AUTO>",null,null,null,null,"URL (Libre)",null,null,{"$f":"Base!E654&\" - \"&Base!H654&\" - \"&Base!D654","v":"18462 - Monthey - "},{"$f":"IF(AND(Base!AT654<1000,Base!AT654>99),Base!AT654,IF(FO656=\"Établissement\",VALUE(CONCATENATE(LEN(SUBSTITUTE(V656,\" \",\"\")),LEN(V656),AA656,COLUMN(INDIRECT(LEFT(V656,1)&1)),LEN(SUBSTITUTE(V656,\"-\",\"\")))),IF(FN656=\"\",VALUE(CONCATENATE(COLUMN(INDIRECT(LEFT(W656,1)&1)),COLUMN(INDIRECT(LEFT(X656,1)&1)),AO656,CODE(AA656))),VALUE(SUBSTITUTE(SUBSTITUTE(SUBSTITUTE(FN656,\".\",\"\"),\" \",\"\"),\"-\",\"\")))))","v":125},null,{"$f":"SUBSTITUTE(IF(Base!BF654=0,\"\",Base!BF654),\" (facturation)\",\"\")","v":"Antaé - Allianz Worldwide Care"},{"$f":"IF(Base!AW654=0,\"\",Base!AH654)","v":""},{"$f":"IF(Base!AX654=0,\"\",Base!AI654)","v":""},{"$f":"IF(Base!AW654=0,Base!AY654&\" \"&Base!AZ654,Base!AK654&\" \"&Base!AL654)","v":"Grand-Rue 40"},{"$f":"IF(IF(Base!AW654=0,Base!BA654,Base!AM654)=0,\"\",IF(Base!AW654=0,Base!BA654,Base!AM654))","v":""},{"$f":"IF(Base!AW654=0,Base!BB654,Base!AN654)","v":1820},{"$f":"IF(Base!AW654=0,Base!BC654,Base!AO654)","v":"Montreux"},null,null,null,null,null,null,null,null,null,null,null,null,{"$f":"Base!AJ654","v":"2002-08-14"},{"$f":"IF(FO656=\"Établissement\",\"\",IF(Base!AG654=\"Masculin\",\"Monsieur\",IF(Base!AG654=\"Féminin\",\"Madame\",\"\")))","v":""},{"$f":"IF(FP656=FALSE,CONCATENATE(IF(Base!AV654=\"Masculin\",\"Monsieur\",IF(Base!AV654=\"Féminin\",\"Madame\",\"\")),\"#chr(13)##chr(10)#\",Base!AW654,\" \",Base!AX654, \"#chr(13)##chr(10)#\",Base!AY654,\" \",Base!AZ654, \"#chr(13)##chr(10)#\",Base!BA654, \"#chr(13)##chr(10)#\",Base!BB654,\" \",Base!BC654),\"\")","v":""},null,"",null,{"$f":"IF(AND(Base!AT654<200,Base!AT654>99),1,0)","v":1},null,0,{"$f":"Base!BG654","v":"VS.9504"},{"$f":"Base!BH654& \"#chr(13)##chr(10)#\" &Base!BI654","v":"Indemnisation kilométrique#chr(13)##chr(10)#"},null,{"$f":"Base!BJ654","v":42},{"$f":"Base!BK654","v":4.5},{"$f":"IF(Base!BL654=\"\",\"\",Base!BL654)","v":"km"},null,{"$f":"Base!BM654","v":189},null,null,{"$f":"IF(Base!H654=\"Uvrier\",3018,VLOOKUP(FQ656,$GV$2:$GX$7,FM656+1,0))","v":3002},0,0,null,0,null,null,null,null,null,"Libre","BS - 724",null,"BU - 73 - aff",0,null,null,null,null,null,null,null,null,null,null,null,null,null,null,null,null,null,null,null,null,null,null,null,null,null,null,null,null,null,null,null,null,null,{"$f":"Base!AH654&\", \"&Base!AI654","v":"Claasen, Enrique"},{"$f":"Base!AN654&\" \"&Base!AO654&\", \"&Base!AK654&\" \"&Base!AL654","v":"1897 Bouveret, Route Cantonale 51"},{"$f":"CONCATENATE(TEXT(DATE(YEAR(Base!AJ654),MONTH(Base!AJ654),DAY(Base!AJ654)),\"jj.mm.aaaa\"),\", \",FN656,IF(Base!D654=\"\",\"\",\" - \"),Base!D654)","v":"14.08.2002, 756.5104.7291.32"},{"$f":"Base!AR654","v":"Allianz Worldwide Care"},{"$f":"LEFT(Base!J654,10)","v":"2022-02-18"},{"$f":"CONCATENATE(Base!L654,IF(Base!L654=0,\"\",\", \"),Base!M654,\" \",Base!N654,\", \",Base!P654,\" \",Base!Q654)","v":"César Ritz Colleges Switzerland, Route Cantonale 51, 1897 Bouveret"},{"$f":"CONCATENATE(Base!V654,\", \",Base!Z654,\" \",Base!AA654,\", \",Base!W654,\" \",Base!X654)","v":"Hôpital Riviera-Chablais (HRC), 1847 Rennaz, Route du Vieux-Séquoia 20"},null,{"$f":"CONCATENATE(RIGHT(LEFT(Base!J654,16),5),\" - \",RIGHT(LEFT(Base!K654,16),5))","v":"23:03 - 00:20"},{"$f":"Base!AF654&\" - \"&Base!I654","v":"Accident - P2"},null,null,null,null,null,null,null,null,null,null,null,null,null,null,null,null,null,null,{"$f":"Base!H654","v":"Monthey"},3,null,null,null,null,null,null,null,null,null,3,null,null,null,null,null,null,null,null,null,null,null,null,null,null,null,null,null,null,null,null,null,{"$f":"IF(Base!U654=\"Privée\",2,1)","v":1},{"$f":"IF(OR(LEFT(Base!AS654,1)=\"1\",LEFT(Base!AS654)=\"2\"),RIGHT(Base!AS654,LEN(Base!AS654)-1),Base!AS654)","v":"756.5104.7291.32"},{"$f":"Base!AU654","v":"Établissement"},{"$f":"OR(CONCATENATE(Base!AW654,Base!AX654)=CONCATENATE(Base!AH654,Base!AI654),FO656=\"Établissement\")","v":true},{"$f":"Base!I654","v":"P2"}]
[{"$f":"Base!A657","v":4724},{"$f":"20","v":20},{"$f":"Base!B657","v":"2022-02-25"},null,{"$f":"Base!AE657","v":"VS22005113"},null,null,null,null,null,"<AUTO>",null,null,null,null,"URL (Libre)",null,null,{"$f":"Base!E657&\" - \"&Base!H657&\" - \"&Base!D657","v":"18462 - Monthey - "},{"$f":"IF(AND(Base!AT657<1000,Base!AT657>99),Base!AT657,IF(FO659=\"Établissement\",VALUE(CONCATENATE(LEN(SUBSTITUTE(V659,\" \",\"\")),LEN(V659),AA659,COLUMN(INDIRECT(LEFT(V659,1)&1)),LEN(SUBSTITUTE(V659,\"-\",\"\")))),IF(FN659=\"\",VALUE(CONCATENATE(COLUMN(INDIRECT(LEFT(W659,1)&1)),COLUMN(INDIRECT(LEFT(X659,1)&1)),AO659,CODE(AA659))),VALUE(SUBSTITUTE(SUBSTITUTE(SUBSTITUTE(FN659,\".\",\"\"),\" \",\"\"),\"-\",\"\")))))","v":125},null,{"$f":"SUBSTITUTE(IF(Base!BF657=0,\"\",Base!BF657),\" (facturation)\",\"\")","v":"Antaé - Allianz Worldwide Care"},{"$f":"IF(Base!AW657=0,\"\",Base!AH657)","v":""},{"$f":"IF(Base!AX657=0,\"\",Base!AI657)","v":""},{"$f":"IF(Base!AW657=0,Base!AY657&\" \"&Base!AZ657,Base!AK657&\" \"&Base!AL657)","v":"Grand-Rue 40"},{"$f":"IF(IF(Base!AW657=0,Base!BA657,Base!AM657)=0,\"\",IF(Base!AW657=0,Base!BA657,Base!AM657))","v":""},{"$f":"IF(Base!AW657=0,Base!BB657,Base!AN657)","v":1820},{"$f":"IF(Base!AW657=0,Base!BC657,Base!AO657)","v":"Montreux"},null,null,null,null,null,null,null,null,null,null,null,null,{"$f":"Base!AJ657","v":"2002-08-14"},{"$f":"IF(FO659=\"Établissement\",\"\",IF(Base!AG657=\"Masculin\",\"Monsieur\",IF(Base!AG657=\"Féminin\",\"Madame\",\"\")))","v":""},{"$f":"IF(FP659=FALSE,CONCATENATE(IF(Base!AV657=\"Masculin\",\"Monsieur\",IF(Base!AV657=\"Féminin\",\"Madame\",\"\")),\"#chr(13)##chr(10)#\",Base!AW657,\" \",Base!AX657, \"#chr(13)##chr(10)#\",Base!AY657,\" \",Base!AZ657, \"#chr(13)##chr(10)#\",Base!BA657, \"#chr(13)##chr(10)#\",Base!BB657,\" \",Base!BC657),\"\")","v":""},null,"",null,{"$f":"IF(AND(Base!AT657<200,Base!AT657>99),1,0)","v":1},null,0,{"$f":"Base!BG657","v":"VS.9540"},{"$f":"Base!BH657& \"#chr(13)##chr(10)#\" &Base!BI657","v":"Matériel - Prestation standard#chr(13)##chr(10)#"},null,{"$f":"Base!BJ657","v":1},{"$f":"Base!BK657","v":0},{"$f":"IF(Base!BL657=\"\",\"\",Base!BL657)","v":""},null,{"$f":"Base!BM657","v":0},null,null,{"$f":"IF(Base!H657=\"Uvrier\",3018,VLOOKUP(FQ659,$GV$2:$GX$7,FM659+1,0))","v":3002},0,0,null,0,null,null,null,null,null,"Libre","BS - 727",null,"BU - 73 - aff",0,null,null,null,null,null,null,null,null,null,null,null,null,null,null,null,null,null,null,null,null,null,null,null,null,null,null,null,null,null,null,null,null,null,{"$f":"Base!AH657&\", \"&Base!AI657","v":"Claasen, Enrique"},{"$f":"Base!AN657&\" \"&Base!AO657&\", \"&Base!AK657&\" \"&Base!AL657","v":"1897 Bouveret, Route Cantonale 51"},{"$f":"CONCATENATE(TEXT(DATE(YEAR(Base!AJ657),MONTH(Base!AJ657),DAY(Base!AJ657)),\"jj.mm.aaaa\"),\", \",FN659,IF(Base!D657=\"\",\"\",\" - \"),Base!D657)","v":"14.08.2002, 756.5104.7291.32"},{"$f":"Base!AR657","v":"Allianz Worldwide Care"},{"$f":"LEFT(Base!J657,10)","v":"2022-02-18"},{"$f":"CONCATENATE(Base!L657,IF(Base!L657=0,\"\",\", \"),Base!M657,\" \",Base!N657,\", \",Base!P657,\" \",Base!Q657)","v":"César Ritz Colleges Switzerland, Route Cantonale 51, 1897 Bouveret"},{"$f":"CONCATENATE(Base!V657,\", \",Base!Z657,\" \",Base!AA657,\", \",Base!W657,\" \",Base!X657)","v":"Hôpital Riviera-Chablais (HRC), 1847 Rennaz, Route du Vieux-Séquoia 20"},null,{"$f":"CONCATENATE(RIGHT(LEFT(Base!J657,16),5),\" - \",RIGHT(LEFT(Base!K657,16),5))","v":"23:03 - 00:20"},{"$f":"Base!AF657&\" - \"&Base!I657","v":"Accident - P2"},null,null,null,null,null,null,null,null,null,null,null,null,null,null,null,null,null,null,{"$f":"Base!H657","v":"Monthey"},3,null,null,null,null,null,null,null,null,null,3,null,null,null,null,null,null,null,null,null,null,null,null,null,null,null,null,null,null,null,null,null,{"$f":"IF(Base!U657=\"Privée\",2,1)","v":1},{"$f":"IF(OR(LEFT(Base!AS657,1)=\"1\",LEFT(Base!AS657)=\"2\"),RIGHT(Base!AS657,LEN(Base!AS657)-1),Base!AS657)","v":"756.5104.7291.32"},{"$f":"Base!AU657","v":"Établissement"},{"$f":"OR(CONCATENATE(Base!AW657,Base!AX657)=CONCATENATE(Base!AH657,Base!AI657),FO659=\"Établissement\")","v":true},{"$f":"Base!I657","v":"P2"}]
[{"$f":"Base!A666","v":4776},{"$f":"20","v":20},{"$f":"Base!B666","v":"2022-02-25"},null,{"$f":"Base!AE666","v":"VS22005161"},null,null,null,null,null,"<AUTO>",null,null,null,null,"URL (Libre)",null,null,{"$f":"Base!E666&\" - \"&Base!H666&\" - \"&Base!D666","v":"18506 - Monthey - "},{"$f":"IF(AND(Base!AT666<1000,Base!AT666>99),Base!AT666,IF(FO668=\"Établissement\",VALUE(CONCATENATE(LEN(SUBSTITUTE(V668,\" \",\"\")),LEN(V668),AA668,COLUMN(INDIRECT(LEFT(V668,1)&1)),LEN(SUBSTITUTE(V668,\"-\",\"\")))),IF(FN668=\"\",VALUE(CONCATENATE(COLUMN(INDIRECT(LEFT(W668,1)&1)),COLUMN(INDIRECT(LEFT(X668,1)&1)),AO668,CODE(AA668))),VALUE(SUBSTITUTE(SUBSTITUTE(SUBSTITUTE(FN668,\".\",\"\"),\" \",\"\"),\"-\",\"\")))))","v":7567517103530},null,{"$f":"SUBSTITUTE(IF(Base!BF666=0,\"\",Base!BF666),\" (facturation)\",\"\")","v":""},{"$f":"IF(Base!AW666=0,\"\",Base!AH666)","v":"Lopes Nogueira"},{"$f":"IF(Base!AX666=0,\"\",Base!AI666)","v":"Raphaël"},{"$f":"IF(Base!AW666=0,Base!AY666&\" \"&Base!AZ666,Base!AK666&\" \"&Base!AL666)","v":"Chemin de la Vesenaye 12"},{"$f":"IF(IF(Base!AW666=0,Base!BA666,Base!AM666)=0,\"\",IF(Base!AW666=0,Base!BA666,Base!AM666))","v":""},{"$f":"IF(Base!AW666=0,Base!BB666,Base!AN666)","v":1896},{"$f":"IF(Base!AW666=0,Base!BC666,Base!AO666)","v":"Vouvry"},null,null,null,null,null,null,null,null,null,null,null,null,{"$f":"Base!AJ666","v":"2015-03-10"},{"$f":"IF(FO668=\"Établissement\",\"\",IF(Base!AG666=\"Masculin\",\"Monsieur\",IF(Base!AG666=\"Féminin\",\"Madame\",\"\")))","v":"Monsieur"},{"$f":"IF(FP668=FALSE,CONCATENATE(IF(Base!AV666=\"Masculin\",\"Monsieur\",IF(Base!AV666=\"Féminin\",\"Madame\",\"\")),\"#chr(13)##chr(10)#\",Base!AW666,\" \",Base!AX666, \"#chr(13)##chr(10)#\",Base!AY666,\" \",Base!AZ666, \"#chr(13)##chr(10)#\",Base!BA666, \"#chr(13)##chr(10)#\",Base!BB666,\" \",Base!BC666),\"\")","v":"Monsieur#chr(13)##chr(10)#Da Cruz Nogueira Luis Rafael#chr(13)##chr(10)#Chemin de la Vesenaye 12#chr(13)##chr(10)##chr(13)##chr(10)#1896 Vouvry"},null,"Monsieur",null,{"$f":"IF(AND(Base!AT666<200,Base!AT666>99),1,0)","v":0},null,0,{"$f":"Base!BG666","v":9440},{"$f":"Base!BH666& \"#chr(13)##chr(10)#\" &Base!BI666","v":"Matériel - Prestation standard#chr(13)##chr(10)#"},null,{"$f":"Base!BJ666","v":1},{"$f":"Base!BK666","v":0},{"$f":"IF(Base!BL666=\"\",\"\",Base!BL666)","v":""},null,{"$f":"Base!BM666","v":0},null,null,{"$f":"IF(Base!H666=\"Uvrier\",3018,VLOOKUP(FQ668,$GV$2:$GX$7,FM668+1,0))","v":3002},0,0,null,0,null,null,null,null,null,"Libre","BS - 736",null,"BU - 73 - aff",0,null,null,null,null,null,null,null,null,null,null,null,null,null,null,null,null,null,null,null,null,null,null,null,null,null,null,null,null,null,null,null,null,null,{"$f":"Base!AH666&\", \"&Base!AI666","v":"Lopes Nogueira, Raphaël"},{"$f":"Base!AN666&\" \"&Base!AO666&\", \"&Base!AK666&\" \"&Base!AL666","v":"1896 Vouvry, Chemin de la Vesenaye 12"},{"$f":"CONCATENATE(TEXT(DATE(YEAR(Base!AJ666),MONTH(Base!AJ666),DAY(Base!AJ666)),\"jj.mm.aaaa\"),\", \",FN668,IF(Base!D666=\"\",\"\",\" - \"),Base!D666)","v":"10.03.2015, 756.7517.1035.30"},{"$f":"Base!AR666","v":"Mutuel Assurance Maladie SA"},{"$f":"LEFT(Base!J666,10)","v":"2022-02-19"},{"$f":"CONCATENATE(Base!L666,IF(Base!L666=0,\"\",\", \"),Base!M666,\" \",Base!N666,\", \",Base!P666,\" \",Base!Q666)","v":"Chemin de la Vesenaye 12, 1896 Vouvry"},{"$f":"CONCATENATE(Base!V666,\", \",Base!Z666,\" \",Base!AA666,\", \",Base!W666,\" \",Base!X666)","v":"Hôpital Riviera-Chablais (HRC), 1847 Rennaz, Route du Vieux-Séquoia 20"},null,{"$f":"CONCATENATE(RIGHT(LEFT(Base!J666,16),5),\" - \",RIGHT(LEFT(Base!K666,16),5))","v":"12:36 - 14:01"},{"$f":"Base!AF666&\" - \"&Base!I666","v":"Maladie - P2"},null,null,null,null,null,null,null,null,null,null,null,null,null,null,null,null,null,null,{"$f":"Base!H666","v":"Monthey"},3,null,null,null,null,null,null,null,null,null,3,null,null,null,null,null,null,null,null,null,null,null,null,null,null,null,null,null,null,null,null,null,{"$f":"IF(Base!U666=\"Privée\",2,1)","v":1},{"$f":"IF(OR(LEFT(Base!AS666,1)=\"1\",LEFT(Base!AS666)=\"2\"),RIGHT(Base!AS666,LEN(Base!AS666)-1),Base!AS666)","v":"756.7517.1035.30"},{"$f":"Base!AU666","v":"Personne"},{"$f":"OR(CONCATENATE(Base!AW666,Base!AX666)=CONCATENATE(Base!AH666,Base!AI666),FO668=\"Établissement\")","v":false},{"$f":"Base!I666","v":"P2"}]
[{"$f":"Base!A667","v":4786},{"$f":"20","v":20},{"$f":"Base!B667","v":"2022-02-25"},null,{"$f":"Base!AE667","v":"VS22005171"},null,null,null,null,null,"<AUTO>",null,null,null,null,"URL (Libre)",null,null,{"$f":"Base!E667&\" - \"&Base!H667&\" - \"&Base!D667","v":"18515 - Monthey - "},{"$f":"IF(AND(Base!AT667<1000,Base!AT667>99),Base!AT667,IF(FO669=\"Établissement\",VALUE(CONCATENATE(LEN(SUBSTITUTE(V669,\" \",\"\")),LEN(V669),AA669,COLUMN(INDIRECT(LEFT(V669,1)&1)),LEN(SUBSTITUTE(V669,\"-\",\"\")))),IF(FN669=\"\",VALUE(CONCATENATE(COLUMN(INDIRECT(LEFT(W669,1)&1)),COLUMN(INDIRECT(LEFT(X669,1)&1)),AO669,CODE(AA669))),VALUE(SUBSTITUTE(SUBSTITUTE(SUBSTITUTE(FN669,\".\",\"\"),\" \",\"\"),\"-\",\"\")))))","v":7564556667498},null,{"$f":"SUBSTITUTE(IF(Base!BF667=0,\"\",Base!BF667),\" (facturation)\",\"\")","v":""},{"$f":"IF(Base!AW667=0,\"\",Base!AH667)","v":"Gambetta"},{"$f":"IF(Base!AX667=0,\"\",Base!AI667)","v":"Enrico"},{"$f":"IF(Base!AW667=0,Base!AY667&\" \"&Base!AZ667,Base!AK667&\" \"&Base!AL667)","v":"Chemin de Cheseaux 17"},{"$f":"IF(IF(Base!AW667=0,Base!BA667,Base!AM667)=0,\"\",IF(Base!AW667=0,Base!BA667,Base!AM667))","v":""},{"$f":"IF(Base!AW667=0,Base!BB667,Base!AN667)","v":1872},{"$f":"IF(Base!AW667=0,Base!BC667,Base!AO667)","v":"Troistorrents"},null,null,null,null,null,null,null,null,null,null,null,null,{"$f":"Base!AJ667","v":"1946-01-28"},{"$f":"IF(FO669=\"Établissement\",\"\",IF(Base!AG667=\"Masculin\",\"Monsieur\",IF(Base!AG667=\"Féminin\",\"Madame\",\"\")))","v":"Monsieur"},{"$f":"IF(FP669=FALSE,CONCATENATE(IF(Base!AV667=\"Masculin\",\"Monsieur\",IF(Base!AV667=\"Féminin\",\"Madame\",\"\")),\"#chr(13)##chr(10)#\",Base!AW667,\" \",Base!AX667, \"#chr(13)##chr(10)#\",Base!AY667,\" \",Base!AZ667, \"#chr(13)##chr(10)#\",Base!BA667, \"#chr(13)##chr(10)#\",Base!BB667,\" \",Base!BC667),\"\")","v":""},null,"Monsieur",null,{"$f":"IF(AND(Base!AT667<200,Base!AT667>99),1,0)","v":0},null,0,{"$f":"Base!BG667","v":9401},{"$f":"Base!BH667& \"#chr(13)##chr(10)#\" &Base!BI667","v":"Taxe de base sauvetage P1#chr(13)##chr(10)#"},null,{"$f":"Base!BJ667","v":1},{"$f":"Base!BK667","v":300},{"$f":"IF(Base!BL667=\"\",\"\",Base!BL667)","v":""},null,{"$f":"Base!BM667","v":300},null,null,{"$f":"IF(Base!H667=\"Uvrier\",3018,VLOOKUP(FQ669,$GV$2:$GX$7,FM669+1,0))","v":3001},0,0,null,0,null,null,null,null,null,"Libre","BS - 737",null,"BU - 73 - aff",0,null,null,null,null,null,null,null,null,null,null,null,null,null,null,null,null,null,null,null,null,null,null,null,null,null,null,null,null,null,null,null,null,null,{"$f":"Base!AH667&\", \"&Base!AI667","v":"Gambetta, Enrico"},{"$f":"Base!AN667&\" \"&Base!AO667&\", \"&Base!AK667&\" \"&Base!AL667","v":"1872 Troistorrents, Chemin de Cheseaux 17"},{"$f":"CONCATENATE(TEXT(DATE(YEAR(Base!AJ667),MONTH(Base!AJ667),DAY(Base!AJ667)),\"jj.mm.aaaa\"),\", \",FN669,IF(Base!D667=\"\",\"\",\" - \"),Base!D667)","v":"28.01.1946, 756.4556.6674.98"},{"$f":"Base!AR667","v":"Assura-Basis SA"},{"$f":"LEFT(Base!J667,10)","v":"2022-02-19"},{"$f":"CONCATENATE(Base!L667,IF(Base!L667=0,\"\",\", \"),Base!M667,\" \",Base!N667,\", \",Base!P667,\" \",Base!Q667)","v":"Chemin de Cheseaux 17, 1872 Troistorrents"},{"$f":"CONCATENATE(Base!V667,\", \",Base!Z667,\" \",Base!AA667,\", \",Base!W667,\" \",Base!X667)","v":"Hôpital Riviera-Chablais (HRC), 1847 Rennaz, Route du Vieux-Séquoia 20"},null,{"$f":"CONCATENATE(RIGHT(LEFT(Base!J667,16),5),\" - \",RIGHT(LEFT(Base!K667,16),5))","v":"13:33 - 15:29"},{"$f":"Base!AF667&\" - \"&Base!I667","v":"Maladie - P1"},null,null,null,null,null,null,null,null,null,null,null,null,null,null,null,null,null,null,{"$f":"Base!H667","v":"Monthey"},3,null,null,null,null,null,null,null,null,null,3,null,null,null,null,null,null,null,null,null,null,null,null,null,null,null,null,null,null,null,null,null,{"$f":"IF(Base!U667=\"Privée\",2,1)","v":1},{"$f":"IF(OR(LEFT(Base!AS667,1)=\"1\",LEFT(Base!AS667)=\"2\"),RIGHT(Base!AS667,LEN(Base!AS667)-1),Base!AS667)","v":"756.4556.6674.98"},{"$f":"Base!AU667","v":"Personne"},{"$f":"OR(CONCATENATE(Base!AW667,Base!AX667)=CONCATENATE(Base!AH667,Base!AI667),FO669=\"Établissement\")","v":true},{"$f":"Base!I667","v":"P1"}]
[{"$f":"Base!A676","v":4788},{"$f":"20","v":20},{"$f":"Base!B676","v":"2022-02-25"},null,{"$f":"Base!AE676","v":"VS22005195"},null,null,null,null,null,"<AUTO>",null,null,null,null,"URL (Libre)",null,null,{"$f":"Base!E676&\" - \"&Base!H676&\" - \"&Base!D676","v":"18539 - Monthey - "},{"$f":"IF(AND(Base!AT676<1000,Base!AT676>99),Base!AT676,IF(FO678=\"Établissement\",VALUE(CONCATENATE(LEN(SUBSTITUTE(V678,\" \",\"\")),LEN(V678),AA678,COLUMN(INDIRECT(LEFT(V678,1)&1)),LEN(SUBSTITUTE(V678,\"-\",\"\")))),IF(FN678=\"\",VALUE(CONCATENATE(COLUMN(INDIRECT(LEFT(W678,1)&1)),COLUMN(INDIRECT(LEFT(X678,1)&1)),AO678,CODE(AA678))),VALUE(SUBSTITUTE(SUBSTITUTE(SUBSTITUTE(FN678,\".\",\"\"),\" \",\"\"),\"-\",\"\")))))","v":182019201320},null,{"$f":"SUBSTITUTE(IF(Base!BF676=0,\"\",Base!BF676),\" (facturation)\",\"\")","v":"Mutuel Assurances SA"},{"$f":"IF(Base!AW676=0,\"\",Base!AH676)","v":""},{"$f":"IF(Base!AX676=0,\"\",Base!AI676)","v":""},{"$f":"IF(Base!AW676=0,Base!AY676&\" \"&Base!AZ676,Base!AK676&\" \"&Base!AL676)","v":"Cèdres 5"},{"$f":"IF(IF(Base!AW676=0,Base!BA676,Base!AM676)=0,\"\",IF(Base!AW676=0,Base!BA676,Base!AM676))","v":""},{"$f":"IF(Base!AW676=0,Base!BB676,Base!AN676)","v":1920},{"$f":"IF(Base!AW676=0,Base!BC676,Base!AO676)","v":"Martigny"},null,null,null,null,null,null,null,null,null,null,null,null,{"$f":"Base!AJ676","v":"1966-05-15"},{"$f":"IF(FO678=\"Établissement\",\"\",IF(Base!AG676=\"Masculin\",\"Monsieur\",IF(Base!AG676=\"Féminin\",\"Madame\",\"\")))","v":""},{"$f":"IF(FP678=FALSE,CONCATENATE(IF(Base!AV676=\"Masculin\",\"Monsieur\",IF(Base!AV676=\"Féminin\",\"Madame\",\"\")),\"#chr(13)##chr(10)#\",Base!AW676,\" \",Base!AX676, \"#chr(13)##chr(10)#\",Base!AY676,\" \",Base!AZ676, \"#chr(13)##chr(10)#\",Base!BA676, \"#chr(13)##chr(10)#\",Base!BB676,\" \",Base!BC676),\"\")","v":""},null,"",null,{"$f":"IF(AND(Base!AT676<200,Base!AT676>99),1,0)","v":0},null,0,{"$f":"Base!BG676","v":"VS.9501"},{"$f":"Base!BH676& \"#chr(13)##chr(10)#\" &Base!BI676","v":"Taxe de base sauvetage P1#chr(13)##chr(10)#"},null,{"$f":"Base!BJ676","v":1},{"$f":"Base!BK676","v":300},{"$f":"IF(Base!BL676=\"\",\"\",Base!BL676)","v":""},null,{"$f":"Base!BM676","v":300},null,null,{"$f":"IF(Base!H676=\"Uvrier\",3018,VLOOKUP(FQ678,$GV$2:$GX$7,FM678+1,0))","v":3001},0,0,null,0,null,null,null,null,null,"Libre","BS - 746",null,"BU - 73 - aff",0,null,null,null,null,null,null,null,null,null,null,null,null,null,null,null,null,null,null,null,null,null,null,null,null,null,null,null,null,null,null,null,null,null,{"$f":"Base!AH676&\", \"&Base!AI676","v":"Rosso, Isabelle"},{"$f":"Base!AN676&\" \"&Base!AO676&\", \"&Base!AK676&\" \"&Base!AL676","v":"6530 Peymeinade, Avenue des Jaisou  3"},{"$f":"CONCATENATE(TEXT(DATE(YEAR(Base!AJ676),MONTH(Base!AJ676),DAY(Base!AJ676)),\"jj.mm.aaaa\"),\", \",FN678,IF(Base!D676=\"\",\"\",\" - \"),Base!D676)","v":"15.05.1966, 756.4308.8599.59"},{"$f":"Base!AR676","v":"Groupe Mutuel Assurances GMA SA"},{"$f":"LEFT(Base!J676,10)","v":"2022-02-19"},{"$f":"CONCATENATE(Base!L676,IF(Base!L676=0,\"\",\", \"),Base!M676,\" \",Base!N676,\", \",Base!P676,\" \",Base!Q676)","v":"Route du Léman 69, 1895 Vionnaz"},{"$f":"CONCATENATE(Base!V676,\", \",Base!Z676,\" \",Base!AA676,\", \",Base!W676,\" \",Base!X676)","v":"Hôpital Riviera-Chablais (HRC), 1847 Rennaz, Route du Vieux-Séquoia 20"},null,{"$f":"CONCATENATE(RIGHT(LEFT(Base!J676,16),5),\" - \",RIGHT(LEFT(Base!K676,16),5))","v":"15:30 - 16:59"},{"$f":"Base!AF676&\" - \"&Base!I676","v":"Accident - P1"},null,null,null,null,null,null,null,null,null,null,null,null,null,null,null,null,null,null,{"$f":"Base!H676","v":"Monthey"},3,null,null,null,null,null,null,null,null,null,3,null,null,null,null,null,null,null,null,null,null,null,null,null,null,null,null,null,null,null,null,null,{"$f":"IF(Base!U676=\"Privée\",2,1)","v":1},{"$f":"IF(OR(LEFT(Base!AS676,1)=\"1\",LEFT(Base!AS676)=\"2\"),RIGHT(Base!AS676,LEN(Base!AS676)-1),Base!AS676)","v":"756.4308.8599.59"},{"$f":"Base!AU676","v":"Établissement"},{"$f":"OR(CONCATENATE(Base!AW676,Base!AX676)=CONCATENATE(Base!AH676,Base!AI676),FO678=\"Établissement\")","v":true},{"$f":"Base!I676","v":"P1"}]
[{"$f":"Base!A683","v":4790},{"$f":"20","v":20},{"$f":"Base!B683","v":"2022-02-25"},null,{"$f":"Base!AE683","v":"VS22005210"},null,null,null,null,null,"<AUTO>",null,null,null,null,"URL (Libre)",null,null,{"$f":"Base!E683&\" - \"&Base!H683&\" - \"&Base!D683","v":"18548 - Monthey - "},{"$f":"IF(AND(Base!AT683<1000,Base!AT683>99),Base!AT683,IF(FO685=\"Établissement\",VALUE(CONCATENATE(LEN(SUBSTITUTE(V685,\" \",\"\")),LEN(V685),AA685,COLUMN(INDIRECT(LEFT(V685,1)&1)),LEN(SUBSTITUTE(V685,\"-\",\"\")))),IF(FN685=\"\",VALUE(CONCATENATE(COLUMN(INDIRECT(LEFT(W685,1)&1)),COLUMN(INDIRECT(LEFT(X685,1)&1)),AO685,CODE(AA685))),VALUE(SUBSTITUTE(SUBSTITUTE(SUBSTITUTE(FN685,\".\",\"\"),\" \",\"\"),\"-\",\"\")))))","v":7568114193658},null,{"$f":"SUBSTITUTE(IF(Base!BF683=0,\"\",Base!BF683),\" (facturation)\",\"\")","v":""},{"$f":"IF(Base!AW683=0,\"\",Base!AH683)","v":"Auderset"},{"$f":"IF(Base!AX683=0,\"\",Base!AI683)","v":"Bruno"},{"$f":"IF(Base!AW683=0,Base!AY683&\" \"&Base!AZ683,Base!AK683&\" \"&Base!AL683)","v":"Chemin du Châble de la Roche 13"},{"$f":"IF(IF(Base!AW683=0,Base!BA683,Base!AM683)=0,\"\",IF(Base!AW683=0,Base!BA683,Base!AM683))","v":""},{"$f":"IF(Base!AW683=0,Base!BB683,Base!AN683)","v":1898},{"$f":"IF(Base!AW683=0,Base!BC683,Base!AO683)","v":"St-Gingolph"},null,null,null,null,null,null,null,null,null,null,null,null,{"$f":"Base!AJ683","v":"1954-05-02"},{"$f":"IF(FO685=\"Établissement\",\"\",IF(Base!AG683=\"Masculin\",\"Monsieur\",IF(Base!AG683=\"Féminin\",\"Madame\",\"\")))","v":"Monsieur"},{"$f":"IF(FP685=FALSE,CONCATENATE(IF(Base!AV683=\"Masculin\",\"Monsieur\",IF(Base!AV683=\"Féminin\",\"Madame\",\"\")),\"#chr(13)##chr(10)#\",Base!AW683,\" \",Base!AX683, \"#chr(13)##chr(10)#\",Base!AY683,\" \",Base!AZ683, \"#chr(13)##chr(10)#\",Base!BA683, \"#chr(13)##chr(10)#\",Base!BB683,\" \",Base!BC683),\"\")","v":""},null,"Monsieur",null,{"$f":"IF(AND(Base!AT683<200,Base!AT683>99),1,0)","v":0},null,0,{"$f":"Base!BG683","v":9411},{"$f":"Base!BH683& \"#chr(13)##chr(10)#\" &Base!BI683","v":"Personnel soignant reconnu (par personne et par quart d'heure entamé)#chr(13)##chr(10)#"},null,{"$f":"Base!BJ683","v":12},{"$f":"Base!BK683","v":35},{"$f":"IF(Base!BL683=\"\",\"\",Base!BL683)","v":"¼ d'heure"},null,{"$f":"Base!BM683","v":420},null,null,{"$f":"IF(Base!H683=\"Uvrier\",3018,VLOOKUP(FQ685,$GV$2:$GX$7,FM685+1,0))","v":3011},0,0,null,0,null,null,null,null,null,"Libre","BS - 753",null,"BU - 73 - aff",0,null,null,null,null,null,null,null,null,null,null,null,null,null,null,null,null,null,null,null,null,null,null,null,null,null,null,null,null,null,null,null,null,null,{"$f":"Base!AH683&\", \"&Base!AI683","v":"Auderset, Bruno"},{"$f":"Base!AN683&\" \"&Base!AO683&\", \"&Base!AK683&\" \"&Base!AL683","v":"1898 St-Gingolph, Chemin du Châble de la Roche 13"},{"$f":"CONCATENATE(TEXT(DATE(YEAR(Base!AJ683),MONTH(Base!AJ683),DAY(Base!AJ683)),\"jj.mm.aaaa\"),\", \",FN685,IF(Base!D683=\"\",\"\",\" - \"),Base!D683)","v":"02.05.1954, 756.8114.1936.58"},{"$f":"Base!AR683","v":"SWICA Krankenversicherung"},{"$f":"LEFT(Base!J683,10)","v":"2022-02-19"},{"$f":"CONCATENATE(Base!L683,IF(Base!L683=0,\"\",\", \"),Base!M683,\" \",Base!N683,\", \",Base!P683,\" \",Base!Q683)","v":"Chemin du Châble de la Roche 13, 1898 St-Gingolph"},{"$f":"CONCATENATE(Base!V683,\", \",Base!Z683,\" \",Base!AA683,\", \",Base!W683,\" \",Base!X683)","v":"Hôpital Riviera-Chablais (HRC), 1847 Rennaz, Route du Vieux-Séquoia 20"},null,{"$f":"CONCATENATE(RIGHT(LEFT(Base!J683,16),5),\" - \",RIGHT(LEFT(Base!K683,16),5))","v":"16:20 - 17:45"},{"$f":"Base!AF683&\" - \"&Base!I683","v":"Maladie - P1"},null,null,null,null,null,null,null,null,null,null,null,null,null,null,null,null,null,null,{"$f":"Base!H683","v":"Monthey"},3,null,null,null,null,null,null,null,null,null,3,null,null,null,null,null,null,null,null,null,null,null,null,null,null,null,null,null,null,null,null,null,{"$f":"IF(Base!U683=\"Privée\",2,1)","v":2},{"$f":"IF(OR(LEFT(Base!AS683,1)=\"1\",LEFT(Base!AS683)=\"2\"),RIGHT(Base!AS683,LEN(Base!AS683)-1),Base!AS683)","v":"756.8114.1936.58"},{"$f":"Base!AU683","v":"Personne"},{"$f":"OR(CONCATENATE(Base!AW683,Base!AX683)=CONCATENATE(Base!AH683,Base!AI683),FO685=\"Établissement\")","v":true},{"$f":"Base!I683","v":"P1"}]
[{"$f":"Base!A686","v":4794},{"$f":"20","v":20},{"$f":"Base!B686","v":"2022-02-25"},null,{"$f":"Base!AE686","v":"VS22004574"},null,null,null,null,null,"<AUTO>",null,null,null,null,"URL (Libre)",null,null,{"$f":"Base!E686&\" - \"&Base!H686&\" - \"&Base!D686","v":"17949 - Uvrier - "},{"$f":"IF(AND(Base!AT686<1000,Base!AT686>99),Base!AT686,IF(FO688=\"Établissement\",VALUE(CONCATENATE(LEN(SUBSTITUTE(V688,\" \",\"\")),LEN(V688),AA688,COLUMN(INDIRECT(LEFT(V688,1)&1)),LEN(SUBSTITUTE(V688,\"-\",\"\")))),IF(FN688=\"\",VALUE(CONCATENATE(COLUMN(INDIRECT(LEFT(W688,1)&1)),COLUMN(INDIRECT(LEFT(X688,1)&1)),AO688,CODE(AA688))),VALUE(SUBSTITUTE(SUBSTITUTE(SUBSTITUTE(FN688,\".\",\"\"),\" \",\"\"),\"-\",\"\")))))","v":101},null,{"$f":"SUBSTITUTE(IF(Base!BF686=0,\"\",Base!BF686),\" (facturation)\",\"\")","v":"Hôpital du Valais - Direction des Finances/Service des fournisseurs"},{"$f":"IF(Base!AW686=0,\"\",Base!AH686)","v":""},{"$f":"IF(Base!AX686=0,\"\",Base!AI686)","v":""},{"$f":"IF(Base!AW686=0,Base!AY686&\" \"&Base!AZ686,Base!AK686&\" \"&Base!AL686)","v":"Avenue Grand-Champsec 86"},{"$f":"IF(IF(Base!AW686=0,Base!BA686,Base!AM686)=0,\"\",IF(Base!AW686=0,Base!BA686,Base!AM686))","v":"Case postale 696"},{"$f":"IF(Base!AW686=0,Base!BB686,Base!AN686)","v":1951},{"$f":"IF(Base!AW686=0,Base!BC686,Base!AO686)","v":"Sion"},null,null,null,null,null,null,null,null,null,null,null,null,{"$f":"Base!AJ686","v":"1965-12-06"},{"$f":"IF(FO688=\"Établissement\",\"\",IF(Base!AG686=\"Masculin\",\"Monsieur\",IF(Base!AG686=\"Féminin\",\"Madame\",\"\")))","v":""},{"$f":"IF(FP688=FALSE,CONCATENATE(IF(Base!AV686=\"Masculin\",\"Monsieur\",IF(Base!AV686=\"Féminin\",\"Madame\",\"\")),\"#chr(13)##chr(10)#\",Base!AW686,\" \",Base!AX686, \"#chr(13)##chr(10)#\",Base!AY686,\" \",Base!AZ686, \"#chr(13)##chr(10)#\",Base!BA686, \"#chr(13)##chr(10)#\",Base!BB686,\" \",Base!BC686),\"\")","v":""},null,"",null,{"$f":"IF(AND(Base!AT686<200,Base!AT686>99),1,0)","v":1},null,0,{"$f":"Base!BG686","v":"HVS.31N"},{"$f":"Base!BH686& \"#chr(13)##chr(10)#\" &Base!BI686","v":"Forfait S3 HVS Martigny - HVS Sion#chr(13)##chr(10)#Trajet simple nuit (20h00-08h00) ou dimanches et jours fériés"},null,{"$f":"Base!BJ686","v":1},{"$f":"Base!BK686","v":660},{"$f":"IF(Base!BL686=\"\",\"\",Base!BL686)","v":""},null,{"$f":"Base!BM686","v":660},null,null,{"$f":"IF(Base!H686=\"Uvrier\",3018,VLOOKUP(FQ688,$GV$2:$GX$7,FM688+1,0))","v":3018},0,0,null,0,null,null,null,null,null,"Libre","BS - 756",null,"BU - 73 - aff",0,null,null,null,null,null,null,null,null,null,null,null,null,null,null,null,null,null,null,null,null,null,null,null,null,null,null,null,null,null,null,null,null,null,{"$f":"Base!AH686&\", \"&Base!AI686","v":"Da Silva Soares Gonçalves, Anna Maria"},{"$f":"Base!AN686&\" \"&Base!AO686&\", \"&Base!AK686&\" \"&Base!AL686","v":"1920 Martigny, Rue du Castel 6"},{"$f":"CONCATENATE(TEXT(DATE(YEAR(Base!AJ686),MONTH(Base!AJ686),DAY(Base!AJ686)),\"jj.mm.aaaa\"),\", \",FN688,IF(Base!D686=\"\",\"\",\" - \"),Base!D686)","v":"06.12.1965, 756.7979.1057.21"},{"$f":"Base!AR686","v":"Philos Assurance Maladie SA"},{"$f":"LEFT(Base!J686,10)","v":"2022-02-13"},{"$f":"CONCATENATE(Base!L686,IF(Base!L686=0,\"\",\", \"),Base!M686,\" \",Base!N686,\", \",Base!P686,\" \",Base!Q686)","v":"Hôpital de Martigny, Avenue de la Fusion 27, 1920 Martigny"},{"$f":"CONCATENATE(Base!V686,\", \",Base!Z686,\" \",Base!AA686,\", \",Base!W686,\" \",Base!X686)","v":"Hôpital de Sion, 1950 Sion, Avenue du Grand-Champsec 80"},null,{"$f":"CONCATENATE(RIGHT(LEFT(Base!J686,16),5),\" - \",RIGHT(LEFT(Base!K686,16),5))","v":"17:48 - 19:40"},{"$f":"Base!AF686&\" - \"&Base!I686","v":"Maladie - S3"},null,null,null,null,null,null,null,null,null,null,null,null,null,null,null,null,null,null,{"$f":"Base!H686","v":"Uvrier"},2,null,null,null,null,null,null,null,null,null,2,null,null,null,null,null,null,null,null,null,null,null,null,null,null,null,null,null,null,null,null,null,{"$f":"IF(Base!U686=\"Privée\",2,1)","v":2},{"$f":"IF(OR(LEFT(Base!AS686,1)=\"1\",LEFT(Base!AS686)=\"2\"),RIGHT(Base!AS686,LEN(Base!AS686)-1),Base!AS686)","v":"756.7979.1057.21"},{"$f":"Base!AU686","v":"Établissement"},{"$f":"OR(CONCATENATE(Base!AW686,Base!AX686)=CONCATENATE(Base!AH686,Base!AI686),FO688=\"Établissement\")","v":true},{"$f":"Base!I686","v":"S3"}]
[{"$f":"Base!A695","v":4797},{"$f":"20","v":20},{"$f":"Base!B695","v":"2022-02-25"},null,{"$f":"Base!AE695","v":"VS22004581"},null,null,null,null,null,"<AUTO>",null,null,null,null,"URL (Libre)",null,null,{"$f":"Base!E695&\" - \"&Base!H695&\" - \"&Base!D695","v":"17956 - Uvrier - "},{"$f":"IF(AND(Base!AT695<1000,Base!AT695>99),Base!AT695,IF(FO697=\"Établissement\",VALUE(CONCATENATE(LEN(SUBSTITUTE(V697,\" \",\"\")),LEN(V697),AA697,COLUMN(INDIRECT(LEFT(V697,1)&1)),LEN(SUBSTITUTE(V697,\"-\",\"\")))),IF(FN697=\"\",VALUE(CONCATENATE(COLUMN(INDIRECT(LEFT(W697,1)&1)),COLUMN(INDIRECT(LEFT(X697,1)&1)),AO697,CODE(AA697))),VALUE(SUBSTITUTE(SUBSTITUTE(SUBSTITUTE(FN697,\".\",\"\"),\" \",\"\"),\"-\",\"\")))))","v":7563733686390},null,{"$f":"SUBSTITUTE(IF(Base!BF695=0,\"\",Base!BF695),\" (facturation)\",\"\")","v":""},{"$f":"IF(Base!AW695=0,\"\",Base!AH695)","v":"Dos Santos Madureira"},{"$f":"IF(Base!AX695=0,\"\",Base!AI695)","v":"Nathalie "},{"$f":"IF(Base!AW695=0,Base!AY695&\" \"&Base!AZ695,Base!AK695&\" \"&Base!AL695)","v":"Route du Léman 25A"},{"$f":"IF(IF(Base!AW695=0,Base!BA695,Base!AM695)=0,\"\",IF(Base!AW695=0,Base!BA695,Base!AM695))","v":"Tertianum Résidence Les Sources"},{"$f":"IF(Base!AW695=0,Base!BB695,Base!AN695)","v":1907},{"$f":"IF(Base!AW695=0,Base!BC695,Base!AO695)","v":"Saxon"},null,null,null,null,null,null,null,null,null,null,null,null,{"$f":"Base!AJ695","v":"1956-10-25"},{"$f":"IF(FO697=\"Établissement\",\"\",IF(Base!AG695=\"Masculin\",\"Monsieur\",IF(Base!AG695=\"Féminin\",\"Madame\",\"\")))","v":"Madame"},{"$f":"IF(FP697=FALSE,CONCATENATE(IF(Base!AV695=\"Masculin\",\"Monsieur\",IF(Base!AV695=\"Féminin\",\"Madame\",\"\")),\"#chr(13)##chr(10)#\",Base!AW695,\" \",Base!AX695, \"#chr(13)##chr(10)#\",Base!AY695,\" \",Base!AZ695, \"#chr(13)##chr(10)#\",Base!BA695, \"#chr(13)##chr(10)#\",Base!BB695,\" \",Base!BC695),\"\")","v":""},null,"Madame",null,{"$f":"IF(AND(Base!AT695<200,Base!AT695>99),1,0)","v":0},null,0,{"$f":"Base!BG695","v":"CLN.9432"},{"$f":"Base!BH695& \"#chr(13)##chr(10)#\" &Base!BI695","v":"Supplément pour dimanche et jour férié#chr(13)##chr(10)#25% sur CHF 420.00"},null,{"$f":"Base!BJ695","v":1},{"$f":"Base!BK695","v":105},{"$f":"IF(Base!BL695=\"\",\"\",Base!BL695)","v":""},null,{"$f":"Base!BM695","v":105},null,null,{"$f":"IF(Base!H695=\"Uvrier\",3018,VLOOKUP(FQ697,$GV$2:$GX$7,FM697+1,0))","v":3018},0,0,null,0,null,null,null,null,null,"Libre","BS - 765",null,"BU - 73 - aff",0,null,null,null,null,null,null,null,null,null,null,null,null,null,null,null,null,null,null,null,null,null,null,null,null,null,null,null,null,null,null,null,null,null,{"$f":"Base!AH695&\", \"&Base!AI695","v":"Dos Santos Madureira, Nathalie "},{"$f":"Base!AN695&\" \"&Base!AO695&\", \"&Base!AK695&\" \"&Base!AL695","v":"1907 Saxon, Route du Léman 25A"},{"$f":"CONCATENATE(TEXT(DATE(YEAR(Base!AJ695),MONTH(Base!AJ695),DAY(Base!AJ695)),\"jj.mm.aaaa\"),\", \",FN697,IF(Base!D695=\"\",\"\",\" - \"),Base!D695)","v":"25.10.1956, 756.3733.6863.90"},{"$f":"Base!AR695","v":"Helsana Assurances SA"},{"$f":"LEFT(Base!J695,10)","v":"2022-02-13"},{"$f":"CONCATENATE(Base!L695,IF(Base!L695=0,\"\",\", \"),Base!M695,\" \",Base!N695,\", \",Base!P695,\" \",Base!Q695)","v":"Hôpital de Martigny, Avenue de la Fusion 27, 1920 Martigny"},{"$f":"CONCATENATE(Base!V695,\", \",Base!Z695,\" \",Base!AA695,\", \",Base!W695,\" \",Base!X695)","v":"Tertianum Résidence Les Sources, 1907 Saxon, Route du Léman 25A"},null,{"$f":"CONCATENATE(RIGHT(LEFT(Base!J695,16),5),\" - \",RIGHT(LEFT(Base!K695,16),5))","v":"20:01 - 21:33"},{"$f":"Base!AF695&\" - \"&Base!I695","v":"Maladie - S3"},null,null,null,null,null,null,null,null,null,null,null,null,null,null,null,null,null,null,{"$f":"Base!H695","v":"Uvrier"},2,null,null,null,null,null,null,null,null,null,2,null,null,null,null,null,null,null,null,null,null,null,null,null,null,null,null,null,null,null,null,null,{"$f":"IF(Base!U695=\"Privée\",2,1)","v":2},{"$f":"IF(OR(LEFT(Base!AS695,1)=\"1\",LEFT(Base!AS695)=\"2\"),RIGHT(Base!AS695,LEN(Base!AS695)-1),Base!AS695)","v":"756.3733.6863.90"},{"$f":"Base!AU695","v":"Personne"},{"$f":"OR(CONCATENATE(Base!AW695,Base!AX695)=CONCATENATE(Base!AH695,Base!AI695),FO697=\"Établissement\")","v":true},{"$f":"Base!I695","v":"S3"}]
[{"$f":"Base!A702","v":4799},{"$f":"20","v":20},{"$f":"Base!B702","v":"2022-02-25"},null,{"$f":"Base!AE702","v":"VS22005260"},null,null,null,null,null,"<AUTO>",null,null,null,null,"URL (Libre)",null,null,{"$f":"Base!E702&\" - \"&Base!H702&\" - \"&Base!D702","v":"18598 - Monthey - "},{"$f":"IF(AND(Base!AT702<1000,Base!AT702>99),Base!AT702,IF(FO704=\"Établissement\",VALUE(CONCATENATE(LEN(SUBSTITUTE(V704,\" \",\"\")),LEN(V704),AA704,COLUMN(INDIRECT(LEFT(V704,1)&1)),LEN(SUBSTITUTE(V704,\"-\",\"\")))),IF(FN704=\"\",VALUE(CONCATENATE(COLUMN(INDIRECT(LEFT(W704,1)&1)),COLUMN(INDIRECT(LEFT(X704,1)&1)),AO704,CODE(AA704))),VALUE(SUBSTITUTE(SUBSTITUTE(SUBSTITUTE(FN704,\".\",\"\"),\" \",\"\"),\"-\",\"\")))))","v":7564680578349},null,{"$f":"SUBSTITUTE(IF(Base!BF702=0,\"\",Base!BF702),\" (facturation)\",\"\")","v":""},{"$f":"IF(Base!AW702=0,\"\",Base!AH702)","v":"Luginbühl"},{"$f":"IF(Base!AX702=0,\"\",Base!AI702)","v":"Christian"},{"$f":"IF(Base!AW702=0,Base!AY702&\" \"&Base!AZ702,Base!AK702&\" \"&Base!AL702)","v":"Chemin de la Belle-Ile 8"},{"$f":"IF(IF(Base!AW702=0,Base!BA702,Base!AM702)=0,\"\",IF(Base!AW702=0,Base!BA702,Base!AM702))","v":"Illarsaz"},{"$f":"IF(Base!AW702=0,Base!BB702,Base!AN702)","v":1893},{"$f":"IF(Base!AW702=0,Base!BC702,Base!AO702)","v":"Muraz (Collombey)"},null,null,null,null,null,null,null,null,null,null,null,null,{"$f":"Base!AJ702","v":"1935-12-26"},{"$f":"IF(FO704=\"Établissement\",\"\",IF(Base!AG702=\"Masculin\",\"Monsieur\",IF(Base!AG702=\"Féminin\",\"Madame\",\"\")))","v":"Monsieur"},{"$f":"IF(FP704=FALSE,CONCATENATE(IF(Base!AV702=\"Masculin\",\"Monsieur\",IF(Base!AV702=\"Féminin\",\"Madame\",\"\")),\"#chr(13)##chr(10)#\",Base!AW702,\" \",Base!AX702, \"#chr(13)##chr(10)#\",Base!AY702,\" \",Base!AZ702, \"#chr(13)##chr(10)#\",Base!BA702, \"#chr(13)##chr(10)#\",Base!BB702,\" \",Base!BC702),\"\")","v":""},null,"Monsieur",null,{"$f":"IF(AND(Base!AT702<200,Base!AT702>99),1,0)","v":0},null,0,{"$f":"Base!BG702","v":9401},{"$f":"Base!BH702& \"#chr(13)##chr(10)#\" &Base!BI702","v":"Taxe de base sauvetage P1#chr(13)##chr(10)#"},null,{"$f":"Base!BJ702","v":1},{"$f":"Base!BK702","v":300},{"$f":"IF(Base!BL702=\"\",\"\",Base!BL702)","v":""},null,{"$f":"Base!BM702","v":300},null,null,{"$f":"IF(Base!H702=\"Uvrier\",3018,VLOOKUP(FQ704,$GV$2:$GX$7,FM704+1,0))","v":3001},0,0,null,0,null,null,null,null,null,"Libre","BS - 772",null,"BU - 73 - aff",0,null,null,null,null,null,null,null,null,null,null,null,null,null,null,null,null,null,null,null,null,null,null,null,null,null,null,null,null,null,null,null,null,null,{"$f":"Base!AH702&\", \"&Base!AI702","v":"Luginbühl, Christian"},{"$f":"Base!AN702&\" \"&Base!AO702&\", \"&Base!AK702&\" \"&Base!AL702","v":"1893 Muraz (Collombey), Chemin de la Belle-Ile 8"},{"$f":"CONCATENATE(TEXT(DATE(YEAR(Base!AJ702),MONTH(Base!AJ702),DAY(Base!AJ702)),\"jj.mm.aaaa\"),\", \",FN704,IF(Base!D702=\"\",\"\",\" - \"),Base!D702)","v":"26.12.1935, 756.4680.5783.49"},{"$f":"Base!AR702","v":"Mutuel Assurance Maladie SA"},{"$f":"LEFT(Base!J702,10)","v":"2022-02-20"},{"$f":"CONCATENATE(Base!L702,IF(Base!L702=0,\"\",\", \"),Base!M702,\" \",Base!N702,\", \",Base!P702,\" \",Base!Q702)","v":"Chemin de la Belle-Ile 8, 1893 Muraz (Collombey)"},{"$f":"CONCATENATE(Base!V702,\", \",Base!Z702,\" \",Base!AA702,\", \",Base!W702,\" \",Base!X702)","v":"Hôpital Riviera-Chablais (HRC), 1847 Rennaz, Route du Vieux-Séquoia 20"},null,{"$f":"CONCATENATE(RIGHT(LEFT(Base!J702,16),5),\" - \",RIGHT(LEFT(Base!K702,16),5))","v":"10:26 - 12:18"},{"$f":"Base!AF702&\" - \"&Base!I702","v":"Maladie - P1"},null,null,null,null,null,null,null,null,null,null,null,null,null,null,null,null,null,null,{"$f":"Base!H702","v":"Monthey"},3,null,null,null,null,null,null,null,null,null,3,null,null,null,null,null,null,null,null,null,null,null,null,null,null,null,null,null,null,null,null,null,{"$f":"IF(Base!U702=\"Privée\",2,1)","v":1},{"$f":"IF(OR(LEFT(Base!AS702,1)=\"1\",LEFT(Base!AS702)=\"2\"),RIGHT(Base!AS702,LEN(Base!AS702)-1),Base!AS702)","v":"756.4680.5783.49"},{"$f":"Base!AU702","v":"Personne"},{"$f":"OR(CONCATENATE(Base!AW702,Base!AX702)=CONCATENATE(Base!AH702,Base!AI702),FO704=\"Établissement\")","v":true},{"$f":"Base!I702","v":"P1"}]
[{"$f":"Base!A705","v":4799},{"$f":"20","v":20},{"$f":"Base!B705","v":"2022-02-25"},null,{"$f":"Base!AE705","v":"VS22005260"},null,null,null,null,null,"<AUTO>",null,null,null,null,"URL (Libre)",null,null,{"$f":"Base!E705&\" - \"&Base!H705&\" - \"&Base!D705","v":"18598 - Monthey - "},{"$f":"IF(AND(Base!AT705<1000,Base!AT705>99),Base!AT705,IF(FO707=\"Établissement\",VALUE(CONCATENATE(LEN(SUBSTITUTE(V707,\" \",\"\")),LEN(V707),AA707,COLUMN(INDIRECT(LEFT(V707,1)&1)),LEN(SUBSTITUTE(V707,\"-\",\"\")))),IF(FN707=\"\",VALUE(CONCATENATE(COLUMN(INDIRECT(LEFT(W707,1)&1)),COLUMN(INDIRECT(LEFT(X707,1)&1)),AO707,CODE(AA707))),VALUE(SUBSTITUTE(SUBSTITUTE(SUBSTITUTE(FN707,\".\",\"\"),\" \",\"\"),\"-\",\"\")))))","v":7564680578349},null,{"$f":"SUBSTITUTE(IF(Base!BF705=0,\"\",Base!BF705),\" (facturation)\",\"\")","v":""},{"$f":"IF(Base!AW705=0,\"\",Base!AH705)","v":"Luginbühl"},{"$f":"IF(Base!AX705=0,\"\",Base!AI705)","v":"Christian"},{"$f":"IF(Base!AW705=0,Base!AY705&\" \"&Base!AZ705,Base!AK705&\" \"&Base!AL705)","v":"Chemin de la Belle-Ile 8"},{"$f":"IF(IF(Base!AW705=0,Base!BA705,Base!AM705)=0,\"\",IF(Base!AW705=0,Base!BA705,Base!AM705))","v":"Illarsaz"},{"$f":"IF(Base!AW705=0,Base!BB705,Base!AN705)","v":1893},{"$f":"IF(Base!AW705=0,Base!BC705,Base!AO705)","v":"Muraz (Collombey)"},null,null,null,null,null,null,null,null,null,null,null,null,{"$f":"Base!AJ705","v":"1935-12-26"},{"$f":"IF(FO707=\"Établissement\",\"\",IF(Base!AG705=\"Masculin\",\"Monsieur\",IF(Base!AG705=\"Féminin\",\"Madame\",\"\")))","v":"Monsieur"},{"$f":"IF(FP707=FALSE,CONCATENATE(IF(Base!AV705=\"Masculin\",\"Monsieur\",IF(Base!AV705=\"Féminin\",\"Madame\",\"\")),\"#chr(13)##chr(10)#\",Base!AW705,\" \",Base!AX705, \"#chr(13)##chr(10)#\",Base!AY705,\" \",Base!AZ705, \"#chr(13)##chr(10)#\",Base!BA705, \"#chr(13)##chr(10)#\",Base!BB705,\" \",Base!BC705),\"\")","v":""},null,"Monsieur",null,{"$f":"IF(AND(Base!AT705<200,Base!AT705>99),1,0)","v":0},null,0,{"$f":"Base!BG705","v":9432},{"$f":"Base!BH705& \"#chr(13)##chr(10)#\" &Base!BI705","v":"Supplément pour dimanche et jour férié#chr(13)##chr(10)#"},null,{"$f":"Base!BJ705","v":1},{"$f":"Base!BK705","v":140},{"$f":"IF(Base!BL705=\"\",\"\",Base!BL705)","v":""},null,{"$f":"Base!BM705","v":140},null,null,{"$f":"IF(Base!H705=\"Uvrier\",3018,VLOOKUP(FQ707,$GV$2:$GX$7,FM707+1,0))","v":3001},0,0,null,0,null,null,null,null,null,"Libre","BS - 775",null,"BU - 73 - aff",0,null,null,null,null,null,null,null,null,null,null,null,null,null,null,null,null,null,null,null,null,null,null,null,null,null,null,null,null,null,null,null,null,null,{"$f":"Base!AH705&\", \"&Base!AI705","v":"Luginbühl, Christian"},{"$f":"Base!AN705&\" \"&Base!AO705&\", \"&Base!AK705&\" \"&Base!AL705","v":"1893 Muraz (Collombey), Chemin de la Belle-Ile 8"},{"$f":"CONCATENATE(TEXT(DATE(YEAR(Base!AJ705),MONTH(Base!AJ705),DAY(Base!AJ705)),\"jj.mm.aaaa\"),\", \",FN707,IF(Base!D705=\"\",\"\",\" - \"),Base!D705)","v":"26.12.1935, 756.4680.5783.49"},{"$f":"Base!AR705","v":"Mutuel Assurance Maladie SA"},{"$f":"LEFT(Base!J705,10)","v":"2022-02-20"},{"$f":"CONCATENATE(Base!L705,IF(Base!L705=0,\"\",\", \"),Base!M705,\" \",Base!N705,\", \",Base!P705,\" \",Base!Q705)","v":"Chemin de la Belle-Ile 8, 1893 Muraz (Collombey)"},{"$f":"CONCATENATE(Base!V705,\", \",Base!Z705,\" \",Base!AA705,\", \",Base!W705,\" \",Base!X705)","v":"Hôpital Riviera-Chablais (HRC), 1847 Rennaz, Route du Vieux-Séquoia 20"},null,{"$f":"CONCATENATE(RIGHT(LEFT(Base!J705,16),5),\" - \",RIGHT(LEFT(Base!K705,16),5))","v":"10:26 - 12:18"},{"$f":"Base!AF705&\" - \"&Base!I705","v":"Maladie - P1"},null,null,null,null,null,null,null,null,null,null,null,null,null,null,null,null,null,null,{"$f":"Base!H705","v":"Monthey"},3,null,null,null,null,null,null,null,null,null,3,null,null,null,null,null,null,null,null,null,null,null,null,null,null,null,null,null,null,null,null,null,{"$f":"IF(Base!U705=\"Privée\",2,1)","v":1},{"$f":"IF(OR(LEFT(Base!AS705,1)=\"1\",LEFT(Base!AS705)=\"2\"),RIGHT(Base!AS705,LEN(Base!AS705)-1),Base!AS705)","v":"756.4680.5783.49"},{"$f":"Base!AU705","v":"Personne"},{"$f":"OR(CONCATENATE(Base!AW705,Base!AX705)=CONCATENATE(Base!AH705,Base!AI705),FO707=\"Établissement\")","v":true},{"$f":"Base!I705","v":"P1"}]
[{"$f":"Base!A712","v":4803},{"$f":"20","v":20},{"$f":"Base!B712","v":"2022-02-25"},null,{"$f":"Base!AE712","v":"VS22005290"},null,null,null,null,null,"<AUTO>",null,null,null,null,"URL (Libre)",null,null,{"$f":"Base!E712&\" - \"&Base!H712&\" - \"&Base!D712","v":"18627 - Monthey - "},{"$f":"IF(AND(Base!AT712<1000,Base!AT712>99),Base!AT712,IF(FO714=\"Établissement\",VALUE(CONCATENATE(LEN(SUBSTITUTE(V714,\" \",\"\")),LEN(V714),AA714,COLUMN(INDIRECT(LEFT(V714,1)&1)),LEN(SUBSTITUTE(V714,\"-\",\"\")))),IF(FN714=\"\",VALUE(CONCATENATE(COLUMN(INDIRECT(LEFT(W714,1)&1)),COLUMN(INDIRECT(LEFT(X714,1)&1)),AO714,CODE(AA714))),VALUE(SUBSTITUTE(SUBSTITUTE(SUBSTITUTE(FN714,\".\",\"\"),\" \",\"\"),\"-\",\"\")))))","v":7564155018523},null,{"$f":"SUBSTITUTE(IF(Base!BF712=0,\"\",Base!BF712),\" (facturation)\",\"\")","v":""},{"$f":"IF(Base!AW712=0,\"\",Base!AH712)","v":"Dos Santos"},{"$f":"IF(Base!AX712=0,\"\",Base!AI712)","v":"Romain"},{"$f":"IF(Base!AW712=0,Base!AY712&\" \"&Base!AZ712,Base!AK712&\" \"&Base!AL712)","v":"Chemin de Villars 20"},{"$f":"IF(IF(Base!AW712=0,Base!BA712,Base!AM712)=0,\"\",IF(Base!AW712=0,Base!BA712,Base!AM712))","v":""},{"$f":"IF(Base!AW712=0,Base!BB712,Base!AN712)","v":1030},{"$f":"IF(Base!AW712=0,Base!BC712,Base!AO712)","v":"Bussigny"},null,null,null,null,null,null,null,null,null,null,null,null,{"$f":"Base!AJ712","v":"1999-12-11"},{"$f":"IF(FO714=\"Établissement\",\"\",IF(Base!AG712=\"Masculin\",\"Monsieur\",IF(Base!AG712=\"Féminin\",\"Madame\",\"\")))","v":"Monsieur"},{"$f":"IF(FP714=FALSE,CONCATENATE(IF(Base!AV712=\"Masculin\",\"Monsieur\",IF(Base!AV712=\"Féminin\",\"Madame\",\"\")),\"#chr(13)##chr(10)#\",Base!AW712,\" \",Base!AX712, \"#chr(13)##chr(10)#\",Base!AY712,\" \",Base!AZ712, \"#chr(13)##chr(10)#\",Base!BA712, \"#chr(13)##chr(10)#\",Base!BB712,\" \",Base!BC712),\"\")","v":""},null,"Monsieur",null,{"$f":"IF(AND(Base!AT712<200,Base!AT712>99),1,0)","v":0},null,0,{"$f":"Base!BG712","v":"VS.9532"},{"$f":"Base!BH712& \"#chr(13)##chr(10)#\" &Base!BI712","v":"Supplément pour week-end et jour férié#chr(13)##chr(10)#"},null,{"$f":"Base!BJ712","v":1},{"$f":"Base!BK712","v":140},{"$f":"IF(Base!BL712=\"\",\"\",Base!BL712)","v":""},null,{"$f":"Base!BM712","v":140},null,null,{"$f":"IF(Base!H712=\"Uvrier\",3018,VLOOKUP(FQ714,$GV$2:$GX$7,FM714+1,0))","v":3002},0,0,null,0,null,null,null,null,null,"Libre","BS - 782",null,"BU - 73 - aff",0,null,null,null,null,null,null,null,null,null,null,null,null,null,null,null,null,null,null,null,null,null,null,null,null,null,null,null,null,null,null,null,null,null,{"$f":"Base!AH712&\", \"&Base!AI712","v":"Dos Santos, Romain"},{"$f":"Base!AN712&\" \"&Base!AO712&\", \"&Base!AK712&\" \"&Base!AL712","v":"1030 Bussigny, Chemin de Villars 20"},{"$f":"CONCATENATE(TEXT(DATE(YEAR(Base!AJ712),MONTH(Base!AJ712),DAY(Base!AJ712)),\"jj.mm.aaaa\"),\", \",FN714,IF(Base!D712=\"\",\"\",\" - \"),Base!D712)","v":"11.12.1999, 756.4155.0185.23"},{"$f":"Base!AR712","v":"Helsana Accidents SA"},{"$f":"LEFT(Base!J712,10)","v":"2022-02-20"},{"$f":"CONCATENATE(Base!L712,IF(Base!L712=0,\"\",\", \"),Base!M712,\" \",Base!N712,\", \",Base!P712,\" \",Base!Q712)","v":"Poste de secours, Chemin du Tunnel , 1873 Les Crosets"},{"$f":"CONCATENATE(Base!V712,\", \",Base!Z712,\" \",Base!AA712,\", \",Base!W712,\" \",Base!X712)","v":"Hôpital Riviera-Chablais (HRC), 1847 Rennaz, Route du Vieux-Séquoia 20"},null,{"$f":"CONCATENATE(RIGHT(LEFT(Base!J712,16),5),\" - \",RIGHT(LEFT(Base!K712,16),5))","v":"12:19 - 14:12"},{"$f":"Base!AF712&\" - \"&Base!I712","v":"Accident - P2"},null,null,null,null,null,null,null,null,null,null,null,null,null,null,null,null,null,null,{"$f":"Base!H712","v":"Monthey"},3,null,null,null,null,null,null,null,null,null,3,null,null,null,null,null,null,null,null,null,null,null,null,null,null,null,null,null,null,null,null,null,{"$f":"IF(Base!U712=\"Privée\",2,1)","v":1},{"$f":"IF(OR(LEFT(Base!AS712,1)=\"1\",LEFT(Base!AS712)=\"2\"),RIGHT(Base!AS712,LEN(Base!AS712)-1),Base!AS712)","v":"756.4155.0185.23"},{"$f":"Base!AU712","v":"Personne"},{"$f":"OR(CONCATENATE(Base!AW712,Base!AX712)=CONCATENATE(Base!AH712,Base!AI712),FO714=\"Établissement\")","v":true},{"$f":"Base!I712","v":"P2"}]
[{"$f":"Base!A715","v":4804},{"$f":"20","v":20},{"$f":"Base!B715","v":"2022-02-25"},null,{"$f":"Base!AE715","v":"VS22004642"},null,null,null,null,null,"<AUTO>",null,null,null,null,"URL (Libre)",null,null,{"$f":"Base!E715&\" - \"&Base!H715&\" - \"&Base!D715","v":"18013 - Uvrier - Intervention OCVS no 03620"},{"$f":"IF(AND(Base!AT715<1000,Base!AT715>99),Base!AT715,IF(FO717=\"Établissement\",VALUE(CONCATENATE(LEN(SUBSTITUTE(V717,\" \",\"\")),LEN(V717),AA717,COLUMN(INDIRECT(LEFT(V717,1)&1)),LEN(SUBSTITUTE(V717,\"-\",\"\")))),IF(FN717=\"\",VALUE(CONCATENATE(COLUMN(INDIRECT(LEFT(W717,1)&1)),COLUMN(INDIRECT(LEFT(X717,1)&1)),AO717,CODE(AA717))),VALUE(SUBSTITUTE(SUBSTITUTE(SUBSTITUTE(FN717,\".\",\"\"),\" \",\"\"),\"-\",\"\")))))","v":273119811630},null,{"$f":"SUBSTITUTE(IF(Base!BF715=0,\"\",Base!BF715),\" (facturation)\",\"\")","v":"Procuria - Service de curatelle"},{"$f":"IF(Base!AW715=0,\"\",Base!AH715)","v":"Pascale"},{"$f":"IF(Base!AX715=0,\"\",Base!AI715)","v":"Renato Giuliano"},{"$f":"IF(Base!AW715=0,Base!AY715&\" \"&Base!AZ715,Base!AK715&\" \"&Base!AL715)","v":"Ruelle de Villa 2"},{"$f":"IF(IF(Base!AW715=0,Base!BA715,Base!AM715)=0,\"\",IF(Base!AW715=0,Base!BA715,Base!AM715))","v":""},{"$f":"IF(Base!AW715=0,Base!BB715,Base!AN715)","v":1981},{"$f":"IF(Base!AW715=0,Base!BC715,Base!AO715)","v":"Vex"},null,null,null,null,null,null,null,null,null,null,null,null,{"$f":"Base!AJ715","v":"1965-03-10"},{"$f":"IF(FO717=\"Établissement\",\"\",IF(Base!AG715=\"Masculin\",\"Monsieur\",IF(Base!AG715=\"Féminin\",\"Madame\",\"\")))","v":""},{"$f":"IF(FP717=FALSE,CONCATENATE(IF(Base!AV715=\"Masculin\",\"Monsieur\",IF(Base!AV715=\"Féminin\",\"Madame\",\"\")),\"#chr(13)##chr(10)#\",Base!AW715,\" \",Base!AX715, \"#chr(13)##chr(10)#\",Base!AY715,\" \",Base!AZ715, \"#chr(13)##chr(10)#\",Base!BA715, \"#chr(13)##chr(10)#\",Base!BB715,\" \",Base!BC715),\"\")","v":""},null,"",null,{"$f":"IF(AND(Base!AT715<200,Base!AT715>99),1,0)","v":0},null,0,{"$f":"Base!BG715","v":9404},{"$f":"Base!BH715& \"#chr(13)##chr(10)#\" &Base!BI715","v":"Indemnisation kilométrique#chr(13)##chr(10)#"},null,{"$f":"Base!BJ715","v":20},{"$f":"Base!BK715","v":4.5},{"$f":"IF(Base!BL715=\"\",\"\",Base!BL715)","v":"km"},null,{"$f":"Base!BM715","v":90},null,null,{"$f":"IF(Base!H715=\"Uvrier\",3018,VLOOKUP(FQ717,$GV$2:$GX$7,FM717+1,0))","v":3018},0,0,null,0,null,null,null,null,null,"Libre","BS - 785",null,"BU - 73 - aff",0,null,null,null,null,null,null,null,null,null,null,null,null,null,null,null,null,null,null,null,null,null,null,null,null,null,null,null,null,null,null,null,null,null,{"$f":"Base!AH715&\", \"&Base!AI715","v":"Pascale, Renato Giuliano"},{"$f":"Base!AN715&\" \"&Base!AO715&\", \"&Base!AK715&\" \"&Base!AL715","v":"1981 Vex, Ruelle de Villa 2"},{"$f":"CONCATENATE(TEXT(DATE(YEAR(Base!AJ715),MONTH(Base!AJ715),DAY(Base!AJ715)),\"jj.mm.aaaa\"),\", \",FN717,IF(Base!D715=\"\",\"\",\" - \"),Base!D715)","v":"10.03.1965, 756.0346.3581.64 - Intervention OCVS no 03620"},{"$f":"Base!AR715","v":"Helsana Assurances SA"},{"$f":"LEFT(Base!J715,10)","v":"2022-02-14"},{"$f":"CONCATENATE(Base!L715,IF(Base!L715=0,\"\",\", \"),Base!M715,\" \",Base!N715,\", \",Base!P715,\" \",Base!Q715)","v":"Domicile, Ruelle de Villa 2, 1981 Vex"},{"$f":"CONCATENATE(Base!V715,\", \",Base!Z715,\" \",Base!AA715,\", \",Base!W715,\" \",Base!X715)","v":"Hôpital de Sion, 1950 Sion, Avenue du Grand-Champsec 80"},null,{"$f":"CONCATENATE(RIGHT(LEFT(Base!J715,16),5),\" - \",RIGHT(LEFT(Base!K715,16),5))","v":"12:17 - 13:23"},{"$f":"Base!AF715&\" - \"&Base!I715","v":"Maladie - P3"},null,null,null,null,null,null,null,null,null,null,null,null,null,null,null,null,null,null,{"$f":"Base!H715","v":"Uvrier"},2,null,null,null,null,null,null,null,null,null,2,null,null,null,null,null,null,null,null,null,null,null,null,null,null,null,null,null,null,null,null,null,{"$f":"IF(Base!U715=\"Privée\",2,1)","v":2},{"$f":"IF(OR(LEFT(Base!AS715,1)=\"1\",LEFT(Base!AS715)=\"2\"),RIGHT(Base!AS715,LEN(Base!AS715)-1),Base!AS715)","v":"756.0346.3581.64"},{"$f":"Base!AU715","v":"Établissement"},{"$f":"OR(CONCATENATE(Base!AW715,Base!AX715)=CONCATENATE(Base!AH715,Base!AI715),FO717=\"Établissement\")","v":true},{"$f":"Base!I715","v":"P3"}]
[{"$f":"Base!A727","v":4809},{"$f":"20","v":20},{"$f":"Base!B727","v":"2022-02-25"},null,{"$f":"Base!AE727","v":"VS22004709"},null,null,null,null,null,"<AUTO>",null,null,null,null,"URL (Libre)",null,null,{"$f":"Base!E727&\" - \"&Base!H727&\" - \"&Base!D727","v":"18071 - Uvrier - "},{"$f":"IF(AND(Base!AT727<1000,Base!AT727>99),Base!AT727,IF(FO729=\"Établissement\",VALUE(CONCATENATE(LEN(SUBSTITUTE(V729,\" \",\"\")),LEN(V729),AA729,COLUMN(INDIRECT(LEFT(V729,1)&1)),LEN(SUBSTITUTE(V729,\"-\",\"\")))),IF(FN729=\"\",VALUE(CONCATENATE(COLUMN(INDIRECT(LEFT(W729,1)&1)),COLUMN(INDIRECT(LEFT(X729,1)&1)),AO729,CODE(AA729))),VALUE(SUBSTITUTE(SUBSTITUTE(SUBSTITUTE(FN729,\".\",\"\"),\" \",\"\"),\"-\",\"\")))))","v":7569895019458},null,{"$f":"SUBSTITUTE(IF(Base!BF727=0,\"\",Base!BF727),\" (facturation)\",\"\")","v":""},{"$f":"IF(Base!AW727=0,\"\",Base!AH727)","v":"Sierro"},{"$f":"IF(Base!AX727=0,\"\",Base!AI727)","v":"Marie Julie Martine "},{"$f":"IF(Base!AW727=0,Base!AY727&\" \"&Base!AZ727,Base!AK727&\" \"&Base!AL727)","v":"Route de Sion 11"},{"$f":"IF(IF(Base!AW727=0,Base!BA727,Base!AM727)=0,\"\",IF(Base!AW727=0,Base!BA727,Base!AM727))","v":""},{"$f":"IF(Base!AW727=0,Base!BB727,Base!AN727)","v":1981},{"$f":"IF(Base!AW727=0,Base!BC727,Base!AO727)","v":"Vex"},null,null,null,null,null,null,null,null,null,null,null,null,{"$f":"Base!AJ727","v":"1931-01-11"},{"$f":"IF(FO729=\"Établissement\",\"\",IF(Base!AG727=\"Masculin\",\"Monsieur\",IF(Base!AG727=\"Féminin\",\"Madame\",\"\")))","v":"Madame"},{"$f":"IF(FP729=FALSE,CONCATENATE(IF(Base!AV727=\"Masculin\",\"Monsieur\",IF(Base!AV727=\"Féminin\",\"Madame\",\"\")),\"#chr(13)##chr(10)#\",Base!AW727,\" \",Base!AX727, \"#chr(13)##chr(10)#\",Base!AY727,\" \",Base!AZ727, \"#chr(13)##chr(10)#\",Base!BA727, \"#chr(13)##chr(10)#\",Base!BB727,\" \",Base!BC727),\"\")","v":""},null,"Madame",null,{"$f":"IF(AND(Base!AT727<200,Base!AT727>99),1,0)","v":0},null,0,{"$f":"Base!BG727","v":"CLN.9403 "},{"$f":"Base!BH727& \"#chr(13)##chr(10)#\" &Base!BI727","v":"Taxe de base transport S3#chr(13)##chr(10)#"},null,{"$f":"Base!BJ727","v":1},{"$f":"Base!BK727","v":200},{"$f":"IF(Base!BL727=\"\",\"\",Base!BL727)","v":""},null,{"$f":"Base!BM727","v":200},null,null,{"$f":"IF(Base!H727=\"Uvrier\",3018,VLOOKUP(FQ729,$GV$2:$GX$7,FM729+1,0))","v":3018},0,0,null,0,null,null,null,null,null,"Libre","BS - 797",null,"BU - 73 - aff",0,null,null,null,null,null,null,null,null,null,null,null,null,null,null,null,null,null,null,null,null,null,null,null,null,null,null,null,null,null,null,null,null,null,{"$f":"Base!AH727&\", \"&Base!AI727","v":"Sierro, Marie Julie Martine "},{"$f":"Base!AN727&\" \"&Base!AO727&\", \"&Base!AK727&\" \"&Base!AL727","v":"1981 Vex, Route de Sion 11"},{"$f":"CONCATENATE(TEXT(DATE(YEAR(Base!AJ727),MONTH(Base!AJ727),DAY(Base!AJ727)),\"jj.mm.aaaa\"),\", \",FN729,IF(Base!D727=\"\",\"\",\" - \"),Base!D727)","v":"11.01.1931, 756.9895.0194.58"},{"$f":"Base!AR727","v":"CSS Kranken- Versicherung AG"},{"$f":"LEFT(Base!J727,10)","v":"2022-02-14"},{"$f":"CONCATENATE(Base!L727,IF(Base!L727=0,\"\",\", \"),Base!M727,\" \",Base!N727,\", \",Base!P727,\" \",Base!Q727)","v":"Hôpital de Sion, Avenue du Grand-Champsec 80, 1950 Sion"},{"$f":"CONCATENATE(Base!V727,\", \",Base!Z727,\" \",Base!AA727,\", \",Base!W727,\" \",Base!X727)","v":"Résidence St-Sylve, 1981 Vex, Route de Sion 11"},null,{"$f":"CONCATENATE(RIGHT(LEFT(Base!J727,16),5),\" - \",RIGHT(LEFT(Base!K727,16),5))","v":"20:12 - 21:30"},{"$f":"Base!AF727&\" - \"&Base!I727","v":"Maladie - S3"},null,null,null,null,null,null,null,null,null,null,null,null,null,null,null,null,null,null,{"$f":"Base!H727","v":"Uvrier"},2,null,null,null,null,null,null,null,null,null,2,null,null,null,null,null,null,null,null,null,null,null,null,null,null,null,null,null,null,null,null,null,{"$f":"IF(Base!U727=\"Privée\",2,1)","v":2},{"$f":"IF(OR(LEFT(Base!AS727,1)=\"1\",LEFT(Base!AS727)=\"2\"),RIGHT(Base!AS727,LEN(Base!AS727)-1),Base!AS727)","v":"756.9895.0194.58"},{"$f":"Base!AU727","v":"Personne"},{"$f":"OR(CONCATENATE(Base!AW727,Base!AX727)=CONCATENATE(Base!AH727,Base!AI727),FO729=\"Établissement\")","v":true},{"$f":"Base!I727","v":"S3"}]
[{"$f":"Base!A732","v":4810},{"$f":"20","v":20},{"$f":"Base!B732","v":"2022-02-25"},null,{"$f":"Base!AE732","v":"VS22005344"},null,null,null,null,null,"<AUTO>",null,null,null,null,"URL (Libre)",null,null,{"$f":"Base!E732&\" - \"&Base!H732&\" - \"&Base!D732","v":"18681 - Monthey - "},{"$f":"IF(AND(Base!AT732<1000,Base!AT732>99),Base!AT732,IF(FO734=\"Établissement\",VALUE(CONCATENATE(LEN(SUBSTITUTE(V734,\" \",\"\")),LEN(V734),AA734,COLUMN(INDIRECT(LEFT(V734,1)&1)),LEN(SUBSTITUTE(V734,\"-\",\"\")))),IF(FN734=\"\",VALUE(CONCATENATE(COLUMN(INDIRECT(LEFT(W734,1)&1)),COLUMN(INDIRECT(LEFT(X734,1)&1)),AO734,CODE(AA734))),VALUE(SUBSTITUTE(SUBSTITUTE(SUBSTITUTE(FN734,\".\",\"\"),\" \",\"\"),\"-\",\"\")))))","v":7568848275934},null,{"$f":"SUBSTITUTE(IF(Base!BF732=0,\"\",Base!BF732),\" (facturation)\",\"\")","v":""},{"$f":"IF(Base!AW732=0,\"\",Base!AH732)","v":"Bornoz"},{"$f":"IF(Base!AX732=0,\"\",Base!AI732)","v":"Elisa"},{"$f":"IF(Base!AW732=0,Base!AY732&\" \"&Base!AZ732,Base!AK732&\" \"&Base!AL732)","v":"Avenue du Casino 25"},{"$f":"IF(IF(Base!AW732=0,Base!BA732,Base!AM732)=0,\"\",IF(Base!AW732=0,Base!BA732,Base!AM732))","v":"EMS Résidence Les Palmiers"},{"$f":"IF(Base!AW732=0,Base!BB732,Base!AN732)","v":1820},{"$f":"IF(Base!AW732=0,Base!BC732,Base!AO732)","v":"Montreux"},null,null,null,null,null,null,null,null,null,null,null,null,{"$f":"Base!AJ732","v":"1923-01-27"},{"$f":"IF(FO734=\"Établissement\",\"\",IF(Base!AG732=\"Masculin\",\"Monsieur\",IF(Base!AG732=\"Féminin\",\"Madame\",\"\")))","v":"Madame"},{"$f":"IF(FP734=FALSE,CONCATENATE(IF(Base!AV732=\"Masculin\",\"Monsieur\",IF(Base!AV732=\"Féminin\",\"Madame\",\"\")),\"#chr(13)##chr(10)#\",Base!AW732,\" \",Base!AX732, \"#chr(13)##chr(10)#\",Base!AY732,\" \",Base!AZ732, \"#chr(13)##chr(10)#\",Base!BA732, \"#chr(13)##chr(10)#\",Base!BB732,\" \",Base!BC732),\"\")","v":""},null,"Madame",null,{"$f":"IF(AND(Base!AT732<200,Base!AT732>99),1,0)","v":0},null,0,{"$f":"Base!BG732","v":47062},{"$f":"Base!BH732& \"#chr(13)##chr(10)#\" &Base!BI732","v":"Indemnisation kilométrique#chr(13)##chr(10)#"},null,{"$f":"Base!BJ732","v":12},{"$f":"Base!BK732","v":4.8},{"$f":"IF(Base!BL732=\"\",\"\",Base!BL732)","v":"km"},null,{"$f":"Base!BM732","v":57.6},null,null,{"$f":"IF(Base!H732=\"Uvrier\",3018,VLOOKUP(FQ734,$GV$2:$GX$7,FM734+1,0))","v":3002},0,0,null,0,null,null,null,null,null,"Libre","BS - 802",null,"BU - 73 - aff",0,null,null,null,null,null,null,null,null,null,null,null,null,null,null,null,null,null,null,null,null,null,null,null,null,null,null,null,null,null,null,null,null,null,{"$f":"Base!AH732&\", \"&Base!AI732","v":"Bornoz, Elisa"},{"$f":"Base!AN732&\" \"&Base!AO732&\", \"&Base!AK732&\" \"&Base!AL732","v":"1820 Montreux, Avenue du Casino 25"},{"$f":"CONCATENATE(TEXT(DATE(YEAR(Base!AJ732),MONTH(Base!AJ732),DAY(Base!AJ732)),\"jj.mm.aaaa\"),\", \",FN734,IF(Base!D732=\"\",\"\",\" - \"),Base!D732)","v":"27.01.1923, 756.8848.2759.34"},{"$f":"Base!AR732","v":"Philos Assurance Maladie SA"},{"$f":"LEFT(Base!J732,10)","v":"2022-02-20"},{"$f":"CONCATENATE(Base!L732,IF(Base!L732=0,\"\",\", \"),Base!M732,\" \",Base!N732,\", \",Base!P732,\" \",Base!Q732)","v":"EMS Résidence les Palmiers, Avenue du Casino 25, 1820 Montreux"},{"$f":"CONCATENATE(Base!V732,\", \",Base!Z732,\" \",Base!AA732,\", \",Base!W732,\" \",Base!X732)","v":"Hôpital Riviera-Chablais (HRC), 1847 Rennaz, Route du Vieux-Séquoia 20"},null,{"$f":"CONCATENATE(RIGHT(LEFT(Base!J732,16),5),\" - \",RIGHT(LEFT(Base!K732,16),5))","v":"18:52 - 20:05"},{"$f":"Base!AF732&\" - \"&Base!I732","v":"Accident - P2"},null,null,null,null,null,null,null,null,null,null,null,null,null,null,null,null,null,null,{"$f":"Base!H732","v":"Monthey"},3,null,null,null,null,null,null,null,null,null,3,null,null,null,null,null,null,null,null,null,null,null,null,null,null,null,null,null,null,null,null,null,{"$f":"IF(Base!U732=\"Privée\",2,1)","v":1},{"$f":"IF(OR(LEFT(Base!AS732,1)=\"1\",LEFT(Base!AS732)=\"2\"),RIGHT(Base!AS732,LEN(Base!AS732)-1),Base!AS732)","v":"756.8848.2759.34"},{"$f":"Base!AU732","v":"Personne"},{"$f":"OR(CONCATENATE(Base!AW732,Base!AX732)=CONCATENATE(Base!AH732,Base!AI732),FO734=\"Établissement\")","v":true},{"$f":"Base!I732","v":"P2"}]
[{"$f":"Base!A735","v":4812},{"$f":"20","v":20},{"$f":"Base!B735","v":"2022-02-25"},null,{"$f":"Base!AE735","v":"VS22005345"},null,null,null,null,null,"<AUTO>",null,null,null,null,"URL (Libre)",null,null,{"$f":"Base!E735&\" - \"&Base!H735&\" - \"&Base!D735","v":"18682 - Monthey - "},{"$f":"IF(AND(Base!AT735<1000,Base!AT735>99),Base!AT735,IF(FO737=\"Établissement\",VALUE(CONCATENATE(LEN(SUBSTITUTE(V737,\" \",\"\")),LEN(V737),AA737,COLUMN(INDIRECT(LEFT(V737,1)&1)),LEN(SUBSTITUTE(V737,\"-\",\"\")))),IF(FN737=\"\",VALUE(CONCATENATE(COLUMN(INDIRECT(LEFT(W737,1)&1)),COLUMN(INDIRECT(LEFT(X737,1)&1)),AO737,CODE(AA737))),VALUE(SUBSTITUTE(SUBSTITUTE(SUBSTITUTE(FN737,\".\",\"\"),\" \",\"\"),\"-\",\"\")))))","v":7192705250},null,{"$f":"SUBSTITUTE(IF(Base!BF735=0,\"\",Base!BF735),\" (facturation)\",\"\")","v":""},{"$f":"IF(Base!AW735=0,\"\",Base!AH735)","v":"Grüter Hyenne"},{"$f":"IF(Base!AX735=0,\"\",Base!AI735)","v":"Stéphanie "},{"$f":"IF(Base!AW735=0,Base!AY735&\" \"&Base!AZ735,Base!AK735&\" \"&Base!AL735)","v":"Rte du Village  10"},{"$f":"IF(IF(Base!AW735=0,Base!BA735,Base!AM735)=0,\"\",IF(Base!AW735=0,Base!BA735,Base!AM735))","v":""},{"$f":"IF(Base!AW735=0,Base!BB735,Base!AN735)","v":25720},{"$f":"IF(Base!AW735=0,Base!BC735,Base!AO735)","v":"Larnod"},null,null,null,null,null,null,null,null,null,null,null,null,{"$f":"Base!AJ735","v":"1974-01-23"},{"$f":"IF(FO737=\"Établissement\",\"\",IF(Base!AG735=\"Masculin\",\"Monsieur\",IF(Base!AG735=\"Féminin\",\"Madame\",\"\")))","v":"Madame"},{"$f":"IF(FP737=FALSE,CONCATENATE(IF(Base!AV735=\"Masculin\",\"Monsieur\",IF(Base!AV735=\"Féminin\",\"Madame\",\"\")),\"#chr(13)##chr(10)#\",Base!AW735,\" \",Base!AX735, \"#chr(13)##chr(10)#\",Base!AY735,\" \",Base!AZ735, \"#chr(13)##chr(10)#\",Base!BA735, \"#chr(13)##chr(10)#\",Base!BB735,\" \",Base!BC735),\"\")","v":""},null,"Madame",null,{"$f":"IF(AND(Base!AT735<200,Base!AT735>99),1,0)","v":0},null,0,{"$f":"Base!BG735","v":9404},{"$f":"Base!BH735& \"#chr(13)##chr(10)#\" &Base!BI735","v":"Indemnisation kilométrique#chr(13)##chr(10)#"},null,{"$f":"Base!BJ735","v":30},{"$f":"Base!BK735","v":4.5},{"$f":"IF(Base!BL735=\"\",\"\",Base!BL735)","v":"km"},null,{"$f":"Base!BM735","v":135},null,null,{"$f":"IF(Base!H735=\"Uvrier\",3018,VLOOKUP(FQ737,$GV$2:$GX$7,FM737+1,0))","v":3011},0,0,null,0,null,null,null,null,null,"Libre","BS - 805",null,"BU - 73 - aff",0,null,null,null,null,null,null,null,null,null,null,null,null,null,null,null,null,null,null,null,null,null,null,null,null,null,null,null,null,null,null,null,null,null,{"$f":"Base!AH735&\", \"&Base!AI735","v":"Grüter Hyenne, Stéphanie "},{"$f":"Base!AN735&\" \"&Base!AO735&\", \"&Base!AK735&\" \"&Base!AL735","v":"25720 Larnod, Rte du Village  10"},{"$f":"CONCATENATE(TEXT(DATE(YEAR(Base!AJ735),MONTH(Base!AJ735),DAY(Base!AJ735)),\"jj.mm.aaaa\"),\", \",FN737,IF(Base!D735=\"\",\"\",\" - \"),Base!D735)","v":"23.01.1974, "},{"$f":"Base!AR735","v":"Vitale"},{"$f":"LEFT(Base!J735,10)","v":"2022-02-20"},{"$f":"CONCATENATE(Base!L735,IF(Base!L735=0,\"\",\", \"),Base!M735,\" \",Base!N735,\", \",Base!P735,\" \",Base!Q735)","v":"Route de la Grande-Ile 42D, 1893 Muraz (Collombey)"},{"$f":"CONCATENATE(Base!V735,\", \",Base!Z735,\" \",Base!AA735,\", \",Base!W735,\" \",Base!X735)","v":"Hôpital Riviera-Chablais (HRC), 1847 Rennaz, Route du Vieux-Séquoia 20"},null,{"$f":"CONCATENATE(RIGHT(LEFT(Base!J735,16),5),\" - \",RIGHT(LEFT(Base!K735,16),5))","v":"18:53 - 20:07"},{"$f":"Base!AF735&\" - \"&Base!I735","v":"Maladie - P1"},null,null,null,null,null,null,null,null,null,null,null,null,null,null,null,null,null,null,{"$f":"Base!H735","v":"Monthey"},3,null,null,null,null,null,null,null,null,null,3,null,null,null,null,null,null,null,null,null,null,null,n